{"text_format":"3","workbook":"xlsx","n_sheets":2,"sheets":["META","0051_ASR-BESCH-2018_GKL_WTS"],"not_rendered":{"defined_names":2},"read":"whole","date_system":"1900"}

{"sheet":"META","index":0,"n_rows":29,"n_cols":2,"rows_kept":29}
["Variable","Beschreibung"]
["BL_KZ","Bundeslandkennzahl"]
["BKZ","Bezirkskennzahl"]
["GKZ","Gemeindekennzahl"]
["GEM_FL_ha","Gemeindefläche [ha]"]
["GEM_EW","EinwohnerInnen in der Gemeinde"]
["GEM_EW_ha","EinwohnerInnendichte der Gemeinde [EW/ha]"]
["GEM_Status","Gemeindestatus"]
["URTYP","Urtyp"]
["ZSP_NR","Zählsprengelnummer"]
["ZSP_FL_ha","Zählsprengelfläche [ha]"]
["ZSP_S_BESCH","Selbstständig Beschäftigte im ZSP"]
["ZSP_US_BESCH","Unselbstständig Beschäftigte im ZSP"]
["ZSP_BESCH","Summe Beschäftigte im ZSP"]
["ASR_FL_ha","ASR-Fläche [ha]"]
["BESCH_FAKT","BESCH-Faktor = BESCH-Anteil im ASR gemäß URTYP-Kalibrierung NÖ adressgenau"]
["ASR_BESCH","Beschäftigte im ASR"]
["nASR_BESCH","Beschäftigte im Nicht-ASR"]
["ASR_0_1","Lage der GKLp_ID\n- 0 --> nicht im ASR \n- 1 --> im ASR"]
["ASRp_ID","Eindeutige ID des ASR-Parts"]
["ASRp_FL_ha","Fläche des ASRp"]
["ASRp_BESCHAnt","EW-Anteil im ASRp \n- 0 = nicht-ASR \n- >0 = im ASR"]
["ASRp_BESCH","Beschäftigte im ASRp"]
["ASRZSP_Ant","Anteil des ASR am ZSP"]
["GKLp_ID","Eindeutige ID des GKL-Parts"]
["GKL","Güteklasse des GKLp"]
["GKL_FL_ha","Fläche des GKLp"]
["GKLanASRp","Anteil des GKLp am ASRp"]
["GKL_BESCH","Beschäftigte im GKLp"]

{"sheet":"0051_ASR-BESCH-2018_GKL_WTS","index":1,"n_rows":287279,"n_cols":28,"rows_kept":2250,"cut":true,"bounds":{"rows_first":1000,"rows_last":250,"rows_between":1000,"halvings":1}}
["BL_KZ","BKZ","GKZ","GEM_FL_ha","GEM_EW","GEM_EW_ha","GEM_Status","URTYP","ZSP_NR","ZSP_FL_ha","ZSP_S_BESCH","ZSP_US_BESCH","ZSP_BESCH","ASR_FL_ha","BESCH_FAKT","ASR_BESCH","nASR_BESCH","ASR_0_1","ASRp_ID","ASRp_FL_ha","ASRp_BESCHAnt","ASRp_BESCH","ASRZSP_Ant","GKLp_ID","GKL","GKL_FL_ha","GKLanASRp","GKL_BESCH"]
[2,203,20302,{"v":3646.44541299999,"d":"3,646.45"},1212,{"v":0.332378484,"d":"0.33"},"G",430,20302000,{"v":3646.44541312999,"d":"3,646.45"},111,203,314,{"v":117.033766799999,"d":"117.03"},{"v":0.945243625,"d":"0.95"},{"v":296.806498299999,"d":"296.81"},{"v":17.1935017399999,"d":"17.19"},0,"0_20302000_481",{"v":3529.41164630999,"d":"3,529.41"},0,{"v":17.1935017399999,"d":"17.19"},{"v":0.032095302,"d":"0.03"},"0_20302000_481_0","außerhalb GKL",{"v":3347.73263821,"d":"3,347.73"},{"v":0.948524279312,"d":"0.95"},{"v":16.3084538467999,"d":"16.31"}]
[2,203,20302,{"v":3646.44541299999,"d":"3,646.45"},1212,{"v":0.332378484,"d":"0.33"},"G",430,20302000,{"v":3646.44541312999,"d":"3,646.45"},111,203,314,{"v":117.033766799999,"d":"117.03"},{"v":0.945243625,"d":"0.95"},{"v":296.806498299999,"d":"296.81"},{"v":17.1935017399999,"d":"17.19"},0,"0_20302000_481",{"v":3529.41164630999,"d":"3,529.41"},0,{"v":17.1935017399999,"d":"17.19"},{"v":0.032095302,"d":"0.03"},"0_20302000_481_1","E",{"v":0.0339544981901,"d":"0.03"},{"v":9.620441477e-06,"d":"0.00"},{"v":1.65409077267E-4,"d":"0.00"}]
[2,203,20302,{"v":3646.44541299999,"d":"3,646.45"},1212,{"v":0.332378484,"d":"0.33"},"G",430,20302000,{"v":3646.44541312999,"d":"3,646.45"},111,203,314,{"v":117.033766799999,"d":"117.03"},{"v":0.945243625,"d":"0.95"},{"v":296.806498299999,"d":"296.81"},{"v":17.1935017399999,"d":"17.19"},0,"0_20302000_481",{"v":3529.41164630999,"d":"3,529.41"},0,{"v":17.1935017399999,"d":"17.19"},{"v":0.032095302,"d":"0.03"},"0_20302000_481_2","E",{"v":0.00426064384254,"d":"0.00"},{"v":1.207182463e-06,"d":"0.00"},{"v":2.075569377e-05,"d":"0.00"}]
[2,203,20302,{"v":3646.44541299999,"d":"3,646.45"},1212,{"v":0.332378484,"d":"0.33"},"G",430,20302000,{"v":3646.44541312999,"d":"3,646.45"},111,203,314,{"v":117.033766799999,"d":"117.03"},{"v":0.945243625,"d":"0.95"},{"v":296.806498299999,"d":"296.81"},{"v":17.1935017399999,"d":"17.19"},0,"0_20302000_481",{"v":3529.41164630999,"d":"3,529.41"},0,{"v":17.1935017399999,"d":"17.19"},{"v":0.032095302,"d":"0.03"},"0_20302000_481_3","E",{"v":0.0150619010433,"d":"0.02"},{"v":4.267538772e-06,"d":"0.00"},{"v":7.3373935303e-05,"d":"0.00"}]
[2,203,20302,{"v":3646.44541299999,"d":"3,646.45"},1212,{"v":0.332378484,"d":"0.33"},"G",430,20302000,{"v":3646.44541312999,"d":"3,646.45"},111,203,314,{"v":117.033766799999,"d":"117.03"},{"v":0.945243625,"d":"0.95"},{"v":296.806498299999,"d":"296.81"},{"v":17.1935017399999,"d":"17.19"},0,"0_20302000_481",{"v":3529.41164630999,"d":"3,529.41"},0,{"v":17.1935017399999,"d":"17.19"},{"v":0.032095302,"d":"0.03"},"0_20302000_481_4","E",{"v":0.673366569965,"d":"0.67"},{"v":1.90787201223E-4,"d":"0.00"},{"v":0.0032803000762,"d":"0.00"}]
[2,203,20302,{"v":3646.44541299999,"d":"3,646.45"},1212,{"v":0.332378484,"d":"0.33"},"G",430,20302000,{"v":3646.44541312999,"d":"3,646.45"},111,203,314,{"v":117.033766799999,"d":"117.03"},{"v":0.945243625,"d":"0.95"},{"v":296.806498299999,"d":"296.81"},{"v":17.1935017399999,"d":"17.19"},0,"0_20302000_481",{"v":3529.41164630999,"d":"3,529.41"},0,{"v":17.1935017399999,"d":"17.19"},{"v":0.032095302,"d":"0.03"},"0_20302000_481_5","E",{"v":0.00513377255836,"d":"0.01"},{"v":1.45456894E-6,"d":"0.00"},{"v":2.5009133606e-05,"d":"0.00"}]
[2,203,20302,{"v":3646.44541299999,"d":"3,646.45"},1212,{"v":0.332378484,"d":"0.33"},"G",430,20302000,{"v":3646.44541312999,"d":"3,646.45"},111,203,314,{"v":117.033766799999,"d":"117.03"},{"v":0.945243625,"d":"0.95"},{"v":296.806498299999,"d":"296.81"},{"v":17.1935017399999,"d":"17.19"},0,"0_20302000_481",{"v":3529.41164630999,"d":"3,529.41"},0,{"v":17.1935017399999,"d":"17.19"},{"v":0.032095302,"d":"0.03"},"0_20302000_481_6","E",{"v":0.184083870401,"d":"0.18"},{"v":5.2157098363e-05,"d":"0.00"},{"v":0.000896763161463,"d":"0.00"}]
[2,203,20302,{"v":3646.44541299999,"d":"3,646.45"},1212,{"v":0.332378484,"d":"0.33"},"G",430,20302000,{"v":3646.44541312999,"d":"3,646.45"},111,203,314,{"v":117.033766799999,"d":"117.03"},{"v":0.945243625,"d":"0.95"},{"v":296.806498299999,"d":"296.81"},{"v":17.1935017399999,"d":"17.19"},0,"0_20302000_481",{"v":3529.41164630999,"d":"3,529.41"},0,{"v":17.1935017399999,"d":"17.19"},{"v":0.032095302,"d":"0.03"},"0_20302000_481_7","E",{"v":0.169873106313,"d":"0.17"},{"v":4.813071507E-5,"d":"0.00"},{"v":0.000827535533302,"d":"0.00"}]
[2,203,20302,{"v":3646.44541299999,"d":"3,646.45"},1212,{"v":0.332378484,"d":"0.33"},"G",430,20302000,{"v":3646.44541312999,"d":"3,646.45"},111,203,314,{"v":117.033766799999,"d":"117.03"},{"v":0.945243625,"d":"0.95"},{"v":296.806498299999,"d":"296.81"},{"v":17.1935017399999,"d":"17.19"},0,"0_20302000_481",{"v":3529.41164630999,"d":"3,529.41"},0,{"v":17.1935017399999,"d":"17.19"},{"v":0.032095302,"d":"0.03"},"0_20302000_481_8","E",{"v":0.0175984163784,"d":"0.02"},{"v":4.986218141e-06,"d":"0.00"},{"v":8.5730550286e-05,"d":"0.00"}]
[2,203,20302,{"v":3646.44541299999,"d":"3,646.45"},1212,{"v":0.332378484,"d":"0.33"},"G",430,20302000,{"v":3646.44541312999,"d":"3,646.45"},111,203,314,{"v":117.033766799999,"d":"117.03"},{"v":0.945243625,"d":"0.95"},{"v":296.806498299999,"d":"296.81"},{"v":17.1935017399999,"d":"17.19"},0,"0_20302000_481",{"v":3529.41164630999,"d":"3,529.41"},0,{"v":17.1935017399999,"d":"17.19"},{"v":0.032095302,"d":"0.03"},"0_20302000_481_9","E",{"v":15.4760405011,"d":"15.48"},{"v":0.00438487828907,"d":"0.00"},{"v":0.0753914124928,"d":"0.08"}]
[2,203,20302,{"v":3646.44541299999,"d":"3,646.45"},1212,{"v":0.332378484,"d":"0.33"},"G",430,20302000,{"v":3646.44541312999,"d":"3,646.45"},111,203,314,{"v":117.033766799999,"d":"117.03"},{"v":0.945243625,"d":"0.95"},{"v":296.806498299999,"d":"296.81"},{"v":17.1935017399999,"d":"17.19"},0,"0_20302000_481",{"v":3529.41164630999,"d":"3,529.41"},0,{"v":17.1935017399999,"d":"17.19"},{"v":0.032095302,"d":"0.03"},"0_20302000_481_10","F",{"v":0.174445710021,"d":"0.17"},{"v":4.9426286164e-05,"d":"0.00"},{"v":0.000849810937162,"d":"0.00"}]
[2,203,20302,{"v":3646.44541299999,"d":"3,646.45"},1212,{"v":0.332378484,"d":"0.33"},"G",430,20302000,{"v":3646.44541312999,"d":"3,646.45"},111,203,314,{"v":117.033766799999,"d":"117.03"},{"v":0.945243625,"d":"0.95"},{"v":296.806498299999,"d":"296.81"},{"v":17.1935017399999,"d":"17.19"},0,"0_20302000_481",{"v":3529.41164630999,"d":"3,529.41"},0,{"v":17.1935017399999,"d":"17.19"},{"v":0.032095302,"d":"0.03"},"0_20302000_481_11","F",{"v":2.64287406415,"d":"2.64"},{"v":0.000748814343295,"d":"0.00"},{"v":0.0128747407144,"d":"0.01"}]
[2,203,20302,{"v":3646.44541299999,"d":"3,646.45"},1212,{"v":0.332378484,"d":"0.33"},"G",430,20302000,{"v":3646.44541312999,"d":"3,646.45"},111,203,314,{"v":117.033766799999,"d":"117.03"},{"v":0.945243625,"d":"0.95"},{"v":296.806498299999,"d":"296.81"},{"v":17.1935017399999,"d":"17.19"},0,"0_20302000_481",{"v":3529.41164630999,"d":"3,529.41"},0,{"v":17.1935017399999,"d":"17.19"},{"v":0.032095302,"d":"0.03"},"0_20302000_481_12","F",{"v":0.230112368688,"d":"0.23"},{"v":6.5198506649e-05,"d":"0.00"},{"v":1.12099063751E-3,"d":"0.00"}]
[2,203,20302,{"v":3646.44541299999,"d":"3,646.45"},1212,{"v":0.332378484,"d":"0.33"},"G",430,20302000,{"v":3646.44541312999,"d":"3,646.45"},111,203,314,{"v":117.033766799999,"d":"117.03"},{"v":0.945243625,"d":"0.95"},{"v":296.806498299999,"d":"296.81"},{"v":17.1935017399999,"d":"17.19"},0,"0_20302000_481",{"v":3529.41164630999,"d":"3,529.41"},0,{"v":17.1935017399999,"d":"17.19"},{"v":0.032095302,"d":"0.03"},"0_20302000_481_13","F",{"v":2.5155217075,"d":"2.52"},{"v":0.000712731174367,"d":"0.00"},{"v":0.0122543446866,"d":"0.01"}]
[2,203,20302,{"v":3646.44541299999,"d":"3,646.45"},1212,{"v":0.332378484,"d":"0.33"},"G",430,20302000,{"v":3646.44541312999,"d":"3,646.45"},111,203,314,{"v":117.033766799999,"d":"117.03"},{"v":0.945243625,"d":"0.95"},{"v":296.806498299999,"d":"296.81"},{"v":17.1935017399999,"d":"17.19"},0,"0_20302000_481",{"v":3529.41164630999,"d":"3,529.41"},0,{"v":17.1935017399999,"d":"17.19"},{"v":0.032095302,"d":"0.03"},"0_20302000_481_14","F",{"v":9.62910208239999,"d":"9.63"},{"v":0.00272824568153,"d":"0.00"},{"v":0.0469080968725,"d":"0.05"}]
[2,203,20302,{"v":3646.44541299999,"d":"3,646.45"},1212,{"v":0.332378484,"d":"0.33"},"G",430,20302000,{"v":3646.44541312999,"d":"3,646.45"},111,203,314,{"v":117.033766799999,"d":"117.03"},{"v":0.945243625,"d":"0.95"},{"v":296.806498299999,"d":"296.81"},{"v":17.1935017399999,"d":"17.19"},0,"0_20302000_481",{"v":3529.41164630999,"d":"3,529.41"},0,{"v":17.1935017399999,"d":"17.19"},{"v":0.032095302,"d":"0.03"},"0_20302000_481_15","F",{"v":0.498702968787,"d":"0.50"},{"v":0.00014129917923,"d":"0.00"},{"v":2.42942768395E-3,"d":"0.00"}]
[2,203,20302,{"v":3646.44541299999,"d":"3,646.45"},1212,{"v":0.332378484,"d":"0.33"},"G",430,20302000,{"v":3646.44541312999,"d":"3,646.45"},111,203,314,{"v":117.033766799999,"d":"117.03"},{"v":0.945243625,"d":"0.95"},{"v":296.806498299999,"d":"296.81"},{"v":17.1935017399999,"d":"17.19"},0,"0_20302000_481",{"v":3529.41164630999,"d":"3,529.41"},0,{"v":17.1935017399999,"d":"17.19"},{"v":0.032095302,"d":"0.03"},"0_20302000_481_16","F",{"v":0.653666373007,"d":"0.65"},{"v":0.000185205478565,"d":"0.00"},{"v":3.18433071796E-3,"d":"0.00"}]
[2,203,20302,{"v":3646.44541299999,"d":"3,646.45"},1212,{"v":0.332378484,"d":"0.33"},"G",430,20302000,{"v":3646.44541312999,"d":"3,646.45"},111,203,314,{"v":117.033766799999,"d":"117.03"},{"v":0.945243625,"d":"0.95"},{"v":296.806498299999,"d":"296.81"},{"v":17.1935017399999,"d":"17.19"},0,"0_20302000_481",{"v":3529.41164630999,"d":"3,529.41"},0,{"v":17.1935017399999,"d":"17.19"},{"v":0.032095302,"d":"0.03"},"0_20302000_481_17","F",{"v":1.88010633499,"d":"1.88"},{"v":0.000532696812783,"d":"0.00"},{"v":0.00915892357748,"d":"0.01"}]
[2,203,20302,{"v":3646.44541299999,"d":"3,646.45"},1212,{"v":0.332378484,"d":"0.33"},"G",430,20302000,{"v":3646.44541312999,"d":"3,646.45"},111,203,314,{"v":117.033766799999,"d":"117.03"},{"v":0.945243625,"d":"0.95"},{"v":296.806498299999,"d":"296.81"},{"v":17.1935017399999,"d":"17.19"},0,"0_20302000_481",{"v":3529.41164630999,"d":"3,529.41"},0,{"v":17.1935017399999,"d":"17.19"},{"v":0.032095302,"d":"0.03"},"0_20302000_481_18","F",{"v":5.15981110169,"d":"5.16"},{"v":1.46194652785E-3,"d":"0.00"},{"v":0.0251359801704,"d":"0.03"}]
[2,203,20302,{"v":3646.44541299999,"d":"3,646.45"},1212,{"v":0.332378484,"d":"0.33"},"G",430,20302000,{"v":3646.44541312999,"d":"3,646.45"},111,203,314,{"v":117.033766799999,"d":"117.03"},{"v":0.945243625,"d":"0.95"},{"v":296.806498299999,"d":"296.81"},{"v":17.1935017399999,"d":"17.19"},0,"0_20302000_481",{"v":3529.41164630999,"d":"3,529.41"},0,{"v":17.1935017399999,"d":"17.19"},{"v":0.032095302,"d":"0.03"},"0_20302000_481_19","F",{"v":1.74211512059,"d":"1.74"},{"v":0.000493599300725,"d":"0.00"},{"v":0.00848670043588,"d":"0.01"}]
[2,203,20302,{"v":3646.44541299999,"d":"3,646.45"},1212,{"v":0.332378484,"d":"0.33"},"G",430,20302000,{"v":3646.44541312999,"d":"3,646.45"},111,203,314,{"v":117.033766799999,"d":"117.03"},{"v":0.945243625,"d":"0.95"},{"v":296.806498299999,"d":"296.81"},{"v":17.1935017399999,"d":"17.19"},0,"0_20302000_481",{"v":3529.41164630999,"d":"3,529.41"},0,{"v":17.1935017399999,"d":"17.19"},{"v":0.032095302,"d":"0.03"},"0_20302000_481_20","F",{"v":4.6844351761e-05,"d":"0.00"},{"v":1.3272567E-8,"d":"0.00"},{"v":2.282019E-7,"d":"0.00"}]
[2,203,20302,{"v":3646.44541299999,"d":"3,646.45"},1212,{"v":0.332378484,"d":"0.33"},"G",430,20302000,{"v":3646.44541312999,"d":"3,646.45"},111,203,314,{"v":117.033766799999,"d":"117.03"},{"v":0.945243625,"d":"0.95"},{"v":296.806498299999,"d":"296.81"},{"v":17.1935017399999,"d":"17.19"},0,"0_20302000_481",{"v":3529.41164630999,"d":"3,529.41"},0,{"v":17.1935017399999,"d":"17.19"},{"v":0.032095302,"d":"0.03"},"0_20302000_481_21","F",{"v":5.07448118269,"d":"5.07"},{"v":1.43776971666E-3,"d":"0.00"},{"v":0.0247202961251,"d":"0.02"}]
[2,203,20302,{"v":3646.44541299999,"d":"3,646.45"},1212,{"v":0.332378484,"d":"0.33"},"G",430,20302000,{"v":3646.44541312999,"d":"3,646.45"},111,203,314,{"v":117.033766799999,"d":"117.03"},{"v":0.945243625,"d":"0.95"},{"v":296.806498299999,"d":"296.81"},{"v":17.1935017399999,"d":"17.19"},0,"0_20302000_481",{"v":3529.41164630999,"d":"3,529.41"},0,{"v":17.1935017399999,"d":"17.19"},{"v":0.032095302,"d":"0.03"},"0_20302000_481_22","F",{"v":15.7450096905,"d":"15.75"},{"v":0.00446108622862,"d":"0.00"},{"v":0.0767016938341,"d":"0.08"}]
[2,203,20302,{"v":3646.44541299999,"d":"3,646.45"},1212,{"v":0.332378484,"d":"0.33"},"G",430,20302000,{"v":3646.44541312999,"d":"3,646.45"},111,203,314,{"v":117.033766799999,"d":"117.03"},{"v":0.945243625,"d":"0.95"},{"v":296.806498299999,"d":"296.81"},{"v":17.1935017399999,"d":"17.19"},0,"0_20302000_481",{"v":3529.41164630999,"d":"3,529.41"},0,{"v":17.1935017399999,"d":"17.19"},{"v":0.032095302,"d":"0.03"},"0_20302000_481_23","F",{"v":0.461723653026,"d":"0.46"},{"v":1.30821706079E-4,"d":"0.00"},{"v":0.0022492832311,"d":"0.00"}]
[2,203,20302,{"v":3646.44541299999,"d":"3,646.45"},1212,{"v":0.332378484,"d":"0.33"},"G",430,20302000,{"v":3646.44541312999,"d":"3,646.45"},111,203,314,{"v":117.033766799999,"d":"117.03"},{"v":0.945243625,"d":"0.95"},{"v":296.806498299999,"d":"296.81"},{"v":17.1935017399999,"d":"17.19"},0,"0_20302000_481",{"v":3529.41164630999,"d":"3,529.41"},0,{"v":17.1935017399999,"d":"17.19"},{"v":0.032095302,"d":"0.03"},"0_20302000_481_24","F",{"v":0.271825280952,"d":"0.27"},{"v":7.701716552e-05,"d":"0.00"},{"v":0.00132419476938,"d":"0.00"}]
[2,203,20302,{"v":3646.44541299999,"d":"3,646.45"},1212,{"v":0.332378484,"d":"0.33"},"G",430,20302000,{"v":3646.44541312999,"d":"3,646.45"},111,203,314,{"v":117.033766799999,"d":"117.03"},{"v":0.945243625,"d":"0.95"},{"v":296.806498299999,"d":"296.81"},{"v":17.1935017399999,"d":"17.19"},0,"0_20302000_481",{"v":3529.41164630999,"d":"3,529.41"},0,{"v":17.1935017399999,"d":"17.19"},{"v":0.032095302,"d":"0.03"},"0_20302000_481_25","G",{"v":10.6309281054,"d":"10.63"},{"v":0.00301209639757,"d":"0.00"},{"v":0.0517884846527,"d":"0.05"}]
[2,203,20302,{"v":3646.44541299999,"d":"3,646.45"},1212,{"v":0.332378484,"d":"0.33"},"G",430,20302000,{"v":3646.44541312999,"d":"3,646.45"},111,203,314,{"v":117.033766799999,"d":"117.03"},{"v":0.945243625,"d":"0.95"},{"v":296.806498299999,"d":"296.81"},{"v":17.1935017399999,"d":"17.19"},0,"0_20302000_481",{"v":3529.41164630999,"d":"3,529.41"},0,{"v":17.1935017399999,"d":"17.19"},{"v":0.032095302,"d":"0.03"},"0_20302000_481_26","G",{"v":44.3497561211,"d":"44.35"},{"v":0.0125657646558,"d":"0.01"},{"v":0.216049496474,"d":"0.22"}]
[2,203,20302,{"v":3646.44541299999,"d":"3,646.45"},1212,{"v":0.332378484,"d":"0.33"},"G",430,20302000,{"v":3646.44541312999,"d":"3,646.45"},111,203,314,{"v":117.033766799999,"d":"117.03"},{"v":0.945243625,"d":"0.95"},{"v":296.806498299999,"d":"296.81"},{"v":17.1935017399999,"d":"17.19"},0,"0_20302000_481",{"v":3529.41164630999,"d":"3,529.41"},0,{"v":17.1935017399999,"d":"17.19"},{"v":0.032095302,"d":"0.03"},"0_20302000_481_27","G",{"v":0.964917995219,"d":"0.96"},{"v":0.00027339344115,"d":"0.00"},{"v":0.00470059060612,"d":"0.00"}]
[2,203,20302,{"v":3646.44541299999,"d":"3,646.45"},1212,{"v":0.332378484,"d":"0.33"},"G",430,20302000,{"v":3646.44541312999,"d":"3,646.45"},111,203,314,{"v":117.033766799999,"d":"117.03"},{"v":0.945243625,"d":"0.95"},{"v":296.806498299999,"d":"296.81"},{"v":17.1935017399999,"d":"17.19"},0,"0_20302000_481",{"v":3529.41164630999,"d":"3,529.41"},0,{"v":17.1935017399999,"d":"17.19"},{"v":0.032095302,"d":"0.03"},"0_20302000_481_28","G",{"v":29.1732960426,"d":"29.17"},{"v":8.26576748935E-3,"d":"0.01"},{"v":0.142117487711,"d":"0.14"}]
[2,203,20302,{"v":3646.44541299999,"d":"3,646.45"},1212,{"v":0.332378484,"d":"0.33"},"G",430,20302000,{"v":3646.44541312999,"d":"3,646.45"},111,203,314,{"v":117.033766799999,"d":"117.03"},{"v":0.945243625,"d":"0.95"},{"v":296.806498299999,"d":"296.81"},{"v":17.1935017399999,"d":"17.19"},0,"0_20302000_481",{"v":3529.41164630999,"d":"3,529.41"},0,{"v":17.1935017399999,"d":"17.19"},{"v":0.032095302,"d":"0.03"},"0_20302000_481_29","G",{"v":0.00144405645151,"d":"0.00"},{"v":4.09149342e-07,"d":"0.00"},{"v":7.034709918e-06,"d":"0.00"}]
[2,203,20302,{"v":3646.44541299999,"d":"3,646.45"},1212,{"v":0.332378484,"d":"0.33"},"G",430,20302000,{"v":3646.44541312999,"d":"3,646.45"},111,203,314,{"v":117.033766799999,"d":"117.03"},{"v":0.945243625,"d":"0.95"},{"v":296.806498299999,"d":"296.81"},{"v":17.1935017399999,"d":"17.19"},0,"0_20302000_481",{"v":3529.41164630999,"d":"3,529.41"},0,{"v":17.1935017399999,"d":"17.19"},{"v":0.032095302,"d":"0.03"},"0_20302000_481_30","G",{"v":6.53844732602,"d":"6.54"},{"v":0.00185256013785,"d":"0.00"},{"v":0.0318519959536,"d":"0.03"}]
[2,203,20302,{"v":3646.44541299999,"d":"3,646.45"},1212,{"v":0.332378484,"d":"0.33"},"G",430,20302000,{"v":3646.44541312999,"d":"3,646.45"},111,203,314,{"v":117.033766799999,"d":"117.03"},{"v":0.945243625,"d":"0.95"},{"v":296.806498299999,"d":"296.81"},{"v":17.1935017399999,"d":"17.19"},0,"0_20302000_481",{"v":3529.41164630999,"d":"3,529.41"},0,{"v":17.1935017399999,"d":"17.19"},{"v":0.032095302,"d":"0.03"},"0_20302000_481_31","G",{"v":22.2682715806999,"d":"22.27"},{"v":0.00630934382618,"d":"0.01"},{"v":0.108479714054,"d":"0.11"}]
[2,203,20302,{"v":3646.44541299999,"d":"3,646.45"},1212,{"v":0.332378484,"d":"0.33"},"G",430,20302000,{"v":3646.44541312999,"d":"3,646.45"},111,203,314,{"v":117.033766799999,"d":"117.03"},{"v":0.945243625,"d":"0.95"},{"v":296.806498299999,"d":"296.81"},{"v":17.1935017399999,"d":"17.19"},0,"0_20302000_481",{"v":3529.41164630999,"d":"3,529.41"},0,{"v":17.1935017399999,"d":"17.19"},{"v":0.032095302,"d":"0.03"},"0_20302000_481_32","G",{"v":3.33836987868,"d":"3.34"},{"v":0.000945871497356,"d":"0.00"},{"v":0.0162628432356,"d":"0.02"}]
[2,203,20302,{"v":3646.44541299999,"d":"3,646.45"},1212,{"v":0.332378484,"d":"0.33"},"G",430,20302000,{"v":3646.44541312999,"d":"3,646.45"},111,203,314,{"v":117.033766799999,"d":"117.03"},{"v":0.945243625,"d":"0.95"},{"v":296.806498299999,"d":"296.81"},{"v":17.1935017399999,"d":"17.19"},0,"0_20302000_481",{"v":3529.41164630999,"d":"3,529.41"},0,{"v":17.1935017399999,"d":"17.19"},{"v":0.032095302,"d":"0.03"},"0_20302000_481_33","G",{"v":1.15465923072,"d":"1.15"},{"v":3.27153459679E-4,"d":"0.00"},{"v":0.00562491357824,"d":"0.01"}]
[2,203,20305,{"v":20535.02271,"d":"20,535.02"},6886,{"v":0.335329554,"d":"0.34"},"ST",430,20305040,{"v":2352.93498171999,"d":"2,352.93"},44,36,80,{"v":55.5480964899999,"d":"55.55"},{"v":0.945243625,"d":"0.95"},{"v":75.6194899999999,"d":"75.62"},{"v":4.380509998,"d":"4.38"},0,"0_20305040_489",{"v":2297.38688523,"d":"2,297.39"},0,{"v":4.380509998,"d":"4.38"},{"v":0.023608003,"d":"0.02"},"0_20305040_489_34","außerhalb GKL",{"v":2182.17269812999,"d":"2,182.17"},{"v":0.949849897794,"d":"0.95"},{"v":4.16082697389,"d":"4.16"}]
[2,203,20305,{"v":20535.02271,"d":"20,535.02"},6886,{"v":0.335329554,"d":"0.34"},"ST",430,20305040,{"v":2352.93498171999,"d":"2,352.93"},44,36,80,{"v":55.5480964899999,"d":"55.55"},{"v":0.945243625,"d":"0.95"},{"v":75.6194899999999,"d":"75.62"},{"v":4.380509998,"d":"4.38"},0,"0_20305040_489",{"v":2297.38688523,"d":"2,297.39"},0,{"v":4.380509998,"d":"4.38"},{"v":0.023608003,"d":"0.02"},"0_20305040_489_35","außerhalb GKL",{"v":0.0539200925293,"d":"0.05"},{"v":2.3470183832e-05,"d":"0.00"},{"v":1.02811374931E-4,"d":"0.00"}]
[2,203,20305,{"v":20535.02271,"d":"20,535.02"},6886,{"v":0.335329554,"d":"0.34"},"ST",430,20305040,{"v":2352.93498171999,"d":"2,352.93"},44,36,80,{"v":55.5480964899999,"d":"55.55"},{"v":0.945243625,"d":"0.95"},{"v":75.6194899999999,"d":"75.62"},{"v":4.380509998,"d":"4.38"},0,"0_20305040_489",{"v":2297.38688523,"d":"2,297.39"},0,{"v":4.380509998,"d":"4.38"},{"v":0.023608003,"d":"0.02"},"0_20305040_489_36","E",{"v":0.259746189824,"d":"0.26"},{"v":1.13061579438E-4,"d":"0.00"},{"v":0.000495267379118,"d":"0.00"}]
[2,203,20305,{"v":20535.02271,"d":"20,535.02"},6886,{"v":0.335329554,"d":"0.34"},"ST",430,20305040,{"v":2352.93498171999,"d":"2,352.93"},44,36,80,{"v":55.5480964899999,"d":"55.55"},{"v":0.945243625,"d":"0.95"},{"v":75.6194899999999,"d":"75.62"},{"v":4.380509998,"d":"4.38"},0,"0_20305040_489",{"v":2297.38688523,"d":"2,297.39"},0,{"v":4.380509998,"d":"4.38"},{"v":0.023608003,"d":"0.02"},"0_20305040_489_37","E",{"v":0.00510693350072,"d":"0.01"},{"v":2.222931424E-6,"d":"0.00"},{"v":9.737573329e-06,"d":"0.00"}]
[2,203,20305,{"v":20535.02271,"d":"20,535.02"},6886,{"v":0.335329554,"d":"0.34"},"ST",430,20305040,{"v":2352.93498171999,"d":"2,352.93"},44,36,80,{"v":55.5480964899999,"d":"55.55"},{"v":0.945243625,"d":"0.95"},{"v":75.6194899999999,"d":"75.62"},{"v":4.380509998,"d":"4.38"},0,"0_20305040_489",{"v":2297.38688523,"d":"2,297.39"},0,{"v":4.380509998,"d":"4.38"},{"v":0.023608003,"d":"0.02"},"0_20305040_489_38","E",{"v":0.209068969232,"d":"0.21"},{"v":9.1002943638e-05,"d":"0.00"},{"v":3.98639304455E-4,"d":"0.00"}]
[2,203,20305,{"v":20535.02271,"d":"20,535.02"},6886,{"v":0.335329554,"d":"0.34"},"ST",430,20305040,{"v":2352.93498171999,"d":"2,352.93"},44,36,80,{"v":55.5480964899999,"d":"55.55"},{"v":0.945243625,"d":"0.95"},{"v":75.6194899999999,"d":"75.62"},{"v":4.380509998,"d":"4.38"},0,"0_20305040_489",{"v":2297.38688523,"d":"2,297.39"},0,{"v":4.380509998,"d":"4.38"},{"v":0.023608003,"d":"0.02"},"0_20305040_489_39","E",{"v":1.35935180763,"d":"1.36"},{"v":0.000591694771294,"d":"0.00"},{"v":0.00259192486142,"d":"0.00"}]
[2,203,20305,{"v":20535.02271,"d":"20,535.02"},6886,{"v":0.335329554,"d":"0.34"},"ST",430,20305040,{"v":2352.93498171999,"d":"2,352.93"},44,36,80,{"v":55.5480964899999,"d":"55.55"},{"v":0.945243625,"d":"0.95"},{"v":75.6194899999999,"d":"75.62"},{"v":4.380509998,"d":"4.38"},0,"0_20305040_489",{"v":2297.38688523,"d":"2,297.39"},0,{"v":4.380509998,"d":"4.38"},{"v":0.023608003,"d":"0.02"},"0_20305040_489_40","E",{"v":0.326972614499,"d":"0.33"},{"v":0.000142323705511,"d":"0.00"},{"v":0.000623450414943,"d":"0.00"}]
[2,203,20305,{"v":20535.02271,"d":"20,535.02"},6886,{"v":0.335329554,"d":"0.34"},"ST",430,20305040,{"v":2352.93498171999,"d":"2,352.93"},44,36,80,{"v":55.5480964899999,"d":"55.55"},{"v":0.945243625,"d":"0.95"},{"v":75.6194899999999,"d":"75.62"},{"v":4.380509998,"d":"4.38"},0,"0_20305040_489",{"v":2297.38688523,"d":"2,297.39"},0,{"v":4.380509998,"d":"4.38"},{"v":0.023608003,"d":"0.02"},"0_20305040_489_41","E",{"v":0.0210762929899,"d":"0.02"},{"v":9.1740286e-06,"d":"0.00"},{"v":4.0186924003E-5,"d":"0.00"}]
[2,203,20305,{"v":20535.02271,"d":"20,535.02"},6886,{"v":0.335329554,"d":"0.34"},"ST",430,20305040,{"v":2352.93498171999,"d":"2,352.93"},44,36,80,{"v":55.5480964899999,"d":"55.55"},{"v":0.945243625,"d":"0.95"},{"v":75.6194899999999,"d":"75.62"},{"v":4.380509998,"d":"4.38"},0,"0_20305040_489",{"v":2297.38688523,"d":"2,297.39"},0,{"v":4.380509998,"d":"4.38"},{"v":0.023608003,"d":"0.02"},"0_20305040_489_42","F",{"v":7.9327651165,"d":"7.93"},{"v":0.0034529513368,"d":"0.00"},{"v":0.0151256878535,"d":"0.02"}]
[2,203,20305,{"v":20535.02271,"d":"20,535.02"},6886,{"v":0.335329554,"d":"0.34"},"ST",430,20305040,{"v":2352.93498171999,"d":"2,352.93"},44,36,80,{"v":55.5480964899999,"d":"55.55"},{"v":0.945243625,"d":"0.95"},{"v":75.6194899999999,"d":"75.62"},{"v":4.380509998,"d":"4.38"},0,"0_20305040_489",{"v":2297.38688523,"d":"2,297.39"},0,{"v":4.380509998,"d":"4.38"},{"v":0.023608003,"d":"0.02"},"0_20305040_489_43","F",{"v":6.39109453737E-3,"d":"0.01"},{"v":2.781897372e-06,"d":"0.00"},{"v":1.2186129249E-5,"d":"0.00"}]
[2,203,20305,{"v":20535.02271,"d":"20,535.02"},6886,{"v":0.335329554,"d":"0.34"},"ST",430,20305040,{"v":2352.93498171999,"d":"2,352.93"},44,36,80,{"v":55.5480964899999,"d":"55.55"},{"v":0.945243625,"d":"0.95"},{"v":75.6194899999999,"d":"75.62"},{"v":4.380509998,"d":"4.38"},0,"0_20305040_489",{"v":2297.38688523,"d":"2,297.39"},0,{"v":4.380509998,"d":"4.38"},{"v":0.023608003,"d":"0.02"},"0_20305040_489_44","F",{"v":0.393649991004,"d":"0.39"},{"v":0.000171346843466,"d":"0.00"},{"v":7.50586560929E-4,"d":"0.00"}]
[2,203,20305,{"v":20535.02271,"d":"20,535.02"},6886,{"v":0.335329554,"d":"0.34"},"ST",430,20305040,{"v":2352.93498171999,"d":"2,352.93"},44,36,80,{"v":55.5480964899999,"d":"55.55"},{"v":0.945243625,"d":"0.95"},{"v":75.6194899999999,"d":"75.62"},{"v":4.380509998,"d":"4.38"},0,"0_20305040_489",{"v":2297.38688523,"d":"2,297.39"},0,{"v":4.380509998,"d":"4.38"},{"v":0.023608003,"d":"0.02"},"0_20305040_489_45","F",{"v":0.330169892007,"d":"0.33"},{"v":1.43715407331E-4,"d":"0.00"},{"v":0.00062954677868,"d":"0.00"}]
[2,203,20305,{"v":20535.02271,"d":"20,535.02"},6886,{"v":0.335329554,"d":"0.34"},"ST",430,20305040,{"v":2352.93498171999,"d":"2,352.93"},44,36,80,{"v":55.5480964899999,"d":"55.55"},{"v":0.945243625,"d":"0.95"},{"v":75.6194899999999,"d":"75.62"},{"v":4.380509998,"d":"4.38"},0,"0_20305040_489",{"v":2297.38688523,"d":"2,297.39"},0,{"v":4.380509998,"d":"4.38"},{"v":0.023608003,"d":"0.02"},"0_20305040_489_46","F",{"v":1.79456233402,"d":"1.79"},{"v":0.000781131965868,"d":"0.00"},{"v":0.00342175638624,"d":"0.00"}]
[2,203,20305,{"v":20535.02271,"d":"20,535.02"},6886,{"v":0.335329554,"d":"0.34"},"ST",430,20305040,{"v":2352.93498171999,"d":"2,352.93"},44,36,80,{"v":55.5480964899999,"d":"55.55"},{"v":0.945243625,"d":"0.95"},{"v":75.6194899999999,"d":"75.62"},{"v":4.380509998,"d":"4.38"},0,"0_20305040_489",{"v":2297.38688523,"d":"2,297.39"},0,{"v":4.380509998,"d":"4.38"},{"v":0.023608003,"d":"0.02"},"0_20305040_489_47","F",{"v":15.0975908315,"d":"15.10"},{"v":0.00657163620484,"d":"0.01"},{"v":0.0287871180985,"d":"0.03"}]
[2,203,20305,{"v":20535.02271,"d":"20,535.02"},6886,{"v":0.335329554,"d":"0.34"},"ST",430,20305040,{"v":2352.93498171999,"d":"2,352.93"},44,36,80,{"v":55.5480964899999,"d":"55.55"},{"v":0.945243625,"d":"0.95"},{"v":75.6194899999999,"d":"75.62"},{"v":4.380509998,"d":"4.38"},0,"0_20305040_489",{"v":2297.38688523,"d":"2,297.39"},0,{"v":4.380509998,"d":"4.38"},{"v":0.023608003,"d":"0.02"},"0_20305040_489_48","F",{"v":3.37287498616,"d":"3.37"},{"v":1.46813538801E-3,"d":"0.00"},{"v":0.0064311817456,"d":"0.01"}]
[2,203,20305,{"v":20535.02271,"d":"20,535.02"},6886,{"v":0.335329554,"d":"0.34"},"ST",430,20305040,{"v":2352.93498171999,"d":"2,352.93"},44,36,80,{"v":55.5480964899999,"d":"55.55"},{"v":0.945243625,"d":"0.95"},{"v":75.6194899999999,"d":"75.62"},{"v":4.380509998,"d":"4.38"},0,"0_20305040_489",{"v":2297.38688523,"d":"2,297.39"},0,{"v":4.380509998,"d":"4.38"},{"v":0.023608003,"d":"0.02"},"0_20305040_489_49","F",{"v":1.55847578642,"d":"1.56"},{"v":0.000678368887905,"d":"0.00"},{"v":2.9716016958E-3,"d":"0.00"}]
[2,203,20305,{"v":20535.02271,"d":"20,535.02"},6886,{"v":0.335329554,"d":"0.34"},"ST",430,20305040,{"v":2352.93498171999,"d":"2,352.93"},44,36,80,{"v":55.5480964899999,"d":"55.55"},{"v":0.945243625,"d":"0.95"},{"v":75.6194899999999,"d":"75.62"},{"v":4.380509998,"d":"4.38"},0,"0_20305040_489",{"v":2297.38688523,"d":"2,297.39"},0,{"v":4.380509998,"d":"4.38"},{"v":0.023608003,"d":"0.02"},"0_20305040_489_50","G",{"v":70.8547624137,"d":"70.85"},{"v":0.0308414585585,"d":"0.03"},{"v":0.135101317568,"d":"0.14"}]
[2,203,20305,{"v":20535.02271,"d":"20,535.02"},6886,{"v":0.335329554,"d":"0.34"},"ST",430,20305040,{"v":2352.93498171999,"d":"2,352.93"},44,36,80,{"v":55.5480964899999,"d":"55.55"},{"v":0.945243625,"d":"0.95"},{"v":75.6194899999999,"d":"75.62"},{"v":4.380509998,"d":"4.38"},0,"0_20305040_489",{"v":2297.38688523,"d":"2,297.39"},0,{"v":4.380509998,"d":"4.38"},{"v":0.023608003,"d":"0.02"},"0_20305040_489_51","G",{"v":11.6377017466999,"d":"11.64"},{"v":0.00506562556856,"d":"0.01"},{"v":0.0221900234492,"d":"0.02"}]
[2,203,20305,{"v":20535.02271,"d":"20,535.02"},6886,{"v":0.335329554,"d":"0.34"},"ST",430,20305041,{"v":1544.29173134,"d":"1,544.29"},61,186,247,{"v":59.86790499,"d":"59.87"},{"v":0.945243625,"d":"0.95"},{"v":233.4751754,"d":"233.48"},{"v":13.52482462,"d":"13.52"},0,"0_20305041_490",{"v":1484.42382634999,"d":"1,484.42"},0,{"v":13.52482462,"d":"13.52"},{"v":0.038767225,"d":"0.04"},"0_20305041_490_52","außerhalb GKL",{"v":1395.45088977999,"d":"1,395.45"},{"v":0.940062309032,"d":"0.94"},{"v":12.7141778615,"d":"12.71"}]
[2,203,20305,{"v":20535.02271,"d":"20,535.02"},6886,{"v":0.335329554,"d":"0.34"},"ST",430,20305041,{"v":1544.29173134,"d":"1,544.29"},61,186,247,{"v":59.86790499,"d":"59.87"},{"v":0.945243625,"d":"0.95"},{"v":233.4751754,"d":"233.48"},{"v":13.52482462,"d":"13.52"},0,"0_20305041_490",{"v":1484.42382634999,"d":"1,484.42"},0,{"v":13.52482462,"d":"13.52"},{"v":0.038767225,"d":"0.04"},"0_20305041_490_53","E",{"v":0.0066104276572,"d":"0.01"},{"v":4.453194256e-06,"d":"0.00"},{"v":6.0228671313e-05,"d":"0.00"}]
[2,203,20305,{"v":20535.02271,"d":"20,535.02"},6886,{"v":0.335329554,"d":"0.34"},"ST",430,20305041,{"v":1544.29173134,"d":"1,544.29"},61,186,247,{"v":59.86790499,"d":"59.87"},{"v":0.945243625,"d":"0.95"},{"v":233.4751754,"d":"233.48"},{"v":13.52482462,"d":"13.52"},0,"0_20305041_490",{"v":1484.42382634999,"d":"1,484.42"},0,{"v":13.52482462,"d":"13.52"},{"v":0.038767225,"d":"0.04"},"0_20305041_490_54","E",{"v":0.0145985989991,"d":"0.01"},{"v":9.834522149e-06,"d":"0.00"},{"v":1.3301018729E-4,"d":"0.00"}]
[2,203,20305,{"v":20535.02271,"d":"20,535.02"},6886,{"v":0.335329554,"d":"0.34"},"ST",430,20305041,{"v":1544.29173134,"d":"1,544.29"},61,186,247,{"v":59.86790499,"d":"59.87"},{"v":0.945243625,"d":"0.95"},{"v":233.4751754,"d":"233.48"},{"v":13.52482462,"d":"13.52"},0,"0_20305041_490",{"v":1484.42382634999,"d":"1,484.42"},0,{"v":13.52482462,"d":"13.52"},{"v":0.038767225,"d":"0.04"},"0_20305041_490_55","E",{"v":1.51530380028,"d":"1.52"},{"v":0.00102080266658,"d":"0.00"},{"v":0.0138061770371,"d":"0.01"}]
[2,203,20305,{"v":20535.02271,"d":"20,535.02"},6886,{"v":0.335329554,"d":"0.34"},"ST",430,20305041,{"v":1544.29173134,"d":"1,544.29"},61,186,247,{"v":59.86790499,"d":"59.87"},{"v":0.945243625,"d":"0.95"},{"v":233.4751754,"d":"233.48"},{"v":13.52482462,"d":"13.52"},0,"0_20305041_490",{"v":1484.42382634999,"d":"1,484.42"},0,{"v":13.52482462,"d":"13.52"},{"v":0.038767225,"d":"0.04"},"0_20305041_490_56","E",{"v":2.79376371298,"d":"2.79"},{"v":1.882052594E-3,"d":"0.00"},{"v":0.0254544312595,"d":"0.03"}]
[2,203,20305,{"v":20535.02271,"d":"20,535.02"},6886,{"v":0.335329554,"d":"0.34"},"ST",430,20305041,{"v":1544.29173134,"d":"1,544.29"},61,186,247,{"v":59.86790499,"d":"59.87"},{"v":0.945243625,"d":"0.95"},{"v":233.4751754,"d":"233.48"},{"v":13.52482462,"d":"13.52"},0,"0_20305041_490",{"v":1484.42382634999,"d":"1,484.42"},0,{"v":13.52482462,"d":"13.52"},{"v":0.038767225,"d":"0.04"},"0_20305041_490_57","E",{"v":0.320099400902,"d":"0.32"},{"v":0.000215638819062,"d":"0.00"},{"v":0.00291647720908,"d":"0.00"}]
[2,203,20305,{"v":20535.02271,"d":"20,535.02"},6886,{"v":0.335329554,"d":"0.34"},"ST",430,20305041,{"v":1544.29173134,"d":"1,544.29"},61,186,247,{"v":59.86790499,"d":"59.87"},{"v":0.945243625,"d":"0.95"},{"v":233.4751754,"d":"233.48"},{"v":13.52482462,"d":"13.52"},0,"0_20305041_490",{"v":1484.42382634999,"d":"1,484.42"},0,{"v":13.52482462,"d":"13.52"},{"v":0.038767225,"d":"0.04"},"0_20305041_490_58","F",{"v":0.213519608658,"d":"0.21"},{"v":0.000143840057582,"d":"0.00"},{"v":0.00194541155213,"d":"0.00"}]
[2,203,20305,{"v":20535.02271,"d":"20,535.02"},6886,{"v":0.335329554,"d":"0.34"},"ST",430,20305041,{"v":1544.29173134,"d":"1,544.29"},61,186,247,{"v":59.86790499,"d":"59.87"},{"v":0.945243625,"d":"0.95"},{"v":233.4751754,"d":"233.48"},{"v":13.52482462,"d":"13.52"},0,"0_20305041_490",{"v":1484.42382634999,"d":"1,484.42"},0,{"v":13.52482462,"d":"13.52"},{"v":0.038767225,"d":"0.04"},"0_20305041_490_59","F",{"v":8.4896260892e-05,"d":"0.00"},{"v":5.7191389e-08,"d":"0.00"},{"v":7.7350351e-07,"d":"0.00"}]
[2,203,20305,{"v":20535.02271,"d":"20,535.02"},6886,{"v":0.335329554,"d":"0.34"},"ST",430,20305041,{"v":1544.29173134,"d":"1,544.29"},61,186,247,{"v":59.86790499,"d":"59.87"},{"v":0.945243625,"d":"0.95"},{"v":233.4751754,"d":"233.48"},{"v":13.52482462,"d":"13.52"},0,"0_20305041_490",{"v":1484.42382634999,"d":"1,484.42"},0,{"v":13.52482462,"d":"13.52"},{"v":0.038767225,"d":"0.04"},"0_20305041_490_60","F",{"v":0.708227358824,"d":"0.71"},{"v":0.0004771058954,"d":"0.00"},{"v":6.45277356045E-3,"d":"0.01"}]
[2,203,20305,{"v":20535.02271,"d":"20,535.02"},6886,{"v":0.335329554,"d":"0.34"},"ST",430,20305041,{"v":1544.29173134,"d":"1,544.29"},61,186,247,{"v":59.86790499,"d":"59.87"},{"v":0.945243625,"d":"0.95"},{"v":233.4751754,"d":"233.48"},{"v":13.52482462,"d":"13.52"},0,"0_20305041_490",{"v":1484.42382634999,"d":"1,484.42"},0,{"v":13.52482462,"d":"13.52"},{"v":0.038767225,"d":"0.04"},"0_20305041_490_61","F",{"v":19.2749748248999,"d":"19.27"},{"v":0.0129848190811,"d":"0.01"},{"v":0.175617400794,"d":"0.18"}]
[2,203,20305,{"v":20535.02271,"d":"20,535.02"},6886,{"v":0.335329554,"d":"0.34"},"ST",430,20305041,{"v":1544.29173134,"d":"1,544.29"},61,186,247,{"v":59.86790499,"d":"59.87"},{"v":0.945243625,"d":"0.95"},{"v":233.4751754,"d":"233.48"},{"v":13.52482462,"d":"13.52"},0,"0_20305041_490",{"v":1484.42382634999,"d":"1,484.42"},0,{"v":13.52482462,"d":"13.52"},{"v":0.038767225,"d":"0.04"},"0_20305041_490_62","F",{"v":3.1919699852,"d":"3.19"},{"v":2.15030904822E-3,"d":"0.00"},{"v":0.029082552756,"d":"0.03"}]
[2,203,20305,{"v":20535.02271,"d":"20,535.02"},6886,{"v":0.335329554,"d":"0.34"},"ST",430,20305041,{"v":1544.29173134,"d":"1,544.29"},61,186,247,{"v":59.86790499,"d":"59.87"},{"v":0.945243625,"d":"0.95"},{"v":233.4751754,"d":"233.48"},{"v":13.52482462,"d":"13.52"},0,"0_20305041_490",{"v":1484.42382634999,"d":"1,484.42"},0,{"v":13.52482462,"d":"13.52"},{"v":0.038767225,"d":"0.04"},"0_20305041_490_63","G",{"v":0.0964644361646,"d":"0.10"},{"v":6.4984429953e-05,"d":"0.00"},{"v":0.00087890301815,"d":"0.00"}]
[2,203,20305,{"v":20535.02271,"d":"20,535.02"},6886,{"v":0.335329554,"d":"0.34"},"ST",430,20305041,{"v":1544.29173134,"d":"1,544.29"},61,186,247,{"v":59.86790499,"d":"59.87"},{"v":0.945243625,"d":"0.95"},{"v":233.4751754,"d":"233.48"},{"v":13.52482462,"d":"13.52"},0,"0_20305041_490",{"v":1484.42382634999,"d":"1,484.42"},0,{"v":13.52482462,"d":"13.52"},{"v":0.038767225,"d":"0.04"},"0_20305041_490_64","G",{"v":48.4848497003,"d":"48.48"},{"v":0.0326624033107,"d":"0.03"},{"v":0.441753276445,"d":"0.44"}]
[2,203,20305,{"v":20535.02271,"d":"20,535.02"},6886,{"v":0.335329554,"d":"0.34"},"ST",430,20305041,{"v":1544.29173134,"d":"1,544.29"},61,186,247,{"v":59.86790499,"d":"59.87"},{"v":0.945243625,"d":"0.95"},{"v":233.4751754,"d":"233.48"},{"v":13.52482462,"d":"13.52"},0,"0_20305041_490",{"v":1484.42382634999,"d":"1,484.42"},0,{"v":13.52482462,"d":"13.52"},{"v":0.038767225,"d":"0.04"},"0_20305041_490_65","G",{"v":2.52629327042,"d":"2.53"},{"v":0.00170186790698,"d":"0.00"},{"v":0.0230174649683,"d":"0.02"}]
[2,203,20305,{"v":20535.02271,"d":"20,535.02"},6886,{"v":0.335329554,"d":"0.34"},"ST",430,20305041,{"v":1544.29173134,"d":"1,544.29"},61,186,247,{"v":59.86790499,"d":"59.87"},{"v":0.945243625,"d":"0.95"},{"v":233.4751754,"d":"233.48"},{"v":13.52482462,"d":"13.52"},0,"0_20305041_490",{"v":1484.42382634999,"d":"1,484.42"},0,{"v":13.52482462,"d":"13.52"},{"v":0.038767225,"d":"0.04"},"0_20305041_490_66","G",{"v":0.0165800843531,"d":"0.02"},{"v":1.1169373638E-5,"d":"0.00"},{"v":1.51063819564E-4,"d":"0.00"}]
[2,203,20305,{"v":20535.02271,"d":"20,535.02"},6886,{"v":0.335329554,"d":"0.34"},"ST",430,20305041,{"v":1544.29173134,"d":"1,544.29"},61,186,247,{"v":59.86790499,"d":"59.87"},{"v":0.945243625,"d":"0.95"},{"v":233.4751754,"d":"233.48"},{"v":13.52482462,"d":"13.52"},0,"0_20305041_490",{"v":1484.42382634999,"d":"1,484.42"},0,{"v":13.52482462,"d":"13.52"},{"v":0.038767225,"d":"0.04"},"0_20305041_490_67","G",{"v":9.8095964626,"d":"9.81"},{"v":0.00660835287636,"d":"0.01"},{"v":0.0893768136798,"d":"0.09"}]
[2,203,20306,{"v":9907.99414699999,"d":"9,907.99"},2502,{"v":0.252523363,"d":"0.25"},"M",430,20306000,{"v":3446.24921846999,"d":"3,446.25"},86,204,290,{"v":101.811647699999,"d":"101.81"},{"v":0.945243625,"d":"0.95"},{"v":274.1206513,"d":"274.12"},{"v":15.8793487399999,"d":"15.88"},0,"0_20306000_492",{"v":3344.43757073999,"d":"3,344.44"},0,{"v":15.8793487399999,"d":"15.88"},{"v":0.029542741,"d":"0.03"},"0_20306000_492_68","außerhalb GKL",{"v":3215.32837368999,"d":"3,215.33"},{"v":0.961395841806,"d":"0.96"},{"v":15.2663398492,"d":"15.27"}]
[2,203,20306,{"v":9907.99414699999,"d":"9,907.99"},2502,{"v":0.252523363,"d":"0.25"},"M",430,20306000,{"v":3446.24921846999,"d":"3,446.25"},86,204,290,{"v":101.811647699999,"d":"101.81"},{"v":0.945243625,"d":"0.95"},{"v":274.1206513,"d":"274.12"},{"v":15.8793487399999,"d":"15.88"},0,"0_20306000_492",{"v":3344.43757073999,"d":"3,344.44"},0,{"v":15.8793487399999,"d":"15.88"},{"v":0.029542741,"d":"0.03"},"0_20306000_492_69","E",{"v":0.254452271365,"d":"0.25"},{"v":7.6082230863e-05,"d":"0.00"},{"v":0.0012081362768,"d":"0.00"}]
[2,203,20306,{"v":9907.99414699999,"d":"9,907.99"},2502,{"v":0.252523363,"d":"0.25"},"M",430,20306000,{"v":3446.24921846999,"d":"3,446.25"},86,204,290,{"v":101.811647699999,"d":"101.81"},{"v":0.945243625,"d":"0.95"},{"v":274.1206513,"d":"274.12"},{"v":15.8793487399999,"d":"15.88"},0,"0_20306000_492",{"v":3344.43757073999,"d":"3,344.44"},0,{"v":15.8793487399999,"d":"15.88"},{"v":0.029542741,"d":"0.03"},"0_20306000_492_70","E",{"v":0.14166207769,"d":"0.14"},{"v":4.2357518923e-05,"d":"0.00"},{"v":0.000672609814743,"d":"0.00"}]
[2,203,20306,{"v":9907.99414699999,"d":"9,907.99"},2502,{"v":0.252523363,"d":"0.25"},"M",430,20306000,{"v":3446.24921846999,"d":"3,446.25"},86,204,290,{"v":101.811647699999,"d":"101.81"},{"v":0.945243625,"d":"0.95"},{"v":274.1206513,"d":"274.12"},{"v":15.8793487399999,"d":"15.88"},0,"0_20306000_492",{"v":3344.43757073999,"d":"3,344.44"},0,{"v":15.8793487399999,"d":"15.88"},{"v":0.029542741,"d":"0.03"},"0_20306000_492_71","E",{"v":7.43956843328,"d":"7.44"},{"v":0.00222446024957,"d":"0.00"},{"v":0.0353229800612,"d":"0.04"}]
[2,203,20306,{"v":9907.99414699999,"d":"9,907.99"},2502,{"v":0.252523363,"d":"0.25"},"M",430,20306000,{"v":3446.24921846999,"d":"3,446.25"},86,204,290,{"v":101.811647699999,"d":"101.81"},{"v":0.945243625,"d":"0.95"},{"v":274.1206513,"d":"274.12"},{"v":15.8793487399999,"d":"15.88"},0,"0_20306000_492",{"v":3344.43757073999,"d":"3,344.44"},0,{"v":15.8793487399999,"d":"15.88"},{"v":0.029542741,"d":"0.03"},"0_20306000_492_72","E",{"v":0.106279954446,"d":"0.11"},{"v":3.1778124781e-05,"d":"0.00"},{"v":0.000504615925704,"d":"0.00"}]
[2,203,20306,{"v":9907.99414699999,"d":"9,907.99"},2502,{"v":0.252523363,"d":"0.25"},"M",430,20306000,{"v":3446.24921846999,"d":"3,446.25"},86,204,290,{"v":101.811647699999,"d":"101.81"},{"v":0.945243625,"d":"0.95"},{"v":274.1206513,"d":"274.12"},{"v":15.8793487399999,"d":"15.88"},0,"0_20306000_492",{"v":3344.43757073999,"d":"3,344.44"},0,{"v":15.8793487399999,"d":"15.88"},{"v":0.029542741,"d":"0.03"},"0_20306000_492_73","E",{"v":0.339797900773,"d":"0.34"},{"v":1.01600910044E-4,"d":"0.00"},{"v":0.00161335628289,"d":"0.00"}]
[2,203,20306,{"v":9907.99414699999,"d":"9,907.99"},2502,{"v":0.252523363,"d":"0.25"},"M",430,20306000,{"v":3446.24921846999,"d":"3,446.25"},86,204,290,{"v":101.811647699999,"d":"101.81"},{"v":0.945243625,"d":"0.95"},{"v":274.1206513,"d":"274.12"},{"v":15.8793487399999,"d":"15.88"},0,"0_20306000_492",{"v":3344.43757073999,"d":"3,344.44"},0,{"v":15.8793487399999,"d":"15.88"},{"v":0.029542741,"d":"0.03"},"0_20306000_492_74","E",{"v":0.595969182796,"d":"0.60"},{"v":1.78197131862E-4,"d":"0.00"},{"v":0.0028296544013,"d":"0.00"}]
[2,203,20306,{"v":9907.99414699999,"d":"9,907.99"},2502,{"v":0.252523363,"d":"0.25"},"M",430,20306000,{"v":3446.24921846999,"d":"3,446.25"},86,204,290,{"v":101.811647699999,"d":"101.81"},{"v":0.945243625,"d":"0.95"},{"v":274.1206513,"d":"274.12"},{"v":15.8793487399999,"d":"15.88"},0,"0_20306000_492",{"v":3344.43757073999,"d":"3,344.44"},0,{"v":15.8793487399999,"d":"15.88"},{"v":0.029542741,"d":"0.03"},"0_20306000_492_75","F",{"v":1.15149519081,"d":"1.15"},{"v":3.44301595247E-4,"d":"0.00"},{"v":0.00546728510267,"d":"0.01"}]
[2,203,20306,{"v":9907.99414699999,"d":"9,907.99"},2502,{"v":0.252523363,"d":"0.25"},"M",430,20306000,{"v":3446.24921846999,"d":"3,446.25"},86,204,290,{"v":101.811647699999,"d":"101.81"},{"v":0.945243625,"d":"0.95"},{"v":274.1206513,"d":"274.12"},{"v":15.8793487399999,"d":"15.88"},0,"0_20306000_492",{"v":3344.43757073999,"d":"3,344.44"},0,{"v":15.8793487399999,"d":"15.88"},{"v":0.029542741,"d":"0.03"},"0_20306000_492_76","F",{"v":0.511471777522,"d":"0.51"},{"v":1.52932075036E-4,"d":"0.00"},{"v":0.00242846175303,"d":"0.00"}]
[2,203,20306,{"v":9907.99414699999,"d":"9,907.99"},2502,{"v":0.252523363,"d":"0.25"},"M",430,20306000,{"v":3446.24921846999,"d":"3,446.25"},86,204,290,{"v":101.811647699999,"d":"101.81"},{"v":0.945243625,"d":"0.95"},{"v":274.1206513,"d":"274.12"},{"v":15.8793487399999,"d":"15.88"},0,"0_20306000_492",{"v":3344.43757073999,"d":"3,344.44"},0,{"v":15.8793487399999,"d":"15.88"},{"v":0.029542741,"d":"0.03"},"0_20306000_492_77","F",{"v":0.103681938521,"d":"0.10"},{"v":3.1001307792E-5,"d":"0.00"},{"v":0.000492280577822,"d":"0.00"}]
[2,203,20306,{"v":9907.99414699999,"d":"9,907.99"},2502,{"v":0.252523363,"d":"0.25"},"M",430,20306000,{"v":3446.24921846999,"d":"3,446.25"},86,204,290,{"v":101.811647699999,"d":"101.81"},{"v":0.945243625,"d":"0.95"},{"v":274.1206513,"d":"274.12"},{"v":15.8793487399999,"d":"15.88"},0,"0_20306000_492",{"v":3344.43757073999,"d":"3,344.44"},0,{"v":15.8793487399999,"d":"15.88"},{"v":0.029542741,"d":"0.03"},"0_20306000_492_78","F",{"v":17.7828803475,"d":"17.78"},{"v":0.00531715123137,"d":"0.01"},{"v":0.0844328987062,"d":"0.08"}]
[2,203,20306,{"v":9907.99414699999,"d":"9,907.99"},2502,{"v":0.252523363,"d":"0.25"},"M",430,20306000,{"v":3446.24921846999,"d":"3,446.25"},86,204,290,{"v":101.811647699999,"d":"101.81"},{"v":0.945243625,"d":"0.95"},{"v":274.1206513,"d":"274.12"},{"v":15.8793487399999,"d":"15.88"},0,"0_20306000_492",{"v":3344.43757073999,"d":"3,344.44"},0,{"v":15.8793487399999,"d":"15.88"},{"v":0.029542741,"d":"0.03"},"0_20306000_492_79","F",{"v":2.33349649787,"d":"2.33"},{"v":6.97724639349E-4,"d":"0.00"},{"v":0.0110794128727,"d":"0.01"}]
[2,203,20306,{"v":9907.99414699999,"d":"9,907.99"},2502,{"v":0.252523363,"d":"0.25"},"M",430,20306000,{"v":3446.24921846999,"d":"3,446.25"},86,204,290,{"v":101.811647699999,"d":"101.81"},{"v":0.945243625,"d":"0.95"},{"v":274.1206513,"d":"274.12"},{"v":15.8793487399999,"d":"15.88"},0,"0_20306000_492",{"v":3344.43757073999,"d":"3,344.44"},0,{"v":15.8793487399999,"d":"15.88"},{"v":0.029542741,"d":"0.03"},"0_20306000_492_80","F",{"v":9.83007618156,"d":"9.83"},{"v":0.00293923147723,"d":"0.00"},{"v":0.0466730816545,"d":"0.05"}]
[2,203,20306,{"v":9907.99414699999,"d":"9,907.99"},2502,{"v":0.252523363,"d":"0.25"},"M",430,20306000,{"v":3446.24921846999,"d":"3,446.25"},86,204,290,{"v":101.811647699999,"d":"101.81"},{"v":0.945243625,"d":"0.95"},{"v":274.1206513,"d":"274.12"},{"v":15.8793487399999,"d":"15.88"},0,"0_20306000_492",{"v":3344.43757073999,"d":"3,344.44"},0,{"v":15.8793487399999,"d":"15.88"},{"v":0.029542741,"d":"0.03"},"0_20306000_492_81","F",{"v":1.01613811152E-3,"d":"0.00"},{"v":3.03829296e-07,"d":"0.00"},{"v":4.824611343e-06,"d":"0.00"}]
[2,203,20306,{"v":9907.99414699999,"d":"9,907.99"},2502,{"v":0.252523363,"d":"0.25"},"M",430,20306000,{"v":3446.24921846999,"d":"3,446.25"},86,204,290,{"v":101.811647699999,"d":"101.81"},{"v":0.945243625,"d":"0.95"},{"v":274.1206513,"d":"274.12"},{"v":15.8793487399999,"d":"15.88"},0,"0_20306000_492",{"v":3344.43757073999,"d":"3,344.44"},0,{"v":15.8793487399999,"d":"15.88"},{"v":0.029542741,"d":"0.03"},"0_20306000_492_82","G",{"v":14.4886342044,"d":"14.49"},{"v":0.00433215866583,"d":"0.00"},{"v":0.0687918582517,"d":"0.07"}]
[2,203,20306,{"v":9907.99414699999,"d":"9,907.99"},2502,{"v":0.252523363,"d":"0.25"},"M",430,20306000,{"v":3446.24921846999,"d":"3,446.25"},86,204,290,{"v":101.811647699999,"d":"101.81"},{"v":0.945243625,"d":"0.95"},{"v":274.1206513,"d":"274.12"},{"v":15.8793487399999,"d":"15.88"},0,"0_20306000_492",{"v":3344.43757073999,"d":"3,344.44"},0,{"v":15.8793487399999,"d":"15.88"},{"v":0.029542741,"d":"0.03"},"0_20306000_492_83","G",{"v":1.08313983677,"d":"1.08"},{"v":0.000323863075288,"d":"0.00"},{"v":0.00514273471651,"d":"0.01"}]
[2,203,20306,{"v":9907.99414699999,"d":"9,907.99"},2502,{"v":0.252523363,"d":"0.25"},"M",430,20306000,{"v":3446.24921846999,"d":"3,446.25"},86,204,290,{"v":101.811647699999,"d":"101.81"},{"v":0.945243625,"d":"0.95"},{"v":274.1206513,"d":"274.12"},{"v":15.8793487399999,"d":"15.88"},0,"0_20306000_492",{"v":3344.43757073999,"d":"3,344.44"},0,{"v":15.8793487399999,"d":"15.88"},{"v":0.029542741,"d":"0.03"},"0_20306000_492_84","G",{"v":11.1505211069999,"d":"11.15"},{"v":0.00333404970825,"d":"0.00"},{"v":0.0529425380338,"d":"0.05"}]
[2,203,20306,{"v":9907.99414699999,"d":"9,907.99"},2502,{"v":0.252523363,"d":"0.25"},"M",430,20306000,{"v":3446.24921846999,"d":"3,446.25"},86,204,290,{"v":101.811647699999,"d":"101.81"},{"v":0.945243625,"d":"0.95"},{"v":274.1206513,"d":"274.12"},{"v":15.8793487399999,"d":"15.88"},0,"0_20306000_492",{"v":3344.43757073999,"d":"3,344.44"},0,{"v":15.8793487399999,"d":"15.88"},{"v":0.029542741,"d":"0.03"},"0_20306000_492_85","G",{"v":0.000958585115124,"d":"0.00"},{"v":2.86620723e-07,"d":"0.00"},{"v":4.551350419E-6,"d":"0.00"}]
[2,203,20306,{"v":9907.99414699999,"d":"9,907.99"},2502,{"v":0.252523363,"d":"0.25"},"M",430,20306000,{"v":3446.24921846999,"d":"3,446.25"},86,204,290,{"v":101.811647699999,"d":"101.81"},{"v":0.945243625,"d":"0.95"},{"v":274.1206513,"d":"274.12"},{"v":15.8793487399999,"d":"15.88"},0,"0_20306000_492",{"v":3344.43757073999,"d":"3,344.44"},0,{"v":15.8793487399999,"d":"15.88"},{"v":0.029542741,"d":"0.03"},"0_20306000_492_86","G",{"v":0.334088723114,"d":"0.33"},{"v":9.9893843448e-05,"d":"0.00"},{"v":0.00158624917709,"d":"0.00"}]
[2,203,20306,{"v":9907.99414699999,"d":"9,907.99"},2502,{"v":0.252523363,"d":"0.25"},"M",430,20306000,{"v":3446.24921846999,"d":"3,446.25"},86,204,290,{"v":101.811647699999,"d":"101.81"},{"v":0.945243625,"d":"0.95"},{"v":274.1206513,"d":"274.12"},{"v":15.8793487399999,"d":"15.88"},0,"0_20306000_492",{"v":3344.43757073999,"d":"3,344.44"},0,{"v":15.8793487399999,"d":"15.88"},{"v":0.029542741,"d":"0.03"},"0_20306000_492_87","G",{"v":60.9350660934,"d":"60.94"},{"v":0.0182198246505,"d":"0.02"},{"v":0.289318949607,"d":"0.29"}]
[2,203,20306,{"v":9907.99414699999,"d":"9,907.99"},2502,{"v":0.252523363,"d":"0.25"},"M",430,20306000,{"v":3446.24921846999,"d":"3,446.25"},86,204,290,{"v":101.811647699999,"d":"101.81"},{"v":0.945243625,"d":"0.95"},{"v":274.1206513,"d":"274.12"},{"v":15.8793487399999,"d":"15.88"},0,"0_20306000_492",{"v":3344.43757073999,"d":"3,344.44"},0,{"v":15.8793487399999,"d":"15.88"},{"v":0.029542741,"d":"0.03"},"0_20306000_492_88","G",{"v":0.524940608457,"d":"0.52"},{"v":0.00015695930851,"d":"0.00"},{"v":2.49241159782E-3,"d":"0.00"}]
[2,203,20306,{"v":9907.99414699999,"d":"9,907.99"},2502,{"v":0.252523363,"d":"0.25"},"M",430,20306001,{"v":5490.31015208,"d":"5,490.31"},163,170,333,{"v":128.100398899999,"d":"128.10"},{"v":0.945243625,"d":"0.95"},{"v":314.7661271,"d":"314.77"},{"v":18.2338728699999,"d":"18.23"},0,"0_20306001_493",{"v":5362.20975321999,"d":"5,362.21"},0,{"v":18.2338728699999,"d":"18.23"},{"v":0.023332088,"d":"0.02"},"0_20306001_493_89","außerhalb GKL",{"v":5166.99395613999,"d":"5,166.99"},{"v":0.96359415128,"d":"0.96"},{"v":17.5700532526999,"d":"17.57"}]
[2,203,20306,{"v":9907.99414699999,"d":"9,907.99"},2502,{"v":0.252523363,"d":"0.25"},"M",430,20306001,{"v":5490.31015208,"d":"5,490.31"},163,170,333,{"v":128.100398899999,"d":"128.10"},{"v":0.945243625,"d":"0.95"},{"v":314.7661271,"d":"314.77"},{"v":18.2338728699999,"d":"18.23"},0,"0_20306001_493",{"v":5362.20975321999,"d":"5,362.21"},0,{"v":18.2338728699999,"d":"18.23"},{"v":0.023332088,"d":"0.02"},"0_20306001_493_90","E",{"v":8.94796572638,"d":"8.95"},{"v":1.66870863659E-3,"d":"0.00"},{"v":0.0304270211367,"d":"0.03"}]
[2,203,20306,{"v":9907.99414699999,"d":"9,907.99"},2502,{"v":0.252523363,"d":"0.25"},"M",430,20306001,{"v":5490.31015208,"d":"5,490.31"},163,170,333,{"v":128.100398899999,"d":"128.10"},{"v":0.945243625,"d":"0.95"},{"v":314.7661271,"d":"314.77"},{"v":18.2338728699999,"d":"18.23"},0,"0_20306001_493",{"v":5362.20975321999,"d":"5,362.21"},0,{"v":18.2338728699999,"d":"18.23"},{"v":0.023332088,"d":"0.02"},"0_20306001_493_91","E",{"v":0.0595682387491,"d":"0.06"},{"v":1.1108897542e-05,"d":"0.00"},{"v":0.000202558225512,"d":"0.00"}]
[2,203,20306,{"v":9907.99414699999,"d":"9,907.99"},2502,{"v":0.252523363,"d":"0.25"},"M",430,20306001,{"v":5490.31015208,"d":"5,490.31"},163,170,333,{"v":128.100398899999,"d":"128.10"},{"v":0.945243625,"d":"0.95"},{"v":314.7661271,"d":"314.77"},{"v":18.2338728699999,"d":"18.23"},0,"0_20306001_493",{"v":5362.20975321999,"d":"5,362.21"},0,{"v":18.2338728699999,"d":"18.23"},{"v":0.023332088,"d":"0.02"},"0_20306001_493_92","E",{"v":4.59597537854,"d":"4.60"},{"v":0.000857104736677,"d":"0.00"},{"v":0.0156283388048,"d":"0.02"}]
[2,203,20306,{"v":9907.99414699999,"d":"9,907.99"},2502,{"v":0.252523363,"d":"0.25"},"M",430,20306001,{"v":5490.31015208,"d":"5,490.31"},163,170,333,{"v":128.100398899999,"d":"128.10"},{"v":0.945243625,"d":"0.95"},{"v":314.7661271,"d":"314.77"},{"v":18.2338728699999,"d":"18.23"},0,"0_20306001_493",{"v":5362.20975321999,"d":"5,362.21"},0,{"v":18.2338728699999,"d":"18.23"},{"v":0.023332088,"d":"0.02"},"0_20306001_493_93","E",{"v":0.010371168931,"d":"0.01"},{"v":1.934122201e-06,"d":"0.00"},{"v":3.5266538331E-5,"d":"0.00"}]
[2,203,20306,{"v":9907.99414699999,"d":"9,907.99"},2502,{"v":0.252523363,"d":"0.25"},"M",430,20306001,{"v":5490.31015208,"d":"5,490.31"},163,170,333,{"v":128.100398899999,"d":"128.10"},{"v":0.945243625,"d":"0.95"},{"v":314.7661271,"d":"314.77"},{"v":18.2338728699999,"d":"18.23"},0,"0_20306001_493",{"v":5362.20975321999,"d":"5,362.21"},0,{"v":18.2338728699999,"d":"18.23"},{"v":0.023332088,"d":"0.02"},"0_20306001_493_94","E",{"v":0.136098079209,"d":"0.14"},{"v":2.5380968942E-5,"d":"0.00"},{"v":0.000462793361013,"d":"0.00"}]
[2,203,20306,{"v":9907.99414699999,"d":"9,907.99"},2502,{"v":0.252523363,"d":"0.25"},"M",430,20306001,{"v":5490.31015208,"d":"5,490.31"},163,170,333,{"v":128.100398899999,"d":"128.10"},{"v":0.945243625,"d":"0.95"},{"v":314.7661271,"d":"314.77"},{"v":18.2338728699999,"d":"18.23"},0,"0_20306001_493",{"v":5362.20975321999,"d":"5,362.21"},0,{"v":18.2338728699999,"d":"18.23"},{"v":0.023332088,"d":"0.02"},"0_20306001_493_95","E",{"v":0.232993548166,"d":"0.23"},{"v":4.345103211e-05,"d":"0.00"},{"v":0.000792280595559,"d":"0.00"}]
[2,203,20306,{"v":9907.99414699999,"d":"9,907.99"},2502,{"v":0.252523363,"d":"0.25"},"M",430,20306001,{"v":5490.31015208,"d":"5,490.31"},163,170,333,{"v":128.100398899999,"d":"128.10"},{"v":0.945243625,"d":"0.95"},{"v":314.7661271,"d":"314.77"},{"v":18.2338728699999,"d":"18.23"},0,"0_20306001_493",{"v":5362.20975321999,"d":"5,362.21"},0,{"v":18.2338728699999,"d":"18.23"},{"v":0.023332088,"d":"0.02"},"0_20306001_493_96","E",{"v":1.466529463e-06,"d":"0.00"},{"v":2.73493e-10,"d":"0.00"},{"v":4.986846E-9,"d":"0.00"}]
[2,203,20306,{"v":9907.99414699999,"d":"9,907.99"},2502,{"v":0.252523363,"d":"0.25"},"M",430,20306001,{"v":5490.31015208,"d":"5,490.31"},163,170,333,{"v":128.100398899999,"d":"128.10"},{"v":0.945243625,"d":"0.95"},{"v":314.7661271,"d":"314.77"},{"v":18.2338728699999,"d":"18.23"},0,"0_20306001_493",{"v":5362.20975321999,"d":"5,362.21"},0,{"v":18.2338728699999,"d":"18.23"},{"v":0.023332088,"d":"0.02"},"0_20306001_493_97","F",{"v":1.54370673942,"d":"1.54"},{"v":0.000287886302563,"d":"0.00"},{"v":5.24928224195E-3,"d":"0.01"}]
[2,203,20306,{"v":9907.99414699999,"d":"9,907.99"},2502,{"v":0.252523363,"d":"0.25"},"M",430,20306001,{"v":5490.31015208,"d":"5,490.31"},163,170,333,{"v":128.100398899999,"d":"128.10"},{"v":0.945243625,"d":"0.95"},{"v":314.7661271,"d":"314.77"},{"v":18.2338728699999,"d":"18.23"},0,"0_20306001_493",{"v":5362.20975321999,"d":"5,362.21"},0,{"v":18.2338728699999,"d":"18.23"},{"v":0.023332088,"d":"0.02"},"0_20306001_493_98","F",{"v":25.1727515476999,"d":"25.17"},{"v":0.0046944734925,"d":"0.00"},{"v":0.0855984328538,"d":"0.09"}]
[2,203,20306,{"v":9907.99414699999,"d":"9,907.99"},2502,{"v":0.252523363,"d":"0.25"},"M",430,20306001,{"v":5490.31015208,"d":"5,490.31"},163,170,333,{"v":128.100398899999,"d":"128.10"},{"v":0.945243625,"d":"0.95"},{"v":314.7661271,"d":"314.77"},{"v":18.2338728699999,"d":"18.23"},0,"0_20306001_493",{"v":5362.20975321999,"d":"5,362.21"},0,{"v":18.2338728699999,"d":"18.23"},{"v":0.023332088,"d":"0.02"},"0_20306001_493_99","F",{"v":0.530270580509,"d":"0.53"},{"v":9.8890309203e-05,"d":"0.00"},{"v":0.00180315332609,"d":"0.00"}]
[2,203,20306,{"v":9907.99414699999,"d":"9,907.99"},2502,{"v":0.252523363,"d":"0.25"},"M",430,20306001,{"v":5490.31015208,"d":"5,490.31"},163,170,333,{"v":128.100398899999,"d":"128.10"},{"v":0.945243625,"d":"0.95"},{"v":314.7661271,"d":"314.77"},{"v":18.2338728699999,"d":"18.23"},0,"0_20306001_493",{"v":5362.20975321999,"d":"5,362.21"},0,{"v":18.2338728699999,"d":"18.23"},{"v":0.023332088,"d":"0.02"},"0_20306001_493_100","F",{"v":0.456472729953,"d":"0.46"},{"v":8.5127727366e-05,"d":"0.00"},{"v":0.00155220815851,"d":"0.00"}]
[2,203,20306,{"v":9907.99414699999,"d":"9,907.99"},2502,{"v":0.252523363,"d":"0.25"},"M",430,20306001,{"v":5490.31015208,"d":"5,490.31"},163,170,333,{"v":128.100398899999,"d":"128.10"},{"v":0.945243625,"d":"0.95"},{"v":314.7661271,"d":"314.77"},{"v":18.2338728699999,"d":"18.23"},0,"0_20306001_493",{"v":5362.20975321999,"d":"5,362.21"},0,{"v":18.2338728699999,"d":"18.23"},{"v":0.023332088,"d":"0.02"},"0_20306001_493_101","F",{"v":2.69945163409,"d":"2.70"},{"v":0.000503421491945,"d":"0.00"},{"v":0.00917932348415,"d":"0.01"}]
[2,203,20306,{"v":9907.99414699999,"d":"9,907.99"},2502,{"v":0.252523363,"d":"0.25"},"M",430,20306001,{"v":5490.31015208,"d":"5,490.31"},163,170,333,{"v":128.100398899999,"d":"128.10"},{"v":0.945243625,"d":"0.95"},{"v":314.7661271,"d":"314.77"},{"v":18.2338728699999,"d":"18.23"},0,"0_20306001_493",{"v":5362.20975321999,"d":"5,362.21"},0,{"v":18.2338728699999,"d":"18.23"},{"v":0.023332088,"d":"0.02"},"0_20306001_493_102","F",{"v":0.213994957659,"d":"0.21"},{"v":3.990797964e-05,"d":"0.00"},{"v":0.000727677027262,"d":"0.00"}]
[2,203,20306,{"v":9907.99414699999,"d":"9,907.99"},2502,{"v":0.252523363,"d":"0.25"},"M",430,20306001,{"v":5490.31015208,"d":"5,490.31"},163,170,333,{"v":128.100398899999,"d":"128.10"},{"v":0.945243625,"d":"0.95"},{"v":314.7661271,"d":"314.77"},{"v":18.2338728699999,"d":"18.23"},0,"0_20306001_493",{"v":5362.20975321999,"d":"5,362.21"},0,{"v":18.2338728699999,"d":"18.23"},{"v":0.023332088,"d":"0.02"},"0_20306001_493_103","F",{"v":0.0120954632462,"d":"0.01"},{"v":2.255686331e-06,"d":"0.00"},{"v":4.1129897801e-05,"d":"0.00"}]
[2,203,20306,{"v":9907.99414699999,"d":"9,907.99"},2502,{"v":0.252523363,"d":"0.25"},"M",430,20306001,{"v":5490.31015208,"d":"5,490.31"},163,170,333,{"v":128.100398899999,"d":"128.10"},{"v":0.945243625,"d":"0.95"},{"v":314.7661271,"d":"314.77"},{"v":18.2338728699999,"d":"18.23"},0,"0_20306001_493",{"v":5362.20975321999,"d":"5,362.21"},0,{"v":18.2338728699999,"d":"18.23"},{"v":0.023332088,"d":"0.02"},"0_20306001_493_104","F",{"v":7.70066405501,"d":"7.70"},{"v":1.43609899825E-3,"d":"0.00"},{"v":0.0261856465628,"d":"0.03"}]
[2,203,20306,{"v":9907.99414699999,"d":"9,907.99"},2502,{"v":0.252523363,"d":"0.25"},"M",430,20306001,{"v":5490.31015208,"d":"5,490.31"},163,170,333,{"v":128.100398899999,"d":"128.10"},{"v":0.945243625,"d":"0.95"},{"v":314.7661271,"d":"314.77"},{"v":18.2338728699999,"d":"18.23"},0,"0_20306001_493",{"v":5362.20975321999,"d":"5,362.21"},0,{"v":18.2338728699999,"d":"18.23"},{"v":0.023332088,"d":"0.02"},"0_20306001_493_105","F",{"v":10.0632310888,"d":"10.06"},{"v":0.00187669478665,"d":"0.00"},{"v":0.0342194141556,"d":"0.03"}]
[2,203,20306,{"v":9907.99414699999,"d":"9,907.99"},2502,{"v":0.252523363,"d":"0.25"},"M",430,20306001,{"v":5490.31015208,"d":"5,490.31"},163,170,333,{"v":128.100398899999,"d":"128.10"},{"v":0.945243625,"d":"0.95"},{"v":314.7661271,"d":"314.77"},{"v":18.2338728699999,"d":"18.23"},0,"0_20306001_493",{"v":5362.20975321999,"d":"5,362.21"},0,{"v":18.2338728699999,"d":"18.23"},{"v":0.023332088,"d":"0.02"},"0_20306001_493_106","F",{"v":3.05819159393,"d":"3.06"},{"v":0.000570323007617,"d":"0.00"},{"v":0.0103991972157,"d":"0.01"}]
[2,203,20306,{"v":9907.99414699999,"d":"9,907.99"},2502,{"v":0.252523363,"d":"0.25"},"M",430,20306001,{"v":5490.31015208,"d":"5,490.31"},163,170,333,{"v":128.100398899999,"d":"128.10"},{"v":0.945243625,"d":"0.95"},{"v":314.7661271,"d":"314.77"},{"v":18.2338728699999,"d":"18.23"},0,"0_20306001_493",{"v":5362.20975321999,"d":"5,362.21"},0,{"v":18.2338728699999,"d":"18.23"},{"v":0.023332088,"d":"0.02"},"0_20306001_493_107","F",{"v":0.640082791715,"d":"0.64"},{"v":0.000119369219253,"d":"0.00"},{"v":0.00217656316845,"d":"0.00"}]
[2,203,20306,{"v":9907.99414699999,"d":"9,907.99"},2502,{"v":0.252523363,"d":"0.25"},"M",430,20306001,{"v":5490.31015208,"d":"5,490.31"},163,170,333,{"v":128.100398899999,"d":"128.10"},{"v":0.945243625,"d":"0.95"},{"v":314.7661271,"d":"314.77"},{"v":18.2338728699999,"d":"18.23"},0,"0_20306001_493",{"v":5362.20975321999,"d":"5,362.21"},0,{"v":18.2338728699999,"d":"18.23"},{"v":0.023332088,"d":"0.02"},"0_20306001_493_108","F",{"v":0.130180575056,"d":"0.13"},{"v":2.4277411934e-05,"d":"0.00"},{"v":0.000442671242819,"d":"0.00"}]
[2,203,20306,{"v":9907.99414699999,"d":"9,907.99"},2502,{"v":0.252523363,"d":"0.25"},"M",430,20306001,{"v":5490.31015208,"d":"5,490.31"},163,170,333,{"v":128.100398899999,"d":"128.10"},{"v":0.945243625,"d":"0.95"},{"v":314.7661271,"d":"314.77"},{"v":18.2338728699999,"d":"18.23"},0,"0_20306001_493",{"v":5362.20975321999,"d":"5,362.21"},0,{"v":18.2338728699999,"d":"18.23"},{"v":0.023332088,"d":"0.02"},"0_20306001_493_109","F",{"v":0.000493380096665,"d":"0.00"},{"v":9.2010593e-08,"d":"0.00"},{"v":1.677709447e-06,"d":"0.00"}]
[2,203,20306,{"v":9907.99414699999,"d":"9,907.99"},2502,{"v":0.252523363,"d":"0.25"},"M",430,20306001,{"v":5490.31015208,"d":"5,490.31"},163,170,333,{"v":128.100398899999,"d":"128.10"},{"v":0.945243625,"d":"0.95"},{"v":314.7661271,"d":"314.77"},{"v":18.2338728699999,"d":"18.23"},0,"0_20306001_493",{"v":5362.20975321999,"d":"5,362.21"},0,{"v":18.2338728699999,"d":"18.23"},{"v":0.023332088,"d":"0.02"},"0_20306001_493_110","F",{"v":0.286016994694,"d":"0.29"},{"v":5.3339389516e-05,"d":"0.00"},{"v":0.0009725836474,"d":"0.00"}]
[2,203,20306,{"v":9907.99414699999,"d":"9,907.99"},2502,{"v":0.252523363,"d":"0.25"},"M",430,20306001,{"v":5490.31015208,"d":"5,490.31"},163,170,333,{"v":128.100398899999,"d":"128.10"},{"v":0.945243625,"d":"0.95"},{"v":314.7661271,"d":"314.77"},{"v":18.2338728699999,"d":"18.23"},0,"0_20306001_493",{"v":5362.20975321999,"d":"5,362.21"},0,{"v":18.2338728699999,"d":"18.23"},{"v":0.023332088,"d":"0.02"},"0_20306001_493_111","G",{"v":5.90907457724,"d":"5.91"},{"v":1.10198497433E-3,"d":"0.00"},{"v":0.0200934539266,"d":"0.02"}]
[2,203,20306,{"v":9907.99414699999,"d":"9,907.99"},2502,{"v":0.252523363,"d":"0.25"},"M",430,20306001,{"v":5490.31015208,"d":"5,490.31"},163,170,333,{"v":128.100398899999,"d":"128.10"},{"v":0.945243625,"d":"0.95"},{"v":314.7661271,"d":"314.77"},{"v":18.2338728699999,"d":"18.23"},0,"0_20306001_493",{"v":5362.20975321999,"d":"5,362.21"},0,{"v":18.2338728699999,"d":"18.23"},{"v":0.023332088,"d":"0.02"},"0_20306001_493_112","G",{"v":1.28929476347E-3,"d":"0.00"},{"v":2.40440942e-07,"d":"0.00"},{"v":4.384169566e-06,"d":"0.00"}]
[2,203,20306,{"v":9907.99414699999,"d":"9,907.99"},2502,{"v":0.252523363,"d":"0.25"},"M",430,20306001,{"v":5490.31015208,"d":"5,490.31"},163,170,333,{"v":128.100398899999,"d":"128.10"},{"v":0.945243625,"d":"0.95"},{"v":314.7661271,"d":"314.77"},{"v":18.2338728699999,"d":"18.23"},0,"0_20306001_493",{"v":5362.20975321999,"d":"5,362.21"},0,{"v":18.2338728699999,"d":"18.23"},{"v":0.023332088,"d":"0.02"},"0_20306001_493_113","G",{"v":72.3160021268,"d":"72.32"},{"v":0.0134862315081,"d":"0.01"},{"v":0.245906230814,"d":"0.25"}]
[2,203,20306,{"v":9907.99414699999,"d":"9,907.99"},2502,{"v":0.252523363,"d":"0.25"},"M",430,20306001,{"v":5490.31015208,"d":"5,490.31"},163,170,333,{"v":128.100398899999,"d":"128.10"},{"v":0.945243625,"d":"0.95"},{"v":314.7661271,"d":"314.77"},{"v":18.2338728699999,"d":"18.23"},0,"0_20306001_493",{"v":5362.20975321999,"d":"5,362.21"},0,{"v":18.2338728699999,"d":"18.23"},{"v":0.023332088,"d":"0.02"},"0_20306001_493_114","G",{"v":50.4988533458,"d":"50.50"},{"v":9.41754531618E-3,"d":"0.01"},{"v":0.171718324043,"d":"0.17"}]
[2,203,20306,{"v":9907.99414699999,"d":"9,907.99"},2502,{"v":0.252523363,"d":"0.25"},"M",430,20306002,{"v":970.902996965,"d":"970.90"},28,25,53,{"v":32.92115409,"d":"32.92"},{"v":0.945243625,"d":"0.95"},{"v":50.0979121299999,"d":"50.10"},{"v":2.902087874,"d":"2.90"},0,"0_20306002_494",{"v":937.981842873,"d":"937.98"},0,{"v":2.902087874,"d":"2.90"},{"v":0.033907769,"d":"0.03"},"0_20306002_494_115","außerhalb GKL",{"v":880.490947538999,"d":"880.49"},{"v":0.938707880359,"d":"0.94"},{"v":2.72421275682,"d":"2.72"}]
[2,203,20306,{"v":9907.99414699999,"d":"9,907.99"},2502,{"v":0.252523363,"d":"0.25"},"M",430,20306002,{"v":970.902996965,"d":"970.90"},28,25,53,{"v":32.92115409,"d":"32.92"},{"v":0.945243625,"d":"0.95"},{"v":50.0979121299999,"d":"50.10"},{"v":2.902087874,"d":"2.90"},0,"0_20306002_494",{"v":937.981842873,"d":"937.98"},0,{"v":2.902087874,"d":"2.90"},{"v":0.033907769,"d":"0.03"},"0_20306002_494_116","E",{"v":2.44335961666,"d":"2.44"},{"v":0.00260491142257,"d":"0.00"},{"v":0.00755968185228,"d":"0.01"}]
[2,203,20306,{"v":9907.99414699999,"d":"9,907.99"},2502,{"v":0.252523363,"d":"0.25"},"M",430,20306002,{"v":970.902996965,"d":"970.90"},28,25,53,{"v":32.92115409,"d":"32.92"},{"v":0.945243625,"d":"0.95"},{"v":50.0979121299999,"d":"50.10"},{"v":2.902087874,"d":"2.90"},0,"0_20306002_494",{"v":937.981842873,"d":"937.98"},0,{"v":2.902087874,"d":"2.90"},{"v":0.033907769,"d":"0.03"},"0_20306002_494_117","E",{"v":0.619234332345,"d":"0.62"},{"v":0.000660177312653,"d":"0.00"},{"v":0.00191589257374,"d":"0.00"}]
[2,203,20306,{"v":9907.99414699999,"d":"9,907.99"},2502,{"v":0.252523363,"d":"0.25"},"M",430,20306002,{"v":970.902996965,"d":"970.90"},28,25,53,{"v":32.92115409,"d":"32.92"},{"v":0.945243625,"d":"0.95"},{"v":50.0979121299999,"d":"50.10"},{"v":2.902087874,"d":"2.90"},0,"0_20306002_494",{"v":937.981842873,"d":"937.98"},0,{"v":2.902087874,"d":"2.90"},{"v":0.033907769,"d":"0.03"},"0_20306002_494_118","F",{"v":0.169193272319,"d":"0.17"},{"v":1.80380114609E-4,"d":"0.00"},{"v":0.000523478943318,"d":"0.00"}]
[2,203,20306,{"v":9907.99414699999,"d":"9,907.99"},2502,{"v":0.252523363,"d":"0.25"},"M",430,20306002,{"v":970.902996965,"d":"970.90"},28,25,53,{"v":32.92115409,"d":"32.92"},{"v":0.945243625,"d":"0.95"},{"v":50.0979121299999,"d":"50.10"},{"v":2.902087874,"d":"2.90"},0,"0_20306002_494",{"v":937.981842873,"d":"937.98"},0,{"v":2.902087874,"d":"2.90"},{"v":0.033907769,"d":"0.03"},"0_20306002_494_119","F",{"v":12.056133532,"d":"12.06"},{"v":0.0128532696273,"d":"0.01"},{"v":0.0373013179266,"d":"0.04"}]
[2,203,20306,{"v":9907.99414699999,"d":"9,907.99"},2502,{"v":0.252523363,"d":"0.25"},"M",430,20306002,{"v":970.902996965,"d":"970.90"},28,25,53,{"v":32.92115409,"d":"32.92"},{"v":0.945243625,"d":"0.95"},{"v":50.0979121299999,"d":"50.10"},{"v":2.902087874,"d":"2.90"},0,"0_20306002_494",{"v":937.981842873,"d":"937.98"},0,{"v":2.902087874,"d":"2.90"},{"v":0.033907769,"d":"0.03"},"0_20306002_494_120","F",{"v":0.142822762655,"d":"0.14"},{"v":1.52266020649E-4,"d":"0.00"},{"v":0.000441889372148,"d":"0.00"}]
[2,203,20306,{"v":9907.99414699999,"d":"9,907.99"},2502,{"v":0.252523363,"d":"0.25"},"M",430,20306002,{"v":970.902996965,"d":"970.90"},28,25,53,{"v":32.92115409,"d":"32.92"},{"v":0.945243625,"d":"0.95"},{"v":50.0979121299999,"d":"50.10"},{"v":2.902087874,"d":"2.90"},0,"0_20306002_494",{"v":937.981842873,"d":"937.98"},0,{"v":2.902087874,"d":"2.90"},{"v":0.033907769,"d":"0.03"},"0_20306002_494_121","F",{"v":1.29705738969,"d":"1.30"},{"v":0.0013828171617,"d":"0.00"},{"v":0.00401305691693,"d":"0.00"}]
[2,203,20306,{"v":9907.99414699999,"d":"9,907.99"},2502,{"v":0.252523363,"d":"0.25"},"M",430,20306002,{"v":970.902996965,"d":"970.90"},28,25,53,{"v":32.92115409,"d":"32.92"},{"v":0.945243625,"d":"0.95"},{"v":50.0979121299999,"d":"50.10"},{"v":2.902087874,"d":"2.90"},0,"0_20306002_494",{"v":937.981842873,"d":"937.98"},0,{"v":2.902087874,"d":"2.90"},{"v":0.033907769,"d":"0.03"},"0_20306002_494_122","G",{"v":40.5842720026999,"d":"40.58"},{"v":0.0432676520458,"d":"0.04"},{"v":0.125566528339,"d":"0.13"}]
[2,203,20306,{"v":9907.99414699999,"d":"9,907.99"},2502,{"v":0.252523363,"d":"0.25"},"M",430,20306002,{"v":970.902996965,"d":"970.90"},28,25,53,{"v":32.92115409,"d":"32.92"},{"v":0.945243625,"d":"0.95"},{"v":50.0979121299999,"d":"50.10"},{"v":2.902087874,"d":"2.90"},0,"0_20306002_494",{"v":937.981842873,"d":"937.98"},0,{"v":2.902087874,"d":"2.90"},{"v":0.033907769,"d":"0.03"},"0_20306002_494_123","G",{"v":0.178750891995,"d":"0.18"},{"v":0.000190569671847,"d":"0.00"},{"v":5.53049933819E-4,"d":"0.00"}]
[2,203,20306,{"v":9907.99414699999,"d":"9,907.99"},2502,{"v":0.252523363,"d":"0.25"},"M",430,20306002,{"v":970.902996965,"d":"970.90"},28,25,53,{"v":32.92115409,"d":"32.92"},{"v":0.945243625,"d":"0.95"},{"v":50.0979121299999,"d":"50.10"},{"v":2.902087874,"d":"2.90"},0,"0_20306002_494",{"v":937.981842873,"d":"937.98"},0,{"v":2.902087874,"d":"2.90"},{"v":0.033907769,"d":"0.03"},"0_20306002_494_124","G",{"v":7.1533974888e-05,"d":"0.00"},{"v":7.626371e-08,"d":"0.00"},{"v":2.21323987e-07,"d":"0.00"}]
[2,203,20307,{"v":15457.40134,"d":"15,457.40"},3346,{"v":0.216465881,"d":"0.22"},"M",430,20307000,{"v":299.682535299999,"d":"299.68"},121,817,938,{"v":154.016910899999,"d":"154.02"},{"v":0.945243625,"d":"0.95"},{"v":886.638520299999,"d":"886.64"},{"v":51.3614797199999,"d":"51.36"},0,"0_20307000_495",{"v":145.665624439999,"d":"145.67"},0,{"v":51.3614797199999,"d":"51.36"},{"v":0.513933555,"d":"0.51"},"0_20307000_495_125","außerhalb GKL",{"v":0.431271016228,"d":"0.43"},{"v":2.96069177533E-3,"d":"0.00"},{"v":0.152065510576,"d":"0.15"}]
[2,203,20307,{"v":15457.40134,"d":"15,457.40"},3346,{"v":0.216465881,"d":"0.22"},"M",430,20307000,{"v":299.682535299999,"d":"299.68"},121,817,938,{"v":154.016910899999,"d":"154.02"},{"v":0.945243625,"d":"0.95"},{"v":886.638520299999,"d":"886.64"},{"v":51.3614797199999,"d":"51.36"},0,"0_20307000_495",{"v":145.665624439999,"d":"145.67"},0,{"v":51.3614797199999,"d":"51.36"},{"v":0.513933555,"d":"0.51"},"0_20307000_495_126","außerhalb GKL",{"v":1.75167883692,"d":"1.75"},{"v":0.0120253412132,"d":"0.01"},{"v":0.617639318848,"d":"0.62"}]
[2,203,20307,{"v":15457.40134,"d":"15,457.40"},3346,{"v":0.216465881,"d":"0.22"},"M",430,20307000,{"v":299.682535299999,"d":"299.68"},121,817,938,{"v":154.016910899999,"d":"154.02"},{"v":0.945243625,"d":"0.95"},{"v":886.638520299999,"d":"886.64"},{"v":51.3614797199999,"d":"51.36"},0,"0_20307000_495",{"v":145.665624439999,"d":"145.67"},0,{"v":51.3614797199999,"d":"51.36"},{"v":0.513933555,"d":"0.51"},"0_20307000_495_127","außerhalb GKL",{"v":0.100882486499,"d":"0.10"},{"v":0.000692562070748,"d":"0.00"},{"v":0.0355710127516,"d":"0.04"}]
[2,203,20307,{"v":15457.40134,"d":"15,457.40"},3346,{"v":0.216465881,"d":"0.22"},"M",430,20307000,{"v":299.682535299999,"d":"299.68"},121,817,938,{"v":154.016910899999,"d":"154.02"},{"v":0.945243625,"d":"0.95"},{"v":886.638520299999,"d":"886.64"},{"v":51.3614797199999,"d":"51.36"},0,"0_20307000_495",{"v":145.665624439999,"d":"145.67"},0,{"v":51.3614797199999,"d":"51.36"},{"v":0.513933555,"d":"0.51"},"0_20307000_495_128","außerhalb GKL",{"v":0.0348154603978,"d":"0.03"},{"v":0.000239009447367,"d":"0.00"},{"v":0.0122758788838,"d":"0.01"}]
[2,203,20307,{"v":15457.40134,"d":"15,457.40"},3346,{"v":0.216465881,"d":"0.22"},"M",430,20307000,{"v":299.682535299999,"d":"299.68"},121,817,938,{"v":154.016910899999,"d":"154.02"},{"v":0.945243625,"d":"0.95"},{"v":886.638520299999,"d":"886.64"},{"v":51.3614797199999,"d":"51.36"},0,"0_20307000_495",{"v":145.665624439999,"d":"145.67"},0,{"v":51.3614797199999,"d":"51.36"},{"v":0.513933555,"d":"0.51"},"0_20307000_495_129","außerhalb GKL",{"v":1.12197696887,"d":"1.12"},{"v":0.00770241416383,"d":"0.01"},{"v":0.395607388871,"d":"0.40"}]
[2,203,20307,{"v":15457.40134,"d":"15,457.40"},3346,{"v":0.216465881,"d":"0.22"},"M",430,20307000,{"v":299.682535299999,"d":"299.68"},121,817,938,{"v":154.016910899999,"d":"154.02"},{"v":0.945243625,"d":"0.95"},{"v":886.638520299999,"d":"886.64"},{"v":51.3614797199999,"d":"51.36"},0,"0_20307000_495",{"v":145.665624439999,"d":"145.67"},0,{"v":51.3614797199999,"d":"51.36"},{"v":0.513933555,"d":"0.51"},"0_20307000_495_130","außerhalb GKL",{"v":8.36865180221,"d":"8.37"},{"v":0.0574511099265,"d":"0.06"},{"v":2.95077401738,"d":"2.95"}]
[2,203,20307,{"v":15457.40134,"d":"15,457.40"},3346,{"v":0.216465881,"d":"0.22"},"M",430,20307000,{"v":299.682535299999,"d":"299.68"},121,817,938,{"v":154.016910899999,"d":"154.02"},{"v":0.945243625,"d":"0.95"},{"v":886.638520299999,"d":"886.64"},{"v":51.3614797199999,"d":"51.36"},0,"0_20307000_495",{"v":145.665624439999,"d":"145.67"},0,{"v":51.3614797199999,"d":"51.36"},{"v":0.513933555,"d":"0.51"},"0_20307000_495_131","außerhalb GKL",{"v":10.7132098696,"d":"10.71"},{"v":0.0735465893946,"d":"0.07"},{"v":3.77746165967,"d":"3.78"}]
[2,203,20307,{"v":15457.40134,"d":"15,457.40"},3346,{"v":0.216465881,"d":"0.22"},"M",430,20307000,{"v":299.682535299999,"d":"299.68"},121,817,938,{"v":154.016910899999,"d":"154.02"},{"v":0.945243625,"d":"0.95"},{"v":886.638520299999,"d":"886.64"},{"v":51.3614797199999,"d":"51.36"},0,"0_20307000_495",{"v":145.665624439999,"d":"145.67"},0,{"v":51.3614797199999,"d":"51.36"},{"v":0.513933555,"d":"0.51"},"0_20307000_495_132","D",{"v":0.509197182032,"d":"0.51"},{"v":0.00349565783959,"d":"0.00"},{"v":0.179542159236,"d":"0.18"}]
[2,203,20307,{"v":15457.40134,"d":"15,457.40"},3346,{"v":0.216465881,"d":"0.22"},"M",430,20307000,{"v":299.682535299999,"d":"299.68"},121,817,938,{"v":154.016910899999,"d":"154.02"},{"v":0.945243625,"d":"0.95"},{"v":886.638520299999,"d":"886.64"},{"v":51.3614797199999,"d":"51.36"},0,"0_20307000_495",{"v":145.665624439999,"d":"145.67"},0,{"v":51.3614797199999,"d":"51.36"},{"v":0.513933555,"d":"0.51"},"0_20307000_495_133","D",{"v":0.275127920958,"d":"0.28"},{"v":1.88876354333E-3,"d":"0.00"},{"v":0.0970096904266,"d":"0.10"}]
[2,203,20307,{"v":15457.40134,"d":"15,457.40"},3346,{"v":0.216465881,"d":"0.22"},"M",430,20307000,{"v":299.682535299999,"d":"299.68"},121,817,938,{"v":154.016910899999,"d":"154.02"},{"v":0.945243625,"d":"0.95"},{"v":886.638520299999,"d":"886.64"},{"v":51.3614797199999,"d":"51.36"},0,"0_20307000_495",{"v":145.665624439999,"d":"145.67"},0,{"v":51.3614797199999,"d":"51.36"},{"v":0.513933555,"d":"0.51"},"0_20307000_495_134","E",{"v":0.015154263635,"d":"0.02"},{"v":0.000104034590819,"d":"0.00"},{"v":0.00534337052653,"d":"0.01"}]
[2,203,20307,{"v":15457.40134,"d":"15,457.40"},3346,{"v":0.216465881,"d":"0.22"},"M",430,20307000,{"v":299.682535299999,"d":"299.68"},121,817,938,{"v":154.016910899999,"d":"154.02"},{"v":0.945243625,"d":"0.95"},{"v":886.638520299999,"d":"886.64"},{"v":51.3614797199999,"d":"51.36"},0,"0_20307000_495",{"v":145.665624439999,"d":"145.67"},0,{"v":51.3614797199999,"d":"51.36"},{"v":0.513933555,"d":"0.51"},"0_20307000_495_135","E",{"v":0.0389383533952,"d":"0.04"},{"v":2.67313263132E-4,"d":"0.00"},{"v":0.0137296047432,"d":"0.01"}]
[2,203,20307,{"v":15457.40134,"d":"15,457.40"},3346,{"v":0.216465881,"d":"0.22"},"M",430,20307000,{"v":299.682535299999,"d":"299.68"},121,817,938,{"v":154.016910899999,"d":"154.02"},{"v":0.945243625,"d":"0.95"},{"v":886.638520299999,"d":"886.64"},{"v":51.3614797199999,"d":"51.36"},0,"0_20307000_495",{"v":145.665624439999,"d":"145.67"},0,{"v":51.3614797199999,"d":"51.36"},{"v":0.513933555,"d":"0.51"},"0_20307000_495_136","E",{"v":0.0152499565838,"d":"0.02"},{"v":0.000104691526518,"d":"0.00"},{"v":0.00537711171611,"d":"0.01"}]
[2,203,20307,{"v":15457.40134,"d":"15,457.40"},3346,{"v":0.216465881,"d":"0.22"},"M",430,20307000,{"v":299.682535299999,"d":"299.68"},121,817,938,{"v":154.016910899999,"d":"154.02"},{"v":0.945243625,"d":"0.95"},{"v":886.638520299999,"d":"886.64"},{"v":51.3614797199999,"d":"51.36"},0,"0_20307000_495",{"v":145.665624439999,"d":"145.67"},0,{"v":51.3614797199999,"d":"51.36"},{"v":0.513933555,"d":"0.51"},"0_20307000_495_137","E",{"v":0.187217904046,"d":"0.19"},{"v":0.00128525796505,"d":"0.00"},{"v":0.0660127509069,"d":"0.07"}]
[2,203,20307,{"v":15457.40134,"d":"15,457.40"},3346,{"v":0.216465881,"d":"0.22"},"M",430,20307000,{"v":299.682535299999,"d":"299.68"},121,817,938,{"v":154.016910899999,"d":"154.02"},{"v":0.945243625,"d":"0.95"},{"v":886.638520299999,"d":"886.64"},{"v":51.3614797199999,"d":"51.36"},0,"0_20307000_495",{"v":145.665624439999,"d":"145.67"},0,{"v":51.3614797199999,"d":"51.36"},{"v":0.513933555,"d":"0.51"},"0_20307000_495_138","E",{"v":0.288252183262,"d":"0.29"},{"v":1.97886209852E-3,"d":"0.00"},{"v":0.101637285542,"d":"0.10"}]
[2,203,20307,{"v":15457.40134,"d":"15,457.40"},3346,{"v":0.216465881,"d":"0.22"},"M",430,20307000,{"v":299.682535299999,"d":"299.68"},121,817,938,{"v":154.016910899999,"d":"154.02"},{"v":0.945243625,"d":"0.95"},{"v":886.638520299999,"d":"886.64"},{"v":51.3614797199999,"d":"51.36"},0,"0_20307000_495",{"v":145.665624439999,"d":"145.67"},0,{"v":51.3614797199999,"d":"51.36"},{"v":0.513933555,"d":"0.51"},"0_20307000_495_139","E",{"v":0.318583426616,"d":"0.32"},{"v":0.00218708722693,"d":"0.00"},{"v":0.112332036252,"d":"0.11"}]
[2,203,20307,{"v":15457.40134,"d":"15,457.40"},3346,{"v":0.216465881,"d":"0.22"},"M",430,20307000,{"v":299.682535299999,"d":"299.68"},121,817,938,{"v":154.016910899999,"d":"154.02"},{"v":0.945243625,"d":"0.95"},{"v":886.638520299999,"d":"886.64"},{"v":51.3614797199999,"d":"51.36"},0,"0_20307000_495",{"v":145.665624439999,"d":"145.67"},0,{"v":51.3614797199999,"d":"51.36"},{"v":0.513933555,"d":"0.51"},"0_20307000_495_140","E",{"v":0.516516175054,"d":"0.52"},{"v":3.54590300244E-3,"d":"0.00"},{"v":0.182122825149,"d":"0.18"}]
[2,203,20307,{"v":15457.40134,"d":"15,457.40"},3346,{"v":0.216465881,"d":"0.22"},"M",430,20307000,{"v":299.682535299999,"d":"299.68"},121,817,938,{"v":154.016910899999,"d":"154.02"},{"v":0.945243625,"d":"0.95"},{"v":886.638520299999,"d":"886.64"},{"v":51.3614797199999,"d":"51.36"},0,"0_20307000_495",{"v":145.665624439999,"d":"145.67"},0,{"v":51.3614797199999,"d":"51.36"},{"v":0.513933555,"d":"0.51"},"0_20307000_495_141","E",{"v":1.09314229995,"d":"1.09"},{"v":7.5044630753E-3,"d":"0.01"},{"v":0.385440328052,"d":"0.39"}]
[2,203,20307,{"v":15457.40134,"d":"15,457.40"},3346,{"v":0.216465881,"d":"0.22"},"M",430,20307000,{"v":299.682535299999,"d":"299.68"},121,817,938,{"v":154.016910899999,"d":"154.02"},{"v":0.945243625,"d":"0.95"},{"v":886.638520299999,"d":"886.64"},{"v":51.3614797199999,"d":"51.36"},0,"0_20307000_495",{"v":145.665624439999,"d":"145.67"},0,{"v":51.3614797199999,"d":"51.36"},{"v":0.513933555,"d":"0.51"},"0_20307000_495_142","E",{"v":2.3490348602,"d":"2.35"},{"v":0.0161262128195,"d":"0.02"},{"v":0.828266152689,"d":"0.83"}]
[2,203,20307,{"v":15457.40134,"d":"15,457.40"},3346,{"v":0.216465881,"d":"0.22"},"M",430,20307000,{"v":299.682535299999,"d":"299.68"},121,817,938,{"v":154.016910899999,"d":"154.02"},{"v":0.945243625,"d":"0.95"},{"v":886.638520299999,"d":"886.64"},{"v":51.3614797199999,"d":"51.36"},0,"0_20307000_495",{"v":145.665624439999,"d":"145.67"},0,{"v":51.3614797199999,"d":"51.36"},{"v":0.513933555,"d":"0.51"},"0_20307000_495_143","E",{"v":0.0725254443721,"d":"0.07"},{"v":0.000497889908144,"d":"0.00"},{"v":0.0255723624199,"d":"0.03"}]
[2,203,20307,{"v":15457.40134,"d":"15,457.40"},3346,{"v":0.216465881,"d":"0.22"},"M",430,20307000,{"v":299.682535299999,"d":"299.68"},121,817,938,{"v":154.016910899999,"d":"154.02"},{"v":0.945243625,"d":"0.95"},{"v":886.638520299999,"d":"886.64"},{"v":51.3614797199999,"d":"51.36"},0,"0_20307000_495",{"v":145.665624439999,"d":"145.67"},0,{"v":51.3614797199999,"d":"51.36"},{"v":0.513933555,"d":"0.51"},"0_20307000_495_144","E",{"v":0.264683447771,"d":"0.26"},{"v":1.81706184138E-3,"d":"0.00"},{"v":0.093326984916,"d":"0.09"}]
[2,203,20307,{"v":15457.40134,"d":"15,457.40"},3346,{"v":0.216465881,"d":"0.22"},"M",430,20307000,{"v":299.682535299999,"d":"299.68"},121,817,938,{"v":154.016910899999,"d":"154.02"},{"v":0.945243625,"d":"0.95"},{"v":886.638520299999,"d":"886.64"},{"v":51.3614797199999,"d":"51.36"},0,"0_20307000_495",{"v":145.665624439999,"d":"145.67"},0,{"v":51.3614797199999,"d":"51.36"},{"v":0.513933555,"d":"0.51"},"0_20307000_495_145","E",{"v":0.00650695964311,"d":"0.01"},{"v":4.4670523112e-05,"d":"0.00"},{"v":0.00229434416688,"d":"0.00"}]
[2,203,20307,{"v":15457.40134,"d":"15,457.40"},3346,{"v":0.216465881,"d":"0.22"},"M",430,20307000,{"v":299.682535299999,"d":"299.68"},121,817,938,{"v":154.016910899999,"d":"154.02"},{"v":0.945243625,"d":"0.95"},{"v":886.638520299999,"d":"886.64"},{"v":51.3614797199999,"d":"51.36"},0,"0_20307000_495",{"v":145.665624439999,"d":"145.67"},0,{"v":51.3614797199999,"d":"51.36"},{"v":0.513933555,"d":"0.51"},"0_20307000_495_146","E",{"v":1.88026645809,"d":"1.88"},{"v":0.0129081000773,"d":"0.01"},{"v":0.662979120344,"d":"0.66"}]
[2,203,20307,{"v":15457.40134,"d":"15,457.40"},3346,{"v":0.216465881,"d":"0.22"},"M",430,20307000,{"v":299.682535299999,"d":"299.68"},121,817,938,{"v":154.016910899999,"d":"154.02"},{"v":0.945243625,"d":"0.95"},{"v":886.638520299999,"d":"886.64"},{"v":51.3614797199999,"d":"51.36"},0,"0_20307000_495",{"v":145.665624439999,"d":"145.67"},0,{"v":51.3614797199999,"d":"51.36"},{"v":0.513933555,"d":"0.51"},"0_20307000_495_147","E",{"v":1.73218210262,"d":"1.73"},{"v":0.0118914953976,"d":"0.01"},{"v":0.610764799704,"d":"0.61"}]
[2,203,20307,{"v":15457.40134,"d":"15,457.40"},3346,{"v":0.216465881,"d":"0.22"},"M",430,20307000,{"v":299.682535299999,"d":"299.68"},121,817,938,{"v":154.016910899999,"d":"154.02"},{"v":0.945243625,"d":"0.95"},{"v":886.638520299999,"d":"886.64"},{"v":51.3614797199999,"d":"51.36"},0,"0_20307000_495",{"v":145.665624439999,"d":"145.67"},0,{"v":51.3614797199999,"d":"51.36"},{"v":0.513933555,"d":"0.51"},"0_20307000_495_148","E",{"v":0.877074291045,"d":"0.88"},{"v":6.02114805341E-3,"d":"0.01"},{"v":0.309255073636,"d":"0.31"}]
[2,203,20307,{"v":15457.40134,"d":"15,457.40"},3346,{"v":0.216465881,"d":"0.22"},"M",430,20307000,{"v":299.682535299999,"d":"299.68"},121,817,938,{"v":154.016910899999,"d":"154.02"},{"v":0.945243625,"d":"0.95"},{"v":886.638520299999,"d":"886.64"},{"v":51.3614797199999,"d":"51.36"},0,"0_20307000_495",{"v":145.665624439999,"d":"145.67"},0,{"v":51.3614797199999,"d":"51.36"},{"v":0.513933555,"d":"0.51"},"0_20307000_495_149","F",{"v":0.0724191861138,"d":"0.07"},{"v":0.000497160441197,"d":"0.00"},{"v":0.0255348959181,"d":"0.03"}]
[2,203,20307,{"v":15457.40134,"d":"15,457.40"},3346,{"v":0.216465881,"d":"0.22"},"M",430,20307000,{"v":299.682535299999,"d":"299.68"},121,817,938,{"v":154.016910899999,"d":"154.02"},{"v":0.945243625,"d":"0.95"},{"v":886.638520299999,"d":"886.64"},{"v":51.3614797199999,"d":"51.36"},0,"0_20307000_495",{"v":145.665624439999,"d":"145.67"},0,{"v":51.3614797199999,"d":"51.36"},{"v":0.513933555,"d":"0.51"},"0_20307000_495_150","F",{"v":1.40888987515,"d":"1.41"},{"v":0.00967208207541,"d":"0.01"},{"v":0.496772447366,"d":"0.50"}]
[2,203,20307,{"v":15457.40134,"d":"15,457.40"},3346,{"v":0.216465881,"d":"0.22"},"M",430,20307000,{"v":299.682535299999,"d":"299.68"},121,817,938,{"v":154.016910899999,"d":"154.02"},{"v":0.945243625,"d":"0.95"},{"v":886.638520299999,"d":"886.64"},{"v":51.3614797199999,"d":"51.36"},0,"0_20307000_495",{"v":145.665624439999,"d":"145.67"},0,{"v":51.3614797199999,"d":"51.36"},{"v":0.513933555,"d":"0.51"},"0_20307000_495_151","F",{"v":1.96981357334,"d":"1.97"},{"v":0.0135228443973,"d":"0.01"},{"v":0.694553298269,"d":"0.69"}]
[2,203,20307,{"v":15457.40134,"d":"15,457.40"},3346,{"v":0.216465881,"d":"0.22"},"M",430,20307000,{"v":299.682535299999,"d":"299.68"},121,817,938,{"v":154.016910899999,"d":"154.02"},{"v":0.945243625,"d":"0.95"},{"v":886.638520299999,"d":"886.64"},{"v":51.3614797199999,"d":"51.36"},0,"0_20307000_495",{"v":145.665624439999,"d":"145.67"},0,{"v":51.3614797199999,"d":"51.36"},{"v":0.513933555,"d":"0.51"},"0_20307000_495_152","F",{"v":1.18134677708,"d":"1.18"},{"v":0.00810999013406,"d":"0.01"},{"v":0.4165410938,"d":"0.42"}]
[2,203,20307,{"v":15457.40134,"d":"15,457.40"},3346,{"v":0.216465881,"d":"0.22"},"M",430,20307000,{"v":299.682535299999,"d":"299.68"},121,817,938,{"v":154.016910899999,"d":"154.02"},{"v":0.945243625,"d":"0.95"},{"v":886.638520299999,"d":"886.64"},{"v":51.3614797199999,"d":"51.36"},0,"0_20307000_495",{"v":145.665624439999,"d":"145.67"},0,{"v":51.3614797199999,"d":"51.36"},{"v":0.513933555,"d":"0.51"},"0_20307000_495_153","F",{"v":0.160395963392,"d":"0.16"},{"v":0.0011011243319,"d":"0.00"},{"v":0.0565553750421,"d":"0.06"}]
[2,203,20307,{"v":15457.40134,"d":"15,457.40"},3346,{"v":0.216465881,"d":"0.22"},"M",430,20307000,{"v":299.682535299999,"d":"299.68"},121,817,938,{"v":154.016910899999,"d":"154.02"},{"v":0.945243625,"d":"0.95"},{"v":886.638520299999,"d":"886.64"},{"v":51.3614797199999,"d":"51.36"},0,"0_20307000_495",{"v":145.665624439999,"d":"145.67"},0,{"v":51.3614797199999,"d":"51.36"},{"v":0.513933555,"d":"0.51"},"0_20307000_495_154","F",{"v":14.2131419412,"d":"14.21"},{"v":0.0975737549325,"d":"0.10"},{"v":5.01153243517,"d":"5.01"}]
[2,203,20307,{"v":15457.40134,"d":"15,457.40"},3346,{"v":0.216465881,"d":"0.22"},"M",430,20307000,{"v":299.682535299999,"d":"299.68"},121,817,938,{"v":154.016910899999,"d":"154.02"},{"v":0.945243625,"d":"0.95"},{"v":886.638520299999,"d":"886.64"},{"v":51.3614797199999,"d":"51.36"},0,"0_20307000_495",{"v":145.665624439999,"d":"145.67"},0,{"v":51.3614797199999,"d":"51.36"},{"v":0.513933555,"d":"0.51"},"0_20307000_495_155","F",{"v":0.0379325018204,"d":"0.04"},{"v":0.000260408054174,"d":"0.00"},{"v":0.0133749429934,"d":"0.01"}]
[2,203,20307,{"v":15457.40134,"d":"15,457.40"},3346,{"v":0.216465881,"d":"0.22"},"M",430,20307000,{"v":299.682535299999,"d":"299.68"},121,817,938,{"v":154.016910899999,"d":"154.02"},{"v":0.945243625,"d":"0.95"},{"v":886.638520299999,"d":"886.64"},{"v":51.3614797199999,"d":"51.36"},0,"0_20307000_495",{"v":145.665624439999,"d":"145.67"},0,{"v":51.3614797199999,"d":"51.36"},{"v":0.513933555,"d":"0.51"},"0_20307000_495_156","F",{"v":0.000509902291408,"d":"0.00"},{"v":3.500498442e-06,"d":"0.00"},{"v":0.00017979077974,"d":"0.00"}]
[2,203,20307,{"v":15457.40134,"d":"15,457.40"},3346,{"v":0.216465881,"d":"0.22"},"M",430,20307000,{"v":299.682535299999,"d":"299.68"},121,817,938,{"v":154.016910899999,"d":"154.02"},{"v":0.945243625,"d":"0.95"},{"v":886.638520299999,"d":"886.64"},{"v":51.3614797199999,"d":"51.36"},0,"0_20307000_495",{"v":145.665624439999,"d":"145.67"},0,{"v":51.3614797199999,"d":"51.36"},{"v":0.513933555,"d":"0.51"},"0_20307000_495_157","F",{"v":0.171736978126,"d":"0.17"},{"v":0.00117898082534,"d":"0.00"},{"v":0.060554199751,"d":"0.06"}]
[2,203,20307,{"v":15457.40134,"d":"15,457.40"},3346,{"v":0.216465881,"d":"0.22"},"M",430,20307000,{"v":299.682535299999,"d":"299.68"},121,817,938,{"v":154.016910899999,"d":"154.02"},{"v":0.945243625,"d":"0.95"},{"v":886.638520299999,"d":"886.64"},{"v":51.3614797199999,"d":"51.36"},0,"0_20307000_495",{"v":145.665624439999,"d":"145.67"},0,{"v":51.3614797199999,"d":"51.36"},{"v":0.513933555,"d":"0.51"},"0_20307000_495_158","F",{"v":0.147898723983,"d":"0.15"},{"v":0.0010153303125,"d":"0.00"},{"v":0.0521488672546,"d":"0.05"}]
[2,203,20307,{"v":15457.40134,"d":"15,457.40"},3346,{"v":0.216465881,"d":"0.22"},"M",430,20307000,{"v":299.682535299999,"d":"299.68"},121,817,938,{"v":154.016910899999,"d":"154.02"},{"v":0.945243625,"d":"0.95"},{"v":886.638520299999,"d":"886.64"},{"v":51.3614797199999,"d":"51.36"},0,"0_20307000_495",{"v":145.665624439999,"d":"145.67"},0,{"v":51.3614797199999,"d":"51.36"},{"v":0.513933555,"d":"0.51"},"0_20307000_495_159","F",{"v":0.111052076256,"d":"0.11"},{"v":0.000762376687588,"d":"0.00"},{"v":0.0391567947786,"d":"0.04"}]
[2,203,20307,{"v":15457.40134,"d":"15,457.40"},3346,{"v":0.216465881,"d":"0.22"},"M",430,20307000,{"v":299.682535299999,"d":"299.68"},121,817,938,{"v":154.016910899999,"d":"154.02"},{"v":0.945243625,"d":"0.95"},{"v":886.638520299999,"d":"886.64"},{"v":51.3614797199999,"d":"51.36"},0,"0_20307000_495",{"v":145.665624439999,"d":"145.67"},0,{"v":51.3614797199999,"d":"51.36"},{"v":0.513933555,"d":"0.51"},"0_20307000_495_160","F",{"v":1.89178565996,"d":"1.89"},{"v":0.0129871798321,"d":"0.01"},{"v":0.667040773566,"d":"0.67"}]
[2,203,20307,{"v":15457.40134,"d":"15,457.40"},3346,{"v":0.216465881,"d":"0.22"},"M",430,20307000,{"v":299.682535299999,"d":"299.68"},121,817,938,{"v":154.016910899999,"d":"154.02"},{"v":0.945243625,"d":"0.95"},{"v":886.638520299999,"d":"886.64"},{"v":51.3614797199999,"d":"51.36"},0,"0_20307000_495",{"v":145.665624439999,"d":"145.67"},0,{"v":51.3614797199999,"d":"51.36"},{"v":0.513933555,"d":"0.51"},"0_20307000_495_161","F",{"v":0.0130983806909,"d":"0.01"},{"v":8.9920876949e-05,"d":"0.00"},{"v":0.00461846929779,"d":"0.00"}]
[2,203,20307,{"v":15457.40134,"d":"15,457.40"},3346,{"v":0.216465881,"d":"0.22"},"M",430,20307000,{"v":299.682535299999,"d":"299.68"},121,817,938,{"v":154.016910899999,"d":"154.02"},{"v":0.945243625,"d":"0.95"},{"v":886.638520299999,"d":"886.64"},{"v":51.3614797199999,"d":"51.36"},0,"0_20307000_495",{"v":145.665624439999,"d":"145.67"},0,{"v":51.3614797199999,"d":"51.36"},{"v":0.513933555,"d":"0.51"},"0_20307000_495_162","F",{"v":10.7164330474,"d":"10.72"},{"v":0.0735687166317,"d":"0.07"},{"v":3.77859814731,"d":"3.78"}]
[2,203,20307,{"v":15457.40134,"d":"15,457.40"},3346,{"v":0.216465881,"d":"0.22"},"M",430,20307000,{"v":299.682535299999,"d":"299.68"},121,817,938,{"v":154.016910899999,"d":"154.02"},{"v":0.945243625,"d":"0.95"},{"v":886.638520299999,"d":"886.64"},{"v":51.3614797199999,"d":"51.36"},0,"0_20307000_495",{"v":145.665624439999,"d":"145.67"},0,{"v":51.3614797199999,"d":"51.36"},{"v":0.513933555,"d":"0.51"},"0_20307000_495_163","F",{"v":5.37264630715,"d":"5.37"},{"v":0.0368834193229,"d":"0.04"},{"v":1.89438699356,"d":"1.89"}]
[2,203,20307,{"v":15457.40134,"d":"15,457.40"},3346,{"v":0.216465881,"d":"0.22"},"M",430,20307000,{"v":299.682535299999,"d":"299.68"},121,817,938,{"v":154.016910899999,"d":"154.02"},{"v":0.945243625,"d":"0.95"},{"v":886.638520299999,"d":"886.64"},{"v":51.3614797199999,"d":"51.36"},0,"0_20307000_495",{"v":145.665624439999,"d":"145.67"},0,{"v":51.3614797199999,"d":"51.36"},{"v":0.513933555,"d":"0.51"},"0_20307000_495_164","F",{"v":4.12227187811,"d":"4.12"},{"v":0.0282995517574,"d":"0.03"},{"v":1.45350685367,"d":"1.45"}]
[2,203,20307,{"v":15457.40134,"d":"15,457.40"},3346,{"v":0.216465881,"d":"0.22"},"M",430,20307000,{"v":299.682535299999,"d":"299.68"},121,817,938,{"v":154.016910899999,"d":"154.02"},{"v":0.945243625,"d":"0.95"},{"v":886.638520299999,"d":"886.64"},{"v":51.3614797199999,"d":"51.36"},0,"0_20307000_495",{"v":145.665624439999,"d":"145.67"},0,{"v":51.3614797199999,"d":"51.36"},{"v":0.513933555,"d":"0.51"},"0_20307000_495_165","F",{"v":0.186821481649,"d":"0.19"},{"v":0.00128253651036,"d":"0.00"},{"v":0.065872972967,"d":"0.07"}]
[2,203,20307,{"v":15457.40134,"d":"15,457.40"},3346,{"v":0.216465881,"d":"0.22"},"M",430,20307000,{"v":299.682535299999,"d":"299.68"},121,817,938,{"v":154.016910899999,"d":"154.02"},{"v":0.945243625,"d":"0.95"},{"v":886.638520299999,"d":"886.64"},{"v":51.3614797199999,"d":"51.36"},0,"0_20307000_495",{"v":145.665624439999,"d":"145.67"},0,{"v":51.3614797199999,"d":"51.36"},{"v":0.513933555,"d":"0.51"},"0_20307000_495_166","F",{"v":0.0050107331457,"d":"0.01"},{"v":3.4398871834e-05,"d":"0.00"},{"v":1.76677695808E-3,"d":"0.00"}]
[2,203,20307,{"v":15457.40134,"d":"15,457.40"},3346,{"v":0.216465881,"d":"0.22"},"M",430,20307000,{"v":299.682535299999,"d":"299.68"},121,817,938,{"v":154.016910899999,"d":"154.02"},{"v":0.945243625,"d":"0.95"},{"v":886.638520299999,"d":"886.64"},{"v":51.3614797199999,"d":"51.36"},0,"0_20307000_495",{"v":145.665624439999,"d":"145.67"},0,{"v":51.3614797199999,"d":"51.36"},{"v":0.513933555,"d":"0.51"},"0_20307000_495_167","F",{"v":0.0655593411476,"d":"0.07"},{"v":0.000450067347047,"d":"0.00"},{"v":0.023116124918,"d":"0.02"}]
[2,203,20307,{"v":15457.40134,"d":"15,457.40"},3346,{"v":0.216465881,"d":"0.22"},"M",430,20307000,{"v":299.682535299999,"d":"299.68"},121,817,938,{"v":154.016910899999,"d":"154.02"},{"v":0.945243625,"d":"0.95"},{"v":886.638520299999,"d":"886.64"},{"v":51.3614797199999,"d":"51.36"},0,"0_20307000_495",{"v":145.665624439999,"d":"145.67"},0,{"v":51.3614797199999,"d":"51.36"},{"v":0.513933555,"d":"0.51"},"0_20307000_495_168","G",{"v":0.0308758106943,"d":"0.03"},{"v":0.000211963603719,"d":"0.00"},{"v":0.0108867643338,"d":"0.01"}]
[2,203,20307,{"v":15457.40134,"d":"15,457.40"},3346,{"v":0.216465881,"d":"0.22"},"M",430,20307000,{"v":299.682535299999,"d":"299.68"},121,817,938,{"v":154.016910899999,"d":"154.02"},{"v":0.945243625,"d":"0.95"},{"v":886.638520299999,"d":"886.64"},{"v":51.3614797199999,"d":"51.36"},0,"0_20307000_495",{"v":145.665624439999,"d":"145.67"},0,{"v":51.3614797199999,"d":"51.36"},{"v":0.513933555,"d":"0.51"},"0_20307000_495_169","G",{"v":25.2963012558,"d":"25.30"},{"v":0.173660061206,"d":"0.17"},{"v":8.91943771181,"d":"8.92"}]
[2,203,20307,{"v":15457.40134,"d":"15,457.40"},3346,{"v":0.216465881,"d":"0.22"},"M",430,20307000,{"v":299.682535299999,"d":"299.68"},121,817,938,{"v":154.016910899999,"d":"154.02"},{"v":0.945243625,"d":"0.95"},{"v":886.638520299999,"d":"886.64"},{"v":51.3614797199999,"d":"51.36"},0,"0_20307000_495",{"v":145.665624439999,"d":"145.67"},0,{"v":51.3614797199999,"d":"51.36"},{"v":0.513933555,"d":"0.51"},"0_20307000_495_170","G",{"v":8.21908487478999,"d":"8.22"},{"v":0.0564243273345,"d":"0.06"},{"v":2.89803694411,"d":"2.90"}]
[2,203,20307,{"v":15457.40134,"d":"15,457.40"},3346,{"v":0.216465881,"d":"0.22"},"M",430,20307000,{"v":299.682535299999,"d":"299.68"},121,817,938,{"v":154.016910899999,"d":"154.02"},{"v":0.945243625,"d":"0.95"},{"v":886.638520299999,"d":"886.64"},{"v":51.3614797199999,"d":"51.36"},0,"0_20307000_495",{"v":145.665624439999,"d":"145.67"},0,{"v":51.3614797199999,"d":"51.36"},{"v":0.513933555,"d":"0.51"},"0_20307000_495_171","G",{"v":0.0675625002038,"d":"0.07"},{"v":4.6381910944E-4,"d":"0.00"},{"v":0.0238224357833,"d":"0.02"}]
[2,203,20307,{"v":15457.40134,"d":"15,457.40"},3346,{"v":0.216465881,"d":"0.22"},"M",430,20307000,{"v":299.682535299999,"d":"299.68"},121,817,938,{"v":154.016910899999,"d":"154.02"},{"v":0.945243625,"d":"0.95"},{"v":886.638520299999,"d":"886.64"},{"v":51.3614797199999,"d":"51.36"},0,"0_20307000_495",{"v":145.665624439999,"d":"145.67"},0,{"v":51.3614797199999,"d":"51.36"},{"v":0.513933555,"d":"0.51"},"0_20307000_495_172","G",{"v":0.0598963314573,"d":"0.06"},{"v":0.000411190572158,"d":"0.00"},{"v":0.0211193562329,"d":"0.02"}]
[2,203,20307,{"v":15457.40134,"d":"15,457.40"},3346,{"v":0.216465881,"d":"0.22"},"M",430,20307000,{"v":299.682535299999,"d":"299.68"},121,817,938,{"v":154.016910899999,"d":"154.02"},{"v":0.945243625,"d":"0.95"},{"v":886.638520299999,"d":"886.64"},{"v":51.3614797199999,"d":"51.36"},0,"0_20307000_495",{"v":145.665624439999,"d":"145.67"},0,{"v":51.3614797199999,"d":"51.36"},{"v":0.513933555,"d":"0.51"},"0_20307000_495_173","G",{"v":0.0745828810336,"d":"0.07"},{"v":5.12014288342E-4,"d":"0.00"},{"v":0.026297811487,"d":"0.03"}]
[2,203,20307,{"v":15457.40134,"d":"15,457.40"},3346,{"v":0.216465881,"d":"0.22"},"M",430,20307000,{"v":299.682535299999,"d":"299.68"},121,817,938,{"v":154.016910899999,"d":"154.02"},{"v":0.945243625,"d":"0.95"},{"v":886.638520299999,"d":"886.64"},{"v":51.3614797199999,"d":"51.36"},0,"0_20307000_495",{"v":145.665624439999,"d":"145.67"},0,{"v":51.3614797199999,"d":"51.36"},{"v":0.513933555,"d":"0.51"},"0_20307000_495_174","G",{"v":9.22232902553,"d":"9.22"},{"v":0.0633116362284,"d":"0.06"},{"v":3.25177932018,"d":"3.25"}]
[2,203,20307,{"v":15457.40134,"d":"15,457.40"},3346,{"v":0.216465881,"d":"0.22"},"M",430,20307000,{"v":299.682535299999,"d":"299.68"},121,817,938,{"v":154.016910899999,"d":"154.02"},{"v":0.945243625,"d":"0.95"},{"v":886.638520299999,"d":"886.64"},{"v":51.3614797199999,"d":"51.36"},0,"0_20307000_495",{"v":145.665624439999,"d":"145.67"},0,{"v":51.3614797199999,"d":"51.36"},{"v":0.513933555,"d":"0.51"},"0_20307000_495_175","G",{"v":7.74813062641,"d":"7.75"},{"v":0.0531912086753,"d":"0.05"},{"v":2.73197918566,"d":"2.73"}]
[2,203,20307,{"v":15457.40134,"d":"15,457.40"},3346,{"v":0.216465881,"d":"0.22"},"M",430,20307000,{"v":299.682535299999,"d":"299.68"},121,817,938,{"v":154.016910899999,"d":"154.02"},{"v":0.945243625,"d":"0.95"},{"v":886.638520299999,"d":"886.64"},{"v":51.3614797199999,"d":"51.36"},0,"0_20307000_495",{"v":145.665624439999,"d":"145.67"},0,{"v":51.3614797199999,"d":"51.36"},{"v":0.513933555,"d":"0.51"},"0_20307000_495_176","G",{"v":13.0926525702,"d":"13.09"},{"v":0.0898815531841,"d":"0.09"},{"v":4.61644957107,"d":"4.62"}]
[2,203,20307,{"v":15457.40134,"d":"15,457.40"},3346,{"v":0.216465881,"d":"0.22"},"M",430,20307000,{"v":299.682535299999,"d":"299.68"},121,817,938,{"v":154.016910899999,"d":"154.02"},{"v":0.945243625,"d":"0.95"},{"v":886.638520299999,"d":"886.64"},{"v":51.3614797199999,"d":"51.36"},0,"0_20307000_495",{"v":145.665624439999,"d":"145.67"},0,{"v":51.3614797199999,"d":"51.36"},{"v":0.513933555,"d":"0.51"},"0_20307000_495_177","G",{"v":9.9297626298e-05,"d":"0.00"},{"v":6.81681946e-07,"d":"0.00"},{"v":3.5012193432e-05,"d":"0.00"}]
[2,203,20307,{"v":15457.40134,"d":"15,457.40"},3346,{"v":0.216465881,"d":"0.22"},"M",430,20307000,{"v":299.682535299999,"d":"299.68"},121,817,938,{"v":154.016910899999,"d":"154.02"},{"v":0.945243625,"d":"0.95"},{"v":886.638520299999,"d":"886.64"},{"v":51.3614797199999,"d":"51.36"},0,"0_20307000_495",{"v":145.665624439999,"d":"145.67"},0,{"v":51.3614797199999,"d":"51.36"},{"v":0.513933555,"d":"0.51"},"0_20307000_495_178","G",{"v":0.00290389474767,"d":"0.00"},{"v":1.9935346852e-05,"d":"0.00"},{"v":0.00102390891307,"d":"0.00"}]
[2,203,20307,{"v":15457.40134,"d":"15,457.40"},3346,{"v":0.216465881,"d":"0.22"},"M",430,20307000,{"v":299.682535299999,"d":"299.68"},121,817,938,{"v":154.016910899999,"d":"154.02"},{"v":0.945243625,"d":"0.95"},{"v":886.638520299999,"d":"886.64"},{"v":51.3614797199999,"d":"51.36"},0,"0_20307000_495",{"v":145.665624439999,"d":"145.67"},0,{"v":51.3614797199999,"d":"51.36"},{"v":0.513933555,"d":"0.51"},"0_20307000_495_179","G",{"v":0.200914534367,"d":"0.20"},{"v":1.37928584825E-3,"d":"0.00"},{"v":0.070842162123,"d":"0.07"}]
[2,203,20307,{"v":15457.40134,"d":"15,457.40"},3346,{"v":0.216465881,"d":"0.22"},"M",430,20307000,{"v":299.682535299999,"d":"299.68"},121,817,938,{"v":154.016910899999,"d":"154.02"},{"v":0.945243625,"d":"0.95"},{"v":886.638520299999,"d":"886.64"},{"v":51.3614797199999,"d":"51.36"},0,"0_20307000_495",{"v":145.665624439999,"d":"145.67"},0,{"v":51.3614797199999,"d":"51.36"},{"v":0.513933555,"d":"0.51"},"0_20307000_495_180","G",{"v":0.483566287181,"d":"0.48"},{"v":0.00331970078074,"d":"0.00"},{"v":0.170504744326,"d":"0.17"}]
[2,203,20307,{"v":15457.40134,"d":"15,457.40"},3346,{"v":0.216465881,"d":"0.22"},"M",430,20307000,{"v":299.682535299999,"d":"299.68"},121,817,938,{"v":154.016910899999,"d":"154.02"},{"v":0.945243625,"d":"0.95"},{"v":886.638520299999,"d":"886.64"},{"v":51.3614797199999,"d":"51.36"},0,"0_20307000_495",{"v":145.665624439999,"d":"145.67"},0,{"v":51.3614797199999,"d":"51.36"},{"v":0.513933555,"d":"0.51"},"0_20307000_495_181","G",{"v":0.0418223257661,"d":"0.04"},{"v":0.000287111842117,"d":"0.00"},{"v":0.0147464890563,"d":"0.01"}]
[2,203,20307,{"v":15457.40134,"d":"15,457.40"},3346,{"v":0.216465881,"d":"0.22"},"M",430,20307000,{"v":299.682535299999,"d":"299.68"},121,817,938,{"v":154.016910899999,"d":"154.02"},{"v":0.945243625,"d":"0.95"},{"v":886.638520299999,"d":"886.64"},{"v":51.3614797199999,"d":"51.36"},0,"0_20307000_495",{"v":145.665624439999,"d":"145.67"},0,{"v":51.3614797199999,"d":"51.36"},{"v":0.513933555,"d":"0.51"},"0_20307000_495_182","G",{"v":0.193795576638,"d":"0.19"},{"v":0.00133041393522,"d":"0.00"},{"v":0.068332028353,"d":"0.07"}]
[2,203,20307,{"v":15457.40134,"d":"15,457.40"},3346,{"v":0.216465881,"d":"0.22"},"M",430,20307000,{"v":299.682535299999,"d":"299.68"},121,817,938,{"v":154.016910899999,"d":"154.02"},{"v":0.945243625,"d":"0.95"},{"v":886.638520299999,"d":"886.64"},{"v":51.3614797199999,"d":"51.36"},0,"0_20307000_495",{"v":145.665624439999,"d":"145.67"},0,{"v":51.3614797199999,"d":"51.36"},{"v":0.513933555,"d":"0.51"},"0_20307000_495_183","G",{"v":0.261285140744,"d":"0.26"},{"v":1.7937323356E-3,"d":"0.00"},{"v":0.092128746978,"d":"0.09"}]
[2,203,20307,{"v":15457.40134,"d":"15,457.40"},3346,{"v":0.216465881,"d":"0.22"},"M",430,20307000,{"v":299.682535299999,"d":"299.68"},121,817,938,{"v":154.016910899999,"d":"154.02"},{"v":0.945243625,"d":"0.95"},{"v":886.638520299999,"d":"886.64"},{"v":51.3614797199999,"d":"51.36"},0,"0_20307000_495",{"v":145.665624439999,"d":"145.67"},0,{"v":51.3614797199999,"d":"51.36"},{"v":0.513933555,"d":"0.51"},"0_20307000_495_184","G",{"v":0.919000464648,"d":"0.92"},{"v":0.00630897281484,"d":"0.01"},{"v":0.324038179283,"d":"0.32"}]
[2,203,20307,{"v":15457.40134,"d":"15,457.40"},3346,{"v":0.216465881,"d":"0.22"},"M",430,20307000,{"v":299.682535299999,"d":"299.68"},121,817,938,{"v":154.016910899999,"d":"154.02"},{"v":0.945243625,"d":"0.95"},{"v":886.638520299999,"d":"886.64"},{"v":51.3614797199999,"d":"51.36"},0,"0_20307000_495",{"v":145.665624439999,"d":"145.67"},0,{"v":51.3614797199999,"d":"51.36"},{"v":0.513933555,"d":"0.51"},"0_20307000_495_185","G",{"v":4.8622244641,"d":"4.86"},{"v":0.0333793541393,"d":"0.03"},{"v":1.71441302069,"d":"1.71"}]
[2,203,20307,{"v":15457.40134,"d":"15,457.40"},3346,{"v":0.216465881,"d":"0.22"},"M",430,20307000,{"v":299.682535299999,"d":"299.68"},121,817,938,{"v":154.016910899999,"d":"154.02"},{"v":0.945243625,"d":"0.95"},{"v":886.638520299999,"d":"886.64"},{"v":51.3614797199999,"d":"51.36"},0,"0_20307000_495",{"v":145.665624439999,"d":"145.67"},0,{"v":51.3614797199999,"d":"51.36"},{"v":0.513933555,"d":"0.51"},"0_20307000_495_186","G",{"v":0.0754616606665,"d":"0.08"},{"v":0.000518047143632,"d":"0.00"},{"v":0.0266076678617,"d":"0.03"}]
[2,203,20307,{"v":15457.40134,"d":"15,457.40"},3346,{"v":0.216465881,"d":"0.22"},"M",430,20307000,{"v":299.682535299999,"d":"299.68"},121,817,938,{"v":154.016910899999,"d":"154.02"},{"v":0.945243625,"d":"0.95"},{"v":886.638520299999,"d":"886.64"},{"v":51.3614797199999,"d":"51.36"},0,"0_20307000_495",{"v":145.665624439999,"d":"145.67"},0,{"v":51.3614797199999,"d":"51.36"},{"v":0.513933555,"d":"0.51"},"0_20307000_495_187","G",{"v":5.02587705459E-4,"d":"0.00"},{"v":3.450283534E-6,"d":"0.00"},{"v":1.77211667754E-4,"d":"0.00"}]
[2,203,20307,{"v":15457.40134,"d":"15,457.40"},3346,{"v":0.216465881,"d":"0.22"},"M",430,20307000,{"v":299.682535299999,"d":"299.68"},121,817,938,{"v":154.016910899999,"d":"154.02"},{"v":0.945243625,"d":"0.95"},{"v":886.638520299999,"d":"886.64"},{"v":51.3614797199999,"d":"51.36"},0,"0_20307000_495",{"v":145.665624439999,"d":"145.67"},0,{"v":51.3614797199999,"d":"51.36"},{"v":0.513933555,"d":"0.51"},"0_20307000_495_188","G",{"v":0.00172853748553,"d":"0.00"},{"v":1.1866474964e-05,"d":"0.00"},{"v":0.000609479713211,"d":"0.00"}]
[2,203,20307,{"v":15457.40134,"d":"15,457.40"},3346,{"v":0.216465881,"d":"0.22"},"M",430,20307001,{"v":3564.41438968,"d":"3,564.41"},52,263,315,{"v":35.5555129899999,"d":"35.56"},{"v":0.945243625,"d":"0.95"},{"v":297.7517419,"d":"297.75"},{"v":17.2482581199999,"d":"17.25"},0,"0_20307001_496",{"v":3528.85887667999,"d":"3,528.86"},0,{"v":17.2482581199999,"d":"17.25"},{"v":0.009975135,"d":"0.01"},"0_20307001_496_189","außerhalb GKL",{"v":3179.44119318,"d":"3,179.44"},{"v":0.900982811807,"d":"0.90"},{"v":15.5403840997,"d":"15.54"}]
[2,203,20307,{"v":15457.40134,"d":"15,457.40"},3346,{"v":0.216465881,"d":"0.22"},"M",430,20307001,{"v":3564.41438968,"d":"3,564.41"},52,263,315,{"v":35.5555129899999,"d":"35.56"},{"v":0.945243625,"d":"0.95"},{"v":297.7517419,"d":"297.75"},{"v":17.2482581199999,"d":"17.25"},0,"0_20307001_496",{"v":3528.85887667999,"d":"3,528.86"},0,{"v":17.2482581199999,"d":"17.25"},{"v":0.009975135,"d":"0.01"},"0_20307001_496_190","außerhalb GKL",{"v":0.0596725957174,"d":"0.06"},{"v":1.6909884414e-05,"d":"0.00"},{"v":0.000291666051149,"d":"0.00"}]
[2,203,20307,{"v":15457.40134,"d":"15,457.40"},3346,{"v":0.216465881,"d":"0.22"},"M",430,20307001,{"v":3564.41438968,"d":"3,564.41"},52,263,315,{"v":35.5555129899999,"d":"35.56"},{"v":0.945243625,"d":"0.95"},{"v":297.7517419,"d":"297.75"},{"v":17.2482581199999,"d":"17.25"},0,"0_20307001_496",{"v":3528.85887667999,"d":"3,528.86"},0,{"v":17.2482581199999,"d":"17.25"},{"v":0.009975135,"d":"0.01"},"0_20307001_496_191","außerhalb GKL",{"v":0.521082903141,"d":"0.52"},{"v":1.47663287581E-4,"d":"0.00"},{"v":0.00254693449904,"d":"0.00"}]
[2,203,20307,{"v":15457.40134,"d":"15,457.40"},3346,{"v":0.216465881,"d":"0.22"},"M",430,20307001,{"v":3564.41438968,"d":"3,564.41"},52,263,315,{"v":35.5555129899999,"d":"35.56"},{"v":0.945243625,"d":"0.95"},{"v":297.7517419,"d":"297.75"},{"v":17.2482581199999,"d":"17.25"},0,"0_20307001_496",{"v":3528.85887667999,"d":"3,528.86"},0,{"v":17.2482581199999,"d":"17.25"},{"v":0.009975135,"d":"0.01"},"0_20307001_496_192","außerhalb GKL",{"v":21.8297058514,"d":"21.83"},{"v":0.00618605237961,"d":"0.01"},{"v":0.106698628187,"d":"0.11"}]
[2,203,20307,{"v":15457.40134,"d":"15,457.40"},3346,{"v":0.216465881,"d":"0.22"},"M",430,20307001,{"v":3564.41438968,"d":"3,564.41"},52,263,315,{"v":35.5555129899999,"d":"35.56"},{"v":0.945243625,"d":"0.95"},{"v":297.7517419,"d":"297.75"},{"v":17.2482581199999,"d":"17.25"},0,"0_20307001_496",{"v":3528.85887667999,"d":"3,528.86"},0,{"v":17.2482581199999,"d":"17.25"},{"v":0.009975135,"d":"0.01"},"0_20307001_496_193","außerhalb GKL",{"v":3.61921627727,"d":"3.62"},{"v":0.00102560527461,"d":"0.00"},{"v":0.0176899045057,"d":"0.02"}]
[2,203,20307,{"v":15457.40134,"d":"15,457.40"},3346,{"v":0.216465881,"d":"0.22"},"M",430,20307001,{"v":3564.41438968,"d":"3,564.41"},52,263,315,{"v":35.5555129899999,"d":"35.56"},{"v":0.945243625,"d":"0.95"},{"v":297.7517419,"d":"297.75"},{"v":17.2482581199999,"d":"17.25"},0,"0_20307001_496",{"v":3528.85887667999,"d":"3,528.86"},0,{"v":17.2482581199999,"d":"17.25"},{"v":0.009975135,"d":"0.01"},"0_20307001_496_194","E",{"v":0.000249055235432,"d":"0.00"},{"v":7.0576706e-08,"d":"0.00"},{"v":1.217325242e-06,"d":"0.00"}]
[2,203,20307,{"v":15457.40134,"d":"15,457.40"},3346,{"v":0.216465881,"d":"0.22"},"M",430,20307001,{"v":3564.41438968,"d":"3,564.41"},52,263,315,{"v":35.5555129899999,"d":"35.56"},{"v":0.945243625,"d":"0.95"},{"v":297.7517419,"d":"297.75"},{"v":17.2482581199999,"d":"17.25"},0,"0_20307001_496",{"v":3528.85887667999,"d":"3,528.86"},0,{"v":17.2482581199999,"d":"17.25"},{"v":0.009975135,"d":"0.01"},"0_20307001_496_195","E",{"v":0.0802517344837,"d":"0.08"},{"v":2.2741553938E-5,"d":"0.00"},{"v":0.000392252192373,"d":"0.00"}]
[2,203,20307,{"v":15457.40134,"d":"15,457.40"},3346,{"v":0.216465881,"d":"0.22"},"M",430,20307001,{"v":3564.41438968,"d":"3,564.41"},52,263,315,{"v":35.5555129899999,"d":"35.56"},{"v":0.945243625,"d":"0.95"},{"v":297.7517419,"d":"297.75"},{"v":17.2482581199999,"d":"17.25"},0,"0_20307001_496",{"v":3528.85887667999,"d":"3,528.86"},0,{"v":17.2482581199999,"d":"17.25"},{"v":0.009975135,"d":"0.01"},"0_20307001_496_196","E",{"v":0.160389229479,"d":"0.16"},{"v":4.545073495e-05,"d":"0.00"},{"v":0.000783946008156,"d":"0.00"}]
[2,203,20307,{"v":15457.40134,"d":"15,457.40"},3346,{"v":0.216465881,"d":"0.22"},"M",430,20307001,{"v":3564.41438968,"d":"3,564.41"},52,263,315,{"v":35.5555129899999,"d":"35.56"},{"v":0.945243625,"d":"0.95"},{"v":297.7517419,"d":"297.75"},{"v":17.2482581199999,"d":"17.25"},0,"0_20307001_496",{"v":3528.85887667999,"d":"3,528.86"},0,{"v":17.2482581199999,"d":"17.25"},{"v":0.009975135,"d":"0.01"},"0_20307001_496_197","E",{"v":0.0510465867785,"d":"0.05"},{"v":1.4465465626e-05,"d":"0.00"},{"v":0.000249504084938,"d":"0.00"}]
[2,203,20307,{"v":15457.40134,"d":"15,457.40"},3346,{"v":0.216465881,"d":"0.22"},"M",430,20307001,{"v":3564.41438968,"d":"3,564.41"},52,263,315,{"v":35.5555129899999,"d":"35.56"},{"v":0.945243625,"d":"0.95"},{"v":297.7517419,"d":"297.75"},{"v":17.2482581199999,"d":"17.25"},0,"0_20307001_496",{"v":3528.85887667999,"d":"3,528.86"},0,{"v":17.2482581199999,"d":"17.25"},{"v":0.009975135,"d":"0.01"},"0_20307001_496_198","E",{"v":3.83344840262,"d":"3.83"},{"v":1.08631388689E-3,"d":"0.00"},{"v":0.0187370223204,"d":"0.02"}]
[2,203,20307,{"v":15457.40134,"d":"15,457.40"},3346,{"v":0.216465881,"d":"0.22"},"M",430,20307001,{"v":3564.41438968,"d":"3,564.41"},52,263,315,{"v":35.5555129899999,"d":"35.56"},{"v":0.945243625,"d":"0.95"},{"v":297.7517419,"d":"297.75"},{"v":17.2482581199999,"d":"17.25"},0,"0_20307001_496",{"v":3528.85887667999,"d":"3,528.86"},0,{"v":17.2482581199999,"d":"17.25"},{"v":0.009975135,"d":"0.01"},"0_20307001_496_199","E",{"v":7.54952472377,"d":"7.55"},{"v":2.13936714037E-3,"d":"0.00"},{"v":0.0369003566505,"d":"0.04"}]
[2,203,20307,{"v":15457.40134,"d":"15,457.40"},3346,{"v":0.216465881,"d":"0.22"},"M",430,20307001,{"v":3564.41438968,"d":"3,564.41"},52,263,315,{"v":35.5555129899999,"d":"35.56"},{"v":0.945243625,"d":"0.95"},{"v":297.7517419,"d":"297.75"},{"v":17.2482581199999,"d":"17.25"},0,"0_20307001_496",{"v":3528.85887667999,"d":"3,528.86"},0,{"v":17.2482581199999,"d":"17.25"},{"v":0.009975135,"d":"0.01"},"0_20307001_496_200","E",{"v":0.000155531814874,"d":"0.00"},{"v":4.4074252e-08,"d":"0.00"},{"v":7.60204072e-07,"d":"0.00"}]
[2,203,20307,{"v":15457.40134,"d":"15,457.40"},3346,{"v":0.216465881,"d":"0.22"},"M",430,20307001,{"v":3564.41438968,"d":"3,564.41"},52,263,315,{"v":35.5555129899999,"d":"35.56"},{"v":0.945243625,"d":"0.95"},{"v":297.7517419,"d":"297.75"},{"v":17.2482581199999,"d":"17.25"},0,"0_20307001_496",{"v":3528.85887667999,"d":"3,528.86"},0,{"v":17.2482581199999,"d":"17.25"},{"v":0.009975135,"d":"0.01"},"0_20307001_496_201","F",{"v":10.1815648941999,"d":"10.18"},{"v":2.88522869574E-3,"d":"0.00"},{"v":0.0497651692794,"d":"0.05"}]
[2,203,20307,{"v":15457.40134,"d":"15,457.40"},3346,{"v":0.216465881,"d":"0.22"},"M",430,20307001,{"v":3564.41438968,"d":"3,564.41"},52,263,315,{"v":35.5555129899999,"d":"35.56"},{"v":0.945243625,"d":"0.95"},{"v":297.7517419,"d":"297.75"},{"v":17.2482581199999,"d":"17.25"},0,"0_20307001_496",{"v":3528.85887667999,"d":"3,528.86"},0,{"v":17.2482581199999,"d":"17.25"},{"v":0.009975135,"d":"0.01"},"0_20307001_496_202","F",{"v":11.6243629331,"d":"11.62"},{"v":0.0032940855215,"d":"0.00"},{"v":0.0568172373442,"d":"0.06"}]
[2,203,20307,{"v":15457.40134,"d":"15,457.40"},3346,{"v":0.216465881,"d":"0.22"},"M",430,20307001,{"v":3564.41438968,"d":"3,564.41"},52,263,315,{"v":35.5555129899999,"d":"35.56"},{"v":0.945243625,"d":"0.95"},{"v":297.7517419,"d":"297.75"},{"v":17.2482581199999,"d":"17.25"},0,"0_20307001_496",{"v":3528.85887667999,"d":"3,528.86"},0,{"v":17.2482581199999,"d":"17.25"},{"v":0.009975135,"d":"0.01"},"0_20307001_496_203","F",{"v":0.0060693985932,"d":"0.01"},{"v":1.719932365E-6,"d":"0.00"},{"v":2.9665837379e-05,"d":"0.00"}]
[2,203,20307,{"v":15457.40134,"d":"15,457.40"},3346,{"v":0.216465881,"d":"0.22"},"M",430,20307001,{"v":3564.41438968,"d":"3,564.41"},52,263,315,{"v":35.5555129899999,"d":"35.56"},{"v":0.945243625,"d":"0.95"},{"v":297.7517419,"d":"297.75"},{"v":17.2482581199999,"d":"17.25"},0,"0_20307001_496",{"v":3528.85887667999,"d":"3,528.86"},0,{"v":17.2482581199999,"d":"17.25"},{"v":0.009975135,"d":"0.01"},"0_20307001_496_204","F",{"v":3.9909106581e-05,"d":"0.00"},{"v":1.1309352E-8,"d":"0.00"},{"v":1.95066619E-7,"d":"0.00"}]
[2,203,20307,{"v":15457.40134,"d":"15,457.40"},3346,{"v":0.216465881,"d":"0.22"},"M",430,20307001,{"v":3564.41438968,"d":"3,564.41"},52,263,315,{"v":35.5555129899999,"d":"35.56"},{"v":0.945243625,"d":"0.95"},{"v":297.7517419,"d":"297.75"},{"v":17.2482581199999,"d":"17.25"},0,"0_20307001_496",{"v":3528.85887667999,"d":"3,528.86"},0,{"v":17.2482581199999,"d":"17.25"},{"v":0.009975135,"d":"0.01"},"0_20307001_496_205","F",{"v":1.39638720258,"d":"1.40"},{"v":0.00039570502856,"d":"0.00"},{"v":0.00682522247198,"d":"0.01"}]
[2,203,20307,{"v":15457.40134,"d":"15,457.40"},3346,{"v":0.216465881,"d":"0.22"},"M",430,20307001,{"v":3564.41438968,"d":"3,564.41"},52,263,315,{"v":35.5555129899999,"d":"35.56"},{"v":0.945243625,"d":"0.95"},{"v":297.7517419,"d":"297.75"},{"v":17.2482581199999,"d":"17.25"},0,"0_20307001_496",{"v":3528.85887667999,"d":"3,528.86"},0,{"v":17.2482581199999,"d":"17.25"},{"v":0.009975135,"d":"0.01"},"0_20307001_496_206","F",{"v":0.669773740861,"d":"0.67"},{"v":1.89798958889E-4,"d":"0.00"},{"v":0.00327370143382,"d":"0.00"}]
[2,203,20307,{"v":15457.40134,"d":"15,457.40"},3346,{"v":0.216465881,"d":"0.22"},"M",430,20307001,{"v":3564.41438968,"d":"3,564.41"},52,263,315,{"v":35.5555129899999,"d":"35.56"},{"v":0.945243625,"d":"0.95"},{"v":297.7517419,"d":"297.75"},{"v":17.2482581199999,"d":"17.25"},0,"0_20307001_496",{"v":3528.85887667999,"d":"3,528.86"},0,{"v":17.2482581199999,"d":"17.25"},{"v":0.009975135,"d":"0.01"},"0_20307001_496_207","F",{"v":5.68346145938,"d":"5.68"},{"v":1.61056637797E-3,"d":"0.00"},{"v":0.0277794646066,"d":"0.03"}]
[2,203,20307,{"v":15457.40134,"d":"15,457.40"},3346,{"v":0.216465881,"d":"0.22"},"M",430,20307001,{"v":3564.41438968,"d":"3,564.41"},52,263,315,{"v":35.5555129899999,"d":"35.56"},{"v":0.945243625,"d":"0.95"},{"v":297.7517419,"d":"297.75"},{"v":17.2482581199999,"d":"17.25"},0,"0_20307001_496",{"v":3528.85887667999,"d":"3,528.86"},0,{"v":17.2482581199999,"d":"17.25"},{"v":0.009975135,"d":"0.01"},"0_20307001_496_208","F",{"v":0.0288632858707,"d":"0.03"},{"v":8.179212283e-06,"d":"0.00"},{"v":0.000141077164683,"d":"0.00"}]
[2,203,20307,{"v":15457.40134,"d":"15,457.40"},3346,{"v":0.216465881,"d":"0.22"},"M",430,20307001,{"v":3564.41438968,"d":"3,564.41"},52,263,315,{"v":35.5555129899999,"d":"35.56"},{"v":0.945243625,"d":"0.95"},{"v":297.7517419,"d":"297.75"},{"v":17.2482581199999,"d":"17.25"},0,"0_20307001_496",{"v":3528.85887667999,"d":"3,528.86"},0,{"v":17.2482581199999,"d":"17.25"},{"v":0.009975135,"d":"0.01"},"0_20307001_496_209","F",{"v":0.285787905649,"d":"0.29"},{"v":8.0985926509e-05,"d":"0.00"},{"v":0.00139686616452,"d":"0.00"}]
[2,203,20307,{"v":15457.40134,"d":"15,457.40"},3346,{"v":0.216465881,"d":"0.22"},"M",430,20307001,{"v":3564.41438968,"d":"3,564.41"},52,263,315,{"v":35.5555129899999,"d":"35.56"},{"v":0.945243625,"d":"0.95"},{"v":297.7517419,"d":"297.75"},{"v":17.2482581199999,"d":"17.25"},0,"0_20307001_496",{"v":3528.85887667999,"d":"3,528.86"},0,{"v":17.2482581199999,"d":"17.25"},{"v":0.009975135,"d":"0.01"},"0_20307001_496_210","F",{"v":3.7071000783,"d":"3.71"},{"v":1.0505095862E-3,"d":"0.00"},{"v":0.0181194605003,"d":"0.02"}]
[2,203,20307,{"v":15457.40134,"d":"15,457.40"},3346,{"v":0.216465881,"d":"0.22"},"M",430,20307001,{"v":3564.41438968,"d":"3,564.41"},52,263,315,{"v":35.5555129899999,"d":"35.56"},{"v":0.945243625,"d":"0.95"},{"v":297.7517419,"d":"297.75"},{"v":17.2482581199999,"d":"17.25"},0,"0_20307001_496",{"v":3528.85887667999,"d":"3,528.86"},0,{"v":17.2482581199999,"d":"17.25"},{"v":0.009975135,"d":"0.01"},"0_20307001_496_211","F",{"v":1.37064494858E-3,"d":"0.00"},{"v":3.88410247e-07,"d":"0.00"},{"v":6.6994002e-06,"d":"0.00"}]
[2,203,20307,{"v":15457.40134,"d":"15,457.40"},3346,{"v":0.216465881,"d":"0.22"},"M",430,20307001,{"v":3564.41438968,"d":"3,564.41"},52,263,315,{"v":35.5555129899999,"d":"35.56"},{"v":0.945243625,"d":"0.95"},{"v":297.7517419,"d":"297.75"},{"v":17.2482581199999,"d":"17.25"},0,"0_20307001_496",{"v":3528.85887667999,"d":"3,528.86"},0,{"v":17.2482581199999,"d":"17.25"},{"v":0.009975135,"d":"0.01"},"0_20307001_496_212","F",{"v":0.00124772552778,"d":"0.00"},{"v":3.53577621e-07,"d":"0.00"},{"v":6.098598079e-06,"d":"0.00"}]
[2,203,20307,{"v":15457.40134,"d":"15,457.40"},3346,{"v":0.216465881,"d":"0.22"},"M",430,20307001,{"v":3564.41438968,"d":"3,564.41"},52,263,315,{"v":35.5555129899999,"d":"35.56"},{"v":0.945243625,"d":"0.95"},{"v":297.7517419,"d":"297.75"},{"v":17.2482581199999,"d":"17.25"},0,"0_20307001_496",{"v":3528.85887667999,"d":"3,528.86"},0,{"v":17.2482581199999,"d":"17.25"},{"v":0.009975135,"d":"0.01"},"0_20307001_496_213","F",{"v":0.00270544395718,"d":"0.00"},{"v":7.66662553e-07,"d":"0.00"},{"v":1.3223593613E-5,"d":"0.00"}]
[2,203,20307,{"v":15457.40134,"d":"15,457.40"},3346,{"v":0.216465881,"d":"0.22"},"M",430,20307001,{"v":3564.41438968,"d":"3,564.41"},52,263,315,{"v":35.5555129899999,"d":"35.56"},{"v":0.945243625,"d":"0.95"},{"v":297.7517419,"d":"297.75"},{"v":17.2482581199999,"d":"17.25"},0,"0_20307001_496",{"v":3528.85887667999,"d":"3,528.86"},0,{"v":17.2482581199999,"d":"17.25"},{"v":0.009975135,"d":"0.01"},"0_20307001_496_214","F",{"v":0.0409764951142,"d":"0.04"},{"v":1.161182596E-5,"d":"0.00"},{"v":2.00283771406E-4,"d":"0.00"}]
[2,203,20307,{"v":15457.40134,"d":"15,457.40"},3346,{"v":0.216465881,"d":"0.22"},"M",430,20307001,{"v":3564.41438968,"d":"3,564.41"},52,263,315,{"v":35.5555129899999,"d":"35.56"},{"v":0.945243625,"d":"0.95"},{"v":297.7517419,"d":"297.75"},{"v":17.2482581199999,"d":"17.25"},0,"0_20307001_496",{"v":3528.85887667999,"d":"3,528.86"},0,{"v":17.2482581199999,"d":"17.25"},{"v":0.009975135,"d":"0.01"},"0_20307001_496_215","F",{"v":6.71249103585,"d":"6.71"},{"v":0.00190217043821,"d":"0.00"},{"v":0.0328091267065,"d":"0.03"}]
[2,203,20307,{"v":15457.40134,"d":"15,457.40"},3346,{"v":0.216465881,"d":"0.22"},"M",430,20307001,{"v":3564.41438968,"d":"3,564.41"},52,263,315,{"v":35.5555129899999,"d":"35.56"},{"v":0.945243625,"d":"0.95"},{"v":297.7517419,"d":"297.75"},{"v":17.2482581199999,"d":"17.25"},0,"0_20307001_496",{"v":3528.85887667999,"d":"3,528.86"},0,{"v":17.2482581199999,"d":"17.25"},{"v":0.009975135,"d":"0.01"},"0_20307001_496_216","F",{"v":0.143448264443,"d":"0.14"},{"v":4.065004282e-05,"d":"0.00"},{"v":0.00070114243115,"d":"0.00"}]
[2,203,20307,{"v":15457.40134,"d":"15,457.40"},3346,{"v":0.216465881,"d":"0.22"},"M",430,20307001,{"v":3564.41438968,"d":"3,564.41"},52,263,315,{"v":35.5555129899999,"d":"35.56"},{"v":0.945243625,"d":"0.95"},{"v":297.7517419,"d":"297.75"},{"v":17.2482581199999,"d":"17.25"},0,"0_20307001_496",{"v":3528.85887667999,"d":"3,528.86"},0,{"v":17.2482581199999,"d":"17.25"},{"v":0.009975135,"d":"0.01"},"0_20307001_496_217","F",{"v":0.00464748787592,"d":"0.00"},{"v":1.316994541e-06,"d":"0.00"},{"v":2.2715861783e-05,"d":"0.00"}]
[2,203,20307,{"v":15457.40134,"d":"15,457.40"},3346,{"v":0.216465881,"d":"0.22"},"M",430,20307001,{"v":3564.41438968,"d":"3,564.41"},52,263,315,{"v":35.5555129899999,"d":"35.56"},{"v":0.945243625,"d":"0.95"},{"v":297.7517419,"d":"297.75"},{"v":17.2482581199999,"d":"17.25"},0,"0_20307001_496",{"v":3528.85887667999,"d":"3,528.86"},0,{"v":17.2482581199999,"d":"17.25"},{"v":0.009975135,"d":"0.01"},"0_20307001_496_218","F",{"v":14.0072155537,"d":"14.01"},{"v":0.00396933287592,"d":"0.00"},{"v":0.0684640780081,"d":"0.07"}]
[2,203,20307,{"v":15457.40134,"d":"15,457.40"},3346,{"v":0.216465881,"d":"0.22"},"M",430,20307001,{"v":3564.41438968,"d":"3,564.41"},52,263,315,{"v":35.5555129899999,"d":"35.56"},{"v":0.945243625,"d":"0.95"},{"v":297.7517419,"d":"297.75"},{"v":17.2482581199999,"d":"17.25"},0,"0_20307001_496",{"v":3528.85887667999,"d":"3,528.86"},0,{"v":17.2482581199999,"d":"17.25"},{"v":0.009975135,"d":"0.01"},"0_20307001_496_219","G",{"v":57.7986770676,"d":"57.80"},{"v":0.0163788576102,"d":"0.02"},{"v":0.282506763771,"d":"0.28"}]
[2,203,20307,{"v":15457.40134,"d":"15,457.40"},3346,{"v":0.216465881,"d":"0.22"},"M",430,20307001,{"v":3564.41438968,"d":"3,564.41"},52,263,315,{"v":35.5555129899999,"d":"35.56"},{"v":0.945243625,"d":"0.95"},{"v":297.7517419,"d":"297.75"},{"v":17.2482581199999,"d":"17.25"},0,"0_20307001_496",{"v":3528.85887667999,"d":"3,528.86"},0,{"v":17.2482581199999,"d":"17.25"},{"v":0.009975135,"d":"0.01"},"0_20307001_496_220","G",{"v":118.593803597999,"d":"118.59"},{"v":0.033606842252,"d":"0.03"},{"v":0.579659489761,"d":"0.58"}]
[2,203,20307,{"v":15457.40134,"d":"15,457.40"},3346,{"v":0.216465881,"d":"0.22"},"M",430,20307001,{"v":3564.41438968,"d":"3,564.41"},52,263,315,{"v":35.5555129899999,"d":"35.56"},{"v":0.945243625,"d":"0.95"},{"v":297.7517419,"d":"297.75"},{"v":17.2482581199999,"d":"17.25"},0,"0_20307001_496",{"v":3528.85887667999,"d":"3,528.86"},0,{"v":17.2482581199999,"d":"17.25"},{"v":0.009975135,"d":"0.01"},"0_20307001_496_221","G",{"v":3.3953009445,"d":"3.40"},{"v":0.000962152657035,"d":"0.00"},{"v":0.0165954573794,"d":"0.02"}]
[2,203,20307,{"v":15457.40134,"d":"15,457.40"},3346,{"v":0.216465881,"d":"0.22"},"M",430,20307001,{"v":3564.41438968,"d":"3,564.41"},52,263,315,{"v":35.5555129899999,"d":"35.56"},{"v":0.945243625,"d":"0.95"},{"v":297.7517419,"d":"297.75"},{"v":17.2482581199999,"d":"17.25"},0,"0_20307001_496",{"v":3528.85887667999,"d":"3,528.86"},0,{"v":17.2482581199999,"d":"17.25"},{"v":0.009975135,"d":"0.01"},"0_20307001_496_222","G",{"v":0.0174598362587,"d":"0.02"},{"v":4.947728676e-06,"d":"0.00"},{"v":8.5339701316e-05,"d":"0.00"}]
[2,203,20307,{"v":15457.40134,"d":"15,457.40"},3346,{"v":0.216465881,"d":"0.22"},"M",430,20307001,{"v":3564.41438968,"d":"3,564.41"},52,263,315,{"v":35.5555129899999,"d":"35.56"},{"v":0.945243625,"d":"0.95"},{"v":297.7517419,"d":"297.75"},{"v":17.2482581199999,"d":"17.25"},0,"0_20307001_496",{"v":3528.85887667999,"d":"3,528.86"},0,{"v":17.2482581199999,"d":"17.25"},{"v":0.009975135,"d":"0.01"},"0_20307001_496_223","G",{"v":0.0561777568075,"d":"0.06"},{"v":1.5919524915E-5,"d":"0.00"},{"v":2.74584074875E-4,"d":"0.00"}]
[2,203,20307,{"v":15457.40134,"d":"15,457.40"},3346,{"v":0.216465881,"d":"0.22"},"M",430,20307001,{"v":3564.41438968,"d":"3,564.41"},52,263,315,{"v":35.5555129899999,"d":"35.56"},{"v":0.945243625,"d":"0.95"},{"v":297.7517419,"d":"297.75"},{"v":17.2482581199999,"d":"17.25"},0,"0_20307001_496",{"v":3528.85887667999,"d":"3,528.86"},0,{"v":17.2482581199999,"d":"17.25"},{"v":0.009975135,"d":"0.01"},"0_20307001_496_224","G",{"v":61.0029541450999,"d":"61.00"},{"v":0.0172868783584,"d":"0.02"},{"v":0.298168540015,"d":"0.30"}]
[2,203,20307,{"v":15457.40134,"d":"15,457.40"},3346,{"v":0.216465881,"d":"0.22"},"M",430,20307001,{"v":3564.41438968,"d":"3,564.41"},52,263,315,{"v":35.5555129899999,"d":"35.56"},{"v":0.945243625,"d":"0.95"},{"v":297.7517419,"d":"297.75"},{"v":17.2482581199999,"d":"17.25"},0,"0_20307001_496",{"v":3528.85887667999,"d":"3,528.86"},0,{"v":17.2482581199999,"d":"17.25"},{"v":0.009975135,"d":"0.01"},"0_20307001_496_225","G",{"v":0.00589527378695,"d":"0.01"},{"v":1.670589273e-06,"d":"0.00"},{"v":2.8814755001e-05,"d":"0.00"}]
[2,203,20307,{"v":15457.40134,"d":"15,457.40"},3346,{"v":0.216465881,"d":"0.22"},"M",430,20307001,{"v":3564.41438968,"d":"3,564.41"},52,263,315,{"v":35.5555129899999,"d":"35.56"},{"v":0.945243625,"d":"0.95"},{"v":297.7517419,"d":"297.75"},{"v":17.2482581199999,"d":"17.25"},0,"0_20307001_496",{"v":3528.85887667999,"d":"3,528.86"},0,{"v":17.2482581199999,"d":"17.25"},{"v":0.009975135,"d":"0.01"},"0_20307001_496_226","G",{"v":12.3032849066,"d":"12.30"},{"v":0.00348647688574,"d":"0.00"},{"v":0.0601356532547,"d":"0.06"}]
[2,203,20307,{"v":15457.40134,"d":"15,457.40"},3346,{"v":0.216465881,"d":"0.22"},"M",430,20307001,{"v":3564.41438968,"d":"3,564.41"},52,263,315,{"v":35.5555129899999,"d":"35.56"},{"v":0.945243625,"d":"0.95"},{"v":297.7517419,"d":"297.75"},{"v":17.2482581199999,"d":"17.25"},0,"0_20307001_496",{"v":3528.85887667999,"d":"3,528.86"},0,{"v":17.2482581199999,"d":"17.25"},{"v":0.009975135,"d":"0.01"},"0_20307001_496_227","G",{"v":2.95175456558,"d":"2.95"},{"v":0.000836461493285,"d":"0.00"},{"v":0.0144275037436,"d":"0.01"}]
[2,203,20307,{"v":15457.40134,"d":"15,457.40"},3346,{"v":0.216465881,"d":"0.22"},"M",430,20307001,{"v":3564.41438968,"d":"3,564.41"},52,263,315,{"v":35.5555129899999,"d":"35.56"},{"v":0.945243625,"d":"0.95"},{"v":297.7517419,"d":"297.75"},{"v":17.2482581199999,"d":"17.25"},0,"0_20307001_496",{"v":3528.85887667999,"d":"3,528.86"},0,{"v":17.2482581199999,"d":"17.25"},{"v":0.009975135,"d":"0.01"},"0_20307001_496_228","G",{"v":1.09011906351,"d":"1.09"},{"v":3.08915460098E-4,"d":"0.00"},{"v":0.00532825359303,"d":"0.01"}]
[2,203,20307,{"v":15457.40134,"d":"15,457.40"},3346,{"v":0.216465881,"d":"0.22"},"M",430,20307002,{"v":4289.05140699999,"d":"4,289.05"},62,119,181,{"v":71.2355825399999,"d":"71.24"},{"v":0.945243625,"d":"0.95"},{"v":171.0890961,"d":"171.09"},{"v":9.91090387,"d":"9.91"},0,"0_20307002_497",{"v":4217.81582445999,"d":"4,217.82"},0,{"v":9.91090387,"d":"9.91"},{"v":0.016608703,"d":"0.02"},"0_20307002_497_229","außerhalb GKL",{"v":4115.37585619,"d":"4,115.38"},{"v":0.975712555376,"d":"0.98"},{"v":9.67019334107999,"d":"9.67"}]
[2,203,20307,{"v":15457.40134,"d":"15,457.40"},3346,{"v":0.216465881,"d":"0.22"},"M",430,20307002,{"v":4289.05140699999,"d":"4,289.05"},62,119,181,{"v":71.2355825399999,"d":"71.24"},{"v":0.945243625,"d":"0.95"},{"v":171.0890961,"d":"171.09"},{"v":9.91090387,"d":"9.91"},0,"0_20307002_497",{"v":4217.81582445999,"d":"4,217.82"},0,{"v":9.91090387,"d":"9.91"},{"v":0.016608703,"d":"0.02"},"0_20307002_497_230","außerhalb GKL",{"v":34.6499755625999,"d":"34.65"},{"v":0.00821514665521,"d":"0.01"},{"v":0.0814195287777,"d":"0.08"}]
[2,203,20307,{"v":15457.40134,"d":"15,457.40"},3346,{"v":0.216465881,"d":"0.22"},"M",430,20307002,{"v":4289.05140699999,"d":"4,289.05"},62,119,181,{"v":71.2355825399999,"d":"71.24"},{"v":0.945243625,"d":"0.95"},{"v":171.0890961,"d":"171.09"},{"v":9.91090387,"d":"9.91"},0,"0_20307002_497",{"v":4217.81582445999,"d":"4,217.82"},0,{"v":9.91090387,"d":"9.91"},{"v":0.016608703,"d":"0.02"},"0_20307002_497_231","E",{"v":0.277541739538,"d":"0.28"},{"v":6.5802242461e-05,"d":"0.00"},{"v":0.000652159699463,"d":"0.00"}]
[2,203,20307,{"v":15457.40134,"d":"15,457.40"},3346,{"v":0.216465881,"d":"0.22"},"M",430,20307002,{"v":4289.05140699999,"d":"4,289.05"},62,119,181,{"v":71.2355825399999,"d":"71.24"},{"v":0.945243625,"d":"0.95"},{"v":171.0890961,"d":"171.09"},{"v":9.91090387,"d":"9.91"},0,"0_20307002_497",{"v":4217.81582445999,"d":"4,217.82"},0,{"v":9.91090387,"d":"9.91"},{"v":0.016608703,"d":"0.02"},"0_20307002_497_232","E",{"v":2.08522236249,"d":"2.09"},{"v":0.000494384403984,"d":"0.00"},{"v":4.89979630271E-3,"d":"0.00"}]
[2,203,20307,{"v":15457.40134,"d":"15,457.40"},3346,{"v":0.216465881,"d":"0.22"},"M",430,20307002,{"v":4289.05140699999,"d":"4,289.05"},62,119,181,{"v":71.2355825399999,"d":"71.24"},{"v":0.945243625,"d":"0.95"},{"v":171.0890961,"d":"171.09"},{"v":9.91090387,"d":"9.91"},0,"0_20307002_497",{"v":4217.81582445999,"d":"4,217.82"},0,{"v":9.91090387,"d":"9.91"},{"v":0.016608703,"d":"0.02"},"0_20307002_497_233","F",{"v":0.0660933095589,"d":"0.07"},{"v":1.5670032147e-05,"d":"0.00"},{"v":0.000155304182248,"d":"0.00"}]
[2,203,20307,{"v":15457.40134,"d":"15,457.40"},3346,{"v":0.216465881,"d":"0.22"},"M",430,20307002,{"v":4289.05140699999,"d":"4,289.05"},62,119,181,{"v":71.2355825399999,"d":"71.24"},{"v":0.945243625,"d":"0.95"},{"v":171.0890961,"d":"171.09"},{"v":9.91090387,"d":"9.91"},0,"0_20307002_497",{"v":4217.81582445999,"d":"4,217.82"},0,{"v":9.91090387,"d":"9.91"},{"v":0.016608703,"d":"0.02"},"0_20307002_497_234","F",{"v":0.121635773421,"d":"0.12"},{"v":2.8838569175e-05,"d":"0.00"},{"v":0.000285816286842,"d":"0.00"}]
[2,203,20307,{"v":15457.40134,"d":"15,457.40"},3346,{"v":0.216465881,"d":"0.22"},"M",430,20307002,{"v":4289.05140699999,"d":"4,289.05"},62,119,181,{"v":71.2355825399999,"d":"71.24"},{"v":0.945243625,"d":"0.95"},{"v":171.0890961,"d":"171.09"},{"v":9.91090387,"d":"9.91"},0,"0_20307002_497",{"v":4217.81582445999,"d":"4,217.82"},0,{"v":9.91090387,"d":"9.91"},{"v":0.016608703,"d":"0.02"},"0_20307002_497_235","F",{"v":0.233228683196,"d":"0.23"},{"v":5.529608046e-05,"d":"0.00"},{"v":5.4803413783E-4,"d":"0.00"}]
[2,203,20307,{"v":15457.40134,"d":"15,457.40"},3346,{"v":0.216465881,"d":"0.22"},"M",430,20307002,{"v":4289.05140699999,"d":"4,289.05"},62,119,181,{"v":71.2355825399999,"d":"71.24"},{"v":0.945243625,"d":"0.95"},{"v":171.0890961,"d":"171.09"},{"v":9.91090387,"d":"9.91"},0,"0_20307002_497",{"v":4217.81582445999,"d":"4,217.82"},0,{"v":9.91090387,"d":"9.91"},{"v":0.016608703,"d":"0.02"},"0_20307002_497_236","F",{"v":2.81575309697,"d":"2.82"},{"v":6.67585597418E-4,"d":"0.00"},{"v":0.00661637668101,"d":"0.01"}]
[2,203,20307,{"v":15457.40134,"d":"15,457.40"},3346,{"v":0.216465881,"d":"0.22"},"M",430,20307002,{"v":4289.05140699999,"d":"4,289.05"},62,119,181,{"v":71.2355825399999,"d":"71.24"},{"v":0.945243625,"d":"0.95"},{"v":171.0890961,"d":"171.09"},{"v":9.91090387,"d":"9.91"},0,"0_20307002_497",{"v":4217.81582445999,"d":"4,217.82"},0,{"v":9.91090387,"d":"9.91"},{"v":0.016608703,"d":"0.02"},"0_20307002_497_237","F",{"v":7.06552893465,"d":"7.07"},{"v":1.67516298215E-3,"d":"0.00"},{"v":0.0166023792827,"d":"0.02"}]
[2,203,20307,{"v":15457.40134,"d":"15,457.40"},3346,{"v":0.216465881,"d":"0.22"},"M",430,20307002,{"v":4289.05140699999,"d":"4,289.05"},62,119,181,{"v":71.2355825399999,"d":"71.24"},{"v":0.945243625,"d":"0.95"},{"v":171.0890961,"d":"171.09"},{"v":9.91090387,"d":"9.91"},0,"0_20307002_497",{"v":4217.81582445999,"d":"4,217.82"},0,{"v":9.91090387,"d":"9.91"},{"v":0.016608703,"d":"0.02"},"0_20307002_497_238","F",{"v":1.99612744671E-3,"d":"0.00"},{"v":4.73260932e-07,"d":"0.00"},{"v":4.690443599e-06,"d":"0.00"}]
[2,203,20307,{"v":15457.40134,"d":"15,457.40"},3346,{"v":0.216465881,"d":"0.22"},"M",430,20307002,{"v":4289.05140699999,"d":"4,289.05"},62,119,181,{"v":71.2355825399999,"d":"71.24"},{"v":0.945243625,"d":"0.95"},{"v":171.0890961,"d":"171.09"},{"v":9.91090387,"d":"9.91"},0,"0_20307002_497",{"v":4217.81582445999,"d":"4,217.82"},0,{"v":9.91090387,"d":"9.91"},{"v":0.016608703,"d":"0.02"},"0_20307002_497_239","F",{"v":0.00293532289109,"d":"0.00"},{"v":6.95934345e-07,"d":"0.00"},{"v":6.897338388e-06,"d":"0.00"}]
[2,203,20307,{"v":15457.40134,"d":"15,457.40"},3346,{"v":0.216465881,"d":"0.22"},"M",430,20307002,{"v":4289.05140699999,"d":"4,289.05"},62,119,181,{"v":71.2355825399999,"d":"71.24"},{"v":0.945243625,"d":"0.95"},{"v":171.0890961,"d":"171.09"},{"v":9.91090387,"d":"9.91"},0,"0_20307002_497",{"v":4217.81582445999,"d":"4,217.82"},0,{"v":9.91090387,"d":"9.91"},{"v":0.016608703,"d":"0.02"},"0_20307002_497_240","F",{"v":3.49176368441,"d":"3.49"},{"v":0.000827860634445,"d":"0.00"},{"v":0.00820484716574,"d":"0.01"}]
[2,203,20307,{"v":15457.40134,"d":"15,457.40"},3346,{"v":0.216465881,"d":"0.22"},"M",430,20307002,{"v":4289.05140699999,"d":"4,289.05"},62,119,181,{"v":71.2355825399999,"d":"71.24"},{"v":0.945243625,"d":"0.95"},{"v":171.0890961,"d":"171.09"},{"v":9.91090387,"d":"9.91"},0,"0_20307002_497",{"v":4217.81582445999,"d":"4,217.82"},0,{"v":9.91090387,"d":"9.91"},{"v":0.016608703,"d":"0.02"},"0_20307002_497_241","F",{"v":0.00450091025006,"d":"0.00"},{"v":1.067118726e-06,"d":"0.00"},{"v":1.0576111113e-05,"d":"0.00"}]
[2,203,20307,{"v":15457.40134,"d":"15,457.40"},3346,{"v":0.216465881,"d":"0.22"},"M",430,20307002,{"v":4289.05140699999,"d":"4,289.05"},62,119,181,{"v":71.2355825399999,"d":"71.24"},{"v":0.945243625,"d":"0.95"},{"v":171.0890961,"d":"171.09"},{"v":9.91090387,"d":"9.91"},0,"0_20307002_497",{"v":4217.81582445999,"d":"4,217.82"},0,{"v":9.91090387,"d":"9.91"},{"v":0.016608703,"d":"0.02"},"0_20307002_497_242","G",{"v":3.46913146281,"d":"3.47"},{"v":0.00082249477151,"d":"0.00"},{"v":0.00815166661401,"d":"0.01"}]
[2,203,20307,{"v":15457.40134,"d":"15,457.40"},3346,{"v":0.216465881,"d":"0.22"},"M",430,20307002,{"v":4289.05140699999,"d":"4,289.05"},62,119,181,{"v":71.2355825399999,"d":"71.24"},{"v":0.945243625,"d":"0.95"},{"v":171.0890961,"d":"171.09"},{"v":9.91090387,"d":"9.91"},0,"0_20307002_497",{"v":4217.81582445999,"d":"4,217.82"},0,{"v":9.91090387,"d":"9.91"},{"v":0.016608703,"d":"0.02"},"0_20307002_497_243","G",{"v":32.8320973454,"d":"32.83"},{"v":0.00778414675079,"d":"0.01"},{"v":0.0771479301571,"d":"0.08"}]
[2,203,20307,{"v":15457.40134,"d":"15,457.40"},3346,{"v":0.216465881,"d":"0.22"},"M",430,20307002,{"v":4289.05140699999,"d":"4,289.05"},62,119,181,{"v":71.2355825399999,"d":"71.24"},{"v":0.945243625,"d":"0.95"},{"v":171.0890961,"d":"171.09"},{"v":9.91090387,"d":"9.91"},0,"0_20307002_497",{"v":4217.81582445999,"d":"4,217.82"},0,{"v":9.91090387,"d":"9.91"},{"v":0.016608703,"d":"0.02"},"0_20307002_497_244","G",{"v":13.8310784337,"d":"13.83"},{"v":0.00327920397887,"d":"0.00"},{"v":0.0324998754047,"d":"0.03"}]
[2,203,20307,{"v":15457.40134,"d":"15,457.40"},3346,{"v":0.216465881,"d":"0.22"},"M",430,20307002,{"v":4289.05140699999,"d":"4,289.05"},62,119,181,{"v":71.2355825399999,"d":"71.24"},{"v":0.945243625,"d":"0.95"},{"v":171.0890961,"d":"171.09"},{"v":9.91090387,"d":"9.91"},0,"0_20307002_497",{"v":4217.81582445999,"d":"4,217.82"},0,{"v":9.91090387,"d":"9.91"},{"v":0.016608703,"d":"0.02"},"0_20307002_497_245","G",{"v":1.49148551846,"d":"1.49"},{"v":0.00035361561067,"d":"0.00"},{"v":0.00350465032428,"d":"0.00"}]
[2,203,20307,{"v":15457.40134,"d":"15,457.40"},3346,{"v":0.216465881,"d":"0.22"},"M",430,20307003,{"v":3477.47410742,"d":"3,477.47"},61,0,61,{"v":37.605761,"d":"37.61"},{"v":0.945243625,"d":"0.95"},{"v":57.65986113,"d":"57.66"},{"v":3.340138873,"d":"3.34"},0,"0_20307003_498",{"v":3439.86834640999,"d":"3,439.87"},0,{"v":3.340138873,"d":"3.34"},{"v":0.010814102,"d":"0.01"},"0_20307003_498_246","außerhalb GKL",{"v":3282.61868397999,"d":"3,282.62"},{"v":0.954286139295,"d":"0.95"},{"v":3.18744822982,"d":"3.19"}]
[2,203,20307,{"v":15457.40134,"d":"15,457.40"},3346,{"v":0.216465881,"d":"0.22"},"M",430,20307003,{"v":3477.47410742,"d":"3,477.47"},61,0,61,{"v":37.605761,"d":"37.61"},{"v":0.945243625,"d":"0.95"},{"v":57.65986113,"d":"57.66"},{"v":3.340138873,"d":"3.34"},0,"0_20307003_498",{"v":3439.86834640999,"d":"3,439.87"},0,{"v":3.340138873,"d":"3.34"},{"v":0.010814102,"d":"0.01"},"0_20307003_498_247","F",{"v":1.07014437565,"d":"1.07"},{"v":3.11100387539E-4,"d":"0.00"},{"v":1.03911849782E-3,"d":"0.00"}]
[2,203,20307,{"v":15457.40134,"d":"15,457.40"},3346,{"v":0.216465881,"d":"0.22"},"M",430,20307003,{"v":3477.47410742,"d":"3,477.47"},61,0,61,{"v":37.605761,"d":"37.61"},{"v":0.945243625,"d":"0.95"},{"v":57.65986113,"d":"57.66"},{"v":3.340138873,"d":"3.34"},0,"0_20307003_498",{"v":3439.86834640999,"d":"3,439.87"},0,{"v":3.340138873,"d":"3.34"},{"v":0.010814102,"d":"0.01"},"0_20307003_498_248","F",{"v":1.14504227015,"d":"1.15"},{"v":0.00033287386459,"d":"0.00"},{"v":1.11184493492E-3,"d":"0.00"}]
[2,203,20307,{"v":15457.40134,"d":"15,457.40"},3346,{"v":0.216465881,"d":"0.22"},"M",430,20307003,{"v":3477.47410742,"d":"3,477.47"},61,0,61,{"v":37.605761,"d":"37.61"},{"v":0.945243625,"d":"0.95"},{"v":57.65986113,"d":"57.66"},{"v":3.340138873,"d":"3.34"},0,"0_20307003_498",{"v":3439.86834640999,"d":"3,439.87"},0,{"v":3.340138873,"d":"3.34"},{"v":0.010814102,"d":"0.01"},"0_20307003_498_249","F",{"v":0.659185889586,"d":"0.66"},{"v":1.91631139103E-4,"d":"0.00"},{"v":0.000640074616995,"d":"0.00"}]
[2,203,20307,{"v":15457.40134,"d":"15,457.40"},3346,{"v":0.216465881,"d":"0.22"},"M",430,20307003,{"v":3477.47410742,"d":"3,477.47"},61,0,61,{"v":37.605761,"d":"37.61"},{"v":0.945243625,"d":"0.95"},{"v":57.65986113,"d":"57.66"},{"v":3.340138873,"d":"3.34"},0,"0_20307003_498",{"v":3439.86834640999,"d":"3,439.87"},0,{"v":3.340138873,"d":"3.34"},{"v":0.010814102,"d":"0.01"},"0_20307003_498_250","F",{"v":1.34541036769,"d":"1.35"},{"v":0.000391122633834,"d":"0.00"},{"v":0.00130640391338,"d":"0.00"}]
[2,203,20307,{"v":15457.40134,"d":"15,457.40"},3346,{"v":0.216465881,"d":"0.22"},"M",430,20307003,{"v":3477.47410742,"d":"3,477.47"},61,0,61,{"v":37.605761,"d":"37.61"},{"v":0.945243625,"d":"0.95"},{"v":57.65986113,"d":"57.66"},{"v":3.340138873,"d":"3.34"},0,"0_20307003_498",{"v":3439.86834640999,"d":"3,439.87"},0,{"v":3.340138873,"d":"3.34"},{"v":0.010814102,"d":"0.01"},"0_20307003_498_251","F",{"v":0.174848008024,"d":"0.17"},{"v":5.0829854639e-05,"d":"0.00"},{"v":0.000169778773387,"d":"0.00"}]
[2,203,20307,{"v":15457.40134,"d":"15,457.40"},3346,{"v":0.216465881,"d":"0.22"},"M",430,20307003,{"v":3477.47410742,"d":"3,477.47"},61,0,61,{"v":37.605761,"d":"37.61"},{"v":0.945243625,"d":"0.95"},{"v":57.65986113,"d":"57.66"},{"v":3.340138873,"d":"3.34"},0,"0_20307003_498",{"v":3439.86834640999,"d":"3,439.87"},0,{"v":3.340138873,"d":"3.34"},{"v":0.010814102,"d":"0.01"},"0_20307003_498_252","F",{"v":0.584035563604,"d":"0.58"},{"v":1.69784277998E-4,"d":"0.00"},{"v":0.000567103066965,"d":"0.00"}]
[2,203,20307,{"v":15457.40134,"d":"15,457.40"},3346,{"v":0.216465881,"d":"0.22"},"M",430,20307003,{"v":3477.47410742,"d":"3,477.47"},61,0,61,{"v":37.605761,"d":"37.61"},{"v":0.945243625,"d":"0.95"},{"v":57.65986113,"d":"57.66"},{"v":3.340138873,"d":"3.34"},0,"0_20307003_498",{"v":3439.86834640999,"d":"3,439.87"},0,{"v":3.340138873,"d":"3.34"},{"v":0.010814102,"d":"0.01"},"0_20307003_498_253","F",{"v":5.68154095576,"d":"5.68"},{"v":1.65167395482E-3,"d":"0.00"},{"v":0.00551682038202,"d":"0.01"}]
[2,203,20307,{"v":15457.40134,"d":"15,457.40"},3346,{"v":0.216465881,"d":"0.22"},"M",430,20307003,{"v":3477.47410742,"d":"3,477.47"},61,0,61,{"v":37.605761,"d":"37.61"},{"v":0.945243625,"d":"0.95"},{"v":57.65986113,"d":"57.66"},{"v":3.340138873,"d":"3.34"},0,"0_20307003_498",{"v":3439.86834640999,"d":"3,439.87"},0,{"v":3.340138873,"d":"3.34"},{"v":0.010814102,"d":"0.01"},"0_20307003_498_254","F",{"v":0.0421167157535,"d":"0.04"},{"v":1.2243699907E-5,"d":"0.00"},{"v":4.0895658009e-05,"d":"0.00"}]
[2,203,20307,{"v":15457.40134,"d":"15,457.40"},3346,{"v":0.216465881,"d":"0.22"},"M",430,20307003,{"v":3477.47410742,"d":"3,477.47"},61,0,61,{"v":37.605761,"d":"37.61"},{"v":0.945243625,"d":"0.95"},{"v":57.65986113,"d":"57.66"},{"v":3.340138873,"d":"3.34"},0,"0_20307003_498",{"v":3439.86834640999,"d":"3,439.87"},0,{"v":3.340138873,"d":"3.34"},{"v":0.010814102,"d":"0.01"},"0_20307003_498_255","F",{"v":0.526599537011,"d":"0.53"},{"v":0.000153087119616,"d":"0.00"},{"v":0.000511332239185,"d":"0.00"}]
[2,203,20307,{"v":15457.40134,"d":"15,457.40"},3346,{"v":0.216465881,"d":"0.22"},"M",430,20307003,{"v":3477.47410742,"d":"3,477.47"},61,0,61,{"v":37.605761,"d":"37.61"},{"v":0.945243625,"d":"0.95"},{"v":57.65986113,"d":"57.66"},{"v":3.340138873,"d":"3.34"},0,"0_20307003_498",{"v":3439.86834640999,"d":"3,439.87"},0,{"v":3.340138873,"d":"3.34"},{"v":0.010814102,"d":"0.01"},"0_20307003_498_256","F",{"v":0.0342611696853,"d":"0.03"},{"v":9.960023534e-06,"d":"0.00"},{"v":3.3267861783e-05,"d":"0.00"}]
[2,203,20307,{"v":15457.40134,"d":"15,457.40"},3346,{"v":0.216465881,"d":"0.22"},"M",430,20307003,{"v":3477.47410742,"d":"3,477.47"},61,0,61,{"v":37.605761,"d":"37.61"},{"v":0.945243625,"d":"0.95"},{"v":57.65986113,"d":"57.66"},{"v":3.340138873,"d":"3.34"},0,"0_20307003_498",{"v":3439.86834640999,"d":"3,439.87"},0,{"v":3.340138873,"d":"3.34"},{"v":0.010814102,"d":"0.01"},"0_20307003_498_257","F",{"v":5.25177429417,"d":"5.25"},{"v":0.00152673700424,"d":"0.00"},{"v":0.00509951361671,"d":"0.01"}]
[2,203,20307,{"v":15457.40134,"d":"15,457.40"},3346,{"v":0.216465881,"d":"0.22"},"M",430,20307003,{"v":3477.47410742,"d":"3,477.47"},61,0,61,{"v":37.605761,"d":"37.61"},{"v":0.945243625,"d":"0.95"},{"v":57.65986113,"d":"57.66"},{"v":3.340138873,"d":"3.34"},0,"0_20307003_498",{"v":3439.86834640999,"d":"3,439.87"},0,{"v":3.340138873,"d":"3.34"},{"v":0.010814102,"d":"0.01"},"0_20307003_498_258","G",{"v":17.6373719390999,"d":"17.64"},{"v":0.00512733923596,"d":"0.01"},{"v":0.0171260250971,"d":"0.02"}]
[2,203,20307,{"v":15457.40134,"d":"15,457.40"},3346,{"v":0.216465881,"d":"0.22"},"M",430,20307003,{"v":3477.47410742,"d":"3,477.47"},61,0,61,{"v":37.605761,"d":"37.61"},{"v":0.945243625,"d":"0.95"},{"v":57.65986113,"d":"57.66"},{"v":3.340138873,"d":"3.34"},0,"0_20307003_498",{"v":3439.86834640999,"d":"3,439.87"},0,{"v":3.340138873,"d":"3.34"},{"v":0.010814102,"d":"0.01"},"0_20307003_498_259","G",{"v":74.5804370446,"d":"74.58"},{"v":0.0216811893753,"d":"0.02"},{"v":0.0724181834453,"d":"0.07"}]
[2,203,20307,{"v":15457.40134,"d":"15,457.40"},3346,{"v":0.216465881,"d":"0.22"},"M",430,20307003,{"v":3477.47410742,"d":"3,477.47"},61,0,61,{"v":37.605761,"d":"37.61"},{"v":0.945243625,"d":"0.95"},{"v":57.65986113,"d":"57.66"},{"v":3.340138873,"d":"3.34"},0,"0_20307003_498",{"v":3439.86834640999,"d":"3,439.87"},0,{"v":3.340138873,"d":"3.34"},{"v":0.010814102,"d":"0.01"},"0_20307003_498_260","G",{"v":20.7769370568,"d":"20.78"},{"v":0.00604003844464,"d":"0.01"},{"v":0.0201745672034,"d":"0.02"}]
[2,203,20307,{"v":15457.40134,"d":"15,457.40"},3346,{"v":0.216465881,"d":"0.22"},"M",430,20307003,{"v":3477.47410742,"d":"3,477.47"},61,0,61,{"v":37.605761,"d":"37.61"},{"v":0.945243625,"d":"0.95"},{"v":57.65986113,"d":"57.66"},{"v":3.340138873,"d":"3.34"},0,"0_20307003_498",{"v":3439.86834640999,"d":"3,439.87"},0,{"v":3.340138873,"d":"3.34"},{"v":0.010814102,"d":"0.01"},"0_20307003_498_261","G",{"v":0.0430192271632,"d":"0.04"},{"v":1.2506067916E-5,"d":"0.00"},{"v":4.1772003596e-05,"d":"0.00"}]
[2,203,20307,{"v":15457.40134,"d":"15,457.40"},3346,{"v":0.216465881,"d":"0.22"},"M",430,20307003,{"v":3477.47410742,"d":"3,477.47"},61,0,61,{"v":37.605761,"d":"37.61"},{"v":0.945243625,"d":"0.95"},{"v":57.65986113,"d":"57.66"},{"v":3.340138873,"d":"3.34"},0,"0_20307003_498",{"v":3439.86834640999,"d":"3,439.87"},0,{"v":3.340138873,"d":"3.34"},{"v":0.010814102,"d":"0.01"},"0_20307003_498_262","G",{"v":27.6969380202999,"d":"27.70"},{"v":0.00805174362246,"d":"0.01"},{"v":0.0268939418688,"d":"0.03"}]
[2,203,20307,{"v":15457.40134,"d":"15,457.40"},3346,{"v":0.216465881,"d":"0.22"},"M",430,20307004,{"v":3826.77890037999,"d":"3,826.78"},63,44,107,{"v":51.85474689,"d":"51.85"},{"v":0.945243625,"d":"0.95"},{"v":101.141067899999,"d":"101.14"},{"v":5.858932122,"d":"5.86"},0,"0_20307004_499",{"v":3774.92415347999,"d":"3,774.92"},0,{"v":5.858932122,"d":"5.86"},{"v":0.013550495,"d":"0.01"},"0_20307004_499_263","außerhalb GKL",{"v":3670.57833539,"d":"3,670.58"},{"v":0.972358168311,"d":"0.97"},{"v":5.69698050641,"d":"5.70"}]
[2,203,20307,{"v":15457.40134,"d":"15,457.40"},3346,{"v":0.216465881,"d":"0.22"},"M",430,20307004,{"v":3826.77890037999,"d":"3,826.78"},63,44,107,{"v":51.85474689,"d":"51.85"},{"v":0.945243625,"d":"0.95"},{"v":101.141067899999,"d":"101.14"},{"v":5.858932122,"d":"5.86"},0,"0_20307004_499",{"v":3774.92415347999,"d":"3,774.92"},0,{"v":5.858932122,"d":"5.86"},{"v":0.013550495,"d":"0.01"},"0_20307004_499_264","F",{"v":0.417343042296,"d":"0.42"},{"v":0.000110556669572,"d":"0.00"},{"v":0.000647744022657,"d":"0.00"}]
[2,203,20307,{"v":15457.40134,"d":"15,457.40"},3346,{"v":0.216465881,"d":"0.22"},"M",430,20307004,{"v":3826.77890037999,"d":"3,826.78"},63,44,107,{"v":51.85474689,"d":"51.85"},{"v":0.945243625,"d":"0.95"},{"v":101.141067899999,"d":"101.14"},{"v":5.858932122,"d":"5.86"},0,"0_20307004_499",{"v":3774.92415347999,"d":"3,774.92"},0,{"v":5.858932122,"d":"5.86"},{"v":0.013550495,"d":"0.01"},"0_20307004_499_265","F",{"v":1.85929465513,"d":"1.86"},{"v":0.000492538281442,"d":"0.00"},{"v":2.88574835846E-3,"d":"0.00"}]
[2,203,20307,{"v":15457.40134,"d":"15,457.40"},3346,{"v":0.216465881,"d":"0.22"},"M",430,20307004,{"v":3826.77890037999,"d":"3,826.78"},63,44,107,{"v":51.85474689,"d":"51.85"},{"v":0.945243625,"d":"0.95"},{"v":101.141067899999,"d":"101.14"},{"v":5.858932122,"d":"5.86"},0,"0_20307004_499",{"v":3774.92415347999,"d":"3,774.92"},0,{"v":5.858932122,"d":"5.86"},{"v":0.013550495,"d":"0.01"},"0_20307004_499_266","F",{"v":0.0470891338454,"d":"0.05"},{"v":1.2474193369e-05,"d":"0.00"},{"v":7.3085452228e-05,"d":"0.00"}]
[2,203,20307,{"v":15457.40134,"d":"15,457.40"},3346,{"v":0.216465881,"d":"0.22"},"M",430,20307004,{"v":3826.77890037999,"d":"3,826.78"},63,44,107,{"v":51.85474689,"d":"51.85"},{"v":0.945243625,"d":"0.95"},{"v":101.141067899999,"d":"101.14"},{"v":5.858932122,"d":"5.86"},0,"0_20307004_499",{"v":3774.92415347999,"d":"3,774.92"},0,{"v":5.858932122,"d":"5.86"},{"v":0.013550495,"d":"0.01"},"0_20307004_499_267","G",{"v":0.042210399753,"d":"0.04"},{"v":1.1181787511E-5,"d":"0.00"},{"v":6.5513334027e-05,"d":"0.00"}]
[2,203,20307,{"v":15457.40134,"d":"15,457.40"},3346,{"v":0.216465881,"d":"0.22"},"M",430,20307004,{"v":3826.77890037999,"d":"3,826.78"},63,44,107,{"v":51.85474689,"d":"51.85"},{"v":0.945243625,"d":"0.95"},{"v":101.141067899999,"d":"101.14"},{"v":5.858932122,"d":"5.86"},0,"0_20307004_499",{"v":3774.92415347999,"d":"3,774.92"},0,{"v":5.858932122,"d":"5.86"},{"v":0.013550495,"d":"0.01"},"0_20307004_499_268","G",{"v":79.4286811691,"d":"79.43"},{"v":0.0210411329976,"d":"0.02"},{"v":0.123278570003,"d":"0.12"}]
[2,203,20307,{"v":15457.40134,"d":"15,457.40"},3346,{"v":0.216465881,"d":"0.22"},"M",430,20307004,{"v":3826.77890037999,"d":"3,826.78"},63,44,107,{"v":51.85474689,"d":"51.85"},{"v":0.945243625,"d":"0.95"},{"v":101.141067899999,"d":"101.14"},{"v":5.858932122,"d":"5.86"},0,"0_20307004_499",{"v":3774.92415347999,"d":"3,774.92"},0,{"v":5.858932122,"d":"5.86"},{"v":0.013550495,"d":"0.01"},"0_20307004_499_269","G",{"v":0.17250897124,"d":"0.17"},{"v":4.5698658894e-05,"d":"0.00"},{"v":0.000267745340525,"d":"0.00"}]
[2,203,20307,{"v":15457.40134,"d":"15,457.40"},3346,{"v":0.216465881,"d":"0.22"},"M",430,20307004,{"v":3826.77890037999,"d":"3,826.78"},63,44,107,{"v":51.85474689,"d":"51.85"},{"v":0.945243625,"d":"0.95"},{"v":101.141067899999,"d":"101.14"},{"v":5.858932122,"d":"5.86"},0,"0_20307004_499",{"v":3774.92415347999,"d":"3,774.92"},0,{"v":5.858932122,"d":"5.86"},{"v":0.013550495,"d":"0.01"},"0_20307004_499_270","G",{"v":7.06621862512E-3,"d":"0.01"},{"v":1.871883603e-06,"d":"0.00"},{"v":1.096723897e-05,"d":"0.00"}]
[2,203,20307,{"v":15457.40134,"d":"15,457.40"},3346,{"v":0.216465881,"d":"0.22"},"M",430,20307004,{"v":3826.77890037999,"d":"3,826.78"},63,44,107,{"v":51.85474689,"d":"51.85"},{"v":0.945243625,"d":"0.95"},{"v":101.141067899999,"d":"101.14"},{"v":5.858932122,"d":"5.86"},0,"0_20307004_499",{"v":3774.92415347999,"d":"3,774.92"},0,{"v":5.858932122,"d":"5.86"},{"v":0.013550495,"d":"0.01"},"0_20307004_499_271","G",{"v":22.3716245011,"d":"22.37"},{"v":0.00592637721753,"d":"0.01"},{"v":0.0347222418469,"d":"0.03"}]
[2,203,20320,{"v":5646.63504499999,"d":"5,646.64"},1241,{"v":0.21977691,"d":"0.22"},"G",430,20320000,{"v":2785.54145246999,"d":"2,785.54"},76,212,288,{"v":92.40761729,"d":"92.41"},{"v":0.945243625,"d":"0.95"},{"v":272.230164,"d":"272.23"},{"v":15.76983599,"d":"15.77"},0,"0_20320000_502",{"v":2693.13383518,"d":"2,693.13"},0,{"v":15.76983599,"d":"15.77"},{"v":0.033174023,"d":"0.03"},"0_20320000_502_272","außerhalb GKL",{"v":2560.03907776999,"d":"2,560.04"},{"v":0.950579969079,"d":"0.95"},{"v":14.9904902078,"d":"14.99"}]
[2,203,20320,{"v":5646.63504499999,"d":"5,646.64"},1241,{"v":0.21977691,"d":"0.22"},"G",430,20320000,{"v":2785.54145246999,"d":"2,785.54"},76,212,288,{"v":92.40761729,"d":"92.41"},{"v":0.945243625,"d":"0.95"},{"v":272.230164,"d":"272.23"},{"v":15.76983599,"d":"15.77"},0,"0_20320000_502",{"v":2693.13383518,"d":"2,693.13"},0,{"v":15.76983599,"d":"15.77"},{"v":0.033174023,"d":"0.03"},"0_20320000_502_273","außerhalb GKL",{"v":3.25603933842,"d":"3.26"},{"v":1.20901505001E-3,"d":"0.00"},{"v":0.0190659690481,"d":"0.02"}]
[2,203,20320,{"v":5646.63504499999,"d":"5,646.64"},1241,{"v":0.21977691,"d":"0.22"},"G",430,20320000,{"v":2785.54145246999,"d":"2,785.54"},76,212,288,{"v":92.40761729,"d":"92.41"},{"v":0.945243625,"d":"0.95"},{"v":272.230164,"d":"272.23"},{"v":15.76983599,"d":"15.77"},0,"0_20320000_502",{"v":2693.13383518,"d":"2,693.13"},0,{"v":15.76983599,"d":"15.77"},{"v":0.033174023,"d":"0.03"},"0_20320000_502_274","außerhalb GKL",{"v":0.00367097062134,"d":"0.00"},{"v":1.363085107E-6,"d":"0.00"},{"v":2.1495628575E-5,"d":"0.00"}]
[2,203,20320,{"v":5646.63504499999,"d":"5,646.64"},1241,{"v":0.21977691,"d":"0.22"},"G",430,20320000,{"v":2785.54145246999,"d":"2,785.54"},76,212,288,{"v":92.40761729,"d":"92.41"},{"v":0.945243625,"d":"0.95"},{"v":272.230164,"d":"272.23"},{"v":15.76983599,"d":"15.77"},0,"0_20320000_502",{"v":2693.13383518,"d":"2,693.13"},0,{"v":15.76983599,"d":"15.77"},{"v":0.033174023,"d":"0.03"},"0_20320000_502_275","F",{"v":0.0858728113327,"d":"0.09"},{"v":3.1885831373e-05,"d":"0.00"},{"v":0.000502834331152,"d":"0.00"}]
[2,203,20320,{"v":5646.63504499999,"d":"5,646.64"},1241,{"v":0.21977691,"d":"0.22"},"G",430,20320000,{"v":2785.54145246999,"d":"2,785.54"},76,212,288,{"v":92.40761729,"d":"92.41"},{"v":0.945243625,"d":"0.95"},{"v":272.230164,"d":"272.23"},{"v":15.76983599,"d":"15.77"},0,"0_20320000_502",{"v":2693.13383518,"d":"2,693.13"},0,{"v":15.76983599,"d":"15.77"},{"v":0.033174023,"d":"0.03"},"0_20320000_502_276","F",{"v":0.165919334325,"d":"0.17"},{"v":6.1608276632e-05,"d":"0.00"},{"v":0.000971552418115,"d":"0.00"}]
[2,203,20320,{"v":5646.63504499999,"d":"5,646.64"},1241,{"v":0.21977691,"d":"0.22"},"G",430,20320000,{"v":2785.54145246999,"d":"2,785.54"},76,212,288,{"v":92.40761729,"d":"92.41"},{"v":0.945243625,"d":"0.95"},{"v":272.230164,"d":"272.23"},{"v":15.76983599,"d":"15.77"},0,"0_20320000_502",{"v":2693.13383518,"d":"2,693.13"},0,{"v":15.76983599,"d":"15.77"},{"v":0.033174023,"d":"0.03"},"0_20320000_502_277","F",{"v":1.05344365005,"d":"1.05"},{"v":0.000391159041667,"d":"0.00"},{"v":0.00616851393309,"d":"0.01"}]
[2,203,20320,{"v":5646.63504499999,"d":"5,646.64"},1241,{"v":0.21977691,"d":"0.22"},"G",430,20320000,{"v":2785.54145246999,"d":"2,785.54"},76,212,288,{"v":92.40761729,"d":"92.41"},{"v":0.945243625,"d":"0.95"},{"v":272.230164,"d":"272.23"},{"v":15.76983599,"d":"15.77"},0,"0_20320000_502",{"v":2693.13383518,"d":"2,693.13"},0,{"v":15.76983599,"d":"15.77"},{"v":0.033174023,"d":"0.03"},"0_20320000_502_278","F",{"v":0.000406720261484,"d":"0.00"},{"v":1.51021184e-07,"d":"0.00"},{"v":2.381579309E-6,"d":"0.00"}]
[2,203,20320,{"v":5646.63504499999,"d":"5,646.64"},1241,{"v":0.21977691,"d":"0.22"},"G",430,20320000,{"v":2785.54145246999,"d":"2,785.54"},76,212,288,{"v":92.40761729,"d":"92.41"},{"v":0.945243625,"d":"0.95"},{"v":272.230164,"d":"272.23"},{"v":15.76983599,"d":"15.77"},0,"0_20320000_502",{"v":2693.13383518,"d":"2,693.13"},0,{"v":15.76983599,"d":"15.77"},{"v":0.033174023,"d":"0.03"},"0_20320000_502_279","F",{"v":4.1459653e-08,"d":"0.00"},{"v":1.5395e-11,"d":"0.00"},{"v":2.4277e-10,"d":"0.00"}]
[2,203,20320,{"v":5646.63504499999,"d":"5,646.64"},1241,{"v":0.21977691,"d":"0.22"},"G",430,20320000,{"v":2785.54145246999,"d":"2,785.54"},76,212,288,{"v":92.40761729,"d":"92.41"},{"v":0.945243625,"d":"0.95"},{"v":272.230164,"d":"272.23"},{"v":15.76983599,"d":"15.77"},0,"0_20320000_502",{"v":2693.13383518,"d":"2,693.13"},0,{"v":15.76983599,"d":"15.77"},{"v":0.033174023,"d":"0.03"},"0_20320000_502_280","F",{"v":15.93366479,"d":"15.93"},{"v":5.9164028842E-3,"d":"0.01"},{"v":0.0933007031346,"d":"0.09"}]
[2,203,20320,{"v":5646.63504499999,"d":"5,646.64"},1241,{"v":0.21977691,"d":"0.22"},"G",430,20320000,{"v":2785.54145246999,"d":"2,785.54"},76,212,288,{"v":92.40761729,"d":"92.41"},{"v":0.945243625,"d":"0.95"},{"v":272.230164,"d":"272.23"},{"v":15.76983599,"d":"15.77"},0,"0_20320000_502",{"v":2693.13383518,"d":"2,693.13"},0,{"v":15.76983599,"d":"15.77"},{"v":0.033174023,"d":"0.03"},"0_20320000_502_281","G",{"v":0.974505110163,"d":"0.97"},{"v":0.000361848006747,"d":"0.00"},{"v":0.00570628371971,"d":"0.01"}]
[2,203,20320,{"v":5646.63504499999,"d":"5,646.64"},1241,{"v":0.21977691,"d":"0.22"},"G",430,20320000,{"v":2785.54145246999,"d":"2,785.54"},76,212,288,{"v":92.40761729,"d":"92.41"},{"v":0.945243625,"d":"0.95"},{"v":272.230164,"d":"272.23"},{"v":15.76983599,"d":"15.77"},0,"0_20320000_502",{"v":2693.13383518,"d":"2,693.13"},0,{"v":15.76983599,"d":"15.77"},{"v":0.033174023,"d":"0.03"},"0_20320000_502_282","G",{"v":97.5563440231999,"d":"97.56"},{"v":0.0362240980188,"d":"0.04"},{"v":0.571248084642,"d":"0.57"}]
[2,203,20320,{"v":5646.63504499999,"d":"5,646.64"},1241,{"v":0.21977691,"d":"0.22"},"G",430,20320000,{"v":2785.54145246999,"d":"2,785.54"},76,212,288,{"v":92.40761729,"d":"92.41"},{"v":0.945243625,"d":"0.95"},{"v":272.230164,"d":"272.23"},{"v":15.76983599,"d":"15.77"},0,"0_20320000_502",{"v":2693.13383518,"d":"2,693.13"},0,{"v":15.76983599,"d":"15.77"},{"v":0.033174023,"d":"0.03"},"0_20320000_502_283","G",{"v":0.00293627599784,"d":"0.00"},{"v":1.090282243E-6,"d":"0.00"},{"v":1.7193572151e-05,"d":"0.00"}]
[2,203,20320,{"v":5646.63504499999,"d":"5,646.64"},1241,{"v":0.21977691,"d":"0.22"},"G",430,20320000,{"v":2785.54145246999,"d":"2,785.54"},76,212,288,{"v":92.40761729,"d":"92.41"},{"v":0.945243625,"d":"0.95"},{"v":272.230164,"d":"272.23"},{"v":15.76983599,"d":"15.77"},0,"0_20320000_502",{"v":2693.13383518,"d":"2,693.13"},0,{"v":15.76983599,"d":"15.77"},{"v":0.033174023,"d":"0.03"},"0_20320000_502_284","G",{"v":13.9043287387,"d":"13.90"},{"v":0.00516288071431,"d":"0.01"},{"v":0.0814177821006,"d":"0.08"}]
[2,203,20320,{"v":5646.63504499999,"d":"5,646.64"},1241,{"v":0.21977691,"d":"0.22"},"G",430,20320000,{"v":2785.54145246999,"d":"2,785.54"},76,212,288,{"v":92.40761729,"d":"92.41"},{"v":0.945243625,"d":"0.95"},{"v":272.230164,"d":"272.23"},{"v":15.76983599,"d":"15.77"},0,"0_20320000_502",{"v":2693.13383518,"d":"2,693.13"},0,{"v":15.76983599,"d":"15.77"},{"v":0.033174023,"d":"0.03"},"0_20320000_502_285","G",{"v":0.157625608221,"d":"0.16"},{"v":5.8528694773e-05,"d":"0.00"},{"v":0.000922987917273,"d":"0.00"}]
[2,203,20321,{"v":19083.04949,"d":"19,083.05"},1288,{"v":0.067494454,"d":"0.07"},"G",430,20321000,{"v":5114.50064985999,"d":"5,114.50"},54,129,183,{"v":37.1580538999999,"d":"37.16"},{"v":0.945243625,"d":"0.95"},{"v":172.979583399999,"d":"172.98"},{"v":10.02041662,"d":"10.02"},0,"0_20321000_504",{"v":5077.34259595999,"d":"5,077.34"},0,{"v":10.02041662,"d":"10.02"},{"v":0.007265236,"d":"0.01"},"0_20321000_504_286","außerhalb GKL",{"v":4990.63519772,"d":"4,990.64"},{"v":0.982922681186,"d":"0.98"},{"v":9.84929477072999,"d":"9.85"}]
[2,203,20321,{"v":19083.04949,"d":"19,083.05"},1288,{"v":0.067494454,"d":"0.07"},"G",430,20321000,{"v":5114.50064985999,"d":"5,114.50"},54,129,183,{"v":37.1580538999999,"d":"37.16"},{"v":0.945243625,"d":"0.95"},{"v":172.979583399999,"d":"172.98"},{"v":10.02041662,"d":"10.02"},0,"0_20321000_504",{"v":5077.34259595999,"d":"5,077.34"},0,{"v":10.02041662,"d":"10.02"},{"v":0.007265236,"d":"0.01"},"0_20321000_504_287","F",{"v":4.67609722868,"d":"4.68"},{"v":0.000920973351769,"d":"0.00"},{"v":0.00922853668064,"d":"0.01"}]
[2,203,20321,{"v":19083.04949,"d":"19,083.05"},1288,{"v":0.067494454,"d":"0.07"},"G",430,20321000,{"v":5114.50064985999,"d":"5,114.50"},54,129,183,{"v":37.1580538999999,"d":"37.16"},{"v":0.945243625,"d":"0.95"},{"v":172.979583399999,"d":"172.98"},{"v":10.02041662,"d":"10.02"},0,"0_20321000_504",{"v":5077.34259595999,"d":"5,077.34"},0,{"v":10.02041662,"d":"10.02"},{"v":0.007265236,"d":"0.01"},"0_20321000_504_288","F",{"v":0.0219141202233,"d":"0.02"},{"v":4.316060973e-06,"d":"0.00"},{"v":4.3248729103e-05,"d":"0.00"}]
[2,203,20321,{"v":19083.04949,"d":"19,083.05"},1288,{"v":0.067494454,"d":"0.07"},"G",430,20321000,{"v":5114.50064985999,"d":"5,114.50"},54,129,183,{"v":37.1580538999999,"d":"37.16"},{"v":0.945243625,"d":"0.95"},{"v":172.979583399999,"d":"172.98"},{"v":10.02041662,"d":"10.02"},0,"0_20321000_504",{"v":5077.34259595999,"d":"5,077.34"},0,{"v":10.02041662,"d":"10.02"},{"v":0.007265236,"d":"0.01"},"0_20321000_504_289","F",{"v":0.52157540607,"d":"0.52"},{"v":1.02726061165E-4,"d":"0.00"},{"v":0.0010293579306,"d":"0.00"}]
[2,203,20321,{"v":19083.04949,"d":"19,083.05"},1288,{"v":0.067494454,"d":"0.07"},"G",430,20321000,{"v":5114.50064985999,"d":"5,114.50"},54,129,183,{"v":37.1580538999999,"d":"37.16"},{"v":0.945243625,"d":"0.95"},{"v":172.979583399999,"d":"172.98"},{"v":10.02041662,"d":"10.02"},0,"0_20321000_504",{"v":5077.34259595999,"d":"5,077.34"},0,{"v":10.02041662,"d":"10.02"},{"v":0.007265236,"d":"0.01"},"0_20321000_504_290","F",{"v":1.3107570987,"d":"1.31"},{"v":0.000258158096273,"d":"0.00"},{"v":0.00258685167848,"d":"0.00"}]
[2,203,20321,{"v":19083.04949,"d":"19,083.05"},1288,{"v":0.067494454,"d":"0.07"},"G",430,20321000,{"v":5114.50064985999,"d":"5,114.50"},54,129,183,{"v":37.1580538999999,"d":"37.16"},{"v":0.945243625,"d":"0.95"},{"v":172.979583399999,"d":"172.98"},{"v":10.02041662,"d":"10.02"},0,"0_20321000_504",{"v":5077.34259595999,"d":"5,077.34"},0,{"v":10.02041662,"d":"10.02"},{"v":0.007265236,"d":"0.01"},"0_20321000_504_291","G",{"v":68.4824650736999,"d":"68.48"},{"v":0.0134878558575,"d":"0.01"},{"v":0.135153935003,"d":"0.14"}]
[2,203,20321,{"v":19083.04949,"d":"19,083.05"},1288,{"v":0.067494454,"d":"0.07"},"G",430,20321000,{"v":5114.50064985999,"d":"5,114.50"},54,129,183,{"v":37.1580538999999,"d":"37.16"},{"v":0.945243625,"d":"0.95"},{"v":172.979583399999,"d":"172.98"},{"v":10.02041662,"d":"10.02"},0,"0_20321000_504",{"v":5077.34259595999,"d":"5,077.34"},0,{"v":10.02041662,"d":"10.02"},{"v":0.007265236,"d":"0.01"},"0_20321000_504_292","G",{"v":8.83906298630999,"d":"8.84"},{"v":0.00174088370427,"d":"0.00"},{"v":0.0174443800038,"d":"0.02"}]
[2,203,20321,{"v":19083.04949,"d":"19,083.05"},1288,{"v":0.067494454,"d":"0.07"},"G",430,20321000,{"v":5114.50064985999,"d":"5,114.50"},54,129,183,{"v":37.1580538999999,"d":"37.16"},{"v":0.945243625,"d":"0.95"},{"v":172.979583399999,"d":"172.98"},{"v":10.02041662,"d":"10.02"},0,"0_20321000_504",{"v":5077.34259595999,"d":"5,077.34"},0,{"v":10.02041662,"d":"10.02"},{"v":0.007265236,"d":"0.01"},"0_20321000_504_293","G",{"v":1.20600447745,"d":"1.21"},{"v":0.000237526709033,"d":"0.00"},{"v":2.38011658289E-3,"d":"0.00"}]
[2,203,20321,{"v":19083.04949,"d":"19,083.05"},1288,{"v":0.067494454,"d":"0.07"},"G",430,20321000,{"v":5114.50064985999,"d":"5,114.50"},54,129,183,{"v":37.1580538999999,"d":"37.16"},{"v":0.945243625,"d":"0.95"},{"v":172.979583399999,"d":"172.98"},{"v":10.02041662,"d":"10.02"},0,"0_20321000_504",{"v":5077.34259595999,"d":"5,077.34"},0,{"v":10.02041662,"d":"10.02"},{"v":0.007265236,"d":"0.01"},"0_20321000_504_294","G",{"v":0.303215439509,"d":"0.30"},{"v":5.9719318478e-05,"d":"0.00"},{"v":0.00059841245141,"d":"0.00"}]
[2,203,20321,{"v":19083.04949,"d":"19,083.05"},1288,{"v":0.067494454,"d":"0.07"},"G",430,20321000,{"v":5114.50064985999,"d":"5,114.50"},54,129,183,{"v":37.1580538999999,"d":"37.16"},{"v":0.945243625,"d":"0.95"},{"v":172.979583399999,"d":"172.98"},{"v":10.02041662,"d":"10.02"},0,"0_20321000_504",{"v":5077.34259595999,"d":"5,077.34"},0,{"v":10.02041662,"d":"10.02"},{"v":0.007265236,"d":"0.01"},"0_20321000_504_295","G",{"v":1.34624134677,"d":"1.35"},{"v":0.000265146840365,"d":"0.00"},{"v":0.00265688180593,"d":"0.00"}]
[2,203,20321,{"v":19083.04949,"d":"19,083.05"},1288,{"v":0.067494454,"d":"0.07"},"G",430,20321000,{"v":5114.50064985999,"d":"5,114.50"},54,129,183,{"v":37.1580538999999,"d":"37.16"},{"v":0.945243625,"d":"0.95"},{"v":172.979583399999,"d":"172.98"},{"v":10.02041662,"d":"10.02"},0,"0_20321000_504",{"v":5077.34259595999,"d":"5,077.34"},0,{"v":10.02041662,"d":"10.02"},{"v":0.007265236,"d":"0.01"},"0_20321000_504_296","G",{"v":6.5062719106e-05,"d":"0.00"},{"v":1.2814325e-08,"d":"0.00"},{"v":1.28404877e-07,"d":"0.00"}]
[2,203,20321,{"v":19083.04949,"d":"19,083.05"},1288,{"v":0.067494454,"d":"0.07"},"G",430,20321001,{"v":3432.16519406999,"d":"3,432.17"},50,41,91,{"v":39.5931159699999,"d":"39.59"},{"v":0.945243625,"d":"0.95"},{"v":86.0171698799999,"d":"86.02"},{"v":4.982830123,"d":"4.98"},0,"0_20321001_505",{"v":3392.57207809999,"d":"3,392.57"},0,{"v":4.982830123,"d":"4.98"},{"v":0.0115359,"d":"0.01"},"0_20321001_505_297","außerhalb GKL",{"v":934.782936298999,"d":"934.78"},{"v":0.27553812116,"d":"0.28"},{"v":1.37295965015,"d":"1.37"}]
[2,203,20321,{"v":19083.04949,"d":"19,083.05"},1288,{"v":0.067494454,"d":"0.07"},"G",430,20321001,{"v":3432.16519406999,"d":"3,432.17"},50,41,91,{"v":39.5931159699999,"d":"39.59"},{"v":0.945243625,"d":"0.95"},{"v":86.0171698799999,"d":"86.02"},{"v":4.982830123,"d":"4.98"},0,"0_20321001_505",{"v":3392.57207809999,"d":"3,392.57"},0,{"v":4.982830123,"d":"4.98"},{"v":0.0115359,"d":"0.01"},"0_20321001_505_298","außerhalb GKL",{"v":2359.18283157999,"d":"2,359.18"},{"v":0.695396524309,"d":"0.70"},{"v":3.46504274876,"d":"3.47"}]
[2,203,20321,{"v":19083.04949,"d":"19,083.05"},1288,{"v":0.067494454,"d":"0.07"},"G",430,20321001,{"v":3432.16519406999,"d":"3,432.17"},50,41,91,{"v":39.5931159699999,"d":"39.59"},{"v":0.945243625,"d":"0.95"},{"v":86.0171698799999,"d":"86.02"},{"v":4.982830123,"d":"4.98"},0,"0_20321001_505",{"v":3392.57207809999,"d":"3,392.57"},0,{"v":4.982830123,"d":"4.98"},{"v":0.0115359,"d":"0.01"},"0_20321001_505_299","F",{"v":2.5829240709E-5,"d":"0.00"},{"v":7.613469e-09,"d":"0.00"},{"v":3.793662e-08,"d":"0.00"}]
[2,203,20321,{"v":19083.04949,"d":"19,083.05"},1288,{"v":0.067494454,"d":"0.07"},"G",430,20321001,{"v":3432.16519406999,"d":"3,432.17"},50,41,91,{"v":39.5931159699999,"d":"39.59"},{"v":0.945243625,"d":"0.95"},{"v":86.0171698799999,"d":"86.02"},{"v":4.982830123,"d":"4.98"},0,"0_20321001_505",{"v":3392.57207809999,"d":"3,392.57"},0,{"v":4.982830123,"d":"4.98"},{"v":0.0115359,"d":"0.01"},"0_20321001_505_300","F",{"v":5.05461193133,"d":"5.05"},{"v":0.00148990553921,"d":"0.00"},{"v":0.0074239462012,"d":"0.01"}]
[2,203,20321,{"v":19083.04949,"d":"19,083.05"},1288,{"v":0.067494454,"d":"0.07"},"G",430,20321001,{"v":3432.16519406999,"d":"3,432.17"},50,41,91,{"v":39.5931159699999,"d":"39.59"},{"v":0.945243625,"d":"0.95"},{"v":86.0171698799999,"d":"86.02"},{"v":4.982830123,"d":"4.98"},0,"0_20321001_505",{"v":3392.57207809999,"d":"3,392.57"},0,{"v":4.982830123,"d":"4.98"},{"v":0.0115359,"d":"0.01"},"0_20321001_505_301","F",{"v":0.0930611981456,"d":"0.09"},{"v":2.7430868381e-05,"d":"0.00"},{"v":0.000136683357266,"d":"0.00"}]
[2,203,20321,{"v":19083.04949,"d":"19,083.05"},1288,{"v":0.067494454,"d":"0.07"},"G",430,20321001,{"v":3432.16519406999,"d":"3,432.17"},50,41,91,{"v":39.5931159699999,"d":"39.59"},{"v":0.945243625,"d":"0.95"},{"v":86.0171698799999,"d":"86.02"},{"v":4.982830123,"d":"4.98"},0,"0_20321001_505",{"v":3392.57207809999,"d":"3,392.57"},0,{"v":4.982830123,"d":"4.98"},{"v":0.0115359,"d":"0.01"},"0_20321001_505_302","F",{"v":5.40725147753,"d":"5.41"},{"v":0.00159385013879,"d":"0.00"},{"v":0.00794188448311,"d":"0.01"}]
[2,203,20321,{"v":19083.04949,"d":"19,083.05"},1288,{"v":0.067494454,"d":"0.07"},"G",430,20321001,{"v":3432.16519406999,"d":"3,432.17"},50,41,91,{"v":39.5931159699999,"d":"39.59"},{"v":0.945243625,"d":"0.95"},{"v":86.0171698799999,"d":"86.02"},{"v":4.982830123,"d":"4.98"},0,"0_20321001_505",{"v":3392.57207809999,"d":"3,392.57"},0,{"v":4.982830123,"d":"4.98"},{"v":0.0115359,"d":"0.01"},"0_20321001_505_303","F",{"v":1.34824425442,"d":"1.35"},{"v":0.000397410644014,"d":"0.00"},{"v":0.00198022972819,"d":"0.00"}]
[2,203,20321,{"v":19083.04949,"d":"19,083.05"},1288,{"v":0.067494454,"d":"0.07"},"G",430,20321001,{"v":3432.16519406999,"d":"3,432.17"},50,41,91,{"v":39.5931159699999,"d":"39.59"},{"v":0.945243625,"d":"0.95"},{"v":86.0171698799999,"d":"86.02"},{"v":4.982830123,"d":"4.98"},0,"0_20321001_505",{"v":3392.57207809999,"d":"3,392.57"},0,{"v":4.982830123,"d":"4.98"},{"v":0.0115359,"d":"0.01"},"0_20321001_505_304","F",{"v":3.14883233555,"d":"3.15"},{"v":0.000928154881624,"d":"0.00"},{"v":0.00462483810297,"d":"0.00"}]
[2,203,20321,{"v":19083.04949,"d":"19,083.05"},1288,{"v":0.067494454,"d":"0.07"},"G",430,20321001,{"v":3432.16519406999,"d":"3,432.17"},50,41,91,{"v":39.5931159699999,"d":"39.59"},{"v":0.945243625,"d":"0.95"},{"v":86.0171698799999,"d":"86.02"},{"v":4.982830123,"d":"4.98"},0,"0_20321001_505",{"v":3392.57207809999,"d":"3,392.57"},0,{"v":4.982830123,"d":"4.98"},{"v":0.0115359,"d":"0.01"},"0_20321001_505_305","G",{"v":66.6953631580999,"d":"66.70"},{"v":0.019659232471,"d":"0.02"},{"v":0.0979586157516,"d":"0.10"}]
[2,203,20321,{"v":19083.04949,"d":"19,083.05"},1288,{"v":0.067494454,"d":"0.07"},"G",430,20321001,{"v":3432.16519406999,"d":"3,432.17"},50,41,91,{"v":39.5931159699999,"d":"39.59"},{"v":0.945243625,"d":"0.95"},{"v":86.0171698799999,"d":"86.02"},{"v":4.982830123,"d":"4.98"},0,"0_20321001_505",{"v":3392.57207809999,"d":"3,392.57"},0,{"v":4.982830123,"d":"4.98"},{"v":0.0115359,"d":"0.01"},"0_20321001_505_306","G",{"v":1.15867404429,"d":"1.16"},{"v":0.000341532624102,"d":"0.00"},{"v":1.70179904736E-3,"d":"0.00"}]
[2,203,20321,{"v":19083.04949,"d":"19,083.05"},1288,{"v":0.067494454,"d":"0.07"},"G",430,20321001,{"v":3432.16519406999,"d":"3,432.17"},50,41,91,{"v":39.5931159699999,"d":"39.59"},{"v":0.945243625,"d":"0.95"},{"v":86.0171698799999,"d":"86.02"},{"v":4.982830123,"d":"4.98"},0,"0_20321001_505",{"v":3392.57207809999,"d":"3,392.57"},0,{"v":4.982830123,"d":"4.98"},{"v":0.0115359,"d":"0.01"},"0_20321001_505_307","G",{"v":0.432934123207,"d":"0.43"},{"v":0.000127612358187,"d":"0.00"},{"v":0.000635870702441,"d":"0.00"}]
[2,203,20321,{"v":19083.04949,"d":"19,083.05"},1288,{"v":0.067494454,"d":"0.07"},"G",430,20321001,{"v":3432.16519406999,"d":"3,432.17"},50,41,91,{"v":39.5931159699999,"d":"39.59"},{"v":0.945243625,"d":"0.95"},{"v":86.0171698799999,"d":"86.02"},{"v":4.982830123,"d":"4.98"},0,"0_20321001_505",{"v":3392.57207809999,"d":"3,392.57"},0,{"v":4.982830123,"d":"4.98"},{"v":0.0115359,"d":"0.01"},"0_20321001_505_308","G",{"v":0.110757561867,"d":"0.11"},{"v":3.2647077001e-05,"d":"0.00"},{"v":0.000162674838711,"d":"0.00"}]
[2,203,20321,{"v":19083.04949,"d":"19,083.05"},1288,{"v":0.067494454,"d":"0.07"},"G",430,20321001,{"v":3432.16519406999,"d":"3,432.17"},50,41,91,{"v":39.5931159699999,"d":"39.59"},{"v":0.945243625,"d":"0.95"},{"v":86.0171698799999,"d":"86.02"},{"v":4.982830123,"d":"4.98"},0,"0_20321001_505",{"v":3392.57207809999,"d":"3,392.57"},0,{"v":4.982830123,"d":"4.98"},{"v":0.0115359,"d":"0.01"},"0_20321001_505_309","G",{"v":0.179106587881,"d":"0.18"},{"v":5.2793745795e-05,"d":"0.00"},{"v":0.000263062266851,"d":"0.00"}]
[2,203,20321,{"v":19083.04949,"d":"19,083.05"},1288,{"v":0.067494454,"d":"0.07"},"G",430,20321001,{"v":3432.16519406999,"d":"3,432.17"},50,41,91,{"v":39.5931159699999,"d":"39.59"},{"v":0.945243625,"d":"0.95"},{"v":86.0171698799999,"d":"86.02"},{"v":4.982830123,"d":"4.98"},0,"0_20321001_505",{"v":3392.57207809999,"d":"3,392.57"},0,{"v":4.982830123,"d":"4.98"},{"v":0.0115359,"d":"0.01"},"0_20321001_505_310","G",{"v":0.194142379823,"d":"0.19"},{"v":5.722572e-05,"d":"0.00"},{"v":2.85146041429E-4,"d":"0.00"}]
[2,203,20321,{"v":19083.04949,"d":"19,083.05"},1288,{"v":0.067494454,"d":"0.07"},"G",430,20321001,{"v":3432.16519406999,"d":"3,432.17"},50,41,91,{"v":39.5931159699999,"d":"39.59"},{"v":0.945243625,"d":"0.95"},{"v":86.0171698799999,"d":"86.02"},{"v":4.982830123,"d":"4.98"},0,"0_20321001_505",{"v":3392.57207809999,"d":"3,392.57"},0,{"v":4.982830123,"d":"4.98"},{"v":0.0115359,"d":"0.01"},"0_20321001_505_311","G",{"v":0.0142609181186,"d":"0.01"},{"v":4.203571152e-06,"d":"0.00"},{"v":2.094568096E-5,"d":"0.00"}]
[2,203,20321,{"v":19083.04949,"d":"19,083.05"},1288,{"v":0.067494454,"d":"0.07"},"G",430,20321001,{"v":3432.16519406999,"d":"3,432.17"},50,41,91,{"v":39.5931159699999,"d":"39.59"},{"v":0.945243625,"d":"0.95"},{"v":86.0171698799999,"d":"86.02"},{"v":4.982830123,"d":"4.98"},0,"0_20321001_505",{"v":3392.57207809999,"d":"3,392.57"},0,{"v":4.982830123,"d":"4.98"},{"v":0.0115359,"d":"0.01"},"0_20321001_505_312","G",{"v":1.7320102963E-5,"d":"0.00"},{"v":5.105301E-9,"d":"0.00"},{"v":2.543885e-08,"d":"0.00"}]
[2,203,20321,{"v":19083.04949,"d":"19,083.05"},1288,{"v":0.067494454,"d":"0.07"},"G",430,20321001,{"v":3432.16519406999,"d":"3,432.17"},50,41,91,{"v":39.5931159699999,"d":"39.59"},{"v":0.945243625,"d":"0.95"},{"v":86.0171698799999,"d":"86.02"},{"v":4.982830123,"d":"4.98"},0,"0_20321001_505",{"v":3392.57207809999,"d":"3,392.57"},0,{"v":4.982830123,"d":"4.98"},{"v":0.0115359,"d":"0.01"},"0_20321001_505_313","G",{"v":14.7690271082,"d":"14.77"},{"v":0.00435334217467,"d":"0.00"},{"v":0.0216919645237,"d":"0.02"}]
[2,203,20321,{"v":19083.04949,"d":"19,083.05"},1288,{"v":0.067494454,"d":"0.07"},"G",430,20321002,{"v":5232.65538001,"d":"5,232.66"},74,51,125,{"v":35.7816877799999,"d":"35.78"},{"v":0.945243625,"d":"0.95"},{"v":118.1554531,"d":"118.16"},{"v":6.844546872,"d":"6.84"},0,"0_20321002_506",{"v":5196.87369221999,"d":"5,196.87"},0,{"v":6.844546872,"d":"6.84"},{"v":0.006838151,"d":"0.01"},"0_20321002_506_314","außerhalb GKL",{"v":5113.11424495,"d":"5,113.11"},{"v":0.98388272407,"d":"0.98"},{"v":6.73423142145,"d":"6.73"}]
[2,203,20321,{"v":19083.04949,"d":"19,083.05"},1288,{"v":0.067494454,"d":"0.07"},"G",430,20321002,{"v":5232.65538001,"d":"5,232.66"},74,51,125,{"v":35.7816877799999,"d":"35.78"},{"v":0.945243625,"d":"0.95"},{"v":118.1554531,"d":"118.16"},{"v":6.844546872,"d":"6.84"},0,"0_20321002_506",{"v":5196.87369221999,"d":"5,196.87"},0,{"v":6.844546872,"d":"6.84"},{"v":0.006838151,"d":"0.01"},"0_20321002_506_315","außerhalb GKL",{"v":0.0161005488249,"d":"0.02"},{"v":3.098122021e-06,"d":"0.00"},{"v":2.1205241386e-05,"d":"0.00"}]
[2,203,20321,{"v":19083.04949,"d":"19,083.05"},1288,{"v":0.067494454,"d":"0.07"},"G",430,20321002,{"v":5232.65538001,"d":"5,232.66"},74,51,125,{"v":35.7816877799999,"d":"35.78"},{"v":0.945243625,"d":"0.95"},{"v":118.1554531,"d":"118.16"},{"v":6.844546872,"d":"6.84"},0,"0_20321002_506",{"v":5196.87369221999,"d":"5,196.87"},0,{"v":6.844546872,"d":"6.84"},{"v":0.006838151,"d":"0.01"},"0_20321002_506_316","außerhalb GKL",{"v":0.2668361719,"d":"0.27"},{"v":5.1345518037e-05,"d":"0.00"},{"v":0.000351436804871,"d":"0.00"}]
[2,203,20321,{"v":19083.04949,"d":"19,083.05"},1288,{"v":0.067494454,"d":"0.07"},"G",430,20321002,{"v":5232.65538001,"d":"5,232.66"},74,51,125,{"v":35.7816877799999,"d":"35.78"},{"v":0.945243625,"d":"0.95"},{"v":118.1554531,"d":"118.16"},{"v":6.844546872,"d":"6.84"},0,"0_20321002_506",{"v":5196.87369221999,"d":"5,196.87"},0,{"v":6.844546872,"d":"6.84"},{"v":0.006838151,"d":"0.01"},"0_20321002_506_317","G",{"v":9.77712014629,"d":"9.78"},{"v":0.00188134650279,"d":"0.00"},{"v":0.0128769643208,"d":"0.01"}]
[2,203,20321,{"v":19083.04949,"d":"19,083.05"},1288,{"v":0.067494454,"d":"0.07"},"G",430,20321002,{"v":5232.65538001,"d":"5,232.66"},74,51,125,{"v":35.7816877799999,"d":"35.78"},{"v":0.945243625,"d":"0.95"},{"v":118.1554531,"d":"118.16"},{"v":6.844546872,"d":"6.84"},0,"0_20321002_506",{"v":5196.87369221999,"d":"5,196.87"},0,{"v":6.844546872,"d":"6.84"},{"v":0.006838151,"d":"0.01"},"0_20321002_506_318","G",{"v":4.71786840787,"d":"4.72"},{"v":0.000907828184266,"d":"0.00"},{"v":0.00621367255893,"d":"0.01"}]
[2,203,20321,{"v":19083.04949,"d":"19,083.05"},1288,{"v":0.067494454,"d":"0.07"},"G",430,20321002,{"v":5232.65538001,"d":"5,232.66"},74,51,125,{"v":35.7816877799999,"d":"35.78"},{"v":0.945243625,"d":"0.95"},{"v":118.1554531,"d":"118.16"},{"v":6.844546872,"d":"6.84"},0,"0_20321002_506",{"v":5196.87369221999,"d":"5,196.87"},0,{"v":6.844546872,"d":"6.84"},{"v":0.006838151,"d":"0.01"},"0_20321002_506_319","G",{"v":7.39250804349,"d":"7.39"},{"v":0.00142249138257,"d":"0.00"},{"v":0.00973630894302,"d":"0.01"}]
[2,203,20321,{"v":19083.04949,"d":"19,083.05"},1288,{"v":0.067494454,"d":"0.07"},"G",430,20321002,{"v":5232.65538001,"d":"5,232.66"},74,51,125,{"v":35.7816877799999,"d":"35.78"},{"v":0.945243625,"d":"0.95"},{"v":118.1554531,"d":"118.16"},{"v":6.844546872,"d":"6.84"},0,"0_20321002_506",{"v":5196.87369221999,"d":"5,196.87"},0,{"v":6.844546872,"d":"6.84"},{"v":0.006838151,"d":"0.01"},"0_20321002_506_320","G",{"v":2.08898977707,"d":"2.09"},{"v":0.000401970473171,"d":"0.00"},{"v":0.00275130574478,"d":"0.00"}]
[2,203,20321,{"v":19083.04949,"d":"19,083.05"},1288,{"v":0.067494454,"d":"0.07"},"G",430,20321002,{"v":5232.65538001,"d":"5,232.66"},74,51,125,{"v":35.7816877799999,"d":"35.78"},{"v":0.945243625,"d":"0.95"},{"v":118.1554531,"d":"118.16"},{"v":6.844546872,"d":"6.84"},0,"0_20321002_506",{"v":5196.87369221999,"d":"5,196.87"},0,{"v":6.844546872,"d":"6.84"},{"v":0.006838151,"d":"0.01"},"0_20321002_506_321","G",{"v":3.47535607521,"d":"3.48"},{"v":0.000668739761833,"d":"0.00"},{"v":0.00457722064504,"d":"0.00"}]
[2,203,20321,{"v":19083.04949,"d":"19,083.05"},1288,{"v":0.067494454,"d":"0.07"},"G",430,20321002,{"v":5232.65538001,"d":"5,232.66"},74,51,125,{"v":35.7816877799999,"d":"35.78"},{"v":0.945243625,"d":"0.95"},{"v":118.1554531,"d":"118.16"},{"v":6.844546872,"d":"6.84"},0,"0_20321002_506",{"v":5196.87369221999,"d":"5,196.87"},0,{"v":6.844546872,"d":"6.84"},{"v":0.006838151,"d":"0.01"},"0_20321002_506_322","G",{"v":44.1809376948,"d":"44.18"},{"v":0.00850144535184,"d":"0.01"},{"v":0.0581885411904,"d":"0.06"}]
[2,203,20321,{"v":19083.04949,"d":"19,083.05"},1288,{"v":0.067494454,"d":"0.07"},"G",430,20321002,{"v":5232.65538001,"d":"5,232.66"},74,51,125,{"v":35.7816877799999,"d":"35.78"},{"v":0.945243625,"d":"0.95"},{"v":118.1554531,"d":"118.16"},{"v":6.844546872,"d":"6.84"},0,"0_20321002_506",{"v":5196.87369221999,"d":"5,196.87"},0,{"v":6.844546872,"d":"6.84"},{"v":0.006838151,"d":"0.01"},"0_20321002_506_323","G",{"v":0.172827564593,"d":"0.17"},{"v":3.3256064093e-05,"d":"0.00"},{"v":0.000227622689465,"d":"0.00"}]
[2,203,20321,{"v":19083.04949,"d":"19,083.05"},1288,{"v":0.067494454,"d":"0.07"},"G",430,20321002,{"v":5232.65538001,"d":"5,232.66"},74,51,125,{"v":35.7816877799999,"d":"35.78"},{"v":0.945243625,"d":"0.95"},{"v":118.1554531,"d":"118.16"},{"v":6.844546872,"d":"6.84"},0,"0_20321002_506",{"v":5196.87369221999,"d":"5,196.87"},0,{"v":6.844546872,"d":"6.84"},{"v":0.006838151,"d":"0.01"},"0_20321002_506_324","G",{"v":11.6709028441,"d":"11.67"},{"v":0.00224575457002,"d":"0.00"},{"v":0.0153711724175,"d":"0.02"}]
[2,203,20321,{"v":19083.04949,"d":"19,083.05"},1288,{"v":0.067494454,"d":"0.07"},"G",430,20321003,{"v":5303.72826856,"d":"5,303.73"},33,11,44,{"v":19.864868,"d":"19.86"},{"v":0.945243625,"d":"0.95"},{"v":41.5907194999999,"d":"41.59"},{"v":2.409280499,"d":"2.41"},0,"0_20321003_507",{"v":5283.86340056999,"d":"5,283.86"},0,{"v":2.409280499,"d":"2.41"},{"v":0.003745454,"d":"0.00"},"0_20321003_507_325","außerhalb GKL",{"v":5254.05187299,"d":"5,254.05"},{"v":0.994358005626,"d":"0.99"},{"v":2.39568735198,"d":"2.40"}]
[2,203,20321,{"v":19083.04949,"d":"19,083.05"},1288,{"v":0.067494454,"d":"0.07"},"G",430,20321003,{"v":5303.72826856,"d":"5,303.73"},33,11,44,{"v":19.864868,"d":"19.86"},{"v":0.945243625,"d":"0.95"},{"v":41.5907194999999,"d":"41.59"},{"v":2.409280499,"d":"2.41"},0,"0_20321003_507",{"v":5283.86340056999,"d":"5,283.86"},0,{"v":2.409280499,"d":"2.41"},{"v":0.003745454,"d":"0.00"},"0_20321003_507_326","außerhalb GKL",{"v":0.00362401619734,"d":"0.00"},{"v":6.85864854e-07,"d":"0.00"},{"v":1.652440817E-6,"d":"0.00"}]
[2,203,20321,{"v":19083.04949,"d":"19,083.05"},1288,{"v":0.067494454,"d":"0.07"},"G",430,20321003,{"v":5303.72826856,"d":"5,303.73"},33,11,44,{"v":19.864868,"d":"19.86"},{"v":0.945243625,"d":"0.95"},{"v":41.5907194999999,"d":"41.59"},{"v":2.409280499,"d":"2.41"},0,"0_20321003_507",{"v":5283.86340056999,"d":"5,283.86"},0,{"v":2.409280499,"d":"2.41"},{"v":0.003745454,"d":"0.00"},"0_20321003_507_327","außerhalb GKL",{"v":0.00538451243035,"d":"0.01"},{"v":1.019048378e-06,"d":"0.00"},{"v":2.455173386E-6,"d":"0.00"}]
[2,203,20321,{"v":19083.04949,"d":"19,083.05"},1288,{"v":0.067494454,"d":"0.07"},"G",430,20321003,{"v":5303.72826856,"d":"5,303.73"},33,11,44,{"v":19.864868,"d":"19.86"},{"v":0.945243625,"d":"0.95"},{"v":41.5907194999999,"d":"41.59"},{"v":2.409280499,"d":"2.41"},0,"0_20321003_507",{"v":5283.86340056999,"d":"5,283.86"},0,{"v":2.409280499,"d":"2.41"},{"v":0.003745454,"d":"0.00"},"0_20321003_507_328","G",{"v":12.5856735358,"d":"12.59"},{"v":2.38190743811E-3,"d":"0.00"},{"v":0.00573868314106,"d":"0.01"}]
[2,203,20321,{"v":19083.04949,"d":"19,083.05"},1288,{"v":0.067494454,"d":"0.07"},"G",430,20321003,{"v":5303.72826856,"d":"5,303.73"},33,11,44,{"v":19.864868,"d":"19.86"},{"v":0.945243625,"d":"0.95"},{"v":41.5907194999999,"d":"41.59"},{"v":2.409280499,"d":"2.41"},0,"0_20321003_507",{"v":5283.86340056999,"d":"5,283.86"},0,{"v":2.409280499,"d":"2.41"},{"v":0.003745454,"d":"0.00"},"0_20321003_507_329","G",{"v":15.7839713876999,"d":"15.78"},{"v":2.98720277023E-3,"d":"0.00"},{"v":0.00719700938087,"d":"0.01"}]
[2,203,20321,{"v":19083.04949,"d":"19,083.05"},1288,{"v":0.067494454,"d":"0.07"},"G",430,20321003,{"v":5303.72826856,"d":"5,303.73"},33,11,44,{"v":19.864868,"d":"19.86"},{"v":0.945243625,"d":"0.95"},{"v":41.5907194999999,"d":"41.59"},{"v":2.409280499,"d":"2.41"},0,"0_20321003_507",{"v":5283.86340056999,"d":"5,283.86"},0,{"v":2.409280499,"d":"2.41"},{"v":0.003745454,"d":"0.00"},"0_20321003_507_330","G",{"v":1.17197837959,"d":"1.17"},{"v":2.21803307683E-4,"d":"0.00"},{"v":0.000534386383814,"d":"0.00"}]
[2,203,20321,{"v":19083.04949,"d":"19,083.05"},1288,{"v":0.067494454,"d":"0.07"},"G",430,20321003,{"v":5303.72826856,"d":"5,303.73"},33,11,44,{"v":19.864868,"d":"19.86"},{"v":0.945243625,"d":"0.95"},{"v":41.5907194999999,"d":"41.59"},{"v":2.409280499,"d":"2.41"},0,"0_20321003_507",{"v":5283.86340056999,"d":"5,283.86"},0,{"v":2.409280499,"d":"2.41"},{"v":0.003745454,"d":"0.00"},"0_20321003_507_331","G",{"v":0.260895746118,"d":"0.26"},{"v":4.937594452e-05,"d":"0.00"},{"v":0.000118960500252,"d":"0.00"}]
[2,206,20603,{"v":5423.585106,"d":"5,423.59"},1268,{"v":0.233793695,"d":"0.23"},"G",410,20603000,{"v":5423.58510561999,"d":"5,423.59"},135,180,315,{"v":96.36031217,"d":"96.36"},{"v":0.93996673,"d":"0.94"},{"v":296.0895201,"d":"296.09"},{"v":18.9104799099999,"d":"18.91"},0,"0_20603000_618",{"v":5327.22479345,"d":"5,327.22"},0,{"v":18.9104799099999,"d":"18.91"},{"v":0.017766903,"d":"0.02"},"0_20603000_618_332","außerhalb GKL",{"v":5151.49799129999,"d":"5,151.50"},{"v":0.967013443404,"d":"0.97"},{"v":18.2866882942,"d":"18.29"}]
[2,206,20603,{"v":5423.585106,"d":"5,423.59"},1268,{"v":0.233793695,"d":"0.23"},"G",410,20603000,{"v":5423.58510561999,"d":"5,423.59"},135,180,315,{"v":96.36031217,"d":"96.36"},{"v":0.93996673,"d":"0.94"},{"v":296.0895201,"d":"296.09"},{"v":18.9104799099999,"d":"18.91"},0,"0_20603000_618",{"v":5327.22479345,"d":"5,327.22"},0,{"v":18.9104799099999,"d":"18.91"},{"v":0.017766903,"d":"0.02"},"0_20603000_618_333","außerhalb GKL",{"v":0.00169609918572,"d":"0.00"},{"v":3.18383258e-07,"d":"0.00"},{"v":6.020780204e-06,"d":"0.00"}]
[2,206,20603,{"v":5423.585106,"d":"5,423.59"},1268,{"v":0.233793695,"d":"0.23"},"G",410,20603000,{"v":5423.58510561999,"d":"5,423.59"},135,180,315,{"v":96.36031217,"d":"96.36"},{"v":0.93996673,"d":"0.94"},{"v":296.0895201,"d":"296.09"},{"v":18.9104799099999,"d":"18.91"},0,"0_20603000_618",{"v":5327.22479345,"d":"5,327.22"},0,{"v":18.9104799099999,"d":"18.91"},{"v":0.017766903,"d":"0.02"},"0_20603000_618_334","außerhalb GKL",{"v":0.00579615546428,"d":"0.01"},{"v":1.088025321e-06,"d":"0.00"},{"v":2.0575080969E-5,"d":"0.00"}]
[2,206,20603,{"v":5423.585106,"d":"5,423.59"},1268,{"v":0.233793695,"d":"0.23"},"G",410,20603000,{"v":5423.58510561999,"d":"5,423.59"},135,180,315,{"v":96.36031217,"d":"96.36"},{"v":0.93996673,"d":"0.94"},{"v":296.0895201,"d":"296.09"},{"v":18.9104799099999,"d":"18.91"},0,"0_20603000_618",{"v":5327.22479345,"d":"5,327.22"},0,{"v":18.9104799099999,"d":"18.91"},{"v":0.017766903,"d":"0.02"},"0_20603000_618_335","außerhalb GKL",{"v":0.00069924712701,"d":"0.00"},{"v":1.31259174e-07,"d":"0.00"},{"v":2.482173976e-06,"d":"0.00"}]
[2,206,20603,{"v":5423.585106,"d":"5,423.59"},1268,{"v":0.233793695,"d":"0.23"},"G",410,20603000,{"v":5423.58510561999,"d":"5,423.59"},135,180,315,{"v":96.36031217,"d":"96.36"},{"v":0.93996673,"d":"0.94"},{"v":296.0895201,"d":"296.09"},{"v":18.9104799099999,"d":"18.91"},0,"0_20603000_618",{"v":5327.22479345,"d":"5,327.22"},0,{"v":18.9104799099999,"d":"18.91"},{"v":0.017766903,"d":"0.02"},"0_20603000_618_336","C",{"v":4.14065906349,"d":"4.14"},{"v":0.000777263814469,"d":"0.00"},{"v":0.0146984317483,"d":"0.01"}]
[2,206,20603,{"v":5423.585106,"d":"5,423.59"},1268,{"v":0.233793695,"d":"0.23"},"G",410,20603000,{"v":5423.58510561999,"d":"5,423.59"},135,180,315,{"v":96.36031217,"d":"96.36"},{"v":0.93996673,"d":"0.94"},{"v":296.0895201,"d":"296.09"},{"v":18.9104799099999,"d":"18.91"},0,"0_20603000_618",{"v":5327.22479345,"d":"5,327.22"},0,{"v":18.9104799099999,"d":"18.91"},{"v":0.017766903,"d":"0.02"},"0_20603000_618_337","C",{"v":0.374152152325,"d":"0.37"},{"v":7.0233971126e-05,"d":"0.00"},{"v":1.32815809998E-3,"d":"0.00"}]
[2,206,20603,{"v":5423.585106,"d":"5,423.59"},1268,{"v":0.233793695,"d":"0.23"},"G",410,20603000,{"v":5423.58510561999,"d":"5,423.59"},135,180,315,{"v":96.36031217,"d":"96.36"},{"v":0.93996673,"d":"0.94"},{"v":296.0895201,"d":"296.09"},{"v":18.9104799099999,"d":"18.91"},0,"0_20603000_618",{"v":5327.22479345,"d":"5,327.22"},0,{"v":18.9104799099999,"d":"18.91"},{"v":0.017766903,"d":"0.02"},"0_20603000_618_338","C",{"v":0.00673966354874,"d":"0.01"},{"v":1.26513594e-06,"d":"0.00"},{"v":2.3924327784e-05,"d":"0.00"}]
[2,206,20603,{"v":5423.585106,"d":"5,423.59"},1268,{"v":0.233793695,"d":"0.23"},"G",410,20603000,{"v":5423.58510561999,"d":"5,423.59"},135,180,315,{"v":96.36031217,"d":"96.36"},{"v":0.93996673,"d":"0.94"},{"v":296.0895201,"d":"296.09"},{"v":18.9104799099999,"d":"18.91"},0,"0_20603000_618",{"v":5327.22479345,"d":"5,327.22"},0,{"v":18.9104799099999,"d":"18.91"},{"v":0.017766903,"d":"0.02"},"0_20603000_618_339","C",{"v":0.987690975296,"d":"0.99"},{"v":0.000185404411038,"d":"0.00"},{"v":0.00350608639016,"d":"0.00"}]
[2,206,20603,{"v":5423.585106,"d":"5,423.59"},1268,{"v":0.233793695,"d":"0.23"},"G",410,20603000,{"v":5423.58510561999,"d":"5,423.59"},135,180,315,{"v":96.36031217,"d":"96.36"},{"v":0.93996673,"d":"0.94"},{"v":296.0895201,"d":"296.09"},{"v":18.9104799099999,"d":"18.91"},0,"0_20603000_618",{"v":5327.22479345,"d":"5,327.22"},0,{"v":18.9104799099999,"d":"18.91"},{"v":0.017766903,"d":"0.02"},"0_20603000_618_340","D",{"v":0.744244013433,"d":"0.74"},{"v":0.000139705764688,"d":"0.00"},{"v":0.00264190305644,"d":"0.00"}]
[2,206,20603,{"v":5423.585106,"d":"5,423.59"},1268,{"v":0.233793695,"d":"0.23"},"G",410,20603000,{"v":5423.58510561999,"d":"5,423.59"},135,180,315,{"v":96.36031217,"d":"96.36"},{"v":0.93996673,"d":"0.94"},{"v":296.0895201,"d":"296.09"},{"v":18.9104799099999,"d":"18.91"},0,"0_20603000_618",{"v":5327.22479345,"d":"5,327.22"},0,{"v":18.9104799099999,"d":"18.91"},{"v":0.017766903,"d":"0.02"},"0_20603000_618_341","D",{"v":0.0353402351544,"d":"0.04"},{"v":6.633892228e-06,"d":"0.00"},{"v":0.000125450085704,"d":"0.00"}]
[2,206,20603,{"v":5423.585106,"d":"5,423.59"},1268,{"v":0.233793695,"d":"0.23"},"G",410,20603000,{"v":5423.58510561999,"d":"5,423.59"},135,180,315,{"v":96.36031217,"d":"96.36"},{"v":0.93996673,"d":"0.94"},{"v":296.0895201,"d":"296.09"},{"v":18.9104799099999,"d":"18.91"},0,"0_20603000_618",{"v":5327.22479345,"d":"5,327.22"},0,{"v":18.9104799099999,"d":"18.91"},{"v":0.017766903,"d":"0.02"},"0_20603000_618_342","D",{"v":7.98441914217,"d":"7.98"},{"v":0.00149879523612,"d":"0.00"},{"v":0.0283429372019,"d":"0.03"}]
[2,206,20603,{"v":5423.585106,"d":"5,423.59"},1268,{"v":0.233793695,"d":"0.23"},"G",410,20603000,{"v":5423.58510561999,"d":"5,423.59"},135,180,315,{"v":96.36031217,"d":"96.36"},{"v":0.93996673,"d":"0.94"},{"v":296.0895201,"d":"296.09"},{"v":18.9104799099999,"d":"18.91"},0,"0_20603000_618",{"v":5327.22479345,"d":"5,327.22"},0,{"v":18.9104799099999,"d":"18.91"},{"v":0.017766903,"d":"0.02"},"0_20603000_618_343","D",{"v":2.40309773322,"d":"2.40"},{"v":0.000451097490043,"d":"0.00"},{"v":0.00853047002291,"d":"0.01"}]
[2,206,20603,{"v":5423.585106,"d":"5,423.59"},1268,{"v":0.233793695,"d":"0.23"},"G",410,20603000,{"v":5423.58510561999,"d":"5,423.59"},135,180,315,{"v":96.36031217,"d":"96.36"},{"v":0.93996673,"d":"0.94"},{"v":296.0895201,"d":"296.09"},{"v":18.9104799099999,"d":"18.91"},0,"0_20603000_618",{"v":5327.22479345,"d":"5,327.22"},0,{"v":18.9104799099999,"d":"18.91"},{"v":0.017766903,"d":"0.02"},"0_20603000_618_344","D",{"v":0.365648528728,"d":"0.37"},{"v":6.8637713426e-05,"d":"0.00"},{"v":1.29797210081E-3,"d":"0.00"}]
[2,206,20603,{"v":5423.585106,"d":"5,423.59"},1268,{"v":0.233793695,"d":"0.23"},"G",410,20603000,{"v":5423.58510561999,"d":"5,423.59"},135,180,315,{"v":96.36031217,"d":"96.36"},{"v":0.93996673,"d":"0.94"},{"v":296.0895201,"d":"296.09"},{"v":18.9104799099999,"d":"18.91"},0,"0_20603000_618",{"v":5327.22479345,"d":"5,327.22"},0,{"v":18.9104799099999,"d":"18.91"},{"v":0.017766903,"d":"0.02"},"0_20603000_618_345","D",{"v":0.000719567905046,"d":"0.00"},{"v":1.35073689e-07,"d":"0.00"},{"v":2.554308282E-6,"d":"0.00"}]
[2,206,20603,{"v":5423.585106,"d":"5,423.59"},1268,{"v":0.233793695,"d":"0.23"},"G",410,20603000,{"v":5423.58510561999,"d":"5,423.59"},135,180,315,{"v":96.36031217,"d":"96.36"},{"v":0.93996673,"d":"0.94"},{"v":296.0895201,"d":"296.09"},{"v":18.9104799099999,"d":"18.91"},0,"0_20603000_618",{"v":5327.22479345,"d":"5,327.22"},0,{"v":18.9104799099999,"d":"18.91"},{"v":0.017766903,"d":"0.02"},"0_20603000_618_346","D",{"v":0.562634275947,"d":"0.56"},{"v":1.05614892887E-4,"d":"0.00"},{"v":0.00199722831014,"d":"0.00"}]
[2,206,20603,{"v":5423.585106,"d":"5,423.59"},1268,{"v":0.233793695,"d":"0.23"},"G",410,20603000,{"v":5423.58510561999,"d":"5,423.59"},135,180,315,{"v":96.36031217,"d":"96.36"},{"v":0.93996673,"d":"0.94"},{"v":296.0895201,"d":"296.09"},{"v":18.9104799099999,"d":"18.91"},0,"0_20603000_618",{"v":5327.22479345,"d":"5,327.22"},0,{"v":18.9104799099999,"d":"18.91"},{"v":0.017766903,"d":"0.02"},"0_20603000_618_347","D",{"v":0.00540052783856,"d":"0.01"},{"v":1.013760081e-06,"d":"0.00"},{"v":1.9170689647E-5,"d":"0.00"}]
[2,206,20603,{"v":5423.585106,"d":"5,423.59"},1268,{"v":0.233793695,"d":"0.23"},"G",410,20603000,{"v":5423.58510561999,"d":"5,423.59"},135,180,315,{"v":96.36031217,"d":"96.36"},{"v":0.93996673,"d":"0.94"},{"v":296.0895201,"d":"296.09"},{"v":18.9104799099999,"d":"18.91"},0,"0_20603000_618",{"v":5327.22479345,"d":"5,327.22"},0,{"v":18.9104799099999,"d":"18.91"},{"v":0.017766903,"d":"0.02"},"0_20603000_618_348","D",{"v":0.780864091585,"d":"0.78"},{"v":1.46579902644E-4,"d":"0.00"},{"v":2.77189630416E-3,"d":"0.00"}]
[2,206,20603,{"v":5423.585106,"d":"5,423.59"},1268,{"v":0.233793695,"d":"0.23"},"G",410,20603000,{"v":5423.58510561999,"d":"5,423.59"},135,180,315,{"v":96.36031217,"d":"96.36"},{"v":0.93996673,"d":"0.94"},{"v":296.0895201,"d":"296.09"},{"v":18.9104799099999,"d":"18.91"},0,"0_20603000_618",{"v":5327.22479345,"d":"5,327.22"},0,{"v":18.9104799099999,"d":"18.91"},{"v":0.017766903,"d":"0.02"},"0_20603000_618_349","D",{"v":0.0532264904375,"d":"0.05"},{"v":9.991410631e-06,"d":"0.00"},{"v":1.88942370019E-4,"d":"0.00"}]
[2,206,20603,{"v":5423.585106,"d":"5,423.59"},1268,{"v":0.233793695,"d":"0.23"},"G",410,20603000,{"v":5423.58510561999,"d":"5,423.59"},135,180,315,{"v":96.36031217,"d":"96.36"},{"v":0.93996673,"d":"0.94"},{"v":296.0895201,"d":"296.09"},{"v":18.9104799099999,"d":"18.91"},0,"0_20603000_618",{"v":5327.22479345,"d":"5,327.22"},0,{"v":18.9104799099999,"d":"18.91"},{"v":0.017766903,"d":"0.02"},"0_20603000_618_350","E",{"v":3.16956474001,"d":"3.17"},{"v":0.00059497484392,"d":"0.00"},{"v":0.0112512598329,"d":"0.01"}]
[2,206,20603,{"v":5423.585106,"d":"5,423.59"},1268,{"v":0.233793695,"d":"0.23"},"G",410,20603000,{"v":5423.58510561999,"d":"5,423.59"},135,180,315,{"v":96.36031217,"d":"96.36"},{"v":0.93996673,"d":"0.94"},{"v":296.0895201,"d":"296.09"},{"v":18.9104799099999,"d":"18.91"},0,"0_20603000_618",{"v":5327.22479345,"d":"5,327.22"},0,{"v":18.9104799099999,"d":"18.91"},{"v":0.017766903,"d":"0.02"},"0_20603000_618_351","E",{"v":0.0282975644789,"d":"0.03"},{"v":5.311877305e-06,"d":"0.00"},{"v":1.0045014906E-4,"d":"0.00"}]
[2,206,20603,{"v":5423.585106,"d":"5,423.59"},1268,{"v":0.233793695,"d":"0.23"},"G",410,20603000,{"v":5423.58510561999,"d":"5,423.59"},135,180,315,{"v":96.36031217,"d":"96.36"},{"v":0.93996673,"d":"0.94"},{"v":296.0895201,"d":"296.09"},{"v":18.9104799099999,"d":"18.91"},0,"0_20603000_618",{"v":5327.22479345,"d":"5,327.22"},0,{"v":18.9104799099999,"d":"18.91"},{"v":0.017766903,"d":"0.02"},"0_20603000_618_352","E",{"v":3.05131784978,"d":"3.05"},{"v":0.000572778128967,"d":"0.00"},{"v":0.0108315093007,"d":"0.01"}]
[2,206,20603,{"v":5423.585106,"d":"5,423.59"},1268,{"v":0.233793695,"d":"0.23"},"G",410,20603000,{"v":5423.58510561999,"d":"5,423.59"},135,180,315,{"v":96.36031217,"d":"96.36"},{"v":0.93996673,"d":"0.94"},{"v":296.0895201,"d":"296.09"},{"v":18.9104799099999,"d":"18.91"},0,"0_20603000_618",{"v":5327.22479345,"d":"5,327.22"},0,{"v":18.9104799099999,"d":"18.91"},{"v":0.017766903,"d":"0.02"},"0_20603000_618_353","E",{"v":12.3047529332,"d":"12.30"},{"v":0.002309786692,"d":"0.00"},{"v":0.0436791748355,"d":"0.04"}]
[2,206,20603,{"v":5423.585106,"d":"5,423.59"},1268,{"v":0.233793695,"d":"0.23"},"G",410,20603000,{"v":5423.58510561999,"d":"5,423.59"},135,180,315,{"v":96.36031217,"d":"96.36"},{"v":0.93996673,"d":"0.94"},{"v":296.0895201,"d":"296.09"},{"v":18.9104799099999,"d":"18.91"},0,"0_20603000_618",{"v":5327.22479345,"d":"5,327.22"},0,{"v":18.9104799099999,"d":"18.91"},{"v":0.017766903,"d":"0.02"},"0_20603000_618_354","E",{"v":21.6437901564,"d":"21.64"},{"v":0.00406286406067,"d":"0.00"},{"v":0.0768307091964,"d":"0.08"}]
[2,206,20603,{"v":5423.585106,"d":"5,423.59"},1268,{"v":0.233793695,"d":"0.23"},"G",410,20603000,{"v":5423.58510561999,"d":"5,423.59"},135,180,315,{"v":96.36031217,"d":"96.36"},{"v":0.93996673,"d":"0.94"},{"v":296.0895201,"d":"296.09"},{"v":18.9104799099999,"d":"18.91"},0,"0_20603000_618",{"v":5327.22479345,"d":"5,327.22"},0,{"v":18.9104799099999,"d":"18.91"},{"v":0.017766903,"d":"0.02"},"0_20603000_618_355","E",{"v":0.000501862377369,"d":"0.00"},{"v":9.4207096e-08,"d":"0.00"},{"v":1.781501396E-6,"d":"0.00"}]
[2,206,20603,{"v":5423.585106,"d":"5,423.59"},1268,{"v":0.233793695,"d":"0.23"},"G",410,20603000,{"v":5423.58510561999,"d":"5,423.59"},135,180,315,{"v":96.36031217,"d":"96.36"},{"v":0.93996673,"d":"0.94"},{"v":296.0895201,"d":"296.09"},{"v":18.9104799099999,"d":"18.91"},0,"0_20603000_618",{"v":5327.22479345,"d":"5,327.22"},0,{"v":18.9104799099999,"d":"18.91"},{"v":0.017766903,"d":"0.02"},"0_20603000_618_356","F",{"v":59.0342532164,"d":"59.03"},{"v":0.0110816148192,"d":"0.01"},{"v":0.209558654409,"d":"0.21"}]
[2,206,20603,{"v":5423.585106,"d":"5,423.59"},1268,{"v":0.233793695,"d":"0.23"},"G",410,20603000,{"v":5423.58510561999,"d":"5,423.59"},135,180,315,{"v":96.36031217,"d":"96.36"},{"v":0.93996673,"d":"0.94"},{"v":296.0895201,"d":"296.09"},{"v":18.9104799099999,"d":"18.91"},0,"0_20603000_618",{"v":5327.22479345,"d":"5,327.22"},0,{"v":18.9104799099999,"d":"18.91"},{"v":0.017766903,"d":"0.02"},"0_20603000_618_357","F",{"v":0.0989445558077,"d":"0.10"},{"v":1.8573377254e-05,"d":"0.00"},{"v":0.00035123147743,"d":"0.00"}]
[2,206,20603,{"v":5423.585106,"d":"5,423.59"},1268,{"v":0.233793695,"d":"0.23"},"G",410,20603000,{"v":5423.58510561999,"d":"5,423.59"},135,180,315,{"v":96.36031217,"d":"96.36"},{"v":0.93996673,"d":"0.94"},{"v":296.0895201,"d":"296.09"},{"v":18.9104799099999,"d":"18.91"},0,"0_20603000_618",{"v":5327.22479345,"d":"5,327.22"},0,{"v":18.9104799099999,"d":"18.91"},{"v":0.017766903,"d":"0.02"},"0_20603000_618_358","F",{"v":0.00659924464291,"d":"0.01"},{"v":1.238777206E-6,"d":"0.00"},{"v":2.3425871458e-05,"d":"0.00"}]
[2,206,20603,{"v":5423.585106,"d":"5,423.59"},1268,{"v":0.233793695,"d":"0.23"},"G",410,20603000,{"v":5423.58510561999,"d":"5,423.59"},135,180,315,{"v":96.36031217,"d":"96.36"},{"v":0.93996673,"d":"0.94"},{"v":296.0895201,"d":"296.09"},{"v":18.9104799099999,"d":"18.91"},0,"0_20603000_618",{"v":5327.22479345,"d":"5,327.22"},0,{"v":18.9104799099999,"d":"18.91"},{"v":0.017766903,"d":"0.02"},"0_20603000_618_359","F",{"v":0.0957176677474,"d":"0.10"},{"v":1.7967641963E-5,"d":"0.00"},{"v":0.000339776732379,"d":"0.00"}]
[2,206,20603,{"v":5423.585106,"d":"5,423.59"},1268,{"v":0.233793695,"d":"0.23"},"G",410,20603000,{"v":5423.58510561999,"d":"5,423.59"},135,180,315,{"v":96.36031217,"d":"96.36"},{"v":0.93996673,"d":"0.94"},{"v":296.0895201,"d":"296.09"},{"v":18.9104799099999,"d":"18.91"},0,"0_20603000_618",{"v":5327.22479345,"d":"5,327.22"},0,{"v":18.9104799099999,"d":"18.91"},{"v":0.017766903,"d":"0.02"},"0_20603000_618_360","G",{"v":27.1981734945999,"d":"27.20"},{"v":5.1055051268E-3,"d":"0.01"},{"v":0.0965475521308,"d":"0.10"}]
[2,206,20603,{"v":5423.585106,"d":"5,423.59"},1268,{"v":0.233793695,"d":"0.23"},"G",410,20603000,{"v":5423.58510561999,"d":"5,423.59"},135,180,315,{"v":96.36031217,"d":"96.36"},{"v":0.93996673,"d":"0.94"},{"v":296.0895201,"d":"296.09"},{"v":18.9104799099999,"d":"18.91"},0,"0_20603000_618",{"v":5327.22479345,"d":"5,327.22"},0,{"v":18.9104799099999,"d":"18.91"},{"v":0.017766903,"d":"0.02"},"0_20603000_618_361","G",{"v":30.2197919181,"d":"30.22"},{"v":0.00567270822798,"d":"0.01"},{"v":0.107273634981,"d":"0.11"}]
[2,206,20603,{"v":5423.585106,"d":"5,423.59"},1268,{"v":0.233793695,"d":"0.23"},"G",410,20603000,{"v":5423.58510561999,"d":"5,423.59"},135,180,315,{"v":96.36031217,"d":"96.36"},{"v":0.93996673,"d":"0.94"},{"v":296.0895201,"d":"296.09"},{"v":18.9104799099999,"d":"18.91"},0,"0_20603000_618",{"v":5327.22479345,"d":"5,327.22"},0,{"v":18.9104799099999,"d":"18.91"},{"v":0.017766903,"d":"0.02"},"0_20603000_618_362","G",{"v":0.0287500596744,"d":"0.03"},{"v":5.39681744e-06,"d":"0.00"},{"v":0.000102056407785,"d":"0.00"}]
[2,206,20603,{"v":5423.585106,"d":"5,423.59"},1268,{"v":0.233793695,"d":"0.23"},"G",410,20603000,{"v":5423.58510561999,"d":"5,423.59"},135,180,315,{"v":96.36031217,"d":"96.36"},{"v":0.93996673,"d":"0.94"},{"v":296.0895201,"d":"296.09"},{"v":18.9104799099999,"d":"18.91"},0,"0_20603000_618",{"v":5327.22479345,"d":"5,327.22"},0,{"v":18.9104799099999,"d":"18.91"},{"v":0.017766903,"d":"0.02"},"0_20603000_618_363","G",{"v":0.393318926924,"d":"0.39"},{"v":7.3831862212e-05,"d":"0.00"},{"v":1.39619594708E-3,"d":"0.00"}]
[2,206,20604,{"v":7609.177273,"d":"7,609.18"},1590,{"v":0.208958202,"d":"0.21"},"G",410,20604000,{"v":7609.17727264,"d":"7,609.18"},121,439,560,{"v":169.100432799999,"d":"169.10"},{"v":0.93996673,"d":"0.94"},{"v":526.381368999999,"d":"526.38"},{"v":33.6186309599999,"d":"33.62"},0,"0_20604000_619",{"v":7440.07683986,"d":"7,440.08"},0,{"v":33.6186309599999,"d":"33.62"},{"v":0.022223222,"d":"0.02"},"0_20604000_619_364","außerhalb GKL",{"v":7271.91087730999,"d":"7,271.91"},{"v":0.977397281484,"d":"0.98"},{"v":32.8587585074999,"d":"32.86"}]
[2,206,20604,{"v":7609.177273,"d":"7,609.18"},1590,{"v":0.208958202,"d":"0.21"},"G",410,20604000,{"v":7609.17727264,"d":"7,609.18"},121,439,560,{"v":169.100432799999,"d":"169.10"},{"v":0.93996673,"d":"0.94"},{"v":526.381368999999,"d":"526.38"},{"v":33.6186309599999,"d":"33.62"},0,"0_20604000_619",{"v":7440.07683986,"d":"7,440.08"},0,{"v":33.6186309599999,"d":"33.62"},{"v":0.022223222,"d":"0.02"},"0_20604000_619_365","außerhalb GKL",{"v":2.38106801942,"d":"2.38"},{"v":3.20032718837E-4,"d":"0.00"},{"v":0.0107590618697,"d":"0.01"}]
[2,206,20604,{"v":7609.177273,"d":"7,609.18"},1590,{"v":0.208958202,"d":"0.21"},"G",410,20604000,{"v":7609.17727264,"d":"7,609.18"},121,439,560,{"v":169.100432799999,"d":"169.10"},{"v":0.93996673,"d":"0.94"},{"v":526.381368999999,"d":"526.38"},{"v":33.6186309599999,"d":"33.62"},0,"0_20604000_619",{"v":7440.07683986,"d":"7,440.08"},0,{"v":33.6186309599999,"d":"33.62"},{"v":0.022223222,"d":"0.02"},"0_20604000_619_366","außerhalb GKL",{"v":0.159620845487,"d":"0.16"},{"v":2.1454193138E-5,"d":"0.00"},{"v":0.000721260601664,"d":"0.00"}]
[2,206,20604,{"v":7609.177273,"d":"7,609.18"},1590,{"v":0.208958202,"d":"0.21"},"G",410,20604000,{"v":7609.17727264,"d":"7,609.18"},121,439,560,{"v":169.100432799999,"d":"169.10"},{"v":0.93996673,"d":"0.94"},{"v":526.381368999999,"d":"526.38"},{"v":33.6186309599999,"d":"33.62"},0,"0_20604000_619",{"v":7440.07683986,"d":"7,440.08"},0,{"v":33.6186309599999,"d":"33.62"},{"v":0.022223222,"d":"0.02"},"0_20604000_619_367","D",{"v":0.495277885264,"d":"0.50"},{"v":6.6568920715E-5,"d":"0.00"},{"v":0.00223795597891,"d":"0.00"}]
[2,206,20604,{"v":7609.177273,"d":"7,609.18"},1590,{"v":0.208958202,"d":"0.21"},"G",410,20604000,{"v":7609.17727264,"d":"7,609.18"},121,439,560,{"v":169.100432799999,"d":"169.10"},{"v":0.93996673,"d":"0.94"},{"v":526.381368999999,"d":"526.38"},{"v":33.6186309599999,"d":"33.62"},0,"0_20604000_619",{"v":7440.07683986,"d":"7,440.08"},0,{"v":33.6186309599999,"d":"33.62"},{"v":0.022223222,"d":"0.02"},"0_20604000_619_368","D",{"v":4.89118382139,"d":"4.89"},{"v":0.0006574103906,"d":"0.00"},{"v":0.0221012373109,"d":"0.02"}]
[2,206,20604,{"v":7609.177273,"d":"7,609.18"},1590,{"v":0.208958202,"d":"0.21"},"G",410,20604000,{"v":7609.17727264,"d":"7,609.18"},121,439,560,{"v":169.100432799999,"d":"169.10"},{"v":0.93996673,"d":"0.94"},{"v":526.381368999999,"d":"526.38"},{"v":33.6186309599999,"d":"33.62"},0,"0_20604000_619",{"v":7440.07683986,"d":"7,440.08"},0,{"v":33.6186309599999,"d":"33.62"},{"v":0.022223222,"d":"0.02"},"0_20604000_619_369","D",{"v":0.0532915769379,"d":"0.05"},{"v":7.162772386e-06,"d":"0.00"},{"v":0.000240802601494,"d":"0.00"}]
[2,206,20604,{"v":7609.177273,"d":"7,609.18"},1590,{"v":0.208958202,"d":"0.21"},"G",410,20604000,{"v":7609.17727264,"d":"7,609.18"},121,439,560,{"v":169.100432799999,"d":"169.10"},{"v":0.93996673,"d":"0.94"},{"v":526.381368999999,"d":"526.38"},{"v":33.6186309599999,"d":"33.62"},0,"0_20604000_619",{"v":7440.07683986,"d":"7,440.08"},0,{"v":33.6186309599999,"d":"33.62"},{"v":0.022223222,"d":"0.02"},"0_20604000_619_370","E",{"v":5.1123411747,"d":"5.11"},{"v":0.000687135534315,"d":"0.00"},{"v":0.0231005559476,"d":"0.02"}]
[2,206,20604,{"v":7609.177273,"d":"7,609.18"},1590,{"v":0.208958202,"d":"0.21"},"G",410,20604000,{"v":7609.17727264,"d":"7,609.18"},121,439,560,{"v":169.100432799999,"d":"169.10"},{"v":0.93996673,"d":"0.94"},{"v":526.381368999999,"d":"526.38"},{"v":33.6186309599999,"d":"33.62"},0,"0_20604000_619",{"v":7440.07683986,"d":"7,440.08"},0,{"v":33.6186309599999,"d":"33.62"},{"v":0.022223222,"d":"0.02"},"0_20604000_619_371","E",{"v":5.70108574756,"d":"5.70"},{"v":0.000766267052111,"d":"0.00"},{"v":0.0257608492417,"d":"0.03"}]
[2,206,20604,{"v":7609.177273,"d":"7,609.18"},1590,{"v":0.208958202,"d":"0.21"},"G",410,20604000,{"v":7609.17727264,"d":"7,609.18"},121,439,560,{"v":169.100432799999,"d":"169.10"},{"v":0.93996673,"d":"0.94"},{"v":526.381368999999,"d":"526.38"},{"v":33.6186309599999,"d":"33.62"},0,"0_20604000_619",{"v":7440.07683986,"d":"7,440.08"},0,{"v":33.6186309599999,"d":"33.62"},{"v":0.022223222,"d":"0.02"},"0_20604000_619_372","E",{"v":0.144997342584,"d":"0.14"},{"v":1.9488688854e-05,"d":"0.00"},{"v":0.000655183038487,"d":"0.00"}]
[2,206,20604,{"v":7609.177273,"d":"7,609.18"},1590,{"v":0.208958202,"d":"0.21"},"G",410,20604000,{"v":7609.17727264,"d":"7,609.18"},121,439,560,{"v":169.100432799999,"d":"169.10"},{"v":0.93996673,"d":"0.94"},{"v":526.381368999999,"d":"526.38"},{"v":33.6186309599999,"d":"33.62"},0,"0_20604000_619",{"v":7440.07683986,"d":"7,440.08"},0,{"v":33.6186309599999,"d":"33.62"},{"v":0.022223222,"d":"0.02"},"0_20604000_619_373","E",{"v":2.36812607362,"d":"2.37"},{"v":0.000318293227959,"d":"0.00"},{"v":0.0107005825678,"d":"0.01"}]
[2,206,20604,{"v":7609.177273,"d":"7,609.18"},1590,{"v":0.208958202,"d":"0.21"},"G",410,20604000,{"v":7609.17727264,"d":"7,609.18"},121,439,560,{"v":169.100432799999,"d":"169.10"},{"v":0.93996673,"d":"0.94"},{"v":526.381368999999,"d":"526.38"},{"v":33.6186309599999,"d":"33.62"},0,"0_20604000_619",{"v":7440.07683986,"d":"7,440.08"},0,{"v":33.6186309599999,"d":"33.62"},{"v":0.022223222,"d":"0.02"},"0_20604000_619_374","E",{"v":0.350984375855,"d":"0.35"},{"v":4.7174832117e-05,"d":"0.00"},{"v":0.00158595327153,"d":"0.00"}]
[2,206,20604,{"v":7609.177273,"d":"7,609.18"},1590,{"v":0.208958202,"d":"0.21"},"G",410,20604000,{"v":7609.17727264,"d":"7,609.18"},121,439,560,{"v":169.100432799999,"d":"169.10"},{"v":0.93996673,"d":"0.94"},{"v":526.381368999999,"d":"526.38"},{"v":33.6186309599999,"d":"33.62"},0,"0_20604000_619",{"v":7440.07683986,"d":"7,440.08"},0,{"v":33.6186309599999,"d":"33.62"},{"v":0.022223222,"d":"0.02"},"0_20604000_619_375","F",{"v":10.4004700855,"d":"10.40"},{"v":0.00139789820849,"d":"0.00"},{"v":0.0469954239909,"d":"0.05"}]
[2,206,20604,{"v":7609.177273,"d":"7,609.18"},1590,{"v":0.208958202,"d":"0.21"},"G",410,20604000,{"v":7609.17727264,"d":"7,609.18"},121,439,560,{"v":169.100432799999,"d":"169.10"},{"v":0.93996673,"d":"0.94"},{"v":526.381368999999,"d":"526.38"},{"v":33.6186309599999,"d":"33.62"},0,"0_20604000_619",{"v":7440.07683986,"d":"7,440.08"},0,{"v":33.6186309599999,"d":"33.62"},{"v":0.022223222,"d":"0.02"},"0_20604000_619_376","F",{"v":14.9341517232999,"d":"14.93"},{"v":0.0020072577266,"d":"0.00"},{"v":0.0674812567522,"d":"0.07"}]
[2,206,20604,{"v":7609.177273,"d":"7,609.18"},1590,{"v":0.208958202,"d":"0.21"},"G",410,20604000,{"v":7609.17727264,"d":"7,609.18"},121,439,560,{"v":169.100432799999,"d":"169.10"},{"v":0.93996673,"d":"0.94"},{"v":526.381368999999,"d":"526.38"},{"v":33.6186309599999,"d":"33.62"},0,"0_20604000_619",{"v":7440.07683986,"d":"7,440.08"},0,{"v":33.6186309599999,"d":"33.62"},{"v":0.022223222,"d":"0.02"},"0_20604000_619_377","F",{"v":7.85070518619,"d":"7.85"},{"v":1.05519141202E-3,"d":"0.00"},{"v":0.0354740906729,"d":"0.04"}]
[2,206,20604,{"v":7609.177273,"d":"7,609.18"},1590,{"v":0.208958202,"d":"0.21"},"G",410,20604000,{"v":7609.17727264,"d":"7,609.18"},121,439,560,{"v":169.100432799999,"d":"169.10"},{"v":0.93996673,"d":"0.94"},{"v":526.381368999999,"d":"526.38"},{"v":33.6186309599999,"d":"33.62"},0,"0_20604000_619",{"v":7440.07683986,"d":"7,440.08"},0,{"v":33.6186309599999,"d":"33.62"},{"v":0.022223222,"d":"0.02"},"0_20604000_619_378","F",{"v":4.29863752815,"d":"4.30"},{"v":0.000577767894159,"d":"0.00"},{"v":0.0194237656143,"d":"0.02"}]
[2,206,20604,{"v":7609.177273,"d":"7,609.18"},1590,{"v":0.208958202,"d":"0.21"},"G",410,20604000,{"v":7609.17727264,"d":"7,609.18"},121,439,560,{"v":169.100432799999,"d":"169.10"},{"v":0.93996673,"d":"0.94"},{"v":526.381368999999,"d":"526.38"},{"v":33.6186309599999,"d":"33.62"},0,"0_20604000_619",{"v":7440.07683986,"d":"7,440.08"},0,{"v":33.6186309599999,"d":"33.62"},{"v":0.022223222,"d":"0.02"},"0_20604000_619_379","G",{"v":52.3649769835,"d":"52.36"},{"v":0.00703823066759,"d":"0.01"},{"v":0.236615679425,"d":"0.24"}]
[2,206,20604,{"v":7609.177273,"d":"7,609.18"},1590,{"v":0.208958202,"d":"0.21"},"G",410,20604000,{"v":7609.17727264,"d":"7,609.18"},121,439,560,{"v":169.100432799999,"d":"169.10"},{"v":0.93996673,"d":"0.94"},{"v":526.381368999999,"d":"526.38"},{"v":33.6186309599999,"d":"33.62"},0,"0_20604000_619",{"v":7440.07683986,"d":"7,440.08"},0,{"v":33.6186309599999,"d":"33.62"},{"v":0.022223222,"d":"0.02"},"0_20604000_619_380","G",{"v":2.76306340089,"d":"2.76"},{"v":0.000371375653822,"d":"0.00"},{"v":0.0124851410534,"d":"0.01"}]
[2,206,20604,{"v":7609.177273,"d":"7,609.18"},1590,{"v":0.208958202,"d":"0.21"},"G",410,20604000,{"v":7609.17727264,"d":"7,609.18"},121,439,560,{"v":169.100432799999,"d":"169.10"},{"v":0.93996673,"d":"0.94"},{"v":526.381368999999,"d":"526.38"},{"v":33.6186309599999,"d":"33.62"},0,"0_20604000_619",{"v":7440.07683986,"d":"7,440.08"},0,{"v":33.6186309599999,"d":"33.62"},{"v":0.022223222,"d":"0.02"},"0_20604000_619_381","G",{"v":30.6969301263,"d":"30.70"},{"v":0.00412588885666,"d":"0.00"},{"v":0.138706734854,"d":"0.14"}]
[2,206,20604,{"v":7609.177273,"d":"7,609.18"},1590,{"v":0.208958202,"d":"0.21"},"G",410,20604000,{"v":7609.17727264,"d":"7,609.18"},121,439,560,{"v":169.100432799999,"d":"169.10"},{"v":0.93996673,"d":"0.94"},{"v":526.381368999999,"d":"526.38"},{"v":33.6186309599999,"d":"33.62"},0,"0_20604000_619",{"v":7440.07683986,"d":"7,440.08"},0,{"v":33.6186309599999,"d":"33.62"},{"v":0.022223222,"d":"0.02"},"0_20604000_619_382","G",{"v":0.0844420011663,"d":"0.08"},{"v":1.1349614121E-5,"d":"0.00"},{"v":0.000381558488686,"d":"0.00"}]
[2,206,20604,{"v":7609.177273,"d":"7,609.18"},1590,{"v":0.208958202,"d":"0.21"},"G",410,20604000,{"v":7609.17727264,"d":"7,609.18"},121,439,560,{"v":169.100432799999,"d":"169.10"},{"v":0.93996673,"d":"0.94"},{"v":526.381368999999,"d":"526.38"},{"v":33.6186309599999,"d":"33.62"},0,"0_20604000_619",{"v":7440.07683986,"d":"7,440.08"},0,{"v":33.6186309599999,"d":"33.62"},{"v":0.022223222,"d":"0.02"},"0_20604000_619_383","G",{"v":2.97832574392,"d":"2.98"},{"v":0.000400308465628,"d":"0.00"},{"v":0.0134578225761,"d":"0.01"}]
[2,206,20604,{"v":7609.177273,"d":"7,609.18"},1590,{"v":0.208958202,"d":"0.21"},"G",410,20604000,{"v":7609.17727264,"d":"7,609.18"},121,439,560,{"v":169.100432799999,"d":"169.10"},{"v":0.93996673,"d":"0.94"},{"v":526.381368999999,"d":"526.38"},{"v":33.6186309599999,"d":"33.62"},0,"0_20604000_619",{"v":7440.07683986,"d":"7,440.08"},0,{"v":33.6186309599999,"d":"33.62"},{"v":0.022223222,"d":"0.02"},"0_20604000_619_384","G",{"v":20.1362829067,"d":"20.14"},{"v":0.00270646168583,"d":"0.00"},{"v":0.0909875366233,"d":"0.09"}]
[2,206,20605,{"v":10951.08164,"d":"10,951.08"},1310,{"v":0.119622887,"d":"0.12"},"G",410,20605000,{"v":10951.1024484999,"d":"10,951.10"},108,178,286,{"v":135.809749799999,"d":"135.81"},{"v":0.93996673,"d":"0.94"},{"v":268.830484899999,"d":"268.83"},{"v":17.1695151,"d":"17.17"},0,"0_20605000_620",{"v":10815.2926987999,"d":"10,815.29"},0,{"v":17.1695151,"d":"17.17"},{"v":0.012401468,"d":"0.01"},"0_20605000_620_385","außerhalb GKL",{"v":10574.2811598,"d":"10,574.28"},{"v":0.97771567116,"d":"0.98"},{"v":16.7869039795,"d":"16.79"}]
[2,206,20605,{"v":10951.08164,"d":"10,951.08"},1310,{"v":0.119622887,"d":"0.12"},"G",410,20605000,{"v":10951.1024484999,"d":"10,951.10"},108,178,286,{"v":135.809749799999,"d":"135.81"},{"v":0.93996673,"d":"0.94"},{"v":268.830484899999,"d":"268.83"},{"v":17.1695151,"d":"17.17"},0,"0_20605000_620",{"v":10815.2926987999,"d":"10,815.29"},0,{"v":17.1695151,"d":"17.17"},{"v":0.012401468,"d":"0.01"},"0_20605000_620_386","außerhalb GKL",{"v":1.62341209512,"d":"1.62"},{"v":0.00015010338974,"d":"0.00"},{"v":0.0025772024167,"d":"0.00"}]
[2,206,20605,{"v":10951.08164,"d":"10,951.08"},1310,{"v":0.119622887,"d":"0.12"},"G",410,20605000,{"v":10951.1024484999,"d":"10,951.10"},108,178,286,{"v":135.809749799999,"d":"135.81"},{"v":0.93996673,"d":"0.94"},{"v":268.830484899999,"d":"268.83"},{"v":17.1695151,"d":"17.17"},0,"0_20605000_620",{"v":10815.2926987999,"d":"10,815.29"},0,{"v":17.1695151,"d":"17.17"},{"v":0.012401468,"d":"0.01"},"0_20605000_620_387","außerhalb GKL",{"v":1.00672471555,"d":"1.01"},{"v":9.3083446152e-05,"d":"0.00"},{"v":1.59819763427E-3,"d":"0.00"}]
[2,206,20605,{"v":10951.08164,"d":"10,951.08"},1310,{"v":0.119622887,"d":"0.12"},"G",410,20605000,{"v":10951.1024484999,"d":"10,951.10"},108,178,286,{"v":135.809749799999,"d":"135.81"},{"v":0.93996673,"d":"0.94"},{"v":268.830484899999,"d":"268.83"},{"v":17.1695151,"d":"17.17"},0,"0_20605000_620",{"v":10815.2926987999,"d":"10,815.29"},0,{"v":17.1695151,"d":"17.17"},{"v":0.012401468,"d":"0.01"},"0_20605000_620_388","F",{"v":7.07167148268,"d":"7.07"},{"v":0.00065385853898,"d":"0.00"},{"v":0.0112264340583,"d":"0.01"}]
[2,206,20605,{"v":10951.08164,"d":"10,951.08"},1310,{"v":0.119622887,"d":"0.12"},"G",410,20605000,{"v":10951.1024484999,"d":"10,951.10"},108,178,286,{"v":135.809749799999,"d":"135.81"},{"v":0.93996673,"d":"0.94"},{"v":268.830484899999,"d":"268.83"},{"v":17.1695151,"d":"17.17"},0,"0_20605000_620",{"v":10815.2926987999,"d":"10,815.29"},0,{"v":17.1695151,"d":"17.17"},{"v":0.012401468,"d":"0.01"},"0_20605000_620_389","F",{"v":14.2847712476,"d":"14.28"},{"v":1.3207937728E-3,"d":"0.00"},{"v":0.0226773886261,"d":"0.02"}]
[2,206,20605,{"v":10951.08164,"d":"10,951.08"},1310,{"v":0.119622887,"d":"0.12"},"G",410,20605000,{"v":10951.1024484999,"d":"10,951.10"},108,178,286,{"v":135.809749799999,"d":"135.81"},{"v":0.93996673,"d":"0.94"},{"v":268.830484899999,"d":"268.83"},{"v":17.1695151,"d":"17.17"},0,"0_20605000_620",{"v":10815.2926987999,"d":"10,815.29"},0,{"v":17.1695151,"d":"17.17"},{"v":0.012401468,"d":"0.01"},"0_20605000_620_390","F",{"v":5.98540253694,"d":"5.99"},{"v":0.000553420300646,"d":"0.00"},{"v":0.00950195820859,"d":"0.01"}]
[2,206,20605,{"v":10951.08164,"d":"10,951.08"},1310,{"v":0.119622887,"d":"0.12"},"G",410,20605000,{"v":10951.1024484999,"d":"10,951.10"},108,178,286,{"v":135.809749799999,"d":"135.81"},{"v":0.93996673,"d":"0.94"},{"v":268.830484899999,"d":"268.83"},{"v":17.1695151,"d":"17.17"},0,"0_20605000_620",{"v":10815.2926987999,"d":"10,815.29"},0,{"v":17.1695151,"d":"17.17"},{"v":0.012401468,"d":"0.01"},"0_20605000_620_391","F",{"v":0.0109291536028,"d":"0.01"},{"v":1.010527769e-06,"d":"0.00"},{"v":1.735027179e-05,"d":"0.00"}]
[2,206,20605,{"v":10951.08164,"d":"10,951.08"},1310,{"v":0.119622887,"d":"0.12"},"G",410,20605000,{"v":10951.1024484999,"d":"10,951.10"},108,178,286,{"v":135.809749799999,"d":"135.81"},{"v":0.93996673,"d":"0.94"},{"v":268.830484899999,"d":"268.83"},{"v":17.1695151,"d":"17.17"},0,"0_20605000_620",{"v":10815.2926987999,"d":"10,815.29"},0,{"v":17.1695151,"d":"17.17"},{"v":0.012401468,"d":"0.01"},"0_20605000_620_392","F",{"v":2.0951144333,"d":"2.10"},{"v":0.000193717774604,"d":"0.00"},{"v":0.0033260402562,"d":"0.00"}]
[2,206,20605,{"v":10951.08164,"d":"10,951.08"},1310,{"v":0.119622887,"d":"0.12"},"G",410,20605000,{"v":10951.1024484999,"d":"10,951.10"},108,178,286,{"v":135.809749799999,"d":"135.81"},{"v":0.93996673,"d":"0.94"},{"v":268.830484899999,"d":"268.83"},{"v":17.1695151,"d":"17.17"},0,"0_20605000_620",{"v":10815.2926987999,"d":"10,815.29"},0,{"v":17.1695151,"d":"17.17"},{"v":0.012401468,"d":"0.01"},"0_20605000_620_393","F",{"v":0.736877514983,"d":"0.74"},{"v":6.8132923954e-05,"d":"0.00"},{"v":0.00116980926663,"d":"0.00"}]
[2,206,20605,{"v":10951.08164,"d":"10,951.08"},1310,{"v":0.119622887,"d":"0.12"},"G",410,20605000,{"v":10951.1024484999,"d":"10,951.10"},108,178,286,{"v":135.809749799999,"d":"135.81"},{"v":0.93996673,"d":"0.94"},{"v":268.830484899999,"d":"268.83"},{"v":17.1695151,"d":"17.17"},0,"0_20605000_620",{"v":10815.2926987999,"d":"10,815.29"},0,{"v":17.1695151,"d":"17.17"},{"v":0.012401468,"d":"0.01"},"0_20605000_620_394","F",{"v":0.552848475136,"d":"0.55"},{"v":5.1117292017e-05,"d":"0.00"},{"v":0.00087765911716,"d":"0.00"}]
[2,206,20605,{"v":10951.08164,"d":"10,951.08"},1310,{"v":0.119622887,"d":"0.12"},"G",410,20605000,{"v":10951.1024484999,"d":"10,951.10"},108,178,286,{"v":135.809749799999,"d":"135.81"},{"v":0.93996673,"d":"0.94"},{"v":268.830484899999,"d":"268.83"},{"v":17.1695151,"d":"17.17"},0,"0_20605000_620",{"v":10815.2926987999,"d":"10,815.29"},0,{"v":17.1695151,"d":"17.17"},{"v":0.012401468,"d":"0.01"},"0_20605000_620_395","F",{"v":10.7119135652,"d":"10.71"},{"v":0.000990441392898,"d":"0.00"},{"v":0.017005398451,"d":"0.02"}]
[2,206,20605,{"v":10951.08164,"d":"10,951.08"},1310,{"v":0.119622887,"d":"0.12"},"G",410,20605000,{"v":10951.1024484999,"d":"10,951.10"},108,178,286,{"v":135.809749799999,"d":"135.81"},{"v":0.93996673,"d":"0.94"},{"v":268.830484899999,"d":"268.83"},{"v":17.1695151,"d":"17.17"},0,"0_20605000_620",{"v":10815.2926987999,"d":"10,815.29"},0,{"v":17.1695151,"d":"17.17"},{"v":0.012401468,"d":"0.01"},"0_20605000_620_396","G",{"v":106.528380948,"d":"106.53"},{"v":0.00984979176383,"d":"0.01"},{"v":0.169116148421,"d":"0.17"}]
[2,206,20605,{"v":10951.08164,"d":"10,951.08"},1310,{"v":0.119622887,"d":"0.12"},"G",410,20605000,{"v":10951.1024484999,"d":"10,951.10"},108,178,286,{"v":135.809749799999,"d":"135.81"},{"v":0.93996673,"d":"0.94"},{"v":268.830484899999,"d":"268.83"},{"v":17.1695151,"d":"17.17"},0,"0_20605000_620",{"v":10815.2926987999,"d":"10,815.29"},0,{"v":17.1695151,"d":"17.17"},{"v":0.012401468,"d":"0.01"},"0_20605000_620_397","G",{"v":13.5093306323999,"d":"13.51"},{"v":0.00124909524029,"d":"0.00"},{"v":0.0214463595895,"d":"0.02"}]
[2,206,20605,{"v":10951.08164,"d":"10,951.08"},1310,{"v":0.119622887,"d":"0.12"},"G",410,20605000,{"v":10951.1024484999,"d":"10,951.10"},108,178,286,{"v":135.809749799999,"d":"135.81"},{"v":0.93996673,"d":"0.94"},{"v":268.830484899999,"d":"268.83"},{"v":17.1695151,"d":"17.17"},0,"0_20605000_620",{"v":10815.2926987999,"d":"10,815.29"},0,{"v":17.1695151,"d":"17.17"},{"v":0.012401468,"d":"0.01"},"0_20605000_620_398","G",{"v":16.6085779844,"d":"16.61"},{"v":0.00153565681919,"d":"0.00"},{"v":0.0263664829455,"d":"0.03"}]
[2,206,20605,{"v":10951.08164,"d":"10,951.08"},1310,{"v":0.119622887,"d":"0.12"},"G",410,20605000,{"v":10951.1024484999,"d":"10,951.10"},108,178,286,{"v":135.809749799999,"d":"135.81"},{"v":0.93996673,"d":"0.94"},{"v":268.830484899999,"d":"268.83"},{"v":17.1695151,"d":"17.17"},0,"0_20605000_620",{"v":10815.2926987999,"d":"10,815.29"},0,{"v":17.1695151,"d":"17.17"},{"v":0.012401468,"d":"0.01"},"0_20605000_620_399","G",{"v":0.625702258117,"d":"0.63"},{"v":5.7853474293e-05,"d":"0.00"},{"v":0.000993316100454,"d":"0.00"}]
[2,206,20605,{"v":10951.08164,"d":"10,951.08"},1310,{"v":0.119622887,"d":"0.12"},"G",410,20605000,{"v":10951.1024484999,"d":"10,951.10"},108,178,286,{"v":135.809749799999,"d":"135.81"},{"v":0.93996673,"d":"0.94"},{"v":268.830484899999,"d":"268.83"},{"v":17.1695151,"d":"17.17"},0,"0_20605000_620",{"v":10815.2926987999,"d":"10,815.29"},0,{"v":17.1695151,"d":"17.17"},{"v":0.012401468,"d":"0.01"},"0_20605000_620_400","G",{"v":0.0921088364592,"d":"0.09"},{"v":8.516536632e-06,"d":"0.00"},{"v":0.000146224804309,"d":"0.00"}]
[2,206,20605,{"v":10951.08164,"d":"10,951.08"},1310,{"v":0.119622887,"d":"0.12"},"G",410,20605000,{"v":10951.1024484999,"d":"10,951.10"},108,178,286,{"v":135.809749799999,"d":"135.81"},{"v":0.93996673,"d":"0.94"},{"v":268.830484899999,"d":"268.83"},{"v":17.1695151,"d":"17.17"},0,"0_20605000_620",{"v":10815.2926987999,"d":"10,815.29"},0,{"v":17.1695151,"d":"17.17"},{"v":0.012401468,"d":"0.01"},"0_20605000_620_401","G",{"v":16.4994422780999,"d":"16.50"},{"v":0.00152556594977,"d":"0.00"},{"v":0.0261932276106,"d":"0.03"}]
[2,206,20605,{"v":10951.08164,"d":"10,951.08"},1310,{"v":0.119622887,"d":"0.12"},"G",410,20605000,{"v":10951.1024484999,"d":"10,951.10"},108,178,286,{"v":135.809749799999,"d":"135.81"},{"v":0.93996673,"d":"0.94"},{"v":268.830484899999,"d":"268.83"},{"v":17.1695151,"d":"17.17"},0,"0_20605000_620",{"v":10815.2926987999,"d":"10,815.29"},0,{"v":17.1695151,"d":"17.17"},{"v":0.012401468,"d":"0.01"},"0_20605000_620_402","G",{"v":42.9779384074,"d":"42.98"},{"v":0.00397381186107,"d":"0.00"},{"v":0.0682284227532,"d":"0.07"}]
[2,206,20605,{"v":10951.08164,"d":"10,951.08"},1310,{"v":0.119622887,"d":"0.12"},"G",410,20605000,{"v":10951.1024484999,"d":"10,951.10"},108,178,286,{"v":135.809749799999,"d":"135.81"},{"v":0.93996673,"d":"0.94"},{"v":268.830484899999,"d":"268.83"},{"v":17.1695151,"d":"17.17"},0,"0_20605000_620",{"v":10815.2926987999,"d":"10,815.29"},0,{"v":17.1695151,"d":"17.17"},{"v":0.012401468,"d":"0.01"},"0_20605000_620_403","G",{"v":0.000701391538658,"d":"0.00"},{"v":6.4851831E-8,"d":"0.00"},{"v":1.113474499e-06,"d":"0.00"}]
[2,206,20605,{"v":10951.08164,"d":"10,951.08"},1310,{"v":0.119622887,"d":"0.12"},"G",410,20605000,{"v":10951.1024484999,"d":"10,951.10"},108,178,286,{"v":135.809749799999,"d":"135.81"},{"v":0.93996673,"d":"0.94"},{"v":268.830484899999,"d":"268.83"},{"v":17.1695151,"d":"17.17"},0,"0_20605000_620",{"v":10815.2926987999,"d":"10,815.29"},0,{"v":17.1695151,"d":"17.17"},{"v":0.012401468,"d":"0.01"},"0_20605000_620_404","G",{"v":0.0896910046551,"d":"0.09"},{"v":8.292979871e-06,"d":"0.00"},{"v":0.000142386443127,"d":"0.00"}]
[2,206,20607,{"v":9884.60477499999,"d":"9,884.60"},1188,{"v":0.120186899,"d":"0.12"},"G",430,20607000,{"v":9884.60477524,"d":"9,884.60"},96,330,426,{"v":143.102910799999,"d":"143.10"},{"v":0.945243625,"d":"0.95"},{"v":402.6737843,"d":"402.67"},{"v":23.3262157399999,"d":"23.33"},0,"0_20607000_621",{"v":9741.50186444999,"d":"9,741.50"},0,{"v":23.3262157399999,"d":"23.33"},{"v":0.014477353,"d":"0.01"},"0_20607000_621_405","außerhalb GKL",{"v":9581.83673604999,"d":"9,581.84"},{"v":0.98360980364,"d":"0.98"},{"v":22.9438944836999,"d":"22.94"}]
[2,206,20607,{"v":9884.60477499999,"d":"9,884.60"},1188,{"v":0.120186899,"d":"0.12"},"G",430,20607000,{"v":9884.60477524,"d":"9,884.60"},96,330,426,{"v":143.102910799999,"d":"143.10"},{"v":0.945243625,"d":"0.95"},{"v":402.6737843,"d":"402.67"},{"v":23.3262157399999,"d":"23.33"},0,"0_20607000_621",{"v":9741.50186444999,"d":"9,741.50"},0,{"v":23.3262157399999,"d":"23.33"},{"v":0.014477353,"d":"0.01"},"0_20607000_621_406","außerhalb GKL",{"v":1.2140592365,"d":"1.21"},{"v":0.000124627521854,"d":"0.00"},{"v":0.00290708846191,"d":"0.00"}]
[2,206,20607,{"v":9884.60477499999,"d":"9,884.60"},1188,{"v":0.120186899,"d":"0.12"},"G",430,20607000,{"v":9884.60477524,"d":"9,884.60"},96,330,426,{"v":143.102910799999,"d":"143.10"},{"v":0.945243625,"d":"0.95"},{"v":402.6737843,"d":"402.67"},{"v":23.3262157399999,"d":"23.33"},0,"0_20607000_621",{"v":9741.50186444999,"d":"9,741.50"},0,{"v":23.3262157399999,"d":"23.33"},{"v":0.014477353,"d":"0.01"},"0_20607000_621_407","außerhalb GKL",{"v":0.90082593944,"d":"0.90"},{"v":9.2473003853e-05,"d":"0.00"},{"v":0.00215704523799,"d":"0.00"}]
[2,206,20607,{"v":9884.60477499999,"d":"9,884.60"},1188,{"v":0.120186899,"d":"0.12"},"G",430,20607000,{"v":9884.60477524,"d":"9,884.60"},96,330,426,{"v":143.102910799999,"d":"143.10"},{"v":0.945243625,"d":"0.95"},{"v":402.6737843,"d":"402.67"},{"v":23.3262157399999,"d":"23.33"},0,"0_20607000_621",{"v":9741.50186444999,"d":"9,741.50"},0,{"v":23.3262157399999,"d":"23.33"},{"v":0.014477353,"d":"0.01"},"0_20607000_621_408","E",{"v":1.35578384585,"d":"1.36"},{"v":0.000139176059782,"d":"0.00"},{"v":0.00324645079632,"d":"0.00"}]
[2,206,20607,{"v":9884.60477499999,"d":"9,884.60"},1188,{"v":0.120186899,"d":"0.12"},"G",430,20607000,{"v":9884.60477524,"d":"9,884.60"},96,330,426,{"v":143.102910799999,"d":"143.10"},{"v":0.945243625,"d":"0.95"},{"v":402.6737843,"d":"402.67"},{"v":23.3262157399999,"d":"23.33"},0,"0_20607000_621",{"v":9741.50186444999,"d":"9,741.50"},0,{"v":23.3262157399999,"d":"23.33"},{"v":0.014477353,"d":"0.01"},"0_20607000_621_409","E",{"v":9.98846001413999,"d":"9.99"},{"v":1.02535113714E-3,"d":"0.00"},{"v":0.0239175618342,"d":"0.02"}]
[2,206,20607,{"v":9884.60477499999,"d":"9,884.60"},1188,{"v":0.120186899,"d":"0.12"},"G",430,20607000,{"v":9884.60477524,"d":"9,884.60"},96,330,426,{"v":143.102910799999,"d":"143.10"},{"v":0.945243625,"d":"0.95"},{"v":402.6737843,"d":"402.67"},{"v":23.3262157399999,"d":"23.33"},0,"0_20607000_621",{"v":9741.50186444999,"d":"9,741.50"},0,{"v":23.3262157399999,"d":"23.33"},{"v":0.014477353,"d":"0.01"},"0_20607000_621_410","E",{"v":0.0123057389141,"d":"0.01"},{"v":1.263228102e-06,"d":"0.00"},{"v":2.9466331244e-05,"d":"0.00"}]
[2,206,20607,{"v":9884.60477499999,"d":"9,884.60"},1188,{"v":0.120186899,"d":"0.12"},"G",430,20607000,{"v":9884.60477524,"d":"9,884.60"},96,330,426,{"v":143.102910799999,"d":"143.10"},{"v":0.945243625,"d":"0.95"},{"v":402.6737843,"d":"402.67"},{"v":23.3262157399999,"d":"23.33"},0,"0_20607000_621",{"v":9741.50186444999,"d":"9,741.50"},0,{"v":23.3262157399999,"d":"23.33"},{"v":0.014477353,"d":"0.01"},"0_20607000_621_411","E",{"v":0.0169552496588,"d":"0.02"},{"v":1.740517006E-6,"d":"0.00"},{"v":4.059967518e-05,"d":"0.00"}]
[2,206,20607,{"v":9884.60477499999,"d":"9,884.60"},1188,{"v":0.120186899,"d":"0.12"},"G",430,20607000,{"v":9884.60477524,"d":"9,884.60"},96,330,426,{"v":143.102910799999,"d":"143.10"},{"v":0.945243625,"d":"0.95"},{"v":402.6737843,"d":"402.67"},{"v":23.3262157399999,"d":"23.33"},0,"0_20607000_621",{"v":9741.50186444999,"d":"9,741.50"},0,{"v":23.3262157399999,"d":"23.33"},{"v":0.014477353,"d":"0.01"},"0_20607000_621_412","F",{"v":5.03471468704,"d":"5.03"},{"v":0.000516831465733,"d":"0.00"},{"v":0.0120557222709,"d":"0.01"}]
[2,206,20607,{"v":9884.60477499999,"d":"9,884.60"},1188,{"v":0.120186899,"d":"0.12"},"G",430,20607000,{"v":9884.60477524,"d":"9,884.60"},96,330,426,{"v":143.102910799999,"d":"143.10"},{"v":0.945243625,"d":"0.95"},{"v":402.6737843,"d":"402.67"},{"v":23.3262157399999,"d":"23.33"},0,"0_20607000_621",{"v":9741.50186444999,"d":"9,741.50"},0,{"v":23.3262157399999,"d":"23.33"},{"v":0.014477353,"d":"0.01"},"0_20607000_621_413","F",{"v":0.342250340951,"d":"0.34"},{"v":3.5133221316e-05,"d":"0.00"},{"v":0.000819525100051,"d":"0.00"}]
[2,206,20607,{"v":9884.60477499999,"d":"9,884.60"},1188,{"v":0.120186899,"d":"0.12"},"G",430,20607000,{"v":9884.60477524,"d":"9,884.60"},96,330,426,{"v":143.102910799999,"d":"143.10"},{"v":0.945243625,"d":"0.95"},{"v":402.6737843,"d":"402.67"},{"v":23.3262157399999,"d":"23.33"},0,"0_20607000_621",{"v":9741.50186444999,"d":"9,741.50"},0,{"v":23.3262157399999,"d":"23.33"},{"v":0.014477353,"d":"0.01"},"0_20607000_621_414","F",{"v":2.0971917765,"d":"2.10"},{"v":2.15284234986E-4,"d":"0.00"},{"v":0.0050217665107,"d":"0.01"}]
[2,206,20607,{"v":9884.60477499999,"d":"9,884.60"},1188,{"v":0.120186899,"d":"0.12"},"G",430,20607000,{"v":9884.60477524,"d":"9,884.60"},96,330,426,{"v":143.102910799999,"d":"143.10"},{"v":0.945243625,"d":"0.95"},{"v":402.6737843,"d":"402.67"},{"v":23.3262157399999,"d":"23.33"},0,"0_20607000_621",{"v":9741.50186444999,"d":"9,741.50"},0,{"v":23.3262157399999,"d":"23.33"},{"v":0.014477353,"d":"0.01"},"0_20607000_621_415","F",{"v":4.81941964441,"d":"4.82"},{"v":0.000494730659756,"d":"0.00"},{"v":0.0115401941027,"d":"0.01"}]
[2,206,20607,{"v":9884.60477499999,"d":"9,884.60"},1188,{"v":0.120186899,"d":"0.12"},"G",430,20607000,{"v":9884.60477524,"d":"9,884.60"},96,330,426,{"v":143.102910799999,"d":"143.10"},{"v":0.945243625,"d":"0.95"},{"v":402.6737843,"d":"402.67"},{"v":23.3262157399999,"d":"23.33"},0,"0_20607000_621",{"v":9741.50186444999,"d":"9,741.50"},0,{"v":23.3262157399999,"d":"23.33"},{"v":0.014477353,"d":"0.01"},"0_20607000_621_416","F",{"v":15.1805997198,"d":"15.18"},{"v":1.55834284395E-3,"d":"0.00"},{"v":0.0363502413749,"d":"0.04"}]
[2,206,20607,{"v":9884.60477499999,"d":"9,884.60"},1188,{"v":0.120186899,"d":"0.12"},"G",430,20607000,{"v":9884.60477524,"d":"9,884.60"},96,330,426,{"v":143.102910799999,"d":"143.10"},{"v":0.945243625,"d":"0.95"},{"v":402.6737843,"d":"402.67"},{"v":23.3262157399999,"d":"23.33"},0,"0_20607000_621",{"v":9741.50186444999,"d":"9,741.50"},0,{"v":23.3262157399999,"d":"23.33"},{"v":0.014477353,"d":"0.01"},"0_20607000_621_417","F",{"v":3.2835556852,"d":"3.28"},{"v":0.000337068732408,"d":"0.00"},{"v":0.00786253797136,"d":"0.01"}]
[2,206,20607,{"v":9884.60477499999,"d":"9,884.60"},1188,{"v":0.120186899,"d":"0.12"},"G",430,20607000,{"v":9884.60477524,"d":"9,884.60"},96,330,426,{"v":143.102910799999,"d":"143.10"},{"v":0.945243625,"d":"0.95"},{"v":402.6737843,"d":"402.67"},{"v":23.3262157399999,"d":"23.33"},0,"0_20607000_621",{"v":9741.50186444999,"d":"9,741.50"},0,{"v":23.3262157399999,"d":"23.33"},{"v":0.014477353,"d":"0.01"},"0_20607000_621_418","F",{"v":1.59595296386,"d":"1.60"},{"v":0.000163830278541,"d":"0.00"},{"v":0.00382154042199,"d":"0.00"}]
[2,206,20607,{"v":9884.60477499999,"d":"9,884.60"},1188,{"v":0.120186899,"d":"0.12"},"G",430,20607000,{"v":9884.60477524,"d":"9,884.60"},96,330,426,{"v":143.102910799999,"d":"143.10"},{"v":0.945243625,"d":"0.95"},{"v":402.6737843,"d":"402.67"},{"v":23.3262157399999,"d":"23.33"},0,"0_20607000_621",{"v":9741.50186444999,"d":"9,741.50"},0,{"v":23.3262157399999,"d":"23.33"},{"v":0.014477353,"d":"0.01"},"0_20607000_621_419","F",{"v":2.56195948686,"d":"2.56"},{"v":0.000262994302368,"d":"0.00"},{"v":0.00613466183543,"d":"0.01"}]
[2,206,20607,{"v":9884.60477499999,"d":"9,884.60"},1188,{"v":0.120186899,"d":"0.12"},"G",430,20607000,{"v":9884.60477524,"d":"9,884.60"},96,330,426,{"v":143.102910799999,"d":"143.10"},{"v":0.945243625,"d":"0.95"},{"v":402.6737843,"d":"402.67"},{"v":23.3262157399999,"d":"23.33"},0,"0_20607000_621",{"v":9741.50186444999,"d":"9,741.50"},0,{"v":23.3262157399999,"d":"23.33"},{"v":0.014477353,"d":"0.01"},"0_20607000_621_420","F",{"v":0.182639599704,"d":"0.18"},{"v":1.8748607991e-05,"d":"0.00"},{"v":0.000437334074832,"d":"0.00"}]
[2,206,20607,{"v":9884.60477499999,"d":"9,884.60"},1188,{"v":0.120186899,"d":"0.12"},"G",430,20607000,{"v":9884.60477524,"d":"9,884.60"},96,330,426,{"v":143.102910799999,"d":"143.10"},{"v":0.945243625,"d":"0.95"},{"v":402.6737843,"d":"402.67"},{"v":23.3262157399999,"d":"23.33"},0,"0_20607000_621",{"v":9741.50186444999,"d":"9,741.50"},0,{"v":23.3262157399999,"d":"23.33"},{"v":0.014477353,"d":"0.01"},"0_20607000_621_421","F",{"v":2.02427807172,"d":"2.02"},{"v":2.07799382466E-4,"d":"0.00"},{"v":0.00484717322604,"d":"0.00"}]
[2,206,20607,{"v":9884.60477499999,"d":"9,884.60"},1188,{"v":0.120186899,"d":"0.12"},"G",430,20607000,{"v":9884.60477524,"d":"9,884.60"},96,330,426,{"v":143.102910799999,"d":"143.10"},{"v":0.945243625,"d":"0.95"},{"v":402.6737843,"d":"402.67"},{"v":23.3262157399999,"d":"23.33"},0,"0_20607000_621",{"v":9741.50186444999,"d":"9,741.50"},0,{"v":23.3262157399999,"d":"23.33"},{"v":0.014477353,"d":"0.01"},"0_20607000_621_422","F",{"v":0.0365620110365,"d":"0.04"},{"v":3.753221171e-06,"d":"0.00"},{"v":8.7548446758e-05,"d":"0.00"}]
[2,206,20607,{"v":9884.60477499999,"d":"9,884.60"},1188,{"v":0.120186899,"d":"0.12"},"G",430,20607000,{"v":9884.60477524,"d":"9,884.60"},96,330,426,{"v":143.102910799999,"d":"143.10"},{"v":0.945243625,"d":"0.95"},{"v":402.6737843,"d":"402.67"},{"v":23.3262157399999,"d":"23.33"},0,"0_20607000_621",{"v":9741.50186444999,"d":"9,741.50"},0,{"v":23.3262157399999,"d":"23.33"},{"v":0.014477353,"d":"0.01"},"0_20607000_621_423","G",{"v":5.80183882569,"d":"5.80"},{"v":0.000595579501644,"d":"0.00"},{"v":0.0138926159457,"d":"0.01"}]
[2,206,20607,{"v":9884.60477499999,"d":"9,884.60"},1188,{"v":0.120186899,"d":"0.12"},"G",430,20607000,{"v":9884.60477524,"d":"9,884.60"},96,330,426,{"v":143.102910799999,"d":"143.10"},{"v":0.945243625,"d":"0.95"},{"v":402.6737843,"d":"402.67"},{"v":23.3262157399999,"d":"23.33"},0,"0_20607000_621",{"v":9741.50186444999,"d":"9,741.50"},0,{"v":23.3262157399999,"d":"23.33"},{"v":0.014477353,"d":"0.01"},"0_20607000_621_424","G",{"v":0.844688421489,"d":"0.84"},{"v":8.6710286898e-05,"d":"0.00"},{"v":2.02262285907E-3,"d":"0.00"}]
[2,206,20607,{"v":9884.60477499999,"d":"9,884.60"},1188,{"v":0.120186899,"d":"0.12"},"G",430,20607000,{"v":9884.60477524,"d":"9,884.60"},96,330,426,{"v":143.102910799999,"d":"143.10"},{"v":0.945243625,"d":"0.95"},{"v":402.6737843,"d":"402.67"},{"v":23.3262157399999,"d":"23.33"},0,"0_20607000_621",{"v":9741.50186444999,"d":"9,741.50"},0,{"v":23.3262157399999,"d":"23.33"},{"v":0.014477353,"d":"0.01"},"0_20607000_621_425","G",{"v":13.9556850932,"d":"13.96"},{"v":1.43260097749E-3,"d":"0.00"},{"v":0.0334171594703,"d":"0.03"}]
[2,206,20607,{"v":9884.60477499999,"d":"9,884.60"},1188,{"v":0.120186899,"d":"0.12"},"G",430,20607000,{"v":9884.60477524,"d":"9,884.60"},96,330,426,{"v":143.102910799999,"d":"143.10"},{"v":0.945243625,"d":"0.95"},{"v":402.6737843,"d":"402.67"},{"v":23.3262157399999,"d":"23.33"},0,"0_20607000_621",{"v":9741.50186444999,"d":"9,741.50"},0,{"v":23.3262157399999,"d":"23.33"},{"v":0.014477353,"d":"0.01"},"0_20607000_621_426","G",{"v":3.47934627631,"d":"3.48"},{"v":3.57167336692E-4,"d":"0.00"},{"v":0.00833136235096,"d":"0.01"}]
[2,206,20607,{"v":9884.60477499999,"d":"9,884.60"},1188,{"v":0.120186899,"d":"0.12"},"G",430,20607000,{"v":9884.60477524,"d":"9,884.60"},96,330,426,{"v":143.102910799999,"d":"143.10"},{"v":0.945243625,"d":"0.95"},{"v":402.6737843,"d":"402.67"},{"v":23.3262157399999,"d":"23.33"},0,"0_20607000_621",{"v":9741.50186444999,"d":"9,741.50"},0,{"v":23.3262157399999,"d":"23.33"},{"v":0.014477353,"d":"0.01"},"0_20607000_621_427","G",{"v":11.3076522532,"d":"11.31"},{"v":0.00116077093764,"d":"0.00"},{"v":0.0270763933161,"d":"0.03"}]
[2,206,20607,{"v":9884.60477499999,"d":"9,884.60"},1188,{"v":0.120186899,"d":"0.12"},"G",430,20607000,{"v":9884.60477524,"d":"9,884.60"},96,330,426,{"v":143.102910799999,"d":"143.10"},{"v":0.945243625,"d":"0.95"},{"v":402.6737843,"d":"402.67"},{"v":23.3262157399999,"d":"23.33"},0,"0_20607000_621",{"v":9741.50186444999,"d":"9,741.50"},0,{"v":23.3262157399999,"d":"23.33"},{"v":0.014477353,"d":"0.01"},"0_20607000_621_428","G",{"v":35.040166781,"d":"35.04"},{"v":3.59699841652E-3,"d":"0.00"},{"v":0.0839043610802,"d":"0.08"}]
[2,206,20607,{"v":9884.60477499999,"d":"9,884.60"},1188,{"v":0.120186899,"d":"0.12"},"G",430,20607000,{"v":9884.60477524,"d":"9,884.60"},96,330,426,{"v":143.102910799999,"d":"143.10"},{"v":0.945243625,"d":"0.95"},{"v":402.6737843,"d":"402.67"},{"v":23.3262157399999,"d":"23.33"},0,"0_20607000_621",{"v":9741.50186444999,"d":"9,741.50"},0,{"v":23.3262157399999,"d":"23.33"},{"v":0.014477353,"d":"0.01"},"0_20607000_621_429","G",{"v":34.0040535561999,"d":"34.00"},{"v":0.00349063768907,"d":"0.00"},{"v":0.0814233678054,"d":"0.08"}]
[2,206,20607,{"v":9884.60477499999,"d":"9,884.60"},1188,{"v":0.120186899,"d":"0.12"},"G",430,20607000,{"v":9884.60477524,"d":"9,884.60"},96,330,426,{"v":143.102910799999,"d":"143.10"},{"v":0.945243625,"d":"0.95"},{"v":402.6737843,"d":"402.67"},{"v":23.3262157399999,"d":"23.33"},0,"0_20607000_621",{"v":9741.50186444999,"d":"9,741.50"},0,{"v":23.3262157399999,"d":"23.33"},{"v":0.014477353,"d":"0.01"},"0_20607000_621_430","G",{"v":0.121347312181,"d":"0.12"},{"v":1.2456735509E-5,"d":"0.00"},{"v":0.000290568499887,"d":"0.00"}]
[2,206,20607,{"v":9884.60477499999,"d":"9,884.60"},1188,{"v":0.120186899,"d":"0.12"},"G",430,20607000,{"v":9884.60477524,"d":"9,884.60"},96,330,426,{"v":143.102910799999,"d":"143.10"},{"v":0.945243625,"d":"0.95"},{"v":402.6737843,"d":"402.67"},{"v":23.3262157399999,"d":"23.33"},0,"0_20607000_621",{"v":9741.50186444999,"d":"9,741.50"},0,{"v":23.3262157399999,"d":"23.33"},{"v":0.014477353,"d":"0.01"},"0_20607000_621_431","G",{"v":0.00023387304669,"d":"0.00"},{"v":2.4007905e-08,"d":"0.00"},{"v":5.6001356e-07,"d":"0.00"}]
[2,206,20607,{"v":9884.60477499999,"d":"9,884.60"},1188,{"v":0.120186899,"d":"0.12"},"G",430,20607000,{"v":9884.60477524,"d":"9,884.60"},96,330,426,{"v":143.102910799999,"d":"143.10"},{"v":0.945243625,"d":"0.95"},{"v":402.6737843,"d":"402.67"},{"v":23.3262157399999,"d":"23.33"},0,"0_20607000_621",{"v":9741.50186444999,"d":"9,741.50"},0,{"v":23.3262157399999,"d":"23.33"},{"v":0.014477353,"d":"0.01"},"0_20607000_621_432","G",{"v":0.0538866281631,"d":"0.05"},{"v":5.531655068E-6,"d":"0.00"},{"v":0.000129032579527,"d":"0.00"}]
[2,206,20607,{"v":9884.60477499999,"d":"9,884.60"},1188,{"v":0.120186899,"d":"0.12"},"G",430,20607000,{"v":9884.60477524,"d":"9,884.60"},96,330,426,{"v":143.102910799999,"d":"143.10"},{"v":0.945243625,"d":"0.95"},{"v":402.6737843,"d":"402.67"},{"v":23.3262157399999,"d":"23.33"},0,"0_20607000_621",{"v":9741.50186444999,"d":"9,741.50"},0,{"v":23.3262157399999,"d":"23.33"},{"v":0.014477353,"d":"0.01"},"0_20607000_621_433","G",{"v":2.86186124345E-3,"d":"0.00"},{"v":2.9378029e-07,"d":"0.00"},{"v":6.852782426e-06,"d":"0.00"}]
[2,206,20607,{"v":9884.60477499999,"d":"9,884.60"},1188,{"v":0.120186899,"d":"0.12"},"G",430,20607000,{"v":9884.60477524,"d":"9,884.60"},96,330,426,{"v":143.102910799999,"d":"143.10"},{"v":0.945243625,"d":"0.95"},{"v":402.6737843,"d":"402.67"},{"v":23.3262157399999,"d":"23.33"},0,"0_20607000_621",{"v":9741.50186444999,"d":"9,741.50"},0,{"v":23.3262157399999,"d":"23.33"},{"v":0.014477353,"d":"0.01"},"0_20607000_621_434","G",{"v":4.40585350626,"d":"4.41"},{"v":0.000452276616847,"d":"0.00"},{"v":0.0105499019387,"d":"0.01"}]
[2,206,20609,{"v":7621.57228,"d":"7,621.57"},1733,{"v":0.227380905,"d":"0.23"},"M",410,20609000,{"v":653.855879699999,"d":"653.86"},91,466,557,{"v":141.1823663,"d":"141.18"},{"v":0.93996673,"d":"0.94"},{"v":523.561468799999,"d":"523.56"},{"v":33.43853115,"d":"33.44"},0,"0_20609000_625",{"v":512.673513375999,"d":"512.67"},0,{"v":33.43853115,"d":"33.44"},{"v":0.21592276,"d":"0.22"},"0_20609000_625_435","außerhalb GKL",{"v":403.307047706999,"d":"403.31"},{"v":0.786674242348,"d":"0.79"},{"v":26.3052311577,"d":"26.31"}]
[2,206,20609,{"v":7621.57228,"d":"7,621.57"},1733,{"v":0.227380905,"d":"0.23"},"M",410,20609000,{"v":653.855879699999,"d":"653.86"},91,466,557,{"v":141.1823663,"d":"141.18"},{"v":0.93996673,"d":"0.94"},{"v":523.561468799999,"d":"523.56"},{"v":33.43853115,"d":"33.44"},0,"0_20609000_625",{"v":512.673513375999,"d":"512.67"},0,{"v":33.43853115,"d":"33.44"},{"v":0.21592276,"d":"0.22"},"0_20609000_625_436","außerhalb GKL",{"v":6.39327176419,"d":"6.39"},{"v":0.0124704545825,"d":"0.01"},{"v":0.416993684012,"d":"0.42"}]
[2,206,20609,{"v":7621.57228,"d":"7,621.57"},1733,{"v":0.227380905,"d":"0.23"},"M",410,20609000,{"v":653.855879699999,"d":"653.86"},91,466,557,{"v":141.1823663,"d":"141.18"},{"v":0.93996673,"d":"0.94"},{"v":523.561468799999,"d":"523.56"},{"v":33.43853115,"d":"33.44"},0,"0_20609000_625",{"v":512.673513375999,"d":"512.67"},0,{"v":33.43853115,"d":"33.44"},{"v":0.21592276,"d":"0.22"},"0_20609000_625_437","außerhalb GKL",{"v":0.0752134886663,"d":"0.08"},{"v":0.000146708356691,"d":"0.00"},{"v":0.00490571195518,"d":"0.00"}]
[2,206,20609,{"v":7621.57228,"d":"7,621.57"},1733,{"v":0.227380905,"d":"0.23"},"M",410,20609000,{"v":653.855879699999,"d":"653.86"},91,466,557,{"v":141.1823663,"d":"141.18"},{"v":0.93996673,"d":"0.94"},{"v":523.561468799999,"d":"523.56"},{"v":33.43853115,"d":"33.44"},0,"0_20609000_625",{"v":512.673513375999,"d":"512.67"},0,{"v":33.43853115,"d":"33.44"},{"v":0.21592276,"d":"0.22"},"0_20609000_625_438","außerhalb GKL",{"v":0.478253173457,"d":"0.48"},{"v":0.000932861091863,"d":"0.00"},{"v":0.0311935046789,"d":"0.03"}]
[2,206,20609,{"v":7621.57228,"d":"7,621.57"},1733,{"v":0.227380905,"d":"0.23"},"M",410,20609000,{"v":653.855879699999,"d":"653.86"},91,466,557,{"v":141.1823663,"d":"141.18"},{"v":0.93996673,"d":"0.94"},{"v":523.561468799999,"d":"523.56"},{"v":33.43853115,"d":"33.44"},0,"0_20609000_625",{"v":512.673513375999,"d":"512.67"},0,{"v":33.43853115,"d":"33.44"},{"v":0.21592276,"d":"0.22"},"0_20609000_625_439","außerhalb GKL",{"v":0.694980473191,"d":"0.69"},{"v":0.00135560050414,"d":"0.00"},{"v":0.0453292896846,"d":"0.05"}]
[2,206,20609,{"v":7621.57228,"d":"7,621.57"},1733,{"v":0.227380905,"d":"0.23"},"M",410,20609000,{"v":653.855879699999,"d":"653.86"},91,466,557,{"v":141.1823663,"d":"141.18"},{"v":0.93996673,"d":"0.94"},{"v":523.561468799999,"d":"523.56"},{"v":33.43853115,"d":"33.44"},0,"0_20609000_625",{"v":512.673513375999,"d":"512.67"},0,{"v":33.43853115,"d":"33.44"},{"v":0.21592276,"d":"0.22"},"0_20609000_625_440","außerhalb GKL",{"v":0.994437913784,"d":"0.99"},{"v":1.93970994763E-3,"d":"0.00"},{"v":0.0648610515058,"d":"0.06"}]
[2,206,20609,{"v":7621.57228,"d":"7,621.57"},1733,{"v":0.227380905,"d":"0.23"},"M",410,20609000,{"v":653.855879699999,"d":"653.86"},91,466,557,{"v":141.1823663,"d":"141.18"},{"v":0.93996673,"d":"0.94"},{"v":523.561468799999,"d":"523.56"},{"v":33.43853115,"d":"33.44"},0,"0_20609000_625",{"v":512.673513375999,"d":"512.67"},0,{"v":33.43853115,"d":"33.44"},{"v":0.21592276,"d":"0.22"},"0_20609000_625_441","C",{"v":1.85307940081,"d":"1.85"},{"v":0.00361454093582,"d":"0.00"},{"v":0.120864939675,"d":"0.12"}]
[2,206,20609,{"v":7621.57228,"d":"7,621.57"},1733,{"v":0.227380905,"d":"0.23"},"M",410,20609000,{"v":653.855879699999,"d":"653.86"},91,466,557,{"v":141.1823663,"d":"141.18"},{"v":0.93996673,"d":"0.94"},{"v":523.561468799999,"d":"523.56"},{"v":33.43853115,"d":"33.44"},0,"0_20609000_625",{"v":512.673513375999,"d":"512.67"},0,{"v":33.43853115,"d":"33.44"},{"v":0.21592276,"d":"0.22"},"0_20609000_625_442","D",{"v":6.76056956948,"d":"6.76"},{"v":0.0131868906684,"d":"0.01"},{"v":0.440950254387,"d":"0.44"}]
[2,206,20609,{"v":7621.57228,"d":"7,621.57"},1733,{"v":0.227380905,"d":"0.23"},"M",410,20609000,{"v":653.855879699999,"d":"653.86"},91,466,557,{"v":141.1823663,"d":"141.18"},{"v":0.93996673,"d":"0.94"},{"v":523.561468799999,"d":"523.56"},{"v":33.43853115,"d":"33.44"},0,"0_20609000_625",{"v":512.673513375999,"d":"512.67"},0,{"v":33.43853115,"d":"33.44"},{"v":0.21592276,"d":"0.22"},"0_20609000_625_443","D",{"v":0.247959814456,"d":"0.25"},{"v":4.83660278884E-4,"d":"0.00"},{"v":0.0161728893015,"d":"0.02"}]
[2,206,20609,{"v":7621.57228,"d":"7,621.57"},1733,{"v":0.227380905,"d":"0.23"},"M",410,20609000,{"v":653.855879699999,"d":"653.86"},91,466,557,{"v":141.1823663,"d":"141.18"},{"v":0.93996673,"d":"0.94"},{"v":523.561468799999,"d":"523.56"},{"v":33.43853115,"d":"33.44"},0,"0_20609000_625",{"v":512.673513375999,"d":"512.67"},0,{"v":33.43853115,"d":"33.44"},{"v":0.21592276,"d":"0.22"},"0_20609000_625_444","D",{"v":0.383060913273,"d":"0.38"},{"v":0.000747182960069,"d":"0.00"},{"v":0.024984700685,"d":"0.02"}]
[2,206,20609,{"v":7621.57228,"d":"7,621.57"},1733,{"v":0.227380905,"d":"0.23"},"M",410,20609000,{"v":653.855879699999,"d":"653.86"},91,466,557,{"v":141.1823663,"d":"141.18"},{"v":0.93996673,"d":"0.94"},{"v":523.561468799999,"d":"523.56"},{"v":33.43853115,"d":"33.44"},0,"0_20609000_625",{"v":512.673513375999,"d":"512.67"},0,{"v":33.43853115,"d":"33.44"},{"v":0.21592276,"d":"0.22"},"0_20609000_625_445","D",{"v":0.898376246078,"d":"0.90"},{"v":1.75233598506E-3,"d":"0.00"},{"v":0.0585955414217,"d":"0.06"}]
[2,206,20609,{"v":7621.57228,"d":"7,621.57"},1733,{"v":0.227380905,"d":"0.23"},"M",410,20609000,{"v":653.855879699999,"d":"653.86"},91,466,557,{"v":141.1823663,"d":"141.18"},{"v":0.93996673,"d":"0.94"},{"v":523.561468799999,"d":"523.56"},{"v":33.43853115,"d":"33.44"},0,"0_20609000_625",{"v":512.673513375999,"d":"512.67"},0,{"v":33.43853115,"d":"33.44"},{"v":0.21592276,"d":"0.22"},"0_20609000_625_446","D",{"v":0.258763587194,"d":"0.26"},{"v":0.00050473367639,"d":"0.00"},{"v":0.0168775527604,"d":"0.02"}]
[2,206,20609,{"v":7621.57228,"d":"7,621.57"},1733,{"v":0.227380905,"d":"0.23"},"M",410,20609000,{"v":653.855879699999,"d":"653.86"},91,466,557,{"v":141.1823663,"d":"141.18"},{"v":0.93996673,"d":"0.94"},{"v":523.561468799999,"d":"523.56"},{"v":33.43853115,"d":"33.44"},0,"0_20609000_625",{"v":512.673513375999,"d":"512.67"},0,{"v":33.43853115,"d":"33.44"},{"v":0.21592276,"d":"0.22"},"0_20609000_625_447","E",{"v":17.3969530203,"d":"17.40"},{"v":0.0339337854724,"d":"0.03"},{"v":1.13469594256,"d":"1.13"}]
[2,206,20609,{"v":7621.57228,"d":"7,621.57"},1733,{"v":0.227380905,"d":"0.23"},"M",410,20609000,{"v":653.855879699999,"d":"653.86"},91,466,557,{"v":141.1823663,"d":"141.18"},{"v":0.93996673,"d":"0.94"},{"v":523.561468799999,"d":"523.56"},{"v":33.43853115,"d":"33.44"},0,"0_20609000_625",{"v":512.673513375999,"d":"512.67"},0,{"v":33.43853115,"d":"33.44"},{"v":0.21592276,"d":"0.22"},"0_20609000_625_448","E",{"v":2.16803619538,"d":"2.17"},{"v":0.00422888278566,"d":"0.00"},{"v":0.141407628758,"d":"0.14"}]
[2,206,20609,{"v":7621.57228,"d":"7,621.57"},1733,{"v":0.227380905,"d":"0.23"},"M",410,20609000,{"v":653.855879699999,"d":"653.86"},91,466,557,{"v":141.1823663,"d":"141.18"},{"v":0.93996673,"d":"0.94"},{"v":523.561468799999,"d":"523.56"},{"v":33.43853115,"d":"33.44"},0,"0_20609000_625",{"v":512.673513375999,"d":"512.67"},0,{"v":33.43853115,"d":"33.44"},{"v":0.21592276,"d":"0.22"},"0_20609000_625_449","E",{"v":7.49276648045,"d":"7.49"},{"v":0.0146150840349,"d":"0.01"},{"v":0.488706942761,"d":"0.49"}]
[2,206,20609,{"v":7621.57228,"d":"7,621.57"},1733,{"v":0.227380905,"d":"0.23"},"M",410,20609000,{"v":653.855879699999,"d":"653.86"},91,466,557,{"v":141.1823663,"d":"141.18"},{"v":0.93996673,"d":"0.94"},{"v":523.561468799999,"d":"523.56"},{"v":33.43853115,"d":"33.44"},0,"0_20609000_625",{"v":512.673513375999,"d":"512.67"},0,{"v":33.43853115,"d":"33.44"},{"v":0.21592276,"d":"0.22"},"0_20609000_625_450","F",{"v":27.7568983554,"d":"27.76"},{"v":0.0541414713872,"d":"0.05"},{"v":1.81041127749,"d":"1.81"}]
[2,206,20609,{"v":7621.57228,"d":"7,621.57"},1733,{"v":0.227380905,"d":"0.23"},"M",410,20609000,{"v":653.855879699999,"d":"653.86"},91,466,557,{"v":141.1823663,"d":"141.18"},{"v":0.93996673,"d":"0.94"},{"v":523.561468799999,"d":"523.56"},{"v":33.43853115,"d":"33.44"},0,"0_20609000_625",{"v":512.673513375999,"d":"512.67"},0,{"v":33.43853115,"d":"33.44"},{"v":0.21592276,"d":"0.22"},"0_20609000_625_451","F",{"v":0.47396004788,"d":"0.47"},{"v":0.000924487096591,"d":"0.00"},{"v":0.0309134905771,"d":"0.03"}]
[2,206,20609,{"v":7621.57228,"d":"7,621.57"},1733,{"v":0.227380905,"d":"0.23"},"M",410,20609000,{"v":653.855879699999,"d":"653.86"},91,466,557,{"v":141.1823663,"d":"141.18"},{"v":0.93996673,"d":"0.94"},{"v":523.561468799999,"d":"523.56"},{"v":33.43853115,"d":"33.44"},0,"0_20609000_625",{"v":512.673513375999,"d":"512.67"},0,{"v":33.43853115,"d":"33.44"},{"v":0.21592276,"d":"0.22"},"0_20609000_625_452","F",{"v":2.76534875751,"d":"2.77"},{"v":0.0053939762546,"d":"0.01"},{"v":0.180366643012,"d":"0.18"}]
[2,206,20609,{"v":7621.57228,"d":"7,621.57"},1733,{"v":0.227380905,"d":"0.23"},"M",410,20609000,{"v":653.855879699999,"d":"653.86"},91,466,557,{"v":141.1823663,"d":"141.18"},{"v":0.93996673,"d":"0.94"},{"v":523.561468799999,"d":"523.56"},{"v":33.43853115,"d":"33.44"},0,"0_20609000_625",{"v":512.673513375999,"d":"512.67"},0,{"v":33.43853115,"d":"33.44"},{"v":0.21592276,"d":"0.22"},"0_20609000_625_453","F",{"v":0.0456889193559,"d":"0.05"},{"v":8.9118938591e-05,"d":"0.00"},{"v":2.98000640414E-3,"d":"0.00"}]
[2,206,20609,{"v":7621.57228,"d":"7,621.57"},1733,{"v":0.227380905,"d":"0.23"},"M",410,20609000,{"v":653.855879699999,"d":"653.86"},91,466,557,{"v":141.1823663,"d":"141.18"},{"v":0.93996673,"d":"0.94"},{"v":523.561468799999,"d":"523.56"},{"v":33.43853115,"d":"33.44"},0,"0_20609000_625",{"v":512.673513375999,"d":"512.67"},0,{"v":33.43853115,"d":"33.44"},{"v":0.21592276,"d":"0.22"},"0_20609000_625_454","G",{"v":0.182056004676,"d":"0.18"},{"v":0.000355111001302,"d":"0.00"},{"v":0.0118743902787,"d":"0.01"}]
[2,206,20609,{"v":7621.57228,"d":"7,621.57"},1733,{"v":0.227380905,"d":"0.23"},"M",410,20609000,{"v":653.855879699999,"d":"653.86"},91,466,557,{"v":141.1823663,"d":"141.18"},{"v":0.93996673,"d":"0.94"},{"v":523.561468799999,"d":"523.56"},{"v":33.43853115,"d":"33.44"},0,"0_20609000_625",{"v":512.673513375999,"d":"512.67"},0,{"v":33.43853115,"d":"33.44"},{"v":0.21592276,"d":"0.22"},"0_20609000_625_455","G",{"v":0.000325220723707,"d":"0.00"},{"v":6.3436225e-07,"d":"0.00"},{"v":2.1212141873e-05,"d":"0.00"}]
[2,206,20609,{"v":7621.57228,"d":"7,621.57"},1733,{"v":0.227380905,"d":"0.23"},"M",410,20609000,{"v":653.855879699999,"d":"653.86"},91,466,557,{"v":141.1823663,"d":"141.18"},{"v":0.93996673,"d":"0.94"},{"v":523.561468799999,"d":"523.56"},{"v":33.43853115,"d":"33.44"},0,"0_20609000_625",{"v":512.673513375999,"d":"512.67"},0,{"v":33.43853115,"d":"33.44"},{"v":0.21592276,"d":"0.22"},"0_20609000_625_456","G",{"v":9.85462494934,"d":"9.85"},{"v":0.0192220286249,"d":"0.02"},{"v":0.64275640294,"d":"0.64"}]
[2,206,20609,{"v":7621.57228,"d":"7,621.57"},1733,{"v":0.227380905,"d":"0.23"},"M",410,20609000,{"v":653.855879699999,"d":"653.86"},91,466,557,{"v":141.1823663,"d":"141.18"},{"v":0.93996673,"d":"0.94"},{"v":523.561468799999,"d":"523.56"},{"v":33.43853115,"d":"33.44"},0,"0_20609000_625",{"v":512.673513375999,"d":"512.67"},0,{"v":33.43853115,"d":"33.44"},{"v":0.21592276,"d":"0.22"},"0_20609000_625_457","G",{"v":2.88883718974,"d":"2.89"},{"v":0.00563484774299,"d":"0.01"},{"v":0.188421031779,"d":"0.19"}]
[2,206,20609,{"v":7621.57228,"d":"7,621.57"},1733,{"v":0.227380905,"d":"0.23"},"M",410,20609000,{"v":653.855879699999,"d":"653.86"},91,466,557,{"v":141.1823663,"d":"141.18"},{"v":0.93996673,"d":"0.94"},{"v":523.561468799999,"d":"523.56"},{"v":33.43853115,"d":"33.44"},0,"0_20609000_625",{"v":512.673513375999,"d":"512.67"},0,{"v":33.43853115,"d":"33.44"},{"v":0.21592276,"d":"0.22"},"0_20609000_625_458","G",{"v":0.0744748642457,"d":"0.07"},{"v":0.000145267626087,"d":"0.00"},{"v":0.00485753604,"d":"0.00"}]
[2,206,20609,{"v":7621.57228,"d":"7,621.57"},1733,{"v":0.227380905,"d":"0.23"},"M",410,20609000,{"v":653.855879699999,"d":"653.86"},91,466,557,{"v":141.1823663,"d":"141.18"},{"v":0.93996673,"d":"0.94"},{"v":523.561468799999,"d":"523.56"},{"v":33.43853115,"d":"33.44"},0,"0_20609000_625",{"v":512.673513375999,"d":"512.67"},0,{"v":33.43853115,"d":"33.44"},{"v":0.21592276,"d":"0.22"},"0_20609000_625_459","G",{"v":16.3989006024,"d":"16.40"},{"v":0.0319870252208,"d":"0.03"},{"v":1.06959913924,"d":"1.07"}]
[2,206,20609,{"v":7621.57228,"d":"7,621.57"},1733,{"v":0.227380905,"d":"0.23"},"M",410,20609000,{"v":653.855879699999,"d":"653.86"},91,466,557,{"v":141.1823663,"d":"141.18"},{"v":0.93996673,"d":"0.94"},{"v":523.561468799999,"d":"523.56"},{"v":33.43853115,"d":"33.44"},0,"0_20609000_625",{"v":512.673513375999,"d":"512.67"},0,{"v":33.43853115,"d":"33.44"},{"v":0.21592276,"d":"0.22"},"0_20609000_625_460","G",{"v":0.263796521332,"d":"0.26"},{"v":0.000514550712002,"d":"0.00"},{"v":0.0172058200115,"d":"0.02"}]
[2,206,20609,{"v":7621.57228,"d":"7,621.57"},1733,{"v":0.227380905,"d":"0.23"},"M",410,20609000,{"v":653.855879699999,"d":"653.86"},91,466,557,{"v":141.1823663,"d":"141.18"},{"v":0.93996673,"d":"0.94"},{"v":523.561468799999,"d":"523.56"},{"v":33.43853115,"d":"33.44"},0,"0_20609000_625",{"v":512.673513375999,"d":"512.67"},0,{"v":33.43853115,"d":"33.44"},{"v":0.21592276,"d":"0.22"},"0_20609000_625_461","G",{"v":2.56583219581,"d":"2.57"},{"v":0.00500480740445,"d":"0.01"},{"v":0.167353408293,"d":"0.17"}]
[2,206,20609,{"v":7621.57228,"d":"7,621.57"},1733,{"v":0.227380905,"d":"0.23"},"M",410,20609001,{"v":3178.99150532,"d":"3,178.99"},47,72,119,{"v":47.85836948,"d":"47.86"},{"v":0.93996673,"d":"0.94"},{"v":111.856040899999,"d":"111.86"},{"v":7.143959079,"d":"7.14"},0,"0_20609001_626",{"v":3131.13313583999,"d":"3,131.13"},0,{"v":7.143959079,"d":"7.14"},{"v":0.015054576,"d":"0.02"},"0_20609001_626_462","außerhalb GKL",{"v":3034.11198481,"d":"3,034.11"},{"v":0.969014044814,"d":"0.97"},{"v":6.92259668313,"d":"6.92"}]
[2,206,20609,{"v":7621.57228,"d":"7,621.57"},1733,{"v":0.227380905,"d":"0.23"},"M",410,20609001,{"v":3178.99150532,"d":"3,178.99"},47,72,119,{"v":47.85836948,"d":"47.86"},{"v":0.93996673,"d":"0.94"},{"v":111.856040899999,"d":"111.86"},{"v":7.143959079,"d":"7.14"},0,"0_20609001_626",{"v":3131.13313583999,"d":"3,131.13"},0,{"v":7.143959079,"d":"7.14"},{"v":0.015054576,"d":"0.02"},"0_20609001_626_463","D",{"v":0.114787774656,"d":"0.11"},{"v":3.6660138575e-05,"d":"0.00"},{"v":0.000261898529809,"d":"0.00"}]
[2,206,20609,{"v":7621.57228,"d":"7,621.57"},1733,{"v":0.227380905,"d":"0.23"},"M",410,20609001,{"v":3178.99150532,"d":"3,178.99"},47,72,119,{"v":47.85836948,"d":"47.86"},{"v":0.93996673,"d":"0.94"},{"v":111.856040899999,"d":"111.86"},{"v":7.143959079,"d":"7.14"},0,"0_20609001_626",{"v":3131.13313583999,"d":"3,131.13"},0,{"v":7.143959079,"d":"7.14"},{"v":0.015054576,"d":"0.02"},"0_20609001_626_464","E",{"v":1.17042589052,"d":"1.17"},{"v":3.73802658572E-4,"d":"0.00"},{"v":0.00267043089646,"d":"0.00"}]
[2,206,20609,{"v":7621.57228,"d":"7,621.57"},1733,{"v":0.227380905,"d":"0.23"},"M",410,20609001,{"v":3178.99150532,"d":"3,178.99"},47,72,119,{"v":47.85836948,"d":"47.86"},{"v":0.93996673,"d":"0.94"},{"v":111.856040899999,"d":"111.86"},{"v":7.143959079,"d":"7.14"},0,"0_20609001_626",{"v":3131.13313583999,"d":"3,131.13"},0,{"v":7.143959079,"d":"7.14"},{"v":0.015054576,"d":"0.02"},"0_20609001_626_465","E",{"v":0.843837980503,"d":"0.84"},{"v":0.00026949923363,"d":"0.00"},{"v":1.92529149687E-3,"d":"0.00"}]
[2,206,20609,{"v":7621.57228,"d":"7,621.57"},1733,{"v":0.227380905,"d":"0.23"},"M",410,20609001,{"v":3178.99150532,"d":"3,178.99"},47,72,119,{"v":47.85836948,"d":"47.86"},{"v":0.93996673,"d":"0.94"},{"v":111.856040899999,"d":"111.86"},{"v":7.143959079,"d":"7.14"},0,"0_20609001_626",{"v":3131.13313583999,"d":"3,131.13"},0,{"v":7.143959079,"d":"7.14"},{"v":0.015054576,"d":"0.02"},"0_20609001_626_466","F",{"v":2.79746855219,"d":"2.80"},{"v":0.000893436475175,"d":"0.00"},{"v":6.38267361834E-3,"d":"0.01"}]
[2,206,20609,{"v":7621.57228,"d":"7,621.57"},1733,{"v":0.227380905,"d":"0.23"},"M",410,20609001,{"v":3178.99150532,"d":"3,178.99"},47,72,119,{"v":47.85836948,"d":"47.86"},{"v":0.93996673,"d":"0.94"},{"v":111.856040899999,"d":"111.86"},{"v":7.143959079,"d":"7.14"},0,"0_20609001_626",{"v":3131.13313583999,"d":"3,131.13"},0,{"v":7.143959079,"d":"7.14"},{"v":0.015054576,"d":"0.02"},"0_20609001_626_467","F",{"v":10.5690639459,"d":"10.57"},{"v":3.37547574229E-3,"d":"0.00"},{"v":0.0241142605751,"d":"0.02"}]
[2,206,20609,{"v":7621.57228,"d":"7,621.57"},1733,{"v":0.227380905,"d":"0.23"},"M",410,20609001,{"v":3178.99150532,"d":"3,178.99"},47,72,119,{"v":47.85836948,"d":"47.86"},{"v":0.93996673,"d":"0.94"},{"v":111.856040899999,"d":"111.86"},{"v":7.143959079,"d":"7.14"},0,"0_20609001_626",{"v":3131.13313583999,"d":"3,131.13"},0,{"v":7.143959079,"d":"7.14"},{"v":0.015054576,"d":"0.02"},"0_20609001_626_468","G",{"v":45.6003643857999,"d":"45.60"},{"v":0.0145635341608,"d":"0.01"},{"v":0.10404129209,"d":"0.10"}]
[2,206,20609,{"v":7621.57228,"d":"7,621.57"},1733,{"v":0.227380905,"d":"0.23"},"M",410,20609001,{"v":3178.99150532,"d":"3,178.99"},47,72,119,{"v":47.85836948,"d":"47.86"},{"v":0.93996673,"d":"0.94"},{"v":111.856040899999,"d":"111.86"},{"v":7.143959079,"d":"7.14"},0,"0_20609001_626",{"v":3131.13313583999,"d":"3,131.13"},0,{"v":7.143959079,"d":"7.14"},{"v":0.015054576,"d":"0.02"},"0_20609001_626_469","G",{"v":6.16764176662,"d":"6.17"},{"v":1.9697794693E-3,"d":"0.00"},{"v":0.0140720239233,"d":"0.01"}]
[2,206,20609,{"v":7621.57228,"d":"7,621.57"},1733,{"v":0.227380905,"d":"0.23"},"M",410,20609001,{"v":3178.99150532,"d":"3,178.99"},47,72,119,{"v":47.85836948,"d":"47.86"},{"v":0.93996673,"d":"0.94"},{"v":111.856040899999,"d":"111.86"},{"v":7.143959079,"d":"7.14"},0,"0_20609001_626",{"v":3131.13313583999,"d":"3,131.13"},0,{"v":7.143959079,"d":"7.14"},{"v":0.015054576,"d":"0.02"},"0_20609001_626_470","G",{"v":1.31274093715,"d":"1.31"},{"v":0.000419254270003,"d":"0.00"},{"v":0.0029951353486,"d":"0.00"}]
[2,206,20609,{"v":7621.57228,"d":"7,621.57"},1733,{"v":0.227380905,"d":"0.23"},"M",410,20609001,{"v":3178.99150532,"d":"3,178.99"},47,72,119,{"v":47.85836948,"d":"47.86"},{"v":0.93996673,"d":"0.94"},{"v":111.856040899999,"d":"111.86"},{"v":7.143959079,"d":"7.14"},0,"0_20609001_626",{"v":3131.13313583999,"d":"3,131.13"},0,{"v":7.143959079,"d":"7.14"},{"v":0.015054576,"d":"0.02"},"0_20609001_626_471","G",{"v":19.2942610887,"d":"19.29"},{"v":0.00616206984872,"d":"0.01"},{"v":0.0440215748412,"d":"0.04"}]
[2,206,20609,{"v":7621.57228,"d":"7,621.57"},1733,{"v":0.227380905,"d":"0.23"},"M",410,20609001,{"v":3178.99150532,"d":"3,178.99"},47,72,119,{"v":47.85836948,"d":"47.86"},{"v":0.93996673,"d":"0.94"},{"v":111.856040899999,"d":"111.86"},{"v":7.143959079,"d":"7.14"},0,"0_20609001_626",{"v":3131.13313583999,"d":"3,131.13"},0,{"v":7.143959079,"d":"7.14"},{"v":0.015054576,"d":"0.02"},"0_20609001_626_472","G",{"v":9.15055871414,"d":"9.15"},{"v":0.00292244319138,"d":"0.00"},{"v":0.0208778145699,"d":"0.02"}]
[2,206,20609,{"v":7621.57228,"d":"7,621.57"},1733,{"v":0.227380905,"d":"0.23"},"M",410,20609002,{"v":3788.72489507999,"d":"3,788.72"},19,1,20,{"v":2.115821988,"d":"2.12"},{"v":0.93996673,"d":"0.94"},{"v":18.7993346099999,"d":"18.80"},{"v":1.200665391,"d":"1.20"},0,"0_20609002_627",{"v":3786.60907309999,"d":"3,786.61"},0,{"v":1.200665391,"d":"1.20"},{"v":0.000558452,"d":"0.00"},"0_20609002_627_473","außerhalb GKL",{"v":3786.19859731999,"d":"3,786.20"},{"v":0.999891598057,"d":"1.00"},{"v":1.20053523654,"d":"1.20"}]
[2,206,20609,{"v":7621.57228,"d":"7,621.57"},1733,{"v":0.227380905,"d":"0.23"},"M",410,20609002,{"v":3788.72489507999,"d":"3,788.72"},19,1,20,{"v":2.115821988,"d":"2.12"},{"v":0.93996673,"d":"0.94"},{"v":18.7993346099999,"d":"18.80"},{"v":1.200665391,"d":"1.20"},0,"0_20609002_627",{"v":3786.60907309999,"d":"3,786.61"},0,{"v":1.200665391,"d":"1.20"},{"v":0.000558452,"d":"0.00"},"0_20609002_627_474","G",{"v":0.410475774944,"d":"0.41"},{"v":1.08401941426E-4,"d":"0.00"},{"v":0.000130154459387,"d":"0.00"}]
[2,206,20610,{"v":19314.8195,"d":"19,314.82"},997,{"v":0.051618396,"d":"0.05"},"G",430,20610000,{"v":19314.819499,"d":"19,314.82"},122,231,353,{"v":107.196101799999,"d":"107.20"},{"v":0.945243625,"d":"0.95"},{"v":333.6709996,"d":"333.67"},{"v":19.3290003699999,"d":"19.33"},0,"0_20610000_628",{"v":19207.6233972,"d":"19,207.62"},0,{"v":19.3290003699999,"d":"19.33"},{"v":0.005549941,"d":"0.01"},"0_20610000_628_475","außerhalb GKL",{"v":19051.3446828999,"d":"19,051.34"},{"v":0.991863714158,"d":"0.99"},{"v":19.1717340979,"d":"19.17"}]
[2,206,20610,{"v":19314.8195,"d":"19,314.82"},997,{"v":0.051618396,"d":"0.05"},"G",430,20610000,{"v":19314.819499,"d":"19,314.82"},122,231,353,{"v":107.196101799999,"d":"107.20"},{"v":0.945243625,"d":"0.95"},{"v":333.6709996,"d":"333.67"},{"v":19.3290003699999,"d":"19.33"},0,"0_20610000_628",{"v":19207.6233972,"d":"19,207.62"},0,{"v":19.3290003699999,"d":"19.33"},{"v":0.005549941,"d":"0.01"},"0_20610000_628_476","F",{"v":0.117541668386,"d":"0.12"},{"v":6.119532123e-06,"d":"0.00"},{"v":1.1828443867E-4,"d":"0.00"}]
[2,206,20610,{"v":19314.8195,"d":"19,314.82"},997,{"v":0.051618396,"d":"0.05"},"G",430,20610000,{"v":19314.819499,"d":"19,314.82"},122,231,353,{"v":107.196101799999,"d":"107.20"},{"v":0.945243625,"d":"0.95"},{"v":333.6709996,"d":"333.67"},{"v":19.3290003699999,"d":"19.33"},0,"0_20610000_628",{"v":19207.6233972,"d":"19,207.62"},0,{"v":19.3290003699999,"d":"19.33"},{"v":0.005549941,"d":"0.01"},"0_20610000_628_477","F",{"v":6.938195246,"d":"6.94"},{"v":0.000361220912266,"d":"0.00"},{"v":6.98203914684E-3,"d":"0.01"}]
[2,206,20610,{"v":19314.8195,"d":"19,314.82"},997,{"v":0.051618396,"d":"0.05"},"G",430,20610000,{"v":19314.819499,"d":"19,314.82"},122,231,353,{"v":107.196101799999,"d":"107.20"},{"v":0.945243625,"d":"0.95"},{"v":333.6709996,"d":"333.67"},{"v":19.3290003699999,"d":"19.33"},0,"0_20610000_628",{"v":19207.6233972,"d":"19,207.62"},0,{"v":19.3290003699999,"d":"19.33"},{"v":0.005549941,"d":"0.01"},"0_20610000_628_478","F",{"v":0.743959485155,"d":"0.74"},{"v":3.8732511033e-05,"d":"0.00"},{"v":7.48660720094E-4,"d":"0.00"}]
[2,206,20610,{"v":19314.8195,"d":"19,314.82"},997,{"v":0.051618396,"d":"0.05"},"G",430,20610000,{"v":19314.819499,"d":"19,314.82"},122,231,353,{"v":107.196101799999,"d":"107.20"},{"v":0.945243625,"d":"0.95"},{"v":333.6709996,"d":"333.67"},{"v":19.3290003699999,"d":"19.33"},0,"0_20610000_628",{"v":19207.6233972,"d":"19,207.62"},0,{"v":19.3290003699999,"d":"19.33"},{"v":0.005549941,"d":"0.01"},"0_20610000_628_479","F",{"v":0.247672368337,"d":"0.25"},{"v":1.2894482738e-05,"d":"0.00"},{"v":0.000249237461618,"d":"0.00"}]
[2,206,20610,{"v":19314.8195,"d":"19,314.82"},997,{"v":0.051618396,"d":"0.05"},"G",430,20610000,{"v":19314.819499,"d":"19,314.82"},122,231,353,{"v":107.196101799999,"d":"107.20"},{"v":0.945243625,"d":"0.95"},{"v":333.6709996,"d":"333.67"},{"v":19.3290003699999,"d":"19.33"},0,"0_20610000_628",{"v":19207.6233972,"d":"19,207.62"},0,{"v":19.3290003699999,"d":"19.33"},{"v":0.005549941,"d":"0.01"},"0_20610000_628_480","F",{"v":0.923020772689,"d":"0.92"},{"v":4.8054918279e-05,"d":"0.00"},{"v":9.28853533197E-4,"d":"0.00"}]
[2,206,20610,{"v":19314.8195,"d":"19,314.82"},997,{"v":0.051618396,"d":"0.05"},"G",430,20610000,{"v":19314.819499,"d":"19,314.82"},122,231,353,{"v":107.196101799999,"d":"107.20"},{"v":0.945243625,"d":"0.95"},{"v":333.6709996,"d":"333.67"},{"v":19.3290003699999,"d":"19.33"},0,"0_20610000_628",{"v":19207.6233972,"d":"19,207.62"},0,{"v":19.3290003699999,"d":"19.33"},{"v":0.005549941,"d":"0.01"},"0_20610000_628_481","F",{"v":0.104986465922,"d":"0.10"},{"v":5.465874864e-06,"d":"0.00"},{"v":1.05649897267E-4,"d":"0.00"}]
[2,206,20610,{"v":19314.8195,"d":"19,314.82"},997,{"v":0.051618396,"d":"0.05"},"G",430,20610000,{"v":19314.819499,"d":"19,314.82"},122,231,353,{"v":107.196101799999,"d":"107.20"},{"v":0.945243625,"d":"0.95"},{"v":333.6709996,"d":"333.67"},{"v":19.3290003699999,"d":"19.33"},0,"0_20610000_628",{"v":19207.6233972,"d":"19,207.62"},0,{"v":19.3290003699999,"d":"19.33"},{"v":0.005549941,"d":"0.01"},"0_20610000_628_482","F",{"v":7.61874581725,"d":"7.62"},{"v":0.000396652186463,"d":"0.00"},{"v":0.0076668902589,"d":"0.01"}]
[2,206,20610,{"v":19314.8195,"d":"19,314.82"},997,{"v":0.051618396,"d":"0.05"},"G",430,20610000,{"v":19314.819499,"d":"19,314.82"},122,231,353,{"v":107.196101799999,"d":"107.20"},{"v":0.945243625,"d":"0.95"},{"v":333.6709996,"d":"333.67"},{"v":19.3290003699999,"d":"19.33"},0,"0_20610000_628",{"v":19207.6233972,"d":"19,207.62"},0,{"v":19.3290003699999,"d":"19.33"},{"v":0.005549941,"d":"0.01"},"0_20610000_628_483","F",{"v":1.62886617226,"d":"1.63"},{"v":8.4803108567e-05,"d":"0.00"},{"v":0.00163915931686,"d":"0.00"}]
[2,206,20610,{"v":19314.8195,"d":"19,314.82"},997,{"v":0.051618396,"d":"0.05"},"G",430,20610000,{"v":19314.819499,"d":"19,314.82"},122,231,353,{"v":107.196101799999,"d":"107.20"},{"v":0.945243625,"d":"0.95"},{"v":333.6709996,"d":"333.67"},{"v":19.3290003699999,"d":"19.33"},0,"0_20610000_628",{"v":19207.6233972,"d":"19,207.62"},0,{"v":19.3290003699999,"d":"19.33"},{"v":0.005549941,"d":"0.01"},"0_20610000_628_484","G",{"v":0.868154376048,"d":"0.87"},{"v":4.5198427629e-05,"d":"0.00"},{"v":0.000873640424368,"d":"0.00"}]
[2,206,20610,{"v":19314.8195,"d":"19,314.82"},997,{"v":0.051618396,"d":"0.05"},"G",430,20610000,{"v":19314.819499,"d":"19,314.82"},122,231,353,{"v":107.196101799999,"d":"107.20"},{"v":0.945243625,"d":"0.95"},{"v":333.6709996,"d":"333.67"},{"v":19.3290003699999,"d":"19.33"},0,"0_20610000_628",{"v":19207.6233972,"d":"19,207.62"},0,{"v":19.3290003699999,"d":"19.33"},{"v":0.005549941,"d":"0.01"},"0_20610000_628_485","G",{"v":0.798693738029,"d":"0.80"},{"v":4.1582121927E-5,"d":"0.00"},{"v":0.00080374085011,"d":"0.00"}]
[2,206,20610,{"v":19314.8195,"d":"19,314.82"},997,{"v":0.051618396,"d":"0.05"},"G",430,20610000,{"v":19314.819499,"d":"19,314.82"},122,231,353,{"v":107.196101799999,"d":"107.20"},{"v":0.945243625,"d":"0.95"},{"v":333.6709996,"d":"333.67"},{"v":19.3290003699999,"d":"19.33"},0,"0_20610000_628",{"v":19207.6233972,"d":"19,207.62"},0,{"v":19.3290003699999,"d":"19.33"},{"v":0.005549941,"d":"0.01"},"0_20610000_628_486","G",{"v":1.3284082078E-3,"d":"0.00"},{"v":6.9160467e-08,"d":"0.00"},{"v":1.336802696e-06,"d":"0.00"}]
[2,206,20610,{"v":19314.8195,"d":"19,314.82"},997,{"v":0.051618396,"d":"0.05"},"G",430,20610000,{"v":19314.819499,"d":"19,314.82"},122,231,353,{"v":107.196101799999,"d":"107.20"},{"v":0.945243625,"d":"0.95"},{"v":333.6709996,"d":"333.67"},{"v":19.3290003699999,"d":"19.33"},0,"0_20610000_628",{"v":19207.6233972,"d":"19,207.62"},0,{"v":19.3290003699999,"d":"19.33"},{"v":0.005549941,"d":"0.01"},"0_20610000_628_487","G",{"v":0.165304784046,"d":"0.17"},{"v":8.606207058e-06,"d":"0.00"},{"v":0.000166349379406,"d":"0.00"}]
[2,206,20610,{"v":19314.8195,"d":"19,314.82"},997,{"v":0.051618396,"d":"0.05"},"G",430,20610000,{"v":19314.819499,"d":"19,314.82"},122,231,353,{"v":107.196101799999,"d":"107.20"},{"v":0.945243625,"d":"0.95"},{"v":333.6709996,"d":"333.67"},{"v":19.3290003699999,"d":"19.33"},0,"0_20610000_628",{"v":19207.6233972,"d":"19,207.62"},0,{"v":19.3290003699999,"d":"19.33"},{"v":0.005549941,"d":"0.01"},"0_20610000_628_488","G",{"v":1.60770941065,"d":"1.61"},{"v":8.3701631243E-5,"d":"0.00"},{"v":0.00161786886127,"d":"0.00"}]
[2,206,20610,{"v":19314.8195,"d":"19,314.82"},997,{"v":0.051618396,"d":"0.05"},"G",430,20610000,{"v":19314.819499,"d":"19,314.82"},122,231,353,{"v":107.196101799999,"d":"107.20"},{"v":0.945243625,"d":"0.95"},{"v":333.6709996,"d":"333.67"},{"v":19.3290003699999,"d":"19.33"},0,"0_20610000_628",{"v":19207.6233972,"d":"19,207.62"},0,{"v":19.3290003699999,"d":"19.33"},{"v":0.005549941,"d":"0.01"},"0_20610000_628_489","G",{"v":3.30752250065,"d":"3.31"},{"v":1.7219842519E-4,"d":"0.00"},{"v":0.00332842342421,"d":"0.00"}]
[2,206,20610,{"v":19314.8195,"d":"19,314.82"},997,{"v":0.051618396,"d":"0.05"},"G",430,20610000,{"v":19314.819499,"d":"19,314.82"},122,231,353,{"v":107.196101799999,"d":"107.20"},{"v":0.945243625,"d":"0.95"},{"v":333.6709996,"d":"333.67"},{"v":19.3290003699999,"d":"19.33"},0,"0_20610000_628",{"v":19207.6233972,"d":"19,207.62"},0,{"v":19.3290003699999,"d":"19.33"},{"v":0.005549941,"d":"0.01"},"0_20610000_628_490","G",{"v":0.565552029516,"d":"0.57"},{"v":2.9444144016E-5,"d":"0.00"},{"v":0.000569125870583,"d":"0.00"}]
[2,206,20610,{"v":19314.8195,"d":"19,314.82"},997,{"v":0.051618396,"d":"0.05"},"G",430,20610000,{"v":19314.819499,"d":"19,314.82"},122,231,353,{"v":107.196101799999,"d":"107.20"},{"v":0.945243625,"d":"0.95"},{"v":333.6709996,"d":"333.67"},{"v":19.3290003699999,"d":"19.33"},0,"0_20610000_628",{"v":19207.6233972,"d":"19,207.62"},0,{"v":19.3290003699999,"d":"19.33"},{"v":0.005549941,"d":"0.01"},"0_20610000_628_491","G",{"v":6.9075258432,"d":"6.91"},{"v":0.000359624181522,"d":"0.00"},{"v":0.0069511759377,"d":"0.01"}]
[2,206,20610,{"v":19314.8195,"d":"19,314.82"},997,{"v":0.051618396,"d":"0.05"},"G",430,20610000,{"v":19314.819499,"d":"19,314.82"},122,231,353,{"v":107.196101799999,"d":"107.20"},{"v":0.945243625,"d":"0.95"},{"v":333.6709996,"d":"333.67"},{"v":19.3290003699999,"d":"19.33"},0,"0_20610000_628",{"v":19207.6233972,"d":"19,207.62"},0,{"v":19.3290003699999,"d":"19.33"},{"v":0.005549941,"d":"0.01"},"0_20610000_628_492","G",{"v":70.8056341223,"d":"70.81"},{"v":0.00368632977949,"d":"0.00"},{"v":0.0712530696717,"d":"0.07"}]
[2,206,20610,{"v":19314.8195,"d":"19,314.82"},997,{"v":0.051618396,"d":"0.05"},"G",430,20610000,{"v":19314.819499,"d":"19,314.82"},122,231,353,{"v":107.196101799999,"d":"107.20"},{"v":0.945243625,"d":"0.95"},{"v":333.6709996,"d":"333.67"},{"v":19.3290003699999,"d":"19.33"},0,"0_20610000_628",{"v":19207.6233972,"d":"19,207.62"},0,{"v":19.3290003699999,"d":"19.33"},{"v":0.005549941,"d":"0.01"},"0_20610000_628_493","G",{"v":0.0747544258302,"d":"0.07"},{"v":3.891914387e-06,"d":"0.00"},{"v":7.5226814617e-05,"d":"0.00"}]
[2,206,20610,{"v":19314.8195,"d":"19,314.82"},997,{"v":0.051618396,"d":"0.05"},"G",430,20610000,{"v":19314.819499,"d":"19,314.82"},122,231,353,{"v":107.196101799999,"d":"107.20"},{"v":0.945243625,"d":"0.95"},{"v":333.6709996,"d":"333.67"},{"v":19.3290003699999,"d":"19.33"},0,"0_20610000_628",{"v":19207.6233972,"d":"19,207.62"},0,{"v":19.3290003699999,"d":"19.33"},{"v":0.005549941,"d":"0.01"},"0_20610000_628_494","G",{"v":6.57406302716,"d":"6.57"},{"v":0.000342263219723,"d":"0.00"},{"v":0.00661560590066,"d":"0.01"}]
[2,206,20610,{"v":19314.8195,"d":"19,314.82"},997,{"v":0.051618396,"d":"0.05"},"G",430,20610000,{"v":19314.819499,"d":"19,314.82"},122,231,353,{"v":107.196101799999,"d":"107.20"},{"v":0.945243625,"d":"0.95"},{"v":333.6709996,"d":"333.67"},{"v":19.3290003699999,"d":"19.33"},0,"0_20610000_628",{"v":19207.6233972,"d":"19,207.62"},0,{"v":19.3290003699999,"d":"19.33"},{"v":0.005549941,"d":"0.01"},"0_20610000_628_495","G",{"v":37.1340136992999,"d":"37.13"},{"v":0.00193329559474,"d":"0.00"},{"v":0.037368671266,"d":"0.04"}]
[2,206,20610,{"v":19314.8195,"d":"19,314.82"},997,{"v":0.051618396,"d":"0.05"},"G",430,20610000,{"v":19314.819499,"d":"19,314.82"},122,231,353,{"v":107.196101799999,"d":"107.20"},{"v":0.945243625,"d":"0.95"},{"v":333.6709996,"d":"333.67"},{"v":19.3290003699999,"d":"19.33"},0,"0_20610000_628",{"v":19207.6233972,"d":"19,207.62"},0,{"v":19.3290003699999,"d":"19.33"},{"v":0.005549941,"d":"0.01"},"0_20610000_628_496","G",{"v":9.14546985456,"d":"9.15"},{"v":0.000476137503607,"d":"0.00"},{"v":0.00920326198339,"d":"0.01"}]
[2,206,20611,{"v":3342.85881999999,"d":"3,342.86"},1966,{"v":0.588119363,"d":"0.59"},"G",410,20611000,{"v":1869.54258389,"d":"1,869.54"},60,106,166,{"v":58.76382443,"d":"58.76"},{"v":0.93996673,"d":"0.94"},{"v":156.034477299999,"d":"156.03"},{"v":9.965522749,"d":"9.97"},0,"0_20611000_629",{"v":1810.77875945999,"d":"1,810.78"},0,{"v":9.965522749,"d":"9.97"},{"v":0.031432194,"d":"0.03"},"0_20611000_629_497","außerhalb GKL",{"v":1736.15693602999,"d":"1,736.16"},{"v":0.958790203916,"d":"0.96"},{"v":9.55484558863999,"d":"9.55"}]
[2,206,20611,{"v":3342.85881999999,"d":"3,342.86"},1966,{"v":0.588119363,"d":"0.59"},"G",410,20611000,{"v":1869.54258389,"d":"1,869.54"},60,106,166,{"v":58.76382443,"d":"58.76"},{"v":0.93996673,"d":"0.94"},{"v":156.034477299999,"d":"156.03"},{"v":9.965522749,"d":"9.97"},0,"0_20611000_629",{"v":1810.77875945999,"d":"1,810.78"},0,{"v":9.965522749,"d":"9.97"},{"v":0.031432194,"d":"0.03"},"0_20611000_629_498","außerhalb GKL",{"v":26.6588374124,"d":"26.66"},{"v":0.014722305126,"d":"0.01"},{"v":0.146715466651,"d":"0.15"}]
[2,206,20611,{"v":3342.85881999999,"d":"3,342.86"},1966,{"v":0.588119363,"d":"0.59"},"G",410,20611000,{"v":1869.54258389,"d":"1,869.54"},60,106,166,{"v":58.76382443,"d":"58.76"},{"v":0.93996673,"d":"0.94"},{"v":156.034477299999,"d":"156.03"},{"v":9.965522749,"d":"9.97"},0,"0_20611000_629",{"v":1810.77875945999,"d":"1,810.78"},0,{"v":9.965522749,"d":"9.97"},{"v":0.031432194,"d":"0.03"},"0_20611000_629_499","außerhalb GKL",{"v":0.0999520128415,"d":"0.10"},{"v":5.5198357237e-05,"d":"0.00"},{"v":0.000550080484751,"d":"0.00"}]
[2,206,20611,{"v":3342.85881999999,"d":"3,342.86"},1966,{"v":0.588119363,"d":"0.59"},"G",410,20611000,{"v":1869.54258389,"d":"1,869.54"},60,106,166,{"v":58.76382443,"d":"58.76"},{"v":0.93996673,"d":"0.94"},{"v":156.034477299999,"d":"156.03"},{"v":9.965522749,"d":"9.97"},0,"0_20611000_629",{"v":1810.77875945999,"d":"1,810.78"},0,{"v":9.965522749,"d":"9.97"},{"v":0.031432194,"d":"0.03"},"0_20611000_629_500","außerhalb GKL",{"v":0.00286920593091,"d":"0.00"},{"v":1.584514903E-6,"d":"0.00"},{"v":1.5790519315e-05,"d":"0.00"}]
[2,206,20611,{"v":3342.85881999999,"d":"3,342.86"},1966,{"v":0.588119363,"d":"0.59"},"G",410,20611000,{"v":1869.54258389,"d":"1,869.54"},60,106,166,{"v":58.76382443,"d":"58.76"},{"v":0.93996673,"d":"0.94"},{"v":156.034477299999,"d":"156.03"},{"v":9.965522749,"d":"9.97"},0,"0_20611000_629",{"v":1810.77875945999,"d":"1,810.78"},0,{"v":9.965522749,"d":"9.97"},{"v":0.031432194,"d":"0.03"},"0_20611000_629_501","außerhalb GKL",{"v":0.228821593888,"d":"0.23"},{"v":0.000126366400474,"d":"0.00"},{"v":1.25930723863E-3,"d":"0.00"}]
[2,206,20611,{"v":3342.85881999999,"d":"3,342.86"},1966,{"v":0.588119363,"d":"0.59"},"G",410,20611000,{"v":1869.54258389,"d":"1,869.54"},60,106,166,{"v":58.76382443,"d":"58.76"},{"v":0.93996673,"d":"0.94"},{"v":156.034477299999,"d":"156.03"},{"v":9.965522749,"d":"9.97"},0,"0_20611000_629",{"v":1810.77875945999,"d":"1,810.78"},0,{"v":9.965522749,"d":"9.97"},{"v":0.031432194,"d":"0.03"},"0_20611000_629_502","G",{"v":0.00880455270962,"d":"0.01"},{"v":4.862301738e-06,"d":"0.00"},{"v":4.8455378585e-05,"d":"0.00"}]
[2,206,20611,{"v":3342.85881999999,"d":"3,342.86"},1966,{"v":0.588119363,"d":"0.59"},"G",410,20611000,{"v":1869.54258389,"d":"1,869.54"},60,106,166,{"v":58.76382443,"d":"58.76"},{"v":0.93996673,"d":"0.94"},{"v":156.034477299999,"d":"156.03"},{"v":9.965522749,"d":"9.97"},0,"0_20611000_629",{"v":1810.77875945999,"d":"1,810.78"},0,{"v":9.965522749,"d":"9.97"},{"v":0.031432194,"d":"0.03"},"0_20611000_629_503","G",{"v":0.0716956018799,"d":"0.07"},{"v":3.9593794386e-05,"d":"0.00"},{"v":0.000394572858669,"d":"0.00"}]
[2,206,20611,{"v":3342.85881999999,"d":"3,342.86"},1966,{"v":0.588119363,"d":"0.59"},"G",410,20611000,{"v":1869.54258389,"d":"1,869.54"},60,106,166,{"v":58.76382443,"d":"58.76"},{"v":0.93996673,"d":"0.94"},{"v":156.034477299999,"d":"156.03"},{"v":9.965522749,"d":"9.97"},0,"0_20611000_629",{"v":1810.77875945999,"d":"1,810.78"},0,{"v":9.965522749,"d":"9.97"},{"v":0.031432194,"d":"0.03"},"0_20611000_629_504","G",{"v":0.0167053063323,"d":"0.02"},{"v":9.225481713e-06,"d":"0.00"},{"v":9.1936747885e-05,"d":"0.00"}]
[2,206,20611,{"v":3342.85881999999,"d":"3,342.86"},1966,{"v":0.588119363,"d":"0.59"},"G",410,20611000,{"v":1869.54258389,"d":"1,869.54"},60,106,166,{"v":58.76382443,"d":"58.76"},{"v":0.93996673,"d":"0.94"},{"v":156.034477299999,"d":"156.03"},{"v":9.965522749,"d":"9.97"},0,"0_20611000_629",{"v":1810.77875945999,"d":"1,810.78"},0,{"v":9.965522749,"d":"9.97"},{"v":0.031432194,"d":"0.03"},"0_20611000_629_505","G",{"v":0.698577361532,"d":"0.70"},{"v":3.85788356464E-4,"d":"0.00"},{"v":0.00384458264264,"d":"0.00"}]
[2,206,20611,{"v":3342.85881999999,"d":"3,342.86"},1966,{"v":0.588119363,"d":"0.59"},"G",410,20611000,{"v":1869.54258389,"d":"1,869.54"},60,106,166,{"v":58.76382443,"d":"58.76"},{"v":0.93996673,"d":"0.94"},{"v":156.034477299999,"d":"156.03"},{"v":9.965522749,"d":"9.97"},0,"0_20611000_629",{"v":1810.77875945999,"d":"1,810.78"},0,{"v":9.965522749,"d":"9.97"},{"v":0.031432194,"d":"0.03"},"0_20611000_629_506","G",{"v":43.4220931895,"d":"43.42"},{"v":0.023979789338,"d":"0.02"},{"v":0.238971136164,"d":"0.24"}]
[2,206,20611,{"v":3342.85881999999,"d":"3,342.86"},1966,{"v":0.588119363,"d":"0.59"},"G",410,20611000,{"v":1869.54258389,"d":"1,869.54"},60,106,166,{"v":58.76382443,"d":"58.76"},{"v":0.93996673,"d":"0.94"},{"v":156.034477299999,"d":"156.03"},{"v":9.965522749,"d":"9.97"},0,"0_20611000_629",{"v":1810.77875945999,"d":"1,810.78"},0,{"v":9.965522749,"d":"9.97"},{"v":0.031432194,"d":"0.03"},"0_20611000_629_507","G",{"v":0.40232566433,"d":"0.40"},{"v":0.000222183777134,"d":"0.00"},{"v":0.00221417748549,"d":"0.00"}]
[2,206,20611,{"v":3342.85881999999,"d":"3,342.86"},1966,{"v":0.588119363,"d":"0.59"},"G",410,20611000,{"v":1869.54258389,"d":"1,869.54"},60,106,166,{"v":58.76382443,"d":"58.76"},{"v":0.93996673,"d":"0.94"},{"v":156.034477299999,"d":"156.03"},{"v":9.965522749,"d":"9.97"},0,"0_20611000_629",{"v":1810.77875945999,"d":"1,810.78"},0,{"v":9.965522749,"d":"9.97"},{"v":0.031432194,"d":"0.03"},"0_20611000_629_508","G",{"v":0.028582592949,"d":"0.03"},{"v":1.5784696391e-05,"d":"0.00"},{"v":0.000157302750969,"d":"0.00"}]
[2,206,20611,{"v":3342.85881999999,"d":"3,342.86"},1966,{"v":0.588119363,"d":"0.59"},"G",410,20611000,{"v":1869.54258389,"d":"1,869.54"},60,106,166,{"v":58.76382443,"d":"58.76"},{"v":0.93996673,"d":"0.94"},{"v":156.034477299999,"d":"156.03"},{"v":9.965522749,"d":"9.97"},0,"0_20611000_629",{"v":1810.77875945999,"d":"1,810.78"},0,{"v":9.965522749,"d":"9.97"},{"v":0.031432194,"d":"0.03"},"0_20611000_629_509","G",{"v":0.279989575492,"d":"0.28"},{"v":0.000154623845696,"d":"0.00"},{"v":1.54090745182E-3,"d":"0.00"}]
[2,206,20611,{"v":3342.85881999999,"d":"3,342.86"},1966,{"v":0.588119363,"d":"0.59"},"G",410,20611000,{"v":1869.54258389,"d":"1,869.54"},60,106,166,{"v":58.76382443,"d":"58.76"},{"v":0.93996673,"d":"0.94"},{"v":156.034477299999,"d":"156.03"},{"v":9.965522749,"d":"9.97"},0,"0_20611000_629",{"v":1810.77875945999,"d":"1,810.78"},0,{"v":9.965522749,"d":"9.97"},{"v":0.031432194,"d":"0.03"},"0_20611000_629_510","G",{"v":1.16361325355,"d":"1.16"},{"v":0.000642603767838,"d":"0.00"},{"v":0.00640388246698,"d":"0.01"}]
[2,206,20611,{"v":3342.85881999999,"d":"3,342.86"},1966,{"v":0.588119363,"d":"0.59"},"G",410,20611000,{"v":1869.54258389,"d":"1,869.54"},60,106,166,{"v":58.76382443,"d":"58.76"},{"v":0.93996673,"d":"0.94"},{"v":156.034477299999,"d":"156.03"},{"v":9.965522749,"d":"9.97"},0,"0_20611000_629",{"v":1810.77875945999,"d":"1,810.78"},0,{"v":9.965522749,"d":"9.97"},{"v":0.031432194,"d":"0.03"},"0_20611000_629_511","G",{"v":0.00189251247928,"d":"0.00"},{"v":1.045137331E-6,"d":"0.00"},{"v":1.0415339846e-05,"d":"0.00"}]
[2,206,20611,{"v":3342.85881999999,"d":"3,342.86"},1966,{"v":0.588119363,"d":"0.59"},"G",410,20611000,{"v":1869.54258389,"d":"1,869.54"},60,106,166,{"v":58.76382443,"d":"58.76"},{"v":0.93996673,"d":"0.94"},{"v":156.034477299999,"d":"156.03"},{"v":9.965522749,"d":"9.97"},0,"0_20611000_629",{"v":1810.77875945999,"d":"1,810.78"},0,{"v":9.965522749,"d":"9.97"},{"v":0.031432194,"d":"0.03"},"0_20611000_629_512","G",{"v":2.5829054339e-05,"d":"0.00"},{"v":1.4264059E-8,"d":"0.00"},{"v":1.421488E-7,"d":"0.00"}]
[2,206,20611,{"v":3342.85881999999,"d":"3,342.86"},1966,{"v":0.588119363,"d":"0.59"},"G",410,20611000,{"v":1869.54258389,"d":"1,869.54"},60,106,166,{"v":58.76382443,"d":"58.76"},{"v":0.93996673,"d":"0.94"},{"v":156.034477299999,"d":"156.03"},{"v":9.965522749,"d":"9.97"},0,"0_20611000_629",{"v":1810.77875945999,"d":"1,810.78"},0,{"v":9.965522749,"d":"9.97"},{"v":0.031432194,"d":"0.03"},"0_20611000_629_513","G",{"v":1.53703776264,"d":"1.54"},{"v":0.000848826923008,"d":"0.00"},{"v":0.0084590040112,"d":"0.01"}]
[2,206,20611,{"v":3342.85881999999,"d":"3,342.86"},1966,{"v":0.588119363,"d":"0.59"},"G",410,20611001,{"v":1473.31623592999,"d":"1,473.32"},90,103,193,{"v":116.2908974,"d":"116.29"},{"v":0.93996673,"d":"0.94"},{"v":181.413578999999,"d":"181.41"},{"v":11.58642103,"d":"11.59"},0,"0_20611001_630",{"v":1357.02533855,"d":"1,357.03"},0,{"v":11.58642103,"d":"11.59"},{"v":0.078931389,"d":"0.08"},"0_20611001_630_514","außerhalb GKL",{"v":748.533202233999,"d":"748.53"},{"v":0.551598544972,"d":"0.55"},{"v":6.39105298158,"d":"6.39"}]
[2,206,20611,{"v":3342.85881999999,"d":"3,342.86"},1966,{"v":0.588119363,"d":"0.59"},"G",410,20611001,{"v":1473.31623592999,"d":"1,473.32"},90,103,193,{"v":116.2908974,"d":"116.29"},{"v":0.93996673,"d":"0.94"},{"v":181.413578999999,"d":"181.41"},{"v":11.58642103,"d":"11.59"},0,"0_20611001_630",{"v":1357.02533855,"d":"1,357.03"},0,{"v":11.58642103,"d":"11.59"},{"v":0.078931389,"d":"0.08"},"0_20611001_630_515","außerhalb GKL",{"v":137.610918249,"d":"137.61"},{"v":0.10140629975,"d":"0.10"},{"v":1.174936084,"d":"1.17"}]
[2,206,20611,{"v":3342.85881999999,"d":"3,342.86"},1966,{"v":0.588119363,"d":"0.59"},"G",410,20611001,{"v":1473.31623592999,"d":"1,473.32"},90,103,193,{"v":116.2908974,"d":"116.29"},{"v":0.93996673,"d":"0.94"},{"v":181.413578999999,"d":"181.41"},{"v":11.58642103,"d":"11.59"},0,"0_20611001_630",{"v":1357.02533855,"d":"1,357.03"},0,{"v":11.58642103,"d":"11.59"},{"v":0.078931389,"d":"0.08"},"0_20611001_630_516","außerhalb GKL",{"v":2.4322524684,"d":"2.43"},{"v":0.00179234123292,"d":"0.00"},{"v":0.020766820154,"d":"0.02"}]
[2,206,20611,{"v":3342.85881999999,"d":"3,342.86"},1966,{"v":0.588119363,"d":"0.59"},"G",410,20611001,{"v":1473.31623592999,"d":"1,473.32"},90,103,193,{"v":116.2908974,"d":"116.29"},{"v":0.93996673,"d":"0.94"},{"v":181.413578999999,"d":"181.41"},{"v":11.58642103,"d":"11.59"},0,"0_20611001_630",{"v":1357.02533855,"d":"1,357.03"},0,{"v":11.58642103,"d":"11.59"},{"v":0.078931389,"d":"0.08"},"0_20611001_630_517","außerhalb GKL",{"v":2.03218661015,"d":"2.03"},{"v":1.49753033523E-3,"d":"0.00"},{"v":0.0173510169692,"d":"0.02"}]
[2,206,20611,{"v":3342.85881999999,"d":"3,342.86"},1966,{"v":0.588119363,"d":"0.59"},"G",410,20611001,{"v":1473.31623592999,"d":"1,473.32"},90,103,193,{"v":116.2908974,"d":"116.29"},{"v":0.93996673,"d":"0.94"},{"v":181.413578999999,"d":"181.41"},{"v":11.58642103,"d":"11.59"},0,"0_20611001_630",{"v":1357.02533855,"d":"1,357.03"},0,{"v":11.58642103,"d":"11.59"},{"v":0.078931389,"d":"0.08"},"0_20611001_630_518","außerhalb GKL",{"v":0.06182581246,"d":"0.06"},{"v":4.5559806957e-05,"d":"0.00"},{"v":0.000527875105448,"d":"0.00"}]
[2,206,20611,{"v":3342.85881999999,"d":"3,342.86"},1966,{"v":0.588119363,"d":"0.59"},"G",410,20611001,{"v":1473.31623592999,"d":"1,473.32"},90,103,193,{"v":116.2908974,"d":"116.29"},{"v":0.93996673,"d":"0.94"},{"v":181.413578999999,"d":"181.41"},{"v":11.58642103,"d":"11.59"},0,"0_20611001_630",{"v":1357.02533855,"d":"1,357.03"},0,{"v":11.58642103,"d":"11.59"},{"v":0.078931389,"d":"0.08"},"0_20611001_630_519","außerhalb GKL",{"v":241.451416752,"d":"241.45"},{"v":0.177926977406,"d":"0.18"},{"v":2.06153687282,"d":"2.06"}]
[2,206,20611,{"v":3342.85881999999,"d":"3,342.86"},1966,{"v":0.588119363,"d":"0.59"},"G",410,20611001,{"v":1473.31623592999,"d":"1,473.32"},90,103,193,{"v":116.2908974,"d":"116.29"},{"v":0.93996673,"d":"0.94"},{"v":181.413578999999,"d":"181.41"},{"v":11.58642103,"d":"11.59"},0,"0_20611001_630",{"v":1357.02533855,"d":"1,357.03"},0,{"v":11.58642103,"d":"11.59"},{"v":0.078931389,"d":"0.08"},"0_20611001_630_520","außerhalb GKL",{"v":0.0313636527909,"d":"0.03"},{"v":2.3112061286e-05,"d":"0.00"},{"v":0.000267786072928,"d":"0.00"}]
[2,206,20611,{"v":3342.85881999999,"d":"3,342.86"},1966,{"v":0.588119363,"d":"0.59"},"G",410,20611001,{"v":1473.31623592999,"d":"1,473.32"},90,103,193,{"v":116.2908974,"d":"116.29"},{"v":0.93996673,"d":"0.94"},{"v":181.413578999999,"d":"181.41"},{"v":11.58642103,"d":"11.59"},0,"0_20611001_630",{"v":1357.02533855,"d":"1,357.03"},0,{"v":11.58642103,"d":"11.59"},{"v":0.078931389,"d":"0.08"},"0_20611001_630_521","außerhalb GKL",{"v":0.00192774004588,"d":"0.00"},{"v":1.420563044E-6,"d":"0.00"},{"v":1.6459241529e-05,"d":"0.00"}]
[2,206,20611,{"v":3342.85881999999,"d":"3,342.86"},1966,{"v":0.588119363,"d":"0.59"},"G",410,20611001,{"v":1473.31623592999,"d":"1,473.32"},90,103,193,{"v":116.2908974,"d":"116.29"},{"v":0.93996673,"d":"0.94"},{"v":181.413578999999,"d":"181.41"},{"v":11.58642103,"d":"11.59"},0,"0_20611001_630",{"v":1357.02533855,"d":"1,357.03"},0,{"v":11.58642103,"d":"11.59"},{"v":0.078931389,"d":"0.08"},"0_20611001_630_522","D",{"v":13.3559021081,"d":"13.36"},{"v":0.0098420432756,"d":"0.01"},{"v":0.114034057187,"d":"0.11"}]
[2,206,20611,{"v":3342.85881999999,"d":"3,342.86"},1966,{"v":0.588119363,"d":"0.59"},"G",410,20611001,{"v":1473.31623592999,"d":"1,473.32"},90,103,193,{"v":116.2908974,"d":"116.29"},{"v":0.93996673,"d":"0.94"},{"v":181.413578999999,"d":"181.41"},{"v":11.58642103,"d":"11.59"},0,"0_20611001_630",{"v":1357.02533855,"d":"1,357.03"},0,{"v":11.58642103,"d":"11.59"},{"v":0.078931389,"d":"0.08"},"0_20611001_630_523","E",{"v":21.9648697211,"d":"21.96"},{"v":0.0161860424394,"d":"0.02"},{"v":0.187538302512,"d":"0.19"}]
[2,206,20611,{"v":3342.85881999999,"d":"3,342.86"},1966,{"v":0.588119363,"d":"0.59"},"G",410,20611001,{"v":1473.31623592999,"d":"1,473.32"},90,103,193,{"v":116.2908974,"d":"116.29"},{"v":0.93996673,"d":"0.94"},{"v":181.413578999999,"d":"181.41"},{"v":11.58642103,"d":"11.59"},0,"0_20611001_630",{"v":1357.02533855,"d":"1,357.03"},0,{"v":11.58642103,"d":"11.59"},{"v":0.078931389,"d":"0.08"},"0_20611001_630_524","F",{"v":0.00121727202096,"d":"0.00"},{"v":8.97014954e-07,"d":"0.00"},{"v":1.0393192922E-5,"d":"0.00"}]
[2,206,20611,{"v":3342.85881999999,"d":"3,342.86"},1966,{"v":0.588119363,"d":"0.59"},"G",410,20611001,{"v":1473.31623592999,"d":"1,473.32"},90,103,193,{"v":116.2908974,"d":"116.29"},{"v":0.93996673,"d":"0.94"},{"v":181.413578999999,"d":"181.41"},{"v":11.58642103,"d":"11.59"},0,"0_20611001_630",{"v":1357.02533855,"d":"1,357.03"},0,{"v":11.58642103,"d":"11.59"},{"v":0.078931389,"d":"0.08"},"0_20611001_630_525","F",{"v":0.0366435099077,"d":"0.04"},{"v":2.700281923E-5,"d":"0.00"},{"v":0.000312866032598,"d":"0.00"}]
[2,206,20611,{"v":3342.85881999999,"d":"3,342.86"},1966,{"v":0.588119363,"d":"0.59"},"G",410,20611001,{"v":1473.31623592999,"d":"1,473.32"},90,103,193,{"v":116.2908974,"d":"116.29"},{"v":0.93996673,"d":"0.94"},{"v":181.413578999999,"d":"181.41"},{"v":11.58642103,"d":"11.59"},0,"0_20611001_630",{"v":1357.02533855,"d":"1,357.03"},0,{"v":11.58642103,"d":"11.59"},{"v":0.078931389,"d":"0.08"},"0_20611001_630_526","F",{"v":43.8183843787999,"d":"43.82"},{"v":0.0322900266738,"d":"0.03"},{"v":0.374125844113,"d":"0.37"}]
[2,206,20611,{"v":3342.85881999999,"d":"3,342.86"},1966,{"v":0.588119363,"d":"0.59"},"G",410,20611001,{"v":1473.31623592999,"d":"1,473.32"},90,103,193,{"v":116.2908974,"d":"116.29"},{"v":0.93996673,"d":"0.94"},{"v":181.413578999999,"d":"181.41"},{"v":11.58642103,"d":"11.59"},0,"0_20611001_630",{"v":1357.02533855,"d":"1,357.03"},0,{"v":11.58642103,"d":"11.59"},{"v":0.078931389,"d":"0.08"},"0_20611001_630_527","F",{"v":0.0870934999548,"d":"0.09"},{"v":6.4179715353e-05,"d":"0.00"},{"v":0.000743613203664,"d":"0.00"}]
[2,206,20611,{"v":3342.85881999999,"d":"3,342.86"},1966,{"v":0.588119363,"d":"0.59"},"G",410,20611001,{"v":1473.31623592999,"d":"1,473.32"},90,103,193,{"v":116.2908974,"d":"116.29"},{"v":0.93996673,"d":"0.94"},{"v":181.413578999999,"d":"181.41"},{"v":11.58642103,"d":"11.59"},0,"0_20611001_630",{"v":1357.02533855,"d":"1,357.03"},0,{"v":11.58642103,"d":"11.59"},{"v":0.078931389,"d":"0.08"},"0_20611001_630_528","G",{"v":6.11489885107,"d":"6.11"},{"v":0.00450610513847,"d":"0.00"},{"v":0.0522096313398,"d":"0.05"}]
[2,206,20611,{"v":3342.85881999999,"d":"3,342.86"},1966,{"v":0.588119363,"d":"0.59"},"G",410,20611001,{"v":1473.31623592999,"d":"1,473.32"},90,103,193,{"v":116.2908974,"d":"116.29"},{"v":0.93996673,"d":"0.94"},{"v":181.413578999999,"d":"181.41"},{"v":11.58642103,"d":"11.59"},0,"0_20611001_630",{"v":1357.02533855,"d":"1,357.03"},0,{"v":11.58642103,"d":"11.59"},{"v":0.078931389,"d":"0.08"},"0_20611001_630_529","G",{"v":20.9253649732999,"d":"20.93"},{"v":0.0154200252411,"d":"0.02"},{"v":0.178662904737,"d":"0.18"}]
[2,206,20611,{"v":3342.85881999999,"d":"3,342.86"},1966,{"v":0.588119363,"d":"0.59"},"G",410,20611001,{"v":1473.31623592999,"d":"1,473.32"},90,103,193,{"v":116.2908974,"d":"116.29"},{"v":0.93996673,"d":"0.94"},{"v":181.413578999999,"d":"181.41"},{"v":11.58642103,"d":"11.59"},0,"0_20611001_630",{"v":1357.02533855,"d":"1,357.03"},0,{"v":11.58642103,"d":"11.59"},{"v":0.078931389,"d":"0.08"},"0_20611001_630_530","G",{"v":1.55461911037,"d":"1.55"},{"v":0.0011456080194,"d":"0.00"},{"v":0.0132734968481,"d":"0.01"}]
[2,206,20611,{"v":3342.85881999999,"d":"3,342.86"},1966,{"v":0.588119363,"d":"0.59"},"G",410,20611001,{"v":1473.31623592999,"d":"1,473.32"},90,103,193,{"v":116.2908974,"d":"116.29"},{"v":0.93996673,"d":"0.94"},{"v":181.413578999999,"d":"181.41"},{"v":11.58642103,"d":"11.59"},0,"0_20611001_630",{"v":1357.02533855,"d":"1,357.03"},0,{"v":11.58642103,"d":"11.59"},{"v":0.078931389,"d":"0.08"},"0_20611001_630_531","G",{"v":3.2109403708,"d":"3.21"},{"v":2.36616095484E-3,"d":"0.00"},{"v":0.0274153370475,"d":"0.03"}]
[2,206,20611,{"v":3342.85881999999,"d":"3,342.86"},1966,{"v":0.588119363,"d":"0.59"},"G",410,20611001,{"v":1473.31623592999,"d":"1,473.32"},90,103,193,{"v":116.2908974,"d":"116.29"},{"v":0.93996673,"d":"0.94"},{"v":181.413578999999,"d":"181.41"},{"v":11.58642103,"d":"11.59"},0,"0_20611001_630",{"v":1357.02533855,"d":"1,357.03"},0,{"v":11.58642103,"d":"11.59"},{"v":0.078931389,"d":"0.08"},"0_20611001_630_532","G",{"v":0.199060044134,"d":"0.20"},{"v":0.000146688524141,"d":"0.00"},{"v":1.69959500097E-3,"d":"0.00"}]
[2,206,20611,{"v":3342.85881999999,"d":"3,342.86"},1966,{"v":0.588119363,"d":"0.59"},"G",410,20611001,{"v":1473.31623592999,"d":"1,473.32"},90,103,193,{"v":116.2908974,"d":"116.29"},{"v":0.93996673,"d":"0.94"},{"v":181.413578999999,"d":"181.41"},{"v":11.58642103,"d":"11.59"},0,"0_20611001_630",{"v":1357.02533855,"d":"1,357.03"},0,{"v":11.58642103,"d":"11.59"},{"v":0.078931389,"d":"0.08"},"0_20611001_630_533","G",{"v":10.7903737042,"d":"10.79"},{"v":0.00795149021737,"d":"0.01"},{"v":0.0921293134744,"d":"0.09"}]
[2,206,20611,{"v":3342.85881999999,"d":"3,342.86"},1966,{"v":0.588119363,"d":"0.59"},"G",410,20611001,{"v":1473.31623592999,"d":"1,473.32"},90,103,193,{"v":116.2908974,"d":"116.29"},{"v":0.93996673,"d":"0.94"},{"v":181.413578999999,"d":"181.41"},{"v":11.58642103,"d":"11.59"},0,"0_20611001_630",{"v":1357.02533855,"d":"1,357.03"},0,{"v":11.58642103,"d":"11.59"},{"v":0.078931389,"d":"0.08"},"0_20611001_630_534","G",{"v":1.02819722483,"d":"1.03"},{"v":0.000757684617686,"d":"0.00"},{"v":0.00877885298846,"d":"0.01"}]
[2,206,20611,{"v":3342.85881999999,"d":"3,342.86"},1966,{"v":0.588119363,"d":"0.59"},"G",410,20611001,{"v":1473.31623592999,"d":"1,473.32"},90,103,193,{"v":116.2908974,"d":"116.29"},{"v":0.93996673,"d":"0.94"},{"v":181.413578999999,"d":"181.41"},{"v":11.58642103,"d":"11.59"},0,"0_20611001_630",{"v":1357.02533855,"d":"1,357.03"},0,{"v":11.58642103,"d":"11.59"},{"v":0.078931389,"d":"0.08"},"0_20611001_630_535","G",{"v":96.8935851923999,"d":"96.89"},{"v":0.0714014561408,"d":"0.07"},{"v":0.827287333002,"d":"0.83"}]
[2,206,20611,{"v":3342.85881999999,"d":"3,342.86"},1966,{"v":0.588119363,"d":"0.59"},"G",410,20611001,{"v":1473.31623592999,"d":"1,473.32"},90,103,193,{"v":116.2908974,"d":"116.29"},{"v":0.93996673,"d":"0.94"},{"v":181.413578999999,"d":"181.41"},{"v":11.58642103,"d":"11.59"},0,"0_20611001_630",{"v":1357.02533855,"d":"1,357.03"},0,{"v":11.58642103,"d":"11.59"},{"v":0.078931389,"d":"0.08"},"0_20611001_630_536","G",{"v":4.77779860212,"d":"4.78"},{"v":3.52078805487E-3,"d":"0.00"},{"v":0.0407933327611,"d":"0.04"}]
[2,206,20611,{"v":3342.85881999999,"d":"3,342.86"},1966,{"v":0.588119363,"d":"0.59"},"G",410,20611001,{"v":1473.31623592999,"d":"1,473.32"},90,103,193,{"v":116.2908974,"d":"116.29"},{"v":0.93996673,"d":"0.94"},{"v":181.413578999999,"d":"181.41"},{"v":11.58642103,"d":"11.59"},0,"0_20611001_630",{"v":1357.02533855,"d":"1,357.03"},0,{"v":11.58642103,"d":"11.59"},{"v":0.078931389,"d":"0.08"},"0_20611001_630_537","G",{"v":0.0127940282944,"d":"0.01"},{"v":9.427995138e-06,"d":"0.00"},{"v":0.000109236721141,"d":"0.00"}]
[2,206,20611,{"v":3342.85881999999,"d":"3,342.86"},1966,{"v":0.588119363,"d":"0.59"},"G",410,20611001,{"v":1473.31623592999,"d":"1,473.32"},90,103,193,{"v":116.2908974,"d":"116.29"},{"v":0.93996673,"d":"0.94"},{"v":181.413578999999,"d":"181.41"},{"v":11.58642103,"d":"11.59"},0,"0_20611001_630",{"v":1357.02533855,"d":"1,357.03"},0,{"v":11.58642103,"d":"11.59"},{"v":0.078931389,"d":"0.08"},"0_20611001_630_538","G",{"v":0.0985024383555,"d":"0.10"},{"v":7.2587029555e-05,"d":"0.00"},{"v":0.000841023885735,"d":"0.00"}]
[2,206,20622,{"v":7472.93291399999,"d":"7,472.93"},824,{"v":0.110264606,"d":"0.11"},"G",410,20622000,{"v":7472.91210121,"d":"7,472.91"},80,65,145,{"v":64.71214639,"d":"64.71"},{"v":0.93996673,"d":"0.94"},{"v":136.2951759,"d":"136.30"},{"v":8.704824088,"d":"8.70"},0,"0_20622000_640",{"v":7408.19995482,"d":"7,408.20"},0,{"v":8.704824088,"d":"8.70"},{"v":0.008659562,"d":"0.01"},"0_20622000_640_539","außerhalb GKL",{"v":7217.92404784999,"d":"7,217.92"},{"v":0.974315500644,"d":"0.97"},{"v":8.48124503931999,"d":"8.48"}]
[2,206,20622,{"v":7472.93291399999,"d":"7,472.93"},824,{"v":0.110264606,"d":"0.11"},"G",410,20622000,{"v":7472.91210121,"d":"7,472.91"},80,65,145,{"v":64.71214639,"d":"64.71"},{"v":0.93996673,"d":"0.94"},{"v":136.2951759,"d":"136.30"},{"v":8.704824088,"d":"8.70"},0,"0_20622000_640",{"v":7408.19995482,"d":"7,408.20"},0,{"v":8.704824088,"d":"8.70"},{"v":0.008659562,"d":"0.01"},"0_20622000_640_540","außerhalb GKL",{"v":0.00685975206912,"d":"0.01"},{"v":9.25967456e-07,"d":"0.00"},{"v":8.06038382e-06,"d":"0.00"}]
[2,206,20622,{"v":7472.93291399999,"d":"7,472.93"},824,{"v":0.110264606,"d":"0.11"},"G",410,20622000,{"v":7472.91210121,"d":"7,472.91"},80,65,145,{"v":64.71214639,"d":"64.71"},{"v":0.93996673,"d":"0.94"},{"v":136.2951759,"d":"136.30"},{"v":8.704824088,"d":"8.70"},0,"0_20622000_640",{"v":7408.19995482,"d":"7,408.20"},0,{"v":8.704824088,"d":"8.70"},{"v":0.008659562,"d":"0.01"},"0_20622000_640_541","außerhalb GKL",{"v":0.00292650616384,"d":"0.00"},{"v":3.95036066e-07,"d":"0.00"},{"v":3.43871946e-06,"d":"0.00"}]
[2,206,20622,{"v":7472.93291399999,"d":"7,472.93"},824,{"v":0.110264606,"d":"0.11"},"G",410,20622000,{"v":7472.91210121,"d":"7,472.91"},80,65,145,{"v":64.71214639,"d":"64.71"},{"v":0.93996673,"d":"0.94"},{"v":136.2951759,"d":"136.30"},{"v":8.704824088,"d":"8.70"},0,"0_20622000_640",{"v":7408.19995482,"d":"7,408.20"},0,{"v":8.704824088,"d":"8.70"},{"v":0.008659562,"d":"0.01"},"0_20622000_640_542","außerhalb GKL",{"v":0.000644721187897,"d":"0.00"},{"v":8.7028049e-08,"d":"0.00"},{"v":7.57563856e-07,"d":"0.00"}]
[2,206,20622,{"v":7472.93291399999,"d":"7,472.93"},824,{"v":0.110264606,"d":"0.11"},"G",410,20622000,{"v":7472.91210121,"d":"7,472.91"},80,65,145,{"v":64.71214639,"d":"64.71"},{"v":0.93996673,"d":"0.94"},{"v":136.2951759,"d":"136.30"},{"v":8.704824088,"d":"8.70"},0,"0_20622000_640",{"v":7408.19995482,"d":"7,408.20"},0,{"v":8.704824088,"d":"8.70"},{"v":0.008659562,"d":"0.01"},"0_20622000_640_543","außerhalb GKL",{"v":0.000615697801997,"d":"0.00"},{"v":8.3110311e-08,"d":"0.00"},{"v":7.23460637e-07,"d":"0.00"}]
[2,206,20622,{"v":7472.93291399999,"d":"7,472.93"},824,{"v":0.110264606,"d":"0.11"},"G",410,20622000,{"v":7472.91210121,"d":"7,472.91"},80,65,145,{"v":64.71214639,"d":"64.71"},{"v":0.93996673,"d":"0.94"},{"v":136.2951759,"d":"136.30"},{"v":8.704824088,"d":"8.70"},0,"0_20622000_640",{"v":7408.19995482,"d":"7,408.20"},0,{"v":8.704824088,"d":"8.70"},{"v":0.008659562,"d":"0.01"},"0_20622000_640_544","F",{"v":4.58946971687,"d":"4.59"},{"v":0.000619512127758,"d":"0.00"},{"v":5.39274409252E-3,"d":"0.01"}]
[2,206,20622,{"v":7472.93291399999,"d":"7,472.93"},824,{"v":0.110264606,"d":"0.11"},"G",410,20622000,{"v":7472.91210121,"d":"7,472.91"},80,65,145,{"v":64.71214639,"d":"64.71"},{"v":0.93996673,"d":"0.94"},{"v":136.2951759,"d":"136.30"},{"v":8.704824088,"d":"8.70"},0,"0_20622000_640",{"v":7408.19995482,"d":"7,408.20"},0,{"v":8.704824088,"d":"8.70"},{"v":0.008659562,"d":"0.01"},"0_20622000_640_545","F",{"v":0.345041566055,"d":"0.35"},{"v":4.6575628109e-05,"d":"0.00"},{"v":4.0543264948E-4,"d":"0.00"}]
[2,206,20622,{"v":7472.93291399999,"d":"7,472.93"},824,{"v":0.110264606,"d":"0.11"},"G",410,20622000,{"v":7472.91210121,"d":"7,472.91"},80,65,145,{"v":64.71214639,"d":"64.71"},{"v":0.93996673,"d":"0.94"},{"v":136.2951759,"d":"136.30"},{"v":8.704824088,"d":"8.70"},0,"0_20622000_640",{"v":7408.19995482,"d":"7,408.20"},0,{"v":8.704824088,"d":"8.70"},{"v":0.008659562,"d":"0.01"},"0_20622000_640_546","F",{"v":2.22781361813,"d":"2.23"},{"v":0.000300722662957,"d":"0.00"},{"v":0.00261773788032,"d":"0.00"}]
[2,206,20622,{"v":7472.93291399999,"d":"7,472.93"},824,{"v":0.110264606,"d":"0.11"},"G",410,20622000,{"v":7472.91210121,"d":"7,472.91"},80,65,145,{"v":64.71214639,"d":"64.71"},{"v":0.93996673,"d":"0.94"},{"v":136.2951759,"d":"136.30"},{"v":8.704824088,"d":"8.70"},0,"0_20622000_640",{"v":7408.19995482,"d":"7,408.20"},0,{"v":8.704824088,"d":"8.70"},{"v":0.008659562,"d":"0.01"},"0_20622000_640_547","F",{"v":0.311479786538,"d":"0.31"},{"v":4.2045272595E-5,"d":"0.00"},{"v":3.65996701671E-4,"d":"0.00"}]
[2,206,20622,{"v":7472.93291399999,"d":"7,472.93"},824,{"v":0.110264606,"d":"0.11"},"G",410,20622000,{"v":7472.91210121,"d":"7,472.91"},80,65,145,{"v":64.71214639,"d":"64.71"},{"v":0.93996673,"d":"0.94"},{"v":136.2951759,"d":"136.30"},{"v":8.704824088,"d":"8.70"},0,"0_20622000_640",{"v":7408.19995482,"d":"7,408.20"},0,{"v":8.704824088,"d":"8.70"},{"v":0.008659562,"d":"0.01"},"0_20622000_640_548","F",{"v":0.126679394083,"d":"0.13"},{"v":1.7099888617e-05,"d":"0.00"},{"v":0.000148851522339,"d":"0.00"}]
[2,206,20622,{"v":7472.93291399999,"d":"7,472.93"},824,{"v":0.110264606,"d":"0.11"},"G",410,20622000,{"v":7472.91210121,"d":"7,472.91"},80,65,145,{"v":64.71214639,"d":"64.71"},{"v":0.93996673,"d":"0.94"},{"v":136.2951759,"d":"136.30"},{"v":8.704824088,"d":"8.70"},0,"0_20622000_640",{"v":7408.19995482,"d":"7,408.20"},0,{"v":8.704824088,"d":"8.70"},{"v":0.008659562,"d":"0.01"},"0_20622000_640_549","F",{"v":6.22904020274,"d":"6.23"},{"v":0.000840830463639,"d":"0.00"},{"v":0.00731928127381,"d":"0.01"}]
[2,206,20622,{"v":7472.93291399999,"d":"7,472.93"},824,{"v":0.110264606,"d":"0.11"},"G",410,20622000,{"v":7472.91210121,"d":"7,472.91"},80,65,145,{"v":64.71214639,"d":"64.71"},{"v":0.93996673,"d":"0.94"},{"v":136.2951759,"d":"136.30"},{"v":8.704824088,"d":"8.70"},0,"0_20622000_640",{"v":7408.19995482,"d":"7,408.20"},0,{"v":8.704824088,"d":"8.70"},{"v":0.008659562,"d":"0.01"},"0_20622000_640_550","F",{"v":7.602221187,"d":"7.60"},{"v":1.02619006417E-3,"d":"0.00"},{"v":0.00893280398945,"d":"0.01"}]
[2,206,20622,{"v":7472.93291399999,"d":"7,472.93"},824,{"v":0.110264606,"d":"0.11"},"G",410,20622000,{"v":7472.91210121,"d":"7,472.91"},80,65,145,{"v":64.71214639,"d":"64.71"},{"v":0.93996673,"d":"0.94"},{"v":136.2951759,"d":"136.30"},{"v":8.704824088,"d":"8.70"},0,"0_20622000_640",{"v":7408.19995482,"d":"7,408.20"},0,{"v":8.704824088,"d":"8.70"},{"v":0.008659562,"d":"0.01"},"0_20622000_640_551","F",{"v":4.97813546682,"d":"4.98"},{"v":0.000671976390645,"d":"0.00"},{"v":0.00584943627185,"d":"0.01"}]
[2,206,20622,{"v":7472.93291399999,"d":"7,472.93"},824,{"v":0.110264606,"d":"0.11"},"G",410,20622000,{"v":7472.91210121,"d":"7,472.91"},80,65,145,{"v":64.71214639,"d":"64.71"},{"v":0.93996673,"d":"0.94"},{"v":136.2951759,"d":"136.30"},{"v":8.704824088,"d":"8.70"},0,"0_20622000_640",{"v":7408.19995482,"d":"7,408.20"},0,{"v":8.704824088,"d":"8.70"},{"v":0.008659562,"d":"0.01"},"0_20622000_640_552","F",{"v":1.57949778268,"d":"1.58"},{"v":2.13209388558E-4,"d":"0.00"},{"v":0.00185595022131,"d":"0.00"}]
[2,206,20622,{"v":7472.93291399999,"d":"7,472.93"},824,{"v":0.110264606,"d":"0.11"},"G",410,20622000,{"v":7472.91210121,"d":"7,472.91"},80,65,145,{"v":64.71214639,"d":"64.71"},{"v":0.93996673,"d":"0.94"},{"v":136.2951759,"d":"136.30"},{"v":8.704824088,"d":"8.70"},0,"0_20622000_640",{"v":7408.19995482,"d":"7,408.20"},0,{"v":8.704824088,"d":"8.70"},{"v":0.008659562,"d":"0.01"},"0_20622000_640_553","G",{"v":0.0112120041354,"d":"0.01"},{"v":1.513458627e-06,"d":"0.00"},{"v":1.3174391116e-05,"d":"0.00"}]
[2,206,20622,{"v":7472.93291399999,"d":"7,472.93"},824,{"v":0.110264606,"d":"0.11"},"G",410,20622000,{"v":7472.91210121,"d":"7,472.91"},80,65,145,{"v":64.71214639,"d":"64.71"},{"v":0.93996673,"d":"0.94"},{"v":136.2951759,"d":"136.30"},{"v":8.704824088,"d":"8.70"},0,"0_20622000_640",{"v":7408.19995482,"d":"7,408.20"},0,{"v":8.704824088,"d":"8.70"},{"v":0.008659562,"d":"0.01"},"0_20622000_640_554","G",{"v":0.00812111268002,"d":"0.01"},{"v":1.096232922E-6,"d":"0.00"},{"v":9.542514742E-6,"d":"0.00"}]
[2,206,20622,{"v":7472.93291399999,"d":"7,472.93"},824,{"v":0.110264606,"d":"0.11"},"G",410,20622000,{"v":7472.91210121,"d":"7,472.91"},80,65,145,{"v":64.71214639,"d":"64.71"},{"v":0.93996673,"d":"0.94"},{"v":136.2951759,"d":"136.30"},{"v":8.704824088,"d":"8.70"},0,"0_20622000_640",{"v":7408.19995482,"d":"7,408.20"},0,{"v":8.704824088,"d":"8.70"},{"v":0.008659562,"d":"0.01"},"0_20622000_640_555","G",{"v":0.0181617477335,"d":"0.02"},{"v":2.451573641e-06,"d":"0.00"},{"v":2.134051728e-05,"d":"0.00"}]
[2,206,20622,{"v":7472.93291399999,"d":"7,472.93"},824,{"v":0.110264606,"d":"0.11"},"G",410,20622000,{"v":7472.91210121,"d":"7,472.91"},80,65,145,{"v":64.71214639,"d":"64.71"},{"v":0.93996673,"d":"0.94"},{"v":136.2951759,"d":"136.30"},{"v":8.704824088,"d":"8.70"},0,"0_20622000_640",{"v":7408.19995482,"d":"7,408.20"},0,{"v":8.704824088,"d":"8.70"},{"v":0.008659562,"d":"0.01"},"0_20622000_640_556","G",{"v":1.0163530887,"d":"1.02"},{"v":0.000137192988162,"d":"0.00"},{"v":1.19424082806E-3,"d":"0.00"}]
[2,206,20622,{"v":7472.93291399999,"d":"7,472.93"},824,{"v":0.110264606,"d":"0.11"},"G",410,20622000,{"v":7472.91210121,"d":"7,472.91"},80,65,145,{"v":64.71214639,"d":"64.71"},{"v":0.93996673,"d":"0.94"},{"v":136.2951759,"d":"136.30"},{"v":8.704824088,"d":"8.70"},0,"0_20622000_640",{"v":7408.19995482,"d":"7,408.20"},0,{"v":8.704824088,"d":"8.70"},{"v":0.008659562,"d":"0.01"},"0_20622000_640_557","G",{"v":14.2982614128,"d":"14.30"},{"v":1.93005878621E-3,"d":"0.00"},{"v":0.0168008222135,"d":"0.02"}]
[2,206,20622,{"v":7472.93291399999,"d":"7,472.93"},824,{"v":0.110264606,"d":"0.11"},"G",410,20622000,{"v":7472.91210121,"d":"7,472.91"},80,65,145,{"v":64.71214639,"d":"64.71"},{"v":0.93996673,"d":"0.94"},{"v":136.2951759,"d":"136.30"},{"v":8.704824088,"d":"8.70"},0,"0_20622000_640",{"v":7408.19995482,"d":"7,408.20"},0,{"v":8.704824088,"d":"8.70"},{"v":0.008659562,"d":"0.01"},"0_20622000_640_558","G",{"v":0.215400868311,"d":"0.22"},{"v":2.9076006267e-05,"d":"0.00"},{"v":0.000253101519733,"d":"0.00"}]
[2,206,20622,{"v":7472.93291399999,"d":"7,472.93"},824,{"v":0.110264606,"d":"0.11"},"G",410,20622000,{"v":7472.91210121,"d":"7,472.91"},80,65,145,{"v":64.71214639,"d":"64.71"},{"v":0.93996673,"d":"0.94"},{"v":136.2951759,"d":"136.30"},{"v":8.704824088,"d":"8.70"},0,"0_20622000_640",{"v":7408.19995482,"d":"7,408.20"},0,{"v":8.704824088,"d":"8.70"},{"v":0.008659562,"d":"0.01"},"0_20622000_640_559","G",{"v":0.0339444054097,"d":"0.03"},{"v":4.582004484e-06,"d":"0.00"},{"v":3.9885543002e-05,"d":"0.00"}]
[2,206,20622,{"v":7472.93291399999,"d":"7,472.93"},824,{"v":0.110264606,"d":"0.11"},"G",410,20622000,{"v":7472.91210121,"d":"7,472.91"},80,65,145,{"v":64.71214639,"d":"64.71"},{"v":0.93996673,"d":"0.94"},{"v":136.2951759,"d":"136.30"},{"v":8.704824088,"d":"8.70"},0,"0_20622000_640",{"v":7408.19995482,"d":"7,408.20"},0,{"v":8.704824088,"d":"8.70"},{"v":0.008659562,"d":"0.01"},"0_20622000_640_560","G",{"v":6.7132149398,"d":"6.71"},{"v":0.000906187060385,"d":"0.00"},{"v":0.00788819895147,"d":"0.01"}]
[2,206,20622,{"v":7472.93291399999,"d":"7,472.93"},824,{"v":0.110264606,"d":"0.11"},"G",410,20622000,{"v":7472.91210121,"d":"7,472.91"},80,65,145,{"v":64.71214639,"d":"64.71"},{"v":0.93996673,"d":"0.94"},{"v":136.2951759,"d":"136.30"},{"v":8.704824088,"d":"8.70"},0,"0_20622000_640",{"v":7408.19995482,"d":"7,408.20"},0,{"v":8.704824088,"d":"8.70"},{"v":0.008659562,"d":"0.01"},"0_20622000_640_561","G",{"v":40.1326332092,"d":"40.13"},{"v":0.00541732586242,"d":"0.01"},{"v":0.0471568686597,"d":"0.05"}]
[2,206,20622,{"v":7472.93291399999,"d":"7,472.93"},824,{"v":0.110264606,"d":"0.11"},"G",410,20622000,{"v":7472.91210121,"d":"7,472.91"},80,65,145,{"v":64.71214639,"d":"64.71"},{"v":0.93996673,"d":"0.94"},{"v":136.2951759,"d":"136.30"},{"v":8.704824088,"d":"8.70"},0,"0_20622000_640",{"v":7408.19995482,"d":"7,408.20"},0,{"v":8.704824088,"d":"8.70"},{"v":0.008659562,"d":"0.01"},"0_20622000_640_562","G",{"v":1.03170548652,"d":"1.03"},{"v":1.39265340138E-4,"d":"0.00"},{"v":0.00121228028746,"d":"0.00"}]
[2,206,20622,{"v":7472.93291399999,"d":"7,472.93"},824,{"v":0.110264606,"d":"0.11"},"G",410,20622000,{"v":7472.91210121,"d":"7,472.91"},80,65,145,{"v":64.71214639,"d":"64.71"},{"v":0.93996673,"d":"0.94"},{"v":136.2951759,"d":"136.30"},{"v":8.704824088,"d":"8.70"},0,"0_20622000_640",{"v":7408.19995482,"d":"7,408.20"},0,{"v":8.704824088,"d":"8.70"},{"v":0.008659562,"d":"0.01"},"0_20622000_640_563","G",{"v":0.0120350027692,"d":"0.01"},{"v":1.624551557E-6,"d":"0.00"},{"v":1.4141435523e-05,"d":"0.00"}]
[2,206,20622,{"v":7472.93291399999,"d":"7,472.93"},824,{"v":0.110264606,"d":"0.11"},"G",410,20622000,{"v":7472.91210121,"d":"7,472.91"},80,65,145,{"v":64.71214639,"d":"64.71"},{"v":0.93996673,"d":"0.94"},{"v":136.2951759,"d":"136.30"},{"v":8.704824088,"d":"8.70"},0,"0_20622000_640",{"v":7408.19995482,"d":"7,408.20"},0,{"v":8.704824088,"d":"8.70"},{"v":0.008659562,"d":"0.01"},"0_20622000_640_564","G",{"v":0.103897145988,"d":"0.10"},{"v":1.402461416E-5,"d":"0.00"},{"v":1.22081799167E-4,"d":"0.00"}]
[2,206,20622,{"v":7472.93291399999,"d":"7,472.93"},824,{"v":0.110264606,"d":"0.11"},"G",410,20622000,{"v":7472.91210121,"d":"7,472.91"},80,65,145,{"v":64.71214639,"d":"64.71"},{"v":0.93996673,"d":"0.94"},{"v":136.2951759,"d":"136.30"},{"v":8.704824088,"d":"8.70"},0,"0_20622000_640",{"v":7408.19995482,"d":"7,408.20"},0,{"v":8.704824088,"d":"8.70"},{"v":0.008659562,"d":"0.01"},"0_20622000_640_565","G",{"v":79.2344555143999,"d":"79.23"},{"v":0.0106955071404,"d":"0.01"},{"v":0.0931025081891,"d":"0.09"}]
[2,206,20622,{"v":7472.93291399999,"d":"7,472.93"},824,{"v":0.110264606,"d":"0.11"},"G",410,20622000,{"v":7472.91210121,"d":"7,472.91"},80,65,145,{"v":64.71214639,"d":"64.71"},{"v":0.93996673,"d":"0.94"},{"v":136.2951759,"d":"136.30"},{"v":8.704824088,"d":"8.70"},0,"0_20622000_640",{"v":7408.19995482,"d":"7,408.20"},0,{"v":8.704824088,"d":"8.70"},{"v":0.008659562,"d":"0.01"},"0_20622000_640_566","G",{"v":19.4460856335,"d":"19.45"},{"v":0.00262494070788,"d":"0.00"},{"v":0.0228496471035,"d":"0.02"}]
[2,206,20625,{"v":6992.17483199999,"d":"6,992.17"},1188,{"v":0.169904218,"d":"0.17"},"M",410,20625000,{"v":1180.77447637,"d":"1,180.77"},42,135,177,{"v":71.0975717099999,"d":"71.10"},{"v":0.93996673,"d":"0.94"},{"v":166.3741113,"d":"166.37"},{"v":10.62588871,"d":"10.63"},0,"0_20625000_642",{"v":1109.67690465999,"d":"1,109.68"},0,{"v":10.62588871,"d":"10.63"},{"v":0.06021266,"d":"0.06"},"0_20625000_642_567","außerhalb GKL",{"v":1023.65591269,"d":"1,023.66"},{"v":0.922481046863,"d":"0.92"},{"v":9.80218094105,"d":"9.80"}]
[2,206,20625,{"v":6992.17483199999,"d":"6,992.17"},1188,{"v":0.169904218,"d":"0.17"},"M",410,20625000,{"v":1180.77447637,"d":"1,180.77"},42,135,177,{"v":71.0975717099999,"d":"71.10"},{"v":0.93996673,"d":"0.94"},{"v":166.3741113,"d":"166.37"},{"v":10.62588871,"d":"10.63"},0,"0_20625000_642",{"v":1109.67690465999,"d":"1,109.68"},0,{"v":10.62588871,"d":"10.63"},{"v":0.06021266,"d":"0.06"},"0_20625000_642_568","außerhalb GKL",{"v":1.90269914721E-4,"d":"0.00"},{"v":1.71464247E-7,"d":"0.00"},{"v":1.821960005E-6,"d":"0.00"}]
[2,206,20625,{"v":6992.17483199999,"d":"6,992.17"},1188,{"v":0.169904218,"d":"0.17"},"M",410,20625000,{"v":1180.77447637,"d":"1,180.77"},42,135,177,{"v":71.0975717099999,"d":"71.10"},{"v":0.93996673,"d":"0.94"},{"v":166.3741113,"d":"166.37"},{"v":10.62588871,"d":"10.63"},0,"0_20625000_642",{"v":1109.67690465999,"d":"1,109.68"},0,{"v":10.62588871,"d":"10.63"},{"v":0.06021266,"d":"0.06"},"0_20625000_642_569","B",{"v":0.326438475626,"d":"0.33"},{"v":0.000294174344131,"d":"0.00"},{"v":0.00312586384207,"d":"0.00"}]
[2,206,20625,{"v":6992.17483199999,"d":"6,992.17"},1188,{"v":0.169904218,"d":"0.17"},"M",410,20625000,{"v":1180.77447637,"d":"1,180.77"},42,135,177,{"v":71.0975717099999,"d":"71.10"},{"v":0.93996673,"d":"0.94"},{"v":166.3741113,"d":"166.37"},{"v":10.62588871,"d":"10.63"},0,"0_20625000_642",{"v":1109.67690465999,"d":"1,109.68"},0,{"v":10.62588871,"d":"10.63"},{"v":0.06021266,"d":"0.06"},"0_20625000_642_570","B",{"v":0.0276948781687,"d":"0.03"},{"v":2.4957605275E-5,"d":"0.00"},{"v":2.65196736115E-4,"d":"0.00"}]
[2,206,20625,{"v":6992.17483199999,"d":"6,992.17"},1188,{"v":0.169904218,"d":"0.17"},"M",410,20625000,{"v":1180.77447637,"d":"1,180.77"},42,135,177,{"v":71.0975717099999,"d":"71.10"},{"v":0.93996673,"d":"0.94"},{"v":166.3741113,"d":"166.37"},{"v":10.62588871,"d":"10.63"},0,"0_20625000_642",{"v":1109.67690465999,"d":"1,109.68"},0,{"v":10.62588871,"d":"10.63"},{"v":0.06021266,"d":"0.06"},"0_20625000_642_571","C",{"v":2.00347749947,"d":"2.00"},{"v":0.00180546021194,"d":"0.00"},{"v":0.0191846192824,"d":"0.02"}]
[2,206,20625,{"v":6992.17483199999,"d":"6,992.17"},1188,{"v":0.169904218,"d":"0.17"},"M",410,20625000,{"v":1180.77447637,"d":"1,180.77"},42,135,177,{"v":71.0975717099999,"d":"71.10"},{"v":0.93996673,"d":"0.94"},{"v":166.3741113,"d":"166.37"},{"v":10.62588871,"d":"10.63"},0,"0_20625000_642",{"v":1109.67690465999,"d":"1,109.68"},0,{"v":10.62588871,"d":"10.63"},{"v":0.06021266,"d":"0.06"},"0_20625000_642_572","C",{"v":2.88438844386E-4,"d":"0.00"},{"v":2.59930475E-7,"d":"0.00"},{"v":2.761992295e-06,"d":"0.00"}]
[2,206,20625,{"v":6992.17483199999,"d":"6,992.17"},1188,{"v":0.169904218,"d":"0.17"},"M",410,20625000,{"v":1180.77447637,"d":"1,180.77"},42,135,177,{"v":71.0975717099999,"d":"71.10"},{"v":0.93996673,"d":"0.94"},{"v":166.3741113,"d":"166.37"},{"v":10.62588871,"d":"10.63"},0,"0_20625000_642",{"v":1109.67690465999,"d":"1,109.68"},0,{"v":10.62588871,"d":"10.63"},{"v":0.06021266,"d":"0.06"},"0_20625000_642_573","C",{"v":0.00751998328253,"d":"0.01"},{"v":6.776732264E-6,"d":"0.00"},{"v":7.2008802856e-05,"d":"0.00"}]
[2,206,20625,{"v":6992.17483199999,"d":"6,992.17"},1188,{"v":0.169904218,"d":"0.17"},"M",410,20625000,{"v":1180.77447637,"d":"1,180.77"},42,135,177,{"v":71.0975717099999,"d":"71.10"},{"v":0.93996673,"d":"0.94"},{"v":166.3741113,"d":"166.37"},{"v":10.62588871,"d":"10.63"},0,"0_20625000_642",{"v":1109.67690465999,"d":"1,109.68"},0,{"v":10.62588871,"d":"10.63"},{"v":0.06021266,"d":"0.06"},"0_20625000_642_574","C",{"v":0.947956459594,"d":"0.95"},{"v":0.000854263484815,"d":"0.00"},{"v":0.00907730871866,"d":"0.01"}]
[2,206,20625,{"v":6992.17483199999,"d":"6,992.17"},1188,{"v":0.169904218,"d":"0.17"},"M",410,20625000,{"v":1180.77447637,"d":"1,180.77"},42,135,177,{"v":71.0975717099999,"d":"71.10"},{"v":0.93996673,"d":"0.94"},{"v":166.3741113,"d":"166.37"},{"v":10.62588871,"d":"10.63"},0,"0_20625000_642",{"v":1109.67690465999,"d":"1,109.68"},0,{"v":10.62588871,"d":"10.63"},{"v":0.06021266,"d":"0.06"},"0_20625000_642_575","D",{"v":0.121707378901,"d":"0.12"},{"v":1.0967821209E-4,"d":"0.00"},{"v":0.00116542847558,"d":"0.00"}]
[2,206,20625,{"v":6992.17483199999,"d":"6,992.17"},1188,{"v":0.169904218,"d":"0.17"},"M",410,20625000,{"v":1180.77447637,"d":"1,180.77"},42,135,177,{"v":71.0975717099999,"d":"71.10"},{"v":0.93996673,"d":"0.94"},{"v":166.3741113,"d":"166.37"},{"v":10.62588871,"d":"10.63"},0,"0_20625000_642",{"v":1109.67690465999,"d":"1,109.68"},0,{"v":10.62588871,"d":"10.63"},{"v":0.06021266,"d":"0.06"},"0_20625000_642_576","D",{"v":0.633662147914,"d":"0.63"},{"v":0.000571033014432,"d":"0.00"},{"v":0.00606773326109,"d":"0.01"}]
[2,206,20625,{"v":6992.17483199999,"d":"6,992.17"},1188,{"v":0.169904218,"d":"0.17"},"M",410,20625000,{"v":1180.77447637,"d":"1,180.77"},42,135,177,{"v":71.0975717099999,"d":"71.10"},{"v":0.93996673,"d":"0.94"},{"v":166.3741113,"d":"166.37"},{"v":10.62588871,"d":"10.63"},0,"0_20625000_642",{"v":1109.67690465999,"d":"1,109.68"},0,{"v":10.62588871,"d":"10.63"},{"v":0.06021266,"d":"0.06"},"0_20625000_642_577","D",{"v":0.579057183141,"d":"0.58"},{"v":5.21825029168E-4,"d":"0.00"},{"v":0.00554485468603,"d":"0.01"}]
[2,206,20625,{"v":6992.17483199999,"d":"6,992.17"},1188,{"v":0.169904218,"d":"0.17"},"M",410,20625000,{"v":1180.77447637,"d":"1,180.77"},42,135,177,{"v":71.0975717099999,"d":"71.10"},{"v":0.93996673,"d":"0.94"},{"v":166.3741113,"d":"166.37"},{"v":10.62588871,"d":"10.63"},0,"0_20625000_642",{"v":1109.67690465999,"d":"1,109.68"},0,{"v":10.62588871,"d":"10.63"},{"v":0.06021266,"d":"0.06"},"0_20625000_642_578","D",{"v":7.59884385818,"d":"7.60"},{"v":0.00684779851349,"d":"0.01"},{"v":0.0727639449128,"d":"0.07"}]
[2,206,20625,{"v":6992.17483199999,"d":"6,992.17"},1188,{"v":0.169904218,"d":"0.17"},"M",410,20625000,{"v":1180.77447637,"d":"1,180.77"},42,135,177,{"v":71.0975717099999,"d":"71.10"},{"v":0.93996673,"d":"0.94"},{"v":166.3741113,"d":"166.37"},{"v":10.62588871,"d":"10.63"},0,"0_20625000_642",{"v":1109.67690465999,"d":"1,109.68"},0,{"v":10.62588871,"d":"10.63"},{"v":0.06021266,"d":"0.06"},"0_20625000_642_579","D",{"v":0.0823409554705,"d":"0.08"},{"v":7.4202639637e-05,"d":"0.00"},{"v":0.000788468990776,"d":"0.00"}]
[2,206,20625,{"v":6992.17483199999,"d":"6,992.17"},1188,{"v":0.169904218,"d":"0.17"},"M",410,20625000,{"v":1180.77447637,"d":"1,180.77"},42,135,177,{"v":71.0975717099999,"d":"71.10"},{"v":0.93996673,"d":"0.94"},{"v":166.3741113,"d":"166.37"},{"v":10.62588871,"d":"10.63"},0,"0_20625000_642",{"v":1109.67690465999,"d":"1,109.68"},0,{"v":10.62588871,"d":"10.63"},{"v":0.06021266,"d":"0.06"},"0_20625000_642_580","E",{"v":0.34901791906,"d":"0.35"},{"v":3.14522107826E-4,"d":"0.00"},{"v":0.00334207691459,"d":"0.00"}]
[2,206,20625,{"v":6992.17483199999,"d":"6,992.17"},1188,{"v":0.169904218,"d":"0.17"},"M",410,20625000,{"v":1180.77447637,"d":"1,180.77"},42,135,177,{"v":71.0975717099999,"d":"71.10"},{"v":0.93996673,"d":"0.94"},{"v":166.3741113,"d":"166.37"},{"v":10.62588871,"d":"10.63"},0,"0_20625000_642",{"v":1109.67690465999,"d":"1,109.68"},0,{"v":10.62588871,"d":"10.63"},{"v":0.06021266,"d":"0.06"},"0_20625000_642_581","E",{"v":0.0310406968213,"d":"0.03"},{"v":2.7972733947E-5,"d":"0.00"},{"v":0.000297235157836,"d":"0.00"}]
[2,206,20625,{"v":6992.17483199999,"d":"6,992.17"},1188,{"v":0.169904218,"d":"0.17"},"M",410,20625000,{"v":1180.77447637,"d":"1,180.77"},42,135,177,{"v":71.0975717099999,"d":"71.10"},{"v":0.93996673,"d":"0.94"},{"v":166.3741113,"d":"166.37"},{"v":10.62588871,"d":"10.63"},0,"0_20625000_642",{"v":1109.67690465999,"d":"1,109.68"},0,{"v":10.62588871,"d":"10.63"},{"v":0.06021266,"d":"0.06"},"0_20625000_642_582","E",{"v":0.0158822052285,"d":"0.02"},{"v":1.4312459025E-5,"d":"0.00"},{"v":1.52082596762E-4,"d":"0.00"}]
[2,206,20625,{"v":6992.17483199999,"d":"6,992.17"},1188,{"v":0.169904218,"d":"0.17"},"M",410,20625000,{"v":1180.77447637,"d":"1,180.77"},42,135,177,{"v":71.0975717099999,"d":"71.10"},{"v":0.93996673,"d":"0.94"},{"v":166.3741113,"d":"166.37"},{"v":10.62588871,"d":"10.63"},0,"0_20625000_642",{"v":1109.67690465999,"d":"1,109.68"},0,{"v":10.62588871,"d":"10.63"},{"v":0.06021266,"d":"0.06"},"0_20625000_642_583","E",{"v":5.31880442526,"d":"5.32"},{"v":0.0047931108622,"d":"0.00"},{"v":0.0509310625964,"d":"0.05"}]
[2,206,20625,{"v":6992.17483199999,"d":"6,992.17"},1188,{"v":0.169904218,"d":"0.17"},"M",410,20625000,{"v":1180.77447637,"d":"1,180.77"},42,135,177,{"v":71.0975717099999,"d":"71.10"},{"v":0.93996673,"d":"0.94"},{"v":166.3741113,"d":"166.37"},{"v":10.62588871,"d":"10.63"},0,"0_20625000_642",{"v":1109.67690465999,"d":"1,109.68"},0,{"v":10.62588871,"d":"10.63"},{"v":0.06021266,"d":"0.06"},"0_20625000_642_584","E",{"v":14.5604466409,"d":"14.56"},{"v":0.0131213388147,"d":"0.01"},{"v":0.139425885971,"d":"0.14"}]
[2,206,20625,{"v":6992.17483199999,"d":"6,992.17"},1188,{"v":0.169904218,"d":"0.17"},"M",410,20625000,{"v":1180.77447637,"d":"1,180.77"},42,135,177,{"v":71.0975717099999,"d":"71.10"},{"v":0.93996673,"d":"0.94"},{"v":166.3741113,"d":"166.37"},{"v":10.62588871,"d":"10.63"},0,"0_20625000_642",{"v":1109.67690465999,"d":"1,109.68"},0,{"v":10.62588871,"d":"10.63"},{"v":0.06021266,"d":"0.06"},"0_20625000_642_585","E",{"v":0.433206871959,"d":"0.43"},{"v":0.000390390094756,"d":"0.00"},{"v":0.00414824170036,"d":"0.00"}]
[2,206,20625,{"v":6992.17483199999,"d":"6,992.17"},1188,{"v":0.169904218,"d":"0.17"},"M",410,20625000,{"v":1180.77447637,"d":"1,180.77"},42,135,177,{"v":71.0975717099999,"d":"71.10"},{"v":0.93996673,"d":"0.94"},{"v":166.3741113,"d":"166.37"},{"v":10.62588871,"d":"10.63"},0,"0_20625000_642",{"v":1109.67690465999,"d":"1,109.68"},0,{"v":10.62588871,"d":"10.63"},{"v":0.06021266,"d":"0.06"},"0_20625000_642_586","E",{"v":0.109472236823,"d":"0.11"},{"v":9.8652352197e-05,"d":"0.00"},{"v":1.04826891542E-3,"d":"0.00"}]
[2,206,20625,{"v":6992.17483199999,"d":"6,992.17"},1188,{"v":0.169904218,"d":"0.17"},"M",410,20625000,{"v":1180.77447637,"d":"1,180.77"},42,135,177,{"v":71.0975717099999,"d":"71.10"},{"v":0.93996673,"d":"0.94"},{"v":166.3741113,"d":"166.37"},{"v":10.62588871,"d":"10.63"},0,"0_20625000_642",{"v":1109.67690465999,"d":"1,109.68"},0,{"v":10.62588871,"d":"10.63"},{"v":0.06021266,"d":"0.06"},"0_20625000_642_587","F",{"v":25.3999374809,"d":"25.40"},{"v":0.0228894891605,"d":"0.02"},{"v":0.243221164448,"d":"0.24"}]
[2,206,20625,{"v":6992.17483199999,"d":"6,992.17"},1188,{"v":0.169904218,"d":"0.17"},"M",410,20625000,{"v":1180.77447637,"d":"1,180.77"},42,135,177,{"v":71.0975717099999,"d":"71.10"},{"v":0.93996673,"d":"0.94"},{"v":166.3741113,"d":"166.37"},{"v":10.62588871,"d":"10.63"},0,"0_20625000_642",{"v":1109.67690465999,"d":"1,109.68"},0,{"v":10.62588871,"d":"10.63"},{"v":0.06021266,"d":"0.06"},"0_20625000_642_588","F",{"v":0.000414477082611,"d":"0.00"},{"v":3.73511498E-7,"d":"0.00"},{"v":3.968891606e-06,"d":"0.00"}]
[2,206,20625,{"v":6992.17483199999,"d":"6,992.17"},1188,{"v":0.169904218,"d":"0.17"},"M",410,20625000,{"v":1180.77447637,"d":"1,180.77"},42,135,177,{"v":71.0975717099999,"d":"71.10"},{"v":0.93996673,"d":"0.94"},{"v":166.3741113,"d":"166.37"},{"v":10.62588871,"d":"10.63"},0,"0_20625000_642",{"v":1109.67690465999,"d":"1,109.68"},0,{"v":10.62588871,"d":"10.63"},{"v":0.06021266,"d":"0.06"},"0_20625000_642_589","F",{"v":0.000608969889545,"d":"0.00"},{"v":5.4878126e-07,"d":"0.00"},{"v":5.831288591e-06,"d":"0.00"}]
[2,206,20625,{"v":6992.17483199999,"d":"6,992.17"},1188,{"v":0.169904218,"d":"0.17"},"M",410,20625000,{"v":1180.77447637,"d":"1,180.77"},42,135,177,{"v":71.0975717099999,"d":"71.10"},{"v":0.93996673,"d":"0.94"},{"v":166.3741113,"d":"166.37"},{"v":10.62588871,"d":"10.63"},0,"0_20625000_642",{"v":1109.67690465999,"d":"1,109.68"},0,{"v":10.62588871,"d":"10.63"},{"v":0.06021266,"d":"0.06"},"0_20625000_642_590","F",{"v":14.6560931569,"d":"14.66"},{"v":0.013207531936,"d":"0.01"},{"v":0.140341764486,"d":"0.14"}]
[2,206,20625,{"v":6992.17483199999,"d":"6,992.17"},1188,{"v":0.169904218,"d":"0.17"},"M",410,20625000,{"v":1180.77447637,"d":"1,180.77"},42,135,177,{"v":71.0975717099999,"d":"71.10"},{"v":0.93996673,"d":"0.94"},{"v":166.3741113,"d":"166.37"},{"v":10.62588871,"d":"10.63"},0,"0_20625000_642",{"v":1109.67690465999,"d":"1,109.68"},0,{"v":10.62588871,"d":"10.63"},{"v":0.06021266,"d":"0.06"},"0_20625000_642_591","F",{"v":0.778866521687,"d":"0.78"},{"v":0.000701885853816,"d":"0.00"},{"v":0.00745816096977,"d":"0.01"}]
[2,206,20625,{"v":6992.17483199999,"d":"6,992.17"},1188,{"v":0.169904218,"d":"0.17"},"M",410,20625000,{"v":1180.77447637,"d":"1,180.77"},42,135,177,{"v":71.0975717099999,"d":"71.10"},{"v":0.93996673,"d":"0.94"},{"v":166.3741113,"d":"166.37"},{"v":10.62588871,"d":"10.63"},0,"0_20625000_642",{"v":1109.67690465999,"d":"1,109.68"},0,{"v":10.62588871,"d":"10.63"},{"v":0.06021266,"d":"0.06"},"0_20625000_642_592","F",{"v":2.89339956455,"d":"2.89"},{"v":2.60742523558E-3,"d":"0.00"},{"v":0.0277062103729,"d":"0.03"}]
[2,206,20625,{"v":6992.17483199999,"d":"6,992.17"},1188,{"v":0.169904218,"d":"0.17"},"M",410,20625000,{"v":1180.77447637,"d":"1,180.77"},42,135,177,{"v":71.0975717099999,"d":"71.10"},{"v":0.93996673,"d":"0.94"},{"v":166.3741113,"d":"166.37"},{"v":10.62588871,"d":"10.63"},0,"0_20625000_642",{"v":1109.67690465999,"d":"1,109.68"},0,{"v":10.62588871,"d":"10.63"},{"v":0.06021266,"d":"0.06"},"0_20625000_642_593","F",{"v":3.31444010553,"d":"3.31"},{"v":0.00298685148047,"d":"0.00"},{"v":0.0317379514248,"d":"0.03"}]
[2,206,20625,{"v":6992.17483199999,"d":"6,992.17"},1188,{"v":0.169904218,"d":"0.17"},"M",410,20625000,{"v":1180.77447637,"d":"1,180.77"},42,135,177,{"v":71.0975717099999,"d":"71.10"},{"v":0.93996673,"d":"0.94"},{"v":166.3741113,"d":"166.37"},{"v":10.62588871,"d":"10.63"},0,"0_20625000_642",{"v":1109.67690465999,"d":"1,109.68"},0,{"v":10.62588871,"d":"10.63"},{"v":0.06021266,"d":"0.06"},"0_20625000_642_594","G",{"v":0.478230444554,"d":"0.48"},{"v":0.000430963681902,"d":"0.00"},{"v":0.00457937212194,"d":"0.00"}]
[2,206,20625,{"v":6992.17483199999,"d":"6,992.17"},1188,{"v":0.169904218,"d":"0.17"},"M",410,20625000,{"v":1180.77447637,"d":"1,180.77"},42,135,177,{"v":71.0975717099999,"d":"71.10"},{"v":0.93996673,"d":"0.94"},{"v":166.3741113,"d":"166.37"},{"v":10.62588871,"d":"10.63"},0,"0_20625000_642",{"v":1109.67690465999,"d":"1,109.68"},0,{"v":10.62588871,"d":"10.63"},{"v":0.06021266,"d":"0.06"},"0_20625000_642_595","G",{"v":4.75123727702E-3,"d":"0.00"},{"v":4.28164023e-06,"d":"0.00"},{"v":4.5496232578e-05,"d":"0.00"}]
[2,206,20625,{"v":6992.17483199999,"d":"6,992.17"},1188,{"v":0.169904218,"d":"0.17"},"M",410,20625000,{"v":1180.77447637,"d":"1,180.77"},42,135,177,{"v":71.0975717099999,"d":"71.10"},{"v":0.93996673,"d":"0.94"},{"v":166.3741113,"d":"166.37"},{"v":10.62588871,"d":"10.63"},0,"0_20625000_642",{"v":1109.67690465999,"d":"1,109.68"},0,{"v":10.62588871,"d":"10.63"},{"v":0.06021266,"d":"0.06"},"0_20625000_642_596","G",{"v":0.000595993453149,"d":"0.00"},{"v":5.37087373e-07,"d":"0.00"},{"v":5.707030649e-06,"d":"0.00"}]
[2,206,20625,{"v":6992.17483199999,"d":"6,992.17"},1188,{"v":0.169904218,"d":"0.17"},"M",410,20625000,{"v":1180.77447637,"d":"1,180.77"},42,135,177,{"v":71.0975717099999,"d":"71.10"},{"v":0.93996673,"d":"0.94"},{"v":166.3741113,"d":"166.37"},{"v":10.62588871,"d":"10.63"},0,"0_20625000_642",{"v":1109.67690465999,"d":"1,109.68"},0,{"v":10.62588871,"d":"10.63"},{"v":0.06021266,"d":"0.06"},"0_20625000_642_597","G",{"v":0.0789891456575,"d":"0.08"},{"v":7.1182111952e-05,"d":"0.00"},{"v":0.000756373199739,"d":"0.00"}]
[2,206,20625,{"v":6992.17483199999,"d":"6,992.17"},1188,{"v":0.169904218,"d":"0.17"},"M",410,20625000,{"v":1180.77447637,"d":"1,180.77"},42,135,177,{"v":71.0975717099999,"d":"71.10"},{"v":0.93996673,"d":"0.94"},{"v":166.3741113,"d":"166.37"},{"v":10.62588871,"d":"10.63"},0,"0_20625000_642",{"v":1109.67690465999,"d":"1,109.68"},0,{"v":10.62588871,"d":"10.63"},{"v":0.06021266,"d":"0.06"},"0_20625000_642_598","G",{"v":0.647788158437,"d":"0.65"},{"v":0.000583762855401,"d":"0.00"},{"v":6.20299913452E-3,"d":"0.01"}]
[2,206,20625,{"v":6992.17483199999,"d":"6,992.17"},1188,{"v":0.169904218,"d":"0.17"},"M",410,20625000,{"v":1180.77447637,"d":"1,180.77"},42,135,177,{"v":71.0975717099999,"d":"71.10"},{"v":0.93996673,"d":"0.94"},{"v":166.3741113,"d":"166.37"},{"v":10.62588871,"d":"10.63"},0,"0_20625000_642",{"v":1109.67690465999,"d":"1,109.68"},0,{"v":10.62588871,"d":"10.63"},{"v":0.06021266,"d":"0.06"},"0_20625000_642_599","G",{"v":4.61982819546,"d":"4.62"},{"v":0.00416321920016,"d":"0.00"},{"v":0.0442379038962,"d":"0.04"}]
[2,206,20625,{"v":6992.17483199999,"d":"6,992.17"},1188,{"v":0.169904218,"d":"0.17"},"M",410,20625001,{"v":3544.38748239999,"d":"3,544.39"},31,21,52,{"v":37.79145115,"d":"37.79"},{"v":0.93996673,"d":"0.94"},{"v":48.8782699799999,"d":"48.88"},{"v":3.121730018,"d":"3.12"},0,"0_20625001_643",{"v":3506.59603125,"d":"3,506.60"},0,{"v":3.121730018,"d":"3.12"},{"v":0.010662336,"d":"0.01"},"0_20625001_643_600","außerhalb GKL",{"v":3483.07499271,"d":"3,483.07"},{"v":0.99329234439,"d":"0.99"},{"v":3.10079052813,"d":"3.10"}]
[2,206,20625,{"v":6992.17483199999,"d":"6,992.17"},1188,{"v":0.169904218,"d":"0.17"},"M",410,20625001,{"v":3544.38748239999,"d":"3,544.39"},31,21,52,{"v":37.79145115,"d":"37.79"},{"v":0.93996673,"d":"0.94"},{"v":48.8782699799999,"d":"48.88"},{"v":3.121730018,"d":"3.12"},0,"0_20625001_643",{"v":3506.59603125,"d":"3,506.60"},0,{"v":3.121730018,"d":"3.12"},{"v":0.010662336,"d":"0.01"},"0_20625001_643_601","außerhalb GKL",{"v":1.09125950704,"d":"1.09"},{"v":0.000311201945509,"d":"0.00"},{"v":0.000971488454955,"d":"0.00"}]
[2,206,20625,{"v":6992.17483199999,"d":"6,992.17"},1188,{"v":0.169904218,"d":"0.17"},"M",410,20625001,{"v":3544.38748239999,"d":"3,544.39"},31,21,52,{"v":37.79145115,"d":"37.79"},{"v":0.93996673,"d":"0.94"},{"v":48.8782699799999,"d":"48.88"},{"v":3.121730018,"d":"3.12"},0,"0_20625001_643",{"v":3506.59603125,"d":"3,506.60"},0,{"v":3.121730018,"d":"3.12"},{"v":0.010662336,"d":"0.01"},"0_20625001_643_602","D",{"v":2.54588030977,"d":"2.55"},{"v":0.000726026119656,"d":"0.00"},{"v":2.26645753158E-3,"d":"0.00"}]
[2,206,20625,{"v":6992.17483199999,"d":"6,992.17"},1188,{"v":0.169904218,"d":"0.17"},"M",410,20625001,{"v":3544.38748239999,"d":"3,544.39"},31,21,52,{"v":37.79145115,"d":"37.79"},{"v":0.93996673,"d":"0.94"},{"v":48.8782699799999,"d":"48.88"},{"v":3.121730018,"d":"3.12"},0,"0_20625001_643",{"v":3506.59603125,"d":"3,506.60"},0,{"v":3.121730018,"d":"3.12"},{"v":0.010662336,"d":"0.01"},"0_20625001_643_603","E",{"v":4.75348331259,"d":"4.75"},{"v":1.35558338349E-3,"d":"0.00"},{"v":0.00423176534014,"d":"0.00"}]
[2,206,20625,{"v":6992.17483199999,"d":"6,992.17"},1188,{"v":0.169904218,"d":"0.17"},"M",410,20625001,{"v":3544.38748239999,"d":"3,544.39"},31,21,52,{"v":37.79145115,"d":"37.79"},{"v":0.93996673,"d":"0.94"},{"v":48.8782699799999,"d":"48.88"},{"v":3.121730018,"d":"3.12"},0,"0_20625001_643",{"v":3506.59603125,"d":"3,506.60"},0,{"v":3.121730018,"d":"3.12"},{"v":0.010662336,"d":"0.01"},"0_20625001_643_604","E",{"v":0.0471262172005,"d":"0.05"},{"v":1.3439306034e-05,"d":"0.00"},{"v":4.1953885066e-05,"d":"0.00"}]
[2,206,20625,{"v":6992.17483199999,"d":"6,992.17"},1188,{"v":0.169904218,"d":"0.17"},"M",410,20625001,{"v":3544.38748239999,"d":"3,544.39"},31,21,52,{"v":37.79145115,"d":"37.79"},{"v":0.93996673,"d":"0.94"},{"v":48.8782699799999,"d":"48.88"},{"v":3.121730018,"d":"3.12"},0,"0_20625001_643",{"v":3506.59603125,"d":"3,506.60"},0,{"v":3.121730018,"d":"3.12"},{"v":0.010662336,"d":"0.01"},"0_20625001_643_605","E",{"v":0.000324782873223,"d":"0.00"},{"v":9.2620556e-08,"d":"0.00"},{"v":2.89136369e-07,"d":"0.00"}]
[2,206,20625,{"v":6992.17483199999,"d":"6,992.17"},1188,{"v":0.169904218,"d":"0.17"},"M",410,20625001,{"v":3544.38748239999,"d":"3,544.39"},31,21,52,{"v":37.79145115,"d":"37.79"},{"v":0.93996673,"d":"0.94"},{"v":48.8782699799999,"d":"48.88"},{"v":3.121730018,"d":"3.12"},0,"0_20625001_643",{"v":3506.59603125,"d":"3,506.60"},0,{"v":3.121730018,"d":"3.12"},{"v":0.010662336,"d":"0.01"},"0_20625001_643_606","E",{"v":0.0697973908299,"d":"0.07"},{"v":1.9904599848e-05,"d":"0.00"},{"v":6.2136786841e-05,"d":"0.00"}]
[2,206,20625,{"v":6992.17483199999,"d":"6,992.17"},1188,{"v":0.169904218,"d":"0.17"},"M",410,20625001,{"v":3544.38748239999,"d":"3,544.39"},31,21,52,{"v":37.79145115,"d":"37.79"},{"v":0.93996673,"d":"0.94"},{"v":48.8782699799999,"d":"48.88"},{"v":3.121730018,"d":"3.12"},0,"0_20625001_643",{"v":3506.59603125,"d":"3,506.60"},0,{"v":3.121730018,"d":"3.12"},{"v":0.010662336,"d":"0.01"},"0_20625001_643_607","F",{"v":0.71394644654,"d":"0.71"},{"v":2.03600996573E-4,"d":"0.00"},{"v":0.000635587342697,"d":"0.00"}]
[2,206,20625,{"v":6992.17483199999,"d":"6,992.17"},1188,{"v":0.169904218,"d":"0.17"},"M",410,20625001,{"v":3544.38748239999,"d":"3,544.39"},31,21,52,{"v":37.79145115,"d":"37.79"},{"v":0.93996673,"d":"0.94"},{"v":48.8782699799999,"d":"48.88"},{"v":3.121730018,"d":"3.12"},0,"0_20625001_643",{"v":3506.59603125,"d":"3,506.60"},0,{"v":3.121730018,"d":"3.12"},{"v":0.010662336,"d":"0.01"},"0_20625001_643_608","F",{"v":5.80773147411,"d":"5.81"},{"v":0.00165623055018,"d":"0.00"},{"v":0.00517030462523,"d":"0.01"}]
[2,206,20625,{"v":6992.17483199999,"d":"6,992.17"},1188,{"v":0.169904218,"d":"0.17"},"M",410,20625001,{"v":3544.38748239999,"d":"3,544.39"},31,21,52,{"v":37.79145115,"d":"37.79"},{"v":0.93996673,"d":"0.94"},{"v":48.8782699799999,"d":"48.88"},{"v":3.121730018,"d":"3.12"},0,"0_20625001_643",{"v":3506.59603125,"d":"3,506.60"},0,{"v":3.121730018,"d":"3.12"},{"v":0.010662336,"d":"0.01"},"0_20625001_643_609","F",{"v":0.228158310379,"d":"0.23"},{"v":6.5065467578e-05,"d":"0.00"},{"v":0.000203116823272,"d":"0.00"}]
[2,206,20625,{"v":6992.17483199999,"d":"6,992.17"},1188,{"v":0.169904218,"d":"0.17"},"M",410,20625001,{"v":3544.38748239999,"d":"3,544.39"},31,21,52,{"v":37.79145115,"d":"37.79"},{"v":0.93996673,"d":"0.94"},{"v":48.8782699799999,"d":"48.88"},{"v":3.121730018,"d":"3.12"},0,"0_20625001_643",{"v":3506.59603125,"d":"3,506.60"},0,{"v":3.121730018,"d":"3.12"},{"v":0.010662336,"d":"0.01"},"0_20625001_643_610","F",{"v":3.95340685951,"d":"3.95"},{"v":0.00112742010322,"d":"0.00"},{"v":3.51950117912E-3,"d":"0.00"}]
[2,206,20625,{"v":6992.17483199999,"d":"6,992.17"},1188,{"v":0.169904218,"d":"0.17"},"M",410,20625001,{"v":3544.38748239999,"d":"3,544.39"},31,21,52,{"v":37.79145115,"d":"37.79"},{"v":0.93996673,"d":"0.94"},{"v":48.8782699799999,"d":"48.88"},{"v":3.121730018,"d":"3.12"},0,"0_20625001_643",{"v":3506.59603125,"d":"3,506.60"},0,{"v":3.121730018,"d":"3.12"},{"v":0.010662336,"d":"0.01"},"0_20625001_643_611","F",{"v":0.392541223937,"d":"0.39"},{"v":1.11943668572E-4,"d":"0.00"},{"v":0.000349457910506,"d":"0.00"}]
[2,206,20625,{"v":6992.17483199999,"d":"6,992.17"},1188,{"v":0.169904218,"d":"0.17"},"M",410,20625001,{"v":3544.38748239999,"d":"3,544.39"},31,21,52,{"v":37.79145115,"d":"37.79"},{"v":0.93996673,"d":"0.94"},{"v":48.8782699799999,"d":"48.88"},{"v":3.121730018,"d":"3.12"},0,"0_20625001_643",{"v":3506.59603125,"d":"3,506.60"},0,{"v":3.121730018,"d":"3.12"},{"v":0.010662336,"d":"0.01"},"0_20625001_643_612","G",{"v":2.31567479035,"d":"2.32"},{"v":6.60376835459E-4,"d":"0.00"},{"v":0.00206151819044,"d":"0.00"}]
[2,206,20625,{"v":6992.17483199999,"d":"6,992.17"},1188,{"v":0.169904218,"d":"0.17"},"M",410,20625001,{"v":3544.38748239999,"d":"3,544.39"},31,21,52,{"v":37.79145115,"d":"37.79"},{"v":0.93996673,"d":"0.94"},{"v":48.8782699799999,"d":"48.88"},{"v":3.121730018,"d":"3.12"},0,"0_20625001_643",{"v":3506.59603125,"d":"3,506.60"},0,{"v":3.121730018,"d":"3.12"},{"v":0.010662336,"d":"0.01"},"0_20625001_643_613","G",{"v":0.489522491863,"d":"0.49"},{"v":0.00013960048078,"d":"0.00"},{"v":0.000435795011378,"d":"0.00"}]
[2,206,20625,{"v":6992.17483199999,"d":"6,992.17"},1188,{"v":0.169904218,"d":"0.17"},"M",410,20625001,{"v":3544.38748239999,"d":"3,544.39"},31,21,52,{"v":37.79145115,"d":"37.79"},{"v":0.93996673,"d":"0.94"},{"v":48.8782699799999,"d":"48.88"},{"v":3.121730018,"d":"3.12"},0,"0_20625001_643",{"v":3506.59603125,"d":"3,506.60"},0,{"v":3.121730018,"d":"3.12"},{"v":0.010662336,"d":"0.01"},"0_20625001_643_614","G",{"v":1.05961481741,"d":"1.06"},{"v":0.000302177612695,"d":"0.00"},{"v":0.000943316924318,"d":"0.00"}]
[2,206,20625,{"v":6992.17483199999,"d":"6,992.17"},1188,{"v":0.169904218,"d":"0.17"},"M",410,20625001,{"v":3544.38748239999,"d":"3,544.39"},31,21,52,{"v":37.79145115,"d":"37.79"},{"v":0.93996673,"d":"0.94"},{"v":48.8782699799999,"d":"48.88"},{"v":3.121730018,"d":"3.12"},0,"0_20625001_643",{"v":3506.59603125,"d":"3,506.60"},0,{"v":3.121730018,"d":"3.12"},{"v":0.010662336,"d":"0.01"},"0_20625001_643_615","G",{"v":0.0522174133018,"d":"0.05"},{"v":1.4891197285e-05,"d":"0.00"},{"v":4.648629757e-05,"d":"0.00"}]
[2,206,20625,{"v":6992.17483199999,"d":"6,992.17"},1188,{"v":0.169904218,"d":"0.17"},"M",410,20625001,{"v":3544.38748239999,"d":"3,544.39"},31,21,52,{"v":37.79145115,"d":"37.79"},{"v":0.93996673,"d":"0.94"},{"v":48.8782699799999,"d":"48.88"},{"v":3.121730018,"d":"3.12"},0,"0_20625001_643",{"v":3506.59603125,"d":"3,506.60"},0,{"v":3.121730018,"d":"3.12"},{"v":0.010662336,"d":"0.01"},"0_20625001_643_616","G",{"v":0.000353196301116,"d":"0.00"},{"v":1.00723408e-07,"d":"0.00"},{"v":3.14431285e-07,"d":"0.00"}]
[2,206,20625,{"v":6992.17483199999,"d":"6,992.17"},1188,{"v":0.169904218,"d":"0.17"},"M",410,20625002,{"v":2267.01287327,"d":"2,267.01"},27,8,35,{"v":1.557435877,"d":"1.56"},{"v":0.93996673,"d":"0.94"},{"v":32.89883557,"d":"32.90"},{"v":2.101164435,"d":"2.10"},0,"0_20625002_644",{"v":2265.45543739,"d":"2,265.46"},0,{"v":2.101164435,"d":"2.10"},{"v":0.000686999,"d":"0.00"},"0_20625002_644_617","außerhalb GKL",{"v":2265.45543739,"d":"2,265.46"},{"v":1,"d":"1.00"},{"v":2.101164435,"d":"2.10"}]
[2,206,20627,{"v":10440.2646399999,"d":"10,440.26"},2171,{"v":0.20794492,"d":"0.21"},"M",430,20627000,{"v":112.962483739999,"d":"112.96"},62,415,477,{"v":82.5279223499999,"d":"82.53"},{"v":0.945243625,"d":"0.95"},{"v":450.881209099999,"d":"450.88"},{"v":26.11879086,"d":"26.12"},0,"0_20627000_645",{"v":30.4345613945999,"d":"30.43"},0,{"v":26.11879086,"d":"26.12"},{"v":0.73057815,"d":"0.73"},"0_20627000_645_618","außerhalb GKL",{"v":0.00806850622229,"d":"0.01"},{"v":0.000265109988532,"d":"0.00"},{"v":0.00692435234536,"d":"0.01"}]
[2,206,20627,{"v":10440.2646399999,"d":"10,440.26"},2171,{"v":0.20794492,"d":"0.21"},"M",430,20627000,{"v":112.962483739999,"d":"112.96"},62,415,477,{"v":82.5279223499999,"d":"82.53"},{"v":0.945243625,"d":"0.95"},{"v":450.881209099999,"d":"450.88"},{"v":26.11879086,"d":"26.12"},0,"0_20627000_645",{"v":30.4345613945999,"d":"30.43"},0,{"v":26.11879086,"d":"26.12"},{"v":0.73057815,"d":"0.73"},"0_20627000_645_619","außerhalb GKL",{"v":0.036006841689,"d":"0.04"},{"v":1.18309054046E-3,"d":"0.00"},{"v":0.0309008943947,"d":"0.03"}]
[2,206,20627,{"v":10440.2646399999,"d":"10,440.26"},2171,{"v":0.20794492,"d":"0.21"},"M",430,20627000,{"v":112.962483739999,"d":"112.96"},62,415,477,{"v":82.5279223499999,"d":"82.53"},{"v":0.945243625,"d":"0.95"},{"v":450.881209099999,"d":"450.88"},{"v":26.11879086,"d":"26.12"},0,"0_20627000_645",{"v":30.4345613945999,"d":"30.43"},0,{"v":26.11879086,"d":"26.12"},{"v":0.73057815,"d":"0.73"},"0_20627000_645_620","außerhalb GKL",{"v":0.0164576682005,"d":"0.02"},{"v":0.000540755885624,"d":"0.00"},{"v":0.0141238898829,"d":"0.01"}]
[2,206,20627,{"v":10440.2646399999,"d":"10,440.26"},2171,{"v":0.20794492,"d":"0.21"},"M",430,20627000,{"v":112.962483739999,"d":"112.96"},62,415,477,{"v":82.5279223499999,"d":"82.53"},{"v":0.945243625,"d":"0.95"},{"v":450.881209099999,"d":"450.88"},{"v":26.11879086,"d":"26.12"},0,"0_20627000_645",{"v":30.4345613945999,"d":"30.43"},0,{"v":26.11879086,"d":"26.12"},{"v":0.73057815,"d":"0.73"},"0_20627000_645_621","D",{"v":0.157275583714,"d":"0.16"},{"v":0.00516766388301,"d":"0.01"},{"v":0.134973132195,"d":"0.13"}]
[2,206,20627,{"v":10440.2646399999,"d":"10,440.26"},2171,{"v":0.20794492,"d":"0.21"},"M",430,20627000,{"v":112.962483739999,"d":"112.96"},62,415,477,{"v":82.5279223499999,"d":"82.53"},{"v":0.945243625,"d":"0.95"},{"v":450.881209099999,"d":"450.88"},{"v":26.11879086,"d":"26.12"},0,"0_20627000_645",{"v":30.4345613945999,"d":"30.43"},0,{"v":26.11879086,"d":"26.12"},{"v":0.73057815,"d":"0.73"},"0_20627000_645_622","E",{"v":0.421175567382,"d":"0.42"},{"v":0.0138387263717,"d":"0.01"},{"v":0.361450799871,"d":"0.36"}]
[2,206,20627,{"v":10440.2646399999,"d":"10,440.26"},2171,{"v":0.20794492,"d":"0.21"},"M",430,20627000,{"v":112.962483739999,"d":"112.96"},62,415,477,{"v":82.5279223499999,"d":"82.53"},{"v":0.945243625,"d":"0.95"},{"v":450.881209099999,"d":"450.88"},{"v":26.11879086,"d":"26.12"},0,"0_20627000_645",{"v":30.4345613945999,"d":"30.43"},0,{"v":26.11879086,"d":"26.12"},{"v":0.73057815,"d":"0.73"},"0_20627000_645_623","E",{"v":0.0012526458434,"d":"0.00"},{"v":4.1158662586e-05,"d":"0.00"},{"v":1.07501450017E-3,"d":"0.00"}]
[2,206,20627,{"v":10440.2646399999,"d":"10,440.26"},2171,{"v":0.20794492,"d":"0.21"},"M",430,20627000,{"v":112.962483739999,"d":"112.96"},62,415,477,{"v":82.5279223499999,"d":"82.53"},{"v":0.945243625,"d":"0.95"},{"v":450.881209099999,"d":"450.88"},{"v":26.11879086,"d":"26.12"},0,"0_20627000_645",{"v":30.4345613945999,"d":"30.43"},0,{"v":26.11879086,"d":"26.12"},{"v":0.73057815,"d":"0.73"},"0_20627000_645_624","E",{"v":2.96036966935,"d":"2.96"},{"v":0.0972699961392,"d":"0.10"},{"v":2.54057468611,"d":"2.54"}]
[2,206,20627,{"v":10440.2646399999,"d":"10,440.26"},2171,{"v":0.20794492,"d":"0.21"},"M",430,20627000,{"v":112.962483739999,"d":"112.96"},62,415,477,{"v":82.5279223499999,"d":"82.53"},{"v":0.945243625,"d":"0.95"},{"v":450.881209099999,"d":"450.88"},{"v":26.11879086,"d":"26.12"},0,"0_20627000_645",{"v":30.4345613945999,"d":"30.43"},0,{"v":26.11879086,"d":"26.12"},{"v":0.73057815,"d":"0.73"},"0_20627000_645_625","E",{"v":0.0697224416929,"d":"0.07"},{"v":0.00229089687835,"d":"0.00"},{"v":0.0598354564475,"d":"0.06"}]
[2,206,20627,{"v":10440.2646399999,"d":"10,440.26"},2171,{"v":0.20794492,"d":"0.21"},"M",430,20627000,{"v":112.962483739999,"d":"112.96"},62,415,477,{"v":82.5279223499999,"d":"82.53"},{"v":0.945243625,"d":"0.95"},{"v":450.881209099999,"d":"450.88"},{"v":26.11879086,"d":"26.12"},0,"0_20627000_645",{"v":30.4345613945999,"d":"30.43"},0,{"v":26.11879086,"d":"26.12"},{"v":0.73057815,"d":"0.73"},"0_20627000_645_626","E",{"v":0.0103630336522,"d":"0.01"},{"v":0.000340502152071,"d":"0.00"},{"v":0.00889350449732,"d":"0.01"}]
[2,206,20627,{"v":10440.2646399999,"d":"10,440.26"},2171,{"v":0.20794492,"d":"0.21"},"M",430,20627000,{"v":112.962483739999,"d":"112.96"},62,415,477,{"v":82.5279223499999,"d":"82.53"},{"v":0.945243625,"d":"0.95"},{"v":450.881209099999,"d":"450.88"},{"v":26.11879086,"d":"26.12"},0,"0_20627000_645",{"v":30.4345613945999,"d":"30.43"},0,{"v":26.11879086,"d":"26.12"},{"v":0.73057815,"d":"0.73"},"0_20627000_645_627","F",{"v":3.0024421063,"d":"3.00"},{"v":0.0986523862582,"d":"0.10"},{"v":2.57668104452,"d":"2.58"}]
[2,206,20627,{"v":10440.2646399999,"d":"10,440.26"},2171,{"v":0.20794492,"d":"0.21"},"M",430,20627000,{"v":112.962483739999,"d":"112.96"},62,415,477,{"v":82.5279223499999,"d":"82.53"},{"v":0.945243625,"d":"0.95"},{"v":450.881209099999,"d":"450.88"},{"v":26.11879086,"d":"26.12"},0,"0_20627000_645",{"v":30.4345613945999,"d":"30.43"},0,{"v":26.11879086,"d":"26.12"},{"v":0.73057815,"d":"0.73"},"0_20627000_645_628","F",{"v":4.25616025518,"d":"4.26"},{"v":0.139846281995,"d":"0.14"},{"v":3.65261579198,"d":"3.65"}]
[2,206,20627,{"v":10440.2646399999,"d":"10,440.26"},2171,{"v":0.20794492,"d":"0.21"},"M",430,20627000,{"v":112.962483739999,"d":"112.96"},62,415,477,{"v":82.5279223499999,"d":"82.53"},{"v":0.945243625,"d":"0.95"},{"v":450.881209099999,"d":"450.88"},{"v":26.11879086,"d":"26.12"},0,"0_20627000_645",{"v":30.4345613945999,"d":"30.43"},0,{"v":26.11879086,"d":"26.12"},{"v":0.73057815,"d":"0.73"},"0_20627000_645_629","F",{"v":2.50483877503,"d":"2.50"},{"v":0.0823024436775,"d":"0.08"},{"v":2.14964031368,"d":"2.15"}]
[2,206,20627,{"v":10440.2646399999,"d":"10,440.26"},2171,{"v":0.20794492,"d":"0.21"},"M",430,20627000,{"v":112.962483739999,"d":"112.96"},62,415,477,{"v":82.5279223499999,"d":"82.53"},{"v":0.945243625,"d":"0.95"},{"v":450.881209099999,"d":"450.88"},{"v":26.11879086,"d":"26.12"},0,"0_20627000_645",{"v":30.4345613945999,"d":"30.43"},0,{"v":26.11879086,"d":"26.12"},{"v":0.73057815,"d":"0.73"},"0_20627000_645_630","G",{"v":0.698960403012,"d":"0.70"},{"v":0.0229660087408,"d":"0.02"},{"v":0.59984437919,"d":"0.60"}]
[2,206,20627,{"v":10440.2646399999,"d":"10,440.26"},2171,{"v":0.20794492,"d":"0.21"},"M",430,20627000,{"v":112.962483739999,"d":"112.96"},62,415,477,{"v":82.5279223499999,"d":"82.53"},{"v":0.945243625,"d":"0.95"},{"v":450.881209099999,"d":"450.88"},{"v":26.11879086,"d":"26.12"},0,"0_20627000_645",{"v":30.4345613945999,"d":"30.43"},0,{"v":26.11879086,"d":"26.12"},{"v":0.73057815,"d":"0.73"},"0_20627000_645_631","G",{"v":0.135458877183,"d":"0.14"},{"v":0.00445082402952,"d":"0.00"},{"v":0.116250141982,"d":"0.12"}]
[2,206,20627,{"v":10440.2646399999,"d":"10,440.26"},2171,{"v":0.20794492,"d":"0.21"},"M",430,20627000,{"v":112.962483739999,"d":"112.96"},62,415,477,{"v":82.5279223499999,"d":"82.53"},{"v":0.945243625,"d":"0.95"},{"v":450.881209099999,"d":"450.88"},{"v":26.11879086,"d":"26.12"},0,"0_20627000_645",{"v":30.4345613945999,"d":"30.43"},0,{"v":26.11879086,"d":"26.12"},{"v":0.73057815,"d":"0.73"},"0_20627000_645_632","G",{"v":0.00265278441469,"d":"0.00"},{"v":8.7163550028e-05,"d":"0.00"},{"v":0.00227660653379,"d":"0.00"}]
[2,206,20627,{"v":10440.2646399999,"d":"10,440.26"},2171,{"v":0.20794492,"d":"0.21"},"M",430,20627000,{"v":112.962483739999,"d":"112.96"},62,415,477,{"v":82.5279223499999,"d":"82.53"},{"v":0.945243625,"d":"0.95"},{"v":450.881209099999,"d":"450.88"},{"v":26.11879086,"d":"26.12"},0,"0_20627000_645",{"v":30.4345613945999,"d":"30.43"},0,{"v":26.11879086,"d":"26.12"},{"v":0.73057815,"d":"0.73"},"0_20627000_645_633","G",{"v":0.0514576762737,"d":"0.05"},{"v":1.69076450968E-3,"d":"0.00"},{"v":0.0441607246218,"d":"0.04"}]
[2,206,20627,{"v":10440.2646399999,"d":"10,440.26"},2171,{"v":0.20794492,"d":"0.21"},"M",430,20627000,{"v":112.962483739999,"d":"112.96"},62,415,477,{"v":82.5279223499999,"d":"82.53"},{"v":0.945243625,"d":"0.95"},{"v":450.881209099999,"d":"450.88"},{"v":26.11879086,"d":"26.12"},0,"0_20627000_645",{"v":30.4345613945999,"d":"30.43"},0,{"v":26.11879086,"d":"26.12"},{"v":0.73057815,"d":"0.73"},"0_20627000_645_634","G",{"v":0.0495122493074,"d":"0.05"},{"v":1.62684287332E-3,"d":"0.00"},{"v":0.0424911687703,"d":"0.04"}]
[2,206,20627,{"v":10440.2646399999,"d":"10,440.26"},2171,{"v":0.20794492,"d":"0.21"},"M",430,20627000,{"v":112.962483739999,"d":"112.96"},62,415,477,{"v":82.5279223499999,"d":"82.53"},{"v":0.945243625,"d":"0.95"},{"v":450.881209099999,"d":"450.88"},{"v":26.11879086,"d":"26.12"},0,"0_20627000_645",{"v":30.4345613945999,"d":"30.43"},0,{"v":26.11879086,"d":"26.12"},{"v":0.73057815,"d":"0.73"},"0_20627000_645_635","G",{"v":7.82959632452,"d":"7.83"},{"v":0.257260034834,"d":"0.26"},{"v":6.71932104647,"d":"6.72"}]
[2,206,20627,{"v":10440.2646399999,"d":"10,440.26"},2171,{"v":0.20794492,"d":"0.21"},"M",430,20627000,{"v":112.962483739999,"d":"112.96"},62,415,477,{"v":82.5279223499999,"d":"82.53"},{"v":0.945243625,"d":"0.95"},{"v":450.881209099999,"d":"450.88"},{"v":26.11879086,"d":"26.12"},0,"0_20627000_645",{"v":30.4345613945999,"d":"30.43"},0,{"v":26.11879086,"d":"26.12"},{"v":0.73057815,"d":"0.73"},"0_20627000_645_636","G",{"v":0.0252663455795,"d":"0.03"},{"v":0.00083018596036,"d":"0.00"},{"v":0.0216834534736,"d":"0.02"}]
[2,206,20627,{"v":10440.2646399999,"d":"10,440.26"},2171,{"v":0.20794492,"d":"0.21"},"M",430,20627000,{"v":112.962483739999,"d":"112.96"},62,415,477,{"v":82.5279223499999,"d":"82.53"},{"v":0.945243625,"d":"0.95"},{"v":450.881209099999,"d":"450.88"},{"v":26.11879086,"d":"26.12"},0,"0_20627000_645",{"v":30.4345613945999,"d":"30.43"},0,{"v":26.11879086,"d":"26.12"},{"v":0.73057815,"d":"0.73"},"0_20627000_645_637","G",{"v":0.367150582029,"d":"0.37"},{"v":0.0120636068077,"d":"0.01"},{"v":0.315086823228,"d":"0.32"}]
[2,206,20627,{"v":10440.2646399999,"d":"10,440.26"},2171,{"v":0.20794492,"d":"0.21"},"M",430,20627000,{"v":112.962483739999,"d":"112.96"},62,415,477,{"v":82.5279223499999,"d":"82.53"},{"v":0.945243625,"d":"0.95"},{"v":450.881209099999,"d":"450.88"},{"v":26.11879086,"d":"26.12"},0,"0_20627000_645",{"v":30.4345613945999,"d":"30.43"},0,{"v":26.11879086,"d":"26.12"},{"v":0.73057815,"d":"0.73"},"0_20627000_645_638","G",{"v":0.0298154239093,"d":"0.03"},{"v":0.000979656763333,"d":"0.00"},{"v":0.0255874501161,"d":"0.03"}]
[2,206,20627,{"v":10440.2646399999,"d":"10,440.26"},2171,{"v":0.20794492,"d":"0.21"},"M",430,20627000,{"v":112.962483739999,"d":"112.96"},62,415,477,{"v":82.5279223499999,"d":"82.53"},{"v":0.945243625,"d":"0.95"},{"v":450.881209099999,"d":"450.88"},{"v":26.11879086,"d":"26.12"},0,"0_20627000_645",{"v":30.4345613945999,"d":"30.43"},0,{"v":26.11879086,"d":"26.12"},{"v":0.73057815,"d":"0.73"},"0_20627000_645_639","G",{"v":7.80055763407,"d":"7.80"},{"v":0.256305899498,"d":"0.26"},{"v":6.69440018517,"d":"6.69"}]
[2,206,20627,{"v":10440.2646399999,"d":"10,440.26"},2171,{"v":0.20794492,"d":"0.21"},"M",430,20627001,{"v":10327.3021559999,"d":"10,327.30"},107,222,329,{"v":165.145007499999,"d":"165.15"},{"v":0.945243625,"d":"0.95"},{"v":310.985152599999,"d":"310.99"},{"v":18.0148473699999,"d":"18.01"},0,"0_20627001_646",{"v":10162.1571483999,"d":"10,162.16"},0,{"v":18.0148473699999,"d":"18.01"},{"v":0.015991108,"d":"0.02"},"0_20627001_646_640","außerhalb GKL",{"v":9747.15352764999,"d":"9,747.15"},{"v":0.959161857597,"d":"0.96"},{"v":17.2791544677,"d":"17.28"}]
[2,206,20627,{"v":10440.2646399999,"d":"10,440.26"},2171,{"v":0.20794492,"d":"0.21"},"M",430,20627001,{"v":10327.3021559999,"d":"10,327.30"},107,222,329,{"v":165.145007499999,"d":"165.15"},{"v":0.945243625,"d":"0.95"},{"v":310.985152599999,"d":"310.99"},{"v":18.0148473699999,"d":"18.01"},0,"0_20627001_646",{"v":10162.1571483999,"d":"10,162.16"},0,{"v":18.0148473699999,"d":"18.01"},{"v":0.015991108,"d":"0.02"},"0_20627001_646_641","außerhalb GKL",{"v":2.50124972861,"d":"2.50"},{"v":0.000246133738347,"d":"0.00"},{"v":0.00443406172893,"d":"0.00"}]
[2,206,20627,{"v":10440.2646399999,"d":"10,440.26"},2171,{"v":0.20794492,"d":"0.21"},"M",430,20627001,{"v":10327.3021559999,"d":"10,327.30"},107,222,329,{"v":165.145007499999,"d":"165.15"},{"v":0.945243625,"d":"0.95"},{"v":310.985152599999,"d":"310.99"},{"v":18.0148473699999,"d":"18.01"},0,"0_20627001_646",{"v":10162.1571483999,"d":"10,162.16"},0,{"v":18.0148473699999,"d":"18.01"},{"v":0.015991108,"d":"0.02"},"0_20627001_646_642","außerhalb GKL",{"v":0.000507684615575,"d":"0.00"},{"v":4.9958351e-08,"d":"0.00"},{"v":8.99992071E-7,"d":"0.00"}]
[2,206,20627,{"v":10440.2646399999,"d":"10,440.26"},2171,{"v":0.20794492,"d":"0.21"},"M",430,20627001,{"v":10327.3021559999,"d":"10,327.30"},107,222,329,{"v":165.145007499999,"d":"165.15"},{"v":0.945243625,"d":"0.95"},{"v":310.985152599999,"d":"310.99"},{"v":18.0148473699999,"d":"18.01"},0,"0_20627001_646",{"v":10162.1571483999,"d":"10,162.16"},0,{"v":18.0148473699999,"d":"18.01"},{"v":0.015991108,"d":"0.02"},"0_20627001_646_643","D",{"v":0.343576374501,"d":"0.34"},{"v":3.3809393959e-05,"d":"0.00"},{"v":0.00060907107184,"d":"0.00"}]
[2,206,20627,{"v":10440.2646399999,"d":"10,440.26"},2171,{"v":0.20794492,"d":"0.21"},"M",430,20627001,{"v":10327.3021559999,"d":"10,327.30"},107,222,329,{"v":165.145007499999,"d":"165.15"},{"v":0.945243625,"d":"0.95"},{"v":310.985152599999,"d":"310.99"},{"v":18.0148473699999,"d":"18.01"},0,"0_20627001_646",{"v":10162.1571483999,"d":"10,162.16"},0,{"v":18.0148473699999,"d":"18.01"},{"v":0.015991108,"d":"0.02"},"0_20627001_646_644","E",{"v":18.5747501134,"d":"18.57"},{"v":0.00182783535446,"d":"0.00"},{"v":0.0329281749281,"d":"0.03"}]
[2,206,20627,{"v":10440.2646399999,"d":"10,440.26"},2171,{"v":0.20794492,"d":"0.21"},"M",430,20627001,{"v":10327.3021559999,"d":"10,327.30"},107,222,329,{"v":165.145007499999,"d":"165.15"},{"v":0.945243625,"d":"0.95"},{"v":310.985152599999,"d":"310.99"},{"v":18.0148473699999,"d":"18.01"},0,"0_20627001_646",{"v":10162.1571483999,"d":"10,162.16"},0,{"v":18.0148473699999,"d":"18.01"},{"v":0.015991108,"d":"0.02"},"0_20627001_646_645","E",{"v":0.00380617108502,"d":"0.00"},{"v":3.74543616e-07,"d":"0.00"},{"v":6.747346076e-06,"d":"0.00"}]
[2,206,20627,{"v":10440.2646399999,"d":"10,440.26"},2171,{"v":0.20794492,"d":"0.21"},"M",430,20627001,{"v":10327.3021559999,"d":"10,327.30"},107,222,329,{"v":165.145007499999,"d":"165.15"},{"v":0.945243625,"d":"0.95"},{"v":310.985152599999,"d":"310.99"},{"v":18.0148473699999,"d":"18.01"},0,"0_20627001_646",{"v":10162.1571483999,"d":"10,162.16"},0,{"v":18.0148473699999,"d":"18.01"},{"v":0.015991108,"d":"0.02"},"0_20627001_646_646","E",{"v":2.18750078409,"d":"2.19"},{"v":0.000215259491872,"d":"0.00"},{"v":0.00387786689102,"d":"0.00"}]
[2,206,20627,{"v":10440.2646399999,"d":"10,440.26"},2171,{"v":0.20794492,"d":"0.21"},"M",430,20627001,{"v":10327.3021559999,"d":"10,327.30"},107,222,329,{"v":165.145007499999,"d":"165.15"},{"v":0.945243625,"d":"0.95"},{"v":310.985152599999,"d":"310.99"},{"v":18.0148473699999,"d":"18.01"},0,"0_20627001_646",{"v":10162.1571483999,"d":"10,162.16"},0,{"v":18.0148473699999,"d":"18.01"},{"v":0.015991108,"d":"0.02"},"0_20627001_646_647","E",{"v":1.07909490128,"d":"1.08"},{"v":1.0618758257E-4,"d":"0.00"},{"v":0.00191295309259,"d":"0.00"}]
[2,206,20627,{"v":10440.2646399999,"d":"10,440.26"},2171,{"v":0.20794492,"d":"0.21"},"M",430,20627001,{"v":10327.3021559999,"d":"10,327.30"},107,222,329,{"v":165.145007499999,"d":"165.15"},{"v":0.945243625,"d":"0.95"},{"v":310.985152599999,"d":"310.99"},{"v":18.0148473699999,"d":"18.01"},0,"0_20627001_646",{"v":10162.1571483999,"d":"10,162.16"},0,{"v":18.0148473699999,"d":"18.01"},{"v":0.015991108,"d":"0.02"},"0_20627001_646_648","E",{"v":2.01249932343,"d":"2.01"},{"v":0.00019803859496,"d":"0.00"},{"v":3.56763506157E-3,"d":"0.00"}]
[2,206,20627,{"v":10440.2646399999,"d":"10,440.26"},2171,{"v":0.20794492,"d":"0.21"},"M",430,20627001,{"v":10327.3021559999,"d":"10,327.30"},107,222,329,{"v":165.145007499999,"d":"165.15"},{"v":0.945243625,"d":"0.95"},{"v":310.985152599999,"d":"310.99"},{"v":18.0148473699999,"d":"18.01"},0,"0_20627001_646",{"v":10162.1571483999,"d":"10,162.16"},0,{"v":18.0148473699999,"d":"18.01"},{"v":0.015991108,"d":"0.02"},"0_20627001_646_649","E",{"v":0.422737688324,"d":"0.42"},{"v":4.1599207939e-05,"d":"0.00"},{"v":0.000749403381732,"d":"0.00"}]
[2,206,20627,{"v":10440.2646399999,"d":"10,440.26"},2171,{"v":0.20794492,"d":"0.21"},"M",430,20627001,{"v":10327.3021559999,"d":"10,327.30"},107,222,329,{"v":165.145007499999,"d":"165.15"},{"v":0.945243625,"d":"0.95"},{"v":310.985152599999,"d":"310.99"},{"v":18.0148473699999,"d":"18.01"},0,"0_20627001_646",{"v":10162.1571483999,"d":"10,162.16"},0,{"v":18.0148473699999,"d":"18.01"},{"v":0.015991108,"d":"0.02"},"0_20627001_646_650","E",{"v":0.709323732345,"d":"0.71"},{"v":6.98005081e-05,"d":"0.00"},{"v":0.00125744549976,"d":"0.00"}]
[2,206,20627,{"v":10440.2646399999,"d":"10,440.26"},2171,{"v":0.20794492,"d":"0.21"},"M",430,20627001,{"v":10327.3021559999,"d":"10,327.30"},107,222,329,{"v":165.145007499999,"d":"165.15"},{"v":0.945243625,"d":"0.95"},{"v":310.985152599999,"d":"310.99"},{"v":18.0148473699999,"d":"18.01"},0,"0_20627001_646",{"v":10162.1571483999,"d":"10,162.16"},0,{"v":18.0148473699999,"d":"18.01"},{"v":0.015991108,"d":"0.02"},"0_20627001_646_651","E",{"v":1.91424783701E-4,"d":"0.00"},{"v":1.8837023e-08,"d":"0.00"},{"v":3.39346087e-07,"d":"0.00"}]
[2,206,20627,{"v":10440.2646399999,"d":"10,440.26"},2171,{"v":0.20794492,"d":"0.21"},"M",430,20627001,{"v":10327.3021559999,"d":"10,327.30"},107,222,329,{"v":165.145007499999,"d":"165.15"},{"v":0.945243625,"d":"0.95"},{"v":310.985152599999,"d":"310.99"},{"v":18.0148473699999,"d":"18.01"},0,"0_20627001_646",{"v":10162.1571483999,"d":"10,162.16"},0,{"v":18.0148473699999,"d":"18.01"},{"v":0.015991108,"d":"0.02"},"0_20627001_646_652","E",{"v":5.97495625138,"d":"5.97"},{"v":0.000587961410567,"d":"0.00"},{"v":0.0105920350708,"d":"0.01"}]
[2,206,20627,{"v":10440.2646399999,"d":"10,440.26"},2171,{"v":0.20794492,"d":"0.21"},"M",430,20627001,{"v":10327.3021559999,"d":"10,327.30"},107,222,329,{"v":165.145007499999,"d":"165.15"},{"v":0.945243625,"d":"0.95"},{"v":310.985152599999,"d":"310.99"},{"v":18.0148473699999,"d":"18.01"},0,"0_20627001_646",{"v":10162.1571483999,"d":"10,162.16"},0,{"v":18.0148473699999,"d":"18.01"},{"v":0.015991108,"d":"0.02"},"0_20627001_646_653","E",{"v":5.83999772559,"d":"5.84"},{"v":0.000574680910786,"d":"0.00"},{"v":0.0103527888943,"d":"0.01"}]
[2,206,20627,{"v":10440.2646399999,"d":"10,440.26"},2171,{"v":0.20794492,"d":"0.21"},"M",430,20627001,{"v":10327.3021559999,"d":"10,327.30"},107,222,329,{"v":165.145007499999,"d":"165.15"},{"v":0.945243625,"d":"0.95"},{"v":310.985152599999,"d":"310.99"},{"v":18.0148473699999,"d":"18.01"},0,"0_20627001_646",{"v":10162.1571483999,"d":"10,162.16"},0,{"v":18.0148473699999,"d":"18.01"},{"v":0.015991108,"d":"0.02"},"0_20627001_646_654","F",{"v":30.2520265481,"d":"30.25"},{"v":2.97692961311E-3,"d":"0.00"},{"v":0.0536289326114,"d":"0.05"}]
[2,206,20627,{"v":10440.2646399999,"d":"10,440.26"},2171,{"v":0.20794492,"d":"0.21"},"M",430,20627001,{"v":10327.3021559999,"d":"10,327.30"},107,222,329,{"v":165.145007499999,"d":"165.15"},{"v":0.945243625,"d":"0.95"},{"v":310.985152599999,"d":"310.99"},{"v":18.0148473699999,"d":"18.01"},0,"0_20627001_646",{"v":10162.1571483999,"d":"10,162.16"},0,{"v":18.0148473699999,"d":"18.01"},{"v":0.015991108,"d":"0.02"},"0_20627001_646_655","F",{"v":0.153458573329,"d":"0.15"},{"v":1.5100984081E-5,"d":"0.00"},{"v":2.7204192336E-4,"d":"0.00"}]
[2,206,20627,{"v":10440.2646399999,"d":"10,440.26"},2171,{"v":0.20794492,"d":"0.21"},"M",430,20627001,{"v":10327.3021559999,"d":"10,327.30"},107,222,329,{"v":165.145007499999,"d":"165.15"},{"v":0.945243625,"d":"0.95"},{"v":310.985152599999,"d":"310.99"},{"v":18.0148473699999,"d":"18.01"},0,"0_20627001_646",{"v":10162.1571483999,"d":"10,162.16"},0,{"v":18.0148473699999,"d":"18.01"},{"v":0.015991108,"d":"0.02"},"0_20627001_646_656","F",{"v":4.03980655762,"d":"4.04"},{"v":3.9753435207E-4,"d":"0.00"},{"v":0.00716152067687,"d":"0.01"}]
[2,206,20627,{"v":10440.2646399999,"d":"10,440.26"},2171,{"v":0.20794492,"d":"0.21"},"M",430,20627001,{"v":10327.3021559999,"d":"10,327.30"},107,222,329,{"v":165.145007499999,"d":"165.15"},{"v":0.945243625,"d":"0.95"},{"v":310.985152599999,"d":"310.99"},{"v":18.0148473699999,"d":"18.01"},0,"0_20627001_646",{"v":10162.1571483999,"d":"10,162.16"},0,{"v":18.0148473699999,"d":"18.01"},{"v":0.015991108,"d":"0.02"},"0_20627001_646_657","F",{"v":0.199323346757,"d":"0.20"},{"v":1.9614275182e-05,"d":"0.00"},{"v":0.000353348173686,"d":"0.00"}]
[2,206,20627,{"v":10440.2646399999,"d":"10,440.26"},2171,{"v":0.20794492,"d":"0.21"},"M",430,20627001,{"v":10327.3021559999,"d":"10,327.30"},107,222,329,{"v":165.145007499999,"d":"165.15"},{"v":0.945243625,"d":"0.95"},{"v":310.985152599999,"d":"310.99"},{"v":18.0148473699999,"d":"18.01"},0,"0_20627001_646",{"v":10162.1571483999,"d":"10,162.16"},0,{"v":18.0148473699999,"d":"18.01"},{"v":0.015991108,"d":"0.02"},"0_20627001_646_658","F",{"v":0.316088807878,"d":"0.32"},{"v":3.11044991e-05,"d":"0.00"},{"v":0.00056034280381,"d":"0.00"}]
[2,206,20627,{"v":10440.2646399999,"d":"10,440.26"},2171,{"v":0.20794492,"d":"0.21"},"M",430,20627001,{"v":10327.3021559999,"d":"10,327.30"},107,222,329,{"v":165.145007499999,"d":"165.15"},{"v":0.945243625,"d":"0.95"},{"v":310.985152599999,"d":"310.99"},{"v":18.0148473699999,"d":"18.01"},0,"0_20627001_646",{"v":10162.1571483999,"d":"10,162.16"},0,{"v":18.0148473699999,"d":"18.01"},{"v":0.015991108,"d":"0.02"},"0_20627001_646_659","F",{"v":6.74105539627,"d":"6.74"},{"v":0.000663348863615,"d":"0.00"},{"v":0.0119501285311,"d":"0.01"}]
[2,206,20627,{"v":10440.2646399999,"d":"10,440.26"},2171,{"v":0.20794492,"d":"0.21"},"M",430,20627001,{"v":10327.3021559999,"d":"10,327.30"},107,222,329,{"v":165.145007499999,"d":"165.15"},{"v":0.945243625,"d":"0.95"},{"v":310.985152599999,"d":"310.99"},{"v":18.0148473699999,"d":"18.01"},0,"0_20627001_646",{"v":10162.1571483999,"d":"10,162.16"},0,{"v":18.0148473699999,"d":"18.01"},{"v":0.015991108,"d":"0.02"},"0_20627001_646_660","F",{"v":0.00431911652302,"d":"0.00"},{"v":4.25019655E-7,"d":"0.00"},{"v":7.65666421e-06,"d":"0.00"}]
[2,206,20627,{"v":10440.2646399999,"d":"10,440.26"},2171,{"v":0.20794492,"d":"0.21"},"M",430,20627001,{"v":10327.3021559999,"d":"10,327.30"},107,222,329,{"v":165.145007499999,"d":"165.15"},{"v":0.945243625,"d":"0.95"},{"v":310.985152599999,"d":"310.99"},{"v":18.0148473699999,"d":"18.01"},0,"0_20627001_646",{"v":10162.1571483999,"d":"10,162.16"},0,{"v":18.0148473699999,"d":"18.01"},{"v":0.015991108,"d":"0.02"},"0_20627001_646_661","F",{"v":6.58448255042,"d":"6.58"},{"v":0.000647941421714,"d":"0.00"},{"v":0.0116725658169,"d":"0.01"}]
[2,206,20627,{"v":10440.2646399999,"d":"10,440.26"},2171,{"v":0.20794492,"d":"0.21"},"M",430,20627001,{"v":10327.3021559999,"d":"10,327.30"},107,222,329,{"v":165.145007499999,"d":"165.15"},{"v":0.945243625,"d":"0.95"},{"v":310.985152599999,"d":"310.99"},{"v":18.0148473699999,"d":"18.01"},0,"0_20627001_646",{"v":10162.1571483999,"d":"10,162.16"},0,{"v":18.0148473699999,"d":"18.01"},{"v":0.015991108,"d":"0.02"},"0_20627001_646_662","F",{"v":0.114201814599,"d":"0.11"},{"v":1.1237950066e-05,"d":"0.00"},{"v":0.000202449955194,"d":"0.00"}]
[2,206,20627,{"v":10440.2646399999,"d":"10,440.26"},2171,{"v":0.20794492,"d":"0.21"},"M",430,20627001,{"v":10327.3021559999,"d":"10,327.30"},107,222,329,{"v":165.145007499999,"d":"165.15"},{"v":0.945243625,"d":"0.95"},{"v":310.985152599999,"d":"310.99"},{"v":18.0148473699999,"d":"18.01"},0,"0_20627001_646",{"v":10162.1571483999,"d":"10,162.16"},0,{"v":18.0148473699999,"d":"18.01"},{"v":0.015991108,"d":"0.02"},"0_20627001_646_663","F",{"v":13.8464937581999,"d":"13.85"},{"v":0.00136255457931,"d":"0.00"},{"v":0.0245462127796,"d":"0.02"}]
[2,206,20627,{"v":10440.2646399999,"d":"10,440.26"},2171,{"v":0.20794492,"d":"0.21"},"M",430,20627001,{"v":10327.3021559999,"d":"10,327.30"},107,222,329,{"v":165.145007499999,"d":"165.15"},{"v":0.945243625,"d":"0.95"},{"v":310.985152599999,"d":"310.99"},{"v":18.0148473699999,"d":"18.01"},0,"0_20627001_646",{"v":10162.1571483999,"d":"10,162.16"},0,{"v":18.0148473699999,"d":"18.01"},{"v":0.015991108,"d":"0.02"},"0_20627001_646_664","F",{"v":0.0601734983797,"d":"0.06"},{"v":5.921331219e-06,"d":"0.00"},{"v":1.06671878145E-4,"d":"0.00"}]
[2,206,20627,{"v":10440.2646399999,"d":"10,440.26"},2171,{"v":0.20794492,"d":"0.21"},"M",430,20627001,{"v":10327.3021559999,"d":"10,327.30"},107,222,329,{"v":165.145007499999,"d":"165.15"},{"v":0.945243625,"d":"0.95"},{"v":310.985152599999,"d":"310.99"},{"v":18.0148473699999,"d":"18.01"},0,"0_20627001_646",{"v":10162.1571483999,"d":"10,162.16"},0,{"v":18.0148473699999,"d":"18.01"},{"v":0.015991108,"d":"0.02"},"0_20627001_646_665","F",{"v":0.0385211824784,"d":"0.04"},{"v":3.790650146e-06,"d":"0.00"},{"v":6.8287983813e-05,"d":"0.00"}]
[2,206,20627,{"v":10440.2646399999,"d":"10,440.26"},2171,{"v":0.20794492,"d":"0.21"},"M",430,20627001,{"v":10327.3021559999,"d":"10,327.30"},107,222,329,{"v":165.145007499999,"d":"165.15"},{"v":0.945243625,"d":"0.95"},{"v":310.985152599999,"d":"310.99"},{"v":18.0148473699999,"d":"18.01"},0,"0_20627001_646",{"v":10162.1571483999,"d":"10,162.16"},0,{"v":18.0148473699999,"d":"18.01"},{"v":0.015991108,"d":"0.02"},"0_20627001_646_666","F",{"v":0.0638212081088,"d":"0.06"},{"v":6.280281556e-06,"d":"0.00"},{"v":1.13138313673E-4,"d":"0.00"}]
[2,206,20627,{"v":10440.2646399999,"d":"10,440.26"},2171,{"v":0.20794492,"d":"0.21"},"M",430,20627001,{"v":10327.3021559999,"d":"10,327.30"},107,222,329,{"v":165.145007499999,"d":"165.15"},{"v":0.945243625,"d":"0.95"},{"v":310.985152599999,"d":"310.99"},{"v":18.0148473699999,"d":"18.01"},0,"0_20627001_646",{"v":10162.1571483999,"d":"10,162.16"},0,{"v":18.0148473699999,"d":"18.01"},{"v":0.015991108,"d":"0.02"},"0_20627001_646_667","F",{"v":1.38105482329,"d":"1.38"},{"v":1.35901738491E-4,"d":"0.00"},{"v":0.00244824907623,"d":"0.00"}]
[2,206,20627,{"v":10440.2646399999,"d":"10,440.26"},2171,{"v":0.20794492,"d":"0.21"},"M",430,20627001,{"v":10327.3021559999,"d":"10,327.30"},107,222,329,{"v":165.145007499999,"d":"165.15"},{"v":0.945243625,"d":"0.95"},{"v":310.985152599999,"d":"310.99"},{"v":18.0148473699999,"d":"18.01"},0,"0_20627001_646",{"v":10162.1571483999,"d":"10,162.16"},0,{"v":18.0148473699999,"d":"18.01"},{"v":0.015991108,"d":"0.02"},"0_20627001_646_668","F",{"v":11.7730651013,"d":"11.77"},{"v":0.0011585202757,"d":"0.00"},{"v":0.0208705659418,"d":"0.02"}]
[2,206,20627,{"v":10440.2646399999,"d":"10,440.26"},2171,{"v":0.20794492,"d":"0.21"},"M",430,20627001,{"v":10327.3021559999,"d":"10,327.30"},107,222,329,{"v":165.145007499999,"d":"165.15"},{"v":0.945243625,"d":"0.95"},{"v":310.985152599999,"d":"310.99"},{"v":18.0148473699999,"d":"18.01"},0,"0_20627001_646",{"v":10162.1571483999,"d":"10,162.16"},0,{"v":18.0148473699999,"d":"18.01"},{"v":0.015991108,"d":"0.02"},"0_20627001_646_669","F",{"v":0.0116810792206,"d":"0.01"},{"v":1.149468469E-6,"d":"0.00"},{"v":2.0707499028e-05,"d":"0.00"}]
[2,206,20627,{"v":10440.2646399999,"d":"10,440.26"},2171,{"v":0.20794492,"d":"0.21"},"M",430,20627001,{"v":10327.3021559999,"d":"10,327.30"},107,222,329,{"v":165.145007499999,"d":"165.15"},{"v":0.945243625,"d":"0.95"},{"v":310.985152599999,"d":"310.99"},{"v":18.0148473699999,"d":"18.01"},0,"0_20627001_646",{"v":10162.1571483999,"d":"10,162.16"},0,{"v":18.0148473699999,"d":"18.01"},{"v":0.015991108,"d":"0.02"},"0_20627001_646_670","F",{"v":0.491843347794,"d":"0.49"},{"v":4.8399502253e-05,"d":"0.00"},{"v":0.000871909645863,"d":"0.00"}]
[2,206,20627,{"v":10440.2646399999,"d":"10,440.26"},2171,{"v":0.20794492,"d":"0.21"},"M",430,20627001,{"v":10327.3021559999,"d":"10,327.30"},107,222,329,{"v":165.145007499999,"d":"165.15"},{"v":0.945243625,"d":"0.95"},{"v":310.985152599999,"d":"310.99"},{"v":18.0148473699999,"d":"18.01"},0,"0_20627001_646",{"v":10162.1571483999,"d":"10,162.16"},0,{"v":18.0148473699999,"d":"18.01"},{"v":0.015991108,"d":"0.02"},"0_20627001_646_671","F",{"v":0.0833465508885,"d":"0.08"},{"v":8.20165932e-06,"d":"0.00"},{"v":0.000147751640832,"d":"0.00"}]
[2,206,20627,{"v":10440.2646399999,"d":"10,440.26"},2171,{"v":0.20794492,"d":"0.21"},"M",430,20627001,{"v":10327.3021559999,"d":"10,327.30"},107,222,329,{"v":165.145007499999,"d":"165.15"},{"v":0.945243625,"d":"0.95"},{"v":310.985152599999,"d":"310.99"},{"v":18.0148473699999,"d":"18.01"},0,"0_20627001_646",{"v":10162.1571483999,"d":"10,162.16"},0,{"v":18.0148473699999,"d":"18.01"},{"v":0.015991108,"d":"0.02"},"0_20627001_646_672","F",{"v":0.0466694468551,"d":"0.05"},{"v":4.59247443e-06,"d":"0.00"},{"v":8.2732725903e-05,"d":"0.00"}]
[2,206,20627,{"v":10440.2646399999,"d":"10,440.26"},2171,{"v":0.20794492,"d":"0.21"},"M",430,20627001,{"v":10327.3021559999,"d":"10,327.30"},107,222,329,{"v":165.145007499999,"d":"165.15"},{"v":0.945243625,"d":"0.95"},{"v":310.985152599999,"d":"310.99"},{"v":18.0148473699999,"d":"18.01"},0,"0_20627001_646",{"v":10162.1571483999,"d":"10,162.16"},0,{"v":18.0148473699999,"d":"18.01"},{"v":0.015991108,"d":"0.02"},"0_20627001_646_673","F",{"v":0.307513773571,"d":"0.31"},{"v":3.0260678819e-05,"d":"0.00"},{"v":5.45141510228E-4,"d":"0.00"}]
[2,206,20627,{"v":10440.2646399999,"d":"10,440.26"},2171,{"v":0.20794492,"d":"0.21"},"M",430,20627001,{"v":10327.3021559999,"d":"10,327.30"},107,222,329,{"v":165.145007499999,"d":"165.15"},{"v":0.945243625,"d":"0.95"},{"v":310.985152599999,"d":"310.99"},{"v":18.0148473699999,"d":"18.01"},0,"0_20627001_646",{"v":10162.1571483999,"d":"10,162.16"},0,{"v":18.0148473699999,"d":"18.01"},{"v":0.015991108,"d":"0.02"},"0_20627001_646_674","F",{"v":1.59988082521,"d":"1.60"},{"v":1.57435158879E-4,"d":"0.00"},{"v":0.00283617035788,"d":"0.00"}]
[2,206,20627,{"v":10440.2646399999,"d":"10,440.26"},2171,{"v":0.20794492,"d":"0.21"},"M",430,20627001,{"v":10327.3021559999,"d":"10,327.30"},107,222,329,{"v":165.145007499999,"d":"165.15"},{"v":0.945243625,"d":"0.95"},{"v":310.985152599999,"d":"310.99"},{"v":18.0148473699999,"d":"18.01"},0,"0_20627001_646",{"v":10162.1571483999,"d":"10,162.16"},0,{"v":18.0148473699999,"d":"18.01"},{"v":0.015991108,"d":"0.02"},"0_20627001_646_675","F",{"v":0.365824231572,"d":"0.37"},{"v":3.5998678846e-05,"d":"0.00"},{"v":0.00064851070494,"d":"0.00"}]
[2,206,20627,{"v":10440.2646399999,"d":"10,440.26"},2171,{"v":0.20794492,"d":"0.21"},"M",430,20627001,{"v":10327.3021559999,"d":"10,327.30"},107,222,329,{"v":165.145007499999,"d":"165.15"},{"v":0.945243625,"d":"0.95"},{"v":310.985152599999,"d":"310.99"},{"v":18.0148473699999,"d":"18.01"},0,"0_20627001_646",{"v":10162.1571483999,"d":"10,162.16"},0,{"v":18.0148473699999,"d":"18.01"},{"v":0.015991108,"d":"0.02"},"0_20627001_646_676","F",{"v":4.62173828494,"d":"4.62"},{"v":0.000454798938596,"d":"0.00"},{"v":0.00819313346284,"d":"0.01"}]
[2,206,20627,{"v":10440.2646399999,"d":"10,440.26"},2171,{"v":0.20794492,"d":"0.21"},"M",430,20627001,{"v":10327.3021559999,"d":"10,327.30"},107,222,329,{"v":165.145007499999,"d":"165.15"},{"v":0.945243625,"d":"0.95"},{"v":310.985152599999,"d":"310.99"},{"v":18.0148473699999,"d":"18.01"},0,"0_20627001_646",{"v":10162.1571483999,"d":"10,162.16"},0,{"v":18.0148473699999,"d":"18.01"},{"v":0.015991108,"d":"0.02"},"0_20627001_646_677","F",{"v":0.054493427302,"d":"0.05"},{"v":5.362387779e-06,"d":"0.00"},{"v":9.6602597379e-05,"d":"0.00"}]
[2,206,20627,{"v":10440.2646399999,"d":"10,440.26"},2171,{"v":0.20794492,"d":"0.21"},"M",430,20627001,{"v":10327.3021559999,"d":"10,327.30"},107,222,329,{"v":165.145007499999,"d":"165.15"},{"v":0.945243625,"d":"0.95"},{"v":310.985152599999,"d":"310.99"},{"v":18.0148473699999,"d":"18.01"},0,"0_20627001_646",{"v":10162.1571483999,"d":"10,162.16"},0,{"v":18.0148473699999,"d":"18.01"},{"v":0.015991108,"d":"0.02"},"0_20627001_646_678","G",{"v":1.87928747918,"d":"1.88"},{"v":1.84929976159E-4,"d":"0.00"},{"v":0.00333148529464,"d":"0.00"}]
[2,206,20627,{"v":10440.2646399999,"d":"10,440.26"},2171,{"v":0.20794492,"d":"0.21"},"M",430,20627001,{"v":10327.3021559999,"d":"10,327.30"},107,222,329,{"v":165.145007499999,"d":"165.15"},{"v":0.945243625,"d":"0.95"},{"v":310.985152599999,"d":"310.99"},{"v":18.0148473699999,"d":"18.01"},0,"0_20627001_646",{"v":10162.1571483999,"d":"10,162.16"},0,{"v":18.0148473699999,"d":"18.01"},{"v":0.015991108,"d":"0.02"},"0_20627001_646_679","G",{"v":38.4695403006999,"d":"38.47"},{"v":0.00378556833347,"d":"0.00"},{"v":0.0681964357362,"d":"0.07"}]
[2,206,20627,{"v":10440.2646399999,"d":"10,440.26"},2171,{"v":0.20794492,"d":"0.21"},"M",430,20627001,{"v":10327.3021559999,"d":"10,327.30"},107,222,329,{"v":165.145007499999,"d":"165.15"},{"v":0.945243625,"d":"0.95"},{"v":310.985152599999,"d":"310.99"},{"v":18.0148473699999,"d":"18.01"},0,"0_20627001_646",{"v":10162.1571483999,"d":"10,162.16"},0,{"v":18.0148473699999,"d":"18.01"},{"v":0.015991108,"d":"0.02"},"0_20627001_646_680","G",{"v":9.73362782317,"d":"9.73"},{"v":0.000957830870063,"d":"0.00"},{"v":0.0172551769305,"d":"0.02"}]
[2,206,20627,{"v":10440.2646399999,"d":"10,440.26"},2171,{"v":0.20794492,"d":"0.21"},"M",430,20627001,{"v":10327.3021559999,"d":"10,327.30"},107,222,329,{"v":165.145007499999,"d":"165.15"},{"v":0.945243625,"d":"0.95"},{"v":310.985152599999,"d":"310.99"},{"v":18.0148473699999,"d":"18.01"},0,"0_20627001_646",{"v":10162.1571483999,"d":"10,162.16"},0,{"v":18.0148473699999,"d":"18.01"},{"v":0.015991108,"d":"0.02"},"0_20627001_646_681","G",{"v":1.02548350879,"d":"1.03"},{"v":1.00911990812E-4,"d":"0.00"},{"v":0.00181791411228,"d":"0.00"}]
[2,206,20627,{"v":10440.2646399999,"d":"10,440.26"},2171,{"v":0.20794492,"d":"0.21"},"M",430,20627001,{"v":10327.3021559999,"d":"10,327.30"},107,222,329,{"v":165.145007499999,"d":"165.15"},{"v":0.945243625,"d":"0.95"},{"v":310.985152599999,"d":"310.99"},{"v":18.0148473699999,"d":"18.01"},0,"0_20627001_646",{"v":10162.1571483999,"d":"10,162.16"},0,{"v":18.0148473699999,"d":"18.01"},{"v":0.015991108,"d":"0.02"},"0_20627001_646_682","G",{"v":15.6148868119,"d":"15.61"},{"v":0.00153657206672,"d":"0.00"},{"v":0.027681111255,"d":"0.03"}]
[2,206,20627,{"v":10440.2646399999,"d":"10,440.26"},2171,{"v":0.20794492,"d":"0.21"},"M",430,20627001,{"v":10327.3021559999,"d":"10,327.30"},107,222,329,{"v":165.145007499999,"d":"165.15"},{"v":0.945243625,"d":"0.95"},{"v":310.985152599999,"d":"310.99"},{"v":18.0148473699999,"d":"18.01"},0,"0_20627001_646",{"v":10162.1571483999,"d":"10,162.16"},0,{"v":18.0148473699999,"d":"18.01"},{"v":0.015991108,"d":"0.02"},"0_20627001_646_683","G",{"v":1.77057027617E-3,"d":"0.00"},{"v":1.74231735e-07,"d":"0.00"},{"v":3.138758122e-06,"d":"0.00"}]
[2,206,20627,{"v":10440.2646399999,"d":"10,440.26"},2171,{"v":0.20794492,"d":"0.21"},"M",430,20627001,{"v":10327.3021559999,"d":"10,327.30"},107,222,329,{"v":165.145007499999,"d":"165.15"},{"v":0.945243625,"d":"0.95"},{"v":310.985152599999,"d":"310.99"},{"v":18.0148473699999,"d":"18.01"},0,"0_20627001_646",{"v":10162.1571483999,"d":"10,162.16"},0,{"v":18.0148473699999,"d":"18.01"},{"v":0.015991108,"d":"0.02"},"0_20627001_646_684","G",{"v":0.491928749815,"d":"0.49"},{"v":4.8407906179e-05,"d":"0.00"},{"v":8.72061041314E-4,"d":"0.00"}]
[2,206,20627,{"v":10440.2646399999,"d":"10,440.26"},2171,{"v":0.20794492,"d":"0.21"},"M",430,20627001,{"v":10327.3021559999,"d":"10,327.30"},107,222,329,{"v":165.145007499999,"d":"165.15"},{"v":0.945243625,"d":"0.95"},{"v":310.985152599999,"d":"310.99"},{"v":18.0148473699999,"d":"18.01"},0,"0_20627001_646",{"v":10162.1571483999,"d":"10,162.16"},0,{"v":18.0148473699999,"d":"18.01"},{"v":0.015991108,"d":"0.02"},"0_20627001_646_685","G",{"v":0.286776676829,"d":"0.29"},{"v":2.8220059249e-05,"d":"0.00"},{"v":0.000508380060148,"d":"0.00"}]
[2,206,20627,{"v":10440.2646399999,"d":"10,440.26"},2171,{"v":0.20794492,"d":"0.21"},"M",430,20627001,{"v":10327.3021559999,"d":"10,327.30"},107,222,329,{"v":165.145007499999,"d":"165.15"},{"v":0.945243625,"d":"0.95"},{"v":310.985152599999,"d":"310.99"},{"v":18.0148473699999,"d":"18.01"},0,"0_20627001_646",{"v":10162.1571483999,"d":"10,162.16"},0,{"v":18.0148473699999,"d":"18.01"},{"v":0.015991108,"d":"0.02"},"0_20627001_646_686","G",{"v":40.1295547802999,"d":"40.13"},{"v":0.00394892090275,"d":"0.00"},{"v":0.0711392073392,"d":"0.07"}]
[2,206,20627,{"v":10440.2646399999,"d":"10,440.26"},2171,{"v":0.20794492,"d":"0.21"},"M",430,20627001,{"v":10327.3021559999,"d":"10,327.30"},107,222,329,{"v":165.145007499999,"d":"165.15"},{"v":0.945243625,"d":"0.95"},{"v":310.985152599999,"d":"310.99"},{"v":18.0148473699999,"d":"18.01"},0,"0_20627001_646",{"v":10162.1571483999,"d":"10,162.16"},0,{"v":18.0148473699999,"d":"18.01"},{"v":0.015991108,"d":"0.02"},"0_20627001_646_687","G",{"v":0.000917418500192,"d":"0.00"},{"v":9.0277929e-08,"d":"0.00"},{"v":1.626343109E-6,"d":"0.00"}]
[2,206,20627,{"v":10440.2646399999,"d":"10,440.26"},2171,{"v":0.20794492,"d":"0.21"},"M",430,20627001,{"v":10327.3021559999,"d":"10,327.30"},107,222,329,{"v":165.145007499999,"d":"165.15"},{"v":0.945243625,"d":"0.95"},{"v":310.985152599999,"d":"310.99"},{"v":18.0148473699999,"d":"18.01"},0,"0_20627001_646",{"v":10162.1571483999,"d":"10,162.16"},0,{"v":18.0148473699999,"d":"18.01"},{"v":0.015991108,"d":"0.02"},"0_20627001_646_688","G",{"v":12.9539194188,"d":"12.95"},{"v":1.27472142279E-3,"d":"0.00"},{"v":0.0229639118708,"d":"0.02"}]
[2,206,20627,{"v":10440.2646399999,"d":"10,440.26"},2171,{"v":0.20794492,"d":"0.21"},"M",430,20627001,{"v":10327.3021559999,"d":"10,327.30"},107,222,329,{"v":165.145007499999,"d":"165.15"},{"v":0.945243625,"d":"0.95"},{"v":310.985152599999,"d":"310.99"},{"v":18.0148473699999,"d":"18.01"},0,"0_20627001_646",{"v":10162.1571483999,"d":"10,162.16"},0,{"v":18.0148473699999,"d":"18.01"},{"v":0.015991108,"d":"0.02"},"0_20627001_646_689","G",{"v":0.347774761534,"d":"0.35"},{"v":3.4222533312e-05,"d":"0.00"},{"v":6.16513714232E-4,"d":"0.00"}]
[2,206,20627,{"v":10440.2646399999,"d":"10,440.26"},2171,{"v":0.20794492,"d":"0.21"},"M",430,20627001,{"v":10327.3021559999,"d":"10,327.30"},107,222,329,{"v":165.145007499999,"d":"165.15"},{"v":0.945243625,"d":"0.95"},{"v":310.985152599999,"d":"310.99"},{"v":18.0148473699999,"d":"18.01"},0,"0_20627001_646",{"v":10162.1571483999,"d":"10,162.16"},0,{"v":18.0148473699999,"d":"18.01"},{"v":0.015991108,"d":"0.02"},"0_20627001_646_690","G",{"v":164.905610488,"d":"164.91"},{"v":0.0162274218042,"d":"0.02"},{"v":0.292334527011,"d":"0.29"}]
[2,206,20627,{"v":10440.2646399999,"d":"10,440.26"},2171,{"v":0.20794492,"d":"0.21"},"M",430,20627001,{"v":10327.3021559999,"d":"10,327.30"},107,222,329,{"v":165.145007499999,"d":"165.15"},{"v":0.945243625,"d":"0.95"},{"v":310.985152599999,"d":"310.99"},{"v":18.0148473699999,"d":"18.01"},0,"0_20627001_646",{"v":10162.1571483999,"d":"10,162.16"},0,{"v":18.0148473699999,"d":"18.01"},{"v":0.015991108,"d":"0.02"},"0_20627001_646_691","G",{"v":0.511287634303,"d":"0.51"},{"v":5.0312903731e-05,"d":"0.00"},{"v":0.000906379281448,"d":"0.00"}]
[2,206,20627,{"v":10440.2646399999,"d":"10,440.26"},2171,{"v":0.20794492,"d":"0.21"},"M",430,20627001,{"v":10327.3021559999,"d":"10,327.30"},107,222,329,{"v":165.145007499999,"d":"165.15"},{"v":0.945243625,"d":"0.95"},{"v":310.985152599999,"d":"310.99"},{"v":18.0148473699999,"d":"18.01"},0,"0_20627001_646",{"v":10162.1571483999,"d":"10,162.16"},0,{"v":18.0148473699999,"d":"18.01"},{"v":0.015991108,"d":"0.02"},"0_20627001_646_692","G",{"v":0.874453504676,"d":"0.87"},{"v":8.6049988394e-05,"d":"0.00"},{"v":1.5501774071E-3,"d":"0.00"}]
[2,206,20627,{"v":10440.2646399999,"d":"10,440.26"},2171,{"v":0.20794492,"d":"0.21"},"M",430,20627001,{"v":10327.3021559999,"d":"10,327.30"},107,222,329,{"v":165.145007499999,"d":"165.15"},{"v":0.945243625,"d":"0.95"},{"v":310.985152599999,"d":"310.99"},{"v":18.0148473699999,"d":"18.01"},0,"0_20627001_646",{"v":10162.1571483999,"d":"10,162.16"},0,{"v":18.0148473699999,"d":"18.01"},{"v":0.015991108,"d":"0.02"},"0_20627001_646_693","G",{"v":4.93607739993,"d":"4.94"},{"v":0.000485731260386,"d":"0.00"},{"v":0.00875037451869,"d":"0.01"}]
[2,206,20627,{"v":10440.2646399999,"d":"10,440.26"},2171,{"v":0.20794492,"d":"0.21"},"M",430,20627001,{"v":10327.3021559999,"d":"10,327.30"},107,222,329,{"v":165.145007499999,"d":"165.15"},{"v":0.945243625,"d":"0.95"},{"v":310.985152599999,"d":"310.99"},{"v":18.0148473699999,"d":"18.01"},0,"0_20627001_646",{"v":10162.1571483999,"d":"10,162.16"},0,{"v":18.0148473699999,"d":"18.01"},{"v":0.015991108,"d":"0.02"},"0_20627001_646_694","G",{"v":0.0260969762992,"d":"0.03"},{"v":2.568054786e-06,"d":"0.00"},{"v":4.6263115004e-05,"d":"0.00"}]
[2,206,20627,{"v":10440.2646399999,"d":"10,440.26"},2171,{"v":0.20794492,"d":"0.21"},"M",430,20627001,{"v":10327.3021559999,"d":"10,327.30"},107,222,329,{"v":165.145007499999,"d":"165.15"},{"v":0.945243625,"d":"0.95"},{"v":310.985152599999,"d":"310.99"},{"v":18.0148473699999,"d":"18.01"},0,"0_20627001_646",{"v":10162.1571483999,"d":"10,162.16"},0,{"v":18.0148473699999,"d":"18.01"},{"v":0.015991108,"d":"0.02"},"0_20627001_646_695","G",{"v":0.013551334759,"d":"0.01"},{"v":1.333509663E-6,"d":"0.00"},{"v":2.4022973054E-5,"d":"0.00"}]
[2,206,20631,{"v":8427.68427599999,"d":"8,427.68"},1705,{"v":0.20230943,"d":"0.20"},"G",410,20631000,{"v":7009.79644999999,"d":"7,009.80"},83,290,373,{"v":141.234431599999,"d":"141.23"},{"v":0.93996673,"d":"0.94"},{"v":350.6075905,"d":"350.61"},{"v":22.39240955,"d":"22.39"},0,"0_20631000_657",{"v":6868.56201839999,"d":"6,868.56"},0,{"v":22.39240955,"d":"22.39"},{"v":0.02014815,"d":"0.02"},"0_20631000_657_696","außerhalb GKL",{"v":6704.12272787999,"d":"6,704.12"},{"v":0.976059138714,"d":"0.98"},{"v":21.8563159791,"d":"21.86"}]
[2,206,20631,{"v":8427.68427599999,"d":"8,427.68"},1705,{"v":0.20230943,"d":"0.20"},"G",410,20631000,{"v":7009.79644999999,"d":"7,009.80"},83,290,373,{"v":141.234431599999,"d":"141.23"},{"v":0.93996673,"d":"0.94"},{"v":350.6075905,"d":"350.61"},{"v":22.39240955,"d":"22.39"},0,"0_20631000_657",{"v":6868.56201839999,"d":"6,868.56"},0,{"v":22.39240955,"d":"22.39"},{"v":0.02014815,"d":"0.02"},"0_20631000_657_697","außerhalb GKL",{"v":0.185490198128,"d":"0.19"},{"v":2.7005681485e-05,"d":"0.00"},{"v":0.000604722279987,"d":"0.00"}]
[2,206,20631,{"v":8427.68427599999,"d":"8,427.68"},1705,{"v":0.20230943,"d":"0.20"},"G",410,20631000,{"v":7009.79644999999,"d":"7,009.80"},83,290,373,{"v":141.234431599999,"d":"141.23"},{"v":0.93996673,"d":"0.94"},{"v":350.6075905,"d":"350.61"},{"v":22.39240955,"d":"22.39"},0,"0_20631000_657",{"v":6868.56201839999,"d":"6,868.56"},0,{"v":22.39240955,"d":"22.39"},{"v":0.02014815,"d":"0.02"},"0_20631000_657_698","E",{"v":2.82466813911,"d":"2.82"},{"v":4.11245924772E-4,"d":"0.00"},{"v":0.00920878717326,"d":"0.01"}]
[2,206,20631,{"v":8427.68427599999,"d":"8,427.68"},1705,{"v":0.20230943,"d":"0.20"},"G",410,20631000,{"v":7009.79644999999,"d":"7,009.80"},83,290,373,{"v":141.234431599999,"d":"141.23"},{"v":0.93996673,"d":"0.94"},{"v":350.6075905,"d":"350.61"},{"v":22.39240955,"d":"22.39"},0,"0_20631000_657",{"v":6868.56201839999,"d":"6,868.56"},0,{"v":22.39240955,"d":"22.39"},{"v":0.02014815,"d":"0.02"},"0_20631000_657_699","E",{"v":0.742304517435,"d":"0.74"},{"v":1.08072769154E-4,"d":"0.00"},{"v":2.4200097081E-3,"d":"0.00"}]
[2,206,20631,{"v":8427.68427599999,"d":"8,427.68"},1705,{"v":0.20230943,"d":"0.20"},"G",410,20631000,{"v":7009.79644999999,"d":"7,009.80"},83,290,373,{"v":141.234431599999,"d":"141.23"},{"v":0.93996673,"d":"0.94"},{"v":350.6075905,"d":"350.61"},{"v":22.39240955,"d":"22.39"},0,"0_20631000_657",{"v":6868.56201839999,"d":"6,868.56"},0,{"v":22.39240955,"d":"22.39"},{"v":0.02014815,"d":"0.02"},"0_20631000_657_700","E",{"v":3.45309797258,"d":"3.45"},{"v":5.02739578289E-4,"d":"0.00"},{"v":0.011257550534,"d":"0.01"}]
[2,206,20631,{"v":8427.68427599999,"d":"8,427.68"},1705,{"v":0.20230943,"d":"0.20"},"G",410,20631000,{"v":7009.79644999999,"d":"7,009.80"},83,290,373,{"v":141.234431599999,"d":"141.23"},{"v":0.93996673,"d":"0.94"},{"v":350.6075905,"d":"350.61"},{"v":22.39240955,"d":"22.39"},0,"0_20631000_657",{"v":6868.56201839999,"d":"6,868.56"},0,{"v":22.39240955,"d":"22.39"},{"v":0.02014815,"d":"0.02"},"0_20631000_657_701","E",{"v":8.79329751416,"d":"8.79"},{"v":1.28022393779E-3,"d":"0.00"},{"v":0.0286672987307,"d":"0.03"}]
[2,206,20631,{"v":8427.68427599999,"d":"8,427.68"},1705,{"v":0.20230943,"d":"0.20"},"G",410,20631000,{"v":7009.79644999999,"d":"7,009.80"},83,290,373,{"v":141.234431599999,"d":"141.23"},{"v":0.93996673,"d":"0.94"},{"v":350.6075905,"d":"350.61"},{"v":22.39240955,"d":"22.39"},0,"0_20631000_657",{"v":6868.56201839999,"d":"6,868.56"},0,{"v":22.39240955,"d":"22.39"},{"v":0.02014815,"d":"0.02"},"0_20631000_657_702","E",{"v":0.00027069988249,"d":"0.00"},{"v":3.9411435e-08,"d":"0.00"},{"v":8.82516984e-07,"d":"0.00"}]
[2,206,20631,{"v":8427.68427599999,"d":"8,427.68"},1705,{"v":0.20230943,"d":"0.20"},"G",410,20631000,{"v":7009.79644999999,"d":"7,009.80"},83,290,373,{"v":141.234431599999,"d":"141.23"},{"v":0.93996673,"d":"0.94"},{"v":350.6075905,"d":"350.61"},{"v":22.39240955,"d":"22.39"},0,"0_20631000_657",{"v":6868.56201839999,"d":"6,868.56"},0,{"v":22.39240955,"d":"22.39"},{"v":0.02014815,"d":"0.02"},"0_20631000_657_703","E",{"v":0.0382379370114,"d":"0.04"},{"v":5.567094962e-06,"d":"0.00"},{"v":1.24660670401E-4,"d":"0.00"}]
[2,206,20631,{"v":8427.68427599999,"d":"8,427.68"},1705,{"v":0.20230943,"d":"0.20"},"G",410,20631000,{"v":7009.79644999999,"d":"7,009.80"},83,290,373,{"v":141.234431599999,"d":"141.23"},{"v":0.93996673,"d":"0.94"},{"v":350.6075905,"d":"350.61"},{"v":22.39240955,"d":"22.39"},0,"0_20631000_657",{"v":6868.56201839999,"d":"6,868.56"},0,{"v":22.39240955,"d":"22.39"},{"v":0.02014815,"d":"0.02"},"0_20631000_657_704","E",{"v":0.105894639752,"d":"0.11"},{"v":1.5417293965e-05,"d":"0.00"},{"v":0.000345230360608,"d":"0.00"}]
[2,206,20631,{"v":8427.68427599999,"d":"8,427.68"},1705,{"v":0.20230943,"d":"0.20"},"G",410,20631000,{"v":7009.79644999999,"d":"7,009.80"},83,290,373,{"v":141.234431599999,"d":"141.23"},{"v":0.93996673,"d":"0.94"},{"v":350.6075905,"d":"350.61"},{"v":22.39240955,"d":"22.39"},0,"0_20631000_657",{"v":6868.56201839999,"d":"6,868.56"},0,{"v":22.39240955,"d":"22.39"},{"v":0.02014815,"d":"0.02"},"0_20631000_657_705","E",{"v":0.447171822804,"d":"0.45"},{"v":6.5104139936e-05,"d":"0.00"},{"v":1.45783856485E-3,"d":"0.00"}]
[2,206,20631,{"v":8427.68427599999,"d":"8,427.68"},1705,{"v":0.20230943,"d":"0.20"},"G",410,20631000,{"v":7009.79644999999,"d":"7,009.80"},83,290,373,{"v":141.234431599999,"d":"141.23"},{"v":0.93996673,"d":"0.94"},{"v":350.6075905,"d":"350.61"},{"v":22.39240955,"d":"22.39"},0,"0_20631000_657",{"v":6868.56201839999,"d":"6,868.56"},0,{"v":22.39240955,"d":"22.39"},{"v":0.02014815,"d":"0.02"},"0_20631000_657_706","E",{"v":0.00784711509223,"d":"0.01"},{"v":1.142468405e-06,"d":"0.00"},{"v":2.5582620418e-05,"d":"0.00"}]
[2,206,20631,{"v":8427.68427599999,"d":"8,427.68"},1705,{"v":0.20230943,"d":"0.20"},"G",410,20631000,{"v":7009.79644999999,"d":"7,009.80"},83,290,373,{"v":141.234431599999,"d":"141.23"},{"v":0.93996673,"d":"0.94"},{"v":350.6075905,"d":"350.61"},{"v":22.39240955,"d":"22.39"},0,"0_20631000_657",{"v":6868.56201839999,"d":"6,868.56"},0,{"v":22.39240955,"d":"22.39"},{"v":0.02014815,"d":"0.02"},"0_20631000_657_707","F",{"v":7.29152287485,"d":"7.29"},{"v":0.001061579244,"d":"0.00"},{"v":0.0237713172014,"d":"0.02"}]
[2,206,20631,{"v":8427.68427599999,"d":"8,427.68"},1705,{"v":0.20230943,"d":"0.20"},"G",410,20631000,{"v":7009.79644999999,"d":"7,009.80"},83,290,373,{"v":141.234431599999,"d":"141.23"},{"v":0.93996673,"d":"0.94"},{"v":350.6075905,"d":"350.61"},{"v":22.39240955,"d":"22.39"},0,"0_20631000_657",{"v":6868.56201839999,"d":"6,868.56"},0,{"v":22.39240955,"d":"22.39"},{"v":0.02014815,"d":"0.02"},"0_20631000_657_708","F",{"v":0.134289032204,"d":"0.13"},{"v":1.9551258596E-5,"d":"0.00"},{"v":0.000437799789697,"d":"0.00"}]
[2,206,20631,{"v":8427.68427599999,"d":"8,427.68"},1705,{"v":0.20230943,"d":"0.20"},"G",410,20631000,{"v":7009.79644999999,"d":"7,009.80"},83,290,373,{"v":141.234431599999,"d":"141.23"},{"v":0.93996673,"d":"0.94"},{"v":350.6075905,"d":"350.61"},{"v":22.39240955,"d":"22.39"},0,"0_20631000_657",{"v":6868.56201839999,"d":"6,868.56"},0,{"v":22.39240955,"d":"22.39"},{"v":0.02014815,"d":"0.02"},"0_20631000_657_709","F",{"v":0.0171443952283,"d":"0.02"},{"v":2.496067617e-06,"d":"0.00"},{"v":5.5892968341e-05,"d":"0.00"}]
[2,206,20631,{"v":8427.68427599999,"d":"8,427.68"},1705,{"v":0.20230943,"d":"0.20"},"G",410,20631000,{"v":7009.79644999999,"d":"7,009.80"},83,290,373,{"v":141.234431599999,"d":"141.23"},{"v":0.93996673,"d":"0.94"},{"v":350.6075905,"d":"350.61"},{"v":22.39240955,"d":"22.39"},0,"0_20631000_657",{"v":6868.56201839999,"d":"6,868.56"},0,{"v":22.39240955,"d":"22.39"},{"v":0.02014815,"d":"0.02"},"0_20631000_657_710","F",{"v":0.24081537795,"d":"0.24"},{"v":3.5060523193e-05,"d":"0.00"},{"v":7.85089594379E-4,"d":"0.00"}]
[2,206,20631,{"v":8427.68427599999,"d":"8,427.68"},1705,{"v":0.20230943,"d":"0.20"},"G",410,20631000,{"v":7009.79644999999,"d":"7,009.80"},83,290,373,{"v":141.234431599999,"d":"141.23"},{"v":0.93996673,"d":"0.94"},{"v":350.6075905,"d":"350.61"},{"v":22.39240955,"d":"22.39"},0,"0_20631000_657",{"v":6868.56201839999,"d":"6,868.56"},0,{"v":22.39240955,"d":"22.39"},{"v":0.02014815,"d":"0.02"},"0_20631000_657_711","F",{"v":11.3654969299,"d":"11.37"},{"v":0.00165471271854,"d":"0.00"},{"v":0.0370530048811,"d":"0.04"}]
[2,206,20631,{"v":8427.68427599999,"d":"8,427.68"},1705,{"v":0.20230943,"d":"0.20"},"G",410,20631000,{"v":7009.79644999999,"d":"7,009.80"},83,290,373,{"v":141.234431599999,"d":"141.23"},{"v":0.93996673,"d":"0.94"},{"v":350.6075905,"d":"350.61"},{"v":22.39240955,"d":"22.39"},0,"0_20631000_657",{"v":6868.56201839999,"d":"6,868.56"},0,{"v":22.39240955,"d":"22.39"},{"v":0.02014815,"d":"0.02"},"0_20631000_657_712","F",{"v":0.0824328596898,"d":"0.08"},{"v":1.200147272E-5,"d":"0.00"},{"v":0.000268741892352,"d":"0.00"}]
[2,206,20631,{"v":8427.68427599999,"d":"8,427.68"},1705,{"v":0.20230943,"d":"0.20"},"G",410,20631000,{"v":7009.79644999999,"d":"7,009.80"},83,290,373,{"v":141.234431599999,"d":"141.23"},{"v":0.93996673,"d":"0.94"},{"v":350.6075905,"d":"350.61"},{"v":22.39240955,"d":"22.39"},0,"0_20631000_657",{"v":6868.56201839999,"d":"6,868.56"},0,{"v":22.39240955,"d":"22.39"},{"v":0.02014815,"d":"0.02"},"0_20631000_657_713","F",{"v":12.7235814356,"d":"12.72"},{"v":1.85243743909E-3,"d":"0.00"},{"v":0.0414805378019,"d":"0.04"}]
[2,206,20631,{"v":8427.68427599999,"d":"8,427.68"},1705,{"v":0.20230943,"d":"0.20"},"G",410,20631000,{"v":7009.79644999999,"d":"7,009.80"},83,290,373,{"v":141.234431599999,"d":"141.23"},{"v":0.93996673,"d":"0.94"},{"v":350.6075905,"d":"350.61"},{"v":22.39240955,"d":"22.39"},0,"0_20631000_657",{"v":6868.56201839999,"d":"6,868.56"},0,{"v":22.39240955,"d":"22.39"},{"v":0.02014815,"d":"0.02"},"0_20631000_657_714","F",{"v":0.0722685768418,"d":"0.07"},{"v":1.0521645819E-5,"d":"0.00"},{"v":2.35605002315E-4,"d":"0.00"}]
[2,206,20631,{"v":8427.68427599999,"d":"8,427.68"},1705,{"v":0.20230943,"d":"0.20"},"G",410,20631000,{"v":7009.79644999999,"d":"7,009.80"},83,290,373,{"v":141.234431599999,"d":"141.23"},{"v":0.93996673,"d":"0.94"},{"v":350.6075905,"d":"350.61"},{"v":22.39240955,"d":"22.39"},0,"0_20631000_657",{"v":6868.56201839999,"d":"6,868.56"},0,{"v":22.39240955,"d":"22.39"},{"v":0.02014815,"d":"0.02"},"0_20631000_657_715","F",{"v":0.0426058838972,"d":"0.04"},{"v":6.203028201e-06,"d":"0.00"},{"v":0.000138900747916,"d":"0.00"}]
[2,206,20631,{"v":8427.68427599999,"d":"8,427.68"},1705,{"v":0.20230943,"d":"0.20"},"G",410,20631000,{"v":7009.79644999999,"d":"7,009.80"},83,290,373,{"v":141.234431599999,"d":"141.23"},{"v":0.93996673,"d":"0.94"},{"v":350.6075905,"d":"350.61"},{"v":22.39240955,"d":"22.39"},0,"0_20631000_657",{"v":6868.56201839999,"d":"6,868.56"},0,{"v":22.39240955,"d":"22.39"},{"v":0.02014815,"d":"0.02"},"0_20631000_657_716","F",{"v":2.23964266834,"d":"2.24"},{"v":0.000326071550689,"d":"0.00"},{"v":0.00730152770563,"d":"0.01"}]
[2,206,20631,{"v":8427.68427599999,"d":"8,427.68"},1705,{"v":0.20230943,"d":"0.20"},"G",410,20631000,{"v":7009.79644999999,"d":"7,009.80"},83,290,373,{"v":141.234431599999,"d":"141.23"},{"v":0.93996673,"d":"0.94"},{"v":350.6075905,"d":"350.61"},{"v":22.39240955,"d":"22.39"},0,"0_20631000_657",{"v":6868.56201839999,"d":"6,868.56"},0,{"v":22.39240955,"d":"22.39"},{"v":0.02014815,"d":"0.02"},"0_20631000_657_717","F",{"v":0.289044090058,"d":"0.29"},{"v":4.208218391e-05,"d":"0.00"},{"v":0.00094232149688,"d":"0.00"}]
[2,206,20631,{"v":8427.68427599999,"d":"8,427.68"},1705,{"v":0.20230943,"d":"0.20"},"G",410,20631000,{"v":7009.79644999999,"d":"7,009.80"},83,290,373,{"v":141.234431599999,"d":"141.23"},{"v":0.93996673,"d":"0.94"},{"v":350.6075905,"d":"350.61"},{"v":22.39240955,"d":"22.39"},0,"0_20631000_657",{"v":6868.56201839999,"d":"6,868.56"},0,{"v":22.39240955,"d":"22.39"},{"v":0.02014815,"d":"0.02"},"0_20631000_657_718","F",{"v":0.574154466272,"d":"0.57"},{"v":8.3591654954e-05,"d":"0.00"},{"v":0.00187181857269,"d":"0.00"}]
[2,206,20631,{"v":8427.68427599999,"d":"8,427.68"},1705,{"v":0.20230943,"d":"0.20"},"G",410,20631000,{"v":7009.79644999999,"d":"7,009.80"},83,290,373,{"v":141.234431599999,"d":"141.23"},{"v":0.93996673,"d":"0.94"},{"v":350.6075905,"d":"350.61"},{"v":22.39240955,"d":"22.39"},0,"0_20631000_657",{"v":6868.56201839999,"d":"6,868.56"},0,{"v":22.39240955,"d":"22.39"},{"v":0.02014815,"d":"0.02"},"0_20631000_657_719","F",{"v":3.41704655831,"d":"3.42"},{"v":0.0004974908211,"d":"0.00"},{"v":0.0111400182134,"d":"0.01"}]
[2,206,20631,{"v":8427.68427599999,"d":"8,427.68"},1705,{"v":0.20230943,"d":"0.20"},"G",410,20631000,{"v":7009.79644999999,"d":"7,009.80"},83,290,373,{"v":141.234431599999,"d":"141.23"},{"v":0.93996673,"d":"0.94"},{"v":350.6075905,"d":"350.61"},{"v":22.39240955,"d":"22.39"},0,"0_20631000_657",{"v":6868.56201839999,"d":"6,868.56"},0,{"v":22.39240955,"d":"22.39"},{"v":0.02014815,"d":"0.02"},"0_20631000_657_720","F",{"v":3.65630945536,"d":"3.66"},{"v":0.00053232531723,"d":"0.00"},{"v":0.0119200465172,"d":"0.01"}]
[2,206,20631,{"v":8427.68427599999,"d":"8,427.68"},1705,{"v":0.20230943,"d":"0.20"},"G",410,20631000,{"v":7009.79644999999,"d":"7,009.80"},83,290,373,{"v":141.234431599999,"d":"141.23"},{"v":0.93996673,"d":"0.94"},{"v":350.6075905,"d":"350.61"},{"v":22.39240955,"d":"22.39"},0,"0_20631000_657",{"v":6868.56201839999,"d":"6,868.56"},0,{"v":22.39240955,"d":"22.39"},{"v":0.02014815,"d":"0.02"},"0_20631000_657_721","F",{"v":0.992320976219,"d":"0.99"},{"v":0.000144472885818,"d":"0.00"},{"v":0.00323509602811,"d":"0.00"}]
[2,206,20631,{"v":8427.68427599999,"d":"8,427.68"},1705,{"v":0.20230943,"d":"0.20"},"G",410,20631000,{"v":7009.79644999999,"d":"7,009.80"},83,290,373,{"v":141.234431599999,"d":"141.23"},{"v":0.93996673,"d":"0.94"},{"v":350.6075905,"d":"350.61"},{"v":22.39240955,"d":"22.39"},0,"0_20631000_657",{"v":6868.56201839999,"d":"6,868.56"},0,{"v":22.39240955,"d":"22.39"},{"v":0.02014815,"d":"0.02"},"0_20631000_657_722","F",{"v":0.243991993373,"d":"0.24"},{"v":3.5523009433E-5,"d":"0.00"},{"v":0.000795445775679,"d":"0.00"}]
[2,206,20631,{"v":8427.68427599999,"d":"8,427.68"},1705,{"v":0.20230943,"d":"0.20"},"G",410,20631000,{"v":7009.79644999999,"d":"7,009.80"},83,290,373,{"v":141.234431599999,"d":"141.23"},{"v":0.93996673,"d":"0.94"},{"v":350.6075905,"d":"350.61"},{"v":22.39240955,"d":"22.39"},0,"0_20631000_657",{"v":6868.56201839999,"d":"6,868.56"},0,{"v":22.39240955,"d":"22.39"},{"v":0.02014815,"d":"0.02"},"0_20631000_657_723","F",{"v":0.0112493146785,"d":"0.01"},{"v":1.637797642e-06,"d":"0.00"},{"v":3.6674235562e-05,"d":"0.00"}]
[2,206,20631,{"v":8427.68427599999,"d":"8,427.68"},1705,{"v":0.20230943,"d":"0.20"},"G",410,20631000,{"v":7009.79644999999,"d":"7,009.80"},83,290,373,{"v":141.234431599999,"d":"141.23"},{"v":0.93996673,"d":"0.94"},{"v":350.6075905,"d":"350.61"},{"v":22.39240955,"d":"22.39"},0,"0_20631000_657",{"v":6868.56201839999,"d":"6,868.56"},0,{"v":22.39240955,"d":"22.39"},{"v":0.02014815,"d":"0.02"},"0_20631000_657_724","F",{"v":0.0877346813429,"d":"0.09"},{"v":1.2773369609E-5,"d":"0.00"},{"v":0.000286026523616,"d":"0.00"}]
[2,206,20631,{"v":8427.68427599999,"d":"8,427.68"},1705,{"v":0.20230943,"d":"0.20"},"G",410,20631000,{"v":7009.79644999999,"d":"7,009.80"},83,290,373,{"v":141.234431599999,"d":"141.23"},{"v":0.93996673,"d":"0.94"},{"v":350.6075905,"d":"350.61"},{"v":22.39240955,"d":"22.39"},0,"0_20631000_657",{"v":6868.56201839999,"d":"6,868.56"},0,{"v":22.39240955,"d":"22.39"},{"v":0.02014815,"d":"0.02"},"0_20631000_657_725","G",{"v":18.7228122486,"d":"18.72"},{"v":0.00272587074244,"d":"0.00"},{"v":0.0610388140451,"d":"0.06"}]
[2,206,20631,{"v":8427.68427599999,"d":"8,427.68"},1705,{"v":0.20230943,"d":"0.20"},"G",410,20631000,{"v":7009.79644999999,"d":"7,009.80"},83,290,373,{"v":141.234431599999,"d":"141.23"},{"v":0.93996673,"d":"0.94"},{"v":350.6075905,"d":"350.61"},{"v":22.39240955,"d":"22.39"},0,"0_20631000_657",{"v":6868.56201839999,"d":"6,868.56"},0,{"v":22.39240955,"d":"22.39"},{"v":0.02014815,"d":"0.02"},"0_20631000_657_726","G",{"v":1.85694554721E-3,"d":"0.00"},{"v":2.70354339E-7,"d":"0.00"},{"v":6.053885092e-06,"d":"0.00"}]
[2,206,20631,{"v":8427.68427599999,"d":"8,427.68"},1705,{"v":0.20230943,"d":"0.20"},"G",410,20631000,{"v":7009.79644999999,"d":"7,009.80"},83,290,373,{"v":141.234431599999,"d":"141.23"},{"v":0.93996673,"d":"0.94"},{"v":350.6075905,"d":"350.61"},{"v":22.39240955,"d":"22.39"},0,"0_20631000_657",{"v":6868.56201839999,"d":"6,868.56"},0,{"v":22.39240955,"d":"22.39"},{"v":0.02014815,"d":"0.02"},"0_20631000_657_727","G",{"v":2.12113328066,"d":"2.12"},{"v":0.000308817664451,"d":"0.00"},{"v":0.00691517161866,"d":"0.01"}]
[2,206,20631,{"v":8427.68427599999,"d":"8,427.68"},1705,{"v":0.20230943,"d":"0.20"},"G",410,20631000,{"v":7009.79644999999,"d":"7,009.80"},83,290,373,{"v":141.234431599999,"d":"141.23"},{"v":0.93996673,"d":"0.94"},{"v":350.6075905,"d":"350.61"},{"v":22.39240955,"d":"22.39"},0,"0_20631000_657",{"v":6868.56201839999,"d":"6,868.56"},0,{"v":22.39240955,"d":"22.39"},{"v":0.02014815,"d":"0.02"},"0_20631000_657_728","G",{"v":0.0955233315047,"d":"0.10"},{"v":1.3907326053e-05,"d":"0.00"},{"v":0.000311418540722,"d":"0.00"}]
[2,206,20631,{"v":8427.68427599999,"d":"8,427.68"},1705,{"v":0.20230943,"d":"0.20"},"G",410,20631000,{"v":7009.79644999999,"d":"7,009.80"},83,290,373,{"v":141.234431599999,"d":"141.23"},{"v":0.93996673,"d":"0.94"},{"v":350.6075905,"d":"350.61"},{"v":22.39240955,"d":"22.39"},0,"0_20631000_657",{"v":6868.56201839999,"d":"6,868.56"},0,{"v":22.39240955,"d":"22.39"},{"v":0.02014815,"d":"0.02"},"0_20631000_657_729","G",{"v":0.783221213336,"d":"0.78"},{"v":1.14029866985E-4,"d":"0.00"},{"v":2.55340348246E-3,"d":"0.00"}]
[2,206,20631,{"v":8427.68427599999,"d":"8,427.68"},1705,{"v":0.20230943,"d":"0.20"},"G",410,20631000,{"v":7009.79644999999,"d":"7,009.80"},83,290,373,{"v":141.234431599999,"d":"141.23"},{"v":0.93996673,"d":"0.94"},{"v":350.6075905,"d":"350.61"},{"v":22.39240955,"d":"22.39"},0,"0_20631000_657",{"v":6868.56201839999,"d":"6,868.56"},0,{"v":22.39240955,"d":"22.39"},{"v":0.02014815,"d":"0.02"},"0_20631000_657_730","G",{"v":0.326937632646,"d":"0.33"},{"v":4.7599138185e-05,"d":"0.00"},{"v":1.06585939647E-3,"d":"0.00"}]
[2,206,20631,{"v":8427.68427599999,"d":"8,427.68"},1705,{"v":0.20230943,"d":"0.20"},"G",410,20631000,{"v":7009.79644999999,"d":"7,009.80"},83,290,373,{"v":141.234431599999,"d":"141.23"},{"v":0.93996673,"d":"0.94"},{"v":350.6075905,"d":"350.61"},{"v":22.39240955,"d":"22.39"},0,"0_20631000_657",{"v":6868.56201839999,"d":"6,868.56"},0,{"v":22.39240955,"d":"22.39"},{"v":0.02014815,"d":"0.02"},"0_20631000_657_731","G",{"v":1.14093048203E-4,"d":"0.00"},{"v":1.6610907e-08,"d":"0.00"},{"v":3.71958243e-07,"d":"0.00"}]
[2,206,20631,{"v":8427.68427599999,"d":"8,427.68"},1705,{"v":0.20230943,"d":"0.20"},"G",410,20631000,{"v":7009.79644999999,"d":"7,009.80"},83,290,373,{"v":141.234431599999,"d":"141.23"},{"v":0.93996673,"d":"0.94"},{"v":350.6075905,"d":"350.61"},{"v":22.39240955,"d":"22.39"},0,"0_20631000_657",{"v":6868.56201839999,"d":"6,868.56"},0,{"v":22.39240955,"d":"22.39"},{"v":0.02014815,"d":"0.02"},"0_20631000_657_732","G",{"v":17.8550909313,"d":"17.86"},{"v":0.00259953843082,"d":"0.00"},{"v":0.0582099291839,"d":"0.06"}]
[2,206,20631,{"v":8427.68427599999,"d":"8,427.68"},1705,{"v":0.20230943,"d":"0.20"},"G",410,20631000,{"v":7009.79644999999,"d":"7,009.80"},83,290,373,{"v":141.234431599999,"d":"141.23"},{"v":0.93996673,"d":"0.94"},{"v":350.6075905,"d":"350.61"},{"v":22.39240955,"d":"22.39"},0,"0_20631000_657",{"v":6868.56201839999,"d":"6,868.56"},0,{"v":22.39240955,"d":"22.39"},{"v":0.02014815,"d":"0.02"},"0_20631000_657_733","G",{"v":20.0065108274,"d":"20.01"},{"v":2.91276555032E-3,"d":"0.00"},{"v":0.0652238391259,"d":"0.07"}]
[2,206,20631,{"v":8427.68427599999,"d":"8,427.68"},1705,{"v":0.20230943,"d":"0.20"},"G",410,20631000,{"v":7009.79644999999,"d":"7,009.80"},83,290,373,{"v":141.234431599999,"d":"141.23"},{"v":0.93996673,"d":"0.94"},{"v":350.6075905,"d":"350.61"},{"v":22.39240955,"d":"22.39"},0,"0_20631000_657",{"v":6868.56201839999,"d":"6,868.56"},0,{"v":22.39240955,"d":"22.39"},{"v":0.02014815,"d":"0.02"},"0_20631000_657_734","G",{"v":2.60405591862,"d":"2.60"},{"v":0.000379126797086,"d":"0.00"},{"v":0.00848956251173,"d":"0.01"}]
[2,206,20631,{"v":8427.68427599999,"d":"8,427.68"},1705,{"v":0.20230943,"d":"0.20"},"G",410,20631000,{"v":7009.79644999999,"d":"7,009.80"},83,290,373,{"v":141.234431599999,"d":"141.23"},{"v":0.93996673,"d":"0.94"},{"v":350.6075905,"d":"350.61"},{"v":22.39240955,"d":"22.39"},0,"0_20631000_657",{"v":6868.56201839999,"d":"6,868.56"},0,{"v":22.39240955,"d":"22.39"},{"v":0.02014815,"d":"0.02"},"0_20631000_657_735","G",{"v":0.0736826947818,"d":"0.07"},{"v":1.0727528496E-5,"d":"0.00"},{"v":2.40215211551E-4,"d":"0.00"}]
[2,206,20631,{"v":8427.68427599999,"d":"8,427.68"},1705,{"v":0.20230943,"d":"0.20"},"G",410,20631000,{"v":7009.79644999999,"d":"7,009.80"},83,290,373,{"v":141.234431599999,"d":"141.23"},{"v":0.93996673,"d":"0.94"},{"v":350.6075905,"d":"350.61"},{"v":22.39240955,"d":"22.39"},0,"0_20631000_657",{"v":6868.56201839999,"d":"6,868.56"},0,{"v":22.39240955,"d":"22.39"},{"v":0.02014815,"d":"0.02"},"0_20631000_657_736","G",{"v":8.29315304206,"d":"8.29"},{"v":0.00120740746314,"d":"0.00"},{"v":0.0270367624084,"d":"0.03"}]
[2,206,20631,{"v":8427.68427599999,"d":"8,427.68"},1705,{"v":0.20230943,"d":"0.20"},"G",410,20631000,{"v":7009.79644999999,"d":"7,009.80"},83,290,373,{"v":141.234431599999,"d":"141.23"},{"v":0.93996673,"d":"0.94"},{"v":350.6075905,"d":"350.61"},{"v":22.39240955,"d":"22.39"},0,"0_20631000_657",{"v":6868.56201839999,"d":"6,868.56"},0,{"v":22.39240955,"d":"22.39"},{"v":0.02014815,"d":"0.02"},"0_20631000_657_737","G",{"v":0.912333744802,"d":"0.91"},{"v":0.000132827474275,"d":"0.00"},{"v":0.00297432720346,"d":"0.00"}]
[2,206,20631,{"v":8427.68427599999,"d":"8,427.68"},1705,{"v":0.20230943,"d":"0.20"},"G",410,20631000,{"v":7009.79644999999,"d":"7,009.80"},83,290,373,{"v":141.234431599999,"d":"141.23"},{"v":0.93996673,"d":"0.94"},{"v":350.6075905,"d":"350.61"},{"v":22.39240955,"d":"22.39"},0,"0_20631000_657",{"v":6868.56201839999,"d":"6,868.56"},0,{"v":22.39240955,"d":"22.39"},{"v":0.02014815,"d":"0.02"},"0_20631000_657_738","G",{"v":0.0177726858128,"d":"0.02"},{"v":2.587540997e-06,"d":"0.00"},{"v":5.7941277731e-05,"d":"0.00"}]
[2,206,20631,{"v":8427.68427599999,"d":"8,427.68"},1705,{"v":0.20230943,"d":"0.20"},"G",410,20631000,{"v":7009.79644999999,"d":"7,009.80"},83,290,373,{"v":141.234431599999,"d":"141.23"},{"v":0.93996673,"d":"0.94"},{"v":350.6075905,"d":"350.61"},{"v":22.39240955,"d":"22.39"},0,"0_20631000_657",{"v":6868.56201839999,"d":"6,868.56"},0,{"v":22.39240955,"d":"22.39"},{"v":0.02014815,"d":"0.02"},"0_20631000_657_739","G",{"v":15.6633727799,"d":"15.66"},{"v":0.00228044425281,"d":"0.00"},{"v":0.0510646416649,"d":"0.05"}]
[2,206,20631,{"v":8427.68427599999,"d":"8,427.68"},1705,{"v":0.20230943,"d":"0.20"},"G",410,20631000,{"v":7009.79644999999,"d":"7,009.80"},83,290,373,{"v":141.234431599999,"d":"141.23"},{"v":0.93996673,"d":"0.94"},{"v":350.6075905,"d":"350.61"},{"v":22.39240955,"d":"22.39"},0,"0_20631000_657",{"v":6868.56201839999,"d":"6,868.56"},0,{"v":22.39240955,"d":"22.39"},{"v":0.02014815,"d":"0.02"},"0_20631000_657_740","G",{"v":0.278102799922,"d":"0.28"},{"v":4.0489231833E-5,"d":"0.00"},{"v":9.06651461569E-4,"d":"0.00"}]
[2,206,20631,{"v":8427.68427599999,"d":"8,427.68"},1705,{"v":0.20230943,"d":"0.20"},"G",410,20631000,{"v":7009.79644999999,"d":"7,009.80"},83,290,373,{"v":141.234431599999,"d":"141.23"},{"v":0.93996673,"d":"0.94"},{"v":350.6075905,"d":"350.61"},{"v":22.39240955,"d":"22.39"},0,"0_20631000_657",{"v":6868.56201839999,"d":"6,868.56"},0,{"v":22.39240955,"d":"22.39"},{"v":0.02014815,"d":"0.02"},"0_20631000_657_741","G",{"v":0.0135479184305,"d":"0.01"},{"v":1.972453389E-6,"d":"0.00"},{"v":4.4167984104e-05,"d":"0.00"}]
[2,206,20631,{"v":8427.68427599999,"d":"8,427.68"},1705,{"v":0.20230943,"d":"0.20"},"G",410,20631000,{"v":7009.79644999999,"d":"7,009.80"},83,290,373,{"v":141.234431599999,"d":"141.23"},{"v":0.93996673,"d":"0.94"},{"v":350.6075905,"d":"350.61"},{"v":22.39240955,"d":"22.39"},0,"0_20631000_657",{"v":6868.56201839999,"d":"6,868.56"},0,{"v":22.39240955,"d":"22.39"},{"v":0.02014815,"d":"0.02"},"0_20631000_657_742","G",{"v":12.7637518337,"d":"12.76"},{"v":1.85828588277E-3,"d":"0.00"},{"v":0.041611498548,"d":"0.04"}]
[2,206,20631,{"v":8427.68427599999,"d":"8,427.68"},1705,{"v":0.20230943,"d":"0.20"},"G",410,20631000,{"v":7009.79644999999,"d":"7,009.80"},83,290,373,{"v":141.234431599999,"d":"141.23"},{"v":0.93996673,"d":"0.94"},{"v":350.6075905,"d":"350.61"},{"v":22.39240955,"d":"22.39"},0,"0_20631000_657",{"v":6868.56201839999,"d":"6,868.56"},0,{"v":22.39240955,"d":"22.39"},{"v":0.02014815,"d":"0.02"},"0_20631000_657_743","G",{"v":0.035393066565,"d":"0.04"},{"v":5.152907766e-06,"d":"0.00"},{"v":1.15386021067E-4,"d":"0.00"}]
[2,206,20631,{"v":8427.68427599999,"d":"8,427.68"},1705,{"v":0.20230943,"d":"0.20"},"G",410,20631000,{"v":7009.79644999999,"d":"7,009.80"},83,290,373,{"v":141.234431599999,"d":"141.23"},{"v":0.93996673,"d":"0.94"},{"v":350.6075905,"d":"350.61"},{"v":22.39240955,"d":"22.39"},0,"0_20631000_657",{"v":6868.56201839999,"d":"6,868.56"},0,{"v":22.39240955,"d":"22.39"},{"v":0.02014815,"d":"0.02"},"0_20631000_657_744","G",{"v":0.614144218167,"d":"0.61"},{"v":8.941379819e-05,"d":"0.00"},{"v":0.00200219038849,"d":"0.00"}]
[2,206,20631,{"v":8427.68427599999,"d":"8,427.68"},1705,{"v":0.20230943,"d":"0.20"},"G",410,20631000,{"v":7009.79644999999,"d":"7,009.80"},83,290,373,{"v":141.234431599999,"d":"141.23"},{"v":0.93996673,"d":"0.94"},{"v":350.6075905,"d":"350.61"},{"v":22.39240955,"d":"22.39"},0,"0_20631000_657",{"v":6868.56201839999,"d":"6,868.56"},0,{"v":22.39240955,"d":"22.39"},{"v":0.02014815,"d":"0.02"},"0_20631000_657_745","G",{"v":4.7143389762e-05,"d":"0.00"},{"v":6.863648e-09,"d":"0.00"},{"v":1.5369361e-07,"d":"0.00"}]
[2,206,20631,{"v":8427.68427599999,"d":"8,427.68"},1705,{"v":0.20230943,"d":"0.20"},"G",410,20631000,{"v":7009.79644999999,"d":"7,009.80"},83,290,373,{"v":141.234431599999,"d":"141.23"},{"v":0.93996673,"d":"0.94"},{"v":350.6075905,"d":"350.61"},{"v":22.39240955,"d":"22.39"},0,"0_20631000_657",{"v":6868.56201839999,"d":"6,868.56"},0,{"v":22.39240955,"d":"22.39"},{"v":0.02014815,"d":"0.02"},"0_20631000_657_746","G",{"v":3.1768000434,"d":"3.18"},{"v":4.62513119178E-4,"d":"0.00"},{"v":0.0103567831869,"d":"0.01"}]
[2,206,20631,{"v":8427.68427599999,"d":"8,427.68"},1705,{"v":0.20230943,"d":"0.20"},"G",410,20631001,{"v":1417.88782603999,"d":"1,417.89"},28,8,36,{"v":30.92649141,"d":"30.93"},{"v":0.93996673,"d":"0.94"},{"v":33.8388022999999,"d":"33.84"},{"v":2.161197705,"d":"2.16"},0,"0_20631001_658",{"v":1386.96133463,"d":"1,386.96"},0,{"v":2.161197705,"d":"2.16"},{"v":0.021811663,"d":"0.02"},"0_20631001_658_747","außerhalb GKL",{"v":1361.89575381999,"d":"1,361.90"},{"v":0.981927700373,"d":"0.98"},{"v":2.12213989252,"d":"2.12"}]
[2,206,20631,{"v":8427.68427599999,"d":"8,427.68"},1705,{"v":0.20230943,"d":"0.20"},"G",410,20631001,{"v":1417.88782603999,"d":"1,417.89"},28,8,36,{"v":30.92649141,"d":"30.93"},{"v":0.93996673,"d":"0.94"},{"v":33.8388022999999,"d":"33.84"},{"v":2.161197705,"d":"2.16"},0,"0_20631001_658",{"v":1386.96133463,"d":"1,386.96"},0,{"v":2.161197705,"d":"2.16"},{"v":0.021811663,"d":"0.02"},"0_20631001_658_748","E",{"v":0.365434259734,"d":"0.37"},{"v":0.000263478332532,"d":"0.00"},{"v":0.000569428767585,"d":"0.00"}]
[2,206,20631,{"v":8427.68427599999,"d":"8,427.68"},1705,{"v":0.20230943,"d":"0.20"},"G",410,20631001,{"v":1417.88782603999,"d":"1,417.89"},28,8,36,{"v":30.92649141,"d":"30.93"},{"v":0.93996673,"d":"0.94"},{"v":33.8388022999999,"d":"33.84"},{"v":2.161197705,"d":"2.16"},0,"0_20631001_658",{"v":1386.96133463,"d":"1,386.96"},0,{"v":2.161197705,"d":"2.16"},{"v":0.021811663,"d":"0.02"},"0_20631001_658_749","F",{"v":2.90692418877,"d":"2.91"},{"v":0.00209589417974,"d":"0.00"},{"v":0.00452964169118,"d":"0.00"}]
[2,206,20631,{"v":8427.68427599999,"d":"8,427.68"},1705,{"v":0.20230943,"d":"0.20"},"G",410,20631001,{"v":1417.88782603999,"d":"1,417.89"},28,8,36,{"v":30.92649141,"d":"30.93"},{"v":0.93996673,"d":"0.94"},{"v":33.8388022999999,"d":"33.84"},{"v":2.161197705,"d":"2.16"},0,"0_20631001_658",{"v":1386.96133463,"d":"1,386.96"},0,{"v":2.161197705,"d":"2.16"},{"v":0.021811663,"d":"0.02"},"0_20631001_658_750","F",{"v":0.0878980317844,"d":"0.09"},{"v":6.3374536542e-05,"d":"0.00"},{"v":0.000136964902931,"d":"0.00"}]
[2,206,20631,{"v":8427.68427599999,"d":"8,427.68"},1705,{"v":0.20230943,"d":"0.20"},"G",410,20631001,{"v":1417.88782603999,"d":"1,417.89"},28,8,36,{"v":30.92649141,"d":"30.93"},{"v":0.93996673,"d":"0.94"},{"v":33.8388022999999,"d":"33.84"},{"v":2.161197705,"d":"2.16"},0,"0_20631001_658",{"v":1386.96133463,"d":"1,386.96"},0,{"v":2.161197705,"d":"2.16"},{"v":0.021811663,"d":"0.02"},"0_20631001_658_751","F",{"v":0.548421827586,"d":"0.55"},{"v":0.000395412484756,"d":"0.00"},{"v":0.000854564554583,"d":"0.00"}]
[2,206,20631,{"v":8427.68427599999,"d":"8,427.68"},1705,{"v":0.20230943,"d":"0.20"},"G",410,20631001,{"v":1417.88782603999,"d":"1,417.89"},28,8,36,{"v":30.92649141,"d":"30.93"},{"v":0.93996673,"d":"0.94"},{"v":33.8388022999999,"d":"33.84"},{"v":2.161197705,"d":"2.16"},0,"0_20631001_658",{"v":1386.96133463,"d":"1,386.96"},0,{"v":2.161197705,"d":"2.16"},{"v":0.021811663,"d":"0.02"},"0_20631001_658_752","F",{"v":0.0208995599446,"d":"0.02"},{"v":1.5068595946E-5,"d":"0.00"},{"v":3.2566214977E-5,"d":"0.00"}]
[2,206,20631,{"v":8427.68427599999,"d":"8,427.68"},1705,{"v":0.20230943,"d":"0.20"},"G",410,20631001,{"v":1417.88782603999,"d":"1,417.89"},28,8,36,{"v":30.92649141,"d":"30.93"},{"v":0.93996673,"d":"0.94"},{"v":33.8388022999999,"d":"33.84"},{"v":2.161197705,"d":"2.16"},0,"0_20631001_658",{"v":1386.96133463,"d":"1,386.96"},0,{"v":2.161197705,"d":"2.16"},{"v":0.021811663,"d":"0.02"},"0_20631001_658_753","F",{"v":0.4418157133,"d":"0.44"},{"v":0.00031854940889,"d":"0.00"},{"v":0.000688448251422,"d":"0.00"}]
[2,206,20631,{"v":8427.68427599999,"d":"8,427.68"},1705,{"v":0.20230943,"d":"0.20"},"G",410,20631001,{"v":1417.88782603999,"d":"1,417.89"},28,8,36,{"v":30.92649141,"d":"30.93"},{"v":0.93996673,"d":"0.94"},{"v":33.8388022999999,"d":"33.84"},{"v":2.161197705,"d":"2.16"},0,"0_20631001_658",{"v":1386.96133463,"d":"1,386.96"},0,{"v":2.161197705,"d":"2.16"},{"v":0.021811663,"d":"0.02"},"0_20631001_658_754","G",{"v":0.00308794855566,"d":"0.00"},{"v":2.226412863e-06,"d":"0.00"},{"v":4.81171837e-06,"d":"0.00"}]
[2,206,20631,{"v":8427.68427599999,"d":"8,427.68"},1705,{"v":0.20230943,"d":"0.20"},"G",410,20631001,{"v":1417.88782603999,"d":"1,417.89"},28,8,36,{"v":30.92649141,"d":"30.93"},{"v":0.93996673,"d":"0.94"},{"v":33.8388022999999,"d":"33.84"},{"v":2.161197705,"d":"2.16"},0,"0_20631001_658",{"v":1386.96133463,"d":"1,386.96"},0,{"v":2.161197705,"d":"2.16"},{"v":0.021811663,"d":"0.02"},"0_20631001_658_755","G",{"v":18.3531166779,"d":"18.35"},{"v":0.0132326087394,"d":"0.01"},{"v":0.0285982836388,"d":"0.03"}]
[2,206,20631,{"v":8427.68427599999,"d":"8,427.68"},1705,{"v":0.20230943,"d":"0.20"},"G",410,20631001,{"v":1417.88782603999,"d":"1,417.89"},28,8,36,{"v":30.92649141,"d":"30.93"},{"v":0.93996673,"d":"0.94"},{"v":33.8388022999999,"d":"33.84"},{"v":2.161197705,"d":"2.16"},0,"0_20631001_658",{"v":1386.96133463,"d":"1,386.96"},0,{"v":2.161197705,"d":"2.16"},{"v":0.021811663,"d":"0.02"},"0_20631001_658_756","G",{"v":0.0500742852661,"d":"0.05"},{"v":3.6103591366e-05,"d":"0.00"},{"v":7.8026998803e-05,"d":"0.00"}]
[2,206,20631,{"v":8427.68427599999,"d":"8,427.68"},1705,{"v":0.20230943,"d":"0.20"},"G",410,20631001,{"v":1417.88782603999,"d":"1,417.89"},28,8,36,{"v":30.92649141,"d":"30.93"},{"v":0.93996673,"d":"0.94"},{"v":33.8388022999999,"d":"33.84"},{"v":2.161197705,"d":"2.16"},0,"0_20631001_658",{"v":1386.96133463,"d":"1,386.96"},0,{"v":2.161197705,"d":"2.16"},{"v":0.021811663,"d":"0.02"},"0_20631001_658_757","G",{"v":0.0217157562069,"d":"0.02"},{"v":1.5657073968e-05,"d":"0.00"},{"v":3.3838032326e-05,"d":"0.00"}]
[2,206,20631,{"v":8427.68427599999,"d":"8,427.68"},1705,{"v":0.20230943,"d":"0.20"},"G",410,20631001,{"v":1417.88782603999,"d":"1,417.89"},28,8,36,{"v":30.92649141,"d":"30.93"},{"v":0.93996673,"d":"0.94"},{"v":33.8388022999999,"d":"33.84"},{"v":2.161197705,"d":"2.16"},0,"0_20631001_658",{"v":1386.96133463,"d":"1,386.96"},0,{"v":2.161197705,"d":"2.16"},{"v":0.021811663,"d":"0.02"},"0_20631001_658_758","G",{"v":0.139615074712,"d":"0.14"},{"v":0.000100662557222,"d":"0.00"},{"v":2.17551687648E-4,"d":"0.00"}]
[2,206,20631,{"v":8427.68427599999,"d":"8,427.68"},1705,{"v":0.20230943,"d":"0.20"},"G",410,20631001,{"v":1417.88782603999,"d":"1,417.89"},28,8,36,{"v":30.92649141,"d":"30.93"},{"v":0.93996673,"d":"0.94"},{"v":33.8388022999999,"d":"33.84"},{"v":2.161197705,"d":"2.16"},0,"0_20631001_658",{"v":1386.96133463,"d":"1,386.96"},0,{"v":2.161197705,"d":"2.16"},{"v":0.021811663,"d":"0.02"},"0_20631001_658_759","G",{"v":2.12657748567,"d":"2.13"},{"v":0.00153326371296,"d":"0.00"},{"v":3.31368601761E-3,"d":"0.00"}]
[2,206,20636,{"v":9646.250242,"d":"9,646.25"},1524,{"v":0.157988852,"d":"0.16"},"G",430,20636000,{"v":9646.25024237,"d":"9,646.25"},107,173,280,{"v":94.31057952,"d":"94.31"},{"v":0.945243625,"d":"0.95"},{"v":264.668214999999,"d":"264.67"},{"v":15.3317849899999,"d":"15.33"},0,"0_20636000_678",{"v":9551.93966284999,"d":"9,551.94"},0,{"v":15.3317849899999,"d":"15.33"},{"v":0.009776916,"d":"0.01"},"0_20636000_678_760","außerhalb GKL",{"v":9260.62648928999,"d":"9,260.63"},{"v":0.969502197057,"d":"0.97"},{"v":14.8641992326,"d":"14.86"}]
[2,206,20636,{"v":9646.250242,"d":"9,646.25"},1524,{"v":0.157988852,"d":"0.16"},"G",430,20636000,{"v":9646.25024237,"d":"9,646.25"},107,173,280,{"v":94.31057952,"d":"94.31"},{"v":0.945243625,"d":"0.95"},{"v":264.668214999999,"d":"264.67"},{"v":15.3317849899999,"d":"15.33"},0,"0_20636000_678",{"v":9551.93966284999,"d":"9,551.94"},0,{"v":15.3317849899999,"d":"15.33"},{"v":0.009776916,"d":"0.01"},"0_20636000_678_761","außerhalb GKL",{"v":4.18523364574,"d":"4.19"},{"v":0.000438155368801,"d":"0.00"},{"v":0.00671770390667,"d":"0.01"}]
[2,206,20636,{"v":9646.250242,"d":"9,646.25"},1524,{"v":0.157988852,"d":"0.16"},"G",430,20636000,{"v":9646.25024237,"d":"9,646.25"},107,173,280,{"v":94.31057952,"d":"94.31"},{"v":0.945243625,"d":"0.95"},{"v":264.668214999999,"d":"264.67"},{"v":15.3317849899999,"d":"15.33"},0,"0_20636000_678",{"v":9551.93966284999,"d":"9,551.94"},0,{"v":15.3317849899999,"d":"15.33"},{"v":0.009776916,"d":"0.01"},"0_20636000_678_762","E",{"v":8.19113950098999,"d":"8.19"},{"v":0.000857536771599,"d":"0.00"},{"v":0.0131475694032,"d":"0.01"}]
[2,206,20636,{"v":9646.250242,"d":"9,646.25"},1524,{"v":0.157988852,"d":"0.16"},"G",430,20636000,{"v":9646.25024237,"d":"9,646.25"},107,173,280,{"v":94.31057952,"d":"94.31"},{"v":0.945243625,"d":"0.95"},{"v":264.668214999999,"d":"264.67"},{"v":15.3317849899999,"d":"15.33"},0,"0_20636000_678",{"v":9551.93966284999,"d":"9,551.94"},0,{"v":15.3317849899999,"d":"15.33"},{"v":0.009776916,"d":"0.01"},"0_20636000_678_763","E",{"v":7.39333478543,"d":"7.39"},{"v":0.000774013974793,"d":"0.00"},{"v":0.0118670158408,"d":"0.01"}]
[2,206,20636,{"v":9646.250242,"d":"9,646.25"},1524,{"v":0.157988852,"d":"0.16"},"G",430,20636000,{"v":9646.25024237,"d":"9,646.25"},107,173,280,{"v":94.31057952,"d":"94.31"},{"v":0.945243625,"d":"0.95"},{"v":264.668214999999,"d":"264.67"},{"v":15.3317849899999,"d":"15.33"},0,"0_20636000_678",{"v":9551.93966284999,"d":"9,551.94"},0,{"v":15.3317849899999,"d":"15.33"},{"v":0.009776916,"d":"0.01"},"0_20636000_678_764","E",{"v":7.03643493157,"d":"7.04"},{"v":0.000736649851227,"d":"0.00"},{"v":0.0112941571319,"d":"0.01"}]
[2,206,20636,{"v":9646.250242,"d":"9,646.25"},1524,{"v":0.157988852,"d":"0.16"},"G",430,20636000,{"v":9646.25024237,"d":"9,646.25"},107,173,280,{"v":94.31057952,"d":"94.31"},{"v":0.945243625,"d":"0.95"},{"v":264.668214999999,"d":"264.67"},{"v":15.3317849899999,"d":"15.33"},0,"0_20636000_678",{"v":9551.93966284999,"d":"9,551.94"},0,{"v":15.3317849899999,"d":"15.33"},{"v":0.009776916,"d":"0.01"},"0_20636000_678_765","E",{"v":0.623961422288,"d":"0.62"},{"v":6.5323007087e-05,"d":"0.00"},{"v":0.00100151829955,"d":"0.00"}]
[2,206,20636,{"v":9646.250242,"d":"9,646.25"},1524,{"v":0.157988852,"d":"0.16"},"G",430,20636000,{"v":9646.25024237,"d":"9,646.25"},107,173,280,{"v":94.31057952,"d":"94.31"},{"v":0.945243625,"d":"0.95"},{"v":264.668214999999,"d":"264.67"},{"v":15.3317849899999,"d":"15.33"},0,"0_20636000_678",{"v":9551.93966284999,"d":"9,551.94"},0,{"v":15.3317849899999,"d":"15.33"},{"v":0.009776916,"d":"0.01"},"0_20636000_678_766","E",{"v":0.0573687663314,"d":"0.06"},{"v":6.005980812E-6,"d":"0.00"},{"v":9.2082406462e-05,"d":"0.00"}]
[2,206,20636,{"v":9646.250242,"d":"9,646.25"},1524,{"v":0.157988852,"d":"0.16"},"G",430,20636000,{"v":9646.25024237,"d":"9,646.25"},107,173,280,{"v":94.31057952,"d":"94.31"},{"v":0.945243625,"d":"0.95"},{"v":264.668214999999,"d":"264.67"},{"v":15.3317849899999,"d":"15.33"},0,"0_20636000_678",{"v":9551.93966284999,"d":"9,551.94"},0,{"v":15.3317849899999,"d":"15.33"},{"v":0.009776916,"d":"0.01"},"0_20636000_678_767","E",{"v":0.215628713061,"d":"0.22"},{"v":2.2574337849e-05,"d":"0.00"},{"v":0.000346104894189,"d":"0.00"}]
[2,206,20636,{"v":9646.250242,"d":"9,646.25"},1524,{"v":0.157988852,"d":"0.16"},"G",430,20636000,{"v":9646.25024237,"d":"9,646.25"},107,173,280,{"v":94.31057952,"d":"94.31"},{"v":0.945243625,"d":"0.95"},{"v":264.668214999999,"d":"264.67"},{"v":15.3317849899999,"d":"15.33"},0,"0_20636000_678",{"v":9551.93966284999,"d":"9,551.94"},0,{"v":15.3317849899999,"d":"15.33"},{"v":0.009776916,"d":"0.01"},"0_20636000_678_768","E",{"v":0.683755050259,"d":"0.68"},{"v":7.1582848552e-05,"d":"0.00"},{"v":1.09749284296E-3,"d":"0.00"}]
[2,206,20636,{"v":9646.250242,"d":"9,646.25"},1524,{"v":0.157988852,"d":"0.16"},"G",430,20636000,{"v":9646.25024237,"d":"9,646.25"},107,173,280,{"v":94.31057952,"d":"94.31"},{"v":0.945243625,"d":"0.95"},{"v":264.668214999999,"d":"264.67"},{"v":15.3317849899999,"d":"15.33"},0,"0_20636000_678",{"v":9551.93966284999,"d":"9,551.94"},0,{"v":15.3317849899999,"d":"15.33"},{"v":0.009776916,"d":"0.01"},"0_20636000_678_769","E",{"v":10.4478534549,"d":"10.45"},{"v":1.09379391241E-3,"d":"0.00"},{"v":0.0167698130884,"d":"0.02"}]
[2,206,20636,{"v":9646.250242,"d":"9,646.25"},1524,{"v":0.157988852,"d":"0.16"},"G",430,20636000,{"v":9646.25024237,"d":"9,646.25"},107,173,280,{"v":94.31057952,"d":"94.31"},{"v":0.945243625,"d":"0.95"},{"v":264.668214999999,"d":"264.67"},{"v":15.3317849899999,"d":"15.33"},0,"0_20636000_678",{"v":9551.93966284999,"d":"9,551.94"},0,{"v":15.3317849899999,"d":"15.33"},{"v":0.009776916,"d":"0.01"},"0_20636000_678_770","F",{"v":1.9592873708,"d":"1.96"},{"v":0.000205119320259,"d":"0.00"},{"v":0.00314484531551,"d":"0.00"}]
[2,206,20636,{"v":9646.250242,"d":"9,646.25"},1524,{"v":0.157988852,"d":"0.16"},"G",430,20636000,{"v":9646.25024237,"d":"9,646.25"},107,173,280,{"v":94.31057952,"d":"94.31"},{"v":0.945243625,"d":"0.95"},{"v":264.668214999999,"d":"264.67"},{"v":15.3317849899999,"d":"15.33"},0,"0_20636000_678",{"v":9551.93966284999,"d":"9,551.94"},0,{"v":15.3317849899999,"d":"15.33"},{"v":0.009776916,"d":"0.01"},"0_20636000_678_771","F",{"v":3.62814831722,"d":"3.63"},{"v":0.000379833672037,"d":"0.00"},{"v":0.00582352819163,"d":"0.01"}]
[2,206,20636,{"v":9646.250242,"d":"9,646.25"},1524,{"v":0.157988852,"d":"0.16"},"G",430,20636000,{"v":9646.25024237,"d":"9,646.25"},107,173,280,{"v":94.31057952,"d":"94.31"},{"v":0.945243625,"d":"0.95"},{"v":264.668214999999,"d":"264.67"},{"v":15.3317849899999,"d":"15.33"},0,"0_20636000_678",{"v":9551.93966284999,"d":"9,551.94"},0,{"v":15.3317849899999,"d":"15.33"},{"v":0.009776916,"d":"0.01"},"0_20636000_678_772","F",{"v":0.12983938697,"d":"0.13"},{"v":1.3592986509e-05,"d":"0.00"},{"v":2.08404746525E-4,"d":"0.00"}]
[2,206,20636,{"v":9646.250242,"d":"9,646.25"},1524,{"v":0.157988852,"d":"0.16"},"G",430,20636000,{"v":9646.25024237,"d":"9,646.25"},107,173,280,{"v":94.31057952,"d":"94.31"},{"v":0.945243625,"d":"0.95"},{"v":264.668214999999,"d":"264.67"},{"v":15.3317849899999,"d":"15.33"},0,"0_20636000_678",{"v":9551.93966284999,"d":"9,551.94"},0,{"v":15.3317849899999,"d":"15.33"},{"v":0.009776916,"d":"0.01"},"0_20636000_678_773","F",{"v":33.5963949152,"d":"33.60"},{"v":0.00351723274026,"d":"0.00"},{"v":0.0539254561335,"d":"0.05"}]
[2,206,20636,{"v":9646.250242,"d":"9,646.25"},1524,{"v":0.157988852,"d":"0.16"},"G",430,20636000,{"v":9646.25024237,"d":"9,646.25"},107,173,280,{"v":94.31057952,"d":"94.31"},{"v":0.945243625,"d":"0.95"},{"v":264.668214999999,"d":"264.67"},{"v":15.3317849899999,"d":"15.33"},0,"0_20636000_678",{"v":9551.93966284999,"d":"9,551.94"},0,{"v":15.3317849899999,"d":"15.33"},{"v":0.009776916,"d":"0.01"},"0_20636000_678_774","F",{"v":16.3454428492999,"d":"16.35"},{"v":1.7112171377E-3,"d":"0.00"},{"v":0.0262360132264,"d":"0.03"}]
[2,206,20636,{"v":9646.250242,"d":"9,646.25"},1524,{"v":0.157988852,"d":"0.16"},"G",430,20636000,{"v":9646.25024237,"d":"9,646.25"},107,173,280,{"v":94.31057952,"d":"94.31"},{"v":0.945243625,"d":"0.95"},{"v":264.668214999999,"d":"264.67"},{"v":15.3317849899999,"d":"15.33"},0,"0_20636000_678",{"v":9551.93966284999,"d":"9,551.94"},0,{"v":15.3317849899999,"d":"15.33"},{"v":0.009776916,"d":"0.01"},"0_20636000_678_775","F",{"v":0.00240667117405,"d":"0.00"},{"v":2.51956279e-07,"d":"0.00"},{"v":3.862939495e-06,"d":"0.00"}]
[2,206,20636,{"v":9646.250242,"d":"9,646.25"},1524,{"v":0.157988852,"d":"0.16"},"G",430,20636000,{"v":9646.25024237,"d":"9,646.25"},107,173,280,{"v":94.31057952,"d":"94.31"},{"v":0.945243625,"d":"0.95"},{"v":264.668214999999,"d":"264.67"},{"v":15.3317849899999,"d":"15.33"},0,"0_20636000_678",{"v":9551.93966284999,"d":"9,551.94"},0,{"v":15.3317849899999,"d":"15.33"},{"v":0.009776916,"d":"0.01"},"0_20636000_678_776","F",{"v":2.24588867791,"d":"2.25"},{"v":0.000235123834235,"d":"0.00"},{"v":0.00360486807252,"d":"0.00"}]
[2,206,20636,{"v":9646.250242,"d":"9,646.25"},1524,{"v":0.157988852,"d":"0.16"},"G",430,20636000,{"v":9646.25024237,"d":"9,646.25"},107,173,280,{"v":94.31057952,"d":"94.31"},{"v":0.945243625,"d":"0.95"},{"v":264.668214999999,"d":"264.67"},{"v":15.3317849899999,"d":"15.33"},0,"0_20636000_678",{"v":9551.93966284999,"d":"9,551.94"},0,{"v":15.3317849899999,"d":"15.33"},{"v":0.009776916,"d":"0.01"},"0_20636000_678_777","F",{"v":5.13231955672,"d":"5.13"},{"v":0.000537306530178,"d":"0.00"},{"v":0.00823786819441,"d":"0.01"}]
[2,206,20636,{"v":9646.250242,"d":"9,646.25"},1524,{"v":0.157988852,"d":"0.16"},"G",430,20636000,{"v":9646.25024237,"d":"9,646.25"},107,173,280,{"v":94.31057952,"d":"94.31"},{"v":0.945243625,"d":"0.95"},{"v":264.668214999999,"d":"264.67"},{"v":15.3317849899999,"d":"15.33"},0,"0_20636000_678",{"v":9551.93966284999,"d":"9,551.94"},0,{"v":15.3317849899999,"d":"15.33"},{"v":0.009776916,"d":"0.01"},"0_20636000_678_778","F",{"v":1.92598797126,"d":"1.93"},{"v":0.000201633180196,"d":"0.00"},{"v":3.09139656561E-3,"d":"0.00"}]
[2,206,20636,{"v":9646.250242,"d":"9,646.25"},1524,{"v":0.157988852,"d":"0.16"},"G",430,20636000,{"v":9646.25024237,"d":"9,646.25"},107,173,280,{"v":94.31057952,"d":"94.31"},{"v":0.945243625,"d":"0.95"},{"v":264.668214999999,"d":"264.67"},{"v":15.3317849899999,"d":"15.33"},0,"0_20636000_678",{"v":9551.93966284999,"d":"9,551.94"},0,{"v":15.3317849899999,"d":"15.33"},{"v":0.009776916,"d":"0.01"},"0_20636000_678_779","F",{"v":18.5591860747999,"d":"18.56"},{"v":1.94297563949E-3,"d":"0.00"},{"v":0.0297892847455,"d":"0.03"}]
[2,206,20636,{"v":9646.250242,"d":"9,646.25"},1524,{"v":0.157988852,"d":"0.16"},"G",430,20636000,{"v":9646.25024237,"d":"9,646.25"},107,173,280,{"v":94.31057952,"d":"94.31"},{"v":0.945243625,"d":"0.95"},{"v":264.668214999999,"d":"264.67"},{"v":15.3317849899999,"d":"15.33"},0,"0_20636000_678",{"v":9551.93966284999,"d":"9,551.94"},0,{"v":15.3317849899999,"d":"15.33"},{"v":0.009776916,"d":"0.01"},"0_20636000_678_780","F",{"v":0.0750847748022,"d":"0.08"},{"v":7.860683532e-06,"d":"0.00"},{"v":0.00012051830978,"d":"0.00"}]
[2,206,20636,{"v":9646.250242,"d":"9,646.25"},1524,{"v":0.157988852,"d":"0.16"},"G",430,20636000,{"v":9646.25024237,"d":"9,646.25"},107,173,280,{"v":94.31057952,"d":"94.31"},{"v":0.945243625,"d":"0.95"},{"v":264.668214999999,"d":"264.67"},{"v":15.3317849899999,"d":"15.33"},0,"0_20636000_678",{"v":9551.93966284999,"d":"9,551.94"},0,{"v":15.3317849899999,"d":"15.33"},{"v":0.009776916,"d":"0.01"},"0_20636000_678_781","G",{"v":43.6913519878999,"d":"43.69"},{"v":0.00457408165567,"d":"0.00"},{"v":0.0701288364714,"d":"0.07"}]
[2,206,20636,{"v":9646.250242,"d":"9,646.25"},1524,{"v":0.157988852,"d":"0.16"},"G",430,20636000,{"v":9646.25024237,"d":"9,646.25"},107,173,280,{"v":94.31057952,"d":"94.31"},{"v":0.945243625,"d":"0.95"},{"v":264.668214999999,"d":"264.67"},{"v":15.3317849899999,"d":"15.33"},0,"0_20636000_678",{"v":9551.93966284999,"d":"9,551.94"},0,{"v":15.3317849899999,"d":"15.33"},{"v":0.009776916,"d":"0.01"},"0_20636000_678_782","G",{"v":55.1778785857,"d":"55.18"},{"v":0.00577661506807,"d":"0.01"},{"v":0.0885658201936,"d":"0.09"}]
[2,206,20636,{"v":9646.250242,"d":"9,646.25"},1524,{"v":0.157988852,"d":"0.16"},"G",430,20636000,{"v":9646.25024237,"d":"9,646.25"},107,173,280,{"v":94.31057952,"d":"94.31"},{"v":0.945243625,"d":"0.95"},{"v":264.668214999999,"d":"264.67"},{"v":15.3317849899999,"d":"15.33"},0,"0_20636000_678",{"v":9551.93966284999,"d":"9,551.94"},0,{"v":15.3317849899999,"d":"15.33"},{"v":0.009776916,"d":"0.01"},"0_20636000_678_783","G",{"v":37.6594972071999,"d":"37.66"},{"v":0.00394260208256,"d":"0.00"},{"v":0.0604471274309,"d":"0.06"}]
[2,206,20636,{"v":9646.250242,"d":"9,646.25"},1524,{"v":0.157988852,"d":"0.16"},"G",430,20636000,{"v":9646.25024237,"d":"9,646.25"},107,173,280,{"v":94.31057952,"d":"94.31"},{"v":0.945243625,"d":"0.95"},{"v":264.668214999999,"d":"264.67"},{"v":15.3317849899999,"d":"15.33"},0,"0_20636000_678",{"v":9551.93966284999,"d":"9,551.94"},0,{"v":15.3317849899999,"d":"15.33"},{"v":0.009776916,"d":"0.01"},"0_20636000_678_784","G",{"v":0.0678401053363,"d":"0.07"},{"v":7.102233445e-06,"d":"0.00"},{"v":0.000108889916125,"d":"0.00"}]
[2,206,20636,{"v":9646.250242,"d":"9,646.25"},1524,{"v":0.157988852,"d":"0.16"},"G",430,20636000,{"v":9646.25024237,"d":"9,646.25"},107,173,280,{"v":94.31057952,"d":"94.31"},{"v":0.945243625,"d":"0.95"},{"v":264.668214999999,"d":"264.67"},{"v":15.3317849899999,"d":"15.33"},0,"0_20636000_678",{"v":9551.93966284999,"d":"9,551.94"},0,{"v":15.3317849899999,"d":"15.33"},{"v":0.009776916,"d":"0.01"},"0_20636000_678_785","G",{"v":0.359218256185,"d":"0.36"},{"v":3.7606838911e-05,"d":"0.00"},{"v":0.000576579968331,"d":"0.00"}]
[2,206,20636,{"v":9646.250242,"d":"9,646.25"},1524,{"v":0.157988852,"d":"0.16"},"G",430,20636000,{"v":9646.25024237,"d":"9,646.25"},107,173,280,{"v":94.31057952,"d":"94.31"},{"v":0.945243625,"d":"0.95"},{"v":264.668214999999,"d":"264.67"},{"v":15.3317849899999,"d":"15.33"},0,"0_20636000_678",{"v":9551.93966284999,"d":"9,551.94"},0,{"v":15.3317849899999,"d":"15.33"},{"v":0.009776916,"d":"0.01"},"0_20636000_678_786","G",{"v":1.00918083034,"d":"1.01"},{"v":1.0565192683E-4,"d":"0.00"},{"v":1.61983262594E-3,"d":"0.00"}]
[2,206,20636,{"v":9646.250242,"d":"9,646.25"},1524,{"v":0.157988852,"d":"0.16"},"G",430,20636000,{"v":9646.25024237,"d":"9,646.25"},107,173,280,{"v":94.31057952,"d":"94.31"},{"v":0.945243625,"d":"0.95"},{"v":264.668214999999,"d":"264.67"},{"v":15.3317849899999,"d":"15.33"},0,"0_20636000_678",{"v":9551.93966284999,"d":"9,551.94"},0,{"v":15.3317849899999,"d":"15.33"},{"v":0.009776916,"d":"0.01"},"0_20636000_678_787","G",{"v":0.437664207322,"d":"0.44"},{"v":4.5819406609e-05,"d":"0.00"},{"v":7.02493290506E-4,"d":"0.00"}]
[2,206,20636,{"v":9646.250242,"d":"9,646.25"},1524,{"v":0.157988852,"d":"0.16"},"G",430,20636000,{"v":9646.25024237,"d":"9,646.25"},107,173,280,{"v":94.31057952,"d":"94.31"},{"v":0.945243625,"d":"0.95"},{"v":264.668214999999,"d":"264.67"},{"v":15.3317849899999,"d":"15.33"},0,"0_20636000_678",{"v":9551.93966284999,"d":"9,551.94"},0,{"v":15.3317849899999,"d":"15.33"},{"v":0.009776916,"d":"0.01"},"0_20636000_678_788","G",{"v":0.253483911927,"d":"0.25"},{"v":2.653742809e-05,"d":"0.00"},{"v":0.00040686614167,"d":"0.00"}]
[2,206,20636,{"v":9646.250242,"d":"9,646.25"},1524,{"v":0.157988852,"d":"0.16"},"G",430,20636000,{"v":9646.25024237,"d":"9,646.25"},107,173,280,{"v":94.31057952,"d":"94.31"},{"v":0.945243625,"d":"0.95"},{"v":264.668214999999,"d":"264.67"},{"v":15.3317849899999,"d":"15.33"},0,"0_20636000_678",{"v":9551.93966284999,"d":"9,551.94"},0,{"v":15.3317849899999,"d":"15.33"},{"v":0.009776916,"d":"0.01"},"0_20636000_678_789","G",{"v":0.0123764322018,"d":"0.01"},{"v":1.295698323e-06,"d":"0.00"},{"v":1.9865368098999998E-5,"d":"0.00"}]
[2,206,20636,{"v":9646.250242,"d":"9,646.25"},1524,{"v":0.157988852,"d":"0.16"},"G",430,20636000,{"v":9646.25024237,"d":"9,646.25"},107,173,280,{"v":94.31057952,"d":"94.31"},{"v":0.945243625,"d":"0.95"},{"v":264.668214999999,"d":"264.67"},{"v":15.3317849899999,"d":"15.33"},0,"0_20636000_678",{"v":9551.93966284999,"d":"9,551.94"},0,{"v":15.3317849899999,"d":"15.33"},{"v":0.009776916,"d":"0.01"},"0_20636000_678_790","G",{"v":1.06082902262,"d":"1.06"},{"v":1.1105901629E-4,"d":"0.00"},{"v":0.00170273295896,"d":"0.00"}]
[2,206,20636,{"v":9646.250242,"d":"9,646.25"},1524,{"v":0.157988852,"d":"0.16"},"G",430,20636000,{"v":9646.25024237,"d":"9,646.25"},107,173,280,{"v":94.31057952,"d":"94.31"},{"v":0.945243625,"d":"0.95"},{"v":264.668214999999,"d":"264.67"},{"v":15.3317849899999,"d":"15.33"},0,"0_20636000_678",{"v":9551.93966284999,"d":"9,551.94"},0,{"v":15.3317849899999,"d":"15.33"},{"v":0.009776916,"d":"0.01"},"0_20636000_678_791","G",{"v":0.0565604717412,"d":"0.06"},{"v":5.921359822e-06,"d":"0.00"},{"v":9.0785015638e-05,"d":"0.00"}]
[2,206,20636,{"v":9646.250242,"d":"9,646.25"},1524,{"v":0.157988852,"d":"0.16"},"G",430,20636000,{"v":9646.25024237,"d":"9,646.25"},107,173,280,{"v":94.31057952,"d":"94.31"},{"v":0.945243625,"d":"0.95"},{"v":264.668214999999,"d":"264.67"},{"v":15.3317849899999,"d":"15.33"},0,"0_20636000_678",{"v":9551.93966284999,"d":"9,551.94"},0,{"v":15.3317849899999,"d":"15.33"},{"v":0.009776916,"d":"0.01"},"0_20636000_678_792","G",{"v":29.0912990158,"d":"29.09"},{"v":0.0030455907431,"d":"0.00"},{"v":0.0466943424407,"d":"0.05"}]
[2,206,20636,{"v":9646.250242,"d":"9,646.25"},1524,{"v":0.157988852,"d":"0.16"},"G",430,20636000,{"v":9646.25024237,"d":"9,646.25"},107,173,280,{"v":94.31057952,"d":"94.31"},{"v":0.945243625,"d":"0.95"},{"v":264.668214999999,"d":"264.67"},{"v":15.3317849899999,"d":"15.33"},0,"0_20636000_678",{"v":9551.93966284999,"d":"9,551.94"},0,{"v":15.3317849899999,"d":"15.33"},{"v":0.009776916,"d":"0.01"},"0_20636000_678_793","G",{"v":1.29668939475E-3,"d":"0.00"},{"v":1.35751422E-7,"d":"0.00"},{"v":2.081311618e-06,"d":"0.00"}]
[2,206,20637,{"v":8133.06947,"d":"8,133.07"},2039,{"v":0.250704855,"d":"0.25"},"M",410,20637000,{"v":251.700039505,"d":"251.70"},68,310,378,{"v":96.68196208,"d":"96.68"},{"v":0.93996673,"d":"0.94"},{"v":355.307424099999,"d":"355.31"},{"v":22.6925759,"d":"22.69"},0,"0_20637000_679",{"v":155.018077427,"d":"155.02"},0,{"v":22.6925759,"d":"22.69"},{"v":0.3841158,"d":"0.38"},"0_20637000_679_794","außerhalb GKL",{"v":27.6849405807,"d":"27.68"},{"v":0.178591690984,"d":"0.18"},{"v":4.05270550276,"d":"4.05"}]
[2,206,20637,{"v":8133.06947,"d":"8,133.07"},2039,{"v":0.250704855,"d":"0.25"},"M",410,20637000,{"v":251.700039505,"d":"251.70"},68,310,378,{"v":96.68196208,"d":"96.68"},{"v":0.93996673,"d":"0.94"},{"v":355.307424099999,"d":"355.31"},{"v":22.6925759,"d":"22.69"},0,"0_20637000_679",{"v":155.018077427,"d":"155.02"},0,{"v":22.6925759,"d":"22.69"},{"v":0.3841158,"d":"0.38"},"0_20637000_679_795","außerhalb GKL",{"v":0.574720612134,"d":"0.57"},{"v":3.70744252331E-3,"d":"0.00"},{"v":0.0841314208551,"d":"0.08"}]
[2,206,20637,{"v":8133.06947,"d":"8,133.07"},2039,{"v":0.250704855,"d":"0.25"},"M",410,20637000,{"v":251.700039505,"d":"251.70"},68,310,378,{"v":96.68196208,"d":"96.68"},{"v":0.93996673,"d":"0.94"},{"v":355.307424099999,"d":"355.31"},{"v":22.6925759,"d":"22.69"},0,"0_20637000_679",{"v":155.018077427,"d":"155.02"},0,{"v":22.6925759,"d":"22.69"},{"v":0.3841158,"d":"0.38"},"0_20637000_679_796","außerhalb GKL",{"v":70.1189479817,"d":"70.12"},{"v":0.452327555247,"d":"0.45"},{"v":10.2644773791,"d":"10.26"}]
[2,206,20637,{"v":8133.06947,"d":"8,133.07"},2039,{"v":0.250704855,"d":"0.25"},"M",410,20637000,{"v":251.700039505,"d":"251.70"},68,310,378,{"v":96.68196208,"d":"96.68"},{"v":0.93996673,"d":"0.94"},{"v":355.307424099999,"d":"355.31"},{"v":22.6925759,"d":"22.69"},0,"0_20637000_679",{"v":155.018077427,"d":"155.02"},0,{"v":22.6925759,"d":"22.69"},{"v":0.3841158,"d":"0.38"},"0_20637000_679_797","außerhalb GKL",{"v":0.00244286238467,"d":"0.00"},{"v":1.5758564583e-05,"d":"0.00"},{"v":0.000357602422875,"d":"0.00"}]
[2,206,20637,{"v":8133.06947,"d":"8,133.07"},2039,{"v":0.250704855,"d":"0.25"},"M",410,20637000,{"v":251.700039505,"d":"251.70"},68,310,378,{"v":96.68196208,"d":"96.68"},{"v":0.93996673,"d":"0.94"},{"v":355.307424099999,"d":"355.31"},{"v":22.6925759,"d":"22.69"},0,"0_20637000_679",{"v":155.018077427,"d":"155.02"},0,{"v":22.6925759,"d":"22.69"},{"v":0.3841158,"d":"0.38"},"0_20637000_679_798","außerhalb GKL",{"v":0.0311873954862,"d":"0.03"},{"v":0.000201185539157,"d":"0.00"},{"v":0.0045654181173,"d":"0.00"}]
[2,206,20637,{"v":8133.06947,"d":"8,133.07"},2039,{"v":0.250704855,"d":"0.25"},"M",410,20637000,{"v":251.700039505,"d":"251.70"},68,310,378,{"v":96.68196208,"d":"96.68"},{"v":0.93996673,"d":"0.94"},{"v":355.307424099999,"d":"355.31"},{"v":22.6925759,"d":"22.69"},0,"0_20637000_679",{"v":155.018077427,"d":"155.02"},0,{"v":22.6925759,"d":"22.69"},{"v":0.3841158,"d":"0.38"},"0_20637000_679_799","außerhalb GKL",{"v":1.06276679316,"d":"1.06"},{"v":0.0068557603784,"d":"0.01"},{"v":0.155574862739,"d":"0.16"}]
[2,206,20637,{"v":8133.06947,"d":"8,133.07"},2039,{"v":0.250704855,"d":"0.25"},"M",410,20637000,{"v":251.700039505,"d":"251.70"},68,310,378,{"v":96.68196208,"d":"96.68"},{"v":0.93996673,"d":"0.94"},{"v":355.307424099999,"d":"355.31"},{"v":22.6925759,"d":"22.69"},0,"0_20637000_679",{"v":155.018077427,"d":"155.02"},0,{"v":22.6925759,"d":"22.69"},{"v":0.3841158,"d":"0.38"},"0_20637000_679_800","außerhalb GKL",{"v":0.0252764915384,"d":"0.03"},{"v":0.000163055122073,"d":"0.00"},{"v":3.70014073353E-3,"d":"0.00"}]
[2,206,20637,{"v":8133.06947,"d":"8,133.07"},2039,{"v":0.250704855,"d":"0.25"},"M",410,20637000,{"v":251.700039505,"d":"251.70"},68,310,378,{"v":96.68196208,"d":"96.68"},{"v":0.93996673,"d":"0.94"},{"v":355.307424099999,"d":"355.31"},{"v":22.6925759,"d":"22.69"},0,"0_20637000_679",{"v":155.018077427,"d":"155.02"},0,{"v":22.6925759,"d":"22.69"},{"v":0.3841158,"d":"0.38"},"0_20637000_679_801","C",{"v":3.02570647575,"d":"3.03"},{"v":0.0195184105362,"d":"0.02"},{"v":0.44292301254,"d":"0.44"}]
[2,206,20637,{"v":8133.06947,"d":"8,133.07"},2039,{"v":0.250704855,"d":"0.25"},"M",410,20637000,{"v":251.700039505,"d":"251.70"},68,310,378,{"v":96.68196208,"d":"96.68"},{"v":0.93996673,"d":"0.94"},{"v":355.307424099999,"d":"355.31"},{"v":22.6925759,"d":"22.69"},0,"0_20637000_679",{"v":155.018077427,"d":"155.02"},0,{"v":22.6925759,"d":"22.69"},{"v":0.3841158,"d":"0.38"},"0_20637000_679_802","D",{"v":7.31878272299,"d":"7.32"},{"v":0.0472124467318,"d":"0.05"},{"v":1.07137203089,"d":"1.07"}]
[2,206,20637,{"v":8133.06947,"d":"8,133.07"},2039,{"v":0.250704855,"d":"0.25"},"M",410,20637000,{"v":251.700039505,"d":"251.70"},68,310,378,{"v":96.68196208,"d":"96.68"},{"v":0.93996673,"d":"0.94"},{"v":355.307424099999,"d":"355.31"},{"v":22.6925759,"d":"22.69"},0,"0_20637000_679",{"v":155.018077427,"d":"155.02"},0,{"v":22.6925759,"d":"22.69"},{"v":0.3841158,"d":"0.38"},"0_20637000_679_803","E",{"v":2.53258264596,"d":"2.53"},{"v":0.016337337477,"d":"0.02"},{"v":0.370736270701,"d":"0.37"}]
[2,206,20637,{"v":8133.06947,"d":"8,133.07"},2039,{"v":0.250704855,"d":"0.25"},"M",410,20637000,{"v":251.700039505,"d":"251.70"},68,310,378,{"v":96.68196208,"d":"96.68"},{"v":0.93996673,"d":"0.94"},{"v":355.307424099999,"d":"355.31"},{"v":22.6925759,"d":"22.69"},0,"0_20637000_679",{"v":155.018077427,"d":"155.02"},0,{"v":22.6925759,"d":"22.69"},{"v":0.3841158,"d":"0.38"},"0_20637000_679_804","E",{"v":4.1113618069,"d":"4.11"},{"v":0.0265218216813,"d":"0.03"},{"v":0.601848451509,"d":"0.60"}]
[2,206,20637,{"v":8133.06947,"d":"8,133.07"},2039,{"v":0.250704855,"d":"0.25"},"M",410,20637000,{"v":251.700039505,"d":"251.70"},68,310,378,{"v":96.68196208,"d":"96.68"},{"v":0.93996673,"d":"0.94"},{"v":355.307424099999,"d":"355.31"},{"v":22.6925759,"d":"22.69"},0,"0_20637000_679",{"v":155.018077427,"d":"155.02"},0,{"v":22.6925759,"d":"22.69"},{"v":0.3841158,"d":"0.38"},"0_20637000_679_805","E",{"v":0.184856314165,"d":"0.18"},{"v":1.19248230421E-3,"d":"0.00"},{"v":0.0270604951977,"d":"0.03"}]
[2,206,20637,{"v":8133.06947,"d":"8,133.07"},2039,{"v":0.250704855,"d":"0.25"},"M",410,20637000,{"v":251.700039505,"d":"251.70"},68,310,378,{"v":96.68196208,"d":"96.68"},{"v":0.93996673,"d":"0.94"},{"v":355.307424099999,"d":"355.31"},{"v":22.6925759,"d":"22.69"},0,"0_20637000_679",{"v":155.018077427,"d":"155.02"},0,{"v":22.6925759,"d":"22.69"},{"v":0.3841158,"d":"0.38"},"0_20637000_679_806","E",{"v":0.000718886752373,"d":"0.00"},{"v":4.63743819e-06,"d":"0.00"},{"v":0.000105235418104,"d":"0.00"}]
[2,206,20637,{"v":8133.06947,"d":"8,133.07"},2039,{"v":0.250704855,"d":"0.25"},"M",410,20637000,{"v":251.700039505,"d":"251.70"},68,310,378,{"v":96.68196208,"d":"96.68"},{"v":0.93996673,"d":"0.94"},{"v":355.307424099999,"d":"355.31"},{"v":22.6925759,"d":"22.69"},0,"0_20637000_679",{"v":155.018077427,"d":"155.02"},0,{"v":22.6925759,"d":"22.69"},{"v":0.3841158,"d":"0.38"},"0_20637000_679_807","E",{"v":1.08906796962,"d":"1.09"},{"v":0.00702542560001,"d":"0.01"},{"v":0.159425003658,"d":"0.16"}]
[2,206,20637,{"v":8133.06947,"d":"8,133.07"},2039,{"v":0.250704855,"d":"0.25"},"M",410,20637000,{"v":251.700039505,"d":"251.70"},68,310,378,{"v":96.68196208,"d":"96.68"},{"v":0.93996673,"d":"0.94"},{"v":355.307424099999,"d":"355.31"},{"v":22.6925759,"d":"22.69"},0,"0_20637000_679",{"v":155.018077427,"d":"155.02"},0,{"v":22.6925759,"d":"22.69"},{"v":0.3841158,"d":"0.38"},"0_20637000_679_808","F",{"v":3.93780435422,"d":"3.94"},{"v":0.0254022267569,"d":"0.03"},{"v":0.57644195871,"d":"0.58"}]
[2,206,20637,{"v":8133.06947,"d":"8,133.07"},2039,{"v":0.250704855,"d":"0.25"},"M",410,20637000,{"v":251.700039505,"d":"251.70"},68,310,378,{"v":96.68196208,"d":"96.68"},{"v":0.93996673,"d":"0.94"},{"v":355.307424099999,"d":"355.31"},{"v":22.6925759,"d":"22.69"},0,"0_20637000_679",{"v":155.018077427,"d":"155.02"},0,{"v":22.6925759,"d":"22.69"},{"v":0.3841158,"d":"0.38"},"0_20637000_679_809","F",{"v":0.060113542255,"d":"0.06"},{"v":0.000387784078172,"d":"0.00"},{"v":0.00879981962673,"d":"0.01"}]
[2,206,20637,{"v":8133.06947,"d":"8,133.07"},2039,{"v":0.250704855,"d":"0.25"},"M",410,20637000,{"v":251.700039505,"d":"251.70"},68,310,378,{"v":96.68196208,"d":"96.68"},{"v":0.93996673,"d":"0.94"},{"v":355.307424099999,"d":"355.31"},{"v":22.6925759,"d":"22.69"},0,"0_20637000_679",{"v":155.018077427,"d":"155.02"},0,{"v":22.6925759,"d":"22.69"},{"v":0.3841158,"d":"0.38"},"0_20637000_679_810","F",{"v":1.86338321437,"d":"1.86"},{"v":0.0120204252646,"d":"0.01"},{"v":0.272774412667,"d":"0.27"}]
[2,206,20637,{"v":8133.06947,"d":"8,133.07"},2039,{"v":0.250704855,"d":"0.25"},"M",410,20637000,{"v":251.700039505,"d":"251.70"},68,310,378,{"v":96.68196208,"d":"96.68"},{"v":0.93996673,"d":"0.94"},{"v":355.307424099999,"d":"355.31"},{"v":22.6925759,"d":"22.69"},0,"0_20637000_679",{"v":155.018077427,"d":"155.02"},0,{"v":22.6925759,"d":"22.69"},{"v":0.3841158,"d":"0.38"},"0_20637000_679_811","F",{"v":1.04550163466,"d":"1.05"},{"v":6.74438524857E-3,"d":"0.01"},{"v":0.153047474152,"d":"0.15"}]
[2,206,20637,{"v":8133.06947,"d":"8,133.07"},2039,{"v":0.250704855,"d":"0.25"},"M",410,20637000,{"v":251.700039505,"d":"251.70"},68,310,378,{"v":96.68196208,"d":"96.68"},{"v":0.93996673,"d":"0.94"},{"v":355.307424099999,"d":"355.31"},{"v":22.6925759,"d":"22.69"},0,"0_20637000_679",{"v":155.018077427,"d":"155.02"},0,{"v":22.6925759,"d":"22.69"},{"v":0.3841158,"d":"0.38"},"0_20637000_679_812","F",{"v":0.662085809903,"d":"0.66"},{"v":0.00427102323092,"d":"0.00"},{"v":0.0969205188383,"d":"0.10"}]
[2,206,20637,{"v":8133.06947,"d":"8,133.07"},2039,{"v":0.250704855,"d":"0.25"},"M",410,20637000,{"v":251.700039505,"d":"251.70"},68,310,378,{"v":96.68196208,"d":"96.68"},{"v":0.93996673,"d":"0.94"},{"v":355.307424099999,"d":"355.31"},{"v":22.6925759,"d":"22.69"},0,"0_20637000_679",{"v":155.018077427,"d":"155.02"},0,{"v":22.6925759,"d":"22.69"},{"v":0.3841158,"d":"0.38"},"0_20637000_679_813","G",{"v":20.9177397169,"d":"20.92"},{"v":0.134937421906,"d":"0.13"},{"v":3.06207768835,"d":"3.06"}]
[2,206,20637,{"v":8133.06947,"d":"8,133.07"},2039,{"v":0.250704855,"d":"0.25"},"M",410,20637000,{"v":251.700039505,"d":"251.70"},68,310,378,{"v":96.68196208,"d":"96.68"},{"v":0.93996673,"d":"0.94"},{"v":355.307424099999,"d":"355.31"},{"v":22.6925759,"d":"22.69"},0,"0_20637000_679",{"v":155.018077427,"d":"155.02"},0,{"v":22.6925759,"d":"22.69"},{"v":0.3841158,"d":"0.38"},"0_20637000_679_814","G",{"v":0.0818309483438,"d":"0.08"},{"v":0.000527880036329,"d":"0.00"},{"v":0.0119789577905,"d":"0.01"}]
[2,206,20637,{"v":8133.06947,"d":"8,133.07"},2039,{"v":0.250704855,"d":"0.25"},"M",410,20637000,{"v":251.700039505,"d":"251.70"},68,310,378,{"v":96.68196208,"d":"96.68"},{"v":0.93996673,"d":"0.94"},{"v":355.307424099999,"d":"355.31"},{"v":22.6925759,"d":"22.69"},0,"0_20637000_679",{"v":155.018077427,"d":"155.02"},0,{"v":22.6925759,"d":"22.69"},{"v":0.3841158,"d":"0.38"},"0_20637000_679_815","G",{"v":1.63151838907,"d":"1.63"},{"v":0.0105246976104,"d":"0.01"},{"v":0.238832499349,"d":"0.24"}]
[2,206,20637,{"v":8133.06947,"d":"8,133.07"},2039,{"v":0.250704855,"d":"0.25"},"M",410,20637000,{"v":251.700039505,"d":"251.70"},68,310,378,{"v":96.68196208,"d":"96.68"},{"v":0.93996673,"d":"0.94"},{"v":355.307424099999,"d":"355.31"},{"v":22.6925759,"d":"22.69"},0,"0_20637000_679",{"v":155.018077427,"d":"155.02"},0,{"v":22.6925759,"d":"22.69"},{"v":0.3841158,"d":"0.38"},"0_20637000_679_816","G",{"v":1.81693715464,"d":"1.82"},{"v":0.0117208082102,"d":"0.01"},{"v":0.265975329919,"d":"0.27"}]
[2,206,20637,{"v":8133.06947,"d":"8,133.07"},2039,{"v":0.250704855,"d":"0.25"},"M",410,20637000,{"v":251.700039505,"d":"251.70"},68,310,378,{"v":96.68196208,"d":"96.68"},{"v":0.93996673,"d":"0.94"},{"v":355.307424099999,"d":"355.31"},{"v":22.6925759,"d":"22.69"},0,"0_20637000_679",{"v":155.018077427,"d":"155.02"},0,{"v":22.6925759,"d":"22.69"},{"v":0.3841158,"d":"0.38"},"0_20637000_679_817","G",{"v":0.876429336574,"d":"0.88"},{"v":0.00565372343098,"d":"0.01"},{"v":0.128297548075,"d":"0.13"}]
[2,206,20637,{"v":8133.06947,"d":"8,133.07"},2039,{"v":0.250704855,"d":"0.25"},"M",410,20637000,{"v":251.700039505,"d":"251.70"},68,310,378,{"v":96.68196208,"d":"96.68"},{"v":0.93996673,"d":"0.94"},{"v":355.307424099999,"d":"355.31"},{"v":22.6925759,"d":"22.69"},0,"0_20637000_679",{"v":155.018077427,"d":"155.02"},0,{"v":22.6925759,"d":"22.69"},{"v":0.3841158,"d":"0.38"},"0_20637000_679_818","G",{"v":0.532163257685,"d":"0.53"},{"v":3.43291096444E-3,"d":"0.00"},{"v":0.0779015926185,"d":"0.08"}]
[2,206,20637,{"v":8133.06947,"d":"8,133.07"},2039,{"v":0.250704855,"d":"0.25"},"M",410,20637000,{"v":251.700039505,"d":"251.70"},68,310,378,{"v":96.68196208,"d":"96.68"},{"v":0.93996673,"d":"0.94"},{"v":355.307424099999,"d":"355.31"},{"v":22.6925759,"d":"22.69"},0,"0_20637000_679",{"v":155.018077427,"d":"155.02"},0,{"v":22.6925759,"d":"22.69"},{"v":0.3841158,"d":"0.38"},"0_20637000_679_819","G",{"v":1.11743471419,"d":"1.12"},{"v":0.00720841551345,"d":"0.01"},{"v":0.163577516158,"d":"0.16"}]
[2,206,20637,{"v":8133.06947,"d":"8,133.07"},2039,{"v":0.250704855,"d":"0.25"},"M",410,20637000,{"v":251.700039505,"d":"251.70"},68,310,378,{"v":96.68196208,"d":"96.68"},{"v":0.93996673,"d":"0.94"},{"v":355.307424099999,"d":"355.31"},{"v":22.6925759,"d":"22.69"},0,"0_20637000_679",{"v":155.018077427,"d":"155.02"},0,{"v":22.6925759,"d":"22.69"},{"v":0.3841158,"d":"0.38"},"0_20637000_679_820","G",{"v":2.71177581534,"d":"2.71"},{"v":0.0174932876239,"d":"0.02"},{"v":0.396967757146,"d":"0.40"}]
[2,206,20640,{"v":3720.582308,"d":"3,720.58"},1214,{"v":0.32629301,"d":"0.33"},"M",410,20640000,{"v":3720.58230808,"d":"3,720.58"},80,443,523,{"v":112.895516099999,"d":"112.90"},{"v":0.93996673,"d":"0.94"},{"v":491.602599999999,"d":"491.60"},{"v":31.39739999,"d":"31.40"},0,"0_20640000_683",{"v":3607.68679198,"d":"3,607.69"},0,{"v":31.39739999,"d":"31.40"},{"v":0.030343507,"d":"0.03"},"0_20640000_683_821","außerhalb GKL",{"v":3366.33414222,"d":"3,366.33"},{"v":0.933100442562,"d":"0.93"},{"v":29.296927826,"d":"29.30"}]
[2,206,20640,{"v":3720.582308,"d":"3,720.58"},1214,{"v":0.32629301,"d":"0.33"},"M",410,20640000,{"v":3720.58230808,"d":"3,720.58"},80,443,523,{"v":112.895516099999,"d":"112.90"},{"v":0.93996673,"d":"0.94"},{"v":491.602599999999,"d":"491.60"},{"v":31.39739999,"d":"31.40"},0,"0_20640000_683",{"v":3607.68679198,"d":"3,607.69"},0,{"v":31.39739999,"d":"31.40"},{"v":0.030343507,"d":"0.03"},"0_20640000_683_822","außerhalb GKL",{"v":3.32521747971,"d":"3.33"},{"v":0.000921703482437,"d":"0.00"},{"v":0.0289390929103,"d":"0.03"}]
[2,206,20640,{"v":3720.582308,"d":"3,720.58"},1214,{"v":0.32629301,"d":"0.33"},"M",410,20640000,{"v":3720.58230808,"d":"3,720.58"},80,443,523,{"v":112.895516099999,"d":"112.90"},{"v":0.93996673,"d":"0.94"},{"v":491.602599999999,"d":"491.60"},{"v":31.39739999,"d":"31.40"},0,"0_20640000_683",{"v":3607.68679198,"d":"3,607.69"},0,{"v":31.39739999,"d":"31.40"},{"v":0.030343507,"d":"0.03"},"0_20640000_683_823","außerhalb GKL",{"v":0.79154703001,"d":"0.79"},{"v":0.000219405695575,"d":"0.00"},{"v":0.00688876838405,"d":"0.01"}]
[2,206,20640,{"v":3720.582308,"d":"3,720.58"},1214,{"v":0.32629301,"d":"0.33"},"M",410,20640000,{"v":3720.58230808,"d":"3,720.58"},80,443,523,{"v":112.895516099999,"d":"112.90"},{"v":0.93996673,"d":"0.94"},{"v":491.602599999999,"d":"491.60"},{"v":31.39739999,"d":"31.40"},0,"0_20640000_683",{"v":3607.68679198,"d":"3,607.69"},0,{"v":31.39739999,"d":"31.40"},{"v":0.030343507,"d":"0.03"},"0_20640000_683_824","E",{"v":7.51816277878E-4,"d":"0.00"},{"v":2.0839289E-7,"d":"0.00"},{"v":6.542994932e-06,"d":"0.00"}]
[2,206,20640,{"v":3720.582308,"d":"3,720.58"},1214,{"v":0.32629301,"d":"0.33"},"M",410,20640000,{"v":3720.58230808,"d":"3,720.58"},80,443,523,{"v":112.895516099999,"d":"112.90"},{"v":0.93996673,"d":"0.94"},{"v":491.602599999999,"d":"491.60"},{"v":31.39739999,"d":"31.40"},0,"0_20640000_683",{"v":3607.68679198,"d":"3,607.69"},0,{"v":31.39739999,"d":"31.40"},{"v":0.030343507,"d":"0.03"},"0_20640000_683_825","E",{"v":0.447086015245,"d":"0.45"},{"v":0.000123925950623,"d":"0.00"},{"v":0.00389095264085,"d":"0.00"}]
[2,206,20640,{"v":3720.582308,"d":"3,720.58"},1214,{"v":0.32629301,"d":"0.33"},"M",410,20640000,{"v":3720.58230808,"d":"3,720.58"},80,443,523,{"v":112.895516099999,"d":"112.90"},{"v":0.93996673,"d":"0.94"},{"v":491.602599999999,"d":"491.60"},{"v":31.39739999,"d":"31.40"},0,"0_20640000_683",{"v":3607.68679198,"d":"3,607.69"},0,{"v":31.39739999,"d":"31.40"},{"v":0.030343507,"d":"0.03"},"0_20640000_683_826","E",{"v":1.71952272642,"d":"1.72"},{"v":0.000476627497221,"d":"0.00"},{"v":0.0149648641765,"d":"0.01"}]
[2,206,20640,{"v":3720.582308,"d":"3,720.58"},1214,{"v":0.32629301,"d":"0.33"},"M",410,20640000,{"v":3720.58230808,"d":"3,720.58"},80,443,523,{"v":112.895516099999,"d":"112.90"},{"v":0.93996673,"d":"0.94"},{"v":491.602599999999,"d":"491.60"},{"v":31.39739999,"d":"31.40"},0,"0_20640000_683",{"v":3607.68679198,"d":"3,607.69"},0,{"v":31.39739999,"d":"31.40"},{"v":0.030343507,"d":"0.03"},"0_20640000_683_827","E",{"v":0.0719662436471,"d":"0.07"},{"v":1.9948029803e-05,"d":"0.00"},{"v":0.000626316270744,"d":"0.00"}]
[2,206,20640,{"v":3720.582308,"d":"3,720.58"},1214,{"v":0.32629301,"d":"0.33"},"M",410,20640000,{"v":3720.58230808,"d":"3,720.58"},80,443,523,{"v":112.895516099999,"d":"112.90"},{"v":0.93996673,"d":"0.94"},{"v":491.602599999999,"d":"491.60"},{"v":31.39739999,"d":"31.40"},0,"0_20640000_683",{"v":3607.68679198,"d":"3,607.69"},0,{"v":31.39739999,"d":"31.40"},{"v":0.030343507,"d":"0.03"},"0_20640000_683_828","E",{"v":7.09248860446,"d":"7.09"},{"v":0.00196593801331,"d":"0.00"},{"v":0.0617253421594,"d":"0.06"}]
[2,206,20640,{"v":3720.582308,"d":"3,720.58"},1214,{"v":0.32629301,"d":"0.33"},"M",410,20640000,{"v":3720.58230808,"d":"3,720.58"},80,443,523,{"v":112.895516099999,"d":"112.90"},{"v":0.93996673,"d":"0.94"},{"v":491.602599999999,"d":"491.60"},{"v":31.39739999,"d":"31.40"},0,"0_20640000_683",{"v":3607.68679198,"d":"3,607.69"},0,{"v":31.39739999,"d":"31.40"},{"v":0.030343507,"d":"0.03"},"0_20640000_683_829","F",{"v":6.40043469041,"d":"6.40"},{"v":0.0017741104091,"d":"0.00"},{"v":0.0557024541409,"d":"0.06"}]
[2,206,20640,{"v":3720.582308,"d":"3,720.58"},1214,{"v":0.32629301,"d":"0.33"},"M",410,20640000,{"v":3720.58230808,"d":"3,720.58"},80,443,523,{"v":112.895516099999,"d":"112.90"},{"v":0.93996673,"d":"0.94"},{"v":491.602599999999,"d":"491.60"},{"v":31.39739999,"d":"31.40"},0,"0_20640000_683",{"v":3607.68679198,"d":"3,607.69"},0,{"v":31.39739999,"d":"31.40"},{"v":0.030343507,"d":"0.03"},"0_20640000_683_830","F",{"v":0.000156500296945,"d":"0.00"},{"v":4.337968e-08,"d":"0.00"},{"v":1.36200915E-6,"d":"0.00"}]
[2,206,20640,{"v":3720.582308,"d":"3,720.58"},1214,{"v":0.32629301,"d":"0.33"},"M",410,20640000,{"v":3720.58230808,"d":"3,720.58"},80,443,523,{"v":112.895516099999,"d":"112.90"},{"v":0.93996673,"d":"0.94"},{"v":491.602599999999,"d":"491.60"},{"v":31.39739999,"d":"31.40"},0,"0_20640000_683",{"v":3607.68679198,"d":"3,607.69"},0,{"v":31.39739999,"d":"31.40"},{"v":0.030343507,"d":"0.03"},"0_20640000_683_831","F",{"v":0.0793895479426,"d":"0.08"},{"v":2.200566527e-05,"d":"0.00"},{"v":0.000690920674522,"d":"0.00"}]
[2,206,20640,{"v":3720.582308,"d":"3,720.58"},1214,{"v":0.32629301,"d":"0.33"},"M",410,20640000,{"v":3720.58230808,"d":"3,720.58"},80,443,523,{"v":112.895516099999,"d":"112.90"},{"v":0.93996673,"d":"0.94"},{"v":491.602599999999,"d":"491.60"},{"v":31.39739999,"d":"31.40"},0,"0_20640000_683",{"v":3607.68679198,"d":"3,607.69"},0,{"v":31.39739999,"d":"31.40"},{"v":0.030343507,"d":"0.03"},"0_20640000_683_832","F",{"v":8.70936298302999,"d":"8.71"},{"v":0.0024141128333,"d":"0.00"},{"v":0.0757968662481,"d":"0.08"}]
[2,206,20640,{"v":3720.582308,"d":"3,720.58"},1214,{"v":0.32629301,"d":"0.33"},"M",410,20640000,{"v":3720.58230808,"d":"3,720.58"},80,443,523,{"v":112.895516099999,"d":"112.90"},{"v":0.93996673,"d":"0.94"},{"v":491.602599999999,"d":"491.60"},{"v":31.39739999,"d":"31.40"},0,"0_20640000_683",{"v":3607.68679198,"d":"3,607.69"},0,{"v":31.39739999,"d":"31.40"},{"v":0.030343507,"d":"0.03"},"0_20640000_683_833","F",{"v":0.0765152279704,"d":"0.08"},{"v":2.120894423e-05,"d":"0.00"},{"v":0.000665905705355,"d":"0.00"}]
[2,206,20640,{"v":3720.582308,"d":"3,720.58"},1214,{"v":0.32629301,"d":"0.33"},"M",410,20640000,{"v":3720.58230808,"d":"3,720.58"},80,443,523,{"v":112.895516099999,"d":"112.90"},{"v":0.93996673,"d":"0.94"},{"v":491.602599999999,"d":"491.60"},{"v":31.39739999,"d":"31.40"},0,"0_20640000_683",{"v":3607.68679198,"d":"3,607.69"},0,{"v":31.39739999,"d":"31.40"},{"v":0.030343507,"d":"0.03"},"0_20640000_683_834","F",{"v":0.139464737477,"d":"0.14"},{"v":3.8657662241E-5,"d":"0.00"},{"v":0.00121375008407,"d":"0.00"}]
[2,206,20640,{"v":3720.582308,"d":"3,720.58"},1214,{"v":0.32629301,"d":"0.33"},"M",410,20640000,{"v":3720.58230808,"d":"3,720.58"},80,443,523,{"v":112.895516099999,"d":"112.90"},{"v":0.93996673,"d":"0.94"},{"v":491.602599999999,"d":"491.60"},{"v":31.39739999,"d":"31.40"},0,"0_20640000_683",{"v":3607.68679198,"d":"3,607.69"},0,{"v":31.39739999,"d":"31.40"},{"v":0.030343507,"d":"0.03"},"0_20640000_683_835","F",{"v":1.27266640596,"d":"1.27"},{"v":0.00035276521476,"d":"0.00"},{"v":0.0110759105504,"d":"0.01"}]
[2,206,20640,{"v":3720.582308,"d":"3,720.58"},1214,{"v":0.32629301,"d":"0.33"},"M",410,20640000,{"v":3720.58230808,"d":"3,720.58"},80,443,523,{"v":112.895516099999,"d":"112.90"},{"v":0.93996673,"d":"0.94"},{"v":491.602599999999,"d":"491.60"},{"v":31.39739999,"d":"31.40"},0,"0_20640000_683",{"v":3607.68679198,"d":"3,607.69"},0,{"v":31.39739999,"d":"31.40"},{"v":0.030343507,"d":"0.03"},"0_20640000_683_836","F",{"v":0.0007931812932,"d":"0.00"},{"v":2.1985869E-7,"d":"0.00"},{"v":6.902991242E-6,"d":"0.00"}]
[2,206,20640,{"v":3720.582308,"d":"3,720.58"},1214,{"v":0.32629301,"d":"0.33"},"M",410,20640000,{"v":3720.58230808,"d":"3,720.58"},80,443,523,{"v":112.895516099999,"d":"112.90"},{"v":0.93996673,"d":"0.94"},{"v":491.602599999999,"d":"491.60"},{"v":31.39739999,"d":"31.40"},0,"0_20640000_683",{"v":3607.68679198,"d":"3,607.69"},0,{"v":31.39739999,"d":"31.40"},{"v":0.030343507,"d":"0.03"},"0_20640000_683_837","F",{"v":4.62584038343,"d":"4.63"},{"v":0.00128221784488,"d":"0.00"},{"v":0.04025830655,"d":"0.04"}]
[2,206,20640,{"v":3720.582308,"d":"3,720.58"},1214,{"v":0.32629301,"d":"0.33"},"M",410,20640000,{"v":3720.58230808,"d":"3,720.58"},80,443,523,{"v":112.895516099999,"d":"112.90"},{"v":0.93996673,"d":"0.94"},{"v":491.602599999999,"d":"491.60"},{"v":31.39739999,"d":"31.40"},0,"0_20640000_683",{"v":3607.68679198,"d":"3,607.69"},0,{"v":31.39739999,"d":"31.40"},{"v":0.030343507,"d":"0.03"},"0_20640000_683_838","F",{"v":0.439496442582,"d":"0.44"},{"v":0.000121822227905,"d":"0.00"},{"v":0.00382490121721,"d":"0.00"}]
[2,206,20640,{"v":3720.582308,"d":"3,720.58"},1214,{"v":0.32629301,"d":"0.33"},"M",410,20640000,{"v":3720.58230808,"d":"3,720.58"},80,443,523,{"v":112.895516099999,"d":"112.90"},{"v":0.93996673,"d":"0.94"},{"v":491.602599999999,"d":"491.60"},{"v":31.39739999,"d":"31.40"},0,"0_20640000_683",{"v":3607.68679198,"d":"3,607.69"},0,{"v":31.39739999,"d":"31.40"},{"v":0.030343507,"d":"0.03"},"0_20640000_683_839","F",{"v":4.34866299269,"d":"4.35"},{"v":0.00120538817348,"d":"0.00"},{"v":0.037846054626,"d":"0.04"}]
[2,206,20640,{"v":3720.582308,"d":"3,720.58"},1214,{"v":0.32629301,"d":"0.33"},"M",410,20640000,{"v":3720.58230808,"d":"3,720.58"},80,443,523,{"v":112.895516099999,"d":"112.90"},{"v":0.93996673,"d":"0.94"},{"v":491.602599999999,"d":"491.60"},{"v":31.39739999,"d":"31.40"},0,"0_20640000_683",{"v":3607.68679198,"d":"3,607.69"},0,{"v":31.39739999,"d":"31.40"},{"v":0.030343507,"d":"0.03"},"0_20640000_683_840","F",{"v":6.32440676465,"d":"6.32"},{"v":1.75303653818E-3,"d":"0.00"},{"v":0.0550407893863,"d":"0.06"}]
[2,206,20640,{"v":3720.582308,"d":"3,720.58"},1214,{"v":0.32629301,"d":"0.33"},"M",410,20640000,{"v":3720.58230808,"d":"3,720.58"},80,443,523,{"v":112.895516099999,"d":"112.90"},{"v":0.93996673,"d":"0.94"},{"v":491.602599999999,"d":"491.60"},{"v":31.39739999,"d":"31.40"},0,"0_20640000_683",{"v":3607.68679198,"d":"3,607.69"},0,{"v":31.39739999,"d":"31.40"},{"v":0.030343507,"d":"0.03"},"0_20640000_683_841","F",{"v":0.00928133937099,"d":"0.01"},{"v":2.572656637e-06,"d":"0.00"},{"v":8.0774729481e-05,"d":"0.00"}]
[2,206,20640,{"v":3720.582308,"d":"3,720.58"},1214,{"v":0.32629301,"d":"0.33"},"M",410,20640000,{"v":3720.58230808,"d":"3,720.58"},80,443,523,{"v":112.895516099999,"d":"112.90"},{"v":0.93996673,"d":"0.94"},{"v":491.602599999999,"d":"491.60"},{"v":31.39739999,"d":"31.40"},0,"0_20640000_683",{"v":3607.68679198,"d":"3,607.69"},0,{"v":31.39739999,"d":"31.40"},{"v":0.030343507,"d":"0.03"},"0_20640000_683_842","F",{"v":9.38302447881999,"d":"9.38"},{"v":0.00260084231804,"d":"0.00"},{"v":0.0816596865704,"d":"0.08"}]
[2,206,20640,{"v":3720.582308,"d":"3,720.58"},1214,{"v":0.32629301,"d":"0.33"},"M",410,20640000,{"v":3720.58230808,"d":"3,720.58"},80,443,523,{"v":112.895516099999,"d":"112.90"},{"v":0.93996673,"d":"0.94"},{"v":491.602599999999,"d":"491.60"},{"v":31.39739999,"d":"31.40"},0,"0_20640000_683",{"v":3607.68679198,"d":"3,607.69"},0,{"v":31.39739999,"d":"31.40"},{"v":0.030343507,"d":"0.03"},"0_20640000_683_843","F",{"v":0.203727719508,"d":"0.20"},{"v":5.6470456349e-05,"d":"0.00"},{"v":1.77302550561E-3,"d":"0.00"}]
[2,206,20640,{"v":3720.582308,"d":"3,720.58"},1214,{"v":0.32629301,"d":"0.33"},"M",410,20640000,{"v":3720.58230808,"d":"3,720.58"},80,443,523,{"v":112.895516099999,"d":"112.90"},{"v":0.93996673,"d":"0.94"},{"v":491.602599999999,"d":"491.60"},{"v":31.39739999,"d":"31.40"},0,"0_20640000_683",{"v":3607.68679198,"d":"3,607.69"},0,{"v":31.39739999,"d":"31.40"},{"v":0.030343507,"d":"0.03"},"0_20640000_683_844","G",{"v":28.372004945,"d":"28.37"},{"v":0.0078643204305,"d":"0.01"},{"v":0.246919214206,"d":"0.25"}]
[2,206,20640,{"v":3720.582308,"d":"3,720.58"},1214,{"v":0.32629301,"d":"0.33"},"M",410,20640000,{"v":3720.58230808,"d":"3,720.58"},80,443,523,{"v":112.895516099999,"d":"112.90"},{"v":0.93996673,"d":"0.94"},{"v":491.602599999999,"d":"491.60"},{"v":31.39739999,"d":"31.40"},0,"0_20640000_683",{"v":3607.68679198,"d":"3,607.69"},0,{"v":31.39739999,"d":"31.40"},{"v":0.030343507,"d":"0.03"},"0_20640000_683_845","G",{"v":84.6549764748999,"d":"84.65"},{"v":0.0234651679473,"d":"0.02"},{"v":0.736745263874,"d":"0.74"}]
[2,206,20640,{"v":3720.582308,"d":"3,720.58"},1214,{"v":0.32629301,"d":"0.33"},"M",410,20640000,{"v":3720.58230808,"d":"3,720.58"},80,443,523,{"v":112.895516099999,"d":"112.90"},{"v":0.93996673,"d":"0.94"},{"v":491.602599999999,"d":"491.60"},{"v":31.39739999,"d":"31.40"},0,"0_20640000_683",{"v":3607.68679198,"d":"3,607.69"},0,{"v":31.39739999,"d":"31.40"},{"v":0.030343507,"d":"0.03"},"0_20640000_683_846","G",{"v":3.50431480383,"d":"3.50"},{"v":0.000971346739861,"d":"0.00"},{"v":0.0304977621204,"d":"0.03"}]
[2,206,20640,{"v":3720.582308,"d":"3,720.58"},1214,{"v":0.32629301,"d":"0.33"},"M",410,20640000,{"v":3720.58230808,"d":"3,720.58"},80,443,523,{"v":112.895516099999,"d":"112.90"},{"v":0.93996673,"d":"0.94"},{"v":491.602599999999,"d":"491.60"},{"v":31.39739999,"d":"31.40"},0,"0_20640000_683",{"v":3607.68679198,"d":"3,607.69"},0,{"v":31.39739999,"d":"31.40"},{"v":0.030343507,"d":"0.03"},"0_20640000_683_847","G",{"v":15.4955738272999,"d":"15.50"},{"v":0.00429515496238,"d":"0.00"},{"v":0.134856698373,"d":"0.13"}]
[2,206,20640,{"v":3720.582308,"d":"3,720.58"},1214,{"v":0.32629301,"d":"0.33"},"M",410,20640000,{"v":3720.58230808,"d":"3,720.58"},80,443,523,{"v":112.895516099999,"d":"112.90"},{"v":0.93996673,"d":"0.94"},{"v":491.602599999999,"d":"491.60"},{"v":31.39739999,"d":"31.40"},0,"0_20640000_683",{"v":3607.68679198,"d":"3,607.69"},0,{"v":31.39739999,"d":"31.40"},{"v":0.030343507,"d":"0.03"},"0_20640000_683_848","G",{"v":0.0582211259058,"d":"0.06"},{"v":1.613807663e-05,"d":"0.00"},{"v":0.000506693647018,"d":"0.00"}]
[2,206,20640,{"v":3720.582308,"d":"3,720.58"},1214,{"v":0.32629301,"d":"0.33"},"M",410,20640000,{"v":3720.58230808,"d":"3,720.58"},80,443,523,{"v":112.895516099999,"d":"112.90"},{"v":0.93996673,"d":"0.94"},{"v":491.602599999999,"d":"491.60"},{"v":31.39739999,"d":"31.40"},0,"0_20640000_683",{"v":3607.68679198,"d":"3,607.69"},0,{"v":31.39739999,"d":"31.40"},{"v":0.030343507,"d":"0.03"},"0_20640000_683_849","G",{"v":37.8422543076,"d":"37.84"},{"v":0.0104893402586,"d":"0.01"},{"v":0.32933801173,"d":"0.33"}]
[2,206,20640,{"v":3720.582308,"d":"3,720.58"},1214,{"v":0.32629301,"d":"0.33"},"M",410,20640000,{"v":3720.58230808,"d":"3,720.58"},80,443,523,{"v":112.895516099999,"d":"112.90"},{"v":0.93996673,"d":"0.94"},{"v":491.602599999999,"d":"491.60"},{"v":31.39739999,"d":"31.40"},0,"0_20640000_683",{"v":3607.68679198,"d":"3,607.69"},0,{"v":31.39739999,"d":"31.40"},{"v":0.030343507,"d":"0.03"},"0_20640000_683_850","G",{"v":0.79216398499,"d":"0.79"},{"v":2.19576706811E-4,"d":"0.00"},{"v":0.00689413769223,"d":"0.01"}]
[2,206,20640,{"v":3720.582308,"d":"3,720.58"},1214,{"v":0.32629301,"d":"0.33"},"M",410,20640000,{"v":3720.58230808,"d":"3,720.58"},80,443,523,{"v":112.895516099999,"d":"112.90"},{"v":0.93996673,"d":"0.94"},{"v":491.602599999999,"d":"491.60"},{"v":31.39739999,"d":"31.40"},0,"0_20640000_683",{"v":3607.68679198,"d":"3,607.69"},0,{"v":31.39739999,"d":"31.40"},{"v":0.030343507,"d":"0.03"},"0_20640000_683_851","G",{"v":0.000200382010542,"d":"0.00"},{"v":5.5543073e-08,"d":"0.00"},{"v":1.743908077e-06,"d":"0.00"}]
[2,206,20640,{"v":3720.582308,"d":"3,720.58"},1214,{"v":0.32629301,"d":"0.33"},"M",410,20640000,{"v":3720.58230808,"d":"3,720.58"},80,443,523,{"v":112.895516099999,"d":"112.90"},{"v":0.93996673,"d":"0.94"},{"v":491.602599999999,"d":"491.60"},{"v":31.39739999,"d":"31.40"},0,"0_20640000_683",{"v":3607.68679198,"d":"3,607.69"},0,{"v":31.39739999,"d":"31.40"},{"v":0.030343507,"d":"0.03"},"0_20640000_683_852","G",{"v":15.1626640793,"d":"15.16"},{"v":0.00420287706599,"d":"0.00"},{"v":0.13195941235,"d":"0.13"}]
[2,206,20640,{"v":3720.582308,"d":"3,720.58"},1214,{"v":0.32629301,"d":"0.33"},"M",410,20640000,{"v":3720.58230808,"d":"3,720.58"},80,443,523,{"v":112.895516099999,"d":"112.90"},{"v":0.93996673,"d":"0.94"},{"v":491.602599999999,"d":"491.60"},{"v":31.39739999,"d":"31.40"},0,"0_20640000_683",{"v":3607.68679198,"d":"3,607.69"},0,{"v":31.39739999,"d":"31.40"},{"v":0.030343507,"d":"0.03"},"0_20640000_683_853","G",{"v":0.00847251730281,"d":"0.01"},{"v":2.348462544e-06,"d":"0.00"},{"v":7.3735617867e-05,"d":"0.00"}]
[5,502,50204,{"v":8209.41417999999,"d":"8,209.41"},4313,{"v":0.525372445,"d":"0.53"},"M",310,50204000,{"v":93.5842529149999,"d":"93.58"},111,656,767,{"v":67.3413821399999,"d":"67.34"},{"v":0.967661341,"d":"0.97"},{"v":742.1962485,"d":"742.20"},{"v":24.8037515199999,"d":"24.80"},0,"0_50204000_4253",{"v":26.2428707716,"d":"26.24"},0,{"v":24.8037515199999,"d":"24.80"},{"v":0.719580272,"d":"0.72"},"0_50204000_4253_854","außerhalb GKL",{"v":0.678052751744,"d":"0.68"},{"v":0.0258375982432,"d":"0.03"},{"v":0.640869366698,"d":"0.64"}]
[5,502,50204,{"v":8209.41417999999,"d":"8,209.41"},4313,{"v":0.525372445,"d":"0.53"},"M",310,50204000,{"v":93.5842529149999,"d":"93.58"},111,656,767,{"v":67.3413821399999,"d":"67.34"},{"v":0.967661341,"d":"0.97"},{"v":742.1962485,"d":"742.20"},{"v":24.8037515199999,"d":"24.80"},0,"0_50204000_4253",{"v":26.2428707716,"d":"26.24"},0,{"v":24.8037515199999,"d":"24.80"},{"v":0.719580272,"d":"0.72"},"0_50204000_4253_855","außerhalb GKL",{"v":0.0379138419509,"d":"0.04"},{"v":0.00144472920973,"d":"0.00"},{"v":0.0358347043318,"d":"0.04"}]
[5,502,50204,{"v":8209.41417999999,"d":"8,209.41"},4313,{"v":0.525372445,"d":"0.53"},"M",310,50204000,{"v":93.5842529149999,"d":"93.58"},111,656,767,{"v":67.3413821399999,"d":"67.34"},{"v":0.967661341,"d":"0.97"},{"v":742.1962485,"d":"742.20"},{"v":24.8037515199999,"d":"24.80"},0,"0_50204000_4253",{"v":26.2428707716,"d":"26.24"},0,{"v":24.8037515199999,"d":"24.80"},{"v":0.719580272,"d":"0.72"},"0_50204000_4253_856","A",{"v":4.49001655358E-4,"d":"0.00"},{"v":1.7109471722e-05,"d":"0.00"},{"v":4.24379085219E-4,"d":"0.00"}]
[5,502,50204,{"v":8209.41417999999,"d":"8,209.41"},4313,{"v":0.525372445,"d":"0.53"},"M",310,50204000,{"v":93.5842529149999,"d":"93.58"},111,656,767,{"v":67.3413821399999,"d":"67.34"},{"v":0.967661341,"d":"0.97"},{"v":742.1962485,"d":"742.20"},{"v":24.8037515199999,"d":"24.80"},0,"0_50204000_4253",{"v":26.2428707716,"d":"26.24"},0,{"v":24.8037515199999,"d":"24.80"},{"v":0.719580272,"d":"0.72"},"0_50204000_4253_857","B",{"v":0.0086237661442,"d":"0.01"},{"v":0.000328613672614,"d":"0.00"},{"v":0.00815085188159,"d":"0.01"}]
[5,502,50204,{"v":8209.41417999999,"d":"8,209.41"},4313,{"v":0.525372445,"d":"0.53"},"M",310,50204000,{"v":93.5842529149999,"d":"93.58"},111,656,767,{"v":67.3413821399999,"d":"67.34"},{"v":0.967661341,"d":"0.97"},{"v":742.1962485,"d":"742.20"},{"v":24.8037515199999,"d":"24.80"},0,"0_50204000_4253",{"v":26.2428707716,"d":"26.24"},0,{"v":24.8037515199999,"d":"24.80"},{"v":0.719580272,"d":"0.72"},"0_50204000_4253_858","B",{"v":0.866335960673,"d":"0.87"},{"v":0.0330122404753,"d":"0.03"},{"v":0.818827409868,"d":"0.82"}]
[5,502,50204,{"v":8209.41417999999,"d":"8,209.41"},4313,{"v":0.525372445,"d":"0.53"},"M",310,50204000,{"v":93.5842529149999,"d":"93.58"},111,656,767,{"v":67.3413821399999,"d":"67.34"},{"v":0.967661341,"d":"0.97"},{"v":742.1962485,"d":"742.20"},{"v":24.8037515199999,"d":"24.80"},0,"0_50204000_4253",{"v":26.2428707716,"d":"26.24"},0,{"v":24.8037515199999,"d":"24.80"},{"v":0.719580272,"d":"0.72"},"0_50204000_4253_859","C",{"v":0.267621855462,"d":"0.27"},{"v":0.0101978879442,"d":"0.01"},{"v":0.252945878597,"d":"0.25"}]
[5,502,50204,{"v":8209.41417999999,"d":"8,209.41"},4313,{"v":0.525372445,"d":"0.53"},"M",310,50204000,{"v":93.5842529149999,"d":"93.58"},111,656,767,{"v":67.3413821399999,"d":"67.34"},{"v":0.967661341,"d":"0.97"},{"v":742.1962485,"d":"742.20"},{"v":24.8037515199999,"d":"24.80"},0,"0_50204000_4253",{"v":26.2428707716,"d":"26.24"},0,{"v":24.8037515199999,"d":"24.80"},{"v":0.719580272,"d":"0.72"},"0_50204000_4253_860","C",{"v":0.231954689886,"d":"0.23"},{"v":0.0088387696569,"d":"0.01"},{"v":0.219234646312,"d":"0.22"}]
[5,502,50204,{"v":8209.41417999999,"d":"8,209.41"},4313,{"v":0.525372445,"d":"0.53"},"M",310,50204000,{"v":93.5842529149999,"d":"93.58"},111,656,767,{"v":67.3413821399999,"d":"67.34"},{"v":0.967661341,"d":"0.97"},{"v":742.1962485,"d":"742.20"},{"v":24.8037515199999,"d":"24.80"},0,"0_50204000_4253",{"v":26.2428707716,"d":"26.24"},0,{"v":24.8037515199999,"d":"24.80"},{"v":0.719580272,"d":"0.72"},"0_50204000_4253_861","C",{"v":0.258378438111,"d":"0.26"},{"v":0.00984566209847,"d":"0.01"},{"v":0.24420935624,"d":"0.24"}]
[5,502,50204,{"v":8209.41417999999,"d":"8,209.41"},4313,{"v":0.525372445,"d":"0.53"},"M",310,50204000,{"v":93.5842529149999,"d":"93.58"},111,656,767,{"v":67.3413821399999,"d":"67.34"},{"v":0.967661341,"d":"0.97"},{"v":742.1962485,"d":"742.20"},{"v":24.8037515199999,"d":"24.80"},0,"0_50204000_4253",{"v":26.2428707716,"d":"26.24"},0,{"v":24.8037515199999,"d":"24.80"},{"v":0.719580272,"d":"0.72"},"0_50204000_4253_862","C",{"v":1.47063961705,"d":"1.47"},{"v":0.0560395861356,"d":"0.06"},{"v":1.38999196979,"d":"1.39"}]
[5,502,50204,{"v":8209.41417999999,"d":"8,209.41"},4313,{"v":0.525372445,"d":"0.53"},"M",310,50204000,{"v":93.5842529149999,"d":"93.58"},111,656,767,{"v":67.3413821399999,"d":"67.34"},{"v":0.967661341,"d":"0.97"},{"v":742.1962485,"d":"742.20"},{"v":24.8037515199999,"d":"24.80"},0,"0_50204000_4253",{"v":26.2428707716,"d":"26.24"},0,{"v":24.8037515199999,"d":"24.80"},{"v":0.719580272,"d":"0.72"},"0_50204000_4253_863","C",{"v":0.752171802821,"d":"0.75"},{"v":0.0286619482056,"d":"0.03"},{"v":0.710923841371,"d":"0.71"}]
[5,502,50204,{"v":8209.41417999999,"d":"8,209.41"},4313,{"v":0.525372445,"d":"0.53"},"M",310,50204000,{"v":93.5842529149999,"d":"93.58"},111,656,767,{"v":67.3413821399999,"d":"67.34"},{"v":0.967661341,"d":"0.97"},{"v":742.1962485,"d":"742.20"},{"v":24.8037515199999,"d":"24.80"},0,"0_50204000_4253",{"v":26.2428707716,"d":"26.24"},0,{"v":24.8037515199999,"d":"24.80"},{"v":0.719580272,"d":"0.72"},"0_50204000_4253_864","D",{"v":0.0982485170237,"d":"0.10"},{"v":0.0037438174306,"d":"0.00"},{"v":0.0928607172848,"d":"0.09"}]
[5,502,50204,{"v":8209.41417999999,"d":"8,209.41"},4313,{"v":0.525372445,"d":"0.53"},"M",310,50204000,{"v":93.5842529149999,"d":"93.58"},111,656,767,{"v":67.3413821399999,"d":"67.34"},{"v":0.967661341,"d":"0.97"},{"v":742.1962485,"d":"742.20"},{"v":24.8037515199999,"d":"24.80"},0,"0_50204000_4253",{"v":26.2428707716,"d":"26.24"},0,{"v":24.8037515199999,"d":"24.80"},{"v":0.719580272,"d":"0.72"},"0_50204000_4253_865","D",{"v":0.787036528882,"d":"0.79"},{"v":0.0299904890639,"d":"0.03"},{"v":0.743876638704,"d":"0.74"}]
[5,502,50204,{"v":8209.41417999999,"d":"8,209.41"},4313,{"v":0.525372445,"d":"0.53"},"M",310,50204000,{"v":93.5842529149999,"d":"93.58"},111,656,767,{"v":67.3413821399999,"d":"67.34"},{"v":0.967661341,"d":"0.97"},{"v":742.1962485,"d":"742.20"},{"v":24.8037515199999,"d":"24.80"},0,"0_50204000_4253",{"v":26.2428707716,"d":"26.24"},0,{"v":24.8037515199999,"d":"24.80"},{"v":0.719580272,"d":"0.72"},"0_50204000_4253_866","D",{"v":0.347296260071,"d":"0.35"},{"v":0.0132339279149,"d":"0.01"},{"v":0.328251059635,"d":"0.33"}]
[5,502,50204,{"v":8209.41417999999,"d":"8,209.41"},4313,{"v":0.525372445,"d":"0.53"},"M",310,50204000,{"v":93.5842529149999,"d":"93.58"},111,656,767,{"v":67.3413821399999,"d":"67.34"},{"v":0.967661341,"d":"0.97"},{"v":742.1962485,"d":"742.20"},{"v":24.8037515199999,"d":"24.80"},0,"0_50204000_4253",{"v":26.2428707716,"d":"26.24"},0,{"v":24.8037515199999,"d":"24.80"},{"v":0.719580272,"d":"0.72"},"0_50204000_4253_867","D",{"v":8.16174423635,"d":"8.16"},{"v":0.311008056526,"d":"0.31"},{"v":7.71416655479,"d":"7.71"}]
[5,502,50204,{"v":8209.41417999999,"d":"8,209.41"},4313,{"v":0.525372445,"d":"0.53"},"M",310,50204000,{"v":93.5842529149999,"d":"93.58"},111,656,767,{"v":67.3413821399999,"d":"67.34"},{"v":0.967661341,"d":"0.97"},{"v":742.1962485,"d":"742.20"},{"v":24.8037515199999,"d":"24.80"},0,"0_50204000_4253",{"v":26.2428707716,"d":"26.24"},0,{"v":24.8037515199999,"d":"24.80"},{"v":0.719580272,"d":"0.72"},"0_50204000_4253_868","D",{"v":0.733194080683,"d":"0.73"},{"v":0.0279387909602,"d":"0.03"},{"v":0.692986828746,"d":"0.69"}]
[5,502,50204,{"v":8209.41417999999,"d":"8,209.41"},4313,{"v":0.525372445,"d":"0.53"},"M",310,50204000,{"v":93.5842529149999,"d":"93.58"},111,656,767,{"v":67.3413821399999,"d":"67.34"},{"v":0.967661341,"d":"0.97"},{"v":742.1962485,"d":"742.20"},{"v":24.8037515199999,"d":"24.80"},0,"0_50204000_4253",{"v":26.2428707716,"d":"26.24"},0,{"v":24.8037515199999,"d":"24.80"},{"v":0.719580272,"d":"0.72"},"0_50204000_4253_869","E",{"v":0.00406925246245,"d":"0.00"},{"v":1.55061254459E-4,"d":"0.00"},{"v":3.84610082598E-3,"d":"0.00"}]
[5,502,50204,{"v":8209.41417999999,"d":"8,209.41"},4313,{"v":0.525372445,"d":"0.53"},"M",310,50204000,{"v":93.5842529149999,"d":"93.58"},111,656,767,{"v":67.3413821399999,"d":"67.34"},{"v":0.967661341,"d":"0.97"},{"v":742.1962485,"d":"742.20"},{"v":24.8037515199999,"d":"24.80"},0,"0_50204000_4253",{"v":26.2428707716,"d":"26.24"},0,{"v":24.8037515199999,"d":"24.80"},{"v":0.719580272,"d":"0.72"},"0_50204000_4253_870","E",{"v":5.52730199781,"d":"5.53"},{"v":0.210621088139,"d":"0.21"},{"v":5.22419313507,"d":"5.22"}]
[5,502,50204,{"v":8209.41417999999,"d":"8,209.41"},4313,{"v":0.525372445,"d":"0.53"},"M",310,50204000,{"v":93.5842529149999,"d":"93.58"},111,656,767,{"v":67.3413821399999,"d":"67.34"},{"v":0.967661341,"d":"0.97"},{"v":742.1962485,"d":"742.20"},{"v":24.8037515199999,"d":"24.80"},0,"0_50204000_4253",{"v":26.2428707716,"d":"26.24"},0,{"v":24.8037515199999,"d":"24.80"},{"v":0.719580272,"d":"0.72"},"0_50204000_4253_871","E",{"v":0.517189265012,"d":"0.52"},{"v":0.0197078006257,"d":"0.02"},{"v":0.488827389726,"d":"0.49"}]
[5,502,50204,{"v":8209.41417999999,"d":"8,209.41"},4313,{"v":0.525372445,"d":"0.53"},"M",310,50204000,{"v":93.5842529149999,"d":"93.58"},111,656,767,{"v":67.3413821399999,"d":"67.34"},{"v":0.967661341,"d":"0.97"},{"v":742.1962485,"d":"742.20"},{"v":24.8037515199999,"d":"24.80"},0,"0_50204000_4253",{"v":26.2428707716,"d":"26.24"},0,{"v":24.8037515199999,"d":"24.80"},{"v":0.719580272,"d":"0.72"},"0_50204000_4253_872","E",{"v":0.0891395004446,"d":"0.09"},{"v":0.00339671300524,"d":"0.00"},{"v":0.0842512253667,"d":"0.08"}]
[5,502,50204,{"v":8209.41417999999,"d":"8,209.41"},4313,{"v":0.525372445,"d":"0.53"},"M",310,50204000,{"v":93.5842529149999,"d":"93.58"},111,656,767,{"v":67.3413821399999,"d":"67.34"},{"v":0.967661341,"d":"0.97"},{"v":742.1962485,"d":"742.20"},{"v":24.8037515199999,"d":"24.80"},0,"0_50204000_4253",{"v":26.2428707716,"d":"26.24"},0,{"v":24.8037515199999,"d":"24.80"},{"v":0.719580272,"d":"0.72"},"0_50204000_4253_873","G",{"v":0.20695204148,"d":"0.21"},{"v":0.00788602905837,"d":"0.01"},{"v":0.195603105243,"d":"0.20"}]
[5,502,50204,{"v":8209.41417999999,"d":"8,209.41"},4313,{"v":0.525372445,"d":"0.53"},"M",310,50204000,{"v":93.5842529149999,"d":"93.58"},111,656,767,{"v":67.3413821399999,"d":"67.34"},{"v":0.967661341,"d":"0.97"},{"v":742.1962485,"d":"742.20"},{"v":24.8037515199999,"d":"24.80"},0,"0_50204000_4253",{"v":26.2428707716,"d":"26.24"},0,{"v":24.8037515199999,"d":"24.80"},{"v":0.719580272,"d":"0.72"},"0_50204000_4253_874","G",{"v":0.0107442796278,"d":"0.01"},{"v":0.000409417084027,"d":"0.00"},{"v":0.0101550796202,"d":"0.01"}]
[5,502,50204,{"v":8209.41417999999,"d":"8,209.41"},4313,{"v":0.525372445,"d":"0.53"},"M",310,50204000,{"v":93.5842529149999,"d":"93.58"},111,656,767,{"v":67.3413821399999,"d":"67.34"},{"v":0.967661341,"d":"0.97"},{"v":742.1962485,"d":"742.20"},{"v":24.8037515199999,"d":"24.80"},0,"0_50204000_4253",{"v":26.2428707716,"d":"26.24"},0,{"v":24.8037515199999,"d":"24.80"},{"v":0.719580272,"d":"0.72"},"0_50204000_4253_875","G",{"v":5.16838313279,"d":"5.17"},{"v":0.196944274038,"d":"0.20"},{"v":4.88495683653,"d":"4.88"}]
[5,502,50204,{"v":8209.41417999999,"d":"8,209.41"},4313,{"v":0.525372445,"d":"0.53"},"M",310,50204000,{"v":93.5842529149999,"d":"93.58"},111,656,767,{"v":67.3413821399999,"d":"67.34"},{"v":0.967661341,"d":"0.97"},{"v":742.1962485,"d":"742.20"},{"v":24.8037515199999,"d":"24.80"},0,"0_50204000_4253",{"v":26.2428707716,"d":"26.24"},0,{"v":24.8037515199999,"d":"24.80"},{"v":0.719580272,"d":"0.72"},"0_50204000_4253_876","G",{"v":0.0194299534926,"d":"0.02"},{"v":0.000740389786685,"d":"0.00"},{"v":0.0183644442969,"d":"0.02"}]
[5,502,50204,{"v":8209.41417999999,"d":"8,209.41"},4313,{"v":0.525372445,"d":"0.53"},"M",310,50204001,{"v":1302.58734123999,"d":"1,302.59"},87,402,489,{"v":98.14537405,"d":"98.15"},{"v":0.967661341,"d":"0.97"},{"v":473.186395699999,"d":"473.19"},{"v":15.81360429,"d":"15.81"},0,"0_50204001_4254",{"v":1204.44196719,"d":"1,204.44"},0,{"v":15.81360429,"d":"15.81"},{"v":0.075346482,"d":"0.08"},"0_50204001_4254_877","außerhalb GKL",{"v":81.2062949916,"d":"81.21"},{"v":0.0674223393104,"d":"0.07"},{"v":1.06619019416,"d":"1.07"}]
[5,502,50204,{"v":8209.41417999999,"d":"8,209.41"},4313,{"v":0.525372445,"d":"0.53"},"M",310,50204001,{"v":1302.58734123999,"d":"1,302.59"},87,402,489,{"v":98.14537405,"d":"98.15"},{"v":0.967661341,"d":"0.97"},{"v":473.186395699999,"d":"473.19"},{"v":15.81360429,"d":"15.81"},0,"0_50204001_4254",{"v":1204.44196719,"d":"1,204.44"},0,{"v":15.81360429,"d":"15.81"},{"v":0.075346482,"d":"0.08"},"0_50204001_4254_878","außerhalb GKL",{"v":1008.90746688,"d":"1,008.91"},{"v":0.837655523772,"d":"0.84"},{"v":13.2463529843,"d":"13.25"}]
[5,502,50204,{"v":8209.41417999999,"d":"8,209.41"},4313,{"v":0.525372445,"d":"0.53"},"M",310,50204001,{"v":1302.58734123999,"d":"1,302.59"},87,402,489,{"v":98.14537405,"d":"98.15"},{"v":0.967661341,"d":"0.97"},{"v":473.186395699999,"d":"473.19"},{"v":15.81360429,"d":"15.81"},0,"0_50204001_4254",{"v":1204.44196719,"d":"1,204.44"},0,{"v":15.81360429,"d":"15.81"},{"v":0.075346482,"d":"0.08"},"0_50204001_4254_879","D",{"v":0.0189180886075,"d":"0.02"},{"v":1.5706932441e-05,"d":"0.00"},{"v":0.000248383214229,"d":"0.00"}]
[5,502,50204,{"v":8209.41417999999,"d":"8,209.41"},4313,{"v":0.525372445,"d":"0.53"},"M",310,50204001,{"v":1302.58734123999,"d":"1,302.59"},87,402,489,{"v":98.14537405,"d":"98.15"},{"v":0.967661341,"d":"0.97"},{"v":473.186395699999,"d":"473.19"},{"v":15.81360429,"d":"15.81"},0,"0_50204001_4254",{"v":1204.44196719,"d":"1,204.44"},0,{"v":15.81360429,"d":"15.81"},{"v":0.075346482,"d":"0.08"},"0_50204001_4254_880","E",{"v":0.317971696993,"d":"0.32"},{"v":0.000263999184398,"d":"0.00"},{"v":0.00417477863495,"d":"0.00"}]
[5,502,50204,{"v":8209.41417999999,"d":"8,209.41"},4313,{"v":0.525372445,"d":"0.53"},"M",310,50204001,{"v":1302.58734123999,"d":"1,302.59"},87,402,489,{"v":98.14537405,"d":"98.15"},{"v":0.967661341,"d":"0.97"},{"v":473.186395699999,"d":"473.19"},{"v":15.81360429,"d":"15.81"},0,"0_50204001_4254",{"v":1204.44196719,"d":"1,204.44"},0,{"v":15.81360429,"d":"15.81"},{"v":0.075346482,"d":"0.08"},"0_50204001_4254_881","E",{"v":0.0761130150384,"d":"0.08"},{"v":6.3193592644e-05,"d":"0.00"},{"v":0.000999318467742,"d":"0.00"}]
[5,502,50204,{"v":8209.41417999999,"d":"8,209.41"},4313,{"v":0.525372445,"d":"0.53"},"M",310,50204001,{"v":1302.58734123999,"d":"1,302.59"},87,402,489,{"v":98.14537405,"d":"98.15"},{"v":0.967661341,"d":"0.97"},{"v":473.186395699999,"d":"473.19"},{"v":15.81360429,"d":"15.81"},0,"0_50204001_4254",{"v":1204.44196719,"d":"1,204.44"},0,{"v":15.81360429,"d":"15.81"},{"v":0.075346482,"d":"0.08"},"0_50204001_4254_882","E",{"v":0.00665177820448,"d":"0.01"},{"v":5.52270544e-06,"d":"0.00"},{"v":8.733387844e-05,"d":"0.00"}]
[5,502,50204,{"v":8209.41417999999,"d":"8,209.41"},4313,{"v":0.525372445,"d":"0.53"},"M",310,50204001,{"v":1302.58734123999,"d":"1,302.59"},87,402,489,{"v":98.14537405,"d":"98.15"},{"v":0.967661341,"d":"0.97"},{"v":473.186395699999,"d":"473.19"},{"v":15.81360429,"d":"15.81"},0,"0_50204001_4254",{"v":1204.44196719,"d":"1,204.44"},0,{"v":15.81360429,"d":"15.81"},{"v":0.075346482,"d":"0.08"},"0_50204001_4254_883","E",{"v":2.11022255906,"d":"2.11"},{"v":0.00175203340347,"d":"0.00"},{"v":0.0277059629453,"d":"0.03"}]
[5,502,50204,{"v":8209.41417999999,"d":"8,209.41"},4313,{"v":0.525372445,"d":"0.53"},"M",310,50204001,{"v":1302.58734123999,"d":"1,302.59"},87,402,489,{"v":98.14537405,"d":"98.15"},{"v":0.967661341,"d":"0.97"},{"v":473.186395699999,"d":"473.19"},{"v":15.81360429,"d":"15.81"},0,"0_50204001_4254",{"v":1204.44196719,"d":"1,204.44"},0,{"v":15.81360429,"d":"15.81"},{"v":0.075346482,"d":"0.08"},"0_50204001_4254_884","E",{"v":0.694240958197,"d":"0.69"},{"v":0.000576400505054,"d":"0.00"},{"v":0.00911496949948,"d":"0.01"}]
[5,502,50204,{"v":8209.41417999999,"d":"8,209.41"},4313,{"v":0.525372445,"d":"0.53"},"M",310,50204001,{"v":1302.58734123999,"d":"1,302.59"},87,402,489,{"v":98.14537405,"d":"98.15"},{"v":0.967661341,"d":"0.97"},{"v":473.186395699999,"d":"473.19"},{"v":15.81360429,"d":"15.81"},0,"0_50204001_4254",{"v":1204.44196719,"d":"1,204.44"},0,{"v":15.81360429,"d":"15.81"},{"v":0.075346482,"d":"0.08"},"0_50204001_4254_885","F",{"v":5.90946115461,"d":"5.91"},{"v":0.00490638927868,"d":"0.00"},{"v":0.0775876985457,"d":"0.08"}]
[5,502,50204,{"v":8209.41417999999,"d":"8,209.41"},4313,{"v":0.525372445,"d":"0.53"},"M",310,50204001,{"v":1302.58734123999,"d":"1,302.59"},87,402,489,{"v":98.14537405,"d":"98.15"},{"v":0.967661341,"d":"0.97"},{"v":473.186395699999,"d":"473.19"},{"v":15.81360429,"d":"15.81"},0,"0_50204001_4254",{"v":1204.44196719,"d":"1,204.44"},0,{"v":15.81360429,"d":"15.81"},{"v":0.075346482,"d":"0.08"},"0_50204001_4254_886","F",{"v":2.08110919917,"d":"2.08"},{"v":0.00172786174499,"d":"0.00"},{"v":0.0273237219031,"d":"0.03"}]
[5,502,50204,{"v":8209.41417999999,"d":"8,209.41"},4313,{"v":0.525372445,"d":"0.53"},"M",310,50204001,{"v":1302.58734123999,"d":"1,302.59"},87,402,489,{"v":98.14537405,"d":"98.15"},{"v":0.967661341,"d":"0.97"},{"v":473.186395699999,"d":"473.19"},{"v":15.81360429,"d":"15.81"},0,"0_50204001_4254",{"v":1204.44196719,"d":"1,204.44"},0,{"v":15.81360429,"d":"15.81"},{"v":0.075346482,"d":"0.08"},"0_50204001_4254_887","F",{"v":1.489071774E-3,"d":"0.00"},{"v":1.236316746e-06,"d":"0.00"},{"v":1.9550623803e-05,"d":"0.00"}]
[5,502,50204,{"v":8209.41417999999,"d":"8,209.41"},4313,{"v":0.525372445,"d":"0.53"},"M",310,50204001,{"v":1302.58734123999,"d":"1,302.59"},87,402,489,{"v":98.14537405,"d":"98.15"},{"v":0.967661341,"d":"0.97"},{"v":473.186395699999,"d":"473.19"},{"v":15.81360429,"d":"15.81"},0,"0_50204001_4254",{"v":1204.44196719,"d":"1,204.44"},0,{"v":15.81360429,"d":"15.81"},{"v":0.075346482,"d":"0.08"},"0_50204001_4254_888","F",{"v":2.84620740306,"d":"2.85"},{"v":0.00236309218758,"d":"0.00"},{"v":0.0373690047552,"d":"0.04"}]
[5,502,50204,{"v":8209.41417999999,"d":"8,209.41"},4313,{"v":0.525372445,"d":"0.53"},"M",310,50204001,{"v":1302.58734123999,"d":"1,302.59"},87,402,489,{"v":98.14537405,"d":"98.15"},{"v":0.967661341,"d":"0.97"},{"v":473.186395699999,"d":"473.19"},{"v":15.81360429,"d":"15.81"},0,"0_50204001_4254",{"v":1204.44196719,"d":"1,204.44"},0,{"v":15.81360429,"d":"15.81"},{"v":0.075346482,"d":"0.08"},"0_50204001_4254_889","F",{"v":0.534751641692,"d":"0.53"},{"v":0.000443982903501,"d":"0.00"},{"v":0.00702096994749,"d":"0.01"}]
[5,502,50204,{"v":8209.41417999999,"d":"8,209.41"},4313,{"v":0.525372445,"d":"0.53"},"M",310,50204001,{"v":1302.58734123999,"d":"1,302.59"},87,402,489,{"v":98.14537405,"d":"98.15"},{"v":0.967661341,"d":"0.97"},{"v":473.186395699999,"d":"473.19"},{"v":15.81360429,"d":"15.81"},0,"0_50204001_4254",{"v":1204.44196719,"d":"1,204.44"},0,{"v":15.81360429,"d":"15.81"},{"v":0.075346482,"d":"0.08"},"0_50204001_4254_890","F",{"v":0.0546526824085,"d":"0.05"},{"v":4.5375936656E-5,"d":"0.00"},{"v":0.00071755710656,"d":"0.00"}]
[5,502,50204,{"v":8209.41417999999,"d":"8,209.41"},4313,{"v":0.525372445,"d":"0.53"},"M",310,50204001,{"v":1302.58734123999,"d":"1,302.59"},87,402,489,{"v":98.14537405,"d":"98.15"},{"v":0.967661341,"d":"0.97"},{"v":473.186395699999,"d":"473.19"},{"v":15.81360429,"d":"15.81"},0,"0_50204001_4254",{"v":1204.44196719,"d":"1,204.44"},0,{"v":15.81360429,"d":"15.81"},{"v":0.075346482,"d":"0.08"},"0_50204001_4254_891","F",{"v":0.977589309041,"d":"0.98"},{"v":0.000811653309725,"d":"0.00"},{"v":0.0128351642607,"d":"0.01"}]
[5,502,50204,{"v":8209.41417999999,"d":"8,209.41"},4313,{"v":0.525372445,"d":"0.53"},"M",310,50204001,{"v":1302.58734123999,"d":"1,302.59"},87,402,489,{"v":98.14537405,"d":"98.15"},{"v":0.967661341,"d":"0.97"},{"v":473.186395699999,"d":"473.19"},{"v":15.81360429,"d":"15.81"},0,"0_50204001_4254",{"v":1204.44196719,"d":"1,204.44"},0,{"v":15.81360429,"d":"15.81"},{"v":0.075346482,"d":"0.08"},"0_50204001_4254_892","F",{"v":0.896716552568,"d":"0.90"},{"v":0.000744507894108,"d":"0.00"},{"v":0.0117733532282,"d":"0.01"}]
[5,502,50204,{"v":8209.41417999999,"d":"8,209.41"},4313,{"v":0.525372445,"d":"0.53"},"M",310,50204001,{"v":1302.58734123999,"d":"1,302.59"},87,402,489,{"v":98.14537405,"d":"98.15"},{"v":0.967661341,"d":"0.97"},{"v":473.186395699999,"d":"473.19"},{"v":15.81360429,"d":"15.81"},0,"0_50204001_4254",{"v":1204.44196719,"d":"1,204.44"},0,{"v":15.81360429,"d":"15.81"},{"v":0.075346482,"d":"0.08"},"0_50204001_4254_893","F",{"v":0.0131361619292,"d":"0.01"},{"v":1.0906429938E-5,"d":"0.00"},{"v":0.000172469967251,"d":"0.00"}]
[5,502,50204,{"v":8209.41417999999,"d":"8,209.41"},4313,{"v":0.525372445,"d":"0.53"},"M",310,50204001,{"v":1302.58734123999,"d":"1,302.59"},87,402,489,{"v":98.14537405,"d":"98.15"},{"v":0.967661341,"d":"0.97"},{"v":473.186395699999,"d":"473.19"},{"v":15.81360429,"d":"15.81"},0,"0_50204001_4254",{"v":1204.44196719,"d":"1,204.44"},0,{"v":15.81360429,"d":"15.81"},{"v":0.075346482,"d":"0.08"},"0_50204001_4254_894","F",{"v":0.00272708337955,"d":"0.00"},{"v":2.264188275e-06,"d":"0.00"},{"v":3.5804977413e-05,"d":"0.00"}]
[5,502,50204,{"v":8209.41417999999,"d":"8,209.41"},4313,{"v":0.525372445,"d":"0.53"},"M",310,50204001,{"v":1302.58734123999,"d":"1,302.59"},87,402,489,{"v":98.14537405,"d":"98.15"},{"v":0.967661341,"d":"0.97"},{"v":473.186395699999,"d":"473.19"},{"v":15.81360429,"d":"15.81"},0,"0_50204001_4254",{"v":1204.44196719,"d":"1,204.44"},0,{"v":15.81360429,"d":"15.81"},{"v":0.075346482,"d":"0.08"},"0_50204001_4254_895","F",{"v":0.018765815294,"d":"0.02"},{"v":1.5580505998E-5,"d":"0.00"},{"v":0.00024638395649,"d":"0.00"}]
[5,502,50204,{"v":8209.41417999999,"d":"8,209.41"},4313,{"v":0.525372445,"d":"0.53"},"M",310,50204001,{"v":1302.58734123999,"d":"1,302.59"},87,402,489,{"v":98.14537405,"d":"98.15"},{"v":0.967661341,"d":"0.97"},{"v":473.186395699999,"d":"473.19"},{"v":15.81360429,"d":"15.81"},0,"0_50204001_4254",{"v":1204.44196719,"d":"1,204.44"},0,{"v":15.81360429,"d":"15.81"},{"v":0.075346482,"d":"0.08"},"0_50204001_4254_896","F",{"v":0.379116549058,"d":"0.38"},{"v":0.000314765309899,"d":"0.00"},{"v":0.00497757405496,"d":"0.00"}]
[5,502,50204,{"v":8209.41417999999,"d":"8,209.41"},4313,{"v":0.525372445,"d":"0.53"},"M",310,50204001,{"v":1302.58734123999,"d":"1,302.59"},87,402,489,{"v":98.14537405,"d":"98.15"},{"v":0.967661341,"d":"0.97"},{"v":473.186395699999,"d":"473.19"},{"v":15.81360429,"d":"15.81"},0,"0_50204001_4254",{"v":1204.44196719,"d":"1,204.44"},0,{"v":15.81360429,"d":"15.81"},{"v":0.075346482,"d":"0.08"},"0_50204001_4254_897","G",{"v":4.04159412799,"d":"4.04"},{"v":0.00335557398205,"d":"0.00"},{"v":0.053063719118,"d":"0.05"}]
[5,502,50204,{"v":8209.41417999999,"d":"8,209.41"},4313,{"v":0.525372445,"d":"0.53"},"M",310,50204001,{"v":1302.58734123999,"d":"1,302.59"},87,402,489,{"v":98.14537405,"d":"98.15"},{"v":0.967661341,"d":"0.97"},{"v":473.186395699999,"d":"473.19"},{"v":15.81360429,"d":"15.81"},0,"0_50204001_4254",{"v":1204.44196719,"d":"1,204.44"},0,{"v":15.81360429,"d":"15.81"},{"v":0.075346482,"d":"0.08"},"0_50204001_4254_898","G",{"v":0.0384059241255,"d":"0.04"},{"v":3.1886902957e-05,"d":"0.00"},{"v":5.042468654E-4,"d":"0.00"}]
[5,502,50204,{"v":8209.41417999999,"d":"8,209.41"},4313,{"v":0.525372445,"d":"0.53"},"M",310,50204001,{"v":1302.58734123999,"d":"1,302.59"},87,402,489,{"v":98.14537405,"d":"98.15"},{"v":0.967661341,"d":"0.97"},{"v":473.186395699999,"d":"473.19"},{"v":15.81360429,"d":"15.81"},0,"0_50204001_4254",{"v":1204.44196719,"d":"1,204.44"},0,{"v":15.81360429,"d":"15.81"},{"v":0.075346482,"d":"0.08"},"0_50204001_4254_899","G",{"v":57.1063207051999,"d":"57.11"},{"v":0.0474130944129,"d":"0.05"},{"v":0.74977191321,"d":"0.75"}]
[5,502,50204,{"v":8209.41417999999,"d":"8,209.41"},4313,{"v":0.525372445,"d":"0.53"},"M",310,50204001,{"v":1302.58734123999,"d":"1,302.59"},87,402,489,{"v":98.14537405,"d":"98.15"},{"v":0.967661341,"d":"0.97"},{"v":473.186395699999,"d":"473.19"},{"v":15.81360429,"d":"15.81"},0,"0_50204001_4254",{"v":1204.44196719,"d":"1,204.44"},0,{"v":15.81360429,"d":"15.81"},{"v":0.075346482,"d":"0.08"},"0_50204001_4254_900","G",{"v":23.6980947865,"d":"23.70"},{"v":0.0196755804199,"d":"0.02"},{"v":0.311141842936,"d":"0.31"}]
[5,502,50204,{"v":8209.41417999999,"d":"8,209.41"},4313,{"v":0.525372445,"d":"0.53"},"M",310,50204001,{"v":1302.58734123999,"d":"1,302.59"},87,402,489,{"v":98.14537405,"d":"98.15"},{"v":0.967661341,"d":"0.97"},{"v":473.186395699999,"d":"473.19"},{"v":15.81360429,"d":"15.81"},0,"0_50204001_4254",{"v":1204.44196719,"d":"1,204.44"},0,{"v":15.81360429,"d":"15.81"},{"v":0.075346482,"d":"0.08"},"0_50204001_4254_901","G",{"v":5.38126361952,"d":"5.38"},{"v":0.00446784798779,"d":"0.00"},{"v":0.0706527801068,"d":"0.07"}]
[5,502,50204,{"v":8209.41417999999,"d":"8,209.41"},4313,{"v":0.525372445,"d":"0.53"},"M",310,50204001,{"v":1302.58734123999,"d":"1,302.59"},87,402,489,{"v":98.14537405,"d":"98.15"},{"v":0.967661341,"d":"0.97"},{"v":473.186395699999,"d":"473.19"},{"v":15.81360429,"d":"15.81"},0,"0_50204001_4254",{"v":1204.44196719,"d":"1,204.44"},0,{"v":15.81360429,"d":"15.81"},{"v":0.075346482,"d":"0.08"},"0_50204001_4254_902","G",{"v":1.35289172673,"d":"1.35"},{"v":0.00112325189887,"d":"0.00"},{"v":0.0177626610467,"d":"0.02"}]
[5,502,50204,{"v":8209.41417999999,"d":"8,209.41"},4313,{"v":0.525372445,"d":"0.53"},"M",310,50204001,{"v":1302.58734123999,"d":"1,302.59"},87,402,489,{"v":98.14537405,"d":"98.15"},{"v":0.967661341,"d":"0.97"},{"v":473.186395699999,"d":"473.19"},{"v":15.81360429,"d":"15.81"},0,"0_50204001_4254",{"v":1204.44196719,"d":"1,204.44"},0,{"v":15.81360429,"d":"15.81"},{"v":0.075346482,"d":"0.08"},"0_50204001_4254_903","G",{"v":0.447321035182,"d":"0.45"},{"v":0.000371392767246,"d":"0.00"},{"v":0.0058730582574,"d":"0.01"}]
[5,502,50204,{"v":8209.41417999999,"d":"8,209.41"},4313,{"v":0.525372445,"d":"0.53"},"M",310,50204001,{"v":1302.58734123999,"d":"1,302.59"},87,402,489,{"v":98.14537405,"d":"98.15"},{"v":0.967661341,"d":"0.97"},{"v":473.186395699999,"d":"473.19"},{"v":15.81360429,"d":"15.81"},0,"0_50204001_4254",{"v":1204.44196719,"d":"1,204.44"},0,{"v":15.81360429,"d":"15.81"},{"v":0.075346482,"d":"0.08"},"0_50204001_4254_904","G",{"v":4.08459960098,"d":"4.08"},{"v":0.00339127970649,"d":"0.00"},{"v":0.0536283553151,"d":"0.05"}]
[5,502,50204,{"v":8209.41417999999,"d":"8,209.41"},4313,{"v":0.525372445,"d":"0.53"},"M",310,50204001,{"v":1302.58734123999,"d":"1,302.59"},87,402,489,{"v":98.14537405,"d":"98.15"},{"v":0.967661341,"d":"0.97"},{"v":473.186395699999,"d":"473.19"},{"v":15.81360429,"d":"15.81"},0,"0_50204001_4254",{"v":1204.44196719,"d":"1,204.44"},0,{"v":15.81360429,"d":"15.81"},{"v":0.075346482,"d":"0.08"},"0_50204001_4254_905","G",{"v":0.779635783891,"d":"0.78"},{"v":0.000647300413909,"d":"0.00"},{"v":0.0102361526023,"d":"0.01"}]
[5,502,50204,{"v":8209.41417999999,"d":"8,209.41"},4313,{"v":0.525372445,"d":"0.53"},"M",310,50204001,{"v":1302.58734123999,"d":"1,302.59"},87,402,489,{"v":98.14537405,"d":"98.15"},{"v":0.967661341,"d":"0.97"},{"v":473.186395699999,"d":"473.19"},{"v":15.81360429,"d":"15.81"},0,"0_50204001_4254",{"v":1204.44196719,"d":"1,204.44"},0,{"v":15.81360429,"d":"15.81"},{"v":0.075346482,"d":"0.08"},"0_50204001_4254_906","G",{"v":0.144447697565,"d":"0.14"},{"v":1.19929146858E-4,"d":"0.00"},{"v":1.89651207125E-3,"d":"0.00"}]
[5,502,50204,{"v":8209.41417999999,"d":"8,209.41"},4313,{"v":0.525372445,"d":"0.53"},"M",310,50204001,{"v":1302.58734123999,"d":"1,302.59"},87,402,489,{"v":98.14537405,"d":"98.15"},{"v":0.967661341,"d":"0.97"},{"v":473.186395699999,"d":"473.19"},{"v":15.81360429,"d":"15.81"},0,"0_50204001_4254",{"v":1204.44196719,"d":"1,204.44"},0,{"v":15.81360429,"d":"15.81"},{"v":0.075346482,"d":"0.08"},"0_50204001_4254_907","G",{"v":0.00797955741861,"d":"0.01"},{"v":6.625107424e-06,"d":"0.00"},{"v":1.04766827182E-4,"d":"0.00"}]
[5,502,50204,{"v":8209.41417999999,"d":"8,209.41"},4313,{"v":0.525372445,"d":"0.53"},"M",310,50204001,{"v":1302.58734123999,"d":"1,302.59"},87,402,489,{"v":98.14537405,"d":"98.15"},{"v":0.967661341,"d":"0.97"},{"v":473.186395699999,"d":"473.19"},{"v":15.81360429,"d":"15.81"},0,"0_50204001_4254",{"v":1204.44196719,"d":"1,204.44"},0,{"v":15.81360429,"d":"15.81"},{"v":0.075346482,"d":"0.08"},"0_50204001_4254_908","G",{"v":0.148471465599,"d":"0.15"},{"v":1.23269920547E-4,"d":"0.00"},{"v":1.94934174439E-3,"d":"0.00"}]
[5,502,50204,{"v":8209.41417999999,"d":"8,209.41"},4313,{"v":0.525372445,"d":"0.53"},"M",310,50204001,{"v":1302.58734123999,"d":"1,302.59"},87,402,489,{"v":98.14537405,"d":"98.15"},{"v":0.967661341,"d":"0.97"},{"v":473.186395699999,"d":"473.19"},{"v":15.81360429,"d":"15.81"},0,"0_50204001_4254",{"v":1204.44196719,"d":"1,204.44"},0,{"v":15.81360429,"d":"15.81"},{"v":0.075346482,"d":"0.08"},"0_50204001_4254_909","G",{"v":0.157338570644,"d":"0.16"},{"v":0.000130631923272,"d":"0.00"},{"v":0.00206576154227,"d":"0.00"}]
[5,502,50204,{"v":8209.41417999999,"d":"8,209.41"},4313,{"v":0.525372445,"d":"0.53"},"M",310,50204002,{"v":6813.24258601,"d":"6,813.24"},79,252,331,{"v":119.3636881,"d":"119.36"},{"v":0.967661341,"d":"0.97"},{"v":320.2959038,"d":"320.30"},{"v":10.70409616,"d":"10.70"},0,"0_50204002_4255",{"v":6693.87889791999,"d":"6,693.88"},0,{"v":10.70409616,"d":"10.70"},{"v":0.017519366,"d":"0.02"},"0_50204002_4255_910","außerhalb GKL",{"v":66.7510799921,"d":"66.75"},{"v":0.00997195811428,"d":"0.01"},{"v":0.106740798559,"d":"0.11"}]
[5,502,50204,{"v":8209.41417999999,"d":"8,209.41"},4313,{"v":0.525372445,"d":"0.53"},"M",310,50204002,{"v":6813.24258601,"d":"6,813.24"},79,252,331,{"v":119.3636881,"d":"119.36"},{"v":0.967661341,"d":"0.97"},{"v":320.2959038,"d":"320.30"},{"v":10.70409616,"d":"10.70"},0,"0_50204002_4255",{"v":6693.87889791999,"d":"6,693.88"},0,{"v":10.70409616,"d":"10.70"},{"v":0.017519366,"d":"0.02"},"0_50204002_4255_911","außerhalb GKL",{"v":6567.81567334,"d":"6,567.82"},{"v":0.981167387922,"d":"0.98"},{"v":10.5025100694,"d":"10.50"}]
[5,502,50204,{"v":8209.41417999999,"d":"8,209.41"},4313,{"v":0.525372445,"d":"0.53"},"M",310,50204002,{"v":6813.24258601,"d":"6,813.24"},79,252,331,{"v":119.3636881,"d":"119.36"},{"v":0.967661341,"d":"0.97"},{"v":320.2959038,"d":"320.30"},{"v":10.70409616,"d":"10.70"},0,"0_50204002_4255",{"v":6693.87889791999,"d":"6,693.88"},0,{"v":10.70409616,"d":"10.70"},{"v":0.017519366,"d":"0.02"},"0_50204002_4255_912","B",{"v":0.313215062548,"d":"0.31"},{"v":4.6791265173e-05,"d":"0.00"},{"v":0.000500858201859,"d":"0.00"}]
[5,502,50204,{"v":8209.41417999999,"d":"8,209.41"},4313,{"v":0.525372445,"d":"0.53"},"M",310,50204002,{"v":6813.24258601,"d":"6,813.24"},79,252,331,{"v":119.3636881,"d":"119.36"},{"v":0.967661341,"d":"0.97"},{"v":320.2959038,"d":"320.30"},{"v":10.70409616,"d":"10.70"},0,"0_50204002_4255",{"v":6693.87889791999,"d":"6,693.88"},0,{"v":10.70409616,"d":"10.70"},{"v":0.017519366,"d":"0.02"},"0_50204002_4255_913","C",{"v":2.45501971367,"d":"2.46"},{"v":0.000366755920014,"d":"0.00"},{"v":0.00392579063508,"d":"0.00"}]
[5,502,50204,{"v":8209.41417999999,"d":"8,209.41"},4313,{"v":0.525372445,"d":"0.53"},"M",310,50204002,{"v":6813.24258601,"d":"6,813.24"},79,252,331,{"v":119.3636881,"d":"119.36"},{"v":0.967661341,"d":"0.97"},{"v":320.2959038,"d":"320.30"},{"v":10.70409616,"d":"10.70"},0,"0_50204002_4255",{"v":6693.87889791999,"d":"6,693.88"},0,{"v":10.70409616,"d":"10.70"},{"v":0.017519366,"d":"0.02"},"0_50204002_4255_914","C",{"v":0.330817873412,"d":"0.33"},{"v":4.9420952852e-05,"d":"0.00"},{"v":0.000529006631648,"d":"0.00"}]
[5,502,50204,{"v":8209.41417999999,"d":"8,209.41"},4313,{"v":0.525372445,"d":"0.53"},"M",310,50204002,{"v":6813.24258601,"d":"6,813.24"},79,252,331,{"v":119.3636881,"d":"119.36"},{"v":0.967661341,"d":"0.97"},{"v":320.2959038,"d":"320.30"},{"v":10.70409616,"d":"10.70"},0,"0_50204002_4255",{"v":6693.87889791999,"d":"6,693.88"},0,{"v":10.70409616,"d":"10.70"},{"v":0.017519366,"d":"0.02"},"0_50204002_4255_915","D",{"v":2.2474490899,"d":"2.25"},{"v":0.000335746900142,"d":"0.00"},{"v":0.00359386710454,"d":"0.00"}]
[5,502,50204,{"v":8209.41417999999,"d":"8,209.41"},4313,{"v":0.525372445,"d":"0.53"},"M",310,50204002,{"v":6813.24258601,"d":"6,813.24"},79,252,331,{"v":119.3636881,"d":"119.36"},{"v":0.967661341,"d":"0.97"},{"v":320.2959038,"d":"320.30"},{"v":10.70409616,"d":"10.70"},0,"0_50204002_4255",{"v":6693.87889791999,"d":"6,693.88"},0,{"v":10.70409616,"d":"10.70"},{"v":0.017519366,"d":"0.02"},"0_50204002_4255_916","D",{"v":1.62320450269,"d":"1.62"},{"v":2.42490867768E-4,"d":"0.00"},{"v":0.00259564556651,"d":"0.00"}]
[5,502,50204,{"v":8209.41417999999,"d":"8,209.41"},4313,{"v":0.525372445,"d":"0.53"},"M",310,50204002,{"v":6813.24258601,"d":"6,813.24"},79,252,331,{"v":119.3636881,"d":"119.36"},{"v":0.967661341,"d":"0.97"},{"v":320.2959038,"d":"320.30"},{"v":10.70409616,"d":"10.70"},0,"0_50204002_4255",{"v":6693.87889791999,"d":"6,693.88"},0,{"v":10.70409616,"d":"10.70"},{"v":0.017519366,"d":"0.02"},"0_50204002_4255_917","D",{"v":0.0193268507701,"d":"0.02"},{"v":2.887242369e-06,"d":"0.00"},{"v":3.090531996e-05,"d":"0.00"}]
[5,502,50204,{"v":8209.41417999999,"d":"8,209.41"},4313,{"v":0.525372445,"d":"0.53"},"M",310,50204002,{"v":6813.24258601,"d":"6,813.24"},79,252,331,{"v":119.3636881,"d":"119.36"},{"v":0.967661341,"d":"0.97"},{"v":320.2959038,"d":"320.30"},{"v":10.70409616,"d":"10.70"},0,"0_50204002_4255",{"v":6693.87889791999,"d":"6,693.88"},0,{"v":10.70409616,"d":"10.70"},{"v":0.017519366,"d":"0.02"},"0_50204002_4255_918","D",{"v":0.582437062366,"d":"0.58"},{"v":8.7010397297e-05,"d":"0.00"},{"v":0.000931367659587,"d":"0.00"}]
[5,502,50204,{"v":8209.41417999999,"d":"8,209.41"},4313,{"v":0.525372445,"d":"0.53"},"M",310,50204002,{"v":6813.24258601,"d":"6,813.24"},79,252,331,{"v":119.3636881,"d":"119.36"},{"v":0.967661341,"d":"0.97"},{"v":320.2959038,"d":"320.30"},{"v":10.70409616,"d":"10.70"},0,"0_50204002_4255",{"v":6693.87889791999,"d":"6,693.88"},0,{"v":10.70409616,"d":"10.70"},{"v":0.017519366,"d":"0.02"},"0_50204002_4255_919","D",{"v":0.0218838337834,"d":"0.02"},{"v":3.269230609e-06,"d":"0.00"},{"v":3.4994158804e-05,"d":"0.00"}]
[5,502,50204,{"v":8209.41417999999,"d":"8,209.41"},4313,{"v":0.525372445,"d":"0.53"},"M",310,50204002,{"v":6813.24258601,"d":"6,813.24"},79,252,331,{"v":119.3636881,"d":"119.36"},{"v":0.967661341,"d":"0.97"},{"v":320.2959038,"d":"320.30"},{"v":10.70409616,"d":"10.70"},0,"0_50204002_4255",{"v":6693.87889791999,"d":"6,693.88"},0,{"v":10.70409616,"d":"10.70"},{"v":0.017519366,"d":"0.02"},"0_50204002_4255_920","D",{"v":1.63773997389,"d":"1.64"},{"v":2.44662324919E-4,"d":"0.00"},{"v":0.00261888905266,"d":"0.00"}]
[5,502,50204,{"v":8209.41417999999,"d":"8,209.41"},4313,{"v":0.525372445,"d":"0.53"},"M",310,50204002,{"v":6813.24258601,"d":"6,813.24"},79,252,331,{"v":119.3636881,"d":"119.36"},{"v":0.967661341,"d":"0.97"},{"v":320.2959038,"d":"320.30"},{"v":10.70409616,"d":"10.70"},0,"0_50204002_4255",{"v":6693.87889791999,"d":"6,693.88"},0,{"v":10.70409616,"d":"10.70"},{"v":0.017519366,"d":"0.02"},"0_50204002_4255_921","D",{"v":0.795320310336,"d":"0.80"},{"v":1.18813071235E-4,"d":"0.00"},{"v":1.27178653956E-3,"d":"0.00"}]
[5,502,50204,{"v":8209.41417999999,"d":"8,209.41"},4313,{"v":0.525372445,"d":"0.53"},"M",310,50204002,{"v":6813.24258601,"d":"6,813.24"},79,252,331,{"v":119.3636881,"d":"119.36"},{"v":0.967661341,"d":"0.97"},{"v":320.2959038,"d":"320.30"},{"v":10.70409616,"d":"10.70"},0,"0_50204002_4255",{"v":6693.87889791999,"d":"6,693.88"},0,{"v":10.70409616,"d":"10.70"},{"v":0.017519366,"d":"0.02"},"0_50204002_4255_922","D",{"v":0.12760485403,"d":"0.13"},{"v":1.9062916431E-5,"d":"0.00"},{"v":2.04051290567E-4,"d":"0.00"}]
[5,502,50204,{"v":8209.41417999999,"d":"8,209.41"},4313,{"v":0.525372445,"d":"0.53"},"M",310,50204002,{"v":6813.24258601,"d":"6,813.24"},79,252,331,{"v":119.3636881,"d":"119.36"},{"v":0.967661341,"d":"0.97"},{"v":320.2959038,"d":"320.30"},{"v":10.70409616,"d":"10.70"},0,"0_50204002_4255",{"v":6693.87889791999,"d":"6,693.88"},0,{"v":10.70409616,"d":"10.70"},{"v":0.017519366,"d":"0.02"},"0_50204002_4255_923","E",{"v":8.27227656290999,"d":"8.27"},{"v":1.2357971647E-3,"d":"0.00"},{"v":0.0132280916852,"d":"0.01"}]
[5,502,50204,{"v":8209.41417999999,"d":"8,209.41"},4313,{"v":0.525372445,"d":"0.53"},"M",310,50204002,{"v":6813.24258601,"d":"6,813.24"},79,252,331,{"v":119.3636881,"d":"119.36"},{"v":0.967661341,"d":"0.97"},{"v":320.2959038,"d":"320.30"},{"v":10.70409616,"d":"10.70"},0,"0_50204002_4255",{"v":6693.87889791999,"d":"6,693.88"},0,{"v":10.70409616,"d":"10.70"},{"v":0.017519366,"d":"0.02"},"0_50204002_4255_924","E",{"v":2.16327197924,"d":"2.16"},{"v":0.000323171663579,"d":"0.00"},{"v":0.00345926056314,"d":"0.00"}]
[5,502,50204,{"v":8209.41417999999,"d":"8,209.41"},4313,{"v":0.525372445,"d":"0.53"},"M",310,50204002,{"v":6813.24258601,"d":"6,813.24"},79,252,331,{"v":119.3636881,"d":"119.36"},{"v":0.967661341,"d":"0.97"},{"v":320.2959038,"d":"320.30"},{"v":10.70409616,"d":"10.70"},0,"0_50204002_4255",{"v":6693.87889791999,"d":"6,693.88"},0,{"v":10.70409616,"d":"10.70"},{"v":0.017519366,"d":"0.02"},"0_50204002_4255_925","E",{"v":9.97027937214,"d":"9.97"},{"v":0.00148946216748,"d":"0.00"},{"v":0.0159433462674,"d":"0.02"}]
[5,502,50204,{"v":8209.41417999999,"d":"8,209.41"},4313,{"v":0.525372445,"d":"0.53"},"M",310,50204002,{"v":6813.24258601,"d":"6,813.24"},79,252,331,{"v":119.3636881,"d":"119.36"},{"v":0.967661341,"d":"0.97"},{"v":320.2959038,"d":"320.30"},{"v":10.70409616,"d":"10.70"},0,"0_50204002_4255",{"v":6693.87889791999,"d":"6,693.88"},0,{"v":10.70409616,"d":"10.70"},{"v":0.017519366,"d":"0.02"},"0_50204002_4255_926","G",{"v":0.0977378479448,"d":"0.10"},{"v":1.4601078005E-5,"d":"0.00"},{"v":1.56291343005E-4,"d":"0.00"}]
[5,502,50204,{"v":8209.41417999999,"d":"8,209.41"},4313,{"v":0.525372445,"d":"0.53"},"M",310,50204002,{"v":6813.24258601,"d":"6,813.24"},79,252,331,{"v":119.3636881,"d":"119.36"},{"v":0.967661341,"d":"0.97"},{"v":320.2959038,"d":"320.30"},{"v":10.70409616,"d":"10.70"},0,"0_50204002_4255",{"v":6693.87889791999,"d":"6,693.88"},0,{"v":10.70409616,"d":"10.70"},{"v":0.017519366,"d":"0.02"},"0_50204002_4255_927","G",{"v":2.30254514799,"d":"2.30"},{"v":0.000343977712042,"d":"0.00"},{"v":0.00368197050659,"d":"0.00"}]
[5,502,50204,{"v":8209.41417999999,"d":"8,209.41"},4313,{"v":0.525372445,"d":"0.53"},"M",310,50204002,{"v":6813.24258601,"d":"6,813.24"},79,252,331,{"v":119.3636881,"d":"119.36"},{"v":0.967661341,"d":"0.97"},{"v":320.2959038,"d":"320.30"},{"v":10.70409616,"d":"10.70"},0,"0_50204002_4255",{"v":6693.87889791999,"d":"6,693.88"},0,{"v":10.70409616,"d":"10.70"},{"v":0.017519366,"d":"0.02"},"0_50204002_4255_928","G",{"v":6.88454347576,"d":"6.88"},{"v":1.02848342206E-3,"d":"0.00"},{"v":0.0110089854487,"d":"0.01"}]
[5,502,50204,{"v":8209.41417999999,"d":"8,209.41"},4313,{"v":0.525372445,"d":"0.53"},"M",310,50204002,{"v":6813.24258601,"d":"6,813.24"},79,252,331,{"v":119.3636881,"d":"119.36"},{"v":0.967661341,"d":"0.97"},{"v":320.2959038,"d":"320.30"},{"v":10.70409616,"d":"10.70"},0,"0_50204002_4255",{"v":6693.87889791999,"d":"6,693.88"},0,{"v":10.70409616,"d":"10.70"},{"v":0.017519366,"d":"0.02"},"0_50204002_4255_929","G",{"v":0.457093530114,"d":"0.46"},{"v":6.828530021e-05,"d":"0.00"},{"v":0.000730932419762,"d":"0.00"}]
[5,502,50204,{"v":8209.41417999999,"d":"8,209.41"},4313,{"v":0.525372445,"d":"0.53"},"M",310,50204002,{"v":6813.24258601,"d":"6,813.24"},79,252,331,{"v":119.3636881,"d":"119.36"},{"v":0.967661341,"d":"0.97"},{"v":320.2959038,"d":"320.30"},{"v":10.70409616,"d":"10.70"},0,"0_50204002_4255",{"v":6693.87889791999,"d":"6,693.88"},0,{"v":10.70409616,"d":"10.70"},{"v":0.017519366,"d":"0.02"},"0_50204002_4255_930","G",{"v":19.0103775460999,"d":"19.01"},{"v":2.83996436685E-3,"d":"0.00"},{"v":0.0303992516737,"d":"0.03"}]
[5,502,50205,{"v":2699.01415099999,"d":"2,699.01"},21314,{"v":7.896957485,"d":"7.90"},"ST",101,50205000,{"v":88.9360575950999,"d":"88.94"},197,1150,1347,{"v":29.60277087,"d":"29.60"},{"v":0.992934034,"d":"0.99"},{"v":1337.482144,"d":"1,337.48"},{"v":9.517856147,"d":"9.52"},0,"0_50205000_4256",{"v":59.3332867292999,"d":"59.33"},0,{"v":9.517856147,"d":"9.52"},{"v":0.332854544,"d":"0.33"},"0_50205000_4256_931","außerhalb GKL",{"v":9.93128894206999,"d":"9.93"},{"v":0.167381405776,"d":"0.17"},{"v":1.59311214186,"d":"1.59"}]
[5,502,50205,{"v":2699.01415099999,"d":"2,699.01"},21314,{"v":7.896957485,"d":"7.90"},"ST",101,50205000,{"v":88.9360575950999,"d":"88.94"},197,1150,1347,{"v":29.60277087,"d":"29.60"},{"v":0.992934034,"d":"0.99"},{"v":1337.482144,"d":"1,337.48"},{"v":9.517856147,"d":"9.52"},0,"0_50205000_4256",{"v":59.3332867292999,"d":"59.33"},0,{"v":9.517856147,"d":"9.52"},{"v":0.332854544,"d":"0.33"},"0_50205000_4256_932","außerhalb GKL",{"v":0.146908778119,"d":"0.15"},{"v":0.00247599258725,"d":"0.00"},{"v":0.0235661412665,"d":"0.02"}]
[5,502,50205,{"v":2699.01415099999,"d":"2,699.01"},21314,{"v":7.896957485,"d":"7.90"},"ST",101,50205000,{"v":88.9360575950999,"d":"88.94"},197,1150,1347,{"v":29.60277087,"d":"29.60"},{"v":0.992934034,"d":"0.99"},{"v":1337.482144,"d":"1,337.48"},{"v":9.517856147,"d":"9.52"},0,"0_50205000_4256",{"v":59.3332867292999,"d":"59.33"},0,{"v":9.517856147,"d":"9.52"},{"v":0.332854544,"d":"0.33"},"0_50205000_4256_933","A",{"v":0.773493793347,"d":"0.77"},{"v":0.013036422487,"d":"0.01"},{"v":0.124078793903,"d":"0.12"}]
[5,502,50205,{"v":2699.01415099999,"d":"2,699.01"},21314,{"v":7.896957485,"d":"7.90"},"ST",101,50205000,{"v":88.9360575950999,"d":"88.94"},197,1150,1347,{"v":29.60277087,"d":"29.60"},{"v":0.992934034,"d":"0.99"},{"v":1337.482144,"d":"1,337.48"},{"v":9.517856147,"d":"9.52"},0,"0_50205000_4256",{"v":59.3332867292999,"d":"59.33"},0,{"v":9.517856147,"d":"9.52"},{"v":0.332854544,"d":"0.33"},"0_50205000_4256_934","B",{"v":0.899644468754,"d":"0.90"},{"v":0.0151625591358,"d":"0.02"},{"v":0.144315056675,"d":"0.14"}]
[5,502,50205,{"v":2699.01415099999,"d":"2,699.01"},21314,{"v":7.896957485,"d":"7.90"},"ST",101,50205000,{"v":88.9360575950999,"d":"88.94"},197,1150,1347,{"v":29.60277087,"d":"29.60"},{"v":0.992934034,"d":"0.99"},{"v":1337.482144,"d":"1,337.48"},{"v":9.517856147,"d":"9.52"},0,"0_50205000_4256",{"v":59.3332867292999,"d":"59.33"},0,{"v":9.517856147,"d":"9.52"},{"v":0.332854544,"d":"0.33"},"0_50205000_4256_935","B",{"v":0.000874062667476,"d":"0.00"},{"v":1.4731404843E-5,"d":"0.00"},{"v":0.000140211392139,"d":"0.00"}]
[5,502,50205,{"v":2699.01415099999,"d":"2,699.01"},21314,{"v":7.896957485,"d":"7.90"},"ST",101,50205000,{"v":88.9360575950999,"d":"88.94"},197,1150,1347,{"v":29.60277087,"d":"29.60"},{"v":0.992934034,"d":"0.99"},{"v":1337.482144,"d":"1,337.48"},{"v":9.517856147,"d":"9.52"},0,"0_50205000_4256",{"v":59.3332867292999,"d":"59.33"},0,{"v":9.517856147,"d":"9.52"},{"v":0.332854544,"d":"0.33"},"0_50205000_4256_936","C",{"v":0.0857447075498,"d":"0.09"},{"v":0.0014451366556,"d":"0.00"},{"v":0.0137546028008,"d":"0.01"}]
[5,502,50205,{"v":2699.01415099999,"d":"2,699.01"},21314,{"v":7.896957485,"d":"7.90"},"ST",101,50205000,{"v":88.9360575950999,"d":"88.94"},197,1150,1347,{"v":29.60277087,"d":"29.60"},{"v":0.992934034,"d":"0.99"},{"v":1337.482144,"d":"1,337.48"},{"v":9.517856147,"d":"9.52"},0,"0_50205000_4256",{"v":59.3332867292999,"d":"59.33"},0,{"v":9.517856147,"d":"9.52"},{"v":0.332854544,"d":"0.33"},"0_50205000_4256_937","C",{"v":0.0297043180996,"d":"0.03"},{"v":0.000500634967942,"d":"0.00"},{"v":0.00476497160703,"d":"0.00"}]
[5,502,50205,{"v":2699.01415099999,"d":"2,699.01"},21314,{"v":7.896957485,"d":"7.90"},"ST",101,50205000,{"v":88.9360575950999,"d":"88.94"},197,1150,1347,{"v":29.60277087,"d":"29.60"},{"v":0.992934034,"d":"0.99"},{"v":1337.482144,"d":"1,337.48"},{"v":9.517856147,"d":"9.52"},0,"0_50205000_4256",{"v":59.3332867292999,"d":"59.33"},0,{"v":9.517856147,"d":"9.52"},{"v":0.332854544,"d":"0.33"},"0_50205000_4256_938","C",{"v":2.71765833715,"d":"2.72"},{"v":0.0458032663781,"d":"0.05"},{"v":0.435948900449,"d":"0.44"}]
[5,502,50205,{"v":2699.01415099999,"d":"2,699.01"},21314,{"v":7.896957485,"d":"7.90"},"ST",101,50205000,{"v":88.9360575950999,"d":"88.94"},197,1150,1347,{"v":29.60277087,"d":"29.60"},{"v":0.992934034,"d":"0.99"},{"v":1337.482144,"d":"1,337.48"},{"v":9.517856147,"d":"9.52"},0,"0_50205000_4256",{"v":59.3332867292999,"d":"59.33"},0,{"v":9.517856147,"d":"9.52"},{"v":0.332854544,"d":"0.33"},"0_50205000_4256_939","C",{"v":0.325874501441,"d":"0.33"},{"v":5.49227119219E-3,"d":"0.01"},{"v":0.0522746471276,"d":"0.05"}]
[5,502,50205,{"v":2699.01415099999,"d":"2,699.01"},21314,{"v":7.896957485,"d":"7.90"},"ST",101,50205000,{"v":88.9360575950999,"d":"88.94"},197,1150,1347,{"v":29.60277087,"d":"29.60"},{"v":0.992934034,"d":"0.99"},{"v":1337.482144,"d":"1,337.48"},{"v":9.517856147,"d":"9.52"},0,"0_50205000_4256",{"v":59.3332867292999,"d":"59.33"},0,{"v":9.517856147,"d":"9.52"},{"v":0.332854544,"d":"0.33"},"0_50205000_4256_940","C",{"v":3.7971816196E-5,"d":"0.00"},{"v":6.39974933e-07,"d":"0.00"},{"v":6.091189349e-06,"d":"0.00"}]
[5,502,50205,{"v":2699.01415099999,"d":"2,699.01"},21314,{"v":7.896957485,"d":"7.90"},"ST",101,50205000,{"v":88.9360575950999,"d":"88.94"},197,1150,1347,{"v":29.60277087,"d":"29.60"},{"v":0.992934034,"d":"0.99"},{"v":1337.482144,"d":"1,337.48"},{"v":9.517856147,"d":"9.52"},0,"0_50205000_4256",{"v":59.3332867292999,"d":"59.33"},0,{"v":9.517856147,"d":"9.52"},{"v":0.332854544,"d":"0.33"},"0_50205000_4256_941","D",{"v":0.598530904217,"d":"0.60"},{"v":0.0100876074327,"d":"0.01"},{"v":0.0960123964118,"d":"0.10"}]
[5,502,50205,{"v":2699.01415099999,"d":"2,699.01"},21314,{"v":7.896957485,"d":"7.90"},"ST",101,50205000,{"v":88.9360575950999,"d":"88.94"},197,1150,1347,{"v":29.60277087,"d":"29.60"},{"v":0.992934034,"d":"0.99"},{"v":1337.482144,"d":"1,337.48"},{"v":9.517856147,"d":"9.52"},0,"0_50205000_4256",{"v":59.3332867292999,"d":"59.33"},0,{"v":9.517856147,"d":"9.52"},{"v":0.332854544,"d":"0.33"},"0_50205000_4256_942","D",{"v":0.323523324337,"d":"0.32"},{"v":0.00545264458066,"d":"0.01"},{"v":0.0518974867394,"d":"0.05"}]
[5,502,50205,{"v":2699.01415099999,"d":"2,699.01"},21314,{"v":7.896957485,"d":"7.90"},"ST",101,50205000,{"v":88.9360575950999,"d":"88.94"},197,1150,1347,{"v":29.60277087,"d":"29.60"},{"v":0.992934034,"d":"0.99"},{"v":1337.482144,"d":"1,337.48"},{"v":9.517856147,"d":"9.52"},0,"0_50205000_4256",{"v":59.3332867292999,"d":"59.33"},0,{"v":9.517856147,"d":"9.52"},{"v":0.332854544,"d":"0.33"},"0_50205000_4256_943","D",{"v":5.29969041772,"d":"5.30"},{"v":0.0893206951757,"d":"0.09"},{"v":0.850141527632,"d":"0.85"}]
[5,502,50205,{"v":2699.01415099999,"d":"2,699.01"},21314,{"v":7.896957485,"d":"7.90"},"ST",101,50205000,{"v":88.9360575950999,"d":"88.94"},197,1150,1347,{"v":29.60277087,"d":"29.60"},{"v":0.992934034,"d":"0.99"},{"v":1337.482144,"d":"1,337.48"},{"v":9.517856147,"d":"9.52"},0,"0_50205000_4256",{"v":59.3332867292999,"d":"59.33"},0,{"v":9.517856147,"d":"9.52"},{"v":0.332854544,"d":"0.33"},"0_50205000_4256_944","D",{"v":0.667801986341,"d":"0.67"},{"v":0.0112550984979,"d":"0.01"},{"v":0.107124408423,"d":"0.11"}]
[5,502,50205,{"v":2699.01415099999,"d":"2,699.01"},21314,{"v":7.896957485,"d":"7.90"},"ST",101,50205000,{"v":88.9360575950999,"d":"88.94"},197,1150,1347,{"v":29.60277087,"d":"29.60"},{"v":0.992934034,"d":"0.99"},{"v":1337.482144,"d":"1,337.48"},{"v":9.517856147,"d":"9.52"},0,"0_50205000_4256",{"v":59.3332867292999,"d":"59.33"},0,{"v":9.517856147,"d":"9.52"},{"v":0.332854544,"d":"0.33"},"0_50205000_4256_945","D",{"v":3.9791136615e-05,"d":"0.00"},{"v":6.70637661e-07,"d":"0.00"},{"v":6.383032782e-06,"d":"0.00"}]
[5,502,50205,{"v":2699.01415099999,"d":"2,699.01"},21314,{"v":7.896957485,"d":"7.90"},"ST",101,50205000,{"v":88.9360575950999,"d":"88.94"},197,1150,1347,{"v":29.60277087,"d":"29.60"},{"v":0.992934034,"d":"0.99"},{"v":1337.482144,"d":"1,337.48"},{"v":9.517856147,"d":"9.52"},0,"0_50205000_4256",{"v":59.3332867292999,"d":"59.33"},0,{"v":9.517856147,"d":"9.52"},{"v":0.332854544,"d":"0.33"},"0_50205000_4256_946","D",{"v":0.00961035466886,"d":"0.01"},{"v":1.61972396923E-4,"d":"0.00"},{"v":0.0015416299737,"d":"0.00"}]
[5,502,50205,{"v":2699.01415099999,"d":"2,699.01"},21314,{"v":7.896957485,"d":"7.90"},"ST",101,50205000,{"v":88.9360575950999,"d":"88.94"},197,1150,1347,{"v":29.60277087,"d":"29.60"},{"v":0.992934034,"d":"0.99"},{"v":1337.482144,"d":"1,337.48"},{"v":9.517856147,"d":"9.52"},0,"0_50205000_4256",{"v":59.3332867292999,"d":"59.33"},0,{"v":9.517856147,"d":"9.52"},{"v":0.332854544,"d":"0.33"},"0_50205000_4256_947","D",{"v":0.208043244018,"d":"0.21"},{"v":0.00350634956339,"d":"0.00"},{"v":0.0333729307454,"d":"0.03"}]
[5,502,50205,{"v":2699.01415099999,"d":"2,699.01"},21314,{"v":7.896957485,"d":"7.90"},"ST",101,50205000,{"v":88.9360575950999,"d":"88.94"},197,1150,1347,{"v":29.60277087,"d":"29.60"},{"v":0.992934034,"d":"0.99"},{"v":1337.482144,"d":"1,337.48"},{"v":9.517856147,"d":"9.52"},0,"0_50205000_4256",{"v":59.3332867292999,"d":"59.33"},0,{"v":9.517856147,"d":"9.52"},{"v":0.332854544,"d":"0.33"},"0_50205000_4256_948","D",{"v":0.0622680499935,"d":"0.06"},{"v":1.04946234106E-3,"d":"0.00"},{"v":0.0099886315939,"d":"0.01"}]
[5,502,50205,{"v":2699.01415099999,"d":"2,699.01"},21314,{"v":7.896957485,"d":"7.90"},"ST",101,50205000,{"v":88.9360575950999,"d":"88.94"},197,1150,1347,{"v":29.60277087,"d":"29.60"},{"v":0.992934034,"d":"0.99"},{"v":1337.482144,"d":"1,337.48"},{"v":9.517856147,"d":"9.52"},0,"0_50205000_4256",{"v":59.3332867292999,"d":"59.33"},0,{"v":9.517856147,"d":"9.52"},{"v":0.332854544,"d":"0.33"},"0_50205000_4256_949","D",{"v":3.627950357e-06,"d":"0.00"},{"v":6.1145279e-08,"d":"0.00"},{"v":5.81971967e-07,"d":"0.00"}]
[5,502,50205,{"v":2699.01415099999,"d":"2,699.01"},21314,{"v":7.896957485,"d":"7.90"},"ST",101,50205000,{"v":88.9360575950999,"d":"88.94"},197,1150,1347,{"v":29.60277087,"d":"29.60"},{"v":0.992934034,"d":"0.99"},{"v":1337.482144,"d":"1,337.48"},{"v":9.517856147,"d":"9.52"},0,"0_50205000_4256",{"v":59.3332867292999,"d":"59.33"},0,{"v":9.517856147,"d":"9.52"},{"v":0.332854544,"d":"0.33"},"0_50205000_4256_950","D",{"v":0.767143449712,"d":"0.77"},{"v":0.0129293941394,"d":"0.01"},{"v":0.123060113487,"d":"0.12"}]
[5,502,50205,{"v":2699.01415099999,"d":"2,699.01"},21314,{"v":7.896957485,"d":"7.90"},"ST",101,50205000,{"v":88.9360575950999,"d":"88.94"},197,1150,1347,{"v":29.60277087,"d":"29.60"},{"v":0.992934034,"d":"0.99"},{"v":1337.482144,"d":"1,337.48"},{"v":9.517856147,"d":"9.52"},0,"0_50205000_4256",{"v":59.3332867292999,"d":"59.33"},0,{"v":9.517856147,"d":"9.52"},{"v":0.332854544,"d":"0.33"},"0_50205000_4256_951","E",{"v":7.60992581763,"d":"7.61"},{"v":0.128257277443,"d":"0.13"},{"v":1.22073431651,"d":"1.22"}]
[5,502,50205,{"v":2699.01415099999,"d":"2,699.01"},21314,{"v":7.896957485,"d":"7.90"},"ST",101,50205000,{"v":88.9360575950999,"d":"88.94"},197,1150,1347,{"v":29.60277087,"d":"29.60"},{"v":0.992934034,"d":"0.99"},{"v":1337.482144,"d":"1,337.48"},{"v":9.517856147,"d":"9.52"},0,"0_50205000_4256",{"v":59.3332867292999,"d":"59.33"},0,{"v":9.517856147,"d":"9.52"},{"v":0.332854544,"d":"0.33"},"0_50205000_4256_952","E",{"v":0.592631361326,"d":"0.59"},{"v":0.00998817685644,"d":"0.01"},{"v":0.0950660304904,"d":"0.10"}]
[5,502,50205,{"v":2699.01415099999,"d":"2,699.01"},21314,{"v":7.896957485,"d":"7.90"},"ST",101,50205000,{"v":88.9360575950999,"d":"88.94"},197,1150,1347,{"v":29.60277087,"d":"29.60"},{"v":0.992934034,"d":"0.99"},{"v":1337.482144,"d":"1,337.48"},{"v":9.517856147,"d":"9.52"},0,"0_50205000_4256",{"v":59.3332867292999,"d":"59.33"},0,{"v":9.517856147,"d":"9.52"},{"v":0.332854544,"d":"0.33"},"0_50205000_4256_953","E",{"v":5.20524616055,"d":"5.21"},{"v":0.0877289367821,"d":"0.09"},{"v":0.834991400221,"d":"0.83"}]
[5,502,50205,{"v":2699.01415099999,"d":"2,699.01"},21314,{"v":7.896957485,"d":"7.90"},"ST",101,50205000,{"v":88.9360575950999,"d":"88.94"},197,1150,1347,{"v":29.60277087,"d":"29.60"},{"v":0.992934034,"d":"0.99"},{"v":1337.482144,"d":"1,337.48"},{"v":9.517856147,"d":"9.52"},0,"0_50205000_4256",{"v":59.3332867292999,"d":"59.33"},0,{"v":9.517856147,"d":"9.52"},{"v":0.332854544,"d":"0.33"},"0_50205000_4256_954","E",{"v":0.344226329741,"d":"0.34"},{"v":0.0058015719121,"d":"0.01"},{"v":0.0552185268858,"d":"0.06"}]
[5,502,50205,{"v":2699.01415099999,"d":"2,699.01"},21314,{"v":7.896957485,"d":"7.90"},"ST",101,50205000,{"v":88.9360575950999,"d":"88.94"},197,1150,1347,{"v":29.60277087,"d":"29.60"},{"v":0.992934034,"d":"0.99"},{"v":1337.482144,"d":"1,337.48"},{"v":9.517856147,"d":"9.52"},0,"0_50205000_4256",{"v":59.3332867292999,"d":"59.33"},0,{"v":9.517856147,"d":"9.52"},{"v":0.332854544,"d":"0.33"},"0_50205000_4256_955","F",{"v":13.732338128,"d":"13.73"},{"v":0.231444082824,"d":"0.23"},{"v":2.20285148639,"d":"2.20"}]
[5,502,50205,{"v":2699.01415099999,"d":"2,699.01"},21314,{"v":7.896957485,"d":"7.90"},"ST",101,50205000,{"v":88.9360575950999,"d":"88.94"},197,1150,1347,{"v":29.60277087,"d":"29.60"},{"v":0.992934034,"d":"0.99"},{"v":1337.482144,"d":"1,337.48"},{"v":9.517856147,"d":"9.52"},0,"0_50205000_4256",{"v":59.3332867292999,"d":"59.33"},0,{"v":9.517856147,"d":"9.52"},{"v":0.332854544,"d":"0.33"},"0_50205000_4256_956","F",{"v":0.235268927926,"d":"0.24"},{"v":0.00396520976496,"d":"0.00"},{"v":0.0377402961356,"d":"0.04"}]
[5,502,50205,{"v":2699.01415099999,"d":"2,699.01"},21314,{"v":7.896957485,"d":"7.90"},"ST",101,50205000,{"v":88.9360575950999,"d":"88.94"},197,1150,1347,{"v":29.60277087,"d":"29.60"},{"v":0.992934034,"d":"0.99"},{"v":1337.482144,"d":"1,337.48"},{"v":9.517856147,"d":"9.52"},0,"0_50205000_4256",{"v":59.3332867292999,"d":"59.33"},0,{"v":9.517856147,"d":"9.52"},{"v":0.332854544,"d":"0.33"},"0_50205000_4256_957","G",{"v":8.28769003991999,"d":"8.29"},{"v":0.139680278926,"d":"0.14"},{"v":1.32945680139,"d":"1.33"}]
[5,502,50205,{"v":2699.01415099999,"d":"2,699.01"},21314,{"v":7.896957485,"d":"7.90"},"ST",101,50205000,{"v":88.9360575950999,"d":"88.94"},197,1150,1347,{"v":29.60277087,"d":"29.60"},{"v":0.992934034,"d":"0.99"},{"v":1337.482144,"d":"1,337.48"},{"v":9.517856147,"d":"9.52"},0,"0_50205000_4256",{"v":59.3332867292999,"d":"59.33"},0,{"v":9.517856147,"d":"9.52"},{"v":0.332854544,"d":"0.33"},"0_50205000_4256_958","G",{"v":0.478074933041,"d":"0.48"},{"v":0.00805744902052,"d":"0.01"},{"v":0.0766896406891,"d":"0.08"}]
[5,502,50205,{"v":2699.01415099999,"d":"2,699.01"},21314,{"v":7.896957485,"d":"7.90"},"ST",101,50205010,{"v":49.612513405,"d":"49.61"},49,1328,1377,{"v":43.7373959199999,"d":"43.74"},{"v":0.992934034,"d":"0.99"},{"v":1367.27016499999,"d":"1,367.27"},{"v":9.72983512599999,"d":"9.73"},0,"0_50205010_4257",{"v":5.87511748789,"d":"5.88"},0,{"v":9.72983512599999,"d":"9.73"},{"v":0.881579926,"d":"0.88"},"0_50205010_4257_959","A",{"v":0.0394175566424,"d":"0.04"},{"v":0.00670923717247,"d":"0.01"},{"v":0.0652797715094,"d":"0.07"}]
[5,502,50205,{"v":2699.01415099999,"d":"2,699.01"},21314,{"v":7.896957485,"d":"7.90"},"ST",101,50205010,{"v":49.612513405,"d":"49.61"},49,1328,1377,{"v":43.7373959199999,"d":"43.74"},{"v":0.992934034,"d":"0.99"},{"v":1367.27016499999,"d":"1,367.27"},{"v":9.72983512599999,"d":"9.73"},0,"0_50205010_4257",{"v":5.87511748789,"d":"5.88"},0,{"v":9.72983512599999,"d":"9.73"},{"v":0.881579926,"d":"0.88"},"0_50205010_4257_960","A",{"v":0.000239519911906,"d":"0.00"},{"v":4.0768531421e-05,"d":"0.00"},{"v":0.000396671089054,"d":"0.00"}]
[5,502,50205,{"v":2699.01415099999,"d":"2,699.01"},21314,{"v":7.896957485,"d":"7.90"},"ST",101,50205010,{"v":49.612513405,"d":"49.61"},49,1328,1377,{"v":43.7373959199999,"d":"43.74"},{"v":0.992934034,"d":"0.99"},{"v":1367.27016499999,"d":"1,367.27"},{"v":9.72983512599999,"d":"9.73"},0,"0_50205010_4257",{"v":5.87511748789,"d":"5.88"},0,{"v":9.72983512599999,"d":"9.73"},{"v":0.881579926,"d":"0.88"},"0_50205010_4257_961","A",{"v":0.036423272129,"d":"0.04"},{"v":0.00619958191544,"d":"0.01"},{"v":0.0603209098874,"d":"0.06"}]
[5,502,50205,{"v":2699.01415099999,"d":"2,699.01"},21314,{"v":7.896957485,"d":"7.90"},"ST",101,50205010,{"v":49.612513405,"d":"49.61"},49,1328,1377,{"v":43.7373959199999,"d":"43.74"},{"v":0.992934034,"d":"0.99"},{"v":1367.27016499999,"d":"1,367.27"},{"v":9.72983512599999,"d":"9.73"},0,"0_50205010_4257",{"v":5.87511748789,"d":"5.88"},0,{"v":9.72983512599999,"d":"9.73"},{"v":0.881579926,"d":"0.88"},"0_50205010_4257_962","A",{"v":0.442144765672,"d":"0.44"},{"v":0.0752571785302,"d":"0.08"},{"v":0.732239939147,"d":"0.73"}]
[5,502,50205,{"v":2699.01415099999,"d":"2,699.01"},21314,{"v":7.896957485,"d":"7.90"},"ST",101,50205010,{"v":49.612513405,"d":"49.61"},49,1328,1377,{"v":43.7373959199999,"d":"43.74"},{"v":0.992934034,"d":"0.99"},{"v":1367.27016499999,"d":"1,367.27"},{"v":9.72983512599999,"d":"9.73"},0,"0_50205010_4257",{"v":5.87511748789,"d":"5.88"},0,{"v":9.72983512599999,"d":"9.73"},{"v":0.881579926,"d":"0.88"},"0_50205010_4257_963","B",{"v":0.214371628164,"d":"0.21"},{"v":0.0364880580866,"d":"0.04"},{"v":0.355022789251,"d":"0.36"}]
[5,502,50205,{"v":2699.01415099999,"d":"2,699.01"},21314,{"v":7.896957485,"d":"7.90"},"ST",101,50205010,{"v":49.612513405,"d":"49.61"},49,1328,1377,{"v":43.7373959199999,"d":"43.74"},{"v":0.992934034,"d":"0.99"},{"v":1367.27016499999,"d":"1,367.27"},{"v":9.72983512599999,"d":"9.73"},0,"0_50205010_4257",{"v":5.87511748789,"d":"5.88"},0,{"v":9.72983512599999,"d":"9.73"},{"v":0.881579926,"d":"0.88"},"0_50205010_4257_964","B",{"v":0.293555814518,"d":"0.29"},{"v":0.049965947936,"d":"0.05"},{"v":0.486160435332,"d":"0.49"}]
[5,502,50205,{"v":2699.01415099999,"d":"2,699.01"},21314,{"v":7.896957485,"d":"7.90"},"ST",101,50205010,{"v":49.612513405,"d":"49.61"},49,1328,1377,{"v":43.7373959199999,"d":"43.74"},{"v":0.992934034,"d":"0.99"},{"v":1367.27016499999,"d":"1,367.27"},{"v":9.72983512599999,"d":"9.73"},0,"0_50205010_4257",{"v":5.87511748789,"d":"5.88"},0,{"v":9.72983512599999,"d":"9.73"},{"v":0.881579926,"d":"0.88"},"0_50205010_4257_965","B",{"v":0.00983979184071,"d":"0.01"},{"v":0.00167482469261,"d":"0.00"},{"v":0.016295768124,"d":"0.02"}]
[5,502,50205,{"v":2699.01415099999,"d":"2,699.01"},21314,{"v":7.896957485,"d":"7.90"},"ST",101,50205010,{"v":49.612513405,"d":"49.61"},49,1328,1377,{"v":43.7373959199999,"d":"43.74"},{"v":0.992934034,"d":"0.99"},{"v":1367.27016499999,"d":"1,367.27"},{"v":9.72983512599999,"d":"9.73"},0,"0_50205010_4257",{"v":5.87511748789,"d":"5.88"},0,{"v":9.72983512599999,"d":"9.73"},{"v":0.881579926,"d":"0.88"},"0_50205010_4257_966","B",{"v":1.826941069E-6,"d":"0.00"},{"v":3.10962474E-7,"d":"0.00"},{"v":3.025613602e-06,"d":"0.00"}]
[5,502,50205,{"v":2699.01415099999,"d":"2,699.01"},21314,{"v":7.896957485,"d":"7.90"},"ST",101,50205010,{"v":49.612513405,"d":"49.61"},49,1328,1377,{"v":43.7373959199999,"d":"43.74"},{"v":0.992934034,"d":"0.99"},{"v":1367.27016499999,"d":"1,367.27"},{"v":9.72983512599999,"d":"9.73"},0,"0_50205010_4257",{"v":5.87511748789,"d":"5.88"},0,{"v":9.72983512599999,"d":"9.73"},{"v":0.881579926,"d":"0.88"},"0_50205010_4257_967","B",{"v":0.0975472886951,"d":"0.10"},{"v":0.0166034617854,"d":"0.02"},{"v":0.161548945693,"d":"0.16"}]
[5,502,50205,{"v":2699.01415099999,"d":"2,699.01"},21314,{"v":7.896957485,"d":"7.90"},"ST",101,50205010,{"v":49.612513405,"d":"49.61"},49,1328,1377,{"v":43.7373959199999,"d":"43.74"},{"v":0.992934034,"d":"0.99"},{"v":1367.27016499999,"d":"1,367.27"},{"v":9.72983512599999,"d":"9.73"},0,"0_50205010_4257",{"v":5.87511748789,"d":"5.88"},0,{"v":9.72983512599999,"d":"9.73"},{"v":0.881579926,"d":"0.88"},"0_50205010_4257_968","B",{"v":0.525563862248,"d":"0.53"},{"v":0.0894558897471,"d":"0.09"},{"v":0.870391058289,"d":"0.87"}]
[5,502,50205,{"v":2699.01415099999,"d":"2,699.01"},21314,{"v":7.896957485,"d":"7.90"},"ST",101,50205010,{"v":49.612513405,"d":"49.61"},49,1328,1377,{"v":43.7373959199999,"d":"43.74"},{"v":0.992934034,"d":"0.99"},{"v":1367.27016499999,"d":"1,367.27"},{"v":9.72983512599999,"d":"9.73"},0,"0_50205010_4257",{"v":5.87511748789,"d":"5.88"},0,{"v":9.72983512599999,"d":"9.73"},{"v":0.881579926,"d":"0.88"},"0_50205010_4257_969","C",{"v":0.495775325306,"d":"0.50"},{"v":0.0843856018757,"d":"0.08"},{"v":0.821057993259,"d":"0.82"}]
[5,502,50205,{"v":2699.01415099999,"d":"2,699.01"},21314,{"v":7.896957485,"d":"7.90"},"ST",101,50205010,{"v":49.612513405,"d":"49.61"},49,1328,1377,{"v":43.7373959199999,"d":"43.74"},{"v":0.992934034,"d":"0.99"},{"v":1367.27016499999,"d":"1,367.27"},{"v":9.72983512599999,"d":"9.73"},0,"0_50205010_4257",{"v":5.87511748789,"d":"5.88"},0,{"v":9.72983512599999,"d":"9.73"},{"v":0.881579926,"d":"0.88"},"0_50205010_4257_970","C",{"v":0.792324067305,"d":"0.79"},{"v":0.134860974089,"d":"0.13"},{"v":1.31217504282,"d":"1.31"}]
[5,502,50205,{"v":2699.01415099999,"d":"2,699.01"},21314,{"v":7.896957485,"d":"7.90"},"ST",101,50205010,{"v":49.612513405,"d":"49.61"},49,1328,1377,{"v":43.7373959199999,"d":"43.74"},{"v":0.992934034,"d":"0.99"},{"v":1367.27016499999,"d":"1,367.27"},{"v":9.72983512599999,"d":"9.73"},0,"0_50205010_4257",{"v":5.87511748789,"d":"5.88"},0,{"v":9.72983512599999,"d":"9.73"},{"v":0.881579926,"d":"0.88"},"0_50205010_4257_971","C",{"v":0.00228889181943,"d":"0.00"},{"v":0.000389590816549,"d":"0.00"},{"v":0.00379065441163,"d":"0.00"}]
[5,502,50205,{"v":2699.01415099999,"d":"2,699.01"},21314,{"v":7.896957485,"d":"7.90"},"ST",101,50205010,{"v":49.612513405,"d":"49.61"},49,1328,1377,{"v":43.7373959199999,"d":"43.74"},{"v":0.992934034,"d":"0.99"},{"v":1367.27016499999,"d":"1,367.27"},{"v":9.72983512599999,"d":"9.73"},0,"0_50205010_4257",{"v":5.87511748789,"d":"5.88"},0,{"v":9.72983512599999,"d":"9.73"},{"v":0.881579926,"d":"0.88"},"0_50205010_4257_972","D",{"v":2.57943025845,"d":"2.58"},{"v":0.439043178927,"d":"0.44"},{"v":4.27181774415,"d":"4.27"}]
[5,502,50205,{"v":2699.01415099999,"d":"2,699.01"},21314,{"v":7.896957485,"d":"7.90"},"ST",101,50205010,{"v":49.612513405,"d":"49.61"},49,1328,1377,{"v":43.7373959199999,"d":"43.74"},{"v":0.992934034,"d":"0.99"},{"v":1367.27016499999,"d":"1,367.27"},{"v":9.72983512599999,"d":"9.73"},0,"0_50205010_4257",{"v":5.87511748789,"d":"5.88"},0,{"v":9.72983512599999,"d":"9.73"},{"v":0.881579926,"d":"0.88"},"0_50205010_4257_973","D",{"v":0.130521725946,"d":"0.13"},{"v":0.0222160197162,"d":"0.02"},{"v":0.216158208995,"d":"0.22"}]
[5,502,50205,{"v":2699.01415099999,"d":"2,699.01"},21314,{"v":7.896957485,"d":"7.90"},"ST",101,50205010,{"v":49.612513405,"d":"49.61"},49,1328,1377,{"v":43.7373959199999,"d":"43.74"},{"v":0.992934034,"d":"0.99"},{"v":1367.27016499999,"d":"1,367.27"},{"v":9.72983512599999,"d":"9.73"},0,"0_50205010_4257",{"v":5.87511748789,"d":"5.88"},0,{"v":9.72983512599999,"d":"9.73"},{"v":0.881579926,"d":"0.88"},"0_50205010_4257_974","D",{"v":0.215671892348,"d":"0.22"},{"v":0.036709375224,"d":"0.04"},{"v":0.357176168508,"d":"0.36"}]
[5,502,50205,{"v":2699.01415099999,"d":"2,699.01"},21314,{"v":7.896957485,"d":"7.90"},"ST",101,50205011,{"v":52.87462106,"d":"52.87"},127,1337,1464,{"v":49.01632595,"d":"49.02"},{"v":0.992934034,"d":"0.99"},{"v":1453.655426,"d":"1,453.66"},{"v":10.34457416,"d":"10.34"},0,"0_50205011_4258",{"v":3.85829511464,"d":"3.86"},0,{"v":10.34457416,"d":"10.34"},{"v":0.927029357,"d":"0.93"},"0_50205011_4258_975","A",{"v":0.0109116918867,"d":"0.01"},{"v":0.00282811230414,"d":"0.00"},{"v":0.029255617463,"d":"0.03"}]
[5,502,50205,{"v":2699.01415099999,"d":"2,699.01"},21314,{"v":7.896957485,"d":"7.90"},"ST",101,50205011,{"v":52.87462106,"d":"52.87"},127,1337,1464,{"v":49.01632595,"d":"49.02"},{"v":0.992934034,"d":"0.99"},{"v":1453.655426,"d":"1,453.66"},{"v":10.34457416,"d":"10.34"},0,"0_50205011_4258",{"v":3.85829511464,"d":"3.86"},0,{"v":10.34457416,"d":"10.34"},{"v":0.927029357,"d":"0.93"},"0_50205011_4258_976","A",{"v":0.098880795725,"d":"0.10"},{"v":0.0256281058828,"d":"0.03"},{"v":0.265111841885,"d":"0.27"}]
[5,502,50205,{"v":2699.01415099999,"d":"2,699.01"},21314,{"v":7.896957485,"d":"7.90"},"ST",101,50205011,{"v":52.87462106,"d":"52.87"},127,1337,1464,{"v":49.01632595,"d":"49.02"},{"v":0.992934034,"d":"0.99"},{"v":1453.655426,"d":"1,453.66"},{"v":10.34457416,"d":"10.34"},0,"0_50205011_4258",{"v":3.85829511464,"d":"3.86"},0,{"v":10.34457416,"d":"10.34"},{"v":0.927029357,"d":"0.93"},"0_50205011_4258_977","A",{"v":2.45423927607,"d":"2.45"},{"v":0.63609423415,"d":"0.64"},{"v":6.58012397791,"d":"6.58"}]
[5,502,50205,{"v":2699.01415099999,"d":"2,699.01"},21314,{"v":7.896957485,"d":"7.90"},"ST",101,50205011,{"v":52.87462106,"d":"52.87"},127,1337,1464,{"v":49.01632595,"d":"49.02"},{"v":0.992934034,"d":"0.99"},{"v":1453.655426,"d":"1,453.66"},{"v":10.34457416,"d":"10.34"},0,"0_50205011_4258",{"v":3.85829511464,"d":"3.86"},0,{"v":10.34457416,"d":"10.34"},{"v":0.927029357,"d":"0.93"},"0_50205011_4258_978","A",{"v":2.8622401732E-5,"d":"0.00"},{"v":7.418406545e-06,"d":"0.00"},{"v":7.6740256658e-05,"d":"0.00"}]
[5,502,50205,{"v":2699.01415099999,"d":"2,699.01"},21314,{"v":7.896957485,"d":"7.90"},"ST",101,50205011,{"v":52.87462106,"d":"52.87"},127,1337,1464,{"v":49.01632595,"d":"49.02"},{"v":0.992934034,"d":"0.99"},{"v":1453.655426,"d":"1,453.66"},{"v":10.34457416,"d":"10.34"},0,"0_50205011_4258",{"v":3.85829511464,"d":"3.86"},0,{"v":10.34457416,"d":"10.34"},{"v":0.927029357,"d":"0.93"},"0_50205011_4258_979","B",{"v":0.152429541356,"d":"0.15"},{"v":0.0395069679293,"d":"0.04"},{"v":0.408682759581,"d":"0.41"}]
[5,502,50205,{"v":2699.01415099999,"d":"2,699.01"},21314,{"v":7.896957485,"d":"7.90"},"ST",101,50205011,{"v":52.87462106,"d":"52.87"},127,1337,1464,{"v":49.01632595,"d":"49.02"},{"v":0.992934034,"d":"0.99"},{"v":1453.655426,"d":"1,453.66"},{"v":10.34457416,"d":"10.34"},0,"0_50205011_4258",{"v":3.85829511464,"d":"3.86"},0,{"v":10.34457416,"d":"10.34"},{"v":0.927029357,"d":"0.93"},"0_50205011_4258_980","B",{"v":0.0587790420544,"d":"0.06"},{"v":0.0152344598606,"d":"0.02"},{"v":0.157593999816,"d":"0.16"}]
[5,502,50205,{"v":2699.01415099999,"d":"2,699.01"},21314,{"v":7.896957485,"d":"7.90"},"ST",101,50205011,{"v":52.87462106,"d":"52.87"},127,1337,1464,{"v":49.01632595,"d":"49.02"},{"v":0.992934034,"d":"0.99"},{"v":1453.655426,"d":"1,453.66"},{"v":10.34457416,"d":"10.34"},0,"0_50205011_4258",{"v":3.85829511464,"d":"3.86"},0,{"v":10.34457416,"d":"10.34"},{"v":0.927029357,"d":"0.93"},"0_50205011_4258_981","B",{"v":0.530082014885,"d":"0.53"},{"v":0.137387628249,"d":"0.14"},{"v":1.42121650909,"d":"1.42"}]
[5,502,50205,{"v":2699.01415099999,"d":"2,699.01"},21314,{"v":7.896957485,"d":"7.90"},"ST",101,50205011,{"v":52.87462106,"d":"52.87"},127,1337,1464,{"v":49.01632595,"d":"49.02"},{"v":0.992934034,"d":"0.99"},{"v":1453.655426,"d":"1,453.66"},{"v":10.34457416,"d":"10.34"},0,"0_50205011_4258",{"v":3.85829511464,"d":"3.86"},0,{"v":10.34457416,"d":"10.34"},{"v":0.927029357,"d":"0.93"},"0_50205011_4258_982","B",{"v":0.124649919349,"d":"0.12"},{"v":0.032306994578,"d":"0.03"},{"v":0.334202101299,"d":"0.33"}]
[5,502,50205,{"v":2699.01415099999,"d":"2,699.01"},21314,{"v":7.896957485,"d":"7.90"},"ST",101,50205011,{"v":52.87462106,"d":"52.87"},127,1337,1464,{"v":49.01632595,"d":"49.02"},{"v":0.992934034,"d":"0.99"},{"v":1453.655426,"d":"1,453.66"},{"v":10.34457416,"d":"10.34"},0,"0_50205011_4258",{"v":3.85829511464,"d":"3.86"},0,{"v":10.34457416,"d":"10.34"},{"v":0.927029357,"d":"0.93"},"0_50205011_4258_983","B",{"v":0.000386694375312,"d":"0.00"},{"v":1.00224156997E-4,"d":"0.00"},{"v":1.03677622468E-3,"d":"0.00"}]
[5,502,50205,{"v":2699.01415099999,"d":"2,699.01"},21314,{"v":7.896957485,"d":"7.90"},"ST",101,50205011,{"v":52.87462106,"d":"52.87"},127,1337,1464,{"v":49.01632595,"d":"49.02"},{"v":0.992934034,"d":"0.99"},{"v":1453.655426,"d":"1,453.66"},{"v":10.34457416,"d":"10.34"},0,"0_50205011_4258",{"v":3.85829511464,"d":"3.86"},0,{"v":10.34457416,"d":"10.34"},{"v":0.927029357,"d":"0.93"},"0_50205011_4258_984","B",{"v":0.0301758207139,"d":"0.03"},{"v":0.00782102452438,"d":"0.01"},{"v":0.0809051681996,"d":"0.08"}]
[5,502,50205,{"v":2699.01415099999,"d":"2,699.01"},21314,{"v":7.896957485,"d":"7.90"},"ST",101,50205011,{"v":52.87462106,"d":"52.87"},127,1337,1464,{"v":49.01632595,"d":"49.02"},{"v":0.992934034,"d":"0.99"},{"v":1453.655426,"d":"1,453.66"},{"v":10.34457416,"d":"10.34"},0,"0_50205011_4258",{"v":3.85829511464,"d":"3.86"},0,{"v":10.34457416,"d":"10.34"},{"v":0.927029357,"d":"0.93"},"0_50205011_4258_985","B",{"v":1.4257234764e-05,"d":"0.00"},{"v":3.69521624e-06,"d":"0.00"},{"v":3.8225438427e-05,"d":"0.00"}]
[5,502,50205,{"v":2699.01415099999,"d":"2,699.01"},21314,{"v":7.896957485,"d":"7.90"},"ST",101,50205011,{"v":52.87462106,"d":"52.87"},127,1337,1464,{"v":49.01632595,"d":"49.02"},{"v":0.992934034,"d":"0.99"},{"v":1453.655426,"d":"1,453.66"},{"v":10.34457416,"d":"10.34"},0,"0_50205011_4258",{"v":3.85829511464,"d":"3.86"},0,{"v":10.34457416,"d":"10.34"},{"v":0.927029357,"d":"0.93"},"0_50205011_4258_986","C",{"v":1.75635433326E-3,"d":"0.00"},{"v":0.000455215135461,"d":"0.00"},{"v":0.00470900672753,"d":"0.00"}]
[5,502,50205,{"v":2699.01415099999,"d":"2,699.01"},21314,{"v":7.896957485,"d":"7.90"},"ST",101,50205011,{"v":52.87462106,"d":"52.87"},127,1337,1464,{"v":49.01632595,"d":"49.02"},{"v":0.992934034,"d":"0.99"},{"v":1453.655426,"d":"1,453.66"},{"v":10.34457416,"d":"10.34"},0,"0_50205011_4258",{"v":3.85829511464,"d":"3.86"},0,{"v":10.34457416,"d":"10.34"},{"v":0.927029357,"d":"0.93"},"0_50205011_4258_987","C",{"v":0.00261430382501,"d":"0.00"},{"v":0.000677580057339,"d":"0.00"},{"v":0.00700927715248,"d":"0.01"}]
[5,502,50205,{"v":2699.01415099999,"d":"2,699.01"},21314,{"v":7.896957485,"d":"7.90"},"ST",101,50205011,{"v":52.87462106,"d":"52.87"},127,1337,1464,{"v":49.01632595,"d":"49.02"},{"v":0.992934034,"d":"0.99"},{"v":1453.655426,"d":"1,453.66"},{"v":10.34457416,"d":"10.34"},0,"0_50205011_4258",{"v":3.85829511464,"d":"3.86"},0,{"v":10.34457416,"d":"10.34"},{"v":0.927029357,"d":"0.93"},"0_50205011_4258_988","C",{"v":0.320400544076,"d":"0.32"},{"v":0.0830420003022,"d":"0.08"},{"v":0.859034130521,"d":"0.86"}]
[5,502,50205,{"v":2699.01415099999,"d":"2,699.01"},21314,{"v":7.896957485,"d":"7.90"},"ST",101,50205011,{"v":52.87462106,"d":"52.87"},127,1337,1464,{"v":49.01632595,"d":"49.02"},{"v":0.992934034,"d":"0.99"},{"v":1453.655426,"d":"1,453.66"},{"v":10.34457416,"d":"10.34"},0,"0_50205011_4258",{"v":3.85829511464,"d":"3.86"},0,{"v":10.34457416,"d":"10.34"},{"v":0.927029357,"d":"0.93"},"0_50205011_4258_989","C",{"v":0.0354709612995,"d":"0.04"},{"v":0.00919342876726,"d":"0.01"},{"v":0.0951021056676,"d":"0.10"}]
[5,502,50205,{"v":2699.01415099999,"d":"2,699.01"},21314,{"v":7.896957485,"d":"7.90"},"ST",101,50205011,{"v":52.87462106,"d":"52.87"},127,1337,1464,{"v":49.01632595,"d":"49.02"},{"v":0.992934034,"d":"0.99"},{"v":1453.655426,"d":"1,453.66"},{"v":10.34457416,"d":"10.34"},0,"0_50205011_4258",{"v":3.85829511464,"d":"3.86"},0,{"v":10.34457416,"d":"10.34"},{"v":0.927029357,"d":"0.93"},"0_50205011_4258_990","D",{"v":0.0371218065575,"d":"0.04"},{"v":0.0096212978672,"d":"0.01"},{"v":0.0995282293027,"d":"0.10"}]
[5,502,50205,{"v":2699.01415099999,"d":"2,699.01"},21314,{"v":7.896957485,"d":"7.90"},"ST",101,50205011,{"v":52.87462106,"d":"52.87"},127,1337,1464,{"v":49.01632595,"d":"49.02"},{"v":0.992934034,"d":"0.99"},{"v":1453.655426,"d":"1,453.66"},{"v":10.34457416,"d":"10.34"},0,"0_50205011_4258",{"v":3.85829511464,"d":"3.86"},0,{"v":10.34457416,"d":"10.34"},{"v":0.927029357,"d":"0.93"},"0_50205011_4258_991","D",{"v":0.000353468516568,"d":"0.00"},{"v":9.1612618026e-05,"d":"0.00"},{"v":0.000947693521159,"d":"0.00"}]
[5,502,50205,{"v":2699.01415099999,"d":"2,699.01"},21314,{"v":7.896957485,"d":"7.90"},"ST",101,50205012,{"v":73.7768252799999,"d":"73.78"},39,531,570,{"v":62.69960256,"d":"62.70"},{"v":0.992934034,"d":"0.99"},{"v":565.972399399999,"d":"565.97"},{"v":4.027600597,"d":"4.03"},0,"0_50205012_4259",{"v":11.0772227224,"d":"11.08"},0,{"v":4.027600597,"d":"4.03"},{"v":0.849854983,"d":"0.85"},"0_50205012_4259_992","B",{"v":0.252803217434,"d":"0.25"},{"v":0.0228218953224,"d":"0.02"},{"v":0.0919174792252,"d":"0.09"}]
[5,502,50205,{"v":2699.01415099999,"d":"2,699.01"},21314,{"v":7.896957485,"d":"7.90"},"ST",101,50205012,{"v":73.7768252799999,"d":"73.78"},39,531,570,{"v":62.69960256,"d":"62.70"},{"v":0.992934034,"d":"0.99"},{"v":565.972399399999,"d":"565.97"},{"v":4.027600597,"d":"4.03"},0,"0_50205012_4259",{"v":11.0772227224,"d":"11.08"},0,{"v":4.027600597,"d":"4.03"},{"v":0.849854983,"d":"0.85"},"0_50205012_4259_993","C",{"v":0.0108569962505,"d":"0.01"},{"v":0.000980118981317,"d":"0.00"},{"v":0.00394752779428,"d":"0.00"}]
[5,502,50205,{"v":2699.01415099999,"d":"2,699.01"},21314,{"v":7.896957485,"d":"7.90"},"ST",101,50205012,{"v":73.7768252799999,"d":"73.78"},39,531,570,{"v":62.69960256,"d":"62.70"},{"v":0.992934034,"d":"0.99"},{"v":565.972399399999,"d":"565.97"},{"v":4.027600597,"d":"4.03"},0,"0_50205012_4259",{"v":11.0772227224,"d":"11.08"},0,{"v":4.027600597,"d":"4.03"},{"v":0.849854983,"d":"0.85"},"0_50205012_4259_994","C",{"v":0.313936597748,"d":"0.31"},{"v":0.0283407317534,"d":"0.03"},{"v":0.114145148129,"d":"0.11"}]
[5,502,50205,{"v":2699.01415099999,"d":"2,699.01"},21314,{"v":7.896957485,"d":"7.90"},"ST",101,50205012,{"v":73.7768252799999,"d":"73.78"},39,531,570,{"v":62.69960256,"d":"62.70"},{"v":0.992934034,"d":"0.99"},{"v":565.972399399999,"d":"565.97"},{"v":4.027600597,"d":"4.03"},0,"0_50205012_4259",{"v":11.0772227224,"d":"11.08"},0,{"v":4.027600597,"d":"4.03"},{"v":0.849854983,"d":"0.85"},"0_50205012_4259_995","C",{"v":2.01004365458,"d":"2.01"},{"v":0.181457365709,"d":"0.18"},{"v":0.73083779446,"d":"0.73"}]
[5,502,50205,{"v":2699.01415099999,"d":"2,699.01"},21314,{"v":7.896957485,"d":"7.90"},"ST",101,50205012,{"v":73.7768252799999,"d":"73.78"},39,531,570,{"v":62.69960256,"d":"62.70"},{"v":0.992934034,"d":"0.99"},{"v":565.972399399999,"d":"565.97"},{"v":4.027600597,"d":"4.03"},0,"0_50205012_4259",{"v":11.0772227224,"d":"11.08"},0,{"v":4.027600597,"d":"4.03"},{"v":0.849854983,"d":"0.85"},"0_50205012_4259_996","D",{"v":0.0271108064813,"d":"0.03"},{"v":0.00244743715647,"d":"0.00"},{"v":0.00985729935252,"d":"0.01"}]
[5,502,50205,{"v":2699.01415099999,"d":"2,699.01"},21314,{"v":7.896957485,"d":"7.90"},"ST",101,50205012,{"v":73.7768252799999,"d":"73.78"},39,531,570,{"v":62.69960256,"d":"62.70"},{"v":0.992934034,"d":"0.99"},{"v":565.972399399999,"d":"565.97"},{"v":4.027600597,"d":"4.03"},0,"0_50205012_4259",{"v":11.0772227224,"d":"11.08"},0,{"v":4.027600597,"d":"4.03"},{"v":0.849854983,"d":"0.85"},"0_50205012_4259_997","D",{"v":1.94529419944,"d":"1.95"},{"v":0.175612086909,"d":"0.18"},{"v":0.707295346075,"d":"0.71"}]
[5,502,50205,{"v":2699.01415099999,"d":"2,699.01"},21314,{"v":7.896957485,"d":"7.90"},"ST",101,50205012,{"v":73.7768252799999,"d":"73.78"},39,531,570,{"v":62.69960256,"d":"62.70"},{"v":0.992934034,"d":"0.99"},{"v":565.972399399999,"d":"565.97"},{"v":4.027600597,"d":"4.03"},0,"0_50205012_4259",{"v":11.0772227224,"d":"11.08"},0,{"v":4.027600597,"d":"4.03"},{"v":0.849854983,"d":"0.85"},"0_50205012_4259_998","D",{"v":1.36095830468,"d":"1.36"},{"v":0.122860967842,"d":"0.12"},{"v":0.494834907428,"d":"0.49"}]
[5,502,50205,{"v":2699.01415099999,"d":"2,699.01"},21314,{"v":7.896957485,"d":"7.90"},"ST",101,50205014,{"v":300.22136853,"d":"300.22"},164,1493,1657,{"v":120.326255099999,"d":"120.33"},{"v":0.992934034,"d":"0.99"},{"v":1645.291694,"d":"1,645.29"},{"v":11.70830559,"d":"11.71"},0,"0_50205014_4261",{"v":179.895113419,"d":"179.90"},0,{"v":11.70830559,"d":"11.71"},{"v":0.400791775,"d":"0.40"},"0_50205014_4261_1046","C",{"v":0.116277478422,"d":"0.12"},{"v":0.000646362628823,"d":"0.00"},{"v":0.00756781118022,"d":"0.01"}]
[5,502,50211,{"v":5600.12681499999,"d":"5,600.13"},1769,{"v":0.315885704,"d":"0.32"},"G",310,50211000,{"v":5600.12681494,"d":"5,600.13"},171,155,326,{"v":120.3837539,"d":"120.38"},{"v":0.967661341,"d":"0.97"},{"v":315.457597099999,"d":"315.46"},{"v":10.5424028599999,"d":"10.54"},0,"0_50211000_4279",{"v":5479.74306099,"d":"5,479.74"},0,{"v":10.5424028599999,"d":"10.54"},{"v":0.021496612,"d":"0.02"},"0_50211000_4279_1309","F",{"v":0.53535672049,"d":"0.54"},{"v":9.7697412914e-05,"d":"0.00"},{"v":1.02996548531E-3,"d":"0.00"}]
[5,504,50404,{"v":4953.62159499999,"d":"4,953.62"},10580,{"v":2.135811102,"d":"2.14"},"ST",210,50404000,{"v":84.7725795249999,"d":"84.77"},155,1551,1706,{"v":69.3813745899999,"d":"69.38"},{"v":0.980090788,"d":"0.98"},{"v":1672.03488399999,"d":"1,672.03"},{"v":33.96511566,"d":"33.97"},0,"0_50404000_4387",{"v":15.3912049326999,"d":"15.39"},0,{"v":33.96511566,"d":"33.97"},{"v":0.818441234,"d":"0.82"},"0_50404000_4387_1810","C",{"v":0.00310722978865,"d":"0.00"},{"v":0.00020188346541,"d":"0.00"},{"v":0.00685699525249,"d":"0.01"}]
[5,504,50410,{"v":3307.279371,"d":"3,307.28"},2574,{"v":0.778283208,"d":"0.78"},"G",420,50410000,{"v":3307.27937144999,"d":"3,307.28"},240,355,595,{"v":205.568662799999,"d":"205.57"},{"v":0.954532045,"d":"0.95"},{"v":567.946566899999,"d":"567.95"},{"v":27.05343312,"d":"27.05"},0,"0_50410000_4401",{"v":3101.71070866999,"d":"3,101.71"},0,{"v":27.05343312,"d":"27.05"},{"v":0.062156425,"d":"0.06"},"0_50410000_4401_2073","F",{"v":0.201559715955,"d":"0.20"},{"v":6.4983402672e-05,"d":"0.00"},{"v":1.75802413811E-3,"d":"0.00"}]
[5,504,50418,{"v":7813.50858799999,"d":"7,813.51"},11235,{"v":1.437894369,"d":"1.44"},"ST",220,50418003,{"v":2025.23117277999,"d":"2,025.23"},146,439,585,{"v":104.344981599999,"d":"104.34"},{"v":0.99140599,"d":"0.99"},{"v":579.9725041,"d":"579.97"},{"v":5.027495906,"d":"5.03"},0,"0_50418003_4415",{"v":1920.88619119999,"d":"1,920.89"},0,{"v":5.027495906,"d":"5.03"},{"v":0.051522504,"d":"0.05"},"0_50418003_4415_2288","außerhalb GKL",{"v":0.151554753303,"d":"0.15"},{"v":7.8898351187e-05,"d":"0.00"},{"v":0.000396661137581,"d":"0.00"}]
[5,504,50420,{"v":5690.242949,"d":"5,690.24"},3846,{"v":0.675893812,"d":"0.68"},"M",420,50420001,{"v":5574.37020205,"d":"5,574.37"},178,521,699,{"v":125.901612799999,"d":"125.90"},{"v":0.954532045,"d":"0.95"},{"v":667.2178996,"d":"667.22"},{"v":31.7821004199999,"d":"31.78"},0,"0_50420001_4421",{"v":5448.46858920999,"d":"5,448.47"},0,{"v":31.7821004199999,"d":"31.78"},{"v":0.0225858,"d":"0.02"},"0_50420001_4421_2503","außerhalb GKL",{"v":0.0609931012522,"d":"0.06"},{"v":1.1194540311E-5,"d":"0.00"},{"v":3.55786004304E-4,"d":"0.00"}]
[5,506,50601,{"v":11727.2837799999,"d":"11,727.28"},3935,{"v":0.335542319,"d":"0.34"},"G",420,50601000,{"v":6820.93799340999,"d":"6,820.94"},154,892,1046,{"v":161.8275045,"d":"161.83"},{"v":0.954532045,"d":"0.95"},{"v":998.4405193,"d":"998.44"},{"v":47.5594807499999,"d":"47.56"},0,"0_50601000_4451",{"v":6659.11048896,"d":"6,659.11"},0,{"v":47.5594807499999,"d":"47.56"},{"v":0.02372511,"d":"0.02"},"0_50601000_4451_2766","D",{"v":1.81127719195E-3,"d":"0.00"},{"v":2.71999871e-07,"d":"0.00"},{"v":1.2936172614e-05,"d":"0.00"}]
[5,506,50609,{"v":9035.94620399999,"d":"9,035.95"},3358,{"v":0.371626825,"d":"0.37"},"G",420,50609001,{"v":5705.16133936,"d":"5,705.16"},138,907,1045,{"v":137.2250213,"d":"137.23"},{"v":0.954532045,"d":"0.95"},{"v":997.485987199999,"d":"997.49"},{"v":47.51401279,"d":"47.51"},0,"0_50609001_4467",{"v":5567.93631805,"d":"5,567.94"},0,{"v":47.51401279,"d":"47.51"},{"v":0.024052785,"d":"0.02"},"0_50609001_4467_3267","F",{"v":0.436550817644,"d":"0.44"},{"v":7.8404420006e-05,"d":"0.00"},{"v":0.00372530861493,"d":"0.00"}]
[5,506,50613,{"v":13202.47709,"d":"13,202.48"},5490,{"v":0.415831057,"d":"0.42"},"ST",220,50613003,{"v":12714.8307569999,"d":"12,714.83"},198,642,840,{"v":119.722701299999,"d":"119.72"},{"v":0.99140599,"d":"0.99"},{"v":832.7810315,"d":"832.78"},{"v":7.21896848,"d":"7.22"},0,"0_50613003_4475",{"v":12595.1080557,"d":"12,595.11"},0,{"v":7.21896848,"d":"7.22"},{"v":0.009415989,"d":"0.01"},"0_50613003_4475_3530","außerhalb GKL",{"v":219.906684772999,"d":"219.91"},{"v":0.0174596902067,"d":"0.02"},{"v":0.126040953273,"d":"0.13"}]
[5,506,50616,{"v":5092.96970599999,"d":"5,092.97"},3816,{"v":0.749268152,"d":"0.75"},"G",420,50616000,{"v":484.024547939999,"d":"484.02"},114,1046,1160,{"v":120.1677849,"d":"120.17"},{"v":0.954532045,"d":"0.95"},{"v":1107.257172,"d":"1,107.26"},{"v":52.7428275999999,"d":"52.74"},0,"0_50616000_4480",{"v":363.856763032,"d":"363.86"},0,{"v":52.7428275999999,"d":"52.74"},{"v":0.248267955,"d":"0.25"},"0_50616000_4480_3745","F",{"v":1.10657491156,"d":"1.11"},{"v":3.04123771766E-3,"d":"0.00"},{"v":0.160403476633,"d":"0.16"}]
[5,506,50618,{"v":12553.14415,"d":"12,553.14"},2859,{"v":0.227751706,"d":"0.23"},"G",430,50618001,{"v":12212.9403985999,"d":"12,212.94"},258,857,1115,{"v":253.4729083,"d":"253.47"},{"v":0.945243625,"d":"0.95"},{"v":1053.946642,"d":"1,053.95"},{"v":61.05335809,"d":"61.05"},0,"0_50618001_4485",{"v":11959.4674902,"d":"11,959.47"},0,{"v":61.05335809,"d":"61.05"},{"v":0.020754454,"d":"0.02"},"0_50618001_4485_3960","E",{"v":1.31978128511E-3,"d":"0.00"},{"v":1.10354519E-7,"d":"0.00"},{"v":6.737513979e-06,"d":"0.00"}]
[5,506,50619,{"v":11846.40334,"d":"11,846.40"},16705,{"v":1.410132639,"d":"1.41"},"ST",220,50619032,{"v":1207.79903560999,"d":"1,207.80"},105,413,518,{"v":97.71987486,"d":"97.72"},{"v":0.99140599,"d":"0.99"},{"v":513.548302799999,"d":"513.55"},{"v":4.451697229,"d":"4.45"},0,"0_50619032_4495",{"v":1110.07916075,"d":"1,110.08"},0,{"v":4.451697229,"d":"4.45"},{"v":0.080907396,"d":"0.08"},"0_50619032_4495_4223","D",{"v":0.434832577978,"d":"0.43"},{"v":0.000391713125832,"d":"0.00"},{"v":0.00174378823683,"d":"0.00"}]
[5,506,50622,{"v":8831.058209,"d":"8,831.06"},2704,{"v":0.306192071,"d":"0.31"},"M",420,50622000,{"v":74.08729282,"d":"74.09"},40,255,295,{"v":46.73106619,"d":"46.73"},{"v":0.954532045,"d":"0.95"},{"v":281.5869533,"d":"281.59"},{"v":13.41304667,"d":"13.41"},0,"0_50622000_4499",{"v":27.3562266311999,"d":"27.36"},0,{"v":13.41304667,"d":"13.41"},{"v":0.630756833,"d":"0.63"},"0_50622000_4499_4438","C",{"v":0.0684732565277,"d":"0.07"},{"v":0.00250302271036,"d":"0.00"},{"v":0.0335731604301,"d":"0.03"}]
[5,506,50628,{"v":5511.97431899999,"d":"5,511.97"},9879,{"v":1.792279758,"d":"1.79"},"ST",220,50628003,{"v":346.012806515,"d":"346.01"},137,2400,2537,{"v":101.385000099999,"d":"101.39"},{"v":0.99140599,"d":"0.99"},{"v":2515.196996,"d":"2,515.20"},{"v":21.80300361,"d":"21.80"},0,"0_50628003_4512",{"v":244.627806405999,"d":"244.63"},0,{"v":21.80300361,"d":"21.80"},{"v":0.293009386,"d":"0.29"},"0_50628003_4512_4939","C",{"v":5.42659786889,"d":"5.43"},{"v":0.0221830786476,"d":"0.02"},{"v":0.483657743835,"d":"0.48"}]
[7,701,70101,{"v":10481.03324,"d":"10,481.03"},131961,{"v":12.59045716,"d":"12.59"},"SR",101,70101150,{"v":152.206190604999,"d":"152.21"},52,68,120,{"v":22.2664183499999,"d":"22.27"},{"v":0.992934034,"d":"0.99"},{"v":119.152084099999,"d":"119.15"},{"v":0.847915915,"d":"0.85"},0,"0_70101150_5901",{"v":129.939772250999,"d":"129.94"},0,{"v":0.847915915,"d":"0.85"},{"v":0.146291148,"d":"0.15"},"0_70101150_5901_5202","F",{"v":0.256879049349,"d":"0.26"},{"v":0.00197690857002,"d":"0.00"},{"v":1.67625223902E-3,"d":"0.00"}]
[7,701,70101,{"v":10481.03324,"d":"10,481.03"},131961,{"v":12.59045716,"d":"12.59"},"SR",101,70101311,{"v":240.19678292,"d":"240.20"},20,34,54,{"v":25.3157388099999,"d":"25.32"},{"v":0.992934034,"d":"0.99"},{"v":53.6184378399999,"d":"53.62"},{"v":0.381562162,"d":"0.38"},0,"0_70101311_5923",{"v":214.881044113,"d":"214.88"},0,{"v":0.381562162,"d":"0.38"},{"v":0.105395828,"d":"0.11"},"0_70101311_5923_5417","G",{"v":0.0167884574525,"d":"0.02"},{"v":7.8129076121e-05,"d":"0.00"},{"v":2.98110992E-5,"d":"0.00"}]
[7,701,70101,{"v":10481.03324,"d":"10,481.03"},131961,{"v":12.59045716,"d":"12.59"},"SR",101,70101500,{"v":37.1907587999999,"d":"37.19"},63,1906,1969,{"v":32.28777719,"d":"32.29"},{"v":0.992934034,"d":"0.99"},{"v":1955.087113,"d":"1,955.09"},{"v":13.91288697,"d":"13.91"},0,"0_70101500_5947",{"v":4.90298160567,"d":"4.90"},0,{"v":13.91288697,"d":"13.91"},{"v":0.868166669,"d":"0.87"},"0_70101500_5947_5680","D",{"v":1.71864573607,"d":"1.72"},{"v":0.35053073299,"d":"0.35"},{"v":4.8768944676,"d":"4.88"}]
[7,701,70101,{"v":10481.03324,"d":"10,481.03"},131961,{"v":12.59045716,"d":"12.59"},"SR",101,70101700,{"v":366.453312605,"d":"366.45"},57,195,252,{"v":38.50796789,"d":"38.51"},{"v":0.992934034,"d":"0.99"},{"v":250.2193766,"d":"250.22"},{"v":1.780623422,"d":"1.78"},0,"0_70101700_5962",{"v":327.945344709999,"d":"327.95"},0,{"v":1.780623422,"d":"1.78"},{"v":0.105082876,"d":"0.11"},"0_70101700_5962_5895","F",{"v":12.7223949223999,"d":"12.72"},{"v":0.0387942537609,"d":"0.04"},{"v":0.0690779568857,"d":"0.07"}]
[7,702,70208,{"v":19561.1839699999,"d":"19,561.18"},4742,{"v":0.242418864,"d":"0.24"},"G",430,70208000,{"v":157.848931029999,"d":"157.85"},89,877,966,{"v":69.07456845,"d":"69.07"},{"v":0.945243625,"d":"0.95"},{"v":913.1053418,"d":"913.11"},{"v":52.8946582199999,"d":"52.89"},0,"0_70208000_5979",{"v":88.7743625842999,"d":"88.77"},0,{"v":52.8946582199999,"d":"52.89"},{"v":0.437599216,"d":"0.44"},"0_70208000_5979_6396","E",{"v":0.298821631915,"d":"0.30"},{"v":0.00336608028733,"d":"0.00"},{"v":0.178047666339,"d":"0.18"}]
[7,702,70212,{"v":7239.21919199999,"d":"7,239.22"},2149,{"v":0.296855219,"d":"0.30"},"G",410,70212001,{"v":7120.18793154,"d":"7,120.19"},51,250,301,{"v":98.8627273,"d":"98.86"},{"v":0.93996673,"d":"0.94"},{"v":282.9299859,"d":"282.93"},{"v":18.07001414,"d":"18.07"},0,"0_70212001_5987",{"v":7021.32520423999,"d":"7,021.33"},0,{"v":18.07001414,"d":"18.07"},{"v":0.013884848,"d":"0.01"},"0_70212001_5987_6659","F",{"v":1.52354882397,"d":"1.52"},{"v":0.000216988784831,"d":"0.00"},{"v":0.00392099041012,"d":"0.00"}]
[7,702,70217,{"v":22344.49665,"d":"22,344.50"},1384,{"v":0.061939189,"d":"0.06"},"G",430,70217000,{"v":5345.64957426,"d":"5,345.65"},34,77,111,{"v":94.4315688599999,"d":"94.43"},{"v":0.945243625,"d":"0.95"},{"v":104.922042399999,"d":"104.92"},{"v":6.077957622,"d":"6.08"},0,"0_70217000_5993",{"v":5251.21800540999,"d":"5,251.22"},0,{"v":6.077957622,"d":"6.08"},{"v":0.017665125,"d":"0.02"},"0_70217000_5993_6874","F",{"v":14.1448202953,"d":"14.14"},{"v":2.69362656068E-3,"d":"0.00"},{"v":0.0163717480853,"d":"0.02"}]
[7,702,70220,{"v":46679.8740499999,"d":"46,679.87"},3041,{"v":0.065145848,"d":"0.07"},"G",430,70220001,{"v":34395.1348259,"d":"34,395.13"},132,529,661,{"v":103.8683984,"d":"103.87"},{"v":0.945243625,"d":"0.95"},{"v":624.8060361,"d":"624.81"},{"v":36.1939638599999,"d":"36.19"},0,"0_70220001_5999",{"v":34291.2664273999,"d":"34,291.27"},0,{"v":36.1939638599999,"d":"36.19"},{"v":0.003019857,"d":"0.00"},"0_70220001_5999_7137","G",{"v":0.0635566955686,"d":"0.06"},{"v":1.853436813e-06,"d":"0.00"},{"v":6.7083225034e-05,"d":"0.00"}]
[7,702,70224,{"v":2962.29219599999,"d":"2,962.29"},2039,{"v":0.688318324,"d":"0.69"},"G",410,70224000,{"v":2962.54651383,"d":"2,962.55"},120,373,493,{"v":162.001969599999,"d":"162.00"},{"v":0.93996673,"d":"0.94"},{"v":463.4035981,"d":"463.40"},{"v":29.5964019,"d":"29.60"},0,"0_70224000_6005",{"v":2800.54454420999,"d":"2,800.54"},0,{"v":29.5964019,"d":"29.60"},{"v":0.054683351,"d":"0.05"},"0_70224000_6005_7352","F",{"v":0.198889031743,"d":"0.20"},{"v":7.1017985468e-05,"d":"0.00"},{"v":0.00210187684004,"d":"0.00"}]
[7,703,70310,{"v":1676.396068,"d":"1,676.40"},4462,{"v":2.661662173,"d":"2.66"},"M",410,70310000,{"v":50.86330572,"d":"50.86"},108,711,819,{"v":42.24337648,"d":"42.24"},{"v":0.93996673,"d":"0.94"},{"v":769.832752199999,"d":"769.83"},{"v":49.1672477799999,"d":"49.17"},0,"0_70310000_6022",{"v":8.61992923801,"d":"8.62"},0,{"v":49.1672477799999,"d":"49.17"},{"v":0.830527546,"d":"0.83"},"0_70310000_6022_7853","E",{"v":0.120991256613,"d":"0.12"},{"v":0.0140362238798,"d":"0.01"},{"v":0.690122497394,"d":"0.69"}]
[7,703,70314,{"v":2262.982668,"d":"2,262.98"},616,{"v":0.272207122,"d":"0.27"},"G",310,70314000,{"v":2262.98266813999,"d":"2,262.98"},33,58,91,{"v":43.3544820799999,"d":"43.35"},{"v":0.967661341,"d":"0.97"},{"v":88.0571820199999,"d":"88.06"},{"v":2.942817977,"d":"2.94"},0,"0_70314000_6032",{"v":2219.62818606,"d":"2,219.63"},0,{"v":2.942817977,"d":"2.94"},{"v":0.019158115,"d":"0.02"},"0_70314000_6032_8116","G",{"v":0.0195351081895,"d":"0.02"},{"v":8.80107232e-06,"d":"0.00"},{"v":2.5899953841E-5,"d":"0.00"}]
[7,703,70323,{"v":3536.16624799999,"d":"3,536.17"},816,{"v":0.230758381,"d":"0.23"},"G",310,70323000,{"v":3536.16624838,"d":"3,536.17"},85,41,126,{"v":35.76004237,"d":"35.76"},{"v":0.967661341,"d":"0.97"},{"v":121.925329,"d":"121.93"},{"v":4.074671044,"d":"4.07"},0,"0_70323000_6040",{"v":3500.40620601,"d":"3,500.41"},0,{"v":4.074671044,"d":"4.07"},{"v":0.010112659,"d":"0.01"},"0_70323000_6040_8331","G",{"v":0.00592106534046,"d":"0.01"},{"v":1.691536637E-6,"d":"0.00"},{"v":6.892455353e-06,"d":"0.00"}]
[7,703,70329,{"v":691.3797495,"d":"691.38"},4481,{"v":6.481242766,"d":"6.48"},"G",101,70329002,{"v":349.532611864999,"d":"349.53"},103,56,159,{"v":46.3377892399999,"d":"46.34"},{"v":0.992934034,"d":"0.99"},{"v":157.876511399999,"d":"157.88"},{"v":1.123488588,"d":"1.12"},0,"0_70329002_6047",{"v":303.194822623999,"d":"303.19"},0,{"v":1.123488588,"d":"1.12"},{"v":0.132570718,"d":"0.13"},"0_70329002_6047_8546","außerhalb GKL",{"v":159.749507539999,"d":"159.75"},{"v":0.526887320032,"d":"0.53"},{"v":0.591951891218,"d":"0.59"}]
[7,703,70333,{"v":6410.668101,"d":"6,410.67"},2044,{"v":0.318843523,"d":"0.32"},"G",310,70333001,{"v":114.73454108,"d":"114.73"},34,348,382,{"v":68.3260329299999,"d":"68.33"},{"v":0.967661341,"d":"0.97"},{"v":369.646632199999,"d":"369.65"},{"v":12.35336777,"d":"12.35"},0,"0_70333001_6054",{"v":46.4085081481999,"d":"46.41"},0,{"v":12.35336777,"d":"12.35"},{"v":0.595514065,"d":"0.60"},"0_70333001_6054_8809","C",{"v":0.1998659468,"d":"0.20"},{"v":0.00430666605705,"d":"0.00"},{"v":0.0532018296653,"d":"0.05"}]
[7,703,70334,{"v":24887.73628,"d":"24,887.74"},4811,{"v":0.193308059,"d":"0.19"},"G",430,70334002,{"v":20441.2645118,"d":"20,441.26"},73,519,592,{"v":73.06911365,"d":"73.07"},{"v":0.945243625,"d":"0.95"},{"v":559.584225999999,"d":"559.58"},{"v":32.4157739799999,"d":"32.42"},0,"0_70334002_6057",{"v":20368.1953981,"d":"20,368.20"},0,{"v":32.4157739799999,"d":"32.42"},{"v":3.574589E-3,"d":"0.00"},"0_70334002_6057_9024","E",{"v":0.0615281648893,"d":"0.06"},{"v":3.020796084e-06,"d":"0.00"},{"v":9.7921443087e-05,"d":"0.00"}]
[7,703,70349,{"v":6258.48088199999,"d":"6,258.48"},875,{"v":0.139810286,"d":"0.14"},"G",330,70349000,{"v":6258.48088242999,"d":"6,258.48"},46,29,75,{"v":84.66212887,"d":"84.66"},{"v":0.958718978,"d":"0.96"},{"v":71.90392334,"d":"71.90"},{"v":3.096076665,"d":"3.10"},0,"0_70349000_6076",{"v":6173.81875356,"d":"6,173.82"},0,{"v":3.096076665,"d":"3.10"},{"v":0.013527584,"d":"0.01"},"0_70349000_6076_9573","D",{"v":0.297866868411,"d":"0.30"},{"v":4.8246778906E-5,"d":"0.00"},{"v":0.000149375726334,"d":"0.00"}]
[7,703,70354,{"v":551.021068399999,"d":"551.02"},14153,{"v":25.6850433,"d":"25.69"},"ST",101,70354015,{"v":83.1076399899999,"d":"83.11"},120,386,506,{"v":50.32249704,"d":"50.32"},{"v":0.992934034,"d":"0.99"},{"v":502.424621199999,"d":"502.42"},{"v":3.575378775,"d":"3.58"},0,"0_70354015_6086",{"v":32.7851429484,"d":"32.79"},0,{"v":3.575378775,"d":"3.58"},{"v":0.605509879,"d":"0.61"},"0_70354015_6086_9788","F",{"v":0.000135465198615,"d":"0.00"},{"v":4.131908128E-6,"d":"0.00"},{"v":1.477313662E-5,"d":"0.00"}]
[7,703,70357,{"v":4545.57902999999,"d":"4,545.58"},16046,{"v":3.530023325,"d":"3.53"},"M",103,70357001,{"v":162.002450699999,"d":"162.00"},160,1850,2010,{"v":81.0163119799999,"d":"81.02"},{"v":0.991139192,"d":"0.99"},{"v":1992.189775,"d":"1,992.19"},{"v":17.81022473,"d":"17.81"},0,"0_70357001_6093",{"v":80.9861387164999,"d":"80.99"},0,{"v":17.81022473,"d":"17.81"},{"v":0.500093126,"d":"0.50"},"0_70357001_6093_10003","D",{"v":0.0162257136286,"d":"0.02"},{"v":2.00351737788E-4,"d":"0.00"},{"v":0.00356830947505,"d":"0.00"}]
[7,703,70358,{"v":2103.962821,"d":"2,103.96"},4058,{"v":1.928741306,"d":"1.93"},"G",101,70358001,{"v":2002.43779238999,"d":"2,002.44"},142,1176,1318,{"v":89.07554113,"d":"89.08"},{"v":0.992934034,"d":"0.99"},{"v":1308.687057,"d":"1,308.69"},{"v":9.31294313499999,"d":"9.31"},0,"0_70358001_6099",{"v":1913.36225125,"d":"1,913.36"},0,{"v":9.31294313499999,"d":"9.31"},{"v":0.04448355,"d":"0.04"},"0_70358001_6099_10266","F",{"v":0.0152173637779,"d":"0.02"},{"v":7.953205812e-06,"d":"0.00"},{"v":7.4067753472e-05,"d":"0.00"}]
[7,703,70364,{"v":562.648982899999,"d":"562.65"},6938,{"v":12.33095626,"d":"12.33"},"M",101,70364006,{"v":277.769627555,"d":"277.77"},46,38,84,{"v":35.18213171,"d":"35.18"},{"v":0.992934034,"d":"0.99"},{"v":83.40645886,"d":"83.41"},{"v":0.593541141,"d":"0.59"},0,"0_70364006_6110",{"v":242.587495848999,"d":"242.59"},0,{"v":0.593541141,"d":"0.59"},{"v":0.12665939,"d":"0.13"},"0_70364006_6110_10481","E",{"v":6.0216643523,"d":"6.02"},{"v":0.0248226493753,"d":"0.02"},{"v":0.0147332636329,"d":"0.01"}]
[7,704,70402,{"v":3132.742995,"d":"3,132.74"},2639,{"v":0.842392754,"d":"0.84"},"G",410,70402000,{"v":275.012971144999,"d":"275.01"},114,504,618,{"v":104.0076016,"d":"104.01"},{"v":0.93996673,"d":"0.94"},{"v":580.8994394,"d":"580.90"},{"v":37.10056059,"d":"37.10"},0,"0_70402000_6127",{"v":171.005369567,"d":"171.01"},0,{"v":37.10056059,"d":"37.10"},{"v":0.378191622,"d":"0.38"},"0_70402000_6127_10834","F",{"v":1.27734747761,"d":"1.28"},{"v":0.00746963373632,"d":"0.01"},{"v":0.277127599019,"d":"0.28"}]
[7,704,70406,{"v":16633.4428499999,"d":"16,633.44"},5630,{"v":0.338474725,"d":"0.34"},"M",410,70406002,{"v":728.428854054999,"d":"728.43"},55,10,65,{"v":21.08872165,"d":"21.09"},{"v":0.93996673,"d":"0.94"},{"v":61.09783748,"d":"61.10"},{"v":3.902162522,"d":"3.90"},0,"0_70406002_6137",{"v":707.340132407,"d":"707.34"},0,{"v":3.902162522,"d":"3.90"},{"v":0.02895097,"d":"0.03"},"0_70406002_6137_11246","D",{"v":23.3712847414,"d":"23.37"},{"v":0.0330410840141,"d":"0.03"},{"v":0.128931679726,"d":"0.13"}]
[7,704,70409,{"v":9771.730261,"d":"9,771.73"},5230,{"v":0.535217393,"d":"0.54"},"G",410,70409001,{"v":437.726155039999,"d":"437.73"},165,388,553,{"v":128.738548299999,"d":"128.74"},{"v":0.93996673,"d":"0.94"},{"v":519.8016019,"d":"519.80"},{"v":33.19839807,"d":"33.20"},0,"0_70409001_6143",{"v":308.987606750999,"d":"308.99"},0,{"v":33.19839807,"d":"33.20"},{"v":0.294107507,"d":"0.29"},"0_70409001_6143_11461","C",{"v":0.321477385863,"d":"0.32"},{"v":1.04042161834E-3,"d":"0.00"},{"v":0.0345403310463,"d":"0.03"}]
[7,704,70410,{"v":11293.1877199999,"d":"11,293.19"},3975,{"v":0.351982106,"d":"0.35"},"G",420,70410002,{"v":4379.32663966,"d":"4,379.33"},56,68,124,{"v":36.85806796,"d":"36.86"},{"v":0.954532045,"d":"0.95"},{"v":118.361973599999,"d":"118.36"},{"v":5.638026398,"d":"5.64"},0,"0_70410002_6147",{"v":4342.4685717,"d":"4,342.47"},0,{"v":5.638026398,"d":"5.64"},{"v":0.008416378,"d":"0.01"},"0_70410002_6147_11724","G",{"v":1.16899359682,"d":"1.17"},{"v":0.000269200243483,"d":"0.00"},{"v":0.00151775807911,"d":"0.00"}]
[7,704,70411,{"v":5797.077296,"d":"5,797.08"},8225,{"v":1.418818411,"d":"1.42"},"ST",220,70411006,{"v":926.60676016,"d":"926.61"},112,577,689,{"v":139.4339382,"d":"139.43"},{"v":0.99140599,"d":"0.99"},{"v":683.078726999999,"d":"683.08"},{"v":5.921272956,"d":"5.92"},0,"0_70411006_6154",{"v":787.172821950999,"d":"787.17"},0,{"v":5.921272956,"d":"5.92"},{"v":0.150478007,"d":"0.15"},"0_70411006_6154_11939","E",{"v":9.06848796841,"d":"9.07"},{"v":0.0115203265605,"d":"0.01"},{"v":0.068214998107,"d":"0.07"}]
[7,704,70414,{"v":1564.521854,"d":"1,564.52"},1674,{"v":1.069975466,"d":"1.07"},"G",410,70414000,{"v":1564.52185058,"d":"1,564.52"},181,487,668,{"v":136.3282253,"d":"136.33"},{"v":0.93996673,"d":"0.94"},{"v":627.8977759,"d":"627.90"},{"v":40.1022240699999,"d":"40.10"},0,"0_70414000_6159",{"v":1428.19362531999,"d":"1,428.19"},0,{"v":40.1022240699999,"d":"40.10"},{"v":0.08713731,"d":"0.09"},"0_70414000_6159_12154","außerhalb GKL",{"v":1255.83675889,"d":"1,255.84"},{"v":0.879318277736,"d":"0.88"},{"v":35.2626186026,"d":"35.26"}]
[7,705,70503,{"v":928.241871599999,"d":"928.24"},2846,{"v":3.066011227,"d":"3.07"},"G",103,70503001,{"v":898.00506112,"d":"898.01"},99,706,805,{"v":118.6626842,"d":"118.66"},{"v":0.991139192,"d":"0.99"},{"v":797.867049299999,"d":"797.87"},{"v":7.1329507,"d":"7.13"},0,"0_70503001_6176",{"v":779.342376874,"d":"779.34"},0,{"v":7.1329507,"d":"7.13"},{"v":0.132140329,"d":"0.13"},"0_70503001_6176_12703","F",{"v":1.90386465081,"d":"1.90"},{"v":0.00244291175137,"d":"0.00"},{"v":0.017425169087,"d":"0.02"}]
[7,705,70508,{"v":3997.586624,"d":"3,997.59"},5645,{"v":1.412101983,"d":"1.41"},"G",410,70508000,{"v":370.475395225,"d":"370.48"},147,951,1098,{"v":85.91965663,"d":"85.92"},{"v":0.93996673,"d":"0.94"},{"v":1032.08347,"d":"1,032.08"},{"v":65.91652999,"d":"65.92"},0,"0_70508000_6182",{"v":284.555738596,"d":"284.56"},0,{"v":65.91652999,"d":"65.92"},{"v":0.231917309,"d":"0.23"},"0_70508000_6182_12918","F",{"v":2.40320945712,"d":"2.40"},{"v":0.00844547879785,"d":"0.01"},{"v":0.556696656458,"d":"0.56"}]
[7,705,70511,{"v":1493.211244,"d":"1,493.21"},5858,{"v":3.923088593,"d":"3.92"},"G",103,70511002,{"v":569.851194254999,"d":"569.85"},128,1170,1298,{"v":125.605867599999,"d":"125.61"},{"v":0.991139192,"d":"0.99"},{"v":1286.498671,"d":"1,286.50"},{"v":11.5013292,"d":"11.50"},0,"0_70511002_6191",{"v":444.245326691,"d":"444.25"},0,{"v":11.5013292,"d":"11.50"},{"v":0.220418714,"d":"0.22"},"0_70511002_6191_13181","D",{"v":0.0140041252829,"d":"0.01"},{"v":3.1523404843e-05,"d":"0.00"},{"v":0.000362561056604,"d":"0.00"}]
[7,705,70512,{"v":2685.233486,"d":"2,685.23"},4985,{"v":1.856449365,"d":"1.86"},"G",410,70512003,{"v":346.23530976,"d":"346.24"},70,986,1056,{"v":65.2624108499999,"d":"65.26"},{"v":0.93996673,"d":"0.94"},{"v":992.6048673,"d":"992.60"},{"v":63.39513267,"d":"63.40"},0,"0_70512003_6195",{"v":280.972898906,"d":"280.97"},0,{"v":63.39513267,"d":"63.40"},{"v":0.188491494,"d":"0.19"},"0_70512003_6195_13396","F",{"v":23.5616061901,"d":"23.56"},{"v":0.0838572199733,"d":"0.08"},{"v":5.31613958554,"d":"5.32"}]
[7,705,70514,{"v":2189.40837199999,"d":"2,189.41"},4725,{"v":2.158117262,"d":"2.16"},"M",410,70514001,{"v":222.036171735,"d":"222.04"},100,3843,3943,{"v":127.3537419,"d":"127.35"},{"v":0.93996673,"d":"0.94"},{"v":3706.28881799999,"d":"3,706.29"},{"v":236.7111819,"d":"236.71"},0,"0_70514001_6209",{"v":94.6824298197,"d":"94.68"},0,{"v":236.7111819,"d":"236.71"},{"v":0.573572049,"d":"0.57"},"0_70514001_6209_13611","F",{"v":1.64180925956,"d":"1.64"},{"v":0.0173401682095,"d":"0.02"},{"v":4.10461171122,"d":"4.10"}]
[7,705,70517,{"v":2773.194422,"d":"2,773.19"},3398,{"v":1.225301758,"d":"1.23"},"G",410,70517001,{"v":449.481055894999,"d":"449.48"},75,80,155,{"v":62.2172997099999,"d":"62.22"},{"v":0.93996673,"d":"0.94"},{"v":145.6948432,"d":"145.69"},{"v":9.30515678299999,"d":"9.31"},0,"0_70517001_6216",{"v":387.263756187,"d":"387.26"},0,{"v":9.30515678299999,"d":"9.31"},{"v":0.138420294,"d":"0.14"},"0_70517001_6216_13874","G",{"v":33.3645444391,"d":"33.36"},{"v":0.086154575289,"d":"0.09"},{"v":0.801681830637,"d":"0.80"}]
[7,705,70527,{"v":10855.5453899999,"d":"10,855.55"},3033,{"v":0.279396372,"d":"0.28"},"G",410,70527001,{"v":8977.77407581,"d":"8,977.77"},112,206,318,{"v":112.284265399999,"d":"112.28"},{"v":0.93996673,"d":"0.94"},{"v":298.9094203,"d":"298.91"},{"v":19.09057972,"d":"19.09"},0,"0_70527001_6230",{"v":8865.48981040999,"d":"8,865.49"},0,{"v":19.09057972,"d":"19.09"},{"v":0.012506916,"d":"0.01"},"0_70527001_6230_14375","G",{"v":41.2882888635,"d":"41.29"},{"v":0.00465719207246,"d":"0.00"},{"v":0.0889084965306,"d":"0.09"}]
[7,705,70531,{"v":1968.17935899999,"d":"1,968.18"},14059,{"v":7.143149802,"d":"7.14"},"ST",103,70531004,{"v":51.3795592549999,"d":"51.38"},100,1495,1595,{"v":38.3290861099999,"d":"38.33"},{"v":0.991139192,"d":"0.99"},{"v":1580.867011,"d":"1,580.87"},{"v":14.1329892699999,"d":"14.13"},0,"0_70531004_6240",{"v":13.0504731471,"d":"13.05"},0,{"v":14.1329892699999,"d":"14.13"},{"v":0.745998733,"d":"0.75"},"0_70531004_6240_14590","C",{"v":0.100095575212,"d":"0.10"},{"v":7.66988093717E-3,"d":"0.01"},{"v":0.108398344987,"d":"0.11"}]
[7,706,70604,{"v":4749.43323799999,"d":"4,749.43"},3084,{"v":0.649340636,"d":"0.65"},"G",410,70604001,{"v":4483.80672643999,"d":"4,483.81"},104,247,351,{"v":44.29024159,"d":"44.29"},{"v":0.93996673,"d":"0.94"},{"v":329.9283224,"d":"329.93"},{"v":21.0716776199999,"d":"21.07"},0,"0_70604001_6248",{"v":4439.51648484999,"d":"4,439.52"},0,{"v":21.0716776199999,"d":"21.07"},{"v":0.009877821,"d":"0.01"},"0_70604001_6248_14853","G",{"v":0.00125223543511,"d":"0.00"},{"v":2.82065725e-07,"d":"0.00"},{"v":5.943598021e-06,"d":"0.00"}]
[7,706,70612,{"v":822.1340767,"d":"822.13"},504,{"v":0.613038693,"d":"0.61"},"G",410,70612000,{"v":822.134076725,"d":"822.13"},30,25,55,{"v":60.7633458099999,"d":"60.76"},{"v":0.93996673,"d":"0.94"},{"v":51.6981701699999,"d":"51.70"},{"v":3.301829826,"d":"3.30"},0,"0_70612000_6257",{"v":761.37073091,"d":"761.37"},0,{"v":3.301829826,"d":"3.30"},{"v":0.07390929,"d":"0.07"},"0_70612000_6257_15068","G",{"v":1.19858437572,"d":"1.20"},{"v":1.57424540642E-3,"d":"0.00"},{"v":0.00519789043636,"d":"0.01"}]
[7,706,70617,{"v":14035.59749,"d":"14,035.60"},2592,{"v":0.184673292,"d":"0.18"},"G",430,70617001,{"v":13779.9022927,"d":"13,779.90"},51,332,383,{"v":15.65035277,"d":"15.65"},{"v":0.945243625,"d":"0.95"},{"v":362.0283084,"d":"362.03"},{"v":20.97169161,"d":"20.97"},0,"0_70617001_6268",{"v":13764.2519398999,"d":"13,764.25"},0,{"v":20.97169161,"d":"20.97"},{"v":0.001135738,"d":"0.00"},"0_70617001_6268_15331","F",{"v":4.72162910033,"d":"4.72"},{"v":0.000343035649227,"d":"0.00"},{"v":0.00719403784682,"d":"0.01"}]
[7,706,70630,{"v":12496.67754,"d":"12,496.68"},3398,{"v":0.271912273,"d":"0.27"},"G",210,70630001,{"v":153.406219139999,"d":"153.41"},81,1090,1171,{"v":82.3565696099999,"d":"82.36"},{"v":0.980090788,"d":"0.98"},{"v":1147.68631299999,"d":"1,147.69"},{"v":23.31368725,"d":"23.31"},0,"0_70630001_6283",{"v":71.0496495324999,"d":"71.05"},0,{"v":23.31368725,"d":"23.31"},{"v":0.536852874,"d":"0.54"},"0_70630001_6283_15832","E",{"v":0.12699161454,"d":"0.13"},{"v":0.00178736440469,"d":"0.00"},{"v":0.0416700547327,"d":"0.04"}]
[7,707,70705,{"v":9892.00476999999,"d":"9,892.00"},1779,{"v":0.17984221,"d":"0.18"},"G",410,70705001,{"v":2931.26664854,"d":"2,931.27"},34,494,528,{"v":123.161220599999,"d":"123.16"},{"v":0.93996673,"d":"0.94"},{"v":496.302433699999,"d":"496.30"},{"v":31.69756633,"d":"31.70"},0,"0_70705001_6291",{"v":2808.10542789999,"d":"2,808.11"},0,{"v":31.69756633,"d":"31.70"},{"v":0.042016382,"d":"0.04"},"0_70705001_6291_16047","E",{"v":0.310552603241,"d":"0.31"},{"v":1.10591504206E-4,"d":"0.00"},{"v":0.0035054815401,"d":"0.00"}]
[7,707,70712,{"v":18031.52475,"d":"18,031.52"},1130,{"v":0.062668023,"d":"0.06"},"G",430,70712000,{"v":18031.5247468,"d":"18,031.52"},133,235,368,{"v":124.9404444,"d":"124.94"},{"v":0.945243625,"d":"0.95"},{"v":347.849653999999,"d":"347.85"},{"v":20.15034599,"d":"20.15"},0,"0_70712000_6300",{"v":17906.5843023999,"d":"17,906.58"},0,{"v":20.15034599,"d":"20.15"},{"v":0.006929001,"d":"0.01"},"0_70712000_6300_16310","F",{"v":2.16522513826,"d":"2.17"},{"v":1.20917820043E-4,"d":"0.00"},{"v":0.00243653591022,"d":"0.00"}]
[7,707,70716,{"v":1592.43895599999,"d":"1,592.44"},11905,{"v":7.475953761,"d":"7.48"},"ST",103,70716032,{"v":133.17814745,"d":"133.18"},64,166,230,{"v":56.399599,"d":"56.40"},{"v":0.991139192,"d":"0.99"},{"v":227.9620141,"d":"227.96"},{"v":2.037985914,"d":"2.04"},0,"0_70716032_6312",{"v":76.7785484488999,"d":"76.78"},0,{"v":2.037985914,"d":"2.04"},{"v":0.42348989,"d":"0.42"},"0_70716032_6312_16525","C",{"v":0.244105448708,"d":"0.24"},{"v":0.00317934440856,"d":"0.00"},{"v":0.0064794591204,"d":"0.01"}]
[7,707,70721,{"v":6505.96878699999,"d":"6,505.97"},663,{"v":0.101906422,"d":"0.10"},"G",430,70721000,{"v":6505.96878703,"d":"6,505.97"},115,124,239,{"v":74.82488711,"d":"74.82"},{"v":0.945243625,"d":"0.95"},{"v":225.9132264,"d":"225.91"},{"v":13.08677362,"d":"13.09"},0,"0_70721000_6323",{"v":6431.14389991999,"d":"6,431.14"},0,{"v":13.08677362,"d":"13.09"},{"v":0.01150096,"d":"0.01"},"0_70721000_6323_16788","G",{"v":199.837872213999,"d":"199.84"},{"v":0.0310734568101,"d":"0.03"},{"v":0.406651294865,"d":"0.41"}]
[7,708,70804,{"v":3061.49968799999,"d":"3,061.50"},788,{"v":0.257390194,"d":"0.26"},"G",310,70804000,{"v":3061.69972593,"d":"3,061.70"},48,88,136,{"v":130.5452428,"d":"130.55"},{"v":0.967661341,"d":"0.97"},{"v":131.6019424,"d":"131.60"},{"v":4.398057635,"d":"4.40"},0,"0_70804000_6342",{"v":2931.15448309,"d":"2,931.15"},0,{"v":4.398057635,"d":"4.40"},{"v":0.04263816,"d":"0.04"},"0_70804000_6342_17289","G",{"v":69.7802707127,"d":"69.78"},{"v":0.0238064118133,"d":"0.02"},{"v":0.104701971237,"d":"0.10"}]
[7,708,70817,{"v":3598.509918,"d":"3,598.51"},401,{"v":0.111435013,"d":"0.11"},"G",430,70817000,{"v":3598.50991767999,"d":"3,598.51"},52,80,132,{"v":47.66235659,"d":"47.66"},{"v":0.945243625,"d":"0.95"},{"v":124.7721585,"d":"124.77"},{"v":7.227841496,"d":"7.23"},0,"0_70817000_6356",{"v":3550.84756108,"d":"3,550.85"},0,{"v":7.227841496,"d":"7.23"},{"v":0.013245026,"d":"0.01"},"0_70817000_6356_17504","F",{"v":0.592024690808,"d":"0.59"},{"v":1.66727712363E-4,"d":"0.00"},{"v":0.00120508147795,"d":"0.00"}]
[7,708,70831,{"v":6793.84958999999,"d":"6,793.85"},662,{"v":0.097441074,"d":"0.10"},"G",430,70831000,{"v":6793.84958974999,"d":"6,793.85"},64,133,197,{"v":65.44080126,"d":"65.44"},{"v":0.945243625,"d":"0.95"},{"v":186.2129941,"d":"186.21"},{"v":10.78700587,"d":"10.79"},0,"0_70831000_6375",{"v":6728.40878849999,"d":"6,728.41"},0,{"v":10.78700587,"d":"10.79"},{"v":0.009632359,"d":"0.01"},"0_70831000_6375_17767","G",{"v":64.2579959866999,"d":"64.26"},{"v":0.00955025147945,"d":"0.01"},{"v":0.103018618769,"d":"0.10"}]
[7,709,70902,{"v":2023.64806799999,"d":"2,023.65"},1844,{"v":0.911225637,"d":"0.91"},"G",410,70902001,{"v":628.06532598,"d":"628.07"},39,140,179,{"v":26.8381278399999,"d":"26.84"},{"v":0.93996673,"d":"0.94"},{"v":168.2540447,"d":"168.25"},{"v":10.74595525,"d":"10.75"},0,"0_70902001_6385",{"v":601.227198144999,"d":"601.23"},0,{"v":10.74595525,"d":"10.75"},{"v":0.042731427,"d":"0.04"},"0_70902001_6385_17982","F",{"v":0.348419519299,"d":"0.35"},{"v":0.000579513901523,"d":"0.00"},{"v":0.00622743045252,"d":"0.01"}]
[7,709,70909,{"v":663.172354899999,"d":"663.17"},4200,{"v":6.333195238,"d":"6.33"},"G",410,70909000,{"v":121.631035574999,"d":"121.63"},145,1084,1229,{"v":81.0297209799999,"d":"81.03"},{"v":0.93996673,"d":"0.94"},{"v":1155.21911199999,"d":"1,155.22"},{"v":73.7808883,"d":"73.78"},0,"0_70909000_6392",{"v":40.6013145961,"d":"40.60"},0,{"v":73.7808883,"d":"73.78"},{"v":0.666192807,"d":"0.67"},"0_70909000_6392_18197","G",{"v":0.841800545318,"d":"0.84"},{"v":0.0207333322503,"d":"0.02"},{"v":1.52972367085,"d":"1.53"}]
[7,709,70918,{"v":1210.01685399999,"d":"1,210.02"},1317,{"v":1.088414591,"d":"1.09"},"G",410,70918000,{"v":1210.01685449,"d":"1,210.02"},96,1091,1187,{"v":63.43318696,"d":"63.43"},{"v":0.93996673,"d":"0.94"},{"v":1115.74050899999,"d":"1,115.74"},{"v":71.2594909799999,"d":"71.26"},0,"0_70918000_6407",{"v":1146.58366752999,"d":"1,146.58"},0,{"v":71.2594909799999,"d":"71.26"},{"v":0.052423391,"d":"0.05"},"0_70918000_6407_18460","D",{"v":0.298362409209,"d":"0.30"},{"v":2.60218610868E-4,"d":"0.00"},{"v":0.018543045754,"d":"0.02"}]
[7,709,70930,{"v":595.202401499999,"d":"595.20"},848,{"v":1.424725434,"d":"1.42"},"G",410,70930000,{"v":595.20242336,"d":"595.20"},69,801,870,{"v":88.7277448699999,"d":"88.73"},{"v":0.93996673,"d":"0.94"},{"v":817.771055499999,"d":"817.77"},{"v":52.22894453,"d":"52.23"},0,"0_70930000_6426",{"v":506.474678489999,"d":"506.47"},0,{"v":52.22894453,"d":"52.23"},{"v":0.149071545,"d":"0.15"},"0_70930000_6426_18961","außerhalb GKL",{"v":1.02161935261,"d":"1.02"},{"v":0.00201711832002,"d":"0.00"},{"v":0.105351960847,"d":"0.11"}]
[7,709,70936,{"v":18240.92581,"d":"18,240.93"},5235,{"v":0.286992012,"d":"0.29"},"M",103,70936000,{"v":15701.5465449999,"d":"15,701.55"},116,383,499,{"v":86.1561885999999,"d":"86.16"},{"v":0.991139192,"d":"0.99"},{"v":494.578456599999,"d":"494.58"},{"v":4.421543353,"d":"4.42"},0,"0_70936000_6433",{"v":15615.3903563999,"d":"15,615.39"},0,{"v":4.421543353,"d":"4.42"},{"v":0.005487115,"d":"0.01"},"0_70936000_6433_19224","G",{"v":7.85995094434,"d":"7.86"},{"v":0.000503346427143,"d":"0.00"},{"v":2.22556804919E-3,"d":"0.00"}]
[7,709,70939,{"v":1036.83932,"d":"1,036.84"},2144,{"v":2.067822814,"d":"2.07"},"G",410,70939000,{"v":1036.83931994999,"d":"1,036.84"},129,497,626,{"v":161.8938549,"d":"161.89"},{"v":0.93996673,"d":"0.94"},{"v":588.4191732,"d":"588.42"},{"v":37.58082675,"d":"37.58"},0,"0_70939000_6439",{"v":874.945465047999,"d":"874.95"},0,{"v":37.58082675,"d":"37.58"},{"v":0.156141701,"d":"0.16"},"0_70939000_6439_19439","F",{"v":0.329670330059,"d":"0.33"},{"v":3.76789575155E-4,"d":"0.00"},{"v":0.0141600637451,"d":"0.01"}]
[8,801,80101,{"v":2719.15309399999,"d":"2,719.15"},2359,{"v":0.867549534,"d":"0.87"},"G",410,80101001,{"v":129.231317789999,"d":"129.23"},27,137,164,{"v":49.20561766,"d":"49.21"},{"v":0.93996673,"d":"0.94"},{"v":154.154543799999,"d":"154.15"},{"v":9.845456209,"d":"9.85"},0,"0_80101001_6443",{"v":80.0257001275,"d":"80.03"},0,{"v":9.845456209,"d":"9.85"},{"v":0.380756139,"d":"0.38"},"0_80101001_6443_19654","D",{"v":2.4588497202,"d":"2.46"},{"v":0.0307257508061,"d":"0.03"},{"v":0.30250903405,"d":"0.30"}]
[8,801,80104,{"v":758.5940596,"d":"758.59"},2384,{"v":3.142655772,"d":"3.14"},"G",103,80104000,{"v":758.594059614999,"d":"758.59"},118,743,861,{"v":133.675162099999,"d":"133.68"},{"v":0.991139192,"d":"0.99"},{"v":853.370844,"d":"853.37"},{"v":7.629155966,"d":"7.63"},0,"0_80104000_6460",{"v":624.918897466999,"d":"624.92"},0,{"v":7.629155966,"d":"7.63"},{"v":0.176214354,"d":"0.18"},"0_80104000_6460_19917","C",{"v":0.108390365321,"d":"0.11"},{"v":0.000173447091711,"d":"0.00"},{"v":0.00132325491451,"d":"0.00"}]
[8,801,80114,{"v":834.7284508,"d":"834.73"},296,{"v":0.354606339,"d":"0.35"},"G",310,80114000,{"v":834.728450794999,"d":"834.73"},14,67,81,{"v":29.18901628,"d":"29.19"},{"v":0.967661341,"d":"0.97"},{"v":78.3805686099999,"d":"78.38"},{"v":2.619431386,"d":"2.62"},0,"0_80114000_6474",{"v":805.539434517,"d":"805.54"},0,{"v":2.619431386,"d":"2.62"},{"v":0.034968278,"d":"0.03"},"0_80114000_6474_20418","F",{"v":0.0180548904401,"d":"0.02"},{"v":2.2413415987e-05,"d":"0.00"},{"v":5.8710405305e-05,"d":"0.00"}]
[8,801,80117,{"v":2206.861185,"d":"2,206.86"},4992,{"v":2.26203625,"d":"2.26"},"G",103,80117001,{"v":565.4135311,"d":"565.41"},38,1349,1387,{"v":103.6623703,"d":"103.66"},{"v":0.991139192,"d":"0.99"},{"v":1374.710059,"d":"1,374.71"},{"v":12.28994114,"d":"12.29"},0,"0_80117001_6484",{"v":461.751160828,"d":"461.75"},0,{"v":12.28994114,"d":"12.29"},{"v":0.183339033,"d":"0.18"},"0_80117001_6484_20666","außerhalb GKL",{"v":0.368605196191,"d":"0.37"},{"v":0.000798276707155,"d":"0.00"},{"v":0.00981077374437,"d":"0.01"}]
[8,801,80122,{"v":1805.74070899999,"d":"1,805.74"},3896,{"v":2.157563365,"d":"2.16"},"M",410,80122001,{"v":258.770632094999,"d":"258.77"},128,1415,1543,{"v":145.238863799999,"d":"145.24"},{"v":0.93996673,"d":"0.94"},{"v":1450.36866499999,"d":"1,450.37"},{"v":92.6313349499999,"d":"92.63"},0,"0_80122001_6493",{"v":113.531768302,"d":"113.53"},0,{"v":92.6313349499999,"d":"92.63"},{"v":0.561264865,"d":"0.56"},"0_80122001_6493_20897","D",{"v":0.713117390409,"d":"0.71"},{"v":0.00628121451004,"d":"0.01"},{"v":0.581837285172,"d":"0.58"}]
[8,801,80126,{"v":566.552714899999,"d":"566.55"},2214,{"v":3.907844658,"d":"3.91"},"G",103,80126000,{"v":566.55271486,"d":"566.55"},110,1138,1248,{"v":146.062422499999,"d":"146.06"},{"v":0.991139192,"d":"0.99"},{"v":1236.94171099999,"d":"1,236.94"},{"v":11.05828879,"d":"11.06"},0,"0_80126000_6499",{"v":420.490292376,"d":"420.49"},0,{"v":11.05828879,"d":"11.06"},{"v":0.257809059,"d":"0.26"},"0_80126000_6499_21112","C",{"v":0.00217065827482,"d":"0.00"},{"v":5.162207818e-06,"d":"0.00"},{"v":5.7085184849e-05,"d":"0.00"}]
[8,801,80129,{"v":5375.274411,"d":"5,375.27"},2693,{"v":0.500997678,"d":"0.50"},"G",410,80129001,{"v":789.5617657,"d":"789.56"},36,73,109,{"v":112.391300799999,"d":"112.39"},{"v":0.93996673,"d":"0.94"},{"v":102.4563736,"d":"102.46"},{"v":6.543626383,"d":"6.54"},0,"0_80129001_6504",{"v":677.170464877999,"d":"677.17"},0,{"v":6.543626383,"d":"6.54"},{"v":0.142346433,"d":"0.14"},"0_80129001_6504_21375","außerhalb GKL",{"v":627.502440564,"d":"627.50"},{"v":0.926653587405,"d":"0.93"},{"v":6.06367486244,"d":"6.06"}]
[8,802,80207,{"v":2998.83265699999,"d":"2,998.83"},29711,{"v":9.907521824,"d":"9.91"},"ST",101,80207027,{"v":33.4097471549999,"d":"33.41"},54,45,99,{"v":27.36181875,"d":"27.36"},{"v":0.992934034,"d":"0.99"},{"v":98.30046937,"d":"98.30"},{"v":0.69953063,"d":"0.70"},0,"0_80207027_6522",{"v":6.04792840521,"d":"6.05"},0,{"v":0.69953063,"d":"0.70"},{"v":0.818977127,"d":"0.82"},"0_80207027_6522_21876","B",{"v":0.808121604981,"d":"0.81"},{"v":0.133619571998,"d":"0.13"},{"v":0.0934709833801,"d":"0.09"}]
[8,802,80211,{"v":6531.19076399999,"d":"6,531.19"},3610,{"v":0.552732286,"d":"0.55"},"M",410,80211000,{"v":5762.54945104,"d":"5,762.55"},244,1222,1466,{"v":174.4848168,"d":"174.48"},{"v":0.93996673,"d":"0.94"},{"v":1377.99122699999,"d":"1,377.99"},{"v":88.0087731899999,"d":"88.01"},0,"0_80211000_6529",{"v":5588.06463428999,"d":"5,588.06"},0,{"v":88.0087731899999,"d":"88.01"},{"v":0.030279101,"d":"0.03"},"0_80211000_6529_22091","G",{"v":0.00927407751185,"d":"0.01"},{"v":1.659622449E-6,"d":"0.00"},{"v":0.000146061335669,"d":"0.00"}]
[8,802,80215,{"v":1784.00218399999,"d":"1,784.00"},13633,{"v":7.641806789,"d":"7.64"},"M",101,80215007,{"v":1190.73568182,"d":"1,190.74"},29,713,742,{"v":79.79691556,"d":"79.80"},{"v":0.992934034,"d":"0.99"},{"v":736.7570533,"d":"736.76"},{"v":5.242946742,"d":"5.24"},0,"0_80215007_6542",{"v":1110.93876625999,"d":"1,110.94"},0,{"v":5.242946742,"d":"5.24"},{"v":0.067014802,"d":"0.07"},"0_80215007_6542_22354","F",{"v":26.0800145410999,"d":"26.08"},{"v":0.0234756544043,"d":"0.02"},{"v":0.123081605775,"d":"0.12"}]
[8,802,80218,{"v":873.3080549,"d":"873.31"},6512,{"v":7.456704382,"d":"7.46"},"M",101,80218000,{"v":86.2270159500999,"d":"86.23"},85,596,681,{"v":61.5055482699999,"d":"61.51"},{"v":0.992934034,"d":"0.99"},{"v":676.188077199999,"d":"676.19"},{"v":4.811922818,"d":"4.81"},0,"0_80218000_6550",{"v":24.7214676828,"d":"24.72"},0,{"v":4.811922818,"d":"4.81"},{"v":0.713297887,"d":"0.71"},"0_80218000_6550_22569","D",{"v":0.229599364983,"d":"0.23"},{"v":0.00928744878455,"d":"0.01"},{"v":0.0446904867274,"d":"0.04"}]
[8,802,80222,{"v":2184.75036799999,"d":"2,184.75"},1446,{"v":0.661860513,"d":"0.66"},"G",310,80222000,{"v":2184.75038849,"d":"2,184.75"},149,290,439,{"v":120.864104699999,"d":"120.86"},{"v":0.967661341,"d":"0.97"},{"v":424.8033287,"d":"424.80"},{"v":14.19667134,"d":"14.20"},0,"0_80222000_6559",{"v":2063.88628379,"d":"2,063.89"},0,{"v":14.19667134,"d":"14.20"},{"v":0.0553217,"d":"0.06"},"0_80222000_6559_22832","E",{"v":2.28932770553,"d":"2.29"},{"v":0.00110923151315,"d":"0.00"},{"v":0.0157473952322,"d":"0.02"}]
[8,802,80226,{"v":1025.397214,"d":"1,025.40"},6059,{"v":5.908929648,"d":"5.91"},"G",101,80226000,{"v":250.980793524999,"d":"250.98"},137,839,976,{"v":116.1127701,"d":"116.11"},{"v":0.992934034,"d":"0.99"},{"v":969.1036172,"d":"969.10"},{"v":6.896382776,"d":"6.90"},0,"0_80226000_6566",{"v":134.868023461999,"d":"134.87"},0,{"v":6.896382776,"d":"6.90"},{"v":0.462636078,"d":"0.46"},"0_80226000_6566_23047","E",{"v":0.000420700475497,"d":"0.00"},{"v":3.119349307e-06,"d":"0.00"},{"v":2.1512226832e-05,"d":"0.00"}]
[8,802,80236,{"v":2577.39856,"d":"2,577.40"},1826,{"v":0.708466292,"d":"0.71"},"G",410,80236000,{"v":2577.64990566999,"d":"2,577.65"},216,535,751,{"v":139.429767099999,"d":"139.43"},{"v":0.93996673,"d":"0.94"},{"v":705.915014599999,"d":"705.92"},{"v":45.0849854499999,"d":"45.08"},0,"0_80236000_6583",{"v":2438.22013852999,"d":"2,438.22"},0,{"v":45.0849854499999,"d":"45.08"},{"v":0.054091817,"d":"0.05"},"0_80236000_6583_23548","D",{"v":1.22536539414,"d":"1.23"},{"v":0.000502565529165,"d":"0.00"},{"v":0.0226581595701,"d":"0.02"}]
[8,802,80240,{"v":999.592852999999,"d":"999.59"},8579,{"v":8.582494337,"d":"8.58"},"M",101,80240006,{"v":281.178999424999,"d":"281.18"},29,3505,3534,{"v":69.16944617,"d":"69.17"},{"v":0.992934034,"d":"0.99"},{"v":3509.02887599999,"d":"3,509.03"},{"v":24.9711237,"d":"24.97"},0,"0_80240006_6593",{"v":212.009553253,"d":"212.01"},0,{"v":24.9711237,"d":"24.97"},{"v":0.24599791,"d":"0.25"},"0_80240006_6593_23811","E",{"v":0.00256185020378,"d":"0.00"},{"v":1.2083654555E-5,"d":"0.00"},{"v":0.000301742432631,"d":"0.00"}]
[8,803,80301,{"v":12082.88348,"d":"12,082.88"},49872,{"v":4.127491594,"d":"4.13"},"ST",101,80301028,{"v":299.277104754999,"d":"299.28"},76,1758,1834,{"v":81.5661125099999,"d":"81.57"},{"v":0.992934034,"d":"0.99"},{"v":1821.04101799999,"d":"1,821.04"},{"v":12.95898157,"d":"12.96"},0,"0_80301028_6609",{"v":217.710992248999,"d":"217.71"},0,{"v":12.95898157,"d":"12.96"},{"v":0.272543777,"d":"0.27"},"0_80301028_6609_24026","F",{"v":4.13578555538,"d":"4.14"},{"v":0.0189966777178,"d":"0.02"},{"v":0.246177596436,"d":"0.25"}]
[8,803,80302,{"v":2919.09603199999,"d":"2,919.10"},16731,{"v":5.731568888,"d":"5.73"},"ST",101,80302010,{"v":83.21616609,"d":"83.22"},121,539,660,{"v":79.0424495299999,"d":"79.04"},{"v":0.992934034,"d":"0.99"},{"v":655.3364625,"d":"655.34"},{"v":4.663537533,"d":"4.66"},0,"0_80302010_6619",{"v":4.17371656432,"d":"4.17"},0,{"v":4.663537533,"d":"4.66"},{"v":0.949844883,"d":"0.95"},"0_80302010_6619_24241","F",{"v":0.00516429150833,"d":"0.01"},{"v":1.23733641917E-3,"d":"0.00"},{"v":0.00577036483175,"d":"0.01"}]
[8,803,80303,{"v":2224.87892,"d":"2,224.88"},23309,{"v":10.47652517,"d":"10.48"},"M",101,80303023,{"v":771.989911344999,"d":"771.99"},97,3911,4008,{"v":94.83535609,"d":"94.84"},{"v":0.992934034,"d":"0.99"},{"v":3979.67960799999,"d":"3,979.68"},{"v":28.32039157,"d":"28.32"},0,"0_80303023_6635",{"v":677.15455526,"d":"677.15"},0,{"v":28.32039157,"d":"28.32"},{"v":0.122845331,"d":"0.12"},"0_80303023_6635_24504","C",{"v":3.39725023631,"d":"3.40"},{"v":0.00501694954264,"d":"0.01"},{"v":0.142081975534,"d":"0.14"}]
[8,804,80404,{"v":3432.762486,"d":"3,432.76"},34210,{"v":9.965734636,"d":"9.97"},"ST",101,80404061,{"v":255.79237925,"d":"255.79"},86,118,204,{"v":80.72226972,"d":"80.72"},{"v":0.992934034,"d":"0.99"},{"v":202.558542899999,"d":"202.56"},{"v":1.441457056,"d":"1.44"},0,"0_80404061_6656",{"v":175.070107748999,"d":"175.07"},0,{"v":1.441457056,"d":"1.44"},{"v":0.315577305,"d":"0.32"},"0_80404061_6656_25005","G",{"v":0.0926766128717,"d":"0.09"},{"v":0.000529368571616,"d":"0.00"},{"v":0.000763062062781,"d":"0.00"}]
[8,804,80407,{"v":904.917575299999,"d":"904.92"},3324,{"v":3.673262727,"d":"3.67"},"G",310,80407000,{"v":627.065838265,"d":"627.07"},129,307,436,{"v":135.383104,"d":"135.38"},{"v":0.967661341,"d":"0.97"},{"v":421.900344599999,"d":"421.90"},{"v":14.09965536,"d":"14.10"},0,"0_80407000_6666",{"v":491.682734225999,"d":"491.68"},0,{"v":14.09965536,"d":"14.10"},{"v":0.215899345,"d":"0.22"},"0_80407000_6666_25268","D",{"v":0.593727965658,"d":"0.59"},{"v":1.2075428408E-3,"d":"0.00"},{"v":0.0170259378877,"d":"0.02"}]
[8,804,80408,{"v":1461.99055199999,"d":"1,461.99"},11765,{"v":8.04724762799999,"d":"8.05"},"M",101,80408006,{"v":151.958752465,"d":"151.96"},31,269,300,{"v":61.9880566699999,"d":"61.99"},{"v":0.992934034,"d":"0.99"},{"v":297.8802102,"d":"297.88"},{"v":2.119789788,"d":"2.12"},0,"0_80408006_6673",{"v":89.9706957933999,"d":"89.97"},0,{"v":2.119789788,"d":"2.12"},{"v":0.40792686,"d":"0.41"},"0_80408006_6673_25483","D",{"v":2.88941009416,"d":"2.89"},{"v":0.0321150133238,"d":"0.03"},{"v":0.0680770772853,"d":"0.07"}]
[8,804,80411,{"v":4374.518957,"d":"4,374.52"},666,{"v":0.152245311,"d":"0.15"},"G",310,80411000,{"v":4374.51895656,"d":"4,374.52"},54,71,125,{"v":25.5464906099999,"d":"25.55"},{"v":0.967661341,"d":"0.97"},{"v":120.957667599999,"d":"120.96"},{"v":4.042332385,"d":"4.04"},0,"0_80411000_6679",{"v":4348.97246594999,"d":"4,348.97"},0,{"v":4.042332385,"d":"4.04"},{"v":0.00583984,"d":"0.01"},"0_80411000_6679_25698","E",{"v":2.0082320692,"d":"2.01"},{"v":0.0004617716219,"d":"0.00"},{"v":0.00186663438168,"d":"0.00"}]
[8,804,80414,{"v":2185.43249999999,"d":"2,185.43"},11928,{"v":5.457958551,"d":"5.46"},"M",101,80414007,{"v":118.29986087,"d":"118.30"},9,1453,1462,{"v":48.12884736,"d":"48.13"},{"v":0.992934034,"d":"0.99"},{"v":1451.669558,"d":"1,451.67"},{"v":10.3304422299999,"d":"10.33"},0,"0_80414007_6690",{"v":70.1710135101999,"d":"70.17"},0,{"v":10.3304422299999,"d":"10.33"},{"v":0.406837734,"d":"0.41"},"0_80414007_6690_25961","E",{"v":0.120919356733,"d":"0.12"},{"v":1.72320949469E-3,"d":"0.00"},{"v":0.0178015161351,"d":"0.02"}]
[8,804,80421,{"v":575.593497899999,"d":"575.59"},621,{"v":1.078886406,"d":"1.08"},"G",310,80421000,{"v":575.593497849999,"d":"575.59"},25,41,66,{"v":36.60293473,"d":"36.60"},{"v":0.967661341,"d":"0.97"},{"v":63.8656484999999,"d":"63.87"},{"v":2.134351499,"d":"2.13"},0,"0_80421000_6700",{"v":538.99056312,"d":"538.99"},0,{"v":2.134351499,"d":"2.13"},{"v":0.06359164,"d":"0.06"},"0_80421000_6700_26176","E",{"v":0.519570029962,"d":"0.52"},{"v":0.000963968695397,"d":"0.00"},{"v":2.05744803001E-3,"d":"0.00"}]
[2,206,20603,{"v":5423.585106,"d":"5,423.59"},1268,{"v":0.233793695,"d":"0.23"},"G",410,20603000,{"v":5423.58510561999,"d":"5,423.59"},135,180,315,{"v":96.36031217,"d":"96.36"},{"v":0.93996673,"d":"0.94"},{"v":296.0895201,"d":"296.09"},{"v":18.9104799099999,"d":"18.91"},1,"1_20603000_9628",{"v":55.4010132200999,"d":"55.40"},0.574936008119,{"v":170.232526731999,"d":"170.23"},{"v":0.017766903,"d":"0.02"},"1_20603000_9628_26677","E",{"v":1.55058844499,"d":"1.55"},{"v":0.0279884492154,"d":"0.03"},{"v":4.76454442925,"d":"4.76"}]
[2,206,20622,{"v":7472.93291399999,"d":"7,472.93"},824,{"v":0.110264606,"d":"0.11"},"G",410,20622000,{"v":7472.91210121,"d":"7,472.91"},80,65,145,{"v":64.71214639,"d":"64.71"},{"v":0.93996673,"d":"0.94"},{"v":136.2951759,"d":"136.30"},{"v":8.704824088,"d":"8.70"},1,"1_20622000_9891",{"v":27.7369132038,"d":"27.74"},0.428619892109,{"v":58.4188235892,"d":"58.42"},{"v":0.008659562,"d":"0.01"},"1_20622000_9891_26940","G",{"v":0.0541012365049,"d":"0.05"},{"v":0.00195051396337,"d":"0.00"},{"v":0.113946731134,"d":"0.11"}]
[2,206,20631,{"v":8427.68427599999,"d":"8,427.68"},1705,{"v":0.20230943,"d":"0.20"},"G",410,20631001,{"v":1417.88782603999,"d":"1,417.89"},28,8,36,{"v":30.92649141,"d":"30.93"},{"v":0.93996673,"d":"0.94"},{"v":33.8388022999999,"d":"33.84"},{"v":2.161197705,"d":"2.16"},1,"1_20631001_9988",{"v":30.1161063264999,"d":"30.12"},0.973796410567,{"v":32.9521042176,"d":"32.95"},{"v":0.021811663,"d":"0.02"},"1_20631001_9988_27155","G",{"v":2.96282646051,"d":"2.96"},{"v":0.0983801301665,"d":"0.10"},{"v":3.24183230219,"d":"3.24"}]
[5,502,50205,{"v":2699.01415099999,"d":"2,699.01"},21314,{"v":7.896957485,"d":"7.90"},"ST",101,50205014,{"v":300.22136853,"d":"300.22"},164,1493,1657,{"v":120.326255099999,"d":"120.33"},{"v":0.992934034,"d":"0.99"},{"v":1645.291694,"d":"1,645.29"},{"v":11.70830559,"d":"11.71"},1,"1_50205014_36042",{"v":0.927542216464,"d":"0.93"},0.00770856049408,{"v":12.6828305536,"d":"12.68"},{"v":0.400791775,"d":"0.40"},"1_50205014_36042_27418","D",{"v":4.53016582188E-4,"d":"0.00"},{"v":0.000488405351419,"d":"0.00"},{"v":6.19436231352E-3,"d":"0.01"}]
[5,502,50207,{"v":4712.14618499999,"d":"4,712.15"},7372,{"v":1.564467593,"d":"1.56"},"M",310,50207002,{"v":3125.92423091,"d":"3,125.92"},161,999,1160,{"v":152.235797499999,"d":"152.24"},{"v":0.967661341,"d":"0.97"},{"v":1122.487155,"d":"1,122.49"},{"v":37.51284454,"d":"37.51"},1,"1_50207002_36122",{"v":68.5930937394,"d":"68.59"},0.45057138246,{"v":505.760589222,"d":"505.76"},{"v":0.048701052,"d":"0.05"},"1_50207002_36122_27633","C",{"v":0.380756242292,"d":"0.38"},{"v":0.00555094137813,"d":"0.01"},{"v":2.80744738214,"d":"2.81"}]
[5,504,50403,{"v":17056.66254,"d":"17,056.66"},3944,{"v":0.231229292,"d":"0.23"},"G",430,50403003,{"v":4734.63500873999,"d":"4,734.64"},52,217,269,{"v":121.061797499999,"d":"121.06"},{"v":0.945243625,"d":"0.95"},{"v":254.270535099999,"d":"254.27"},{"v":14.7294648699999,"d":"14.73"},1,"1_50403003_37427",{"v":3.20047822013,"d":"3.20"},0.0264367313737,{"v":6.72208183269,"d":"6.72"},{"v":0.025569404,"d":"0.03"},"1_50403003_37427_28134","außerhalb GKL",{"v":0.0151157811666,"d":"0.02"},{"v":0.00472297579516,"d":"0.00"},{"v":0.0317482297889,"d":"0.03"}]
[5,504,50405,{"v":5412.520816,"d":"5,412.52"},1622,{"v":0.299675522,"d":"0.30"},"G",430,50405000,{"v":5412.50809152999,"d":"5,412.51"},164,314,478,{"v":108.0306834,"d":"108.03"},{"v":0.945243625,"d":"0.95"},{"v":451.8264528,"d":"451.83"},{"v":26.17354724,"d":"26.17"},1,"1_50405000_37483",{"v":61.8011275201999,"d":"61.80"},0.572070133921,{"v":258.476419362,"d":"258.48"},{"v":0.01995945,"d":"0.02"},"1_50405000_37483_28397","D",{"v":2.00119418585,"d":"2.00"},{"v":0.0323811921586,"d":"0.03"},{"v":8.36977460383,"d":"8.37"}]
[5,504,50411,{"v":12929.58446,"d":"12,929.58"},3802,{"v":0.294054307,"d":"0.29"},"M",430,50411001,{"v":12722.0513470999,"d":"12,722.05"},243,441,684,{"v":170.6520414,"d":"170.65"},{"v":0.945243625,"d":"0.95"},{"v":646.546639499999,"d":"646.55"},{"v":37.45336048,"d":"37.45"},1,"1_50411001_37587",{"v":49.0366242276,"d":"49.04"},0.287348594399,{"v":185.784268074,"d":"185.78"},{"v":0.013413878,"d":"0.01"},"1_50411001_37587_28612","außerhalb GKL",{"v":0.172599276237,"d":"0.17"},{"v":3.51980339095E-3,"d":"0.00"},{"v":0.653924096752,"d":"0.65"}]
[5,504,50418,{"v":7813.50858799999,"d":"7,813.51"},11235,{"v":1.437894369,"d":"1.44"},"ST",220,50418003,{"v":2025.23117277999,"d":"2,025.23"},146,439,585,{"v":104.344981599999,"d":"104.34"},{"v":0.99140599,"d":"0.99"},{"v":579.9725041,"d":"579.97"},{"v":5.027495906,"d":"5.03"},1,"1_50418003_37717",{"v":0.71172602255,"d":"0.71"},0.00682089365139,{"v":3.9559307712,"d":"3.96"},{"v":0.051522504,"d":"0.05"},"1_50418003_37717_28875","außerhalb GKL",{"v":0.71172602255,"d":"0.71"},{"v":1,"d":"1.00"},{"v":3.9559307712,"d":"3.96"}]
[5,504,50420,{"v":5690.242949,"d":"5,690.24"},3846,{"v":0.675893812,"d":"0.68"},"M",420,50420001,{"v":5574.37020205,"d":"5,574.37"},178,521,699,{"v":125.901612799999,"d":"125.90"},{"v":0.954532045,"d":"0.95"},{"v":667.2178996,"d":"667.22"},{"v":31.7821004199999,"d":"31.78"},1,"1_50420001_37804",{"v":2.74724068738,"d":"2.75"},0.0218205361018,{"v":14.559052266,"d":"14.56"},{"v":0.0225858,"d":"0.02"},"1_50420001_37804_29090","außerhalb GKL",{"v":2.74724068737,"d":"2.75"},{"v":0.999999999996,"d":"1.00"},{"v":14.5590522659,"d":"14.56"}]
[5,506,50603,{"v":4978.940139,"d":"4,978.94"},736,{"v":0.147822625,"d":"0.15"},"G",430,50603000,{"v":4978.94013857,"d":"4,978.94"},75,167,242,{"v":47.57948632,"d":"47.58"},{"v":0.945243625,"d":"0.95"},{"v":228.7489573,"d":"228.75"},{"v":13.25104274,"d":"13.25"},1,"1_50603000_38035",{"v":36.2686157568999,"d":"36.27"},0.76227421862,{"v":174.369432686,"d":"174.37"},{"v":0.009556147,"d":"0.01"},"1_50603000_38035_29591","G",{"v":1.43542209292,"d":"1.44"},{"v":0.0395775262707,"d":"0.04"},{"v":6.90111080294,"d":"6.90"}]
[5,506,50609,{"v":9035.94620399999,"d":"9,035.95"},3358,{"v":0.371626825,"d":"0.37"},"G",420,50609001,{"v":5705.16133936,"d":"5,705.16"},138,907,1045,{"v":137.2250213,"d":"137.23"},{"v":0.954532045,"d":"0.95"},{"v":997.485987199999,"d":"997.49"},{"v":47.51401279,"d":"47.51"},1,"1_50609001_38082",{"v":1.77704115138,"d":"1.78"},0.012949833307,{"v":12.9172772603,"d":"12.92"},{"v":0.024052785,"d":"0.02"},"1_50609001_38082_29854","E",{"v":0.195161563818,"d":"0.20"},{"v":0.10982388543300001,"d":"0.11"},{"v":1.41862557794,"d":"1.42"}]
[5,506,50613,{"v":13202.47709,"d":"13,202.48"},5490,{"v":0.415831057,"d":"0.42"},"ST",220,50613000,{"v":46.0782527699999,"d":"46.08"},104,1148,1252,{"v":41.0324692299999,"d":"41.03"},{"v":0.99140599,"d":"0.99"},{"v":1241.240299,"d":"1,241.24"},{"v":10.75970064,"d":"10.76"},1,"1_50613000_38110",{"v":35.2983161300999,"d":"35.30"},0.860253277282,{"v":1067.78103510999,"d":"1,067.78"},{"v":0.890495337,"d":"0.89"},"1_50613000_38110_30069","E",{"v":0.0871086421969,"d":"0.09"},{"v":2.46778463527E-3,"d":"0.00"},{"v":2.63505363228,"d":"2.64"}]
[5,506,50614,{"v":16597.1810699999,"d":"16,597.18"},2593,{"v":0.15623135,"d":"0.16"},"M",420,50614001,{"v":15410.6799816999,"d":"15,410.68"},134,110,244,{"v":102.861049399999,"d":"102.86"},{"v":0.954532045,"d":"0.95"},{"v":232.905819,"d":"232.91"},{"v":11.09418098,"d":"11.09"},1,"1_50614001_38163",{"v":75.9835002516999,"d":"75.98"},0.738700418622,{"v":172.047625995,"d":"172.05"},{"v":0.00667466,"d":"0.01"},"1_50614001_38163_30284","G",{"v":0.0673950470767,"d":"0.07"},{"v":0.000886969498029,"d":"0.00"},{"v":0.152600996466,"d":"0.15"}]
[5,506,50617,{"v":25332.9943099999,"d":"25,332.99"},3036,{"v":0.119843709,"d":"0.12"},"M",430,50617001,{"v":22632.1836244,"d":"22,632.18"},185,227,412,{"v":173.034171299999,"d":"173.03"},{"v":0.945243625,"d":"0.95"},{"v":389.4403735,"d":"389.44"},{"v":22.5596264899999,"d":"22.56"},1,"1_50617001_38230",{"v":126.860938399,"d":"126.86"},0.733155407663,{"v":285.520315793999,"d":"285.52"},{"v":0.007645492,"d":"0.01"},"1_50617001_38230_30523","außerhalb GKL",{"v":0.0177444497323,"d":"0.02"},{"v":0.00013987323408,"d":"0.00"},{"v":0.0399366499656,"d":"0.04"}]
[5,506,50619,{"v":11846.40334,"d":"11,846.40"},16705,{"v":1.410132639,"d":"1.41"},"ST",220,50619014,{"v":324.94370269,"d":"324.94"},81,376,457,{"v":76.38179565,"d":"76.38"},{"v":0.99140599,"d":"0.99"},{"v":453.072537399999,"d":"453.07"},{"v":3.927462614,"d":"3.93"},1,"1_50619014_38256",{"v":28.1345602998999,"d":"28.13"},0.368341174235,{"v":166.885270439999,"d":"166.89"},{"v":0.235061628,"d":"0.24"},"1_50619014_38256_30763","E",{"v":0.0428704708586,"d":"0.04"},{"v":0.00152376544725,"d":"0.00"},{"v":0.254294008751,"d":"0.25"}]
[5,506,50624,{"v":16774.50353,"d":"16,774.50"},3037,{"v":0.181048577,"d":"0.18"},"G",420,50624001,{"v":16596.4318087999,"d":"16,596.43"},127,455,582,{"v":133.3780039,"d":"133.38"},{"v":0.954532045,"d":"0.95"},{"v":555.537650299999,"d":"555.54"},{"v":26.46234971,"d":"26.46"},1,"1_50624001_38350",{"v":10.6523951008,"d":"10.65"},0.079866205741,{"v":44.3686842756999,"d":"44.37"},{"v":0.008036547,"d":"0.01"},"1_50624001_38350_31312","F",{"v":5.92878723416,"d":"5.93"},{"v":0.556568469162,"d":"0.56"},{"v":24.6942106861,"d":"24.69"}]
[5,506,50628,{"v":5511.97431899999,"d":"5,511.97"},9879,{"v":1.792279758,"d":"1.79"},"ST",220,50628003,{"v":346.012806515,"d":"346.01"},137,2400,2537,{"v":101.385000099999,"d":"101.39"},{"v":0.99140599,"d":"0.99"},{"v":2515.196996,"d":"2,515.20"},{"v":21.80300361,"d":"21.80"},1,"1_50628003_38394",{"v":29.9952810684,"d":"30.00"},0.295855215651,{"v":744.134149655999,"d":"744.13"},{"v":0.293009386,"d":"0.29"},"1_50628003_38394_31527","C",{"v":2.02645035264,"d":"2.03"},{"v":0.0675589719603,"d":"0.07"},{"v":50.2729381513,"d":"50.27"}]
[7,701,70101,{"v":10481.03324,"d":"10,481.03"},131961,{"v":12.59045716,"d":"12.59"},"SR",101,70101115,{"v":5.868687175,"d":"5.87"},78,512,590,{"v":5.868687175,"d":"5.87"},{"v":0.992934034,"d":"0.99"},{"v":590,"d":"590.00"},{"v":0,"d":"0.00"},1,"1_70101115_48657",{"v":5.86868717501,"d":"5.87"},1,{"v":590,"d":"590.00"},{"v":1,"d":"1.00"},"1_70101115_48657_31742","B",{"v":3.20795351812E-3,"d":"0.00"},{"v":0.000546621999513,"d":"0.00"},{"v":0.322506979713,"d":"0.32"}]
[7,701,70101,{"v":10481.03324,"d":"10,481.03"},131961,{"v":12.59045716,"d":"12.59"},"SR",101,70101261,{"v":4.943313575,"d":"4.94"},16,21,37,{"v":4.943313575,"d":"4.94"},{"v":0.992934034,"d":"0.99"},{"v":37,"d":"37.00"},{"v":0,"d":"0.00"},1,"1_70101261_48717",{"v":4.94331357503,"d":"4.94"},1.00000000001,{"v":37.0000000004,"d":"37.00"},{"v":1,"d":"1.00"},"1_70101261_48717_32005","A",{"v":1.0542152704E-4,"d":"0.00"},{"v":2.1326085315e-05,"d":"0.00"},{"v":0.000789065156664,"d":"0.00"}]
[7,701,70101,{"v":10481.03324,"d":"10,481.03"},131961,{"v":12.59045716,"d":"12.59"},"SR",101,70101340,{"v":33.1712285099999,"d":"33.17"},30,1639,1669,{"v":20.4665573099999,"d":"20.47"},{"v":0.992934034,"d":"0.99"},{"v":1657.206903,"d":"1,657.21"},{"v":11.7930971899999,"d":"11.79"},1,"1_70101340_48749",{"v":20.4665573119,"d":"20.47"},1.00000000009,{"v":1657.20690315,"d":"1,657.21"},{"v":0.616997266,"d":"0.62"},"1_70101340_48749_32220","C",{"v":0.0270115414978,"d":"0.03"},{"v":0.00131978920959,"d":"0.00"},{"v":2.18716378884,"d":"2.19"}]
[7,701,70101,{"v":10481.03324,"d":"10,481.03"},131961,{"v":12.59045716,"d":"12.59"},"SR",101,70101521,{"v":50.8361197401,"d":"50.84"},128,4660,4788,{"v":45.51337487,"d":"45.51"},{"v":0.992934034,"d":"0.99"},{"v":4754.168155,"d":"4,754.17"},{"v":33.83184501,"d":"33.83"},1,"1_70101521_48795",{"v":45.5133748710999,"d":"45.51"},1.00000000002,{"v":4754.1681551,"d":"4,754.17"},{"v":0.895296004,"d":"0.90"},"1_70101521_48795_32483","E",{"v":2.65949643409,"d":"2.66"},{"v":0.0584332944244,"d":"0.06"},{"v":277.80170755,"d":"277.80"}]
[7,702,70207,{"v":789.937717799999,"d":"789.94"},676,{"v":0.855763669,"d":"0.86"},"G",310,70207000,{"v":789.937717779999,"d":"789.94"},40,85,125,{"v":66.3724051199999,"d":"66.37"},{"v":0.967661341,"d":"0.97"},{"v":120.957667599999,"d":"120.96"},{"v":4.042332385,"d":"4.04"},1,"1_70207000_48883",{"v":2.92778963222,"d":"2.93"},0.0441115494749,{"v":5.33563013871,"d":"5.34"},{"v":0.084022327,"d":"0.08"},"1_70207000_48883_32984","D",{"v":1.20638179116,"d":"1.21"},{"v":0.412045243239,"d":"0.41"},{"v":2.19852101834,"d":"2.20"}]
[7,702,70212,{"v":7239.21919199999,"d":"7,239.22"},2149,{"v":0.296855219,"d":"0.30"},"G",410,70212001,{"v":7120.18793154,"d":"7,120.19"},51,250,301,{"v":98.8627273,"d":"98.86"},{"v":0.93996673,"d":"0.94"},{"v":282.9299859,"d":"282.93"},{"v":18.07001414,"d":"18.07"},1,"1_70212001_48925",{"v":33.7057386205,"d":"33.71"},0.340934743973,{"v":96.4606623051,"d":"96.46"},{"v":0.013884848,"d":"0.01"},"1_70212001_48925_33199","F",{"v":1.49462706286,"d":"1.49"},{"v":0.0443434003832,"d":"0.04"},{"v":4.27739376982,"d":"4.28"}]
[7,702,70217,{"v":22344.49665,"d":"22,344.50"},1384,{"v":0.061939189,"d":"0.06"},"G",430,70217001,{"v":16998.8470754,"d":"16,998.85"},75,413,488,{"v":60.63147536,"d":"60.63"},{"v":0.945243625,"d":"0.95"},{"v":461.278888999999,"d":"461.28"},{"v":26.72111099,"d":"26.72"},1,"1_70217001_48971",{"v":46.8320985957999,"d":"46.83"},0.772405723558,{"v":356.294454019999,"d":"356.29"},{"v":0.003566799,"d":"0.00"},"1_70217001_48971_33462","G",{"v":1.32547465074E-3,"d":"0.00"},{"v":2.8302696024e-05,"d":"0.00"},{"v":0.0100840936273,"d":"0.01"}]
[7,702,70221,{"v":3355.18714399999,"d":"3,355.19"},1547,{"v":0.461077112,"d":"0.46"},"G",310,70221000,{"v":3355.18714395999,"d":"3,355.19"},92,947,1039,{"v":137.7796979,"d":"137.78"},{"v":0.967661341,"d":"0.97"},{"v":1005.40013299999,"d":"1,005.40"},{"v":33.59986679,"d":"33.60"},1,"1_70221000_49007",{"v":73.3347755469,"d":"73.33"},0.532261114407,{"v":535.135395216,"d":"535.14"},{"v":0.041064683,"d":"0.04"},"1_70221000_49007_33677","E",{"v":1.89767407432E-3,"d":"0.00"},{"v":2.5876864832e-05,"d":"0.00"},{"v":0.0138476262889,"d":"0.01"}]
[7,703,70301,{"v":5187.67827699999,"d":"5,187.68"},7311,{"v":1.409300965,"d":"1.41"},"G",101,70301002,{"v":4873.8164862,"d":"4,873.82"},81,391,472,{"v":63.5427179,"d":"63.54"},{"v":0.992934034,"d":"0.99"},{"v":468.664864099999,"d":"468.66"},{"v":3.335135933,"d":"3.34"},1,"1_70301002_49044",{"v":0.572950550482,"d":"0.57"},0.00901677752254,{"v":4.22584681222,"d":"4.23"},{"v":0.013037569,"d":"0.01"},"1_70301002_49044_33892","F",{"v":0.134398309923,"d":"0.13"},{"v":0.234572267729,"d":"0.23"},{"v":0.991266469818,"d":"0.99"}]
[7,703,70312,{"v":972.357172999999,"d":"972.36"},4088,{"v":4.204216428,"d":"4.20"},"G",101,70312002,{"v":48.9593680549999,"d":"48.96"},59,54,113,{"v":29.82270458,"d":"29.82"},{"v":0.992934034,"d":"0.99"},{"v":112.2015458,"d":"112.20"},{"v":0.798454153,"d":"0.80"},1,"1_70312002_49129",{"v":11.3914084178999,"d":"11.39"},0.381971004251,{"v":42.8577371276999,"d":"42.86"},{"v":0.60913173,"d":"0.61"},"1_70312002_49129_34441","E",{"v":3.48465752637,"d":"3.48"},{"v":0.305902255326,"d":"0.31"},{"v":13.1102784455,"d":"13.11"}]
[7,703,70320,{"v":698.396994899999,"d":"698.40"},2975,{"v":4.25975487,"d":"4.26"},"G",101,70320000,{"v":422.112824885,"d":"422.11"},97,1092,1189,{"v":75.61243779,"d":"75.61"},{"v":0.992934034,"d":"0.99"},{"v":1180.59856599999,"d":"1,180.60"},{"v":8.401433526,"d":"8.40"},1,"1_70320000_49183",{"v":53.4508800712999,"d":"53.45"},0.706905922274,{"v":834.572118133999,"d":"834.57"},{"v":0.179128502,"d":"0.18"},"1_70320000_49183_34656","E",{"v":7.76171508044,"d":"7.76"},{"v":0.145212110074,"d":"0.15"},{"v":121.189978283,"d":"121.19"}]
[7,703,70329,{"v":691.3797495,"d":"691.38"},4481,{"v":6.481242766,"d":"6.48"},"G",101,70329002,{"v":349.532611864999,"d":"349.53"},103,56,159,{"v":46.3377892399999,"d":"46.34"},{"v":0.992934034,"d":"0.99"},{"v":157.876511399999,"d":"157.88"},{"v":1.123488588,"d":"1.12"},1,"1_70329002_49229",{"v":45.2418339059999,"d":"45.24"},0.976348562329,{"v":154.142504930999,"d":"154.14"},{"v":0.132570718,"d":"0.13"},"1_70329002_49229_34919","D",{"v":0.944636287679,"d":"0.94"},{"v":0.0208797081401,"d":"0.02"},{"v":3.21845051494,"d":"3.22"}]
[7,703,70333,{"v":6410.668101,"d":"6,410.67"},2044,{"v":0.318843523,"d":"0.32"},"G",310,70333001,{"v":114.73454108,"d":"114.73"},34,348,382,{"v":68.3260329299999,"d":"68.33"},{"v":0.967661341,"d":"0.97"},{"v":369.646632199999,"d":"369.65"},{"v":12.35336777,"d":"12.35"},1,"1_70333001_49262",{"v":26.745024769,"d":"26.75"},0.391432425126,{"v":144.691677682,"d":"144.69"},{"v":0.595514065,"d":"0.60"},"1_70333001_49262_35134","D",{"v":4.12956471824,"d":"4.13"},{"v":0.154404968921,"d":"0.15"},{"v":22.3411139956,"d":"22.34"}]
[7,703,70336,{"v":3868.15978799999,"d":"3,868.16"},371,{"v":0.09591124,"d":"0.10"},"G",330,70336000,{"v":3868.15978815,"d":"3,868.16"},46,30,76,{"v":37.52565632,"d":"37.53"},{"v":0.958718978,"d":"0.96"},{"v":72.8626423099999,"d":"72.86"},{"v":3.137357687,"d":"3.14"},1,"1_70336000_49289",{"v":1.11145620286,"d":"1.11"},0.029618567984,{"v":2.15808712475,"d":"2.16"},{"v":0.009701165,"d":"0.01"},"1_70336000_49289_35349","G",{"v":0.0440891470184,"d":"0.04"},{"v":0.0396679121543,"d":"0.04"},{"v":0.0856068104859,"d":"0.09"}]
[7,703,70346,{"v":855.4053559,"d":"855.41"},9271,{"v":10.83813649,"d":"10.84"},"M",101,70346000,{"v":89.7273602799999,"d":"89.73"},137,371,508,{"v":63.4335864,"d":"63.43"},{"v":0.992934034,"d":"0.99"},{"v":504.410489299999,"d":"504.41"},{"v":3.589510707,"d":"3.59"},1,"1_70346000_49327",{"v":63.4335864032999,"d":"63.43"},1.00000000005,{"v":504.410489325,"d":"504.41"},{"v":0.70695924,"d":"0.71"},"1_70346000_49327_35612","B",{"v":0.0589937382564,"d":"0.06"},{"v":0.000930007927998,"d":"0.00"},{"v":0.469105754038,"d":"0.47"}]
[7,703,70356,{"v":2736.63054499999,"d":"2,736.63"},1599,{"v":0.584295167,"d":"0.58"},"G",310,70356000,{"v":2736.50367223,"d":"2,736.50"},100,185,285,{"v":85.00497751,"d":"85.00"},{"v":0.967661341,"d":"0.97"},{"v":275.783482199999,"d":"275.78"},{"v":9.216517839,"d":"9.22"},1,"1_70356000_49395",{"v":60.6431648229999,"d":"60.64"},0.713407221546,{"v":196.745927784999,"d":"196.75"},{"v":0.031063352,"d":"0.03"},"1_70356000_49395_36113","G",{"v":0.121613290261,"d":"0.12"},{"v":0.00200539154934,"d":"0.00"},{"v":0.394552620947,"d":"0.39"}]
[7,703,70358,{"v":2103.962821,"d":"2,103.96"},4058,{"v":1.928741306,"d":"1.93"},"G",101,70358001,{"v":2002.43779238999,"d":"2,002.44"},142,1176,1318,{"v":89.07554113,"d":"89.08"},{"v":0.992934034,"d":"0.99"},{"v":1308.687057,"d":"1,308.69"},{"v":9.31294313499999,"d":"9.31"},1,"1_70358001_49426",{"v":2.06416500661,"d":"2.06"},0.0231731963727,{"v":30.3264621623,"d":"30.33"},{"v":0.04448355,"d":"0.04"},"1_70358001_49426_36328","D",{"v":0.268662674498,"d":"0.27"},{"v":0.130155619167,"d":"0.13"},{"v":3.94715945988,"d":"3.95"}]
[7,703,70366,{"v":6786.07250099999,"d":"6,786.07"},742,{"v":0.109341596,"d":"0.11"},"G",310,70366000,{"v":6786.07250074999,"d":"6,786.07"},75,89,164,{"v":78.2895976399999,"d":"78.29"},{"v":0.967661341,"d":"0.97"},{"v":158.6964599,"d":"158.70"},{"v":5.30354009,"d":"5.30"},1,"1_70366000_49467",{"v":77.1780636433999,"d":"77.18"},0.985802277313,{"v":156.443331570999,"d":"156.44"},{"v":0.011536805,"d":"0.01"},"1_70366000_49467_36591","außerhalb GKL",{"v":74.2765945188999,"d":"74.28"},{"v":0.962405520591,"d":"0.96"},{"v":150.561925964,"d":"150.56"}]
[7,704,70401,{"v":5421.22009799999,"d":"5,421.22"},1116,{"v":0.205857718,"d":"0.21"},"G",420,70401000,{"v":5421.22009765999,"d":"5,421.22"},136,371,507,{"v":161.9472354,"d":"161.95"},{"v":0.954532045,"d":"0.95"},{"v":483.9477469,"d":"483.95"},{"v":23.0522531,"d":"23.05"},1,"1_70401000_49502",{"v":21.1517391695999,"d":"21.15"},0.130608831434,{"v":63.2078496976999,"d":"63.21"},{"v":0.029872839,"d":"0.03"},"1_70401000_49502_36806","G",{"v":0.712325855141,"d":"0.71"},{"v":0.0336769402,"d":"0.03"},{"v":2.12864697444,"d":"2.13"}]
[7,704,70404,{"v":2085.92695499999,"d":"2,085.93"},1884,{"v":0.903195577,"d":"0.90"},"G",410,70404000,{"v":2085.92695508999,"d":"2,085.93"},176,669,845,{"v":194.6120299,"d":"194.61"},{"v":0.93996673,"d":"0.94"},{"v":794.2718872,"d":"794.27"},{"v":50.7281127899999,"d":"50.73"},1,"1_70404000_49552",{"v":106.901439988999,"d":"106.90"},0.549305405447,{"v":436.297841033999,"d":"436.30"},{"v":0.093297625,"d":"0.09"},"1_70404000_49552_37069","G",{"v":8.41042240798,"d":"8.41"},{"v":0.0786745474041,"d":"0.08"},{"v":34.3255351767,"d":"34.33"}]
[7,704,70410,{"v":11293.1877199999,"d":"11,293.19"},3975,{"v":0.351982106,"d":"0.35"},"G",420,70410002,{"v":4379.32663966,"d":"4,379.33"},56,68,124,{"v":36.85806796,"d":"36.86"},{"v":0.954532045,"d":"0.95"},{"v":118.361973599999,"d":"118.36"},{"v":5.638026398,"d":"5.64"},1,"1_70410002_49665",{"v":0.801086507502,"d":"0.80"},0.0217343597166,{"v":2.57252171099,"d":"2.57"},{"v":0.008416378,"d":"0.01"},"1_70410002_49665_37570","außerhalb GKL",{"v":0.801086507501,"d":"0.80"},{"v":0.999999999999,"d":"1.00"},{"v":2.57252171099,"d":"2.57"}]
[7,704,70411,{"v":5797.077296,"d":"5,797.08"},8225,{"v":1.418818411,"d":"1.42"},"ST",220,70411006,{"v":926.60676016,"d":"926.61"},112,577,689,{"v":139.4339382,"d":"139.43"},{"v":0.99140599,"d":"0.99"},{"v":683.078726999999,"d":"683.08"},{"v":5.921272956,"d":"5.92"},1,"1_70411006_49711",{"v":73.9448827087999,"d":"73.94"},0.530321983754,{"v":362.251665563,"d":"362.25"},{"v":0.150478007,"d":"0.15"},"1_70411006_49711_37785","C",{"v":0.00502720413826,"d":"0.01"},{"v":6.7985828824e-05,"d":"0.00"},{"v":0.0246279797262,"d":"0.02"}]
[7,704,70414,{"v":1564.521854,"d":"1,564.52"},1674,{"v":1.069975466,"d":"1.07"},"G",410,70414000,{"v":1564.52185058,"d":"1,564.52"},181,487,668,{"v":136.3282253,"d":"136.33"},{"v":0.93996673,"d":"0.94"},{"v":627.8977759,"d":"627.90"},{"v":40.1022240699999,"d":"40.10"},1,"1_70414000_49779",{"v":123.054598674,"d":"123.05"},0.902634787501,{"v":566.762375521999,"d":"566.76"},{"v":0.08713731,"d":"0.09"},"1_70414000_49779_38048","außerhalb GKL",{"v":2.2196923597,"d":"2.22"},{"v":0.0180382723085,"d":"0.02"},{"v":10.2234140639,"d":"10.22"}]
[7,704,70416,{"v":5907.01798299999,"d":"5,907.02"},9547,{"v":1.6162131259999999,"d":"1.62"},"M",210,70416004,{"v":2456.08587647,"d":"2,456.09"},185,1422,1607,{"v":172.474954099999,"d":"172.47"},{"v":0.980090788,"d":"0.98"},{"v":1575.00589599999,"d":"1,575.01"},{"v":31.9941036799999,"d":"31.99"},1,"1_70416004_49821",{"v":0.998301511233,"d":"1.00"},0.00578809553214,{"v":9.11628458973,"d":"9.12"},{"v":0.070223503,"d":"0.07"},"1_70416004_49821_38263","außerhalb GKL",{"v":0.998301511232,"d":"1.00"},{"v":0.999999999999,"d":"1.00"},{"v":9.11628458971999,"d":"9.12"}]
[7,705,70501,{"v":5835.05317999999,"d":"5,835.05"},2533,{"v":0.434100585,"d":"0.43"},"G",410,70501001,{"v":4845.32946171999,"d":"4,845.33"},137,278,415,{"v":46.96539054,"d":"46.97"},{"v":0.93996673,"d":"0.94"},{"v":390.0861931,"d":"390.09"},{"v":24.9138068699999,"d":"24.91"},1,"1_70501001_49862",{"v":45.9838653475,"d":"45.98"},0.979101095909,{"v":381.933819163,"d":"381.93"},{"v":0.00969292,"d":"0.01"},"1_70501001_49862_38526","außerhalb GKL",{"v":1.01638363138,"d":"1.02"},{"v":0.0221030490521,"d":"0.02"},{"v":8.44190193961999,"d":"8.44"}]
[7,705,70511,{"v":1493.211244,"d":"1,493.21"},5858,{"v":3.923088593,"d":"3.92"},"G",103,70511001,{"v":363.854548879999,"d":"363.85"},104,533,637,{"v":106.219009799999,"d":"106.22"},{"v":0.991139192,"d":"0.99"},{"v":631.3556651,"d":"631.36"},{"v":5.644334901,"d":"5.64"},1,"1_70511001_49994",{"v":23.191802501,"d":"23.19"},0.218339471858,{"v":137.849862472,"d":"137.85"},{"v":0.291927118,"d":"0.29"},"1_70511001_49994_39027","G",{"v":0.0138940483068,"d":"0.01"},{"v":0.000599093076366,"d":"0.00"},{"v":0.082584898185,"d":"0.08"}]
[7,705,70512,{"v":2685.233486,"d":"2,685.23"},4985,{"v":1.856449365,"d":"1.86"},"G",410,70512003,{"v":346.23530976,"d":"346.24"},70,986,1056,{"v":65.2624108499999,"d":"65.26"},{"v":0.93996673,"d":"0.94"},{"v":992.6048673,"d":"992.60"},{"v":63.39513267,"d":"63.40"},1,"1_70512003_50016",{"v":48.2062011049999,"d":"48.21"},0.73865185912,{"v":733.189430603,"d":"733.19"},{"v":0.188491494,"d":"0.19"},"1_70512003_50016_39242","F",{"v":5.3649102078,"d":"5.36"},{"v":0.111290873058,"d":"0.11"},{"v":81.5972918486999,"d":"81.60"}]
[7,705,70514,{"v":2189.40837199999,"d":"2,189.41"},4725,{"v":2.158117262,"d":"2.16"},"M",410,70514002,{"v":1909.41540828,"d":"1,909.42"},65,849,914,{"v":92.6175096799999,"d":"92.62"},{"v":0.93996673,"d":"0.94"},{"v":859.1295916,"d":"859.13"},{"v":54.87040839,"d":"54.87"},1,"1_70514002_50049",{"v":19.8435918724,"d":"19.84"},0.21425313573,{"v":184.071208998999,"d":"184.07"},{"v":0.048505689,"d":"0.05"},"1_70514002_50049_39505","F",{"v":0.120074823766,"d":"0.12"},{"v":0.00605106295968,"d":"0.01"},{"v":1.11382647472,"d":"1.11"}]
[7,705,70518,{"v":721.9571832,"d":"721.96"},2826,{"v":3.914359557,"d":"3.91"},"G",410,70518000,{"v":58.27748573,"d":"58.28"},71,280,351,{"v":48.42281151,"d":"48.42"},{"v":0.93996673,"d":"0.94"},{"v":329.9283224,"d":"329.93"},{"v":21.0716776199999,"d":"21.07"},1,"1_70518000_50087",{"v":48.4228115069999,"d":"48.42"},0.999999999938,{"v":329.928322379999,"d":"329.93"},{"v":0.830900834,"d":"0.83"},"1_70518000_50087_39720","G",{"v":0.0398942618053,"d":"0.04"},{"v":0.000823873306066,"d":"0.00"},{"v":0.271819137724,"d":"0.27"}]
[7,705,70525,{"v":1873.63963399999,"d":"1,873.64"},2548,{"v":1.359919994,"d":"1.36"},"G",410,70525000,{"v":1873.6396337,"d":"1,873.64"},222,840,1062,{"v":180.2458819,"d":"180.25"},{"v":0.93996673,"d":"0.94"},{"v":998.2446677,"d":"998.24"},{"v":63.7553322799999,"d":"63.76"},1,"1_70525000_50158",{"v":1.36823251975,"d":"1.37"},0.00759092249613,{"v":7.57759790469,"d":"7.58"},{"v":0.096200934,"d":"0.10"},"1_70525000_50158_39935","F",{"v":1.01463865758,"d":"1.01"},{"v":0.741568880241,"d":"0.74"},{"v":5.6193107931,"d":"5.62"}]
[7,705,70530,{"v":9730.089242,"d":"9,730.09"},4272,{"v":0.439050444,"d":"0.44"},"G",410,70530002,{"v":1050.73690755,"d":"1,050.74"},120,165,285,{"v":72.5516142,"d":"72.55"},{"v":0.93996673,"d":"0.94"},{"v":267.890518199999,"d":"267.89"},{"v":17.10948183,"d":"17.11"},1,"1_70530002_50283",{"v":71.7753898612999,"d":"71.78"},0.989301074177,{"v":265.024377416999,"d":"265.02"},{"v":0.069048316,"d":"0.07"},"1_70530002_50283_40355","G",{"v":0.0199209655361,"d":"0.02"},{"v":0.000277545905004,"d":"0.00"},{"v":0.0735564306783,"d":"0.07"}]
[7,706,70607,{"v":2109.134727,"d":"2,109.13"},1366,{"v":0.647658958,"d":"0.65"},"G",310,70607000,{"v":2109.13472742,"d":"2,109.13"},41,399,440,{"v":95.47856588,"d":"95.48"},{"v":0.967661341,"d":"0.97"},{"v":425.770989999999,"d":"425.77"},{"v":14.22901,"d":"14.23"},1,"1_70607000_50334",{"v":32.0929113832999,"d":"32.09"},0.336126868764,{"v":143.113069679,"d":"143.11"},{"v":0.045269069,"d":"0.05"},"1_70607000_50334_40700","F",{"v":2.59536709721,"d":"2.60"},{"v":0.0808704160932,"d":"0.08"},{"v":11.5736134933,"d":"11.57"}]
[7,706,70614,{"v":1583.93650499999,"d":"1,583.94"},7633,{"v":4.819006303,"d":"4.82"},"ST",210,70614004,{"v":1066.54336644,"d":"1,066.54"},51,761,812,{"v":55.32838558,"d":"55.33"},{"v":0.980090788,"d":"0.98"},{"v":795.8337199,"d":"795.83"},{"v":16.16628014,"d":"16.17"},1,"1_70614004_50383",{"v":24.0029729198999,"d":"24.00"},0.433827458876,{"v":345.254520392,"d":"345.25"},{"v":0.051876358,"d":"0.05"},"1_70614004_50383_40963","D",{"v":5.99132892193,"d":"5.99"},{"v":0.249607785749,"d":"0.25"},{"v":86.1782163549,"d":"86.18"}]
[7,706,70620,{"v":2741.83436699999,"d":"2,741.83"},1252,{"v":0.456628604,"d":"0.46"},"G",410,70620000,{"v":2741.83436683999,"d":"2,741.83"},106,740,846,{"v":93.9956438499999,"d":"94.00"},{"v":0.93996673,"d":"0.94"},{"v":795.2118539,"d":"795.21"},{"v":50.78814606,"d":"50.79"},1,"1_70620000_50419",{"v":1.38438685179,"d":"1.38"},0.0147282022346,{"v":11.7120410036,"d":"11.71"},{"v":0.034282028,"d":"0.03"},"1_70620000_50419_41178","G",{"v":0.99152600215,"d":"0.99"},{"v":0.716220325892,"d":"0.72"},{"v":8.38840182446,"d":"8.39"}]
[7,706,70624,{"v":5972.87114999999,"d":"5,972.87"},1139,{"v":0.190695559,"d":"0.19"},"G",430,70624000,{"v":5972.87114962,"d":"5,972.87"},182,557,739,{"v":97.04466974,"d":"97.04"},{"v":0.945243625,"d":"0.95"},{"v":698.5350389,"d":"698.54"},{"v":40.4649611099999,"d":"40.46"},1,"1_70624000_50447",{"v":18.9236760484999,"d":"18.92"},0.19499964397,{"v":136.214083885999,"d":"136.21"},{"v":0.016247575,"d":"0.02"},"1_70624000_50447_41393","F",{"v":4.7803552552,"d":"4.78"},{"v":0.252612401679,"d":"0.25"},{"v":34.4093668729,"d":"34.41"}]
[7,707,70704,{"v":6204.6237,"d":"6,204.62"},1232,{"v":0.198561599,"d":"0.20"},"G",410,70704000,{"v":4129.56396964,"d":"4,129.56"},95,76,171,{"v":66.21755765,"d":"66.22"},{"v":0.93996673,"d":"0.94"},{"v":160.734310899999,"d":"160.73"},{"v":10.2656890999999,"d":"10.27"},1,"1_70704000_50501",{"v":1.36375907719,"d":"1.36"},0.0205951280233,{"v":3.31034371072,"d":"3.31"},{"v":0.016035,"d":"0.02"},"1_70704000_50501_41656","außerhalb GKL",{"v":1.36375907719,"d":"1.36"},{"v":1,"d":"1.00"},{"v":3.31034371072,"d":"3.31"}]
[7,707,70716,{"v":1592.43895599999,"d":"1,592.44"},11905,{"v":7.475953761,"d":"7.48"},"ST",103,70716032,{"v":133.17814745,"d":"133.18"},64,166,230,{"v":56.399599,"d":"56.40"},{"v":0.991139192,"d":"0.99"},{"v":227.9620141,"d":"227.96"},{"v":2.037985914,"d":"2.04"},1,"1_70716032_50595",{"v":49.7800554574999,"d":"49.78"},0.882631372211,{"v":201.206425316999,"d":"201.21"},{"v":0.42348989,"d":"0.42"},"1_70716032_50595_42157","B",{"v":0.296431127586,"d":"0.30"},{"v":0.00595481714236,"d":"0.01"},{"v":1.19814747063,"d":"1.20"}]
[7,707,70723,{"v":18024.9065,"d":"18,024.91"},1139,{"v":0.063190342,"d":"0.06"},"G",430,70723000,{"v":18024.9064959999,"d":"18,024.91"},93,96,189,{"v":63.6157948,"d":"63.62"},{"v":0.945243625,"d":"0.95"},{"v":178.6510451,"d":"178.65"},{"v":10.34895487,"d":"10.35"},1,"1_70723000_50649",{"v":0.597313304174,"d":"0.60"},0.00938938680326,{"v":1.67742376525,"d":"1.68"},{"v":0.003529327,"d":"0.00"},"1_70723000_50649_42420","G",{"v":3.87465859808E-3,"d":"0.00"},{"v":0.00648681114418,"d":"0.01"},{"v":0.0108811311739,"d":"0.01"}]
[7,707,70734,{"v":8878.226855,"d":"8,878.23"},2200,{"v":0.247797228,"d":"0.25"},"G",430,70734000,{"v":417.79433383,"d":"417.79"},108,196,304,{"v":110.738246099999,"d":"110.74"},{"v":0.945243625,"d":"0.95"},{"v":287.354061999999,"d":"287.35"},{"v":16.64593799,"d":"16.65"},1,"1_70734000_50692",{"v":84.9023678159999,"d":"84.90"},0.76669417122,{"v":220.312684412,"d":"220.31"},{"v":0.265054447,"d":"0.27"},"1_70734000_50692_42635","F",{"v":8.78963926024,"d":"8.79"},{"v":0.103526432611,"d":"0.10"},{"v":22.8081862760999,"d":"22.81"}]
[7,708,70807,{"v":4932.085949,"d":"4,932.09"},2610,{"v":0.529187858,"d":"0.53"},"G",410,70807000,{"v":2103.17565473,"d":"2,103.18"},117,465,582,{"v":138.5233628,"d":"138.52"},{"v":0.93996673,"d":"0.94"},{"v":547.0606371,"d":"547.06"},{"v":34.9393628899999,"d":"34.94"},1,"1_70807000_50730",{"v":138.523362840999,"d":"138.52"},1.0000000003,{"v":547.060637263999,"d":"547.06"},{"v":0.065863906,"d":"0.07"},"1_70807000_50730_42850","G",{"v":6.9174980261,"d":"6.92"},{"v":0.0499374104427,"d":"0.05"},{"v":27.3187915801,"d":"27.32"}]
[7,708,70826,{"v":1377.308739,"d":"1,377.31"},1446,{"v":1.049873539,"d":"1.05"},"G",103,70826001,{"v":147.713860044999,"d":"147.71"},9,6,15,{"v":37.94430922,"d":"37.94"},{"v":0.991139192,"d":"0.99"},{"v":14.86708788,"d":"14.87"},{"v":0.132912125,"d":"0.13"},1,"1_70826001_50787",{"v":37.9443092168,"d":"37.94"},0.999999999916,{"v":14.8670878788,"d":"14.87"},{"v":0.256877108,"d":"0.26"},"1_70826001_50787_43113","außerhalb GKL",{"v":0.459175036813,"d":"0.46"},{"v":0.0121012886067,"d":"0.01"},{"v":0.179910921163,"d":"0.18"}]
[7,709,70908,{"v":17153.3217799999,"d":"17,153.32"},1415,{"v":0.082491311,"d":"0.08"},"G",430,70908000,{"v":17153.3217752999,"d":"17,153.32"},149,421,570,{"v":113.343393599999,"d":"113.34"},{"v":0.945243625,"d":"0.95"},{"v":538.788866299999,"d":"538.79"},{"v":31.21113373,"d":"31.21"},1,"1_70908000_50867",{"v":0.632496268551,"d":"0.63"},0.00558035407677,{"v":3.00663264658,"d":"3.01"},{"v":0.006607664,"d":"0.01"},"1_70908000_50867_43614","G",{"v":0.632496268551,"d":"0.63"},{"v":1,"d":"1.00"},{"v":3.00663264658,"d":"3.01"}]
[7,709,70916,{"v":3938.266974,"d":"3,938.27"},1444,{"v":0.366658738,"d":"0.37"},"G",430,70916000,{"v":2647.16347795999,"d":"2,647.16"},74,66,140,{"v":36.0356421099999,"d":"36.04"},{"v":0.945243625,"d":"0.95"},{"v":132.334107499999,"d":"132.33"},{"v":7.665892496,"d":"7.67"},1,"1_70916000_50935",{"v":24.6919090572999,"d":"24.69"},0.685207966655,{"v":90.6763847192,"d":"90.68"},{"v":0.013612927,"d":"0.01"},"1_70916000_50935_43829","außerhalb GKL",{"v":0.114804217124,"d":"0.11"},{"v":0.0046494670322,"d":"0.00"},{"v":0.421596861351,"d":"0.42"}]
[7,709,70922,{"v":896.303778599999,"d":"896.30"},1665,{"v":1.857629121,"d":"1.86"},"G",430,70922000,{"v":896.303781824999,"d":"896.30"},141,697,838,{"v":89.6630985799999,"d":"89.66"},{"v":0.945243625,"d":"0.95"},{"v":792.1141578,"d":"792.11"},{"v":45.88584223,"d":"45.89"},1,"1_70922000_50975",{"v":40.4414479459,"d":"40.44"},0.45103781362,{"v":357.273437871999,"d":"357.27"},{"v":0.100036506,"d":"0.10"},"1_70922000_50975_44092","F",{"v":3.97334304754,"d":"3.97"},{"v":0.0982492776435,"d":"0.10"},{"v":35.1018571920999,"d":"35.10"}]
[7,709,70926,{"v":2019.48605599999,"d":"2,019.49"},13791,{"v":6.8289652,"d":"6.83"},"ST",103,70926024,{"v":7.63555790003,"d":"7.64"},33,163,196,{"v":7.6355579,"d":"7.64"},{"v":0.991139192,"d":"0.99"},{"v":196,"d":"196.00"},{"v":0,"d":"0.00"},1,"1_70926024_51015",{"v":7.63555789999,"d":"7.64"},0.999999999999,{"v":196,"d":"196.00"},{"v":1,"d":"1.00"},"1_70926024_51015_44307","A",{"v":0.122164471028,"d":"0.12"},{"v":0.0159994164969,"d":"0.02"},{"v":3.13588563339,"d":"3.14"}]
[7,709,70934,{"v":11106.7439799999,"d":"11,106.74"},1959,{"v":0.176379324,"d":"0.18"},"G",430,70934000,{"v":11106.7439780999,"d":"11,106.74"},206,1317,1523,{"v":112.383673799999,"d":"112.38"},{"v":0.945243625,"d":"0.95"},{"v":1439.606041,"d":"1,439.61"},{"v":83.39395908,"d":"83.39"},1,"1_70934000_51059",{"v":27.8276503841999,"d":"27.83"},0.247612926711,{"v":356.465065122999,"d":"356.47"},{"v":0.010118508,"d":"0.01"},"1_70934000_51059_44570","G",{"v":0.0067049258221,"d":"0.01"},{"v":2.40944734087E-4,"d":"0.00"},{"v":0.0858883803274,"d":"0.09"}]
[7,709,70938,{"v":5538.301349,"d":"5,538.30"},2499,{"v":0.451221384,"d":"0.45"},"G",310,70938000,{"v":5538.30134904999,"d":"5,538.30"},198,208,406,{"v":133.598400099999,"d":"133.60"},{"v":0.967661341,"d":"0.97"},{"v":392.8705044,"d":"392.87"},{"v":13.1294955899999,"d":"13.13"},1,"1_70938000_51092",{"v":133.598400120999,"d":"133.60"},1.00000000016,{"v":392.870504462999,"d":"392.87"},{"v":0.024122631,"d":"0.02"},"1_70938000_51092_44785","G",{"v":1.14834659959,"d":"1.15"},{"v":0.00859551161204,"d":"0.01"},{"v":3.37692298314,"d":"3.38"}]
[8,801,80105,{"v":4029.37599,"d":"4,029.38"},729,{"v":0.180921314,"d":"0.18"},"G",410,80105000,{"v":4029.37598987999,"d":"4,029.38"},69,334,403,{"v":102.885925999999,"d":"102.89"},{"v":0.93996673,"d":"0.94"},{"v":378.8065924,"d":"378.81"},{"v":24.19340764,"d":"24.19"},1,"1_80105000_51145",{"v":102.885925979999,"d":"102.89"},0.999999999806,{"v":378.806592326999,"d":"378.81"},{"v":0.02553396,"d":"0.03"},"1_80105000_51145_45286","außerhalb GKL",{"v":0.648096141297,"d":"0.65"},{"v":0.00629917197249,"d":"0.01"},{"v":2.38616786938,"d":"2.39"}]
[8,801,80110,{"v":17527.88791,"d":"17,527.89"},1454,{"v":0.08295352,"d":"0.08"},"G",430,80110001,{"v":10763.8897796,"d":"10,763.89"},24,137,161,{"v":77.20138522,"d":"77.20"},{"v":0.945243625,"d":"0.95"},{"v":152.184223599999,"d":"152.18"},{"v":8.815776371,"d":"8.82"},1,"1_80110001_51182",{"v":65.0328348152,"d":"65.03"},0.842379118326,{"v":128.196812098999,"d":"128.20"},{"v":0.007172257,"d":"0.01"},"1_80110001_51182_45549","F",{"v":19.7608094823,"d":"19.76"},{"v":0.303858958916,"d":"0.30"},{"v":38.9537498608,"d":"38.95"}]
[8,801,80115,{"v":1126.794055,"d":"1,126.79"},3608,{"v":3.202004824,"d":"3.20"},"G",103,80115001,{"v":351.047612655,"d":"351.05"},46,473,519,{"v":68.56359252,"d":"68.56"},{"v":0.991139192,"d":"0.99"},{"v":514.401240499999,"d":"514.40"},{"v":4.598759519,"d":"4.60"},1,"1_80115001_51206",{"v":0.559088591974,"d":"0.56"},0.00815430713918,{"v":4.19458570781,"d":"4.19"},{"v":0.195311377,"d":"0.20"},"1_80115001_51206_45764","E",{"v":0.276139025569,"d":"0.28"},{"v":0.49390924718,"d":"0.49"},{"v":2.07174466918,"d":"2.07"}]
[8,801,80117,{"v":2206.861185,"d":"2,206.86"},4992,{"v":2.26203625,"d":"2.26"},"G",103,80117003,{"v":52.85572847,"d":"52.86"},45,46,91,{"v":45.2934406899999,"d":"45.29"},{"v":0.991139192,"d":"0.99"},{"v":90.19366644,"d":"90.19"},{"v":0.806333557,"d":"0.81"},1,"1_80117003_51242",{"v":45.2934406907999,"d":"45.29"},1.00000000002,{"v":90.1936664418,"d":"90.19"},{"v":0.856925862,"d":"0.86"},"1_80117003_51242_45979","B",{"v":5.50827511823,"d":"5.51"},{"v":0.121613086447,"d":"0.12"},{"v":10.9687301539999,"d":"10.97"}]
[8,801,80122,{"v":1805.74070899999,"d":"1,805.74"},3896,{"v":2.157563365,"d":"2.16"},"M",410,80122003,{"v":1385.68348816999,"d":"1,385.68"},25,35,60,{"v":80.33460103,"d":"80.33"},{"v":0.93996673,"d":"0.94"},{"v":56.39800383,"d":"56.40"},{"v":3.601996174,"d":"3.60"},1,"1_80122003_51266",{"v":23.5084672686,"d":"23.51"},0.292631904151,{"v":16.5038552510999,"d":"16.50"},{"v":0.057974712,"d":"0.06"},"1_80122003_51266_46242","C",{"v":0.0310751166829,"d":"0.03"},{"v":0.00132186910903,"d":"0.00"},{"v":0.0218159364363,"d":"0.02"}]
[8,802,80205,{"v":913.0641382,"d":"913.06"},773,{"v":0.846599891,"d":"0.85"},"G",310,80205000,{"v":913.06413821,"d":"913.06"},74,41,115,{"v":60.50212177,"d":"60.50"},{"v":0.967661341,"d":"0.97"},{"v":111.2810542,"d":"111.28"},{"v":3.718945795,"d":"3.72"},1,"1_80205000_51309",{"v":3.7511928287,"d":"3.75"},0.0620010128399,{"v":6.89953807029,"d":"6.90"},{"v":0.066262729,"d":"0.07"},"1_80205000_51309_46743","G",{"v":0.000236928185643,"d":"0.00"},{"v":6.3160758847e-05,"d":"0.00"},{"v":0.000435780060215,"d":"0.00"}]
[8,802,80211,{"v":6531.19076399999,"d":"6,531.19"},3610,{"v":0.552732286,"d":"0.55"},"M",410,80211000,{"v":5762.54945104,"d":"5,762.55"},244,1222,1466,{"v":174.4848168,"d":"174.48"},{"v":0.93996673,"d":"0.94"},{"v":1377.99122699999,"d":"1,377.99"},{"v":88.0087731899999,"d":"88.01"},1,"1_80211000_51342",{"v":2.02212989921,"d":"2.02"},0.0115891453268,{"v":15.9697405888,"d":"15.97"},{"v":0.030279101,"d":"0.03"},"1_80211000_51342_47006","F",{"v":1.33630359689,"d":"1.34"},{"v":0.660839641119,"d":"0.66"},{"v":10.5534376395,"d":"10.55"}]
[8,802,80215,{"v":1784.00218399999,"d":"1,784.00"},13633,{"v":7.641806789,"d":"7.64"},"M",101,80215004,{"v":68.4704801449999,"d":"68.47"},68,1339,1407,{"v":61.19563171,"d":"61.20"},{"v":0.992934034,"d":"0.99"},{"v":1397.05818599999,"d":"1,397.06"},{"v":9.941814105,"d":"9.94"},1,"1_80215004_51370",{"v":61.1956317052,"d":"61.20"},0.999999999922,{"v":1397.05818589,"d":"1,397.06"},{"v":0.893752046,"d":"0.89"},"1_80215004_51370_47221","E",{"v":1.64032197773,"d":"1.64"},{"v":0.0268045599338,"d":"0.03"},{"v":37.4475298747,"d":"37.45"}]
[8,802,80217,{"v":2100.18984499999,"d":"2,100.19"},8108,{"v":3.860603372,"d":"3.86"},"G",101,80217003,{"v":1591.53474331,"d":"1,591.53"},103,314,417,{"v":59.6489759999999,"d":"59.65"},{"v":0.992934034,"d":"0.99"},{"v":414.053492199999,"d":"414.05"},{"v":2.946507805,"d":"2.95"},1,"1_80217003_51390",{"v":2.89286728677,"d":"2.89"},0.048498188582,{"v":20.0808443477999,"d":"20.08"},{"v":0.037478903,"d":"0.04"},"1_80217003_51390_47436","F",{"v":0.0041078553119,"d":"0.00"},{"v":1.41999438781E-3,"d":"0.00"},{"v":0.0285146862764,"d":"0.03"}]
[8,802,80222,{"v":2184.75036799999,"d":"2,184.75"},1446,{"v":0.661860513,"d":"0.66"},"G",310,80222000,{"v":2184.75038849,"d":"2,184.75"},149,290,439,{"v":120.864104699999,"d":"120.86"},{"v":0.967661341,"d":"0.97"},{"v":424.8033287,"d":"424.80"},{"v":14.19667134,"d":"14.20"},1,"1_80222000_51417",{"v":39.2730238356,"d":"39.27"},0.324935380385,{"v":138.0336312,"d":"138.03"},{"v":0.0553217,"d":"0.06"},"1_80222000_51417_47699","G",{"v":0.17867826706,"d":"0.18"},{"v":0.00454964374039,"d":"0.00"},{"v":0.628003846152,"d":"0.63"}]
[8,802,80226,{"v":1025.397214,"d":"1,025.40"},6059,{"v":5.908929648,"d":"5.91"},"G",101,80226002,{"v":69.4185089749999,"d":"69.42"},76,111,187,{"v":33.8678420299999,"d":"33.87"},{"v":0.992934034,"d":"0.99"},{"v":185.6786644,"d":"185.68"},{"v":1.321335634,"d":"1.32"},1,"1_80226002_51435",{"v":33.8678420349,"d":"33.87"},1.00000000014,{"v":185.678664426,"d":"185.68"},{"v":0.487879134,"d":"0.49"},"1_80226002_51435_47914","D",{"v":5.84100159269,"d":"5.84"},{"v":0.172464533957,"d":"0.17"},{"v":32.022984326,"d":"32.02"}]
[8,802,80240,{"v":999.592852999999,"d":"999.59"},8579,{"v":8.582494337,"d":"8.58"},"M",101,80240002,{"v":163.121643825,"d":"163.12"},82,972,1054,{"v":101.193499399999,"d":"101.19"},{"v":0.992934034,"d":"0.99"},{"v":1046.552472,"d":"1,046.55"},{"v":7.447528121,"d":"7.45"},1,"1_80240002_51499",{"v":101.193499403999,"d":"101.19"},1.00000000004,{"v":1046.55247204,"d":"1,046.55"},{"v":0.620356055,"d":"0.62"},"1_80240002_51499_48463","E",{"v":3.92287067464,"d":"3.92"},{"v":0.0387660343574,"d":"0.04"},{"v":40.5706890879,"d":"40.57"}]
[8,803,80301,{"v":12082.88348,"d":"12,082.88"},49872,{"v":4.127491594,"d":"4.13"},"ST",101,80301021,{"v":312.778012509999,"d":"312.78"},118,340,458,{"v":79.71205636,"d":"79.71"},{"v":0.992934034,"d":"0.99"},{"v":454.7637876,"d":"454.76"},{"v":3.236212409,"d":"3.24"},1,"1_80301021_51520",{"v":77.1212327192999,"d":"77.12"},0.967497719178,{"v":439.982927268,"d":"439.98"},{"v":0.254851854,"d":"0.25"},"1_80301021_51520_48678","D",{"v":8.66849614328,"d":"8.67"},{"v":0.112400902289,"d":"0.11"},{"v":49.4544780167,"d":"49.45"}]
[8,803,80301,{"v":12082.88348,"d":"12,082.88"},49872,{"v":4.127491594,"d":"4.13"},"ST",101,80301060,{"v":184.732939735,"d":"184.73"},114,1210,1324,{"v":105.395897,"d":"105.40"},{"v":0.992934034,"d":"0.99"},{"v":1314.644661,"d":"1,314.64"},{"v":9.35533893,"d":"9.36"},1,"1_80301060_51546",{"v":105.395896961,"d":"105.40"},0.99999999963,{"v":1314.64466050999,"d":"1,314.64"},{"v":0.570531152,"d":"0.57"},"1_80301060_51546_48893","C",{"v":5.084406272,"d":"5.08"},{"v":0.0482410266301,"d":"0.05"},{"v":63.4198080768,"d":"63.42"}]
[8,803,80303,{"v":2224.87892,"d":"2,224.88"},23309,{"v":10.47652517,"d":"10.48"},"M",101,80303011,{"v":41.45074898,"d":"41.45"},99,356,455,{"v":41.45074898,"d":"41.45"},{"v":0.992934034,"d":"0.99"},{"v":455,"d":"455.00"},{"v":0,"d":"0.00"},1,"1_80303011_51571",{"v":41.4507489801,"d":"41.45"},1,{"v":455,"d":"455.00"},{"v":1,"d":"1.00"},"1_80303011_51571_49156","D",{"v":5.23328471949,"d":"5.23"},{"v":0.126253079818,"d":"0.13"},{"v":57.4451513172,"d":"57.45"}]
[8,804,80403,{"v":555.8663616,"d":"555.87"},143,{"v":0.257256078,"d":"0.26"},"G",410,80403000,{"v":555.86636161,"d":"555.87"},22,19,41,{"v":11.32779689,"d":"11.33"},{"v":0.93996673,"d":"0.94"},{"v":38.53863595,"d":"38.54"},{"v":2.461364052,"d":"2.46"},1,"1_80403000_51606",{"v":0.521639704203,"d":"0.52"},0.0460495283654,{"v":1.77468600934,"d":"1.77"},{"v":0.020378634,"d":"0.02"},"1_80403000_51606_49371","F",{"v":0.342135715655,"d":"0.34"},{"v":0.655885111694,"d":"0.66"},{"v":1.16399013146,"d":"1.16"}]
[8,804,80407,{"v":904.917575299999,"d":"904.92"},3324,{"v":3.673262727,"d":"3.67"},"G",310,80407001,{"v":277.851737034999,"d":"277.85"},57,110,167,{"v":100.4459047,"d":"100.45"},{"v":0.967661341,"d":"0.97"},{"v":161.5994439,"d":"161.60"},{"v":5.400556067,"d":"5.40"},1,"1_80407001_51661",{"v":100.445904694999,"d":"100.45"},0.99999999995,{"v":161.599443892,"d":"161.60"},{"v":0.361509004,"d":"0.36"},"1_80407001_51661_49872","E",{"v":4.46840469942,"d":"4.47"},{"v":0.044485683244,"d":"0.04"},{"v":7.18886167339,"d":"7.19"}]
[8,804,80410,{"v":1024.29903399999,"d":"1,024.30"},4718,{"v":4.606076782,"d":"4.61"},"G",310,80410001,{"v":703.576061125,"d":"703.58"},111,1088,1199,{"v":162.3609211,"d":"162.36"},{"v":0.967661341,"d":"0.97"},{"v":1160.225948,"d":"1,160.23"},{"v":38.77405224,"d":"38.77"},1,"1_80410001_51689",{"v":44.0649498558999,"d":"44.06"},0.271401206382,{"v":314.886721963,"d":"314.89"},{"v":0.230765272,"d":"0.23"},"1_80410001_51689_50135","E",{"v":7.98652740561,"d":"7.99"},{"v":0.181244445568,"d":"0.18"},{"v":57.0714693389,"d":"57.07"}]
[8,804,80413,{"v":536.399917599999,"d":"536.40"},2312,{"v":4.310216919,"d":"4.31"},"G",310,80413000,{"v":536.399917589999,"d":"536.40"},108,492,600,{"v":155.4447107,"d":"155.44"},{"v":0.967661341,"d":"0.97"},{"v":580.5968046,"d":"580.60"},{"v":19.4031954499999,"d":"19.40"},1,"1_80413000_51703",{"v":153.035600907,"d":"153.04"},0.984501822017,{"v":571.598611986,"d":"571.60"},{"v":0.28979257,"d":"0.29"},"1_80413000_51703_50257","E",{"v":22.6005497455,"d":"22.60"},{"v":0.147681648006,"d":"0.15"},{"v":84.414625016,"d":"84.41"}]
[8,804,80421,{"v":575.593497899999,"d":"575.59"},621,{"v":1.078886406,"d":"1.08"},"G",310,80421000,{"v":575.593497849999,"d":"575.59"},25,41,66,{"v":36.60293473,"d":"36.60"},{"v":0.967661341,"d":"0.97"},{"v":63.8656484999999,"d":"63.87"},{"v":2.134351499,"d":"2.13"},1,"1_80421000_51748",{"v":32.0050682111,"d":"32.01"},0.874385303998,{"v":55.8431844787,"d":"55.84"},{"v":0.06359164,"d":"0.06"},"1_80421000_51748_50614","G",{"v":0.0351993188569,"d":"0.04"},{"v":1.09980452548E-3,"d":"0.00"},{"v":0.0614165870069,"d":"0.06"}]
[1,104,10405,{"v":4928.357694,"d":"4,928.36"},3667,{"v":0.744061253,"d":"0.74"},"ST",430,10405001,{"v":1208.90980504,"d":"1,208.91"},69,1834,1903,{"v":158.8318576,"d":"158.83"},{"v":0.945243625,"d":"0.95"},{"v":1798.798618,"d":"1,798.80"},{"v":104.2013816,"d":"104.20"},0,"0_10405001_48",{"v":1050.07794749,"d":"1,050.08"},0,{"v":104.2013816,"d":"104.20"},{"v":0.131384374,"d":"0.13"},"0_10405001_48_50829","F",{"v":16.4142769103,"d":"16.41"},{"v":0.0156314842622,"d":"0.02"},{"v":1.62882225658,"d":"1.63"}]
[1,105,10503,{"v":2376.81311899999,"d":"2,376.81"},1234,{"v":0.519182594,"d":"0.52"},"M",430,10503000,{"v":1620.74180686999,"d":"1,620.74"},57,363,420,{"v":205.289085099999,"d":"205.29"},{"v":0.945243625,"d":"0.95"},{"v":397.002322499999,"d":"397.00"},{"v":22.99767749,"d":"23.00"},0,"0_10503000_99",{"v":1415.45271924999,"d":"1,415.45"},0,{"v":22.99767749,"d":"23.00"},{"v":0.126663658,"d":"0.13"},"0_10503000_99_51330","E",{"v":2.52815810617,"d":"2.53"},{"v":0.00178611271983,"d":"0.00"},{"v":0.0410764442914,"d":"0.04"}]
[1,108,10802,{"v":3620.511464,"d":"3,620.51"},1380,{"v":0.381161616,"d":"0.38"},"M",430,10802000,{"v":2100.36659667999,"d":"2,100.37"},77,217,294,{"v":130.333967699999,"d":"130.33"},{"v":0.945243625,"d":"0.95"},{"v":277.901625799999,"d":"277.90"},{"v":16.0983742399999,"d":"16.10"},0,"0_10802000_199",{"v":1970.03262898999,"d":"1,970.03"},0,{"v":16.0983742399999,"d":"16.10"},{"v":0.062052962,"d":"0.06"},"0_10802000_199_51593","F",{"v":0.984354350283,"d":"0.98"},{"v":0.000499663983123,"d":"0.00"},{"v":0.00804377779456,"d":"0.01"}]
[1,108,10807,{"v":2727.00355499999,"d":"2,727.00"},1878,{"v":0.688667969,"d":"0.69"},"M",430,10807002,{"v":766.55927465,"d":"766.56"},10,23,33,{"v":29.6411893999999,"d":"29.64"},{"v":0.945243625,"d":"0.95"},{"v":31.19303963,"d":"31.19"},{"v":1.806960374,"d":"1.81"},0,"0_10807002_214",{"v":736.918085253999,"d":"736.92"},0,{"v":1.806960374,"d":"1.81"},{"v":0.038667837,"d":"0.04"},"0_10807002_214_51808","G",{"v":18.6416084363999,"d":"18.64"},{"v":0.0252967172464,"d":"0.03"},{"v":0.0457101656565,"d":"0.05"}]
[1,108,10812,{"v":3207.57097599999,"d":"3,207.57"},1239,{"v":0.386273604,"d":"0.39"},"M",430,10812000,{"v":1338.76602727999,"d":"1,338.77"},49,346,395,{"v":98.1828526299999,"d":"98.18"},{"v":0.945243625,"d":"0.95"},{"v":373.371231899999,"d":"373.37"},{"v":21.6287681099999,"d":"21.63"},0,"0_10812000_228",{"v":1240.58317465,"d":"1,240.58"},0,{"v":21.6287681099999,"d":"21.63"},{"v":0.073338321,"d":"0.07"},"0_10812000_228_52023","G",{"v":0.176135399406,"d":"0.18"},{"v":0.000141977904428,"d":"0.00"},{"v":0.00307080717162,"d":"0.00"}]
[1,108,10821,{"v":3709.764301,"d":"3,709.76"},1282,{"v":0.345574515,"d":"0.35"},"M",430,10821001,{"v":1435.18572369999,"d":"1,435.19"},32,156,188,{"v":90.58126713,"d":"90.58"},{"v":0.945243625,"d":"0.95"},{"v":177.7058015,"d":"177.71"},{"v":10.2941984899999,"d":"10.29"},0,"0_10821001_250",{"v":1344.60445656999,"d":"1,344.60"},0,{"v":10.2941984899999,"d":"10.29"},{"v":0.063114666,"d":"0.06"},"0_10821001_250_52286","außerhalb GKL",{"v":0.502337923952,"d":"0.50"},{"v":0.000373595313847,"d":"0.00"},{"v":0.00384586431567,"d":"0.00"}]
[1,108,10828,{"v":1064.231962,"d":"1,064.23"},794,{"v":0.74607795,"d":"0.75"},"G",430,10828000,{"v":1064.23196183,"d":"1,064.23"},35,72,107,{"v":92.81761969,"d":"92.82"},{"v":0.945243625,"d":"0.95"},{"v":101.141067899999,"d":"101.14"},{"v":5.858932122,"d":"5.86"},0,"0_10828000_260",{"v":971.414342142999,"d":"971.41"},0,{"v":5.858932122,"d":"5.86"},{"v":0.087215591,"d":"0.09"},"0_10828000_260_52501","F",{"v":0.2668916851,"d":"0.27"},{"v":0.000274745464959,"d":"0.00"},{"v":1.60971503002E-3,"d":"0.00"}]
[1,109,10916,{"v":4435.736909,"d":"4,435.74"},2444,{"v":0.550979477,"d":"0.55"},"G",420,10916000,{"v":1236.74876302,"d":"1,236.75"},101,535,636,{"v":147.880675999999,"d":"147.88"},{"v":0.954532045,"d":"0.95"},{"v":607.0823807,"d":"607.08"},{"v":28.9176192699999,"d":"28.92"},0,"0_10916000_307",{"v":1088.86808702999,"d":"1,088.87"},0,{"v":28.9176192699999,"d":"28.92"},{"v":0.119572124,"d":"0.12"},"0_10916000_307_53050","D",{"v":1.19891304839,"d":"1.20"},{"v":1.1010636299E-3,"d":"0.00"},{"v":0.0318401388415,"d":"0.03"}]
[1,109,10918,{"v":2741.47994199999,"d":"2,741.48"},5924,{"v":2.160876652,"d":"2.16"},"ST",220,10918002,{"v":1743.04724994999,"d":"1,743.05"},82,953,1035,{"v":143.7107923,"d":"143.71"},{"v":0.99140599,"d":"0.99"},{"v":1026.10519999999,"d":"1,026.11"},{"v":8.894800449,"d":"8.89"},0,"0_10918002_319",{"v":1599.33645761999,"d":"1,599.34"},0,{"v":8.894800449,"d":"8.89"},{"v":0.082448019,"d":"0.08"},"0_10918002_319_53265","F",{"v":10.8217746287,"d":"10.82"},{"v":0.00676641527,"d":"0.01"},{"v":0.0601859135817,"d":"0.06"}]
[1,109,10924,{"v":2911.94824699999,"d":"2,911.95"},998,{"v":0.342725871,"d":"0.34"},"G",430,10924003,{"v":809.168611854999,"d":"809.17"},18,89,107,{"v":42.28469229,"d":"42.28"},{"v":0.945243625,"d":"0.95"},{"v":101.141067899999,"d":"101.14"},{"v":5.858932122,"d":"5.86"},0,"0_10924003_338",{"v":766.883919567,"d":"766.88"},0,{"v":5.858932122,"d":"5.86"},{"v":0.052256961,"d":"0.05"},"0_10924003_338_53480","F",{"v":0.000963139119054,"d":"0.00"},{"v":1.255912524E-6,"d":"0.00"},{"v":7.358306229E-6,"d":"0.00"}]
[2,201,20101,{"v":12003.30138,"d":"12,003.30"},101300,{"v":8.439344879,"d":"8.44"},"SR",101,20101280,{"v":1125.3837605,"d":"1,125.38"},58,1086,1144,{"v":93.3081095699999,"d":"93.31"},{"v":0.992934034,"d":"0.99"},{"v":1135.916535,"d":"1,135.92"},{"v":8.083465058,"d":"8.08"},0,"0_20101280_374",{"v":1032.07565092999,"d":"1,032.08"},0,{"v":8.083465058,"d":"8.08"},{"v":0.082912259,"d":"0.08"},"0_20101280_374_53743","G",{"v":0.237266716434,"d":"0.24"},{"v":2.29892756621E-4,"d":"0.00"},{"v":0.00185833006523,"d":"0.00"}]
[2,201,20101,{"v":12003.30138,"d":"12,003.30"},101300,{"v":8.439344879,"d":"8.44"},"SR",101,20101401,{"v":84.3028977849999,"d":"84.30"},38,477,515,{"v":55.0091494699999,"d":"55.01"},{"v":0.992934034,"d":"0.99"},{"v":511.361027499999,"d":"511.36"},{"v":3.638972469,"d":"3.64"},0,"0_20101401_389",{"v":29.2937483139999,"d":"29.29"},0,{"v":3.638972469,"d":"3.64"},{"v":0.652517896,"d":"0.65"},"0_20101401_389_53958","G",{"v":8.25903933859,"d":"8.26"},{"v":0.281938632437,"d":"0.28"},{"v":1.02596692139,"d":"1.03"}]
[2,201,20101,{"v":12003.30138,"d":"12,003.30"},101300,{"v":8.439344879,"d":"8.44"},"SR",101,20101680,{"v":625.26418305,"d":"625.26"},36,34,70,{"v":35.52552287,"d":"35.53"},{"v":0.992934034,"d":"0.99"},{"v":69.50538238,"d":"69.51"},{"v":0.494617617,"d":"0.49"},0,"0_20101680_416",{"v":589.73866018,"d":"589.74"},0,{"v":0.494617617,"d":"0.49"},{"v":0.056816821,"d":"0.06"},"0_20101680_416_54221","F",{"v":7.92265041458,"d":"7.92"},{"v":0.0134341716925,"d":"0.01"},{"v":6.64477798891E-3,"d":"0.01"}]
[2,202,20201,{"v":13490.3313699999,"d":"13,490.33"},62882,{"v":4.6612643,"d":"4.66"},"SR",102,20201101,{"v":87.2280530799999,"d":"87.23"},72,4864,4936,{"v":77.56598852,"d":"77.57"},{"v":0.988126829,"d":"0.99"},{"v":4877.39402799999,"d":"4,877.39"},{"v":58.60597174,"d":"58.61"},0,"0_20201101_455",{"v":9.66206455843999,"d":"9.66"},0,{"v":58.60597174,"d":"58.61"},{"v":0.889232142,"d":"0.89"},"0_20201101_455_54722","G",{"v":3.10677032198E-3,"d":"0.00"},{"v":0.000321543113606,"d":"0.00"},{"v":0.0188443466292,"d":"0.02"}]
[2,202,20201,{"v":13490.3313699999,"d":"13,490.33"},62882,{"v":4.6612643,"d":"4.66"},"SR",102,20201223,{"v":2244.61976477999,"d":"2,244.62"},26,33,59,{"v":6.793629082,"d":"6.79"},{"v":0.988126829,"d":"0.99"},{"v":58.29948291,"d":"58.30"},{"v":0.700517085,"d":"0.70"},0,"0_20201223_469",{"v":2237.8261357,"d":"2,237.83"},0,{"v":0.700517085,"d":"0.70"},{"v":3.026628E-3,"d":"0.00"},"0_20201223_469_54937","außerhalb GKL",{"v":0.012047732302,"d":"0.01"},{"v":5.383676645e-06,"d":"0.00"},{"v":3.77135747e-06,"d":"0.00"}]
[2,202,20201,{"v":13490.3313699999,"d":"13,490.33"},62882,{"v":4.6612643,"d":"4.66"},"SR",102,20201320,{"v":997.52253781,"d":"997.52"},117,317,434,{"v":139.801522299999,"d":"139.80"},{"v":0.988126829,"d":"0.99"},{"v":428.847043799999,"d":"428.85"},{"v":5.152956187,"d":"5.15"},0,"0_20201320_479",{"v":857.721015503999,"d":"857.72"},0,{"v":5.152956187,"d":"5.15"},{"v":0.140148735,"d":"0.14"},"0_20201320_479_55200","F",{"v":0.201820472507,"d":"0.20"},{"v":2.35298504827E-4,"d":"0.00"},{"v":1.21248288624E-3,"d":"0.00"}]
[2,203,20316,{"v":6620.542223,"d":"6,620.54"},1579,{"v":0.238500103,"d":"0.24"},"G",410,20316000,{"v":3624.52232266,"d":"3,624.52"},95,137,232,{"v":170.0665997,"d":"170.07"},{"v":0.93996673,"d":"0.94"},{"v":218.0722815,"d":"218.07"},{"v":13.92771854,"d":"13.93"},0,"0_20316000_500",{"v":3454.45572291999,"d":"3,454.46"},0,{"v":13.92771854,"d":"13.93"},{"v":0.046921107,"d":"0.05"},"0_20316000_500_55415","G",{"v":0.0705882868171,"d":"0.07"},{"v":2.0433982219e-05,"d":"0.00"},{"v":0.000284598752992,"d":"0.00"}]
[2,204,20403,{"v":7184.04343799999,"d":"7,184.04"},2474,{"v":0.34437431,"d":"0.34"},"M",310,20403001,{"v":2054.12875077999,"d":"2,054.13"},52,39,91,{"v":101.832015699999,"d":"101.83"},{"v":0.967661341,"d":"0.97"},{"v":88.0571820199999,"d":"88.06"},{"v":2.942817977,"d":"2.94"},0,"0_20403001_515",{"v":1952.29673512999,"d":"1,952.30"},0,{"v":2.942817977,"d":"2.94"},{"v":0.04957431,"d":"0.05"},"0_20403001_515_55630","F",{"v":5.24749035385,"d":"5.25"},{"v":0.00268785490414,"d":"0.00"},{"v":0.00790986773147,"d":"0.01"}]
[2,204,20418,{"v":3484.247001,"d":"3,484.25"},3864,{"v":1.108991411,"d":"1.11"},"M",310,20418000,{"v":1113.12451873,"d":"1,113.12"},144,780,924,{"v":154.450711899999,"d":"154.45"},{"v":0.967661341,"d":"0.97"},{"v":894.119079,"d":"894.12"},{"v":29.88092099,"d":"29.88"},0,"0_20418000_536",{"v":958.673806795,"d":"958.67"},0,{"v":29.88092099,"d":"29.88"},{"v":0.138754209,"d":"0.14"},"0_20418000_536_56179","G",{"v":0.195876109671,"d":"0.20"},{"v":0.000204319872185,"d":"0.00"},{"v":0.00610526595745,"d":"0.01"}]
[2,204,20424,{"v":1263.81075699999,"d":"1,263.81"},2885,{"v":2.282778481,"d":"2.28"},"G",310,20424001,{"v":685.635998139999,"d":"685.64"},126,181,307,{"v":193.983581299999,"d":"193.98"},{"v":0.967661341,"d":"0.97"},{"v":297.0720317,"d":"297.07"},{"v":9.92796833799999,"d":"9.93"},0,"0_20424001_547",{"v":491.652416883,"d":"491.65"},0,{"v":9.92796833799999,"d":"9.93"},{"v":0.282925024,"d":"0.28"},"0_20424001_547_56394","F",{"v":2.62905211837,"d":"2.63"},{"v":0.00534737962856,"d":"0.01"},{"v":0.0530886156436,"d":"0.05"}]
[2,204,20442,{"v":4287.704023,"d":"4,287.70"},3529,{"v":0.823051214,"d":"0.82"},"M",310,20442001,{"v":2654.05761028999,"d":"2,654.06"},220,523,743,{"v":281.7128357,"d":"281.71"},{"v":0.967661341,"d":"0.97"},{"v":718.972376299999,"d":"718.97"},{"v":24.0276236999999,"d":"24.03"},0,"0_20442001_556",{"v":2372.34477464,"d":"2,372.34"},0,{"v":24.0276236999999,"d":"24.03"},{"v":0.106144205,"d":"0.11"},"0_20442001_556_56657","G",{"v":0.178686710642,"d":"0.18"},{"v":7.5320717525e-05,"d":"0.00"},{"v":0.0018097778575,"d":"0.00"}]
[2,205,20504,{"v":6518.811117,"d":"6,518.81"},1229,{"v":0.18853131,"d":"0.19"},"M",410,20504001,{"v":6113.82836093999,"d":"6,113.83"},99,34,133,{"v":8.10390205899999,"d":"8.10"},{"v":0.93996673,"d":"0.94"},{"v":125.0155751,"d":"125.02"},{"v":7.984424853,"d":"7.98"},0,"0_20504001_564",{"v":6105.72445889,"d":"6,105.72"},0,{"v":7.984424853,"d":"7.98"},{"v":0.001325504,"d":"0.00"},"0_20504001_564_56872","G",{"v":0.0106863115446,"d":"0.01"},{"v":1.75021189e-06,"d":"0.00"},{"v":1.3974435312e-05,"d":"0.00"}]
[2,205,20511,{"v":13448.3658699999,"d":"13,448.37"},1366,{"v":0.101573679,"d":"0.10"},"M",420,20511000,{"v":401.73056165,"d":"401.73"},27,78,105,{"v":49.7658646699999,"d":"49.77"},{"v":0.954532045,"d":"0.95"},{"v":100.2258647,"d":"100.23"},{"v":4.774135256,"d":"4.77"},0,"0_20511000_577",{"v":351.964696982,"d":"351.96"},0,{"v":4.774135256,"d":"4.77"},{"v":0.123878712,"d":"0.12"},"0_20511000_577_57087","G",{"v":0.702572344889,"d":"0.70"},{"v":1.99614436025E-3,"d":"0.00"},{"v":0.00952986316634,"d":"0.01"}]
[2,205,20518,{"v":22325.63045,"d":"22,325.63"},1953,{"v":0.087477933,"d":"0.09"},"M",430,20518001,{"v":7662.89035458,"d":"7,662.89"},140,112,252,{"v":53.8393611799999,"d":"53.84"},{"v":0.945243625,"d":"0.95"},{"v":238.201393499999,"d":"238.20"},{"v":13.7986064899999,"d":"13.80"},0,"0_20518001_591",{"v":7609.0509934,"d":"7,609.05"},0,{"v":13.7986064899999,"d":"13.80"},{"v":0.007025986,"d":"0.01"},"0_20518001_591_57350","F",{"v":8.60536808815,"d":"8.61"},{"v":0.00113093841737,"d":"0.00"},{"v":0.0156053741857,"d":"0.02"}]
[2,205,20531,{"v":9579.674123,"d":"9,579.67"},2032,{"v":0.212115775,"d":"0.21"},"M",430,20531001,{"v":348.847933409999,"d":"348.85"},31,15,46,{"v":21.50338766,"d":"21.50"},{"v":0.945243625,"d":"0.95"},{"v":43.4812067499999,"d":"43.48"},{"v":2.518793249,"d":"2.52"},0,"0_20531001_609",{"v":327.344545752999,"d":"327.34"},0,{"v":2.518793249,"d":"2.52"},{"v":0.06164115,"d":"0.06"},"0_20531001_609_57851","außerhalb GKL",{"v":2.64900714873,"d":"2.65"},{"v":0.00809241266763,"d":"0.01"},{"v":0.0203831143953,"d":"0.02"}]
[2,206,20608,{"v":3154.576336,"d":"3,154.58"},2550,{"v":0.808349435,"d":"0.81"},"ST",410,20608001,{"v":1722.32606254,"d":"1,722.33"},69,199,268,{"v":99.4727666299999,"d":"99.47"},{"v":0.93996673,"d":"0.94"},{"v":251.9110838,"d":"251.91"},{"v":16.08891624,"d":"16.09"},0,"0_20608001_623",{"v":1622.85329589999,"d":"1,622.85"},0,{"v":16.08891624,"d":"16.09"},{"v":0.057754898,"d":"0.06"},"0_20608001_623_58114","F",{"v":0.129950365568,"d":"0.13"},{"v":8.0075239023e-05,"d":"0.00"},{"v":0.00128832381353,"d":"0.00"}]
[2,206,20620,{"v":5774.424012,"d":"5,774.42"},3436,{"v":0.595037703,"d":"0.60"},"M",410,20620001,{"v":4827.75971681,"d":"4,827.76"},219,154,373,{"v":285.1868499,"d":"285.19"},{"v":0.93996673,"d":"0.94"},{"v":350.6075905,"d":"350.61"},{"v":22.39240955,"d":"22.39"},0,"0_20620001_639",{"v":4542.57286695,"d":"4,542.57"},0,{"v":22.39240955,"d":"22.39"},{"v":0.059072296,"d":"0.06"},"0_20620001_639_58329","F",{"v":2.18531645707E-3,"d":"0.00"},{"v":4.81074607e-07,"d":"0.00"},{"v":1.0772419626E-5,"d":"0.00"}]
[2,206,20630,{"v":8929.444867,"d":"8,929.44"},5782,{"v":0.647520656,"d":"0.65"},"ST",410,20630007,{"v":43.6376660399999,"d":"43.64"},1,3,4,{"v":3.115634398,"d":"3.12"},{"v":0.93996673,"d":"0.94"},{"v":3.759866922,"d":"3.76"},{"v":0.240133078,"d":"0.24"},0,"0_20630007_654",{"v":40.5220316425999,"d":"40.52"},0,{"v":0.240133078,"d":"0.24"},{"v":0.071397824,"d":"0.07"},"0_20630007_654_58544","außerhalb GKL",{"v":29.8874588269,"d":"29.89"},{"v":0.73756071982,"d":"0.74"},{"v":0.177112725862,"d":"0.18"}]
[2,206,20635,{"v":4856.689183,"d":"4,856.69"},15300,{"v":3.150294248,"d":"3.15"},"ST",103,20635010,{"v":172.723605429999,"d":"172.72"},27,217,244,{"v":32.85488644,"d":"32.85"},{"v":0.991139192,"d":"0.99"},{"v":241.8379628,"d":"241.84"},{"v":2.162037231,"d":"2.16"},0,"0_20635010_667",{"v":139.868718991999,"d":"139.87"},0,{"v":2.162037231,"d":"2.16"},{"v":0.190216539,"d":"0.19"},"0_20635010_667_58807","E",{"v":1.25387244667,"d":"1.25"},{"v":0.00896463809568,"d":"0.01"},{"v":0.0193818813253,"d":"0.02"}]
[2,207,20702,{"v":6746.779292,"d":"6,746.78"},7038,{"v":1.043164404,"d":"1.04"},"M",310,20702003,{"v":2266.08244006999,"d":"2,266.08"},111,256,367,{"v":176.6848429,"d":"176.68"},{"v":0.967661341,"d":"0.97"},{"v":355.1317121,"d":"355.13"},{"v":11.86828788,"d":"11.87"},0,"0_20702003_694",{"v":2089.39759713,"d":"2,089.40"},0,{"v":11.86828788,"d":"11.87"},{"v":0.077969292,"d":"0.08"},"0_20702003_694_59308","G",{"v":0.479758075191,"d":"0.48"},{"v":0.000229615500587,"d":"0.00"},{"v":0.00272514286268,"d":"0.00"}]
[2,207,20710,{"v":3141.01640399999,"d":"3,141.02"},2088,{"v":0.664752975,"d":"0.66"},"G",410,20710003,{"v":1472.99841895999,"d":"1,473.00"},35,18,53,{"v":3.840700196,"d":"3.84"},{"v":0.93996673,"d":"0.94"},{"v":49.81823671,"d":"49.82"},{"v":3.181763287,"d":"3.18"},0,"0_20710003_707",{"v":1469.15771876,"d":"1,469.16"},0,{"v":3.181763287,"d":"3.18"},{"v":0.002607403,"d":"0.00"},"0_20710003_707_59523","außerhalb GKL",{"v":0.00385254977355,"d":"0.00"},{"v":2.622284677e-06,"d":"0.00"},{"v":8.343489112e-06,"d":"0.00"}]
[2,207,20720,{"v":10545.9338999999,"d":"10,545.93"},5799,{"v":0.549880177,"d":"0.55"},"M",410,20720000,{"v":1067.72677148,"d":"1,067.73"},109,334,443,{"v":175.197865799999,"d":"175.20"},{"v":0.93996673,"d":"0.94"},{"v":416.4052616,"d":"416.41"},{"v":26.5947384199999,"d":"26.59"},0,"0_20720000_719",{"v":892.528905643,"d":"892.53"},0,{"v":26.5947384199999,"d":"26.59"},{"v":0.164084924,"d":"0.16"},"0_20720000_719_59786","außerhalb GKL",{"v":0.0108880106006,"d":"0.01"},{"v":1.2199056559e-05,"d":"0.00"},{"v":0.00032443071816,"d":"0.00"}]
[2,207,20722,{"v":7861.712771,"d":"7,861.71"},4292,{"v":0.545937015,"d":"0.55"},"M",410,20722003,{"v":2689.14153867,"d":"2,689.14"},79,138,217,{"v":120.944303899999,"d":"120.94"},{"v":0.93996673,"d":"0.94"},{"v":203.972780499999,"d":"203.97"},{"v":13.0272194999999,"d":"13.03"},0,"0_20722003_730",{"v":2568.19723479,"d":"2,568.20"},0,{"v":13.0272194999999,"d":"13.03"},{"v":0.044975061,"d":"0.04"},"0_20722003_730_60089","F",{"v":10.3038421527,"d":"10.30"},{"v":0.00401209144419,"d":"0.00"},{"v":0.0522663958975,"d":"0.05"}]
[2,207,20724,{"v":7103.98807599999,"d":"7,103.99"},4462,{"v":0.628097901,"d":"0.63"},"M",310,20724003,{"v":3303.79420266999,"d":"3,303.79"},78,369,447,{"v":79.7855129799999,"d":"79.79"},{"v":0.967661341,"d":"0.97"},{"v":432.544619399999,"d":"432.54"},{"v":14.45538061,"d":"14.46"},0,"0_20724003_735",{"v":3224.00868969,"d":"3,224.01"},0,{"v":14.45538061,"d":"14.46"},{"v":0.024149662,"d":"0.02"},"0_20724003_735_60265","E",{"v":7.09873968742,"d":"7.10"},{"v":2.20183640017E-3,"d":"0.00"},{"v":0.0318283832054,"d":"0.03"}]
[2,208,20801,{"v":6976.282307,"d":"6,976.28"},4058,{"v":0.581685176,"d":"0.58"},"ST",410,20801002,{"v":2542.42506739999,"d":"2,542.43"},77,203,280,{"v":147.1245872,"d":"147.12"},{"v":0.93996673,"d":"0.94"},{"v":263.190684499999,"d":"263.19"},{"v":16.8093154799999,"d":"16.81"},0,"0_20801002_752",{"v":2395.30048021999,"d":"2,395.30"},0,{"v":16.8093154799999,"d":"16.81"},{"v":0.057867816,"d":"0.06"},"0_20801002_752_60766","D",{"v":12.5454123955,"d":"12.55"},{"v":5.23751090901E-3,"d":"0.01"},{"v":0.0880389731995,"d":"0.09"}]
[2,208,20804,{"v":19946.6122099999,"d":"19,946.61"},2272,{"v":0.113904054,"d":"0.11"},"M",430,20804000,{"v":222.681782599999,"d":"222.68"},38,184,222,{"v":57.17600282,"d":"57.18"},{"v":0.945243625,"d":"0.95"},{"v":209.844084799999,"d":"209.84"},{"v":12.15591524,"d":"12.16"},0,"0_20804000_759",{"v":165.505779781,"d":"165.51"},0,{"v":12.15591524,"d":"12.16"},{"v":0.256761025,"d":"0.26"},"0_20804000_759_60981","außerhalb GKL",{"v":13.9284870044,"d":"13.93"},{"v":0.0841571032917,"d":"0.08"},{"v":1.02300661446,"d":"1.02"}]
[2,208,20808,{"v":7485.98340699999,"d":"7,485.98"},3428,{"v":0.457922468,"d":"0.46"},"M",410,20808001,{"v":2167.52367824,"d":"2,167.52"},103,511,614,{"v":96.5905615199999,"d":"96.59"},{"v":0.93996673,"d":"0.94"},{"v":577.139572499999,"d":"577.14"},{"v":36.86042752,"d":"36.86"},0,"0_20808001_768",{"v":2070.93311671999,"d":"2,070.93"},0,{"v":36.86042752,"d":"36.86"},{"v":0.044562633,"d":"0.04"},"0_20808001_768_61244","G",{"v":19.4612715562,"d":"19.46"},{"v":0.00939734431744,"d":"0.01"},{"v":0.346390129093,"d":"0.35"}]
[2,208,20817,{"v":13743.7979599999,"d":"13,743.80"},10899,{"v":0.793012239,"d":"0.79"},"ST",210,20817001,{"v":312.51559039,"d":"312.52"},95,1439,1534,{"v":133.828684,"d":"133.83"},{"v":0.980090788,"d":"0.98"},{"v":1503.45926899999,"d":"1,503.46"},{"v":30.5407312,"d":"30.54"},0,"0_20817001_779",{"v":178.686906437999,"d":"178.69"},0,{"v":30.5407312,"d":"30.54"},{"v":0.428230425,"d":"0.43"},"0_20817001_779_61459","E",{"v":0.408195639471,"d":"0.41"},{"v":0.00228441830243,"d":"0.00"},{"v":0.0697678053229,"d":"0.07"}]
[2,209,20901,{"v":11182.6184499999,"d":"11,182.62"},4328,{"v":0.387029211,"d":"0.39"},"ST",410,20901000,{"v":562.584254654999,"d":"562.58"},110,1449,1559,{"v":181.915130599999,"d":"181.92"},{"v":0.93996673,"d":"0.94"},{"v":1465.40813299999,"d":"1,465.41"},{"v":93.59186726,"d":"93.59"},0,"0_20901000_787",{"v":380.669124067999,"d":"380.67"},0,{"v":93.59186726,"d":"93.59"},{"v":0.323356242,"d":"0.32"},"0_20901000_787_61674","F",{"v":0.0608250224704,"d":"0.06"},{"v":0.000159784491635,"d":"0.00"},{"v":0.0149545289313,"d":"0.01"}]
[2,209,20909,{"v":9369.029806,"d":"9,369.03"},2870,{"v":0.30632841,"d":"0.31"},"M",410,20909002,{"v":4726.30004477999,"d":"4,726.30"},168,65,233,{"v":32.82953409,"d":"32.83"},{"v":0.93996673,"d":"0.94"},{"v":219.012248199999,"d":"219.01"},{"v":13.98775181,"d":"13.99"},0,"0_20909002_802",{"v":4693.47051068,"d":"4,693.47"},0,{"v":13.98775181,"d":"13.99"},{"v":0.006946138,"d":"0.01"},"0_20909002_802_61937","außerhalb GKL",{"v":4333.86020585999,"d":"4,333.86"},{"v":0.923380725627,"d":"0.92"},{"v":12.9160204162,"d":"12.92"}]
[2,209,20923,{"v":27863.0530499999,"d":"27,863.05"},25025,{"v":0.898142783,"d":"0.90"},"ST",103,20923001,{"v":30.006752415,"d":"30.01"},90,516,606,{"v":26.09156179,"d":"26.09"},{"v":0.991139192,"d":"0.99"},{"v":600.630350199999,"d":"600.63"},{"v":5.369649843,"d":"5.37"},0,"0_20923001_830",{"v":3.91519062959,"d":"3.92"},0,{"v":5.369649843,"d":"5.37"},{"v":0.869523014,"d":"0.87"},"0_20923001_830_62438","G",{"v":0.0926715005192,"d":"0.09"},{"v":0.0236697288298,"d":"0.02"},{"v":0.127098155695,"d":"0.13"}]
[2,209,20923,{"v":27863.0530499999,"d":"27,863.05"},25025,{"v":0.898142783,"d":"0.90"},"ST",103,20923051,{"v":150.258812629999,"d":"150.26"},28,302,330,{"v":85.90692002,"d":"85.91"},{"v":0.991139192,"d":"0.99"},{"v":327.075933299999,"d":"327.08"},{"v":2.924066746,"d":"2.92"},0,"0_20923051_845",{"v":64.3518926062999,"d":"64.35"},0,{"v":2.924066746,"d":"2.92"},{"v":0.571726334,"d":"0.57"},"0_20923051_845_62701","E",{"v":2.34649672615,"d":"2.35"},{"v":0.0364635231555,"d":"0.04"},{"v":0.106621775501,"d":"0.11"}]
[2,210,21002,{"v":7752.80996899999,"d":"7,752.81"},14270,{"v":1.840622956,"d":"1.84"},"ST",210,21002003,{"v":143.082915345,"d":"143.08"},45,50,95,{"v":60.59739166,"d":"60.60"},{"v":0.980090788,"d":"0.98"},{"v":93.10862486,"d":"93.11"},{"v":1.89137514,"d":"1.89"},0,"0_21002003_862",{"v":82.485523681,"d":"82.49"},0,{"v":1.89137514,"d":"1.89"},{"v":0.423512419,"d":"0.42"},"0_21002003_862_62916","G",{"v":2.62762197529,"d":"2.63"},{"v":0.0318555530477,"d":"0.03"},{"v":0.0602508011054,"d":"0.06"}]
[2,210,21002,{"v":7752.80996899999,"d":"7,752.81"},14270,{"v":1.840622956,"d":"1.84"},"ST",210,21002020,{"v":1959.65481391999,"d":"1,959.65"},140,142,282,{"v":170.3862243,"d":"170.39"},{"v":0.980090788,"d":"0.98"},{"v":276.385602199999,"d":"276.39"},{"v":5.614397783,"d":"5.61"},0,"0_21002020_869",{"v":1789.26858964999,"d":"1,789.27"},0,{"v":5.614397783,"d":"5.61"},{"v":0.08694706,"d":"0.09"},"0_21002020_869_63131","G",{"v":0.216209927987,"d":"0.22"},{"v":1.20837044387E-4,"d":"0.00"},{"v":0.000678427234111,"d":"0.00"}]
[2,210,21009,{"v":2954.57371899999,"d":"2,954.57"},3808,{"v":1.288849209,"d":"1.29"},"G",410,21009001,{"v":1328.80283643,"d":"1,328.80"},137,425,562,{"v":207.1140904,"d":"207.11"},{"v":0.93996673,"d":"0.94"},{"v":528.2613025,"d":"528.26"},{"v":33.7386975,"d":"33.74"},0,"0_21009001_879",{"v":1121.688746,"d":"1,121.69"},0,{"v":33.7386975,"d":"33.74"},{"v":0.155865178,"d":"0.16"},"0_21009001_879_63394","F",{"v":2.91608000553,"d":"2.92"},{"v":2.59972297656E-3,"d":"0.00"},{"v":0.08771126709,"d":"0.09"}]
[3,318,31814,{"v":5135.87889199999,"d":"5,135.88"},2508,{"v":0.488329272,"d":"0.49"},"M",410,31814001,{"v":889.619365154999,"d":"889.62"},77,212,289,{"v":88.4694692199999,"d":"88.47"},{"v":0.93996673,"d":"0.94"},{"v":271.650385099999,"d":"271.65"},{"v":17.34961491,"d":"17.35"},0,"0_31814001_2391",{"v":801.149895936999,"d":"801.15"},0,{"v":17.34961491,"d":"17.35"},{"v":0.099446429,"d":"0.10"},"0_31814001_2391_63895","F",{"v":1.47904695092,"d":"1.48"},{"v":0.00184615508087,"d":"0.00"},{"v":0.0320300797172,"d":"0.03"}]
[3,318,31843,{"v":3015.28731699999,"d":"3,015.29"},1497,{"v":0.496470101,"d":"0.50"},"M",410,31843003,{"v":552.60687571,"d":"552.61"},23,13,36,{"v":2.872189319,"d":"2.87"},{"v":0.93996673,"d":"0.94"},{"v":33.8388022999999,"d":"33.84"},{"v":2.161197705,"d":"2.16"},0,"0_31843003_2456",{"v":549.734686391999,"d":"549.73"},0,{"v":2.161197705,"d":"2.16"},{"v":0.005197527,"d":"0.01"},"0_31843003_2456_64158","außerhalb GKL",{"v":549.734686391999,"d":"549.73"},{"v":1,"d":"1.00"},{"v":2.161197705,"d":"2.16"}]
[4,407,40702,{"v":11226.27109,"d":"11,226.27"},7560,{"v":0.673420403,"d":"0.67"},"M",420,40702001,{"v":85.360888735,"d":"85.36"},27,296,323,{"v":67.8224294599999,"d":"67.82"},{"v":0.954532045,"d":"0.95"},{"v":308.3138506,"d":"308.31"},{"v":14.68614941,"d":"14.69"},0,"0_40702001_3406",{"v":17.5384592726,"d":"17.54"},0,{"v":14.68614941,"d":"14.69"},{"v":0.794537527,"d":"0.79"},"0_40702001_3406_64373","D",{"v":0.319223677725,"d":"0.32"},{"v":0.0182013523972,"d":"0.02"},{"v":0.267307780769,"d":"0.27"}]
[4,407,40706,{"v":11340.1785099999,"d":"11,340.18"},1794,{"v":0.158198568,"d":"0.16"},"G",430,40706000,{"v":11340.1785106999,"d":"11,340.18"},114,587,701,{"v":262.594041399999,"d":"262.59"},{"v":0.945243625,"d":"0.95"},{"v":662.6157811,"d":"662.62"},{"v":38.3842188599999,"d":"38.38"},0,"0_40706000_3442",{"v":11077.5844692999,"d":"11,077.58"},0,{"v":38.3842188599999,"d":"38.38"},{"v":0.023156077,"d":"0.02"},"0_40706000_3442_64588","F",{"v":0.0353291085516,"d":"0.04"},{"v":3.189242984E-6,"d":"0.00"},{"v":0.000122416600707,"d":"0.00"}]
[5,502,50210,{"v":3404.36099,"d":"3,404.36"},776,{"v":0.227942924,"d":"0.23"},"G",430,50210000,{"v":3404.36098976999,"d":"3,404.36"},60,165,225,{"v":70.45385106,"d":"70.45"},{"v":0.945243625,"d":"0.95"},{"v":212.6798156,"d":"212.68"},{"v":12.32018437,"d":"12.32"},0,"0_50210000_4278",{"v":3333.90713870999,"d":"3,333.91"},0,{"v":12.32018437,"d":"12.32"},{"v":0.020695176,"d":"0.02"},"0_50210000_4278_64851","G",{"v":134.645624295999,"d":"134.65"},{"v":0.0403867350511,"d":"0.04"},{"v":0.497572021932,"d":"0.50"}]
[5,505,50504,{"v":3271.04072899999,"d":"3,271.04"},1599,{"v":0.488835246,"d":"0.49"},"M",420,50504000,{"v":3271.04072941,"d":"3,271.04"},163,735,898,{"v":103.8935938,"d":"103.89"},{"v":0.954532045,"d":"0.95"},{"v":857.169776599999,"d":"857.17"},{"v":40.8302234299999,"d":"40.83"},0,"0_50504000_4435",{"v":3167.14713557999,"d":"3,167.15"},0,{"v":40.8302234299999,"d":"40.83"},{"v":0.031761633,"d":"0.03"},"0_50504000_4435_65352","F",{"v":0.0122627085699,"d":"0.01"},{"v":3.871846821e-06,"d":"0.00"},{"v":1.58088370806E-4,"d":"0.00"}]
[5,505,50510,{"v":11745.09778,"d":"11,745.10"},5741,{"v":0.488799677,"d":"0.49"},"M",220,50510000,{"v":359.50713299,"d":"359.51"},130,1924,2054,{"v":66.1860592299999,"d":"66.19"},{"v":0.99140599,"d":"0.99"},{"v":2036.347903,"d":"2,036.35"},{"v":17.65209674,"d":"17.65"},0,"0_50510000_4442",{"v":293.321073758,"d":"293.32"},0,{"v":17.65209674,"d":"17.65"},{"v":0.184102214,"d":"0.18"},"0_50510000_4442_65567","G",{"v":30.8061327666,"d":"30.81"},{"v":0.105025296587,"d":"0.11"},{"v":1.8539166955,"d":"1.85"}]
[6,601,60101,{"v":12748.25746,"d":"12,748.26"},291072,{"v":22.83229696,"d":"22.83"},"SR",101,60101122,{"v":7.98141437001,"d":"7.98"},72,360,432,{"v":7.684978432,"d":"7.68"},{"v":0.992934034,"d":"0.99"},{"v":428.947502699999,"d":"428.95"},{"v":3.052497294,"d":"3.05"},0,"0_60101122_4535",{"v":0.296435938203,"d":"0.30"},0,{"v":3.052497294,"d":"3.05"},{"v":0.962859222,"d":"0.96"},"0_60101122_4535_65830","A",{"v":0.296435938203,"d":"0.30"},{"v":1,"d":"1.00"},{"v":3.052497294,"d":"3.05"}]
[6,601,60101,{"v":12748.25746,"d":"12,748.26"},291072,{"v":22.83229696,"d":"22.83"},"SR",101,60101332,{"v":61.007901725,"d":"61.01"},49,106,155,{"v":56.63089165,"d":"56.63"},{"v":0.992934034,"d":"0.99"},{"v":153.9047753,"d":"153.90"},{"v":1.095224724,"d":"1.10"},0,"0_60101332_4576",{"v":4.37701007107,"d":"4.38"},0,{"v":1.095224724,"d":"1.10"},{"v":0.92825503,"d":"0.93"},"0_60101332_4576_66045","D",{"v":0.804920492541,"d":"0.80"},{"v":0.183897336189,"d":"0.18"},{"v":0.201408909272,"d":"0.20"}]
[6,601,60101,{"v":12748.25746,"d":"12,748.26"},291072,{"v":22.83229696,"d":"22.83"},"SR",101,60101413,{"v":101.72781041,"d":"101.73"},62,67,129,{"v":58.9990896699999,"d":"59.00"},{"v":0.992934034,"d":"0.99"},{"v":128.0884904,"d":"128.09"},{"v":0.911509609,"d":"0.91"},0,"0_60101413_4594",{"v":42.7287207418999,"d":"42.73"},0,{"v":0.911509609,"d":"0.91"},{"v":0.579970113,"d":"0.58"},"0_60101413_4594_66308","D",{"v":0.000647469815342,"d":"0.00"},{"v":1.5153035338E-5,"d":"0.00"},{"v":1.3812137316e-05,"d":"0.00"}]
[6,601,60101,{"v":12748.25746,"d":"12,748.26"},291072,{"v":22.83229696,"d":"22.83"},"SR",101,60101431,{"v":183.964076339999,"d":"183.96"},182,454,636,{"v":121.046128999999,"d":"121.05"},{"v":0.992934034,"d":"0.99"},{"v":631.506045599999,"d":"631.51"},{"v":4.49395435,"d":"4.49"},0,"0_60101431_4599",{"v":62.9179473742999,"d":"62.92"},0,{"v":4.49395435,"d":"4.49"},{"v":0.65798786,"d":"0.66"},"0_60101431_4599_66523","F",{"v":3.31894826739,"d":"3.32"},{"v":0.0527504218732,"d":"0.05"},{"v":0.237057987841,"d":"0.24"}]
[6,601,60101,{"v":12748.25746,"d":"12,748.26"},291072,{"v":22.83229696,"d":"22.83"},"SR",101,60101511,{"v":46.403441585,"d":"46.40"},80,2234,2314,{"v":42.5988388,"d":"42.60"},{"v":0.992934034,"d":"0.99"},{"v":2297.649355,"d":"2,297.65"},{"v":16.35064523,"d":"16.35"},0,"0_60101511_4620",{"v":3.80460278564,"d":"3.80"},0,{"v":16.35064523,"d":"16.35"},{"v":0.918010332,"d":"0.92"},"0_60101511_4620_67024","B",{"v":0.292245881623,"d":"0.29"},{"v":0.0768137695546,"d":"0.08"},{"v":1.25595469477,"d":"1.26"}]
[6,601,60101,{"v":12748.25746,"d":"12,748.26"},291072,{"v":22.83229696,"d":"22.83"},"SR",101,60101620,{"v":254.534580519999,"d":"254.53"},91,558,649,{"v":128.539004799999,"d":"128.54"},{"v":0.992934034,"d":"0.99"},{"v":644.4141881,"d":"644.41"},{"v":4.585811908,"d":"4.59"},0,"0_60101620_4639",{"v":125.995575719,"d":"126.00"},0,{"v":4.585811908,"d":"4.59"},{"v":0.504996235,"d":"0.50"},"0_60101620_4639_67287","C",{"v":0.00661933290073,"d":"0.01"},{"v":5.2536232824e-05,"d":"0.00"},{"v":0.000240921282084,"d":"0.00"}]
[6,603,60305,{"v":1558.526004,"d":"1,558.53"},2930,{"v":1.879981465,"d":"1.88"},"M",210,60305000,{"v":463.094250339999,"d":"463.09"},225,816,1041,{"v":200.353748499999,"d":"200.35"},{"v":0.980090788,"d":"0.98"},{"v":1020.27450999999,"d":"1,020.27"},{"v":20.72548969,"d":"20.73"},0,"0_60305000_4653",{"v":262.740501794,"d":"262.74"},0,{"v":20.72548969,"d":"20.73"},{"v":0.432641408,"d":"0.43"},"0_60305000_4653_67502","G",{"v":0.0594899894158,"d":"0.06"},{"v":2.26421084719E-4,"d":"0.00"},{"v":0.00469268785694,"d":"0.00"}]
[6,603,60324,{"v":1823.14222199999,"d":"1,823.14"},1782,{"v":0.977433345,"d":"0.98"},"M",310,60324001,{"v":363.025405125,"d":"363.03"},14,16,30,{"v":47.86670904,"d":"47.87"},{"v":0.967661341,"d":"0.97"},{"v":29.02984023,"d":"29.03"},{"v":0.970159772,"d":"0.97"},0,"0_60324001_4662",{"v":315.158696082,"d":"315.16"},0,{"v":0.970159772,"d":"0.97"},{"v":0.131854984,"d":"0.13"},"0_60324001_4662_67717","F",{"v":0.0137758272493,"d":"0.01"},{"v":4.3710763563e-05,"d":"0.00"},{"v":4.2406424412e-05,"d":"0.00"}]
[6,603,60344,{"v":17908.49827,"d":"17,908.50"},11663,{"v":0.651255054,"d":"0.65"},"ST",220,60344009,{"v":1474.6155128,"d":"1,474.62"},68,135,203,{"v":57.7894993299999,"d":"57.79"},{"v":0.99140599,"d":"0.99"},{"v":201.255415999999,"d":"201.26"},{"v":1.744584049,"d":"1.74"},0,"0_60344009_4680",{"v":1416.82601346999,"d":"1,416.83"},0,{"v":1.744584049,"d":"1.74"},{"v":0.039189537,"d":"0.04"},"0_60344009_4680_67980","G",{"v":0.622409227025,"d":"0.62"},{"v":4.39298277352E-4,"d":"0.00"},{"v":0.000766392767421,"d":"0.00"}]
[6,603,60350,{"v":9283.696765,"d":"9,283.70"},8749,{"v":0.942404758,"d":"0.94"},"M",410,60350012,{"v":337.030625779999,"d":"337.03"},23,10,33,{"v":22.8572292799999,"d":"22.86"},{"v":0.93996673,"d":"0.94"},{"v":31.0189020999999,"d":"31.02"},{"v":1.981097896,"d":"1.98"},0,"0_60350012_4748",{"v":314.173396503999,"d":"314.17"},0,{"v":1.981097896,"d":"1.98"},{"v":0.067819443,"d":"0.07"},"0_60350012_4748_68481","außerhalb GKL",{"v":247.070433156,"d":"247.07"},{"v":0.786414241006,"d":"0.79"},{"v":1.55796359824,"d":"1.56"}]
[6,606,60611,{"v":720.917976299999,"d":"720.92"},4117,{"v":5.710774506,"d":"5.71"},"M",101,60611000,{"v":346.66610377,"d":"346.67"},89,1122,1211,{"v":147.0140738,"d":"147.01"},{"v":0.992934034,"d":"0.99"},{"v":1202.443115,"d":"1,202.44"},{"v":8.556884777,"d":"8.56"},0,"0_60611000_4765",{"v":199.65202997,"d":"199.65"},0,{"v":8.556884777,"d":"8.56"},{"v":0.424079748,"d":"0.42"},"0_60611000_4765_68744","G",{"v":0.202645579566,"d":"0.20"},{"v":1.01499383501E-3,"d":"0.00"},{"v":0.00868518529555,"d":"0.01"}]
[6,606,60617,{"v":1105.788641,"d":"1,105.79"},5242,{"v":4.740508091,"d":"4.74"},"G",101,60617000,{"v":529.674038419999,"d":"529.67"},188,3007,3195,{"v":272.2333421,"d":"272.23"},{"v":0.992934034,"d":"0.99"},{"v":3172.42423899999,"d":"3,172.42"},{"v":22.5757612399999,"d":"22.58"},0,"0_60617000_4775",{"v":257.440696308999,"d":"257.44"},0,{"v":22.5757612399999,"d":"22.58"},{"v":0.513963914,"d":"0.51"},"0_60617000_4775_68959","außerhalb GKL",{"v":50.234766121,"d":"50.23"},{"v":0.195131410229,"d":"0.20"},{"v":4.40524012775,"d":"4.41"}]
[6,606,60619,{"v":678.9091846,"d":"678.91"},3475,{"v":5.118504917,"d":"5.12"},"M",101,60619000,{"v":678.20134571,"d":"678.20"},263,1323,1586,{"v":252.040997199999,"d":"252.04"},{"v":0.992934034,"d":"0.99"},{"v":1574.793378,"d":"1,574.79"},{"v":11.20662201,"d":"11.21"},0,"0_60619000_4778",{"v":426.160348542999,"d":"426.16"},0,{"v":11.20662201,"d":"11.21"},{"v":0.37163152,"d":"0.37"},"0_60619000_4778_69174","G",{"v":0.0220580677848,"d":"0.02"},{"v":5.1760019111e-05,"d":"0.00"},{"v":0.000580054969404,"d":"0.00"}]
[6,606,60624,{"v":1516.00568999999,"d":"1,516.01"},7572,{"v":4.994704208,"d":"4.99"},"M",101,60624003,{"v":402.107794469999,"d":"402.11"},64,1210,1274,{"v":105.928412399999,"d":"105.93"},{"v":0.992934034,"d":"0.99"},{"v":1264.997959,"d":"1,265.00"},{"v":9.002040632,"d":"9.00"},0,"0_60624003_4784",{"v":296.179382036999,"d":"296.18"},0,{"v":9.002040632,"d":"9.00"},{"v":0.263432875,"d":"0.26"},"0_60624003_4784_69437","D",{"v":0.939317999942,"d":"0.94"},{"v":0.00317144965825,"d":"0.00"},{"v":0.0285495186859,"d":"0.03"}]
[6,606,60628,{"v":1487.38285599999,"d":"1,487.38"},2756,{"v":1.852919031,"d":"1.85"},"M",310,60628000,{"v":1487.38285414999,"d":"1,487.38"},212,1012,1224,{"v":197.6972507,"d":"197.70"},{"v":0.967661341,"d":"0.97"},{"v":1184.41748099999,"d":"1,184.42"},{"v":39.58251872,"d":"39.58"},0,"0_60628000_4787",{"v":1289.68560348,"d":"1,289.69"},0,{"v":39.58251872,"d":"39.58"},{"v":0.132916182,"d":"0.13"},"0_60628000_4787_69652","außerhalb GKL",{"v":5.8815936594E-5,"d":"0.00"},{"v":4.5604864E-8,"d":"0.00"},{"v":1.805155384E-6,"d":"0.00"}]
[6,606,60642,{"v":2156.011711,"d":"2,156.01"},2144,{"v":0.994428736,"d":"0.99"},"G",310,60642000,{"v":2156.01171083,"d":"2,156.01"},197,501,698,{"v":192.210444099999,"d":"192.21"},{"v":0.967661341,"d":"0.97"},{"v":675.427615999999,"d":"675.43"},{"v":22.5723840399999,"d":"22.57"},0,"0_60642000_4794",{"v":1963.80126676999,"d":"1,963.80"},0,{"v":22.5723840399999,"d":"22.57"},{"v":0.089150928,"d":"0.09"},"0_60642000_4794_69946","F",{"v":0.606929507701,"d":"0.61"},{"v":0.00030905851726,"d":"0.00"},{"v":0.00697618754243,"d":"0.01"}]
[6,606,60654,{"v":1898.77236399999,"d":"1,898.77"},2670,{"v":1.406171719,"d":"1.41"},"G",310,60654000,{"v":800.250917879999,"d":"800.25"},121,614,735,{"v":137.115670599999,"d":"137.12"},{"v":0.967661341,"d":"0.97"},{"v":711.2310856,"d":"711.23"},{"v":23.7689144299999,"d":"23.77"},0,"0_60654000_4806",{"v":663.135247284,"d":"663.14"},0,{"v":23.7689144299999,"d":"23.77"},{"v":0.171340848,"d":"0.17"},"0_60654000_4806_70417","D",{"v":0.115108627637,"d":"0.12"},{"v":0.000173582429992,"d":"0.00"},{"v":0.00412586592503,"d":"0.00"}]
[6,606,60659,{"v":5705.24905399999,"d":"5,705.25"},4409,{"v":0.772797113,"d":"0.77"},"M",310,60659001,{"v":466.582035765,"d":"466.58"},52,179,231,{"v":62.5173810599999,"d":"62.52"},{"v":0.967661341,"d":"0.97"},{"v":223.529769799999,"d":"223.53"},{"v":7.470230248,"d":"7.47"},0,"0_60659001_4811",{"v":404.064654702999,"d":"404.06"},0,{"v":7.470230248,"d":"7.47"},{"v":0.133990116,"d":"0.13"},"0_60659001_4811_70632","F",{"v":0.00621385727155,"d":"0.01"},{"v":1.5378373731e-05,"d":"0.00"},{"v":1.14879992611E-4,"d":"0.00"}]
[6,606,60661,{"v":4935.93601599999,"d":"4,935.94"},6808,{"v":1.379272336,"d":"1.38"},"M",310,60661004,{"v":744.552329194999,"d":"744.55"},144,42,186,{"v":61.40259365,"d":"61.40"},{"v":0.967661341,"d":"0.97"},{"v":179.985009399999,"d":"179.99"},{"v":6.014990589,"d":"6.01"},0,"0_60661004_4822",{"v":683.149735544999,"d":"683.15"},0,{"v":6.014990589,"d":"6.01"},{"v":0.082469145,"d":"0.08"},"0_60661004_4822_70895","F",{"v":4.9171458484,"d":"4.92"},{"v":0.00719775708392,"d":"0.01"},{"v":0.0432944411217,"d":"0.04"}]
[6,606,60663,{"v":15384.0902,"d":"15,384.09"},6542,{"v":0.425244517,"d":"0.43"},"ST",410,60663000,{"v":14.0407163799999,"d":"14.04"},51,378,429,{"v":12.52335205,"d":"12.52"},{"v":0.93996673,"d":"0.94"},{"v":403.2457274,"d":"403.25"},{"v":25.75427265,"d":"25.75"},0,"0_60663000_4827",{"v":1.51736432822,"d":"1.52"},0,{"v":25.75427265,"d":"25.75"},{"v":0.891931132,"d":"0.89"},"0_60663000_4827_71110","E",{"v":0.766591950885,"d":"0.77"},{"v":0.505212846136,"d":"0.51"},{"v":13.0113893856999,"d":"13.01"}]
[6,606,60666,{"v":2735.088815,"d":"2,735.09"},2640,{"v":0.965233738,"d":"0.97"},"G",310,60666000,{"v":715.991021795,"d":"715.99"},79,37,116,{"v":27.6778775099999,"d":"27.68"},{"v":0.967661341,"d":"0.97"},{"v":112.2487155,"d":"112.25"},{"v":3.751284454,"d":"3.75"},0,"0_60666000_4851",{"v":688.313144288999,"d":"688.31"},0,{"v":3.751284454,"d":"3.75"},{"v":0.038656738,"d":"0.04"},"0_60666000_4851_71611","außerhalb GKL",{"v":0.0455442815018,"d":"0.05"},{"v":6.6167967123e-05,"d":"0.00"},{"v":0.000248214866422,"d":"0.00"}]
[6,606,60668,{"v":4171.13950999999,"d":"4,171.14"},3747,{"v":0.898315674,"d":"0.90"},"M",310,60668002,{"v":354.93843476,"d":"354.94"},28,5,33,{"v":0,"d":"0.00"},{"v":0.967661341,"d":"0.97"},{"v":0,"d":"0.00"},{"v":33,"d":"33.00"},0,"0_60668002_4858",{"v":354.93843476,"d":"354.94"},0,{"v":33,"d":"33.00"},{"v":0,"d":"0.00"},"0_60668002_4858_71874","außerhalb GKL",{"v":333.179825928,"d":"333.18"},{"v":0.938697512861,"d":"0.94"},{"v":30.9770179243999,"d":"30.98"}]
[6,606,60670,{"v":2926.24627099999,"d":"2,926.25"},6339,{"v":2.166256498,"d":"2.17"},"M",101,60670002,{"v":724.32436925,"d":"724.32"},171,3430,3601,{"v":250.2595838,"d":"250.26"},{"v":0.992934034,"d":"0.99"},{"v":3575.55545699999,"d":"3,575.56"},{"v":25.4445434199999,"d":"25.44"},0,"0_60670002_4866",{"v":474.064785453,"d":"474.06"},0,{"v":25.4445434199999,"d":"25.44"},{"v":0.345507613,"d":"0.35"},"0_60670002_4866_72089","D",{"v":7.1563309968,"d":"7.16"},{"v":0.0150956814689,"d":"0.02"},{"v":0.38410272259,"d":"0.38"}]
[6,610,61013,{"v":2771.45890599999,"d":"2,771.46"},2256,{"v":0.814011709,"d":"0.81"},"M",410,61013000,{"v":2151.41823407999,"d":"2,151.42"},194,458,652,{"v":194.029866999999,"d":"194.03"},{"v":0.93996673,"d":"0.94"},{"v":612.8583082,"d":"612.86"},{"v":39.14169176,"d":"39.14"},0,"0_61013000_4877",{"v":1957.38836706,"d":"1,957.39"},0,{"v":39.14169176,"d":"39.14"},{"v":0.090186959,"d":"0.09"},"0_61013000_4877_72352","F",{"v":0.20823184383,"d":"0.21"},{"v":1.06382487673E-4,"d":"0.00"},{"v":0.00416399054116,"d":"0.00"}]
[6,610,61027,{"v":2076.17869,"d":"2,076.18"},1504,{"v":0.724407782,"d":"0.72"},"G",310,61027001,{"v":786.28789724,"d":"786.29"},43,131,174,{"v":68.8050829299999,"d":"68.81"},{"v":0.967661341,"d":"0.97"},{"v":168.373073299999,"d":"168.37"},{"v":5.62692668,"d":"5.63"},0,"0_61027001_4892",{"v":717.482814315,"d":"717.48"},0,{"v":5.62692668,"d":"5.63"},{"v":0.087506222,"d":"0.09"},"0_61027001_4892_72567","G",{"v":26.2216903041,"d":"26.22"},{"v":0.0365467852065,"d":"0.04"},{"v":0.205646080747,"d":"0.21"}]
[6,610,61053,{"v":2353.62758299999,"d":"2,353.63"},12437,{"v":5.284183483,"d":"5.28"},"ST",103,61053007,{"v":446.4435869,"d":"446.44"},29,170,199,{"v":3.399357456,"d":"3.40"},{"v":0.991139192,"d":"0.99"},{"v":197.2366991,"d":"197.24"},{"v":1.763300856,"d":"1.76"},0,"0_61053007_4936",{"v":443.044229443999,"d":"443.04"},0,{"v":1.763300856,"d":"1.76"},{"v":7.614305E-3,"d":"0.01"},"0_61053007_4936_73068","D",{"v":0.00226060819869,"d":"0.00"},{"v":5.102443613e-06,"d":"0.00"},{"v":8.99714319E-6,"d":"0.00"}]
[6,610,61061,{"v":4767.273914,"d":"4,767.27"},6349,{"v":1.33178838,"d":"1.33"},"M",410,61058004,{"v":604.74089346,"d":"604.74"},57,540,597,{"v":138.9551532,"d":"138.96"},{"v":0.93996673,"d":"0.94"},{"v":561.1601381,"d":"561.16"},{"v":35.8398619299999,"d":"35.84"},0,"0_61058004_4965",{"v":465.785740228999,"d":"465.79"},0,{"v":35.8398619299999,"d":"35.84"},{"v":0.229776347,"d":"0.23"},"0_61058004_4965_73331","F",{"v":28.7617605193999,"d":"28.76"},{"v":0.0617489073523,"d":"0.06"},{"v":2.21307231383,"d":"2.21"}]
[6,611,61101,{"v":12446.4004499999,"d":"12,446.40"},3806,{"v":0.305791222,"d":"0.31"},"ST",410,61101022,{"v":14.69827113,"d":"14.70"},9,4,13,{"v":11.96900937,"d":"11.97"},{"v":0.93996673,"d":"0.94"},{"v":12.2195675,"d":"12.22"},{"v":0.780432504,"d":"0.78"},0,"0_61101022_4978",{"v":2.72926176238,"d":"2.73"},0,{"v":0.780432504,"d":"0.78"},{"v":0.814314096,"d":"0.81"},"0_61101022_4978_73546","F",{"v":0.0864985108278,"d":"0.09"},{"v":0.0316930065192,"d":"0.03"},{"v":0.0247342524371,"d":"0.02"}]
[6,611,61108,{"v":10772.6260899999,"d":"10,772.63"},24471,{"v":2.271590955,"d":"2.27"},"ST",102,61108021,{"v":199.6586072,"d":"199.66"},14,1681,1695,{"v":46.73708787,"d":"46.74"},{"v":0.988126829,"d":"0.99"},{"v":1674.87497499999,"d":"1,674.87"},{"v":20.12502474,"d":"20.13"},0,"0_61108021_4989",{"v":152.921519327999,"d":"152.92"},0,{"v":20.12502474,"d":"20.13"},{"v":0.234085014,"d":"0.23"},"0_61108021_4989_73809","F",{"v":0.674485289922,"d":"0.67"},{"v":0.00441066301778,"d":"0.00"},{"v":0.0887647023526,"d":"0.09"}]
[6,611,61108,{"v":10772.6260899999,"d":"10,772.63"},24471,{"v":2.271590955,"d":"2.27"},"ST",102,61108062,{"v":45.4613634299999,"d":"45.46"},9,904,913,{"v":34.5505876599999,"d":"34.55"},{"v":0.988126829,"d":"0.99"},{"v":902.159794899999,"d":"902.16"},{"v":10.84020507,"d":"10.84"},0,"0_61108062_5005",{"v":10.9107757735999,"d":"10.91"},0,{"v":10.84020507,"d":"10.84"},{"v":0.759998932,"d":"0.76"},"0_61108062_5005_74024","G",{"v":1.64142317774,"d":"1.64"},{"v":0.150440556364,"d":"0.15"},{"v":1.63080648183,"d":"1.63"}]
[6,611,61109,{"v":10878.3354799999,"d":"10,878.34"},1750,{"v":0.1608702,"d":"0.16"},"M",410,61109001,{"v":10507.5914073,"d":"10,507.59"},61,99,160,{"v":51.46286113,"d":"51.46"},{"v":0.93996673,"d":"0.94"},{"v":150.3946769,"d":"150.39"},{"v":9.605323131,"d":"9.61"},0,"0_61109001_5020",{"v":10456.1285461999,"d":"10,456.13"},0,{"v":9.605323131,"d":"9.61"},{"v":0.004897684,"d":"0.00"},"0_61109001_5020_74239","F",{"v":0.000103344831088,"d":"0.00"},{"v":9.883661e-09,"d":"0.00"},{"v":9.4935759e-08,"d":"0.00"}]
[6,611,61119,{"v":9026.473393,"d":"9,026.47"},543,{"v":0.060156384,"d":"0.06"},"G",410,61119000,{"v":9026.47339255,"d":"9,026.47"},69,111,180,{"v":77.6581322899999,"d":"77.66"},{"v":0.93996673,"d":"0.94"},{"v":169.194011499999,"d":"169.19"},{"v":10.80598852,"d":"10.81"},0,"0_61119000_5040",{"v":8948.81526026,"d":"8,948.82"},0,{"v":10.80598852,"d":"10.81"},{"v":0.008603375,"d":"0.01"},"0_61119000_5040_74788","G",{"v":16.3645778513,"d":"16.36"},{"v":0.00182868652166,"d":"0.00"},{"v":0.0197607655597,"d":"0.02"}]
[6,612,61203,{"v":8632.616689,"d":"8,632.62"},2682,{"v":0.31068216,"d":"0.31"},"G",420,61203000,{"v":1192.47618035,"d":"1,192.48"},139,560,699,{"v":236.381859999999,"d":"236.38"},{"v":0.954532045,"d":"0.95"},{"v":667.2178996,"d":"667.22"},{"v":31.7821004199999,"d":"31.78"},0,"0_61203000_5052",{"v":956.094320380999,"d":"956.09"},0,{"v":31.7821004199999,"d":"31.78"},{"v":0.198227741,"d":"0.20"},"0_61203000_5052_75003","F",{"v":0.366070177318,"d":"0.37"},{"v":0.00038288081993,"d":"0.00"},{"v":0.0121687566679,"d":"0.01"}]
[6,612,61207,{"v":8186.17578099999,"d":"8,186.18"},4830,{"v":0.590019092,"d":"0.59"},"ST",430,61207001,{"v":172.550339369999,"d":"172.55"},82,574,656,{"v":106.679821,"d":"106.68"},{"v":0.945243625,"d":"0.95"},{"v":620.079818,"d":"620.08"},{"v":35.92018198,"d":"35.92"},0,"0_61207001_5059",{"v":65.8705183271,"d":"65.87"},0,{"v":35.92018198,"d":"35.92"},{"v":0.618253325,"d":"0.62"},"0_61207001_5059_75218","F",{"v":0.110226264317,"d":"0.11"},{"v":0.00167337781934,"d":"0.00"},{"v":0.060108035792,"d":"0.06"}]
[6,612,61236,{"v":7565.78012,"d":"7,565.78"},2798,{"v":0.369823066,"d":"0.37"},"G",420,61236001,{"v":1229.70526657,"d":"1,229.71"},156,154,310,{"v":55.3242761799999,"d":"55.32"},{"v":0.954532045,"d":"0.95"},{"v":295.904934,"d":"295.90"},{"v":14.0950659999999,"d":"14.10"},0,"0_61236001_5069",{"v":1174.38099039,"d":"1,174.38"},0,{"v":14.0950659999999,"d":"14.10"},{"v":0.044989867,"d":"0.04"},"0_61236001_5069_75481","außerhalb GKL",{"v":1.48662962706,"d":"1.49"},{"v":0.00126588359248,"d":"0.00"},{"v":0.0178427127843,"d":"0.02"}]
[6,612,61253,{"v":29972.57501,"d":"29,972.58"},4974,{"v":0.165951707,"d":"0.17"},"M",430,61253004,{"v":5072.60737616,"d":"5,072.61"},102,239,341,{"v":213.673478799999,"d":"213.67"},{"v":0.945243625,"d":"0.95"},{"v":322.328076099999,"d":"322.33"},{"v":18.67192387,"d":"18.67"},0,"0_61253004_5083",{"v":4858.93389732,"d":"4,858.93"},0,{"v":18.67192387,"d":"18.67"},{"v":0.042123008,"d":"0.04"},"0_61253004_5083_75696","E",{"v":10.9968719258,"d":"11.00"},{"v":0.00226322731657,"d":"0.00"},{"v":0.0422588081555,"d":"0.04"}]
[6,612,61256,{"v":7709.80950399999,"d":"7,709.81"},1300,{"v":0.168616358,"d":"0.17"},"M",430,61256000,{"v":4074.37532224999,"d":"4,074.38"},63,372,435,{"v":120.355039399999,"d":"120.36"},{"v":0.945243625,"d":"0.95"},{"v":411.1809769,"d":"411.18"},{"v":23.81902311,"d":"23.82"},0,"0_61256000_5093",{"v":3954.02028285,"d":"3,954.02"},0,{"v":23.81902311,"d":"23.82"},{"v":0.029539507,"d":"0.03"},"0_61256000_5093_75959","außerhalb GKL",{"v":2.59603460498,"d":"2.60"},{"v":0.000656555712736,"d":"0.00"},{"v":0.0156385156947,"d":"0.02"}]
[6,612,61263,{"v":20535.98285,"d":"20,535.98"},5160,{"v":0.251266279,"d":"0.25"},"ST",420,61263003,{"v":1669.85686108,"d":"1,669.86"},66,107,173,{"v":135.833016899999,"d":"135.83"},{"v":0.954532045,"d":"0.95"},{"v":165.1340438,"d":"165.13"},{"v":7.865956185,"d":"7.87"},0,"0_61263003_5118",{"v":1534.02384422,"d":"1,534.02"},0,{"v":7.865956185,"d":"7.87"},{"v":0.081344108,"d":"0.08"},"0_61263003_5118_76460","F",{"v":0.0261526955944,"d":"0.03"},{"v":1.7048428349e-05,"d":"0.00"},{"v":1.34102190419E-4,"d":"0.00"}]
[6,612,61267,{"v":7295.292857,"d":"7,295.29"},2820,{"v":0.386550623,"d":"0.39"},"M",420,61267000,{"v":50.7948499650999,"d":"50.79"},37,486,523,{"v":46.03006182,"d":"46.03"},{"v":0.954532045,"d":"0.95"},{"v":499.2202596,"d":"499.22"},{"v":23.7797403699999,"d":"23.78"},0,"0_61267000_5134",{"v":4.76478814326,"d":"4.76"},0,{"v":23.7797403699999,"d":"23.78"},{"v":0.906195448,"d":"0.91"},"0_61267000_5134_76675","G",{"v":0.0216533586041,"d":"0.02"},{"v":0.00454445359438,"d":"0.00"},{"v":0.108065926598,"d":"0.11"}]
[6,614,61438,{"v":7665.61076899999,"d":"7,665.61"},3499,{"v":0.45645417,"d":"0.46"},"ST",220,61438001,{"v":980.411363755,"d":"980.41"},68,955,1023,{"v":81.6975664099999,"d":"81.70"},{"v":0.99140599,"d":"0.99"},{"v":1014.208328,"d":"1,014.21"},{"v":8.791672328,"d":"8.79"},0,"0_61438001_5152",{"v":898.713797347999,"d":"898.71"},0,{"v":8.791672328,"d":"8.79"},{"v":0.083329885,"d":"0.08"},"0_61438001_5152_76938","G",{"v":2.58545109973,"d":"2.59"},{"v":0.00287683476915,"d":"0.00"},{"v":0.0252921886322,"d":"0.03"}]
[6,614,61440,{"v":21017.3692599999,"d":"21,017.37"},2934,{"v":0.139598822,"d":"0.14"},"ST",430,61440001,{"v":9489.10272547999,"d":"9,489.10"},137,34,171,{"v":49.47991625,"d":"49.48"},{"v":0.945243625,"d":"0.95"},{"v":161.6366599,"d":"161.64"},{"v":9.36334012,"d":"9.36"},0,"0_61440001_5165",{"v":9439.62280923,"d":"9,439.62"},0,{"v":9.36334012,"d":"9.36"},{"v":0.005214394,"d":"0.01"},"0_61440001_5165_77153","F",{"v":5.6256540377,"d":"5.63"},{"v":0.000595961740357,"d":"0.00"},{"v":0.00558019247347,"d":"0.01"}]
[6,614,61445,{"v":25623.35915,"d":"25,623.36"},1679,{"v":0.065526147,"d":"0.07"},"G",420,61445002,{"v":9632.75915419,"d":"9,632.76"},15,148,163,{"v":43.10642567,"d":"43.11"},{"v":0.954532045,"d":"0.95"},{"v":155.588723399999,"d":"155.59"},{"v":7.411276636,"d":"7.41"},0,"0_61445002_5183",{"v":9589.65272852,"d":"9,589.65"},0,{"v":7.411276636,"d":"7.41"},{"v":0.004474982,"d":"0.00"},"0_61445002_5183_77368","außerhalb GKL",{"v":10.7504585971,"d":"10.75"},{"v":1.12104774818E-3,"d":"0.00"},{"v":0.00830839498393,"d":"0.01"}]
[6,616,61626,{"v":3158.77200099999,"d":"3,158.77"},5658,{"v":1.791202404,"d":"1.79"},"ST",103,61626000,{"v":190.472753895,"d":"190.47"},53,909,962,{"v":72.89423673,"d":"72.89"},{"v":0.991139192,"d":"0.99"},{"v":953.475902399999,"d":"953.48"},{"v":8.524097606,"d":"8.52"},0,"0_61626000_5219",{"v":117.578517164999,"d":"117.58"},0,{"v":8.524097606,"d":"8.52"},{"v":0.382701648,"d":"0.38"},"0_61626000_5219_77917","außerhalb GKL",{"v":0.36510002493,"d":"0.37"},{"v":0.00310515929043,"d":"0.00"},{"v":0.0264686808738,"d":"0.03"}]
[6,616,61630,{"v":8342.833522,"d":"8,342.83"},1612,{"v":0.193219725,"d":"0.19"},"G",310,61630002,{"v":1597.14438674999,"d":"1,597.14"},70,17,87,{"v":69.36836893,"d":"69.37"},{"v":0.967661341,"d":"0.97"},{"v":84.18653666,"d":"84.19"},{"v":2.81346334,"d":"2.81"},0,"0_61630002_5236",{"v":1527.77601782,"d":"1,527.78"},0,{"v":2.81346334,"d":"2.81"},{"v":0.043432748,"d":"0.04"},"0_61630002_5236_78132","F",{"v":0.000216297107102,"d":"0.00"},{"v":1.41576451e-07,"d":"0.00"},{"v":3.98320156e-07,"d":"0.00"}]
[6,616,61633,{"v":1937.14029299999,"d":"1,937.14"},4105,{"v":2.1191031,"d":"2.12"},"G",310,61633001,{"v":669.203749004999,"d":"669.20"},111,328,439,{"v":152.1710198,"d":"152.17"},{"v":0.967661341,"d":"0.97"},{"v":424.8033287,"d":"424.80"},{"v":14.19667134,"d":"14.20"},0,"0_61633001_5255",{"v":517.032729219999,"d":"517.03"},0,{"v":14.19667134,"d":"14.20"},{"v":0.227391165,"d":"0.23"},"0_61633001_5255_78395","F",{"v":0.283475381548,"d":"0.28"},{"v":0.000548273572498,"d":"0.00"},{"v":0.00778365971316,"d":"0.01"}]
[6,617,61719,{"v":1524.83650899999,"d":"1,524.84"},2310,{"v":1.514916508,"d":"1.51"},"G",410,61719000,{"v":377.311319534999,"d":"377.31"},49,114,163,{"v":34.8880449999999,"d":"34.89"},{"v":0.93996673,"d":"0.94"},{"v":153.2145771,"d":"153.21"},{"v":9.78542294,"d":"9.79"},0,"0_61719000_5267",{"v":342.42327453,"d":"342.42"},0,{"v":9.78542294,"d":"9.79"},{"v":0.092464878,"d":"0.09"},"0_61719000_5267_78610","G",{"v":20.158055509,"d":"20.16"},{"v":0.0588688240794,"d":"0.06"},{"v":0.576056341597,"d":"0.58"}]
[6,617,61729,{"v":2103.96953799999,"d":"2,103.97"},2101,{"v":0.998588602,"d":"1.00"},"G",310,61729001,{"v":399.723336744999,"d":"399.72"},72,57,129,{"v":41.5731388999999,"d":"41.57"},{"v":0.967661341,"d":"0.97"},{"v":124.828312999999,"d":"124.83"},{"v":4.171687022,"d":"4.17"},0,"0_61729001_5273",{"v":358.150197841,"d":"358.15"},0,{"v":4.171687022,"d":"4.17"},{"v":0.104004783,"d":"0.10"},"0_61729001_5273_78825","F",{"v":13.6222298491,"d":"13.62"},{"v":0.0380349639096,"d":"0.04"},{"v":0.158669965324,"d":"0.16"}]
[6,617,61748,{"v":3718.914314,"d":"3,718.91"},4279,{"v":1.150604622,"d":"1.15"},"M",410,61748000,{"v":1326.23998127999,"d":"1,326.24"},125,419,544,{"v":165.3115884,"d":"165.31"},{"v":0.93996673,"d":"0.94"},{"v":511.341901399999,"d":"511.34"},{"v":32.6580986499999,"d":"32.66"},0,"0_61748000_5289",{"v":1160.92839288999,"d":"1,160.93"},0,{"v":32.6580986499999,"d":"32.66"},{"v":0.124646814,"d":"0.12"},"0_61748000_5289_79088","D",{"v":0.192606049213,"d":"0.19"},{"v":0.000165906915872,"d":"0.00"},{"v":5.41820442527E-3,"d":"0.01"}]
[6,617,61760,{"v":3866.612814,"d":"3,866.61"},10926,{"v":2.82572901,"d":"2.83"},"ST",210,61760001,{"v":229.28332699,"d":"229.28"},109,2677,2786,{"v":168.517732499999,"d":"168.52"},{"v":0.980090788,"d":"0.98"},{"v":2730.532935,"d":"2,730.53"},{"v":55.46706462,"d":"55.47"},0,"0_61760001_5318",{"v":60.765594487,"d":"60.77"},0,{"v":55.46706462,"d":"55.47"},{"v":0.734975956,"d":"0.73"},"0_61760001_5318_79589","E",{"v":0.0364550005802,"d":"0.04"},{"v":0.000599928312855,"d":"0.00"},{"v":0.0332762624965,"d":"0.03"}]
[6,617,61760,{"v":3866.612814,"d":"3,866.61"},10926,{"v":2.82572901,"d":"2.83"},"ST",210,61760008,{"v":501.87048369,"d":"501.87"},203,52,255,{"v":27.6611144399999,"d":"27.66"},{"v":0.980090788,"d":"0.98"},{"v":249.923150899999,"d":"249.92"},{"v":5.076849059,"d":"5.08"},0,"0_61760008_5325",{"v":474.209369254,"d":"474.21"},0,{"v":5.076849059,"d":"5.08"},{"v":0.055116042,"d":"0.06"},"0_61760008_5325_79778","G",{"v":68.1613936806,"d":"68.16"},{"v":0.143736918964,"d":"0.14"},{"v":0.729730641786,"d":"0.73"}]
[6,617,61764,{"v":2813.315462,"d":"2,813.32"},3679,{"v":1.307709729,"d":"1.31"},"M",410,61764002,{"v":587.693173229999,"d":"587.69"},39,24,63,{"v":41.46046624,"d":"41.46"},{"v":0.93996673,"d":"0.94"},{"v":59.2179040199999,"d":"59.22"},{"v":3.782095983,"d":"3.78"},0,"0_61764002_5340",{"v":546.232706988,"d":"546.23"},0,{"v":3.782095983,"d":"3.78"},{"v":0.07054781,"d":"0.07"},"0_61764002_5340_80068","G",{"v":9.11727523904,"d":"9.12"},{"v":0.0166911924577,"d":"0.02"},{"v":0.0631276919457,"d":"0.06"}]
[6,617,61766,{"v":1747.37985099999,"d":"1,747.38"},11797,{"v":6.75125102,"d":"6.75"},"ST",103,61766009,{"v":1241.32310149999,"d":"1,241.32"},159,2847,3006,{"v":259.9796723,"d":"259.98"},{"v":0.991139192,"d":"0.99"},{"v":2979.36441,"d":"2,979.36"},{"v":26.63558982,"d":"26.64"},0,"0_61766009_5354",{"v":981.343429199999,"d":"981.34"},0,{"v":26.63558982,"d":"26.64"},{"v":0.209437553,"d":"0.21"},"0_61766009_5354_80283","E",{"v":5.99142277982E-3,"d":"0.01"},{"v":6.10532725e-06,"d":"0.00"},{"v":1.62618992346E-4,"d":"0.00"}]
[6,620,62007,{"v":5469.57545399999,"d":"5,469.58"},7657,{"v":1.399925838,"d":"1.40"},"G",103,62007030,{"v":261.503090014999,"d":"261.50"},41,492,533,{"v":100.294899099999,"d":"100.29"},{"v":0.991139192,"d":"0.99"},{"v":528.277189199999,"d":"528.28"},{"v":4.722810836,"d":"4.72"},0,"0_62007030_5362",{"v":161.20819093,"d":"161.21"},0,{"v":4.722810836,"d":"4.72"},{"v":0.383532367,"d":"0.38"},"0_62007030_5362_80546","G",{"v":11.7926056226,"d":"11.79"},{"v":0.073151404743,"d":"0.07"},{"v":0.345480246989,"d":"0.35"}]
[6,620,62040,{"v":6374.297673,"d":"6,374.30"},9853,{"v":1.54573892,"d":"1.55"},"ST",103,62040010,{"v":48.315329845,"d":"48.32"},27,131,158,{"v":24.00280291,"d":"24.00"},{"v":0.991139192,"d":"0.99"},{"v":156.599992299999,"d":"156.60"},{"v":1.400007715,"d":"1.40"},0,"0_62040010_5397",{"v":24.3125269334,"d":"24.31"},0,{"v":1.400007715,"d":"1.40"},{"v":0.496794764,"d":"0.50"},"0_62040010_5397_81047","E",{"v":3.93710381673,"d":"3.94"},{"v":0.161937252656,"d":"0.16"},{"v":0.226713403064,"d":"0.23"}]
[6,620,62042,{"v":15913.36086,"d":"15,913.36"},3760,{"v":0.23627944,"d":"0.24"},"M",410,62042002,{"v":2092.02458803999,"d":"2,092.02"},97,214,311,{"v":85.3460481399999,"d":"85.35"},{"v":0.93996673,"d":"0.94"},{"v":292.329653199999,"d":"292.33"},{"v":18.67034684,"d":"18.67"},0,"0_62042002_5412",{"v":2006.6785399,"d":"2,006.68"},0,{"v":18.67034684,"d":"18.67"},{"v":0.040795911,"d":"0.04"},"0_62042002_5412_81262","F",{"v":0.181512146078,"d":"0.18"},{"v":9.0454022639e-05,"d":"0.00"},{"v":1.68880797575E-3,"d":"0.00"}]
[6,620,62046,{"v":14824.9096499999,"d":"14,824.91"},2687,{"v":0.181248997,"d":"0.18"},"G",310,62046000,{"v":10498.0701688999,"d":"10,498.07"},85,36,121,{"v":105.264995999999,"d":"105.26"},{"v":0.967661341,"d":"0.97"},{"v":117.0870223,"d":"117.09"},{"v":3.912977749,"d":"3.91"},0,"0_62046000_5429",{"v":10392.805173,"d":"10,392.81"},0,{"v":3.912977749,"d":"3.91"},{"v":0.010027081,"d":"0.01"},"0_62046000_5429_81525","F",{"v":0.0811897368582,"d":"0.08"},{"v":7.812109965e-06,"d":"0.00"},{"v":3.0568612466e-05,"d":"0.00"}]
[6,620,62048,{"v":14963.0734799999,"d":"14,963.07"},4776,{"v":0.319185761,"d":"0.32"},"M",410,62048000,{"v":127.103903239999,"d":"127.10"},77,445,522,{"v":88.5891323599999,"d":"88.59"},{"v":0.93996673,"d":"0.94"},{"v":490.662633299999,"d":"490.66"},{"v":31.3373667199999,"d":"31.34"},0,"0_62048000_5437",{"v":38.5147708752,"d":"38.51"},0,{"v":31.3373667199999,"d":"31.34"},{"v":0.696981997,"d":"0.70"},"0_62048000_5437_81740","außerhalb GKL",{"v":2.89592013948,"d":"2.90"},{"v":0.0751898576487,"d":"0.08"},{"v":2.35625214276,"d":"2.36"}]
[6,621,62115,{"v":9374.413085,"d":"9,374.41"},5356,{"v":0.571342435,"d":"0.57"},"M",410,62115002,{"v":428.933501845,"d":"428.93"},57,614,671,{"v":148.5857928,"d":"148.59"},{"v":0.93996673,"d":"0.94"},{"v":630.717676099999,"d":"630.72"},{"v":40.28232388,"d":"40.28"},0,"0_62115002_5450",{"v":280.347709024999,"d":"280.35"},0,{"v":40.28232388,"d":"40.28"},{"v":0.346407525,"d":"0.35"},"0_62115002_5450_82003","außerhalb GKL",{"v":0.490243288908,"d":"0.49"},{"v":0.00174869732524,"d":"0.00"},{"v":0.0704415920234,"d":"0.07"}]
[6,621,62135,{"v":13419.73782,"d":"13,419.74"},1604,{"v":0.119525435,"d":"0.12"},"M",410,62135000,{"v":13428.9895223999,"d":"13,428.99"},142,252,394,{"v":178.0567762,"d":"178.06"},{"v":0.93996673,"d":"0.94"},{"v":370.346891799999,"d":"370.35"},{"v":23.6531082099999,"d":"23.65"},0,"0_62135000_5469",{"v":13250.9327462,"d":"13,250.93"},0,{"v":23.6531082099999,"d":"23.65"},{"v":0.013259134,"d":"0.01"},"0_62135000_5469_82504","außerhalb GKL",{"v":3.52716086886,"d":"3.53"},{"v":0.000266182082154,"d":"0.00"},{"v":0.00629603359275,"d":"0.01"}]
[6,621,62139,{"v":8528.40112399999,"d":"8,528.40"},15787,{"v":1.851108991,"d":"1.85"},"ST",102,62139009,{"v":1133.14290153,"d":"1,133.14"},34,701,735,{"v":69.09657939,"d":"69.10"},{"v":0.988126829,"d":"0.99"},{"v":726.2732194,"d":"726.27"},{"v":8.72678063899999,"d":"8.73"},0,"0_62139009_5478",{"v":1064.04632214,"d":"1,064.05"},0,{"v":8.72678063899999,"d":"8.73"},{"v":0.060977816,"d":"0.06"},"0_62139009_5478_82719","G",{"v":0.171051560721,"d":"0.17"},{"v":0.000160755746401,"d":"0.00"},{"v":0.0014028801353,"d":"0.00"}]
[6,621,62140,{"v":8202.74981099999,"d":"8,202.75"},22609,{"v":2.756270826,"d":"2.76"},"ST",102,62140013,{"v":33.3572219799999,"d":"33.36"},16,85,101,{"v":16.12773365,"d":"16.13"},{"v":0.988126829,"d":"0.99"},{"v":99.80080974,"d":"99.80"},{"v":1.199190265,"d":"1.20"},0,"0_62140013_5497",{"v":17.2294883319,"d":"17.23"},0,{"v":1.199190265,"d":"1.20"},{"v":0.483485515,"d":"0.48"},"0_62140013_5497_82982","D",{"v":0.045801528911,"d":"0.05"},{"v":0.00265832205976,"d":"0.00"},{"v":0.0031878339353,"d":"0.00"}]
[6,621,62140,{"v":8202.74981099999,"d":"8,202.75"},22609,{"v":2.756270826,"d":"2.76"},"ST",102,62140023,{"v":229.93419546,"d":"229.93"},17,357,374,{"v":69.2663347099999,"d":"69.27"},{"v":0.988126829,"d":"0.99"},{"v":369.559434099999,"d":"369.56"},{"v":4.44056593,"d":"4.44"},0,"0_62140023_5507",{"v":160.667860754,"d":"160.67"},0,{"v":4.44056593,"d":"4.44"},{"v":0.301244165,"d":"0.30"},"0_62140023_5507_83197","E",{"v":0.0283446281159,"d":"0.03"},{"v":1.76417536045E-4,"d":"0.00"},{"v":0.000783393700016,"d":"0.00"}]
[6,621,62141,{"v":9052.389008,"d":"9,052.39"},8150,{"v":0.900314822,"d":"0.90"},"ST",410,62141007,{"v":347.922358949999,"d":"347.92"},51,78,129,{"v":83.96292191,"d":"83.96"},{"v":0.93996673,"d":"0.94"},{"v":121.2557082,"d":"121.26"},{"v":7.744291775,"d":"7.74"},0,"0_62141007_5517",{"v":263.959437041999,"d":"263.96"},0,{"v":7.744291775,"d":"7.74"},{"v":0.241326606,"d":"0.24"},"0_62141007_5517_83460","D",{"v":7.43649074364,"d":"7.44"},{"v":0.0281728542346,"d":"0.03"},{"v":0.218178803327,"d":"0.22"}]
[6,621,62143,{"v":5132.38060899999,"d":"5,132.38"},8347,{"v":1.626340803,"d":"1.63"},"ST",210,62143007,{"v":103.985413519999,"d":"103.99"},22,390,412,{"v":66.76041078,"d":"66.76"},{"v":0.980090788,"d":"0.98"},{"v":403.7974047,"d":"403.80"},{"v":8.202595342,"d":"8.20"},0,"0_62143007_5537",{"v":37.2250027429,"d":"37.23"},0,{"v":8.202595342,"d":"8.20"},{"v":0.642017073,"d":"0.64"},"0_62143007_5537_83675","außerhalb GKL",{"v":0.190093150459,"d":"0.19"},{"v":0.00510659869583,"d":"0.01"},{"v":0.0418873626759,"d":"0.04"}]
[6,622,62209,{"v":1728.55190799999,"d":"1,728.55"},1306,{"v":0.755545722,"d":"0.76"},"G",420,62209002,{"v":625.373417984999,"d":"625.37"},27,6,33,{"v":20.98131446,"d":"20.98"},{"v":0.954532045,"d":"0.95"},{"v":31.49955749,"d":"31.50"},{"v":1.500442509,"d":"1.50"},0,"0_62209002_5575",{"v":604.392103521999,"d":"604.39"},0,{"v":1.500442509,"d":"1.50"},{"v":0.033550058,"d":"0.03"},"0_62209002_5575_84176","außerhalb GKL",{"v":604.392103521999,"d":"604.39"},{"v":1,"d":"1.00"},{"v":1.500442509,"d":"1.50"}]
[6,622,62219,{"v":2157.88192799999,"d":"2,157.88"},6795,{"v":3.148921131,"d":"3.15"},"ST",220,62219007,{"v":264.671655789999,"d":"264.67"},68,1644,1712,{"v":148.790893299999,"d":"148.79"},{"v":0.99140599,"d":"0.99"},{"v":1697.287055,"d":"1,697.29"},{"v":14.71294528,"d":"14.71"},0,"0_62219007_5590",{"v":115.880762455999,"d":"115.88"},0,{"v":14.71294528,"d":"14.71"},{"v":0.562171619,"d":"0.56"},"0_62219007_5590_84439","E",{"v":5.11346363212,"d":"5.11"},{"v":0.0441269415539,"d":"0.04"},{"v":0.649237276456,"d":"0.65"}]
[6,622,62233,{"v":5909.364959,"d":"5,909.36"},3138,{"v":0.531021526,"d":"0.53"},"M",420,62233001,{"v":2047.12929714,"d":"2,047.13"},106,367,473,{"v":151.9790044,"d":"151.98"},{"v":0.954532045,"d":"0.95"},{"v":451.4936574,"d":"451.49"},{"v":21.5063426299999,"d":"21.51"},0,"0_62233001_5602",{"v":1895.15029271,"d":"1,895.15"},0,{"v":21.5063426299999,"d":"21.51"},{"v":0.074240061,"d":"0.07"},"0_62233001_5602_84654","außerhalb GKL",{"v":82.4471817947,"d":"82.45"},{"v":0.0435042973171,"d":"0.04"},{"v":0.935618323979,"d":"0.94"}]
[6,622,62252,{"v":1818.66519399999,"d":"1,818.67"},1463,{"v":0.804436135,"d":"0.80"},"G",420,62252000,{"v":496.900033109999,"d":"496.90"},40,192,232,{"v":58.63262581,"d":"58.63"},{"v":0.954532045,"d":"0.95"},{"v":221.4514345,"d":"221.45"},{"v":10.54856552,"d":"10.55"},0,"0_62252000_5615",{"v":438.267407298,"d":"438.27"},0,{"v":10.54856552,"d":"10.55"},{"v":0.117996824,"d":"0.12"},"0_62252000_5615_84869","G",{"v":30.0504449556,"d":"30.05"},{"v":0.0685664606932,"d":"0.07"},{"v":0.723277803097,"d":"0.72"}]
[6,622,62266,{"v":2570.197364,"d":"2,570.20"},2399,{"v":0.933391355,"d":"0.93"},"G",410,62266002,{"v":280.594145985,"d":"280.59"},32,36,68,{"v":32.09446941,"d":"32.09"},{"v":0.93996673,"d":"0.94"},{"v":63.91773767,"d":"63.92"},{"v":4.082262331,"d":"4.08"},0,"0_62266002_5640",{"v":248.499676574,"d":"248.50"},0,{"v":4.082262331,"d":"4.08"},{"v":0.114380396,"d":"0.11"},"0_62266002_5640_85132","E",{"v":15.737172971,"d":"15.74"},{"v":0.0633287462904,"d":"0.06"},{"v":0.258524555451,"d":"0.26"}]
[6,622,62271,{"v":3929.34155199999,"d":"3,929.34"},3779,{"v":0.961738742,"d":"0.96"},"M",410,62271004,{"v":483.56310752,"d":"483.56"},38,1119,1157,{"v":111.892563699999,"d":"111.89"},{"v":0.93996673,"d":"0.94"},{"v":1087.54150699999,"d":"1,087.54"},{"v":69.45849289,"d":"69.46"},0,"0_62271004_5675",{"v":371.670543823,"d":"371.67"},0,{"v":69.45849289,"d":"69.46"},{"v":0.231391853,"d":"0.23"},"0_62271004_5675_85633","G",{"v":23.9802112526999,"d":"23.98"},{"v":0.0645200747039,"d":"0.06"},{"v":4.48146715008,"d":"4.48"}]
[6,622,62275,{"v":8887.460294,"d":"8,887.46"},5930,{"v":0.667232236,"d":"0.67"},"M",420,62275000,{"v":466.25573814,"d":"466.26"},141,1123,1264,{"v":176.412959099999,"d":"176.41"},{"v":0.954532045,"d":"0.95"},{"v":1206.52850499999,"d":"1,206.53"},{"v":57.4714949,"d":"57.47"},0,"0_62275000_5692",{"v":289.842779061999,"d":"289.84"},0,{"v":57.4714949,"d":"57.47"},{"v":0.378360939,"d":"0.38"},"0_62275000_5692_85896","F",{"v":7.87611489748,"d":"7.88"},{"v":0.0271737488958,"d":"0.03"},{"v":1.56171597108,"d":"1.56"}]
[6,622,62277,{"v":2654.85663199999,"d":"2,654.86"},2639,{"v":0.994027311,"d":"0.99"},"G",420,62277002,{"v":585.111250609999,"d":"585.11"},39,157,196,{"v":87.14505144,"d":"87.15"},{"v":0.954532045,"d":"0.95"},{"v":187.0882809,"d":"187.09"},{"v":8.91171914499999,"d":"8.91"},0,"0_62277002_5705",{"v":497.966199173,"d":"497.97"},0,{"v":8.91171914499999,"d":"8.91"},{"v":0.148937576,"d":"0.15"},"0_62277002_5705_86111","G",{"v":1.57062870063,"d":"1.57"},{"v":0.00315408697064,"d":"0.00"},{"v":0.0281083372412,"d":"0.03"}]
[6,623,62326,{"v":3878.40047899999,"d":"3,878.40"},1731,{"v":0.446318014,"d":"0.45"},"M",420,62326007,{"v":640.585890599999,"d":"640.59"},25,14,39,{"v":3.890655027,"d":"3.89"},{"v":0.954532045,"d":"0.95"},{"v":37.2267497599999,"d":"37.23"},{"v":1.773250238,"d":"1.77"},0,"0_62326007_5725",{"v":636.695235573999,"d":"636.70"},0,{"v":1.773250238,"d":"1.77"},{"v":0.006073588,"d":"0.01"},"0_62326007_5725_86326","G",{"v":10.1478676598999,"d":"10.15"},{"v":0.0159383439563,"d":"0.02"},{"v":0.0282626722138,"d":"0.03"}]
[6,623,62376,{"v":2999.99755099999,"d":"3,000.00"},3178,{"v":1.059334198,"d":"1.06"},"ST",220,62376005,{"v":146.174735655,"d":"146.17"},16,14,30,{"v":17.9568046099999,"d":"17.96"},{"v":0.99140599,"d":"0.99"},{"v":29.7421797,"d":"29.74"},{"v":0.257820303,"d":"0.26"},0,"0_62376005_5758",{"v":128.217931044,"d":"128.22"},0,{"v":0.257820303,"d":"0.26"},{"v":0.122844789,"d":"0.12"},"0_62376005_5758_86589","F",{"v":15.6438083709,"d":"15.64"},{"v":0.122009521161,"d":"0.12"},{"v":0.0314565317146,"d":"0.03"}]
[6,623,62381,{"v":3915.85442599999,"d":"3,915.85"},3248,{"v":0.829448607,"d":"0.83"},"M",310,62381000,{"v":903.34610322,"d":"903.35"},122,786,908,{"v":103.549667499999,"d":"103.55"},{"v":0.967661341,"d":"0.97"},{"v":878.636497599999,"d":"878.64"},{"v":29.3635024499999,"d":"29.36"},0,"0_62381000_5812",{"v":799.796435685999,"d":"799.80"},0,{"v":29.3635024499999,"d":"29.36"},{"v":0.114629008,"d":"0.11"},"0_62381000_5812_87090","C",{"v":0.0355248925865,"d":"0.04"},{"v":4.4417417985e-05,"d":"0.00"},{"v":1.30425096182E-3,"d":"0.00"}]
[6,623,62383,{"v":3872.713642,"d":"3,872.71"},3521,{"v":0.909181604,"d":"0.91"},"ST",410,62383004,{"v":1126.09775902,"d":"1,126.10"},81,147,228,{"v":134.3905905,"d":"134.39"},{"v":0.93996673,"d":"0.94"},{"v":214.312414499999,"d":"214.31"},{"v":13.6875854599999,"d":"13.69"},0,"0_62383004_5825",{"v":991.707168564999,"d":"991.71"},0,{"v":13.6875854599999,"d":"13.69"},{"v":0.119341851,"d":"0.12"},"0_62383004_5825_87305","E",{"v":5.67726086855,"d":"5.68"},{"v":5.72473513201E-3,"d":"0.01"},{"v":0.0783578013553,"d":"0.08"}]
[6,623,62389,{"v":4319.63865499999,"d":"4,319.64"},3898,{"v":0.902390295,"d":"0.90"},"M",410,62389000,{"v":149.646578084999,"d":"149.65"},71,842,913,{"v":97.27675537,"d":"97.28"},{"v":0.93996673,"d":"0.94"},{"v":858.1896249,"d":"858.19"},{"v":54.81037512,"d":"54.81"},0,"0_62389000_5855",{"v":52.3698227109,"d":"52.37"},0,{"v":54.81037512,"d":"54.81"},{"v":0.650043299,"d":"0.65"},"0_62389000_5855_87568","F",{"v":0.00630486584448,"d":"0.01"},{"v":1.2039120085E-4,"d":"0.00"},{"v":0.00659868687974,"d":"0.01"}]
[1,104,10405,{"v":4928.357694,"d":"4,928.36"},3667,{"v":0.744061253,"d":"0.74"},"ST",430,10405001,{"v":1208.90980504,"d":"1,208.91"},69,1834,1903,{"v":158.8318576,"d":"158.83"},{"v":0.945243625,"d":"0.95"},{"v":1798.798618,"d":"1,798.80"},{"v":104.2013816,"d":"104.20"},1,"1_10405001_7318",{"v":157.442519156,"d":"157.44"},0.991252772177,{"v":1783.06411668,"d":"1,783.06"},{"v":0.131384374,"d":"0.13"},"1_10405001_7318_87783","außerhalb GKL",{"v":4.99512787178,"d":"5.00"},{"v":0.0317266764947,"d":"0.03"},{"v":56.5706983991999,"d":"56.57"}]
[1,104,10414,{"v":1776.20542399999,"d":"1,776.21"},2661,{"v":1.498137526,"d":"1.50"},"M",430,10414001,{"v":1716.46290445999,"d":"1,716.46"},117,1106,1223,{"v":261.909281799999,"d":"261.91"},{"v":0.945243625,"d":"0.95"},{"v":1156.03295299999,"d":"1,156.03"},{"v":66.9670465899999,"d":"66.97"},1,"1_10414001_7380",{"v":5.91367431069,"d":"5.91"},0.0225790940666,{"v":26.1021767899,"d":"26.10"},{"v":0.152586625,"d":"0.15"},"1_10414001_7380_88046","außerhalb GKL",{"v":0.973895507121,"d":"0.97"},{"v":0.164685347206,"d":"0.16"},{"v":4.29864604748,"d":"4.30"}]
[1,105,10503,{"v":2376.81311899999,"d":"2,376.81"},1234,{"v":0.519182594,"d":"0.52"},"M",430,10503000,{"v":1620.74180686999,"d":"1,620.74"},57,363,420,{"v":205.289085099999,"d":"205.29"},{"v":0.945243625,"d":"0.95"},{"v":397.002322499999,"d":"397.00"},{"v":22.99767749,"d":"23.00"},1,"1_10503000_7443",{"v":87.9500870823,"d":"87.95"},0.428420668539,{"v":170.084000416999,"d":"170.08"},{"v":0.126663658,"d":"0.13"},"1_10503000_7443_88261","G",{"v":0.319677251696,"d":"0.32"},{"v":3.63475764836E-3,"d":"0.00"},{"v":0.618214121379,"d":"0.62"}]
[1,108,10809,{"v":5878.743244,"d":"5,878.74"},2019,{"v":0.343440752,"d":"0.34"},"M",430,10809001,{"v":1181.43255406999,"d":"1,181.43"},9,67,76,{"v":45.99027018,"d":"45.99"},{"v":0.945243625,"d":"0.95"},{"v":71.8385155,"d":"71.84"},{"v":4.161484498,"d":"4.16"},1,"1_10809001_7753",{"v":43.4129934228,"d":"43.41"},0.943960391032,{"v":67.8127131825,"d":"67.81"},{"v":0.038927546,"d":"0.04"},"1_10809001_7753_88762","G",{"v":21.0753646253999,"d":"21.08"},{"v":0.485462138493,"d":"0.49"},{"v":32.9205047586,"d":"32.92"}]
[1,108,10816,{"v":1263.96643599999,"d":"1,263.97"},3204,{"v":2.534877437,"d":"2.53"},"ST",430,10816001,{"v":548.278553845,"d":"548.28"},110,1505,1615,{"v":146.022831599999,"d":"146.02"},{"v":0.945243625,"d":"0.95"},{"v":1526.56845399999,"d":"1,526.57"},{"v":88.43154558,"d":"88.43"},1,"1_10816001_7795",{"v":146.022831601,"d":"146.02"},1.00000000001,{"v":1526.56845401999,"d":"1,526.57"},{"v":0.266329643,"d":"0.27"},"1_10816001_7795_89025","E",{"v":6.45475168598,"d":"6.45"},{"v":0.0442037153725,"d":"0.04"},{"v":67.4799974381,"d":"67.48"}]
[1,108,10823,{"v":2472.180953,"d":"2,472.18"},1837,{"v":0.743068584,"d":"0.74"},"M",410,10823000,{"v":1248.46674050999,"d":"1,248.47"},63,448,511,{"v":156.8173721,"d":"156.82"},{"v":0.93996673,"d":"0.94"},{"v":480.3229992,"d":"480.32"},{"v":30.67700075,"d":"30.68"},1,"1_10823000_7837",{"v":150.071569750999,"d":"150.07"},0.956983067254,{"v":459.660977047,"d":"459.66"},{"v":0.125607969,"d":"0.13"},"1_10823000_7837_89240","E",{"v":3.58496631633,"d":"3.58"},{"v":0.0238883775407,"d":"0.02"},{"v":10.9805549603999,"d":"10.98"}]
[1,109,10905,{"v":3130.310113,"d":"3,130.31"},3547,{"v":1.133114571,"d":"1.13"},"M",420,10905001,{"v":1739.75678648999,"d":"1,739.76"},100,1433,1533,{"v":232.2852367,"d":"232.29"},{"v":0.954532045,"d":"0.95"},{"v":1463.29762499999,"d":"1,463.30"},{"v":69.7023747399999,"d":"69.70"},1,"1_10905001_7894",{"v":232.285236709999,"d":"232.29"},1.00000000004,{"v":1463.29762505999,"d":"1,463.30"},{"v":0.133515925,"d":"0.13"},"1_10905001_7894_89503","G",{"v":0.91494978858,"d":"0.91"},{"v":0.00393890632715,"d":"0.00"},{"v":5.76379227385,"d":"5.76"}]
[1,109,10909,{"v":1386.796147,"d":"1,386.80"},1154,{"v":0.832133838,"d":"0.83"},"M",420,10909000,{"v":1386.79614738999,"d":"1,386.80"},92,216,308,{"v":194.497929099999,"d":"194.50"},{"v":0.954532045,"d":"0.95"},{"v":293.9958699,"d":"294.00"},{"v":14.00413009,"d":"14.00"},1,"1_10909000_7935",{"v":161.304716159999,"d":"161.30"},0.829338990427,{"v":243.822237932999,"d":"243.82"},{"v":0.140249834,"d":"0.14"},"1_10909000_7935_89680","F",{"v":1.03865887873,"d":"1.04"},{"v":6.43911042068E-3,"d":"0.01"},{"v":1.56999831307,"d":"1.57"}]
[1,109,10923,{"v":4206.98797699999,"d":"4,206.99"},1985,{"v":0.471834008,"d":"0.47"},"ST",420,10923000,{"v":879.962202729999,"d":"879.96"},44,184,228,{"v":91.0515024299999,"d":"91.05"},{"v":0.954532045,"d":"0.95"},{"v":217.633306299999,"d":"217.63"},{"v":10.3666937,"d":"10.37"},1,"1_10923000_8040",{"v":0.743138373549,"d":"0.74"},0.0081617365306,{"v":1.7762657063,"d":"1.78"},{"v":0.103472061,"d":"0.10"},"1_10923000_8040_90220","G",{"v":0.0322351158439,"d":"0.03"},{"v":0.0433770035181,"d":"0.04"},{"v":0.0770490837913,"d":"0.08"}]
[2,201,20101,{"v":12003.30138,"d":"12,003.30"},101300,{"v":8.439344879,"d":"8.44"},"SR",101,20101100,{"v":19.99463452,"d":"19.99"},55,312,367,{"v":19.99197698,"d":"19.99"},{"v":0.992934034,"d":"0.99"},{"v":364.4067905,"d":"364.41"},{"v":2.593209507,"d":"2.59"},1,"1_20101100_8134",{"v":19.9919769806999,"d":"19.99"},1.00000000004,{"v":364.406790515,"d":"364.41"},{"v":0.999867087,"d":"1.00"},"1_20101100_8134_90483","E",{"v":0.337173249312,"d":"0.34"},{"v":0.0168654280483,"d":"0.02"},{"v":6.14587650574,"d":"6.15"}]
[2,201,20101,{"v":12003.30138,"d":"12,003.30"},101300,{"v":8.439344879,"d":"8.44"},"SR",101,20101302,{"v":32.445392345,"d":"32.45"},66,504,570,{"v":32.4453923399999,"d":"32.45"},{"v":0.992934034,"d":"0.99"},{"v":570,"d":"570.00"},{"v":0,"d":"0.00"},1,"1_20101302_8176",{"v":32.4453923449,"d":"32.45"},1.00000000015,{"v":570.000000086,"d":"570.00"},{"v":1,"d":"1.00"},"1_20101302_8176_90698","C",{"v":0.0011644498645,"d":"0.00"},{"v":3.5889529463e-05,"d":"0.00"},{"v":0.020457031797,"d":"0.02"}]
[2,201,20101,{"v":12003.30138,"d":"12,003.30"},101300,{"v":8.439344879,"d":"8.44"},"SR",101,20101386,{"v":9.07958547999,"d":"9.08"},29,6,35,{"v":9.07958548,"d":"9.08"},{"v":0.992934034,"d":"0.99"},{"v":35,"d":"35.00"},{"v":0,"d":"0.00"},1,"1_20101386_8206",{"v":9.07958547999,"d":"9.08"},0.999999999999,{"v":35,"d":"35.00"},{"v":1,"d":"1.00"},"1_20101386_8206_90913","D",{"v":8.49812587253,"d":"8.50"},{"v":0.935959674729,"d":"0.94"},{"v":32.7585886155,"d":"32.76"}]
[2,201,20101,{"v":12003.30138,"d":"12,003.30"},101300,{"v":8.439344879,"d":"8.44"},"SR",101,20101565,{"v":9.06465810497999,"d":"9.06"},14,23,37,{"v":9.06465810499999,"d":"9.06"},{"v":0.992934034,"d":"0.99"},{"v":37,"d":"37.00"},{"v":0,"d":"0.00"},1,"1_20101565_8253",{"v":9.06465810501999,"d":"9.06"},1,{"v":37,"d":"37.00"},{"v":1,"d":"1.00"},"1_20101565_8253_91176","D",{"v":1.96855311428,"d":"1.97"},{"v":0.217167938545,"d":"0.22"},{"v":8.03521372616,"d":"8.04"}]
[2,201,20101,{"v":12003.30138,"d":"12,003.30"},101300,{"v":8.439344879,"d":"8.44"},"SR",101,20101680,{"v":625.26418305,"d":"625.26"},36,34,70,{"v":35.52552287,"d":"35.53"},{"v":0.992934034,"d":"0.99"},{"v":69.50538238,"d":"69.51"},{"v":0.494617617,"d":"0.49"},1,"1_20101680_8288",{"v":3.1728565257,"d":"3.17"},0.0893120289126,{"v":6.2076667207,"d":"6.21"},{"v":0.056816821,"d":"0.06"},"1_20101680_8288_91391","G",{"v":0.00373685335799,"d":"0.00"},{"v":1.17775680297E-3,"d":"0.00"},{"v":0.00731112171087,"d":"0.01"}]
[2,202,20201,{"v":13490.3313699999,"d":"13,490.33"},62882,{"v":4.6612643,"d":"4.66"},"SR",102,20201140,{"v":607.967346714999,"d":"607.97"},96,993,1089,{"v":70.43749424,"d":"70.44"},{"v":0.988126829,"d":"0.99"},{"v":1076.07011699999,"d":"1,076.07"},{"v":12.92988315,"d":"12.93"},1,"1_20201140_8386",{"v":0.798192291817,"d":"0.80"},0.0113319234369,{"v":12.1939441786,"d":"12.19"},{"v":0.115857364,"d":"0.12"},"1_20201140_8386_91940","E",{"v":0.717396684215,"d":"0.72"},{"v":0.898776762905,"d":"0.90"},{"v":10.9596336758999,"d":"10.96"}]
[2,202,20201,{"v":13490.3313699999,"d":"13,490.33"},62882,{"v":4.6612643,"d":"4.66"},"SR",102,20201240,{"v":119.15421774,"d":"119.15"},21,118,139,{"v":65.08462183,"d":"65.08"},{"v":0.988126829,"d":"0.99"},{"v":137.3496292,"d":"137.35"},{"v":1.65037076,"d":"1.65"},1,"1_20201240_8422",{"v":60.5622120713999,"d":"60.56"},0.930514926085,{"v":127.805880063,"d":"127.81"},{"v":0.546221721,"d":"0.55"},"1_20201240_8422_92155","außerhalb GKL",{"v":0.00221039681586,"d":"0.00"},{"v":3.6497953761e-05,"d":"0.00"},{"v":0.00466465310095,"d":"0.00"}]
[2,202,20201,{"v":13490.3313699999,"d":"13,490.33"},62882,{"v":4.6612643,"d":"4.66"},"SR",102,20201300,{"v":1382.71892898999,"d":"1,382.72"},138,289,427,{"v":211.788401399999,"d":"211.79"},{"v":0.988126829,"d":"0.99"},{"v":421.930156,"d":"421.93"},{"v":5.06984399,"d":"5.07"},1,"1_20201300_8451",{"v":192.220273190999,"d":"192.22"},0.907605288677,{"v":382.946041037999,"d":"382.95"},{"v":0.153168078,"d":"0.15"},"1_20201300_8451_92370","außerhalb GKL",{"v":31.5840190569,"d":"31.58"},{"v":0.164311591762,"d":"0.16"},{"v":62.9224735618999,"d":"62.92"}]
[2,203,20305,{"v":20535.02271,"d":"20,535.02"},6886,{"v":0.335329554,"d":"0.34"},"ST",430,20305020,{"v":4598.73876131999,"d":"4,598.74"},114,87,201,{"v":148.9574334,"d":"148.96"},{"v":0.945243625,"d":"0.95"},{"v":189.993968599999,"d":"189.99"},{"v":11.00603137,"d":"11.01"},1,"1_20305020_8525",{"v":0.802823960862,"d":"0.80"},0.00538961999101,{"v":1.02399529134,"d":"1.02"},{"v":0.032390932,"d":"0.03"},"1_20305020_8525_92633","außerhalb GKL",{"v":0.802823960862,"d":"0.80"},{"v":1,"d":"1.00"},{"v":1.02399529134,"d":"1.02"}]
[2,204,20403,{"v":7184.04343799999,"d":"7,184.04"},2474,{"v":0.34437431,"d":"0.34"},"M",310,20403000,{"v":5129.91468756999,"d":"5,129.91"},118,651,769,{"v":225.6521615,"d":"225.65"},{"v":0.967661341,"d":"0.97"},{"v":744.1315712,"d":"744.13"},{"v":24.8684288299999,"d":"24.87"},1,"1_20403000_8700",{"v":222.871623115999,"d":"222.87"},0.987677767563,{"v":734.962209015999,"d":"734.96"},{"v":0.043987508,"d":"0.04"},"1_20403000_8700_92848","außerhalb GKL",{"v":9.25214801275,"d":"9.25"},{"v":0.0415133514235,"d":"0.04"},{"v":30.5107444659,"d":"30.51"}]
[2,204,20417,{"v":2551.72719499999,"d":"2,551.73"},2561,{"v":1.003633933,"d":"1.00"},"G",101,20417000,{"v":2551.72812904,"d":"2,551.73"},188,204,392,{"v":182.0995886,"d":"182.10"},{"v":0.992934034,"d":"0.99"},{"v":389.2301413,"d":"389.23"},{"v":2.769858656,"d":"2.77"},1,"1_20417000_8825",{"v":14.8070687839,"d":"14.81"},0.0813130271064,{"v":31.6494810302,"d":"31.65"},{"v":0.071363241,"d":"0.07"},"1_20417000_8825_93349","außerhalb GKL",{"v":4.02289902868,"d":"4.02"},{"v":0.271687738295,"d":"0.27"},{"v":8.59877591931,"d":"8.60"}]
[2,204,20424,{"v":1263.81075699999,"d":"1,263.81"},2885,{"v":2.282778481,"d":"2.28"},"G",310,20424001,{"v":685.635998139999,"d":"685.64"},126,181,307,{"v":193.983581299999,"d":"193.98"},{"v":0.967661341,"d":"0.97"},{"v":297.0720317,"d":"297.07"},{"v":9.92796833799999,"d":"9.93"},1,"1_20424001_8917",{"v":191.026108741999,"d":"191.03"},0.984754005787,{"v":292.542873224,"d":"292.54"},{"v":0.282925024,"d":"0.28"},"1_20424001_8917_93612","D",{"v":2.69888961871,"d":"2.70"},{"v":0.014128380861,"d":"0.01"},{"v":4.13315713108,"d":"4.13"}]
[2,204,20441,{"v":7543.682254,"d":"7,543.68"},611,{"v":0.080994928,"d":"0.08"},"G",330,20441000,{"v":7543.69275472,"d":"7,543.69"},51,17,68,{"v":21.69193737,"d":"21.69"},{"v":0.958718978,"d":"0.96"},{"v":65.1928904899999,"d":"65.19"},{"v":2.807109509,"d":"2.81"},1,"1_20441000_8991",{"v":0.860921480236,"d":"0.86"},0.0396885472031,{"v":2.58741111152,"d":"2.59"},{"v":0.002875506,"d":"0.00"},"1_20441000_8991_93827","außerhalb GKL",{"v":0.860921480236,"d":"0.86"},{"v":1,"d":"1.00"},{"v":2.58741111152,"d":"2.59"}]
[2,205,20503,{"v":7151.42941599999,"d":"7,151.43"},897,{"v":0.12542947,"d":"0.13"},"G",430,20503000,{"v":7151.42941559999,"d":"7,151.43"},106,77,183,{"v":38.4035222799999,"d":"38.40"},{"v":0.945243625,"d":"0.95"},{"v":172.979583399999,"d":"172.98"},{"v":10.02041662,"d":"10.02"},1,"1_20503000_9087",{"v":3.24068584099,"d":"3.24"},0.0843851201294,{"v":14.5969029251,"d":"14.60"},{"v":0.005370048,"d":"0.01"},"1_20503000_9087_94090","G",{"v":2.03549716771,"d":"2.04"},{"v":0.628106909335,"d":"0.63"},{"v":9.16841558215,"d":"9.17"}]
[2,205,20509,{"v":5491.870468,"d":"5,491.87"},1485,{"v":0.270399677,"d":"0.27"},"M",410,20509001,{"v":5302.4912623,"d":"5,302.49"},110,113,223,{"v":52.6842420799999,"d":"52.68"},{"v":0.93996673,"d":"0.94"},{"v":209.6125809,"d":"209.61"},{"v":13.38741911,"d":"13.39"},1,"1_20509001_9174",{"v":0.509274411177,"d":"0.51"},0.0096665414756,{"v":2.02622870708,"d":"2.03"},{"v":0.009935753,"d":"0.01"},"1_20509001_9174_94305","außerhalb GKL",{"v":0.509274411177,"d":"0.51"},{"v":1,"d":"1.00"},{"v":2.02622870708,"d":"2.03"}]
[2,205,20523,{"v":6984.303966,"d":"6,984.30"},3576,{"v":0.512005207,"d":"0.51"},"G",410,20523000,{"v":2925.03223002999,"d":"2,925.03"},236,257,493,{"v":239.8707941,"d":"239.87"},{"v":0.93996673,"d":"0.94"},{"v":463.4035981,"d":"463.40"},{"v":29.5964019,"d":"29.60"},1,"1_20523000_9403",{"v":11.1654995904,"d":"11.17"},0.0465479744305,{"v":21.5704988353999,"d":"21.57"},{"v":0.082006205,"d":"0.08"},"1_20523000_9403_94806","G",{"v":9.46969903071999,"d":"9.47"},{"v":0.848121389827,"d":"0.85"},{"v":18.2944014515,"d":"18.29"}]
[2,205,20530,{"v":9743.38289199999,"d":"9,743.38"},2011,{"v":0.206396487,"d":"0.21"},"ST",410,20530000,{"v":401.535594694999,"d":"401.54"},68,293,361,{"v":83.8095834899999,"d":"83.81"},{"v":0.93996673,"d":"0.94"},{"v":339.327989699999,"d":"339.33"},{"v":21.67201031,"d":"21.67"},1,"1_20530000_9479",{"v":83.2316642595999,"d":"83.23"},0.993104377729,{"v":336.988112057,"d":"336.99"},{"v":0.208722675,"d":"0.21"},"1_20530000_9479_95069","G",{"v":1.52607383805,"d":"1.53"},{"v":0.018335255598,"d":"0.02"},{"v":6.17876316805,"d":"6.18"}]
[2,205,20534,{"v":9326.282563,"d":"9,326.28"},3554,{"v":0.381073592,"d":"0.38"},"G",310,20534001,{"v":1616.4319634,"d":"1,616.43"},264,53,317,{"v":66.23812026,"d":"66.24"},{"v":0.967661341,"d":"0.97"},{"v":306.748645099999,"d":"306.75"},{"v":10.25135493,"d":"10.25"},1,"1_20534001_9582",{"v":2.94254690473,"d":"2.94"},0.0444237682649,{"v":13.6269307254999,"d":"13.63"},{"v":0.040977982,"d":"0.04"},"1_20534001_9582_95284","außerhalb GKL",{"v":2.94254690473,"d":"2.94"},{"v":1,"d":"1.00"},{"v":13.6269307254999,"d":"13.63"}]
[2,206,20616,{"v":3437.434991,"d":"3,437.43"},1703,{"v":0.495427551,"d":"0.50"},"G",410,20616000,{"v":3437.43499097999,"d":"3,437.43"},167,372,539,{"v":187.300810299999,"d":"187.30"},{"v":0.93996673,"d":"0.94"},{"v":506.642067699999,"d":"506.64"},{"v":32.3579323,"d":"32.36"},1,"1_20616000_9754",{"v":1.32603293072,"d":"1.33"},7.07969671138E-3,{"v":3.58687218054,"d":"3.59"},{"v":0.054488539,"d":"0.05"},"1_20616000_9754_95547","C",{"v":0.560610339503,"d":"0.56"},{"v":0.422772562065,"d":"0.42"},{"v":1.51643114157,"d":"1.52"}]
[2,206,20620,{"v":5774.424012,"d":"5,774.42"},3436,{"v":0.595037703,"d":"0.60"},"M",410,20620001,{"v":4827.75971681,"d":"4,827.76"},219,154,373,{"v":285.1868499,"d":"285.19"},{"v":0.93996673,"d":"0.94"},{"v":350.6075905,"d":"350.61"},{"v":22.39240955,"d":"22.39"},1,"1_20620001_9860",{"v":55.0378565984999,"d":"55.04"},0.192988760238,{"v":67.6633242206,"d":"67.66"},{"v":0.059072296,"d":"0.06"},"1_20620001_9860_95762","G",{"v":13.8177676825,"d":"13.82"},{"v":0.251059335092,"d":"0.25"},{"v":16.9875091888999,"d":"16.99"}]
[2,206,20630,{"v":8929.444867,"d":"8,929.44"},5782,{"v":0.647520656,"d":"0.65"},"ST",410,20630006,{"v":253.516704669999,"d":"253.52"},10,57,67,{"v":45.1462785499999,"d":"45.15"},{"v":0.93996673,"d":"0.94"},{"v":62.9777709399999,"d":"62.98"},{"v":4.022229061,"d":"4.02"},1,"1_20630006_9970",{"v":0.527953218315,"d":"0.53"},0.0116942799113,{"v":0.736479681562,"d":"0.74"},{"v":0.178080094,"d":"0.18"},"1_20630006_9970_95977","außerhalb GKL",{"v":0.487038329007,"d":"0.49"},{"v":0.92250281296,"d":"0.92"},{"v":0.679404577929,"d":"0.68"}]
[2,206,20635,{"v":4856.689183,"d":"4,856.69"},15300,{"v":3.150294248,"d":"3.15"},"ST",103,20635030,{"v":1169.85834627999,"d":"1,169.86"},95,426,521,{"v":172.1096699,"d":"172.11"},{"v":0.991139192,"d":"0.99"},{"v":516.3835189,"d":"516.38"},{"v":4.616481136,"d":"4.62"},1,"1_20635030_10092",{"v":41.6377818636999,"d":"41.64"},0.241925871381,{"v":124.926532777,"d":"124.93"},{"v":0.147120094,"d":"0.15"},"1_20635030_10092_96526","G",{"v":2.5266150726e-05,"d":"0.00"},{"v":6.06808278e-07,"d":"0.00"},{"v":7.5806454272e-05,"d":"0.00"}]
[2,206,20642,{"v":20748.5187799999,"d":"20,748.52"},1661,{"v":0.080053907,"d":"0.08"},"G",410,20642001,{"v":7860.18416428,"d":"7,860.18"},83,108,191,{"v":63.79126594,"d":"63.79"},{"v":0.93996673,"d":"0.94"},{"v":179.5336455,"d":"179.53"},{"v":11.46635449,"d":"11.47"},1,"1_20642001_10268",{"v":3.07853417775,"d":"3.08"},0.0482594934022,{"v":8.66420278048,"d":"8.66"},{"v":0.008115747,"d":"0.01"},"1_20642001_10268_96741","außerhalb GKL",{"v":3.07853417775,"d":"3.08"},{"v":1,"d":"1.00"},{"v":8.66420278048,"d":"8.66"}]
[2,207,20702,{"v":6746.779292,"d":"6,746.78"},7038,{"v":1.043164404,"d":"1.04"},"M",310,20702005,{"v":665.268248009999,"d":"665.27"},42,110,152,{"v":82.3581451099999,"d":"82.36"},{"v":0.967661341,"d":"0.97"},{"v":147.084523799999,"d":"147.08"},{"v":4.915476181,"d":"4.92"},1,"1_20702005_10327",{"v":81.6253039246,"d":"81.63"},0.991101776462,{"v":145.775732828,"d":"145.78"},{"v":0.123796898,"d":"0.12"},"1_20702005_10327_96956","F",{"v":0.00339910872114,"d":"0.00"},{"v":4.164283081e-05,"d":"0.00"},{"v":0.00607051417835,"d":"0.01"}]
[2,207,20711,{"v":10205.9982199999,"d":"10,206.00"},9059,{"v":0.887615283,"d":"0.89"},"M",310,20711000,{"v":3197.5985669,"d":"3,197.60"},196,413,609,{"v":247.569012299999,"d":"247.57"},{"v":0.967661341,"d":"0.97"},{"v":589.305756599999,"d":"589.31"},{"v":19.69424338,"d":"19.69"},1,"1_20711000_10413",{"v":243.145578333,"d":"243.15"},0.982132521652,{"v":578.776348753999,"d":"578.78"},{"v":0.077423419,"d":"0.08"},"1_20711000_10413_97219","E",{"v":0.847644218372,"d":"0.85"},{"v":0.00348615929676,"d":"0.00"},{"v":2.01770654895,"d":"2.02"}]
[2,207,20720,{"v":10545.9338999999,"d":"10,545.93"},5799,{"v":0.549880177,"d":"0.55"},"M",410,20720000,{"v":1067.72677148,"d":"1,067.73"},109,334,443,{"v":175.197865799999,"d":"175.20"},{"v":0.93996673,"d":"0.94"},{"v":416.4052616,"d":"416.41"},{"v":26.5947384199999,"d":"26.59"},1,"1_20720000_10462",{"v":0.996650803743,"d":"1.00"},0.00568871543721,{"v":2.3688110398,"d":"2.37"},{"v":0.164084924,"d":"0.16"},"1_20720000_10462_97434","außerhalb GKL",{"v":0.894560519834,"d":"0.89"},{"v":0.897566646687,"d":"0.90"},{"v":2.12616578163,"d":"2.13"}]
[2,207,20722,{"v":7861.712771,"d":"7,861.71"},4292,{"v":0.545937015,"d":"0.55"},"M",410,20722003,{"v":2689.14153867,"d":"2,689.14"},79,138,217,{"v":120.944303899999,"d":"120.94"},{"v":0.93996673,"d":"0.94"},{"v":203.972780499999,"d":"203.97"},{"v":13.0272194999999,"d":"13.03"},1,"1_20722003_10537",{"v":6.04418415871,"d":"6.04"},0.0499749385776,{"v":10.193527177,"d":"10.19"},{"v":0.044975061,"d":"0.04"},"1_20722003_10537_97697","F",{"v":0.159816567782,"d":"0.16"},{"v":0.0264413796115,"d":"0.03"},{"v":0.269530921667,"d":"0.27"}]
[2,207,20726,{"v":4916.92597099999,"d":"4,916.93"},2919,{"v":0.593663606,"d":"0.59"},"M",310,20726002,{"v":2412.38251615999,"d":"2,412.38"},63,430,493,{"v":167.407804099999,"d":"167.41"},{"v":0.967661341,"d":"0.97"},{"v":477.057041099999,"d":"477.06"},{"v":15.94295893,"d":"15.94"},1,"1_20726002_10656",{"v":1.06349188818,"d":"1.06"},0.00635270197765,{"v":3.03060120845,"d":"3.03"},{"v":0.069395215,"d":"0.07"},"1_20726002_10656_98198","E",{"v":1.02770232174,"d":"1.03"},{"v":0.966347118546,"d":"0.97"},{"v":2.92861274525,"d":"2.93"}]
[2,208,20802,{"v":5478.825864,"d":"5,478.83"},787,{"v":0.143643916,"d":"0.14"},"G",410,20802000,{"v":4975.66446084,"d":"4,975.66"},134,83,217,{"v":70.4601734999999,"d":"70.46"},{"v":0.93996673,"d":"0.94"},{"v":203.972780499999,"d":"203.97"},{"v":13.0272194999999,"d":"13.03"},1,"1_20802000_10732",{"v":4.56115455296,"d":"4.56"},0.0647337967875,{"v":13.2039325231,"d":"13.20"},{"v":0.014160958,"d":"0.01"},"1_20802000_10732_98413","außerhalb GKL",{"v":0.0278629007635,"d":"0.03"},{"v":0.00610873857485,"d":"0.01"},{"v":0.0806593719436,"d":"0.08"}]
[2,208,20805,{"v":5413.22153999999,"d":"5,413.22"},2200,{"v":0.406412334,"d":"0.41"},"M",430,20805000,{"v":4466.70831185,"d":"4,466.71"},97,147,244,{"v":177.447266299999,"d":"177.45"},{"v":0.945243625,"d":"0.95"},{"v":230.639444499999,"d":"230.64"},{"v":13.3605554899999,"d":"13.36"},1,"1_20805000_10838",{"v":68.7165675856,"d":"68.72"},0.387250640815,{"v":89.3152726798,"d":"89.32"},{"v":0.03972663,"d":"0.04"},"1_20805000_10838_98676","außerhalb GKL",{"v":0.0281825023302,"d":"0.03"},{"v":0.000410126747019,"d":"0.00"},{"v":0.0366305822433,"d":"0.04"}]
[2,208,20810,{"v":3634.98850099999,"d":"3,634.99"},1019,{"v":0.280331011,"d":"0.28"},"G",410,20810000,{"v":3634.98850055999,"d":"3,634.99"},104,117,221,{"v":85.3586544199999,"d":"85.36"},{"v":0.93996673,"d":"0.94"},{"v":207.732647399999,"d":"207.73"},{"v":13.26735257,"d":"13.27"},1,"1_20810000_10931",{"v":6.27240878567,"d":"6.27"},0.0734829857416,{"v":15.264815167,"d":"15.26"},{"v":0.02348251,"d":"0.02"},"1_20810000_10931_98891","außerhalb GKL",{"v":0.253062005104,"d":"0.25"},{"v":0.0403452666673,"d":"0.04"},{"v":0.61586303854,"d":"0.62"}]
[2,208,20817,{"v":13743.7979599999,"d":"13,743.80"},10899,{"v":0.793012239,"d":"0.79"},"ST",210,20817000,{"v":15.103687675,"d":"15.10"},93,797,890,{"v":15.10368768,"d":"15.10"},{"v":0.980090788,"d":"0.98"},{"v":890,"d":"890.00"},{"v":0,"d":"0.00"},1,"1_20817000_11048",{"v":15.103687675,"d":"15.10"},0.999999999669,{"v":889.999999705,"d":"890.00"},{"v":1,"d":"1.00"},"1_20817000_11048_99154","E",{"v":0.0275934987043,"d":"0.03"},{"v":0.00182693785108,"d":"0.00"},{"v":1.62597468692,"d":"1.63"}]
[2,209,20901,{"v":11182.6184499999,"d":"11,182.62"},4328,{"v":0.387029211,"d":"0.39"},"ST",410,20901006,{"v":2262.16195534,"d":"2,262.16"},103,32,135,{"v":61.52767001,"d":"61.53"},{"v":0.93996673,"d":"0.94"},{"v":126.895508599999,"d":"126.90"},{"v":8.104491392,"d":"8.10"},1,"1_20901006_11192",{"v":4.58124342547,"d":"4.58"},0.0744582628389,{"v":9.44841913241,"d":"9.45"},{"v":0.027198614,"d":"0.03"},"1_20901006_11192_99512","G",{"v":1.55295797098,"d":"1.55"},{"v":0.338981762538,"d":"0.34"},{"v":3.2028417707,"d":"3.20"}]
[2,209,20913,{"v":11358.7934299999,"d":"11,358.79"},9873,{"v":0.869194432,"d":"0.87"},"ST",410,20913011,{"v":535.21326753,"d":"535.21"},40,171,211,{"v":112.907354499999,"d":"112.91"},{"v":0.93996673,"d":"0.94"},{"v":198.332980099999,"d":"198.33"},{"v":12.66701988,"d":"12.67"},1,"1_20913011_11317",{"v":78.3860977515,"d":"78.39"},0.694251478113,{"v":137.692964592999,"d":"137.69"},{"v":0.21095769,"d":"0.21"},"1_20913011_11317_99871","G",{"v":1.66266178334,"d":"1.66"},{"v":0.0212111819702,"d":"0.02"},{"v":2.920630528,"d":"2.92"}]
[2,209,20918,{"v":4745.628899,"d":"4,745.63"},3273,{"v":0.689687304,"d":"0.69"},"M",410,20918005,{"v":2400.60289663999,"d":"2,400.60"},139,63,202,{"v":19.83410607,"d":"19.83"},{"v":0.93996673,"d":"0.94"},{"v":189.873279499999,"d":"189.87"},{"v":12.12672045,"d":"12.13"},1,"1_20918005_11414",{"v":6.21131423147,"d":"6.21"},0.313163306153,{"v":59.4613439582999,"d":"59.46"},{"v":0.008262135,"d":"0.01"},"1_20918005_11414_100134","außerhalb GKL",{"v":0.036322140177,"d":"0.04"},{"v":0.00584773830842,"d":"0.01"},{"v":0.347714378935,"d":"0.35"}]
[2,209,20923,{"v":27863.0530499999,"d":"27,863.05"},25025,{"v":0.898142783,"d":"0.90"},"ST",103,20923040,{"v":238.185070034999,"d":"238.19"},73,1013,1086,{"v":121.767170399999,"d":"121.77"},{"v":0.991139192,"d":"0.99"},{"v":1076.37716199999,"d":"1,076.38"},{"v":9.622837838,"d":"9.62"},1,"1_20923040_11446",{"v":1.04940717708,"d":"1.05"},0.00861814538051,{"v":9.27637486637999,"d":"9.28"},{"v":0.511229232,"d":"0.51"},"1_20923040_11446_100349","F",{"v":0.0316473837177,"d":"0.03"},{"v":0.0301573921057,"d":"0.03"},{"v":0.279751274165,"d":"0.28"}]
[2,209,20923,{"v":27863.0530499999,"d":"27,863.05"},25025,{"v":0.898142783,"d":"0.90"},"ST",103,20923070,{"v":639.809335475,"d":"639.81"},107,153,260,{"v":116.335870499999,"d":"116.34"},{"v":0.991139192,"d":"0.99"},{"v":257.6961898,"d":"257.70"},{"v":2.303810164,"d":"2.30"},1,"1_20923070_11523",{"v":82.2918183739,"d":"82.29"},0.707364100343,{"v":182.285033459999,"d":"182.29"},{"v":0.181828967,"d":"0.18"},"1_20923070_11523_100564","F",{"v":17.7922512849999,"d":"17.79"},{"v":0.21620923728,"d":"0.22"},{"v":39.4117080519,"d":"39.41"}]
[2,210,21002,{"v":7752.80996899999,"d":"7,752.81"},14270,{"v":1.840622956,"d":"1.84"},"ST",210,21002007,{"v":1597.27466434999,"d":"1,597.27"},112,205,317,{"v":116.175927599999,"d":"116.18"},{"v":0.980090788,"d":"0.98"},{"v":310.6887798,"d":"310.69"},{"v":6.311220203,"d":"6.31"},1,"1_21002007_11599",{"v":2.62967628533,"d":"2.63"},0.0226352940721,{"v":7.03253189567,"d":"7.03"},{"v":0.072733845,"d":"0.07"},"1_21002007_11599_100827","G",{"v":0.0101959315445,"d":"0.01"},{"v":0.00387725728881,"d":"0.00"},{"v":0.0272669355513,"d":"0.03"}]
[2,210,21008,{"v":2723.716244,"d":"2,723.72"},1527,{"v":0.560631088,"d":"0.56"},"G",410,21008000,{"v":2723.71624414,"d":"2,723.72"},137,288,425,{"v":71.1283760099999,"d":"71.13"},{"v":0.93996673,"d":"0.94"},{"v":399.485860399999,"d":"399.49"},{"v":25.51413957,"d":"25.51"},1,"1_21008000_11856",{"v":0.82953763201,"d":"0.83"},0.0116625414292,{"v":4.65902039729,"d":"4.66"},{"v":0.026114459,"d":"0.03"},"1_21008000_11856_101328","außerhalb GKL",{"v":0.82953763201,"d":"0.83"},{"v":1,"d":"1.00"},{"v":4.65902039729,"d":"4.66"}]
[3,318,31803,{"v":8169.62843499999,"d":"8,169.63"},1855,{"v":0.22706051,"d":"0.23"},"G",410,31803000,{"v":4253.41790668999,"d":"4,253.42"},172,341,513,{"v":111.7718396,"d":"111.77"},{"v":0.93996673,"d":"0.94"},{"v":482.2029327,"d":"482.20"},{"v":30.79706729,"d":"30.80"},1,"1_31803000_17375",{"v":1.24945650814,"d":"1.25"},0.0111786341945,{"v":5.39037019217,"d":"5.39"},{"v":0.026278123,"d":"0.03"},"1_31803000_17375_101591","F",{"v":1.17644747876,"d":"1.18"},{"v":0.941567370369,"d":"0.94"},{"v":5.07539668716,"d":"5.08"}]
[3,318,31809,{"v":2402.51369299999,"d":"2,402.51"},1033,{"v":0.429966332,"d":"0.43"},"G",410,31809000,{"v":2402.51369347999,"d":"2,402.51"},119,96,215,{"v":82.9119323,"d":"82.91"},{"v":0.93996673,"d":"0.94"},{"v":202.092847,"d":"202.09"},{"v":12.9071529599999,"d":"12.91"},1,"1_31809000_17496",{"v":1.13056947093,"d":"1.13"},0.0136357872693,{"v":2.75569507034,"d":"2.76"},{"v":0.034510493,"d":"0.03"},"1_31809000_17496_101806","außerhalb GKL",{"v":1.13056947093,"d":"1.13"},{"v":1,"d":"1.00"},{"v":2.75569507034,"d":"2.76"}]
[3,318,31814,{"v":5135.87889199999,"d":"5,135.88"},2508,{"v":0.488329272,"d":"0.49"},"M",410,31814003,{"v":2959.04987827,"d":"2,959.05"},82,51,133,{"v":36.5062035899999,"d":"36.51"},{"v":0.93996673,"d":"0.94"},{"v":125.0155751,"d":"125.02"},{"v":7.984424853,"d":"7.98"},1,"1_31814003_17611",{"v":0.617214434179,"d":"0.62"},0.0169071109423,{"v":2.11365219773,"d":"2.11"},{"v":0.012337137,"d":"0.01"},"1_31814003_17611_102021","G",{"v":0.617207005467,"d":"0.62"},{"v":0.999987964131,"d":"1.00"},{"v":2.11362675809,"d":"2.11"}]
[3,318,31841,{"v":3100.80715599999,"d":"3,100.81"},536,{"v":0.172858218,"d":"0.17"},"G",410,31841000,{"v":3100.80715627,"d":"3,100.81"},60,63,123,{"v":55.25228014,"d":"55.25"},{"v":0.93996673,"d":"0.94"},{"v":115.6159078,"d":"115.62"},{"v":7.384092157,"d":"7.38"},1,"1_31841000_17962",{"v":51.641739723,"d":"51.64"},0.934653548997,{"v":108.060818545999,"d":"108.06"},{"v":0.017818677,"d":"0.02"},"1_31841000_17962_102284","G",{"v":0.472656841427,"d":"0.47"},{"v":0.00915261267266,"d":"0.01"},{"v":0.989038817242,"d":"0.99"}]
[3,323,32317,{"v":3533.276691,"d":"3,533.28"},1039,{"v":0.294061318,"d":"0.29"},"G",410,32317000,{"v":3533.27669057999,"d":"3,533.28"},172,151,323,{"v":103.1396327,"d":"103.14"},{"v":0.93996673,"d":"0.94"},{"v":303.609253899999,"d":"303.61"},{"v":19.3907460699999,"d":"19.39"},1,"1_32317000_20749",{"v":0.804637380151,"d":"0.80"},0.00780143732421,{"v":2.36858856535,"d":"2.37"},{"v":0.02919093,"d":"0.03"},"1_32317000_20749_102785","außerhalb GKL",{"v":0.804637380151,"d":"0.80"},{"v":1,"d":"1.00"},{"v":2.36858856535,"d":"2.37"}]
[4,407,40702,{"v":11226.27109,"d":"11,226.27"},7560,{"v":0.673420403,"d":"0.67"},"M",420,40702004,{"v":345.521890794999,"d":"345.52"},75,1112,1187,{"v":182.9906833,"d":"182.99"},{"v":0.954532045,"d":"0.95"},{"v":1133.029538,"d":"1,133.03"},{"v":53.97046238,"d":"53.97"},1,"1_40702004_24863",{"v":180.853318554999,"d":"180.85"},0.988319816581,{"v":1119.79554518,"d":"1,119.80"},{"v":0.529606628,"d":"0.53"},"1_40702004_24863_103000","E",{"v":0.458897122164,"d":"0.46"},{"v":0.00253739951155,"d":"0.00"},{"v":2.84136866938,"d":"2.84"}]
[5,502,50203,{"v":6088.495323,"d":"6,088.50"},2231,{"v":0.366428794,"d":"0.37"},"G",430,50203000,{"v":2933.4369525,"d":"2,933.44"},127,330,457,{"v":73.59511243,"d":"73.60"},{"v":0.945243625,"d":"0.95"},{"v":431.9763366,"d":"431.98"},{"v":25.02366336,"d":"25.02"},1,"1_50203000_36013",{"v":25.9305145671,"d":"25.93"},0.352340171934,{"v":152.202616709,"d":"152.20"},{"v":0.025088357,"d":"0.03"},"1_50203000_36013_103263","F",{"v":0.062370531586,"d":"0.06"},{"v":0.00240529478984,"d":"0.00"},{"v":0.36609216097,"d":"0.37"}]
[5,504,50408,{"v":11732.7951099999,"d":"11,732.80"},2876,{"v":0.245124881,"d":"0.25"},"G",420,50408000,{"v":10370.9197349,"d":"10,370.92"},215,824,1039,{"v":164.6023642,"d":"164.60"},{"v":0.954532045,"d":"0.95"},{"v":991.758794899999,"d":"991.76"},{"v":47.2412050599999,"d":"47.24"},1,"1_50408000_37510",{"v":133.68086764,"d":"133.68"},0.812144274414,{"v":805.451226878,"d":"805.45"},{"v":0.01587153,"d":"0.02"},"1_50408000_37510_103478","außerhalb GKL",{"v":11.2420655919999,"d":"11.24"},{"v":0.0840962943349,"d":"0.08"},{"v":67.7354634479,"d":"67.74"}]
[5,505,50503,{"v":4734.52263299999,"d":"4,734.52"},2390,{"v":0.504802741,"d":"0.50"},"G",420,50503000,{"v":336.385203815,"d":"336.39"},96,406,502,{"v":122.804676799999,"d":"122.80"},{"v":0.954532045,"d":"0.95"},{"v":479.1750867,"d":"479.18"},{"v":22.82491332,"d":"22.82"},1,"1_50503000_37906",{"v":53.3673384786999,"d":"53.37"},0.434570896397,{"v":208.235546957999,"d":"208.24"},{"v":0.365071577,"d":"0.37"},"1_50503000_37906_103741","G",{"v":1.69916594995,"d":"1.70"},{"v":0.0318390610884,"d":"0.03"},{"v":6.63002430037,"d":"6.63"}]
[6,601,60101,{"v":12748.25746,"d":"12,748.26"},291072,{"v":22.83229696,"d":"22.83"},"SR",101,60101052,{"v":7.15689962001,"d":"7.16"},67,449,516,{"v":7.15689962,"d":"7.16"},{"v":0.992934034,"d":"0.99"},{"v":516,"d":"516.00"},{"v":0,"d":"0.00"},1,"1_60101052_38437",{"v":7.15689962003,"d":"7.16"},1,{"v":516,"d":"516.00"},{"v":1,"d":"1.00"},"1_60101052_38437_104242","A",{"v":1.25614349231,"d":"1.26"},{"v":0.1755150357,"d":"0.18"},{"v":90.5657584212,"d":"90.57"}]
[6,601,60101,{"v":12748.25746,"d":"12,748.26"},291072,{"v":22.83229696,"d":"22.83"},"SR",101,60101142,{"v":16.5563320549999,"d":"16.56"},53,149,202,{"v":14.93385522,"d":"14.93"},{"v":0.992934034,"d":"0.99"},{"v":200.5726749,"d":"200.57"},{"v":1.427325124,"d":"1.43"},1,"1_60101142_38478",{"v":14.9338552196,"d":"14.93"},0.999999999973,{"v":200.572674895,"d":"200.57"},{"v":0.90200264,"d":"0.90"},"1_60101142_38478_104457","C",{"v":0.0801701603193,"d":"0.08"},{"v":0.00536834990968,"d":"0.01"},{"v":1.07674430116,"d":"1.08"}]
[6,601,60101,{"v":12748.25746,"d":"12,748.26"},291072,{"v":22.83229696,"d":"22.83"},"SR",101,60101230,{"v":10.94752496,"d":"10.95"},57,622,679,{"v":9.315814257,"d":"9.32"},{"v":0.992934034,"d":"0.99"},{"v":674.2022091,"d":"674.20"},{"v":4.797790886,"d":"4.80"},1,"1_60101230_38522",{"v":9.31581425729,"d":"9.32"},1.00000000003,{"v":674.20220912,"d":"674.20"},{"v":0.850951634,"d":"0.85"},"1_60101230_38522_104720","A",{"v":0.0481448847597,"d":"0.05"},{"v":0.00516808122511,"d":"0.01"},{"v":3.48433177888,"d":"3.48"}]
[6,601,60101,{"v":12748.25746,"d":"12,748.26"},291072,{"v":22.83229696,"d":"22.83"},"SR",101,60101322,{"v":91.910365545,"d":"91.91"},141,3628,3769,{"v":90.79309198,"d":"90.79"},{"v":0.992934034,"d":"0.99"},{"v":3742.368374,"d":"3,742.37"},{"v":26.6316257,"d":"26.63"},1,"1_60101322_38563",{"v":90.7930919814999,"d":"90.79"},1.00000000002,{"v":3742.36837406999,"d":"3,742.37"},{"v":0.987843879,"d":"0.99"},"1_60101322_38563_104935","C",{"v":1.58128460257,"d":"1.58"},{"v":0.0174163536901,"d":"0.02"},{"v":65.1784112413999,"d":"65.18"}]
[6,601,60101,{"v":12748.25746,"d":"12,748.26"},291072,{"v":22.83229696,"d":"22.83"},"SR",101,60101370,{"v":176.204622655,"d":"176.20"},149,72,221,{"v":135.129203499999,"d":"135.13"},{"v":0.992934034,"d":"0.99"},{"v":219.4384215,"d":"219.44"},{"v":1.561578477,"d":"1.56"},1,"1_60101370_38586",{"v":135.129203523999,"d":"135.13"},1.00000000018,{"v":219.438421538999,"d":"219.44"},{"v":0.76688796,"d":"0.77"},"1_60101370_38586_105198","D",{"v":0.155416889098,"d":"0.16"},{"v":0.00115013546328,"d":"0.00"},{"v":0.252383910618,"d":"0.25"}]
[6,601,60101,{"v":12748.25746,"d":"12,748.26"},291072,{"v":22.83229696,"d":"22.83"},"SR",101,60101420,{"v":451.69415032,"d":"451.69"},52,337,389,{"v":96.61359645,"d":"96.61"},{"v":0.992934034,"d":"0.99"},{"v":386.2513392,"d":"386.25"},{"v":2.748660758,"d":"2.75"},1,"1_60101420_38609",{"v":52.5351172718999,"d":"52.54"},0.543765258745,{"v":210.030059400999,"d":"210.03"},{"v":0.213891626,"d":"0.21"},"1_60101420_38609_105413","E",{"v":0.124304794804,"d":"0.12"},{"v":0.00236612767343,"d":"0.00"},{"v":0.496957935801,"d":"0.50"}]
[6,601,60101,{"v":12748.25746,"d":"12,748.26"},291072,{"v":22.83229696,"d":"22.83"},"SR",101,60101480,{"v":70.176691305,"d":"70.18"},101,1884,1985,{"v":64.9744781999999,"d":"64.97"},{"v":0.992934034,"d":"0.99"},{"v":1970.974058,"d":"1,970.97"},{"v":14.02594243,"d":"14.03"},1,"1_60101480_38700",{"v":37.6021765806999,"d":"37.60"},0.578722255606,{"v":1140.64655259,"d":"1,140.65"},{"v":0.925869787,"d":"0.93"},"1_60101480_38700_105914","E",{"v":8.71642512939,"d":"8.72"},{"v":0.231806398512,"d":"0.23"},{"v":264.409169330999,"d":"264.41"}]
[6,601,60101,{"v":12748.25746,"d":"12,748.26"},291072,{"v":22.83229696,"d":"22.83"},"SR",101,60101534,{"v":18.21047993,"d":"18.21"},39,290,329,{"v":17.41657989,"d":"17.42"},{"v":0.992934034,"d":"0.99"},{"v":326.675297199999,"d":"326.68"},{"v":2.324702801,"d":"2.32"},1,"1_60101534_38733",{"v":17.4165798872999,"d":"17.42"},0.999999999845,{"v":326.675297149,"d":"326.68"},{"v":0.956404222,"d":"0.96"},"1_60101534_38733_106177","C",{"v":3.00380635708,"d":"3.00"},{"v":0.172468209977,"d":"0.17"},{"v":56.3411037429999,"d":"56.34"}]
[6,601,60101,{"v":12748.25746,"d":"12,748.26"},291072,{"v":22.83229696,"d":"22.83"},"SR",101,60101613,{"v":30.84816137,"d":"30.85"},56,136,192,{"v":30.84816137,"d":"30.85"},{"v":0.992934034,"d":"0.99"},{"v":192,"d":"192.00"},{"v":0,"d":"0.00"},1,"1_60101613_38764",{"v":30.84816137,"d":"30.85"},1,{"v":192,"d":"192.00"},{"v":1,"d":"1.00"},"1_60101613_38764_106392","D",{"v":0.000102284988333,"d":"0.00"},{"v":3.315756395E-6,"d":"0.00"},{"v":6.36625227817E-4,"d":"0.00"}]
[6,601,60101,{"v":12748.25746,"d":"12,748.26"},291072,{"v":22.83229696,"d":"22.83"},"SR",101,60101670,{"v":49.759543,"d":"49.76"},65,1802,1867,{"v":49.7591214899999,"d":"49.76"},{"v":0.992934034,"d":"0.99"},{"v":1867,"d":"1,867.00"},{"v":0,"d":"0.00"},1,"1_60101670_38788",{"v":49.7591214945,"d":"49.76"},1.00000000009,{"v":1867.00000017,"d":"1,867.00"},{"v":0.999991529,"d":"1.00"},"1_60101670_38788_106607","D",{"v":13.7181140659,"d":"13.72"},{"v":0.275690439338,"d":"0.28"},{"v":514.714050291,"d":"514.71"}]
[6,603,60318,{"v":1987.25189599999,"d":"1,987.25"},3537,{"v":1.779844824,"d":"1.78"},"M",310,60318002,{"v":620.496288079999,"d":"620.50"},34,37,71,{"v":24.58631867,"d":"24.59"},{"v":0.967661341,"d":"0.97"},{"v":68.70395521,"d":"68.70"},{"v":2.296044795,"d":"2.30"},1,"1_60318002_38841",{"v":7.24394044446,"d":"7.24"},0.294632984372,{"v":20.2424513616999,"d":"20.24"},{"v":0.039623635,"d":"0.04"},"1_60318002_38841_106870","G",{"v":2.08649057564,"d":"2.09"},{"v":0.288032541355,"d":"0.29"},{"v":5.83048470897,"d":"5.83"}]
[6,603,60344,{"v":17908.49827,"d":"17,908.50"},11663,{"v":0.651255054,"d":"0.65"},"ST",220,60344013,{"v":1025.65029137,"d":"1,025.65"},28,12,40,{"v":15.155272,"d":"15.16"},{"v":0.99140599,"d":"0.99"},{"v":39.6562395999999,"d":"39.66"},{"v":0.343760404,"d":"0.34"},1,"1_60344013_39020",{"v":0.724929671478,"d":"0.72"},0.0478334979061,{"v":1.89689665387,"d":"1.90"},{"v":0.014776257,"d":"0.01"},"1_60344013_39020_107371","außerhalb GKL",{"v":0.724929671477,"d":"0.72"},{"v":0.999999999999,"d":"1.00"},{"v":1.89689665387,"d":"1.90"}]
[6,603,60346,{"v":4877.68553799999,"d":"4,877.69"},4130,{"v":0.84671305,"d":"0.85"},"M",410,60346009,{"v":286.259750049999,"d":"286.26"},26,70,96,{"v":20.78703509,"d":"20.79"},{"v":0.93996673,"d":"0.94"},{"v":90.2368061199999,"d":"90.24"},{"v":5.763193879,"d":"5.76"},1,"1_60346009_39198",{"v":1.68233103666,"d":"1.68"},0.080931745647,{"v":7.3030222409,"d":"7.30"},{"v":0.07261599,"d":"0.07"},"1_60346009_39198_107634","außerhalb GKL",{"v":1.68233103666,"d":"1.68"},{"v":1,"d":"1.00"},{"v":7.3030222409,"d":"7.30"}]
[6,603,60349,{"v":12419.9103599999,"d":"12,419.91"},4559,{"v":0.367071892,"d":"0.37"},"M",420,60349000,{"v":637.968701134999,"d":"637.97"},63,575,638,{"v":140.905602499999,"d":"140.91"},{"v":0.954532045,"d":"0.95"},{"v":608.991444799999,"d":"608.99"},{"v":29.0085551799999,"d":"29.01"},1,"1_60349000_39336",{"v":120.278540573,"d":"120.28"},0.85361077515,{"v":519.841659254999,"d":"519.84"},{"v":0.220866012,"d":"0.22"},"1_60349000_39336_107849","außerhalb GKL",{"v":0.00719802926592,"d":"0.01"},{"v":5.9844667483e-05,"d":"0.00"},{"v":0.0311097512419,"d":"0.03"}]
[6,603,60350,{"v":9283.696765,"d":"9,283.70"},8749,{"v":0.942404758,"d":"0.94"},"M",410,60350007,{"v":1131.87105412999,"d":"1,131.87"},47,32,79,{"v":37.5024780299999,"d":"37.50"},{"v":0.93996673,"d":"0.94"},{"v":74.2573716999999,"d":"74.26"},{"v":4.742628296,"d":"4.74"},1,"1_60350007_39451",{"v":1.47711014205,"d":"1.48"},0.0393870010635,{"v":2.92477517812,"d":"2.92"},{"v":0.033133172,"d":"0.03"},"1_60350007_39451_108064","außerhalb GKL",{"v":1.47711014205,"d":"1.48"},{"v":1,"d":"1.00"},{"v":2.92477517812,"d":"2.92"}]
[6,606,60608,{"v":1157.55853,"d":"1,157.56"},6703,{"v":5.790635918,"d":"5.79"},"M",101,60608001,{"v":111.925703205,"d":"111.93"},37,231,268,{"v":64.6181298399999,"d":"64.62"},{"v":0.992934034,"d":"0.99"},{"v":266.1063211,"d":"266.11"},{"v":1.893678877,"d":"1.89"},1,"1_60608001_39621",{"v":64.6181298417999,"d":"64.62"},1.00000000003,{"v":266.106321107999,"d":"266.11"},{"v":0.577330568,"d":"0.58"},"1_60608001_39621_108327","D",{"v":7.28532246878,"d":"7.29"},{"v":0.112744248195,"d":"0.11"},{"v":30.0019571133,"d":"30.00"}]
[6,606,60618,{"v":667.727409899999,"d":"667.73"},1526,{"v":2.285363724,"d":"2.29"},"G",310,60618000,{"v":667.72743416,"d":"667.73"},95,585,680,{"v":124.897426699999,"d":"124.90"},{"v":0.967661341,"d":"0.97"},{"v":658.009711799999,"d":"658.01"},{"v":21.99028818,"d":"21.99"},1,"1_60618000_39704",{"v":41.7710835737999,"d":"41.77"},0.334443108056,{"v":220.066813144999,"d":"220.07"},{"v":0.187048518,"d":"0.19"},"1_60618000_39704_108828","G",{"v":0.303466205665,"d":"0.30"},{"v":0.00726498284702,"d":"0.01"},{"v":1.5987816227,"d":"1.60"}]
[6,606,60624,{"v":1516.00568999999,"d":"1,516.01"},7572,{"v":4.994704208,"d":"4.99"},"M",101,60624000,{"v":512.911521549999,"d":"512.91"},153,785,938,{"v":151.681493999999,"d":"151.68"},{"v":0.992934034,"d":"0.99"},{"v":931.3721239,"d":"931.37"},{"v":6.62787607,"d":"6.63"},1,"1_60624000_39777",{"v":151.681493955999,"d":"151.68"},0.99999999971,{"v":931.37212363,"d":"931.37"},{"v":0.295726432,"d":"0.30"},"1_60624000_39777_109091","D",{"v":3.35819582643,"d":"3.36"},{"v":0.0221397860665,"d":"0.02"},{"v":20.6203795654999,"d":"20.62"}]
[6,606,60626,{"v":2941.296389,"d":"2,941.30"},3840,{"v":1.30554677,"d":"1.31"},"M",310,60626000,{"v":1572.55474398,"d":"1,572.55"},154,97,251,{"v":127.313044199999,"d":"127.31"},{"v":0.967661341,"d":"0.97"},{"v":242.8829966,"d":"242.88"},{"v":8.11700343,"d":"8.12"},1,"1_60626000_39815",{"v":1.69098855109,"d":"1.69"},0.0132821311572,{"v":3.22600381669,"d":"3.23"},{"v":0.080959372,"d":"0.08"},"1_60626000_39815_109306","außerhalb GKL",{"v":1.69098855109,"d":"1.69"},{"v":1,"d":"1.00"},{"v":3.22600381669,"d":"3.23"}]
[6,606,60626,{"v":2941.296389,"d":"2,941.30"},3840,{"v":1.30554677,"d":"1.31"},"M",310,60626001,{"v":1368.74166031999,"d":"1,368.74"},197,391,588,{"v":178.6017753,"d":"178.60"},{"v":0.967661341,"d":"0.97"},{"v":568.984868499999,"d":"568.98"},{"v":19.0151315399999,"d":"19.02"},1,"1_60626001_39856",{"v":82.1219185860999,"d":"82.12"},0.459804604115,{"v":261.621862207999,"d":"261.62"},{"v":0.13048611,"d":"0.13"},"1_60626001_39856_109414","F",{"v":2.71401280914,"d":"2.71"},{"v":0.0330485801582,"d":"0.03"},{"v":8.64623108432,"d":"8.65"}]
[6,606,60642,{"v":2156.011711,"d":"2,156.01"},2144,{"v":0.994428736,"d":"0.99"},"G",310,60642000,{"v":2156.01171083,"d":"2,156.01"},197,501,698,{"v":192.210444099999,"d":"192.21"},{"v":0.967661341,"d":"0.97"},{"v":675.427615999999,"d":"675.43"},{"v":22.5723840399999,"d":"22.57"},1,"1_60642000_39955",{"v":126.751384565999,"d":"126.75"},0.659440672745,{"v":445.404441485999,"d":"445.40"},{"v":0.089150928,"d":"0.09"},"1_60642000_39955_109785","G",{"v":0.0041026742446,"d":"0.00"},{"v":3.2367885042e-05,"d":"0.00"},{"v":0.0144167997594,"d":"0.01"}]
[6,606,60646,{"v":2582.685617,"d":"2,582.69"},2935,{"v":1.136413964,"d":"1.14"},"G",101,60646001,{"v":2211.55857934999,"d":"2,211.56"},142,30,172,{"v":36.1672461599999,"d":"36.17"},{"v":0.992934034,"d":"0.99"},{"v":170.784653899999,"d":"170.78"},{"v":1.215346145,"d":"1.22"},1,"1_60646001_40059",{"v":0.650000320974,"d":"0.65"},0.0179720711413,{"v":3.06935394973,"d":"3.07"},{"v":0.016353736,"d":"0.02"},"1_60646001_40059_110000","E",{"v":0.0124903056583,"d":"0.01"},{"v":0.01921584537,"d":"0.02"},{"v":0.0589802308838,"d":"0.06"}]
[6,606,60655,{"v":623.8378734,"d":"623.84"},2383,{"v":3.819902737,"d":"3.82"},"G",101,60655000,{"v":623.837873404999,"d":"623.84"},88,1809,1897,{"v":264.0136698,"d":"264.01"},{"v":0.992934034,"d":"0.99"},{"v":1883.595863,"d":"1,883.60"},{"v":13.40413743,"d":"13.40"},1,"1_60655000_40243",{"v":220.204314557999,"d":"220.20"},0.834064064655,{"v":1571.03962165999,"d":"1,571.04"},{"v":0.423208787,"d":"0.42"},"1_60655000_40243_110501","außerhalb GKL",{"v":3.85379514486,"d":"3.85"},{"v":0.0175009974377,"d":"0.02"},{"v":27.4947603932,"d":"27.49"}]
[6,606,60660,{"v":3791.86022,"d":"3,791.86"},3544,{"v":0.934633608,"d":"0.93"},"M",310,60660002,{"v":743.353037784999,"d":"743.35"},41,15,56,{"v":11.8214155299999,"d":"11.82"},{"v":0.967661341,"d":"0.97"},{"v":54.1890350899999,"d":"54.19"},{"v":1.810964909,"d":"1.81"},1,"1_60660002_40327",{"v":1.08817209781,"d":"1.09"},0.0920509134501,{"v":4.98815017901,"d":"4.99"},{"v":0.015902828,"d":"0.02"},"1_60660002_40327_110764","außerhalb GKL",{"v":1.08817209781,"d":"1.09"},{"v":1,"d":"1.00"},{"v":4.98815017901,"d":"4.99"}]
[6,606,60661,{"v":4935.93601599999,"d":"4,935.94"},6808,{"v":1.379272336,"d":"1.38"},"M",310,60661005,{"v":840.763540489999,"d":"840.76"},72,53,125,{"v":45.85041718,"d":"45.85"},{"v":0.967661341,"d":"0.97"},{"v":120.957667599999,"d":"120.96"},{"v":4.042332385,"d":"4.04"},1,"1_60661005_40445",{"v":1.97695775785,"d":"1.98"},0.0431175522371,{"v":5.21539855122,"d":"5.22"},{"v":0.05453426,"d":"0.05"},"1_60661005_40445_110979","F",{"v":0.583262299345,"d":"0.58"},{"v":0.295030228658,"d":"0.30"},{"v":1.53870022711,"d":"1.54"}]
[6,606,60663,{"v":15384.0902,"d":"15,384.09"},6542,{"v":0.425244517,"d":"0.43"},"ST",410,60663006,{"v":5.58041886001,"d":"5.58"},4,0,4,{"v":5.58041886,"d":"5.58"},{"v":0.93996673,"d":"0.94"},{"v":4,"d":"4.00"},{"v":0,"d":"0.00"},1,"1_60663006_40522",{"v":5.58041885997,"d":"5.58"},0.999999999995,{"v":3.99999999998,"d":"4.00"},{"v":1,"d":"1.00"},"1_60663006_40522_111242","F",{"v":0.340022030498,"d":"0.34"},{"v":0.0609312739832,"d":"0.06"},{"v":0.243725095932,"d":"0.24"}]
[6,606,60664,{"v":8669.835788,"d":"8,669.84"},12846,{"v":1.481688963,"d":"1.48"},"M",310,60664006,{"v":375.848120325,"d":"375.85"},48,19,67,{"v":117.7780453,"d":"117.78"},{"v":0.967661341,"d":"0.97"},{"v":64.8333098399999,"d":"64.83"},{"v":2.166690159,"d":"2.17"},1,"1_60664006_40591",{"v":74.1822555114,"d":"74.18"},0.629847908602,{"v":40.8351246105,"d":"40.84"},{"v":0.313366062,"d":"0.31"},"1_60664006_40591_111457","G",{"v":0.672964226517,"d":"0.67"},{"v":0.00907176819952,"d":"0.01"},{"v":0.370446784865,"d":"0.37"}]
[6,606,60665,{"v":4888.80784899999,"d":"4,888.81"},7220,{"v":1.476842662,"d":"1.48"},"M",310,60665004,{"v":841.940125415,"d":"841.94"},112,69,181,{"v":115.3159026,"d":"115.32"},{"v":0.967661341,"d":"0.97"},{"v":175.146702699999,"d":"175.15"},{"v":5.853297294,"d":"5.85"},1,"1_60665004_40850",{"v":50.6531831483999,"d":"50.65"},0.439255835547,{"v":76.9342112378,"d":"76.93"},{"v":0.136964493,"d":"0.14"},"1_60665004_40850_111958","außerhalb GKL",{"v":0.138351028448,"d":"0.14"},{"v":0.00273133927324,"d":"0.00"},{"v":0.21013343261,"d":"0.21"}]
[6,606,60668,{"v":4171.13950999999,"d":"4,171.14"},3747,{"v":0.898315674,"d":"0.90"},"M",310,60668001,{"v":1271.21437429999,"d":"1,271.21"},106,93,199,{"v":72.6777785299999,"d":"72.68"},{"v":0.967661341,"d":"0.97"},{"v":192.5646068,"d":"192.56"},{"v":6.435393157,"d":"6.44"},1,"1_60668001_40941",{"v":38.5915572469,"d":"38.59"},0.530995278439,{"v":102.250897004999,"d":"102.25"},{"v":0.057171929,"d":"0.06"},"1_60668001_40941_112221","G",{"v":0.200493078554,"d":"0.20"},{"v":0.00519525753447,"d":"0.01"},{"v":0.531219743072,"d":"0.53"}]
[6,606,60670,{"v":2926.24627099999,"d":"2,926.25"},6339,{"v":2.166256498,"d":"2.17"},"M",101,60670000,{"v":828.418780585,"d":"828.42"},95,1185,1280,{"v":179.7322403,"d":"179.73"},{"v":0.992934034,"d":"0.99"},{"v":1270.955564,"d":"1,270.96"},{"v":9.04443642799999,"d":"9.04"},1,"1_60670000_40981",{"v":149.592895787,"d":"149.59"},0.832309748865,{"v":1057.82870628999,"d":"1,057.83"},{"v":0.216958191,"d":"0.22"},"1_60670000_40981_112436","außerhalb GKL",{"v":34.0321021922,"d":"34.03"},{"v":0.227498117562,"d":"0.23"},{"v":240.654039383999,"d":"240.65"}]
[6,610,61002,{"v":419.547575699999,"d":"419.55"},984,{"v":2.345383592,"d":"2.35"},"M",430,61002000,{"v":228.655230684999,"d":"228.66"},54,389,443,{"v":97.90948341,"d":"97.91"},{"v":0.945243625,"d":"0.95"},{"v":418.742925899999,"d":"418.74"},{"v":24.25707411,"d":"24.26"},1,"1_61002000_41054",{"v":95.9933517007,"d":"95.99"},0.980429559604,{"v":410.547942427,"d":"410.55"},{"v":0.428196998,"d":"0.43"},"1_61002000_41054_112651","außerhalb GKL",{"v":1.20976104006,"d":"1.21"},{"v":0.0126025502665,"d":"0.01"},{"v":5.17395108124,"d":"5.17"}]
[6,610,61016,{"v":1850.86543299999,"d":"1,850.87"},1965,{"v":1.061665514,"d":"1.06"},"G",410,61016001,{"v":351.320932384999,"d":"351.32"},22,7,29,{"v":19.47688874,"d":"19.48"},{"v":0.93996673,"d":"0.94"},{"v":27.25903518,"d":"27.26"},{"v":1.740964818,"d":"1.74"},1,"1_61016001_41188",{"v":0.513993331379,"d":"0.51"},0.0263899095097,{"v":0.719363471722,"d":"0.72"},{"v":0.055439022,"d":"0.06"},"1_61016001_41188_112914","außerhalb GKL",{"v":0.513993331379,"d":"0.51"},{"v":1,"d":"1.00"},{"v":0.719363471722,"d":"0.72"}]
[6,610,61024,{"v":3596.428275,"d":"3,596.43"},2068,{"v":0.575014943,"d":"0.58"},"G",430,61024001,{"v":2824.94599701,"d":"2,824.95"},115,95,210,{"v":59.99915963,"d":"60.00"},{"v":0.945243625,"d":"0.95"},{"v":198.5011613,"d":"198.50"},{"v":11.49883874,"d":"11.50"},1,"1_61024001_41330",{"v":4.90871767359,"d":"4.91"},0.0818131071145,{"v":16.2399967718,"d":"16.24"},{"v":0.021239047,"d":"0.02"},"1_61024001_41330_113129","außerhalb GKL",{"v":0.701630977298,"d":"0.70"},{"v":0.142935696032,"d":"0.14"},{"v":2.32127524213,"d":"2.32"}]
[6,610,61051,{"v":2190.88047499999,"d":"2,190.88"},2774,{"v":1.266157616,"d":"1.27"},"M",410,61051002,{"v":1356.64089065999,"d":"1,356.64"},116,357,473,{"v":119.2349336,"d":"119.23"},{"v":0.93996673,"d":"0.94"},{"v":444.6042635,"d":"444.60"},{"v":28.3957365099999,"d":"28.40"},1,"1_61051002_41645",{"v":3.893497461,"d":"3.89"},0.0326539994903,{"v":14.5181073936999,"d":"14.52"},{"v":0.087889827,"d":"0.09"},"1_61051002_41645_113678","außerhalb GKL",{"v":2.55200046637,"d":"2.55"},{"v":0.655451940558,"d":"0.66"},{"v":9.51592166443,"d":"9.52"}]
[6,610,61053,{"v":2353.62758299999,"d":"2,353.63"},12437,{"v":5.284183483,"d":"5.28"},"ST",103,61053008,{"v":1103.82752421,"d":"1,103.83"},84,181,265,{"v":66.37989057,"d":"66.38"},{"v":0.991139192,"d":"0.99"},{"v":262.6518858,"d":"262.65"},{"v":2.348114205,"d":"2.35"},1,"1_61053008_41718",{"v":4.07333975324,"d":"4.07"},0.0613640624934,{"v":16.1173867342,"d":"16.12"},{"v":0.060136107,"d":"0.06"},"1_61053008_41718_113893","außerhalb GKL",{"v":4.07333975324,"d":"4.07"},{"v":1,"d":"1.00"},{"v":16.1173867342,"d":"16.12"}]
[6,610,61061,{"v":4767.273914,"d":"4,767.27"},6349,{"v":1.33178838,"d":"1.33"},"M",410,61058000,{"v":412.937936949999,"d":"412.94"},65,630,695,{"v":137.4146258,"d":"137.41"},{"v":0.93996673,"d":"0.94"},{"v":653.2768776,"d":"653.28"},{"v":41.7231223499999,"d":"41.72"},1,"1_61058000_41866",{"v":133.347465470999,"d":"133.35"},0.970402274828,{"v":633.941368116,"d":"633.94"},{"v":0.332773072,"d":"0.33"},"1_61058000_41866_114108","außerhalb GKL",{"v":1.46269622,"d":"1.46"},{"v":0.0109690590281,"d":"0.01"},{"v":6.95374028722,"d":"6.95"}]
[6,611,61101,{"v":12446.4004499999,"d":"12,446.40"},3806,{"v":0.305791222,"d":"0.31"},"ST",410,61101010,{"v":40.2719580999999,"d":"40.27"},6,88,94,{"v":27.08175684,"d":"27.08"},{"v":0.93996673,"d":"0.94"},{"v":88.3568726599999,"d":"88.36"},{"v":5.64312734,"d":"5.64"},1,"1_61101010_41933",{"v":27.0817568404999,"d":"27.08"},1.00000000002,{"v":88.3568726617999,"d":"88.36"},{"v":0.672471817,"d":"0.67"},"1_61101010_41933_114371","außerhalb GKL",{"v":0.0652459253789,"d":"0.07"},{"v":0.00240922055992,"d":"0.00"},{"v":0.212871194227,"d":"0.21"}]
[6,611,61106,{"v":5869.121707,"d":"5,869.12"},1588,{"v":0.270568593,"d":"0.27"},"M",410,61106000,{"v":5869.12172827999,"d":"5,869.12"},147,378,525,{"v":303.4408283,"d":"303.44"},{"v":0.93996673,"d":"0.94"},{"v":493.482533499999,"d":"493.48"},{"v":31.5174665199999,"d":"31.52"},1,"1_61106000_41985",{"v":0.652795666952,"d":"0.65"},2.15131124776E-3,{"v":1.06163452489,"d":"1.06"},{"v":0.051701233,"d":"0.05"},"1_61106000_41985_114586","außerhalb GKL",{"v":0.652795666951,"d":"0.65"},{"v":0.999999999998,"d":"1.00"},{"v":1.06163452489,"d":"1.06"}]
[6,611,61108,{"v":10772.6260899999,"d":"10,772.63"},24471,{"v":2.271590955,"d":"2.27"},"ST",102,61108050,{"v":20.66264782,"d":"20.66"},20,33,53,{"v":17.43298216,"d":"17.43"},{"v":0.988126829,"d":"0.99"},{"v":52.37072194,"d":"52.37"},{"v":0.62927806,"d":"0.63"},1,"1_61108050_42028",{"v":17.4329821599,"d":"17.43"},0.999999999994,{"v":52.3707219396999,"d":"52.37"},{"v":0.84369546,"d":"0.84"},"1_61108050_42028_114849","F",{"v":0.142255532858,"d":"0.14"},{"v":0.0081601375802,"d":"0.01"},{"v":0.427352296202,"d":"0.43"}]
[6,611,61113,{"v":5603.848492,"d":"5,603.85"},3045,{"v":0.543376575,"d":"0.54"},"M",310,61113002,{"v":4843.10269581,"d":"4,843.10"},47,269,316,{"v":60.5313734,"d":"60.53"},{"v":0.967661341,"d":"0.97"},{"v":305.780983699999,"d":"305.78"},{"v":10.2190162699999,"d":"10.22"},1,"1_61113002_42171",{"v":1.07008853662,"d":"1.07"},0.017678246445,{"v":5.40567158804,"d":"5.41"},{"v":0.01249847,"d":"0.01"},"1_61113002_42171_115350","außerhalb GKL",{"v":1.06955846603,"d":"1.07"},{"v":0.999504647913,"d":"1.00"},{"v":5.40299387734,"d":"5.40"}]
[6,611,61116,{"v":1247.902479,"d":"1,247.90"},1385,{"v":1.109862367,"d":"1.11"},"G",310,61116000,{"v":1248.87755291,"d":"1,248.88"},129,866,995,{"v":218.728366099999,"d":"218.73"},{"v":0.967661341,"d":"0.97"},{"v":962.8230342,"d":"962.82"},{"v":32.1769657899999,"d":"32.18"},1,"1_61116000_42243",{"v":2.31961670465,"d":"2.32"},0.0106050108909,{"v":10.2107487637,"d":"10.21"},{"v":0.175139961,"d":"0.18"},"1_61116000_42243_115565","außerhalb GKL",{"v":0.00648508566626,"d":"0.01"},{"v":2.79575744271E-3,"d":"0.00"},{"v":0.0285467768518,"d":"0.03"}]
[6,611,61120,{"v":14322.8789099999,"d":"14,322.88"},11119,{"v":0.77631041,"d":"0.78"},"ST",310,61120009,{"v":6193.49316257,"d":"6,193.49"},448,225,673,{"v":268.8892465,"d":"268.89"},{"v":0.967661341,"d":"0.97"},{"v":651.236082399999,"d":"651.24"},{"v":21.7639175599999,"d":"21.76"},1,"1_61120009_42281",{"v":30.6366208925,"d":"30.64"},0.113937694762,{"v":74.2003379745,"d":"74.20"},{"v":0.043414797,"d":"0.04"},"1_61120009_42281_115828","G",{"v":2.05749688267,"d":"2.06"},{"v":0.0671580880244,"d":"0.07"},{"v":4.98315282913,"d":"4.98"}]
[6,612,61204,{"v":9210.92456499999,"d":"9,210.92"},1872,{"v":0.203236927,"d":"0.20"},"G",430,61204000,{"v":619.8711742,"d":"619.87"},125,530,655,{"v":222.032270699999,"d":"222.03"},{"v":0.945243625,"d":"0.95"},{"v":619.1345744,"d":"619.13"},{"v":35.86542561,"d":"35.87"},1,"1_61204000_42333",{"v":217.865744957,"d":"217.87"},0.981234593828,{"v":607.516262635999,"d":"607.52"},{"v":0.358190992,"d":"0.36"},"1_61204000_42333_116043","F",{"v":6.55628805229,"d":"6.56"},{"v":0.0300932487279,"d":"0.03"},{"v":18.2821379977,"d":"18.28"}]
[6,612,61243,{"v":1677.36492599999,"d":"1,677.36"},1530,{"v":0.912144982,"d":"0.91"},"G",420,61243002,{"v":809.47515323,"d":"809.48"},22,31,53,{"v":46.41259895,"d":"46.41"},{"v":0.954532045,"d":"0.95"},{"v":50.5901983899999,"d":"50.59"},{"v":2.409801606,"d":"2.41"},1,"1_61243002_42466",{"v":45.7638287457999,"d":"45.76"},0.986021679051,{"v":49.88303236,"d":"49.88"},{"v":0.057336657,"d":"0.06"},"1_61243002_42466_116544","D",{"v":2.4011592665,"d":"2.40"},{"v":0.052468496022,"d":"0.05"},{"v":2.61728768495,"d":"2.62"}]
[6,612,61254,{"v":5647.43554,"d":"5,647.44"},1297,{"v":0.229661763,"d":"0.23"},"G",420,61254001,{"v":3210.79282134999,"d":"3,210.79"},53,43,96,{"v":11.70824197,"d":"11.71"},{"v":0.954532045,"d":"0.95"},{"v":91.6350763399999,"d":"91.64"},{"v":4.364923663,"d":"4.36"},1,"1_61254001_42553",{"v":0.502913250379,"d":"0.50"},0.0429537800523,{"v":3.93607291418,"d":"3.94"},{"v":0.003646527,"d":"0.00"},"1_61254001_42553_116807","außerhalb GKL",{"v":0.502913250378,"d":"0.50"},{"v":0.999999999998,"d":"1.00"},{"v":3.93607291417,"d":"3.94"}]
[6,612,61257,{"v":19962.2524,"d":"19,962.25"},4122,{"v":0.206489725,"d":"0.21"},"M",430,61257000,{"v":439.026406205,"d":"439.03"},122,634,756,{"v":127.718662499999,"d":"127.72"},{"v":0.945243625,"d":"0.95"},{"v":714.604180499999,"d":"714.60"},{"v":41.39581948,"d":"41.40"},1,"1_61257000_42615",{"v":127.718662459,"d":"127.72"},0.999999999679,{"v":714.604180271,"d":"714.60"},{"v":0.290913395,"d":"0.29"},"1_61257000_42615_117022","außerhalb GKL",{"v":6.8677031451e-05,"d":"0.00"},{"v":5.37721192e-07,"d":"0.00"},{"v":3.84257811809E-4,"d":"0.00"}]
[6,612,61259,{"v":9176.43952899999,"d":"9,176.44"},8266,{"v":0.9007851,"d":"0.90"},"ST",220,61259006,{"v":3581.47482381,"d":"3,581.47"},67,58,125,{"v":71.45152255,"d":"71.45"},{"v":0.99140599,"d":"0.99"},{"v":123.9257487,"d":"123.93"},{"v":1.074251262,"d":"1.07"},1,"1_61259006_42708",{"v":0.60446426426,"d":"0.60"},0.00845978143905,{"v":1.04838474867,"d":"1.05"},{"v":0.019950307,"d":"0.02"},"1_61259006_42708_117285","außerhalb GKL",{"v":0.604464264259,"d":"0.60"},{"v":0.999999999998,"d":"1.00"},{"v":1.04838474867,"d":"1.05"}]
[6,612,61262,{"v":7019.42720699999,"d":"7,019.43"},2035,{"v":0.289909695,"d":"0.29"},"M",430,61262001,{"v":2090.36432732999,"d":"2,090.36"},60,102,162,{"v":53.5073244299999,"d":"53.51"},{"v":0.945243625,"d":"0.95"},{"v":153.129467299999,"d":"153.13"},{"v":8.870532746,"d":"8.87"},1,"1_61262001_42787",{"v":48.0931322810999,"d":"48.09"},0.898813999643,{"v":137.634908967,"d":"137.63"},{"v":0.025597129,"d":"0.03"},"1_61262001_42787_117500","F",{"v":9.39169245101,"d":"9.39"},{"v":0.195281363587,"d":"0.20"},{"v":26.8775327002,"d":"26.88"}]
[6,612,61265,{"v":21114.3914599999,"d":"21,114.39"},6600,{"v":0.312583008,"d":"0.31"},"ST",220,61265003,{"v":135.434228455,"d":"135.43"},83,910,993,{"v":65.9662026999999,"d":"65.97"},{"v":0.99140599,"d":"0.99"},{"v":984.466147999999,"d":"984.47"},{"v":8.533852025,"d":"8.53"},1,"1_61265003_42868",{"v":56.7058603521999,"d":"56.71"},0.859619896723,{"v":846.266688470999,"d":"846.27"},{"v":0.487071868,"d":"0.49"},"1_61265003_42868_117715","G",{"v":3.8143837111,"d":"3.81"},{"v":0.067266128887,"d":"0.07"},{"v":56.9250841395,"d":"56.93"}]
[6,614,61439,{"v":16352.13001,"d":"16,352.13"},4891,{"v":0.299104765,"d":"0.30"},"M",430,61439002,{"v":1900.5215539,"d":"1,900.52"},62,6,68,{"v":11.32139555,"d":"11.32"},{"v":0.945243625,"d":"0.95"},{"v":64.2765665,"d":"64.28"},{"v":3.723433498,"d":"3.72"},1,"1_61439002_43070",{"v":0.656295171581,"d":"0.66"},0.057969458684,{"v":3.72607776607,"d":"3.73"},{"v":0.005956994,"d":"0.01"},"1_61439002_43070_118264","G",{"v":0.0387418925857,"d":"0.04"},{"v":0.0590312016046,"d":"0.06"},{"v":0.219954847803,"d":"0.22"}]
[6,614,61440,{"v":21017.3692599999,"d":"21,017.37"},2934,{"v":0.139598822,"d":"0.14"},"ST",430,61440003,{"v":6869.78953625,"d":"6,869.79"},121,62,183,{"v":63.3681080699999,"d":"63.37"},{"v":0.945243625,"d":"0.95"},{"v":172.979583399999,"d":"172.98"},{"v":10.02041662,"d":"10.02"},1,"1_61440003_43211",{"v":0.653609920268,"d":"0.65"},0.0103144932076,{"v":1.78419673803,"d":"1.78"},{"v":0.00922417,"d":"0.01"},"1_61440003_43211_118479","außerhalb GKL",{"v":0.653609920268,"d":"0.65"},{"v":1,"d":"1.00"},{"v":1.78419673803,"d":"1.78"}]
[6,614,61445,{"v":25623.35915,"d":"25,623.36"},1679,{"v":0.065526147,"d":"0.07"},"G",420,61445000,{"v":3025.16462383999,"d":"3,025.16"},40,52,92,{"v":31.0155786,"d":"31.02"},{"v":0.954532045,"d":"0.95"},{"v":87.8169481599999,"d":"87.82"},{"v":4.183051844,"d":"4.18"},1,"1_61445000_43328",{"v":27.3241020361999,"d":"27.32"},0.880979922657,{"v":77.364968198,"d":"77.36"},{"v":0.010252526,"d":"0.01"},"1_61445000_43328_118694","außerhalb GKL",{"v":0.0121420105506,"d":"0.01"},{"v":0.000444369975435,"d":"0.00"},{"v":0.0343786690177,"d":"0.03"}]
[6,616,61618,{"v":654.1771903,"d":"654.18"},1679,{"v":2.566582915,"d":"2.57"},"G",103,61618000,{"v":408.141786545,"d":"408.14"},39,130,169,{"v":84.88285471,"d":"84.88"},{"v":0.991139192,"d":"0.99"},{"v":167.5025234,"d":"167.50"},{"v":1.497476607,"d":"1.50"},1,"1_61618000_43457",{"v":42.13560342,"d":"42.14"},0.496397105917,{"v":83.1477678496,"d":"83.15"},{"v":0.207973938,"d":"0.21"},"1_61618000_43457_118957","außerhalb GKL",{"v":18.2671754699,"d":"18.27"},{"v":0.433533021654,"d":"0.43"},{"v":36.0473030396,"d":"36.05"}]
[6,616,61625,{"v":2862.08075,"d":"2,862.08"},9419,{"v":3.290962353,"d":"3.29"},"ST",103,61625031,{"v":637.990743039999,"d":"637.99"},37,25,62,{"v":39.1451446499999,"d":"39.15"},{"v":0.991139192,"d":"0.99"},{"v":61.45062988,"d":"61.45"},{"v":0.549370116,"d":"0.55"},1,"1_61625031_43525",{"v":7.17159784165,"d":"7.17"},0.183205296743,{"v":11.2580808822,"d":"11.26"},{"v":0.061356916,"d":"0.06"},"1_61625031_43525_119246","F",{"v":0.0645252057099,"d":"0.06"},{"v":0.00899732627716,"d":"0.01"},{"v":0.101292626952,"d":"0.10"}]
[6,616,61627,{"v":8768.753198,"d":"8,768.75"},1715,{"v":0.195580827,"d":"0.20"},"M",410,61627000,{"v":264.10979341,"d":"264.11"},53,192,245,{"v":53.10085432,"d":"53.10"},{"v":0.93996673,"d":"0.94"},{"v":230.291849,"d":"230.29"},{"v":14.70815104,"d":"14.71"},1,"1_61627000_43583",{"v":2.53729674017,"d":"2.54"},0.047782597336,{"v":11.0039426905,"d":"11.00"},{"v":0.201055984,"d":"0.20"},"1_61627000_43583_119436","G",{"v":0.097952664902,"d":"0.10"},{"v":0.0386051277926,"d":"0.04"},{"v":0.424808613789,"d":"0.42"}]
[6,616,61632,{"v":10420.96284,"d":"10,420.96"},2771,{"v":0.265906332,"d":"0.27"},"M",103,61632003,{"v":3105.97776436,"d":"3,105.98"},82,31,113,{"v":35.99737237,"d":"36.00"},{"v":0.991139192,"d":"0.99"},{"v":111.9987287,"d":"112.00"},{"v":1.00127134,"d":"1.00"},1,"1_61632003_43855",{"v":0.677347516031,"d":"0.68"},0.0188165821957,{"v":2.1074332844,"d":"2.11"},{"v":0.011589707,"d":"0.01"},"1_61632003_43855_119937","außerhalb GKL",{"v":0.677347516031,"d":"0.68"},{"v":1,"d":"1.00"},{"v":2.1074332844,"d":"2.11"}]
[6,617,61708,{"v":6157.29064399999,"d":"6,157.29"},1524,{"v":0.24751146,"d":"0.25"},"G",430,61708000,{"v":6157.29064411,"d":"6,157.29"},175,192,367,{"v":159.6442421,"d":"159.64"},{"v":0.945243625,"d":"0.95"},{"v":346.9044104,"d":"346.90"},{"v":20.0955896199999,"d":"20.10"},1,"1_61708000_43945",{"v":0.836596319473,"d":"0.84"},5.24037891043E-3,{"v":1.8179105562,"d":"1.82"},{"v":0.025927677,"d":"0.03"},"1_61708000_43945_120152","außerhalb GKL",{"v":0.18951741167,"d":"0.19"},{"v":0.226533881705,"d":"0.23"},{"v":0.411818334888,"d":"0.41"}]
[6,617,61727,{"v":1281.269497,"d":"1,281.27"},2463,{"v":1.922312211,"d":"1.92"},"G",210,61727000,{"v":1281.26949689,"d":"1,281.27"},166,776,942,{"v":225.103767199999,"d":"225.10"},{"v":0.980090788,"d":"0.98"},{"v":923.245522299999,"d":"923.25"},{"v":18.7544776999999,"d":"18.75"},1,"1_61727000_44027",{"v":185.225644587999,"d":"185.23"},0.822845600906,{"v":759.688516581,"d":"759.69"},{"v":0.175688072,"d":"0.18"},"1_61727000_44027_120415","G",{"v":0.0469449243003,"d":"0.05"},{"v":0.000253447217877,"d":"0.00"},{"v":0.192540940981,"d":"0.19"}]
[6,617,61731,{"v":2080.76532799999,"d":"2,080.77"},1351,{"v":0.649280331,"d":"0.65"},"G",310,61731000,{"v":2080.76532803,"d":"2,080.77"},128,196,324,{"v":124.1873486,"d":"124.19"},{"v":0.967661341,"d":"0.97"},{"v":313.522274499999,"d":"313.52"},{"v":10.47772554,"d":"10.48"},1,"1_61731000_44125",{"v":30.3117583945,"d":"30.31"},0.244080888562,{"v":76.5247953438999,"d":"76.52"},{"v":0.059683496,"d":"0.06"},"1_61731000_44125_120630","außerhalb GKL",{"v":0.483359588558,"d":"0.48"},{"v":0.0159462734648,"d":"0.02"},{"v":1.22028531339,"d":"1.22"}]
[6,617,61746,{"v":4301.33177199999,"d":"4,301.33"},4110,{"v":0.955518016,"d":"0.96"},"M",410,61746003,{"v":1283.98301117,"d":"1,283.98"},100,99,199,{"v":38.1507074299999,"d":"38.15"},{"v":0.93996673,"d":"0.94"},{"v":187.0533794,"d":"187.05"},{"v":11.94662064,"d":"11.95"},1,"1_61746003_44324",{"v":1.08868077728,"d":"1.09"},0.0285363195238,{"v":5.33781500256,"d":"5.34"},{"v":0.029712782,"d":"0.03"},"1_61746003_44324_120893","außerhalb GKL",{"v":1.08868077728,"d":"1.09"},{"v":1,"d":"1.00"},{"v":5.33781500256,"d":"5.34"}]
[6,617,61756,{"v":5383.804489,"d":"5,383.80"},3995,{"v":0.742040319,"d":"0.74"},"M",410,61756002,{"v":797.794508905,"d":"797.79"},91,293,384,{"v":89.89118209,"d":"89.89"},{"v":0.93996673,"d":"0.94"},{"v":360.9472245,"d":"360.95"},{"v":23.05277551,"d":"23.05"},1,"1_61756002_44602",{"v":9.6091745294,"d":"9.61"},0.106897854784,{"v":38.5844839892999,"d":"38.58"},{"v":0.112674606,"d":"0.11"},"1_61756002_44602_121394","F",{"v":1.1305520207,"d":"1.13"},{"v":0.117653396474,"d":"0.12"},{"v":4.53959559254,"d":"4.54"}]
[6,617,61759,{"v":3006.70656599999,"d":"3,006.71"},1699,{"v":0.565070107,"d":"0.57"},"G",430,61759002,{"v":1104.98184895,"d":"1,104.98"},86,27,113,{"v":45.1005567799999,"d":"45.10"},{"v":0.945243625,"d":"0.95"},{"v":106.8125296,"d":"106.81"},{"v":6.187470372,"d":"6.19"},1,"1_61759002_44717",{"v":1.19320443245,"d":"1.19"},0.026456534412,{"v":2.825889365,"d":"2.83"},{"v":0.040815654,"d":"0.04"},"1_61759002_44717_121609","außerhalb GKL",{"v":1.19320443245,"d":"1.19"},{"v":1,"d":"1.00"},{"v":2.825889365,"d":"2.83"}]
[6,617,61760,{"v":3866.612814,"d":"3,866.61"},10926,{"v":2.82572901,"d":"2.83"},"ST",210,61760006,{"v":859.941090759999,"d":"859.94"},77,103,180,{"v":79.24141038,"d":"79.24"},{"v":0.980090788,"d":"0.98"},{"v":176.416341799999,"d":"176.42"},{"v":3.583658159,"d":"3.58"},1,"1_61760006_44816",{"v":11.4897881386,"d":"11.49"},0.144997269527,{"v":25.5798878609,"d":"25.58"},{"v":0.092147487,"d":"0.09"},"1_61760006_44816_121872","G",{"v":2.10407776766,"d":"2.10"},{"v":0.183125897734,"d":"0.18"},{"v":4.68433992846,"d":"4.68"}]
[6,617,61762,{"v":2248.399393,"d":"2,248.40"},2180,{"v":0.969578629,"d":"0.97"},"G",410,61762003,{"v":648.799778315,"d":"648.80"},46,67,113,{"v":36.2633894399999,"d":"36.26"},{"v":0.93996673,"d":"0.94"},{"v":106.216240499999,"d":"106.22"},{"v":6.783759461,"d":"6.78"},1,"1_61762003_44914",{"v":2.76264004677,"d":"2.76"},0.0761826208039,{"v":8.09183157322999,"d":"8.09"},{"v":0.055893036,"d":"0.06"},"1_61762003_44914_122087","außerhalb GKL",{"v":2.76264004677,"d":"2.76"},{"v":1,"d":"1.00"},{"v":8.09183157322999,"d":"8.09"}]
[6,617,61764,{"v":2813.315462,"d":"2,813.32"},3679,{"v":1.307709729,"d":"1.31"},"M",410,61764003,{"v":493.91772191,"d":"493.92"},69,52,121,{"v":44.0141688499999,"d":"44.01"},{"v":0.93996673,"d":"0.94"},{"v":113.7359744,"d":"113.74"},{"v":7.264025618,"d":"7.26"},1,"1_61764003_45033",{"v":1.33124034464,"d":"1.33"},0.0302457226712,{"v":3.44002673944,"d":"3.44"},{"v":0.08911235,"d":"0.09"},"1_61764003_45033_122302","außerhalb GKL",{"v":1.33124034464,"d":"1.33"},{"v":1,"d":"1.00"},{"v":3.44002673944,"d":"3.44"}]
[6,617,61766,{"v":1747.37985099999,"d":"1,747.38"},11797,{"v":6.75125102,"d":"6.75"},"ST",103,61766009,{"v":1241.32310149999,"d":"1,241.32"},159,2847,3006,{"v":259.9796723,"d":"259.98"},{"v":0.991139192,"d":"0.99"},{"v":2979.36441,"d":"2,979.36"},{"v":26.63558982,"d":"26.64"},1,"1_61766009_45109",{"v":1.04703096381,"d":"1.05"},0.00402735704121,{"v":11.9989642349,"d":"12.00"},{"v":0.209437553,"d":"0.21"},"1_61766009_45109_122565","G",{"v":1.02044121548,"d":"1.02"},{"v":0.974604620829,"d":"0.97"},{"v":11.6942459885,"d":"11.69"}]
[6,620,62014,{"v":1763.55114299999,"d":"1,763.55"},1907,{"v":1.081340911,"d":"1.08"},"M",310,62014000,{"v":1763.55114282999,"d":"1,763.55"},150,442,592,{"v":219.187581899999,"d":"219.19"},{"v":0.967661341,"d":"0.97"},{"v":572.8555138,"d":"572.86"},{"v":19.14448618,"d":"19.14"},1,"1_62014000_45287",{"v":1.29362261699,"d":"1.29"},0.00590189738751,{"v":3.38093446032,"d":"3.38"},{"v":0.124287624,"d":"0.12"},"1_62014000_45287_123066","G",{"v":0.0286835660109,"d":"0.03"},{"v":0.0221730554446,"d":"0.02"},{"v":0.0749656472432,"d":"0.07"}]
[6,620,62038,{"v":870.4917305,"d":"870.49"},6990,{"v":8.029944174,"d":"8.03"},"ST",103,62038000,{"v":139.687344415,"d":"139.69"},31,264,295,{"v":58.9854926399999,"d":"58.99"},{"v":0.991139192,"d":"0.99"},{"v":292.386061499999,"d":"292.39"},{"v":2.613938455,"d":"2.61"},1,"1_62038000_45406",{"v":57.9734858353999,"d":"57.97"},0.982843123634,{"v":287.369629992,"d":"287.37"},{"v":0.422267979,"d":"0.42"},"1_62038000_45406_123329","F",{"v":0.507375749396,"d":"0.51"},{"v":0.00875185857957,"d":"0.01"},{"v":2.51501836175,"d":"2.52"}]
[6,620,62040,{"v":6374.297673,"d":"6,374.30"},9853,{"v":1.54573892,"d":"1.55"},"ST",103,62040004,{"v":34.3754894249999,"d":"34.38"},10,193,203,{"v":29.33454635,"d":"29.33"},{"v":0.991139192,"d":"0.99"},{"v":201.2012559,"d":"201.20"},{"v":1.798744089,"d":"1.80"},1,"1_62040004_45463",{"v":29.3345463496999,"d":"29.33"},0.99999999999,{"v":201.201255897999,"d":"201.20"},{"v":0.853356471,"d":"0.85"},"1_62040004_45463_123544","E",{"v":0.0244771791185,"d":"0.02"},{"v":0.000834414782717,"d":"0.00"},{"v":0.167885302223,"d":"0.17"}]
[6,620,62041,{"v":1385.17301199999,"d":"1,385.17"},12597,{"v":9.09417082799999,"d":"9.09"},"ST",103,62041002,{"v":40.3687434349999,"d":"40.37"},87,440,527,{"v":35.6429278199999,"d":"35.64"},{"v":0.991139192,"d":"0.99"},{"v":522.330354,"d":"522.33"},{"v":4.669645986,"d":"4.67"},1,"1_62041002_45515",{"v":35.6429278247,"d":"35.64"},1.00000000013,{"v":522.330354068,"d":"522.33"},{"v":0.882933795,"d":"0.88"},"1_62041002_45515_123759","E",{"v":0.0096637099515,"d":"0.01"},{"v":2.71125593246E-4,"d":"0.00"},{"v":0.141617127117,"d":"0.14"}]
[6,620,62042,{"v":15913.36086,"d":"15,913.36"},3760,{"v":0.23627944,"d":"0.24"},"M",410,62042004,{"v":4714.55614174,"d":"4,714.56"},59,23,82,{"v":16.54585686,"d":"16.55"},{"v":0.93996673,"d":"0.94"},{"v":77.0772719,"d":"77.08"},{"v":4.922728105,"d":"4.92"},1,"1_62042004_45600",{"v":3.43777671699,"d":"3.44"},0.207772661524,{"v":16.0145499256999,"d":"16.01"},{"v":0.003509526,"d":"0.00"},"1_62042004_45600_124022","G",{"v":2.00693003177,"d":"2.01"},{"v":0.58378719649,"d":"0.58"},{"v":9.34908920416999,"d":"9.35"}]
[6,620,62046,{"v":14824.9096499999,"d":"14,824.91"},2687,{"v":0.181248997,"d":"0.18"},"G",310,62046001,{"v":3589.07451103999,"d":"3,589.07"},83,181,264,{"v":99.1005367,"d":"99.10"},{"v":0.967661341,"d":"0.97"},{"v":255.462593999999,"d":"255.46"},{"v":8.537405998,"d":"8.54"},1,"1_62046001_45905",{"v":0.759595611449,"d":"0.76"},0.00766489906859,{"v":1.95809499881,"d":"1.96"},{"v":0.027611725,"d":"0.03"},"1_62046001_45905_124523","außerhalb GKL",{"v":0.759595611448,"d":"0.76"},{"v":0.999999999999,"d":"1.00"},{"v":1.95809499881,"d":"1.96"}]
[6,620,62048,{"v":14963.0734799999,"d":"14,963.07"},4776,{"v":0.319185761,"d":"0.32"},"M",410,62048001,{"v":1388.1621285,"d":"1,388.16"},56,113,169,{"v":61.7381241599999,"d":"61.74"},{"v":0.93996673,"d":"0.94"},{"v":158.8543774,"d":"158.85"},{"v":10.14562256,"d":"10.15"},1,"1_62048001_45986",{"v":22.6534871188,"d":"22.65"},0.366928659188,{"v":58.2882237055,"d":"58.29"},{"v":0.044474722,"d":"0.04"},"1_62048001_45986_124786","G",{"v":5.29498937959,"d":"5.29"},{"v":0.23373837996,"d":"0.23"},{"v":13.6241949797,"d":"13.62"}]
[6,621,62105,{"v":6240.26306699999,"d":"6,240.26"},1646,{"v":0.263770931,"d":"0.26"},"M",410,62105002,{"v":5539.20581124999,"d":"5,539.21"},94,14,108,{"v":32.8935172899999,"d":"32.89"},{"v":0.93996673,"d":"0.94"},{"v":101.5164069,"d":"101.52"},{"v":6.483593114,"d":"6.48"},1,"1_62105002_46082",{"v":0.779747717413,"d":"0.78"},0.0237052094654,{"v":2.40646768974,"d":"2.41"},{"v":0.005938309,"d":"0.01"},"1_62105002_46082_125001","außerhalb GKL",{"v":0.0275206740714,"d":"0.03"},{"v":0.0352943310468,"d":"0.04"},{"v":0.0849346672951,"d":"0.08"}]
[6,621,62116,{"v":7593.37979999999,"d":"7,593.38"},3902,{"v":0.513868673,"d":"0.51"},"M",210,62116003,{"v":4557.99118051999,"d":"4,557.99"},67,225,292,{"v":14.94195373,"d":"14.94"},{"v":0.980090788,"d":"0.98"},{"v":286.1865101,"d":"286.19"},{"v":5.813489903,"d":"5.81"},1,"1_62116003_46181",{"v":1.45627628494,"d":"1.46"},0.097462240297,{"v":27.8923784171,"d":"27.89"},{"v":3.278188E-3,"d":"0.00"},"1_62116003_46181_125216","G",{"v":0.15083426386,"d":"0.15"},{"v":0.103575307392,"d":"0.10"},{"v":2.88896166845,"d":"2.89"}]
[6,621,62131,{"v":7313.560027,"d":"7,313.56"},1435,{"v":0.196210873,"d":"0.20"},"G",410,62131002,{"v":6550.52882178999,"d":"6,550.53"},51,445,496,{"v":24.0254985199999,"d":"24.03"},{"v":0.93996673,"d":"0.94"},{"v":466.2234983,"d":"466.22"},{"v":29.77650171,"d":"29.78"},1,"1_62131002_46245",{"v":0.709739415275,"d":"0.71"},0.02954109005,{"v":13.7727503467,"d":"13.77"},{"v":0.003667719,"d":"0.00"},"1_62131002_46245_125479","außerhalb GKL",{"v":0.376898419246,"d":"0.38"},{"v":0.531037745875,"d":"0.53"},{"v":7.31385029861,"d":"7.31"}]
[6,621,62139,{"v":8528.40112399999,"d":"8,528.40"},15787,{"v":1.851108991,"d":"1.85"},"ST",102,62139014,{"v":2777.04230089,"d":"2,777.04"},112,399,511,{"v":196.143594199999,"d":"196.14"},{"v":0.988126829,"d":"0.99"},{"v":504.9328097,"d":"504.93"},{"v":6.067190349,"d":"6.07"},1,"1_62139014_46374",{"v":185.611813025,"d":"185.61"},0.946305760237,{"v":477.820826351999,"d":"477.82"},{"v":0.070630395,"d":"0.07"},"1_62139014_46374_125980","F",{"v":5.77961674419,"d":"5.78"},{"v":0.031138194547,"d":"0.03"},{"v":14.8784778495999,"d":"14.88"}]
[6,621,62140,{"v":8202.74981099999,"d":"8,202.75"},22609,{"v":2.756270826,"d":"2.76"},"ST",102,62140015,{"v":37.9210920749999,"d":"37.92"},19,71,90,{"v":25.81642773,"d":"25.82"},{"v":0.988126829,"d":"0.99"},{"v":88.9314146199999,"d":"88.93"},{"v":1.068585384,"d":"1.07"},1,"1_62140015_46414",{"v":23.6425839796,"d":"23.64"},0.915796105753,{"v":81.4430431881,"d":"81.44"},{"v":0.680793361,"d":"0.68"},"1_62140015_46414_126195","D",{"v":3.76857085432,"d":"3.77"},{"v":0.159397587741,"d":"0.16"},{"v":12.9818246225,"d":"12.98"}]
[6,621,62141,{"v":9052.389008,"d":"9,052.39"},8150,{"v":0.900314822,"d":"0.90"},"ST",410,62141000,{"v":20.32486372,"d":"20.32"},61,524,585,{"v":20.3244562199999,"d":"20.32"},{"v":0.93996673,"d":"0.94"},{"v":549.8805373,"d":"549.88"},{"v":35.1194627,"d":"35.12"},1,"1_62141000_46456",{"v":20.3244562201999,"d":"20.32"},1.00000000001,{"v":549.880537304999,"d":"549.88"},{"v":0.999979951,"d":"1.00"},"1_62141000_46456_126458","C",{"v":0.0615690358912,"d":"0.06"},{"v":3.02930790493E-3,"d":"0.00"},{"v":1.66575745843,"d":"1.67"}]
[6,621,62141,{"v":9052.389008,"d":"9,052.39"},8150,{"v":0.900314822,"d":"0.90"},"ST",410,62141008,{"v":4343.50430882999,"d":"4,343.50"},106,26,132,{"v":44.1656810699999,"d":"44.17"},{"v":0.93996673,"d":"0.94"},{"v":124.075608399999,"d":"124.08"},{"v":7.924391583,"d":"7.92"},1,"1_62141008_46516",{"v":16.6246585724,"d":"16.62"},0.37641576377,{"v":46.7040149011,"d":"46.70"},{"v":0.010168214,"d":"0.01"},"1_62141008_46516_126673","außerhalb GKL",{"v":16.6246585724,"d":"16.62"},{"v":1,"d":"1.00"},{"v":46.7040149011,"d":"46.70"}]
[6,621,62144,{"v":27457.97249,"d":"27,457.97"},2380,{"v":0.086677922,"d":"0.09"},"M",420,62144001,{"v":6272.81548456,"d":"6,272.82"},50,55,105,{"v":192.5297346,"d":"192.53"},{"v":0.954532045,"d":"0.95"},{"v":100.2258647,"d":"100.23"},{"v":4.774135256,"d":"4.77"},1,"1_62144001_46631",{"v":158.900901731,"d":"158.90"},0.825331744528,{"v":82.7195877597,"d":"82.72"},{"v":0.030692714,"d":"0.03"},"1_62144001_46631_126936","F",{"v":0.0251532235761,"d":"0.03"},{"v":1.58295033584E-4,"d":"0.00"},{"v":0.0130940999225,"d":"0.01"}]
[6,621,62147,{"v":16645.5769299999,"d":"16,645.58"},2253,{"v":0.135351271,"d":"0.14"},"M",310,62147002,{"v":3721.01533960999,"d":"3,721.02"},62,33,95,{"v":73.1603139399999,"d":"73.16"},{"v":0.967661341,"d":"0.97"},{"v":91.92782739,"d":"91.93"},{"v":3.072172613,"d":"3.07"},1,"1_62147002_46700",{"v":13.635191889,"d":"13.64"},0.186374157719,{"v":17.1329714007,"d":"17.13"},{"v":0.019661385,"d":"0.02"},"1_62147002_46700_127151","G",{"v":1.24468158172,"d":"1.24"},{"v":0.0912844932328,"d":"0.09"},{"v":1.56397461188,"d":"1.56"}]
[6,622,62216,{"v":2124.72927299999,"d":"2,124.73"},1269,{"v":0.597252561,"d":"0.60"},"G",430,62216002,{"v":854.875218355,"d":"854.88"},42,21,63,{"v":52.5840440799999,"d":"52.58"},{"v":0.945243625,"d":"0.95"},{"v":59.55034838,"d":"59.55"},{"v":3.449651623,"d":"3.45"},1,"1_62216002_46997",{"v":49.3187845722999,"d":"49.32"},0.937903986564,{"v":55.8525091468999,"d":"55.85"},{"v":0.061510783,"d":"0.06"},"1_62216002_46997_127652","außerhalb GKL",{"v":0.389227704254,"d":"0.39"},{"v":0.00789207819352,"d":"0.01"},{"v":0.440792369492,"d":"0.44"}]
[6,622,62220,{"v":3042.96595399999,"d":"3,042.97"},2179,{"v":0.71607768,"d":"0.72"},"G",420,62220002,{"v":765.032021135,"d":"765.03"},83,125,208,{"v":56.44421561,"d":"56.44"},{"v":0.954532045,"d":"0.95"},{"v":198.5426654,"d":"198.54"},{"v":9.457334603,"d":"9.46"},1,"1_62220002_47072",{"v":0.679389160779,"d":"0.68"},0.0120364709375,{"v":2.38975302194,"d":"2.39"},{"v":0.0737802,"d":"0.07"},"1_62220002_47072_127915","außerhalb GKL",{"v":0.679389160779,"d":"0.68"},{"v":1,"d":"1.00"},{"v":2.38975302194,"d":"2.39"}]
[6,622,62235,{"v":3395.582938,"d":"3,395.58"},2040,{"v":0.600780495,"d":"0.60"},"G",420,62235000,{"v":1626.0268759,"d":"1,626.03"},83,211,294,{"v":31.5028680299999,"d":"31.50"},{"v":0.954532045,"d":"0.95"},{"v":280.632421299999,"d":"280.63"},{"v":13.3675787199999,"d":"13.37"},1,"1_62235000_47169",{"v":0.533166312767,"d":"0.53"},0.016924373751,{"v":4.74952798473,"d":"4.75"},{"v":0.019374137,"d":"0.02"},"1_62235000_47169_128130","außerhalb GKL",{"v":0.533166312767,"d":"0.53"},{"v":1,"d":"1.00"},{"v":4.74952798473,"d":"4.75"}]
[6,622,62245,{"v":4853.95317299999,"d":"4,853.95"},1454,{"v":0.299549655,"d":"0.30"},"G",430,62245000,{"v":4853.95317249999,"d":"4,853.95"},191,126,317,{"v":125.461221699999,"d":"125.46"},{"v":0.945243625,"d":"0.95"},{"v":299.6422291,"d":"299.64"},{"v":17.35777087,"d":"17.36"},1,"1_62245000_47302",{"v":0.635767091147,"d":"0.64"},0.00506743902644,{"v":1.51841872571,"d":"1.52"},{"v":0.025847225,"d":"0.03"},"1_62245000_47302_128345","außerhalb GKL",{"v":0.635767091147,"d":"0.64"},{"v":1,"d":"1.00"},{"v":1.51841872571,"d":"1.52"}]
[6,622,62264,{"v":5225.833647,"d":"5,225.83"},3834,{"v":0.733662849,"d":"0.73"},"M",420,62264001,{"v":994.221403044999,"d":"994.22"},53,58,111,{"v":71.89292804,"d":"71.89"},{"v":0.954532045,"d":"0.95"},{"v":105.953057,"d":"105.95"},{"v":5.046942985,"d":"5.05"},1,"1_62264001_47481",{"v":42.4631347768999,"d":"42.46"},0.590644113887,{"v":62.5805494653999,"d":"62.58"},{"v":0.072310783,"d":"0.07"},"1_62264001_47481_128608","G",{"v":32.3740862443,"d":"32.37"},{"v":0.762404528408,"d":"0.76"},{"v":47.7116943027,"d":"47.71"}]
[6,622,62268,{"v":4570.328016,"d":"4,570.33"},3161,{"v":0.691635259,"d":"0.69"},"M",420,62268001,{"v":2234.30746237999,"d":"2,234.31"},205,393,598,{"v":195.9905219,"d":"195.99"},{"v":0.954532045,"d":"0.95"},{"v":570.810162999999,"d":"570.81"},{"v":27.1898369799999,"d":"27.19"},1,"1_62268001_47688",{"v":0.651179156042,"d":"0.65"},0.00332250330133,{"v":1.896518651,"d":"1.90"},{"v":0.087718689,"d":"0.09"},"1_62268001_47688_129109","außerhalb GKL",{"v":0.651179156042,"d":"0.65"},{"v":1,"d":"1.00"},{"v":1.896518651,"d":"1.90"}]
[6,622,62272,{"v":2800.62752899999,"d":"2,800.63"},2994,{"v":1.069046122,"d":"1.07"},"M",420,62272000,{"v":526.553185064999,"d":"526.55"},97,828,925,{"v":129.556108599999,"d":"129.56"},{"v":0.954532045,"d":"0.95"},{"v":882.942141799999,"d":"882.94"},{"v":42.0578582099999,"d":"42.06"},1,"1_62272000_47843",{"v":0.92173487338,"d":"0.92"},0.0071145612765,{"v":6.28174597144,"d":"6.28"},{"v":0.246045627,"d":"0.25"},"1_62272000_47843_129390","E",{"v":0.626204383884,"d":"0.63"},{"v":0.679375818328,"d":"0.68"},{"v":4.26766630988,"d":"4.27"}]
[6,622,62274,{"v":1368.98763499999,"d":"1,368.99"},1490,{"v":1.088395514,"d":"1.09"},"M",430,62274000,{"v":1016.77630428999,"d":"1,016.78"},63,397,460,{"v":122.1731634,"d":"122.17"},{"v":0.945243625,"d":"0.95"},{"v":434.8120675,"d":"434.81"},{"v":25.18793249,"d":"25.19"},1,"1_62274000_47941",{"v":120.206803968,"d":"120.21"},0.983905144327,{"v":427.813830028999,"d":"427.81"},{"v":0.120157367,"d":"0.12"},"1_62274000_47941_129588","außerhalb GKL",{"v":0.0893363521058,"d":"0.09"},{"v":0.00074318881425,"d":"0.00"},{"v":0.317946453059,"d":"0.32"}]
[6,622,62275,{"v":8887.460294,"d":"8,887.46"},5930,{"v":0.667232236,"d":"0.67"},"M",420,62275008,{"v":1246.65283017,"d":"1,246.65"},83,118,201,{"v":26.23949502,"d":"26.24"},{"v":0.954532045,"d":"0.95"},{"v":191.860941099999,"d":"191.86"},{"v":9.13905892,"d":"9.14"},1,"1_62275008_48084",{"v":0.80841890904,"d":"0.81"},0.0308092403617,{"v":5.91108985037,"d":"5.91"},{"v":0.021047957,"d":"0.02"},"1_62275008_48084_129803","außerhalb GKL",{"v":0.80841890904,"d":"0.81"},{"v":1,"d":"1.00"},{"v":5.91108985037,"d":"5.91"}]
[6,622,62278,{"v":8128.261808,"d":"8,128.26"},4701,{"v":0.578352434,"d":"0.58"},"M",430,62278002,{"v":1730.33312298,"d":"1,730.33"},91,58,149,{"v":83.6556870999999,"d":"83.66"},{"v":0.945243625,"d":"0.95"},{"v":140.8413001,"d":"140.84"},{"v":8.158699871,"d":"8.16"},1,"1_62278002_48224",{"v":2.85529819679,"d":"2.86"},0.0341315491603,{"v":4.80713175816,"d":"4.81"},{"v":0.048346579,"d":"0.05"},"1_62278002_48224_130066","außerhalb GKL",{"v":1.35013523742,"d":"1.35"},{"v":0.472852621466,"d":"0.47"},{"v":2.27306485358,"d":"2.27"}]
[6,623,62376,{"v":2999.99755099999,"d":"3,000.00"},3178,{"v":1.059334198,"d":"1.06"},"ST",220,62376004,{"v":492.874900239999,"d":"492.87"},41,241,282,{"v":83.9107194,"d":"83.91"},{"v":0.99140599,"d":"0.99"},{"v":279.5764892,"d":"279.58"},{"v":2.423510847,"d":"2.42"},1,"1_62376004_48474",{"v":35.6440344098,"d":"35.64"},0.424785232026,{"v":118.759963834,"d":"118.76"},{"v":0.1702475,"d":"0.17"},"1_62376004_48474_130567","außerhalb GKL",{"v":9.64261919241,"d":"9.64"},{"v":0.27052547087,"d":"0.27"},{"v":32.1275951367,"d":"32.13"}]
[6,623,62379,{"v":6727.19920399999,"d":"6,727.20"},13450,{"v":1.999346175,"d":"2.00"},"ST",220,62379004,{"v":878.185387999999,"d":"878.19"},101,577,678,{"v":140.801162,"d":"140.80"},{"v":0.99140599,"d":"0.99"},{"v":672.173261199999,"d":"672.17"},{"v":5.826738845,"d":"5.83"},1,"1_62379004_48523",{"v":95.2559993128,"d":"95.26"},0.676528502746,{"v":454.744369985999,"d":"454.74"},{"v":0.160331934,"d":"0.16"},"1_62379004_48523_130830","G",{"v":13.5574626491,"d":"13.56"},{"v":0.142326601441,"d":"0.14"},{"v":64.7222207045,"d":"64.72"}]
[6,623,62382,{"v":4390.08647199999,"d":"4,390.09"},4567,{"v":1.040298415,"d":"1.04"},"G",410,62382004,{"v":590.22041045,"d":"590.22"},74,314,388,{"v":103.380279299999,"d":"103.38"},{"v":0.93996673,"d":"0.94"},{"v":364.7070914,"d":"364.71"},{"v":23.29290859,"d":"23.29"},1,"1_62382004_48562",{"v":52.35330703,"d":"52.35"},0.506414834478,{"v":184.693081323999,"d":"184.69"},{"v":0.175155378,"d":"0.18"},"1_62382004_48562_131045","F",{"v":2.91446629003,"d":"2.91"},{"v":0.0556691917926,"d":"0.06"},{"v":10.281714567,"d":"10.28"}]
[6,623,62390,{"v":5649.60554599999,"d":"5,649.61"},3510,{"v":0.621282313,"d":"0.62"},"M",430,62390011,{"v":548.224348899999,"d":"548.22"},35,62,97,{"v":4.491785614,"d":"4.49"},{"v":0.945243625,"d":"0.95"},{"v":91.68863163,"d":"91.69"},{"v":5.311368372,"d":"5.31"},1,"1_62390011_48613",{"v":0.589397115421,"d":"0.59"},0.131216662163,{"v":12.0310762007999,"d":"12.03"},{"v":0.008193335,"d":"0.01"},"1_62390011_48613_131260","außerhalb GKL",{"v":0.589397115421,"d":"0.59"},{"v":1,"d":"1.00"},{"v":12.0310762007999,"d":"12.03"}]
[4,404,40404,{"v":2484.75617499999,"d":"2,484.76"},17518,{"v":7.050188738,"d":"7.05"},"ST",103,40404050,{"v":147.233839114999,"d":"147.23"},70,1644,1714,{"v":126.6849394,"d":"126.68"},{"v":0.991139192,"d":"0.99"},{"v":1698.81257499999,"d":"1,698.81"},{"v":15.18742546,"d":"15.19"},0,"0_40404050_3268",{"v":20.5488997558,"d":"20.55"},0,{"v":15.18742546,"d":"15.19"},{"v":0.86043358,"d":"0.86"},"0_40404050_3268_131523","D",{"v":0.0279130002491,"d":"0.03"},{"v":0.00135836957603,"d":"0.00"},{"v":0.0206301366831,"d":"0.02"}]
[4,404,40406,{"v":2411.57603999999,"d":"2,411.58"},2449,{"v":1.015518466,"d":"1.02"},"M",410,40406000,{"v":2411.5760398,"d":"2,411.58"},188,2397,2585,{"v":203.0268655,"d":"203.03"},{"v":0.93996673,"d":"0.94"},{"v":2429.813998,"d":"2,429.81"},{"v":155.1860018,"d":"155.19"},0,"0_40406000_3274",{"v":2208.54917432,"d":"2,208.55"},0,{"v":155.1860018,"d":"155.19"},{"v":0.084188457,"d":"0.08"},"0_40406000_3274_131738","G",{"v":21.5583987891,"d":"21.56"},{"v":0.00976133972464,"d":"0.01"},{"v":1.51482328408,"d":"1.51"}]
[4,404,40421,{"v":514.976488,"d":"514.98"},6927,{"v":13.45109954,"d":"13.45"},"ST",410,40421002,{"v":165.854001939999,"d":"165.85"},36,2674,2710,{"v":95.4477513899999,"d":"95.45"},{"v":0.93996673,"d":"0.94"},{"v":2547.309839,"d":"2,547.31"},{"v":162.690160499999,"d":"162.69"},0,"0_40421002_3296",{"v":70.4062505466999,"d":"70.41"},0,{"v":162.690160499999,"d":"162.69"},{"v":0.575492604,"d":"0.58"},"0_40421002_3296_132239","außerhalb GKL",{"v":0.0853158911055,"d":"0.09"},{"v":0.00121176586515,"d":"0.00"},{"v":0.19714238309,"d":"0.20"}]
[4,404,40428,{"v":2182.66576799999,"d":"2,182.67"},3276,{"v":1.500916928,"d":"1.50"},"M",430,40428000,{"v":285.276963845,"d":"285.28"},81,690,771,{"v":138.960965399999,"d":"138.96"},{"v":0.945243625,"d":"0.95"},{"v":728.7828349,"d":"728.78"},{"v":42.2171651,"d":"42.22"},0,"0_40428000_3306",{"v":146.315998406,"d":"146.32"},0,{"v":42.2171651,"d":"42.22"},{"v":0.487108961,"d":"0.49"},"0_40428000_3306_132502","D",{"v":0.570316251737,"d":"0.57"},{"v":0.00389783932003,"d":"0.00"},{"v":0.164555726107,"d":"0.16"}]
[4,404,40437,{"v":1832.38871999999,"d":"1,832.39"},3162,{"v":1.725616386,"d":"1.73"},"G",410,40437000,{"v":334.713724805,"d":"334.71"},81,328,409,{"v":106.799308199999,"d":"106.80"},{"v":0.93996673,"d":"0.94"},{"v":384.446392699999,"d":"384.45"},{"v":24.5536072499999,"d":"24.55"},0,"0_40437000_3316",{"v":227.914416609,"d":"227.91"},0,{"v":24.5536072499999,"d":"24.55"},{"v":0.319076573,"d":"0.32"},"0_40437000_3316_132717","E",{"v":0.00402028566502,"d":"0.00"},{"v":1.7639453111e-05,"d":"0.00"},{"v":0.000433112203785,"d":"0.00"}]
[4,404,40446,{"v":2134.30356799999,"d":"2,134.30"},1377,{"v":0.645175326,"d":"0.65"},"G",410,40446000,{"v":2134.30356367,"d":"2,134.30"},119,745,864,{"v":246.379762699999,"d":"246.38"},{"v":0.93996673,"d":"0.94"},{"v":812.131255099999,"d":"812.13"},{"v":51.8687449099999,"d":"51.87"},0,"0_40446000_3327",{"v":1887.92380092999,"d":"1,887.92"},0,{"v":51.8687449099999,"d":"51.87"},{"v":0.115438013,"d":"0.12"},"0_40446000_3327_132980","außerhalb GKL",{"v":15.9107846437,"d":"15.91"},{"v":8.42766251258E-3,"d":"0.01"},{"v":0.437132277053,"d":"0.44"}]
[5,501,50101,{"v":6564.140019,"d":"6,564.14"},155021,{"v":23.61634571,"d":"23.62"},"SR",101,50101148,{"v":6.70607871499,"d":"6.71"},60,224,284,{"v":6.673489224,"d":"6.67"},{"v":0.992934034,"d":"0.99"},{"v":281.993265699999,"d":"281.99"},{"v":2.006734332,"d":"2.01"},0,"0_50101148_4142",{"v":0.0325894909001,"d":"0.03"},0,{"v":2.006734332,"d":"2.01"},{"v":0.995140306,"d":"1.00"},"0_50101148_4142_133195","C",{"v":0.000123577077071,"d":"0.00"},{"v":0.00379193027132,"d":"0.00"},{"v":0.00760939666001,"d":"0.01"}]
[5,501,50101,{"v":6564.140019,"d":"6,564.14"},155021,{"v":23.61634571,"d":"23.62"},"SR",101,50101360,{"v":398.908216455,"d":"398.91"},22,1013,1035,{"v":55.0877749799999,"d":"55.09"},{"v":0.992934034,"d":"0.99"},{"v":1027.686725,"d":"1,027.69"},{"v":7.313274768,"d":"7.31"},0,"0_50101360_4193",{"v":343.820441474999,"d":"343.82"},0,{"v":7.313274768,"d":"7.31"},{"v":0.138096366,"d":"0.14"},"0_50101360_4193_133696","D",{"v":14.6715995801,"d":"14.67"},{"v":0.0426722725303,"d":"0.04"},{"v":0.312074053989,"d":"0.31"}]
[5,501,50101,{"v":6564.140019,"d":"6,564.14"},155021,{"v":23.61634571,"d":"23.62"},"SR",101,50101540,{"v":68.9252521399999,"d":"68.93"},1,5,6,{"v":3.91510544,"d":"3.92"},{"v":0.992934034,"d":"0.99"},{"v":5.957604204,"d":"5.96"},{"v":0.042395796,"d":"0.04"},0,"0_50101540_4227",{"v":65.0101466996,"d":"65.01"},0,{"v":0.042395796,"d":"0.04"},{"v":0.056802193,"d":"0.06"},"0_50101540_4227_133959","B",{"v":0.101001573237,"d":"0.10"},{"v":1.55362783142E-3,"d":"0.00"},{"v":6.5867288601e-05,"d":"0.00"}]
[5,502,50209,{"v":2101.063508,"d":"2,101.06"},4756,{"v":2.263615537,"d":"2.26"},"G",101,50209000,{"v":117.020567714999,"d":"117.02"},115,521,636,{"v":79.1541758799999,"d":"79.15"},{"v":0.992934034,"d":"0.99"},{"v":631.506045599999,"d":"631.51"},{"v":4.49395435,"d":"4.49"},0,"0_50209000_4275",{"v":37.8663918326,"d":"37.87"},0,{"v":4.49395435,"d":"4.49"},{"v":0.67641251,"d":"0.68"},"0_50209000_4275_134174","G",{"v":1.77085760607,"d":"1.77"},{"v":0.0467659452186,"d":"0.05"},{"v":0.210164022947,"d":"0.21"}]
[5,503,50302,{"v":2524.110559,"d":"2,524.11"},3723,{"v":1.474975011,"d":"1.47"},"G",310,50302001,{"v":2142.46057143999,"d":"2,142.46"},138,53,191,{"v":58.81323487,"d":"58.81"},{"v":0.967661341,"d":"0.97"},{"v":184.8233161,"d":"184.82"},{"v":6.176683885,"d":"6.18"},0,"0_50302001_4286",{"v":2083.64733655999,"d":"2,083.65"},0,{"v":6.176683885,"d":"6.18"},{"v":0.027451257,"d":"0.03"},"0_50302001_4286_134389","E",{"v":0.388626202984,"d":"0.39"},{"v":1.86512465985E-4,"d":"0.00"},{"v":1.152028543E-3,"d":"0.00"}]
[5,503,50305,{"v":693.720155699999,"d":"693.72"},4962,{"v":7.152740135,"d":"7.15"},"G",310,50305001,{"v":462.187748129999,"d":"462.19"},94,306,400,{"v":165.126625399999,"d":"165.13"},{"v":0.967661341,"d":"0.97"},{"v":387.0645364,"d":"387.06"},{"v":12.9354636299999,"d":"12.94"},0,"0_50305001_4291",{"v":297.061122716,"d":"297.06"},0,{"v":12.9354636299999,"d":"12.94"},{"v":0.35727175,"d":"0.36"},"0_50305001_4291_134652","D",{"v":0.0697878464832,"d":"0.07"},{"v":0.0002349275659,"d":"0.00"},{"v":3.03889698438E-3,"d":"0.00"}]
[5,503,50308,{"v":834.5437305,"d":"834.54"},3042,{"v":3.645105569,"d":"3.65"},"G",310,50308002,{"v":144.301391155,"d":"144.30"},94,317,411,{"v":60.76566708,"d":"60.77"},{"v":0.967661341,"d":"0.97"},{"v":397.708811099999,"d":"397.71"},{"v":13.29118888,"d":"13.29"},0,"0_50308002_4296",{"v":83.5357240759999,"d":"83.54"},0,{"v":13.29118888,"d":"13.29"},{"v":0.421102434,"d":"0.42"},"0_50308002_4296_134867","G",{"v":7.2648872257E-5,"d":"0.00"},{"v":8.69674299e-07,"d":"0.00"},{"v":1.1559005369e-05,"d":"0.00"}]
[5,503,50315,{"v":2282.23767899999,"d":"2,282.24"},2631,{"v":1.152815951,"d":"1.15"},"G",310,50315001,{"v":2235.37278169,"d":"2,235.37"},120,628,748,{"v":100.741238199999,"d":"100.74"},{"v":0.967661341,"d":"0.97"},{"v":723.810683,"d":"723.81"},{"v":24.1893169899999,"d":"24.19"},0,"0_50315001_4314",{"v":2134.63154216,"d":"2,134.63"},0,{"v":24.1893169899999,"d":"24.19"},{"v":0.045066863,"d":"0.05"},"0_50315001_4314_135416","D",{"v":5.11616907399,"d":"5.12"},{"v":0.00239674574883,"d":"0.00"},{"v":0.0579756426629,"d":"0.06"}]
[5,503,50317,{"v":2351.14123299999,"d":"2,351.14"},4933,{"v":2.098130019,"d":"2.10"},"G",310,50317000,{"v":36.2113194399999,"d":"36.21"},76,259,335,{"v":32.29885886,"d":"32.30"},{"v":0.967661341,"d":"0.97"},{"v":324.1665492,"d":"324.17"},{"v":10.83345079,"d":"10.83"},0,"0_50317000_4318",{"v":3.91246057552,"d":"3.91"},0,{"v":10.83345079,"d":"10.83"},{"v":0.891954763,"d":"0.89"},"0_50317000_4318_135631","C",{"v":1.45804366992,"d":"1.46"},{"v":0.372666674022,"d":"0.37"},{"v":4.03726607409,"d":"4.04"}]
[5,503,50319,{"v":1963.94182599999,"d":"1,963.94"},3608,{"v":1.837121625,"d":"1.84"},"G",310,50319001,{"v":1614.21374734,"d":"1,614.21"},134,959,1093,{"v":115.188323999999,"d":"115.19"},{"v":0.967661341,"d":"0.97"},{"v":1057.65384599999,"d":"1,057.65"},{"v":35.34615438,"d":"35.35"},0,"0_50319001_4323",{"v":1499.02542334999,"d":"1,499.03"},0,{"v":35.34615438,"d":"35.35"},{"v":0.07135878,"d":"0.07"},"0_50319001_4323_135846","D",{"v":0.256001980396,"d":"0.26"},{"v":1.70778945045E-4,"d":"0.00"},{"v":6.03637895641E-3,"d":"0.01"}]
[5,503,50321,{"v":2089.684955,"d":"2,089.68"},3636,{"v":1.739975201,"d":"1.74"},"G",310,50321001,{"v":784.25370719,"d":"784.25"},103,248,351,{"v":103.8306498,"d":"103.83"},{"v":0.967661341,"d":"0.97"},{"v":339.6491307,"d":"339.65"},{"v":11.3508693399999,"d":"11.35"},0,"0_50321001_4326",{"v":680.423057405999,"d":"680.42"},0,{"v":11.3508693399999,"d":"11.35"},{"v":0.13239421,"d":"0.13"},"0_50321001_4326_136109","D",{"v":5.63508087511,"d":"5.64"},{"v":0.00828173121674,"d":"0.01"},{"v":0.0940048489502,"d":"0.09"}]
[5,503,50323,{"v":2462.82814599999,"d":"2,462.83"},3392,{"v":1.377278397,"d":"1.38"},"M",310,50323001,{"v":2342.69580404999,"d":"2,342.70"},141,254,395,{"v":127.7045198,"d":"127.70"},{"v":0.967661341,"d":"0.97"},{"v":382.226229699999,"d":"382.23"},{"v":12.77377034,"d":"12.77"},0,"0_50323001_4330",{"v":2214.99128427,"d":"2,214.99"},0,{"v":12.77377034,"d":"12.77"},{"v":0.054511781,"d":"0.05"},"0_50323001_4330_136324","E",{"v":5.17520006931,"d":"5.18"},{"v":0.00233644263346,"d":"0.00"},{"v":0.0298451816124,"d":"0.03"}]
[5,503,50326,{"v":454.416018699999,"d":"454.42"},5804,{"v":12.77243706,"d":"12.77"},"ST",210,50326000,{"v":41.5820261849999,"d":"41.58"},76,712,788,{"v":34.8143704299999,"d":"34.81"},{"v":0.980090788,"d":"0.98"},{"v":772.311540899999,"d":"772.31"},{"v":15.68845905,"d":"15.69"},0,"0_50326000_4336",{"v":6.76765575301,"d":"6.77"},0,{"v":15.68845905,"d":"15.69"},{"v":0.837245647,"d":"0.84"},"0_50326000_4336_136587","G",{"v":0.372646472702,"d":"0.37"},{"v":0.055062858736,"d":"0.06"},{"v":0.863851404456,"d":"0.86"}]
[5,503,50337,{"v":4819.67277099999,"d":"4,819.67"},5971,{"v":1.238880788,"d":"1.24"},"M",310,50337000,{"v":146.13493531,"d":"146.13"},117,532,649,{"v":78.91274995,"d":"78.91"},{"v":0.967661341,"d":"0.97"},{"v":628.012210299999,"d":"628.01"},{"v":20.98778974,"d":"20.99"},0,"0_50337000_4357",{"v":67.222185362,"d":"67.22"},0,{"v":20.98778974,"d":"20.99"},{"v":0.539999212,"d":"0.54"},"0_50337000_4357_137088","F",{"v":1.01244405625,"d":"1.01"},{"v":0.0150611595085,"d":"0.02"},{"v":0.316100449005,"d":"0.32"}]
[5,503,50338,{"v":2661.51019099999,"d":"2,661.51"},13404,{"v":5.036238466,"d":"5.04"},"G",101,50338001,{"v":187.860383574999,"d":"187.86"},5,2606,2611,{"v":183.1509307,"d":"183.15"},{"v":0.992934034,"d":"0.99"},{"v":2592.550763,"d":"2,592.55"},{"v":18.4492371199999,"d":"18.45"},0,"0_50338001_4362",{"v":4.70945282922,"d":"4.71"},0,{"v":18.4492371199999,"d":"18.45"},{"v":0.974931102,"d":"0.97"},"0_50338001_4362_137303","G",{"v":1.5757075584,"d":"1.58"},{"v":0.334583998511,"d":"0.33"},{"v":6.17281952509,"d":"6.17"}]
[5,503,50339,{"v":5030.01126199999,"d":"5,030.01"},10951,{"v":2.177132303,"d":"2.18"},"ST",310,50339001,{"v":2144.89554190999,"d":"2,144.90"},156,283,439,{"v":109.120863499999,"d":"109.12"},{"v":0.967661341,"d":"0.97"},{"v":424.8033287,"d":"424.80"},{"v":14.19667134,"d":"14.20"},0,"0_50339001_4368",{"v":2035.77467838999,"d":"2,035.77"},0,{"v":14.19667134,"d":"14.20"},{"v":0.050874675,"d":"0.05"},"0_50339001_4368_137566","E",{"v":0.0268143207609,"d":"0.03"},{"v":1.3171556285e-05,"d":"0.00"},{"v":0.00018699225562,"d":"0.00"}]
[4,404,40401,{"v":2265.47100099999,"d":"2,265.47"},4989,{"v":2.202191066,"d":"2.20"},"ST",410,40401001,{"v":185.612858824999,"d":"185.61"},39,876,915,{"v":90.8833623299999,"d":"90.88"},{"v":0.93996673,"d":"0.94"},{"v":860.0695583,"d":"860.07"},{"v":54.93044166,"d":"54.93"},1,"1_40401001_22503",{"v":87.6407197025999,"d":"87.64"},0.964320833382,{"v":829.382993226,"d":"829.38"},{"v":0.489639365,"d":"0.49"},"1_40401001_22503_137781","F",{"v":10.2403018924,"d":"10.24"},{"v":0.116844109988,"d":"0.12"},{"v":96.9085176826999,"d":"96.91"}]
[4,404,40408,{"v":1045.71673,"d":"1,045.72"},1012,{"v":0.967757301,"d":"0.97"},"G",430,40408000,{"v":1045.71672951999,"d":"1,045.72"},83,330,413,{"v":123.878688299999,"d":"123.88"},{"v":0.945243625,"d":"0.95"},{"v":390.385617099999,"d":"390.39"},{"v":22.6143828599999,"d":"22.61"},1,"1_40408000_22666",{"v":3.17761052593,"d":"3.18"},0.0256509862151,{"v":10.0137760828,"d":"10.01"},{"v":0.11846295,"d":"0.12"},"1_40408000_22666_138282","außerhalb GKL",{"v":3.17761052593,"d":"3.18"},{"v":1,"d":"1.00"},{"v":10.0137760828,"d":"10.01"}]
[4,404,40412,{"v":2759.02962399999,"d":"2,759.03"},1308,{"v":0.474079723,"d":"0.47"},"G",410,40412000,{"v":2759.02962436999,"d":"2,759.03"},154,221,375,{"v":118.3670905,"d":"118.37"},{"v":0.93996673,"d":"0.94"},{"v":352.487523899999,"d":"352.49"},{"v":22.51247609,"d":"22.51"},1,"1_40412000_22857",{"v":0.656944357416,"d":"0.66"},0.00555005918149,{"v":1.95632661838,"d":"1.96"},{"v":0.042901711,"d":"0.04"},"1_40412000_22857_138545","außerhalb GKL",{"v":0.656944357416,"d":"0.66"},{"v":1,"d":"1.00"},{"v":1.95632661838,"d":"1.96"}]
[4,404,40414,{"v":4008.580578,"d":"4,008.58"},3264,{"v":0.814253309,"d":"0.81"},"G",410,40414001,{"v":3689.56011741,"d":"3,689.56"},167,348,515,{"v":214.279333199999,"d":"214.28"},{"v":0.93996673,"d":"0.94"},{"v":484.0828662,"d":"484.08"},{"v":30.91713383,"d":"30.92"},1,"1_40414001_22965",{"v":2.36598279807,"d":"2.37"},0.0110415818583,{"v":5.34504059335,"d":"5.35"},{"v":0.058077203,"d":"0.06"},"1_40414001_22965_138760","außerhalb GKL",{"v":2.36598279807,"d":"2.37"},{"v":1,"d":"1.00"},{"v":5.34504059335,"d":"5.35"}]
[4,404,40418,{"v":5815.885056,"d":"5,815.89"},4819,{"v":0.828592717,"d":"0.83"},"G",410,40418002,{"v":759.078108864999,"d":"759.08"},51,1502,1553,{"v":123.6756203,"d":"123.68"},{"v":0.93996673,"d":"0.94"},{"v":1459.768332,"d":"1,459.77"},{"v":93.2316676399999,"d":"93.23"},1,"1_40418002_23035",{"v":107.157472763,"d":"107.16"},0.866439743767,{"v":1264.80129953999,"d":"1,264.80"},{"v":0.162928714,"d":"0.16"},"1_40418002_23035_138935","F",{"v":0.425864801008,"d":"0.43"},{"v":0.00397419601291,"d":"0.00"},{"v":5.02656828176,"d":"5.03"}]
[4,404,40425,{"v":1572.42093799999,"d":"1,572.42"},1692,{"v":1.076047742,"d":"1.08"},"G",410,40425000,{"v":1572.42093771999,"d":"1,572.42"},148,634,782,{"v":144.723874999999,"d":"144.72"},{"v":0.93996673,"d":"0.94"},{"v":735.053983199999,"d":"735.05"},{"v":46.9460168,"d":"46.95"},1,"1_40425000_23133",{"v":120.911120921,"d":"120.91"},0.835460776054,{"v":614.108771245999,"d":"614.11"},{"v":0.092038888,"d":"0.09"},"1_40425000_23133_139239","außerhalb GKL",{"v":0.00698405371391,"d":"0.01"},{"v":5.7761880468E-5,"d":"0.00"},{"v":0.0354720774392,"d":"0.04"}]
[4,404,40428,{"v":2182.66576799999,"d":"2,182.67"},3276,{"v":1.500916928,"d":"1.50"},"M",430,40428001,{"v":1897.38880448,"d":"1,897.39"},92,111,203,{"v":142.4645336,"d":"142.46"},{"v":0.945243625,"d":"0.95"},{"v":191.8844559,"d":"191.88"},{"v":11.1155441199999,"d":"11.12"},1,"1_40428001_23215",{"v":0.867467412348,"d":"0.87"},0.00608900608753,{"v":1.16838562008,"d":"1.17"},{"v":0.075084523,"d":"0.08"},"1_40428001_23215_139454","außerhalb GKL",{"v":0.867467412348,"d":"0.87"},{"v":1,"d":"1.00"},{"v":1.16838562008,"d":"1.17"}]
[4,404,40446,{"v":2134.30356799999,"d":"2,134.30"},1377,{"v":0.645175326,"d":"0.65"},"G",410,40446000,{"v":2134.30356367,"d":"2,134.30"},119,745,864,{"v":246.379762699999,"d":"246.38"},{"v":0.93996673,"d":"0.94"},{"v":812.131255099999,"d":"812.13"},{"v":51.8687449099999,"d":"51.87"},1,"1_40446000_23458",{"v":49.4184662284,"d":"49.42"},0.200578430983,{"v":162.896012899999,"d":"162.90"},{"v":0.115438013,"d":"0.12"},"1_40446000_23458_140003","F",{"v":7.20044868593,"d":"7.20"},{"v":0.145703605058,"d":"0.15"},{"v":23.7345363290999,"d":"23.73"}]
[5,501,50101,{"v":6564.140019,"d":"6,564.14"},155021,{"v":23.61634571,"d":"23.62"},"SR",101,50101024,{"v":19.257955915,"d":"19.26"},9,1564,1573,{"v":19.25795592,"d":"19.26"},{"v":0.992934034,"d":"0.99"},{"v":1573,"d":"1,573.00"},{"v":0,"d":"0.00"},1,"1_50101024_35692",{"v":19.257955915,"d":"19.26"},0.99999999974,{"v":1572.99999959,"d":"1,573.00"},{"v":1,"d":"1.00"},"1_50101024_35692_140218","C",{"v":9.88308136769,"d":"9.88"},{"v":0.513194723849,"d":"0.51"},{"v":807.255300403999,"d":"807.26"}]
[5,501,50101,{"v":6564.140019,"d":"6,564.14"},155021,{"v":23.61634571,"d":"23.62"},"SR",101,50101185,{"v":53.7722921399999,"d":"53.77"},68,100,168,{"v":32.77235497,"d":"32.77"},{"v":0.992934034,"d":"0.99"},{"v":166.8129177,"d":"166.81"},{"v":1.187082281,"d":"1.19"},1,"1_50101185_35754",{"v":31.7331801011999,"d":"31.73"},0.968291113966,{"v":161.523465904,"d":"161.52"},{"v":0.609465464,"d":"0.61"},"1_50101185_35754_140481","D",{"v":0.0397535562463,"d":"0.04"},{"v":1.25274416619E-3,"d":"0.00"},{"v":0.202347579614,"d":"0.20"}]
[5,501,50101,{"v":6564.140019,"d":"6,564.14"},155021,{"v":23.61634571,"d":"23.62"},"SR",101,50101260,{"v":665.902065204999,"d":"665.90"},251,472,723,{"v":156.6554647,"d":"156.66"},{"v":0.992934034,"d":"0.99"},{"v":717.8913066,"d":"717.89"},{"v":5.108693389,"d":"5.11"},1,"1_50101260_35786",{"v":147.409128976999,"d":"147.41"},0.940976615526,{"v":675.518931999999,"d":"675.52"},{"v":0.235253009,"d":"0.24"},"1_50101260_35786_140696","E",{"v":2.09357893209,"d":"2.09"},{"v":0.0142025052764,"d":"0.01"},{"v":9.59406119604,"d":"9.59"}]
[5,501,50101,{"v":6564.140019,"d":"6,564.14"},155021,{"v":23.61634571,"d":"23.62"},"SR",101,50101344,{"v":17.07664304,"d":"17.08"},86,1343,1429,{"v":17.07664304,"d":"17.08"},{"v":0.992934034,"d":"0.99"},{"v":1429,"d":"1,429.00"},{"v":0,"d":"0.00"},1,"1_50101344_35826",{"v":17.07664304,"d":"17.08"},1,{"v":1429,"d":"1,429.00"},{"v":1,"d":"1.00"},"1_50101344_35826_140911","B",{"v":4.43457827502,"d":"4.43"},{"v":0.259686770089,"d":"0.26"},{"v":371.092394457,"d":"371.09"}]
[5,501,50101,{"v":6564.140019,"d":"6,564.14"},155021,{"v":23.61634571,"d":"23.62"},"SR",101,50101480,{"v":50.90416263,"d":"50.90"},130,440,570,{"v":48.4517564399999,"d":"48.45"},{"v":0.992934034,"d":"0.99"},{"v":565.972399399999,"d":"565.97"},{"v":4.027600597,"d":"4.03"},1,"1_50101480_35879",{"v":48.4517564355,"d":"48.45"},0.999999999907,{"v":565.972399346999,"d":"565.97"},{"v":0.951823072,"d":"0.95"},"1_50101480_35879_141174","D",{"v":3.86227358679,"d":"3.86"},{"v":0.0797137992702,"d":"0.08"},{"v":45.115810234,"d":"45.12"}]
[5,503,50301,{"v":760.1063646,"d":"760.11"},4243,{"v":5.582113501,"d":"5.58"},"G",101,50301000,{"v":559.964922024999,"d":"559.96"},195,1053,1248,{"v":119.8306264,"d":"119.83"},{"v":0.992934034,"d":"0.99"},{"v":1239.18167399999,"d":"1,239.18"},{"v":8.818325517,"d":"8.82"},1,"1_50301000_36247",{"v":92.3522168710999,"d":"92.35"},0.770689594518,{"v":955.024421868999,"d":"955.02"},{"v":0.213996666,"d":"0.21"},"1_50301000_36247_141675","E",{"v":0.462464701104,"d":"0.46"},{"v":5.00761883983E-3,"d":"0.01"},{"v":4.78239828745,"d":"4.78"}]
[5,503,50303,{"v":1523.621292,"d":"1,523.62"},5583,{"v":3.664296389,"d":"3.66"},"G",101,50303001,{"v":1114.80758523,"d":"1,114.81"},210,2179,2389,{"v":239.124223199999,"d":"239.12"},{"v":0.992934034,"d":"0.99"},{"v":2372.119407,"d":"2,372.12"},{"v":16.8805926799999,"d":"16.88"},1,"1_50303001_36317",{"v":31.4575875055999,"d":"31.46"},0.131553328578,{"v":312.060203774999,"d":"312.06"},{"v":0.214498203,"d":"0.21"},"1_50303001_36317_141890","F",{"v":2.93284324139,"d":"2.93"},{"v":0.0932316644074,"d":"0.09"},{"v":29.0938921933,"d":"29.09"}]
[5,503,50307,{"v":1716.95538299999,"d":"1,716.96"},1424,{"v":0.829375075,"d":"0.83"},"G",310,50307000,{"v":1716.95538321,"d":"1,716.96"},131,258,389,{"v":88.37908188,"d":"88.38"},{"v":0.967661341,"d":"0.97"},{"v":376.4202616,"d":"376.42"},{"v":12.57973838,"d":"12.58"},1,"1_50307000_36397",{"v":86.1789000402,"d":"86.18"},0.97510517429,{"v":367.049344793999,"d":"367.05"},{"v":0.051474303,"d":"0.05"},"1_50307000_36397_142153","außerhalb GKL",{"v":0.0926234034361,"d":"0.09"},{"v":0.00107478052508,"d":"0.00"},{"v":0.394497487528,"d":"0.39"}]
[5,503,50310,{"v":2899.66032899999,"d":"2,899.66"},7066,{"v":2.436837146,"d":"2.44"},"M",101,50310001,{"v":1419.91199682,"d":"1,419.91"},170,136,306,{"v":87.17519174,"d":"87.18"},{"v":0.992934034,"d":"0.99"},{"v":303.8378144,"d":"303.84"},{"v":2.162185584,"d":"2.16"},1,"1_50310001_36436",{"v":1.53311858443,"d":"1.53"},0.017586638513,{"v":5.34348580843,"d":"5.34"},{"v":0.061394785,"d":"0.06"},"1_50310001_36436_142368","G",{"v":1.37838329202,"d":"1.38"},{"v":0.899071543466,"d":"0.90"},{"v":4.80417603327,"d":"4.80"}]
[5,503,50314,{"v":2301.844566,"d":"2,301.84"},7391,{"v":3.210903163,"d":"3.21"},"M",101,50314001,{"v":539.274989774999,"d":"539.27"},116,1453,1569,{"v":83.8182036599999,"d":"83.82"},{"v":0.992934034,"d":"0.99"},{"v":1557.913499,"d":"1,557.91"},{"v":11.08650059,"d":"11.09"},1,"1_50314001_36524",{"v":38.5953501392,"d":"38.60"},0.460465011822,{"v":717.364657735,"d":"717.36"},{"v":0.155427575,"d":"0.16"},"1_50314001_36524_142631","D",{"v":3.749129944E-6,"d":"0.00"},{"v":9.713942e-08,"d":"0.00"},{"v":6.9684387086e-05,"d":"0.00"}]
[5,503,50320,{"v":2311.84445899999,"d":"2,311.84"},2670,{"v":1.154921989,"d":"1.15"},"G",310,50320000,{"v":2311.72042595999,"d":"2,311.72"},234,924,1158,{"v":210.8651862,"d":"210.87"},{"v":0.967661341,"d":"0.97"},{"v":1120.55183299999,"d":"1,120.55"},{"v":37.44816722,"d":"37.45"},1,"1_50320000_36630",{"v":0.728119939589,"d":"0.73"},0.00345301162658,{"v":3.86927850753,"d":"3.87"},{"v":0.091215695,"d":"0.09"},"1_50320000_36630_143132","außerhalb GKL",{"v":0.728119939589,"d":"0.73"},{"v":1,"d":"1.00"},{"v":3.86927850753,"d":"3.87"}]
[5,503,50321,{"v":2089.684955,"d":"2,089.68"},3636,{"v":1.739975201,"d":"1.74"},"G",310,50321001,{"v":784.25370719,"d":"784.25"},103,248,351,{"v":103.8306498,"d":"103.83"},{"v":0.967661341,"d":"0.97"},{"v":339.6491307,"d":"339.65"},{"v":11.3508693399999,"d":"11.35"},1,"1_50321001_36690",{"v":1.51104923755,"d":"1.51"},0.0145530172493,{"v":4.94291965779,"d":"4.94"},{"v":0.13239421,"d":"0.13"},"1_50321001_36690_143347","E",{"v":1.48325415339,"d":"1.48"},{"v":0.981605441127,"d":"0.98"},{"v":4.85199683114,"d":"4.85"}]
[5,503,50324,{"v":3631.04618299999,"d":"3,631.05"},6402,{"v":1.763128222,"d":"1.76"},"ST",310,50324001,{"v":180.781999385,"d":"180.78"},93,907,1000,{"v":97.1465953,"d":"97.15"},{"v":0.967661341,"d":"0.97"},{"v":967.6613409,"d":"967.66"},{"v":32.3386590799999,"d":"32.34"},1,"1_50324001_36790",{"v":72.8478660055999,"d":"72.85"},0.749875647012,{"v":725.625674096,"d":"725.63"},{"v":0.53736874,"d":"0.54"},"1_50324001_36790_143610","F",{"v":0.0287621549647,"d":"0.03"},{"v":0.000394824948784,"d":"0.00"},{"v":0.286495119611,"d":"0.29"}]
[5,503,50326,{"v":454.416018699999,"d":"454.42"},5804,{"v":12.77243706,"d":"12.77"},"ST",210,50326000,{"v":41.5820261849999,"d":"41.58"},76,712,788,{"v":34.8143704299999,"d":"34.81"},{"v":0.980090788,"d":"0.98"},{"v":772.311540899999,"d":"772.31"},{"v":15.68845905,"d":"15.69"},1,"1_50326000_36871",{"v":34.8143704319999,"d":"34.81"},1.00000000006,{"v":772.311540946,"d":"772.31"},{"v":0.837245647,"d":"0.84"},"1_50326000_36871_143825","B",{"v":2.40341320647,"d":"2.40"},{"v":0.0690350902988,"d":"0.07"},{"v":53.3165969679999,"d":"53.32"}]
[5,503,50328,{"v":524.201597099999,"d":"524.20"},1243,{"v":2.37122513,"d":"2.37"},"G",310,50328000,{"v":524.201597085,"d":"524.20"},121,217,338,{"v":90.6649441699999,"d":"90.66"},{"v":0.967661341,"d":"0.97"},{"v":327.0695332,"d":"327.07"},{"v":10.93046677,"d":"10.93"},1,"1_50328000_36954",{"v":78.1598382727,"d":"78.16"},0.862073417551,{"v":281.957950262999,"d":"281.96"},{"v":0.172958161,"d":"0.17"},"1_50328000_36954_144040","E",{"v":8.73168298917999,"d":"8.73"},{"v":0.111715724881,"d":"0.11"},{"v":31.4991367995999,"d":"31.50"}]
[5,503,50335,{"v":4452.427886,"d":"4,452.43"},7628,{"v":1.713222582,"d":"1.71"},"M",410,50335002,{"v":762.249848169999,"d":"762.25"},97,1196,1293,{"v":145.326218899999,"d":"145.33"},{"v":0.93996673,"d":"0.94"},{"v":1215.37698199999,"d":"1,215.38"},{"v":77.62301755,"d":"77.62"},1,"1_50335002_37127",{"v":26.9707973006,"d":"26.97"},0.185587965508,{"v":225.559341415,"d":"225.56"},{"v":0.19065431,"d":"0.19"},"1_50335002_37127_144303","F",{"v":0.608332861243,"d":"0.61"},{"v":0.0225552420443,"d":"0.02"},{"v":5.08754554097,"d":"5.09"}]
[5,503,50338,{"v":2661.51019099999,"d":"2,661.51"},13404,{"v":5.036238466,"d":"5.04"},"G",101,50338004,{"v":214.154499684999,"d":"214.15"},176,3639,3815,{"v":119.0867733,"d":"119.09"},{"v":0.992934034,"d":"0.99"},{"v":3788.04334,"d":"3,788.04"},{"v":26.95666014,"d":"26.96"},1,"1_50338004_37258",{"v":93.8376411981,"d":"93.84"},0.787977023793,{"v":2984.89111705,"d":"2,984.89"},{"v":0.556078782,"d":"0.56"},"1_50338004_37258_144804","B",{"v":3.344765937e-06,"d":"0.00"},{"v":3.5644182e-08,"d":"0.00"},{"v":1.06394001452E-4,"d":"0.00"}]
[5,503,50339,{"v":5030.01126199999,"d":"5,030.01"},10951,{"v":2.177132303,"d":"2.18"},"ST",310,50339002,{"v":335.62898093,"d":"335.63"},161,375,536,{"v":107.422159899999,"d":"107.42"},{"v":0.967661341,"d":"0.97"},{"v":518.666478699999,"d":"518.67"},{"v":17.3335212699999,"d":"17.33"},1,"1_50339002_37338",{"v":68.2669332525999,"d":"68.27"},0.635501402282,{"v":329.613274531,"d":"329.61"},{"v":0.320062229,"d":"0.32"},"1_50339002_37338_145067","F",{"v":5.4889928101,"d":"5.49"},{"v":0.0804048541303,"d":"0.08"},{"v":26.5025072581,"d":"26.50"}]
[1,101,10101,{"v":4284.43524499999,"d":"4,284.44"},14816,{"v":3.458098711,"d":"3.46"},"SR",103,10101006,{"v":884.769822064999,"d":"884.77"},82,4553,4635,{"v":113.780187299999,"d":"113.78"},{"v":0.991139192,"d":"0.99"},{"v":4593.930153,"d":"4,593.93"},{"v":41.0698465799999,"d":"41.07"},0,"0_10101006_4",{"v":770.989634752,"d":"770.99"},0,{"v":41.0698465799999,"d":"41.07"},{"v":0.12859863,"d":"0.13"},"0_10101006_4_145282","D",{"v":2.26290160767,"d":"2.26"},{"v":2.9350609991E-3,"d":"0.00"},{"v":0.120542504936,"d":"0.12"}]
[1,103,10303,{"v":1424.942068,"d":"1,424.94"},2104,{"v":1.476551256,"d":"1.48"},"M",103,10303000,{"v":1424.94206755,"d":"1,424.94"},154,457,611,{"v":171.3143712,"d":"171.31"},{"v":0.991139192,"d":"0.99"},{"v":605.586046099999,"d":"605.59"},{"v":5.413953885,"d":"5.41"},0,"0_10303000_13",{"v":1253.62769634999,"d":"1,253.63"},0,{"v":5.413953885,"d":"5.41"},{"v":0.120225499,"d":"0.12"},"0_10303000_13_145497","G",{"v":15.5471341083,"d":"15.55"},{"v":0.01240171556,"d":"0.01"},{"v":0.0671423161367,"d":"0.07"}]
[1,103,10315,{"v":2303.694507,"d":"2,303.69"},3066,{"v":1.330905635,"d":"1.33"},"M",310,10315001,{"v":2264.60131226,"d":"2,264.60"},141,1143,1284,{"v":186.603708299999,"d":"186.60"},{"v":0.967661341,"d":"0.97"},{"v":1242.47716199999,"d":"1,242.48"},{"v":41.52283826,"d":"41.52"},0,"0_10315001_27",{"v":2077.997604,"d":"2,078.00"},0,{"v":41.52283826,"d":"41.52"},{"v":0.082400247,"d":"0.08"},"0_10315001_27_145760","D",{"v":0.0423018743644,"d":"0.04"},{"v":2.0357037122e-05,"d":"0.00"},{"v":0.000845281959878,"d":"0.00"}]
[1,106,10606,{"v":2817.42679099999,"d":"2,817.43"},7456,{"v":2.64638642,"d":"2.65"},"ST",210,10606003,{"v":2025.2878653,"d":"2,025.29"},151,1011,1162,{"v":189.305039899999,"d":"189.31"},{"v":0.980090788,"d":"0.98"},{"v":1138.86549599999,"d":"1,138.87"},{"v":23.1345043399999,"d":"23.13"},0,"0_10606003_137",{"v":1835.98282539,"d":"1,835.98"},0,{"v":23.1345043399999,"d":"23.13"},{"v":0.093470683,"d":"0.09"},"0_10606003_137_146261","D",{"v":0.0687463349635,"d":"0.07"},{"v":3.7443887826e-05,"d":"0.00"},{"v":0.000866245785406,"d":"0.00"}]
[1,106,10610,{"v":1520.942688,"d":"1,520.94"},2639,{"v":1.735108115,"d":"1.74"},"M",210,10610000,{"v":439.320568079999,"d":"439.32"},72,308,380,{"v":89.9495694799999,"d":"89.95"},{"v":0.980090788,"d":"0.98"},{"v":372.434499399999,"d":"372.43"},{"v":7.565500558,"d":"7.57"},0,"0_10610000_143",{"v":349.370998598,"d":"349.37"},0,{"v":7.565500558,"d":"7.57"},{"v":0.204747003,"d":"0.20"},"0_10610000_143_146524","G",{"v":0.440643741581,"d":"0.44"},{"v":0.00126124876807,"d":"0.00"},{"v":0.00954197825861,"d":"0.01"}]
[1,106,10617,{"v":695.404497399999,"d":"695.40"},885,{"v":1.272640605,"d":"1.27"},"G",410,10617000,{"v":695.404497369999,"d":"695.40"},51,145,196,{"v":68.48528167,"d":"68.49"},{"v":0.93996673,"d":"0.94"},{"v":184.2334792,"d":"184.23"},{"v":11.76652084,"d":"11.77"},0,"0_10617000_154",{"v":626.919215695,"d":"626.92"},0,{"v":11.76652084,"d":"11.77"},{"v":0.098482656,"d":"0.10"},"0_10617000_154_146739","G",{"v":1.84517342477E-4,"d":"0.00"},{"v":2.94323954E-7,"d":"0.00"},{"v":3.46316894e-06,"d":"0.00"}]
[1,107,10706,{"v":2510.06208199999,"d":"2,510.06"},1381,{"v":0.550185595,"d":"0.55"},"G",320,10706000,{"v":2510.06208181,"d":"2,510.06"},80,156,236,{"v":135.433752199999,"d":"135.43"},{"v":0.907735558,"d":"0.91"},{"v":214.225591799999,"d":"214.23"},{"v":21.77440821,"d":"21.77"},0,"0_10706000_165",{"v":2374.62832961999,"d":"2,374.63"},0,{"v":21.77440821,"d":"21.77"},{"v":0.053956336,"d":"0.05"},"0_10706000_165_146954","E",{"v":1.43959150073,"d":"1.44"},{"v":0.000606238661762,"d":"0.00"},{"v":0.0132004880939,"d":"0.01"}]
[1,107,10713,{"v":5698.27623299999,"d":"5,698.28"},8585,{"v":1.506595968,"d":"1.51"},"ST",220,10713002,{"v":1335.63315667999,"d":"1,335.63"},221,1830,2051,{"v":248.0994618,"d":"248.10"},{"v":0.99140599,"d":"0.99"},{"v":2033.373685,"d":"2,033.37"},{"v":17.6263147099999,"d":"17.63"},0,"0_10713002_178",{"v":1087.53369485,"d":"1,087.53"},0,{"v":17.6263147099999,"d":"17.63"},{"v":0.185754195,"d":"0.19"},"0_10713002_178_147217","E",{"v":0.293712227684,"d":"0.29"},{"v":2.70071841521E-4,"d":"0.00"},{"v":0.00476037127296,"d":"0.00"}]
[3,301,30101,{"v":5170.152368,"d":"5,170.15"},25036,{"v":4.842410478,"d":"4.84"},"SR",103,30101041,{"v":517.339864189999,"d":"517.34"},34,18,52,{"v":45.89987619,"d":"45.90"},{"v":0.991139192,"d":"0.99"},{"v":51.53923797,"d":"51.54"},{"v":0.460762033,"d":"0.46"},0,"0_30101041_890",{"v":471.439987997,"d":"471.44"},0,{"v":0.460762033,"d":"0.46"},{"v":0.088722867,"d":"0.09"},"0_30101041_890_147718","G",{"v":55.98598417,"d":"55.99"},{"v":0.118755272347,"d":"0.12"},{"v":0.0547179207161,"d":"0.05"}]
[3,301,30101,{"v":5170.152368,"d":"5,170.15"},25036,{"v":4.842410478,"d":"4.84"},"SR",103,30101131,{"v":144.170802605,"d":"144.17"},11,15,26,{"v":22.96587396,"d":"22.97"},{"v":0.991139192,"d":"0.99"},{"v":25.76961898,"d":"25.77"},{"v":0.230381016,"d":"0.23"},0,"0_30101131_904",{"v":121.204928647,"d":"121.20"},0,{"v":0.230381016,"d":"0.23"},{"v":0.15929629,"d":"0.16"},"0_30101131_904_147933","außerhalb GKL",{"v":25.7502152606,"d":"25.75"},{"v":0.21245188251,"d":"0.21"},{"v":0.0489448805438,"d":"0.05"}]
[3,302,30201,{"v":10844.35726,"d":"10,844.36"},55514,{"v":5.11916001,"d":"5.12"},"SR",102,30201062,{"v":311.701785625,"d":"311.70"},60,225,285,{"v":55.87069797,"d":"55.87"},{"v":0.988126829,"d":"0.99"},{"v":281.6161463,"d":"281.62"},{"v":3.383853717,"d":"3.38"},0,"0_30201062_918",{"v":255.83108765,"d":"255.83"},0,{"v":3.383853717,"d":"3.38"},{"v":0.179244074,"d":"0.18"},"0_30201062_918_148196","F",{"v":24.3420277178,"d":"24.34"},{"v":0.0951488262877,"d":"0.10"},{"v":0.321969709502,"d":"0.32"}]
[3,302,30201,{"v":10844.35726,"d":"10,844.36"},55514,{"v":5.11916001,"d":"5.12"},"SR",102,30201080,{"v":398.362645475,"d":"398.36"},53,768,821,{"v":77.7365193899999,"d":"77.74"},{"v":0.988126829,"d":"0.99"},{"v":811.252126699999,"d":"811.25"},{"v":9.747873339,"d":"9.75"},0,"0_30201080_928",{"v":320.626126085999,"d":"320.63"},0,{"v":9.747873339,"d":"9.75"},{"v":0.195140082,"d":"0.20"},"0_30201080_928_148411","D",{"v":0.248213227834,"d":"0.25"},{"v":0.000774151597888,"d":"0.00"},{"v":0.0075463317214,"d":"0.01"}]
[3,302,30201,{"v":10844.35726,"d":"10,844.36"},55514,{"v":5.11916001,"d":"5.12"},"SR",102,30201111,{"v":417.833419349999,"d":"417.83"},70,978,1048,{"v":157.0793543,"d":"157.08"},{"v":0.988126829,"d":"0.99"},{"v":1035.556917,"d":"1,035.56"},{"v":12.44308314,"d":"12.44"},0,"0_30201111_934",{"v":260.754065056,"d":"260.75"},0,{"v":12.44308314,"d":"12.44"},{"v":0.375937747,"d":"0.38"},"0_30201111_934_148674","G",{"v":3.43798156132,"d":"3.44"},{"v":0.0131847668821,"d":"0.01"},{"v":0.164059150495,"d":"0.16"}]
[3,304,30401,{"v":6089.04783,"d":"6,089.05"},45823,{"v":7.525478741,"d":"7.53"},"SR",102,30401013,{"v":309.187185435,"d":"309.19"},27,572,599,{"v":60.61937322,"d":"60.62"},{"v":0.988126829,"d":"0.99"},{"v":591.8879706,"d":"591.89"},{"v":7.112029391,"d":"7.11"},0,"0_30401013_956",{"v":248.567812212,"d":"248.57"},0,{"v":7.112029391,"d":"7.11"},{"v":0.196060432,"d":"0.20"},"0_30401013_956_149124","D",{"v":0.289808382598,"d":"0.29"},{"v":0.00116591275443,"d":"0.00"},{"v":0.00829200577685,"d":"0.01"}]
[3,305,30501,{"v":2126.67383199999,"d":"2,126.67"},2152,{"v":1.011908816,"d":"1.01"},"M",410,30501001,{"v":428.045960815,"d":"428.05"},25,284,309,{"v":25.6127536499999,"d":"25.61"},{"v":0.93996673,"d":"0.94"},{"v":290.4497197,"d":"290.45"},{"v":18.5502803,"d":"18.55"},0,"0_30501001_970",{"v":402.433207168,"d":"402.43"},0,{"v":18.5502803,"d":"18.55"},{"v":0.059836457,"d":"0.06"},"0_30501001_970_149391","E",{"v":0.000682666656775,"d":"0.00"},{"v":1.696347728e-06,"d":"0.00"},{"v":3.1467725846e-05,"d":"0.00"}]
[3,305,30502,{"v":5191.69882799999,"d":"5,191.70"},23816,{"v":4.587323107,"d":"4.59"},"ST",103,30502043,{"v":280.1809592,"d":"280.18"},48,167,215,{"v":77.98805677,"d":"77.99"},{"v":0.991139192,"d":"0.99"},{"v":213.0949262,"d":"213.09"},{"v":1.905073789,"d":"1.91"},0,"0_30502043_987",{"v":202.192902433999,"d":"202.19"},0,{"v":1.905073789,"d":"1.91"},{"v":0.278348882,"d":"0.28"},"0_30502043_987_149654","G",{"v":2.24479002738,"d":"2.24"},{"v":0.0111022197137,"d":"0.01"},{"v":0.0211505477763,"d":"0.02"}]
[3,305,30504,{"v":3723.587027,"d":"3,723.59"},3822,{"v":1.026429615,"d":"1.03"},"M",410,30504003,{"v":630.28592229,"d":"630.29"},39,46,85,{"v":33.93759466,"d":"33.94"},{"v":0.93996673,"d":"0.94"},{"v":79.8971720899999,"d":"79.90"},{"v":5.102827913,"d":"5.10"},0,"0_30504003_999",{"v":596.348327629999,"d":"596.35"},0,{"v":5.102827913,"d":"5.10"},{"v":0.053844761,"d":"0.05"},"0_30504003_999_149869","außerhalb GKL",{"v":11.9022739272,"d":"11.90"},{"v":0.0199585936201,"d":"0.02"},{"v":0.101845268629,"d":"0.10"}]
[3,305,30514,{"v":5499.878206,"d":"5,499.88"},5639,{"v":1.025295432,"d":"1.03"},"ST",410,30514000,{"v":176.01037446,"d":"176.01"},99,1172,1271,{"v":112.945137,"d":"112.95"},{"v":0.93996673,"d":"0.94"},{"v":1194.69771399999,"d":"1,194.70"},{"v":76.30228562,"d":"76.30"},0,"0_30514000_1010",{"v":63.0652374808,"d":"63.07"},0,{"v":76.30228562,"d":"76.30"},{"v":0.641695908,"d":"0.64"},"0_30514000_1010_150132","F",{"v":9.4353320733e-05,"d":"0.00"},{"v":1.4961225E-6,"d":"0.00"},{"v":1.14157566281E-4,"d":"0.00"}]
[3,305,30516,{"v":12649.6212799999,"d":"12,649.62"},1690,{"v":0.133600838,"d":"0.13"},"G",430,30516001,{"v":12511.1664239999,"d":"12,511.17"},141,247,388,{"v":130.753701199999,"d":"130.75"},{"v":0.945243625,"d":"0.95"},{"v":366.754526499999,"d":"366.75"},{"v":21.2454734899999,"d":"21.25"},0,"0_30516001_1017",{"v":12380.4127227999,"d":"12,380.41"},0,{"v":21.2454734899999,"d":"21.25"},{"v":0.01045096,"d":"0.01"},"0_30516001_1017_150347","F",{"v":0.816097415155,"d":"0.82"},{"v":6.5918433693e-05,"d":"0.00"},{"v":1.40046833552E-3,"d":"0.00"}]
[3,305,30531,{"v":4572.025955,"d":"4,572.03"},9306,{"v":2.035421516,"d":"2.04"},"ST",410,30531004,{"v":464.780324075,"d":"464.78"},77,2973,3050,{"v":158.629387,"d":"158.63"},{"v":0.93996673,"d":"0.94"},{"v":2866.898528,"d":"2,866.90"},{"v":183.101472199999,"d":"183.10"},0,"0_30531004_1044",{"v":306.150937087999,"d":"306.15"},0,{"v":183.101472199999,"d":"183.10"},{"v":0.341299704,"d":"0.34"},"0_30531004_1044_150848","F",{"v":0.0157321360163,"d":"0.02"},{"v":5.1386862199E-5,"d":"0.00"},{"v":0.00940901012041,"d":"0.01"}]
[3,305,30538,{"v":2595.34780399999,"d":"2,595.35"},2190,{"v":0.84381754,"d":"0.84"},"M",410,30538000,{"v":2256.49564194,"d":"2,256.50"},146,241,387,{"v":67.07332386,"d":"67.07"},{"v":0.93996673,"d":"0.94"},{"v":363.7671247,"d":"363.77"},{"v":23.23287532,"d":"23.23"},0,"0_30538000_1058",{"v":2189.42231807999,"d":"2,189.42"},0,{"v":23.23287532,"d":"23.23"},{"v":0.029724553,"d":"0.03"},"0_30538000_1058_151111","G",{"v":0.228549486705,"d":"0.23"},{"v":1.04388031865E-4,"d":"0.00"},{"v":0.00242523412922,"d":"0.00"}]
[3,305,30543,{"v":10428.9486199999,"d":"10,428.95"},3405,{"v":0.32649504,"d":"0.33"},"M",420,30543001,{"v":7376.12230539,"d":"7,376.12"},321,933,1254,{"v":121.038573,"d":"121.04"},{"v":0.954532045,"d":"0.95"},{"v":1196.983185,"d":"1,196.98"},{"v":57.01681535,"d":"57.02"},0,"0_30543001_1065",{"v":7255.08373243,"d":"7,255.08"},0,{"v":57.01681535,"d":"57.02"},{"v":0.016409513,"d":"0.02"},"0_30543001_1065_151326","G",{"v":0.369797629261,"d":"0.37"},{"v":5.097082858e-05,"d":"0.00"},{"v":0.00290619432139,"d":"0.00"}]
[3,306,30603,{"v":3910.653247,"d":"3,910.65"},12126,{"v":3.100760725,"d":"3.10"},"ST",101,30603003,{"v":282.898261344999,"d":"282.90"},39,524,563,{"v":99.552233,"d":"99.55"},{"v":0.992934034,"d":"0.99"},{"v":559.021861199999,"d":"559.02"},{"v":3.978138835,"d":"3.98"},0,"0_30603003_1078",{"v":183.34602835,"d":"183.35"},0,{"v":3.978138835,"d":"3.98"},{"v":0.351901184,"d":"0.35"},"0_30603003_1078_151541","B",{"v":6.78322896017,"d":"6.78"},{"v":0.0369968688235,"d":"0.04"},{"v":0.14717868064,"d":"0.15"}]
[3,306,30604,{"v":2688.27892599999,"d":"2,688.28"},25958,{"v":9.655992072,"d":"9.66"},"ST",101,30604047,{"v":879.809031375,"d":"879.81"},42,830,872,{"v":132.669295699999,"d":"132.67"},{"v":0.992934034,"d":"0.99"},{"v":865.838477699999,"d":"865.84"},{"v":6.161522317,"d":"6.16"},0,"0_30604047_1100",{"v":747.139735638,"d":"747.14"},0,{"v":6.161522317,"d":"6.16"},{"v":0.150793287,"d":"0.15"},"0_30604047_1100_151804","außerhalb GKL",{"v":0.226708265813,"d":"0.23"},{"v":0.000303434893099,"d":"0.00"},{"v":0.00186962086559,"d":"0.00"}]
[3,306,30614,{"v":4645.155023,"d":"4,645.16"},1549,{"v":0.333465728,"d":"0.33"},"M",310,30614001,{"v":2017.7368799,"d":"2,017.74"},36,15,51,{"v":33.8598310699999,"d":"33.86"},{"v":0.967661341,"d":"0.97"},{"v":49.35072839,"d":"49.35"},{"v":1.649271613,"d":"1.65"},0,"0_30614001_1124",{"v":1983.87704882999,"d":"1,983.88"},0,{"v":1.649271613,"d":"1.65"},{"v":0.016781093,"d":"0.02"},"0_30614001_1124_152305","F",{"v":2.19034609732E-4,"d":"0.00"},{"v":1.10407351e-07,"d":"0.00"},{"v":1.8209171e-07,"d":"0.00"}]
[3,306,30623,{"v":1356.62607499999,"d":"1,356.63"},4800,{"v":3.538189401,"d":"3.54"},"M",310,30623000,{"v":470.44426111,"d":"470.44"},218,800,1018,{"v":144.4462205,"d":"144.45"},{"v":0.967661341,"d":"0.97"},{"v":985.079245099999,"d":"985.08"},{"v":32.92075495,"d":"32.92"},0,"0_30623000_1138",{"v":325.998040596,"d":"326.00"},0,{"v":32.92075495,"d":"32.92"},{"v":0.307042157,"d":"0.31"},"0_30623000_1138_152568","G",{"v":0.488480052534,"d":"0.49"},{"v":1.49841407525E-3,"d":"0.00"},{"v":0.0493289225849,"d":"0.05"}]
[3,306,30629,{"v":1780.59276799999,"d":"1,780.59"},1748,{"v":0.981695552,"d":"0.98"},"M",310,30629000,{"v":1780.59276844999,"d":"1,780.59"},107,298,405,{"v":154.1551039,"d":"154.16"},{"v":0.967661341,"d":"0.97"},{"v":391.902843099999,"d":"391.90"},{"v":13.09715693,"d":"13.10"},0,"0_30629000_1152",{"v":1626.43766456,"d":"1,626.44"},0,{"v":13.09715693,"d":"13.10"},{"v":0.08657516,"d":"0.09"},"0_30629000_1152_152783","G",{"v":0.0670084835443,"d":"0.07"},{"v":4.1199539954e-05,"d":"0.00"},{"v":5.39596840227E-4,"d":"0.00"}]
[3,306,30639,{"v":2910.59515599999,"d":"2,910.60"},18758,{"v":6.444730028,"d":"6.44"},"ST",101,30639003,{"v":58.3743071851,"d":"58.37"},47,187,234,{"v":30.96357945,"d":"30.96"},{"v":0.992934034,"d":"0.99"},{"v":232.346564,"d":"232.35"},{"v":1.653436035,"d":"1.65"},0,"0_30639003_1163",{"v":27.4107277379,"d":"27.41"},0,{"v":1.653436035,"d":"1.65"},{"v":0.530431639,"d":"0.53"},"0_30639003_1163_152998","E",{"v":12.5461944778,"d":"12.55"},{"v":0.457711104855,"d":"0.46"},{"v":0.756796034387,"d":"0.76"}]
[3,306,30645,{"v":1586.231974,"d":"1,586.23"},1703,{"v":1.073613461,"d":"1.07"},"M",310,30645001,{"v":304.98004786,"d":"304.98"},35,22,57,{"v":67.94175694,"d":"67.94"},{"v":0.967661341,"d":"0.97"},{"v":55.1566964299999,"d":"55.16"},{"v":1.843303568,"d":"1.84"},0,"0_30645001_1176",{"v":237.038290921999,"d":"237.04"},0,{"v":1.843303568,"d":"1.84"},{"v":0.222774432,"d":"0.22"},"0_30645001_1176_153261","G",{"v":0.700358240467,"d":"0.70"},{"v":2.95462069754E-3,"d":"0.00"},{"v":0.00544626287386,"d":"0.01"}]
[3,307,30706,{"v":3146.15220899999,"d":"3,146.15"},3336,{"v":1.06034285,"d":"1.06"},"M",310,30706000,{"v":1858.45917815999,"d":"1,858.46"},107,653,760,{"v":197.668039599999,"d":"197.67"},{"v":0.967661341,"d":"0.97"},{"v":735.4226191,"d":"735.42"},{"v":24.5773809,"d":"24.58"},0,"0_30706000_1190",{"v":1660.79113858,"d":"1,660.79"},0,{"v":24.5773809,"d":"24.58"},{"v":0.106361249,"d":"0.11"},"0_30706000_1190_153476","G",{"v":0.0144409723908,"d":"0.01"},{"v":8.6952369e-06,"d":"0.00"},{"v":0.000213706149298,"d":"0.00"}]
[3,307,30722,{"v":2581.72478099999,"d":"2,581.72"},1175,{"v":0.455122098,"d":"0.46"},"G",310,30722001,{"v":657.51335871,"d":"657.51"},24,23,47,{"v":51.43576668,"d":"51.44"},{"v":0.967661341,"d":"0.97"},{"v":45.48008302,"d":"45.48"},{"v":1.519916977,"d":"1.52"},0,"0_30722001_1219",{"v":606.077592026,"d":"606.08"},0,{"v":1.519916977,"d":"1.52"},{"v":0.078227714,"d":"0.08"},"0_30722001_1219_153977","G",{"v":0.00215713071054,"d":"0.00"},{"v":3.55916592e-06,"d":"0.00"},{"v":5.409636706e-06,"d":"0.00"}]
[3,307,30731,{"v":676.011767299999,"d":"676.01"},3612,{"v":5.343102257,"d":"5.34"},"M",310,30731000,{"v":324.623389674999,"d":"324.62"},98,295,393,{"v":101.337495899999,"d":"101.34"},{"v":0.967661341,"d":"0.97"},{"v":380.290907,"d":"380.29"},{"v":12.7090930199999,"d":"12.71"},0,"0_30731000_1233",{"v":223.28589382,"d":"223.29"},0,{"v":12.7090930199999,"d":"12.71"},{"v":0.312169422,"d":"0.31"},"0_30731000_1233_154240","G",{"v":5.4859467026,"d":"5.49"},{"v":0.0245691593354,"d":"0.02"},{"v":0.312251731417,"d":"0.31"}]
[3,307,30734,{"v":454.1989239,"d":"454.20"},1918,{"v":4.22281934,"d":"4.22"},"G",101,30734000,{"v":454.1989239,"d":"454.20"},84,631,715,{"v":116.3044368,"d":"116.30"},{"v":0.992934034,"d":"0.99"},{"v":709.947834299999,"d":"709.95"},{"v":5.052165661,"d":"5.05"},0,"0_30734000_1242",{"v":337.894487146,"d":"337.89"},0,{"v":5.052165661,"d":"5.05"},{"v":0.256064976,"d":"0.26"},"0_30734000_1242_154455","G",{"v":0.412155975084,"d":"0.41"},{"v":1.21977715163E-3,"d":"0.00"},{"v":0.00616251623954,"d":"0.01"}]
[3,307,30740,{"v":4483.231624,"d":"4,483.23"},19570,{"v":4.36515479,"d":"4.37"},"ST",101,30740023,{"v":315.962270049999,"d":"315.96"},50,1931,1981,{"v":62.46486722,"d":"62.46"},{"v":0.992934034,"d":"0.99"},{"v":1967.00232099999,"d":"1,967.00"},{"v":13.99767857,"d":"14.00"},0,"0_30740023_1255",{"v":253.497402827999,"d":"253.50"},0,{"v":13.99767857,"d":"14.00"},{"v":0.197697235,"d":"0.20"},"0_30740023_1255_154718","D",{"v":0.172352198225,"d":"0.17"},{"v":0.000679897294025,"d":"0.00"},{"v":0.00951698378237,"d":"0.01"}]
[3,308,30803,{"v":3822.37181199999,"d":"3,822.37"},3417,{"v":0.893947572,"d":"0.89"},"M",320,30803004,{"v":633.541566585,"d":"633.54"},33,57,90,{"v":69.14184267,"d":"69.14"},{"v":0.907735558,"d":"0.91"},{"v":81.6962002599999,"d":"81.70"},{"v":8.30379974,"d":"8.30"},0,"0_30803004_1267",{"v":564.399723916999,"d":"564.40"},0,{"v":8.30379974,"d":"8.30"},{"v":0.109135448,"d":"0.11"},"0_30803004_1267_154933","F",{"v":0.0160646242438,"d":"0.02"},{"v":2.8463203583e-05,"d":"0.00"},{"v":0.000236352742509,"d":"0.00"}]
[3,308,30821,{"v":8388.845577,"d":"8,388.85"},11600,{"v":1.382788596,"d":"1.38"},"ST",101,30821020,{"v":1355.66904728,"d":"1,355.67"},63,226,289,{"v":81.1415398999999,"d":"81.14"},{"v":0.992934034,"d":"0.99"},{"v":286.957935799999,"d":"286.96"},{"v":2.042064162,"d":"2.04"},0,"0_30821020_1301",{"v":1274.52750738,"d":"1,274.53"},0,{"v":2.042064162,"d":"2.04"},{"v":0.059853502,"d":"0.06"},"0_30821020_1301_155434","F",{"v":0.919480797942,"d":"0.92"},{"v":0.000721428758985,"d":"0.00"},{"v":1.47320381416E-3,"d":"0.00"}]
[3,308,30831,{"v":2895.03244499999,"d":"2,895.03"},2923,{"v":1.009660532,"d":"1.01"},"M",310,30831000,{"v":1724.12608879999,"d":"1,724.13"},118,663,781,{"v":211.563304299999,"d":"211.56"},{"v":0.967661341,"d":"0.97"},{"v":755.7435073,"d":"755.74"},{"v":25.2564927399999,"d":"25.26"},0,"0_30831000_1322",{"v":1512.56278453,"d":"1,512.56"},0,{"v":25.2564927399999,"d":"25.26"},{"v":0.122707559,"d":"0.12"},"0_30831000_1322_155697","F",{"v":3.30273237707,"d":"3.30"},{"v":0.00218353407267,"d":"0.00"},{"v":0.0551484124539,"d":"0.06"}]
[3,308,30842,{"v":2691.38061699999,"d":"2,691.38"},1699,{"v":0.631274517,"d":"0.63"},"M",310,30842000,{"v":2691.38061716999,"d":"2,691.38"},101,491,592,{"v":171.7558146,"d":"171.76"},{"v":0.967661341,"d":"0.97"},{"v":572.8555138,"d":"572.86"},{"v":19.14448618,"d":"19.14"},0,"0_30842000_1334",{"v":2519.62480258999,"d":"2,519.62"},0,{"v":19.14448618,"d":"19.14"},{"v":0.063816992,"d":"0.06"},"0_30842000_1334_155912","D",{"v":1.39823464142,"d":"1.40"},{"v":0.000554937639915,"d":"0.00"},{"v":0.0106239959781,"d":"0.01"}]
[3,308,30857,{"v":3138.040624,"d":"3,138.04"},1206,{"v":0.384316248,"d":"0.38"},"M",320,30857001,{"v":1804.47415541,"d":"1,804.47"},46,97,143,{"v":136.7040943,"d":"136.70"},{"v":0.907735558,"d":"0.91"},{"v":129.8061849,"d":"129.81"},{"v":13.19381514,"d":"13.19"},0,"0_30857001_1351",{"v":1667.77006108,"d":"1,667.77"},0,{"v":13.19381514,"d":"13.19"},{"v":0.075758411,"d":"0.08"},"0_30857001_1351_156175","F",{"v":13.4538623105,"d":"13.45"},{"v":0.00806697675205,"d":"0.01"},{"v":0.106434200005,"d":"0.11"}]
[3,309,30902,{"v":803.8603652,"d":"803.86"},1108,{"v":1.378348838,"d":"1.38"},"M",420,30902000,{"v":647.291541534999,"d":"647.29"},21,51,72,{"v":48.96971699,"d":"48.97"},{"v":0.954532045,"d":"0.95"},{"v":68.72630725,"d":"68.73"},{"v":3.273692747,"d":"3.27"},0,"0_30902000_1373",{"v":598.321824547999,"d":"598.32"},0,{"v":3.273692747,"d":"3.27"},{"v":0.075653263,"d":"0.08"},"0_30902000_1373_156390","außerhalb GKL",{"v":0.164034052722,"d":"0.16"},{"v":0.000274156893484,"d":"0.00"},{"v":0.000897505433739,"d":"0.00"}]
[3,309,30908,{"v":2517.910554,"d":"2,517.91"},5338,{"v":2.120011766,"d":"2.12"},"ST",220,30908002,{"v":142.703036109999,"d":"142.70"},70,1190,1260,{"v":97.87668621,"d":"97.88"},{"v":0.99140599,"d":"0.99"},{"v":1249.17154699999,"d":"1,249.17"},{"v":10.82845272,"d":"10.83"},0,"0_30908002_1388",{"v":44.8263499007999,"d":"44.83"},0,{"v":10.82845272,"d":"10.83"},{"v":0.685876691,"d":"0.69"},"0_30908002_1388_156605","B",{"v":0.347721448587,"d":"0.35"},{"v":0.00775707701735,"d":"0.01"},{"v":0.0839971417278,"d":"0.08"}]
[3,309,30925,{"v":8107.696632,"d":"8,107.70"},2176,{"v":0.268386954,"d":"0.27"},"ST",430,30925003,{"v":519.234555184999,"d":"519.23"},19,4,23,{"v":46.39497637,"d":"46.39"},{"v":0.945243625,"d":"0.95"},{"v":21.74060338,"d":"21.74"},{"v":1.259396624,"d":"1.26"},0,"0_30925003_1437",{"v":472.839578818999,"d":"472.84"},0,{"v":1.259396624,"d":"1.26"},{"v":0.089352636,"d":"0.09"},"0_30925003_1437_157154","G",{"v":11.4726255885,"d":"11.47"},{"v":0.0242632514333,"d":"0.02"},{"v":0.0305570569424,"d":"0.03"}]
[3,309,30935,{"v":6081.32012099999,"d":"6,081.32"},5383,{"v":0.885169649,"d":"0.89"},"ST",420,30935004,{"v":800.287561135,"d":"800.29"},34,927,961,{"v":74.5134095899999,"d":"74.51"},{"v":0.954532045,"d":"0.95"},{"v":917.305295399999,"d":"917.31"},{"v":43.69470459,"d":"43.69"},0,"0_30935004_1454",{"v":725.774151545999,"d":"725.77"},0,{"v":43.69470459,"d":"43.69"},{"v":0.093108294,"d":"0.09"},"0_30935004_1454_157369","G",{"v":9.40184256581,"d":"9.40"},{"v":0.0129542262504,"d":"0.01"},{"v":0.566031089203,"d":"0.57"}]
[3,310,31008,{"v":5964.55785699999,"d":"5,964.56"},3064,{"v":0.513701111,"d":"0.51"},"M",310,31008011,{"v":200.601991349999,"d":"200.60"},11,4,15,{"v":16.45772892,"d":"16.46"},{"v":0.967661341,"d":"0.97"},{"v":14.51492011,"d":"14.51"},{"v":0.485079886,"d":"0.49"},0,"0_31008011_1481",{"v":184.144262427,"d":"184.14"},0,{"v":0.485079886,"d":"0.49"},{"v":0.082041703,"d":"0.08"},"0_31008011_1481_157584","G",{"v":5.47248107583,"d":"5.47"},{"v":0.0297184446787,"d":"0.03"},{"v":0.0144158197568,"d":"0.01"}]
[3,310,31018,{"v":2124.13252999999,"d":"2,124.13"},1551,{"v":0.730180428,"d":"0.73"},"M",420,31018002,{"v":362.72624566,"d":"362.73"},28,34,62,{"v":44.93846227,"d":"44.94"},{"v":0.954532045,"d":"0.95"},{"v":59.1809867999999,"d":"59.18"},{"v":2.819013199,"d":"2.82"},0,"0_31018002_1510",{"v":317.787783387999,"d":"317.79"},0,{"v":2.819013199,"d":"2.82"},{"v":0.123890848,"d":"0.12"},"0_31018002_1510_157847","F",{"v":0.000717373083432,"d":"0.00"},{"v":2.257396668E-6,"d":"0.00"},{"v":6.363631003e-06,"d":"0.00"}]
[3,310,31022,{"v":15242.47019,"d":"15,242.47"},11882,{"v":0.779532441,"d":"0.78"},"ST",210,31022021,{"v":677.058692954999,"d":"677.06"},12,0,12,{"v":26.36669011,"d":"26.37"},{"v":0.980090788,"d":"0.98"},{"v":11.76108946,"d":"11.76"},{"v":0.238910544,"d":"0.24"},0,"0_31022021_1535",{"v":650.692002841999,"d":"650.69"},0,{"v":0.238910544,"d":"0.24"},{"v":0.03894299,"d":"0.04"},"0_31022021_1535_158062","G",{"v":0.0221334147825,"d":"0.02"},{"v":3.401519411e-05,"d":"0.00"},{"v":8.126588529e-06,"d":"0.00"}]
[3,310,31035,{"v":3671.93193699999,"d":"3,671.93"},1538,{"v":0.41885308,"d":"0.42"},"ST",430,31035004,{"v":728.108722104999,"d":"728.11"},21,5,26,{"v":11.1037998899999,"d":"11.10"},{"v":0.945243625,"d":"0.95"},{"v":24.5763342499999,"d":"24.58"},{"v":1.423665749,"d":"1.42"},0,"0_31035004_1571",{"v":717.004922218,"d":"717.00"},0,{"v":1.423665749,"d":"1.42"},{"v":0.015250195,"d":"0.02"},"0_31035004_1571_158325","G",{"v":0.0215977521287,"d":"0.02"},{"v":3.0122181117e-05,"d":"0.00"},{"v":4.2883917541e-05,"d":"0.00"}]
[3,310,31052,{"v":4114.76980699999,"d":"4,114.77"},2425,{"v":0.58934038,"d":"0.59"},"M",430,31052000,{"v":1030.77535186,"d":"1,030.78"},89,222,311,{"v":107.2876059,"d":"107.29"},{"v":0.945243625,"d":"0.95"},{"v":293.9707674,"d":"293.97"},{"v":17.0292326199999,"d":"17.03"},0,"0_31052000_1614",{"v":923.487745927999,"d":"923.49"},0,{"v":17.0292326199999,"d":"17.03"},{"v":0.104084373,"d":"0.10"},"0_31052000_1614_158669","F",{"v":29.9807607953,"d":"29.98"},{"v":0.032464708847,"d":"0.03"},{"v":0.552849078896,"d":"0.55"}]
[3,311,31106,{"v":5041.646971,"d":"5,041.65"},3476,{"v":0.689457239,"d":"0.69"},"M",420,31106001,{"v":416.369754305,"d":"416.37"},91,582,673,{"v":145.086124299999,"d":"145.09"},{"v":0.954532045,"d":"0.95"},{"v":642.4000664,"d":"642.40"},{"v":30.5999336,"d":"30.60"},0,"0_31106001_1665",{"v":271.283629965999,"d":"271.28"},0,{"v":30.5999336,"d":"30.60"},{"v":0.348455004,"d":"0.35"},"0_31106001_1665_159042","E",{"v":0.365098570405,"d":"0.37"},{"v":0.00134581865648,"d":"0.00"},{"v":0.0411819615259,"d":"0.04"}]
[3,311,31109,{"v":3925.655904,"d":"3,925.66"},6428,{"v":1.637433376,"d":"1.64"},"ST",220,31109005,{"v":891.605329689999,"d":"891.61"},28,15,43,{"v":42.48746612,"d":"42.49"},{"v":0.99140599,"d":"0.99"},{"v":42.6304575699999,"d":"42.63"},{"v":0.369542434,"d":"0.37"},0,"0_31109005_1692",{"v":849.117863565999,"d":"849.12"},0,{"v":0.369542434,"d":"0.37"},{"v":0.047652773,"d":"0.05"},"0_31109005_1692_159305","F",{"v":0.33714030672,"d":"0.34"},{"v":0.000397047714088,"d":"0.00"},{"v":1.46725978678E-4,"d":"0.00"}]
[3,311,31120,{"v":2116.93783699999,"d":"2,116.94"},1056,{"v":0.498833731,"d":"0.50"},"M",430,31120000,{"v":1296.35396743,"d":"1,296.35"},84,119,203,{"v":80.90407165,"d":"80.90"},{"v":0.945243625,"d":"0.95"},{"v":191.8844559,"d":"191.88"},{"v":11.1155441199999,"d":"11.12"},0,"0_31120000_1732",{"v":1215.44989577999,"d":"1,215.45"},0,{"v":11.1155441199999,"d":"11.12"},{"v":0.062408936,"d":"0.06"},"0_31120000_1732_159520","F",{"v":1.94574397961,"d":"1.95"},{"v":0.00160084260681,"d":"0.00"},{"v":0.0177942366252,"d":"0.02"}]
[3,312,31203,{"v":8072.082508,"d":"8,072.08"},3264,{"v":0.40435662,"d":"0.40"},"M",310,31203004,{"v":1053.08060217,"d":"1,053.08"},36,21,57,{"v":44.29503298,"d":"44.30"},{"v":0.967661341,"d":"0.97"},{"v":55.1566964299999,"d":"55.16"},{"v":1.843303568,"d":"1.84"},0,"0_31203004_1778",{"v":1008.78556919,"d":"1,008.79"},0,{"v":1.843303568,"d":"1.84"},{"v":0.042062339,"d":"0.04"},"0_31203004_1778_160021","F",{"v":0.0592862154677,"d":"0.06"},{"v":5.8769888546e-05,"d":"0.00"},{"v":1.08330745247E-4,"d":"0.00"}]
[3,312,31208,{"v":6114.446125,"d":"6,114.45"},3800,{"v":0.621479022,"d":"0.62"},"M",310,31208001,{"v":1324.85531033,"d":"1,324.86"},53,34,87,{"v":54.2508146699999,"d":"54.25"},{"v":0.967661341,"d":"0.97"},{"v":84.18653666,"d":"84.19"},{"v":2.81346334,"d":"2.81"},0,"0_31208001_1807",{"v":1270.60449564999,"d":"1,270.60"},0,{"v":2.81346334,"d":"2.81"},{"v":0.040948483,"d":"0.04"},"0_31208001_1807_160284","F",{"v":0.446452032549,"d":"0.45"},{"v":3.51369788221E-4,"d":"0.00"},{"v":0.000988566017943,"d":"0.00"}]
[3,312,31214,{"v":1067.18089499999,"d":"1,067.18"},8027,{"v":7.52168638,"d":"7.52"},"M",101,31214003,{"v":246.741198499999,"d":"246.74"},85,1334,1419,{"v":118.6800972,"d":"118.68"},{"v":0.992934034,"d":"0.99"},{"v":1408.973394,"d":"1,408.97"},{"v":10.0266056999999,"d":"10.03"},0,"0_31214003_1821",{"v":128.061101349,"d":"128.06"},0,{"v":10.0266056999999,"d":"10.03"},{"v":0.480990195,"d":"0.48"},"0_31214003_1821_160499","C",{"v":0.0194558319033,"d":"0.02"},{"v":0.000151926164138,"d":"0.00"},{"v":0.00152330374333,"d":"0.00"}]
[3,312,31226,{"v":5509.338772,"d":"5,509.34"},3971,{"v":0.720776152,"d":"0.72"},"M",310,31226002,{"v":827.37116759,"d":"827.37"},30,28,58,{"v":43.1387701299999,"d":"43.14"},{"v":0.967661341,"d":"0.97"},{"v":56.12435777,"d":"56.12"},{"v":1.875642227,"d":"1.88"},0,"0_31226002_1837",{"v":784.23239746,"d":"784.23"},0,{"v":1.875642227,"d":"1.88"},{"v":0.052139562,"d":"0.05"},"0_31226002_1837_160762","außerhalb GKL",{"v":537.794973868,"d":"537.79"},{"v":0.685759700326,"d":"0.69"},{"v":1.28623985151,"d":"1.29"}]
[3,312,31230,{"v":3744.06230599999,"d":"3,744.06"},16875,{"v":4.507136533,"d":"4.51"},"ST",103,31230021,{"v":58.2961744449999,"d":"58.30"},34,212,246,{"v":24.2019268899999,"d":"24.20"},{"v":0.991139192,"d":"0.99"},{"v":243.820241199999,"d":"243.82"},{"v":2.179758847,"d":"2.18"},0,"0_31230021_1854",{"v":34.094247555,"d":"34.09"},0,{"v":2.179758847,"d":"2.18"},{"v":0.415154633,"d":"0.42"},"0_31230021_1854_160977","außerhalb GKL",{"v":31.432350774,"d":"31.43"},{"v":0.921925340141,"d":"0.92"},{"v":2.00957491645,"d":"2.01"}]
[3,312,31235,{"v":3524.24391199999,"d":"3,524.24"},11401,{"v":3.23502013,"d":"3.24"},"ST",310,31235006,{"v":945.595894485,"d":"945.60"},53,556,609,{"v":87.41197805,"d":"87.41"},{"v":0.967661341,"d":"0.97"},{"v":589.305756599999,"d":"589.31"},{"v":19.69424338,"d":"19.69"},0,"0_31235006_1868",{"v":858.183916432,"d":"858.18"},0,{"v":19.69424338,"d":"19.69"},{"v":0.092441156,"d":"0.09"},"0_31235006_1868_161192","D",{"v":0.0179070437635,"d":"0.02"},{"v":2.0866207605e-05,"d":"0.00"},{"v":0.00041094417099,"d":"0.00"}]
[3,313,31315,{"v":478.647334999999,"d":"478.65"},1956,{"v":4.086516015,"d":"4.09"},"M",410,31315000,{"v":213.006676309999,"d":"213.01"},94,303,397,{"v":82.96941705,"d":"82.97"},{"v":0.93996673,"d":"0.94"},{"v":373.166791999999,"d":"373.17"},{"v":23.83320802,"d":"23.83"},0,"0_31315000_1903",{"v":130.037259258,"d":"130.04"},0,{"v":23.83320802,"d":"23.83"},{"v":0.389515571,"d":"0.39"},"0_31315000_1903_161741","E",{"v":6.09845178579,"d":"6.10"},{"v":0.0468977262408,"d":"0.05"},{"v":1.11772326516,"d":"1.12"}]
[3,313,31324,{"v":5827.442726,"d":"5,827.44"},2015,{"v":0.345777744,"d":"0.35"},"M",430,31324000,{"v":306.912209355,"d":"306.91"},36,131,167,{"v":34.28348029,"d":"34.28"},{"v":0.945243625,"d":"0.95"},{"v":157.855685399999,"d":"157.86"},{"v":9.14431461999999,"d":"9.14"},0,"0_31324000_1923",{"v":272.628729061,"d":"272.63"},0,{"v":9.14431461999999,"d":"9.14"},{"v":0.111704518,"d":"0.11"},"0_31324000_1923_161956","außerhalb GKL",{"v":0.299774562211,"d":"0.30"},{"v":0.00109957069911,"d":"0.00"},{"v":0.0100548204196,"d":"0.01"}]
[3,313,31333,{"v":3021.17647299999,"d":"3,021.18"},2560,{"v":0.847352024,"d":"0.85"},"M",410,31333002,{"v":259.48677834,"d":"259.49"},41,54,95,{"v":30.82577707,"d":"30.83"},{"v":0.93996673,"d":"0.94"},{"v":89.29683939,"d":"89.30"},{"v":5.703160609,"d":"5.70"},0,"0_31333002_1947",{"v":228.66100127,"d":"228.66"},0,{"v":5.703160609,"d":"5.70"},{"v":0.118795174,"d":"0.12"},"0_31333002_1947_162219","G",{"v":0.0182388403738,"d":"0.02"},{"v":7.9763668804e-05,"d":"0.00"},{"v":0.000454905013955,"d":"0.00"}]
[3,313,31343,{"v":3475.30256899999,"d":"3,475.30"},1975,{"v":0.568295842,"d":"0.57"},"M",310,31343000,{"v":440.791065355,"d":"440.79"},56,212,268,{"v":83.89929354,"d":"83.90"},{"v":0.967661341,"d":"0.97"},{"v":259.3332394,"d":"259.33"},{"v":8.66676063399999,"d":"8.67"},0,"0_31343000_1963",{"v":356.891771817,"d":"356.89"},0,{"v":8.66676063399999,"d":"8.67"},{"v":0.190338008,"d":"0.19"},"0_31343000_1963_162434","F",{"v":2.03030958153,"d":"2.03"},{"v":0.00568886632268,"d":"0.01"},{"v":0.0493040426975,"d":"0.05"}]
[3,313,31347,{"v":587.819829,"d":"587.82"},843,{"v":1.434112901,"d":"1.43"},"M",310,31347000,{"v":587.819828974999,"d":"587.82"},83,80,163,{"v":53.26098366,"d":"53.26"},{"v":0.967661341,"d":"0.97"},{"v":157.7287986,"d":"157.73"},{"v":5.27120143,"d":"5.27"},0,"0_31347000_1976",{"v":534.558845319,"d":"534.56"},0,{"v":5.27120143,"d":"5.27"},{"v":0.090607668,"d":"0.09"},"0_31347000_1976_162649","F",{"v":3.41354531581,"d":"3.41"},{"v":0.00638572412692,"d":"0.01"},{"v":0.0336604381494,"d":"0.03"}]
[3,314,31401,{"v":6351.76600099999,"d":"6,351.77"},516,{"v":0.08123725,"d":"0.08"},"G",430,31401000,{"v":6351.76600062,"d":"6,351.77"},90,170,260,{"v":157.466905499999,"d":"157.47"},{"v":0.945243625,"d":"0.95"},{"v":245.763342499999,"d":"245.76"},{"v":14.23665749,"d":"14.24"},0,"0_31401000_1995",{"v":6194.29909506999,"d":"6,194.30"},0,{"v":14.23665749,"d":"14.24"},{"v":0.024791043,"d":"0.02"},"0_31401000_1995_162912","G",{"v":8.03023294602,"d":"8.03"},{"v":1.29639089472E-3,"d":"0.00"},{"v":0.0184562731413,"d":"0.02"}]
[3,314,31412,{"v":7819.925613,"d":"7,819.93"},3906,{"v":0.499493242,"d":"0.50"},"M",410,31412001,{"v":3344.53794529,"d":"3,344.54"},342,167,509,{"v":210.780174499999,"d":"210.78"},{"v":0.93996673,"d":"0.94"},{"v":478.443065799999,"d":"478.44"},{"v":30.55693421,"d":"30.56"},0,"0_31412001_2015",{"v":3133.75777074999,"d":"3,133.76"},0,{"v":30.55693421,"d":"30.56"},{"v":0.063022211,"d":"0.06"},"0_31412001_2015_163413","außerhalb GKL",{"v":0.130552435603,"d":"0.13"},{"v":4.1660027722E-5,"d":"0.00"},{"v":1.27300272628E-3,"d":"0.00"}]
[3,314,31414,{"v":14602.68864,"d":"14,602.69"},1913,{"v":0.131003273,"d":"0.13"},"M",430,31414000,{"v":259.59147582,"d":"259.59"},55,254,309,{"v":152.4759246,"d":"152.48"},{"v":0.945243625,"d":"0.95"},{"v":292.080280099999,"d":"292.08"},{"v":16.91971987,"d":"16.92"},0,"0_31414000_2021",{"v":107.115551264,"d":"107.12"},0,{"v":16.91971987,"d":"16.92"},{"v":0.587368765,"d":"0.59"},"0_31414000_2021_163628","F",{"v":0.582176525885,"d":"0.58"},{"v":0.00543503271948,"d":"0.01"},{"v":0.0919592310979,"d":"0.09"}]
[3,315,31507,{"v":5428.44868399999,"d":"5,428.45"},2393,{"v":0.440825757,"d":"0.44"},"M",410,31507003,{"v":1198.09608834,"d":"1,198.10"},54,49,103,{"v":75.9113015399999,"d":"75.91"},{"v":0.93996673,"d":"0.94"},{"v":96.81657323,"d":"96.82"},{"v":6.183426766,"d":"6.18"},0,"0_31507003_2040",{"v":1122.18478679999,"d":"1,122.18"},0,{"v":6.183426766,"d":"6.18"},{"v":0.063359944,"d":"0.06"},"0_31507003_2040_163891","G",{"v":7.20710564239,"d":"7.21"},{"v":0.00642238758462,"d":"0.01"},{"v":0.0397123632924,"d":"0.04"}]
[3,315,31514,{"v":4539.347743,"d":"4,539.35"},2574,{"v":0.567041819,"d":"0.57"},"M",410,31514001,{"v":623.543822784999,"d":"623.54"},38,32,70,{"v":25.1068919199999,"d":"25.11"},{"v":0.93996673,"d":"0.94"},{"v":65.7976711299999,"d":"65.80"},{"v":4.20232887,"d":"4.20"},0,"0_31514001_2050",{"v":598.436930867999,"d":"598.44"},0,{"v":4.20232887,"d":"4.20"},{"v":0.040264839,"d":"0.04"},"0_31514001_2050_164106","G",{"v":65.4690481240999,"d":"65.47"},{"v":0.10940008002,"d":"0.11"},{"v":0.459735114648,"d":"0.46"}]
[3,315,31521,{"v":3361.965282,"d":"3,361.97"},3219,{"v":0.957475682,"d":"0.96"},"ST",410,31521000,{"v":120.484953134999,"d":"120.48"},69,783,852,{"v":80.3421380399999,"d":"80.34"},{"v":0.93996673,"d":"0.94"},{"v":800.851654299999,"d":"800.85"},{"v":51.1483456699999,"d":"51.15"},0,"0_31521000_2065",{"v":40.1428150958999,"d":"40.14"},0,{"v":51.1483456699999,"d":"51.15"},{"v":0.666823001,"d":"0.67"},"0_31521000_2065_164369","G",{"v":0.142590937596,"d":"0.14"},{"v":0.003552091134,"d":"0.00"},{"v":0.181683585173,"d":"0.18"}]
[3,315,31534,{"v":5898.551935,"d":"5,898.55"},2416,{"v":0.409592054,"d":"0.41"},"M",430,31534000,{"v":385.812095409999,"d":"385.81"},70,543,613,{"v":113.6971963,"d":"113.70"},{"v":0.945243625,"d":"0.95"},{"v":579.434342099999,"d":"579.43"},{"v":33.56565786,"d":"33.57"},0,"0_31534000_2094",{"v":272.114899147,"d":"272.11"},0,{"v":33.56565786,"d":"33.57"},{"v":0.29469578,"d":"0.29"},"0_31534000_2094_164870","außerhalb GKL",{"v":0.00655544765304,"d":"0.01"},{"v":2.4090734001E-5,"d":"0.00"},{"v":0.00080862133507,"d":"0.00"}]
[3,315,31539,{"v":4368.025983,"d":"4,368.03"},3042,{"v":0.696424429,"d":"0.70"},"M",410,31539001,{"v":802.63994516,"d":"802.64"},52,50,102,{"v":16.7343192899999,"d":"16.73"},{"v":0.93996673,"d":"0.94"},{"v":95.8766064999999,"d":"95.88"},{"v":6.123393496,"d":"6.12"},0,"0_31539001_2114",{"v":785.905625873999,"d":"785.91"},0,{"v":6.123393496,"d":"6.12"},{"v":0.020849099,"d":"0.02"},"0_31539001_2114_165085","D",{"v":11.8205544563,"d":"11.82"},{"v":0.0150406792713,"d":"0.02"},{"v":0.0920999976253,"d":"0.09"}]
[3,315,31546,{"v":2845.762193,"d":"2,845.76"},1089,{"v":0.382674281,"d":"0.38"},"M",420,31546003,{"v":859.589541075,"d":"859.59"},39,38,77,{"v":27.6100128299999,"d":"27.61"},{"v":0.954532045,"d":"0.95"},{"v":73.49896748,"d":"73.50"},{"v":3.501032521,"d":"3.50"},0,"0_31546003_2128",{"v":831.979528245999,"d":"831.98"},0,{"v":3.501032521,"d":"3.50"},{"v":0.032119996,"d":"0.03"},"0_31546003_2128_165348","außerhalb GKL",{"v":726.690943111,"d":"726.69"},{"v":0.87344810592,"d":"0.87"},{"v":3.05797022423,"d":"3.06"}]
[3,315,31551,{"v":3248.822974,"d":"3,248.82"},1660,{"v":0.510954279,"d":"0.51"},"G",420,31551000,{"v":993.665546885,"d":"993.67"},86,293,379,{"v":97.92177934,"d":"97.92"},{"v":0.954532045,"d":"0.95"},{"v":361.767645099999,"d":"361.77"},{"v":17.2323548799999,"d":"17.23"},0,"0_31551000_2138",{"v":895.743767544999,"d":"895.74"},0,{"v":17.2323548799999,"d":"17.23"},{"v":0.098546014,"d":"0.10"},"0_31551000_2138_165563","G",{"v":58.4019272358,"d":"58.40"},{"v":0.0651993676672,"d":"0.07"},{"v":1.12353864159,"d":"1.12"}]
[3,316,31605,{"v":2303.224388,"d":"2,303.22"},1331,{"v":0.57788551,"d":"0.58"},"M",310,31605000,{"v":2303.22438761,"d":"2,303.22"},107,197,304,{"v":123.5409594,"d":"123.54"},{"v":0.967661341,"d":"0.97"},{"v":294.169047599999,"d":"294.17"},{"v":9.830952361,"d":"9.83"},0,"0_31605000_2159",{"v":2179.68342818,"d":"2,179.68"},0,{"v":9.830952361,"d":"9.83"},{"v":0.053638265,"d":"0.05"},"0_31605000_2159_165826","D",{"v":0.0154597322844,"d":"0.02"},{"v":7.092650283E-6,"d":"0.00"},{"v":6.9727507048E-5,"d":"0.00"}]
[3,316,31613,{"v":4831.78670799999,"d":"4,831.79"},1147,{"v":0.237386306,"d":"0.24"},"G",320,31613002,{"v":580.127103854999,"d":"580.13"},25,15,40,{"v":34.7985808099999,"d":"34.80"},{"v":0.907735558,"d":"0.91"},{"v":36.3094223399999,"d":"36.31"},{"v":3.690577662,"d":"3.69"},0,"0_31613002_2181",{"v":545.328523041,"d":"545.33"},0,{"v":3.690577662,"d":"3.69"},{"v":0.059984408,"d":"0.06"},"0_31613002_2181_166041","G",{"v":0.416742727053,"d":"0.42"},{"v":0.000764204895664,"d":"0.00"},{"v":0.00282035751713,"d":"0.00"}]
[3,316,31633,{"v":13156.96599,"d":"13,156.97"},11583,{"v":0.880370141,"d":"0.88"},"ST",220,31633003,{"v":425.30868332,"d":"425.31"},38,2020,2058,{"v":81.5071963999999,"d":"81.51"},{"v":0.99140599,"d":"0.99"},{"v":2040.313527,"d":"2,040.31"},{"v":17.6864727799999,"d":"17.69"},0,"0_31633003_2226",{"v":343.80148692,"d":"343.80"},0,{"v":17.6864727799999,"d":"17.69"},{"v":0.191642446,"d":"0.19"},"0_31633003_2226_166542","D",{"v":1.08428224239,"d":"1.08"},{"v":0.00315380323716,"d":"0.00"},{"v":0.0557796551075,"d":"0.06"}]
[3,316,31644,{"v":9727.416836,"d":"9,727.42"},5483,{"v":0.563664547,"d":"0.56"},"ST",420,31644002,{"v":198.466944649999,"d":"198.47"},44,316,360,{"v":79.81321174,"d":"79.81"},{"v":0.954532045,"d":"0.95"},{"v":343.631536299999,"d":"343.63"},{"v":16.3684637399999,"d":"16.37"},0,"0_31644002_2245",{"v":118.653732911999,"d":"118.65"},0,{"v":16.3684637399999,"d":"16.37"},{"v":0.402148639,"d":"0.40"},"0_31644002_2245_166805","E",{"v":0.472567005935,"d":"0.47"},{"v":0.00398274031788,"d":"0.00"},{"v":0.0651913404791,"d":"0.07"}]
[3,316,31651,{"v":2651.333286,"d":"2,651.33"},2621,{"v":0.988559233,"d":"0.99"},"M",310,31651001,{"v":1071.01846376,"d":"1,071.02"},50,59,109,{"v":118.636500299999,"d":"118.64"},{"v":0.967661341,"d":"0.97"},{"v":105.4750862,"d":"105.48"},{"v":3.52491384,"d":"3.52"},0,"0_31651001_2270",{"v":952.381963459999,"d":"952.38"},0,{"v":3.52491384,"d":"3.52"},{"v":0.110769799,"d":"0.11"},"0_31651001_2270_167020","F",{"v":0.000231829133341,"d":"0.00"},{"v":2.43420332e-07,"d":"0.00"},{"v":8.58035696e-07,"d":"0.00"}]
[3,316,31655,{"v":4459.935158,"d":"4,459.94"},7299,{"v":1.636570878,"d":"1.64"},"ST",210,31655006,{"v":829.645138705,"d":"829.65"},122,1882,2004,{"v":177.4419602,"d":"177.44"},{"v":0.980090788,"d":"0.98"},{"v":1964.10193899999,"d":"1,964.10"},{"v":39.8980608399999,"d":"39.90"},0,"0_31655006_2286",{"v":652.203178455,"d":"652.20"},0,{"v":39.8980608399999,"d":"39.90"},{"v":0.213876936,"d":"0.21"},"0_31655006_2286_167235","F",{"v":0.701092956241,"d":"0.70"},{"v":0.00107496096217,"d":"0.00"},{"v":0.0428888578693,"d":"0.04"}]
[3,317,31703,{"v":2706.591933,"d":"2,706.59"},5894,{"v":2.177646334,"d":"2.18"},"M",310,31703001,{"v":1499.56016958999,"d":"1,499.56"},151,357,508,{"v":246.545736299999,"d":"246.55"},{"v":0.967661341,"d":"0.97"},{"v":491.571961199999,"d":"491.57"},{"v":16.42803881,"d":"16.43"},0,"0_31703001_2293",{"v":1253.01443328,"d":"1,253.01"},0,{"v":16.42803881,"d":"16.43"},{"v":0.164412033,"d":"0.16"},"0_31703001_2293_167498","G",{"v":9.31634791529,"d":"9.32"},{"v":0.00743514812587,"d":"0.01"},{"v":0.12214490197,"d":"0.12"}]
[3,317,31712,{"v":1697.09842699999,"d":"1,697.10"},3952,{"v":2.328680492,"d":"2.33"},"M",101,31712005,{"v":376.779835194999,"d":"376.78"},131,274,405,{"v":105.240466699999,"d":"105.24"},{"v":0.992934034,"d":"0.99"},{"v":402.1382838,"d":"402.14"},{"v":2.861716214,"d":"2.86"},0,"0_31712005_2315",{"v":271.539368463,"d":"271.54"},0,{"v":2.861716214,"d":"2.86"},{"v":0.27931555,"d":"0.28"},"0_31712005_2315_167999","außerhalb GKL",{"v":0.0224623910492,"d":"0.02"},{"v":8.2722410295E-5,"d":"0.00"},{"v":2.36728062802E-4,"d":"0.00"}]
[3,317,31716,{"v":527.1143703,"d":"527.11"},8624,{"v":16.36077574,"d":"16.36"},"M",101,31716006,{"v":34.5007551201,"d":"34.50"},37,1139,1176,{"v":31.94524264,"d":"31.95"},{"v":0.992934034,"d":"0.99"},{"v":1167.69042399999,"d":"1,167.69"},{"v":8.309575968,"d":"8.31"},0,"0_31716006_2326",{"v":2.55551247605,"d":"2.56"},0,{"v":8.309575968,"d":"8.31"},{"v":0.925928796,"d":"0.93"},"0_31716006_2326_168262","B",{"v":0.105760786,"d":"0.11"},{"v":0.0413853530324,"d":"0.04"},{"v":0.343894734985,"d":"0.34"}]
[3,317,31719,{"v":1257.51517899999,"d":"1,257.52"},14996,{"v":11.9251045599999,"d":"11.93"},"M",101,31719050,{"v":118.89965619,"d":"118.90"},102,1503,1605,{"v":107.794238399999,"d":"107.79"},{"v":0.992934034,"d":"0.99"},{"v":1593.65912499999,"d":"1,593.66"},{"v":11.34087536,"d":"11.34"},0,"0_31719050_2344",{"v":11.1054177891,"d":"11.11"},0,{"v":11.34087536,"d":"11.34"},{"v":0.906598403,"d":"0.91"},"0_31719050_2344_168477","C",{"v":1.67725087736,"d":"1.68"},{"v":0.151029966563,"d":"0.15"},{"v":1.71281202642,"d":"1.71"}]
[3,318,31813,{"v":734.043980899999,"d":"734.04"},1579,{"v":2.151097265,"d":"2.15"},"M",410,31813000,{"v":204.914822659999,"d":"204.91"},55,199,254,{"v":98.50220749,"d":"98.50"},{"v":0.93996673,"d":"0.94"},{"v":238.7515495,"d":"238.75"},{"v":15.24845047,"d":"15.25"},0,"0_31813000_2388",{"v":106.412615166999,"d":"106.41"},0,{"v":15.24845047,"d":"15.25"},{"v":0.480698303,"d":"0.48"},"0_31813000_2388_168858","G",{"v":1.9798241454E-3,"d":"0.00"},{"v":1.8605163892E-5,"d":"0.00"},{"v":0.000283699920099,"d":"0.00"}]
[3,318,31818,{"v":2037.93758,"d":"2,037.94"},12721,{"v":6.24209501,"d":"6.24"},"ST",103,31818010,{"v":66.451845895,"d":"66.45"},56,730,786,{"v":55.63817317,"d":"55.64"},{"v":0.991139192,"d":"0.99"},{"v":779.035404699999,"d":"779.04"},{"v":6.964595342,"d":"6.96"},0,"0_31818010_2399",{"v":10.8136727218,"d":"10.81"},0,{"v":6.964595342,"d":"6.96"},{"v":0.837270544,"d":"0.84"},"0_31818010_2399_168956","F",{"v":0.0404975527242,"d":"0.04"},{"v":0.00374503221672,"d":"0.00"},{"v":0.0260826339322,"d":"0.03"}]
[3,318,31837,{"v":915.416817899999,"d":"915.42"},1438,{"v":1.570869108,"d":"1.57"},"G",410,31837000,{"v":695.395678105,"d":"695.40"},46,155,201,{"v":98.59512103,"d":"98.60"},{"v":0.93996673,"d":"0.94"},{"v":188.9333128,"d":"188.93"},{"v":12.06668718,"d":"12.07"},0,"0_31837000_2432",{"v":596.800557078999,"d":"596.80"},0,{"v":12.06668718,"d":"12.07"},{"v":0.141782764,"d":"0.14"},"0_31837000_2432_169457","E",{"v":16.3836811743,"d":"16.38"},{"v":0.0274525232592,"d":"0.03"},{"v":0.33126101047,"d":"0.33"}]
[3,318,31839,{"v":6537.781896,"d":"6,537.78"},14660,{"v":2.242350729,"d":"2.24"},"ST",103,31839034,{"v":133.617914089999,"d":"133.62"},32,155,187,{"v":92.00170196,"d":"92.00"},{"v":0.991139192,"d":"0.99"},{"v":185.3430288,"d":"185.34"},{"v":1.656971156,"d":"1.66"},0,"0_31839034_2447",{"v":41.6162121257,"d":"41.62"},0,{"v":1.656971156,"d":"1.66"},{"v":0.688543169,"d":"0.69"},"0_31839034_2447_169672","E",{"v":0.0699546644403,"d":"0.07"},{"v":0.0016809474209,"d":"0.00"},{"v":2.78528139118E-3,"d":"0.00"}]
[3,319,31901,{"v":3554.21177699999,"d":"3,554.21"},3025,{"v":0.851102914,"d":"0.85"},"M",310,31901000,{"v":411.184851354999,"d":"411.18"},89,496,585,{"v":198.153113499999,"d":"198.15"},{"v":0.967661341,"d":"0.97"},{"v":566.0818844,"d":"566.08"},{"v":18.91811556,"d":"18.92"},0,"0_31901000_2469",{"v":213.031737872999,"d":"213.03"},0,{"v":18.91811556,"d":"18.92"},{"v":0.481907621,"d":"0.48"},"0_31901000_2469_169935","G",{"v":8.72877166302,"d":"8.73"},{"v":0.0409740433523,"d":"0.04"},{"v":0.775151687099,"d":"0.78"}]
[3,319,31903,{"v":4549.183355,"d":"4,549.18"},5096,{"v":1.120201056,"d":"1.12"},"M",410,31903000,{"v":353.38242091,"d":"353.38"},144,1058,1202,{"v":150.865959099999,"d":"150.87"},{"v":0.93996673,"d":"0.94"},{"v":1129.84000999999,"d":"1,129.84"},{"v":72.1599900199999,"d":"72.16"},0,"0_31903000_2474",{"v":202.516461783,"d":"202.52"},0,{"v":72.1599900199999,"d":"72.16"},{"v":0.426919819,"d":"0.43"},"0_31903000_2474_170150","G",{"v":9.87544409501,"d":"9.88"},{"v":0.0487636610282,"d":"0.05"},{"v":3.51878529313,"d":"3.52"}]
[3,319,31906,{"v":5616.72764999999,"d":"5,616.73"},1941,{"v":0.345574883,"d":"0.35"},"M",430,31906001,{"v":5489.32628347999,"d":"5,489.33"},190,101,291,{"v":140.2240481,"d":"140.22"},{"v":0.945243625,"d":"0.95"},{"v":275.065894899999,"d":"275.07"},{"v":15.93410512,"d":"15.93"},0,"0_31906001_2481",{"v":5349.10223528,"d":"5,349.10"},0,{"v":15.93410512,"d":"15.93"},{"v":0.025544856,"d":"0.03"},"0_31906001_2481_170413","F",{"v":0.00223780790669,"d":"0.00"},{"v":4.18352054e-07,"d":"0.00"},{"v":6.666065604e-06,"d":"0.00"}]
[3,319,31912,{"v":4615.76408699999,"d":"4,615.76"},7844,{"v":1.699393611,"d":"1.70"},"ST",410,31912005,{"v":1119.85159313999,"d":"1,119.85"},92,57,149,{"v":102.372015599999,"d":"102.37"},{"v":0.93996673,"d":"0.94"},{"v":140.055042799999,"d":"140.06"},{"v":8.944957166,"d":"8.94"},0,"0_31912005_2495",{"v":1017.47957757999,"d":"1,017.48"},0,{"v":8.944957166,"d":"8.94"},{"v":0.091415698,"d":"0.09"},"0_31912005_2495_170628","F",{"v":0.010218413082,"d":"0.01"},{"v":1.0042867992E-5,"d":"0.00"},{"v":8.983302401e-05,"d":"0.00"}]
[3,319,31923,{"v":2505.65557799999,"d":"2,505.66"},893,{"v":0.356393755,"d":"0.36"},"M",430,31923000,{"v":2265.71398283,"d":"2,265.71"},110,49,159,{"v":98.1105599499999,"d":"98.11"},{"v":0.945243625,"d":"0.95"},{"v":150.2937364,"d":"150.29"},{"v":8.706263621,"d":"8.71"},0,"0_31923000_2516",{"v":2167.60342287999,"d":"2,167.60"},0,{"v":8.706263621,"d":"8.71"},{"v":0.043302271,"d":"0.04"},"0_31923000_2516_171129","F",{"v":2.77540864659,"d":"2.78"},{"v":1.28040425536E-3,"d":"0.00"},{"v":0.0111475369886,"d":"0.01"}]
[3,319,31927,{"v":1483.518336,"d":"1,483.52"},1588,{"v":1.070428293,"d":"1.07"},"G",310,31927000,{"v":1484.11909446999,"d":"1,484.12"},128,313,441,{"v":180.601853199999,"d":"180.60"},{"v":0.967661341,"d":"0.97"},{"v":426.7386513,"d":"426.74"},{"v":14.2613486599999,"d":"14.26"},0,"0_31927000_2530",{"v":1303.51724128,"d":"1,303.52"},0,{"v":14.2613486599999,"d":"14.26"},{"v":0.121689596,"d":"0.12"},"0_31927000_2530_171392","E",{"v":0.0632281383415,"d":"0.06"},{"v":4.8505793663e-05,"d":"0.00"},{"v":0.000691758035457,"d":"0.00"}]
[3,319,31930,{"v":4155.17950899999,"d":"4,155.18"},2321,{"v":0.558579959,"d":"0.56"},"M",310,31930001,{"v":1132.57708484999,"d":"1,132.58"},89,184,273,{"v":73.5756127899999,"d":"73.58"},{"v":0.967661341,"d":"0.97"},{"v":264.1715461,"d":"264.17"},{"v":8.82845393,"d":"8.83"},0,"0_31930001_2537",{"v":1059.00147205999,"d":"1,059.00"},0,{"v":8.82845393,"d":"8.83"},{"v":0.064963007,"d":"0.06"},"0_31930001_2537_171607","F",{"v":1.40530126692,"d":"1.41"},{"v":0.00132700596174,"d":"0.00"},{"v":0.0117154109981,"d":"0.01"}]
[3,319,31940,{"v":1247.02074599999,"d":"1,247.02"},1443,{"v":1.157157974,"d":"1.16"},"G",310,31940000,{"v":1247.02074567999,"d":"1,247.02"},115,355,470,{"v":139.239945199999,"d":"139.24"},{"v":0.967661341,"d":"0.97"},{"v":454.8008302,"d":"454.80"},{"v":15.1991697699999,"d":"15.20"},0,"0_31940000_2547",{"v":1107.78080049999,"d":"1,107.78"},0,{"v":15.1991697699999,"d":"15.20"},{"v":0.111658082,"d":"0.11"},"0_31940000_2547_171870","C",{"v":0.156616660859,"d":"0.16"},{"v":0.000141378746398,"d":"0.00"},{"v":2.14883956837E-3,"d":"0.00"}]
[3,319,31943,{"v":4303.44065399999,"d":"4,303.44"},6330,{"v":1.470916067,"d":"1.47"},"ST",410,31943006,{"v":652.162640489999,"d":"652.16"},35,61,96,{"v":85.0836120099999,"d":"85.08"},{"v":0.93996673,"d":"0.94"},{"v":90.2368061199999,"d":"90.24"},{"v":5.763193879,"d":"5.76"},0,"0_31943006_2555",{"v":567.07902848,"d":"567.08"},0,{"v":5.763193879,"d":"5.76"},{"v":0.130463793,"d":"0.13"},"0_31943006_2555_172085","D",{"v":2.15570121706,"d":"2.16"},{"v":0.00380141234078,"d":"0.00"},{"v":0.0219082763339,"d":"0.02"}]
[3,319,31949,{"v":1815.25518499999,"d":"1,815.26"},5025,{"v":2.768205838,"d":"2.77"},"M",101,31949001,{"v":711.19645502,"d":"711.20"},164,204,368,{"v":151.594644899999,"d":"151.59"},{"v":0.992934034,"d":"0.99"},{"v":365.399724499999,"d":"365.40"},{"v":2.600275473,"d":"2.60"},0,"0_31949001_2571",{"v":559.601810064,"d":"559.60"},0,{"v":2.600275473,"d":"2.60"},{"v":0.213154388,"d":"0.21"},"0_31949001_2571_172586","G",{"v":12.4383566142,"d":"12.44"},{"v":0.0222271557928,"d":"0.02"},{"v":0.0577967280426,"d":"0.06"}]
[3,319,31951,{"v":5888.99457999999,"d":"5,888.99"},7754,{"v":1.31669335,"d":"1.32"},"ST",310,31951004,{"v":5360.21683071999,"d":"5,360.22"},153,235,388,{"v":304.8228503,"d":"304.82"},{"v":0.967661341,"d":"0.97"},{"v":375.452600299999,"d":"375.45"},{"v":12.54739972,"d":"12.55"},0,"0_31951004_2578",{"v":5055.3939804,"d":"5,055.39"},0,{"v":12.54739972,"d":"12.55"},{"v":0.056867634,"d":"0.06"},"0_31951004_2578_172849","G",{"v":5.66710854929,"d":"5.67"},{"v":1.12100235338E-3,"d":"0.00"},{"v":0.0140656646149,"d":"0.01"}]
[3,319,31953,{"v":2024.42276199999,"d":"2,024.42"},2905,{"v":1.43497695,"d":"1.43"},"M",310,31953000,{"v":327.34831723,"d":"327.35"},140,431,571,{"v":149.639852999999,"d":"149.64"},{"v":0.967661341,"d":"0.97"},{"v":552.534625699999,"d":"552.53"},{"v":18.46537434,"d":"18.47"},0,"0_31953000_2584",{"v":177.708464243,"d":"177.71"},0,{"v":18.46537434,"d":"18.47"},{"v":0.457127302,"d":"0.46"},"0_31953000_2584_173064","F",{"v":1.86955834758,"d":"1.87"},{"v":0.0105203674768,"d":"0.01"},{"v":0.194262523653,"d":"0.19"}]
[3,320,32001,{"v":24383.7611099999,"d":"24,383.76"},3021,{"v":0.12389393,"d":"0.12"},"M",420,32001001,{"v":7313.55269682,"d":"7,313.55"},104,48,152,{"v":53.46225436,"d":"53.46"},{"v":0.954532045,"d":"0.95"},{"v":145.088870899999,"d":"145.09"},{"v":6.911129133,"d":"6.91"},0,"0_32001001_2588",{"v":7260.09044246,"d":"7,260.09"},0,{"v":6.911129133,"d":"6.91"},{"v":0.007310025,"d":"0.01"},"0_32001001_2588_173279","G",{"v":7.28541264809,"d":"7.29"},{"v":1.00348786366E-3,"d":"0.00"},{"v":0.00693523420915,"d":"0.01"}]
[3,320,32004,{"v":5561.66603,"d":"5,561.67"},1488,{"v":0.26754573,"d":"0.27"},"G",420,32004002,{"v":1411.48497464999,"d":"1,411.48"},83,50,133,{"v":73.50987483,"d":"73.51"},{"v":0.954532045,"d":"0.95"},{"v":126.952762,"d":"126.95"},{"v":6.047237992,"d":"6.05"},0,"0_32004002_2596",{"v":1337.97509981999,"d":"1,337.98"},0,{"v":6.047237992,"d":"6.05"},{"v":0.052079814,"d":"0.05"},"0_32004002_2596_173542","G",{"v":0.924318166598,"d":"0.92"},{"v":6.90833608729E-4,"d":"0.00"},{"v":0.00417763524486,"d":"0.00"}]
[3,320,32013,{"v":4596.013377,"d":"4,596.01"},4132,{"v":0.899040029,"d":"0.90"},"ST",220,32013001,{"v":178.510416329999,"d":"178.51"},33,335,368,{"v":72.9698207099999,"d":"72.97"},{"v":0.99140599,"d":"0.99"},{"v":364.8374043,"d":"364.84"},{"v":3.162595715,"d":"3.16"},0,"0_32013001_2626",{"v":105.540595619,"d":"105.54"},0,{"v":3.162595715,"d":"3.16"},{"v":0.40877066,"d":"0.41"},"0_32013001_2626_174043","E",{"v":0.0116288884877,"d":"0.01"},{"v":1.10184033163E-4,"d":"0.00"},{"v":0.000348467551143,"d":"0.00"}]
[3,320,32015,{"v":1957.31320499999,"d":"1,957.31"},1369,{"v":0.699428173,"d":"0.70"},"M",410,32015000,{"v":756.233639355,"d":"756.23"},71,112,183,{"v":67.52990192,"d":"67.53"},{"v":0.93996673,"d":"0.94"},{"v":172.013911699999,"d":"172.01"},{"v":10.9860883299999,"d":"10.99"},0,"0_32015000_2636",{"v":688.703737434,"d":"688.70"},0,{"v":10.9860883299999,"d":"10.99"},{"v":0.08929767,"d":"0.09"},"0_32015000_2636_174306","E",{"v":0.316208596312,"d":"0.32"},{"v":0.00045913587966,"d":"0.00"},{"v":0.00504410732942,"d":"0.01"}]
[3,320,32018,{"v":2028.29870499999,"d":"2,028.30"},1643,{"v":0.81003848,"d":"0.81"},"G",410,32018000,{"v":316.553445119999,"d":"316.55"},25,96,121,{"v":56.21489023,"d":"56.21"},{"v":0.93996673,"d":"0.94"},{"v":113.7359744,"d":"113.74"},{"v":7.264025618,"d":"7.26"},0,"0_32018000_2647",{"v":260.338554886999,"d":"260.34"},0,{"v":7.264025618,"d":"7.26"},{"v":0.1775842,"d":"0.18"},"0_32018000_2647_174521","G",{"v":2.29962406693,"d":"2.30"},{"v":0.00883320593036,"d":"0.01"},{"v":0.0641646341672,"d":"0.06"}]
[3,321,32107,{"v":4640.41465799999,"d":"4,640.41"},3171,{"v":0.683344105,"d":"0.68"},"M",410,32107002,{"v":920.149436434999,"d":"920.15"},68,197,265,{"v":53.56348736,"d":"53.56"},{"v":0.93996673,"d":"0.94"},{"v":249.091183599999,"d":"249.09"},{"v":15.90881644,"d":"15.91"},0,"0_32107002_2658",{"v":866.585949071999,"d":"866.59"},0,{"v":15.90881644,"d":"15.91"},{"v":0.058211727,"d":"0.06"},"0_32107002_2658_174736","G",{"v":16.7420632109,"d":"16.74"},{"v":0.0193195645842,"d":"0.02"},{"v":0.307351406671,"d":"0.31"}]
[3,321,32114,{"v":6026.117209,"d":"6,026.12"},3710,{"v":0.615653475,"d":"0.62"},"M",410,32114009,{"v":149.456097805,"d":"149.46"},13,30,43,{"v":24.7800865799999,"d":"24.78"},{"v":0.93996673,"d":"0.94"},{"v":40.41856941,"d":"40.42"},{"v":2.581430592,"d":"2.58"},0,"0_32114009_2683",{"v":124.676011222,"d":"124.68"},0,{"v":2.581430592,"d":"2.58"},{"v":0.165801777,"d":"0.17"},"0_32114009_2683_174999","C",{"v":0.0121425741808,"d":"0.01"},{"v":9.739302743e-05,"d":"0.00"},{"v":0.000251413340455,"d":"0.00"}]
[3,321,32120,{"v":3201.38794099999,"d":"3,201.39"},3494,{"v":1.091401625,"d":"1.09"},"M",410,32120000,{"v":2367.92666366,"d":"2,367.93"},173,1093,1266,{"v":304.7354512,"d":"304.74"},{"v":0.93996673,"d":"0.94"},{"v":1189.997881,"d":"1,190.00"},{"v":76.00211928,"d":"76.00"},0,"0_32120000_2693",{"v":2063.19121240999,"d":"2,063.19"},0,{"v":76.00211928,"d":"76.00"},{"v":0.128692943,"d":"0.13"},"0_32120000_2693_175214","F",{"v":0.0082614146464,"d":"0.01"},{"v":4.004192436e-06,"d":"0.00"},{"v":0.000304327111128,"d":"0.00"}]
[3,321,32134,{"v":1835.492617,"d":"1,835.49"},2985,{"v":1.626266416,"d":"1.63"},"M",310,32134001,{"v":562.748539609999,"d":"562.75"},55,73,128,{"v":87.1275380299999,"d":"87.13"},{"v":0.967661341,"d":"0.97"},{"v":123.860651599999,"d":"123.86"},{"v":4.139348363,"d":"4.14"},0,"0_32134001_2707",{"v":475.621001583999,"d":"475.62"},0,{"v":4.139348363,"d":"4.14"},{"v":0.154824992,"d":"0.15"},"0_32134001_2707_175715","G",{"v":0.00389064664609,"d":"0.00"},{"v":8.18014056e-06,"d":"0.00"},{"v":3.3860451435e-05,"d":"0.00"}]
[3,321,32139,{"v":2043.580206,"d":"2,043.58"},1484,{"v":0.726176539,"d":"0.73"},"M",410,32139000,{"v":1894.04172321999,"d":"1,894.04"},94,251,345,{"v":186.1210058,"d":"186.12"},{"v":0.93996673,"d":"0.94"},{"v":324.288522,"d":"324.29"},{"v":20.711478,"d":"20.71"},0,"0_32139000_2721",{"v":1707.92071747,"d":"1,707.92"},0,{"v":20.711478,"d":"20.71"},{"v":0.098266582,"d":"0.10"},"0_32139000_2721_175978","E",{"v":0.115519745246,"d":"0.12"},{"v":6.7637650896e-05,"d":"0.00"},{"v":0.0014008757185,"d":"0.00"}]
[3,321,32142,{"v":3931.45383099999,"d":"3,931.45"},7836,{"v":1.993155799,"d":"1.99"},"M",310,32142003,{"v":326.928047359999,"d":"326.93"},65,92,157,{"v":134.454665699999,"d":"134.45"},{"v":0.967661341,"d":"0.97"},{"v":151.9228305,"d":"151.92"},{"v":5.077169476,"d":"5.08"},0,"0_32142003_2732",{"v":192.473381617999,"d":"192.47"},0,{"v":5.077169476,"d":"5.08"},{"v":0.411266842,"d":"0.41"},"0_32142003_2732_176193","G",{"v":3.89599590632,"d":"3.90"},{"v":0.0202417387463,"d":"0.02"},{"v":0.102770738104,"d":"0.10"}]
[3,321,32144,{"v":7620.013151,"d":"7,620.01"},27500,{"v":3.608917656,"d":"3.61"},"ST",103,32144020,{"v":401.933050705,"d":"401.93"},197,2347,2544,{"v":142.2275629,"d":"142.23"},{"v":0.991139192,"d":"0.99"},{"v":2521.45810399999,"d":"2,521.46"},{"v":22.54189637,"d":"22.54"},0,"0_32144020_2745",{"v":259.705487826,"d":"259.71"},0,{"v":22.54189637,"d":"22.54"},{"v":0.35385884,"d":"0.35"},"0_32144020_2745_176456","A",{"v":6.90386580252,"d":"6.90"},{"v":0.0265834421148,"d":"0.03"},{"v":0.59924119731,"d":"0.60"}]
[3,321,32144,{"v":7620.013151,"d":"7,620.01"},27500,{"v":3.608917656,"d":"3.61"},"ST",103,32144033,{"v":994.331689989999,"d":"994.33"},169,248,417,{"v":163.7576093,"d":"163.76"},{"v":0.991139192,"d":"0.99"},{"v":413.305042899999,"d":"413.31"},{"v":3.694957071,"d":"3.69"},0,"0_32144033_2749",{"v":830.574080666999,"d":"830.57"},0,{"v":3.694957071,"d":"3.69"},{"v":0.16469113,"d":"0.16"},"0_32144033_2749_176671","G",{"v":11.0100842287,"d":"11.01"},{"v":0.0132559930354,"d":"0.01"},{"v":0.0489803251993,"d":"0.05"}]
[3,322,32216,{"v":13464.9105999999,"d":"13,464.91"},2635,{"v":0.195693835,"d":"0.20"},"ST",430,32216001,{"v":1156.37002572999,"d":"1,156.37"},36,31,67,{"v":37.89047396,"d":"37.89"},{"v":0.945243625,"d":"0.95"},{"v":63.33132288,"d":"63.33"},{"v":3.668677123,"d":"3.67"},0,"0_32216001_2796",{"v":1118.47955176999,"d":"1,118.48"},0,{"v":3.668677123,"d":"3.67"},{"v":0.032766738,"d":"0.03"},"0_32216001_2796_177172","F",{"v":0.00508804343726,"d":"0.01"},{"v":4.549071487e-06,"d":"0.00"},{"v":1.6689074494e-05,"d":"0.00"}]
[3,322,32220,{"v":4605.88522099999,"d":"4,605.89"},5365,{"v":1.164814089,"d":"1.16"},"ST",220,32220008,{"v":642.462655885,"d":"642.46"},13,3,16,{"v":44.58385389,"d":"44.58"},{"v":0.99140599,"d":"0.99"},{"v":15.8624958399999,"d":"15.86"},{"v":0.137504162,"d":"0.14"},0,"0_32220008_2834",{"v":597.878801991,"d":"597.88"},0,{"v":0.137504162,"d":"0.14"},{"v":0.069395246,"d":"0.07"},"0_32220008_2834_177435","F",{"v":0.00185682130743,"d":"0.00"},{"v":3.105681789e-06,"d":"0.00"},{"v":4.27044172e-07,"d":"0.00"}]
[3,323,32304,{"v":2349.796037,"d":"2,349.80"},3121,{"v":1.328200384,"d":"1.33"},"ST",310,32304001,{"v":671.757894149999,"d":"671.76"},65,290,355,{"v":126.411572199999,"d":"126.41"},{"v":0.967661341,"d":"0.97"},{"v":343.519775999999,"d":"343.52"},{"v":11.48022397,"d":"11.48"},0,"0_32304001_2857",{"v":545.346321912999,"d":"545.35"},0,{"v":11.48022397,"d":"11.48"},{"v":0.188180256,"d":"0.19"},"0_32304001_2857_177650","G",{"v":0.0423256747764,"d":"0.04"},{"v":7.76124695e-05,"d":"0.00"},{"v":0.000891008532725,"d":"0.00"}]
[3,323,32311,{"v":2463.26904599999,"d":"2,463.27"},1402,{"v":0.569162351,"d":"0.57"},"G",410,32311001,{"v":883.410141449999,"d":"883.41"},63,62,125,{"v":85.89118535,"d":"85.89"},{"v":0.93996673,"d":"0.94"},{"v":117.495841299999,"d":"117.50"},{"v":7.504158696,"d":"7.50"},0,"0_32311001_2873",{"v":797.518956105,"d":"797.52"},0,{"v":7.504158696,"d":"7.50"},{"v":0.09722685,"d":"0.10"},"0_32311001_2873_177913","G",{"v":0.000873948730609,"d":"0.00"},{"v":1.09583443e-06,"d":"0.00"},{"v":8.223315467E-6,"d":"0.00"}]
[3,323,32318,{"v":2297.49598599999,"d":"2,297.50"},2742,{"v":1.19347325,"d":"1.19"},"M",310,32318001,{"v":2228.79789462999,"d":"2,228.80"},86,430,516,{"v":187.5951161,"d":"187.60"},{"v":0.967661341,"d":"0.97"},{"v":499.3132519,"d":"499.31"},{"v":16.6867480899999,"d":"16.69"},0,"0_32318001_2888",{"v":2041.2027785,"d":"2,041.20"},0,{"v":16.6867480899999,"d":"16.69"},{"v":0.084168743,"d":"0.08"},"0_32318001_2888_178128","G",{"v":0.329889940596,"d":"0.33"},{"v":0.00016161546715,"d":"0.00"},{"v":0.00269683658778,"d":"0.00"}]
[3,323,32327,{"v":1076.75968699999,"d":"1,076.76"},5172,{"v":4.803300181,"d":"4.80"},"M",102,32327001,{"v":375.162794829999,"d":"375.16"},86,1373,1459,{"v":155.111343199999,"d":"155.11"},{"v":0.988126829,"d":"0.99"},{"v":1441.677044,"d":"1,441.68"},{"v":17.3229563999999,"d":"17.32"},0,"0_32327001_2902",{"v":220.051451589,"d":"220.05"},0,{"v":17.3229563999999,"d":"17.32"},{"v":0.413450762,"d":"0.41"},"0_32327001_2902_178403","E",{"v":0.0285701179621,"d":"0.03"},{"v":0.000129833808211,"d":"0.00"},{"v":2.24910539889E-3,"d":"0.00"}]
[3,325,32501,{"v":7164.39071299999,"d":"7,164.39"},1768,{"v":0.246776044,"d":"0.25"},"ST",430,32501001,{"v":974.750027039999,"d":"974.75"},20,0,20,{"v":40.70110085,"d":"40.70"},{"v":0.945243625,"d":"0.95"},{"v":18.9048725,"d":"18.90"},{"v":1.095127499,"d":"1.10"},0,"0_32501001_2921",{"v":934.048926187,"d":"934.05"},0,{"v":1.095127499,"d":"1.10"},{"v":0.041755424,"d":"0.04"},"0_32501001_2921_178893","F",{"v":1.48782299739,"d":"1.49"},{"v":0.00159287480096,"d":"0.00"},{"v":1.744400997E-3,"d":"0.00"}]
[3,325,32508,{"v":10580.10483,"d":"10,580.10"},4453,{"v":0.420884299,"d":"0.42"},"ST",430,32508004,{"v":1251.42442406999,"d":"1,251.42"},49,14,63,{"v":19.4727237,"d":"19.47"},{"v":0.945243625,"d":"0.95"},{"v":59.55034838,"d":"59.55"},{"v":3.449651623,"d":"3.45"},0,"0_32508004_2945",{"v":1231.95170037999,"d":"1,231.95"},0,{"v":3.449651623,"d":"3.45"},{"v":0.015560447,"d":"0.02"},"0_32508004_2945_179108","außerhalb GKL",{"v":1231.95170037999,"d":"1,231.95"},{"v":1,"d":"1.00"},{"v":3.449651623,"d":"3.45"}]
[3,325,32520,{"v":10426.7602499999,"d":"10,426.76"},917,{"v":0.087946781,"d":"0.09"},"M",430,32520000,{"v":338.258412684999,"d":"338.26"},24,68,92,{"v":37.37941773,"d":"37.38"},{"v":0.945243625,"d":"0.95"},{"v":86.9624134999999,"d":"86.96"},{"v":5.037586498,"d":"5.04"},0,"0_32520000_2982",{"v":300.878994953,"d":"300.88"},0,{"v":5.037586498,"d":"5.04"},{"v":0.110505508,"d":"0.11"},"0_32520000_2982_179323","G",{"v":10.2205373884,"d":"10.22"},{"v":0.0339689295692,"d":"0.03"},{"v":0.171121420949,"d":"0.17"}]
[3,325,32530,{"v":25617.3143999999,"d":"25,617.31"},10779,{"v":0.420770102,"d":"0.42"},"ST",220,32530002,{"v":599.860891315,"d":"599.86"},48,2311,2359,{"v":104.737268299999,"d":"104.74"},{"v":0.99140599,"d":"0.99"},{"v":2338.72672999999,"d":"2,338.73"},{"v":20.2732698199999,"d":"20.27"},0,"0_32530002_3021",{"v":495.123623038,"d":"495.12"},0,{"v":20.2732698199999,"d":"20.27"},{"v":0.174602595,"d":"0.17"},"0_32530002_3021_179586","F",{"v":0.955585827176,"d":"0.96"},{"v":0.00192999441496,"d":"0.00"},{"v":0.0391272975256,"d":"0.04"}]
[3,325,32530,{"v":25617.3143999999,"d":"25,617.31"},10779,{"v":0.420770102,"d":"0.42"},"ST",220,32530110,{"v":2609.70360635999,"d":"2,609.70"},119,63,182,{"v":141.454273699999,"d":"141.45"},{"v":0.99140599,"d":"0.99"},{"v":180.435890199999,"d":"180.44"},{"v":1.564109837,"d":"1.56"},0,"0_32530110_3038",{"v":2468.24933264999,"d":"2,468.25"},0,{"v":1.564109837,"d":"1.56"},{"v":0.054203195,"d":"0.05"},"0_32530110_3038_179801","F",{"v":0.286622633518,"d":"0.29"},{"v":0.000116123857394,"d":"0.00"},{"v":0.00018163046766,"d":"0.00"}]
[4,401,40101,{"v":9598.609581,"d":"9,598.61"},206595,{"v":21.5234298499999,"d":"21.52"},"SR",101,40101168,{"v":8.55611676999,"d":"8.56"},19,108,127,{"v":8.556049263,"d":"8.56"},{"v":0.992934034,"d":"0.99"},{"v":127,"d":"127.00"},{"v":0,"d":"0.00"},0,"0_40101168_3073",{"v":6.7507329849e-05,"d":"0.00"},0,{"v":0,"d":"0.00"},{"v":0.99999211,"d":"1.00"},"0_40101168_3073_180064","A",{"v":6.7507329852e-05,"d":"0.00"},{"v":1.00000000004,"d":"1.00"},{"v":0,"d":"0.00"}]
[4,401,40101,{"v":9598.609581,"d":"9,598.61"},206595,{"v":21.5234298499999,"d":"21.52"},"SR",101,40101467,{"v":36.5870546399999,"d":"36.59"},40,523,563,{"v":30.5928282699999,"d":"30.59"},{"v":0.992934034,"d":"0.99"},{"v":559.021861199999,"d":"559.02"},{"v":3.978138835,"d":"3.98"},0,"0_40101467_3126",{"v":5.99422637312,"d":"5.99"},0,{"v":3.978138835,"d":"3.98"},{"v":0.836165375,"d":"0.84"},"0_40101467_3126_180565","B",{"v":0.00013065349995,"d":"0.00"},{"v":2.1796557523e-05,"d":"0.00"},{"v":8.6709731953E-5,"d":"0.00"}]
[4,401,40101,{"v":9598.609581,"d":"9,598.61"},206595,{"v":21.5234298499999,"d":"21.52"},"SR",101,40101492,{"v":397.669231659999,"d":"397.67"},143,154,297,{"v":91.7639276499999,"d":"91.76"},{"v":0.992934034,"d":"0.99"},{"v":294.9014081,"d":"294.90"},{"v":2.09859189,"d":"2.10"},0,"0_40101492_3139",{"v":305.905304007999,"d":"305.91"},0,{"v":2.09859189,"d":"2.10"},{"v":0.230754407,"d":"0.23"},"0_40101492_3139_180780","C",{"v":3.60721277065E-4,"d":"0.00"},{"v":1.179192621e-06,"d":"0.00"},{"v":2.47464407E-6,"d":"0.00"}]
[4,401,40101,{"v":9598.609581,"d":"9,598.61"},206595,{"v":21.5234298499999,"d":"21.52"},"SR",101,40101660,{"v":21.0792290149999,"d":"21.08"},26,533,559,{"v":15.2021231399999,"d":"15.20"},{"v":0.992934034,"d":"0.99"},{"v":555.050124999999,"d":"555.05"},{"v":3.949874971,"d":"3.95"},0,"0_40101660_3164",{"v":5.87710587327,"d":"5.88"},0,{"v":3.949874971,"d":"3.95"},{"v":0.721189714,"d":"0.72"},"0_40101660_3164_181043","B",{"v":0.124154349421,"d":"0.12"},{"v":0.0211250830082,"d":"0.02"},{"v":0.0834414366344,"d":"0.08"}]
[4,402,40201,{"v":2654.047046,"d":"2,654.05"},38056,{"v":14.3388566,"d":"14.34"},"SR",102,40201025,{"v":12.18128049,"d":"12.18"},9,204,213,{"v":8.358875026,"d":"8.36"},{"v":0.988126829,"d":"0.99"},{"v":210.471014599999,"d":"210.47"},{"v":2.52898541,"d":"2.53"},0,"0_40201025_3180",{"v":3.8224054644,"d":"3.82"},0,{"v":2.52898541,"d":"2.53"},{"v":0.686206596,"d":"0.69"},"0_40201025_3180_181258","E",{"v":1.34445580009,"d":"1.34"},{"v":0.351730294604,"d":"0.35"},{"v":0.889520783309,"d":"0.89"}]
[4,402,40201,{"v":2654.047046,"d":"2,654.05"},38056,{"v":14.3388566,"d":"14.34"},"SR",102,40201201,{"v":64.7716747,"d":"64.77"},4,87,91,{"v":7.190886458,"d":"7.19"},{"v":0.988126829,"d":"0.99"},{"v":89.91954144,"d":"89.92"},{"v":1.080458555,"d":"1.08"},0,"0_40201201_3203",{"v":57.5807882415999,"d":"57.58"},0,{"v":1.080458555,"d":"1.08"},{"v":0.111018999,"d":"0.11"},"0_40201201_3203_181521","E",{"v":9.53120359124,"d":"9.53"},{"v":0.165527494192,"d":"0.17"},{"v":0.178845597187,"d":"0.18"}]
[4,403,40301,{"v":4588.188916,"d":"4,588.19"},62470,{"v":13.61539404,"d":"13.62"},"SR",102,40301145,{"v":183.806245794999,"d":"183.81"},34,1471,1505,{"v":100.804299,"d":"100.80"},{"v":0.988126829,"d":"0.99"},{"v":1487.13087799999,"d":"1,487.13"},{"v":17.86912226,"d":"17.87"},0,"0_40301145_3243",{"v":83.0019468131,"d":"83.00"},0,{"v":17.86912226,"d":"17.87"},{"v":0.548426951,"d":"0.55"},"0_40301145_3243_182022","E",{"v":0.781577609107,"d":"0.78"},{"v":0.00941637683351,"d":"0.01"},{"v":0.168262388884,"d":"0.17"}]
[4,405,40501,{"v":4249.22071099999,"d":"4,249.22"},6004,{"v":1.412964967,"d":"1.41"},"G",310,40501003,{"v":288.914918965,"d":"288.91"},71,134,205,{"v":91.33212837,"d":"91.33"},{"v":0.967661341,"d":"0.97"},{"v":198.3705749,"d":"198.37"},{"v":6.629425112,"d":"6.63"},0,"0_40501003_3331",{"v":197.582790598,"d":"197.58"},0,{"v":6.629425112,"d":"6.63"},{"v":0.316121191,"d":"0.32"},"0_40501003_3331_182237","E",{"v":4.1244849818,"d":"4.12"},{"v":0.0208747177288,"d":"0.02"},{"v":0.138387377917,"d":"0.14"}]
[4,405,40506,{"v":3903.554449,"d":"3,903.55"},4073,{"v":1.043408015,"d":"1.04"},"G",410,40506001,{"v":1354.66361467,"d":"1,354.66"},112,144,256,{"v":94.00016152,"d":"94.00"},{"v":0.93996673,"d":"0.94"},{"v":240.631483,"d":"240.63"},{"v":15.36851701,"d":"15.37"},0,"0_40506001_3343",{"v":1260.66345314999,"d":"1,260.66"},0,{"v":15.36851701,"d":"15.37"},{"v":0.069390039,"d":"0.07"},"0_40506001_3343_182500","E",{"v":1.48076246004,"d":"1.48"},{"v":0.00117458982121,"d":"0.00"},{"v":0.018051703647,"d":"0.02"}]
[4,405,40508,{"v":2871.66158799999,"d":"2,871.66"},2933,{"v":1.021359903,"d":"1.02"},"M",410,40508001,{"v":2509.38487875,"d":"2,509.38"},162,259,421,{"v":154.301230099999,"d":"154.30"},{"v":0.93996673,"d":"0.94"},{"v":395.7259935,"d":"395.73"},{"v":25.27400649,"d":"25.27"},0,"0_40508001_3347",{"v":2355.08364859999,"d":"2,355.08"},0,{"v":25.27400649,"d":"25.27"},{"v":0.061489663,"d":"0.06"},"0_40508001_3347_182715","F",{"v":0.0102166794767,"d":"0.01"},{"v":4.338138683e-06,"d":"0.00"},{"v":1.09642145218E-4,"d":"0.00"}]
[4,405,40511,{"v":1744.98492,"d":"1,744.98"},2277,{"v":1.304882336,"d":"1.30"},"G",410,40511000,{"v":1744.98491149999,"d":"1,744.98"},168,311,479,{"v":164.9149671,"d":"164.91"},{"v":0.93996673,"d":"0.94"},{"v":450.2440639,"d":"450.24"},{"v":28.75593612,"d":"28.76"},0,"0_40511000_3350",{"v":1580.06994432999,"d":"1,580.07"},0,{"v":28.75593612,"d":"28.76"},{"v":0.094507962,"d":"0.09"},"0_40511000_3350_182930","G",{"v":11.2386704877,"d":"11.24"},{"v":7.11276771514E-3,"d":"0.01"},{"v":0.204534294053,"d":"0.20"}]
[4,406,40609,{"v":4379.48712499999,"d":"4,379.49"},2836,{"v":0.647564411,"d":"0.65"},"M",310,40609001,{"v":1925.08991796999,"d":"1,925.09"},97,234,331,{"v":75.36210488,"d":"75.36"},{"v":0.967661341,"d":"0.97"},{"v":320.2959038,"d":"320.30"},{"v":10.70409616,"d":"10.70"},0,"0_40609001_3368",{"v":1849.72781310999,"d":"1,849.73"},0,{"v":10.70409616,"d":"10.70"},{"v":0.039147317,"d":"0.04"},"0_40609001_3368_183479","G",{"v":59.9821716987,"d":"59.98"},{"v":0.0324275665174,"d":"0.03"},{"v":0.347107790237,"d":"0.35"}]
[4,406,40614,{"v":2777.17574299999,"d":"2,777.18"},5544,{"v":1.996272658,"d":"2.00"},"ST",310,40614002,{"v":2420.02960110999,"d":"2,420.03"},166,205,371,{"v":87.81977109,"d":"87.82"},{"v":0.967661341,"d":"0.97"},{"v":359.0023575,"d":"359.00"},{"v":11.9976425199999,"d":"12.00"},0,"0_40614002_3377",{"v":2332.20983002,"d":"2,332.21"},0,{"v":11.9976425199999,"d":"12.00"},{"v":0.036288718,"d":"0.04"},"0_40614002_3377_183694","außerhalb GKL",{"v":12.6117878243,"d":"12.61"},{"v":0.00540765571861,"d":"0.01"},{"v":0.0648791201831,"d":"0.06"}]
[4,406,40620,{"v":3946.995772,"d":"3,947.00"},3122,{"v":0.790981339,"d":"0.79"},"M",410,40620001,{"v":1584.3471958,"d":"1,584.35"},115,322,437,{"v":62.6127509399999,"d":"62.61"},{"v":0.93996673,"d":"0.94"},{"v":410.7654612,"d":"410.77"},{"v":26.2345387999999,"d":"26.23"},0,"0_40620001_3386",{"v":1521.73444485999,"d":"1,521.73"},0,{"v":26.2345387999999,"d":"26.23"},{"v":0.03951959,"d":"0.04"},"0_40620001_3386_183957","E",{"v":2.44096091956,"d":"2.44"},{"v":0.00160406497192,"d":"0.00"},{"v":0.0420819047436,"d":"0.04"}]
[4,406,40623,{"v":2653.03180699999,"d":"2,653.03"},1404,{"v":0.529205868,"d":"0.53"},"G",320,40623000,{"v":2653.23710829999,"d":"2,653.24"},132,107,239,{"v":104.544798,"d":"104.54"},{"v":0.907735558,"d":"0.91"},{"v":216.9487985,"d":"216.95"},{"v":22.05120153,"d":"22.05"},0,"0_40623000_3391",{"v":2548.69231033,"d":"2,548.69"},0,{"v":22.05120153,"d":"22.05"},{"v":0.039402735,"d":"0.04"},"0_40623000_3391_184172","G",{"v":118.616823691999,"d":"118.62"},{"v":0.0465402682039,"d":"0.05"},{"v":1.02626883342,"d":"1.03"}]
[4,406,40627,{"v":4552.17183199999,"d":"4,552.17"},2883,{"v":0.633324072,"d":"0.63"},"M",420,40627001,{"v":4383.66151199999,"d":"4,383.66"},272,169,441,{"v":116.173138899999,"d":"116.17"},{"v":0.954532045,"d":"0.95"},{"v":420.9486319,"d":"420.95"},{"v":20.05136808,"d":"20.05"},0,"0_40627001_3397",{"v":4267.48837312999,"d":"4,267.49"},0,{"v":20.05136808,"d":"20.05"},{"v":0.026501394,"d":"0.03"},"0_40627001_3397_184387","G",{"v":7.43062653987,"d":"7.43"},{"v":1.74121775859E-3,"d":"0.00"},{"v":0.0349137981849,"d":"0.03"}]
[4,407,40703,{"v":16305.55282,"d":"16,305.55"},14070,{"v":0.862896227,"d":"0.86"},"ST",220,40703013,{"v":1192.40825281,"d":"1,192.41"},114,630,744,{"v":171.911949999999,"d":"171.91"},{"v":0.99140599,"d":"0.99"},{"v":737.6060565,"d":"737.61"},{"v":6.393943511,"d":"6.39"},0,"0_40703013_3415",{"v":1020.49630278999,"d":"1,020.50"},0,{"v":6.393943511,"d":"6.39"},{"v":0.144172057,"d":"0.14"},"0_40703013_3415_184650","E",{"v":2.69817596396,"d":"2.70"},{"v":0.00264398406597,"d":"0.00"},{"v":0.0169054847618,"d":"0.02"}]
[4,407,40705,{"v":6356.13441899999,"d":"6,356.13"},13275,{"v":2.088533553,"d":"2.09"},"ST",102,40705030,{"v":4318.43317900999,"d":"4,318.43"},42,52,94,{"v":21.90076278,"d":"21.90"},{"v":0.988126829,"d":"0.99"},{"v":92.88392193,"d":"92.88"},{"v":1.116078068,"d":"1.12"},0,"0_40705030_3441",{"v":4296.53241623,"d":"4,296.53"},0,{"v":1.116078068,"d":"1.12"},{"v":0.00507146,"d":"0.01"},"0_40705030_3441_185151","E",{"v":48.8135081384,"d":"48.81"},{"v":0.011361140429,"d":"0.01"},{"v":0.0126799196603,"d":"0.01"}]
[4,407,40711,{"v":3246.06879799999,"d":"3,246.07"},9843,{"v":3.032283237,"d":"3.03"},"ST",102,40711000,{"v":83.7016262899999,"d":"83.70"},43,2698,2741,{"v":69.8155526,"d":"69.82"},{"v":0.988126829,"d":"0.99"},{"v":2708.45563799999,"d":"2,708.46"},{"v":32.5443615399999,"d":"32.54"},0,"0_40711000_3449",{"v":13.8860736865,"d":"13.89"},0,{"v":32.5443615399999,"d":"32.54"},{"v":0.834100312,"d":"0.83"},"0_40711000_3449_185366","C",{"v":0.00453926998325,"d":"0.00"},{"v":0.000326893698372,"d":"0.00"},{"v":0.010638546705,"d":"0.01"}]
[4,407,40713,{"v":2778.38270499999,"d":"2,778.38"},5211,{"v":1.875551554,"d":"1.88"},"G",102,40713002,{"v":714.97883719,"d":"714.98"},120,912,1032,{"v":173.679347799999,"d":"173.68"},{"v":0.988126829,"d":"0.99"},{"v":1019.746888,"d":"1,019.75"},{"v":12.25311241,"d":"12.25"},0,"0_40713002_3457",{"v":541.299489395,"d":"541.30"},0,{"v":12.25311241,"d":"12.25"},{"v":0.242915369,"d":"0.24"},"0_40713002_3457_185629","E",{"v":0.000161811222205,"d":"0.00"},{"v":2.98931045e-07,"d":"0.00"},{"v":3.662835701e-06,"d":"0.00"}]
[4,407,40717,{"v":5643.02530599999,"d":"5,643.03"},2802,{"v":0.496542165,"d":"0.50"},"M",420,40717000,{"v":2558.84449538999,"d":"2,558.84"},186,845,1031,{"v":123.370304,"d":"123.37"},{"v":0.954532045,"d":"0.95"},{"v":984.122538599999,"d":"984.12"},{"v":46.87746142,"d":"46.88"},0,"0_40717000_3463",{"v":2435.47419142999,"d":"2,435.47"},0,{"v":46.87746142,"d":"46.88"},{"v":0.048213287,"d":"0.05"},"0_40717000_3463_185844","F",{"v":3.2799333447,"d":"3.28"},{"v":0.00134673295091,"d":"0.00"},{"v":0.0631314219493,"d":"0.06"}]
[4,407,40720,{"v":4775.226219,"d":"4,775.23"},7524,{"v":1.575632159,"d":"1.58"},"M",410,40720000,{"v":78.3310040949999,"d":"78.33"},45,335,380,{"v":63.01843422,"d":"63.02"},{"v":0.93996673,"d":"0.94"},{"v":357.187357599999,"d":"357.19"},{"v":22.81264244,"d":"22.81"},0,"0_40720000_3470",{"v":15.3125698759,"d":"15.31"},0,{"v":22.81264244,"d":"22.81"},{"v":0.804514572,"d":"0.80"},"0_40720000_3470_186107","F",{"v":0.0714706540643,"d":"0.07"},{"v":0.00466744998674,"d":"0.00"},{"v":0.106476867654,"d":"0.11"}]
[4,408,40808,{"v":1174.232727,"d":"1,174.23"},4987,{"v":4.247028623,"d":"4.25"},"ST",210,40808003,{"v":833.88829992,"d":"833.89"},65,409,474,{"v":52.6856439399999,"d":"52.69"},{"v":0.980090788,"d":"0.98"},{"v":464.5630335,"d":"464.56"},{"v":9.43696648599999,"d":"9.44"},0,"0_40808003_3490",{"v":781.202655976999,"d":"781.20"},0,{"v":9.43696648599999,"d":"9.44"},{"v":0.063180697,"d":"0.06"},"0_40808003_3490_186608","E",{"v":0.743727965369,"d":"0.74"},{"v":0.000952029488992,"d":"0.00"},{"v":0.0089842703813,"d":"0.01"}]
[4,408,40813,{"v":1266.105246,"d":"1,266.11"},1431,{"v":1.130237794,"d":"1.13"},"M",310,40813000,{"v":1266.10524620999,"d":"1,266.11"},90,180,270,{"v":103.392626199999,"d":"103.39"},{"v":0.967661341,"d":"0.97"},{"v":261.268561999999,"d":"261.27"},{"v":8.731437952,"d":"8.73"},0,"0_40813000_3497",{"v":1162.71261997999,"d":"1,162.71"},0,{"v":8.731437952,"d":"8.73"},{"v":0.081661952,"d":"0.08"},"0_40813000_3497_186823","E",{"v":1.97024955549,"d":"1.97"},{"v":0.00169452839991,"d":"0.00"},{"v":0.0147956695817,"d":"0.01"}]
[4,408,40825,{"v":1141.397427,"d":"1,141.40"},1340,{"v":1.173999492,"d":"1.17"},"G",410,40825000,{"v":1141.39746003,"d":"1,141.40"},94,579,673,{"v":100.632215599999,"d":"100.63"},{"v":0.93996673,"d":"0.94"},{"v":632.5976096,"d":"632.60"},{"v":40.40239042,"d":"40.40"},0,"0_40825000_3510",{"v":1040.76524442,"d":"1,040.77"},0,{"v":40.40239042,"d":"40.40"},{"v":0.088165796,"d":"0.09"},"0_40825000_3510_187086","außerhalb GKL",{"v":679.297761163,"d":"679.30"},{"v":0.652690666608,"d":"0.65"},{"v":26.3702631357999,"d":"26.37"}]
[4,408,40830,{"v":954.8434548,"d":"954.84"},921,{"v":0.964556017,"d":"0.96"},"G",410,40830000,{"v":954.843437594999,"d":"954.84"},92,181,273,{"v":47.2938904299999,"d":"47.29"},{"v":0.93996673,"d":"0.94"},{"v":256.6109174,"d":"256.61"},{"v":16.38908259,"d":"16.39"},0,"0_40830000_3516",{"v":907.549547160999,"d":"907.55"},0,{"v":16.38908259,"d":"16.39"},{"v":0.049530518,"d":"0.05"},"0_40830000_3516_187301","E",{"v":0.0757350051483,"d":"0.08"},{"v":8.3449994973e-05,"d":"0.00"},{"v":1.36766885975E-3,"d":"0.00"}]
[4,408,40832,{"v":1456.11857899999,"d":"1,456.12"},3067,{"v":2.106284505,"d":"2.11"},"M",310,40832001,{"v":1237.86043685999,"d":"1,237.86"},127,781,908,{"v":190.51078,"d":"190.51"},{"v":0.967661341,"d":"0.97"},{"v":878.636497599999,"d":"878.64"},{"v":29.3635024499999,"d":"29.36"},0,"0_40832001_3521",{"v":1047.34965686999,"d":"1,047.35"},0,{"v":29.3635024499999,"d":"29.36"},{"v":0.153903279,"d":"0.15"},"0_40832001_3521_187564","E",{"v":0.0212595076373,"d":"0.02"},{"v":2.0298386024e-05,"d":"0.00"},{"v":0.000596031707747,"d":"0.00"}]
[4,408,40835,{"v":3935.916681,"d":"3,935.92"},4650,{"v":1.181427448,"d":"1.18"},"ST",430,40835003,{"v":1730.20814339999,"d":"1,730.21"},128,197,325,{"v":105.746896899999,"d":"105.75"},{"v":0.945243625,"d":"0.95"},{"v":307.204178099999,"d":"307.20"},{"v":17.79582187,"d":"17.80"},0,"0_40835003_3527",{"v":1624.46124648,"d":"1,624.46"},0,{"v":17.79582187,"d":"17.80"},{"v":0.061118021,"d":"0.06"},"0_40835003_3527_187779","F",{"v":11.4844970281,"d":"11.48"},{"v":0.00706972668815,"d":"0.01"},{"v":0.125811596812,"d":"0.13"}]
[4,409,40909,{"v":19131.3783399999,"d":"19,131.38"},3621,{"v":0.18927021,"d":"0.19"},"M",430,40909000,{"v":354.014976934999,"d":"354.01"},95,510,605,{"v":196.831896599999,"d":"196.83"},{"v":0.945243625,"d":"0.95"},{"v":571.872393099999,"d":"571.87"},{"v":33.12760686,"d":"33.13"},0,"0_40909000_3547",{"v":157.183080313,"d":"157.18"},0,{"v":33.12760686,"d":"33.13"},{"v":0.555998784,"d":"0.56"},"0_40909000_3547_188280","E",{"v":0.10898287067,"d":"0.11"},{"v":0.00069334988507,"d":"0.00"},{"v":0.022969022409,"d":"0.02"}]
[4,409,40913,{"v":3115.934189,"d":"3,115.93"},2785,{"v":0.893792947,"d":"0.89"},"G",410,40913001,{"v":1676.06637085,"d":"1,676.07"},144,507,651,{"v":131.0560207,"d":"131.06"},{"v":0.93996673,"d":"0.94"},{"v":611.918341499999,"d":"611.92"},{"v":39.08165849,"d":"39.08"},0,"0_40913001_3556",{"v":1545.01035017,"d":"1,545.01"},0,{"v":39.08165849,"d":"39.08"},{"v":0.07819262,"d":"0.08"},"0_40913001_3556_188547","E",{"v":9.93167053062,"d":"9.93"},{"v":0.00642822265205,"d":"0.01"},{"v":0.251225602385,"d":"0.25"}]
[4,409,40920,{"v":2808.025392,"d":"2,808.03"},1978,{"v":0.704409585,"d":"0.70"},"G",410,40920000,{"v":2808.02539191999,"d":"2,808.03"},198,179,377,{"v":95.2915270099999,"d":"95.29"},{"v":0.93996673,"d":"0.94"},{"v":354.367457399999,"d":"354.37"},{"v":22.63254263,"d":"22.63"},0,"0_40920000_3565",{"v":2712.73386489999,"d":"2,712.73"},0,{"v":22.63254263,"d":"22.63"},{"v":0.033935422,"d":"0.03"},"0_40920000_3565_188759","G",{"v":0.040326394481,"d":"0.04"},{"v":1.4865591868E-5,"d":"0.00"},{"v":0.000336446141664,"d":"0.00"}]
[4,410,41002,{"v":3133.01356799999,"d":"3,133.01"},17092,{"v":5.45545036,"d":"5.46"},"ST",101,41002005,{"v":362.609390249999,"d":"362.61"},99,1401,1500,{"v":135.2260563,"d":"135.23"},{"v":0.992934034,"d":"0.99"},{"v":1489.401051,"d":"1,489.40"},{"v":10.59894894,"d":"10.60"},0,"0_41002005_3575",{"v":227.383333991999,"d":"227.38"},0,{"v":10.59894894,"d":"10.60"},{"v":0.37292486,"d":"0.37"},"0_41002005_3575_188974","außerhalb GKL",{"v":0.000408181472008,"d":"0.00"},{"v":1.795124844e-06,"d":"0.00"},{"v":1.9026436565e-05,"d":"0.00"}]
[4,410,41004,{"v":936.206770699999,"d":"936.21"},1041,{"v":1.111933851,"d":"1.11"},"G",410,41004000,{"v":936.206770649999,"d":"936.21"},68,74,142,{"v":118.180227299999,"d":"118.18"},{"v":0.93996673,"d":"0.94"},{"v":133.475275699999,"d":"133.48"},{"v":8.524724279,"d":"8.52"},0,"0_41004000_3586",{"v":818.026543305,"d":"818.03"},0,{"v":8.524724279,"d":"8.52"},{"v":0.126233041,"d":"0.13"},"0_41004000_3586_189237","G",{"v":0.779229100091,"d":"0.78"},{"v":0.000952571901815,"d":"0.00"},{"v":0.0081204128189,"d":"0.01"}]
[4,410,41010,{"v":1589.226605,"d":"1,589.23"},2435,{"v":1.532191817,"d":"1.53"},"G",310,41010000,{"v":1589.22660494999,"d":"1,589.23"},155,346,501,{"v":216.216620699999,"d":"216.22"},{"v":0.967661341,"d":"0.97"},{"v":484.7983318,"d":"484.80"},{"v":16.2016682,"d":"16.20"},0,"0_41010000_3602",{"v":1373.00998424999,"d":"1,373.01"},0,{"v":16.2016682,"d":"16.20"},{"v":0.136051473,"d":"0.14"},"0_41010000_3602_189738","D",{"v":0.0132270234072,"d":"0.01"},{"v":9.633595938e-06,"d":"0.00"},{"v":0.000156080324961,"d":"0.00"}]
[4,410,41012,{"v":2403.07490599999,"d":"2,403.07"},28929,{"v":12.03832637,"d":"12.04"},"ST",101,41012011,{"v":78.34953283,"d":"78.35"},56,1116,1172,{"v":40.6749428099999,"d":"40.67"},{"v":0.992934034,"d":"0.99"},{"v":1163.71868799999,"d":"1,163.72"},{"v":8.281312104,"d":"8.28"},0,"0_41012011_3610",{"v":37.6745900164999,"d":"37.67"},0,{"v":8.281312104,"d":"8.28"},{"v":0.519147228,"d":"0.52"},"0_41012011_3610_190001","E",{"v":7.48560328629,"d":"7.49"},{"v":0.198691035072,"d":"0.20"},{"v":1.6454224737,"d":"1.65"}]
[4,410,41012,{"v":2403.07490599999,"d":"2,403.07"},28929,{"v":12.03832637,"d":"12.04"},"ST",101,41012061,{"v":280.348098175,"d":"280.35"},81,92,173,{"v":73.5674429799999,"d":"73.57"},{"v":0.992934034,"d":"0.99"},{"v":171.777587899999,"d":"171.78"},{"v":1.222412111,"d":"1.22"},0,"0_41012061_3620",{"v":206.780655198,"d":"206.78"},0,{"v":1.222412111,"d":"1.22"},{"v":0.262414632,"d":"0.26"},"0_41012061_3620_190216","D",{"v":0.0881283673924,"d":"0.09"},{"v":0.000426192514517,"d":"0.00"},{"v":0.000520982891363,"d":"0.00"}]
[4,410,41013,{"v":4411.829738,"d":"4,411.83"},6181,{"v":1.401006015,"d":"1.40"},"M",210,41013001,{"v":1672.50977744,"d":"1,672.51"},142,6241,6383,{"v":236.652429399999,"d":"236.65"},{"v":0.980090788,"d":"0.98"},{"v":6255.91949999999,"d":"6,255.92"},{"v":127.0805002,"d":"127.08"},0,"0_41013001_3624",{"v":1435.85734800999,"d":"1,435.86"},0,{"v":127.0805002,"d":"127.08"},{"v":0.141495394,"d":"0.14"},"0_41013001_3624_190431","G",{"v":35.1698429444,"d":"35.17"},{"v":0.0244939673103,"d":"0.02"},{"v":3.11270561768,"d":"3.11"}]
[4,410,41016,{"v":1349.763378,"d":"1,349.76"},2110,{"v":1.56323696,"d":"1.56"},"G",310,41016000,{"v":1349.76337807999,"d":"1,349.76"},147,677,824,{"v":173.256829399999,"d":"173.26"},{"v":0.967661341,"d":"0.97"},{"v":797.3529449,"d":"797.35"},{"v":26.64705508,"d":"26.65"},0,"0_41016000_3633",{"v":1176.50654873,"d":"1,176.51"},0,{"v":26.64705508,"d":"26.65"},{"v":0.128360891,"d":"0.13"},"0_41016000_3633_190694","B",{"v":1.23706158988,"d":"1.24"},{"v":0.00105147021172,"d":"0.00"},{"v":0.0280185846467,"d":"0.03"}]
[4,410,41021,{"v":1548.79343799999,"d":"1,548.79"},24756,{"v":15.98405533,"d":"15.98"},"ST",101,41021024,{"v":75.313197445,"d":"75.31"},27,119,146,{"v":37.4045363099999,"d":"37.40"},{"v":0.992934034,"d":"0.99"},{"v":144.968368999999,"d":"144.97"},{"v":1.03163103,"d":"1.03"},0,"0_41021024_3655",{"v":37.9086611322,"d":"37.91"},0,{"v":1.03163103,"d":"1.03"},{"v":0.496653144,"d":"0.50"},"0_41021024_3655_191195","B",{"v":10.0593398666,"d":"10.06"},{"v":0.265357297413,"d":"0.27"},{"v":0.273750822048,"d":"0.27"}]
[4,410,41022,{"v":2998.87870599999,"d":"2,998.88"},5919,{"v":1.973737714,"d":"1.97"},"M",310,41022003,{"v":371.259984579999,"d":"371.26"},79,108,187,{"v":98.7758228499999,"d":"98.78"},{"v":0.967661341,"d":"0.97"},{"v":180.952670799999,"d":"180.95"},{"v":6.047329248,"d":"6.05"},0,"0_41022003_3661",{"v":272.484161724999,"d":"272.48"},0,{"v":6.047329248,"d":"6.05"},{"v":0.266055667,"d":"0.27"},"0_41022003_3661_191458","F",{"v":0.328741051687,"d":"0.33"},{"v":1.20645930246E-3,"d":"0.00"},{"v":0.00729585662629,"d":"0.01"}]
[4,411,41106,{"v":1460.479501,"d":"1,460.48"},3182,{"v":2.178736503,"d":"2.18"},"G",310,41106000,{"v":159.678592579999,"d":"159.68"},79,198,277,{"v":70.22522191,"d":"70.23"},{"v":0.967661341,"d":"0.97"},{"v":268.042191399999,"d":"268.04"},{"v":8.957808566,"d":"8.96"},0,"0_41106000_3669",{"v":89.4533706728,"d":"89.45"},0,{"v":8.957808566,"d":"8.96"},{"v":0.439791088,"d":"0.44"},"0_41106000_3669_191673","außerhalb GKL",{"v":5.95061093395,"d":"5.95"},{"v":0.0665219308025,"d":"0.07"},{"v":0.595890721569,"d":"0.60"}]
[4,411,41109,{"v":1231.75683699999,"d":"1,231.76"},2502,{"v":2.031245067,"d":"2.03"},"G",310,41109001,{"v":255.605765819999,"d":"255.61"},50,393,443,{"v":83.16754776,"d":"83.17"},{"v":0.967661341,"d":"0.97"},{"v":428.673973999999,"d":"428.67"},{"v":14.32602597,"d":"14.33"},0,"0_41109001_3675",{"v":172.438218056,"d":"172.44"},0,{"v":14.32602597,"d":"14.33"},{"v":0.325374302,"d":"0.33"},"0_41109001_3675_191888","E",{"v":2.40767493979E-3,"d":"0.00"},{"v":1.3962536652E-5,"d":"0.00"},{"v":0.000200027662682,"d":"0.00"}]
[4,411,41111,{"v":1402.798749,"d":"1,402.80"},4924,{"v":3.510125742,"d":"3.51"},"M",310,41111002,{"v":917.813990295,"d":"917.81"},115,1353,1468,{"v":163.9757514,"d":"163.98"},{"v":0.967661341,"d":"0.97"},{"v":1420.52684799999,"d":"1,420.53"},{"v":47.47315153,"d":"47.47"},0,"0_41111002_3682",{"v":753.838238939999,"d":"753.84"},0,{"v":47.47315153,"d":"47.47"},{"v":0.178659024,"d":"0.18"},"0_41111002_3682_192151","G",{"v":0.0633377538708,"d":"0.06"},{"v":8.4020351581e-05,"d":"0.00"},{"v":3.9887108822E-3,"d":"0.00"}]
[4,411,41116,{"v":2646.01932399999,"d":"2,646.02"},8837,{"v":3.339733736,"d":"3.34"},"ST",210,41116001,{"v":220.14770264,"d":"220.15"},121,1062,1183,{"v":154.506296899999,"d":"154.51"},{"v":0.980090788,"d":"0.98"},{"v":1159.447402,"d":"1,159.45"},{"v":23.55259779,"d":"23.55"},0,"0_41116001_3689",{"v":65.6414057381,"d":"65.64"},0,{"v":23.55259779,"d":"23.55"},{"v":0.701830158,"d":"0.70"},"0_41116001_3689_192366","F",{"v":1.785698105,"d":"1.79"},{"v":0.0272038370434,"d":"0.03"},{"v":0.640721032228,"d":"0.64"}]
[4,411,41124,{"v":1879.54735099999,"d":"1,879.55"},5321,{"v":2.831000771,"d":"2.83"},"M",210,41124001,{"v":689.996865214999,"d":"690.00"},52,1133,1185,{"v":157.1521577,"d":"157.15"},{"v":0.980090788,"d":"0.98"},{"v":1161.407584,"d":"1,161.41"},{"v":23.59241621,"d":"23.59"},0,"0_41124001_3704",{"v":532.844707560999,"d":"532.84"},0,{"v":23.59241621,"d":"23.59"},{"v":0.227757785,"d":"0.23"},"0_41124001_3704_192867","G",{"v":2.07488637133,"d":"2.07"},{"v":0.00389397950639,"d":"0.00"},{"v":0.091868385228,"d":"0.09"}]
[4,412,41203,{"v":1597.00917099999,"d":"1,597.01"},3097,{"v":1.939249979,"d":"1.94"},"M",103,41203001,{"v":1413.80936305,"d":"1,413.81"},84,623,707,{"v":152.670562899999,"d":"152.67"},{"v":0.991139192,"d":"0.99"},{"v":700.735408499999,"d":"700.74"},{"v":6.264591484,"d":"6.26"},0,"0_41203001_3714",{"v":1261.1388001,"d":"1,261.14"},0,{"v":6.264591484,"d":"6.26"},{"v":0.107985254,"d":"0.11"},"0_41203001_3714_193130","F",{"v":4.66075413133,"d":"4.66"},{"v":0.00369567103237,"d":"0.00"},{"v":0.0231518692771,"d":"0.02"}]
[4,412,41213,{"v":3959.359851,"d":"3,959.36"},2236,{"v":0.564737757,"d":"0.56"},"M",410,41213000,{"v":1542.59971917,"d":"1,542.60"},152,511,663,{"v":130.301672599999,"d":"130.30"},{"v":0.93996673,"d":"0.94"},{"v":623.1979423,"d":"623.20"},{"v":39.80205772,"d":"39.80"},0,"0_41213000_3726",{"v":1412.29804659999,"d":"1,412.30"},0,{"v":39.80205772,"d":"39.80"},{"v":0.084468881,"d":"0.08"},"0_41213000_3726_193345","F",{"v":1.10070029812,"d":"1.10"},{"v":0.000779368279075,"d":"0.00"},{"v":0.0310204612289,"d":"0.03"}]
[4,412,41224,{"v":2105.071041,"d":"2,105.07"},1563,{"v":0.742492757,"d":"0.74"},"M",410,41224000,{"v":2105.07104068999,"d":"2,105.07"},116,2381,2497,{"v":226.280227499999,"d":"226.28"},{"v":0.93996673,"d":"0.94"},{"v":2347.096926,"d":"2,347.10"},{"v":149.903074099999,"d":"149.90"},0,"0_41224000_3740",{"v":1878.79081322,"d":"1,878.79"},0,{"v":149.903074099999,"d":"149.90"},{"v":0.107492917,"d":"0.11"},"0_41224000_3740_193608","außerhalb GKL",{"v":1642.32574593,"d":"1,642.33"},{"v":0.874139757537,"d":"0.87"},{"v":131.036236847999,"d":"131.04"}]
[4,412,41229,{"v":1325.61250799999,"d":"1,325.61"},1209,{"v":0.912031225,"d":"0.91"},"G",310,41229000,{"v":1325.61250779,"d":"1,325.61"},98,112,210,{"v":101.0628063,"d":"101.06"},{"v":0.967661341,"d":"0.97"},{"v":203.2088816,"d":"203.21"},{"v":6.791118407,"d":"6.79"},0,"0_41229000_3754",{"v":1224.54970148999,"d":"1,224.55"},0,{"v":6.791118407,"d":"6.79"},{"v":0.076238573,"d":"0.08"},"0_41229000_3754_193823","F",{"v":0.454320990814,"d":"0.45"},{"v":0.000371010658254,"d":"0.00"},{"v":2.51957731046E-3,"d":"0.00"}]
[4,413,41311,{"v":1121.683571,"d":"1,121.68"},398,{"v":0.354823776,"d":"0.35"},"G",420,41311000,{"v":1121.68358962,"d":"1,121.68"},74,12,86,{"v":21.2937936,"d":"21.29"},{"v":0.954532045,"d":"0.95"},{"v":82.08975589,"d":"82.09"},{"v":3.910244115,"d":"3.91"},0,"0_41311000_3775",{"v":1100.38979601999,"d":"1,100.39"},0,{"v":3.910244115,"d":"3.91"},{"v":0.018983779,"d":"0.02"},"0_41311000_3775_194324","außerhalb GKL",{"v":0.216849151612,"d":"0.22"},{"v":1.97065760148E-4,"d":"0.00"},{"v":0.000770575228887,"d":"0.00"}]
[4,413,41323,{"v":2825.63148799999,"d":"2,825.63"},1835,{"v":0.649412355,"d":"0.65"},"M",310,41323000,{"v":2825.63148848999,"d":"2,825.63"},211,528,739,{"v":102.7121846,"d":"102.71"},{"v":0.967661341,"d":"0.97"},{"v":715.1017309,"d":"715.10"},{"v":23.89826906,"d":"23.90"},0,"0_41323000_3787",{"v":2722.91930391,"d":"2,722.92"},0,{"v":23.89826906,"d":"23.90"},{"v":0.03635017,"d":"0.04"},"0_41323000_3787_194587","D",{"v":2.0868634525,"d":"2.09"},{"v":0.000766406646537,"d":"0.00"},{"v":0.0183157922483,"d":"0.02"}]
[4,413,41331,{"v":1972.73200599999,"d":"1,972.73"},998,{"v":0.505897404,"d":"0.51"},"G",330,41331000,{"v":1972.73199178999,"d":"1,972.73"},128,146,274,{"v":51.35275698,"d":"51.35"},{"v":0.958718978,"d":"0.96"},{"v":262.688999899999,"d":"262.69"},{"v":11.3110000799999,"d":"11.31"},0,"0_41331000_3794",{"v":1921.37923481,"d":"1,921.38"},0,{"v":11.3110000799999,"d":"11.31"},{"v":0.026031289,"d":"0.03"},"0_41331000_3794_194802","außerhalb GKL",{"v":0.00405535696309,"d":"0.00"},{"v":2.110648897E-6,"d":"0.00"},{"v":2.3873549845e-05,"d":"0.00"}]
[4,413,41316,{"v":1613.694925,"d":"1,613.69"},1650,{"v":1.022498104,"d":"1.02"},"G",310,41335000,{"v":1608.25897987,"d":"1,608.26"},79,117,196,{"v":20.5403608099999,"d":"20.54"},{"v":0.967661341,"d":"0.97"},{"v":189.6616228,"d":"189.66"},{"v":6.33837718,"d":"6.34"},0,"0_41335000_3799",{"v":1587.71861906999,"d":"1,587.72"},0,{"v":6.33837718,"d":"6.34"},{"v":0.012771799,"d":"0.01"},"0_41335000_3799_195017","E",{"v":12.3424839820999,"d":"12.34"},{"v":0.0077737225185,"d":"0.01"},{"v":0.0492727854149,"d":"0.05"}]
[4,413,41343,{"v":4587.159251,"d":"4,587.16"},3241,{"v":0.706537494,"d":"0.71"},"M",420,41343002,{"v":2845.0834672,"d":"2,845.08"},102,412,514,{"v":136.6507128,"d":"136.65"},{"v":0.954532045,"d":"0.95"},{"v":490.6294712,"d":"490.63"},{"v":23.37052878,"d":"23.37"},0,"0_41343002_3809",{"v":2708.43275441,"d":"2,708.43"},0,{"v":23.37052878,"d":"23.37"},{"v":0.048030476,"d":"0.05"},"0_41343002_3809_195280","G",{"v":15.0320557689999,"d":"15.03"},{"v":0.00555009377454,"d":"0.01"},{"v":0.12970862629,"d":"0.13"}]
[4,414,41413,{"v":2106.59024899999,"d":"2,106.59"},2532,{"v":1.201942334,"d":"1.20"},"M",420,41413000,{"v":272.497033069999,"d":"272.50"},72,512,584,{"v":138.889848199999,"d":"138.89"},{"v":0.954532045,"d":"0.95"},{"v":557.4467144,"d":"557.45"},{"v":26.55328562,"d":"26.55"},0,"0_41413000_3830",{"v":133.607184851999,"d":"133.61"},0,{"v":26.55328562,"d":"26.55"},{"v":0.509693066,"d":"0.51"},"0_41413000_3830_195781","außerhalb GKL",{"v":0.0127745730668,"d":"0.01"},{"v":9.5612919926e-05,"d":"0.00"},{"v":0.00253883717176,"d":"0.00"}]
[4,414,41418,{"v":2415.68735199999,"d":"2,415.69"},3138,{"v":1.299009161,"d":"1.30"},"M",210,41418000,{"v":1131.09732447999,"d":"1,131.10"},117,2100,2217,{"v":290.648252399999,"d":"290.65"},{"v":0.980090788,"d":"0.98"},{"v":2172.86127699999,"d":"2,172.86"},{"v":44.1387229899999,"d":"44.14"},0,"0_41418000_3838",{"v":840.449072053999,"d":"840.45"},0,{"v":44.1387229899999,"d":"44.14"},{"v":0.256961312,"d":"0.26"},"0_41418000_3838_196044","G",{"v":41.4672035393,"d":"41.47"},{"v":0.0493393412143,"d":"0.05"},{"v":2.17777551437,"d":"2.18"}]
[4,414,41423,{"v":3159.186442,"d":"3,159.19"},2440,{"v":0.772350744,"d":"0.77"},"M",420,41423000,{"v":2024.71754873,"d":"2,024.72"},157,334,491,{"v":137.1393242,"d":"137.14"},{"v":0.954532045,"d":"0.95"},{"v":468.675234199999,"d":"468.68"},{"v":22.32476582,"d":"22.32"},0,"0_41423000_3848",{"v":1887.57822450999,"d":"1,887.58"},0,{"v":22.32476582,"d":"22.32"},{"v":0.067732571,"d":"0.07"},"0_41423000_3848_196259","G",{"v":21.7315258341999,"d":"21.73"},{"v":0.0115129140356,"d":"0.01"},{"v":0.257023109751,"d":"0.26"}]
[4,414,41430,{"v":2337.28569999999,"d":"2,337.29"},2012,{"v":0.860827583,"d":"0.86"},"G",410,41430000,{"v":216.88819674,"d":"216.89"},51,473,524,{"v":116.9694103,"d":"116.97"},{"v":0.93996673,"d":"0.94"},{"v":492.5425667,"d":"492.54"},{"v":31.45743325,"d":"31.46"},0,"0_41430000_3857",{"v":99.918786458,"d":"99.92"},0,{"v":31.45743325,"d":"31.46"},{"v":0.539307404,"d":"0.54"},"0_41430000_3857_196474","außerhalb GKL",{"v":1.26376887904E-3,"d":"0.00"},{"v":1.2647960647E-5,"d":"0.00"},{"v":0.000397872377808,"d":"0.00"}]
[4,415,41504,{"v":2070.04037699999,"d":"2,070.04"},3270,{"v":1.579679332,"d":"1.58"},"G",102,41504000,{"v":586.678286735,"d":"586.68"},145,999,1144,{"v":184.759329,"d":"184.76"},{"v":0.988126829,"d":"0.99"},{"v":1130.41709199999,"d":"1,130.42"},{"v":13.58290755,"d":"13.58"},0,"0_41504000_3865",{"v":401.918957716,"d":"401.92"},0,{"v":13.58290755,"d":"13.58"},{"v":0.314924437,"d":"0.31"},"0_41504000_3865_196737","G",{"v":15.4089759219,"d":"15.41"},{"v":0.0383385148326,"d":"0.04"},{"v":0.520748502576,"d":"0.52"}]
[4,415,41507,{"v":10800.12447,"d":"10,800.12"},2677,{"v":0.247867514,"d":"0.25"},"G",430,41507000,{"v":510.87516118,"d":"510.88"},80,872,952,{"v":134.2808392,"d":"134.28"},{"v":0.945243625,"d":"0.95"},{"v":899.871931,"d":"899.87"},{"v":52.12806897,"d":"52.13"},0,"0_41507000_3872",{"v":376.594322012,"d":"376.59"},0,{"v":52.12806897,"d":"52.13"},{"v":0.262844721,"d":"0.26"},"0_41507000_3872_196952","E",{"v":6.54062068045,"d":"6.54"},{"v":0.01736781544,"d":"0.02"},{"v":0.905350681115,"d":"0.91"}]
[4,415,41514,{"v":3909.44009099999,"d":"3,909.44"},3043,{"v":0.778372332,"d":"0.78"},"G",310,41514000,{"v":1746.51679478999,"d":"1,746.52"},203,582,785,{"v":161.7809085,"d":"161.78"},{"v":0.967661341,"d":"0.97"},{"v":759.6141526,"d":"759.61"},{"v":25.38584738,"d":"25.39"},0,"0_41514000_3881",{"v":1584.73588627,"d":"1,584.74"},0,{"v":25.38584738,"d":"25.39"},{"v":0.092630606,"d":"0.09"},"0_41514000_3881_197215","G",{"v":5.53656485047,"d":"5.54"},{"v":0.00349368301585,"d":"0.00"},{"v":0.0886901038345,"d":"0.09"}]
[4,415,41522,{"v":22373.36084,"d":"22,373.36"},4143,{"v":0.185175577,"d":"0.19"},"M",430,41522002,{"v":7514.00765759,"d":"7,514.01"},71,46,117,{"v":100.7830926,"d":"100.78"},{"v":0.945243625,"d":"0.95"},{"v":110.5935041,"d":"110.59"},{"v":6.406495872,"d":"6.41"},0,"0_41522002_3900",{"v":7413.22456498999,"d":"7,413.22"},0,{"v":6.406495872,"d":"6.41"},{"v":0.013412695,"d":"0.01"},"0_41522002_3900_197716","G",{"v":0.025131342576,"d":"0.03"},{"v":3.390068971e-06,"d":"0.00"},{"v":2.1718462871E-5,"d":"0.00"}]
[4,416,41603,{"v":4038.90936899999,"d":"4,038.91"},4260,{"v":1.054740181,"d":"1.05"},"ST",410,41603001,{"v":3606.84317895,"d":"3,606.84"},207,145,352,{"v":183.5397211,"d":"183.54"},{"v":0.93996673,"d":"0.94"},{"v":330.8682891,"d":"330.87"},{"v":21.13171089,"d":"21.13"},0,"0_41603001_3908",{"v":3423.30345788,"d":"3,423.30"},0,{"v":21.13171089,"d":"21.13"},{"v":0.050886527,"d":"0.05"},"0_41603001_3908_197931","F",{"v":0.270890084461,"d":"0.27"},{"v":7.9131192368E-5,"d":"0.00"},{"v":1.67217747951E-3,"d":"0.00"}]
[4,416,41605,{"v":4098.677576,"d":"4,098.68"},8840,{"v":2.156793218,"d":"2.16"},"G",310,41605001,{"v":2089.34656278,"d":"2,089.35"},172,593,765,{"v":168.7149158,"d":"168.71"},{"v":0.967661341,"d":"0.97"},{"v":740.260925799999,"d":"740.26"},{"v":24.7390742,"d":"24.74"},0,"0_41605001_3911",{"v":1920.63164697,"d":"1,920.63"},0,{"v":24.7390742,"d":"24.74"},{"v":0.080750087,"d":"0.08"},"0_41605001_3911_198092","G",{"v":0.029644744472,"d":"0.03"},{"v":1.5434893265e-05,"d":"0.00"},{"v":0.000381844969747,"d":"0.00"}]
[4,416,41606,{"v":3940.13084299999,"d":"3,940.13"},5395,{"v":1.369243869,"d":"1.37"},"M",310,41606002,{"v":1317.86156249,"d":"1,317.86"},96,59,155,{"v":88.78177804,"d":"88.78"},{"v":0.967661341,"d":"0.97"},{"v":149.9875078,"d":"149.99"},{"v":5.012492158,"d":"5.01"},0,"0_41606002_3917",{"v":1229.07978445,"d":"1,229.08"},0,{"v":5.012492158,"d":"5.01"},{"v":0.067368061,"d":"0.07"},"0_41606002_3917_198410","G",{"v":1.95765540143,"d":"1.96"},{"v":0.00159278138506,"d":"0.00"},{"v":0.00798380420202,"d":"0.01"}]
[4,416,41613,{"v":1678.256278,"d":"1,678.26"},2201,{"v":1.311480272,"d":"1.31"},"G",310,41613000,{"v":1678.25627987999,"d":"1,678.26"},194,515,709,{"v":153.0290975,"d":"153.03"},{"v":0.967661341,"d":"0.97"},{"v":686.0718907,"d":"686.07"},{"v":22.9281092899999,"d":"22.93"},0,"0_41613000_3930",{"v":1525.22718237,"d":"1,525.23"},0,{"v":22.9281092899999,"d":"22.93"},{"v":0.09118339,"d":"0.09"},"0_41613000_3930_198911","F",{"v":1.81076761875E-3,"d":"0.00"},{"v":1.187211741E-6,"d":"0.00"},{"v":2.722052055E-5,"d":"0.00"}]
[4,416,41617,{"v":1172.76011599999,"d":"1,172.76"},4738,{"v":4.040041893,"d":"4.04"},"M",310,41617002,{"v":662.294135074999,"d":"662.29"},85,26,111,{"v":85.1146873699999,"d":"85.11"},{"v":0.967661341,"d":"0.97"},{"v":107.410408799999,"d":"107.41"},{"v":3.589591158,"d":"3.59"},0,"0_41617002_3938",{"v":577.179447705,"d":"577.18"},0,{"v":3.589591158,"d":"3.59"},{"v":0.128514934,"d":"0.13"},"0_41617002_3938_199174","F",{"v":20.9975489835,"d":"21.00"},{"v":0.036379585356,"d":"0.04"},{"v":0.130587837926,"d":"0.13"}]
[4,416,41622,{"v":2586.112911,"d":"2,586.11"},1579,{"v":0.610568855,"d":"0.61"},"M",310,41622000,{"v":2586.11291123999,"d":"2,586.11"},171,222,393,{"v":156.261560099999,"d":"156.26"},{"v":0.967661341,"d":"0.97"},{"v":380.290907,"d":"380.29"},{"v":12.7090930199999,"d":"12.71"},0,"0_41622000_3946",{"v":2429.85135111999,"d":"2,429.85"},0,{"v":12.7090930199999,"d":"12.71"},{"v":0.060423332,"d":"0.06"},"0_41622000_3946_199389","G",{"v":0.0606360617337,"d":"0.06"},{"v":2.4954638359e-05,"d":"0.00"},{"v":0.000317150820188,"d":"0.00"}]
[4,416,41626,{"v":1532.27385099999,"d":"1,532.27"},4158,{"v":2.713614147,"d":"2.71"},"M",310,41626000,{"v":100.008143064999,"d":"100.01"},85,587,672,{"v":74.55578825,"d":"74.56"},{"v":0.967661341,"d":"0.97"},{"v":650.268421099999,"d":"650.27"},{"v":21.7315788999999,"d":"21.73"},0,"0_41626000_3952",{"v":25.4523548139,"d":"25.45"},0,{"v":21.7315788999999,"d":"21.73"},{"v":0.745497176,"d":"0.75"},"0_41626000_3952_199652","B",{"v":0.0573129233984,"d":"0.06"},{"v":0.00225177292307,"d":"0.00"},{"v":0.0489345809426,"d":"0.05"}]
[4,416,41627,{"v":1546.84970399999,"d":"1,546.85"},1754,{"v":1.133917533,"d":"1.13"},"M",310,41627000,{"v":1546.84970438999,"d":"1,546.85"},166,349,515,{"v":149.055204099999,"d":"149.06"},{"v":0.967661341,"d":"0.97"},{"v":498.345590599999,"d":"498.35"},{"v":16.65440943,"d":"16.65"},0,"0_41627000_3955",{"v":1397.79450019999,"d":"1,397.79"},0,{"v":16.65440943,"d":"16.65"},{"v":0.096360496,"d":"0.10"},"0_41627000_3955_199867","F",{"v":7.48089616122,"d":"7.48"},{"v":0.00535192845597,"d":"0.01"},{"v":0.0891332077458,"d":"0.09"}]
[4,417,41703,{"v":1232.562384,"d":"1,232.56"},9100,{"v":7.382993445,"d":"7.38"},"ST",102,41703001,{"v":131.576649234999,"d":"131.58"},38,648,686,{"v":62.82343711,"d":"62.82"},{"v":0.988126829,"d":"0.99"},{"v":677.855004699999,"d":"677.86"},{"v":8.144995263,"d":"8.14"},0,"0_41703001_3963",{"v":68.7532121300999,"d":"68.75"},0,{"v":8.144995263,"d":"8.14"},{"v":0.477466461,"d":"0.48"},"0_41703001_3963_200082","C",{"v":2.78461226628,"d":"2.78"},{"v":0.0405015588364,"d":"0.04"},{"v":0.329885004867,"d":"0.33"}]
[4,417,41713,{"v":888.7706467,"d":"888.77"},5219,{"v":5.872156128,"d":"5.87"},"M",102,41713001,{"v":146.098472874999,"d":"146.10"},34,4764,4798,{"v":135.6055929,"d":"135.61"},{"v":0.988126829,"d":"0.99"},{"v":4741.03252599999,"d":"4,741.03"},{"v":56.96747415,"d":"56.97"},0,"0_41713001_3983",{"v":10.4928799472,"d":"10.49"},0,{"v":56.96747415,"d":"56.97"},{"v":0.9281794,"d":"0.93"},"0_41713001_3983_200631","G",{"v":2.56843565348,"d":"2.57"},{"v":0.244778904019,"d":"0.24"},{"v":13.9444358871999,"d":"13.94"}]
[4,417,41717,{"v":1533.481541,"d":"1,533.48"},1098,{"v":0.716017748,"d":"0.72"},"G",410,41717000,{"v":1533.79915071999,"d":"1,533.80"},120,117,237,{"v":46.41176738,"d":"46.41"},{"v":0.93996673,"d":"0.94"},{"v":222.7721151,"d":"222.77"},{"v":14.22788489,"d":"14.23"},0,"0_41717000_3992",{"v":1487.38738332999,"d":"1,487.39"},0,{"v":14.22788489,"d":"14.23"},{"v":0.030259351,"d":"0.03"},"0_41717000_3992_200846","G",{"v":12.6214772515,"d":"12.62"},{"v":0.00848566916256,"d":"0.01"},{"v":0.12073312406,"d":"0.12"}]
[4,417,41727,{"v":772.1175381,"d":"772.12"},1063,{"v":1.376733396,"d":"1.38"},"G",310,41727000,{"v":772.11753808,"d":"772.12"},102,244,346,{"v":91.36586234,"d":"91.37"},{"v":0.967661341,"d":"0.97"},{"v":334.810824,"d":"334.81"},{"v":11.18917604,"d":"11.19"},0,"0_41727000_4004",{"v":680.751675739,"d":"680.75"},0,{"v":11.18917604,"d":"11.19"},{"v":0.118331546,"d":"0.12"},"0_41727000_4004_201061","F",{"v":2.54707251538,"d":"2.55"},{"v":0.00374155893574,"d":"0.00"},{"v":0.041864961596,"d":"0.04"}]
[4,417,41731,{"v":3392.709925,"d":"3,392.71"},6691,{"v":1.972169784,"d":"1.97"},"M",102,41731003,{"v":1120.18066384,"d":"1,120.18"},133,831,964,{"v":183.6803922,"d":"183.68"},{"v":0.988126829,"d":"0.99"},{"v":952.5542632,"d":"952.55"},{"v":11.44573678,"d":"11.45"},0,"0_41731003_4011",{"v":936.500271784,"d":"936.50"},0,{"v":11.44573678,"d":"11.45"},{"v":0.1639739,"d":"0.16"},"0_41731003_4011_201324","G",{"v":1.12474560139,"d":"1.12"},{"v":1.20100936997E-3,"d":"0.00"},{"v":0.013746437119,"d":"0.01"}]
[4,417,41737,{"v":2319.128356,"d":"2,319.13"},3480,{"v":1.500563775,"d":"1.50"},"M",102,41737001,{"v":516.81667611,"d":"516.82"},64,187,251,{"v":57.63251515,"d":"57.63"},{"v":0.988126829,"d":"0.99"},{"v":248.019834099999,"d":"248.02"},{"v":2.980165905,"d":"2.98"},0,"0_41737001_4020",{"v":459.184160964,"d":"459.18"},0,{"v":2.980165905,"d":"2.98"},{"v":0.111514426,"d":"0.11"},"0_41737001_4020_201539","außerhalb GKL",{"v":124.961407586999,"d":"124.96"},{"v":0.272137887606,"d":"0.27"},{"v":0.811016054102,"d":"0.81"}]
[4,417,41743,{"v":1813.162096,"d":"1,813.16"},5854,{"v":3.22861371,"d":"3.23"},"M",102,41743001,{"v":112.548689905,"d":"112.55"},48,294,342,{"v":74.83879034,"d":"74.84"},{"v":0.988126829,"d":"0.99"},{"v":337.939375499999,"d":"337.94"},{"v":4.06062446,"d":"4.06"},0,"0_41743001_4035",{"v":37.7098995683,"d":"37.71"},0,{"v":4.06062446,"d":"4.06"},{"v":0.664945904,"d":"0.66"},"0_41743001_4035_201802","D",{"v":0.0780989629845,"d":"0.08"},{"v":0.00207104669804,"d":"0.00"},{"v":0.00840974287986,"d":"0.01"}]
[4,417,41749,{"v":5463.709273,"d":"5,463.71"},1562,{"v":0.285886368,"d":"0.29"},"G",310,41749000,{"v":5463.70927288999,"d":"5,463.71"},178,198,376,{"v":181.586626499999,"d":"181.59"},{"v":0.967661341,"d":"0.97"},{"v":363.840664199999,"d":"363.84"},{"v":12.15933582,"d":"12.16"},0,"0_41749000_4054",{"v":5282.12264633999,"d":"5,282.12"},0,{"v":12.15933582,"d":"12.16"},{"v":0.033235046,"d":"0.03"},"0_41749000_4054_202303","G",{"v":46.3979762789,"d":"46.40"},{"v":0.00878396421012,"d":"0.01"},{"v":0.106807170662,"d":"0.11"}]
[4,418,41804,{"v":3213.99446099999,"d":"3,213.99"},4045,{"v":1.258558485,"d":"1.26"},"M",310,41804000,{"v":568.513037585,"d":"568.51"},93,343,436,{"v":118.2581469,"d":"118.26"},{"v":0.967661341,"d":"0.97"},{"v":421.900344599999,"d":"421.90"},{"v":14.09965536,"d":"14.10"},0,"0_41804000_4063",{"v":450.254890682999,"d":"450.25"},0,{"v":14.09965536,"d":"14.10"},{"v":0.208013078,"d":"0.21"},"0_41804000_4063_202518","G",{"v":3.66384100233,"d":"3.66"},{"v":0.00813725975696,"d":"0.01"},{"v":0.114732558148,"d":"0.11"}]
[4,418,41808,{"v":3623.42779199999,"d":"3,623.43"},6280,{"v":1.733165489,"d":"1.73"},"M",102,41808002,{"v":2864.35594188999,"d":"2,864.36"},249,328,577,{"v":215.9160454,"d":"215.92"},{"v":0.988126829,"d":"0.99"},{"v":570.149180399999,"d":"570.15"},{"v":6.850819631,"d":"6.85"},0,"0_41808002_4071",{"v":2648.43989645,"d":"2,648.44"},0,{"v":6.850819631,"d":"6.85"},{"v":0.075380312,"d":"0.08"},"0_41808002_4071_202781","G",{"v":25.7216837243,"d":"25.72"},{"v":0.00971201338523,"d":"0.01"},{"v":0.0665352519561,"d":"0.07"}]
[4,418,41811,{"v":373.509170299999,"d":"373.51"},3605,{"v":9.651704126,"d":"9.65"},"M",310,41811000,{"v":94.19530944,"d":"94.20"},70,780,850,{"v":55.10108082,"d":"55.10"},{"v":0.967661341,"d":"0.97"},{"v":822.5121398,"d":"822.51"},{"v":27.48786022,"d":"27.49"},0,"0_41811000_4076",{"v":39.0942289381999,"d":"39.09"},0,{"v":27.48786022,"d":"27.49"},{"v":0.584966291,"d":"0.58"},"0_41811000_4076_202996","F",{"v":1.16585300509,"d":"1.17"},{"v":0.0298216140017,"d":"0.03"},{"v":0.819732357214,"d":"0.82"}]
[4,418,41812,{"v":2313.153702,"d":"2,313.15"},14070,{"v":6.082604882,"d":"6.08"},"ST",102,41812007,{"v":323.623736339999,"d":"323.62"},83,697,780,{"v":98.0541399699999,"d":"98.05"},{"v":0.988126829,"d":"0.99"},{"v":770.738926699999,"d":"770.74"},{"v":9.261073331,"d":"9.26"},0,"0_41812007_4086",{"v":225.569596366,"d":"225.57"},0,{"v":9.261073331,"d":"9.26"},{"v":0.302988097,"d":"0.30"},"0_41812007_4086_203259","G",{"v":1.7033186943,"d":"1.70"},{"v":0.00755118917505,"d":"0.01"},{"v":0.0699321166864,"d":"0.07"}]
[4,418,41821,{"v":3260.81133899999,"d":"3,260.81"},2386,{"v":0.731719732,"d":"0.73"},"M",410,41821001,{"v":3079.95109504999,"d":"3,079.95"},219,216,435,{"v":195.4303424,"d":"195.43"},{"v":0.93996673,"d":"0.94"},{"v":408.8855277,"d":"408.89"},{"v":26.1144722599999,"d":"26.11"},0,"0_41821001_4103",{"v":2884.52075266,"d":"2,884.52"},0,{"v":26.1144722599999,"d":"26.11"},{"v":0.063452417,"d":"0.06"},"0_41821001_4103_203760","G",{"v":1.64402694735,"d":"1.64"},{"v":0.000569948039318,"d":"0.00"},{"v":0.0148838922624,"d":"0.01"}]
[4,418,41824,{"v":2171.02547,"d":"2,171.03"},3414,{"v":1.572528764,"d":"1.57"},"G",310,41824000,{"v":2171.22714649999,"d":"2,171.23"},269,1223,1492,{"v":230.4932211,"d":"230.49"},{"v":0.967661341,"d":"0.97"},{"v":1443.750721,"d":"1,443.75"},{"v":48.24927935,"d":"48.25"},0,"0_41824000_4110",{"v":1940.73392538999,"d":"1,940.73"},0,{"v":48.24927935,"d":"48.25"},{"v":0.106158041,"d":"0.11"},"0_41824000_4110_203975","G",{"v":157.014646481,"d":"157.01"},{"v":0.0809047775312,"d":"0.08"},{"v":3.90359721185,"d":"3.90"}]
[9,902,90201,{"v":1923.612609,"d":"1,923.61"},105848,{"v":55.0256322299999,"d":"55.03"},"SR",101,90201061,{"v":46.6813735699999,"d":"46.68"},50,1312,1362,{"v":32.28090525,"d":"32.28"},{"v":0.992934034,"d":"0.99"},{"v":1352.376154,"d":"1,352.38"},{"v":9.623845637,"d":"9.62"},0,"0_90201061_6735",{"v":14.400468316,"d":"14.40"},0,{"v":9.623845637,"d":"9.62"},{"v":0.691515754,"d":"0.69"},"0_90201061_6735_204238","A",{"v":4.09632973117,"d":"4.10"},{"v":0.284458091312,"d":"0.28"},{"v":2.73758076098,"d":"2.74"}]
[9,902,90201,{"v":1923.612609,"d":"1,923.61"},105848,{"v":55.0256322299999,"d":"55.03"},"SR",101,90201100,{"v":136.839574959999,"d":"136.84"},9,1299,1308,{"v":81.4452727999999,"d":"81.45"},{"v":0.992934034,"d":"0.99"},{"v":1298.75771699999,"d":"1,298.76"},{"v":9.242283475,"d":"9.24"},0,"0_90201100_6748",{"v":55.3943019819,"d":"55.39"},0,{"v":9.242283475,"d":"9.24"},{"v":0.595187999,"d":"0.60"},"0_90201100_6748_204453","B",{"v":0.294517862646,"d":"0.29"},{"v":0.00531675374738,"d":"0.01"},{"v":0.0491389453001,"d":"0.05"}]
[9,910,91001,{"v":3181.213107,"d":"3,181.21"},207193,{"v":65.13018556,"d":"65.13"},"SR",101,91001121,{"v":101.176598444999,"d":"101.18"},13,2911,2924,{"v":39.90896252,"d":"39.91"},{"v":0.992934034,"d":"0.99"},{"v":2903.339116,"d":"2,903.34"},{"v":20.6608844699999,"d":"20.66"},0,"0_91001121_6810",{"v":61.267635927,"d":"61.27"},0,{"v":20.6608844699999,"d":"20.66"},{"v":0.39444855,"d":"0.39"},"0_91001121_6810_204668","A",{"v":0.000252870423163,"d":"0.00"},{"v":4.127308314e-06,"d":"0.00"},{"v":8.5273840255E-5,"d":"0.00"}]
[9,913,91301,{"v":3769.37288699999,"d":"3,769.37"},54040,{"v":14.3366022999999,"d":"14.34"},"SR",101,91301050,{"v":51.4359528549999,"d":"51.44"},125,152,277,{"v":47.34806978,"d":"47.35"},{"v":0.992934034,"d":"0.99"},{"v":275.042727399999,"d":"275.04"},{"v":1.957272571,"d":"1.96"},0,"0_91301050_6888",{"v":4.08788307364,"d":"4.09"},0,{"v":1.957272571,"d":"1.96"},{"v":0.920524792,"d":"0.92"},"0_91301050_6888_205217","C",{"v":0.000896154422359,"d":"0.00"},{"v":0.000219222127007,"d":"0.00"},{"v":0.000429077456147,"d":"0.00"}]
[9,914,91401,{"v":3374.43752799999,"d":"3,374.44"},93634,{"v":27.74803185,"d":"27.75"},"SR",101,91401090,{"v":100.874278985,"d":"100.87"},4,1152,1156,{"v":54.27559591,"d":"54.28"},{"v":0.992934034,"d":"0.99"},{"v":1147.83174299999,"d":"1,147.83"},{"v":8.168256649,"d":"8.17"},0,"0_91401090_6929",{"v":46.5986830713,"d":"46.60"},0,{"v":8.168256649,"d":"8.17"},{"v":0.538051885,"d":"0.54"},"0_91401090_6929_205432","C",{"v":0.00101182489817,"d":"0.00"},{"v":2.171359428E-5,"d":"0.00"},{"v":0.000177362210847,"d":"0.00"}]
[9,915,91501,{"v":391.5952173,"d":"391.60"},76813,{"v":196.154080999999,"d":"196.15"},"SR",101,91501050,{"v":15.9331461049,"d":"15.93"},1,251,252,{"v":1.824319474,"d":"1.82"},{"v":0.992934034,"d":"0.99"},{"v":250.2193766,"d":"250.22"},{"v":1.780623422,"d":"1.78"},0,"0_91501050_6948",{"v":14.1088266307999,"d":"14.11"},0,{"v":1.780623422,"d":"1.78"},{"v":0.114498384,"d":"0.11"},"0_91501050_6948_205695","A",{"v":4.04955148982,"d":"4.05"},{"v":0.287022556573,"d":"0.29"},{"v":0.511079086876,"d":"0.51"}]
[9,918,91801,{"v":634.4028425,"d":"634.40"},51497,{"v":81.17397425,"d":"81.17"},"SR",101,91801050,{"v":186.99077976,"d":"186.99"},193,287,480,{"v":68.0296256,"d":"68.03"},{"v":0.992934034,"d":"0.99"},{"v":476.6083363,"d":"476.61"},{"v":3.391663661,"d":"3.39"},0,"0_91801050_6975",{"v":118.961154155,"d":"118.96"},0,{"v":3.391663661,"d":"3.39"},{"v":0.363812728,"d":"0.36"},"0_91801050_6975_205910","D",{"v":0.236517796883,"d":"0.24"},{"v":0.00198819352891,"d":"0.00"},{"v":0.00674328374304,"d":"0.01"}]
[9,919,91901,{"v":2493.145121,"d":"2,493.15"},73901,{"v":29.64167604,"d":"29.64"},"SR",101,91901060,{"v":371.016363135,"d":"371.02"},156,453,609,{"v":91.01790692,"d":"91.02"},{"v":0.992934034,"d":"0.99"},{"v":604.696826699999,"d":"604.70"},{"v":4.303173269,"d":"4.30"},0,"0_91901060_6997",{"v":279.998456213999,"d":"280.00"},0,{"v":4.303173269,"d":"4.30"},{"v":0.245320466,"d":"0.25"},"0_91901060_6997_206125","außerhalb GKL",{"v":0.566960973379,"d":"0.57"},{"v":0.00202487178338,"d":"0.00"},{"v":0.00871337413139,"d":"0.01"}]
[9,920,92001,{"v":570.664948699999,"d":"570.66"},86368,{"v":151.346249999999,"d":"151.35"},"SR",101,92001040,{"v":49.0674516249999,"d":"49.07"},133,695,828,{"v":39.9991055599999,"d":"40.00"},{"v":0.992934034,"d":"0.99"},{"v":822.149380199999,"d":"822.15"},{"v":5.850619814,"d":"5.85"},0,"0_92001040_7023",{"v":9.06834606213,"d":"9.07"},0,{"v":5.850619814,"d":"5.85"},{"v":0.815186121,"d":"0.82"},"0_92001040_7023_206388","B",{"v":1.82499551631,"d":"1.82"},{"v":0.201248993345,"d":"0.20"},{"v":1.17743134801,"d":"1.18"}]
[9,922,92201,{"v":10224.20103,"d":"10,224.20"},195230,{"v":19.09489058,"d":"19.09"},"SR",101,92201020,{"v":248.481747039999,"d":"248.48"},202,493,695,{"v":135.005328399999,"d":"135.01"},{"v":0.992934034,"d":"0.99"},{"v":690.089153699999,"d":"690.09"},{"v":4.910846342,"d":"4.91"},0,"0_92201020_7082",{"v":113.476418594999,"d":"113.48"},0,{"v":4.910846342,"d":"4.91"},{"v":0.543320908,"d":"0.54"},"0_92201020_7082_206889","B",{"v":0.00162388379937,"d":"0.00"},{"v":1.4310319443E-5,"d":"0.00"},{"v":7.027577989e-05,"d":"0.00"}]
[9,922,92201,{"v":10224.20103,"d":"10,224.20"},195230,{"v":19.09489058,"d":"19.09"},"SR",101,92201062,{"v":95.5622248149,"d":"95.56"},62,115,177,{"v":47.67765715,"d":"47.68"},{"v":0.992934034,"d":"0.99"},{"v":175.749324,"d":"175.75"},{"v":1.250675975,"d":"1.25"},0,"0_92201062_7092",{"v":47.8845676604999,"d":"47.88"},0,{"v":1.250675975,"d":"1.25"},{"v":0.498917404,"d":"0.50"},"0_92201062_7092_207152","B",{"v":4.52560722849,"d":"4.53"},{"v":0.0945107672388,"d":"0.09"},{"v":0.118202345964,"d":"0.12"}]
[9,922,92201,{"v":10224.20103,"d":"10,224.20"},195230,{"v":19.09489058,"d":"19.09"},"SR",101,92201230,{"v":110.28318674,"d":"110.28"},248,1013,1261,{"v":102.8848373,"d":"102.88"},{"v":0.992934034,"d":"0.99"},{"v":1252.089817,"d":"1,252.09"},{"v":8.910183075,"d":"8.91"},0,"0_92201230_7115",{"v":7.39834939135,"d":"7.40"},0,{"v":8.910183075,"d":"8.91"},{"v":0.932914984,"d":"0.93"},"0_92201230_7115_207367","A",{"v":4.57513724809,"d":"4.58"},{"v":0.618399727572,"d":"0.62"},{"v":5.5100547862,"d":"5.51"}]
[9,922,92201,{"v":10224.20103,"d":"10,224.20"},195230,{"v":19.09489058,"d":"19.09"},"SR",101,92201300,{"v":2615.48734382,"d":"2,615.49"},4,407,411,{"v":195.622394899999,"d":"195.62"},{"v":0.992934034,"d":"0.99"},{"v":408.095888,"d":"408.10"},{"v":2.904112009,"d":"2.90"},0,"0_92201300_7129",{"v":2419.86494892,"d":"2,419.86"},0,{"v":2.904112009,"d":"2.90"},{"v":0.07479386,"d":"0.07"},"0_92201300_7129_207582","F",{"v":1.65082490845,"d":"1.65"},{"v":0.000682197123929,"d":"0.00"},{"v":1.98117686011E-3,"d":"0.00"}]
[9,923,92301,{"v":3204.284153,"d":"3,204.28"},110464,{"v":34.4738464799999,"d":"34.47"},"SR",101,92301162,{"v":121.187169014999,"d":"121.19"},45,165,210,{"v":38.4995225199999,"d":"38.50"},{"v":0.992934034,"d":"0.99"},{"v":208.5161471,"d":"208.52"},{"v":1.483852851,"d":"1.48"},0,"0_92301162_7166",{"v":82.6876464978,"d":"82.69"},0,{"v":1.483852851,"d":"1.48"},{"v":0.317686458,"d":"0.32"},"0_92301162_7166_207845","F",{"v":4.69803815849,"d":"4.70"},{"v":0.0568166873466,"d":"0.06"},{"v":0.0843076035036,"d":"0.08"}]
[1,103,10305,{"v":481.970567,"d":"481.97"},1147,{"v":2.379813372,"d":"2.38"},"G",410,10305000,{"v":481.970566985,"d":"481.97"},66,118,184,{"v":91.8566708299999,"d":"91.86"},{"v":0.93996673,"d":"0.94"},{"v":172.9538784,"d":"172.95"},{"v":11.0461215999999,"d":"11.05"},1,"1_10305000_7211",{"v":82.2692330854,"d":"82.27"},0.895626113401,{"v":154.902009908999,"d":"154.90"},{"v":0.190585644,"d":"0.19"},"1_10305000_7211_208281","außerhalb GKL",{"v":4.2024007422,"d":"4.20"},{"v":0.0510810735021,"d":"0.05"},{"v":7.91256095378,"d":"7.91"}]
[1,103,10315,{"v":2303.694507,"d":"2,303.69"},3066,{"v":1.330905635,"d":"1.33"},"M",310,10315001,{"v":2264.60131226,"d":"2,264.60"},141,1143,1284,{"v":186.603708299999,"d":"186.60"},{"v":0.967661341,"d":"0.97"},{"v":1242.47716199999,"d":"1,242.48"},{"v":41.52283826,"d":"41.52"},1,"1_10315001_7247",{"v":180.623765655999,"d":"180.62"},0.967953784528,{"v":1202.66047114999,"d":"1,202.66"},{"v":0.082400247,"d":"0.08"},"1_10315001_7247_208562","D",{"v":10.1110274549,"d":"10.11"},{"v":0.0559783892124,"d":"0.06"},{"v":67.3229959444,"d":"67.32"}]
[1,106,10602,{"v":1656.92784099999,"d":"1,656.93"},2778,{"v":1.676596851,"d":"1.68"},"G",410,10602001,{"v":782.790036875,"d":"782.79"},51,93,144,{"v":128.005174699999,"d":"128.01"},{"v":0.93996673,"d":"0.94"},{"v":135.355209199999,"d":"135.36"},{"v":8.644790818,"d":"8.64"},1,"1_10602001_7493",{"v":4.37114446569,"d":"4.37"},0.0341481856178,{"v":4.6221348081,"d":"4.62"},{"v":0.163524277,"d":"0.16"},"1_10602001_7493_208825","E",{"v":3.9841980189,"d":"3.98"},{"v":0.911477085732,"d":"0.91"},{"v":4.21296996475,"d":"4.21"}]
[1,106,10606,{"v":2817.42679099999,"d":"2,817.43"},7456,{"v":2.64638642,"d":"2.65"},"ST",210,10606003,{"v":2025.2878653,"d":"2,025.29"},151,1011,1162,{"v":189.305039899999,"d":"189.31"},{"v":0.980090788,"d":"0.98"},{"v":1138.86549599999,"d":"1,138.87"},{"v":23.1345043399999,"d":"23.13"},1,"1_10606003_7513",{"v":185.973714712,"d":"185.97"},0.982402342855,{"v":1118.82413147,"d":"1,118.82"},{"v":0.093470683,"d":"0.09"},"1_10606003_7513_209040","E",{"v":0.141852440269,"d":"0.14"},{"v":0.000762755319958,"d":"0.00"},{"v":0.853389058376,"d":"0.85"}]
[1,106,10611,{"v":234.8772695,"d":"234.88"},2228,{"v":9.485805096,"d":"9.49"},"G",410,10611000,{"v":234.877269509999,"d":"234.88"},142,687,829,{"v":172.026331699999,"d":"172.03"},{"v":0.93996673,"d":"0.94"},{"v":779.232419499999,"d":"779.23"},{"v":49.7675804699999,"d":"49.77"},1,"1_10611000_7535",{"v":172.026331685,"d":"172.03"},0.999999999913,{"v":779.232419432,"d":"779.23"},{"v":0.73240945,"d":"0.73"},"1_10611000_7535_209303","F",{"v":0.332124698864,"d":"0.33"},{"v":0.00193066198419,"d":"0.00"},{"v":1.50443440905,"d":"1.50"}]
[1,106,10619,{"v":777.4731453,"d":"777.47"},636,{"v":0.818034686,"d":"0.82"},"G",410,10619000,{"v":777.473145264999,"d":"777.47"},51,45,96,{"v":51.83887182,"d":"51.84"},{"v":0.93996673,"d":"0.94"},{"v":90.2368061199999,"d":"90.24"},{"v":5.763193879,"d":"5.76"},1,"1_10619000_7569",{"v":49.1662131159,"d":"49.17"},0.948442961618,{"v":85.5844636433999,"d":"85.58"},{"v":0.066676093,"d":"0.07"},"1_10619000_7569_209518","F",{"v":2.58982011868,"d":"2.59"},{"v":0.052674793411,"d":"0.05"},{"v":4.50814394161,"d":"4.51"}]
[1,107,10713,{"v":5698.27623299999,"d":"5,698.28"},8585,{"v":1.506595968,"d":"1.51"},"ST",220,10713001,{"v":4324.93886657999,"d":"4,324.94"},257,999,1256,{"v":190.209947199999,"d":"190.21"},{"v":0.99140599,"d":"0.99"},{"v":1245.20592299999,"d":"1,245.21"},{"v":10.79407668,"d":"10.79"},1,"1_10713001_7643",{"v":190.209947244,"d":"190.21"},1.00000000023,{"v":1245.20592329,"d":"1,245.21"},{"v":0.0439798,"d":"0.04"},"1_10713001_7643_210019","G",{"v":24.9002511676999,"d":"24.90"},{"v":0.130909300636,"d":"0.13"},{"v":163.009036565999,"d":"163.01"}]
[1,107,10719,{"v":3169.04195399999,"d":"3,169.04"},1369,{"v":0.431991756,"d":"0.43"},"M",430,10719000,{"v":3169.04195372999,"d":"3,169.04"},141,431,572,{"v":164.633655199999,"d":"164.63"},{"v":0.945243625,"d":"0.95"},{"v":540.6793535,"d":"540.68"},{"v":31.32064648,"d":"31.32"},1,"1_10719000_7680",{"v":1.37441180244,"d":"1.37"},0.00834830400121,{"v":4.5137556102,"d":"4.51"},{"v":0.051950608,"d":"0.05"},"1_10719000_7680_210282","außerhalb GKL",{"v":1.37441180244,"d":"1.37"},{"v":1,"d":"1.00"},{"v":4.5137556102,"d":"4.51"}]
[3,301,30101,{"v":5170.152368,"d":"5,170.15"},25036,{"v":4.842410478,"d":"4.84"},"SR",103,30101010,{"v":29.61186159,"d":"29.61"},43,229,272,{"v":22.4527149299999,"d":"22.45"},{"v":0.991139192,"d":"0.99"},{"v":269.5898601,"d":"269.59"},{"v":2.410139864,"d":"2.41"},1,"1_30101010_11933",{"v":22.4527149309999,"d":"22.45"},1.00000000004,{"v":269.589860111,"d":"269.59"},{"v":0.75823382,"d":"0.76"},"1_30101010_11933_210497","D",{"v":0.113388538044,"d":"0.11"},{"v":0.00505010366864,"d":"0.01"},{"v":1.36145674157,"d":"1.36"}]
[3,301,30101,{"v":5170.152368,"d":"5,170.15"},25036,{"v":4.842410478,"d":"4.84"},"SR",103,30101082,{"v":74.361664755,"d":"74.36"},37,598,635,{"v":30.34753102,"d":"30.35"},{"v":0.991139192,"d":"0.99"},{"v":629.373386699999,"d":"629.37"},{"v":5.626613285,"d":"5.63"},1,"1_30101082_11956",{"v":29.7892236013,"d":"29.79"},0.981602871801,{"v":617.794723819999,"d":"617.79"},{"v":0.408107203,"d":"0.41"},"1_30101082_11956_210712","E",{"v":1.27507594583,"d":"1.28"},{"v":0.042803262109,"d":"0.04"},{"v":26.4436294932,"d":"26.44"}]
[3,302,30201,{"v":10844.35726,"d":"10,844.36"},55514,{"v":5.11916001,"d":"5.12"},"SR",102,30201040,{"v":477.049831405,"d":"477.05"},108,2442,2550,{"v":190.8339655,"d":"190.83"},{"v":0.988126829,"d":"0.99"},{"v":2519.723414,"d":"2,519.72"},{"v":30.27658589,"d":"30.28"},1,"1_30201040_11997",{"v":183.241671029,"d":"183.24"},0.960215182601,{"v":2419.47667808,"d":"2,419.48"},{"v":0.400029416,"d":"0.40"},"1_30201040_11997_210975","D",{"v":18.9616881801,"d":"18.96"},{"v":0.103479127175,"d":"0.10"},{"v":250.365334867999,"d":"250.37"}]
[3,302,30201,{"v":10844.35726,"d":"10,844.36"},55514,{"v":5.11916001,"d":"5.12"},"SR",102,30201100,{"v":1001.60633705999,"d":"1,001.61"},125,639,764,{"v":136.827228899999,"d":"136.83"},{"v":0.988126829,"d":"0.99"},{"v":754.928897399999,"d":"754.93"},{"v":9.07110259599999,"d":"9.07"},1,"1_30201100_12048",{"v":112.264319689999,"d":"112.26"},0.820482301604,{"v":619.405799286,"d":"619.41"},{"v":0.136607791,"d":"0.14"},"1_30201100_12048_211476","D",{"v":2.99298218366,"d":"2.99"},{"v":0.0266601373609,"d":"0.03"},{"v":16.5134436911,"d":"16.51"}]
[3,303,30301,{"v":13118.53484,"d":"13,118.53"},11222,{"v":0.855430895,"d":"0.86"},"SR",210,30301010,{"v":3779.44503884999,"d":"3,779.45"},255,148,403,{"v":104.524027,"d":"104.52"},{"v":0.980090788,"d":"0.98"},{"v":394.9765876,"d":"394.98"},{"v":8.023412434,"d":"8.02"},1,"1_30301010_12117",{"v":6.08145344925,"d":"6.08"},0.0581823493009,{"v":22.9806657853999,"d":"22.98"},{"v":0.027655919,"d":"0.03"},"1_30301010_12117_211739","außerhalb GKL",{"v":0.849384979201,"d":"0.85"},{"v":0.139668088606,"d":"0.14"},{"v":3.20966566514,"d":"3.21"}]
[3,304,30401,{"v":6089.04783,"d":"6,089.05"},45823,{"v":7.525478741,"d":"7.53"},"SR",102,30401002,{"v":123.952226025,"d":"123.95"},79,1369,1448,{"v":62.1022225099999,"d":"62.10"},{"v":0.988126829,"d":"0.99"},{"v":1430.80764799999,"d":"1,430.81"},{"v":17.1923515199999,"d":"17.19"},1,"1_30401002_12204",{"v":5.50285177953,"d":"5.50"},0.088609578806,{"v":126.783263042,"d":"126.78"},{"v":0.501017404,"d":"0.50"},"1_30401002_12204_211954","G",{"v":3.11849539745,"d":"3.12"},{"v":0.56670532342,"d":"0.57"},{"v":71.8487500865,"d":"71.85"}]
[3,304,30401,{"v":6089.04783,"d":"6,089.05"},45823,{"v":7.525478741,"d":"7.53"},"SR",102,30401032,{"v":115.457488405,"d":"115.46"},63,321,384,{"v":75.78441565,"d":"75.78"},{"v":0.988126829,"d":"0.99"},{"v":379.4407024,"d":"379.44"},{"v":4.55929764,"d":"4.56"},1,"1_30401032_12232",{"v":21.1630575526,"d":"21.16"},0.279253423954,{"v":105.960115333,"d":"105.96"},{"v":0.656383719,"d":"0.66"},"1_30401032_12232_212169","außerhalb GKL",{"v":2.53076396913,"d":"2.53"},{"v":0.119584042279,"d":"0.12"},{"v":12.6711389119,"d":"12.67"}]
[3,305,30501,{"v":2126.67383199999,"d":"2,126.67"},2152,{"v":1.011908816,"d":"1.01"},"M",410,30501000,{"v":1698.43146176,"d":"1,698.43"},164,254,418,{"v":115.322793399999,"d":"115.32"},{"v":0.93996673,"d":"0.94"},{"v":392.9060933,"d":"392.91"},{"v":25.09390668,"d":"25.09"},1,"1_30501000_12260",{"v":1.09471327993,"d":"1.09"},0.00949260113855,{"v":3.7297008286,"d":"3.73"},{"v":0.067899586,"d":"0.07"},"1_30501000_12260_212432","außerhalb GKL",{"v":1.09471327993,"d":"1.09"},{"v":1,"d":"1.00"},{"v":3.7297008286,"d":"3.73"}]
[3,305,30504,{"v":3723.587027,"d":"3,723.59"},3822,{"v":1.026429615,"d":"1.03"},"M",410,30504000,{"v":284.646430609999,"d":"284.65"},69,1207,1276,{"v":112.890269,"d":"112.89"},{"v":0.93996673,"d":"0.94"},{"v":1199.39754799999,"d":"1,199.40"},{"v":76.60245197,"d":"76.60"},1,"1_30504000_12410",{"v":112.890268997999,"d":"112.89"},0.999999999982,{"v":1199.39754797999,"d":"1,199.40"},{"v":0.396598225,"d":"0.40"},"1_30504000_12410_212933","G",{"v":3.330066821,"d":"3.33"},{"v":0.029498262787,"d":"0.03"},{"v":35.3801440563999,"d":"35.38"}]
[3,305,30508,{"v":768.8647197,"d":"768.86"},3084,{"v":4.011108744,"d":"4.01"},"G",103,30508000,{"v":541.06486384,"d":"541.06"},90,765,855,{"v":176.536112599999,"d":"176.54"},{"v":0.991139192,"d":"0.99"},{"v":847.424008899999,"d":"847.42"},{"v":7.575991116,"d":"7.58"},1,"1_30508000_12553",{"v":0.764093324386,"d":"0.76"},0.00432825506993,{"v":3.6678672629,"d":"3.67"},{"v":0.326275322,"d":"0.33"},"1_30508000_12553_213196","G",{"v":0.678668127042,"d":"0.68"},{"v":0.888200571033,"d":"0.89"},{"v":3.25780179738,"d":"3.26"}]
[3,305,30512,{"v":1549.816031,"d":"1,549.82"},1843,{"v":1.1891734,"d":"1.19"},"M",310,30512000,{"v":1549.83810749,"d":"1,549.84"},110,272,382,{"v":119.164813199999,"d":"119.16"},{"v":0.967661341,"d":"0.97"},{"v":369.646632199999,"d":"369.65"},{"v":12.35336777,"d":"12.35"},1,"1_30512000_12693",{"v":0.990921743753,"d":"0.99"},0.00831555655687,{"v":3.07381747612,"d":"3.07"},{"v":0.076888555,"d":"0.08"},"1_30512000_12693_213411","außerhalb GKL",{"v":0.990921743753,"d":"0.99"},{"v":1,"d":"1.00"},{"v":3.07381747612,"d":"3.07"}]
[3,305,30514,{"v":5499.878206,"d":"5,499.88"},5639,{"v":1.025295432,"d":"1.03"},"ST",410,30514003,{"v":3373.2759626,"d":"3,373.28"},224,202,426,{"v":186.633366999999,"d":"186.63"},{"v":0.93996673,"d":"0.94"},{"v":400.4258272,"d":"400.43"},{"v":25.5741728399999,"d":"25.57"},1,"1_30514003_12802",{"v":0.976979469254,"d":"0.98"},0.00523475241838,{"v":2.09613006732,"d":"2.10"},{"v":0.055327038,"d":"0.06"},"1_30514003_12802_213626","außerhalb GKL",{"v":0.976979469254,"d":"0.98"},{"v":1,"d":"1.00"},{"v":2.09613006732,"d":"2.10"}]
[3,305,30520,{"v":3634.460942,"d":"3,634.46"},2951,{"v":0.811949845,"d":"0.81"},"M",310,30520000,{"v":2088.06099967,"d":"2,088.06"},210,376,586,{"v":115.945697499999,"d":"115.95"},{"v":0.967661341,"d":"0.97"},{"v":567.0495458,"d":"567.05"},{"v":18.95045422,"d":"18.95"},1,"1_30520000_12921",{"v":0.502268377749,"d":"0.50"},0.00433192769183,{"v":2.45641763009,"d":"2.46"},{"v":0.055527926,"d":"0.06"},"1_30520000_12921_213889","außerhalb GKL",{"v":0.50226837775,"d":"0.50"},{"v":1,"d":"1.00"},{"v":2.45641763009,"d":"2.46"}]
[3,305,30529,{"v":2846.04619099999,"d":"2,846.05"},2627,{"v":0.923034914,"d":"0.92"},"G",410,30529000,{"v":1454.50359559,"d":"1,454.50"},78,542,620,{"v":128.211966399999,"d":"128.21"},{"v":0.93996673,"d":"0.94"},{"v":582.779372899999,"d":"582.78"},{"v":37.2206271299999,"d":"37.22"},1,"1_30529000_13028",{"v":1.47932837403,"d":"1.48"},0.0115381458967,{"v":6.72419343011,"d":"6.72"},{"v":0.088148264,"d":"0.09"},"1_30529000_13028_214104","außerhalb GKL",{"v":1.47932837403,"d":"1.48"},{"v":1,"d":"1.00"},{"v":6.72419343011,"d":"6.72"}]
[3,305,30533,{"v":1829.571331,"d":"1,829.57"},3805,{"v":2.079722138,"d":"2.08"},"M",410,30533003,{"v":214.799715324999,"d":"214.80"},52,506,558,{"v":107.414152599999,"d":"107.41"},{"v":0.93996673,"d":"0.94"},{"v":524.5014356,"d":"524.50"},{"v":33.49856442,"d":"33.50"},1,"1_30533003_13277",{"v":107.414152553999,"d":"107.41"},0.999999999572,{"v":524.501435376,"d":"524.50"},{"v":0.50006655,"d":"0.50"},"1_30533003_13277_214605","außerhalb GKL",{"v":0.654768817901,"d":"0.65"},{"v":0.00609574066669,"d":"0.01"},{"v":3.19722472936,"d":"3.20"}]
[3,305,30541,{"v":1256.7898,"d":"1,256.79"},1762,{"v":1.401984644,"d":"1.40"},"G",103,30541001,{"v":470.618556155,"d":"470.62"},46,51,97,{"v":22.2296823199999,"d":"22.23"},{"v":0.991139192,"d":"0.99"},{"v":96.14050159,"d":"96.14"},{"v":0.859498407,"d":"0.86"},1,"1_30541001_13422",{"v":2.63467039195,"d":"2.63"},0.118520379825,{"v":11.3946087649999,"d":"11.39"},{"v":0.047235031,"d":"0.05"},"1_30541001_13422_214868","außerhalb GKL",{"v":1.81002409144,"d":"1.81"},{"v":0.687002099758,"d":"0.69"},{"v":7.82812014748,"d":"7.83"}]
[3,305,30543,{"v":10428.9486199999,"d":"10,428.95"},3405,{"v":0.32649504,"d":"0.33"},"M",420,30543001,{"v":7376.12230539,"d":"7,376.12"},321,933,1254,{"v":121.038573,"d":"121.04"},{"v":0.954532045,"d":"0.95"},{"v":1196.983185,"d":"1,196.98"},{"v":57.01681535,"d":"57.02"},1,"1_30543001_13576",{"v":39.6551119626,"d":"39.66"},0.327623756458,{"v":392.160127487,"d":"392.16"},{"v":0.016409513,"d":"0.02"},"1_30543001_13576_215083","E",{"v":17.8912796137999,"d":"17.89"},{"v":0.451172086733,"d":"0.45"},{"v":176.931703051999,"d":"176.93"}]
[3,306,30603,{"v":3910.653247,"d":"3,910.65"},12126,{"v":3.100760725,"d":"3.10"},"ST",101,30603000,{"v":40.619244625,"d":"40.62"},130,581,711,{"v":30.2828752299999,"d":"30.28"},{"v":0.992934034,"d":"0.99"},{"v":705.9760982,"d":"705.98"},{"v":5.023901797,"d":"5.02"},1,"1_30603000_13684",{"v":30.2828752289,"d":"30.28"},0.999999999964,{"v":705.976098174999,"d":"705.98"},{"v":0.745530241,"d":"0.75"},"1_30603000_13684_215346","D",{"v":0.0900432986269,"d":"0.09"},{"v":2.97340651924E-3,"d":"0.00"},{"v":2.09915393274,"d":"2.10"}]
[3,306,30604,{"v":2688.27892599999,"d":"2,688.28"},25958,{"v":9.655992072,"d":"9.66"},"ST",101,30604023,{"v":43.48997253,"d":"43.49"},71,978,1049,{"v":39.7171263099999,"d":"39.72"},{"v":0.992934034,"d":"0.99"},{"v":1041.587802,"d":"1,041.59"},{"v":7.412198291,"d":"7.41"},1,"1_30604023_13712",{"v":39.7171263139,"d":"39.72"},1.0000000001,{"v":1041.5878021,"d":"1,041.59"},{"v":0.913247905,"d":"0.91"},"1_30604023_13712_215561","D",{"v":6.3753622542,"d":"6.38"},{"v":0.160519222962,"d":"0.16"},{"v":167.194864639999,"d":"167.19"}]
[3,306,30608,{"v":1589.112718,"d":"1,589.11"},4224,{"v":2.65808709,"d":"2.66"},"M",101,30608002,{"v":751.842630539999,"d":"751.84"},50,58,108,{"v":49.6794414,"d":"49.68"},{"v":0.992934034,"d":"0.99"},{"v":107.236875699999,"d":"107.24"},{"v":0.763124324,"d":"0.76"},1,"1_30608002_13783",{"v":49.6794413949999,"d":"49.68"},0.999999999899,{"v":107.236875689,"d":"107.24"},{"v":0.066076915,"d":"0.07"},"1_30608002_13783_216062","außerhalb GKL",{"v":0.0680954568768,"d":"0.07"},{"v":1.37069691133E-3,"d":"0.00"},{"v":0.146989254288,"d":"0.15"}]
[3,306,30618,{"v":1154.99683499999,"d":"1,155.00"},7404,{"v":6.410407178,"d":"6.41"},"M",101,30618003,{"v":693.76899174,"d":"693.77"},69,1026,1095,{"v":161.338425199999,"d":"161.34"},{"v":0.992934034,"d":"0.99"},{"v":1087.26276699999,"d":"1,087.26"},{"v":7.737232726,"d":"7.74"},1,"1_30618003_13866",{"v":79.4880935087,"d":"79.49"},0.492679244948,{"v":535.671799105999,"d":"535.67"},{"v":0.232553526,"d":"0.23"},"1_30618003_13866_216325","F",{"v":2.74624469876,"d":"2.75"},{"v":0.0345491328014,"d":"0.03"},{"v":18.5069961252999,"d":"18.51"}]
[3,306,30626,{"v":3976.174496,"d":"3,976.17"},7231,{"v":1.818582159,"d":"1.82"},"M",310,30626001,{"v":48.9992953149999,"d":"49.00"},65,428,493,{"v":48.78566636,"d":"48.79"},{"v":0.967661341,"d":"0.97"},{"v":477.057041099999,"d":"477.06"},{"v":15.94295893,"d":"15.94"},1,"1_30626001_13893",{"v":48.7856663649,"d":"48.79"},1.0000000001,{"v":477.057041147999,"d":"477.06"},{"v":0.995640163,"d":"1.00"},"1_30626001_13893_216540","D",{"v":0.393045259891,"d":"0.39"},{"v":0.00805657253815,"d":"0.01"},{"v":3.84344465684,"d":"3.84"}]
[3,306,30635,{"v":549.5601285,"d":"549.56"},1060,{"v":1.928815329,"d":"1.93"},"M",101,30635000,{"v":549.560128465,"d":"549.56"},132,334,466,{"v":85.90423042,"d":"85.90"},{"v":0.992934034,"d":"0.99"},{"v":462.707259899999,"d":"462.71"},{"v":3.292740137,"d":"3.29"},1,"1_30635000_13938",{"v":83.4748031343,"d":"83.47"},0.971719352192,{"v":449.621598844999,"d":"449.62"},{"v":0.156314525,"d":"0.16"},"1_30635000_13938_216803","G",{"v":2.55533724469E-3,"d":"0.00"},{"v":3.061207872e-05,"d":"0.00"},{"v":0.0137638517781,"d":"0.01"}]
[3,306,30639,{"v":2910.59515599999,"d":"2,910.60"},18758,{"v":6.444730028,"d":"6.44"},"ST",101,30639010,{"v":74.3872208399999,"d":"74.39"},69,190,259,{"v":50.3891965099999,"d":"50.39"},{"v":0.992934034,"d":"0.99"},{"v":257.1699148,"d":"257.17"},{"v":1.830085183,"d":"1.83"},1,"1_30639010_13975",{"v":50.3891965113,"d":"50.39"},1.00000000003,{"v":257.169914807999,"d":"257.17"},{"v":0.677390497,"d":"0.68"},"1_30639010_13975_217018","D",{"v":2.31384122947,"d":"2.31"},{"v":0.0459193912519,"d":"0.05"},{"v":11.8090859363,"d":"11.81"}]
[3,307,30710,{"v":2500.65399399999,"d":"2,500.65"},6837,{"v":2.73408477,"d":"2.73"},"ST",320,30710002,{"v":299.75414379,"d":"299.75"},33,34,67,{"v":46.73330834,"d":"46.73"},{"v":0.907735558,"d":"0.91"},{"v":60.81828242,"d":"60.82"},{"v":6.181717584,"d":"6.18"},1,"1_30710002_14048",{"v":46.7333083368,"d":"46.73"},0.999999999932,{"v":60.8182824159,"d":"60.82"},{"v":0.155905462,"d":"0.16"},"1_30710002_14048_217519","außerhalb GKL",{"v":10.2785845632,"d":"10.28"},{"v":0.21994129945,"d":"0.22"},{"v":13.3764520649,"d":"13.38"}]
[3,307,30721,{"v":2050.11321899999,"d":"2,050.11"},1614,{"v":0.787273593,"d":"0.79"},"M",310,30721001,{"v":311.875044435,"d":"311.88"},24,56,80,{"v":31.21291073,"d":"31.21"},{"v":0.967661341,"d":"0.97"},{"v":77.41290727,"d":"77.41"},{"v":2.587092727,"d":"2.59"},1,"1_30721001_14086",{"v":31.212910728,"d":"31.21"},0.999999999936,{"v":77.412907265,"d":"77.41"},{"v":0.100081463,"d":"0.10"},"1_30721001_14086_217782","F",{"v":1.52338533865,"d":"1.52"},{"v":0.04880625687,"d":"0.05"},{"v":3.77823423703,"d":"3.78"}]
[3,307,30722,{"v":2581.72478099999,"d":"2,581.72"},1175,{"v":0.455122098,"d":"0.46"},"G",310,30722001,{"v":657.51335871,"d":"657.51"},24,23,47,{"v":51.43576668,"d":"51.44"},{"v":0.967661341,"d":"0.97"},{"v":45.48008302,"d":"45.48"},{"v":1.519916977,"d":"1.52"},1,"1_30722001_14093",{"v":51.4357666842999,"d":"51.44"},1.00000000008,{"v":45.4800830236,"d":"45.48"},{"v":0.078227714,"d":"0.08"},"1_30722001_14093_217826","G",{"v":0.0348138761494,"d":"0.03"},{"v":0.000676841785271,"d":"0.00"},{"v":0.030782820588,"d":"0.03"}]
[3,307,30734,{"v":454.1989239,"d":"454.20"},1918,{"v":4.22281934,"d":"4.22"},"G",101,30734000,{"v":454.1989239,"d":"454.20"},84,631,715,{"v":116.3044368,"d":"116.30"},{"v":0.992934034,"d":"0.99"},{"v":709.947834299999,"d":"709.95"},{"v":5.052165661,"d":"5.05"},1,"1_30734000_14158",{"v":116.304436753999,"d":"116.30"},0.999999999604,{"v":709.947834018999,"d":"709.95"},{"v":0.256064976,"d":"0.26"},"1_30734000_14158_218213","D",{"v":2.00781983199,"d":"2.01"},{"v":0.0172634844209,"d":"0.02"},{"v":12.2561733721999,"d":"12.26"}]
[3,307,30740,{"v":4483.231624,"d":"4,483.23"},19570,{"v":4.36515479,"d":"4.37"},"ST",101,30740022,{"v":185.049928885,"d":"185.05"},37,367,404,{"v":42.27982893,"d":"42.28"},{"v":0.992934034,"d":"0.99"},{"v":401.1453498,"d":"401.15"},{"v":2.854650248,"d":"2.85"},1,"1_30740022_14184",{"v":1.76454992516,"d":"1.76"},0.0417350299142,{"v":16.7418131738,"d":"16.74"},{"v":0.228477953,"d":"0.23"},"1_30740022_14184_218476","G",{"v":0.920936195791,"d":"0.92"},{"v":0.521909968463,"d":"0.52"},{"v":8.73771918555,"d":"8.74"}]
[3,308,30803,{"v":3822.37181199999,"d":"3,822.37"},3417,{"v":0.893947572,"d":"0.89"},"M",320,30803003,{"v":1139.22688461,"d":"1,139.23"},34,46,80,{"v":52.43233061,"d":"52.43"},{"v":0.907735558,"d":"0.91"},{"v":72.6188446799999,"d":"72.62"},{"v":7.381155324,"d":"7.38"},1,"1_30803003_14214",{"v":0.671118430107,"d":"0.67"},0.0127997062556,{"v":0.929499880525,"d":"0.93"},{"v":0.046024485,"d":"0.05"},"1_30803003_14214_218691","außerhalb GKL",{"v":0.671118430107,"d":"0.67"},{"v":1,"d":"1.00"},{"v":0.929499880525,"d":"0.93"}]
[3,308,30814,{"v":6563.07825799999,"d":"6,563.08"},2085,{"v":0.317686293,"d":"0.32"},"M",330,30814003,{"v":1128.47054068,"d":"1,128.47"},49,32,81,{"v":74.69256592,"d":"74.69"},{"v":0.958718978,"d":"0.96"},{"v":77.6562372,"d":"77.66"},{"v":3.343762798,"d":"3.34"},1,"1_30814003_14250",{"v":74.6925659208,"d":"74.69"},1.00000000001,{"v":77.6562372008,"d":"77.66"},{"v":0.066189203,"d":"0.07"},"1_30814003_14250_218954","außerhalb GKL",{"v":3.44008339926,"d":"3.44"},{"v":0.0460565701131,"d":"0.05"},{"v":3.57657993336,"d":"3.58"}]
[3,308,30831,{"v":2895.03244499999,"d":"2,895.03"},2923,{"v":1.009660532,"d":"1.01"},"M",310,30831000,{"v":1724.12608879999,"d":"1,724.13"},118,663,781,{"v":211.563304299999,"d":"211.56"},{"v":0.967661341,"d":"0.97"},{"v":755.7435073,"d":"755.74"},{"v":25.2564927399999,"d":"25.26"},1,"1_30831000_14312",{"v":211.563304275999,"d":"211.56"},0.999999999887,{"v":755.743507215,"d":"755.74"},{"v":0.122707559,"d":"0.12"},"1_30831000_14312_219455","F",{"v":0.23365038181,"d":"0.23"},{"v":1.10439937876E-3,"d":"0.00"},{"v":0.83464265987,"d":"0.83"}]
[3,308,30844,{"v":3349.217928,"d":"3,349.22"},2157,{"v":0.644030949,"d":"0.64"},"M",310,30844000,{"v":3349.21792751,"d":"3,349.22"},145,1251,1396,{"v":198.7358265,"d":"198.74"},{"v":0.967661341,"d":"0.97"},{"v":1350.85523199999,"d":"1,350.86"},{"v":45.1447680799999,"d":"45.14"},1,"1_30844000_14342",{"v":14.5653565725,"d":"14.57"},0.0732900394912,{"v":99.0042333001999,"d":"99.00"},{"v":0.05933798,"d":"0.06"},"1_30844000_14342_219670","außerhalb GKL",{"v":13.0552031211,"d":"13.06"},{"v":0.896318813488,"d":"0.90"},{"v":88.7393569218999,"d":"88.74"}]
[3,308,30857,{"v":3138.040624,"d":"3,138.04"},1206,{"v":0.384316248,"d":"0.38"},"M",320,30857000,{"v":847.863314934999,"d":"847.86"},26,100,126,{"v":83.8368983999999,"d":"83.84"},{"v":0.907735558,"d":"0.91"},{"v":114.3746804,"d":"114.37"},{"v":11.62531964,"d":"11.63"},1,"1_30857000_14393",{"v":74.4701385679999,"d":"74.47"},0.888274017637,{"v":101.596056875,"d":"101.60"},{"v":0.098880205,"d":"0.10"},"1_30857000_14393_219933","G",{"v":0.100106266869,"d":"0.10"},{"v":1.34424708741E-3,"d":"0.00"},{"v":0.136570203547,"d":"0.14"}]
[3,308,30863,{"v":8875.27726299999,"d":"8,875.28"},5379,{"v":0.606065573,"d":"0.61"},"ST",420,30863070,{"v":633.002746995,"d":"633.00"},11,1,12,{"v":29.2242473899999,"d":"29.22"},{"v":0.954532045,"d":"0.95"},{"v":11.45438454,"d":"11.45"},{"v":0.545615458,"d":"0.55"},1,"1_30863070_14430",{"v":29.2242473933,"d":"29.22"},1.00000000011,{"v":11.4543845413,"d":"11.45"},{"v":0.046167647,"d":"0.05"},"1_30863070_14430_220148","außerhalb GKL",{"v":0.0273815271984,"d":"0.03"},{"v":0.000936945503845,"d":"0.00"},{"v":0.0107321340953,"d":"0.01"}]
[3,309,30916,{"v":5843.602856,"d":"5,843.60"},3922,{"v":0.671161285,"d":"0.67"},"ST",420,30916008,{"v":1176.39810891999,"d":"1,176.40"},33,8,41,{"v":39.38148481,"d":"39.38"},{"v":0.954532045,"d":"0.95"},{"v":39.1358138499999,"d":"39.14"},{"v":1.864186148,"d":"1.86"},1,"1_30916008_14603",{"v":3.42854255483,"d":"3.43"},0.0870597584467,{"v":3.4071545004,"d":"3.41"},{"v":0.033476324,"d":"0.03"},"1_30916008_14603_220649","F",{"v":2.06237886655,"d":"2.06"},{"v":0.601532235219,"d":"0.60"},{"v":2.04951326236,"d":"2.05"}]
[3,309,30935,{"v":6081.32012099999,"d":"6,081.32"},5383,{"v":0.885169649,"d":"0.89"},"ST",420,30935002,{"v":1075.49262075999,"d":"1,075.49"},7,856,863,{"v":46.0562407899999,"d":"46.06"},{"v":0.954532045,"d":"0.95"},{"v":823.761155,"d":"823.76"},{"v":39.2388450099999,"d":"39.24"},1,"1_30935002_14659",{"v":36.8470865545999,"d":"36.85"},0.80004546447,{"v":659.046375863999,"d":"659.05"},{"v":0.042823391,"d":"0.04"},"1_30935002_14659_220912","F",{"v":2.4403030812,"d":"2.44"},{"v":0.0662278434846,"d":"0.07"},{"v":43.6472202297999,"d":"43.65"}]
[3,310,31001,{"v":987.658267799999,"d":"987.66"},745,{"v":0.754309486,"d":"0.75"},"G",430,31001000,{"v":987.65826783,"d":"987.66"},51,66,117,{"v":63.6396546599999,"d":"63.64"},{"v":0.945243625,"d":"0.95"},{"v":110.5935041,"d":"110.59"},{"v":6.406495872,"d":"6.41"},1,"1_31001000_14738",{"v":62.2648987903,"d":"62.26"},0.978397810657,{"v":108.204442283999,"d":"108.20"},{"v":0.064434893,"d":"0.06"},"1_31001000_14738_221127","G",{"v":1.87033736256,"d":"1.87"},{"v":0.0300383907932,"d":"0.03"},{"v":3.25028732289,"d":"3.25"}]
[3,310,31018,{"v":2124.13252999999,"d":"2,124.13"},1551,{"v":0.730180428,"d":"0.73"},"M",420,31018002,{"v":362.72624566,"d":"362.73"},28,34,62,{"v":44.93846227,"d":"44.94"},{"v":0.954532045,"d":"0.95"},{"v":59.1809867999999,"d":"59.18"},{"v":2.819013199,"d":"2.82"},1,"1_31018002_14801",{"v":44.9384622720999,"d":"44.94"},1.00000000005,{"v":59.180986803,"d":"59.18"},{"v":0.123890848,"d":"0.12"},"1_31018002_14801_221390","G",{"v":0.242872019899,"d":"0.24"},{"v":5.4045467428E-3,"d":"0.01"},{"v":0.319846409462,"d":"0.32"}]
[3,310,31022,{"v":15242.47019,"d":"15,242.47"},11882,{"v":0.779532441,"d":"0.78"},"ST",210,31022010,{"v":810.811207569999,"d":"810.81"},39,51,90,{"v":80.37420124,"d":"80.37"},{"v":0.980090788,"d":"0.98"},{"v":88.20817092,"d":"88.21"},{"v":1.79182908,"d":"1.79"},1,"1_31022010_14833",{"v":80.374201243,"d":"80.37"},1.00000000004,{"v":88.2081709235,"d":"88.21"},{"v":0.099128133,"d":"0.10"},"1_31022010_14833_221605","außerhalb GKL",{"v":0.0615225790413,"d":"0.06"},{"v":0.000765451825211,"d":"0.00"},{"v":0.0675191054319,"d":"0.07"}]
[3,310,31033,{"v":2582.36751899999,"d":"2,582.37"},1017,{"v":0.393824656,"d":"0.39"},"M",420,31033003,{"v":727.492213799999,"d":"727.49"},6,1,7,{"v":10.22992045,"d":"10.23"},{"v":0.954532045,"d":"0.95"},{"v":6.681724316,"d":"6.68"},{"v":0.318275684,"d":"0.32"},1,"1_31033003_14884",{"v":5.16279078361,"d":"5.16"},0.504675555284,{"v":3.37210292943,"d":"3.37"},{"v":0.014061897,"d":"0.01"},"1_31033003_14884_221820","G",{"v":0.111681862054,"d":"0.11"},{"v":0.0216320720198,"d":"0.02"},{"v":0.0729455734276,"d":"0.07"}]
[3,311,31103,{"v":4185.321221,"d":"4,185.32"},1338,{"v":0.319688724,"d":"0.32"},"M",420,31103001,{"v":350.312250039999,"d":"350.31"},12,0,12,{"v":34.6709856399999,"d":"34.67"},{"v":0.954532045,"d":"0.95"},{"v":11.45438454,"d":"11.45"},{"v":0.545615458,"d":"0.55"},1,"1_31103001_15006",{"v":34.6709856409,"d":"34.67"},1.00000000003,{"v":11.4543845403,"d":"11.45"},{"v":0.098971662,"d":"0.10"},"1_31103001_15006_222369","außerhalb GKL",{"v":0.130615952483,"d":"0.13"},{"v":0.00376729850821,"d":"0.00"},{"v":0.0431520857911,"d":"0.04"}]
[3,311,31106,{"v":5041.646971,"d":"5,041.65"},3476,{"v":0.689457239,"d":"0.69"},"M",420,31106020,{"v":486.364004855,"d":"486.36"},21,4,25,{"v":30.6451969099999,"d":"30.65"},{"v":0.954532045,"d":"0.95"},{"v":23.86330113,"d":"23.86"},{"v":1.136698871,"d":"1.14"},1,"1_31106020_15058",{"v":30.6451969123999,"d":"30.65"},1.00000000008,{"v":23.8633011318999,"d":"23.86"},{"v":0.063008768,"d":"0.06"},"1_31106020_15058_222584","außerhalb GKL",{"v":30.6451969123999,"d":"30.65"},{"v":1,"d":"1.00"},{"v":23.8633011318999,"d":"23.86"}]
[3,311,31117,{"v":3660.044891,"d":"3,660.04"},702,{"v":0.191800926,"d":"0.19"},"M",420,31117003,{"v":952.30986456,"d":"952.31"},15,39,54,{"v":30.4090922699999,"d":"30.41"},{"v":0.954532045,"d":"0.95"},{"v":51.54473044,"d":"51.54"},{"v":2.45526956,"d":"2.46"},1,"1_31117003_15129",{"v":24.3022982644,"d":"24.30"},0.799178681449,{"v":41.1934497087,"d":"41.19"},{"v":0.03193193,"d":"0.03"},"1_31117003_15129_222847","G",{"v":3.68477174208,"d":"3.68"},{"v":0.151622356947,"d":"0.15"},{"v":6.24584793561,"d":"6.25"}]
[3,311,31129,{"v":8711.95853999999,"d":"8,711.96"},1558,{"v":0.178834644,"d":"0.18"},"M",430,31129000,{"v":2125.56519491,"d":"2,125.57"},67,143,210,{"v":87.0009206,"d":"87.00"},{"v":0.945243625,"d":"0.95"},{"v":198.5011613,"d":"198.50"},{"v":11.49883874,"d":"11.50"},1,"1_31129000_15172",{"v":87.0009206035,"d":"87.00"},1.00000000004,{"v":198.501161308,"d":"198.50"},{"v":0.040930723,"d":"0.04"},"1_31129000_15172_223062","G",{"v":0.593193292137,"d":"0.59"},{"v":0.00681824155448,"d":"0.01"},{"v":1.35342886664,"d":"1.35"}]
[3,312,31203,{"v":8072.082508,"d":"8,072.08"},3264,{"v":0.40435662,"d":"0.40"},"M",310,31203002,{"v":1360.775787,"d":"1,360.78"},24,20,44,{"v":61.68629537,"d":"61.69"},{"v":0.967661341,"d":"0.97"},{"v":42.5770989999999,"d":"42.58"},{"v":1.422901,"d":"1.42"},1,"1_31203002_15213",{"v":15.2276917932,"d":"15.23"},0.246856967206,{"v":10.5104535316,"d":"10.51"},{"v":0.045331711,"d":"0.05"},"1_31203002_15213_223277","G",{"v":1.5969978785e-05,"d":"0.00"},{"v":1.048745864e-06,"d":"0.00"},{"v":1.1022794669e-05,"d":"0.00"}]
[3,312,31208,{"v":6114.446125,"d":"6,114.45"},3800,{"v":0.621479022,"d":"0.62"},"M",310,31208005,{"v":401.265311805,"d":"401.27"},27,11,38,{"v":29.22989488,"d":"29.23"},{"v":0.967661341,"d":"0.97"},{"v":36.77113095,"d":"36.77"},{"v":1.228869045,"d":"1.23"},1,"1_31208005_15267",{"v":29.2298948838,"d":"29.23"},1.00000000013,{"v":36.7711309548,"d":"36.77"},{"v":0.07284431,"d":"0.07"},"1_31208005_15267_223540","F",{"v":0.00493184672744,"d":"0.00"},{"v":1.68726119168E-4,"d":"0.00"},{"v":0.00620425022342,"d":"0.01"}]
[3,312,31226,{"v":5509.338772,"d":"5,509.34"},3971,{"v":0.720776152,"d":"0.72"},"M",310,31226006,{"v":535.863831774999,"d":"535.86"},22,19,41,{"v":28.46764443,"d":"28.47"},{"v":0.967661341,"d":"0.97"},{"v":39.6741149799999,"d":"39.67"},{"v":1.325885022,"d":"1.33"},1,"1_31226006_15328",{"v":28.4676444336999,"d":"28.47"},1.00000000013,{"v":39.6741149851999,"d":"39.67"},{"v":0.053124773,"d":"0.05"},"1_31226006_15328_224041","außerhalb GKL",{"v":0.0159115274679,"d":"0.02"},{"v":0.000558933757409,"d":"0.00"},{"v":0.0221752021606,"d":"0.02"}]
[3,312,31230,{"v":3744.06230599999,"d":"3,744.06"},16875,{"v":4.507136533,"d":"4.51"},"ST",103,31230021,{"v":58.2961744449999,"d":"58.30"},34,212,246,{"v":24.2019268899999,"d":"24.20"},{"v":0.991139192,"d":"0.99"},{"v":243.820241199999,"d":"243.82"},{"v":2.179758847,"d":"2.18"},1,"1_31230021_15356",{"v":24.2019268901,"d":"24.20"},1,{"v":243.820241199999,"d":"243.82"},{"v":0.415154633,"d":"0.42"},"1_31230021_15356_224256","G",{"v":1.77892655482,"d":"1.78"},{"v":0.0735035091585,"d":"0.07"},{"v":17.9216433321,"d":"17.92"}]
[3,313,31301,{"v":1370.666598,"d":"1,370.67"},641,{"v":0.467655665,"d":"0.47"},"M",410,31301000,{"v":703.847980424999,"d":"703.85"},33,57,90,{"v":53.7842369299999,"d":"53.78"},{"v":0.93996673,"d":"0.94"},{"v":84.59700574,"d":"84.60"},{"v":5.402994261,"d":"5.40"},1,"1_31301000_15399",{"v":50.8070839418,"d":"50.81"},0.944646365587,{"v":79.9142540117999,"d":"79.91"},{"v":0.076414565,"d":"0.08"},"1_31301000_15399_224519","außerhalb GKL",{"v":0.216132040919,"d":"0.22"},{"v":4.25397452778E-3,"d":"0.00"},{"v":0.339953200973,"d":"0.34"}]
[3,313,31309,{"v":1237.31778,"d":"1,237.32"},2968,{"v":2.398737049,"d":"2.40"},"M",310,31309000,{"v":554.511684739999,"d":"554.51"},61,149,210,{"v":48.73458256,"d":"48.73"},{"v":0.967661341,"d":"0.97"},{"v":203.2088816,"d":"203.21"},{"v":6.791118407,"d":"6.79"},1,"1_31309000_15456",{"v":48.0677405257,"d":"48.07"},0.986316861677,{"v":200.428346365,"d":"200.43"},{"v":0.087887386,"d":"0.09"},"1_31309000_15456_224734","G",{"v":7.83485744843,"d":"7.83"},{"v":0.162996166717,"d":"0.16"},{"v":32.6690521589,"d":"32.67"}]
[3,313,31319,{"v":4478.796443,"d":"4,478.80"},1212,{"v":0.270608414,"d":"0.27"},"G",410,31319001,{"v":1468.50229239999,"d":"1,468.50"},72,24,96,{"v":30.62627661,"d":"30.63"},{"v":0.93996673,"d":"0.94"},{"v":90.2368061199999,"d":"90.24"},{"v":5.763193879,"d":"5.76"},1,"1_31319001_15552",{"v":0.580812353652,"d":"0.58"},0.0189645108038,{"v":1.71129688456,"d":"1.71"},{"v":0.02085545,"d":"0.02"},"1_31319001_15552_224997","außerhalb GKL",{"v":0.580812353652,"d":"0.58"},{"v":1,"d":"1.00"},{"v":1.71129688456,"d":"1.71"}]
[3,313,31337,{"v":977.834065799999,"d":"977.83"},2110,{"v":2.157830325,"d":"2.16"},"G",103,31337000,{"v":977.83406575,"d":"977.83"},172,411,583,{"v":175.449390599999,"d":"175.45"},{"v":0.991139192,"d":"0.99"},{"v":577.8341487,"d":"577.83"},{"v":5.165851252,"d":"5.17"},1,"1_31337000_15700",{"v":173.208169857999,"d":"173.21"},0.98722582772,{"v":570.452795734999,"d":"570.45"},{"v":0.179426548,"d":"0.18"},"1_31337000_15700_225498","außerhalb GKL",{"v":0.0117176581281,"d":"0.01"},{"v":6.7650724199e-05,"d":"0.00"},{"v":0.0385915447529,"d":"0.04"}]
[3,313,31344,{"v":2384.65531099999,"d":"2,384.66"},1569,{"v":0.657956726,"d":"0.66"},"M",410,31344000,{"v":1082.5278014,"d":"1,082.53"},158,503,661,{"v":95.1951998499999,"d":"95.20"},{"v":0.93996673,"d":"0.94"},{"v":621.3180088,"d":"621.32"},{"v":39.6819911899999,"d":"39.68"},1,"1_31344000_15738",{"v":95.1951998503,"d":"95.20"},1,{"v":621.3180088,"d":"621.32"},{"v":0.08793788,"d":"0.09"},"1_31344000_15738_225713","E",{"v":16.0936314916,"d":"16.09"},{"v":0.169059275225,"d":"0.17"},{"v":105.039572251999,"d":"105.04"}]
[3,313,31356,{"v":1025.59253199999,"d":"1,025.59"},1036,{"v":1.010147761,"d":"1.01"},"G",310,31356000,{"v":1025.59253207999,"d":"1,025.59"},71,61,132,{"v":81.18561751,"d":"81.19"},{"v":0.967661341,"d":"0.97"},{"v":127.731296999999,"d":"127.73"},{"v":4.268702999,"d":"4.27"},1,"1_31356000_15807",{"v":74.68868598,"d":"74.69"},0.919974353472,{"v":117.509517376,"d":"117.51"},{"v":0.07915972,"d":"0.08"},"1_31356000_15807_225976","G",{"v":0.979707629349,"d":"0.98"},{"v":0.0131172160347,"d":"0.01"},{"v":1.54139772555,"d":"1.54"}]
[3,314,31403,{"v":4469.367723,"d":"4,469.37"},3801,{"v":0.850455867,"d":"0.85"},"ST",430,31403003,{"v":3985.40293761,"d":"3,985.40"},165,2605,2770,{"v":91.92541669,"d":"91.93"},{"v":0.945243625,"d":"0.95"},{"v":2618.324841,"d":"2,618.32"},{"v":151.675158699999,"d":"151.68"},1,"1_31403003_15897",{"v":0.759783488665,"d":"0.76"},0.00826521669439,{"v":21.6410221872,"d":"21.64"},{"v":0.023065526,"d":"0.02"},"1_31403003_15897_226191","außerhalb GKL",{"v":0.235795120328,"d":"0.24"},{"v":0.310345149435,"d":"0.31"},{"v":6.71618626461,"d":"6.72"}]
[3,314,31407,{"v":5404.850924,"d":"5,404.85"},2664,{"v":0.49289056,"d":"0.49"},"ST",410,31407003,{"v":1975.21719516,"d":"1,975.22"},37,74,111,{"v":55.6974111999999,"d":"55.70"},{"v":0.93996673,"d":"0.94"},{"v":104.336307099999,"d":"104.34"},{"v":6.663692922,"d":"6.66"},1,"1_31407003_15964",{"v":0.606860700849,"d":"0.61"},0.01089567159,{"v":1.13681413707,"d":"1.14"},{"v":0.02819812,"d":"0.03"},"1_31407003_15964_226406","außerhalb GKL",{"v":0.606860700849,"d":"0.61"},{"v":1,"d":"1.00"},{"v":1.13681413707,"d":"1.14"}]
[3,315,31503,{"v":3387.588896,"d":"3,387.59"},1938,{"v":0.572088308,"d":"0.57"},"G",410,31503001,{"v":1242.65580249999,"d":"1,242.66"},88,570,658,{"v":110.722932,"d":"110.72"},{"v":0.93996673,"d":"0.94"},{"v":618.4981086,"d":"618.50"},{"v":39.50189138,"d":"39.50"},1,"1_31503001_16161",{"v":59.1116617393999,"d":"59.11"},0.53387009061,{"v":330.19764128,"d":"330.20"},{"v":0.089101851,"d":"0.09"},"1_31503001_16161_226955","außerhalb GKL",{"v":1.17692506863,"d":"1.18"},{"v":0.0199102010331,"d":"0.02"},{"v":6.57430141854,"d":"6.57"}]
[3,315,31507,{"v":5428.44868399999,"d":"5,428.45"},2393,{"v":0.440825757,"d":"0.44"},"M",410,31507002,{"v":1677.22351742999,"d":"1,677.22"},77,79,156,{"v":85.1175398999999,"d":"85.12"},{"v":0.93996673,"d":"0.94"},{"v":146.634809899999,"d":"146.63"},{"v":9.36519005299999,"d":"9.37"},1,"1_31507002_16256",{"v":6.90351719896,"d":"6.90"},0.081105694632,{"v":11.8929181142,"d":"11.89"},{"v":0.050749074,"d":"0.05"},"1_31507002_16256_227170","außerhalb GKL",{"v":6.90351719896,"d":"6.90"},{"v":1,"d":"1.00"},{"v":11.8929181142,"d":"11.89"}]
[3,315,31515,{"v":1770.76203099999,"d":"1,770.76"},1081,{"v":0.610471639,"d":"0.61"},"G",430,31515000,{"v":1770.86275995,"d":"1,770.86"},108,134,242,{"v":102.964326999999,"d":"102.96"},{"v":0.945243625,"d":"0.95"},{"v":228.7489573,"d":"228.75"},{"v":13.25104274,"d":"13.25"},1,"1_31515000_16368",{"v":0.941340551557,"d":"0.94"},0.00914239503121,{"v":2.09131333061,"d":"2.09"},{"v":0.058143595,"d":"0.06"},"1_31515000_16368_227433","F",{"v":0.939199049095,"d":"0.94"},{"v":0.99772505024,"d":"1.00"},{"v":2.08655569785,"d":"2.09"}]
[3,315,31521,{"v":3361.965282,"d":"3,361.97"},3219,{"v":0.957475682,"d":"0.96"},"ST",410,31521000,{"v":120.484953134999,"d":"120.48"},69,783,852,{"v":80.3421380399999,"d":"80.34"},{"v":0.93996673,"d":"0.94"},{"v":800.851654299999,"d":"800.85"},{"v":51.1483456699999,"d":"51.15"},1,"1_31521000_16415",{"v":80.3421380391999,"d":"80.34"},0.99999999999,{"v":800.851654292,"d":"800.85"},{"v":0.666823001,"d":"0.67"},"1_31521000_16415_227648","F",{"v":4.73302044711,"d":"4.73"},{"v":0.0589108102251,"d":"0.06"},{"v":47.1788198245,"d":"47.18"}]
[3,315,31530,{"v":832.4843749,"d":"832.48"},2174,{"v":2.611460426,"d":"2.61"},"M",210,31530000,{"v":247.55963034,"d":"247.56"},65,502,567,{"v":90.7682019399999,"d":"90.77"},{"v":0.980090788,"d":"0.98"},{"v":555.7114768,"d":"555.71"},{"v":11.2885232,"d":"11.29"},1,"1_31530000_16527",{"v":1.74471905119,"d":"1.74"},0.0192216989419,{"v":10.6817187056,"d":"10.68"},{"v":0.366651872,"d":"0.37"},"1_31530000_16527_228015","F",{"v":0.0849286623716,"d":"0.08"},{"v":0.0486775577499,"d":"0.05"},{"v":0.51995997916,"d":"0.52"}]
[3,315,31533,{"v":1789.775049,"d":"1,789.78"},3948,{"v":2.205863805,"d":"2.21"},"ST",410,31533001,{"v":801.744642324999,"d":"801.74"},43,1461,1504,{"v":119.995248,"d":"120.00"},{"v":0.93996673,"d":"0.94"},{"v":1413.709963,"d":"1,413.71"},{"v":90.2900374299999,"d":"90.29"},1,"1_31533001_16551",{"v":100.853104324,"d":"100.85"},0.840475818876,{"v":1188.18903881,"d":"1,188.19"},{"v":0.149667664,"d":"0.15"},"1_31533001_16551_228127","F",{"v":0.0368928471795,"d":"0.04"},{"v":0.000365807750062,"d":"0.00"},{"v":0.434648758935,"d":"0.43"}]
[3,315,31549,{"v":2377.617502,"d":"2,377.62"},5627,{"v":2.366654853,"d":"2.37"},"ST",210,31549002,{"v":1263.36839600999,"d":"1,263.37"},84,141,225,{"v":122.687386,"d":"122.69"},{"v":0.980090788,"d":"0.98"},{"v":220.520427299999,"d":"220.52"},{"v":4.479572699,"d":"4.48"},1,"1_31549002_16743",{"v":1.75478385382,"d":"1.75"},0.0143028872897,{"v":3.15407881675,"d":"3.15"},{"v":0.097111331,"d":"0.10"},"1_31549002_16743_228628","außerhalb GKL",{"v":1.75478385382,"d":"1.75"},{"v":1,"d":"1.00"},{"v":3.15407881675,"d":"3.15"}]
[3,315,31551,{"v":3248.822974,"d":"3,248.82"},1660,{"v":0.510954279,"d":"0.51"},"G",420,31551001,{"v":1549.2873276,"d":"1,549.29"},84,54,138,{"v":42.77537507,"d":"42.78"},{"v":0.954532045,"d":"0.95"},{"v":131.725422199999,"d":"131.73"},{"v":6.274577766,"d":"6.27"},1,"1_31551001_16838",{"v":4.2659500104,"d":"4.27"},0.0997291082409,{"v":13.1368588887,"d":"13.14"},{"v":0.027609711,"d":"0.03"},"1_31551001_16838_228891","F",{"v":3.67517922375,"d":"3.68"},{"v":0.861514836037,"d":"0.86"},{"v":11.3175988315,"d":"11.32"}]
[3,316,31604,{"v":5193.185991,"d":"5,193.19"},1582,{"v":0.304629952,"d":"0.30"},"M",330,31604000,{"v":2782.08948801999,"d":"2,782.09"},59,123,182,{"v":104.3661747,"d":"104.37"},{"v":0.958718978,"d":"0.96"},{"v":174.486853999999,"d":"174.49"},{"v":7.51314604,"d":"7.51"},1,"1_31604000_16910",{"v":101.895334876999,"d":"101.90"},0.976325281346,{"v":170.355926823,"d":"170.36"},{"v":0.037513594,"d":"0.04"},"1_31604000_16910_229106","D",{"v":6.91129167066,"d":"6.91"},{"v":0.067827361076,"d":"0.07"},{"v":11.5547929601,"d":"11.55"}]
[3,316,31613,{"v":4831.78670799999,"d":"4,831.79"},1147,{"v":0.237386306,"d":"0.24"},"G",320,31613004,{"v":1069.94261318999,"d":"1,069.94"},10,1,11,{"v":26.6139283599999,"d":"26.61"},{"v":0.907735558,"d":"0.91"},{"v":9.985091143,"d":"9.99"},{"v":1.014908857,"d":"1.01"},1,"1_31613004_16955",{"v":26.6139283577,"d":"26.61"},0.999999999914,{"v":9.98509114214,"d":"9.99"},{"v":0.024874164,"d":"0.02"},"1_31613004_16955_229321","außerhalb GKL",{"v":0.306718393157,"d":"0.31"},{"v":0.0115247320514,"d":"0.01"},{"v":0.115075499922,"d":"0.12"}]
[3,316,31629,{"v":7289.06000599999,"d":"7,289.06"},6241,{"v":0.856214655,"d":"0.86"},"ST",220,31629000,{"v":70.0450416199,"d":"70.05"},45,212,257,{"v":34.4621823,"d":"34.46"},{"v":0.99140599,"d":"0.99"},{"v":254.791339399999,"d":"254.79"},{"v":2.208660595,"d":"2.21"},1,"1_31629000_16999",{"v":34.4621822972,"d":"34.46"},0.999999999919,{"v":254.791339378999,"d":"254.79"},{"v":0.492000312,"d":"0.49"},"1_31629000_16999_229584","G",{"v":7.14718792651,"d":"7.15"},{"v":0.207392203572,"d":"0.21"},{"v":52.8417373249,"d":"52.84"}]
[3,316,31644,{"v":9727.416836,"d":"9,727.42"},5483,{"v":0.563664547,"d":"0.56"},"ST",420,31644040,{"v":879.092057285,"d":"879.09"},18,1,19,{"v":32.08416665,"d":"32.08"},{"v":0.954532045,"d":"0.95"},{"v":18.13610886,"d":"18.14"},{"v":0.863891142,"d":"0.86"},1,"1_31644040_17084",{"v":32.0841666529,"d":"32.08"},1.00000000009,{"v":18.1361088616,"d":"18.14"},{"v":0.036496936,"d":"0.04"},"1_31644040_17084_230085","außerhalb GKL",{"v":32.0841666529,"d":"32.08"},{"v":1,"d":"1.00"},{"v":18.1361088616,"d":"18.14"}]
[3,316,31654,{"v":3047.84004999999,"d":"3,047.84"},2123,{"v":0.696558863,"d":"0.70"},"M",320,31654001,{"v":472.602237155,"d":"472.60"},15,177,192,{"v":55.37311411,"d":"55.37"},{"v":0.907735558,"d":"0.91"},{"v":174.2852272,"d":"174.29"},{"v":17.71477278,"d":"17.71"},1,"1_31654001_17133",{"v":49.5749502835,"d":"49.57"},0.895289186464,{"v":156.035679273,"d":"156.04"},{"v":0.117166424,"d":"0.12"},"1_31654001_17133_230300","D",{"v":0.65570397106,"d":"0.66"},{"v":0.0132265179755,"d":"0.01"},{"v":2.06380871672,"d":"2.06"}]
[3,317,31702,{"v":894.8393975,"d":"894.84"},3119,{"v":3.485541661,"d":"3.49"},"M",101,31702002,{"v":842.611318135,"d":"842.61"},89,3928,4017,{"v":182.048486099999,"d":"182.05"},{"v":0.992934034,"d":"0.99"},{"v":3988.616015,"d":"3,988.62"},{"v":28.3839852599999,"d":"28.38"},1,"1_31702002_17162",{"v":4.47610799722,"d":"4.48"},0.0245874497125,{"v":98.0698956913,"d":"98.07"},{"v":0.216052742,"d":"0.22"},"1_31702002_17162_230563","C",{"v":0.0751290297834,"d":"0.08"},{"v":0.0167844542245,"d":"0.02"},{"v":1.64604967503,"d":"1.65"}]
[3,317,31704,{"v":725.810875399999,"d":"725.81"},11975,{"v":16.49878833,"d":"16.50"},"M",101,31704003,{"v":93.2778346949999,"d":"93.28"},119,330,449,{"v":78.52390327,"d":"78.52"},{"v":0.992934034,"d":"0.99"},{"v":445.8273813,"d":"445.83"},{"v":3.172618716,"d":"3.17"},1,"1_31704003_17180",{"v":0.576601105154,"d":"0.58"},7.34300106264E-3,{"v":3.27371093464,"d":"3.27"},{"v":0.84182811,"d":"0.84"},"1_31704003_17180_230778","F",{"v":0.0716186818984,"d":"0.07"},{"v":0.124208367376,"d":"0.12"},{"v":0.406622290453,"d":"0.41"}]
[3,317,31710,{"v":1485.991213,"d":"1,485.99"},9227,{"v":6.209323393,"d":"6.21"},"M",101,31710003,{"v":230.51045976,"d":"230.51"},142,3536,3678,{"v":159.820296399999,"d":"159.82"},{"v":0.992934034,"d":"0.99"},{"v":3652.01137699999,"d":"3,652.01"},{"v":25.9886228,"d":"25.99"},1,"1_31710003_17211",{"v":159.820296361,"d":"159.82"},0.999999999756,{"v":3652.01137611,"d":"3,652.01"},{"v":0.693332079,"d":"0.69"},"1_31710003_17211_231041","D",{"v":4.22236685139,"d":"4.22"},{"v":0.0264194657846,"d":"0.03"},{"v":96.4841895960999,"d":"96.48"}]
[3,317,31713,{"v":1748.358107,"d":"1,748.36"},3337,{"v":1.908647883,"d":"1.91"},"M",310,31713000,{"v":1342.48349856,"d":"1,342.48"},140,261,401,{"v":132.837734699999,"d":"132.84"},{"v":0.967661341,"d":"0.97"},{"v":388.032197699999,"d":"388.03"},{"v":12.96780229,"d":"12.97"},1,"1_31713000_17231",{"v":128.479200861,"d":"128.48"},0.967189038199,{"v":375.300488083999,"d":"375.30"},{"v":0.09894925,"d":"0.10"},"1_31713000_17231_231256","G",{"v":0.00685324373301,"d":"0.01"},{"v":5.3341269926e-05,"d":"0.00"},{"v":0.0200190046383,"d":"0.02"}]
[3,317,31719,{"v":1257.51517899999,"d":"1,257.52"},14996,{"v":11.9251045599999,"d":"11.93"},"M",101,31719030,{"v":46.357494795,"d":"46.36"},48,18,66,{"v":46.3574947999999,"d":"46.36"},{"v":0.992934034,"d":"0.99"},{"v":66,"d":"66.00"},{"v":0,"d":"0.00"},1,"1_31719030_17295",{"v":46.3574947951,"d":"46.36"},0.999999999894,{"v":65.999999993,"d":"66.00"},{"v":1,"d":"1.00"},"1_31719030_17295_231757","B",{"v":11.6966849672,"d":"11.70"},{"v":0.252314863409,"d":"0.25"},{"v":16.6527809832,"d":"16.65"}]
[3,317,31725,{"v":604.1901715,"d":"604.19"},9354,{"v":15.4818804399999,"d":"15.48"},"M",101,31725003,{"v":69.2145612399999,"d":"69.21"},103,1681,1784,{"v":60.4854795199999,"d":"60.49"},{"v":0.992934034,"d":"0.99"},{"v":1771.394317,"d":"1,771.39"},{"v":12.60568327,"d":"12.61"},1,"1_31725003_17323",{"v":60.4854795222999,"d":"60.49"},1.00000000004,{"v":1771.39431706999,"d":"1,771.39"},{"v":0.873883738,"d":"0.87"},"1_31725003_17323_232020","C",{"v":0.00535873973571,"d":"0.01"},{"v":8.8595474121e-05,"d":"0.00"},{"v":0.156937519376,"d":"0.16"}]
[3,318,31813,{"v":734.043980899999,"d":"734.04"},1579,{"v":2.151097265,"d":"2.15"},"M",410,31813000,{"v":204.914822659999,"d":"204.91"},55,199,254,{"v":98.50220749,"d":"98.50"},{"v":0.93996673,"d":"0.94"},{"v":238.7515495,"d":"238.75"},{"v":15.24845047,"d":"15.25"},1,"1_31813000_17573",{"v":98.5022074934999,"d":"98.50"},1.00000000004,{"v":238.751549509999,"d":"238.75"},{"v":0.480698303,"d":"0.48"},"1_31813000_17573_232235","außerhalb GKL",{"v":0.152732982295,"d":"0.15"},{"v":0.00155055390312,"d":"0.00"},{"v":0.370197146969,"d":"0.37"}]
[3,318,31823,{"v":1309.346606,"d":"1,309.35"},2870,{"v":2.191932974,"d":"2.19"},"M",410,31823000,{"v":431.509941734999,"d":"431.51"},57,626,683,{"v":88.3973842399999,"d":"88.40"},{"v":0.93996673,"d":"0.94"},{"v":641.997276899999,"d":"642.00"},{"v":41.0027231199999,"d":"41.00"},1,"1_31823000_17676",{"v":87.1909359362999,"d":"87.19"},0.986351990909,{"v":633.235292228,"d":"633.24"},{"v":0.204855962,"d":"0.20"},"1_31823000_17676_232498","außerhalb GKL",{"v":1.70308882422,"d":"1.70"},{"v":0.0195328654972,"d":"0.02"},{"v":12.3688997912,"d":"12.37"}]
[3,318,31829,{"v":8922.86434899999,"d":"8,922.86"},2515,{"v":0.281860163,"d":"0.28"},"M",410,31829001,{"v":312.316503959999,"d":"312.32"},24,473,497,{"v":88.71238311,"d":"88.71"},{"v":0.93996673,"d":"0.94"},{"v":467.163464999999,"d":"467.16"},{"v":29.83653498,"d":"29.84"},1,"1_31829001_17739",{"v":32.8067619788999,"d":"32.81"},0.369810401083,{"v":172.761908363,"d":"172.76"},{"v":0.284046414,"d":"0.28"},"1_31829001_17739_232713","G",{"v":0.700646955319,"d":"0.70"},{"v":0.0213567847924,"d":"0.02"},{"v":3.68963889723,"d":"3.69"}]
[3,318,31844,{"v":2157.76611199999,"d":"2,157.77"},1623,{"v":0.752166785,"d":"0.75"},"M",410,31844004,{"v":300.143928899999,"d":"300.14"},13,0,13,{"v":9.242970676,"d":"9.24"},{"v":0.93996673,"d":"0.94"},{"v":12.2195675,"d":"12.22"},{"v":0.780432504,"d":"0.78"},1,"1_31844004_18010",{"v":9.24297067576,"d":"9.24"},0.999999999974,{"v":12.2195674997,"d":"12.22"},{"v":0.030795128,"d":"0.03"},"1_31844004_18010_233214","außerhalb GKL",{"v":9.24297067576,"d":"9.24"},{"v":1,"d":"1.00"},{"v":12.2195674997,"d":"12.22"}]
[3,319,31901,{"v":3554.21177699999,"d":"3,554.21"},3025,{"v":0.851102914,"d":"0.85"},"M",310,31901001,{"v":3142.43466626,"d":"3,142.43"},168,292,460,{"v":181.2974168,"d":"181.30"},{"v":0.967661341,"d":"0.97"},{"v":445.124216799999,"d":"445.12"},{"v":14.87578318,"d":"14.88"},1,"1_31901001_18124",{"v":19.2025011735,"d":"19.20"},0.105917125089,{"v":47.1462773509,"d":"47.15"},{"v":0.057693297,"d":"0.06"},"1_31901001_18124_233477","F",{"v":3.834446896,"d":"3.83"},{"v":0.199684763008,"d":"0.20"},{"v":9.41439321952,"d":"9.41"}]
[3,319,31903,{"v":4549.183355,"d":"4,549.18"},5096,{"v":1.120201056,"d":"1.12"},"M",410,31903001,{"v":3277.16609814999,"d":"3,277.17"},157,1467,1624,{"v":305.662382499999,"d":"305.66"},{"v":0.93996673,"d":"0.94"},{"v":1526.50596999999,"d":"1,526.51"},{"v":97.49402978,"d":"97.49"},1,"1_31903001_18198",{"v":26.0941037459999,"d":"26.09"},0.0853690386517,{"v":130.316347154999,"d":"130.32"},{"v":0.093270336,"d":"0.09"},"1_31903001_18198_233692","außerhalb GKL",{"v":1.39419265429,"d":"1.39"},{"v":0.0534294133211,"d":"0.05"},{"v":6.96272597464,"d":"6.96"}]
[3,319,31906,{"v":5616.72764999999,"d":"5,616.73"},1941,{"v":0.345574883,"d":"0.35"},"M",430,31906000,{"v":126.437685384999,"d":"126.44"},44,196,240,{"v":73.50411859,"d":"73.50"},{"v":0.945243625,"d":"0.95"},{"v":226.85847,"d":"226.86"},{"v":13.14152999,"d":"13.14"},1,"1_31906000_18246",{"v":73.5041185861,"d":"73.50"},0.999999999947,{"v":226.858469987999,"d":"226.86"},{"v":0.581346601,"d":"0.58"},"1_31906000_18246_233907","G",{"v":0.00207441704809,"d":"0.00"},{"v":2.8221779786e-05,"d":"0.00"},{"v":6.40234978257E-3,"d":"0.01"}]
[3,319,31912,{"v":4615.76408699999,"d":"4,615.76"},7844,{"v":1.699393611,"d":"1.70"},"ST",410,31912001,{"v":341.479854905,"d":"341.48"},42,475,517,{"v":78.71642993,"d":"78.72"},{"v":0.93996673,"d":"0.94"},{"v":485.962799599999,"d":"485.96"},{"v":31.03720037,"d":"31.04"},1,"1_31912001_18383",{"v":78.7164299338,"d":"78.72"},1.00000000005,{"v":485.962799624,"d":"485.96"},{"v":0.230515589,"d":"0.23"},"1_31912001_18383_234170","E",{"v":0.000490475400068,"d":"0.00"},{"v":6.230915204e-06,"d":"0.00"},{"v":0.00302799299669,"d":"0.00"}]
[3,319,31921,{"v":1819.10578899999,"d":"1,819.11"},3064,{"v":1.684344044,"d":"1.68"},"M",310,31921000,{"v":1147.17368669,"d":"1,147.17"},168,448,616,{"v":253.427793699999,"d":"253.43"},{"v":0.967661341,"d":"0.97"},{"v":596.079386,"d":"596.08"},{"v":19.92061399,"d":"19.92"},1,"1_31921000_18557",{"v":201.345515946999,"d":"201.35"},0.794488690476,{"v":473.578330802999,"d":"473.58"},{"v":0.220914929,"d":"0.22"},"1_31921000_18557_234671","E",{"v":3.91351623607,"d":"3.91"},{"v":0.0194368184345,"d":"0.02"},{"v":9.20485603032999,"d":"9.20"}]
[3,319,31926,{"v":5166.14478899999,"d":"5,166.14"},8304,{"v":1.607388167,"d":"1.61"},"ST",310,31926004,{"v":1050.62465939,"d":"1,050.62"},54,43,97,{"v":57.67754113,"d":"57.68"},{"v":0.967661341,"d":"0.97"},{"v":93.86315007,"d":"93.86"},{"v":3.136849931,"d":"3.14"},1,"1_31926004_18629",{"v":1.72866299169,"d":"1.73"},0.0299711630874,{"v":2.81318777865,"d":"2.81"},{"v":0.054898332,"d":"0.05"},"1_31926004_18629_234934","außerhalb GKL",{"v":1.72866299169,"d":"1.73"},{"v":1,"d":"1.00"},{"v":2.81318777865,"d":"2.81"}]
[3,319,31928,{"v":1551.690068,"d":"1,551.69"},1786,{"v":1.15100305,"d":"1.15"},"M",410,31928000,{"v":1551.69006777,"d":"1,551.69"},146,812,958,{"v":211.3842428,"d":"211.38"},{"v":0.93996673,"d":"0.94"},{"v":900.4881278,"d":"900.49"},{"v":57.51187225,"d":"57.51"},1,"1_31928000_18702",{"v":31.0877158629,"d":"31.09"},0.14706732844,{"v":132.432383246999,"d":"132.43"},{"v":0.136228392,"d":"0.14"},"1_31928000_18702_235149","außerhalb GKL",{"v":0.0100650054212,"d":"0.01"},{"v":3.23761496843E-4,"d":"0.00"},{"v":0.0428765066305,"d":"0.04"}]
[3,319,31934,{"v":6693.74610399999,"d":"6,693.75"},3566,{"v":0.532736071,"d":"0.53"},"M",310,31934000,{"v":470.088035194999,"d":"470.09"},73,300,373,{"v":96.33701277,"d":"96.34"},{"v":0.967661341,"d":"0.97"},{"v":360.937680199999,"d":"360.94"},{"v":12.06231984,"d":"12.06"},1,"1_31934000_18758",{"v":0.643371926666,"d":"0.64"},0.00667834623648,{"v":2.41046679817,"d":"2.41"},{"v":0.204933982,"d":"0.20"},"1_31934000_18758_235364","außerhalb GKL",{"v":0.643371926666,"d":"0.64"},{"v":1,"d":"1.00"},{"v":2.41046679817,"d":"2.41"}]
[3,319,31940,{"v":1247.02074599999,"d":"1,247.02"},1443,{"v":1.157157974,"d":"1.16"},"G",310,31940000,{"v":1247.02074567999,"d":"1,247.02"},115,355,470,{"v":139.239945199999,"d":"139.24"},{"v":0.967661341,"d":"0.97"},{"v":454.8008302,"d":"454.80"},{"v":15.1991697699999,"d":"15.20"},1,"1_31940000_18901",{"v":75.8401952466,"d":"75.84"},0.544672688126,{"v":247.717590747,"d":"247.72"},{"v":0.111658082,"d":"0.11"},"1_31940000_18901_235627","B",{"v":3.9211716215,"d":"3.92"},{"v":0.0517030792016,"d":"0.05"},{"v":12.807762214,"d":"12.81"}]
[3,319,31943,{"v":4303.44065399999,"d":"4,303.44"},6330,{"v":1.470916067,"d":"1.47"},"ST",410,31943006,{"v":652.162640489999,"d":"652.16"},35,61,96,{"v":85.0836120099999,"d":"85.08"},{"v":0.93996673,"d":"0.94"},{"v":90.2368061199999,"d":"90.24"},{"v":5.763193879,"d":"5.76"},1,"1_31943006_18952",{"v":2.15880842106,"d":"2.16"},0.0253727876622,{"v":2.289559321,"d":"2.29"},{"v":0.130463793,"d":"0.13"},"1_31943006_18952_235842","außerhalb GKL",{"v":2.15880842106,"d":"2.16"},{"v":1,"d":"1.00"},{"v":2.289559321,"d":"2.29"}]
[3,319,31951,{"v":5888.99457999999,"d":"5,888.99"},7754,{"v":1.31669335,"d":"1.32"},"ST",310,31951000,{"v":169.862821865,"d":"169.86"},135,657,792,{"v":145.234577199999,"d":"145.23"},{"v":0.967661341,"d":"0.97"},{"v":766.387782,"d":"766.39"},{"v":25.61221799,"d":"25.61"},1,"1_31951000_19083",{"v":145.234577249,"d":"145.23"},1.00000000034,{"v":766.387782260999,"d":"766.39"},{"v":0.855010977,"d":"0.86"},"1_31951000_19083_236343","D",{"v":2.65407242084,"d":"2.65"},{"v":0.0182743839044,"d":"0.02"},{"v":14.0052645527,"d":"14.01"}]
[3,319,31952,{"v":3025.51791099999,"d":"3,025.52"},9818,{"v":3.245064247,"d":"3.25"},"ST",101,31952002,{"v":218.131206875,"d":"218.13"},132,432,564,{"v":75.4513661,"d":"75.45"},{"v":0.992934034,"d":"0.99"},{"v":560.014795199999,"d":"560.01"},{"v":3.985204801,"d":"3.99"},1,"1_31952002_19127",{"v":70.0536115128,"d":"70.05"},0.928460479032,{"v":519.951605016,"d":"519.95"},{"v":0.345898999,"d":"0.35"},"1_31952002_19127_236606","C",{"v":2.26054019327,"d":"2.26"},{"v":0.0322687174073,"d":"0.03"},{"v":16.7781714077,"d":"16.78"}]
[3,320,32001,{"v":24383.7611099999,"d":"24,383.76"},3021,{"v":0.12389393,"d":"0.12"},"M",420,32001000,{"v":442.163865349999,"d":"442.16"},110,445,555,{"v":122.6379675,"d":"122.64"},{"v":0.954532045,"d":"0.95"},{"v":529.7652851,"d":"529.77"},{"v":25.2347149299999,"d":"25.23"},1,"1_32001000_19153",{"v":122.637967463999,"d":"122.64"},0.999999999706,{"v":529.765284943999,"d":"529.77"},{"v":0.277358638,"d":"0.28"},"1_32001000_19153_236821","E",{"v":0.573417922397,"d":"0.57"},{"v":0.00467569655837,"d":"0.00"},{"v":2.47702171956,"d":"2.48"}]
[3,320,32003,{"v":384.0818714,"d":"384.08"},1986,{"v":5.170772556,"d":"5.17"},"M",410,32003000,{"v":384.08187142,"d":"384.08"},132,1612,1744,{"v":181.650745,"d":"181.65"},{"v":0.93996673,"d":"0.94"},{"v":1639.30197799999,"d":"1,639.30"},{"v":104.6980221,"d":"104.70"},1,"1_32003000_19237",{"v":181.650745,"d":"181.65"},1,{"v":1639.30197799999,"d":"1,639.30"},{"v":0.472947979,"d":"0.47"},"1_32003000_19237_237084","außerhalb GKL",{"v":0.0215727069143,"d":"0.02"},{"v":1.18759253722E-4,"d":"0.00"},{"v":0.194682279532,"d":"0.19"}]
[3,320,32005,{"v":10166.1610299999,"d":"10,166.16"},1780,{"v":0.175090675,"d":"0.18"},"M",430,32005001,{"v":9895.4629487,"d":"9,895.46"},151,159,310,{"v":130.638659899999,"d":"130.64"},{"v":0.945243625,"d":"0.95"},{"v":293.025523799999,"d":"293.03"},{"v":16.97447624,"d":"16.97"},1,"1_32005001_19343",{"v":15.2794650871,"d":"15.28"},0.11695975065,{"v":34.2721921977,"d":"34.27"},{"v":0.013201874,"d":"0.01"},"1_32005001_19343_237299","F",{"v":0.0410185984422,"d":"0.04"},{"v":2.68455722817E-3,"d":"0.00"},{"v":0.0920056612896,"d":"0.09"}]
[3,320,32008,{"v":5597.12297399999,"d":"5,597.12"},5372,{"v":0.959778805,"d":"0.96"},"M",410,32008008,{"v":549.75191452,"d":"549.75"},57,172,229,{"v":54.92071348,"d":"54.92"},{"v":0.93996673,"d":"0.94"},{"v":215.252381299999,"d":"215.25"},{"v":13.7476187299999,"d":"13.75"},1,"1_32008008_19478",{"v":2.31820448059,"d":"2.32"},0.0422100212051,{"v":9.08580757912,"d":"9.09"},{"v":0.099900904,"d":"0.10"},"1_32008008_19478_237560","F",{"v":0.657135570622,"d":"0.66"},{"v":0.283467474989,"d":"0.28"},{"v":2.57553093269,"d":"2.58"}]
[3,320,32013,{"v":4596.013377,"d":"4,596.01"},4132,{"v":0.899040029,"d":"0.90"},"ST",220,32013004,{"v":1496.33147923999,"d":"1,496.33"},110,73,183,{"v":77.6967991599999,"d":"77.70"},{"v":0.99140599,"d":"0.99"},{"v":181.4272962,"d":"181.43"},{"v":1.572703847,"d":"1.57"},1,"1_32013004_19678",{"v":2.13054981728,"d":"2.13"},0.0274213331864,{"v":4.97497833821,"d":"4.97"},{"v":0.051924858,"d":"0.05"},"1_32013004_19678_238064","F",{"v":1.32155302884,"d":"1.32"},{"v":0.620287316505,"d":"0.62"},{"v":3.08591596308,"d":"3.09"}]
[3,320,32017,{"v":3388.255395,"d":"3,388.26"},3428,{"v":1.011730109,"d":"1.01"},"G",410,32017000,{"v":836.611723904999,"d":"836.61"},65,45,110,{"v":47.1429804899999,"d":"47.14"},{"v":0.93996673,"d":"0.94"},{"v":103.3963403,"d":"103.40"},{"v":6.603659653,"d":"6.60"},1,"1_32017000_19761",{"v":5.62210936698,"d":"5.62"},0.119256553331,{"v":12.3306911712,"d":"12.33"},{"v":0.056349892,"d":"0.06"},"1_32017000_19761_238279","außerhalb GKL",{"v":5.47647511116,"d":"5.48"},{"v":0.974096153896,"d":"0.97"},{"v":12.0112788447,"d":"12.01"}]
[3,321,32106,{"v":2941.268055,"d":"2,941.27"},2365,{"v":0.804074962,"d":"0.80"},"M",410,32106000,{"v":1677.69977384999,"d":"1,677.70"},133,352,485,{"v":196.7435179,"d":"196.74"},{"v":0.93996673,"d":"0.94"},{"v":455.8838643,"d":"455.88"},{"v":29.11613574,"d":"29.12"},1,"1_32106000_19851",{"v":153.219220788999,"d":"153.22"},0.778776461987,{"v":355.031622916999,"d":"355.03"},{"v":0.117269801,"d":"0.12"},"1_32106000_19851_238542","außerhalb GKL",{"v":4.11016430464,"d":"4.11"},{"v":0.0268253831567,"d":"0.03"},{"v":9.52385931749,"d":"9.52"}]
[3,321,32114,{"v":6026.117209,"d":"6,026.12"},3710,{"v":0.615653475,"d":"0.62"},"M",410,32114001,{"v":790.06389262,"d":"790.06"},42,14,56,{"v":45.19403956,"d":"45.19"},{"v":0.93996673,"d":"0.94"},{"v":52.6381368999999,"d":"52.64"},{"v":3.361863096,"d":"3.36"},1,"1_32114001_19885",{"v":1.16143777249,"d":"1.16"},0.0256989148082,{"v":1.35274299586,"d":"1.35"},{"v":0.057203019,"d":"0.06"},"1_32114001_19885_238757","F",{"v":0.0654529300899,"d":"0.07"},{"v":0.0563550899069,"d":"0.06"},{"v":0.0762339531526,"d":"0.08"}]
[3,321,32131,{"v":6168.504767,"d":"6,168.50"},7526,{"v":1.220068766,"d":"1.22"},"M",310,32131007,{"v":1349.00668603999,"d":"1,349.01"},76,220,296,{"v":151.8293591,"d":"151.83"},{"v":0.967661341,"d":"0.97"},{"v":286.4277569,"d":"286.43"},{"v":9.572243088,"d":"9.57"},1,"1_32131007_19971",{"v":39.1300890274999,"d":"39.13"},0.257724127003,{"v":73.8193435965,"d":"73.82"},{"v":0.112549004,"d":"0.11"},"1_32131007_19971_239258","G",{"v":0.609042617363,"d":"0.61"},{"v":0.0155645599716,"d":"0.02"},{"v":1.14896560047,"d":"1.15"}]
[3,321,32135,{"v":7222.50804299999,"d":"7,222.51"},16230,{"v":2.247141838,"d":"2.25"},"ST",103,32135005,{"v":257.986440179999,"d":"257.99"},71,974,1045,{"v":112.0521181,"d":"112.05"},{"v":0.991139192,"d":"0.99"},{"v":1035.740455,"d":"1,035.74"},{"v":9.259544697,"d":"9.26"},1,"1_32135005_20014",{"v":5.23743065503,"d":"5.24"},0.0467410232295,{"v":48.4115686669,"d":"48.41"},{"v":0.434333363,"d":"0.43"},"1_32135005_20014_239521","F",{"v":0.173237486496,"d":"0.17"},{"v":0.0330768076766,"d":"0.03"},{"v":1.60130014612,"d":"1.60"}]
[3,321,32141,{"v":5375.21236,"d":"5,375.21"},4097,{"v":0.762202444,"d":"0.76"},"M",410,32141001,{"v":159.54762084,"d":"159.55"},42,209,251,{"v":74.1994760099999,"d":"74.20"},{"v":0.93996673,"d":"0.94"},{"v":235.9316493,"d":"235.93"},{"v":15.06835066,"d":"15.07"},1,"1_32141001_20059",{"v":74.1994760131999,"d":"74.20"},1.00000000004,{"v":235.931649308999,"d":"235.93"},{"v":0.465061626,"d":"0.47"},"1_32141001_20059_239736","G",{"v":11.5139235744,"d":"11.51"},{"v":0.155175267981,"d":"0.16"},{"v":36.6107569066999,"d":"36.61"}]
[3,321,32143,{"v":633.898973999999,"d":"633.90"},1663,{"v":2.62344643,"d":"2.62"},"G",310,32143000,{"v":415.018911974999,"d":"415.02"},56,74,130,{"v":81.55886719,"d":"81.56"},{"v":0.967661341,"d":"0.97"},{"v":125.795974299999,"d":"125.80"},{"v":4.204025681,"d":"4.20"},1,"1_32143000_20098",{"v":76.9241093451,"d":"76.92"},0.943172851652,{"v":118.647347807,"d":"118.65"},{"v":0.196518435,"d":"0.20"},"1_32143000_20098_239951","D",{"v":11.9503191059,"d":"11.95"},{"v":0.155352063321,"d":"0.16"},{"v":18.4321102894,"d":"18.43"}]
[3,321,32144,{"v":7620.013151,"d":"7,620.01"},27500,{"v":3.608917656,"d":"3.61"},"ST",103,32144031,{"v":464.665672465,"d":"464.67"},126,197,323,{"v":122.4624938,"d":"122.46"},{"v":0.991139192,"d":"0.99"},{"v":320.1379589,"d":"320.14"},{"v":2.862041088,"d":"2.86"},1,"1_32144031_20121",{"v":121.147389231,"d":"121.15"},0.989261164556,{"v":316.70005004,"d":"316.70"},{"v":0.26354969,"d":"0.26"},"1_32144031_20121_240214","F",{"v":0.129720629701,"d":"0.13"},{"v":0.00107076702622,"d":"0.00"},{"v":0.339111970785,"d":"0.34"}]
[3,322,32202,{"v":687.5943087,"d":"687.59"},1039,{"v":1.511065445,"d":"1.51"},"M",420,32202000,{"v":687.594308684999,"d":"687.59"},29,131,160,{"v":123.336550799999,"d":"123.34"},{"v":0.954532045,"d":"0.95"},{"v":152.7251272,"d":"152.73"},{"v":7.274872772,"d":"7.27"},1,"1_32202000_20150",{"v":122.18575914,"d":"122.19"},0.990669500221,{"v":151.300125433999,"d":"151.30"},{"v":0.179374013,"d":"0.18"},"1_32202000_20150_240429","außerhalb GKL",{"v":7.41930209086,"d":"7.42"},{"v":0.060721496049,"d":"0.06"},{"v":9.18716996875,"d":"9.19"}]
[3,322,32214,{"v":2973.556716,"d":"2,973.56"},923,{"v":0.310402689,"d":"0.31"},"G",420,32214001,{"v":667.024980925,"d":"667.02"},25,125,150,{"v":14.15662438,"d":"14.16"},{"v":0.954532045,"d":"0.95"},{"v":143.179806799999,"d":"143.18"},{"v":6.820193224,"d":"6.82"},1,"1_32214001_20232",{"v":14.156624376,"d":"14.16"},0.999999999717,{"v":143.179806759,"d":"143.18"},{"v":0.02122353,"d":"0.02"},"1_32214001_20232_240692","F",{"v":9.64412452114,"d":"9.64"},{"v":0.681244643143,"d":"0.68"},{"v":97.5404763608,"d":"97.54"}]
[3,323,32305,{"v":2061.88617999999,"d":"2,061.89"},4950,{"v":2.400714476,"d":"2.40"},"G",102,32305001,{"v":825.459261135,"d":"825.46"},34,179,213,{"v":110.018393099999,"d":"110.02"},{"v":0.988126829,"d":"0.99"},{"v":210.471014599999,"d":"210.47"},{"v":2.52898541,"d":"2.53"},1,"1_32305001_20391",{"v":65.4611080953,"d":"65.46"},0.595001492485,{"v":125.230567812,"d":"125.23"},{"v":0.133281433,"d":"0.13"},"1_32305001_20391_241193","G",{"v":0.401251787317,"d":"0.40"},{"v":0.00612962106802,"d":"0.01"},{"v":0.767615926821,"d":"0.77"}]
[3,323,32311,{"v":2463.26904599999,"d":"2,463.27"},1402,{"v":0.569162351,"d":"0.57"},"G",410,32311001,{"v":883.410141449999,"d":"883.41"},63,62,125,{"v":85.89118535,"d":"85.89"},{"v":0.93996673,"d":"0.94"},{"v":117.495841299999,"d":"117.50"},{"v":7.504158696,"d":"7.50"},1,"1_32311001_20511",{"v":2.46057902713,"d":"2.46"},0.0286476315015,{"v":3.36597756452,"d":"3.37"},{"v":0.09722685,"d":"0.10"},"1_32311001_20511_241408","außerhalb GKL",{"v":2.46057902713,"d":"2.46"},{"v":1,"d":"1.00"},{"v":3.36597756452,"d":"3.37"}]
[3,323,32319,{"v":1829.908597,"d":"1,829.91"},3095,{"v":1.691341308,"d":"1.69"},"M",410,32319000,{"v":786.812818989999,"d":"786.81"},132,811,943,{"v":175.492184799999,"d":"175.49"},{"v":0.93996673,"d":"0.94"},{"v":886.388626799999,"d":"886.39"},{"v":56.6113732,"d":"56.61"},1,"1_32319000_20806",{"v":0.898869955783,"d":"0.90"},0.00512199421762,{"v":4.54007742103,"d":"4.54"},{"v":0.223041848,"d":"0.22"},"1_32319000_20806_241671","G",{"v":0.898869955782,"d":"0.90"},{"v":0.999999999999,"d":"1.00"},{"v":4.54007742103,"d":"4.54"}]
[3,323,32327,{"v":1076.75968699999,"d":"1,076.76"},5172,{"v":4.803300181,"d":"4.80"},"M",102,32327001,{"v":375.162794829999,"d":"375.16"},86,1373,1459,{"v":155.111343199999,"d":"155.11"},{"v":0.988126829,"d":"0.99"},{"v":1441.677044,"d":"1,441.68"},{"v":17.3229563999999,"d":"17.32"},1,"1_32327001_20959",{"v":43.0666508306999,"d":"43.07"},0.277649912264,{"v":400.281504779999,"d":"400.28"},{"v":0.413450762,"d":"0.41"},"1_32327001_20959_241886","F",{"v":6.41497502606,"d":"6.41"},{"v":0.148954583241,"d":"0.15"},{"v":59.6237647235999,"d":"59.62"}]
[3,325,32504,{"v":2310.763531,"d":"2,310.76"},1274,{"v":0.551332918,"d":"0.55"},"M",430,32504000,{"v":2310.76353070999,"d":"2,310.76"},114,400,514,{"v":182.072082499999,"d":"182.07"},{"v":0.945243625,"d":"0.95"},{"v":485.855223299999,"d":"485.86"},{"v":28.14477674,"d":"28.14"},1,"1_32504000_21135",{"v":11.8521913858999,"d":"11.85"},0.0650961488613,{"v":31.627303941,"d":"31.63"},{"v":0.07879304,"d":"0.08"},"1_32504000_21135_242387","außerhalb GKL",{"v":0.0143895458431,"d":"0.01"},{"v":1.21408314923E-3,"d":"0.00"},{"v":0.0383981767703,"d":"0.04"}]
[3,325,32508,{"v":10580.10483,"d":"10,580.10"},4453,{"v":0.420884299,"d":"0.42"},"ST",430,32508007,{"v":1391.88437580999,"d":"1,391.88"},74,18,92,{"v":54.0514056399999,"d":"54.05"},{"v":0.945243625,"d":"0.95"},{"v":86.9624134999999,"d":"86.96"},{"v":5.037586498,"d":"5.04"},1,"1_32508007_21287",{"v":27.2663443560999,"d":"27.27"},0.504452086551,{"v":43.8683709415999,"d":"43.87"},{"v":0.038833258,"d":"0.04"},"1_32508007_21287_242650","außerhalb GKL",{"v":27.2663443560999,"d":"27.27"},{"v":1,"d":"1.00"},{"v":43.8683709415999,"d":"43.87"}]
[3,325,32516,{"v":6112.694048,"d":"6,112.69"},1730,{"v":0.2830176,"d":"0.28"},"M",430,32516006,{"v":950.903434735,"d":"950.90"},41,15,56,{"v":17.2580913,"d":"17.26"},{"v":0.945243625,"d":"0.95"},{"v":52.9336429999999,"d":"52.93"},{"v":3.066356998,"d":"3.07"},1,"1_32516006_21449",{"v":1.26136120959,"d":"1.26"},0.0730881061911,{"v":3.86881972067,"d":"3.87"},{"v":0.018149152,"d":"0.02"},"1_32516006_21449_242865","außerhalb GKL",{"v":1.26136120959,"d":"1.26"},{"v":1,"d":"1.00"},{"v":3.86881972067,"d":"3.87"}]
[3,325,32522,{"v":5162.85624199999,"d":"5,162.86"},1265,{"v":0.245019412,"d":"0.25"},"M",430,32522002,{"v":1309.36360611,"d":"1,309.36"},38,24,62,{"v":30.23420874,"d":"30.23"},{"v":0.945243625,"d":"0.95"},{"v":58.60510475,"d":"58.61"},{"v":3.394895248,"d":"3.39"},1,"1_32522002_21625",{"v":9.49921446689,"d":"9.50"},0.314187632578,{"v":18.4129991183999,"d":"18.41"},{"v":0.023090766,"d":"0.02"},"1_32522002_21625_243128","G",{"v":4.00420267459,"d":"4.00"},{"v":0.421529873712,"d":"0.42"},{"v":7.76162919304,"d":"7.76"}]
[3,325,32529,{"v":3974.27656999999,"d":"3,974.28"},1217,{"v":0.306219252,"d":"0.31"},"M",420,32529003,{"v":1261.0741656,"d":"1,261.07"},44,307,351,{"v":56.50531766,"d":"56.51"},{"v":0.954532045,"d":"0.95"},{"v":335.040747899999,"d":"335.04"},{"v":15.95925214,"d":"15.96"},1,"1_32529003_21771",{"v":6.35902915135,"d":"6.36"},0.112538596626,{"v":37.7050155812,"d":"37.71"},{"v":0.044807291,"d":"0.04"},"1_32529003_21771_243343","außerhalb GKL",{"v":6.35902915135,"d":"6.36"},{"v":1,"d":"1.00"},{"v":37.7050155812,"d":"37.71"}]
[3,325,32530,{"v":25617.3143999999,"d":"25,617.31"},10779,{"v":0.420770102,"d":"0.42"},"ST",220,32530050,{"v":760.426830164999,"d":"760.43"},37,84,121,{"v":70.64422192,"d":"70.64"},{"v":0.99140599,"d":"0.99"},{"v":119.9601248,"d":"119.96"},{"v":1.039875222,"d":"1.04"},1,"1_32530050_21855",{"v":70.6442219208,"d":"70.64"},1.00000000001,{"v":119.960124801,"d":"119.96"},{"v":0.092900749,"d":"0.09"},"1_32530050_21855_243558","F",{"v":11.1497732154,"d":"11.15"},{"v":0.157829938702,"d":"0.16"},{"v":18.9332991439999,"d":"18.93"}]
[4,401,40101,{"v":9598.609581,"d":"9,598.61"},206595,{"v":21.5234298499999,"d":"21.52"},"SR",101,40101241,{"v":8.89108052996,"d":"8.89"},73,1114,1187,{"v":8.89108053,"d":"8.89"},{"v":0.992934034,"d":"0.99"},{"v":1187,"d":"1,187.00"},{"v":0,"d":"0.00"},1,"1_40101241_22020",{"v":8.89108053005,"d":"8.89"},1.00000000001,{"v":1187.00000000999,"d":"1,187.00"},{"v":1,"d":"1.00"},"1_40101241_22020_244107","A",{"v":0.0105044606945,"d":"0.01"},{"v":1.18146052766E-3,"d":"0.00"},{"v":1.40239364634,"d":"1.40"}]
[4,401,40101,{"v":9598.609581,"d":"9,598.61"},206595,{"v":21.5234298499999,"d":"21.52"},"SR",101,40101303,{"v":353.476061355,"d":"353.48"},51,8946,8997,{"v":229.3117723,"d":"229.31"},{"v":0.992934034,"d":"0.99"},{"v":8933.42750399999,"d":"8,933.43"},{"v":63.57249574,"d":"63.57"},1,"1_40101303_22058",{"v":229.311772292999,"d":"229.31"},0.999999999969,{"v":8933.42750372,"d":"8,933.43"},{"v":0.648733528,"d":"0.65"},"1_40101303_22058_244322","D",{"v":0.351355048394,"d":"0.35"},{"v":0.00153221548497,"d":"0.00"},{"v":13.6879359551,"d":"13.69"}]
[4,401,40101,{"v":9598.609581,"d":"9,598.61"},206595,{"v":21.5234298499999,"d":"21.52"},"SR",101,40101406,{"v":9.54975799,"d":"9.55"},9,194,203,{"v":9.54975799,"d":"9.55"},{"v":0.992934034,"d":"0.99"},{"v":203,"d":"203.00"},{"v":0,"d":"0.00"},1,"1_40101406_22096",{"v":9.54975799,"d":"9.55"},1,{"v":203,"d":"203.00"},{"v":1,"d":"1.00"},"1_40101406_22096_244585","B",{"v":9.5006757209e-05,"d":"0.00"},{"v":9.948603651e-06,"d":"0.00"},{"v":2.01956654123E-3,"d":"0.00"}]
[4,401,40101,{"v":9598.609581,"d":"9,598.61"},206595,{"v":21.5234298499999,"d":"21.52"},"SR",101,40101481,{"v":299.376043919999,"d":"299.38"},65,150,215,{"v":52.37203109,"d":"52.37"},{"v":0.992934034,"d":"0.99"},{"v":213.4808173,"d":"213.48"},{"v":1.519182681,"d":"1.52"},1,"1_40101481_22137",{"v":44.6984411346,"d":"44.70"},0.853479236996,{"v":182.201445062,"d":"182.20"},{"v":0.174937281,"d":"0.17"},"1_40101481_22137_244800","E",{"v":1.00237727823,"d":"1.00"},{"v":0.0224253296712,"d":"0.02"},{"v":4.08592747208,"d":"4.09"}]
[4,401,40101,{"v":9598.609581,"d":"9,598.61"},206595,{"v":21.5234298499999,"d":"21.52"},"SR",101,40101521,{"v":78.5633470499,"d":"78.56"},14,37,51,{"v":12.63476193,"d":"12.63"},{"v":0.992934034,"d":"0.99"},{"v":50.63963574,"d":"50.64"},{"v":0.360364264,"d":"0.36"},1,"1_40101521_22187",{"v":12.6347619282,"d":"12.63"},0.999999999858,{"v":50.6396357328,"d":"50.64"},{"v":0.160822602,"d":"0.16"},"1_40101521_22187_245015","A",{"v":4.18008520487,"d":"4.18"},{"v":0.330840044998,"d":"0.33"},{"v":16.7536193645,"d":"16.75"}]
[4,401,40101,{"v":9598.609581,"d":"9,598.61"},206595,{"v":21.5234298499999,"d":"21.52"},"SR",101,40101642,{"v":87.4668894649999,"d":"87.47"},105,435,540,{"v":65.42945813,"d":"65.43"},{"v":0.992934034,"d":"0.99"},{"v":536.1843784,"d":"536.18"},{"v":3.815621618,"d":"3.82"},1,"1_40101642_22252",{"v":65.4294581312999,"d":"65.43"},1.00000000002,{"v":536.184378411,"d":"536.18"},{"v":0.748048302,"d":"0.75"},"1_40101642_22252_245278","F",{"v":1.50863210714,"d":"1.51"},{"v":0.0230573834818,"d":"0.02"},{"v":12.36300883,"d":"12.36"}]
[4,402,40201,{"v":2654.047046,"d":"2,654.05"},38056,{"v":14.3388566,"d":"14.34"},"SR",102,40201092,{"v":16.68444599,"d":"16.68"},19,46,65,{"v":14.70059181,"d":"14.70"},{"v":0.988126829,"d":"0.99"},{"v":64.22824389,"d":"64.23"},{"v":0.771756111,"d":"0.77"},1,"1_40201092_22347",{"v":14.7005918124,"d":"14.70"},1.00000000016,{"v":64.2282439003,"d":"64.23"},{"v":0.881095592,"d":"0.88"},"1_40201092_22347_245779","D",{"v":0.010255755785,"d":"0.01"},{"v":0.000697642374938,"d":"0.00"},{"v":0.0448083446127,"d":"0.04"}]
[4,403,40301,{"v":4588.188916,"d":"4,588.19"},62470,{"v":13.61539404,"d":"13.62"},"SR",102,40301000,{"v":14.296219775,"d":"14.30"},203,1618,1821,{"v":14.2962197799999,"d":"14.30"},{"v":0.988126829,"d":"0.99"},{"v":1821,"d":"1,821.00"},{"v":0,"d":"0.00"},1,"1_40301000_22392",{"v":14.296219775,"d":"14.30"},0.99999999965,{"v":1820.99999935999,"d":"1,821.00"},{"v":1,"d":"1.00"},"1_40301000_22392_245994","C",{"v":0.0917041467098,"d":"0.09"},{"v":0.00641457309366,"d":"0.01"},{"v":11.6809375994,"d":"11.68"}]
[4,403,40301,{"v":4588.188916,"d":"4,588.19"},62470,{"v":13.61539404,"d":"13.62"},"SR",102,40301064,{"v":58.1259891050999,"d":"58.13"},40,783,823,{"v":41.40650729,"d":"41.41"},{"v":0.988126829,"d":"0.99"},{"v":813.2283803,"d":"813.23"},{"v":9.771619681,"d":"9.77"},1,"1_40301064_22428",{"v":39.6560266498999,"d":"39.66"},0.957724503836,{"v":778.848747028,"d":"778.85"},{"v":0.712357896,"d":"0.71"},"1_40301064_22428_246257","E",{"v":0.626737941944,"d":"0.63"},{"v":0.0158043554761,"d":"0.02"},{"v":12.3092024601,"d":"12.31"}]
[4,403,40301,{"v":4588.188916,"d":"4,588.19"},62470,{"v":13.61539404,"d":"13.62"},"SR",102,40301140,{"v":291.494820385,"d":"291.49"},23,553,576,{"v":53.9488337399999,"d":"53.95"},{"v":0.988126829,"d":"0.99"},{"v":569.161053499999,"d":"569.16"},{"v":6.83894646,"d":"6.84"},1,"1_40301140_22460",{"v":1.23765418855,"d":"1.24"},0.0229412593888,{"v":13.0572713623,"d":"13.06"},{"v":0.185076475,"d":"0.19"},"1_40301140_22460_246472","G",{"v":1.23765418855,"d":"1.24"},{"v":1,"d":"1.00"},{"v":13.0572713623,"d":"13.06"}]
[4,405,40501,{"v":4249.22071099999,"d":"4,249.22"},6004,{"v":1.412964967,"d":"1.41"},"G",310,40501001,{"v":3394.33333003999,"d":"3,394.33"},145,224,369,{"v":183.203855199999,"d":"183.20"},{"v":0.967661341,"d":"0.97"},{"v":357.067034799999,"d":"357.07"},{"v":11.9329652,"d":"11.93"},1,"1_40501001_23517",{"v":1.39758933761,"d":"1.40"},0.00762860222611,{"v":2.72392237655,"d":"2.72"},{"v":0.053973443,"d":"0.05"},"1_40501001_23517_246735","außerhalb GKL",{"v":1.33568470549,"d":"1.34"},{"v":0.955706135948,"d":"0.96"},{"v":2.60326932911,"d":"2.60"}]
[4,405,40507,{"v":1457.748366,"d":"1,457.75"},2074,{"v":1.422742119,"d":"1.42"},"G",410,40507000,{"v":1457.74836634999,"d":"1,457.75"},141,677,818,{"v":153.2562569,"d":"153.26"},{"v":0.93996673,"d":"0.94"},{"v":768.892785499999,"d":"768.89"},{"v":49.1072145099999,"d":"49.11"},1,"1_40507000_23715",{"v":1.24893638632,"d":"1.25"},0.00814933374717,{"v":6.26596392483,"d":"6.27"},{"v":0.105132175,"d":"0.11"},"1_40507000_23715_247236","E",{"v":1.04378609475,"d":"1.04"},{"v":0.835739999397,"d":"0.84"},{"v":5.23671668676,"d":"5.24"}]
[4,405,40509,{"v":1332.77647499999,"d":"1,332.78"},1783,{"v":1.337808727,"d":"1.34"},"G",210,40509000,{"v":1332.77647533999,"d":"1,332.78"},141,900,1041,{"v":141.198998399999,"d":"141.20"},{"v":0.980090788,"d":"0.98"},{"v":1020.27450999999,"d":"1,020.27"},{"v":20.72548969,"d":"20.73"},1,"1_40509000_23796",{"v":21.1776757493,"d":"21.18"},0.149984603214,{"v":153.025467552,"d":"153.03"},{"v":0.105943495,"d":"0.11"},"1_40509000_23796_247451","G",{"v":0.000770537072805,"d":"0.00"},{"v":3.6384402232e-05,"d":"0.00"},{"v":0.00556774016318,"d":"0.01"}]
[4,405,40511,{"v":1744.98492,"d":"1,744.98"},2277,{"v":1.304882336,"d":"1.30"},"G",410,40511000,{"v":1744.98491149999,"d":"1,744.98"},168,311,479,{"v":164.9149671,"d":"164.91"},{"v":0.93996673,"d":"0.94"},{"v":450.2440639,"d":"450.24"},{"v":28.75593612,"d":"28.76"},1,"1_40511000_23930",{"v":2.54939536587,"d":"2.55"},0.0154588477365,{"v":6.96025442809,"d":"6.96"},{"v":0.094507962,"d":"0.09"},"1_40511000_23930_247704","G",{"v":2.14180176259,"d":"2.14"},{"v":0.840121462235,"d":"0.84"},{"v":5.84745912765,"d":"5.85"}]
[4,406,40602,{"v":3608.41634,"d":"3,608.42"},1937,{"v":0.536800584,"d":"0.54"},"G",420,40602000,{"v":3608.41633964999,"d":"3,608.42"},195,225,420,{"v":258.0551911,"d":"258.06"},{"v":0.954532045,"d":"0.95"},{"v":400.903458999999,"d":"400.90"},{"v":19.09654103,"d":"19.10"},1,"1_40602000_24019",{"v":0.708644519581,"d":"0.71"},0.00274609674217,{"v":1.10091968268,"d":"1.10"},{"v":0.071514805,"d":"0.07"},"1_40602000_24019_247930","G",{"v":0.00250986893078,"d":"0.00"},{"v":0.00354178838815,"d":"0.00"},{"v":0.0038992245484,"d":"0.00"}]
[4,406,40607,{"v":2781.24400699999,"d":"2,781.24"},2136,{"v":0.768001655,"d":"0.77"},"M",310,40607000,{"v":2781.24400740999,"d":"2,781.24"},175,595,770,{"v":157.773942,"d":"157.77"},{"v":0.967661341,"d":"0.97"},{"v":745.099232499999,"d":"745.10"},{"v":24.90076749,"d":"24.90"},1,"1_40607000_24133",{"v":0.944560650069,"d":"0.94"},0.00598679755412,{"v":4.46075826271,"d":"4.46"},{"v":0.056727832,"d":"0.06"},"1_40607000_24133_248193","außerhalb GKL",{"v":0.944560650069,"d":"0.94"},{"v":1,"d":"1.00"},{"v":4.46075826271,"d":"4.46"}]
[4,406,40615,{"v":4926.805567,"d":"4,926.81"},2987,{"v":0.606275194,"d":"0.61"},"M",420,40615000,{"v":1659.46026757999,"d":"1,659.46"},167,628,795,{"v":204.135523299999,"d":"204.14"},{"v":0.954532045,"d":"0.95"},{"v":758.8529759,"d":"758.85"},{"v":36.14702408,"d":"36.15"},1,"1_40615000_24367",{"v":52.8791817643,"d":"52.88"},0.259039587571,{"v":196.572961904,"d":"196.57"},{"v":0.123013203,"d":"0.12"},"1_40615000_24367_248694","E",{"v":0.0200901202274,"d":"0.02"},{"v":0.000379924945075,"d":"0.00"},{"v":0.0746829717546,"d":"0.07"}]
[4,406,40619,{"v":3853.98834299999,"d":"3,853.99"},1958,{"v":0.508045128,"d":"0.51"},"G",430,40619000,{"v":3853.98834272,"d":"3,853.99"},192,327,519,{"v":179.1453835,"d":"179.15"},{"v":0.945243625,"d":"0.95"},{"v":490.5814414,"d":"490.58"},{"v":28.41855861,"d":"28.42"},1,"1_40619000_24489",{"v":0.553240429283,"d":"0.55"},0.00308822040777,{"v":1.515023619,"d":"1.52"},{"v":0.046483115,"d":"0.05"},"1_40619000_24489_248909","außerhalb GKL",{"v":0.553240429283,"d":"0.55"},{"v":1,"d":"1.00"},{"v":1.515023619,"d":"1.52"}]
[4,406,40622,{"v":1142.15269499999,"d":"1,142.15"},2181,{"v":1.909552032,"d":"1.91"},"G",310,40622000,{"v":1142.15269497999,"d":"1,142.15"},136,634,770,{"v":189.4405682,"d":"189.44"},{"v":0.967661341,"d":"0.97"},{"v":745.099232499999,"d":"745.10"},{"v":24.90076749,"d":"24.90"},1,"1_40622000_24627",{"v":18.1953582896,"d":"18.20"},0.0960478447805,{"v":71.5651754291999,"d":"71.57"},{"v":0.165862734,"d":"0.17"},"1_40622000_24627_249172","E",{"v":1.02933605638,"d":"1.03"},{"v":0.0565713540782,"d":"0.06"},{"v":4.04853887887,"d":"4.05"}]
[4,406,40624,{"v":1941.28969299999,"d":"1,941.29"},4308,{"v":2.219143292,"d":"2.22"},"M",310,40624001,{"v":1221.23767799999,"d":"1,221.24"},105,37,142,{"v":118.1766206,"d":"118.18"},{"v":0.967661341,"d":"0.97"},{"v":137.407910399999,"d":"137.41"},{"v":4.59208959,"d":"4.59"},1,"1_40624001_24684",{"v":6.92958004882,"d":"6.93"},0.058637486955,{"v":8.05725455359,"d":"8.06"},{"v":0.096767912,"d":"0.10"},"1_40624001_24684_249387","E",{"v":0.508845391767,"d":"0.51"},{"v":0.0734309132995,"d":"0.07"},{"v":0.591651560557,"d":"0.59"}]
[4,407,40701,{"v":7876.912575,"d":"7,876.91"},9856,{"v":1.251251668,"d":"1.25"},"M",102,40701001,{"v":113.502979615,"d":"113.50"},62,302,364,{"v":77.97895348,"d":"77.98"},{"v":0.988126829,"d":"0.99"},{"v":359.678165799999,"d":"359.68"},{"v":4.321834221,"d":"4.32"},1,"1_40701001_24808",{"v":77.9789534815,"d":"77.98"},1.00000000002,{"v":359.678165807,"d":"359.68"},{"v":0.687021202,"d":"0.69"},"1_40701001_24808_249602","außerhalb GKL",{"v":2.97572592721,"d":"2.98"},{"v":0.0381606291743,"d":"0.04"},{"v":13.7255451075,"d":"13.73"}]
[4,407,40703,{"v":16305.55282,"d":"16,305.55"},14070,{"v":0.862896227,"d":"0.86"},"ST",220,40703013,{"v":1192.40825281,"d":"1,192.41"},114,630,744,{"v":171.911949999999,"d":"171.91"},{"v":0.99140599,"d":"0.99"},{"v":737.6060565,"d":"737.61"},{"v":6.393943511,"d":"6.39"},1,"1_40703013_24885",{"v":129.384022689,"d":"129.38"},0.752617969193,{"v":555.135572306999,"d":"555.14"},{"v":0.144172057,"d":"0.14"},"1_40703013_24885_249865","G",{"v":0.213494546243,"d":"0.21"},{"v":0.00165008431339,"d":"0.00"},{"v":0.916020499669,"d":"0.92"}]
[4,407,40708,{"v":1674.307027,"d":"1,674.31"},2828,{"v":1.689056997,"d":"1.69"},"G",310,40708000,{"v":1243.79892494999,"d":"1,243.80"},145,157,302,{"v":110.442638299999,"d":"110.44"},{"v":0.967661341,"d":"0.97"},{"v":292.233724999999,"d":"292.23"},{"v":9.766275043,"d":"9.77"},1,"1_40708000_24988",{"v":84.6034382442999,"d":"84.60"},0.766039634208,{"v":223.862615801999,"d":"223.86"},{"v":0.088794608,"d":"0.09"},"1_40708000_24988_250366","D",{"v":6.82636610315,"d":"6.83"},{"v":0.0806866274564,"d":"0.08"},{"v":18.0627194825999,"d":"18.06"}]
[4,407,40713,{"v":2778.38270499999,"d":"2,778.38"},5211,{"v":1.875551554,"d":"1.88"},"G",102,40713000,{"v":159.901728315,"d":"159.90"},73,282,355,{"v":69.5173316199999,"d":"69.52"},{"v":0.988126829,"d":"0.99"},{"v":350.785024299999,"d":"350.79"},{"v":4.214975683,"d":"4.21"},1,"1_40713000_25051",{"v":69.5173316223999,"d":"69.52"},1.00000000003,{"v":350.785024310999,"d":"350.79"},{"v":0.434750345,"d":"0.43"},"1_40713000_25051_250629","außerhalb GKL",{"v":1.42343199342,"d":"1.42"},{"v":0.0204759296739,"d":"0.02"},{"v":7.18264948845,"d":"7.18"}]
[4,407,40715,{"v":2101.62733799999,"d":"2,101.63"},1992,{"v":0.947836928,"d":"0.95"},"G",310,40715000,{"v":2101.62733762,"d":"2,101.63"},161,596,757,{"v":171.128754799999,"d":"171.13"},{"v":0.967661341,"d":"0.97"},{"v":732.519635099999,"d":"732.52"},{"v":24.48036493,"d":"24.48"},1,"1_40715000_25087",{"v":99.2266428257999,"d":"99.23"},0.579836176227,{"v":424.741384228,"d":"424.74"},{"v":0.081426784,"d":"0.08"},"1_40715000_25087_250844","F",{"v":0.0988332741737,"d":"0.10"},{"v":0.000996035654932,"d":"0.00"},{"v":0.423057562816,"d":"0.42"}]
[4,407,40719,{"v":4785.048609,"d":"4,785.05"},4871,{"v":1.017962491,"d":"1.02"},"M",410,40719001,{"v":1693.87789649,"d":"1,693.88"},126,277,403,{"v":110.9240122,"d":"110.92"},{"v":0.93996673,"d":"0.94"},{"v":378.8065924,"d":"378.81"},{"v":24.19340764,"d":"24.19"},1,"1_40719001_25128",{"v":1.32885916921,"d":"1.33"},0.0119799053681,{"v":4.53806712976,"d":"4.54"},{"v":0.065485247,"d":"0.07"},"1_40719001_25128_251059","F",{"v":0.793331745259,"d":"0.79"},{"v":0.597002123055,"d":"0.60"},{"v":2.70923571103,"d":"2.71"}]
[4,407,40720,{"v":4775.226219,"d":"4,775.23"},7524,{"v":1.575632159,"d":"1.58"},"M",410,40720003,{"v":1360.96350301999,"d":"1,360.96"},118,1756,1874,{"v":80.64204379,"d":"80.64"},{"v":0.93996673,"d":"0.94"},{"v":1761.49765299999,"d":"1,761.50"},{"v":112.5023472,"d":"112.50"},1,"1_40720003_25219",{"v":1.46031067098,"d":"1.46"},0.0181085523425,{"v":31.8981724504999,"d":"31.90"},{"v":0.059253642,"d":"0.06"},"1_40720003_25219_251322","E",{"v":0.189548213775,"d":"0.19"},{"v":0.129799923771,"d":"0.13"},{"v":4.14038035251,"d":"4.14"}]
[4,408,40809,{"v":1697.19531299999,"d":"1,697.20"},2201,{"v":1.296845439,"d":"1.30"},"M",410,40809000,{"v":193.12243297,"d":"193.12"},92,805,897,{"v":111.810716799999,"d":"111.81"},{"v":0.93996673,"d":"0.94"},{"v":843.150157199999,"d":"843.15"},{"v":53.8498427999999,"d":"53.85"},1,"1_40809000_25391",{"v":110.308421658,"d":"110.31"},0.986563943198,{"v":831.821543795,"d":"831.82"},{"v":0.578962863,"d":"0.58"},"1_40809000_25391_251823","E",{"v":30.4160795093999,"d":"30.42"},{"v":0.27573669401,"d":"0.28"},{"v":229.363722491999,"d":"229.36"}]
[4,408,40813,{"v":1266.105246,"d":"1,266.11"},1431,{"v":1.130237794,"d":"1.13"},"M",310,40813000,{"v":1266.10524620999,"d":"1,266.11"},90,180,270,{"v":103.392626199999,"d":"103.39"},{"v":0.967661341,"d":"0.97"},{"v":261.268561999999,"d":"261.27"},{"v":8.731437952,"d":"8.73"},1,"1_40813000_25493",{"v":63.2079614596,"d":"63.21"},0.611339162015,{"v":159.723703754,"d":"159.72"},{"v":0.081661952,"d":"0.08"},"1_40813000_25493_252038","E",{"v":0.022450947609,"d":"0.02"},{"v":0.000355191768419,"d":"0.00"},{"v":0.0567325447948,"d":"0.06"}]
[4,408,40817,{"v":1581.43402799999,"d":"1,581.43"},1638,{"v":1.035768784,"d":"1.04"},"M",430,40817000,{"v":1581.43402764,"d":"1,581.43"},142,452,594,{"v":97.78319,"d":"97.78"},{"v":0.945243625,"d":"0.95"},{"v":561.474713299999,"d":"561.47"},{"v":32.5252867299999,"d":"32.53"},1,"1_40817000_25657",{"v":0.746593429536,"d":"0.75"},0.00763519199502,{"v":4.28696723639,"d":"4.29"},{"v":0.061831975,"d":"0.06"},"1_40817000_25657_252301","außerhalb GKL",{"v":0.746593429536,"d":"0.75"},{"v":1,"d":"1.00"},{"v":4.28696723639,"d":"4.29"}]
[4,408,40824,{"v":3179.64876099999,"d":"3,179.65"},2131,{"v":0.670199811,"d":"0.67"},"G",430,40824000,{"v":1896.96983554999,"d":"1,896.97"},123,246,369,{"v":107.5701377,"d":"107.57"},{"v":0.945243625,"d":"0.95"},{"v":348.7948976,"d":"348.79"},{"v":20.2051023699999,"d":"20.21"},1,"1_40824000_25770",{"v":1.51101615591,"d":"1.51"},0.0140467994949,{"v":4.89945199143,"d":"4.90"},{"v":0.056706298,"d":"0.06"},"1_40824000_25770_252516","G",{"v":1.02145356336,"d":"1.02"},{"v":0.676004395694,"d":"0.68"},{"v":3.3120510827,"d":"3.31"}]
[4,408,40829,{"v":2461.387932,"d":"2,461.39"},1967,{"v":0.79914262,"d":"0.80"},"M",410,40829000,{"v":2461.34843541,"d":"2,461.35"},174,493,667,{"v":164.1745984,"d":"164.17"},{"v":0.93996673,"d":"0.94"},{"v":626.9578092,"d":"626.96"},{"v":40.0421908,"d":"40.04"},1,"1_40829000_25908",{"v":117.446976856999,"d":"117.45"},0.715378493394,{"v":448.512132967,"d":"448.51"},{"v":0.06670108,"d":"0.07"},"1_40829000_25908_252779","D",{"v":0.850306915358,"d":"0.85"},{"v":0.00723992169158,"d":"0.01"},{"v":3.2471927204,"d":"3.25"}]
[4,408,40832,{"v":1456.11857899999,"d":"1,456.12"},3067,{"v":2.106284505,"d":"2.11"},"M",310,40832000,{"v":218.258151209999,"d":"218.26"},98,473,571,{"v":138.586773899999,"d":"138.59"},{"v":0.967661341,"d":"0.97"},{"v":552.534625699999,"d":"552.53"},{"v":18.46537434,"d":"18.47"},1,"1_40832000_25970",{"v":135.557689748999,"d":"135.56"},0.978143050265,{"v":540.457904159,"d":"540.46"},{"v":0.634967231,"d":"0.63"},"1_40832000_25970_252994","F",{"v":0.368332720917,"d":"0.37"},{"v":0.00271716581773,"d":"0.00"},{"v":1.4685137431,"d":"1.47"}]
[4,409,40905,{"v":277.685627,"d":"277.69"},4559,{"v":16.4178465,"d":"16.42"},"ST",210,40905001,{"v":94.0341891399999,"d":"94.03"},60,1726,1786,{"v":77.8059338099999,"d":"77.81"},{"v":0.980090788,"d":"0.98"},{"v":1750.44214699999,"d":"1,750.44"},{"v":35.5578526199999,"d":"35.56"},1,"1_40905001_26193",{"v":77.8059338099999,"d":"77.81"},1,{"v":1750.44214699999,"d":"1,750.44"},{"v":0.827421755,"d":"0.83"},"1_40905001_26193_253495","F",{"v":0.012305866295,"d":"0.01"},{"v":1.58161025675E-4,"d":"0.00"},{"v":0.276851725354,"d":"0.28"}]
[4,409,40908,{"v":5030.92150399999,"d":"5,030.92"},5878,{"v":1.168374421,"d":"1.17"},"M",210,40908000,{"v":193.69367625,"d":"193.69"},132,685,817,{"v":159.0821184,"d":"159.08"},{"v":0.980090788,"d":"0.98"},{"v":800.7341738,"d":"800.73"},{"v":16.2658261999999,"d":"16.27"},1,"1_40908000_26301",{"v":149.924224500999,"d":"149.92"},0.942432914578,{"v":754.638241216999,"d":"754.64"},{"v":0.821307755,"d":"0.82"},"1_40908000_26301_253758","F",{"v":7.60801940297E-3,"d":"0.01"},{"v":5.0745764591E-5,"d":"0.00"},{"v":0.0382946945399,"d":"0.04"}]
[4,409,40911,{"v":1821.997413,"d":"1,822.00"},492,{"v":0.270033314,"d":"0.27"},"G",420,40911000,{"v":1821.81888499999,"d":"1,821.82"},50,60,110,{"v":1.64162693,"d":"1.64"},{"v":0.954532045,"d":"0.95"},{"v":104.998525,"d":"105.00"},{"v":5.001475031,"d":"5.00"},1,"1_40911000_26371",{"v":0.697573485959,"d":"0.70"},0.424928144886,{"v":44.6168284439999,"d":"44.62"},{"v":0.000901092,"d":"0.00"},"1_40911000_26371_253973","außerhalb GKL",{"v":0.697573485959,"d":"0.70"},{"v":1,"d":"1.00"},{"v":44.6168284439999,"d":"44.62"}]
[4,409,40912,{"v":5469.581213,"d":"5,469.58"},5321,{"v":0.972834993,"d":"0.97"},"M",410,40912002,{"v":2181.52970208999,"d":"2,181.53"},146,684,830,{"v":201.329224199999,"d":"201.33"},{"v":0.93996673,"d":"0.94"},{"v":780.172386299999,"d":"780.17"},{"v":49.8276137399999,"d":"49.83"},1,"1_40912002_26537",{"v":0.54801266689,"d":"0.55"},0.00272197277404,{"v":2.12360799457,"d":"2.12"},{"v":0.092288097,"d":"0.09"},"1_40912002_26537_254236","G",{"v":0.329574148677,"d":"0.33"},{"v":0.601398778877,"d":"0.60"},{"v":1.27713525475,"d":"1.28"}]
[4,409,40917,{"v":1839.50527499999,"d":"1,839.51"},2850,{"v":1.549329615,"d":"1.55"},"G",410,40917000,{"v":1080.97223056999,"d":"1,080.97"},138,269,407,{"v":108.817585399999,"d":"108.82"},{"v":0.93996673,"d":"0.94"},{"v":382.5664593,"d":"382.57"},{"v":24.43354072,"d":"24.43"},1,"1_40917000_26666",{"v":100.216896809999,"d":"100.22"},0.9209623283,{"v":352.329297085999,"d":"352.33"},{"v":0.100666402,"d":"0.10"},"1_40917000_26666_254451","F",{"v":2.09394718825,"d":"2.09"},{"v":0.0208941531309,"d":"0.02"},{"v":7.36162228582,"d":"7.36"}]
[4,410,41002,{"v":3133.01356799999,"d":"3,133.01"},17092,{"v":5.45545036,"d":"5.46"},"ST",101,41002010,{"v":243.340030154999,"d":"243.34"},16,659,675,{"v":80.2593593499999,"d":"80.26"},{"v":0.992934034,"d":"0.99"},{"v":670.230472999999,"d":"670.23"},{"v":4.769527023,"d":"4.77"},1,"1_41002010_26864",{"v":0.688870943989,"d":"0.69"},0.00858306058718,{"v":5.75262875713,"d":"5.75"},{"v":0.329823906,"d":"0.33"},"1_41002010_26864_254952","außerhalb GKL",{"v":0.688870943989,"d":"0.69"},{"v":1,"d":"1.00"},{"v":5.75262875713,"d":"5.75"}]
[4,410,41005,{"v":3303.859448,"d":"3,303.86"},11940,{"v":3.61395519,"d":"3.61"},"ST",103,41005003,{"v":95.2824457499999,"d":"95.28"},62,1170,1232,{"v":80.4016009999999,"d":"80.40"},{"v":0.991139192,"d":"0.99"},{"v":1221.08348399999,"d":"1,221.08"},{"v":10.91651585,"d":"10.92"},1,"1_41005003_26945",{"v":80.4016010035,"d":"80.40"},1.00000000004,{"v":1221.08348404999,"d":"1,221.08"},{"v":0.843823858,"d":"0.84"},"1_41005003_26945_255215","B",{"v":6.99341061719,"d":"6.99"},{"v":0.0869809870687,"d":"0.09"},{"v":106.211046736,"d":"106.21"}]
[4,410,41006,{"v":1787.528266,"d":"1,787.53"},1401,{"v":0.78376383,"d":"0.78"},"G",310,41006000,{"v":1787.5281353,"d":"1,787.53"},111,190,301,{"v":156.698924599999,"d":"156.70"},{"v":0.967661341,"d":"0.97"},{"v":291.266063599999,"d":"291.27"},{"v":9.733936384,"d":"9.73"},1,"1_41006000_27026",{"v":1.08898877935,"d":"1.09"},6.94956128212E-3,{"v":2.02417135839,"d":"2.02"},{"v":0.087662354,"d":"0.09"},"1_41006000_27026_255430","außerhalb GKL",{"v":1.08898877935,"d":"1.09"},{"v":1,"d":"1.00"},{"v":2.02417135839,"d":"2.02"}]
[4,410,41007,{"v":1999.03097899999,"d":"1,999.03"},6209,{"v":3.106004891,"d":"3.11"},"M",310,41007004,{"v":649.528796005,"d":"649.53"},92,722,814,{"v":154.371908899999,"d":"154.37"},{"v":0.967661341,"d":"0.97"},{"v":787.676331499999,"d":"787.68"},{"v":26.3236684899999,"d":"26.32"},1,"1_41007004_27071",{"v":89.2475048871,"d":"89.25"},0.57813306529,{"v":455.381731985999,"d":"455.38"},{"v":0.237667537,"d":"0.24"},"1_41007004_27071_255645","G",{"v":5.3747618741e-05,"d":"0.00"},{"v":6.02231052e-07,"d":"0.00"},{"v":0.000274245019437,"d":"0.00"}]
[4,410,41011,{"v":2131.21596099999,"d":"2,131.22"},3552,{"v":1.666654185,"d":"1.67"},"M",410,41011000,{"v":292.98603042,"d":"292.99"},86,354,440,{"v":139.328866,"d":"139.33"},{"v":0.93996673,"d":"0.94"},{"v":413.5853614,"d":"413.59"},{"v":26.41463861,"d":"26.41"},1,"1_41011000_27210",{"v":139.328865986,"d":"139.33"},0.9999999999,{"v":413.585361358999,"d":"413.59"},{"v":0.475547813,"d":"0.48"},"1_41011000_27210_255908","E",{"v":0.336103152745,"d":"0.34"},{"v":0.00241230092821,"d":"0.00"},{"v":0.9976923511,"d":"1.00"}]
[4,410,41012,{"v":2403.07490599999,"d":"2,403.07"},28929,{"v":12.03832637,"d":"12.04"},"ST",101,41012071,{"v":241.399324339999,"d":"241.40"},150,192,342,{"v":98.6882045699999,"d":"98.69"},{"v":0.992934034,"d":"0.99"},{"v":339.5834396,"d":"339.58"},{"v":2.416560358,"d":"2.42"},1,"1_41012071_27294",{"v":26.5852989575,"d":"26.59"},0.269386793217,{"v":91.4792938233999,"d":"91.48"},{"v":0.408817236,"d":"0.41"},"1_41012071_27294_256409","C",{"v":2.05521049291,"d":"2.06"},{"v":0.0773062772849,"d":"0.08"},{"v":7.07192365414,"d":"7.07"}]
[4,410,41014,{"v":1796.43756699999,"d":"1,796.44"},6637,{"v":3.694534183,"d":"3.69"},"M",310,41014000,{"v":103.891388484999,"d":"103.89"},93,774,867,{"v":69.33709111,"d":"69.34"},{"v":0.967661341,"d":"0.97"},{"v":838.962382599999,"d":"838.96"},{"v":28.03761742,"d":"28.04"},1,"1_41014000_27409",{"v":67.5085326449,"d":"67.51"},0.973627989928,{"v":816.837258195999,"d":"816.84"},{"v":0.667399792,"d":"0.67"},"1_41014000_27409_256672","F",{"v":1.00350552601,"d":"1.00"},{"v":0.014864869472,"d":"0.01"},{"v":12.1421792228999,"d":"12.14"}]
[4,410,41015,{"v":2077.817065,"d":"2,077.82"},2108,{"v":1.014526272,"d":"1.01"},"G",310,41015000,{"v":2077.81706509,"d":"2,077.82"},191,314,505,{"v":217.603536899999,"d":"217.60"},{"v":0.967661341,"d":"0.97"},{"v":488.668977199999,"d":"488.67"},{"v":16.3310228399999,"d":"16.33"},1,"1_41015000_27517",{"v":0.800484442574,"d":"0.80"},3.67863709376E-3,{"v":1.7976358261,"d":"1.80"},{"v":0.104726995,"d":"0.10"},"1_41015000_27517_256887","außerhalb GKL",{"v":0.800484442574,"d":"0.80"},{"v":1,"d":"1.00"},{"v":1.7976358261,"d":"1.80"}]
[4,410,41017,{"v":1247.117592,"d":"1,247.12"},7629,{"v":6.117306056,"d":"6.12"},"G",101,41017001,{"v":461.933615874999,"d":"461.93"},81,6275,6356,{"v":141.949994299999,"d":"141.95"},{"v":0.992934034,"d":"0.99"},{"v":6311.08871999999,"d":"6,311.09"},{"v":44.9112796399999,"d":"44.91"},1,"1_41017001_27595",{"v":113.630088599,"d":"113.63"},0.800493787684,{"v":5051.98731388,"d":"5,051.99"},{"v":0.307295225,"d":"0.31"},"1_41017001_27595_257102","G",{"v":0.950438096786,"d":"0.95"},{"v":0.00836431713206,"d":"0.01"},{"v":42.2564240403999,"d":"42.26"}]
[4,410,41020,{"v":3759.124409,"d":"3,759.12"},4828,{"v":1.284341638,"d":"1.28"},"G",310,41020002,{"v":950.897437664999,"d":"950.90"},104,517,621,{"v":111.720288199999,"d":"111.72"},{"v":0.967661341,"d":"0.97"},{"v":600.917692699999,"d":"600.92"},{"v":20.0823072899999,"d":"20.08"},1,"1_41020002_27817",{"v":56.0216986367,"d":"56.02"},0.501446062656,{"v":301.327810984999,"d":"301.33"},{"v":0.117489315,"d":"0.12"},"1_41020002_27817_257536","F",{"v":0.142394838167,"d":"0.14"},{"v":0.00254178008936,"d":"0.00"},{"v":0.765909030332,"d":"0.77"}]
[4,410,41021,{"v":1548.79343799999,"d":"1,548.79"},24756,{"v":15.98405533,"d":"15.98"},"ST",101,41021002,{"v":146.27478962,"d":"146.27"},35,1129,1164,{"v":57.16416963,"d":"57.16"},{"v":0.992934034,"d":"0.99"},{"v":1155.775216,"d":"1,155.78"},{"v":8.224784377,"d":"8.22"},1,"1_41021002_27833",{"v":0.715429489682,"d":"0.72"},0.0125153482385,{"v":14.4649293137,"d":"14.46"},{"v":0.390799876,"d":"0.39"},"1_41021002_27833_257581","E",{"v":0.70347014943,"d":"0.70"},{"v":0.983283691231,"d":"0.98"},{"v":14.223129089,"d":"14.22"}]
[4,411,41103,{"v":1571.360858,"d":"1,571.36"},1789,{"v":1.138503604,"d":"1.14"},"M",410,41103000,{"v":1571.36085752,"d":"1,571.36"},115,865,980,{"v":185.9244271,"d":"185.92"},{"v":0.93996673,"d":"0.94"},{"v":921.1673958,"d":"921.17"},{"v":58.8326041799999,"d":"58.83"},1,"1_41103000_27995",{"v":0.85216185123,"d":"0.85"},0.00458337758261,{"v":4.22205799174,"d":"4.22"},{"v":0.118320643,"d":"0.12"},"1_41103000_27995_258130","außerhalb GKL",{"v":0.65731173335,"d":"0.66"},{"v":0.771346115062,"d":"0.77"},{"v":3.2566680295,"d":"3.26"}]
[4,411,41107,{"v":835.068228299999,"d":"835.07"},940,{"v":1.125656525,"d":"1.13"},"M",410,41107000,{"v":835.06822834,"d":"835.07"},57,62,119,{"v":76.98714814,"d":"76.99"},{"v":0.93996673,"d":"0.94"},{"v":111.856040899999,"d":"111.86"},{"v":7.143959079,"d":"7.14"},1,"1_41107000_28071",{"v":2.56189477566,"d":"2.56"},0.033276914882,{"v":3.72222395207,"d":"3.72"},{"v":0.092192644,"d":"0.09"},"1_41107000_28071_258345","außerhalb GKL",{"v":2.56157977229,"d":"2.56"},{"v":0.999877042815,"d":"1.00"},{"v":3.72176627789,"d":"3.72"}]
[4,411,41109,{"v":1231.75683699999,"d":"1,231.76"},2502,{"v":2.031245067,"d":"2.03"},"G",310,41109001,{"v":255.605765819999,"d":"255.61"},50,393,443,{"v":83.16754776,"d":"83.17"},{"v":0.967661341,"d":"0.97"},{"v":428.673973999999,"d":"428.67"},{"v":14.32602597,"d":"14.33"},1,"1_41109001_28222",{"v":1.05603472189,"d":"1.06"},0.0126976777641,{"v":5.44316398771,"d":"5.44"},{"v":0.325374302,"d":"0.33"},"1_41109001_28222_258560","E",{"v":1.05603472189,"d":"1.06"},{"v":1,"d":"1.00"},{"v":5.44316398771,"d":"5.44"}]
[4,411,41112,{"v":2884.56300199999,"d":"2,884.56"},1716,{"v":0.594890803,"d":"0.59"},"M",410,41112000,{"v":2884.56300185,"d":"2,884.56"},145,220,365,{"v":157.8513928,"d":"157.85"},{"v":0.93996673,"d":"0.94"},{"v":343.0878566,"d":"343.09"},{"v":21.91214339,"d":"21.91"},1,"1_41112000_28299",{"v":3.69256100992,"d":"3.69"},0.0233926412965,{"v":8.02573116263,"d":"8.03"},{"v":0.05472281,"d":"0.05"},"1_41112000_28299_258823","außerhalb GKL",{"v":3.69256100992,"d":"3.69"},{"v":1,"d":"1.00"},{"v":8.02573116263,"d":"8.03"}]
[4,411,41114,{"v":3512.60097899999,"d":"3,512.60"},3708,{"v":1.055628015,"d":"1.06"},"M",410,41114000,{"v":255.469768729999,"d":"255.47"},68,287,355,{"v":87.2785524199999,"d":"87.28"},{"v":0.93996673,"d":"0.94"},{"v":333.688189299999,"d":"333.69"},{"v":21.3118106999999,"d":"21.31"},1,"1_41114000_28440",{"v":86.0312077327999,"d":"86.03"},0.985708462702,{"v":328.919272096999,"d":"328.92"},{"v":0.341639454,"d":"0.34"},"1_41114000_28440_259038","F",{"v":0.620353114314,"d":"0.62"},{"v":0.00721079164948,"d":"0.01"},{"v":2.37176834059,"d":"2.37"}]
[4,411,41117,{"v":1375.241056,"d":"1,375.24"},1006,{"v":0.73150812,"d":"0.73"},"G",420,41117000,{"v":1375.24105632999,"d":"1,375.24"},91,122,213,{"v":86.9640655799999,"d":"86.96"},{"v":0.954532045,"d":"0.95"},{"v":203.315325599999,"d":"203.32"},{"v":9.684674377,"d":"9.68"},1,"1_41117000_28658",{"v":0.603323198233,"d":"0.60"},0.00693761491266,{"v":1.41052343485,"d":"1.41"},{"v":0.063235507,"d":"0.06"},"1_41117000_28658_259539","außerhalb GKL",{"v":0.603323198234,"d":"0.60"},{"v":1,"d":"1.00"},{"v":1.41052343485,"d":"1.41"}]
[4,411,41120,{"v":708.786411899999,"d":"708.79"},4262,{"v":6.013094958,"d":"6.01"},"M",310,41120001,{"v":581.496186169999,"d":"581.50"},88,307,395,{"v":104.1672209,"d":"104.17"},{"v":0.967661341,"d":"0.97"},{"v":382.226229699999,"d":"382.23"},{"v":12.77377034,"d":"12.77"},1,"1_41120001_28815",{"v":83.9921672378,"d":"83.99"},0.806320515342,{"v":308.196850509,"d":"308.20"},{"v":0.179136551,"d":"0.18"},"1_41120001_28815_259802","E",{"v":6.5461719403,"d":"6.55"},{"v":0.0779378858241,"d":"0.08"},{"v":24.0202109463,"d":"24.02"}]
[4,411,41124,{"v":1879.54735099999,"d":"1,879.55"},5321,{"v":2.831000771,"d":"2.83"},"M",210,41124001,{"v":689.996865214999,"d":"690.00"},52,1133,1185,{"v":157.1521577,"d":"157.15"},{"v":0.980090788,"d":"0.98"},{"v":1161.407584,"d":"1,161.41"},{"v":23.59241621,"d":"23.59"},1,"1_41124001_28917",{"v":121.554633327,"d":"121.55"},0.773483705894,{"v":898.329842126,"d":"898.33"},{"v":0.227757785,"d":"0.23"},"1_41124001_28917_260017","G",{"v":0.250209681216,"d":"0.25"},{"v":0.00205841336005,"d":"0.00"},{"v":1.84913414876,"d":"1.85"}]
[4,412,41203,{"v":1597.00917099999,"d":"1,597.01"},3097,{"v":1.939249979,"d":"1.94"},"M",103,41203000,{"v":183.19980762,"d":"183.20"},55,913,968,{"v":90.29277527,"d":"90.29"},{"v":0.991139192,"d":"0.99"},{"v":959.4227375,"d":"959.42"},{"v":8.577262456,"d":"8.58"},1,"1_41203000_29029",{"v":84.9539856719,"d":"84.95"},0.940872460924,{"v":902.694432097999,"d":"902.69"},{"v":0.492865011,"d":"0.49"},"1_41203000_29029_260280","F",{"v":0.000938693738153,"d":"0.00"},{"v":1.1049437301e-05,"d":"0.00"},{"v":0.00997426552943,"d":"0.01"}]
[4,412,41209,{"v":2251.600093,"d":"2,251.60"},2267,{"v":1.006839539,"d":"1.01"},"G",310,41209000,{"v":2251.60009291999,"d":"2,251.60"},213,915,1128,{"v":211.879178899999,"d":"211.88"},{"v":0.967661341,"d":"0.97"},{"v":1091.521993,"d":"1,091.52"},{"v":36.47800745,"d":"36.48"},1,"1_41209000_29140",{"v":0.689851934077,"d":"0.69"},0.00325587411495,{"v":3.55385820291,"d":"3.55"},{"v":0.094101603,"d":"0.09"},"1_41209000_29140_260495","außerhalb GKL",{"v":0.686955226903,"d":"0.69"},{"v":0.995800972599,"d":"1.00"},{"v":3.53893545494,"d":"3.54"}]
[4,412,41224,{"v":2105.071041,"d":"2,105.07"},1563,{"v":0.742492757,"d":"0.74"},"M",410,41224000,{"v":2105.07104068999,"d":"2,105.07"},116,2381,2497,{"v":226.280227499999,"d":"226.28"},{"v":0.93996673,"d":"0.94"},{"v":2347.096926,"d":"2,347.10"},{"v":149.903074099999,"d":"149.90"},1,"1_41224000_29412",{"v":95.8414848816999,"d":"95.84"},0.42355218545,{"v":994.11803247,"d":"994.12"},{"v":0.107492917,"d":"0.11"},"1_41224000_29412_260996","außerhalb GKL",{"v":12.2791925811,"d":"12.28"},{"v":0.12811980737,"d":"0.13"},{"v":127.366210823,"d":"127.37"}]
[4,412,41228,{"v":885.4388559,"d":"885.44"},2080,{"v":2.3491176,"d":"2.35"},"M",410,41228000,{"v":885.438855859999,"d":"885.44"},115,1961,2076,{"v":178.547994999999,"d":"178.55"},{"v":0.93996673,"d":"0.94"},{"v":1951.370932,"d":"1,951.37"},{"v":124.629067599999,"d":"124.63"},1,"1_41228000_29472",{"v":162.753478066,"d":"162.75"},0.911539096622,{"v":1778.75089653,"d":"1,778.75"},{"v":0.201649153,"d":"0.20"},"1_41228000_29472_261259","G",{"v":77.0456535116999,"d":"77.05"},{"v":0.473388676096,"d":"0.47"},{"v":842.040532012999,"d":"842.04"}]
[4,412,41232,{"v":910.554204199999,"d":"910.55"},1599,{"v":1.756073381,"d":"1.76"},"G",103,41232000,{"v":910.55420418,"d":"910.55"},127,1216,1343,{"v":202.200438999999,"d":"202.20"},{"v":0.991139192,"d":"0.99"},{"v":1331.099934,"d":"1,331.10"},{"v":11.90006558,"d":"11.90"},1,"1_41232000_29614",{"v":1.12782697,"d":"1.13"},0.00557776716795,{"v":7.42456550913,"d":"7.42"},{"v":0.222063045,"d":"0.22"},"1_41232000_29614_261474","G",{"v":0.448949842088,"d":"0.45"},{"v":0.398066240682,"d":"0.40"},{"v":2.95546888092,"d":"2.96"}]
[4,413,41304,{"v":2643.74102099999,"d":"2,643.74"},2250,{"v":0.85106672,"d":"0.85"},"M",420,41304001,{"v":2533.52726858,"d":"2,533.53"},137,609,746,{"v":52.8756666,"d":"52.88"},{"v":0.954532045,"d":"0.95"},{"v":712.0809057,"d":"712.08"},{"v":33.9190942999999,"d":"33.92"},1,"1_41304001_29706",{"v":1.46329863611,"d":"1.46"},0.0276743298043,{"v":19.7063618317,"d":"19.71"},{"v":0.020870376,"d":"0.02"},"1_41304001_29706_261689","G",{"v":0.00621834905594,"d":"0.01"},{"v":0.00424954202956,"d":"0.00"},{"v":0.0837430128535,"d":"0.08"}]
[4,413,41315,{"v":2798.56343,"d":"2,798.56"},1298,{"v":0.463809391,"d":"0.46"},"G",430,41315000,{"v":2798.56343010999,"d":"2,798.56"},63,166,229,{"v":133.5523799,"d":"133.55"},{"v":0.945243625,"d":"0.95"},{"v":216.460790099999,"d":"216.46"},{"v":12.53920987,"d":"12.54"},1,"1_41315000_29820",{"v":2.25920894729,"d":"2.26"},0.016916276213,{"v":3.66171051462,"d":"3.66"},{"v":0.047721763,"d":"0.05"},"1_41315000_29820_261952","außerhalb GKL",{"v":2.2561540604,"d":"2.26"},{"v":0.998647806838,"d":"1.00"},{"v":3.6567591747,"d":"3.66"}]
[4,413,41322,{"v":2242.47936699999,"d":"2,242.48"},983,{"v":0.438354089,"d":"0.44"},"G",430,41322000,{"v":2242.47936737,"d":"2,242.48"},94,171,265,{"v":88.41138216,"d":"88.41"},{"v":0.945243625,"d":"0.95"},{"v":250.4895606,"d":"250.49"},{"v":14.51043937,"d":"14.51"},1,"1_41322000_29917",{"v":0.634302319263,"d":"0.63"},0.00717444183957,{"v":1.79712278394,"d":"1.80"},{"v":0.039425728,"d":"0.04"},"1_41322000_29917_262167","außerhalb GKL",{"v":0.634302319263,"d":"0.63"},{"v":1,"d":"1.00"},{"v":1.79712278394,"d":"1.80"}]
[4,413,41327,{"v":3115.022507,"d":"3,115.02"},1449,{"v":0.465165178,"d":"0.47"},"G",430,41327000,{"v":3115.02250695,"d":"3,115.02"},170,262,432,{"v":115.9365138,"d":"115.94"},{"v":0.945243625,"d":"0.95"},{"v":408.345245999999,"d":"408.35"},{"v":23.65475399,"d":"23.65"},1,"1_41327000_30061",{"v":1.14119839344,"d":"1.14"},0.0098433043744,{"v":4.01946654622,"d":"4.02"},{"v":0.037218516,"d":"0.04"},"1_41327000_30061_262430","außerhalb GKL",{"v":1.14119839344,"d":"1.14"},{"v":1,"d":"1.00"},{"v":4.01946654622,"d":"4.02"}]
[4,413,41342,{"v":5689.78665699999,"d":"5,689.79"},2850,{"v":0.500897515,"d":"0.50"},"M",420,41342000,{"v":607.929935265,"d":"607.93"},82,709,791,{"v":167.514905999999,"d":"167.51"},{"v":0.954532045,"d":"0.95"},{"v":755.0348477,"d":"755.03"},{"v":35.9651522699999,"d":"35.97"},1,"1_41342000_30331",{"v":129.754549585999,"d":"129.75"},0.774585096242,{"v":584.838740172,"d":"584.84"},{"v":0.275549691,"d":"0.28"},"1_41342000_30331_262931","G",{"v":10.2865872840999,"d":"10.29"},{"v":0.0792772763415,"d":"0.08"},{"v":46.3644224198,"d":"46.36"}]
[4,413,41344,{"v":3794.34830899999,"d":"3,794.35"},5219,{"v":1.375466767,"d":"1.38"},"ST",220,41344002,{"v":3005.70591642999,"d":"3,005.71"},150,316,466,{"v":120.459625799999,"d":"120.46"},{"v":0.99140599,"d":"0.99"},{"v":461.995191299999,"d":"462.00"},{"v":4.004808705,"d":"4.00"},1,"1_41344002_30397",{"v":2.7038720093,"d":"2.70"},0.0224462926175,{"v":10.3700792518,"d":"10.37"},{"v":0.040076983,"d":"0.04"},"1_41344002_30397_263146","D",{"v":0.422292723193,"d":"0.42"},{"v":0.15618073701,"d":"0.16"},{"v":1.6196066204,"d":"1.62"}]
[4,414,41403,{"v":1482.53216199999,"d":"1,482.53"},2098,{"v":1.415146365,"d":"1.42"},"G",220,41403000,{"v":1482.53216244,"d":"1,482.53"},124,347,471,{"v":196.2467709,"d":"196.25"},{"v":0.99140599,"d":"0.99"},{"v":466.952221199999,"d":"466.95"},{"v":4.047778755,"d":"4.05"},1,"1_41403000_30554",{"v":17.3008465666999,"d":"17.30"},0.0881586305209,{"v":41.1658683396999,"d":"41.17"},{"v":0.13237269,"d":"0.13"},"1_41403000_30554_263409","außerhalb GKL",{"v":0.0021793177952,"d":"0.00"},{"v":0.00012596596281,"d":"0.00"},{"v":0.00518549824032,"d":"0.01"}]
[4,414,41406,{"v":2230.89270299999,"d":"2,230.89"},1337,{"v":0.599311656,"d":"0.60"},"G",410,41406000,{"v":2230.89270317,"d":"2,230.89"},125,152,277,{"v":188.4867815,"d":"188.49"},{"v":0.93996673,"d":"0.94"},{"v":260.3707843,"d":"260.37"},{"v":16.62921567,"d":"16.63"},1,"1_41406000_30708",{"v":0.811413019195,"d":"0.81"},0.00430488022947,{"v":1.12086504166,"d":"1.12"},{"v":0.084489398,"d":"0.08"},"1_41406000_30708_263624","außerhalb GKL",{"v":0.811413019195,"d":"0.81"},{"v":1,"d":"1.00"},{"v":1.12086504166,"d":"1.12"}]
[4,414,41411,{"v":3330.283733,"d":"3,330.28"},1985,{"v":0.59604531,"d":"0.60"},"M",430,41411001,{"v":3178.19214409,"d":"3,178.19"},148,555,703,{"v":97.9484776099999,"d":"97.95"},{"v":0.945243625,"d":"0.95"},{"v":664.506268399999,"d":"664.51"},{"v":38.4937316099999,"d":"38.49"},1,"1_41411001_30893",{"v":1.18688489329,"d":"1.19"},0.012117440947,{"v":8.05211546624999,"d":"8.05"},{"v":0.030818929,"d":"0.03"},"1_41411001_30893_263887","G",{"v":1.18688489329,"d":"1.19"},{"v":1,"d":"1.00"},{"v":8.05211546624999,"d":"8.05"}]
[4,414,41418,{"v":2415.68735199999,"d":"2,415.69"},3138,{"v":1.299009161,"d":"1.30"},"M",210,41418001,{"v":1284.59002712999,"d":"1,284.59"},60,45,105,{"v":89.8224847,"d":"89.82"},{"v":0.980090788,"d":"0.98"},{"v":102.9095327,"d":"102.91"},{"v":2.09046726,"d":"2.09"},1,"1_41418001_31181",{"v":1.08700015174,"d":"1.09"},0.0121016486615,{"v":1.24537500865,"d":"1.25"},{"v":0.069923075,"d":"0.07"},"1_41418001_31181_264388","G",{"v":1.08700015174,"d":"1.09"},{"v":1,"d":"1.00"},{"v":1.24537500865,"d":"1.25"}]
[4,414,41421,{"v":1451.15215199999,"d":"1,451.15"},1103,{"v":0.760085701,"d":"0.76"},"G",430,41421000,{"v":1451.15215188,"d":"1,451.15"},81,388,469,{"v":159.907574199999,"d":"159.91"},{"v":0.945243625,"d":"0.95"},{"v":443.3192601,"d":"443.32"},{"v":25.6807398599999,"d":"25.68"},1,"1_41421000_31327",{"v":21.2341468087999,"d":"21.23"},0.132790125265,{"v":58.8684200810999,"d":"58.87"},{"v":0.110193527,"d":"0.11"},"1_41421000_31327_264603","außerhalb GKL",{"v":21.2341468087999,"d":"21.23"},{"v":1,"d":"1.00"},{"v":58.8684200810999,"d":"58.87"}]
[4,414,41425,{"v":640.811209999999,"d":"640.81"},1552,{"v":2.421930166,"d":"2.42"},"G",210,41425000,{"v":640.811210029999,"d":"640.81"},61,664,725,{"v":130.4918801,"d":"130.49"},{"v":0.980090788,"d":"0.98"},{"v":710.5658213,"d":"710.57"},{"v":14.4341787,"d":"14.43"},1,"1_41425000_31433",{"v":3.99408574472,"d":"3.99"},0.030607925502,{"v":21.7489457225999,"d":"21.75"},{"v":0.203635452,"d":"0.20"},"1_41425000_31433_264866","F",{"v":3.05962938132,"d":"3.06"},{"v":0.766039984336,"d":"0.77"},{"v":16.6605620407,"d":"16.66"}]
[4,414,41429,{"v":1652.753034,"d":"1,652.75"},1540,{"v":0.931778655,"d":"0.93"},"G",420,41429000,{"v":1652.75303441999,"d":"1,652.75"},111,319,430,{"v":136.3591628,"d":"136.36"},{"v":0.954532045,"d":"0.95"},{"v":410.448779399999,"d":"410.45"},{"v":19.55122057,"d":"19.55"},1,"1_41429000_31566",{"v":0.622679495273,"d":"0.62"},0.00456646610676,{"v":1.87430043969,"d":"1.87"},{"v":0.082504258,"d":"0.08"},"1_41429000_31566_265081","G",{"v":0.622679495273,"d":"0.62"},{"v":1,"d":"1.00"},{"v":1.87430043969,"d":"1.87"}]
[4,415,41501,{"v":1718.49805399999,"d":"1,718.50"},1874,{"v":1.090487123,"d":"1.09"},"G",410,41501000,{"v":1718.49805439,"d":"1,718.50"},171,499,670,{"v":145.500981999999,"d":"145.50"},{"v":0.93996673,"d":"0.94"},{"v":629.7777094,"d":"629.78"},{"v":40.22229061,"d":"40.22"},1,"1_41501000_31678",{"v":2.37701835137,"d":"2.38"},0.0163367856264,{"v":10.2885434308,"d":"10.29"},{"v":0.084667528,"d":"0.08"},"1_41501000_31678_265296","F",{"v":1.17241262728,"d":"1.17"},{"v":0.493228260776,"d":"0.49"},{"v":5.07460038229,"d":"5.07"}]
[4,415,41507,{"v":10800.12447,"d":"10,800.12"},2677,{"v":0.247867514,"d":"0.25"},"G",430,41507001,{"v":10289.2493080999,"d":"10,289.25"},138,63,201,{"v":86.03475469,"d":"86.03"},{"v":0.945243625,"d":"0.95"},{"v":189.993968599999,"d":"189.99"},{"v":11.00603137,"d":"11.01"},1,"1_41507001_31883",{"v":0.632870072384,"d":"0.63"},0.00735598159911,{"v":1.39759213696,"d":"1.40"},{"v":0.008361616,"d":"0.01"},"1_41507001_31883_265845","G",{"v":0.526381877816,"d":"0.53"},{"v":0.83173766747,"d":"0.83"},{"v":1.16243002407,"d":"1.16"}]
[4,415,41513,{"v":1358.93153899999,"d":"1,358.93"},1422,{"v":1.04641033,"d":"1.05"},"G",410,41513000,{"v":1358.93153931,"d":"1,358.93"},116,349,465,{"v":135.514710299999,"d":"135.51"},{"v":0.93996673,"d":"0.94"},{"v":437.084529599999,"d":"437.08"},{"v":27.91547035,"d":"27.92"},1,"1_41513000_31989",{"v":7.1588273257,"d":"7.16"},0.0528269389342,{"v":23.0898377543,"d":"23.09"},{"v":0.099721514,"d":"0.10"},"1_41513000_31989_266060","G",{"v":1.19501594318,"d":"1.20"},{"v":0.166929007896,"d":"0.17"},{"v":3.8543637088,"d":"3.85"}]
[4,415,41516,{"v":3827.77344499999,"d":"3,827.77"},9375,{"v":2.449204514,"d":"2.45"},"M",310,41516002,{"v":189.47164624,"d":"189.47"},70,252,322,{"v":110.967650399999,"d":"110.97"},{"v":0.967661341,"d":"0.97"},{"v":311.5869518,"d":"311.59"},{"v":10.41304822,"d":"10.41"},1,"1_41516002_32105",{"v":27.7242918044,"d":"27.72"},0.249841207816,{"v":77.8472603774,"d":"77.85"},{"v":0.585668899,"d":"0.59"},"1_41516002_32105_266323","E",{"v":0.305005938394,"d":"0.31"},{"v":0.0110013969174,"d":"0.01"},{"v":0.856428610344,"d":"0.86"}]
[4,415,41517,{"v":6206.70310299999,"d":"6,206.70"},3389,{"v":0.546022573,"d":"0.55"},"M",410,41517001,{"v":4409.90229328999,"d":"4,409.90"},172,530,702,{"v":94.6613852299999,"d":"94.66"},{"v":0.93996673,"d":"0.94"},{"v":659.8566448,"d":"659.86"},{"v":42.1433552399999,"d":"42.14"},1,"1_41517001_32195",{"v":1.05219523804,"d":"1.05"},0.0111153585539,{"v":7.33454320113,"d":"7.33"},{"v":0.021465642,"d":"0.02"},"1_41517001_32195_266538","außerhalb GKL",{"v":1.05219523804,"d":"1.05"},{"v":1,"d":"1.00"},{"v":7.33454320113,"d":"7.33"}]
[4,415,41521,{"v":3256.78544099999,"d":"3,256.79"},3178,{"v":0.975808833,"d":"0.98"},"M",310,41521001,{"v":1980.22408687,"d":"1,980.22"},127,276,403,{"v":134.761152199999,"d":"134.76"},{"v":0.967661341,"d":"0.97"},{"v":389.9675204,"d":"389.97"},{"v":13.0324796099999,"d":"13.03"},1,"1_41521001_32306",{"v":1.64991151934,"d":"1.65"},0.012243228055,{"v":4.7744612863,"d":"4.77"},{"v":0.068053486,"d":"0.07"},"1_41521001_32306_266753","G",{"v":0.0843682906862,"d":"0.08"},{"v":0.0511350394838,"d":"0.05"},{"v":0.244142266389,"d":"0.24"}]
[4,416,41602,{"v":3631.57175,"d":"3,631.57"},4672,{"v":1.286495303,"d":"1.29"},"M",310,41602000,{"v":2074.37038603,"d":"2,074.37"},215,539,754,{"v":204.909247499999,"d":"204.91"},{"v":0.967661341,"d":"0.97"},{"v":729.6166511,"d":"729.62"},{"v":24.3833489499999,"d":"24.38"},1,"1_41602000_32427",{"v":87.1956692082,"d":"87.20"},0.425533109277,{"v":310.476042123,"d":"310.48"},{"v":0.098781418,"d":"0.10"},"1_41602000_32427_267016","außerhalb GKL",{"v":0.0254641681499,"d":"0.03"},{"v":0.000292034780869,"d":"0.00"},{"v":0.0906698029265,"d":"0.09"}]
[4,416,41605,{"v":4098.677576,"d":"4,098.68"},8840,{"v":2.156793218,"d":"2.16"},"G",310,41605001,{"v":2089.34656278,"d":"2,089.35"},172,593,765,{"v":168.7149158,"d":"168.71"},{"v":0.967661341,"d":"0.97"},{"v":740.260925799999,"d":"740.26"},{"v":24.7390742,"d":"24.74"},1,"1_41605001_32641",{"v":1.35116086455,"d":"1.35"},0.0080085442247,{"v":5.92841236209,"d":"5.93"},{"v":0.080750087,"d":"0.08"},"1_41605001_32641_267438","F",{"v":0.45992279824,"d":"0.46"},{"v":0.340390852271,"d":"0.34"},{"v":2.01797733655,"d":"2.02"}]
[4,416,41606,{"v":3940.13084299999,"d":"3,940.13"},5395,{"v":1.369243869,"d":"1.37"},"M",310,41606001,{"v":944.689941474999,"d":"944.69"},105,318,423,{"v":196.7213409,"d":"196.72"},{"v":0.967661341,"d":"0.97"},{"v":409.3207472,"d":"409.32"},{"v":13.67925279,"d":"13.68"},1,"1_41606001_32738",{"v":124.454277235,"d":"124.45"},0.632642481317,{"v":258.953693163,"d":"258.95"},{"v":0.208239055,"d":"0.21"},"1_41606001_32738_267733","außerhalb GKL",{"v":0.0868761904109,"d":"0.09"},{"v":0.000698057088443,"d":"0.00"},{"v":0.180764461091,"d":"0.18"}]
[4,416,41609,{"v":4023.16379499999,"d":"4,023.16"},5114,{"v":1.2711389,"d":"1.27"},"M",310,41609001,{"v":3544.30715059,"d":"3,544.31"},243,193,436,{"v":108.8472675,"d":"108.85"},{"v":0.967661341,"d":"0.97"},{"v":421.900344599999,"d":"421.90"},{"v":14.09965536,"d":"14.10"},1,"1_41609001_32806",{"v":0.770868063845,"d":"0.77"},0.00708210763164,{"v":2.98794365028,"d":"2.99"},{"v":0.03071045,"d":"0.03"},"1_41609001_32806_267996","außerhalb GKL",{"v":0.770868063844,"d":"0.77"},{"v":0.999999999999,"d":"1.00"},{"v":2.98794365028,"d":"2.99"}]
[4,416,41611,{"v":1807.60204599999,"d":"1,807.60"},2325,{"v":1.286234437,"d":"1.29"},"M",310,41611000,{"v":1807.60204595999,"d":"1,807.60"},167,482,649,{"v":146.627959099999,"d":"146.63"},{"v":0.967661341,"d":"0.97"},{"v":628.012210299999,"d":"628.01"},{"v":20.98778974,"d":"20.99"},1,"1_41611000_32940",{"v":0.725036280139,"d":"0.73"},4.94473417341E-3,{"v":3.10535343759,"d":"3.11"},{"v":0.081117389,"d":"0.08"},"1_41611000_32940_268211","außerhalb GKL",{"v":0.725036280139,"d":"0.73"},{"v":1,"d":"1.00"},{"v":3.10535343759,"d":"3.11"}]
[4,416,41614,{"v":1858.777589,"d":"1,858.78"},2728,{"v":1.467631209,"d":"1.47"},"G",310,41614000,{"v":1858.77660807999,"d":"1,858.78"},238,355,593,{"v":162.570861,"d":"162.57"},{"v":0.967661341,"d":"0.97"},{"v":573.8231752,"d":"573.82"},{"v":19.1768248399999,"d":"19.18"},1,"1_41614000_33037",{"v":2.73718448892,"d":"2.74"},0.0168368702244,{"v":9.66138633259999,"d":"9.66"},{"v":0.087461215,"d":"0.09"},"1_41614000_33037_268474","G",{"v":0.158383938819,"d":"0.16"},{"v":0.0578638157056,"d":"0.06"},{"v":0.55904467821,"d":"0.56"}]
[4,416,41623,{"v":1260.40371499999,"d":"1,260.40"},1019,{"v":0.808471117,"d":"0.81"},"G",310,41623000,{"v":1260.40371522,"d":"1,260.40"},92,130,222,{"v":97.4931318499999,"d":"97.49"},{"v":0.967661341,"d":"0.97"},{"v":214.820817699999,"d":"214.82"},{"v":7.179182316,"d":"7.18"},1,"1_41623000_33200",{"v":0.667988726908,"d":"0.67"},0.00685164907755,{"v":1.47187685743,"d":"1.47"},{"v":0.077350718,"d":"0.08"},"1_41623000_33200_268975","außerhalb GKL",{"v":0.0823428382407,"d":"0.08"},{"v":0.123269802204,"d":"0.12"},{"v":0.181437969084,"d":"0.18"}]
[4,416,41626,{"v":1532.27385099999,"d":"1,532.27"},4158,{"v":2.713614147,"d":"2.71"},"M",310,41626000,{"v":100.008143064999,"d":"100.01"},85,587,672,{"v":74.55578825,"d":"74.56"},{"v":0.967661341,"d":"0.97"},{"v":650.268421099999,"d":"650.27"},{"v":21.7315788999999,"d":"21.73"},1,"1_41626000_33287",{"v":74.5557882509999,"d":"74.56"},1.00000000001,{"v":650.268421106999,"d":"650.27"},{"v":0.745497176,"d":"0.75"},"1_41626000_33287_269190","C",{"v":16.0945398683999,"d":"16.09"},{"v":0.215872439229,"d":"0.22"},{"v":140.375030218,"d":"140.38"}]
[4,416,41628,{"v":6321.753587,"d":"6,321.75"},2674,{"v":0.422983902,"d":"0.42"},"M",330,41628001,{"v":2793.87795988,"d":"2,793.88"},105,336,441,{"v":149.628079899999,"d":"149.63"},{"v":0.958718978,"d":"0.96"},{"v":422.7950692,"d":"422.80"},{"v":18.2049307899999,"d":"18.20"},1,"1_41628001_33391",{"v":1.84624873181,"d":"1.85"},0.0123389188249,{"v":5.21683403843,"d":"5.22"},{"v":0.053555696,"d":"0.05"},"1_41628001_33391_269453","F",{"v":0.00249411669944,"d":"0.00"},{"v":1.35091044693E-3,"d":"0.00"},{"v":0.00704747560242,"d":"0.01"}]
[4,417,41703,{"v":1232.562384,"d":"1,232.56"},9100,{"v":7.382993445,"d":"7.38"},"ST",102,41703002,{"v":242.86836635,"d":"242.87"},45,271,316,{"v":69.6707900499999,"d":"69.67"},{"v":0.988126829,"d":"0.99"},{"v":312.248078,"d":"312.25"},{"v":3.751922016,"d":"3.75"},1,"1_41703002_33449",{"v":11.5506448039999,"d":"11.55"},0.165788916642,{"v":51.7672705752,"d":"51.77"},{"v":0.286866466,"d":"0.29"},"1_41703002_33449_269668","G",{"v":3.17788741629,"d":"3.18"},{"v":0.275126408111,"d":"0.28"},{"v":14.2425432110999,"d":"14.24"}]
[4,417,41707,{"v":1737.17633099999,"d":"1,737.18"},1857,{"v":1.068976112,"d":"1.07"},"G",410,41707000,{"v":1737.17633088,"d":"1,737.18"},149,315,464,{"v":180.295287999999,"d":"180.30"},{"v":0.93996673,"d":"0.94"},{"v":436.144562899999,"d":"436.14"},{"v":27.85543708,"d":"27.86"},1,"1_41707000_33539",{"v":23.0998707695999,"d":"23.10"},0.128122431961,{"v":55.8799020853,"d":"55.88"},{"v":0.103786406,"d":"0.10"},"1_41707000_33539_269931","F",{"v":5.31547366256,"d":"5.32"},{"v":0.230108372275,"d":"0.23"},{"v":12.8584333117,"d":"12.86"}]
[4,417,41713,{"v":888.7706467,"d":"888.77"},5219,{"v":5.872156128,"d":"5.87"},"M",102,41713002,{"v":237.396843294999,"d":"237.40"},45,464,509,{"v":94.5565704899999,"d":"94.56"},{"v":0.988126829,"d":"0.99"},{"v":502.956555999999,"d":"502.96"},{"v":6.043444007,"d":"6.04"},1,"1_41713002_33770",{"v":33.9770216758,"d":"33.98"},0.359330097313,{"v":180.727428212,"d":"180.73"},{"v":0.39830593,"d":"0.40"},"1_41713002_33770_270432","D",{"v":0.142129327201,"d":"0.14"},{"v":0.00418310140769,"d":"0.00"},{"v":0.756001159362,"d":"0.76"}]
[4,417,41716,{"v":2359.01052799999,"d":"2,359.01"},2622,{"v":1.111482958,"d":"1.11"},"G",410,41716001,{"v":1235.25533883999,"d":"1,235.26"},83,32,115,{"v":94.8135595499999,"d":"94.81"},{"v":0.93996673,"d":"0.94"},{"v":108.096174,"d":"108.10"},{"v":6.903826001,"d":"6.90"},1,"1_41716001_33832",{"v":30.1748622624,"d":"30.17"},0.318254713836,{"v":34.4021169231,"d":"34.40"},{"v":0.076756243,"d":"0.08"},"1_41716001_33832_270647","G",{"v":0.259648302542,"d":"0.26"},{"v":0.00860478832626,"d":"0.01"},{"v":0.296022934099,"d":"0.30"}]
[4,417,41723,{"v":1289.821732,"d":"1,289.82"},1483,{"v":1.149771293,"d":"1.15"},"G",410,41723000,{"v":1289.82173162999,"d":"1,289.82"},95,392,487,{"v":135.877501899999,"d":"135.88"},{"v":0.93996673,"d":"0.94"},{"v":457.763797699999,"d":"457.76"},{"v":29.23620228,"d":"29.24"},1,"1_41723000_33983",{"v":51.8882818881999,"d":"51.89"},0.381875447831,{"v":174.808755248,"d":"174.81"},{"v":0.105345955,"d":"0.11"},"1_41723000_33983_270910","F",{"v":0.559603077797,"d":"0.56"},{"v":0.0107847679174,"d":"0.01"},{"v":1.88527185528,"d":"1.89"}]
[4,417,41731,{"v":3392.709925,"d":"3,392.71"},6691,{"v":1.972169784,"d":"1.97"},"M",102,41731001,{"v":269.630162369999,"d":"269.63"},268,468,736,{"v":122.891514599999,"d":"122.89"},{"v":0.988126829,"d":"0.99"},{"v":727.2613462,"d":"727.26"},{"v":8.738653809,"d":"8.74"},1,"1_41731001_34073",{"v":103.517360724,"d":"103.52"},0.842347505122,{"v":612.606780543,"d":"612.61"},{"v":0.455778068,"d":"0.46"},"1_41731001_34073_271125","außerhalb GKL",{"v":0.00370048030213,"d":"0.00"},{"v":3.5747436722e-05,"d":"0.00"},{"v":0.0218991221231,"d":"0.02"}]
[4,417,41732,{"v":1362.71209399999,"d":"1,362.71"},2182,{"v":1.601218635,"d":"1.60"},"G",410,41732000,{"v":1362.71209419999,"d":"1,362.71"},107,433,540,{"v":168.497668299999,"d":"168.50"},{"v":0.93996673,"d":"0.94"},{"v":507.582034399999,"d":"507.58"},{"v":32.41796557,"d":"32.42"},1,"1_41732000_34156",{"v":88.6794300884999,"d":"88.68"},0.52629470178,{"v":267.137735422999,"d":"267.14"},{"v":0.123648766,"d":"0.12"},"1_41732000_34156_271340","F",{"v":0.00332781884539,"d":"0.00"},{"v":3.7526389627e-05,"d":"0.00"},{"v":0.0100247147435,"d":"0.01"}]
[4,417,41738,{"v":263.5123146,"d":"263.51"},4407,{"v":16.72407609,"d":"16.72"},"ST",410,41738003,{"v":112.86193554,"d":"112.86"},63,600,663,{"v":82.7429613799999,"d":"82.74"},{"v":0.93996673,"d":"0.94"},{"v":623.1979423,"d":"623.20"},{"v":39.80205772,"d":"39.80"},1,"1_41738003_34282",{"v":82.7429613803,"d":"82.74"},1,{"v":623.1979423,"d":"623.20"},{"v":0.733134347,"d":"0.73"},"1_41738003_34282_271603","G",{"v":0.0122802700225,"d":"0.01"},{"v":0.000148414678634,"d":"0.00"},{"v":0.0924917223318,"d":"0.09"}]
[4,417,41746,{"v":1557.94033199999,"d":"1,557.94"},12378,{"v":7.945105309,"d":"7.95"},"ST",102,41746011,{"v":77.667607735,"d":"77.67"},34,1814,1848,{"v":70.4740040899999,"d":"70.47"},{"v":0.988126829,"d":"0.99"},{"v":1826.05837999999,"d":"1,826.06"},{"v":21.9416198899999,"d":"21.94"},1,"1_41746011_34515",{"v":70.4740040936,"d":"70.47"},1.00000000005,{"v":1826.05838008999,"d":"1,826.06"},{"v":0.907379616,"d":"0.91"},"1_41746011_34515_272104","E",{"v":0.0709058684506,"d":"0.07"},{"v":0.00100612799517,"d":"0.00"},{"v":1.83724845702,"d":"1.84"}]
[4,417,41747,{"v":2743.83429699999,"d":"2,743.83"},5108,{"v":1.861628454,"d":"1.86"},"M",410,41747002,{"v":1570.86582733999,"d":"1,570.87"},137,388,525,{"v":151.9290493,"d":"151.93"},{"v":0.93996673,"d":"0.94"},{"v":493.482533499999,"d":"493.48"},{"v":31.5174665199999,"d":"31.52"},1,"1_41747002_34582",{"v":2.75253930775,"d":"2.75"},0.0181172680303,{"v":8.94055532768999,"d":"8.94"},{"v":0.096716758,"d":"0.10"},"1_41747002_34582_272367","außerhalb GKL",{"v":2.73164743478,"d":"2.73"},{"v":0.992409963806,"d":"0.99"},{"v":8.87269618915999,"d":"8.87"}]
[4,418,41804,{"v":3213.99446099999,"d":"3,213.99"},4045,{"v":1.258558485,"d":"1.26"},"M",310,41804000,{"v":568.513037585,"d":"568.51"},93,343,436,{"v":118.2581469,"d":"118.26"},{"v":0.967661341,"d":"0.97"},{"v":421.900344599999,"d":"421.90"},{"v":14.09965536,"d":"14.10"},1,"1_41804000_34689",{"v":0.968900795202,"d":"0.97"},0.00819309976184,{"v":3.45667161286,"d":"3.46"},{"v":0.208013078,"d":"0.21"},"1_41804000_34689_272582","F",{"v":0.0788138695125,"d":"0.08"},{"v":0.0813435904922,"d":"0.08"},{"v":0.281178080142,"d":"0.28"}]
[4,418,41805,{"v":2754.903827,"d":"2,754.90"},2706,{"v":0.982248445,"d":"0.98"},"G",410,41805000,{"v":2754.90382726999,"d":"2,754.90"},288,1096,1384,{"v":256.6950544,"d":"256.70"},{"v":0.93996673,"d":"0.94"},{"v":1300.91395499999,"d":"1,300.91"},{"v":83.08604508,"d":"83.09"},1,"1_41805000_34837",{"v":1.54420392259,"d":"1.54"},0.00601571357189,{"v":7.82592573495,"d":"7.83"},{"v":0.093177501,"d":"0.09"},"1_41805000_34837_272797","außerhalb GKL",{"v":1.54420392259,"d":"1.54"},{"v":1,"d":"1.00"},{"v":7.82592573495,"d":"7.83"}]
[4,418,41808,{"v":3623.42779199999,"d":"3,623.43"},6280,{"v":1.733165489,"d":"1.73"},"M",102,41808002,{"v":2864.35594188999,"d":"2,864.36"},249,328,577,{"v":215.9160454,"d":"215.92"},{"v":0.988126829,"d":"0.99"},{"v":570.149180399999,"d":"570.15"},{"v":6.850819631,"d":"6.85"},1,"1_41808002_34944",{"v":3.7865795752,"d":"3.79"},0.0175372773625,{"v":9.99886431468,"d":"10.00"},{"v":0.075380312,"d":"0.08"},"1_41808002_34944_273060","außerhalb GKL",{"v":3.78657957521,"d":"3.79"},{"v":1,"d":"1.00"},{"v":9.99886431468,"d":"10.00"}]
[4,418,41812,{"v":2313.153702,"d":"2,313.15"},14070,{"v":6.082604882,"d":"6.08"},"ST",102,41812007,{"v":323.623736339999,"d":"323.62"},83,697,780,{"v":98.0541399699999,"d":"98.05"},{"v":0.988126829,"d":"0.99"},{"v":770.738926699999,"d":"770.74"},{"v":9.261073331,"d":"9.26"},1,"1_41812007_35089",{"v":0.886973581829,"d":"0.89"},0.00904575352046,{"v":6.97191435955,"d":"6.97"},{"v":0.302988097,"d":"0.30"},"1_41812007_35089_273561","F",{"v":1.86323503658E-4,"d":"0.00"},{"v":2.10066576362E-4,"d":"0.00"},{"v":0.0014645661802,"d":"0.00"}]
[4,418,41816,{"v":2642.19878199999,"d":"2,642.20"},2911,{"v":1.101733912,"d":"1.10"},"M",310,41816001,{"v":2245.74072244999,"d":"2,245.74"},140,358,498,{"v":111.507195499999,"d":"111.51"},{"v":0.967661341,"d":"0.97"},{"v":481.8953478,"d":"481.90"},{"v":16.1046522199999,"d":"16.10"},1,"1_41816001_35233",{"v":27.264750055,"d":"27.26"},0.244511127132,{"v":117.82877465,"d":"117.83"},{"v":0.049652747,"d":"0.05"},"1_41816001_35233_273824","außerhalb GKL",{"v":15.3751125567,"d":"15.38"},{"v":0.56391907227,"d":"0.56"},{"v":66.4458932872999,"d":"66.45"}]
[4,418,41818,{"v":765.505503399999,"d":"765.51"},1429,{"v":1.866740335,"d":"1.87"},"G",310,41818000,{"v":765.303827254999,"d":"765.30"},94,119,213,{"v":126.9715144,"d":"126.97"},{"v":0.967661341,"d":"0.97"},{"v":206.111865599999,"d":"206.11"},{"v":6.888134385,"d":"6.89"},1,"1_41818000_35332",{"v":102.675293070999,"d":"102.68"},0.808648251194,{"v":166.671999668,"d":"166.67"},{"v":0.165909943,"d":"0.17"},"1_41818000_35332_274039","F",{"v":2.28141866968,"d":"2.28"},{"v":0.0222197434402,"d":"0.02"},{"v":3.70340907129,"d":"3.70"}]
[4,418,41821,{"v":3260.81133899999,"d":"3,260.81"},2386,{"v":0.731719732,"d":"0.73"},"M",410,41821001,{"v":3079.95109504999,"d":"3,079.95"},219,216,435,{"v":195.4303424,"d":"195.43"},{"v":0.93996673,"d":"0.94"},{"v":408.8855277,"d":"408.89"},{"v":26.1144722599999,"d":"26.11"},1,"1_41821001_35431",{"v":0.829126133701,"d":"0.83"},4.24256603923E-3,{"v":1.73472385375,"d":"1.73"},{"v":0.063452417,"d":"0.06"},"1_41821001_35431_274254","außerhalb GKL",{"v":0.829126133701,"d":"0.83"},{"v":1,"d":"1.00"},{"v":1.73472385375,"d":"1.73"}]
[4,418,41823,{"v":1631.213796,"d":"1,631.21"},5530,{"v":3.390113554,"d":"3.39"},"M",102,41823002,{"v":152.378706779999,"d":"152.38"},164,1361,1525,{"v":105.5323855,"d":"105.53"},{"v":0.988126829,"d":"0.99"},{"v":1506.89341399999,"d":"1,506.89"},{"v":18.1065856799999,"d":"18.11"},1,"1_41823002_35601",{"v":105.532385528999,"d":"105.53"},1.00000000027,{"v":1506.89341441,"d":"1,506.89"},{"v":0.692566486,"d":"0.69"},"1_41823002_35601_274517","E",{"v":22.8973120867,"d":"22.90"},{"v":0.216969529988,"d":"0.22"},{"v":326.949955867,"d":"326.95"}]
[5,503,50330,{"v":9888.516621,"d":"9,888.52"},3960,{"v":0.400464514,"d":"0.40"},"G",410,50330000,{"v":1610.88450190999,"d":"1,610.88"},184,802,986,{"v":187.102128999999,"d":"187.10"},{"v":0.93996673,"d":"0.94"},{"v":926.8071962,"d":"926.81"},{"v":59.1928038,"d":"59.19"},1,"1_50330000_37009",{"v":3.52932016794,"d":"3.53"},0.0188630679234,{"v":17.4824270937999,"d":"17.48"},{"v":0.116148693,"d":"0.12"},"1_50330000_37009_274732","G",{"v":1.44750202533,"d":"1.45"},{"v":0.41013621787,"d":"0.41"},{"v":7.17017652744,"d":"7.17"}]
[9,902,90201,{"v":1923.612609,"d":"1,923.61"},105848,{"v":55.0256322299999,"d":"55.03"},"SR",101,90201080,{"v":302.93329445,"d":"302.93"},77,4212,4289,{"v":66.18775734,"d":"66.19"},{"v":0.992934034,"d":"0.99"},{"v":4258.694072,"d":"4,258.69"},{"v":30.305928,"d":"30.31"},1,"1_90201080_51906",{"v":4.91753549597,"d":"4.92"},0.0742967535629,{"v":316.407143967,"d":"316.41"},{"v":0.218489544,"d":"0.22"},"1_90201080_51906_275233","A",{"v":4.71063302128,"d":"4.71"},{"v":0.957925575756,"d":"0.96"},{"v":303.094495558,"d":"303.09"}]
[9,903,90301,{"v":739.460588,"d":"739.46"},91680,{"v":123.982266899999,"d":"123.98"},"SR",101,90301074,{"v":31.262983635,"d":"31.26"},53,6484,6537,{"v":30.83373757,"d":"30.83"},{"v":0.992934034,"d":"0.99"},{"v":6490.80978099999,"d":"6,490.81"},{"v":46.19021948,"d":"46.19"},1,"1_90301074_51981",{"v":30.8337375696,"d":"30.83"},0.999999999987,{"v":6490.80978091999,"d":"6,490.81"},{"v":0.98626983,"d":"0.99"},"1_90301074_51981_275496","C",{"v":1.20478944407,"d":"1.20"},{"v":0.0390737399691,"d":"0.04"},{"v":253.620213568999,"d":"253.62"}]
[9,905,90501,{"v":201.0391007,"d":"201.04"},55123,{"v":274.190442599999,"d":"274.19"},"SR",101,90501046,{"v":2.582502385,"d":"2.58"},87,594,681,{"v":2.582502385,"d":"2.58"},{"v":0.992934034,"d":"0.99"},{"v":681,"d":"681.00"},{"v":0,"d":"0.00"},1,"1_90501046_52070",{"v":2.58250238499,"d":"2.58"},0.999999999996,{"v":680.999999997,"d":"681.00"},{"v":1,"d":"1.00"},"1_90501046_52070_275711","A",{"v":0.947905126691,"d":"0.95"},{"v":0.367049080845,"d":"0.37"},{"v":249.960424053999,"d":"249.96"}]
[9,909,90901,{"v":296.5855025,"d":"296.59"},41884,{"v":141.2206586,"d":"141.22"},"SR",101,90901062,{"v":4.15384963998,"d":"4.15"},106,978,1084,{"v":4.15384964,"d":"4.15"},{"v":0.992934034,"d":"0.99"},{"v":1084,"d":"1,084.00"},{"v":0,"d":"0.00"},1,"1_90901062_52206",{"v":4.15384964,"d":"4.15"},1,{"v":1084,"d":"1,084.00"},{"v":1,"d":"1.00"},"1_90901062_52206_275974","B",{"v":2.2832823637E-5,"d":"0.00"},{"v":5.496786262E-6,"d":"0.00"},{"v":0.00595851630835,"d":"0.01"}]
[9,910,91001,{"v":3181.213107,"d":"3,181.21"},207193,{"v":65.13018556,"d":"65.13"},"SR",101,91001115,{"v":6.88788277998,"d":"6.89"},3,88,91,{"v":6.88788278,"d":"6.89"},{"v":0.992934034,"d":"0.99"},{"v":91,"d":"91.00"},{"v":0,"d":"0.00"},1,"1_91001115_52278",{"v":6.88788278001,"d":"6.89"},1,{"v":91,"d":"91.00"},{"v":1,"d":"1.00"},"1_91001115_52278_276189","A",{"v":6.87791610956,"d":"6.88"},{"v":0.998553013928,"d":"1.00"},{"v":90.8683242673999,"d":"90.87"}]
[9,911,91101,{"v":2324.21232499999,"d":"2,324.21"},104434,{"v":44.9330721199999,"d":"44.93"},"SR",101,91101061,{"v":65.76287507,"d":"65.76"},3,814,817,{"v":64.75532665,"d":"64.76"},{"v":0.992934034,"d":"0.99"},{"v":811.2271058,"d":"811.23"},{"v":5.772894189,"d":"5.77"},1,"1_91101061_52384",{"v":64.7553266463999,"d":"64.76"},0.999999999944,{"v":811.227105755,"d":"811.23"},{"v":0.98467907,"d":"0.98"},"1_91101061_52384_276690","A",{"v":6.27223345412,"d":"6.27"},{"v":0.0968605021232,"d":"0.10"},{"v":78.5758647993999,"d":"78.58"}]
[9,912,91201,{"v":809.8651974,"d":"809.87"},97078,{"v":119.8693317,"d":"119.87"},"SR",101,91201075,{"v":11.76593239,"d":"11.77"},65,57,122,{"v":11.76593239,"d":"11.77"},{"v":0.992934034,"d":"0.99"},{"v":122,"d":"122.00"},{"v":0,"d":"0.00"},1,"1_91201075_52448",{"v":11.76593239,"d":"11.77"},1,{"v":122,"d":"122.00"},{"v":1,"d":"1.00"},"1_91201075_52448_276953","B",{"v":9.36323400484,"d":"9.36"},{"v":0.795791926596,"d":"0.80"},{"v":97.0866150446999,"d":"97.09"}]
[9,913,91301,{"v":3769.37288699999,"d":"3,769.37"},54040,{"v":14.3366022999999,"d":"14.34"},"SR",101,91301080,{"v":30.488747965,"d":"30.49"},123,257,380,{"v":30.4887479699999,"d":"30.49"},{"v":0.992934034,"d":"0.99"},{"v":380,"d":"380.00"},{"v":0,"d":"0.00"},1,"1_91301080_52513",{"v":30.488747965,"d":"30.49"},0.999999999836,{"v":379.999999937999,"d":"380.00"},{"v":1,"d":"1.00"},"1_91301080_52513_277270","A",{"v":16.6821724618,"d":"16.68"},{"v":0.54715833136,"d":"0.55"},{"v":207.920165883,"d":"207.92"}]
[9,914,91401,{"v":3374.43752799999,"d":"3,374.44"},93634,{"v":27.74803185,"d":"27.75"},"SR",101,91401010,{"v":6.06958135502,"d":"6.07"},18,11,29,{"v":6.069581355,"d":"6.07"},{"v":0.992934034,"d":"0.99"},{"v":29,"d":"29.00"},{"v":0,"d":"0.00"},1,"1_91401010_52530",{"v":6.06958135505,"d":"6.07"},1.00000000001,{"v":29.0000000002999,"d":"29.00"},{"v":1,"d":"1.00"},"1_91401010_52530_277384","B",{"v":4.21674349078,"d":"4.22"},{"v":0.694733828268,"d":"0.69"},{"v":20.14728102,"d":"20.15"}]
[9,914,91401,{"v":3374.43752799999,"d":"3,374.44"},93634,{"v":27.74803185,"d":"27.75"},"SR",101,91401104,{"v":54.1215498199999,"d":"54.12"},169,1726,1895,{"v":40.2842530699999,"d":"40.28"},{"v":0.992934034,"d":"0.99"},{"v":1881.609995,"d":"1,881.61"},{"v":13.39000549,"d":"13.39"},1,"1_91401104_52597",{"v":1.27886495804,"d":"1.28"},0.031746026315,{"v":59.7336404157999,"d":"59.73"},{"v":0.744329259,"d":"0.74"},"1_91401104_52597_277647","A",{"v":0.291968420726,"d":"0.29"},{"v":0.228302776529,"d":"0.23"},{"v":13.6373559591,"d":"13.64"}]
[9,916,91601,{"v":866.996802499999,"d":"867.00"},103117,{"v":118.9358481,"d":"118.94"},"SR",101,91601106,{"v":3.113230235,"d":"3.11"},65,237,302,{"v":3.113230235,"d":"3.11"},{"v":0.992934034,"d":"0.99"},{"v":302,"d":"302.00"},{"v":0,"d":"0.00"},1,"1_91601106_52748",{"v":3.11323023499,"d":"3.11"},0.999999999997,{"v":301.999999999,"d":"302.00"},{"v":1,"d":"1.00"},"1_91601106_52748_278148","B",{"v":2.70181727493,"d":"2.70"},{"v":0.867850133461,"d":"0.87"},{"v":262.090740304,"d":"262.09"}]
[9,918,91801,{"v":634.4028425,"d":"634.40"},51497,{"v":81.17397425,"d":"81.17"},"SR",101,91801038,{"v":5.37299559001,"d":"5.37"},87,173,260,{"v":5.37299559,"d":"5.37"},{"v":0.992934034,"d":"0.99"},{"v":260,"d":"260.00"},{"v":0,"d":"0.00"},1,"1_91801038_52815",{"v":5.37299559003,"d":"5.37"},1.00000000001,{"v":260.000000003,"d":"260.00"},{"v":1,"d":"1.00"},"1_91801038_52815_278411","B",{"v":0.000478814373582,"d":"0.00"},{"v":8.9114976098e-05,"d":"0.00"},{"v":0.0231698937858,"d":"0.02"}]
[9,919,91901,{"v":2493.145121,"d":"2,493.15"},73901,{"v":29.64167604,"d":"29.64"},"SR",101,91901027,{"v":6.34194483502,"d":"6.34"},32,470,502,{"v":6.341944835,"d":"6.34"},{"v":0.992934034,"d":"0.99"},{"v":502,"d":"502.00"},{"v":0,"d":"0.00"},1,"1_91901027_52857",{"v":6.34194483502,"d":"6.34"},1,{"v":502,"d":"502.00"},{"v":1,"d":"1.00"},"1_91901027_52857_278626","B",{"v":1.18890574206,"d":"1.19"},{"v":0.18746705829,"d":"0.19"},{"v":94.1084632615999,"d":"94.11"}]
[9,919,91901,{"v":2493.145121,"d":"2,493.15"},73901,{"v":29.64167604,"d":"29.64"},"SR",101,91901083,{"v":10.4953027,"d":"10.50"},85,391,476,{"v":10.49344166,"d":"10.49"},{"v":0.992934034,"d":"0.99"},{"v":472.636600199999,"d":"472.64"},{"v":3.363399797,"d":"3.36"},1,"1_91901083_52892",{"v":10.4934416617,"d":"10.49"},1.00000000016,{"v":472.636600276,"d":"472.64"},{"v":0.999822679,"d":"1.00"},"1_91901083_52892_278841","B",{"v":8.40713617583,"d":"8.41"},{"v":0.801180055779,"d":"0.80"},{"v":378.667017772,"d":"378.67"}]
[9,921,92101,{"v":4441.98805199999,"d":"4,441.99"},167968,{"v":37.81369919,"d":"37.81"},"SR",101,92101010,{"v":684.995531554999,"d":"685.00"},33,123,156,{"v":66.01850159,"d":"66.02"},{"v":0.992934034,"d":"0.99"},{"v":154.8977093,"d":"154.90"},{"v":1.10229069,"d":"1.10"},1,"1_92101010_52963",{"v":25.2820321346,"d":"25.28"},0.382953740629,{"v":59.3186571912999,"d":"59.32"},{"v":0.096378003,"d":"0.10"},"1_92101010_52963_279104","F",{"v":5.65861790088,"d":"5.66"},{"v":0.223819741655,"d":"0.22"},{"v":13.2766865279,"d":"13.28"}]
[9,921,92101,{"v":4441.98805199999,"d":"4,441.99"},167968,{"v":37.81369919,"d":"37.81"},"SR",101,92101072,{"v":58.45509186,"d":"58.46"},51,1504,1555,{"v":58.45509186,"d":"58.46"},{"v":0.992934034,"d":"0.99"},{"v":1555,"d":"1,555.00"},{"v":0,"d":"0.00"},1,"1_92101072_52990",{"v":58.4550918599,"d":"58.46"},0.999999999998,{"v":1555,"d":"1,555.00"},{"v":1,"d":"1.00"},"1_92101072_52990_279319","B",{"v":4.08812059561,"d":"4.09"},{"v":0.069936090519,"d":"0.07"},{"v":108.750620756999,"d":"108.75"}]
[9,922,92201,{"v":10224.20103,"d":"10,224.20"},195230,{"v":19.09489058,"d":"19.09"},"SR",101,92201021,{"v":752.12116991,"d":"752.12"},0,31,31,{"v":51.5315117299999,"d":"51.53"},{"v":0.992934034,"d":"0.99"},{"v":30.78095506,"d":"30.78"},{"v":0.219044945,"d":"0.22"},1,"1_92201021_53077",{"v":18.1672190721,"d":"18.17"},0.35254582026,{"v":10.85169705,"d":"10.85"},{"v":0.068514907,"d":"0.07"},"1_92201021_53077_279868","D",{"v":0.0237023815052,"d":"0.02"},{"v":1.3046785758E-3,"d":"0.00"},{"v":0.0141579766522,"d":"0.01"}]
[9,922,92201,{"v":10224.20103,"d":"10,224.20"},195230,{"v":19.09489058,"d":"19.09"},"SR",101,92201070,{"v":384.420172514999,"d":"384.42"},199,3468,3667,{"v":260.824312299999,"d":"260.82"},{"v":0.992934034,"d":"0.99"},{"v":3641.08910299999,"d":"3,641.09"},{"v":25.9108971699999,"d":"25.91"},1,"1_92201070_53105",{"v":145.844315518,"d":"145.84"},0.55916687456,{"v":2035.97641371999,"d":"2,035.98"},{"v":0.678487579,"d":"0.68"},"1_92201070_53105_280083","C",{"v":0.764332441537,"d":"0.76"},{"v":0.0052407420805,"d":"0.01"},{"v":10.6700272663,"d":"10.67"}]
[9,922,92201,{"v":10224.20103,"d":"10,224.20"},195230,{"v":19.09489058,"d":"19.09"},"SR",101,92201150,{"v":30.638223175,"d":"30.64"},68,132,200,{"v":30.63822318,"d":"30.64"},{"v":0.992934034,"d":"0.99"},{"v":200,"d":"200.00"},{"v":0,"d":"0.00"},1,"1_92201150_53146",{"v":30.6382231750999,"d":"30.64"},0.99999999984,{"v":199.999999967999,"d":"200.00"},{"v":1,"d":"1.00"},"1_92201150_53146_280298","B",{"v":14.8863725467,"d":"14.89"},{"v":0.485875844093,"d":"0.49"},{"v":97.1751688030999,"d":"97.18"}]
[9,922,92201,{"v":10224.20103,"d":"10,224.20"},195230,{"v":19.09489058,"d":"19.09"},"SR",101,92201262,{"v":157.433472669999,"d":"157.43"},76,62,138,{"v":109.265405299999,"d":"109.27"},{"v":0.992934034,"d":"0.99"},{"v":137.024896699999,"d":"137.02"},{"v":0.975103302,"d":"0.98"},1,"1_92201262_53184",{"v":99.4877914089999,"d":"99.49"},0.910515008258,{"v":124.763224949999,"d":"124.76"},{"v":0.694041766,"d":"0.69"},"1_92201262_53184_280561","E",{"v":0.0301754372888,"d":"0.03"},{"v":0.000303307942225,"d":"0.00"},{"v":0.0378416770249,"d":"0.04"}]
[9,923,92301,{"v":3204.284153,"d":"3,204.28"},110464,{"v":34.4738464799999,"d":"34.47"},"SR",101,92301031,{"v":24.656181695,"d":"24.66"},43,47,90,{"v":20.8455003,"d":"20.85"},{"v":0.992934034,"d":"0.99"},{"v":89.36406306,"d":"89.36"},{"v":0.635936936,"d":"0.64"},1,"1_92301031_53214",{"v":20.8455002996999,"d":"20.85"},0.999999999986,{"v":89.3640630586999,"d":"89.36"},{"v":0.845447221,"d":"0.85"},"1_92301031_53214_280776","B",{"v":0.027304024536,"d":"0.03"},{"v":0.00130982821921,"d":"0.00"},{"v":0.117051571578,"d":"0.12"}]
[2,203,20305,{"v":20535.02271,"d":"20,535.02"},6886,{"v":0.335329554,"d":"0.34"},"ST",430,20305030,{"v":3161.83559866999,"d":"3,161.84"},75,249,324,{"v":124.5110621,"d":"124.51"},{"v":0.945243625,"d":"0.95"},{"v":306.2589345,"d":"306.26"},{"v":17.74106549,"d":"17.74"},0,"0_20305030_487",{"v":3037.32453660999,"d":"3,037.32"},0,{"v":17.74106549,"d":"17.74"},{"v":0.03937936,"d":"0.04"},"0_20305030_487_281277","F",{"v":0.072184506617,"d":"0.07"},{"v":2.3765819473E-5,"d":"0.00"},{"v":0.000421630959689,"d":"0.00"}]
[5,502,50201,{"v":18691.87758,"d":"18,691.88"},5886,{"v":0.314896135,"d":"0.31"},"M",430,50201002,{"v":12030.3604383,"d":"12,030.36"},226,741,967,{"v":91.8998625899999,"d":"91.90"},{"v":0.945243625,"d":"0.95"},{"v":914.0505854,"d":"914.05"},{"v":52.9494145999999,"d":"52.95"},0,"0_50201002_4248",{"v":11938.4605757,"d":"11,938.46"},0,{"v":52.9494145999999,"d":"52.95"},{"v":7.638995E-3,"d":"0.01"},"0_50201002_4248_281540","G",{"v":38.8965839608,"d":"38.90"},{"v":0.0032580904141,"d":"0.00"},{"v":0.17251398014,"d":"0.17"}]
[5,502,50208,{"v":638.8929851,"d":"638.89"},4437,{"v":6.944825039,"d":"6.94"},"M",101,50208001,{"v":475.897787489999,"d":"475.90"},94,310,404,{"v":95.6771467399999,"d":"95.68"},{"v":0.992934034,"d":"0.99"},{"v":401.1453498,"d":"401.15"},{"v":2.854650248,"d":"2.85"},0,"0_50208001_4274",{"v":380.220640747,"d":"380.22"},0,{"v":2.854650248,"d":"2.85"},{"v":0.20104558,"d":"0.20"},"0_50208001_4274_281755","F",{"v":0.00349001718127,"d":"0.00"},{"v":9.178926148e-06,"d":"0.00"},{"v":2.6202623804e-05,"d":"0.00"}]
[2,206,20637,{"v":8133.06947,"d":"8,133.07"},2039,{"v":0.250704855,"d":"0.25"},"M",410,20637001,{"v":7881.36943017999,"d":"7,881.37"},96,28,124,{"v":62.97627707,"d":"62.98"},{"v":0.93996673,"d":"0.94"},{"v":116.555874599999,"d":"116.56"},{"v":7.444125427,"d":"7.44"},1,"1_20637001_10116",{"v":4.94097578782,"d":"4.94"},0.0784577307155,{"v":9.14470942268,"d":"9.14"},{"v":0.007990525,"d":"0.01"},"1_20637001_10116_282018","außerhalb GKL",{"v":4.94097578782,"d":"4.94"},{"v":1,"d":"1.00"},{"v":9.14470942268,"d":"9.14"}]
[5,502,50205,{"v":2699.01415099999,"d":"2,699.01"},21314,{"v":7.896957485,"d":"7.90"},"ST",101,50205021,{"v":111.092180235,"d":"111.09"},74,398,472,{"v":96.2257818399999,"d":"96.23"},{"v":0.992934034,"d":"0.99"},{"v":468.664864099999,"d":"468.66"},{"v":3.335135933,"d":"3.34"},1,"1_50205021_36053",{"v":96.2257818374999,"d":"96.23"},0.999999999974,{"v":468.664864088,"d":"468.66"},{"v":0.866179614,"d":"0.87"},"1_50205021_36053_282233","G",{"v":12.7806893833,"d":"12.78"},{"v":0.13281980296,"d":"0.13"},{"v":62.2479749024,"d":"62.25"}]
[3,318,31810,{"v":1960.759657,"d":"1,960.76"},5912,{"v":3.015157916,"d":"3.02"},"ST",410,31810005,{"v":1036.97150058,"d":"1,036.97"},54,139,193,{"v":98.3974771,"d":"98.40"},{"v":0.93996673,"d":"0.94"},{"v":181.413578999999,"d":"181.41"},{"v":11.58642103,"d":"11.59"},0,"0_31810005_2379",{"v":938.57402347,"d":"938.57"},0,{"v":11.58642103,"d":"11.59"},{"v":0.094889278,"d":"0.09"},"0_31810005_2379_282734","F",{"v":5.55597179878,"d":"5.56"},{"v":0.00591958829016,"d":"0.01"},{"v":0.0685868422541,"d":"0.07"}]
[4,407,40703,{"v":16305.55282,"d":"16,305.55"},14070,{"v":0.862896227,"d":"0.86"},"ST",220,40703011,{"v":210.08262396,"d":"210.08"},81,1049,1130,{"v":142.1756732,"d":"142.18"},{"v":0.99140599,"d":"0.99"},{"v":1120.288769,"d":"1,120.29"},{"v":9.711231408,"d":"9.71"},0,"0_40703011_3413",{"v":67.9069507444,"d":"67.91"},0,{"v":9.711231408,"d":"9.71"},{"v":0.676760746,"d":"0.68"},"0_40703011_3413_282997","G",{"v":0.12801525219,"d":"0.13"},{"v":1.88515683279E-3,"d":"0.00"},{"v":0.0183071942436,"d":"0.02"}]
[4,409,40915,{"v":6750.10445499999,"d":"6,750.10"},1912,{"v":0.283254876,"d":"0.28"},"G",430,40915000,{"v":6750.10445519,"d":"6,750.10"},192,362,554,{"v":163.4982788,"d":"163.50"},{"v":0.945243625,"d":"0.95"},{"v":523.6649683,"d":"523.66"},{"v":30.33503174,"d":"30.34"},0,"0_40915000_3558",{"v":6586.60617637999,"d":"6,586.61"},0,{"v":30.33503174,"d":"30.34"},{"v":0.024221592,"d":"0.02"},"0_40915000_3558_283212","außerhalb GKL",{"v":0.410178838987,"d":"0.41"},{"v":6.2274687146e-05,"d":"0.00"},{"v":1.88910461117E-3,"d":"0.00"}]
[6,612,61258,{"v":25568.01825,"d":"25,568.02"},2685,{"v":0.105014005,"d":"0.11"},"G",430,61258004,{"v":5797.71018309999,"d":"5,797.71"},54,48,102,{"v":44.0794367199999,"d":"44.08"},{"v":0.945243625,"d":"0.95"},{"v":96.41484975,"d":"96.41"},{"v":5.585150247,"d":"5.59"},0,"0_61258004_5104",{"v":5753.63074638,"d":"5,753.63"},0,{"v":5.585150247,"d":"5.59"},{"v":0.007602904,"d":"0.01"},"0_61258004_5104_283475","außerhalb GKL",{"v":0.0368117845279,"d":"0.04"},{"v":6.398009561e-06,"d":"0.00"},{"v":3.5733844682e-05,"d":"0.00"}]
[2,206,20619,{"v":26205.02689,"d":"26,205.03"},1936,{"v":0.073878955,"d":"0.07"},"G",410,20619001,{"v":26085.5900800999,"d":"26,085.59"},140,82,222,{"v":145.8986819,"d":"145.90"},{"v":0.93996673,"d":"0.94"},{"v":208.672614199999,"d":"208.67"},{"v":13.32738584,"d":"13.33"},1,"1_20619001_9821",{"v":0.603070316806,"d":"0.60"},0.00413348708126,{"v":0.862545555008,"d":"0.86"},{"v":0.005593076,"d":"0.01"},"1_20619001_9821_283690","außerhalb GKL",{"v":0.603070316805,"d":"0.60"},{"v":0.999999999998,"d":"1.00"},{"v":0.862545555006,"d":"0.86"}]
[3,318,31832,{"v":3778.996317,"d":"3,779.00"},1902,{"v":0.503308244,"d":"0.50"},"M",410,31832000,{"v":1210.85092117999,"d":"1,210.85"},108,336,444,{"v":142.9341305,"d":"142.93"},{"v":0.93996673,"d":"0.94"},{"v":417.345228299999,"d":"417.35"},{"v":26.65477169,"d":"26.65"},1,"1_31832000_17779",{"v":64.8020883228,"d":"64.80"},0.453370290889,{"v":189.211927556,"d":"189.21"},{"v":0.118044367,"d":"0.12"},"1_31832000_17779_283905","F",{"v":0.556308566469,"d":"0.56"},{"v":0.0085847320799,"d":"0.01"},{"v":1.62433370439,"d":"1.62"}]
[4,407,40703,{"v":16305.55282,"d":"16,305.55"},14070,{"v":0.862896227,"d":"0.86"},"ST",220,40703014,{"v":1377.12536025,"d":"1,377.13"},208,617,825,{"v":174.3535544,"d":"174.35"},{"v":0.99140599,"d":"0.99"},{"v":817.909941699999,"d":"817.91"},{"v":7.090058329,"d":"7.09"},1,"1_40703014_24890",{"v":44.0210888363,"d":"44.02"},0.252481740265,{"v":206.50732546,"d":"206.51"},{"v":0.126606887,"d":"0.13"},"1_40703014_24890_284168","F",{"v":0.0124865338197,"d":"0.01"},{"v":0.000283648908961,"d":"0.00"},{"v":0.0585755775592,"d":"0.06"}]
[4,404,40402,{"v":3146.12109999999,"d":"3,146.12"},2613,{"v":0.830546542,"d":"0.83"},"M",410,40402002,{"v":2877.71740515,"d":"2,877.72"},140,242,382,{"v":124.0299799,"d":"124.03"},{"v":0.93996673,"d":"0.94"},{"v":359.067291,"d":"359.07"},{"v":22.93270898,"d":"22.93"},0,"0_40402002_3253",{"v":2753.68742526999,"d":"2,753.69"},0,{"v":22.93270898,"d":"22.93"},{"v":0.043100125,"d":"0.04"},"0_40402002_3253_284669","G",{"v":8.75793532480999,"d":"8.76"},{"v":0.00318043916112,"d":"0.00"},{"v":0.0729360857106,"d":"0.07"}]
[4,417,41719,{"v":2119.058379,"d":"2,119.06"},1692,{"v":0.798467856,"d":"0.80"},"G",410,41719000,{"v":2119.05837871999,"d":"2,119.06"},149,339,488,{"v":175.6670047,"d":"175.67"},{"v":0.93996673,"d":"0.94"},{"v":458.7037644,"d":"458.70"},{"v":29.2962355499999,"d":"29.30"},0,"0_41719000_3994",{"v":1943.39137406,"d":"1,943.39"},0,{"v":29.2962355499999,"d":"29.30"},{"v":0.082898615,"d":"0.08"},"0_41719000_3994_284884","C",{"v":1.34185907577,"d":"1.34"},{"v":0.000690472898913,"d":"0.00"},{"v":0.0202282566874,"d":"0.02"}]
[4,417,41742,{"v":3826.97445,"d":"3,826.97"},3994,{"v":1.043644281,"d":"1.04"},"G",410,41742001,{"v":3040.610005,"d":"3,040.61"},177,155,332,{"v":129.786367,"d":"129.79"},{"v":0.93996673,"d":"0.94"},{"v":312.0689545,"d":"312.07"},{"v":19.9310455,"d":"19.93"},0,"0_41742001_4033",{"v":2910.82363797,"d":"2,910.82"},0,{"v":19.9310455,"d":"19.93"},{"v":0.042684319,"d":"0.04"},"0_41742001_4033_285147","F",{"v":2.13793058285,"d":"2.14"},{"v":0.000734476165083,"d":"0.00"},{"v":0.0146388778649,"d":"0.01"}]
[5,503,50335,{"v":4452.427886,"d":"4,452.43"},7628,{"v":1.713222582,"d":"1.71"},"M",410,50335001,{"v":1897.72974649,"d":"1,897.73"},148,108,256,{"v":119.0835899,"d":"119.08"},{"v":0.93996673,"d":"0.94"},{"v":240.631483,"d":"240.63"},{"v":15.36851701,"d":"15.37"},0,"0_50335001_4350",{"v":1778.64615658,"d":"1,778.65"},0,{"v":15.36851701,"d":"15.37"},{"v":0.062750552,"d":"0.06"},"0_50335001_4350_285362","außerhalb GKL",{"v":0.491885883253,"d":"0.49"},{"v":0.000276550724512,"d":"0.00"},{"v":0.00425017451379,"d":"0.00"}]
[4,417,41735,{"v":2355.982366,"d":"2,355.98"},2519,{"v":1.069193062,"d":"1.07"},"G",410,41735000,{"v":2355.98236588,"d":"2,355.98"},281,611,892,{"v":240.262145299999,"d":"240.26"},{"v":0.93996673,"d":"0.94"},{"v":838.450323499999,"d":"838.45"},{"v":53.54967646,"d":"53.55"},1,"1_41735000_34193",{"v":1.09569393663,"d":"1.10"},0.00456041019388,{"v":3.82367740235,"d":"3.82"},{"v":0.101979603,"d":"0.10"},"1_41735000_34193_285625","außerhalb GKL",{"v":1.09569393663,"d":"1.10"},{"v":1,"d":"1.00"},{"v":3.82367740235,"d":"3.82"}]
[4,412,41213,{"v":3959.359851,"d":"3,959.36"},2236,{"v":0.564737757,"d":"0.56"},"M",410,41213001,{"v":2416.76013202,"d":"2,416.76"},64,49,113,{"v":15.33630153,"d":"15.34"},{"v":0.93996673,"d":"0.94"},{"v":106.216240499999,"d":"106.22"},{"v":6.783759461,"d":"6.78"},0,"0_41213001_3727",{"v":2401.42383049,"d":"2,401.42"},0,{"v":6.783759461,"d":"6.78"},{"v":0.00634581,"d":"0.01"},"0_41213001_3727_286126","G",{"v":18.3691772596,"d":"18.37"},{"v":0.00764928582217,"d":"0.01"},{"v":0.051890915066,"d":"0.05"}]
[6,612,61264,{"v":12979.13915,"d":"12,979.14"},1798,{"v":0.138529989,"d":"0.14"},"M",430,61264001,{"v":6858.08802377,"d":"6,858.09"},53,137,190,{"v":53.63000247,"d":"53.63"},{"v":0.945243625,"d":"0.95"},{"v":179.596288799999,"d":"179.60"},{"v":10.40371124,"d":"10.40"},0,"0_61264001_5122",{"v":6804.45802129999,"d":"6,804.46"},0,{"v":10.40371124,"d":"10.40"},{"v":0.007819964,"d":"0.01"},"0_61264001_5122_286341","F",{"v":0.0474219623598,"d":"0.05"},{"v":6.969249015e-06,"d":"0.00"},{"v":7.2506054308e-05,"d":"0.00"}]
[4,407,40707,{"v":23017.4280199999,"d":"23,017.43"},2060,{"v":0.089497402,"d":"0.09"},"G",410,40707001,{"v":22851.0000849999,"d":"22,851.00"},122,184,306,{"v":138.041598499999,"d":"138.04"},{"v":0.93996673,"d":"0.94"},{"v":287.629819499999,"d":"287.63"},{"v":18.3701804899999,"d":"18.37"},1,"1_40707001_24965",{"v":25.2022310235,"d":"25.20"},0.182569828931,{"v":52.5125269416,"d":"52.51"},{"v":6.040943E-3,"d":"0.01"},"1_40707001_24965_286604","außerhalb GKL",{"v":1.93396837484,"d":"1.93"},{"v":0.0767379829602,"d":"0.08"},{"v":4.02970539764,"d":"4.03"}]
[4,412,41226,{"v":1832.448679,"d":"1,832.45"},568,{"v":0.309967753,"d":"0.31"},"G",410,41226000,{"v":1832.44867872999,"d":"1,832.45"},87,104,191,{"v":75.10374754,"d":"75.10"},{"v":0.93996673,"d":"0.94"},{"v":179.5336455,"d":"179.53"},{"v":11.46635449,"d":"11.47"},1,"1_41226000_29447",{"v":1.75448153166,"d":"1.75"},0.0233607721203,{"v":4.19404458045,"d":"4.19"},{"v":0.040985458,"d":"0.04"},"1_41226000_29447_286815","außerhalb GKL",{"v":1.75448153166,"d":"1.75"},{"v":1,"d":"1.00"},{"v":4.19404458045,"d":"4.19"}]
[4,417,41742,{"v":3826.97445,"d":"3,826.97"},3994,{"v":1.043644281,"d":"1.04"},"G",410,41742000,{"v":786.364445355,"d":"786.36"},220,778,998,{"v":192.2385891,"d":"192.24"},{"v":0.93996673,"d":"0.94"},{"v":938.086797,"d":"938.09"},{"v":59.9132030299999,"d":"59.91"},1,"1_41742000_34361",{"v":0.677893068718,"d":"0.68"},3.52631109025E-3,{"v":3.30798587588,"d":"3.31"},{"v":0.244465006,"d":"0.24"},"1_41742000_34361_287028","G",{"v":0.0483902208149,"d":"0.05"},{"v":0.0713832653672,"d":"0.07"},{"v":0.236134833609,"d":"0.24"}]
[4,417,41742,{"v":3826.97445,"d":"3,826.97"},3994,{"v":1.043644281,"d":"1.04"},"G",410,41742000,{"v":786.364445355,"d":"786.36"},220,778,998,{"v":192.2385891,"d":"192.24"},{"v":0.93996673,"d":"0.94"},{"v":938.086797,"d":"938.09"},{"v":59.9132030299999,"d":"59.91"},1,"1_41742000_34362",{"v":2.01818407274,"d":"2.02"},0.0104983296132,{"v":9.8483444007,"d":"9.85"},{"v":0.244465006,"d":"0.24"},"1_41742000_34362_287029","F",{"v":0.494433883151,"d":"0.49"},{"v":0.244989488238,"d":"0.24"},{"v":2.41274085472,"d":"2.41"}]
[4,417,41742,{"v":3826.97445,"d":"3,826.97"},3994,{"v":1.043644281,"d":"1.04"},"G",410,41742000,{"v":786.364445355,"d":"786.36"},220,778,998,{"v":192.2385891,"d":"192.24"},{"v":0.93996673,"d":"0.94"},{"v":938.086797,"d":"938.09"},{"v":59.9132030299999,"d":"59.91"},1,"1_41742000_34362",{"v":2.01818407274,"d":"2.02"},0.0104983296132,{"v":9.8483444007,"d":"9.85"},{"v":0.244465006,"d":"0.24"},"1_41742000_34362_287030","G",{"v":0.243161511341,"d":"0.24"},{"v":0.12048529895,"d":"0.12"},{"v":1.18658071928,"d":"1.19"}]
[4,417,41742,{"v":3826.97445,"d":"3,826.97"},3994,{"v":1.043644281,"d":"1.04"},"G",410,41742000,{"v":786.364445355,"d":"786.36"},220,778,998,{"v":192.2385891,"d":"192.24"},{"v":0.93996673,"d":"0.94"},{"v":938.086797,"d":"938.09"},{"v":59.9132030299999,"d":"59.91"},1,"1_41742000_34362",{"v":2.01818407274,"d":"2.02"},0.0104983296132,{"v":9.8483444007,"d":"9.85"},{"v":0.244465006,"d":"0.24"},"1_41742000_34362_287031","G",{"v":1.28058867825,"d":"1.28"},{"v":0.634525212812,"d":"0.63"},{"v":6.2490228267,"d":"6.25"}]
[4,417,41742,{"v":3826.97445,"d":"3,826.97"},3994,{"v":1.043644281,"d":"1.04"},"G",410,41742000,{"v":786.364445355,"d":"786.36"},220,778,998,{"v":192.2385891,"d":"192.24"},{"v":0.93996673,"d":"0.94"},{"v":938.086797,"d":"938.09"},{"v":59.9132030299999,"d":"59.91"},1,"1_41742000_34363",{"v":0.833756473674,"d":"0.83"},0.0043370921394,{"v":4.06856887334,"d":"4.07"},{"v":0.244465006,"d":"0.24"},"1_41742000_34363_287032","G",{"v":0.833756473674,"d":"0.83"},{"v":1,"d":"1.00"},{"v":4.06856887334,"d":"4.07"}]
[4,417,41742,{"v":3826.97445,"d":"3,826.97"},3994,{"v":1.043644281,"d":"1.04"},"G",410,41742000,{"v":786.364445355,"d":"786.36"},220,778,998,{"v":192.2385891,"d":"192.24"},{"v":0.93996673,"d":"0.94"},{"v":938.086797,"d":"938.09"},{"v":59.9132030299999,"d":"59.91"},1,"1_41742000_34364",{"v":1.00859191891,"d":"1.01"},0.00524656326096,{"v":4.92173172473,"d":"4.92"},{"v":0.244465006,"d":"0.24"},"1_41742000_34364_287033","außerhalb GKL",{"v":1.00859191891,"d":"1.01"},{"v":1,"d":"1.00"},{"v":4.92173172473,"d":"4.92"}]
[4,417,41742,{"v":3826.97445,"d":"3,826.97"},3994,{"v":1.043644281,"d":"1.04"},"G",410,41742000,{"v":786.364445355,"d":"786.36"},220,778,998,{"v":192.2385891,"d":"192.24"},{"v":0.93996673,"d":"0.94"},{"v":938.086797,"d":"938.09"},{"v":59.9132030299999,"d":"59.91"},1,"1_41742000_34365",{"v":0.746350428511,"d":"0.75"},3.88241732321E-3,{"v":3.64204443135,"d":"3.64"},{"v":0.244465006,"d":"0.24"},"1_41742000_34365_287034","außerhalb GKL",{"v":0.746350428511,"d":"0.75"},{"v":1,"d":"1.00"},{"v":3.64204443135,"d":"3.64"}]
[4,417,41742,{"v":3826.97445,"d":"3,826.97"},3994,{"v":1.043644281,"d":"1.04"},"G",410,41742000,{"v":786.364445355,"d":"786.36"},220,778,998,{"v":192.2385891,"d":"192.24"},{"v":0.93996673,"d":"0.94"},{"v":938.086797,"d":"938.09"},{"v":59.9132030299999,"d":"59.91"},1,"1_41742000_34366",{"v":0.684065570957,"d":"0.68"},0.00355841963968,{"v":3.33810648217,"d":"3.34"},{"v":0.244465006,"d":"0.24"},"1_41742000_34366_287035","außerhalb GKL",{"v":0.684065570957,"d":"0.68"},{"v":1,"d":"1.00"},{"v":3.33810648217,"d":"3.34"}]
[4,417,41742,{"v":3826.97445,"d":"3,826.97"},3994,{"v":1.043644281,"d":"1.04"},"G",410,41742000,{"v":786.364445355,"d":"786.36"},220,778,998,{"v":192.2385891,"d":"192.24"},{"v":0.93996673,"d":"0.94"},{"v":938.086797,"d":"938.09"},{"v":59.9132030299999,"d":"59.91"},1,"1_41742000_34367",{"v":0.564456333234,"d":"0.56"},0.00293622802725,{"v":2.75443674534,"d":"2.75"},{"v":0.244465006,"d":"0.24"},"1_41742000_34367_287036","außerhalb GKL",{"v":0.564456333233,"d":"0.56"},{"v":0.999999999998,"d":"1.00"},{"v":2.75443674533,"d":"2.75"}]
[4,417,41742,{"v":3826.97445,"d":"3,826.97"},3994,{"v":1.043644281,"d":"1.04"},"G",410,41742000,{"v":786.364445355,"d":"786.36"},220,778,998,{"v":192.2385891,"d":"192.24"},{"v":0.93996673,"d":"0.94"},{"v":938.086797,"d":"938.09"},{"v":59.9132030299999,"d":"59.91"},1,"1_41742000_34368",{"v":0.99967378724,"d":"1.00"},0.0052001723063,{"v":4.87821298267,"d":"4.88"},{"v":0.244465006,"d":"0.24"},"1_41742000_34368_287037","außerhalb GKL",{"v":0.999673787241,"d":"1.00"},{"v":1,"d":"1.00"},{"v":4.87821298267,"d":"4.88"}]
[4,417,41742,{"v":3826.97445,"d":"3,826.97"},3994,{"v":1.043644281,"d":"1.04"},"G",410,41742000,{"v":786.364445355,"d":"786.36"},220,778,998,{"v":192.2385891,"d":"192.24"},{"v":0.93996673,"d":"0.94"},{"v":938.086797,"d":"938.09"},{"v":59.9132030299999,"d":"59.91"},1,"1_41742000_34369",{"v":0.563393081596,"d":"0.56"},0.00293069713128,{"v":2.74924828486,"d":"2.75"},{"v":0.244465006,"d":"0.24"},"1_41742000_34369_287038","außerhalb GKL",{"v":0.563393081595,"d":"0.56"},{"v":0.999999999998,"d":"1.00"},{"v":2.74924828485,"d":"2.75"}]
[4,417,41742,{"v":3826.97445,"d":"3,826.97"},3994,{"v":1.043644281,"d":"1.04"},"G",410,41742000,{"v":786.364445355,"d":"786.36"},220,778,998,{"v":192.2385891,"d":"192.24"},{"v":0.93996673,"d":"0.94"},{"v":938.086797,"d":"938.09"},{"v":59.9132030299999,"d":"59.91"},1,"1_41742000_34370",{"v":0.731387095609,"d":"0.73"},0.00380458002232,{"v":3.56902628707,"d":"3.57"},{"v":0.244465006,"d":"0.24"},"1_41742000_34370_287039","außerhalb GKL",{"v":0.731387095608,"d":"0.73"},{"v":0.999999999999,"d":"1.00"},{"v":3.56902628707,"d":"3.57"}]
[4,417,41742,{"v":3826.97445,"d":"3,826.97"},3994,{"v":1.043644281,"d":"1.04"},"G",410,41742000,{"v":786.364445355,"d":"786.36"},220,778,998,{"v":192.2385891,"d":"192.24"},{"v":0.93996673,"d":"0.94"},{"v":938.086797,"d":"938.09"},{"v":59.9132030299999,"d":"59.91"},1,"1_41742000_34371",{"v":0.57551849918,"d":"0.58"},2.99377196782E-3,{"v":2.80841795624,"d":"2.81"},{"v":0.244465006,"d":"0.24"},"1_41742000_34371_287040","außerhalb GKL",{"v":0.57551849918,"d":"0.58"},{"v":1,"d":"1.00"},{"v":2.80841795624,"d":"2.81"}]
[4,417,41742,{"v":3826.97445,"d":"3,826.97"},3994,{"v":1.043644281,"d":"1.04"},"G",410,41742000,{"v":786.364445355,"d":"786.36"},220,778,998,{"v":192.2385891,"d":"192.24"},{"v":0.93996673,"d":"0.94"},{"v":938.086797,"d":"938.09"},{"v":59.9132030299999,"d":"59.91"},1,"1_41742000_34373",{"v":0.734743611929,"d":"0.73"},0.00382204018126,{"v":3.58540543164,"d":"3.59"},{"v":0.244465006,"d":"0.24"},"1_41742000_34373_287041","außerhalb GKL",{"v":0.734743611929,"d":"0.73"},{"v":1,"d":"1.00"},{"v":3.58540543164,"d":"3.59"}]
[4,417,41742,{"v":3826.97445,"d":"3,826.97"},3994,{"v":1.043644281,"d":"1.04"},"G",410,41742000,{"v":786.364445355,"d":"786.36"},220,778,998,{"v":192.2385891,"d":"192.24"},{"v":0.93996673,"d":"0.94"},{"v":938.086797,"d":"938.09"},{"v":59.9132030299999,"d":"59.91"},1,"1_41742000_34374",{"v":0.987103383225,"d":"0.99"},0.00513478270854,{"v":4.81687186435,"d":"4.82"},{"v":0.244465006,"d":"0.24"},"1_41742000_34374_287042","außerhalb GKL",{"v":0.987103383226,"d":"0.99"},{"v":1,"d":"1.00"},{"v":4.81687186435,"d":"4.82"}]
[4,417,41742,{"v":3826.97445,"d":"3,826.97"},3994,{"v":1.043644281,"d":"1.04"},"G",410,41742000,{"v":786.364445355,"d":"786.36"},220,778,998,{"v":192.2385891,"d":"192.24"},{"v":0.93996673,"d":"0.94"},{"v":938.086797,"d":"938.09"},{"v":59.9132030299999,"d":"59.91"},1,"1_41742000_34375",{"v":0.590654147907,"d":"0.59"},0.00307250563309,{"v":2.88227696811,"d":"2.88"},{"v":0.244465006,"d":"0.24"},"1_41742000_34375_287043","außerhalb GKL",{"v":0.590654147907,"d":"0.59"},{"v":1,"d":"1.00"},{"v":2.88227696811,"d":"2.88"}]
[4,417,41742,{"v":3826.97445,"d":"3,826.97"},3994,{"v":1.043644281,"d":"1.04"},"G",410,41742000,{"v":786.364445355,"d":"786.36"},220,778,998,{"v":192.2385891,"d":"192.24"},{"v":0.93996673,"d":"0.94"},{"v":938.086797,"d":"938.09"},{"v":59.9132030299999,"d":"59.91"},1,"1_41742000_34376",{"v":0.509819319378,"d":"0.51"},0.00265201342647,{"v":2.48781878084,"d":"2.49"},{"v":0.244465006,"d":"0.24"},"1_41742000_34376_287044","außerhalb GKL",{"v":0.509819319378,"d":"0.51"},{"v":1,"d":"1.00"},{"v":2.48781878084,"d":"2.49"}]
[4,417,41742,{"v":3826.97445,"d":"3,826.97"},3994,{"v":1.043644281,"d":"1.04"},"G",410,41742000,{"v":786.364445355,"d":"786.36"},220,778,998,{"v":192.2385891,"d":"192.24"},{"v":0.93996673,"d":"0.94"},{"v":938.086797,"d":"938.09"},{"v":59.9132030299999,"d":"59.91"},1,"1_41742000_34377",{"v":0.595696132885,"d":"0.60"},0.00309873337957,{"v":2.9068808708,"d":"2.91"},{"v":0.244465006,"d":"0.24"},"1_41742000_34377_287045","außerhalb GKL",{"v":0.595696132885,"d":"0.60"},{"v":1,"d":"1.00"},{"v":2.9068808708,"d":"2.91"}]
[4,417,41742,{"v":3826.97445,"d":"3,826.97"},3994,{"v":1.043644281,"d":"1.04"},"G",410,41742000,{"v":786.364445355,"d":"786.36"},220,778,998,{"v":192.2385891,"d":"192.24"},{"v":0.93996673,"d":"0.94"},{"v":938.086797,"d":"938.09"},{"v":59.9132030299999,"d":"59.91"},1,"1_41742000_34378",{"v":0.640283808158,"d":"0.64"},3.33067263527E-3,{"v":3.12446002428,"d":"3.12"},{"v":0.244465006,"d":"0.24"},"1_41742000_34378_287046","außerhalb GKL",{"v":0.640283808157,"d":"0.64"},{"v":0.999999999998,"d":"1.00"},{"v":3.12446002427,"d":"3.12"}]
[4,417,41742,{"v":3826.97445,"d":"3,826.97"},3994,{"v":1.043644281,"d":"1.04"},"G",410,41742000,{"v":786.364445355,"d":"786.36"},220,778,998,{"v":192.2385891,"d":"192.24"},{"v":0.93996673,"d":"0.94"},{"v":938.086797,"d":"938.09"},{"v":59.9132030299999,"d":"59.91"},1,"1_41742000_34380",{"v":1.60527915679,"d":"1.61"},0.00835045223909,{"v":7.83344899447,"d":"7.83"},{"v":0.244465006,"d":"0.24"},"1_41742000_34380_287047","außerhalb GKL",{"v":1.60527915679,"d":"1.61"},{"v":1,"d":"1.00"},{"v":7.83344899447,"d":"7.83"}]
[4,417,41742,{"v":3826.97445,"d":"3,826.97"},3994,{"v":1.043644281,"d":"1.04"},"G",410,41742000,{"v":786.364445355,"d":"786.36"},220,778,998,{"v":192.2385891,"d":"192.24"},{"v":0.93996673,"d":"0.94"},{"v":938.086797,"d":"938.09"},{"v":59.9132030299999,"d":"59.91"},1,"1_41742000_34381",{"v":0.631918556819,"d":"0.63"},3.28715769179E-3,{"v":3.08363923033,"d":"3.08"},{"v":0.244465006,"d":"0.24"},"1_41742000_34381_287048","außerhalb GKL",{"v":0.631918556818,"d":"0.63"},{"v":0.999999999998,"d":"1.00"},{"v":3.08363923032,"d":"3.08"}]
[4,417,41742,{"v":3826.97445,"d":"3,826.97"},3994,{"v":1.043644281,"d":"1.04"},"G",410,41742000,{"v":786.364445355,"d":"786.36"},220,778,998,{"v":192.2385891,"d":"192.24"},{"v":0.93996673,"d":"0.94"},{"v":938.086797,"d":"938.09"},{"v":59.9132030299999,"d":"59.91"},1,"1_41742000_34383",{"v":23.2476811229,"d":"23.25"},0.120931396926,{"v":113.444146798999,"d":"113.44"},{"v":0.244465006,"d":"0.24"},"1_41742000_34383_287049","außerhalb GKL",{"v":23.2476811229,"d":"23.25"},{"v":1,"d":"1.00"},{"v":113.444146798999,"d":"113.44"}]
[4,417,41742,{"v":3826.97445,"d":"3,826.97"},3994,{"v":1.043644281,"d":"1.04"},"G",410,41742000,{"v":786.364445355,"d":"786.36"},220,778,998,{"v":192.2385891,"d":"192.24"},{"v":0.93996673,"d":"0.94"},{"v":938.086797,"d":"938.09"},{"v":59.9132030299999,"d":"59.91"},1,"1_41742000_34384",{"v":0.912596087146,"d":"0.91"},4.74720549822E-3,{"v":4.45329080053,"d":"4.45"},{"v":0.244465006,"d":"0.24"},"1_41742000_34384_287050","außerhalb GKL",{"v":0.00268304646294,"d":"0.00"},{"v":2.94001530439E-3,"d":"0.00"},{"v":0.0130927431085,"d":"0.01"}]
[4,417,41742,{"v":3826.97445,"d":"3,826.97"},3994,{"v":1.043644281,"d":"1.04"},"G",410,41742000,{"v":786.364445355,"d":"786.36"},220,778,998,{"v":192.2385891,"d":"192.24"},{"v":0.93996673,"d":"0.94"},{"v":938.086797,"d":"938.09"},{"v":59.9132030299999,"d":"59.91"},1,"1_41742000_34384",{"v":0.912596087146,"d":"0.91"},4.74720549822E-3,{"v":4.45329080053,"d":"4.45"},{"v":0.244465006,"d":"0.24"},"1_41742000_34384_287051","F",{"v":0.0376946036544,"d":"0.04"},{"v":0.0413048052532,"d":"0.04"},{"v":0.183942309252,"d":"0.18"}]
[4,417,41742,{"v":3826.97445,"d":"3,826.97"},3994,{"v":1.043644281,"d":"1.04"},"G",410,41742000,{"v":786.364445355,"d":"786.36"},220,778,998,{"v":192.2385891,"d":"192.24"},{"v":0.93996673,"d":"0.94"},{"v":938.086797,"d":"938.09"},{"v":59.9132030299999,"d":"59.91"},1,"1_41742000_34384",{"v":0.912596087146,"d":"0.91"},4.74720549822E-3,{"v":4.45329080053,"d":"4.45"},{"v":0.244465006,"d":"0.24"},"1_41742000_34384_287052","G",{"v":0.872218437004,"d":"0.87"},{"v":0.955755179415,"d":"0.96"},{"v":4.25625574805,"d":"4.26"}]
[4,417,41742,{"v":3826.97445,"d":"3,826.97"},3994,{"v":1.043644281,"d":"1.04"},"G",410,41742000,{"v":786.364445355,"d":"786.36"},220,778,998,{"v":192.2385891,"d":"192.24"},{"v":0.93996673,"d":"0.94"},{"v":938.086797,"d":"938.09"},{"v":59.9132030299999,"d":"59.91"},1,"1_41742000_34385",{"v":0.513367148731,"d":"0.51"},0.00267046877078,{"v":2.50513149567,"d":"2.51"},{"v":0.244465006,"d":"0.24"},"1_41742000_34385_287053","F",{"v":0.492195775182,"d":"0.49"},{"v":0.958759781179,"d":"0.96"},{"v":2.40181932461,"d":"2.40"}]
[4,417,41742,{"v":3826.97445,"d":"3,826.97"},3994,{"v":1.043644281,"d":"1.04"},"G",410,41742000,{"v":786.364445355,"d":"786.36"},220,778,998,{"v":192.2385891,"d":"192.24"},{"v":0.93996673,"d":"0.94"},{"v":938.086797,"d":"938.09"},{"v":59.9132030299999,"d":"59.91"},1,"1_41742000_34385",{"v":0.513367148731,"d":"0.51"},0.00267046877078,{"v":2.50513149567,"d":"2.51"},{"v":0.244465006,"d":"0.24"},"1_41742000_34385_287054","G",{"v":0.0211713735512,"d":"0.02"},{"v":0.0412402188249,"d":"0.04"},{"v":0.103312171067,"d":"0.10"}]
[4,417,41742,{"v":3826.97445,"d":"3,826.97"},3994,{"v":1.043644281,"d":"1.04"},"G",410,41742000,{"v":786.364445355,"d":"786.36"},220,778,998,{"v":192.2385891,"d":"192.24"},{"v":0.93996673,"d":"0.94"},{"v":938.086797,"d":"938.09"},{"v":59.9132030299999,"d":"59.91"},1,"1_41742000_34386",{"v":65.4478678002,"d":"65.45"},0.340451249183,{"v":319.372821880999,"d":"319.37"},{"v":0.244465006,"d":"0.24"},"1_41742000_34386_287055","E",{"v":7.54855972031,"d":"7.55"},{"v":0.115336984596,"d":"0.12"},{"v":36.8354982377,"d":"36.84"}]
[4,417,41742,{"v":3826.97445,"d":"3,826.97"},3994,{"v":1.043644281,"d":"1.04"},"G",410,41742000,{"v":786.364445355,"d":"786.36"},220,778,998,{"v":192.2385891,"d":"192.24"},{"v":0.93996673,"d":"0.94"},{"v":938.086797,"d":"938.09"},{"v":59.9132030299999,"d":"59.91"},1,"1_41742000_34386",{"v":65.4478678002,"d":"65.45"},0.340451249183,{"v":319.372821880999,"d":"319.37"},{"v":0.244465006,"d":"0.24"},"1_41742000_34386_287056","E",{"v":9.73028915615,"d":"9.73"},{"v":0.148672362954,"d":"0.15"},{"v":47.4819120923,"d":"47.48"}]
[4,417,41742,{"v":3826.97445,"d":"3,826.97"},3994,{"v":1.043644281,"d":"1.04"},"G",410,41742000,{"v":786.364445355,"d":"786.36"},220,778,998,{"v":192.2385891,"d":"192.24"},{"v":0.93996673,"d":"0.94"},{"v":938.086797,"d":"938.09"},{"v":59.9132030299999,"d":"59.91"},1,"1_41742000_34387",{"v":18.5666612781,"d":"18.57"},0.0965813438656,{"v":90.6016835167999,"d":"90.60"},{"v":0.244465006,"d":"0.24"},"1_41742000_34387_287057","außerhalb GKL",{"v":0.00641491643381,"d":"0.01"},{"v":0.000345507269063,"d":"0.00"},{"v":0.0313035402444,"d":"0.03"}]
[4,417,41742,{"v":3826.97445,"d":"3,826.97"},3994,{"v":1.043644281,"d":"1.04"},"G",410,41742000,{"v":786.364445355,"d":"786.36"},220,778,998,{"v":192.2385891,"d":"192.24"},{"v":0.93996673,"d":"0.94"},{"v":938.086797,"d":"938.09"},{"v":59.9132030299999,"d":"59.91"},1,"1_41742000_34387",{"v":18.5666612781,"d":"18.57"},0.0965813438656,{"v":90.6016835167999,"d":"90.60"},{"v":0.244465006,"d":"0.24"},"1_41742000_34387_287058","außerhalb GKL",{"v":0.0223891542454,"d":"0.02"},{"v":0.00120587939372,"d":"0.00"},{"v":0.109254703189,"d":"0.11"}]
[4,417,41742,{"v":3826.97445,"d":"3,826.97"},3994,{"v":1.043644281,"d":"1.04"},"G",410,41742000,{"v":786.364445355,"d":"786.36"},220,778,998,{"v":192.2385891,"d":"192.24"},{"v":0.93996673,"d":"0.94"},{"v":938.086797,"d":"938.09"},{"v":59.9132030299999,"d":"59.91"},1,"1_41742000_34387",{"v":18.5666612781,"d":"18.57"},0.0965813438656,{"v":90.6016835167999,"d":"90.60"},{"v":0.244465006,"d":"0.24"},"1_41742000_34387_287059","außerhalb GKL",{"v":13.9282504064,"d":"13.93"},{"v":0.750175284494,"d":"0.75"},{"v":67.9671437078999,"d":"67.97"}]
[4,417,41742,{"v":3826.97445,"d":"3,826.97"},3994,{"v":1.043644281,"d":"1.04"},"G",410,41742000,{"v":786.364445355,"d":"786.36"},220,778,998,{"v":192.2385891,"d":"192.24"},{"v":0.93996673,"d":"0.94"},{"v":938.086797,"d":"938.09"},{"v":59.9132030299999,"d":"59.91"},1,"1_41742000_34387",{"v":18.5666612781,"d":"18.57"},0.0965813438656,{"v":90.6016835167999,"d":"90.60"},{"v":0.244465006,"d":"0.24"},"1_41742000_34387_287060","G",{"v":4.60960680102,"d":"4.61"},{"v":0.248273328843,"d":"0.25"},{"v":22.4939815655,"d":"22.49"}]
[4,417,41742,{"v":3826.97445,"d":"3,826.97"},3994,{"v":1.043644281,"d":"1.04"},"G",410,41742000,{"v":786.364445355,"d":"786.36"},220,778,998,{"v":192.2385891,"d":"192.24"},{"v":0.93996673,"d":"0.94"},{"v":938.086797,"d":"938.09"},{"v":59.9132030299999,"d":"59.91"},1,"1_41742000_34388",{"v":3.16788422266,"d":"3.17"},0.016478919438,{"v":15.4586567536,"d":"15.46"},{"v":0.244465006,"d":"0.24"},"1_41742000_34388_287061","außerhalb GKL",{"v":2.94203677387,"d":"2.94"},{"v":0.928707164493,"d":"0.93"},{"v":14.3565652805,"d":"14.36"}]
[4,417,41742,{"v":3826.97445,"d":"3,826.97"},3994,{"v":1.043644281,"d":"1.04"},"G",410,41742000,{"v":786.364445355,"d":"786.36"},220,778,998,{"v":192.2385891,"d":"192.24"},{"v":0.93996673,"d":"0.94"},{"v":938.086797,"d":"938.09"},{"v":59.9132030299999,"d":"59.91"},1,"1_41742000_34388",{"v":3.16788422266,"d":"3.17"},0.016478919438,{"v":15.4586567536,"d":"15.46"},{"v":0.244465006,"d":"0.24"},"1_41742000_34388_287062","G",{"v":0.225847448781,"d":"0.23"},{"v":0.0712928355037,"d":"0.07"},{"v":1.10209147304,"d":"1.10"}]
[4,417,41742,{"v":3826.97445,"d":"3,826.97"},3994,{"v":1.043644281,"d":"1.04"},"G",410,41742000,{"v":786.364445355,"d":"786.36"},220,778,998,{"v":192.2385891,"d":"192.24"},{"v":0.93996673,"d":"0.94"},{"v":938.086797,"d":"938.09"},{"v":59.9132030299999,"d":"59.91"},1,"1_41742000_34389",{"v":20.3261677988999,"d":"20.33"},0.105734066683,{"v":99.1877319484,"d":"99.19"},{"v":0.244465006,"d":"0.24"},"1_41742000_34389_287063","außerhalb GKL",{"v":0.0536339304726,"d":"0.05"},{"v":2.63866415958E-3,"d":"0.00"},{"v":0.261723113362,"d":"0.26"}]
[4,417,41742,{"v":3826.97445,"d":"3,826.97"},3994,{"v":1.043644281,"d":"1.04"},"G",410,41742000,{"v":786.364445355,"d":"786.36"},220,778,998,{"v":192.2385891,"d":"192.24"},{"v":0.93996673,"d":"0.94"},{"v":938.086797,"d":"938.09"},{"v":59.9132030299999,"d":"59.91"},1,"1_41742000_34389",{"v":20.3261677988999,"d":"20.33"},0.105734066683,{"v":99.1877319484,"d":"99.19"},{"v":0.244465006,"d":"0.24"},"1_41742000_34389_287064","außerhalb GKL",{"v":2.93991429571,"d":"2.94"},{"v":0.144636919502,"d":"0.14"},{"v":14.3462080014,"d":"14.35"}]
[4,417,41742,{"v":3826.97445,"d":"3,826.97"},3994,{"v":1.043644281,"d":"1.04"},"G",410,41742000,{"v":786.364445355,"d":"786.36"},220,778,998,{"v":192.2385891,"d":"192.24"},{"v":0.93996673,"d":"0.94"},{"v":938.086797,"d":"938.09"},{"v":59.9132030299999,"d":"59.91"},1,"1_41742000_34389",{"v":20.3261677988999,"d":"20.33"},0.105734066683,{"v":99.1877319484,"d":"99.19"},{"v":0.244465006,"d":"0.24"},"1_41742000_34389_287065","außerhalb GKL",{"v":1.87175011368,"d":"1.87"},{"v":0.0920857355995,"d":"0.09"},{"v":9.13377525890999,"d":"9.13"}]
[4,417,41742,{"v":3826.97445,"d":"3,826.97"},3994,{"v":1.043644281,"d":"1.04"},"G",410,41742000,{"v":786.364445355,"d":"786.36"},220,778,998,{"v":192.2385891,"d":"192.24"},{"v":0.93996673,"d":"0.94"},{"v":938.086797,"d":"938.09"},{"v":59.9132030299999,"d":"59.91"},1,"1_41742000_34389",{"v":20.3261677988999,"d":"20.33"},0.105734066683,{"v":99.1877319484,"d":"99.19"},{"v":0.244465006,"d":"0.24"},"1_41742000_34389_287066","F",{"v":0.00444373040918,"d":"0.00"},{"v":2.1862116131E-4,"d":"0.00"},{"v":0.0216845371463,"d":"0.02"}]
[4,417,41742,{"v":3826.97445,"d":"3,826.97"},3994,{"v":1.043644281,"d":"1.04"},"G",410,41742000,{"v":786.364445355,"d":"786.36"},220,778,998,{"v":192.2385891,"d":"192.24"},{"v":0.93996673,"d":"0.94"},{"v":938.086797,"d":"938.09"},{"v":59.9132030299999,"d":"59.91"},1,"1_41742000_34389",{"v":20.3261677988999,"d":"20.33"},0.105734066683,{"v":99.1877319484,"d":"99.19"},{"v":0.244465006,"d":"0.24"},"1_41742000_34389_287067","F",{"v":0.000241104535629,"d":"0.00"},{"v":1.1861780244E-5,"d":"0.00"},{"v":1.17654307925E-3,"d":"0.00"}]
[4,417,41742,{"v":3826.97445,"d":"3,826.97"},3994,{"v":1.043644281,"d":"1.04"},"G",410,41742000,{"v":786.364445355,"d":"786.36"},220,778,998,{"v":192.2385891,"d":"192.24"},{"v":0.93996673,"d":"0.94"},{"v":938.086797,"d":"938.09"},{"v":59.9132030299999,"d":"59.91"},1,"1_41742000_34389",{"v":20.3261677988999,"d":"20.33"},0.105734066683,{"v":99.1877319484,"d":"99.19"},{"v":0.244465006,"d":"0.24"},"1_41742000_34389_287068","F",{"v":4.08468130257E-3,"d":"0.00"},{"v":0.00020095678354,"d":"0.00"},{"v":0.019932447579,"d":"0.02"}]
[4,417,41742,{"v":3826.97445,"d":"3,826.97"},3994,{"v":1.043644281,"d":"1.04"},"G",410,41742000,{"v":786.364445355,"d":"786.36"},220,778,998,{"v":192.2385891,"d":"192.24"},{"v":0.93996673,"d":"0.94"},{"v":938.086797,"d":"938.09"},{"v":59.9132030299999,"d":"59.91"},1,"1_41742000_34389",{"v":20.3261677988999,"d":"20.33"},0.105734066683,{"v":99.1877319484,"d":"99.19"},{"v":0.244465006,"d":"0.24"},"1_41742000_34389_287069","F",{"v":0.0165704776083,"d":"0.02"},{"v":0.00081522881107,"d":"0.00"},{"v":0.080860696789,"d":"0.08"}]
[4,417,41742,{"v":3826.97445,"d":"3,826.97"},3994,{"v":1.043644281,"d":"1.04"},"G",410,41742000,{"v":786.364445355,"d":"786.36"},220,778,998,{"v":192.2385891,"d":"192.24"},{"v":0.93996673,"d":"0.94"},{"v":938.086797,"d":"938.09"},{"v":59.9132030299999,"d":"59.91"},1,"1_41742000_34389",{"v":20.3261677988999,"d":"20.33"},0.105734066683,{"v":99.1877319484,"d":"99.19"},{"v":0.244465006,"d":"0.24"},"1_41742000_34389_287070","F",{"v":0.0292401451588,"d":"0.03"},{"v":0.00143854687456,"d":"0.00"},{"v":0.142686201789,"d":"0.14"}]
[4,417,41742,{"v":3826.97445,"d":"3,826.97"},3994,{"v":1.043644281,"d":"1.04"},"G",410,41742000,{"v":786.364445355,"d":"786.36"},220,778,998,{"v":192.2385891,"d":"192.24"},{"v":0.93996673,"d":"0.94"},{"v":938.086797,"d":"938.09"},{"v":59.9132030299999,"d":"59.91"},1,"1_41742000_34389",{"v":20.3261677988999,"d":"20.33"},0.105734066683,{"v":99.1877319484,"d":"99.19"},{"v":0.244465006,"d":"0.24"},"1_41742000_34389_287071","G",{"v":0.0212775208886,"d":"0.02"},{"v":0.00104680435088,"d":"0.00"},{"v":0.103830149358,"d":"0.10"}]
[4,417,41742,{"v":3826.97445,"d":"3,826.97"},3994,{"v":1.043644281,"d":"1.04"},"G",410,41742000,{"v":786.364445355,"d":"786.36"},220,778,998,{"v":192.2385891,"d":"192.24"},{"v":0.93996673,"d":"0.94"},{"v":938.086797,"d":"938.09"},{"v":59.9132030299999,"d":"59.91"},1,"1_41742000_34389",{"v":20.3261677988999,"d":"20.33"},0.105734066683,{"v":99.1877319484,"d":"99.19"},{"v":0.244465006,"d":"0.24"},"1_41742000_34389_287072","G",{"v":0.0103235385226,"d":"0.01"},{"v":0.000507893992844,"d":"0.00"},{"v":0.0503768532204,"d":"0.05"}]
[4,417,41742,{"v":3826.97445,"d":"3,826.97"},3994,{"v":1.043644281,"d":"1.04"},"G",410,41742000,{"v":786.364445355,"d":"786.36"},220,778,998,{"v":192.2385891,"d":"192.24"},{"v":0.93996673,"d":"0.94"},{"v":938.086797,"d":"938.09"},{"v":59.9132030299999,"d":"59.91"},1,"1_41742000_34389",{"v":20.3261677988999,"d":"20.33"},0.105734066683,{"v":99.1877319484,"d":"99.19"},{"v":0.244465006,"d":"0.24"},"1_41742000_34389_287073","G",{"v":15.3746882605999,"d":"15.37"},{"v":0.756398766984,"d":"0.76"},{"v":75.0254781457,"d":"75.03"}]
[4,417,41742,{"v":3826.97445,"d":"3,826.97"},3994,{"v":1.043644281,"d":"1.04"},"G",410,41742000,{"v":786.364445355,"d":"786.36"},220,778,998,{"v":192.2385891,"d":"192.24"},{"v":0.93996673,"d":"0.94"},{"v":938.086797,"d":"938.09"},{"v":59.9132030299999,"d":"59.91"},1,"1_41742000_34390",{"v":37.9152564020999,"d":"37.92"},0.197230205338,{"v":185.019051596999,"d":"185.02"},{"v":0.244465006,"d":"0.24"},"1_41742000_34390_287074","außerhalb GKL",{"v":11.4996545546999,"d":"11.50"},{"v":0.303298873486,"d":"0.30"},{"v":56.1160699228,"d":"56.12"}]
[4,417,41742,{"v":3826.97445,"d":"3,826.97"},3994,{"v":1.043644281,"d":"1.04"},"G",410,41742000,{"v":786.364445355,"d":"786.36"},220,778,998,{"v":192.2385891,"d":"192.24"},{"v":0.93996673,"d":"0.94"},{"v":938.086797,"d":"938.09"},{"v":59.9132030299999,"d":"59.91"},1,"1_41742000_34390",{"v":37.9152564020999,"d":"37.92"},0.197230205338,{"v":185.019051596999,"d":"185.02"},{"v":0.244465006,"d":"0.24"},"1_41742000_34390_287075","E",{"v":0.00198335006647,"d":"0.00"},{"v":5.2310079231e-05,"d":"0.00"},{"v":0.00967836124834,"d":"0.01"}]
[4,417,41742,{"v":3826.97445,"d":"3,826.97"},3994,{"v":1.043644281,"d":"1.04"},"G",410,41742000,{"v":786.364445355,"d":"786.36"},220,778,998,{"v":192.2385891,"d":"192.24"},{"v":0.93996673,"d":"0.94"},{"v":938.086797,"d":"938.09"},{"v":59.9132030299999,"d":"59.91"},1,"1_41742000_34390",{"v":37.9152564020999,"d":"37.92"},0.197230205338,{"v":185.019051596999,"d":"185.02"},{"v":0.244465006,"d":"0.24"},"1_41742000_34390_287076","E",{"v":0.0162610563284,"d":"0.02"},{"v":0.000428878975681,"d":"0.00"},{"v":0.0793507813304,"d":"0.08"}]
[4,417,41742,{"v":3826.97445,"d":"3,826.97"},3994,{"v":1.043644281,"d":"1.04"},"G",410,41742000,{"v":786.364445355,"d":"786.36"},220,778,998,{"v":192.2385891,"d":"192.24"},{"v":0.93996673,"d":"0.94"},{"v":938.086797,"d":"938.09"},{"v":59.9132030299999,"d":"59.91"},1,"1_41742000_34390",{"v":37.9152564020999,"d":"37.92"},0.197230205338,{"v":185.019051596999,"d":"185.02"},{"v":0.244465006,"d":"0.24"},"1_41742000_34390_287077","E",{"v":0.723245975208,"d":"0.72"},{"v":0.0190753286101,"d":"0.02"},{"v":3.52929920834,"d":"3.53"}]
[4,417,41742,{"v":3826.97445,"d":"3,826.97"},3994,{"v":1.043644281,"d":"1.04"},"G",410,41742000,{"v":786.364445355,"d":"786.36"},220,778,998,{"v":192.2385891,"d":"192.24"},{"v":0.93996673,"d":"0.94"},{"v":938.086797,"d":"938.09"},{"v":59.9132030299999,"d":"59.91"},1,"1_41742000_34390",{"v":37.9152564020999,"d":"37.92"},0.197230205338,{"v":185.019051596999,"d":"185.02"},{"v":0.244465006,"d":"0.24"},"1_41742000_34390_287078","E",{"v":0.0870761740818,"d":"0.09"},{"v":0.00229659990053,"d":"0.00"},{"v":0.424914735494,"d":"0.42"}]
[4,417,41742,{"v":3826.97445,"d":"3,826.97"},3994,{"v":1.043644281,"d":"1.04"},"G",410,41742000,{"v":786.364445355,"d":"786.36"},220,778,998,{"v":192.2385891,"d":"192.24"},{"v":0.93996673,"d":"0.94"},{"v":938.086797,"d":"938.09"},{"v":59.9132030299999,"d":"59.91"},1,"1_41742000_34390",{"v":37.9152564020999,"d":"37.92"},0.197230205338,{"v":185.019051596999,"d":"185.02"},{"v":0.244465006,"d":"0.24"},"1_41742000_34390_287079","E",{"v":1.93157514721,"d":"1.93"},{"v":0.0509445360655,"d":"0.05"},{"v":9.42570974689,"d":"9.43"}]
[4,417,41742,{"v":3826.97445,"d":"3,826.97"},3994,{"v":1.043644281,"d":"1.04"},"G",410,41742000,{"v":786.364445355,"d":"786.36"},220,778,998,{"v":192.2385891,"d":"192.24"},{"v":0.93996673,"d":"0.94"},{"v":938.086797,"d":"938.09"},{"v":59.9132030299999,"d":"59.91"},1,"1_41742000_34390",{"v":37.9152564020999,"d":"37.92"},0.197230205338,{"v":185.019051596999,"d":"185.02"},{"v":0.244465006,"d":"0.24"},"1_41742000_34390_287080","F",{"v":0.00319234463941,"d":"0.00"},{"v":8.4196836375e-05,"d":"0.00"},{"v":0.0155780188136,"d":"0.02"}]
[4,417,41742,{"v":3826.97445,"d":"3,826.97"},3994,{"v":1.043644281,"d":"1.04"},"G",410,41742000,{"v":786.364445355,"d":"786.36"},220,778,998,{"v":192.2385891,"d":"192.24"},{"v":0.93996673,"d":"0.94"},{"v":938.086797,"d":"938.09"},{"v":59.9132030299999,"d":"59.91"},1,"1_41742000_34390",{"v":37.9152564020999,"d":"37.92"},0.197230205338,{"v":185.019051596999,"d":"185.02"},{"v":0.244465006,"d":"0.24"},"1_41742000_34390_287081","F",{"v":0.0723462746418,"d":"0.07"},{"v":0.00190810458657,"d":"0.00"},{"v":0.353035700955,"d":"0.35"}]
[4,417,41742,{"v":3826.97445,"d":"3,826.97"},3994,{"v":1.043644281,"d":"1.04"},"G",410,41742000,{"v":786.364445355,"d":"786.36"},220,778,998,{"v":192.2385891,"d":"192.24"},{"v":0.93996673,"d":"0.94"},{"v":938.086797,"d":"938.09"},{"v":59.9132030299999,"d":"59.91"},1,"1_41742000_34390",{"v":37.9152564020999,"d":"37.92"},0.197230205338,{"v":185.019051596999,"d":"185.02"},{"v":0.244465006,"d":"0.24"},"1_41742000_34390_287082","F",{"v":2.28051096518,"d":"2.28"},{"v":0.0601475812532,"d":"0.06"},{"v":11.1284484393,"d":"11.13"}]
[4,417,41742,{"v":3826.97445,"d":"3,826.97"},3994,{"v":1.043644281,"d":"1.04"},"G",410,41742000,{"v":786.364445355,"d":"786.36"},220,778,998,{"v":192.2385891,"d":"192.24"},{"v":0.93996673,"d":"0.94"},{"v":938.086797,"d":"938.09"},{"v":59.9132030299999,"d":"59.91"},1,"1_41742000_34390",{"v":37.9152564020999,"d":"37.92"},0.197230205338,{"v":185.019051596999,"d":"185.02"},{"v":0.244465006,"d":"0.24"},"1_41742000_34390_287083","G",{"v":0.0167516735262,"d":"0.02"},{"v":0.000441818811629,"d":"0.00"},{"v":0.0817448975053,"d":"0.08"}]
[4,417,41742,{"v":3826.97445,"d":"3,826.97"},3994,{"v":1.043644281,"d":"1.04"},"G",410,41742000,{"v":786.364445355,"d":"786.36"},220,778,998,{"v":192.2385891,"d":"192.24"},{"v":0.93996673,"d":"0.94"},{"v":938.086797,"d":"938.09"},{"v":59.9132030299999,"d":"59.91"},1,"1_41742000_34390",{"v":37.9152564020999,"d":"37.92"},0.197230205338,{"v":185.019051596999,"d":"185.02"},{"v":0.244465006,"d":"0.24"},"1_41742000_34390_287084","G",{"v":10.2516945874999,"d":"10.25"},{"v":0.270384419369,"d":"0.27"},{"v":50.0262688382999,"d":"50.03"}]
[4,417,41742,{"v":3826.97445,"d":"3,826.97"},3994,{"v":1.043644281,"d":"1.04"},"G",410,41742000,{"v":786.364445355,"d":"786.36"},220,778,998,{"v":192.2385891,"d":"192.24"},{"v":0.93996673,"d":"0.94"},{"v":938.086797,"d":"938.09"},{"v":59.9132030299999,"d":"59.91"},1,"1_41742000_34390",{"v":37.9152564020999,"d":"37.92"},0.197230205338,{"v":185.019051596999,"d":"185.02"},{"v":0.244465006,"d":"0.24"},"1_41742000_34390_287085","G",{"v":0.196444755905,"d":"0.20"},{"v":0.00518115330203,"d":"0.01"},{"v":0.95861207012,"d":"0.96"}]
[4,417,41742,{"v":3826.97445,"d":"3,826.97"},3994,{"v":1.043644281,"d":"1.04"},"G",410,41742000,{"v":786.364445355,"d":"786.36"},220,778,998,{"v":192.2385891,"d":"192.24"},{"v":0.93996673,"d":"0.94"},{"v":938.086797,"d":"938.09"},{"v":59.9132030299999,"d":"59.91"},1,"1_41742000_34390",{"v":37.9152564020999,"d":"37.92"},0.197230205338,{"v":185.019051596999,"d":"185.02"},{"v":0.244465006,"d":"0.24"},"1_41742000_34390_287086","G",{"v":0.000393536336053,"d":"0.00"},{"v":1.037936634E-5,"d":"0.00"},{"v":0.00192038051631,"d":"0.00"}]
[4,417,41742,{"v":3826.97445,"d":"3,826.97"},3994,{"v":1.043644281,"d":"1.04"},"G",410,41742000,{"v":786.364445355,"d":"786.36"},220,778,998,{"v":192.2385891,"d":"192.24"},{"v":0.93996673,"d":"0.94"},{"v":938.086797,"d":"938.09"},{"v":59.9132030299999,"d":"59.91"},1,"1_41742000_34390",{"v":37.9152564020999,"d":"37.92"},0.197230205338,{"v":185.019051596999,"d":"185.02"},{"v":0.244465006,"d":"0.24"},"1_41742000_34390_287087","G",{"v":0.0171245401616,"d":"0.02"},{"v":4.5165302273E-4,"d":"0.00"},{"v":0.0835644139164,"d":"0.08"}]
[4,417,41742,{"v":3826.97445,"d":"3,826.97"},3994,{"v":1.043644281,"d":"1.04"},"G",410,41742001,{"v":3040.610005,"d":"3,040.61"},177,155,332,{"v":129.786367,"d":"129.79"},{"v":0.93996673,"d":"0.94"},{"v":312.0689545,"d":"312.07"},{"v":19.9310455,"d":"19.93"},1,"1_41742001_34395",{"v":7.26177898071,"d":"7.26"},0.055951785604,{"v":17.4608152357999,"d":"17.46"},{"v":0.042684319,"d":"0.04"},"1_41742001_34395_287088","außerhalb GKL",{"v":7.26177898071,"d":"7.26"},{"v":1,"d":"1.00"},{"v":17.4608152357999,"d":"17.46"}]
[4,417,41742,{"v":3826.97445,"d":"3,826.97"},3994,{"v":1.043644281,"d":"1.04"},"G",410,41742001,{"v":3040.610005,"d":"3,040.61"},177,155,332,{"v":129.786367,"d":"129.79"},{"v":0.93996673,"d":"0.94"},{"v":312.0689545,"d":"312.07"},{"v":19.9310455,"d":"19.93"},1,"1_41742001_34397",{"v":1.18607694619,"d":"1.19"},0.00913868670189,{"v":2.85190040456,"d":"2.85"},{"v":0.042684319,"d":"0.04"},"1_41742001_34397_287089","außerhalb GKL",{"v":1.18607694619,"d":"1.19"},{"v":1,"d":"1.00"},{"v":2.85190040456,"d":"2.85"}]
[4,417,41742,{"v":3826.97445,"d":"3,826.97"},3994,{"v":1.043644281,"d":"1.04"},"G",410,41742001,{"v":3040.610005,"d":"3,040.61"},177,155,332,{"v":129.786367,"d":"129.79"},{"v":0.93996673,"d":"0.94"},{"v":312.0689545,"d":"312.07"},{"v":19.9310455,"d":"19.93"},1,"1_41742001_34398",{"v":0.590893988813,"d":"0.59"},0.00455282016495,{"v":1.4207938289,"d":"1.42"},{"v":0.042684319,"d":"0.04"},"1_41742001_34398_287090","außerhalb GKL",{"v":0.590893988814,"d":"0.59"},{"v":1,"d":"1.00"},{"v":1.4207938289,"d":"1.42"}]
[4,417,41742,{"v":3826.97445,"d":"3,826.97"},3994,{"v":1.043644281,"d":"1.04"},"G",410,41742001,{"v":3040.610005,"d":"3,040.61"},177,155,332,{"v":129.786367,"d":"129.79"},{"v":0.93996673,"d":"0.94"},{"v":312.0689545,"d":"312.07"},{"v":19.9310455,"d":"19.93"},1,"1_41742001_34400",{"v":0.501268204893,"d":"0.50"},3.86225623291E-3,{"v":1.20529026462,"d":"1.21"},{"v":0.042684319,"d":"0.04"},"1_41742001_34400_287091","außerhalb GKL",{"v":0.501268204893,"d":"0.50"},{"v":1,"d":"1.00"},{"v":1.20529026462,"d":"1.21"}]
[4,417,41742,{"v":3826.97445,"d":"3,826.97"},3994,{"v":1.043644281,"d":"1.04"},"G",410,41742001,{"v":3040.610005,"d":"3,040.61"},177,155,332,{"v":129.786367,"d":"129.79"},{"v":0.93996673,"d":"0.94"},{"v":312.0689545,"d":"312.07"},{"v":19.9310455,"d":"19.93"},1,"1_41742001_34401",{"v":0.662918788871,"d":"0.66"},5.10776905305E-3,{"v":1.59397614821,"d":"1.59"},{"v":0.042684319,"d":"0.04"},"1_41742001_34401_287092","außerhalb GKL",{"v":0.662918788871,"d":"0.66"},{"v":1,"d":"1.00"},{"v":1.59397614821,"d":"1.59"}]
[4,417,41742,{"v":3826.97445,"d":"3,826.97"},3994,{"v":1.043644281,"d":"1.04"},"G",410,41742001,{"v":3040.610005,"d":"3,040.61"},177,155,332,{"v":129.786367,"d":"129.79"},{"v":0.93996673,"d":"0.94"},{"v":312.0689545,"d":"312.07"},{"v":19.9310455,"d":"19.93"},1,"1_41742001_34403",{"v":0.60117035383,"d":"0.60"},0.00463199924403,{"v":1.44550316133,"d":"1.45"},{"v":0.042684319,"d":"0.04"},"1_41742001_34403_287093","außerhalb GKL",{"v":0.60117035383,"d":"0.60"},{"v":1,"d":"1.00"},{"v":1.44550316133,"d":"1.45"}]
[4,417,41742,{"v":3826.97445,"d":"3,826.97"},3994,{"v":1.043644281,"d":"1.04"},"G",410,41742001,{"v":3040.610005,"d":"3,040.61"},177,155,332,{"v":129.786367,"d":"129.79"},{"v":0.93996673,"d":"0.94"},{"v":312.0689545,"d":"312.07"},{"v":19.9310455,"d":"19.93"},1,"1_41742001_34406",{"v":13.6715975006,"d":"13.67"},0.105339241837,{"v":32.8731070679,"d":"32.87"},{"v":0.042684319,"d":"0.04"},"1_41742001_34406_287094","außerhalb GKL",{"v":4.56247822913,"d":"4.56"},{"v":0.333719466868,"d":"0.33"},{"v":10.9703957649999,"d":"10.97"}]
[4,417,41742,{"v":3826.97445,"d":"3,826.97"},3994,{"v":1.043644281,"d":"1.04"},"G",410,41742001,{"v":3040.610005,"d":"3,040.61"},177,155,332,{"v":129.786367,"d":"129.79"},{"v":0.93996673,"d":"0.94"},{"v":312.0689545,"d":"312.07"},{"v":19.9310455,"d":"19.93"},1,"1_41742001_34406",{"v":13.6715975006,"d":"13.67"},0.105339241837,{"v":32.8731070679,"d":"32.87"},{"v":0.042684319,"d":"0.04"},"1_41742001_34406_287095","E",{"v":0.159372826162,"d":"0.16"},{"v":0.0116572204642,"d":"0.01"},{"v":0.383209056434,"d":"0.38"}]
[4,417,41742,{"v":3826.97445,"d":"3,826.97"},3994,{"v":1.043644281,"d":"1.04"},"G",410,41742001,{"v":3040.610005,"d":"3,040.61"},177,155,332,{"v":129.786367,"d":"129.79"},{"v":0.93996673,"d":"0.94"},{"v":312.0689545,"d":"312.07"},{"v":19.9310455,"d":"19.93"},1,"1_41742001_34406",{"v":13.6715975006,"d":"13.67"},0.105339241837,{"v":32.8731070679,"d":"32.87"},{"v":0.042684319,"d":"0.04"},"1_41742001_34406_287096","E",{"v":1.34293917145,"d":"1.34"},{"v":0.0982284017205,"d":"0.10"},{"v":3.22907276687,"d":"3.23"}]
[4,417,41742,{"v":3826.97445,"d":"3,826.97"},3994,{"v":1.043644281,"d":"1.04"},"G",410,41742001,{"v":3040.610005,"d":"3,040.61"},177,155,332,{"v":129.786367,"d":"129.79"},{"v":0.93996673,"d":"0.94"},{"v":312.0689545,"d":"312.07"},{"v":19.9310455,"d":"19.93"},1,"1_41742001_34406",{"v":13.6715975006,"d":"13.67"},0.105339241837,{"v":32.8731070679,"d":"32.87"},{"v":0.042684319,"d":"0.04"},"1_41742001_34406_287097","F",{"v":3.0792984288,"d":"3.08"},{"v":0.22523325666,"d":"0.23"},{"v":7.40411696144,"d":"7.40"}]
[4,417,41742,{"v":3826.97445,"d":"3,826.97"},3994,{"v":1.043644281,"d":"1.04"},"G",410,41742001,{"v":3040.610005,"d":"3,040.61"},177,155,332,{"v":129.786367,"d":"129.79"},{"v":0.93996673,"d":"0.94"},{"v":312.0689545,"d":"312.07"},{"v":19.9310455,"d":"19.93"},1,"1_41742001_34406",{"v":13.6715975006,"d":"13.67"},0.105339241837,{"v":32.8731070679,"d":"32.87"},{"v":0.042684319,"d":"0.04"},"1_41742001_34406_287098","G",{"v":0.201608452218,"d":"0.20"},{"v":0.0147465175309,"d":"0.01"},{"v":0.484763849672,"d":"0.48"}]
[4,417,41742,{"v":3826.97445,"d":"3,826.97"},3994,{"v":1.043644281,"d":"1.04"},"G",410,41742001,{"v":3040.610005,"d":"3,040.61"},177,155,332,{"v":129.786367,"d":"129.79"},{"v":0.93996673,"d":"0.94"},{"v":312.0689545,"d":"312.07"},{"v":19.9310455,"d":"19.93"},1,"1_41742001_34406",{"v":13.6715975006,"d":"13.67"},0.105339241837,{"v":32.8731070679,"d":"32.87"},{"v":0.042684319,"d":"0.04"},"1_41742001_34406_287099","G",{"v":4.32590039285,"d":"4.33"},{"v":0.316415136758,"d":"0.32"},{"v":10.4015486685,"d":"10.40"}]
[4,417,41742,{"v":3826.97445,"d":"3,826.97"},3994,{"v":1.043644281,"d":"1.04"},"G",410,41742001,{"v":3040.610005,"d":"3,040.61"},177,155,332,{"v":129.786367,"d":"129.79"},{"v":0.93996673,"d":"0.94"},{"v":312.0689545,"d":"312.07"},{"v":19.9310455,"d":"19.93"},1,"1_41742001_34408",{"v":0.563836682714,"d":"0.56"},0.00434434444655,{"v":1.35573502942,"d":"1.36"},{"v":0.042684319,"d":"0.04"},"1_41742001_34408_287100","außerhalb GKL",{"v":0.563836682715,"d":"0.56"},{"v":1,"d":"1.00"},{"v":1.35573502942,"d":"1.36"}]
[4,417,41742,{"v":3826.97445,"d":"3,826.97"},3994,{"v":1.043644281,"d":"1.04"},"G",410,41742001,{"v":3040.610005,"d":"3,040.61"},177,155,332,{"v":129.786367,"d":"129.79"},{"v":0.93996673,"d":"0.94"},{"v":312.0689545,"d":"312.07"},{"v":19.9310455,"d":"19.93"},1,"1_41742001_34409",{"v":4.09460191248,"d":"4.09"},0.0315487828739,{"v":9.84539568721,"d":"9.85"},{"v":0.042684319,"d":"0.04"},"1_41742001_34409_287101","F",{"v":0.0063881176383,"d":"0.01"},{"v":0.00156013155243,"d":"0.00"},{"v":0.0153601124578,"d":"0.02"}]
[4,417,41742,{"v":3826.97445,"d":"3,826.97"},3994,{"v":1.043644281,"d":"1.04"},"G",410,41742001,{"v":3040.610005,"d":"3,040.61"},177,155,332,{"v":129.786367,"d":"129.79"},{"v":0.93996673,"d":"0.94"},{"v":312.0689545,"d":"312.07"},{"v":19.9310455,"d":"19.93"},1,"1_41742001_34409",{"v":4.09460191248,"d":"4.09"},0.0315487828739,{"v":9.84539568721,"d":"9.85"},{"v":0.042684319,"d":"0.04"},"1_41742001_34409_287102","F",{"v":0.00515017210841,"d":"0.01"},{"v":0.00125779556071,"d":"0.00"},{"v":0.0123834949888,"d":"0.01"}]
[4,417,41742,{"v":3826.97445,"d":"3,826.97"},3994,{"v":1.043644281,"d":"1.04"},"G",410,41742001,{"v":3040.610005,"d":"3,040.61"},177,155,332,{"v":129.786367,"d":"129.79"},{"v":0.93996673,"d":"0.94"},{"v":312.0689545,"d":"312.07"},{"v":19.9310455,"d":"19.93"},1,"1_41742001_34409",{"v":4.09460191248,"d":"4.09"},0.0315487828739,{"v":9.84539568721,"d":"9.85"},{"v":0.042684319,"d":"0.04"},"1_41742001_34409_287103","G",{"v":4.08306362273,"d":"4.08"},{"v":0.997182072886,"d":"1.00"},{"v":9.81765207974999,"d":"9.82"}]
[4,417,41742,{"v":3826.97445,"d":"3,826.97"},3994,{"v":1.043644281,"d":"1.04"},"G",410,41742001,{"v":3040.610005,"d":"3,040.61"},177,155,332,{"v":129.786367,"d":"129.79"},{"v":0.93996673,"d":"0.94"},{"v":312.0689545,"d":"312.07"},{"v":19.9310455,"d":"19.93"},1,"1_41742001_34410",{"v":4.11829813951,"d":"4.12"},0.0317313615806,{"v":9.90237283331999,"d":"9.90"},{"v":0.042684319,"d":"0.04"},"1_41742001_34410_287104","außerhalb GKL",{"v":4.11829813951,"d":"4.12"},{"v":1,"d":"1.00"},{"v":9.90237283331999,"d":"9.90"}]
[4,417,41742,{"v":3826.97445,"d":"3,826.97"},3994,{"v":1.043644281,"d":"1.04"},"G",410,41742001,{"v":3040.610005,"d":"3,040.61"},177,155,332,{"v":129.786367,"d":"129.79"},{"v":0.93996673,"d":"0.94"},{"v":312.0689545,"d":"312.07"},{"v":19.9310455,"d":"19.93"},1,"1_41742001_34413",{"v":0.787109374026,"d":"0.79"},0.00606465372458,{"v":1.89259014723,"d":"1.89"},{"v":0.042684319,"d":"0.04"},"1_41742001_34413_287105","außerhalb GKL",{"v":0.787109374026,"d":"0.79"},{"v":1,"d":"1.00"},{"v":1.89259014723,"d":"1.89"}]
[4,417,41742,{"v":3826.97445,"d":"3,826.97"},3994,{"v":1.043644281,"d":"1.04"},"G",410,41742001,{"v":3040.610005,"d":"3,040.61"},177,155,332,{"v":129.786367,"d":"129.79"},{"v":0.93996673,"d":"0.94"},{"v":312.0689545,"d":"312.07"},{"v":19.9310455,"d":"19.93"},1,"1_41742001_34415",{"v":1.38542591268,"d":"1.39"},0.0106746644097,{"v":3.33123136197,"d":"3.33"},{"v":0.042684319,"d":"0.04"},"1_41742001_34415_287106","E",{"v":0.0673710338798,"d":"0.07"},{"v":0.0486283916471,"d":"0.05"},{"v":0.161992423337,"d":"0.16"}]
[4,417,41742,{"v":3826.97445,"d":"3,826.97"},3994,{"v":1.043644281,"d":"1.04"},"G",410,41742001,{"v":3040.610005,"d":"3,040.61"},177,155,332,{"v":129.786367,"d":"129.79"},{"v":0.93996673,"d":"0.94"},{"v":312.0689545,"d":"312.07"},{"v":19.9310455,"d":"19.93"},1,"1_41742001_34415",{"v":1.38542591268,"d":"1.39"},0.0106746644097,{"v":3.33123136197,"d":"3.33"},{"v":0.042684319,"d":"0.04"},"1_41742001_34415_287107","F",{"v":1.28184227376,"d":"1.28"},{"v":0.925233361112,"d":"0.93"},{"v":3.08216638968,"d":"3.08"}]
[4,417,41742,{"v":3826.97445,"d":"3,826.97"},3994,{"v":1.043644281,"d":"1.04"},"G",410,41742001,{"v":3040.610005,"d":"3,040.61"},177,155,332,{"v":129.786367,"d":"129.79"},{"v":0.93996673,"d":"0.94"},{"v":312.0689545,"d":"312.07"},{"v":19.9310455,"d":"19.93"},1,"1_41742001_34415",{"v":1.38542591268,"d":"1.39"},0.0106746644097,{"v":3.33123136197,"d":"3.33"},{"v":0.042684319,"d":"0.04"},"1_41742001_34415_287108","G",{"v":0.0362126050344,"d":"0.04"},{"v":0.0261382472372,"d":"0.03"},{"v":0.0870725489435,"d":"0.09"}]
[4,417,41742,{"v":3826.97445,"d":"3,826.97"},3994,{"v":1.043644281,"d":"1.04"},"G",410,41742001,{"v":3040.610005,"d":"3,040.61"},177,155,332,{"v":129.786367,"d":"129.79"},{"v":0.93996673,"d":"0.94"},{"v":312.0689545,"d":"312.07"},{"v":19.9310455,"d":"19.93"},1,"1_41742001_34416",{"v":0.881408619274,"d":"0.88"},0.00679122653363,{"v":2.11933096412,"d":"2.12"},{"v":0.042684319,"d":"0.04"},"1_41742001_34416_287109","außerhalb GKL",{"v":0.881408619274,"d":"0.88"},{"v":1,"d":"1.00"},{"v":2.11933096412,"d":"2.12"}]
[4,417,41742,{"v":3826.97445,"d":"3,826.97"},3994,{"v":1.043644281,"d":"1.04"},"G",410,41742001,{"v":3040.610005,"d":"3,040.61"},177,155,332,{"v":129.786367,"d":"129.79"},{"v":0.93996673,"d":"0.94"},{"v":312.0689545,"d":"312.07"},{"v":19.9310455,"d":"19.93"},1,"1_41742001_34417",{"v":2.58474896684,"d":"2.58"},0.0199154119696,{"v":6.21498179179,"d":"6.21"},{"v":0.042684319,"d":"0.04"},"1_41742001_34417_287110","außerhalb GKL",{"v":2.58474896684,"d":"2.58"},{"v":1,"d":"1.00"},{"v":6.21498179179,"d":"6.21"}]
[4,417,41742,{"v":3826.97445,"d":"3,826.97"},3994,{"v":1.043644281,"d":"1.04"},"G",410,41742001,{"v":3040.610005,"d":"3,040.61"},177,155,332,{"v":129.786367,"d":"129.79"},{"v":0.93996673,"d":"0.94"},{"v":312.0689545,"d":"312.07"},{"v":19.9310455,"d":"19.93"},1,"1_41742001_34418",{"v":0.837400590019,"d":"0.84"},0.00645214601021,{"v":2.01351445969,"d":"2.01"},{"v":0.042684319,"d":"0.04"},"1_41742001_34418_287111","außerhalb GKL",{"v":0.837400590019,"d":"0.84"},{"v":1,"d":"1.00"},{"v":2.01351445969,"d":"2.01"}]
[4,417,41742,{"v":3826.97445,"d":"3,826.97"},3994,{"v":1.043644281,"d":"1.04"},"G",410,41742001,{"v":3040.610005,"d":"3,040.61"},177,155,332,{"v":129.786367,"d":"129.79"},{"v":0.93996673,"d":"0.94"},{"v":312.0689545,"d":"312.07"},{"v":19.9310455,"d":"19.93"},1,"1_41742001_34419",{"v":0.622811367001,"d":"0.62"},0.00479874259059,{"v":1.49753858316,"d":"1.50"},{"v":0.042684319,"d":"0.04"},"1_41742001_34419_287112","außerhalb GKL",{"v":0.622811367001,"d":"0.62"},{"v":1,"d":"1.00"},{"v":1.49753858316,"d":"1.50"}]
[4,417,41742,{"v":3826.97445,"d":"3,826.97"},3994,{"v":1.043644281,"d":"1.04"},"G",410,41742001,{"v":3040.610005,"d":"3,040.61"},177,155,332,{"v":129.786367,"d":"129.79"},{"v":0.93996673,"d":"0.94"},{"v":312.0689545,"d":"312.07"},{"v":19.9310455,"d":"19.93"},1,"1_41742001_34420",{"v":1.35469160278,"d":"1.35"},0.0104378574891,{"v":3.25733127384,"d":"3.26"},{"v":0.042684319,"d":"0.04"},"1_41742001_34420_287113","außerhalb GKL",{"v":1.01932281843,"d":"1.02"},{"v":0.752439017366,"d":"0.75"},{"v":2.45094314292,"d":"2.45"}]
[4,417,41742,{"v":3826.97445,"d":"3,826.97"},3994,{"v":1.043644281,"d":"1.04"},"G",410,41742001,{"v":3040.610005,"d":"3,040.61"},177,155,332,{"v":129.786367,"d":"129.79"},{"v":0.93996673,"d":"0.94"},{"v":312.0689545,"d":"312.07"},{"v":19.9310455,"d":"19.93"},1,"1_41742001_34420",{"v":1.35469160278,"d":"1.35"},0.0104378574891,{"v":3.25733127384,"d":"3.26"},{"v":0.042684319,"d":"0.04"},"1_41742001_34420_287114","G",{"v":0.335368784342,"d":"0.34"},{"v":0.247560982628,"d":"0.25"},{"v":0.806388130897,"d":"0.81"}]
[4,417,41742,{"v":3826.97445,"d":"3,826.97"},3994,{"v":1.043644281,"d":"1.04"},"G",410,41742001,{"v":3040.610005,"d":"3,040.61"},177,155,332,{"v":129.786367,"d":"129.79"},{"v":0.93996673,"d":"0.94"},{"v":312.0689545,"d":"312.07"},{"v":19.9310455,"d":"19.93"},1,"1_41742001_34423",{"v":1.09498513826,"d":"1.09"},0.00843682709957,{"v":2.63287181226,"d":"2.63"},{"v":0.042684319,"d":"0.04"},"1_41742001_34423_287115","außerhalb GKL",{"v":1.09498513826,"d":"1.09"},{"v":1,"d":"1.00"},{"v":2.63287181226,"d":"2.63"}]
[4,417,41742,{"v":3826.97445,"d":"3,826.97"},3994,{"v":1.043644281,"d":"1.04"},"G",410,41742001,{"v":3040.610005,"d":"3,040.61"},177,155,332,{"v":129.786367,"d":"129.79"},{"v":0.93996673,"d":"0.94"},{"v":312.0689545,"d":"312.07"},{"v":19.9310455,"d":"19.93"},1,"1_41742001_34424",{"v":1.14612133681,"d":"1.15"},0.00883082995004,{"v":2.75582786988,"d":"2.76"},{"v":0.042684319,"d":"0.04"},"1_41742001_34424_287116","außerhalb GKL",{"v":1.14612133681,"d":"1.15"},{"v":1,"d":"1.00"},{"v":2.75582786988,"d":"2.76"}]
[4,417,41742,{"v":3826.97445,"d":"3,826.97"},3994,{"v":1.043644281,"d":"1.04"},"G",410,41742001,{"v":3040.610005,"d":"3,040.61"},177,155,332,{"v":129.786367,"d":"129.79"},{"v":0.93996673,"d":"0.94"},{"v":312.0689545,"d":"312.07"},{"v":19.9310455,"d":"19.93"},1,"1_41742001_34428",{"v":0.528124354308,"d":"0.53"},0.0040691820452,{"v":1.26986538652,"d":"1.27"},{"v":0.042684319,"d":"0.04"},"1_41742001_34428_287117","außerhalb GKL",{"v":0.528124354308,"d":"0.53"},{"v":1,"d":"1.00"},{"v":1.26986538652,"d":"1.27"}]
[4,417,41742,{"v":3826.97445,"d":"3,826.97"},3994,{"v":1.043644281,"d":"1.04"},"G",410,41742001,{"v":3040.610005,"d":"3,040.61"},177,155,332,{"v":129.786367,"d":"129.79"},{"v":0.93996673,"d":"0.94"},{"v":312.0689545,"d":"312.07"},{"v":19.9310455,"d":"19.93"},1,"1_41742001_34430",{"v":1.6906853969,"d":"1.69"},0.013026679427,{"v":4.06522222939,"d":"4.07"},{"v":0.042684319,"d":"0.04"},"1_41742001_34430_287118","außerhalb GKL",{"v":1.63822902686,"d":"1.64"},{"v":0.96897331098,"d":"0.97"},{"v":3.93909184348,"d":"3.94"}]
[4,417,41742,{"v":3826.97445,"d":"3,826.97"},3994,{"v":1.043644281,"d":"1.04"},"G",410,41742001,{"v":3040.610005,"d":"3,040.61"},177,155,332,{"v":129.786367,"d":"129.79"},{"v":0.93996673,"d":"0.94"},{"v":312.0689545,"d":"312.07"},{"v":19.9310455,"d":"19.93"},1,"1_41742001_34430",{"v":1.6906853969,"d":"1.69"},0.013026679427,{"v":4.06522222939,"d":"4.07"},{"v":0.042684319,"d":"0.04"},"1_41742001_34430_287119","G",{"v":0.0524563700352,"d":"0.05"},{"v":0.031026689017,"d":"0.03"},{"v":0.126130385896,"d":"0.13"}]
[4,417,41742,{"v":3826.97445,"d":"3,826.97"},3994,{"v":1.043644281,"d":"1.04"},"G",410,41742001,{"v":3040.610005,"d":"3,040.61"},177,155,332,{"v":129.786367,"d":"129.79"},{"v":0.93996673,"d":"0.94"},{"v":312.0689545,"d":"312.07"},{"v":19.9310455,"d":"19.93"},1,"1_41742001_34431",{"v":0.772195855667,"d":"0.77"},0.0059497455204,{"v":1.85673086409,"d":"1.86"},{"v":0.042684319,"d":"0.04"},"1_41742001_34431_287120","außerhalb GKL",{"v":0.772195855667,"d":"0.77"},{"v":1,"d":"1.00"},{"v":1.85673086409,"d":"1.86"}]
[4,417,41742,{"v":3826.97445,"d":"3,826.97"},3994,{"v":1.043644281,"d":"1.04"},"G",410,41742001,{"v":3040.610005,"d":"3,040.61"},177,155,332,{"v":129.786367,"d":"129.79"},{"v":0.93996673,"d":"0.94"},{"v":312.0689545,"d":"312.07"},{"v":19.9310455,"d":"19.93"},1,"1_41742001_34432",{"v":0.757488268632,"d":"0.76"},0.00583642401079,{"v":1.82136673907,"d":"1.82"},{"v":0.042684319,"d":"0.04"},"1_41742001_34432_287121","außerhalb GKL",{"v":0.757488268632,"d":"0.76"},{"v":1,"d":"1.00"},{"v":1.82136673907,"d":"1.82"}]
[4,417,41742,{"v":3826.97445,"d":"3,826.97"},3994,{"v":1.043644281,"d":"1.04"},"G",410,41742001,{"v":3040.610005,"d":"3,040.61"},177,155,332,{"v":129.786367,"d":"129.79"},{"v":0.93996673,"d":"0.94"},{"v":312.0689545,"d":"312.07"},{"v":19.9310455,"d":"19.93"},1,"1_41742001_34435",{"v":0.631087654127,"d":"0.63"},0.00486251113052,{"v":1.51743876475,"d":"1.52"},{"v":0.042684319,"d":"0.04"},"1_41742001_34435_287122","außerhalb GKL",{"v":0.631087654128,"d":"0.63"},{"v":1,"d":"1.00"},{"v":1.51743876475,"d":"1.52"}]
[4,417,41742,{"v":3826.97445,"d":"3,826.97"},3994,{"v":1.043644281,"d":"1.04"},"G",410,41742001,{"v":3040.610005,"d":"3,040.61"},177,155,332,{"v":129.786367,"d":"129.79"},{"v":0.93996673,"d":"0.94"},{"v":312.0689545,"d":"312.07"},{"v":19.9310455,"d":"19.93"},1,"1_41742001_34436",{"v":0.569065566635,"d":"0.57"},0.00438463283771,{"v":1.36830778553,"d":"1.37"},{"v":0.042684319,"d":"0.04"},"1_41742001_34436_287123","außerhalb GKL",{"v":0.569065566635,"d":"0.57"},{"v":1,"d":"1.00"},{"v":1.36830778553,"d":"1.37"}]
[4,417,41742,{"v":3826.97445,"d":"3,826.97"},3994,{"v":1.043644281,"d":"1.04"},"G",410,41742001,{"v":3040.610005,"d":"3,040.61"},177,155,332,{"v":129.786367,"d":"129.79"},{"v":0.93996673,"d":"0.94"},{"v":312.0689545,"d":"312.07"},{"v":19.9310455,"d":"19.93"},1,"1_41742001_34437",{"v":0.784669710458,"d":"0.78"},0.00604585619118,{"v":1.88672402064,"d":"1.89"},{"v":0.042684319,"d":"0.04"},"1_41742001_34437_287124","außerhalb GKL",{"v":0.784669710458,"d":"0.78"},{"v":1,"d":"1.00"},{"v":1.88672402064,"d":"1.89"}]
[4,417,41742,{"v":3826.97445,"d":"3,826.97"},3994,{"v":1.043644281,"d":"1.04"},"G",410,41742001,{"v":3040.610005,"d":"3,040.61"},177,155,332,{"v":129.786367,"d":"129.79"},{"v":0.93996673,"d":"0.94"},{"v":312.0689545,"d":"312.07"},{"v":19.9310455,"d":"19.93"},1,"1_41742001_34438",{"v":0.774486184151,"d":"0.77"},0.00596739243153,{"v":1.8622379172,"d":"1.86"},{"v":0.042684319,"d":"0.04"},"1_41742001_34438_287125","außerhalb GKL",{"v":0.774486184151,"d":"0.77"},{"v":1,"d":"1.00"},{"v":1.8622379172,"d":"1.86"}]
[4,417,41742,{"v":3826.97445,"d":"3,826.97"},3994,{"v":1.043644281,"d":"1.04"},"G",410,41742001,{"v":3040.610005,"d":"3,040.61"},177,155,332,{"v":129.786367,"d":"129.79"},{"v":0.93996673,"d":"0.94"},{"v":312.0689545,"d":"312.07"},{"v":19.9310455,"d":"19.93"},1,"1_41742001_34439",{"v":0.595679736772,"d":"0.60"},4.58969420703E-3,{"v":1.43230107266,"d":"1.43"},{"v":0.042684319,"d":"0.04"},"1_41742001_34439_287126","außerhalb GKL",{"v":0.595679736773,"d":"0.60"},{"v":1,"d":"1.00"},{"v":1.43230107266,"d":"1.43"}]
[4,417,41751,{"v":2446.98957,"d":"2,446.99"},1624,{"v":0.663672629,"d":"0.66"},"G",410,41751000,{"v":2446.98957014,"d":"2,446.99"},163,561,724,{"v":86.18832951,"d":"86.19"},{"v":0.93996673,"d":"0.94"},{"v":680.5359128,"d":"680.54"},{"v":43.4640871699999,"d":"43.46"},1,"1_41751000_34636",{"v":0.672794253276,"d":"0.67"},0.00780609459658,{"v":5.31232771169,"d":"5.31"},{"v":0.035222189,"d":"0.04"},"1_41751000_34636_287127","außerhalb GKL",{"v":0.672794253276,"d":"0.67"},{"v":1,"d":"1.00"},{"v":5.31232771169,"d":"5.31"}]
[4,417,41751,{"v":2446.98957,"d":"2,446.99"},1624,{"v":0.663672629,"d":"0.66"},"G",410,41751000,{"v":2446.98957014,"d":"2,446.99"},163,561,724,{"v":86.18832951,"d":"86.19"},{"v":0.93996673,"d":"0.94"},{"v":680.5359128,"d":"680.54"},{"v":43.4640871699999,"d":"43.46"},1,"1_41751000_34638",{"v":24.9172131816999,"d":"24.92"},0.289101939014,{"v":196.744251958999,"d":"196.74"},{"v":0.035222189,"d":"0.04"},"1_41751000_34638_287128","außerhalb GKL",{"v":0.814849966606,"d":"0.81"},{"v":0.0327022914105,"d":"0.03"},{"v":6.4339878609,"d":"6.43"}]
[4,417,41751,{"v":2446.98957,"d":"2,446.99"},1624,{"v":0.663672629,"d":"0.66"},"G",410,41751000,{"v":2446.98957014,"d":"2,446.99"},163,561,724,{"v":86.18832951,"d":"86.19"},{"v":0.93996673,"d":"0.94"},{"v":680.5359128,"d":"680.54"},{"v":43.4640871699999,"d":"43.46"},1,"1_41751000_34638",{"v":24.9172131816999,"d":"24.92"},0.289101939014,{"v":196.744251958999,"d":"196.74"},{"v":0.035222189,"d":"0.04"},"1_41751000_34638_287129","außerhalb GKL",{"v":0.0269991350776,"d":"0.03"},{"v":0.00108355356118,"d":"0.00"},{"v":0.213182934852,"d":"0.21"}]
[4,417,41751,{"v":2446.98957,"d":"2,446.99"},1624,{"v":0.663672629,"d":"0.66"},"G",410,41751000,{"v":2446.98957014,"d":"2,446.99"},163,561,724,{"v":86.18832951,"d":"86.19"},{"v":0.93996673,"d":"0.94"},{"v":680.5359128,"d":"680.54"},{"v":43.4640871699999,"d":"43.46"},1,"1_41751000_34638",{"v":24.9172131816999,"d":"24.92"},0.289101939014,{"v":196.744251958999,"d":"196.74"},{"v":0.035222189,"d":"0.04"},"1_41751000_34638_287130","außerhalb GKL",{"v":0.073858639239,"d":"0.07"},{"v":0.00296416130891,"d":"0.00"},{"v":0.583181699407,"d":"0.58"}]
[4,417,41751,{"v":2446.98957,"d":"2,446.99"},1624,{"v":0.663672629,"d":"0.66"},"G",410,41751000,{"v":2446.98957014,"d":"2,446.99"},163,561,724,{"v":86.18832951,"d":"86.19"},{"v":0.93996673,"d":"0.94"},{"v":680.5359128,"d":"680.54"},{"v":43.4640871699999,"d":"43.46"},1,"1_41751000_34638",{"v":24.9172131816999,"d":"24.92"},0.289101939014,{"v":196.744251958999,"d":"196.74"},{"v":0.035222189,"d":"0.04"},"1_41751000_34638_287131","außerhalb GKL",{"v":0.0442098446319,"d":"0.04"},{"v":1.77426922945E-3,"d":"0.00"},{"v":0.349077272322,"d":"0.35"}]
[4,417,41751,{"v":2446.98957,"d":"2,446.99"},1624,{"v":0.663672629,"d":"0.66"},"G",410,41751000,{"v":2446.98957014,"d":"2,446.99"},163,561,724,{"v":86.18832951,"d":"86.19"},{"v":0.93996673,"d":"0.94"},{"v":680.5359128,"d":"680.54"},{"v":43.4640871699999,"d":"43.46"},1,"1_41751000_34638",{"v":24.9172131816999,"d":"24.92"},0.289101939014,{"v":196.744251958999,"d":"196.74"},{"v":0.035222189,"d":"0.04"},"1_41751000_34638_287132","G",{"v":0.339969291692,"d":"0.34"},{"v":0.0136439532468,"d":"0.01"},{"v":2.68436937531,"d":"2.68"}]
[4,417,41751,{"v":2446.98957,"d":"2,446.99"},1624,{"v":0.663672629,"d":"0.66"},"G",410,41751000,{"v":2446.98957014,"d":"2,446.99"},163,561,724,{"v":86.18832951,"d":"86.19"},{"v":0.93996673,"d":"0.94"},{"v":680.5359128,"d":"680.54"},{"v":43.4640871699999,"d":"43.46"},1,"1_41751000_34638",{"v":24.9172131816999,"d":"24.92"},0.289101939014,{"v":196.744251958999,"d":"196.74"},{"v":0.035222189,"d":"0.04"},"1_41751000_34638_287133","G",{"v":23.6173263045,"d":"23.62"},{"v":0.947831771245,"d":"0.95"},{"v":186.480452817,"d":"186.48"}]
[5,503,50312,{"v":2140.159384,"d":"2,140.16"},1565,{"v":0.731253949,"d":"0.73"},"G",410,50312000,{"v":2140.15938379999,"d":"2,140.16"},134,1284,1418,{"v":131.829023599999,"d":"131.83"},{"v":0.93996673,"d":"0.94"},{"v":1332.872824,"d":"1,332.87"},{"v":85.12717625,"d":"85.13"},1,"1_50312000_36483",{"v":0.520249613881,"d":"0.52"},3.94639662552E-3,{"v":5.26004481488,"d":"5.26"},{"v":0.06159776,"d":"0.06"},"1_50312000_36483_287134","außerhalb GKL",{"v":0.520249613881,"d":"0.52"},{"v":1,"d":"1.00"},{"v":5.26004481488,"d":"5.26"}]
[5,503,50312,{"v":2140.159384,"d":"2,140.16"},1565,{"v":0.731253949,"d":"0.73"},"G",410,50312000,{"v":2140.15938379999,"d":"2,140.16"},134,1284,1418,{"v":131.829023599999,"d":"131.83"},{"v":0.93996673,"d":"0.94"},{"v":1332.872824,"d":"1,332.87"},{"v":85.12717625,"d":"85.13"},1,"1_50312000_36484",{"v":1.52850907309,"d":"1.53"},0.0115946324364,{"v":15.4541704787,"d":"15.45"},{"v":0.06159776,"d":"0.06"},"1_50312000_36484_287135","außerhalb GKL",{"v":1.5285090731,"d":"1.53"},{"v":1.00000000001,"d":"1.00"},{"v":15.4541704789,"d":"15.45"}]
[5,503,50312,{"v":2140.159384,"d":"2,140.16"},1565,{"v":0.731253949,"d":"0.73"},"G",410,50312000,{"v":2140.15938379999,"d":"2,140.16"},134,1284,1418,{"v":131.829023599999,"d":"131.83"},{"v":0.93996673,"d":"0.94"},{"v":1332.872824,"d":"1,332.87"},{"v":85.12717625,"d":"85.13"},1,"1_50312000_36487",{"v":3.2809236573,"d":"3.28"},0.024887718711,{"v":33.1721639212,"d":"33.17"},{"v":0.06159776,"d":"0.06"},"1_50312000_36487_287136","außerhalb GKL",{"v":3.2809236573,"d":"3.28"},{"v":1,"d":"1.00"},{"v":33.1721639212,"d":"33.17"}]
[5,503,50330,{"v":9888.516621,"d":"9,888.52"},3960,{"v":0.400464514,"d":"0.40"},"G",410,50330001,{"v":5951.33837791,"d":"5,951.34"},152,422,574,{"v":203.7366512,"d":"203.74"},{"v":0.93996673,"d":"0.94"},{"v":539.540903299999,"d":"539.54"},{"v":34.4590967299999,"d":"34.46"},1,"1_50330001_37015",{"v":1.53562015068,"d":"1.54"},0.00753727982489,{"v":4.06667076515,"d":"4.07"},{"v":0.034233754,"d":"0.03"},"1_50330001_37015_287137","außerhalb GKL",{"v":1.24555074757,"d":"1.25"},{"v":0.811106019297,"d":"0.81"},{"v":3.29850113611,"d":"3.30"}]
[5,503,50330,{"v":9888.516621,"d":"9,888.52"},3960,{"v":0.400464514,"d":"0.40"},"G",410,50330001,{"v":5951.33837791,"d":"5,951.34"},152,422,574,{"v":203.7366512,"d":"203.74"},{"v":0.93996673,"d":"0.94"},{"v":539.540903299999,"d":"539.54"},{"v":34.4590967299999,"d":"34.46"},1,"1_50330001_37016",{"v":0.839118229272,"d":"0.84"},0.00411864151261,{"v":2.22217556208,"d":"2.22"},{"v":0.034233754,"d":"0.03"},"1_50330001_37016_287138","außerhalb GKL",{"v":0.839118229272,"d":"0.84"},{"v":1,"d":"1.00"},{"v":2.22217556208,"d":"2.22"}]
[5,503,50330,{"v":9888.516621,"d":"9,888.52"},3960,{"v":0.400464514,"d":"0.40"},"G",410,50330001,{"v":5951.33837791,"d":"5,951.34"},152,422,574,{"v":203.7366512,"d":"203.74"},{"v":0.93996673,"d":"0.94"},{"v":539.540903299999,"d":"539.54"},{"v":34.4590967299999,"d":"34.46"},1,"1_50330001_37017",{"v":1.03408381581,"d":"1.03"},0.00507559052198,{"v":2.73848869501,"d":"2.74"},{"v":0.034233754,"d":"0.03"},"1_50330001_37017_287139","außerhalb GKL",{"v":0.0281290568098,"d":"0.03"},{"v":0.0272019118564,"d":"0.03"},{"v":0.0744921281014,"d":"0.07"}]
[5,503,50330,{"v":9888.516621,"d":"9,888.52"},3960,{"v":0.400464514,"d":"0.40"},"G",410,50330001,{"v":5951.33837791,"d":"5,951.34"},152,422,574,{"v":203.7366512,"d":"203.74"},{"v":0.93996673,"d":"0.94"},{"v":539.540903299999,"d":"539.54"},{"v":34.4590967299999,"d":"34.46"},1,"1_50330001_37018",{"v":58.3105780993,"d":"58.31"},0.286205637306,{"v":154.419648082,"d":"154.42"},{"v":0.034233754,"d":"0.03"},"1_50330001_37018_287140","außerhalb GKL",{"v":1.35310315081,"d":"1.35"},{"v":0.0232051060874,"d":"0.02"},{"v":3.58332431572,"d":"3.58"}]
[5,503,50330,{"v":9888.516621,"d":"9,888.52"},3960,{"v":0.400464514,"d":"0.40"},"G",410,50330001,{"v":5951.33837791,"d":"5,951.34"},152,422,574,{"v":203.7366512,"d":"203.74"},{"v":0.93996673,"d":"0.94"},{"v":539.540903299999,"d":"539.54"},{"v":34.4590967299999,"d":"34.46"},1,"1_50330001_37018",{"v":58.3105780993,"d":"58.31"},0.286205637306,{"v":154.419648082,"d":"154.42"},{"v":0.034233754,"d":"0.03"},"1_50330001_37018_287141","außerhalb GKL",{"v":0.533702684497,"d":"0.53"},{"v":0.00915275927445,"d":"0.01"},{"v":1.41336586614,"d":"1.41"}]
[5,503,50330,{"v":9888.516621,"d":"9,888.52"},3960,{"v":0.400464514,"d":"0.40"},"G",410,50330001,{"v":5951.33837791,"d":"5,951.34"},152,422,574,{"v":203.7366512,"d":"203.74"},{"v":0.93996673,"d":"0.94"},{"v":539.540903299999,"d":"539.54"},{"v":34.4590967299999,"d":"34.46"},1,"1_50330001_37018",{"v":58.3105780993,"d":"58.31"},0.286205637306,{"v":154.419648082,"d":"154.42"},{"v":0.034233754,"d":"0.03"},"1_50330001_37018_287142","außerhalb GKL",{"v":1.0422327564,"d":"1.04"},{"v":0.017873819646,"d":"0.02"},{"v":2.76006893962,"d":"2.76"}]
[5,503,50330,{"v":9888.516621,"d":"9,888.52"},3960,{"v":0.400464514,"d":"0.40"},"G",410,50330001,{"v":5951.33837791,"d":"5,951.34"},152,422,574,{"v":203.7366512,"d":"203.74"},{"v":0.93996673,"d":"0.94"},{"v":539.540903299999,"d":"539.54"},{"v":34.4590967299999,"d":"34.46"},1,"1_50330001_37018",{"v":58.3105780993,"d":"58.31"},0.286205637306,{"v":154.419648082,"d":"154.42"},{"v":0.034233754,"d":"0.03"},"1_50330001_37018_287143","außerhalb GKL",{"v":26.7149305456,"d":"26.71"},{"v":0.458148957126,"d":"0.46"},{"v":70.7472007285,"d":"70.75"}]
[5,503,50330,{"v":9888.516621,"d":"9,888.52"},3960,{"v":0.400464514,"d":"0.40"},"G",410,50330001,{"v":5951.33837791,"d":"5,951.34"},152,422,574,{"v":203.7366512,"d":"203.74"},{"v":0.93996673,"d":"0.94"},{"v":539.540903299999,"d":"539.54"},{"v":34.4590967299999,"d":"34.46"},1,"1_50330001_37019",{"v":1.26737228308,"d":"1.27"},0.00622063961303,{"v":3.35628951592,"d":"3.36"},{"v":0.034233754,"d":"0.03"},"1_50330001_37019_287144","außerhalb GKL",{"v":0.00606206341144,"d":"0.01"},{"v":4.78317499315E-3,"d":"0.00"},{"v":0.0160537200823,"d":"0.02"}]
[5,503,50330,{"v":9888.516621,"d":"9,888.52"},3960,{"v":0.400464514,"d":"0.40"},"G",410,50330001,{"v":5951.33837791,"d":"5,951.34"},152,422,574,{"v":203.7366512,"d":"203.74"},{"v":0.93996673,"d":"0.94"},{"v":539.540903299999,"d":"539.54"},{"v":34.4590967299999,"d":"34.46"},1,"1_50330001_37021",{"v":2.40522826924,"d":"2.41"},0.0118055747705,{"v":6.36959047565,"d":"6.37"},{"v":0.034233754,"d":"0.03"},"1_50330001_37021_287145","außerhalb GKL",{"v":0.000764604267777,"d":"0.00"},{"v":0.000317892599865,"d":"0.00"},{"v":0.00202484567638,"d":"0.00"}]
[5,503,50330,{"v":9888.516621,"d":"9,888.52"},3960,{"v":0.400464514,"d":"0.40"},"G",410,50330001,{"v":5951.33837791,"d":"5,951.34"},152,422,574,{"v":203.7366512,"d":"203.74"},{"v":0.93996673,"d":"0.94"},{"v":539.540903299999,"d":"539.54"},{"v":34.4590967299999,"d":"34.46"},1,"1_50330001_37022",{"v":2.21582152722,"d":"2.22"},0.0108759102212,{"v":5.86799842496,"d":"5.87"},{"v":0.034233754,"d":"0.03"},"1_50330001_37022_287146","außerhalb GKL",{"v":2.21582152722,"d":"2.22"},{"v":1,"d":"1.00"},{"v":5.86799842496,"d":"5.87"}]
[5,503,50330,{"v":9888.516621,"d":"9,888.52"},3960,{"v":0.400464514,"d":"0.40"},"G",410,50330001,{"v":5951.33837791,"d":"5,951.34"},152,422,574,{"v":203.7366512,"d":"203.74"},{"v":0.93996673,"d":"0.94"},{"v":539.540903299999,"d":"539.54"},{"v":34.4590967299999,"d":"34.46"},1,"1_50330001_37023",{"v":1.49005043565,"d":"1.49"},0.00731361012795,{"v":3.94599181482,"d":"3.95"},{"v":0.034233754,"d":"0.03"},"1_50330001_37023_287147","außerhalb GKL",{"v":0.00389942061304,"d":"0.00"},{"v":0.0026169722311,"d":"0.00"},{"v":0.0103265510035,"d":"0.01"}]
[5,503,50330,{"v":9888.516621,"d":"9,888.52"},3960,{"v":0.400464514,"d":"0.40"},"G",410,50330001,{"v":5951.33837791,"d":"5,951.34"},152,422,574,{"v":203.7366512,"d":"203.74"},{"v":0.93996673,"d":"0.94"},{"v":539.540903299999,"d":"539.54"},{"v":34.4590967299999,"d":"34.46"},1,"1_50330001_37024",{"v":2.41214618281,"d":"2.41"},0.0118395299452,{"v":6.38791068128,"d":"6.39"},{"v":0.034233754,"d":"0.03"},"1_50330001_37024_287148","außerhalb GKL",{"v":1.56310196688,"d":"1.56"},{"v":0.648012951296,"d":"0.65"},{"v":4.13944885319,"d":"4.14"}]
[5,503,50330,{"v":9888.516621,"d":"9,888.52"},3960,{"v":0.400464514,"d":"0.40"},"G",410,50330001,{"v":5951.33837791,"d":"5,951.34"},152,422,574,{"v":203.7366512,"d":"203.74"},{"v":0.93996673,"d":"0.94"},{"v":539.540903299999,"d":"539.54"},{"v":34.4590967299999,"d":"34.46"},1,"1_50330001_37025",{"v":1.78442504209,"d":"1.78"},0.00875848813446,{"v":4.72556259961,"d":"4.73"},{"v":0.034233754,"d":"0.03"},"1_50330001_37025_287149","außerhalb GKL",{"v":1.78442504209,"d":"1.78"},{"v":1,"d":"1.00"},{"v":4.72556259961,"d":"4.73"}]
[5,503,50330,{"v":9888.516621,"d":"9,888.52"},3960,{"v":0.400464514,"d":"0.40"},"G",410,50330001,{"v":5951.33837791,"d":"5,951.34"},152,422,574,{"v":203.7366512,"d":"203.74"},{"v":0.93996673,"d":"0.94"},{"v":539.540903299999,"d":"539.54"},{"v":34.4590967299999,"d":"34.46"},1,"1_50330001_37026",{"v":4.55844215829,"d":"4.56"},0.0223741881073,{"v":12.071789662,"d":"12.07"},{"v":0.034233754,"d":"0.03"},"1_50330001_37026_287150","außerhalb GKL",{"v":3.53367436011,"d":"3.53"},{"v":0.775193418586,"d":"0.78"},{"v":9.35797189654,"d":"9.36"}]
[5,503,50330,{"v":9888.516621,"d":"9,888.52"},3960,{"v":0.400464514,"d":"0.40"},"G",410,50330001,{"v":5951.33837791,"d":"5,951.34"},152,422,574,{"v":203.7366512,"d":"203.74"},{"v":0.93996673,"d":"0.94"},{"v":539.540903299999,"d":"539.54"},{"v":34.4590967299999,"d":"34.46"},1,"1_50330001_37027",{"v":1.08167316692,"d":"1.08"},0.00530917319269,{"v":2.86451610016,"d":"2.86"},{"v":0.034233754,"d":"0.03"},"1_50330001_37027_287151","außerhalb GKL",{"v":0.352813255172,"d":"0.35"},{"v":0.32617362246,"d":"0.33"},{"v":0.934329592984,"d":"0.93"}]
[5,503,50330,{"v":9888.516621,"d":"9,888.52"},3960,{"v":0.400464514,"d":"0.40"},"G",410,50330001,{"v":5951.33837791,"d":"5,951.34"},152,422,574,{"v":203.7366512,"d":"203.74"},{"v":0.93996673,"d":"0.94"},{"v":539.540903299999,"d":"539.54"},{"v":34.4590967299999,"d":"34.46"},1,"1_50330001_37028",{"v":0.865644859215,"d":"0.87"},0.00424884209157,{"v":2.29242410006,"d":"2.29"},{"v":0.034233754,"d":"0.03"},"1_50330001_37028_287152","außerhalb GKL",{"v":0.865644859215,"d":"0.87"},{"v":1,"d":"1.00"},{"v":2.29242410006,"d":"2.29"}]
[5,503,50330,{"v":9888.516621,"d":"9,888.52"},3960,{"v":0.400464514,"d":"0.40"},"G",410,50330001,{"v":5951.33837791,"d":"5,951.34"},152,422,574,{"v":203.7366512,"d":"203.74"},{"v":0.93996673,"d":"0.94"},{"v":539.540903299999,"d":"539.54"},{"v":34.4590967299999,"d":"34.46"},1,"1_50330001_37029",{"v":52.8525830212999,"d":"52.85"},0.259416176275,{"v":139.965638078,"d":"139.97"},{"v":0.034233754,"d":"0.03"},"1_50330001_37029_287153","außerhalb GKL",{"v":0.416378532041,"d":"0.42"},{"v":0.00787811130959,"d":"0.01"},{"v":1.1026648763,"d":"1.10"}]
[5,503,50330,{"v":9888.516621,"d":"9,888.52"},3960,{"v":0.400464514,"d":"0.40"},"G",410,50330001,{"v":5951.33837791,"d":"5,951.34"},152,422,574,{"v":203.7366512,"d":"203.74"},{"v":0.93996673,"d":"0.94"},{"v":539.540903299999,"d":"539.54"},{"v":34.4590967299999,"d":"34.46"},1,"1_50330001_37029",{"v":52.8525830212999,"d":"52.85"},0.259416176275,{"v":139.965638078,"d":"139.97"},{"v":0.034233754,"d":"0.03"},"1_50330001_37029_287154","außerhalb GKL",{"v":0.936745815346,"d":"0.94"},{"v":0.0177237471056,"d":"0.02"},{"v":2.48071557277,"d":"2.48"}]
[5,503,50330,{"v":9888.516621,"d":"9,888.52"},3960,{"v":0.400464514,"d":"0.40"},"G",410,50330001,{"v":5951.33837791,"d":"5,951.34"},152,422,574,{"v":203.7366512,"d":"203.74"},{"v":0.93996673,"d":"0.94"},{"v":539.540903299999,"d":"539.54"},{"v":34.4590967299999,"d":"34.46"},1,"1_50330001_37029",{"v":52.8525830212999,"d":"52.85"},0.259416176275,{"v":139.965638078,"d":"139.97"},{"v":0.034233754,"d":"0.03"},"1_50330001_37029_287155","außerhalb GKL",{"v":0.0926264891635,"d":"0.09"},{"v":0.00175254422525,"d":"0.00"},{"v":0.245295970747,"d":"0.25"}]
[5,503,50330,{"v":9888.516621,"d":"9,888.52"},3960,{"v":0.400464514,"d":"0.40"},"G",410,50330001,{"v":5951.33837791,"d":"5,951.34"},152,422,574,{"v":203.7366512,"d":"203.74"},{"v":0.93996673,"d":"0.94"},{"v":539.540903299999,"d":"539.54"},{"v":34.4590967299999,"d":"34.46"},1,"1_50330001_37029",{"v":52.8525830212999,"d":"52.85"},0.259416176275,{"v":139.965638078,"d":"139.97"},{"v":0.034233754,"d":"0.03"},"1_50330001_37029_287156","außerhalb GKL",{"v":10.991812261,"d":"10.99"},{"v":0.207971146019,"d":"0.21"},{"v":29.1088141544,"d":"29.11"}]
[5,503,50330,{"v":9888.516621,"d":"9,888.52"},3960,{"v":0.400464514,"d":"0.40"},"G",410,50330001,{"v":5951.33837791,"d":"5,951.34"},152,422,574,{"v":203.7366512,"d":"203.74"},{"v":0.93996673,"d":"0.94"},{"v":539.540903299999,"d":"539.54"},{"v":34.4590967299999,"d":"34.46"},1,"1_50330001_37029",{"v":52.8525830212999,"d":"52.85"},0.259416176275,{"v":139.965638078,"d":"139.97"},{"v":0.034233754,"d":"0.03"},"1_50330001_37029_287157","außerhalb GKL",{"v":3.00321032089,"d":"3.00"},{"v":0.0568223944642,"d":"0.06"},{"v":7.9531826983,"d":"7.95"}]
[5,503,50330,{"v":9888.516621,"d":"9,888.52"},3960,{"v":0.400464514,"d":"0.40"},"G",410,50330001,{"v":5951.33837791,"d":"5,951.34"},152,422,574,{"v":203.7366512,"d":"203.74"},{"v":0.93996673,"d":"0.94"},{"v":539.540903299999,"d":"539.54"},{"v":34.4590967299999,"d":"34.46"},1,"1_50330001_37030",{"v":1.01194136487,"d":"1.01"},0.00496690879579,{"v":2.67985045829,"d":"2.68"},{"v":0.034233754,"d":"0.03"},"1_50330001_37030_287158","außerhalb GKL",{"v":1.01194136487,"d":"1.01"},{"v":1,"d":"1.00"},{"v":2.67985045829,"d":"2.68"}]
[5,503,50330,{"v":9888.516621,"d":"9,888.52"},3960,{"v":0.400464514,"d":"0.40"},"G",410,50330001,{"v":5951.33837791,"d":"5,951.34"},152,422,574,{"v":203.7366512,"d":"203.74"},{"v":0.93996673,"d":"0.94"},{"v":539.540903299999,"d":"539.54"},{"v":34.4590967299999,"d":"34.46"},1,"1_50330001_37031",{"v":61.2313247028999,"d":"61.23"},0.300541529186,{"v":162.154448136,"d":"162.15"},{"v":0.034233754,"d":"0.03"},"1_50330001_37031_287159","außerhalb GKL",{"v":0.00357140022844,"d":"0.00"},{"v":5.8326359029e-05,"d":"0.00"},{"v":0.00945787856013,"d":"0.01"}]
[5,503,50330,{"v":9888.516621,"d":"9,888.52"},3960,{"v":0.400464514,"d":"0.40"},"G",410,50330001,{"v":5951.33837791,"d":"5,951.34"},152,422,574,{"v":203.7366512,"d":"203.74"},{"v":0.93996673,"d":"0.94"},{"v":539.540903299999,"d":"539.54"},{"v":34.4590967299999,"d":"34.46"},1,"1_50330001_37031",{"v":61.2313247028999,"d":"61.23"},0.300541529186,{"v":162.154448136,"d":"162.15"},{"v":0.034233754,"d":"0.03"},"1_50330001_37031_287160","außerhalb GKL",{"v":4.00219240987,"d":"4.00"},{"v":0.0653618459063,"d":"0.07"},{"v":10.5987140521,"d":"10.60"}]
[5,503,50330,{"v":9888.516621,"d":"9,888.52"},3960,{"v":0.400464514,"d":"0.40"},"G",410,50330001,{"v":5951.33837791,"d":"5,951.34"},152,422,574,{"v":203.7366512,"d":"203.74"},{"v":0.93996673,"d":"0.94"},{"v":539.540903299999,"d":"539.54"},{"v":34.4590967299999,"d":"34.46"},1,"1_50330001_37031",{"v":61.2313247028999,"d":"61.23"},0.300541529186,{"v":162.154448136,"d":"162.15"},{"v":0.034233754,"d":"0.03"},"1_50330001_37031_287161","außerhalb GKL",{"v":0.833652009542,"d":"0.83"},{"v":0.0136147962434,"d":"0.01"},{"v":2.20769977133,"d":"2.21"}]
[5,503,50330,{"v":9888.516621,"d":"9,888.52"},3960,{"v":0.400464514,"d":"0.40"},"G",410,50330001,{"v":5951.33837791,"d":"5,951.34"},152,422,574,{"v":203.7366512,"d":"203.74"},{"v":0.93996673,"d":"0.94"},{"v":539.540903299999,"d":"539.54"},{"v":34.4590967299999,"d":"34.46"},1,"1_50330001_37031",{"v":61.2313247028999,"d":"61.23"},0.300541529186,{"v":162.154448136,"d":"162.15"},{"v":0.034233754,"d":"0.03"},"1_50330001_37031_287162","außerhalb GKL",{"v":0.322443201734,"d":"0.32"},{"v":0.00526598441727,"d":"0.01"},{"v":0.853902797075,"d":"0.85"}]
[5,503,50335,{"v":4452.427886,"d":"4,452.43"},7628,{"v":1.713222582,"d":"1.71"},"M",410,50335001,{"v":1897.72974649,"d":"1,897.73"},148,108,256,{"v":119.0835899,"d":"119.08"},{"v":0.93996673,"d":"0.94"},{"v":240.631483,"d":"240.63"},{"v":15.36851701,"d":"15.37"},1,"1_50335001_37094",{"v":1.58488286641,"d":"1.58"},0.0133089946964,{"v":3.20256313103,"d":"3.20"},{"v":0.062750552,"d":"0.06"},"1_50335001_37094_287163","außerhalb GKL",{"v":0.0633554769797,"d":"0.06"},{"v":0.0399748639615,"d":"0.04"},{"v":0.128022025491,"d":"0.13"}]
[5,503,50335,{"v":4452.427886,"d":"4,452.43"},7628,{"v":1.713222582,"d":"1.71"},"M",410,50335001,{"v":1897.72974649,"d":"1,897.73"},148,108,256,{"v":119.0835899,"d":"119.08"},{"v":0.93996673,"d":"0.94"},{"v":240.631483,"d":"240.63"},{"v":15.36851701,"d":"15.37"},1,"1_50335001_37094",{"v":1.58488286641,"d":"1.58"},0.0133089946964,{"v":3.20256313103,"d":"3.20"},{"v":0.062750552,"d":"0.06"},"1_50335001_37094_287164","außerhalb GKL",{"v":0.0245013236309,"d":"0.02"},{"v":0.0154593908169,"d":"0.02"},{"v":0.0495096750584,"d":"0.05"}]
[5,503,50335,{"v":4452.427886,"d":"4,452.43"},7628,{"v":1.713222582,"d":"1.71"},"M",410,50335001,{"v":1897.72974649,"d":"1,897.73"},148,108,256,{"v":119.0835899,"d":"119.08"},{"v":0.93996673,"d":"0.94"},{"v":240.631483,"d":"240.63"},{"v":15.36851701,"d":"15.37"},1,"1_50335001_37094",{"v":1.58488286641,"d":"1.58"},0.0133089946964,{"v":3.20256313103,"d":"3.20"},{"v":0.062750552,"d":"0.06"},"1_50335001_37094_287165","G",{"v":1.49702606581,"d":"1.50"},{"v":0.944565745228,"d":"0.94"},{"v":3.0250314305,"d":"3.03"}]
[5,503,50335,{"v":4452.427886,"d":"4,452.43"},7628,{"v":1.713222582,"d":"1.71"},"M",410,50335001,{"v":1897.72974649,"d":"1,897.73"},148,108,256,{"v":119.0835899,"d":"119.08"},{"v":0.93996673,"d":"0.94"},{"v":240.631483,"d":"240.63"},{"v":15.36851701,"d":"15.37"},1,"1_50335001_37095",{"v":4.9078106791,"d":"4.91"},0.0412131569364,{"v":9.91718307272,"d":"9.92"},{"v":0.062750552,"d":"0.06"},"1_50335001_37095_287166","außerhalb GKL",{"v":4.9078106791,"d":"4.91"},{"v":1,"d":"1.00"},{"v":9.91718307272,"d":"9.92"}]
[5,503,50335,{"v":4452.427886,"d":"4,452.43"},7628,{"v":1.713222582,"d":"1.71"},"M",410,50335001,{"v":1897.72974649,"d":"1,897.73"},148,108,256,{"v":119.0835899,"d":"119.08"},{"v":0.93996673,"d":"0.94"},{"v":240.631483,"d":"240.63"},{"v":15.36851701,"d":"15.37"},1,"1_50335001_37096",{"v":2.09707343243,"d":"2.10"},0.0176100958511,{"v":4.23754348042,"d":"4.24"},{"v":0.062750552,"d":"0.06"},"1_50335001_37096_287167","außerhalb GKL",{"v":2.09707343243,"d":"2.10"},{"v":1,"d":"1.00"},{"v":4.23754348042,"d":"4.24"}]
[5,503,50335,{"v":4452.427886,"d":"4,452.43"},7628,{"v":1.713222582,"d":"1.71"},"M",410,50335001,{"v":1897.72974649,"d":"1,897.73"},148,108,256,{"v":119.0835899,"d":"119.08"},{"v":0.93996673,"d":"0.94"},{"v":240.631483,"d":"240.63"},{"v":15.36851701,"d":"15.37"},1,"1_50335001_37097",{"v":1.81423803699,"d":"1.81"},0.015234996178,{"v":3.66601972381,"d":"3.67"},{"v":0.062750552,"d":"0.06"},"1_50335001_37097_287168","außerhalb GKL",{"v":1.81423803699,"d":"1.81"},{"v":1,"d":"1.00"},{"v":3.66601972381,"d":"3.67"}]
[5,503,50335,{"v":4452.427886,"d":"4,452.43"},7628,{"v":1.713222582,"d":"1.71"},"M",410,50335001,{"v":1897.72974649,"d":"1,897.73"},148,108,256,{"v":119.0835899,"d":"119.08"},{"v":0.93996673,"d":"0.94"},{"v":240.631483,"d":"240.63"},{"v":15.36851701,"d":"15.37"},1,"1_50335001_37098",{"v":0.608000408344,"d":"0.61"},0.00510566072836,{"v":1.22858271276,"d":"1.23"},{"v":0.062750552,"d":"0.06"},"1_50335001_37098_287169","außerhalb GKL",{"v":0.608000408344,"d":"0.61"},{"v":1,"d":"1.00"},{"v":1.22858271276,"d":"1.23"}]
[5,503,50335,{"v":4452.427886,"d":"4,452.43"},7628,{"v":1.713222582,"d":"1.71"},"M",410,50335001,{"v":1897.72974649,"d":"1,897.73"},148,108,256,{"v":119.0835899,"d":"119.08"},{"v":0.93996673,"d":"0.94"},{"v":240.631483,"d":"240.63"},{"v":15.36851701,"d":"15.37"},1,"1_50335001_37099",{"v":3.948261165,"d":"3.95"},0.0331553757181,{"v":7.97822722847,"d":"7.98"},{"v":0.062750552,"d":"0.06"},"1_50335001_37099_287170","außerhalb GKL",{"v":3.948261165,"d":"3.95"},{"v":1,"d":"1.00"},{"v":7.97822722847,"d":"7.98"}]
[5,503,50335,{"v":4452.427886,"d":"4,452.43"},7628,{"v":1.713222582,"d":"1.71"},"M",410,50335001,{"v":1897.72974649,"d":"1,897.73"},148,108,256,{"v":119.0835899,"d":"119.08"},{"v":0.93996673,"d":"0.94"},{"v":240.631483,"d":"240.63"},{"v":15.36851701,"d":"15.37"},1,"1_50335001_37100",{"v":1.41045997086,"d":"1.41"},0.0118442849434,{"v":2.850107851,"d":"2.85"},{"v":0.062750552,"d":"0.06"},"1_50335001_37100_287171","außerhalb GKL",{"v":1.41045997086,"d":"1.41"},{"v":1,"d":"1.00"},{"v":2.850107851,"d":"2.85"}]
[5,503,50335,{"v":4452.427886,"d":"4,452.43"},7628,{"v":1.713222582,"d":"1.71"},"M",410,50335001,{"v":1897.72974649,"d":"1,897.73"},148,108,256,{"v":119.0835899,"d":"119.08"},{"v":0.93996673,"d":"0.94"},{"v":240.631483,"d":"240.63"},{"v":15.36851701,"d":"15.37"},1,"1_50335001_37101",{"v":1.64575543853,"d":"1.65"},0.013820169848,{"v":3.32556796584,"d":"3.33"},{"v":0.062750552,"d":"0.06"},"1_50335001_37101_287172","außerhalb GKL",{"v":1.64575543853,"d":"1.65"},{"v":1,"d":"1.00"},{"v":3.32556796584,"d":"3.33"}]
[5,503,50335,{"v":4452.427886,"d":"4,452.43"},7628,{"v":1.713222582,"d":"1.71"},"M",410,50335001,{"v":1897.72974649,"d":"1,897.73"},148,108,256,{"v":119.0835899,"d":"119.08"},{"v":0.93996673,"d":"0.94"},{"v":240.631483,"d":"240.63"},{"v":15.36851701,"d":"15.37"},1,"1_50335001_37102",{"v":1.85763711867,"d":"1.86"},0.015599438346,{"v":3.75371598317,"d":"3.75"},{"v":0.062750552,"d":"0.06"},"1_50335001_37102_287173","außerhalb GKL",{"v":1.85763711867,"d":"1.86"},{"v":1,"d":"1.00"},{"v":3.75371598317,"d":"3.75"}]
[5,503,50335,{"v":4452.427886,"d":"4,452.43"},7628,{"v":1.713222582,"d":"1.71"},"M",410,50335001,{"v":1897.72974649,"d":"1,897.73"},148,108,256,{"v":119.0835899,"d":"119.08"},{"v":0.93996673,"d":"0.94"},{"v":240.631483,"d":"240.63"},{"v":15.36851701,"d":"15.37"},1,"1_50335001_37103",{"v":0.924590362338,"d":"0.92"},0.0077642130466,{"v":1.86831409973,"d":"1.87"},{"v":0.062750552,"d":"0.06"},"1_50335001_37103_287174","außerhalb GKL",{"v":0.924590362338,"d":"0.92"},{"v":1,"d":"1.00"},{"v":1.86831409973,"d":"1.87"}]
[5,503,50335,{"v":4452.427886,"d":"4,452.43"},7628,{"v":1.713222582,"d":"1.71"},"M",410,50335001,{"v":1897.72974649,"d":"1,897.73"},148,108,256,{"v":119.0835899,"d":"119.08"},{"v":0.93996673,"d":"0.94"},{"v":240.631483,"d":"240.63"},{"v":15.36851701,"d":"15.37"},1,"1_50335001_37104",{"v":5.27381604344,"d":"5.27"},0.044286673318,{"v":10.6567678776,"d":"10.66"},{"v":0.062750552,"d":"0.06"},"1_50335001_37104_287175","außerhalb GKL",{"v":5.27381604344,"d":"5.27"},{"v":1,"d":"1.00"},{"v":10.6567678776,"d":"10.66"}]
[5,503,50335,{"v":4452.427886,"d":"4,452.43"},7628,{"v":1.713222582,"d":"1.71"},"M",410,50335001,{"v":1897.72974649,"d":"1,897.73"},148,108,256,{"v":119.0835899,"d":"119.08"},{"v":0.93996673,"d":"0.94"},{"v":240.631483,"d":"240.63"},{"v":15.36851701,"d":"15.37"},1,"1_50335001_37105",{"v":2.57455074946,"d":"2.57"},0.0216196937934,{"v":5.20237897951,"d":"5.20"},{"v":0.062750552,"d":"0.06"},"1_50335001_37105_287176","außerhalb GKL",{"v":2.57455074946,"d":"2.57"},{"v":1,"d":"1.00"},{"v":5.20237897951,"d":"5.20"}]
[5,503,50335,{"v":4452.427886,"d":"4,452.43"},7628,{"v":1.713222582,"d":"1.71"},"M",410,50335001,{"v":1897.72974649,"d":"1,897.73"},148,108,256,{"v":119.0835899,"d":"119.08"},{"v":0.93996673,"d":"0.94"},{"v":240.631483,"d":"240.63"},{"v":15.36851701,"d":"15.37"},1,"1_50335001_37106",{"v":3.78993746123,"d":"3.79"},0.031825858327,{"v":7.65830348697,"d":"7.66"},{"v":0.062750552,"d":"0.06"},"1_50335001_37106_287177","außerhalb GKL",{"v":3.78993746123,"d":"3.79"},{"v":1,"d":"1.00"},{"v":7.65830348697,"d":"7.66"}]
[5,503,50335,{"v":4452.427886,"d":"4,452.43"},7628,{"v":1.713222582,"d":"1.71"},"M",410,50335001,{"v":1897.72974649,"d":"1,897.73"},148,108,256,{"v":119.0835899,"d":"119.08"},{"v":0.93996673,"d":"0.94"},{"v":240.631483,"d":"240.63"},{"v":15.36851701,"d":"15.37"},1,"1_50335001_37107",{"v":3.1210017967,"d":"3.12"},0.02620849606,{"v":6.30658927412,"d":"6.31"},{"v":0.062750552,"d":"0.06"},"1_50335001_37107_287178","außerhalb GKL",{"v":3.1210017967,"d":"3.12"},{"v":1,"d":"1.00"},{"v":6.30658927412,"d":"6.31"}]
[5,503,50335,{"v":4452.427886,"d":"4,452.43"},7628,{"v":1.713222582,"d":"1.71"},"M",410,50335001,{"v":1897.72974649,"d":"1,897.73"},148,108,256,{"v":119.0835899,"d":"119.08"},{"v":0.93996673,"d":"0.94"},{"v":240.631483,"d":"240.63"},{"v":15.36851701,"d":"15.37"},1,"1_50335001_37108",{"v":5.28223374558,"d":"5.28"},0.0443573606575,{"v":10.673777477,"d":"10.67"},{"v":0.062750552,"d":"0.06"},"1_50335001_37108_287179","außerhalb GKL",{"v":5.28223374558,"d":"5.28"},{"v":1,"d":"1.00"},{"v":10.673777477,"d":"10.67"}]
[5,503,50335,{"v":4452.427886,"d":"4,452.43"},7628,{"v":1.713222582,"d":"1.71"},"M",410,50335001,{"v":1897.72974649,"d":"1,897.73"},148,108,256,{"v":119.0835899,"d":"119.08"},{"v":0.93996673,"d":"0.94"},{"v":240.631483,"d":"240.63"},{"v":15.36851701,"d":"15.37"},1,"1_50335001_37109",{"v":1.28643003305,"d":"1.29"},0.0108027481715,{"v":2.59948131298,"d":"2.60"},{"v":0.062750552,"d":"0.06"},"1_50335001_37109_287180","außerhalb GKL",{"v":1.28643003305,"d":"1.29"},{"v":1,"d":"1.00"},{"v":2.59948131298,"d":"2.60"}]
[5,503,50335,{"v":4452.427886,"d":"4,452.43"},7628,{"v":1.713222582,"d":"1.71"},"M",410,50335001,{"v":1897.72974649,"d":"1,897.73"},148,108,256,{"v":119.0835899,"d":"119.08"},{"v":0.93996673,"d":"0.94"},{"v":240.631483,"d":"240.63"},{"v":15.36851701,"d":"15.37"},1,"1_50335001_37110",{"v":2.42581738939,"d":"2.43"},0.0203707109554,{"v":4.90183438696,"d":"4.90"},{"v":0.062750552,"d":"0.06"},"1_50335001_37110_287181","außerhalb GKL",{"v":2.42581738939,"d":"2.43"},{"v":1,"d":"1.00"},{"v":4.90183438696,"d":"4.90"}]
[5,503,50335,{"v":4452.427886,"d":"4,452.43"},7628,{"v":1.713222582,"d":"1.71"},"M",410,50335001,{"v":1897.72974649,"d":"1,897.73"},148,108,256,{"v":119.0835899,"d":"119.08"},{"v":0.93996673,"d":"0.94"},{"v":240.631483,"d":"240.63"},{"v":15.36851701,"d":"15.37"},1,"1_50335001_37111",{"v":4.52837170915,"d":"4.53"},0.0380268323532,{"v":9.15045306294,"d":"9.15"},{"v":0.062750552,"d":"0.06"},"1_50335001_37111_287182","außerhalb GKL",{"v":4.52837170915,"d":"4.53"},{"v":1,"d":"1.00"},{"v":9.15045306294,"d":"9.15"}]
[5,503,50335,{"v":4452.427886,"d":"4,452.43"},7628,{"v":1.713222582,"d":"1.71"},"M",410,50335005,{"v":1226.02576505999,"d":"1,226.03"},154,199,353,{"v":131.351104399999,"d":"131.35"},{"v":0.93996673,"d":"0.94"},{"v":331.808255799999,"d":"331.81"},{"v":21.1917441599999,"d":"21.19"},1,"1_50335005_37140",{"v":3.51775182888,"d":"3.52"},0.0267812885544,{"v":8.88625264331,"d":"8.89"},{"v":0.10713568,"d":"0.11"},"1_50335005_37140_287183","außerhalb GKL",{"v":3.51775182888,"d":"3.52"},{"v":1,"d":"1.00"},{"v":8.88625264331,"d":"8.89"}]
[5,503,50336,{"v":9401.955319,"d":"9,401.96"},3641,{"v":0.387259871,"d":"0.39"},"G",220,50336001,{"v":8456.83176654,"d":"8,456.83"},184,660,844,{"v":234.5019546,"d":"234.50"},{"v":0.99140599,"d":"0.99"},{"v":836.746655499999,"d":"836.75"},{"v":7.253344521,"d":"7.25"},1,"1_50336001_37155",{"v":175.245312441,"d":"175.25"},0.747308536255,{"v":625.307918338,"d":"625.31"},{"v":0.027729292,"d":"0.03"},"1_50336001_37155_287184","D",{"v":0.0640910020775,"d":"0.06"},{"v":0.000365721634347,"d":"0.00"},{"v":0.228688633865,"d":"0.23"}]
[5,503,50336,{"v":9401.955319,"d":"9,401.96"},3641,{"v":0.387259871,"d":"0.39"},"G",220,50336001,{"v":8456.83176654,"d":"8,456.83"},184,660,844,{"v":234.5019546,"d":"234.50"},{"v":0.99140599,"d":"0.99"},{"v":836.746655499999,"d":"836.75"},{"v":7.253344521,"d":"7.25"},1,"1_50336001_37155",{"v":175.245312441,"d":"175.25"},0.747308536255,{"v":625.307918338,"d":"625.31"},{"v":0.027729292,"d":"0.03"},"1_50336001_37155_287185","D",{"v":9.24875984012,"d":"9.25"},{"v":0.0527760754984,"d":"0.05"},{"v":33.0012979079999,"d":"33.00"}]
[5,503,50336,{"v":9401.955319,"d":"9,401.96"},3641,{"v":0.387259871,"d":"0.39"},"G",220,50336001,{"v":8456.83176654,"d":"8,456.83"},184,660,844,{"v":234.5019546,"d":"234.50"},{"v":0.99140599,"d":"0.99"},{"v":836.746655499999,"d":"836.75"},{"v":7.253344521,"d":"7.25"},1,"1_50336001_37155",{"v":175.245312441,"d":"175.25"},0.747308536255,{"v":625.307918338,"d":"625.31"},{"v":0.027729292,"d":"0.03"},"1_50336001_37155_287186","E",{"v":6.2803280858,"d":"6.28"},{"v":0.0358373527846,"d":"0.04"},{"v":22.4093804685,"d":"22.41"}]
[5,503,50336,{"v":9401.955319,"d":"9,401.96"},3641,{"v":0.387259871,"d":"0.39"},"G",220,50336001,{"v":8456.83176654,"d":"8,456.83"},184,660,844,{"v":234.5019546,"d":"234.50"},{"v":0.99140599,"d":"0.99"},{"v":836.746655499999,"d":"836.75"},{"v":7.253344521,"d":"7.25"},1,"1_50336001_37155",{"v":175.245312441,"d":"175.25"},0.747308536255,{"v":625.307918338,"d":"625.31"},{"v":0.027729292,"d":"0.03"},"1_50336001_37155_287187","E",{"v":7.72574210687,"d":"7.73"},{"v":0.0440852996252,"d":"0.04"},{"v":27.5668869379,"d":"27.57"}]
[5,503,50336,{"v":9401.955319,"d":"9,401.96"},3641,{"v":0.387259871,"d":"0.39"},"G",220,50336001,{"v":8456.83176654,"d":"8,456.83"},184,660,844,{"v":234.5019546,"d":"234.50"},{"v":0.99140599,"d":"0.99"},{"v":836.746655499999,"d":"836.75"},{"v":7.253344521,"d":"7.25"},1,"1_50336001_37155",{"v":175.245312441,"d":"175.25"},0.747308536255,{"v":625.307918338,"d":"625.31"},{"v":0.027729292,"d":"0.03"},"1_50336001_37155_287188","E",{"v":0.818195006393,"d":"0.82"},{"v":0.00466885530344,"d":"0.00"},{"v":2.91947219082,"d":"2.92"}]
[5,503,50336,{"v":9401.955319,"d":"9,401.96"},3641,{"v":0.387259871,"d":"0.39"},"G",220,50336001,{"v":8456.83176654,"d":"8,456.83"},184,660,844,{"v":234.5019546,"d":"234.50"},{"v":0.99140599,"d":"0.99"},{"v":836.746655499999,"d":"836.75"},{"v":7.253344521,"d":"7.25"},1,"1_50336001_37155",{"v":175.245312441,"d":"175.25"},0.747308536255,{"v":625.307918338,"d":"625.31"},{"v":0.027729292,"d":"0.03"},"1_50336001_37155_287189","E",{"v":3.24509577469,"d":"3.25"},{"v":0.0185174469405,"d":"0.02"},{"v":11.5791061993,"d":"11.58"}]
[5,503,50336,{"v":9401.955319,"d":"9,401.96"},3641,{"v":0.387259871,"d":"0.39"},"G",220,50336001,{"v":8456.83176654,"d":"8,456.83"},184,660,844,{"v":234.5019546,"d":"234.50"},{"v":0.99140599,"d":"0.99"},{"v":836.746655499999,"d":"836.75"},{"v":7.253344521,"d":"7.25"},1,"1_50336001_37155",{"v":175.245312441,"d":"175.25"},0.747308536255,{"v":625.307918338,"d":"625.31"},{"v":0.027729292,"d":"0.03"},"1_50336001_37155_287190","E",{"v":5.78010303995,"d":"5.78"},{"v":0.032982925246,"d":"0.03"},{"v":20.6244843262999,"d":"20.62"}]
[5,503,50336,{"v":9401.955319,"d":"9,401.96"},3641,{"v":0.387259871,"d":"0.39"},"G",220,50336001,{"v":8456.83176654,"d":"8,456.83"},184,660,844,{"v":234.5019546,"d":"234.50"},{"v":0.99140599,"d":"0.99"},{"v":836.746655499999,"d":"836.75"},{"v":7.253344521,"d":"7.25"},1,"1_50336001_37155",{"v":175.245312441,"d":"175.25"},0.747308536255,{"v":625.307918338,"d":"625.31"},{"v":0.027729292,"d":"0.03"},"1_50336001_37155_287191","E",{"v":5.75911247596,"d":"5.76"},{"v":0.0328631470693,"d":"0.03"},{"v":20.5495860839,"d":"20.55"}]
[5,503,50336,{"v":9401.955319,"d":"9,401.96"},3641,{"v":0.387259871,"d":"0.39"},"G",220,50336001,{"v":8456.83176654,"d":"8,456.83"},184,660,844,{"v":234.5019546,"d":"234.50"},{"v":0.99140599,"d":"0.99"},{"v":836.746655499999,"d":"836.75"},{"v":7.253344521,"d":"7.25"},1,"1_50336001_37155",{"v":175.245312441,"d":"175.25"},0.747308536255,{"v":625.307918338,"d":"625.31"},{"v":0.027729292,"d":"0.03"},"1_50336001_37155_287192","E",{"v":5.35028099812,"d":"5.35"},{"v":0.0305302374346,"d":"0.03"},{"v":19.0907992166,"d":"19.09"}]
[5,503,50336,{"v":9401.955319,"d":"9,401.96"},3641,{"v":0.387259871,"d":"0.39"},"G",220,50336001,{"v":8456.83176654,"d":"8,456.83"},184,660,844,{"v":234.5019546,"d":"234.50"},{"v":0.99140599,"d":"0.99"},{"v":836.746655499999,"d":"836.75"},{"v":7.253344521,"d":"7.25"},1,"1_50336001_37155",{"v":175.245312441,"d":"175.25"},0.747308536255,{"v":625.307918338,"d":"625.31"},{"v":0.027729292,"d":"0.03"},"1_50336001_37155_287193","E",{"v":2.13105351286,"d":"2.13"},{"v":0.0121604023707,"d":"0.01"},{"v":7.60399589257,"d":"7.60"}]
[5,503,50336,{"v":9401.955319,"d":"9,401.96"},3641,{"v":0.387259871,"d":"0.39"},"G",220,50336001,{"v":8456.83176654,"d":"8,456.83"},184,660,844,{"v":234.5019546,"d":"234.50"},{"v":0.99140599,"d":"0.99"},{"v":836.746655499999,"d":"836.75"},{"v":7.253344521,"d":"7.25"},1,"1_50336001_37155",{"v":175.245312441,"d":"175.25"},0.747308536255,{"v":625.307918338,"d":"625.31"},{"v":0.027729292,"d":"0.03"},"1_50336001_37155_287194","E",{"v":2.44133939443,"d":"2.44"},{"v":0.0139309825776,"d":"0.01"},{"v":8.711153716,"d":"8.71"}]
[5,503,50336,{"v":9401.955319,"d":"9,401.96"},3641,{"v":0.387259871,"d":"0.39"},"G",220,50336001,{"v":8456.83176654,"d":"8,456.83"},184,660,844,{"v":234.5019546,"d":"234.50"},{"v":0.99140599,"d":"0.99"},{"v":836.746655499999,"d":"836.75"},{"v":7.253344521,"d":"7.25"},1,"1_50336001_37155",{"v":175.245312441,"d":"175.25"},0.747308536255,{"v":625.307918338,"d":"625.31"},{"v":0.027729292,"d":"0.03"},"1_50336001_37155_287195","F",{"v":0.410515807708,"d":"0.41"},{"v":0.00234252090393,"d":"0.00"},{"v":1.4647968701,"d":"1.46"}]
[5,503,50336,{"v":9401.955319,"d":"9,401.96"},3641,{"v":0.387259871,"d":"0.39"},"G",220,50336001,{"v":8456.83176654,"d":"8,456.83"},184,660,844,{"v":234.5019546,"d":"234.50"},{"v":0.99140599,"d":"0.99"},{"v":836.746655499999,"d":"836.75"},{"v":7.253344521,"d":"7.25"},1,"1_50336001_37155",{"v":175.245312441,"d":"175.25"},0.747308536255,{"v":625.307918338,"d":"625.31"},{"v":0.027729292,"d":"0.03"},"1_50336001_37155_287196","F",{"v":5.32462372033,"d":"5.32"},{"v":0.0303838296509,"d":"0.03"},{"v":18.9992492701,"d":"19.00"}]
[5,503,50336,{"v":9401.955319,"d":"9,401.96"},3641,{"v":0.387259871,"d":"0.39"},"G",220,50336001,{"v":8456.83176654,"d":"8,456.83"},184,660,844,{"v":234.5019546,"d":"234.50"},{"v":0.99140599,"d":"0.99"},{"v":836.746655499999,"d":"836.75"},{"v":7.253344521,"d":"7.25"},1,"1_50336001_37155",{"v":175.245312441,"d":"175.25"},0.747308536255,{"v":625.307918338,"d":"625.31"},{"v":0.027729292,"d":"0.03"},"1_50336001_37155_287197","F",{"v":0.0570937161631,"d":"0.06"},{"v":0.000325793114622,"d":"0.00"},{"v":0.203721014313,"d":"0.20"}]
[5,503,50336,{"v":9401.955319,"d":"9,401.96"},3641,{"v":0.387259871,"d":"0.39"},"G",220,50336001,{"v":8456.83176654,"d":"8,456.83"},184,660,844,{"v":234.5019546,"d":"234.50"},{"v":0.99140599,"d":"0.99"},{"v":836.746655499999,"d":"836.75"},{"v":7.253344521,"d":"7.25"},1,"1_50336001_37155",{"v":175.245312441,"d":"175.25"},0.747308536255,{"v":625.307918338,"d":"625.31"},{"v":0.027729292,"d":"0.03"},"1_50336001_37155_287198","F",{"v":18.0518697358,"d":"18.05"},{"v":0.103009144635,"d":"0.10"},{"v":64.4124338015,"d":"64.41"}]
[5,503,50336,{"v":9401.955319,"d":"9,401.96"},3641,{"v":0.387259871,"d":"0.39"},"G",220,50336001,{"v":8456.83176654,"d":"8,456.83"},184,660,844,{"v":234.5019546,"d":"234.50"},{"v":0.99140599,"d":"0.99"},{"v":836.746655499999,"d":"836.75"},{"v":7.253344521,"d":"7.25"},1,"1_50336001_37155",{"v":175.245312441,"d":"175.25"},0.747308536255,{"v":625.307918338,"d":"625.31"},{"v":0.027729292,"d":"0.03"},"1_50336001_37155_287199","F",{"v":0.0223627833502,"d":"0.02"},{"v":1.27608453765E-4,"d":"0.00"},{"v":0.0797945765861,"d":"0.08"}]
[5,503,50336,{"v":9401.955319,"d":"9,401.96"},3641,{"v":0.387259871,"d":"0.39"},"G",220,50336001,{"v":8456.83176654,"d":"8,456.83"},184,660,844,{"v":234.5019546,"d":"234.50"},{"v":0.99140599,"d":"0.99"},{"v":836.746655499999,"d":"836.75"},{"v":7.253344521,"d":"7.25"},1,"1_50336001_37155",{"v":175.245312441,"d":"175.25"},0.747308536255,{"v":625.307918338,"d":"625.31"},{"v":0.027729292,"d":"0.03"},"1_50336001_37155_287200","F",{"v":0.319413188709,"d":"0.32"},{"v":0.00182266323852,"d":"0.00"},{"v":1.13972575551,"d":"1.14"}]
[5,503,50336,{"v":9401.955319,"d":"9,401.96"},3641,{"v":0.387259871,"d":"0.39"},"G",220,50336001,{"v":8456.83176654,"d":"8,456.83"},184,660,844,{"v":234.5019546,"d":"234.50"},{"v":0.99140599,"d":"0.99"},{"v":836.746655499999,"d":"836.75"},{"v":7.253344521,"d":"7.25"},1,"1_50336001_37155",{"v":175.245312441,"d":"175.25"},0.747308536255,{"v":625.307918338,"d":"625.31"},{"v":0.027729292,"d":"0.03"},"1_50336001_37155_287201","F",{"v":1.11364250827,"d":"1.11"},{"v":0.00635476346133,"d":"0.01"},{"v":3.97368391153,"d":"3.97"}]
[5,503,50336,{"v":9401.955319,"d":"9,401.96"},3641,{"v":0.387259871,"d":"0.39"},"G",220,50336001,{"v":8456.83176654,"d":"8,456.83"},184,660,844,{"v":234.5019546,"d":"234.50"},{"v":0.99140599,"d":"0.99"},{"v":836.746655499999,"d":"836.75"},{"v":7.253344521,"d":"7.25"},1,"1_50336001_37155",{"v":175.245312441,"d":"175.25"},0.747308536255,{"v":625.307918338,"d":"625.31"},{"v":0.027729292,"d":"0.03"},"1_50336001_37155_287202","F",{"v":11.3014136557999,"d":"11.30"},{"v":0.0644891067178,"d":"0.06"},{"v":40.3255490772,"d":"40.33"}]
[5,503,50336,{"v":9401.955319,"d":"9,401.96"},3641,{"v":0.387259871,"d":"0.39"},"G",220,50336001,{"v":8456.83176654,"d":"8,456.83"},184,660,844,{"v":234.5019546,"d":"234.50"},{"v":0.99140599,"d":"0.99"},{"v":836.746655499999,"d":"836.75"},{"v":7.253344521,"d":"7.25"},1,"1_50336001_37155",{"v":175.245312441,"d":"175.25"},0.747308536255,{"v":625.307918338,"d":"625.31"},{"v":0.027729292,"d":"0.03"},"1_50336001_37155_287203","F",{"v":13.9156108532,"d":"13.92"},{"v":0.0794064654818,"d":"0.08"},{"v":49.653491633,"d":"49.65"}]
[5,503,50336,{"v":9401.955319,"d":"9,401.96"},3641,{"v":0.387259871,"d":"0.39"},"G",220,50336001,{"v":8456.83176654,"d":"8,456.83"},184,660,844,{"v":234.5019546,"d":"234.50"},{"v":0.99140599,"d":"0.99"},{"v":836.746655499999,"d":"836.75"},{"v":7.253344521,"d":"7.25"},1,"1_50336001_37155",{"v":175.245312441,"d":"175.25"},0.747308536255,{"v":625.307918338,"d":"625.31"},{"v":0.027729292,"d":"0.03"},"1_50336001_37155_287204","F",{"v":5.30844230973,"d":"5.31"},{"v":0.0302914938824,"d":"0.03"},{"v":18.941510983,"d":"18.94"}]
[5,503,50336,{"v":9401.955319,"d":"9,401.96"},3641,{"v":0.387259871,"d":"0.39"},"G",220,50336001,{"v":8456.83176654,"d":"8,456.83"},184,660,844,{"v":234.5019546,"d":"234.50"},{"v":0.99140599,"d":"0.99"},{"v":836.746655499999,"d":"836.75"},{"v":7.253344521,"d":"7.25"},1,"1_50336001_37155",{"v":175.245312441,"d":"175.25"},0.747308536255,{"v":625.307918338,"d":"625.31"},{"v":0.027729292,"d":"0.03"},"1_50336001_37155_287205","F",{"v":0.0626648389552,"d":"0.06"},{"v":0.000357583538654,"d":"0.00"},{"v":0.223599818188,"d":"0.22"}]
[5,503,50336,{"v":9401.955319,"d":"9,401.96"},3641,{"v":0.387259871,"d":"0.39"},"G",220,50336001,{"v":8456.83176654,"d":"8,456.83"},184,660,844,{"v":234.5019546,"d":"234.50"},{"v":0.99140599,"d":"0.99"},{"v":836.746655499999,"d":"836.75"},{"v":7.253344521,"d":"7.25"},1,"1_50336001_37155",{"v":175.245312441,"d":"175.25"},0.747308536255,{"v":625.307918338,"d":"625.31"},{"v":0.027729292,"d":"0.03"},"1_50336001_37155_287206","G",{"v":2.51634240424,"d":"2.52"},{"v":0.0143589712569,"d":"0.01"},{"v":8.97877842613,"d":"8.98"}]
[5,503,50336,{"v":9401.955319,"d":"9,401.96"},3641,{"v":0.387259871,"d":"0.39"},"G",220,50336001,{"v":8456.83176654,"d":"8,456.83"},184,660,844,{"v":234.5019546,"d":"234.50"},{"v":0.99140599,"d":"0.99"},{"v":836.746655499999,"d":"836.75"},{"v":7.253344521,"d":"7.25"},1,"1_50336001_37155",{"v":175.245312441,"d":"175.25"},0.747308536255,{"v":625.307918338,"d":"625.31"},{"v":0.027729292,"d":"0.03"},"1_50336001_37155_287207","G",{"v":0.64390664799,"d":"0.64"},{"v":0.00367431595756,"d":"0.00"},{"v":2.29757886274,"d":"2.30"}]
[5,503,50336,{"v":9401.955319,"d":"9,401.96"},3641,{"v":0.387259871,"d":"0.39"},"G",220,50336001,{"v":8456.83176654,"d":"8,456.83"},184,660,844,{"v":234.5019546,"d":"234.50"},{"v":0.99140599,"d":"0.99"},{"v":836.746655499999,"d":"836.75"},{"v":7.253344521,"d":"7.25"},1,"1_50336001_37155",{"v":175.245312441,"d":"175.25"},0.747308536255,{"v":625.307918338,"d":"625.31"},{"v":0.027729292,"d":"0.03"},"1_50336001_37155_287208","G",{"v":1.15086572029,"d":"1.15"},{"v":6.56716978194E-3,"d":"0.01"},{"v":4.10650326572,"d":"4.11"}]
[5,503,50336,{"v":9401.955319,"d":"9,401.96"},3641,{"v":0.387259871,"d":"0.39"},"G",220,50336001,{"v":8456.83176654,"d":"8,456.83"},184,660,844,{"v":234.5019546,"d":"234.50"},{"v":0.99140599,"d":"0.99"},{"v":836.746655499999,"d":"836.75"},{"v":7.253344521,"d":"7.25"},1,"1_50336001_37155",{"v":175.245312441,"d":"175.25"},0.747308536255,{"v":625.307918338,"d":"625.31"},{"v":0.027729292,"d":"0.03"},"1_50336001_37155_287209","G",{"v":0.0246553268956,"d":"0.02"},{"v":1.40690364565E-4,"d":"0.00"},{"v":0.0879747989964,"d":"0.09"}]
[5,503,50336,{"v":9401.955319,"d":"9,401.96"},3641,{"v":0.387259871,"d":"0.39"},"G",220,50336001,{"v":8456.83176654,"d":"8,456.83"},184,660,844,{"v":234.5019546,"d":"234.50"},{"v":0.99140599,"d":"0.99"},{"v":836.746655499999,"d":"836.75"},{"v":7.253344521,"d":"7.25"},1,"1_50336001_37155",{"v":175.245312441,"d":"175.25"},0.747308536255,{"v":625.307918338,"d":"625.31"},{"v":0.027729292,"d":"0.03"},"1_50336001_37155_287210","G",{"v":25.0589990558,"d":"25.06"},{"v":0.142993833654,"d":"0.14"},{"v":89.4151764573999,"d":"89.42"}]
[5,503,50336,{"v":9401.955319,"d":"9,401.96"},3641,{"v":0.387259871,"d":"0.39"},"G",220,50336001,{"v":8456.83176654,"d":"8,456.83"},184,660,844,{"v":234.5019546,"d":"234.50"},{"v":0.99140599,"d":"0.99"},{"v":836.746655499999,"d":"836.75"},{"v":7.253344521,"d":"7.25"},1,"1_50336001_37155",{"v":175.245312441,"d":"175.25"},0.747308536255,{"v":625.307918338,"d":"625.31"},{"v":0.027729292,"d":"0.03"},"1_50336001_37155_287211","G",{"v":10.4130862315999,"d":"10.41"},{"v":0.0594200557296,"d":"0.06"},{"v":37.1558313557999,"d":"37.16"}]
[5,503,50336,{"v":9401.955319,"d":"9,401.96"},3641,{"v":0.387259871,"d":"0.39"},"G",220,50336001,{"v":8456.83176654,"d":"8,456.83"},184,660,844,{"v":234.5019546,"d":"234.50"},{"v":0.99140599,"d":"0.99"},{"v":836.746655499999,"d":"836.75"},{"v":7.253344521,"d":"7.25"},1,"1_50336001_37155",{"v":175.245312441,"d":"175.25"},0.747308536255,{"v":625.307918338,"d":"625.31"},{"v":0.027729292,"d":"0.03"},"1_50336001_37155_287212","G",{"v":9.20817664556,"d":"9.21"},{"v":0.052544496154,"d":"0.05"},{"v":32.8564895101999,"d":"32.86"}]
[5,503,50336,{"v":9401.955319,"d":"9,401.96"},3641,{"v":0.387259871,"d":"0.39"},"G",220,50336001,{"v":8456.83176654,"d":"8,456.83"},184,660,844,{"v":234.5019546,"d":"234.50"},{"v":0.99140599,"d":"0.99"},{"v":836.746655499999,"d":"836.75"},{"v":7.253344521,"d":"7.25"},1,"1_50336001_37156",{"v":28.1953251682,"d":"28.20"},0.120234926043,{"v":100.606172240999,"d":"100.61"},{"v":0.027729292,"d":"0.03"},"1_50336001_37156_287213","außerhalb GKL",{"v":0.166755672547,"d":"0.17"},{"v":0.0059143021601,"d":"0.01"},{"v":0.595015301804,"d":"0.60"}]
[5,503,50336,{"v":9401.955319,"d":"9,401.96"},3641,{"v":0.387259871,"d":"0.39"},"G",220,50336001,{"v":8456.83176654,"d":"8,456.83"},184,660,844,{"v":234.5019546,"d":"234.50"},{"v":0.99140599,"d":"0.99"},{"v":836.746655499999,"d":"836.75"},{"v":7.253344521,"d":"7.25"},1,"1_50336001_37156",{"v":28.1953251682,"d":"28.20"},0.120234926043,{"v":100.606172240999,"d":"100.61"},{"v":0.027729292,"d":"0.03"},"1_50336001_37156_287214","außerhalb GKL",{"v":21.8404606415,"d":"21.84"},{"v":0.774612830716,"d":"0.77"},{"v":77.9308318670999,"d":"77.93"}]
[5,503,50336,{"v":9401.955319,"d":"9,401.96"},3641,{"v":0.387259871,"d":"0.39"},"G",220,50336001,{"v":8456.83176654,"d":"8,456.83"},184,660,844,{"v":234.5019546,"d":"234.50"},{"v":0.99140599,"d":"0.99"},{"v":836.746655499999,"d":"836.75"},{"v":7.253344521,"d":"7.25"},1,"1_50336001_37157",{"v":31.0613170301,"d":"31.06"},0.13245653787,{"v":110.832565062,"d":"110.83"},{"v":0.027729292,"d":"0.03"},"1_50336001_37157_287215","außerhalb GKL",{"v":1.48184033853,"d":"1.48"},{"v":0.0477069384113,"d":"0.05"},{"v":5.28748235538,"d":"5.29"}]
[5,503,50336,{"v":9401.955319,"d":"9,401.96"},3641,{"v":0.387259871,"d":"0.39"},"G",220,50336001,{"v":8456.83176654,"d":"8,456.83"},184,660,844,{"v":234.5019546,"d":"234.50"},{"v":0.99140599,"d":"0.99"},{"v":836.746655499999,"d":"836.75"},{"v":7.253344521,"d":"7.25"},1,"1_50336001_37157",{"v":31.0613170301,"d":"31.06"},0.13245653787,{"v":110.832565062,"d":"110.83"},{"v":0.027729292,"d":"0.03"},"1_50336001_37157_287216","außerhalb GKL",{"v":0.449472485219,"d":"0.45"},{"v":0.0144704902494,"d":"0.01"},{"v":1.60380155205,"d":"1.60"}]
[6,612,61205,{"v":4304.71733299999,"d":"4,304.72"},810,{"v":0.188165665,"d":"0.19"},"M",430,61205000,{"v":4304.71733312,"d":"4,304.72"},38,652,690,{"v":94.3562691199999,"d":"94.36"},{"v":0.945243625,"d":"0.95"},{"v":652.218101299999,"d":"652.22"},{"v":37.78189873,"d":"37.78"},1,"1_61205000_42339",{"v":0.537163720182,"d":"0.54"},0.00569293090106,{"v":3.71303258312,"d":"3.71"},{"v":0.021919272,"d":"0.02"},"1_61205000_42339_287217","außerhalb GKL",{"v":0.537163720183,"d":"0.54"},{"v":1,"d":"1.00"},{"v":3.71303258312,"d":"3.71"}]
[6,612,61205,{"v":4304.71733299999,"d":"4,304.72"},810,{"v":0.188165665,"d":"0.19"},"M",430,61205000,{"v":4304.71733312,"d":"4,304.72"},38,652,690,{"v":94.3562691199999,"d":"94.36"},{"v":0.945243625,"d":"0.95"},{"v":652.218101299999,"d":"652.22"},{"v":37.78189873,"d":"37.78"},1,"1_61205000_42340",{"v":0.509824613305,"d":"0.51"},0.00540318749416,{"v":3.52405668841,"d":"3.52"},{"v":0.021919272,"d":"0.02"},"1_61205000_42340_287218","außerhalb GKL",{"v":0.450254572194,"d":"0.45"},{"v":0.883155815635,"d":"0.88"},{"v":3.112291159,"d":"3.11"}]
[6,612,61205,{"v":4304.71733299999,"d":"4,304.72"},810,{"v":0.188165665,"d":"0.19"},"M",430,61205000,{"v":4304.71733312,"d":"4,304.72"},38,652,690,{"v":94.3562691199999,"d":"94.36"},{"v":0.945243625,"d":"0.95"},{"v":652.218101299999,"d":"652.22"},{"v":37.78189873,"d":"37.78"},1,"1_61205000_42342",{"v":7.40110709896,"d":"7.40"},0.0784378946729,{"v":51.1586147335,"d":"51.16"},{"v":0.021919272,"d":"0.02"},"1_61205000_42342_287219","außerhalb GKL",{"v":7.02575049549,"d":"7.03"},{"v":0.949283722225,"d":"0.95"},{"v":48.5640402180999,"d":"48.56"}]
[6,612,61205,{"v":4304.71733299999,"d":"4,304.72"},810,{"v":0.188165665,"d":"0.19"},"M",430,61205000,{"v":4304.71733312,"d":"4,304.72"},38,652,690,{"v":94.3562691199999,"d":"94.36"},{"v":0.945243625,"d":"0.95"},{"v":652.218101299999,"d":"652.22"},{"v":37.78189873,"d":"37.78"},1,"1_61205000_42343",{"v":83.8594755494,"d":"83.86"},0.888753617873,{"v":579.661197173,"d":"579.66"},{"v":0.021919272,"d":"0.02"},"1_61205000_42343_287220","außerhalb GKL",{"v":0.0989418256192,"d":"0.10"},{"v":0.00117985266389,"d":"0.00"},{"v":0.683914807638,"d":"0.68"}]
[6,612,61205,{"v":4304.71733299999,"d":"4,304.72"},810,{"v":0.188165665,"d":"0.19"},"M",430,61205000,{"v":4304.71733312,"d":"4,304.72"},38,652,690,{"v":94.3562691199999,"d":"94.36"},{"v":0.945243625,"d":"0.95"},{"v":652.218101299999,"d":"652.22"},{"v":37.78189873,"d":"37.78"},1,"1_61205000_42343",{"v":83.8594755494,"d":"83.86"},0.888753617873,{"v":579.661197173,"d":"579.66"},{"v":0.021919272,"d":"0.02"},"1_61205000_42343_287221","außerhalb GKL",{"v":0.409371069094,"d":"0.41"},{"v":4.88163163926E-3,"d":"0.00"},{"v":2.82969244017,"d":"2.83"}]
[6,612,61205,{"v":4304.71733299999,"d":"4,304.72"},810,{"v":0.188165665,"d":"0.19"},"M",430,61205000,{"v":4304.71733312,"d":"4,304.72"},38,652,690,{"v":94.3562691199999,"d":"94.36"},{"v":0.945243625,"d":"0.95"},{"v":652.218101299999,"d":"652.22"},{"v":37.78189873,"d":"37.78"},1,"1_61205000_42343",{"v":83.8594755494,"d":"83.86"},0.888753617873,{"v":579.661197173,"d":"579.66"},{"v":0.021919272,"d":"0.02"},"1_61205000_42343_287222","außerhalb GKL",{"v":6.62987620941,"d":"6.63"},{"v":0.0790593569298,"d":"0.08"},{"v":45.8276414856999,"d":"45.83"}]
[6,612,61205,{"v":4304.71733299999,"d":"4,304.72"},810,{"v":0.188165665,"d":"0.19"},"M",430,61205000,{"v":4304.71733312,"d":"4,304.72"},38,652,690,{"v":94.3562691199999,"d":"94.36"},{"v":0.945243625,"d":"0.95"},{"v":652.218101299999,"d":"652.22"},{"v":37.78189873,"d":"37.78"},1,"1_61205000_42343",{"v":83.8594755494,"d":"83.86"},0.888753617873,{"v":579.661197173,"d":"579.66"},{"v":0.021919272,"d":"0.02"},"1_61205000_42343_287223","außerhalb GKL",{"v":0.712708267805,"d":"0.71"},{"v":0.00849884003132,"d":"0.01"},{"v":4.92644778714,"d":"4.93"}]
[6,612,61205,{"v":4304.71733299999,"d":"4,304.72"},810,{"v":0.188165665,"d":"0.19"},"M",430,61205000,{"v":4304.71733312,"d":"4,304.72"},38,652,690,{"v":94.3562691199999,"d":"94.36"},{"v":0.945243625,"d":"0.95"},{"v":652.218101299999,"d":"652.22"},{"v":37.78189873,"d":"37.78"},1,"1_61205000_42343",{"v":83.8594755494,"d":"83.86"},0.888753617873,{"v":579.661197173,"d":"579.66"},{"v":0.021919272,"d":"0.02"},"1_61205000_42343_287224","außerhalb GKL",{"v":1.89759516904,"d":"1.90"},{"v":0.0226282737473,"d":"0.02"},{"v":13.1167322503,"d":"13.12"}]
[6,612,61205,{"v":4304.71733299999,"d":"4,304.72"},810,{"v":0.188165665,"d":"0.19"},"M",430,61205000,{"v":4304.71733312,"d":"4,304.72"},38,652,690,{"v":94.3562691199999,"d":"94.36"},{"v":0.945243625,"d":"0.95"},{"v":652.218101299999,"d":"652.22"},{"v":37.78189873,"d":"37.78"},1,"1_61205000_42344",{"v":0.771008793574,"d":"0.77"},0.00817125137275,{"v":5.32943805558,"d":"5.33"},{"v":0.021919272,"d":"0.02"},"1_61205000_42344_287225","außerhalb GKL",{"v":0.771008793574,"d":"0.77"},{"v":1,"d":"1.00"},{"v":5.32943805558,"d":"5.33"}]
[6,612,61258,{"v":25568.01825,"d":"25,568.02"},2685,{"v":0.105014005,"d":"0.11"},"G",430,61258004,{"v":5797.71018309999,"d":"5,797.71"},54,48,102,{"v":44.0794367199999,"d":"44.08"},{"v":0.945243625,"d":"0.95"},{"v":96.41484975,"d":"96.41"},{"v":5.585150247,"d":"5.59"},1,"1_61258004_42678",{"v":0.534933262466,"d":"0.53"},0.0121356646607,{"v":1.17005828488,"d":"1.17"},{"v":0.007602904,"d":"0.01"},"1_61258004_42678_287226","außerhalb GKL",{"v":0.534933262466,"d":"0.53"},{"v":1,"d":"1.00"},{"v":1.17005828488,"d":"1.17"}]
[6,612,61258,{"v":25568.01825,"d":"25,568.02"},2685,{"v":0.105014005,"d":"0.11"},"G",430,61258004,{"v":5797.71018309999,"d":"5,797.71"},54,48,102,{"v":44.0794367199999,"d":"44.08"},{"v":0.945243625,"d":"0.95"},{"v":96.41484975,"d":"96.41"},{"v":5.585150247,"d":"5.59"},1,"1_61258004_42679",{"v":0.6531655693,"d":"0.65"},0.014817920053,{"v":1.42866753552,"d":"1.43"},{"v":0.007602904,"d":"0.01"},"1_61258004_42679_287227","außerhalb GKL",{"v":0.6531655693,"d":"0.65"},{"v":1,"d":"1.00"},{"v":1.42866753552,"d":"1.43"}]
[6,612,61258,{"v":25568.01825,"d":"25,568.02"},2685,{"v":0.105014005,"d":"0.11"},"G",430,61258004,{"v":5797.71018309999,"d":"5,797.71"},54,48,102,{"v":44.0794367199999,"d":"44.08"},{"v":0.945243625,"d":"0.95"},{"v":96.41484975,"d":"96.41"},{"v":5.585150247,"d":"5.59"},1,"1_61258004_42680",{"v":0.564722517611,"d":"0.56"},0.0128114730957,{"v":1.2352162536,"d":"1.24"},{"v":0.007602904,"d":"0.01"},"1_61258004_42680_287228","außerhalb GKL",{"v":0.564722517612,"d":"0.56"},{"v":1,"d":"1.00"},{"v":1.2352162536,"d":"1.24"}]
[6,612,61258,{"v":25568.01825,"d":"25,568.02"},2685,{"v":0.105014005,"d":"0.11"},"G",430,61258004,{"v":5797.71018309999,"d":"5,797.71"},54,48,102,{"v":44.0794367199999,"d":"44.08"},{"v":0.945243625,"d":"0.95"},{"v":96.41484975,"d":"96.41"},{"v":5.585150247,"d":"5.59"},1,"1_61258004_42681",{"v":0.5093757645,"d":"0.51"},0.0115558592034,{"v":1.11415642883,"d":"1.11"},{"v":0.007602904,"d":"0.01"},"1_61258004_42681_287229","außerhalb GKL",{"v":0.509375764501,"d":"0.51"},{"v":1,"d":"1.00"},{"v":1.11415642883,"d":"1.11"}]
[6,612,61258,{"v":25568.01825,"d":"25,568.02"},2685,{"v":0.105014005,"d":"0.11"},"G",430,61258004,{"v":5797.71018309999,"d":"5,797.71"},54,48,102,{"v":44.0794367199999,"d":"44.08"},{"v":0.945243625,"d":"0.95"},{"v":96.41484975,"d":"96.41"},{"v":5.585150247,"d":"5.59"},1,"1_61258004_42682",{"v":7.01891799229,"d":"7.02"},0.159233386689,{"v":15.3524630527999,"d":"15.35"},{"v":0.007602904,"d":"0.01"},"1_61258004_42682_287230","außerhalb GKL",{"v":7.01891799229,"d":"7.02"},{"v":1,"d":"1.00"},{"v":15.3524630527999,"d":"15.35"}]
[6,612,61258,{"v":25568.01825,"d":"25,568.02"},2685,{"v":0.105014005,"d":"0.11"},"G",430,61258004,{"v":5797.71018309999,"d":"5,797.71"},54,48,102,{"v":44.0794367199999,"d":"44.08"},{"v":0.945243625,"d":"0.95"},{"v":96.41484975,"d":"96.41"},{"v":5.585150247,"d":"5.59"},1,"1_61258004_42683",{"v":32.315781905,"d":"32.32"},0.7331260177,{"v":70.6842348443999,"d":"70.68"},{"v":0.007602904,"d":"0.01"},"1_61258004_42683_287231","außerhalb GKL",{"v":9.94470421697,"d":"9.94"},{"v":0.307735218854,"d":"0.31"},{"v":21.7520284794,"d":"21.75"}]
[6,612,61258,{"v":25568.01825,"d":"25,568.02"},2685,{"v":0.105014005,"d":"0.11"},"G",430,61258004,{"v":5797.71018309999,"d":"5,797.71"},54,48,102,{"v":44.0794367199999,"d":"44.08"},{"v":0.945243625,"d":"0.95"},{"v":96.41484975,"d":"96.41"},{"v":5.585150247,"d":"5.59"},1,"1_61258004_42683",{"v":32.315781905,"d":"32.32"},0.7331260177,{"v":70.6842348443999,"d":"70.68"},{"v":0.007602904,"d":"0.01"},"1_61258004_42683_287232","außerhalb GKL",{"v":8.42535068946,"d":"8.43"},{"v":0.260719382072,"d":"0.26"},{"v":18.4287500309,"d":"18.43"}]
[6,612,61258,{"v":25568.01825,"d":"25,568.02"},2685,{"v":0.105014005,"d":"0.11"},"G",430,61258004,{"v":5797.71018309999,"d":"5,797.71"},54,48,102,{"v":44.0794367199999,"d":"44.08"},{"v":0.945243625,"d":"0.95"},{"v":96.41484975,"d":"96.41"},{"v":5.585150247,"d":"5.59"},1,"1_61258004_42683",{"v":32.315781905,"d":"32.32"},0.7331260177,{"v":70.6842348443999,"d":"70.68"},{"v":0.007602904,"d":"0.01"},"1_61258004_42683_287233","außerhalb GKL",{"v":0.771571313692,"d":"0.77"},{"v":0.0238759908691,"d":"0.02"},{"v":1.68765614573,"d":"1.69"}]
[6,612,61258,{"v":25568.01825,"d":"25,568.02"},2685,{"v":0.105014005,"d":"0.11"},"G",430,61258004,{"v":5797.71018309999,"d":"5,797.71"},54,48,102,{"v":44.0794367199999,"d":"44.08"},{"v":0.945243625,"d":"0.95"},{"v":96.41484975,"d":"96.41"},{"v":5.585150247,"d":"5.59"},1,"1_61258004_42684",{"v":2.48253971363,"d":"2.48"},0.0563196787064,{"v":5.43005336045,"d":"5.43"},{"v":0.007602904,"d":"0.01"},"1_61258004_42684_287234","außerhalb GKL",{"v":2.38413898979,"d":"2.38"},{"v":0.96036288028,"d":"0.96"},{"v":5.21482168532,"d":"5.21"}]
[6,612,61264,{"v":12979.13915,"d":"12,979.14"},1798,{"v":0.138529989,"d":"0.14"},"M",430,61264000,{"v":6121.05112874,"d":"6,121.05"},122,655,777,{"v":225.171114299999,"d":"225.17"},{"v":0.945243625,"d":"0.95"},{"v":734.4542966,"d":"734.45"},{"v":42.5457033499999,"d":"42.55"},1,"1_61264000_42841",{"v":2.3930611318,"d":"2.39"},0.0106277447675,{"v":7.80559280766,"d":"7.81"},{"v":0.036786348,"d":"0.04"},"1_61264000_42841_287235","F",{"v":0.252679754568,"d":"0.25"},{"v":0.105588508045,"d":"0.11"},{"v":0.824180898968,"d":"0.82"}]
[6,612,61264,{"v":12979.13915,"d":"12,979.14"},1798,{"v":0.138529989,"d":"0.14"},"M",430,61264000,{"v":6121.05112874,"d":"6,121.05"},122,655,777,{"v":225.171114299999,"d":"225.17"},{"v":0.945243625,"d":"0.95"},{"v":734.4542966,"d":"734.45"},{"v":42.5457033499999,"d":"42.55"},1,"1_61264000_42841",{"v":2.3930611318,"d":"2.39"},0.0106277447675,{"v":7.80559280766,"d":"7.81"},{"v":0.036786348,"d":"0.04"},"1_61264000_42841_287236","G",{"v":1.43255992539,"d":"1.43"},{"v":0.598630727128,"d":"0.60"},{"v":4.67266769811,"d":"4.67"}]
[6,612,61264,{"v":12979.13915,"d":"12,979.14"},1798,{"v":0.138529989,"d":"0.14"},"M",430,61264001,{"v":6858.08802377,"d":"6,858.09"},53,137,190,{"v":53.63000247,"d":"53.63"},{"v":0.945243625,"d":"0.95"},{"v":179.596288799999,"d":"179.60"},{"v":10.40371124,"d":"10.40"},1,"1_61264001_42846",{"v":0.686614248495,"d":"0.69"},0.0128028009859,{"v":2.29933554331,"d":"2.30"},{"v":0.007819964,"d":"0.01"},"1_61264001_42846_287237","außerhalb GKL",{"v":0.686614248495,"d":"0.69"},{"v":1,"d":"1.00"},{"v":2.29933554331,"d":"2.30"}]
[6,612,61264,{"v":12979.13915,"d":"12,979.14"},1798,{"v":0.138529989,"d":"0.14"},"M",430,61264001,{"v":6858.08802377,"d":"6,858.09"},53,137,190,{"v":53.63000247,"d":"53.63"},{"v":0.945243625,"d":"0.95"},{"v":179.596288799999,"d":"179.60"},{"v":10.40371124,"d":"10.40"},1,"1_61264001_42847",{"v":0.504777514497,"d":"0.50"},9.41222247341E-3,{"v":1.69040022558,"d":"1.69"},{"v":0.007819964,"d":"0.01"},"1_61264001_42847_287238","außerhalb GKL",{"v":0.504777514497,"d":"0.50"},{"v":1,"d":"1.00"},{"v":1.69040022558,"d":"1.69"}]
[6,612,61264,{"v":12979.13915,"d":"12,979.14"},1798,{"v":0.138529989,"d":"0.14"},"M",430,61264001,{"v":6858.08802377,"d":"6,858.09"},53,137,190,{"v":53.63000247,"d":"53.63"},{"v":0.945243625,"d":"0.95"},{"v":179.596288799999,"d":"179.60"},{"v":10.40371124,"d":"10.40"},1,"1_61264001_42848",{"v":0.505499219621,"d":"0.51"},0.00942567958866,{"v":1.69281707354,"d":"1.69"},{"v":0.007819964,"d":"0.01"},"1_61264001_42848_287239","außerhalb GKL",{"v":0.505499219622,"d":"0.51"},{"v":1,"d":"1.00"},{"v":1.69281707354,"d":"1.69"}]
[6,612,61264,{"v":12979.13915,"d":"12,979.14"},1798,{"v":0.138529989,"d":"0.14"},"M",430,61264001,{"v":6858.08802377,"d":"6,858.09"},53,137,190,{"v":53.63000247,"d":"53.63"},{"v":0.945243625,"d":"0.95"},{"v":179.596288799999,"d":"179.60"},{"v":10.40371124,"d":"10.40"},1,"1_61264001_42849",{"v":0.552357321571,"d":"0.55"},0.0102994088408,{"v":1.84973560464,"d":"1.85"},{"v":0.007819964,"d":"0.01"},"1_61264001_42849_287240","außerhalb GKL",{"v":0.55235732157,"d":"0.55"},{"v":0.999999999998,"d":"1.00"},{"v":1.84973560464,"d":"1.85"}]
[6,612,61264,{"v":12979.13915,"d":"12,979.14"},1798,{"v":0.138529989,"d":"0.14"},"M",430,61264001,{"v":6858.08802377,"d":"6,858.09"},53,137,190,{"v":53.63000247,"d":"53.63"},{"v":0.945243625,"d":"0.95"},{"v":179.596288799999,"d":"179.60"},{"v":10.40371124,"d":"10.40"},1,"1_61264001_42850",{"v":0.510765113503,"d":"0.51"},0.00952386891626,{"v":1.71045151238,"d":"1.71"},{"v":0.007819964,"d":"0.01"},"1_61264001_42850_287241","außerhalb GKL",{"v":0.510765113503,"d":"0.51"},{"v":1,"d":"1.00"},{"v":1.71045151238,"d":"1.71"}]
[6,612,61264,{"v":12979.13915,"d":"12,979.14"},1798,{"v":0.138529989,"d":"0.14"},"M",430,61264001,{"v":6858.08802377,"d":"6,858.09"},53,137,190,{"v":53.63000247,"d":"53.63"},{"v":0.945243625,"d":"0.95"},{"v":179.596288799999,"d":"179.60"},{"v":10.40371124,"d":"10.40"},1,"1_61264001_42851",{"v":41.2092449983,"d":"41.21"},0.768399088204,{"v":138.001624558999,"d":"138.00"},{"v":0.007819964,"d":"0.01"},"1_61264001_42851_287242","außerhalb GKL",{"v":0.0553963922577,"d":"0.06"},{"v":0.0013442709824,"d":"0.00"},{"v":0.185511579419,"d":"0.19"}]
[6,612,61264,{"v":12979.13915,"d":"12,979.14"},1798,{"v":0.138529989,"d":"0.14"},"M",430,61264001,{"v":6858.08802377,"d":"6,858.09"},53,137,190,{"v":53.63000247,"d":"53.63"},{"v":0.945243625,"d":"0.95"},{"v":179.596288799999,"d":"179.60"},{"v":10.40371124,"d":"10.40"},1,"1_61264001_42851",{"v":41.2092449983,"d":"41.21"},0.768399088204,{"v":138.001624558999,"d":"138.00"},{"v":0.007819964,"d":"0.01"},"1_61264001_42851_287243","außerhalb GKL",{"v":0.0256805289184,"d":"0.03"},{"v":0.00062317397272,"d":"0.00"},{"v":0.0859990206182,"d":"0.09"}]
[6,612,61264,{"v":12979.13915,"d":"12,979.14"},1798,{"v":0.138529989,"d":"0.14"},"M",430,61264001,{"v":6858.08802377,"d":"6,858.09"},53,137,190,{"v":53.63000247,"d":"53.63"},{"v":0.945243625,"d":"0.95"},{"v":179.596288799999,"d":"179.60"},{"v":10.40371124,"d":"10.40"},1,"1_61264001_42851",{"v":41.2092449983,"d":"41.21"},0.768399088204,{"v":138.001624558999,"d":"138.00"},{"v":0.007819964,"d":"0.01"},"1_61264001_42851_287244","außerhalb GKL",{"v":4.42075931861,"d":"4.42"},{"v":0.10727591148,"d":"0.11"},{"v":14.8042500602999,"d":"14.80"}]
[6,612,61264,{"v":12979.13915,"d":"12,979.14"},1798,{"v":0.138529989,"d":"0.14"},"M",430,61264001,{"v":6858.08802377,"d":"6,858.09"},53,137,190,{"v":53.63000247,"d":"53.63"},{"v":0.945243625,"d":"0.95"},{"v":179.596288799999,"d":"179.60"},{"v":10.40371124,"d":"10.40"},1,"1_61264001_42851",{"v":41.2092449983,"d":"41.21"},0.768399088204,{"v":138.001624558999,"d":"138.00"},{"v":0.007819964,"d":"0.01"},"1_61264001_42851_287245","G",{"v":0.545769173946,"d":"0.55"},{"v":0.0132438527803,"d":"0.01"},{"v":1.8276731991,"d":"1.83"}]
[6,612,61264,{"v":12979.13915,"d":"12,979.14"},1798,{"v":0.138529989,"d":"0.14"},"M",430,61264001,{"v":6858.08802377,"d":"6,858.09"},53,137,190,{"v":53.63000247,"d":"53.63"},{"v":0.945243625,"d":"0.95"},{"v":179.596288799999,"d":"179.60"},{"v":10.40371124,"d":"10.40"},1,"1_61264001_42851",{"v":41.2092449983,"d":"41.21"},0.768399088204,{"v":138.001624558999,"d":"138.00"},{"v":0.007819964,"d":"0.01"},"1_61264001_42851_287246","G",{"v":0.110806944439,"d":"0.11"},{"v":0.00268888557516,"d":"0.00"},{"v":0.371070577625,"d":"0.37"}]
[6,612,61264,{"v":12979.13915,"d":"12,979.14"},1798,{"v":0.138529989,"d":"0.14"},"M",430,61264001,{"v":6858.08802377,"d":"6,858.09"},53,137,190,{"v":53.63000247,"d":"53.63"},{"v":0.945243625,"d":"0.95"},{"v":179.596288799999,"d":"179.60"},{"v":10.40371124,"d":"10.40"},1,"1_61264001_42851",{"v":41.2092449983,"d":"41.21"},0.768399088204,{"v":138.001624558999,"d":"138.00"},{"v":0.007819964,"d":"0.01"},"1_61264001_42851_287247","G",{"v":1.62345117713,"d":"1.62"},{"v":0.0393953147454,"d":"0.04"},{"v":5.43661743488,"d":"5.44"}]
[6,612,61264,{"v":12979.13915,"d":"12,979.14"},1798,{"v":0.138529989,"d":"0.14"},"M",430,61264001,{"v":6858.08802377,"d":"6,858.09"},53,137,190,{"v":53.63000247,"d":"53.63"},{"v":0.945243625,"d":"0.95"},{"v":179.596288799999,"d":"179.60"},{"v":10.40371124,"d":"10.40"},1,"1_61264001_42851",{"v":41.2092449983,"d":"41.21"},0.768399088204,{"v":138.001624558999,"d":"138.00"},{"v":0.007819964,"d":"0.01"},"1_61264001_42851_287248","G",{"v":0.470983029836,"d":"0.47"},{"v":0.0114290623343,"d":"0.01"},{"v":1.57722916932,"d":"1.58"}]
[6,612,61264,{"v":12979.13915,"d":"12,979.14"},1798,{"v":0.138529989,"d":"0.14"},"M",430,61264001,{"v":6858.08802377,"d":"6,858.09"},53,137,190,{"v":53.63000247,"d":"53.63"},{"v":0.945243625,"d":"0.95"},{"v":179.596288799999,"d":"179.60"},{"v":10.40371124,"d":"10.40"},1,"1_61264001_42851",{"v":41.2092449983,"d":"41.21"},0.768399088204,{"v":138.001624558999,"d":"138.00"},{"v":0.007819964,"d":"0.01"},"1_61264001_42851_287249","G",{"v":14.3196417,"d":"14.32"},{"v":0.347486145417,"d":"0.35"},{"v":47.9536525792999,"d":"47.95"}]
[6,612,61264,{"v":12979.13915,"d":"12,979.14"},1798,{"v":0.138529989,"d":"0.14"},"M",430,61264001,{"v":6858.08802377,"d":"6,858.09"},53,137,190,{"v":53.63000247,"d":"53.63"},{"v":0.945243625,"d":"0.95"},{"v":179.596288799999,"d":"179.60"},{"v":10.40371124,"d":"10.40"},1,"1_61264001_42851",{"v":41.2092449983,"d":"41.21"},0.768399088204,{"v":138.001624558999,"d":"138.00"},{"v":0.007819964,"d":"0.01"},"1_61264001_42851_287250","G",{"v":4.08499129772,"d":"4.08"},{"v":0.0991280305642,"d":"0.10"},{"v":13.6798292572,"d":"13.68"}]
[6,612,61264,{"v":12979.13915,"d":"12,979.14"},1798,{"v":0.138529989,"d":"0.14"},"M",430,61264001,{"v":6858.08802377,"d":"6,858.09"},53,137,190,{"v":53.63000247,"d":"53.63"},{"v":0.945243625,"d":"0.95"},{"v":179.596288799999,"d":"179.60"},{"v":10.40371124,"d":"10.40"},1,"1_61264001_42852",{"v":0.837962815629,"d":"0.84"},0.0156248886264,{"v":2.80617201021,"d":"2.81"},{"v":0.007819964,"d":"0.01"},"1_61264001_42852_287251","außerhalb GKL",{"v":0.109054686404,"d":"0.11"},{"v":0.130142632071,"d":"0.13"},{"v":0.365202611453,"d":"0.37"}]
[6,612,61264,{"v":12979.13915,"d":"12,979.14"},1798,{"v":0.138529989,"d":"0.14"},"M",430,61264001,{"v":6858.08802377,"d":"6,858.09"},53,137,190,{"v":53.63000247,"d":"53.63"},{"v":0.945243625,"d":"0.95"},{"v":179.596288799999,"d":"179.60"},{"v":10.40371124,"d":"10.40"},1,"1_61264001_42852",{"v":0.837962815629,"d":"0.84"},0.0156248886264,{"v":2.80617201021,"d":"2.81"},{"v":0.007819964,"d":"0.01"},"1_61264001_42852_287252","G",{"v":0.728908129218,"d":"0.73"},{"v":0.86985736792,"d":"0.87"},{"v":2.44096939873,"d":"2.44"}]
[6,612,61264,{"v":12979.13915,"d":"12,979.14"},1798,{"v":0.138529989,"d":"0.14"},"M",430,61264001,{"v":6858.08802377,"d":"6,858.09"},53,137,190,{"v":53.63000247,"d":"53.63"},{"v":0.945243625,"d":"0.95"},{"v":179.596288799999,"d":"179.60"},{"v":10.40371124,"d":"10.40"},1,"1_61264001_42853",{"v":0.781134696415,"d":"0.78"},0.0145652556487,{"v":2.61586585993,"d":"2.62"},{"v":0.007819964,"d":"0.01"},"1_61264001_42853_287253","außerhalb GKL",{"v":0.781134696415,"d":"0.78"},{"v":1,"d":"1.00"},{"v":2.61586585993,"d":"2.62"}]
[6,612,61264,{"v":12979.13915,"d":"12,979.14"},1798,{"v":0.138529989,"d":"0.14"},"M",430,61264001,{"v":6858.08802377,"d":"6,858.09"},53,137,190,{"v":53.63000247,"d":"53.63"},{"v":0.945243625,"d":"0.95"},{"v":179.596288799999,"d":"179.60"},{"v":10.40371124,"d":"10.40"},1,"1_61264001_42854",{"v":0.525123359714,"d":"0.53"},0.00979159678405,{"v":1.75853444384,"d":"1.76"},{"v":0.007819964,"d":"0.01"},"1_61264001_42854_287254","außerhalb GKL",{"v":0.525123359715,"d":"0.53"},{"v":1,"d":"1.00"},{"v":1.75853444384,"d":"1.76"}]
[6,612,61264,{"v":12979.13915,"d":"12,979.14"},1798,{"v":0.138529989,"d":"0.14"},"M",430,61264001,{"v":6858.08802377,"d":"6,858.09"},53,137,190,{"v":53.63000247,"d":"53.63"},{"v":0.945243625,"d":"0.95"},{"v":179.596288799999,"d":"179.60"},{"v":10.40371124,"d":"10.40"},1,"1_61264001_42855",{"v":0.533464647701,"d":"0.53"},0.00994713076882,{"v":1.78646777029,"d":"1.79"},{"v":0.007819964,"d":"0.01"},"1_61264001_42855_287255","außerhalb GKL",{"v":0.533464647701,"d":"0.53"},{"v":1,"d":"1.00"},{"v":1.78646777029,"d":"1.79"}]
[6,612,61264,{"v":12979.13915,"d":"12,979.14"},1798,{"v":0.138529989,"d":"0.14"},"M",430,61264001,{"v":6858.08802377,"d":"6,858.09"},53,137,190,{"v":53.63000247,"d":"53.63"},{"v":0.945243625,"d":"0.95"},{"v":179.596288799999,"d":"179.60"},{"v":10.40371124,"d":"10.40"},1,"1_61264001_42856",{"v":0.792516752842,"d":"0.79"},0.0147774886508,{"v":2.65398211947,"d":"2.65"},{"v":0.007819964,"d":"0.01"},"1_61264001_42856_287256","außerhalb GKL",{"v":0.792516752842,"d":"0.79"},{"v":1,"d":"1.00"},{"v":2.65398211947,"d":"2.65"}]
[6,612,61264,{"v":12979.13915,"d":"12,979.14"},1798,{"v":0.138529989,"d":"0.14"},"M",430,61264001,{"v":6858.08802377,"d":"6,858.09"},53,137,190,{"v":53.63000247,"d":"53.63"},{"v":0.945243625,"d":"0.95"},{"v":179.596288799999,"d":"179.60"},{"v":10.40371124,"d":"10.40"},1,"1_61264001_42857",{"v":1.01412405542,"d":"1.01"},0.0189096402893,{"v":3.3961012185,"d":"3.40"},{"v":0.007819964,"d":"0.01"},"1_61264001_42857_287257","außerhalb GKL",{"v":1.01412405542,"d":"1.01"},{"v":1,"d":"1.00"},{"v":3.3961012185,"d":"3.40"}]
[6,612,61264,{"v":12979.13915,"d":"12,979.14"},1798,{"v":0.138529989,"d":"0.14"},"M",430,61264001,{"v":6858.08802377,"d":"6,858.09"},53,137,190,{"v":53.63000247,"d":"53.63"},{"v":0.945243625,"d":"0.95"},{"v":179.596288799999,"d":"179.60"},{"v":10.40371124,"d":"10.40"},1,"1_61264001_42858",{"v":1.24268282059,"d":"1.24"},0.0231714108401,{"v":4.16149939314,"d":"4.16"},{"v":0.007819964,"d":"0.01"},"1_61264001_42858_287258","außerhalb GKL",{"v":1.24268282059,"d":"1.24"},{"v":1,"d":"1.00"},{"v":4.16149939314,"d":"4.16"}]
[6,612,61264,{"v":12979.13915,"d":"12,979.14"},1798,{"v":0.138529989,"d":"0.14"},"M",430,61264001,{"v":6858.08802377,"d":"6,858.09"},53,137,190,{"v":53.63000247,"d":"53.63"},{"v":0.945243625,"d":"0.95"},{"v":179.596288799999,"d":"179.60"},{"v":10.40371124,"d":"10.40"},1,"1_61264001_42859",{"v":1.04856055924,"d":"1.05"},0.0195517529545,{"v":3.51142227016,"d":"3.51"},{"v":0.007819964,"d":"0.01"},"1_61264001_42859_287259","außerhalb GKL",{"v":1.04856055924,"d":"1.05"},{"v":1,"d":"1.00"},{"v":3.51142227016,"d":"3.51"}]
[6,621,62142,{"v":41358.31079,"d":"41,358.31"},3669,{"v":0.088712521,"d":"0.09"},"ST",430,62142003,{"v":5805.07758499,"d":"5,805.08"},26,24,50,{"v":35.49604121,"d":"35.50"},{"v":0.945243625,"d":"0.95"},{"v":47.2621812499999,"d":"47.26"},{"v":2.737818749,"d":"2.74"},1,"1_62142003_46533",{"v":2.4058403922,"d":"2.41"},0.0677777101386,{"v":3.20332242128,"d":"3.20"},{"v":0.006114654,"d":"0.01"},"1_62142003_46533_287260","außerhalb GKL",{"v":2.4058403922,"d":"2.41"},{"v":1,"d":"1.00"},{"v":3.20332242128,"d":"3.20"}]
[6,621,62142,{"v":41358.31079,"d":"41,358.31"},3669,{"v":0.088712521,"d":"0.09"},"ST",430,62142003,{"v":5805.07758499,"d":"5,805.08"},26,24,50,{"v":35.49604121,"d":"35.50"},{"v":0.945243625,"d":"0.95"},{"v":47.2621812499999,"d":"47.26"},{"v":2.737818749,"d":"2.74"},1,"1_62142003_46534",{"v":0.76043989693,"d":"0.76"},0.0214232311832,{"v":1.01250863514,"d":"1.01"},{"v":0.006114654,"d":"0.01"},"1_62142003_46534_287261","außerhalb GKL",{"v":0.76043989693,"d":"0.76"},{"v":1,"d":"1.00"},{"v":1.01250863514,"d":"1.01"}]
[6,621,62142,{"v":41358.31079,"d":"41,358.31"},3669,{"v":0.088712521,"d":"0.09"},"ST",430,62142003,{"v":5805.07758499,"d":"5,805.08"},26,24,50,{"v":35.49604121,"d":"35.50"},{"v":0.945243625,"d":"0.95"},{"v":47.2621812499999,"d":"47.26"},{"v":2.737818749,"d":"2.74"},1,"1_62142003_46535",{"v":1.50517517295,"d":"1.51"},0.0424040293408,{"v":2.00410692044,"d":"2.00"},{"v":0.006114654,"d":"0.01"},"1_62142003_46535_287262","außerhalb GKL",{"v":1.50517517295,"d":"1.51"},{"v":1,"d":"1.00"},{"v":2.00410692044,"d":"2.00"}]
[6,621,62142,{"v":41358.31079,"d":"41,358.31"},3669,{"v":0.088712521,"d":"0.09"},"ST",430,62142003,{"v":5805.07758499,"d":"5,805.08"},26,24,50,{"v":35.49604121,"d":"35.50"},{"v":0.945243625,"d":"0.95"},{"v":47.2621812499999,"d":"47.26"},{"v":2.737818749,"d":"2.74"},1,"1_62142003_46537",{"v":0.610814111393,"d":"0.61"},0.0172079502551,{"v":0.813285263898,"d":"0.81"},{"v":0.006114654,"d":"0.01"},"1_62142003_46537_287263","außerhalb GKL",{"v":0.610814111393,"d":"0.61"},{"v":1,"d":"1.00"},{"v":0.813285263898,"d":"0.81"}]
[6,621,62142,{"v":41358.31079,"d":"41,358.31"},3669,{"v":0.088712521,"d":"0.09"},"ST",430,62142003,{"v":5805.07758499,"d":"5,805.08"},26,24,50,{"v":35.49604121,"d":"35.50"},{"v":0.945243625,"d":"0.95"},{"v":47.2621812499999,"d":"47.26"},{"v":2.737818749,"d":"2.74"},1,"1_62142003_46538",{"v":0.708247155562,"d":"0.71"},0.0199528491465,{"v":0.943015172816,"d":"0.94"},{"v":0.006114654,"d":"0.01"},"1_62142003_46538_287264","außerhalb GKL",{"v":0.144462883108,"d":"0.14"},{"v":0.203972415524,"d":"0.20"},{"v":0.192349082675,"d":"0.19"}]
[6,621,62142,{"v":41358.31079,"d":"41,358.31"},3669,{"v":0.088712521,"d":"0.09"},"ST",430,62142003,{"v":5805.07758499,"d":"5,805.08"},26,24,50,{"v":35.49604121,"d":"35.50"},{"v":0.945243625,"d":"0.95"},{"v":47.2621812499999,"d":"47.26"},{"v":2.737818749,"d":"2.74"},1,"1_62142003_46539",{"v":2.50197592088,"d":"2.50"},0.0704860552217,{"v":3.33132471749,"d":"3.33"},{"v":0.006114654,"d":"0.01"},"1_62142003_46539_287265","außerhalb GKL",{"v":2.50197592088,"d":"2.50"},{"v":1,"d":"1.00"},{"v":3.33132471749,"d":"3.33"}]
[6,621,62142,{"v":41358.31079,"d":"41,358.31"},3669,{"v":0.088712521,"d":"0.09"},"ST",430,62142003,{"v":5805.07758499,"d":"5,805.08"},26,24,50,{"v":35.49604121,"d":"35.50"},{"v":0.945243625,"d":"0.95"},{"v":47.2621812499999,"d":"47.26"},{"v":2.737818749,"d":"2.74"},1,"1_62142003_46540",{"v":1.74455566063,"d":"1.74"},0.0491478937132,{"v":2.32283666073,"d":"2.32"},{"v":0.006114654,"d":"0.01"},"1_62142003_46540_287266","außerhalb GKL",{"v":1.59993278485,"d":"1.60"},{"v":0.91710045197,"d":"0.92"},{"v":2.13027455141,"d":"2.13"}]
[6,621,62142,{"v":41358.31079,"d":"41,358.31"},3669,{"v":0.088712521,"d":"0.09"},"ST",430,62142003,{"v":5805.07758499,"d":"5,805.08"},26,24,50,{"v":35.49604121,"d":"35.50"},{"v":0.945243625,"d":"0.95"},{"v":47.2621812499999,"d":"47.26"},{"v":2.737818749,"d":"2.74"},1,"1_62142003_46541",{"v":1.09096477374,"d":"1.09"},0.0307348294782,{"v":1.45259508149,"d":"1.45"},{"v":0.006114654,"d":"0.01"},"1_62142003_46541_287267","außerhalb GKL",{"v":1.09096477374,"d":"1.09"},{"v":1,"d":"1.00"},{"v":1.45259508149,"d":"1.45"}]
[6,621,62142,{"v":41358.31079,"d":"41,358.31"},3669,{"v":0.088712521,"d":"0.09"},"ST",430,62142003,{"v":5805.07758499,"d":"5,805.08"},26,24,50,{"v":35.49604121,"d":"35.50"},{"v":0.945243625,"d":"0.95"},{"v":47.2621812499999,"d":"47.26"},{"v":2.737818749,"d":"2.74"},1,"1_62142003_46542",{"v":1.79982970212,"d":"1.80"},0.0507050826167,{"v":2.39643280493,"d":"2.40"},{"v":0.006114654,"d":"0.01"},"1_62142003_46542_287268","außerhalb GKL",{"v":1.77121211199,"d":"1.77"},{"v":0.984099834503,"d":"0.98"},{"v":2.35832912673,"d":"2.36"}]
[6,621,62142,{"v":41358.31079,"d":"41,358.31"},3669,{"v":0.088712521,"d":"0.09"},"ST",430,62142003,{"v":5805.07758499,"d":"5,805.08"},26,24,50,{"v":35.49604121,"d":"35.50"},{"v":0.945243625,"d":"0.95"},{"v":47.2621812499999,"d":"47.26"},{"v":2.737818749,"d":"2.74"},1,"1_62142003_46543",{"v":8.01881689308,"d":"8.02"},0.225907358109,{"v":10.6768745047,"d":"10.68"},{"v":0.006114654,"d":"0.01"},"1_62142003_46543_287269","außerhalb GKL",{"v":8.01881689308,"d":"8.02"},{"v":1,"d":"1.00"},{"v":10.6768745047,"d":"10.68"}]
[6,621,62142,{"v":41358.31079,"d":"41,358.31"},3669,{"v":0.088712521,"d":"0.09"},"ST",430,62142003,{"v":5805.07758499,"d":"5,805.08"},26,24,50,{"v":35.49604121,"d":"35.50"},{"v":0.945243625,"d":"0.95"},{"v":47.2621812499999,"d":"47.26"},{"v":2.737818749,"d":"2.74"},1,"1_62142003_46544",{"v":12.6045602727,"d":"12.60"},0.355097634638,{"v":16.7826887696999,"d":"16.78"},{"v":0.006114654,"d":"0.01"},"1_62142003_46544_287270","außerhalb GKL",{"v":0.859752759311,"d":"0.86"},{"v":0.0682096591004,"d":"0.07"},{"v":1.14474147977,"d":"1.14"}]
[6,621,62142,{"v":41358.31079,"d":"41,358.31"},3669,{"v":0.088712521,"d":"0.09"},"ST",430,62142004,{"v":5397.99947178,"d":"5,398.00"},8,1,9,{"v":11.4145988299999,"d":"11.41"},{"v":0.945243625,"d":"0.95"},{"v":8.507192625,"d":"8.51"},{"v":0.492807375,"d":"0.49"},1,"1_62142004_46551",{"v":0.532376626536,"d":"0.53"},0.0466399769685,{"v":0.396775268097,"d":"0.40"},{"v":0.002114598,"d":"0.00"},"1_62142004_46551_287271","außerhalb GKL",{"v":0.000231935732749,"d":"0.00"},{"v":0.000435660998602,"d":"0.00"},{"v":0.00017285950952,"d":"0.00"}]
[6,621,62142,{"v":41358.31079,"d":"41,358.31"},3669,{"v":0.088712521,"d":"0.09"},"ST",430,62142004,{"v":5397.99947178,"d":"5,398.00"},8,1,9,{"v":11.4145988299999,"d":"11.41"},{"v":0.945243625,"d":"0.95"},{"v":8.507192625,"d":"8.51"},{"v":0.492807375,"d":"0.49"},1,"1_62142004_46551",{"v":0.532376626536,"d":"0.53"},0.0466399769685,{"v":0.396775268097,"d":"0.40"},{"v":0.002114598,"d":"0.00"},"1_62142004_46551_287272","F",{"v":0.292216528799,"d":"0.29"},{"v":0.548890605323,"d":"0.55"},{"v":0.217786217083,"d":"0.22"}]
[6,621,62142,{"v":41358.31079,"d":"41,358.31"},3669,{"v":0.088712521,"d":"0.09"},"ST",430,62142004,{"v":5397.99947178,"d":"5,398.00"},8,1,9,{"v":11.4145988299999,"d":"11.41"},{"v":0.945243625,"d":"0.95"},{"v":8.507192625,"d":"8.51"},{"v":0.492807375,"d":"0.49"},1,"1_62142004_46551",{"v":0.532376626536,"d":"0.53"},0.0466399769685,{"v":0.396775268097,"d":"0.40"},{"v":0.002114598,"d":"0.00"},"1_62142004_46551_287273","G",{"v":0.239928162004,"d":"0.24"},{"v":0.450673733678,"d":"0.45"},{"v":0.178816191504,"d":"0.18"}]
[6,621,62142,{"v":41358.31079,"d":"41,358.31"},3669,{"v":0.088712521,"d":"0.09"},"ST",430,62142004,{"v":5397.99947178,"d":"5,398.00"},8,1,9,{"v":11.4145988299999,"d":"11.41"},{"v":0.945243625,"d":"0.95"},{"v":8.507192625,"d":"8.51"},{"v":0.492807375,"d":"0.49"},1,"1_62142004_46552",{"v":0.646765638775,"d":"0.65"},0.0566612675931,{"v":0.482028317791,"d":"0.48"},{"v":0.002114598,"d":"0.00"},"1_62142004_46552_287274","F",{"v":0.646765638775,"d":"0.65"},{"v":1,"d":"1.00"},{"v":0.482028317791,"d":"0.48"}]
[6,621,62142,{"v":41358.31079,"d":"41,358.31"},3669,{"v":0.088712521,"d":"0.09"},"ST",430,62142004,{"v":5397.99947178,"d":"5,398.00"},8,1,9,{"v":11.4145988299999,"d":"11.41"},{"v":0.945243625,"d":"0.95"},{"v":8.507192625,"d":"8.51"},{"v":0.492807375,"d":"0.49"},1,"1_62142004_46553",{"v":0.626382712487,"d":"0.63"},0.054875578355,{"v":0.466837115474,"d":"0.47"},{"v":0.002114598,"d":"0.00"},"1_62142004_46553_287275","F",{"v":0.626382712487,"d":"0.63"},{"v":1,"d":"1.00"},{"v":0.466837115474,"d":"0.47"}]
[6,621,62142,{"v":41358.31079,"d":"41,358.31"},3669,{"v":0.088712521,"d":"0.09"},"ST",430,62142006,{"v":15819.2890824,"d":"15,819.29"},8,16,24,{"v":0.615782592,"d":"0.62"},{"v":0.945243625,"d":"0.95"},{"v":22.6858469999999,"d":"22.69"},{"v":1.314152999,"d":"1.31"},1,"1_62142006_46554",{"v":0.61578259163,"d":"0.62"},0.999999999399,{"v":22.6858469864,"d":"22.69"},{"v":3.89261E-5,"d":"0.00"},"1_62142006_46554_287276","außerhalb GKL",{"v":0.61578259163,"d":"0.62"},{"v":1,"d":"1.00"},{"v":22.6858469864,"d":"22.69"}]
[6,621,62144,{"v":27457.97249,"d":"27,457.97"},2380,{"v":0.086677922,"d":"0.09"},"M",420,62144004,{"v":10817.2474849999,"d":"10,817.25"},18,75,93,{"v":210.820537599999,"d":"210.82"},{"v":0.954532045,"d":"0.95"},{"v":88.7714801999999,"d":"88.77"},{"v":4.228519799,"d":"4.23"},1,"1_62144004_46643",{"v":35.1107553108,"d":"35.11"},0.16654333449,{"v":14.7842983201,"d":"14.78"},{"v":0.019489296,"d":"0.02"},"1_62144004_46643_287277","außerhalb GKL",{"v":35.1107553108,"d":"35.11"},{"v":1,"d":"1.00"},{"v":14.7842983201,"d":"14.78"}]